{"text_format":"1","workbook":"xlsx","n_sheets":16,"sheets":["Missiles","Lasers","TS","TP","TM","TL","M5","M4","M3","M8","M6","M7","M2","M1","Master","Data"],"not_rendered":{"charts":0,"images":0,"macros":1,"external_links":0,"defined_names":0,"comments":12,"pivot_tables":0},"unopened":[],"bounds":{"document_bytes":16777216,"sheet_cells":100000,"rows_first":2000,"rows_last":500,"rows_between":2000,"halvings":0,"cell_chars":16384,"cell_head_chars":4096},"cells_cut":0,"cells_raw":0,"read":"whole","date_system":"1900"}

{"sheet":"Missiles","index":0,"n_rows":43,"n_cols":12,"rows_kept":43,"cut":false,"hidden":false,"merged":[]}
["ID","Name","Speed","Accel","LTime","Damage","Range","BRadius","FRate","CClass","Volume","Flags"]
[0,"Mosquito Missile",1282,240,12,200,15384,1,250,"S",1]
[1,"Wasp Missile",834,230,30,2400,25020,1200,600,"M",2]
[2,"Dragonfly Missile",1076,220,20,2000,21520,3000,300,"S",1]
[3,"Silkworm Missile",728,120,39,19000,28392,10000,521,"M",2]
[4,"Hornet Missile",603,150,100,200000,60300,90000,923,"XL",16]
[5,"Disruptor Missile",812.8,260,46,15000,37388.800000000003,18000,375,"M",5]
[6,"Sting",728,400,38.5,2080,28028,2500,4000,"S",1]
[7,"Needle",591,140,73,10139,43143,20000,6000,"L",2]
[8,"Thorn",560,320,110.5,40000,61880,90000,15000,"XL",7]
[9,"Firefly Missile",950,500,14.7,6000,13965,100000,273,"S",1]
[10,"Thunderbolt Missile",666,100,61.6,75000,41025.599999999999,20000,600,"L",6]
[11,"Tempest Missile",696,80,77.5,50000,53940,10000,667,"L",4]
[12,"Hurricane Missile",775.3,240,41,12000,31787.3,600000,545,"M",4]
[13,"Cyclone Missile",624,110,76,12800,47424,10000,1000,"L",5]
[14,"Tornado Missile",938,67,27.4,81250,25701.200000000001,500000,500,"L",10]
[15,"Typhoon Missile",598,50,87,48000,52026,20000,2000,"XL",20]
[16,"Firestorm Torpedo",456,30,162,500000,73872,250000,2000,"XXL",30]
[17,"Aurora Missile",1500,100,14,30000,21000,300000,286,"M",6]
[18,"Blizzard Missile",631,40,33,36200,20823,5000,1500,"L",10]
[19,"Beluga Missile",602,100,71.400000000000006,100000,42982.8,40000,667,"L",8]
[20,"Hammerhead Missile",470,120,137,450000,64390,200000,1765,"XL",27]
[21,"Rapier Missile",882,220,103,1000,90846,2000,250,"S",1]
[22,"Firelance Missile",710,110,46.4,4000,32944,20000,750,"M",3]
[23,"Wildfire Missile",880,160,113,12000,99440,10000,461,"M",4]
[24,"Windstalker Missile",555,130,43,175000,23865,900000,1000,"L",15]
[25,"Banshee Missile",642,160,90.3,74000,57972.6,30000,706,"L",8]
[26,"Wraith Missile",578,50,118.7,64000,68608.600000000006,60000,2143,"L",14]
[27,"Poltergeist Missile",976,120,27.6,2400,26937.599999999999,2500,857,"S",3]
[28,"Spectre Missile",706,110,82.3,60000,58103.8,20000,667,"L",7]
[29,"Tomahawk Heavy Missile",358,100,170.5,265000,61039,175000,30000,"L",16]
[30,"Hammer Heavy Torpedo",370,132,190,300000,70300,150000,30000,"XL",25]
[31,"Flail Barrage Missile",630,260,130,13000,81900,5000,20000,"L",10]
[32,"Phantom Missile",340,111,170.3,270000,57902,175000,30000,"L",17]
[33,"Shadow Missile",410,137,150,285000,61500,110000,30000,"XL",25]
[34,"Ghoul Missile",639,275,125,12500,79875,7500,20000,"L",12]
[35,"Boarding Pod",682,40,160,5,109120,0,4000,"M",3]
[36,"Delta Missile",1176,220,21,1700,24696,3000,300,"S",1]
[37,"Tau Missile",1550,100,13,32000,20150,300000,286,"M",6]
[38,"Sigma Missile",731,120,38,19500,27778,10000,521,"M",2]
[39,"Zeta Missile",604,110,73,12000,44092,10000,1000,"L",5]
[40,"Omega Torpedo",544,30,152,580000,82688,250000,2000,"XXL",30]
[41,"Lance",378,132,190,270000,71820,150000,30000,"XL",7]

{"sheet":"Lasers","index":1,"n_rows":50,"n_cols":12,"rows_kept":50,"cut":false,"hidden":false,"merged":[]}
["ID","Name","FRate","Energy","RRate","S-DPH","H-DPH","S-DPS","H-DPS","BSpeed","Range","CClass"]
[0,"Impulse Ray Emitter",400,450,2.5000000000000001E-2,180,40,1200,266.666666666666,2000,1800,"S"]
[1,"Particle Accelerator Cannon",200,900,2.5000000000000001E-2,640,120,2133.3333333333298,400,1400,2100,"M"]
[2,"Plasma Burst Generator",20,1400,2.5000000000000001E-2,240,100,79.999999999999901,33.3333333333333,500,800,"M"]
[3,"Mass Driver",120,400,0.02,0,38,0,76,1000,1300,"M"]
[4,"Phased Repeater Gun",170,1000,2.5000000000000001E-2,1080,200,3060,566.66666666666595,1600,2080,"M"]
[5,"Energy Bolt Chaingun",260,900,2.5000000000000001E-2,687,127,2977,550.33333333333303,1200,2760,"M"]
[6,"Fragmentation Bomb Launcher",50,900,2.5000000000000001E-2,5240,960,4366.6666666666597,800,600,1920,"L"]
[7,"High Energy Plasma Thrower",140,1200,2.2499999999999999E-2,1330,244,3103.3333333333298,569.33333333333303,1100,2475,"M"]
[8,"Ion Disruptor",200,1000,3.1E-2,1350,12,4500,40,1400,2310,"M"]
[9,"Pulsed Beam Emitter",400,1000,1.4999999999999999E-2,504,89,3360,593.33333333333303,2000,1600,"M"]
[10,"Electro-Magnetic Repeater",300,900,1.7999999999999999E-2,520,80,2600,400,2000,2000,"S"]
[11,"Electro-Magnetic Plasma Cannon",90,1700,1.95E-2,2320,453,3480,679.5,900,2250,"M"]
[12,"Gamma Pulse Emitter",120,1700,1.95E-2,1702,306,3404,612,1200,2640,"S"]
[13,"Concussion Impulse Generator",40,2000,0.01,8050,1400,5366.6666666666597,933.33333333333303,680,4488,"L"]
[14,"Ion Pulse Generator",35,2500,0.01,15700,400,9158.3333333333303,233.333333333333,663,3845.4,"XL"]
[15,"Ion Shard Railgun",30,1500,0.01,9896,1544,4948,772,1700,2380,"XL"]
[16,"Matter/Anti-Matter Launcher",25,3000,0.01,8400,1560,3500,650,1300,6760,"XXL"]
[17,"Fusion Pulse Disruptor",30,2000,0.01,9800,2100,4900,1050,630,4851,"XL"]
[18,"Fusion Bomb Launcher",27,2000,0.01,13107,2553,5898.15,1148.8499999999999,520,5304,"XL"]
[19,"High Energy Particle Railgun",52,1500,0.01,5132,892,4447.7333333333299,773.06666666666604,1200,3480,"XL"]
[20,"Phased Plasma Generator",38,2000,0.01,8158,1442,5166.7333333333299,913.26666666666597,730,4672,"L"]
[21,"Flak Artillery Array",111,1400,1.4999999999999999E-2,1650,476,3052.5,880.6,3500,2450,"XXL"]
[22,"Electro-Magnetic Disruptor Array",120,1400,1.4999999999999999E-2,1546,455,3092,910,3300,2640,"XXL"]
[23,"Cluster Flak Array",90,2500,1.4999999999999999E-2,2100,714,3150,1071,2800,2660,"XXL"]
[24,"Phased Array Laser Cannon",180,2000,0.02,1104,375,3312,1125,13000,2600,"XXL"]
[25,"Lasertower Beam Cannon",50,3500,1.4E-2,44667,9900,37222.499999999898,8250,8300,5810,"XXL"]
[26,"Starburst Shockwave Cannon",60,2700,1.4999999999999999E-2,3250,900,3250,900,2700,2565,"XL"]
[27,"Dark Matter Beam Cannon",15,2000,0.02,22900,5732,5725,1433,6320,5056,"XXL"]
[28,"Mobile Drilling System",8,800,0.02,2126,12500,283.46666666666601,1666.6666666666599,150,4500,"XL"]
[29,"Tractor Beam",120,7000,0.02,0,0,0,0,4000,2000,"S"]
[30,"Incendiary Bomb Launcher",30,4000,1.4999999999999999E-2,14400,2500,7200,1250,600,6540,"XXL"]
[31,"Tri-Beam Cannon",25,3000,1.7000000000000001E-2,13500,3200,5625,1333.3333333333301,4600,4600,"XL"]
[32,"Phased Shockwave Generator",15,3000,1.4999999999999999E-2,36880,5440,9220,1360,570,6754.5,"XXL"]
[33,"Plasma Burst Projector",11,4000,1.4999999999999999E-2,52364,8307,9600.0666666666602,1522.94999999999,590,6667,"XXL"]
[34,"Gauss Cannon",10,4000,1.4999999999999999E-2,43320,7440,7220,1240,2500,10000,"XXL"]
[35,"Repair Laser",300,8000,0.01,0,60,0,300,4400,2200,"S"]
[36,"Ion Cannon",10,4000,1.4999999999999999E-2,66000,1000,11000,166.666666666666,1500,5400,"XXL"]
[37,"Fusion Beam Cannon",4,4000,1.4E-2,108000,23400,7200,1560,1640,6560,"XXL"]
[38,"Point Singularity Projector",8,4000,1.4999999999999999E-2,72000,10500,9599.9999999999909,1399.99999999999,480,7440,"XXL"]
[39,"Plasma Beam Cannon",9,3500,1.4E-2,44667,9900,6700.05,1485,2550,6885,"XXL"]
[40,"Photon Pulse Cannon",20,4000,1.4999999999999999E-2,27000,4000,8999.9999999999909,1333.3333333333301,500,8000,"XXL"]
[41,"Quantum Shockwave Cannon",22,4000,1.4999999999999999E-2,24818,3717,9099.9333333333307,1362.9,510,8160,"XXL"]
[42,"Alpha Kyon Emitter",120,500,0.04,1800,466,3600,932,8990,1798,"S"]
[43,"Beta Kyon Emitter",50,700,0.05,8760,1879,7299.99999999999,1565.8333333333301,9765.7639999999992,3906.3056000000001,"L"]
[44,"Gamma Kyon Emitter",15,4000,0.05,42600,8600,10650,2150,10000,8000,"XXL"]
[45,"Experimental Electro-Magnetic Plasma Cannon",90,1500,1.95E-2,2320,453,3480,679.5,900,2250,"S"]
[46,"Prototype Matter/Anti-Matter Launcher",25,5000,0.01,8400,1560,3500,650,1300,6760,"XL"]
[47,"Prototype Starburst Shockwave Cannon",40,4000,1.4999999999999999E-2,6300,1200,4200,800,2000,2600,"XL"]
[48,"Quantum Pulse Repair Laser",600,400,0.02,0,250,0,2500,25700,2570]

{"sheet":"TS","index":2,"n_rows":44,"n_cols":43,"rows_kept":44,"cut":false,"hidden":false,"merged":[]}
["ID","Race","Class","Name","Variation","Speed","Accel","AAccel","CClass","Hull","SType","SCount","SPower","SRTime","LCount","LEnergy","LRRate","MaxCargo","Hangar","S-Damage","H-Damage","Main","Front","Back","Left","Right","Up","Down","nMain","nFront","nBack","nLeft","nRight","nUp","nDown","xMain","xFront","xBack","xLeft","xRight","xUp","xDown","Missiles"]
[1,"Argon","TS","Mercury",null,100,50,10,"XL",20000,"25 MJ ",5,800,88.183421516754805,2,950,19,4000,0,{"$f":"SUM(LEFT(TableTS[[#This Row],[Main]],2)*VLOOKUP(VALUE(TRIM(CLEAN(RIGHT(TableTS[[#This Row],[Main]],2)))),TableLasers[],COLUMN(TableLasers[S-DPH]),FALSE),LEFT(TableTS[[#This Row],[Front]],2)*VLOOKUP(VALUE(TRIM(CLEAN(RIGHT(TableTS[[#This Row],[Front]],2)))),TableLasers[],COLUMN(TableLasers[S-DPH]),FALSE),LEFT(TableTS[[#This Row],[Back]],2)*VLOOKUP(VALUE(TRIM(CLEAN(RIGHT(TableTS[[#This Row],[Back]],2)))),TableLasers[],COLUMN(TableLasers[S-DPH]),FALSE),LEFT(TableTS[[#This Row],[Left]],2)*VLOOKUP(VALUE(TRIM(CLEAN(RIGHT(TableTS[[#This Row],[Left]],2)))),TableLasers[],COLUMN(TableLasers[S-DPH]),FALSE),LEFT(TableTS[[#This Row],[Right]],2)*VLOOKUP(VALUE(TRIM(CLEAN(RIGHT(TableTS[[#This Row],[Right]],2)))),TableLasers[],COLUMN(TableLasers[S-DPH]),FALSE),LEFT(TableTS[[#This Row],[Up]],2)*VLOOKUP(VALUE(TRIM(CLEAN(RIGHT(TableTS[[#This Row],[Up]],2)))),TableLasers[],COLUMN(TableLasers[S-DPH]),FALSE),LEFT(TableTS[[#This Row],[Down]],2)*VLOOKUP(VALUE(TRIM(CLEAN(RIGHT(TableTS[[#This Row],[Down]],2)))),TableLasers[],COLUMN(TableLasers[S-DPH]),FALSE))","v":2160},{"$f":"SUM(LEFT(TableTS[[#This Row],[Main]],2)*VLOOKUP(VALUE(TRIM(CLEAN(RIGHT(TableTS[[#This Row],[Main]],2)))),TableLasers[],COLUMN(TableLasers[H-DPH]),FALSE),LEFT(TableTS[[#This Row],[Front]],2)*VLOOKUP(VALUE(TRIM(CLEAN(RIGHT(TableTS[[#This Row],[Front]],2)))),TableLasers[],COLUMN(TableLasers[H-DPH]),FALSE),LEFT(TableTS[[#This Row],[Back]],2)*VLOOKUP(VALUE(TRIM(CLEAN(RIGHT(TableTS[[#This Row],[Back]],2)))),TableLasers[],COLUMN(TableLasers[H-DPH]),FALSE),LEFT(TableTS[[#This Row],[Left]],2)*VLOOKUP(VALUE(TRIM(CLEAN(RIGHT(TableTS[[#This Row],[Left]],2)))),TableLasers[],COLUMN(TableLasers[H-DPH]),FALSE),LEFT(TableTS[[#This Row],[Right]],2)*VLOOKUP(VALUE(TRIM(CLEAN(RIGHT(TableTS[[#This Row],[Right]],2)))),TableLasers[],COLUMN(TableLasers[H-DPH]),FALSE),LEFT(TableTS[[#This Row],[Up]],2)*VLOOKUP(VALUE(TRIM(CLEAN(RIGHT(TableTS[[#This Row],[Up]],2)))),TableLasers[],COLUMN(TableLasers[H-DPH]),FALSE),LEFT(TableTS[[#This Row],[Down]],2)*VLOOKUP(VALUE(TRIM(CLEAN(RIGHT(TableTS[[#This Row],[Down]],2)))),TableLasers[],COLUMN(TableLasers[H-DPH]),FALSE))","v":400},"00::00","00::00","02::04","00::00","00::00","00::00","00::00",null,null,2,null,null,null,null,null,null,"0,1,3,4,28,29,35",null,null,null,null,35]
[2,"Argon","TS","Mercury","Tanker",132.80000000000001,66.400000000000006,10,"L",20000,"25 MJ ",4,500,88.183421516754805,2,850,17,6000,0,{"$f":"SUM(LEFT(TableTS[[#This Row],[Main]],2)*VLOOKUP(VALUE(TRIM(CLEAN(RIGHT(TableTS[[#This Row],[Main]],2)))),TableLasers[],COLUMN(TableLasers[S-DPH]),FALSE),LEFT(TableTS[[#This Row],[Front]],2)*VLOOKUP(VALUE(TRIM(CLEAN(RIGHT(TableTS[[#This Row],[Front]],2)))),TableLasers[],COLUMN(TableLasers[S-DPH]),FALSE),LEFT(TableTS[[#This Row],[Back]],2)*VLOOKUP(VALUE(TRIM(CLEAN(RIGHT(TableTS[[#This Row],[Back]],2)))),TableLasers[],COLUMN(TableLasers[S-DPH]),FALSE),LEFT(TableTS[[#This Row],[Left]],2)*VLOOKUP(VALUE(TRIM(CLEAN(RIGHT(TableTS[[#This Row],[Left]],2)))),TableLasers[],COLUMN(TableLasers[S-DPH]),FALSE),LEFT(TableTS[[#This Row],[Right]],2)*VLOOKUP(VALUE(TRIM(CLEAN(RIGHT(TableTS[[#This Row],[Right]],2)))),TableLasers[],COLUMN(TableLasers[S-DPH]),FALSE),LEFT(TableTS[[#This Row],[Up]],2)*VLOOKUP(VALUE(TRIM(CLEAN(RIGHT(TableTS[[#This Row],[Up]],2)))),TableLasers[],COLUMN(TableLasers[S-DPH]),FALSE),LEFT(TableTS[[#This Row],[Down]],2)*VLOOKUP(VALUE(TRIM(CLEAN(RIGHT(TableTS[[#This Row],[Down]],2)))),TableLasers[],COLUMN(TableLasers[S-DPH]),FALSE))","v":2160},{"$f":"SUM(LEFT(TableTS[[#This Row],[Main]],2)*VLOOKUP(VALUE(TRIM(CLEAN(RIGHT(TableTS[[#This Row],[Main]],2)))),TableLasers[],COLUMN(TableLasers[H-DPH]),FALSE),LEFT(TableTS[[#This Row],[Front]],2)*VLOOKUP(VALUE(TRIM(CLEAN(RIGHT(TableTS[[#This Row],[Front]],2)))),TableLasers[],COLUMN(TableLasers[H-DPH]),FALSE),LEFT(TableTS[[#This Row],[Back]],2)*VLOOKUP(VALUE(TRIM(CLEAN(RIGHT(TableTS[[#This Row],[Back]],2)))),TableLasers[],COLUMN(TableLasers[H-DPH]),FALSE),LEFT(TableTS[[#This Row],[Left]],2)*VLOOKUP(VALUE(TRIM(CLEAN(RIGHT(TableTS[[#This Row],[Left]],2)))),TableLasers[],COLUMN(TableLasers[H-DPH]),FALSE),LEFT(TableTS[[#This Row],[Right]],2)*VLOOKUP(VALUE(TRIM(CLEAN(RIGHT(TableTS[[#This Row],[Right]],2)))),TableLasers[],COLUMN(TableLasers[H-DPH]),FALSE),LEFT(TableTS[[#This Row],[Up]],2)*VLOOKUP(VALUE(TRIM(CLEAN(RIGHT(TableTS[[#This Row],[Up]],2)))),TableLasers[],COLUMN(TableLasers[H-DPH]),FALSE),LEFT(TableTS[[#This Row],[Down]],2)*VLOOKUP(VALUE(TRIM(CLEAN(RIGHT(TableTS[[#This Row],[Down]],2)))),TableLasers[],COLUMN(TableLasers[H-DPH]),FALSE))","v":400},"00::00","00::00","02::04","00::00","00::00","00::00","00::00",null,null,2,null,null,null,null,null,null,"0,1,3,4,29,35",null,null,null,null,35]
[3,"Argon","TS","Mercury","Hauler",90,45,10,"XL",19000,"200 MJ  ",1,900,151.51515151515201,2,1000,20,7000,0,{"$f":"SUM(LEFT(TableTS[[#This Row],[Main]],2)*VLOOKUP(VALUE(TRIM(CLEAN(RIGHT(TableTS[[#This Row],[Main]],2)))),TableLasers[],COLUMN(TableLasers[S-DPH]),FALSE),LEFT(TableTS[[#This Row],[Front]],2)*VLOOKUP(VALUE(TRIM(CLEAN(RIGHT(TableTS[[#This Row],[Front]],2)))),TableLasers[],COLUMN(TableLasers[S-DPH]),FALSE),LEFT(TableTS[[#This Row],[Back]],2)*VLOOKUP(VALUE(TRIM(CLEAN(RIGHT(TableTS[[#This Row],[Back]],2)))),TableLasers[],COLUMN(TableLasers[S-DPH]),FALSE),LEFT(TableTS[[#This Row],[Left]],2)*VLOOKUP(VALUE(TRIM(CLEAN(RIGHT(TableTS[[#This Row],[Left]],2)))),TableLasers[],COLUMN(TableLasers[S-DPH]),FALSE),LEFT(TableTS[[#This Row],[Right]],2)*VLOOKUP(VALUE(TRIM(CLEAN(RIGHT(TableTS[[#This Row],[Right]],2)))),TableLasers[],COLUMN(TableLasers[S-DPH]),FALSE),LEFT(TableTS[[#This Row],[Up]],2)*VLOOKUP(VALUE(TRIM(CLEAN(RIGHT(TableTS[[#This Row],[Up]],2)))),TableLasers[],COLUMN(TableLasers[S-DPH]),FALSE),LEFT(TableTS[[#This Row],[Down]],2)*VLOOKUP(VALUE(TRIM(CLEAN(RIGHT(TableTS[[#This Row],[Down]],2)))),TableLasers[],COLUMN(TableLasers[S-DPH]),FALSE))","v":2160},{"$f":"SUM(LEFT(TableTS[[#This Row],[Main]],2)*VLOOKUP(VALUE(TRIM(CLEAN(RIGHT(TableTS[[#This Row],[Main]],2)))),TableLasers[],COLUMN(TableLasers[H-DPH]),FALSE),LEFT(TableTS[[#This Row],[Front]],2)*VLOOKUP(VALUE(TRIM(CLEAN(RIGHT(TableTS[[#This Row],[Front]],2)))),TableLasers[],COLUMN(TableLasers[H-DPH]),FALSE),LEFT(TableTS[[#This Row],[Back]],2)*VLOOKUP(VALUE(TRIM(CLEAN(RIGHT(TableTS[[#This Row],[Back]],2)))),TableLasers[],COLUMN(TableLasers[H-DPH]),FALSE),LEFT(TableTS[[#This Row],[Left]],2)*VLOOKUP(VALUE(TRIM(CLEAN(RIGHT(TableTS[[#This Row],[Left]],2)))),TableLasers[],COLUMN(TableLasers[H-DPH]),FALSE),LEFT(TableTS[[#This Row],[Right]],2)*VLOOKUP(VALUE(TRIM(CLEAN(RIGHT(TableTS[[#This Row],[Right]],2)))),TableLasers[],COLUMN(TableLasers[H-DPH]),FALSE),LEFT(TableTS[[#This Row],[Up]],2)*VLOOKUP(VALUE(TRIM(CLEAN(RIGHT(TableTS[[#This Row],[Up]],2)))),TableLasers[],COLUMN(TableLasers[H-DPH]),FALSE),LEFT(TableTS[[#This Row],[Down]],2)*VLOOKUP(VALUE(TRIM(CLEAN(RIGHT(TableTS[[#This Row],[Down]],2)))),TableLasers[],COLUMN(TableLasers[H-DPH]),FALSE))","v":400},"00::00","00::00","02::04","00::00","00::00","00::00","00::00",null,null,2,null,null,null,null,null,null,"0,1,3,4,28,29,35",null,null,null,null,35]
[4,"Argon","TS","Mercury","Tanker XL",122,61,9,"L",20000,"25 MJ ",5,800,88.183421516754805,2,950,19,10800,0,{"$f":"SUM(LEFT(TableTS[[#This Row],[Main]],2)*VLOOKUP(VALUE(TRIM(CLEAN(RIGHT(TableTS[[#This Row],[Main]],2)))),TableLasers[],COLUMN(TableLasers[S-DPH]),FALSE),LEFT(TableTS[[#This Row],[Front]],2)*VLOOKUP(VALUE(TRIM(CLEAN(RIGHT(TableTS[[#This Row],[Front]],2)))),TableLasers[],COLUMN(TableLasers[S-DPH]),FALSE),LEFT(TableTS[[#This Row],[Back]],2)*VLOOKUP(VALUE(TRIM(CLEAN(RIGHT(TableTS[[#This Row],[Back]],2)))),TableLasers[],COLUMN(TableLasers[S-DPH]),FALSE),LEFT(TableTS[[#This Row],[Left]],2)*VLOOKUP(VALUE(TRIM(CLEAN(RIGHT(TableTS[[#This Row],[Left]],2)))),TableLasers[],COLUMN(TableLasers[S-DPH]),FALSE),LEFT(TableTS[[#This Row],[Right]],2)*VLOOKUP(VALUE(TRIM(CLEAN(RIGHT(TableTS[[#This Row],[Right]],2)))),TableLasers[],COLUMN(TableLasers[S-DPH]),FALSE),LEFT(TableTS[[#This Row],[Up]],2)*VLOOKUP(VALUE(TRIM(CLEAN(RIGHT(TableTS[[#This Row],[Up]],2)))),TableLasers[],COLUMN(TableLasers[S-DPH]),FALSE),LEFT(TableTS[[#This Row],[Down]],2)*VLOOKUP(VALUE(TRIM(CLEAN(RIGHT(TableTS[[#This Row],[Down]],2)))),TableLasers[],COLUMN(TableLasers[S-DPH]),FALSE))","v":2160},{"$f":"SUM(LEFT(TableTS[[#This Row],[Main]],2)*VLOOKUP(VALUE(TRIM(CLEAN(RIGHT(TableTS[[#This Row],[Main]],2)))),TableLasers[],COLUMN(TableLasers[H-DPH]),FALSE),LEFT(TableTS[[#This Row],[Front]],2)*VLOOKUP(VALUE(TRIM(CLEAN(RIGHT(TableTS[[#This Row],[Front]],2)))),TableLasers[],COLUMN(TableLasers[H-DPH]),FALSE),LEFT(TableTS[[#This Row],[Back]],2)*VLOOKUP(VALUE(TRIM(CLEAN(RIGHT(TableTS[[#This Row],[Back]],2)))),TableLasers[],COLUMN(TableLasers[H-DPH]),FALSE),LEFT(TableTS[[#This Row],[Left]],2)*VLOOKUP(VALUE(TRIM(CLEAN(RIGHT(TableTS[[#This Row],[Left]],2)))),TableLasers[],COLUMN(TableLasers[H-DPH]),FALSE),LEFT(TableTS[[#This Row],[Right]],2)*VLOOKUP(VALUE(TRIM(CLEAN(RIGHT(TableTS[[#This Row],[Right]],2)))),TableLasers[],COLUMN(TableLasers[H-DPH]),FALSE),LEFT(TableTS[[#This Row],[Up]],2)*VLOOKUP(VALUE(TRIM(CLEAN(RIGHT(TableTS[[#This Row],[Up]],2)))),TableLasers[],COLUMN(TableLasers[H-DPH]),FALSE),LEFT(TableTS[[#This Row],[Down]],2)*VLOOKUP(VALUE(TRIM(CLEAN(RIGHT(TableTS[[#This Row],[Down]],2)))),TableLasers[],COLUMN(TableLasers[H-DPH]),FALSE))","v":400},"00::00","00::00","02::04","00::00","00::00","00::00","00::00",null,null,2,null,null,null,null,null,null,"0,1,3,4,29,35",null,null,null,null,35]
[5,"Argon","TS","Mercury","Super Freighter",79,39.5,10,"XXL",19000,"200 MJ  ",3,1300,227.272727272727,2,1150,23,9850,0,{"$f":"SUM(LEFT(TableTS[[#This Row],[Main]],2)*VLOOKUP(VALUE(TRIM(CLEAN(RIGHT(TableTS[[#This Row],[Main]],2)))),TableLasers[],COLUMN(TableLasers[S-DPH]),FALSE),LEFT(TableTS[[#This Row],[Front]],2)*VLOOKUP(VALUE(TRIM(CLEAN(RIGHT(TableTS[[#This Row],[Front]],2)))),TableLasers[],COLUMN(TableLasers[S-DPH]),FALSE),LEFT(TableTS[[#This Row],[Back]],2)*VLOOKUP(VALUE(TRIM(CLEAN(RIGHT(TableTS[[#This Row],[Back]],2)))),TableLasers[],COLUMN(TableLasers[S-DPH]),FALSE),LEFT(TableTS[[#This Row],[Left]],2)*VLOOKUP(VALUE(TRIM(CLEAN(RIGHT(TableTS[[#This Row],[Left]],2)))),TableLasers[],COLUMN(TableLasers[S-DPH]),FALSE),LEFT(TableTS[[#This Row],[Right]],2)*VLOOKUP(VALUE(TRIM(CLEAN(RIGHT(TableTS[[#This Row],[Right]],2)))),TableLasers[],COLUMN(TableLasers[S-DPH]),FALSE),LEFT(TableTS[[#This Row],[Up]],2)*VLOOKUP(VALUE(TRIM(CLEAN(RIGHT(TableTS[[#This Row],[Up]],2)))),TableLasers[],COLUMN(TableLasers[S-DPH]),FALSE),LEFT(TableTS[[#This Row],[Down]],2)*VLOOKUP(VALUE(TRIM(CLEAN(RIGHT(TableTS[[#This Row],[Down]],2)))),TableLasers[],COLUMN(TableLasers[S-DPH]),FALSE))","v":4200},{"$f":"SUM(LEFT(TableTS[[#This Row],[Main]],2)*VLOOKUP(VALUE(TRIM(CLEAN(RIGHT(TableTS[[#This Row],[Main]],2)))),TableLasers[],COLUMN(TableLasers[H-DPH]),FALSE),LEFT(TableTS[[#This Row],[Front]],2)*VLOOKUP(VALUE(TRIM(CLEAN(RIGHT(TableTS[[#This Row],[Front]],2)))),TableLasers[],COLUMN(TableLasers[H-DPH]),FALSE),LEFT(TableTS[[#This Row],[Back]],2)*VLOOKUP(VALUE(TRIM(CLEAN(RIGHT(TableTS[[#This Row],[Back]],2)))),TableLasers[],COLUMN(TableLasers[H-DPH]),FALSE),LEFT(TableTS[[#This Row],[Left]],2)*VLOOKUP(VALUE(TRIM(CLEAN(RIGHT(TableTS[[#This Row],[Left]],2)))),TableLasers[],COLUMN(TableLasers[H-DPH]),FALSE),LEFT(TableTS[[#This Row],[Right]],2)*VLOOKUP(VALUE(TRIM(CLEAN(RIGHT(TableTS[[#This Row],[Right]],2)))),TableLasers[],COLUMN(TableLasers[H-DPH]),FALSE),LEFT(TableTS[[#This Row],[Up]],2)*VLOOKUP(VALUE(TRIM(CLEAN(RIGHT(TableTS[[#This Row],[Up]],2)))),TableLasers[],COLUMN(TableLasers[H-DPH]),FALSE),LEFT(TableTS[[#This Row],[Down]],2)*VLOOKUP(VALUE(TRIM(CLEAN(RIGHT(TableTS[[#This Row],[Down]],2)))),TableLasers[],COLUMN(TableLasers[H-DPH]),FALSE))","v":1428},"00::00","00::00","02::23","00::00","00::00","00::00","00::00",null,null,2,null,null,null,null,null,null,"0,1,3,4,23,28,29,35",null,null,null,null,35]
[6,"Argon","TS","Mercury","Super Freighter XL",72,36,10,"XXL",17000,"200 MJ  ",4,1500,303.030303030303,2,1250,25,12800,0,{"$f":"SUM(LEFT(TableTS[[#This Row],[Main]],2)*VLOOKUP(VALUE(TRIM(CLEAN(RIGHT(TableTS[[#This Row],[Main]],2)))),TableLasers[],COLUMN(TableLasers[S-DPH]),FALSE),LEFT(TableTS[[#This Row],[Front]],2)*VLOOKUP(VALUE(TRIM(CLEAN(RIGHT(TableTS[[#This Row],[Front]],2)))),TableLasers[],COLUMN(TableLasers[S-DPH]),FALSE),LEFT(TableTS[[#This Row],[Back]],2)*VLOOKUP(VALUE(TRIM(CLEAN(RIGHT(TableTS[[#This Row],[Back]],2)))),TableLasers[],COLUMN(TableLasers[S-DPH]),FALSE),LEFT(TableTS[[#This Row],[Left]],2)*VLOOKUP(VALUE(TRIM(CLEAN(RIGHT(TableTS[[#This Row],[Left]],2)))),TableLasers[],COLUMN(TableLasers[S-DPH]),FALSE),LEFT(TableTS[[#This Row],[Right]],2)*VLOOKUP(VALUE(TRIM(CLEAN(RIGHT(TableTS[[#This Row],[Right]],2)))),TableLasers[],COLUMN(TableLasers[S-DPH]),FALSE),LEFT(TableTS[[#This Row],[Up]],2)*VLOOKUP(VALUE(TRIM(CLEAN(RIGHT(TableTS[[#This Row],[Up]],2)))),TableLasers[],COLUMN(TableLasers[S-DPH]),FALSE),LEFT(TableTS[[#This Row],[Down]],2)*VLOOKUP(VALUE(TRIM(CLEAN(RIGHT(TableTS[[#This Row],[Down]],2)))),TableLasers[],COLUMN(TableLasers[S-DPH]),FALSE))","v":4200},{"$f":"SUM(LEFT(TableTS[[#This Row],[Main]],2)*VLOOKUP(VALUE(TRIM(CLEAN(RIGHT(TableTS[[#This Row],[Main]],2)))),TableLasers[],COLUMN(TableLasers[H-DPH]),FALSE),LEFT(TableTS[[#This Row],[Front]],2)*VLOOKUP(VALUE(TRIM(CLEAN(RIGHT(TableTS[[#This Row],[Front]],2)))),TableLasers[],COLUMN(TableLasers[H-DPH]),FALSE),LEFT(TableTS[[#This Row],[Back]],2)*VLOOKUP(VALUE(TRIM(CLEAN(RIGHT(TableTS[[#This Row],[Back]],2)))),TableLasers[],COLUMN(TableLasers[H-DPH]),FALSE),LEFT(TableTS[[#This Row],[Left]],2)*VLOOKUP(VALUE(TRIM(CLEAN(RIGHT(TableTS[[#This Row],[Left]],2)))),TableLasers[],COLUMN(TableLasers[H-DPH]),FALSE),LEFT(TableTS[[#This Row],[Right]],2)*VLOOKUP(VALUE(TRIM(CLEAN(RIGHT(TableTS[[#This Row],[Right]],2)))),TableLasers[],COLUMN(TableLasers[H-DPH]),FALSE),LEFT(TableTS[[#This Row],[Up]],2)*VLOOKUP(VALUE(TRIM(CLEAN(RIGHT(TableTS[[#This Row],[Up]],2)))),TableLasers[],COLUMN(TableLasers[H-DPH]),FALSE),LEFT(TableTS[[#This Row],[Down]],2)*VLOOKUP(VALUE(TRIM(CLEAN(RIGHT(TableTS[[#This Row],[Down]],2)))),TableLasers[],COLUMN(TableLasers[H-DPH]),FALSE))","v":1428},"00::00","00::00","02::23","00::00","00::00","00::00","00::00",null,null,2,null,null,null,null,null,null,"0,1,3,4,23,28,29,35",null,null,null,null,35]
[42,"Split","TS","Caiman",null,124.992,69.44,9,"XL",16000,"25 MJ ",4,500,88.183421516754805,2,1600,38.900799999999997,3500,0,{"$f":"SUM(LEFT(TableTS[[#This Row],[Main]],2)*VLOOKUP(VALUE(TRIM(CLEAN(RIGHT(TableTS[[#This Row],[Main]],2)))),TableLasers[],COLUMN(TableLasers[S-DPH]),FALSE),LEFT(TableTS[[#This Row],[Front]],2)*VLOOKUP(VALUE(TRIM(CLEAN(RIGHT(TableTS[[#This Row],[Front]],2)))),TableLasers[],COLUMN(TableLasers[S-DPH]),FALSE),LEFT(TableTS[[#This Row],[Back]],2)*VLOOKUP(VALUE(TRIM(CLEAN(RIGHT(TableTS[[#This Row],[Back]],2)))),TableLasers[],COLUMN(TableLasers[S-DPH]),FALSE),LEFT(TableTS[[#This Row],[Left]],2)*VLOOKUP(VALUE(TRIM(CLEAN(RIGHT(TableTS[[#This Row],[Left]],2)))),TableLasers[],COLUMN(TableLasers[S-DPH]),FALSE),LEFT(TableTS[[#This Row],[Right]],2)*VLOOKUP(VALUE(TRIM(CLEAN(RIGHT(TableTS[[#This Row],[Right]],2)))),TableLasers[],COLUMN(TableLasers[S-DPH]),FALSE),LEFT(TableTS[[#This Row],[Up]],2)*VLOOKUP(VALUE(TRIM(CLEAN(RIGHT(TableTS[[#This Row],[Up]],2)))),TableLasers[],COLUMN(TableLasers[S-DPH]),FALSE),LEFT(TableTS[[#This Row],[Down]],2)*VLOOKUP(VALUE(TRIM(CLEAN(RIGHT(TableTS[[#This Row],[Down]],2)))),TableLasers[],COLUMN(TableLasers[S-DPH]),FALSE))","v":19792},{"$f":"SUM(LEFT(TableTS[[#This Row],[Main]],2)*VLOOKUP(VALUE(TRIM(CLEAN(RIGHT(TableTS[[#This Row],[Main]],2)))),TableLasers[],COLUMN(TableLasers[H-DPH]),FALSE),LEFT(TableTS[[#This Row],[Front]],2)*VLOOKUP(VALUE(TRIM(CLEAN(RIGHT(TableTS[[#This Row],[Front]],2)))),TableLasers[],COLUMN(TableLasers[H-DPH]),FALSE),LEFT(TableTS[[#This Row],[Back]],2)*VLOOKUP(VALUE(TRIM(CLEAN(RIGHT(TableTS[[#This Row],[Back]],2)))),TableLasers[],COLUMN(TableLasers[H-DPH]),FALSE),LEFT(TableTS[[#This Row],[Left]],2)*VLOOKUP(VALUE(TRIM(CLEAN(RIGHT(TableTS[[#This Row],[Left]],2)))),TableLasers[],COLUMN(TableLasers[H-DPH]),FALSE),LEFT(TableTS[[#This Row],[Right]],2)*VLOOKUP(VALUE(TRIM(CLEAN(RIGHT(TableTS[[#This Row],[Right]],2)))),TableLasers[],COLUMN(TableLasers[H-DPH]),FALSE),LEFT(TableTS[[#This Row],[Up]],2)*VLOOKUP(VALUE(TRIM(CLEAN(RIGHT(TableTS[[#This Row],[Up]],2)))),TableLasers[],COLUMN(TableLasers[H-DPH]),FALSE),LEFT(TableTS[[#This Row],[Down]],2)*VLOOKUP(VALUE(TRIM(CLEAN(RIGHT(TableTS[[#This Row],[Down]],2)))),TableLasers[],COLUMN(TableLasers[H-DPH]),FALSE))","v":3088},"00::00","00::00","02::15","00::00","00::00","00::00","00::00",null,null,2,null,null,null,null,null,null,"0,1,3,9,15",null,null,null,null,35]
[43,"Split","TS","Caiman","Tanker",146.52000000000001,81.400000000000006,9,"L",16000,"25 MJ ",3,500,88.183421516754805,2,1600,38.857599999999998,5000,0,{"$f":"SUM(LEFT(TableTS[[#This Row],[Main]],2)*VLOOKUP(VALUE(TRIM(CLEAN(RIGHT(TableTS[[#This Row],[Main]],2)))),TableLasers[],COLUMN(TableLasers[S-DPH]),FALSE),LEFT(TableTS[[#This Row],[Front]],2)*VLOOKUP(VALUE(TRIM(CLEAN(RIGHT(TableTS[[#This Row],[Front]],2)))),TableLasers[],COLUMN(TableLasers[S-DPH]),FALSE),LEFT(TableTS[[#This Row],[Back]],2)*VLOOKUP(VALUE(TRIM(CLEAN(RIGHT(TableTS[[#This Row],[Back]],2)))),TableLasers[],COLUMN(TableLasers[S-DPH]),FALSE),LEFT(TableTS[[#This Row],[Left]],2)*VLOOKUP(VALUE(TRIM(CLEAN(RIGHT(TableTS[[#This Row],[Left]],2)))),TableLasers[],COLUMN(TableLasers[S-DPH]),FALSE),LEFT(TableTS[[#This Row],[Right]],2)*VLOOKUP(VALUE(TRIM(CLEAN(RIGHT(TableTS[[#This Row],[Right]],2)))),TableLasers[],COLUMN(TableLasers[S-DPH]),FALSE),LEFT(TableTS[[#This Row],[Up]],2)*VLOOKUP(VALUE(TRIM(CLEAN(RIGHT(TableTS[[#This Row],[Up]],2)))),TableLasers[],COLUMN(TableLasers[S-DPH]),FALSE),LEFT(TableTS[[#This Row],[Down]],2)*VLOOKUP(VALUE(TRIM(CLEAN(RIGHT(TableTS[[#This Row],[Down]],2)))),TableLasers[],COLUMN(TableLasers[S-DPH]),FALSE))","v":1280},{"$f":"SUM(LEFT(TableTS[[#This Row],[Main]],2)*VLOOKUP(VALUE(TRIM(CLEAN(RIGHT(TableTS[[#This Row],[Main]],2)))),TableLasers[],COLUMN(TableLasers[H-DPH]),FALSE),LEFT(TableTS[[#This Row],[Front]],2)*VLOOKUP(VALUE(TRIM(CLEAN(RIGHT(TableTS[[#This Row],[Front]],2)))),TableLasers[],COLUMN(TableLasers[H-DPH]),FALSE),LEFT(TableTS[[#This Row],[Back]],2)*VLOOKUP(VALUE(TRIM(CLEAN(RIGHT(TableTS[[#This Row],[Back]],2)))),TableLasers[],COLUMN(TableLasers[H-DPH]),FALSE),LEFT(TableTS[[#This Row],[Left]],2)*VLOOKUP(VALUE(TRIM(CLEAN(RIGHT(TableTS[[#This Row],[Left]],2)))),TableLasers[],COLUMN(TableLasers[H-DPH]),FALSE),LEFT(TableTS[[#This Row],[Right]],2)*VLOOKUP(VALUE(TRIM(CLEAN(RIGHT(TableTS[[#This Row],[Right]],2)))),TableLasers[],COLUMN(TableLasers[H-DPH]),FALSE),LEFT(TableTS[[#This Row],[Up]],2)*VLOOKUP(VALUE(TRIM(CLEAN(RIGHT(TableTS[[#This Row],[Up]],2)))),TableLasers[],COLUMN(TableLasers[H-DPH]),FALSE),LEFT(TableTS[[#This Row],[Down]],2)*VLOOKUP(VALUE(TRIM(CLEAN(RIGHT(TableTS[[#This Row],[Down]],2)))),TableLasers[],COLUMN(TableLasers[H-DPH]),FALSE))","v":240},"00::00","00::00","02::01","00::00","00::00","00::00","00::00",null,null,2,null,null,null,null,null,null,"0,1,3,9",null,null,null,null,35]
[44,"Split","TS","Caiman","Hauler",99.993600000000001,55.552,9,"XL",15200,"200 MJ  ",1,800,151.51515151515201,6,2100,51.000599999999999,6000,0,{"$f":"SUM(LEFT(TableTS[[#This Row],[Main]],2)*VLOOKUP(VALUE(TRIM(CLEAN(RIGHT(TableTS[[#This Row],[Main]],2)))),TableLasers[],COLUMN(TableLasers[S-DPH]),FALSE),LEFT(TableTS[[#This Row],[Front]],2)*VLOOKUP(VALUE(TRIM(CLEAN(RIGHT(TableTS[[#This Row],[Front]],2)))),TableLasers[],COLUMN(TableLasers[S-DPH]),FALSE),LEFT(TableTS[[#This Row],[Back]],2)*VLOOKUP(VALUE(TRIM(CLEAN(RIGHT(TableTS[[#This Row],[Back]],2)))),TableLasers[],COLUMN(TableLasers[S-DPH]),FALSE),LEFT(TableTS[[#This Row],[Left]],2)*VLOOKUP(VALUE(TRIM(CLEAN(RIGHT(TableTS[[#This Row],[Left]],2)))),TableLasers[],COLUMN(TableLasers[S-DPH]),FALSE),LEFT(TableTS[[#This Row],[Right]],2)*VLOOKUP(VALUE(TRIM(CLEAN(RIGHT(TableTS[[#This Row],[Right]],2)))),TableLasers[],COLUMN(TableLasers[S-DPH]),FALSE),LEFT(TableTS[[#This Row],[Up]],2)*VLOOKUP(VALUE(TRIM(CLEAN(RIGHT(TableTS[[#This Row],[Up]],2)))),TableLasers[],COLUMN(TableLasers[S-DPH]),FALSE),LEFT(TableTS[[#This Row],[Down]],2)*VLOOKUP(VALUE(TRIM(CLEAN(RIGHT(TableTS[[#This Row],[Down]],2)))),TableLasers[],COLUMN(TableLasers[S-DPH]),FALSE))","v":59376},{"$f":"SUM(LEFT(TableTS[[#This Row],[Main]],2)*VLOOKUP(VALUE(TRIM(CLEAN(RIGHT(TableTS[[#This Row],[Main]],2)))),TableLasers[],COLUMN(TableLasers[H-DPH]),FALSE),LEFT(TableTS[[#This Row],[Front]],2)*VLOOKUP(VALUE(TRIM(CLEAN(RIGHT(TableTS[[#This Row],[Front]],2)))),TableLasers[],COLUMN(TableLasers[H-DPH]),FALSE),LEFT(TableTS[[#This Row],[Back]],2)*VLOOKUP(VALUE(TRIM(CLEAN(RIGHT(TableTS[[#This Row],[Back]],2)))),TableLasers[],COLUMN(TableLasers[H-DPH]),FALSE),LEFT(TableTS[[#This Row],[Left]],2)*VLOOKUP(VALUE(TRIM(CLEAN(RIGHT(TableTS[[#This Row],[Left]],2)))),TableLasers[],COLUMN(TableLasers[H-DPH]),FALSE),LEFT(TableTS[[#This Row],[Right]],2)*VLOOKUP(VALUE(TRIM(CLEAN(RIGHT(TableTS[[#This Row],[Right]],2)))),TableLasers[],COLUMN(TableLasers[H-DPH]),FALSE),LEFT(TableTS[[#This Row],[Up]],2)*VLOOKUP(VALUE(TRIM(CLEAN(RIGHT(TableTS[[#This Row],[Up]],2)))),TableLasers[],COLUMN(TableLasers[H-DPH]),FALSE),LEFT(TableTS[[#This Row],[Down]],2)*VLOOKUP(VALUE(TRIM(CLEAN(RIGHT(TableTS[[#This Row],[Down]],2)))),TableLasers[],COLUMN(TableLasers[H-DPH]),FALSE))","v":9264},"04::15","00::00","02::15","00::00","00::00","00::00","00::00",4,null,2,null,null,null,null,"0,1,3,9,15",null,"0,1,3,9,15",null,null,null,null,35]
[45,"Split","TS","Caiman","Tanker XL",128.88,71.599999999999994,9,"L",16000,"25 MJ ",5,800,88.183421516754805,6,2100,51.000599999999999,9325,0,{"$f":"SUM(LEFT(TableTS[[#This Row],[Main]],2)*VLOOKUP(VALUE(TRIM(CLEAN(RIGHT(TableTS[[#This Row],[Main]],2)))),TableLasers[],COLUMN(TableLasers[S-DPH]),FALSE),LEFT(TableTS[[#This Row],[Front]],2)*VLOOKUP(VALUE(TRIM(CLEAN(RIGHT(TableTS[[#This Row],[Front]],2)))),TableLasers[],COLUMN(TableLasers[S-DPH]),FALSE),LEFT(TableTS[[#This Row],[Back]],2)*VLOOKUP(VALUE(TRIM(CLEAN(RIGHT(TableTS[[#This Row],[Back]],2)))),TableLasers[],COLUMN(TableLasers[S-DPH]),FALSE),LEFT(TableTS[[#This Row],[Left]],2)*VLOOKUP(VALUE(TRIM(CLEAN(RIGHT(TableTS[[#This Row],[Left]],2)))),TableLasers[],COLUMN(TableLasers[S-DPH]),FALSE),LEFT(TableTS[[#This Row],[Right]],2)*VLOOKUP(VALUE(TRIM(CLEAN(RIGHT(TableTS[[#This Row],[Right]],2)))),TableLasers[],COLUMN(TableLasers[S-DPH]),FALSE),LEFT(TableTS[[#This Row],[Up]],2)*VLOOKUP(VALUE(TRIM(CLEAN(RIGHT(TableTS[[#This Row],[Up]],2)))),TableLasers[],COLUMN(TableLasers[S-DPH]),FALSE),LEFT(TableTS[[#This Row],[Down]],2)*VLOOKUP(VALUE(TRIM(CLEAN(RIGHT(TableTS[[#This Row],[Down]],2)))),TableLasers[],COLUMN(TableLasers[S-DPH]),FALSE))","v":3840},{"$f":"SUM(LEFT(TableTS[[#This Row],[Main]],2)*VLOOKUP(VALUE(TRIM(CLEAN(RIGHT(TableTS[[#This Row],[Main]],2)))),TableLasers[],COLUMN(TableLasers[H-DPH]),FALSE),LEFT(TableTS[[#This Row],[Front]],2)*VLOOKUP(VALUE(TRIM(CLEAN(RIGHT(TableTS[[#This Row],[Front]],2)))),TableLasers[],COLUMN(TableLasers[H-DPH]),FALSE),LEFT(TableTS[[#This Row],[Back]],2)*VLOOKUP(VALUE(TRIM(CLEAN(RIGHT(TableTS[[#This Row],[Back]],2)))),TableLasers[],COLUMN(TableLasers[H-DPH]),FALSE),LEFT(TableTS[[#This Row],[Left]],2)*VLOOKUP(VALUE(TRIM(CLEAN(RIGHT(TableTS[[#This Row],[Left]],2)))),TableLasers[],COLUMN(TableLasers[H-DPH]),FALSE),LEFT(TableTS[[#This Row],[Right]],2)*VLOOKUP(VALUE(TRIM(CLEAN(RIGHT(TableTS[[#This Row],[Right]],2)))),TableLasers[],COLUMN(TableLasers[H-DPH]),FALSE),LEFT(TableTS[[#This Row],[Up]],2)*VLOOKUP(VALUE(TRIM(CLEAN(RIGHT(TableTS[[#This Row],[Up]],2)))),TableLasers[],COLUMN(TableLasers[H-DPH]),FALSE),LEFT(TableTS[[#This Row],[Down]],2)*VLOOKUP(VALUE(TRIM(CLEAN(RIGHT(TableTS[[#This Row],[Down]],2)))),TableLasers[],COLUMN(TableLasers[H-DPH]),FALSE))","v":720},"04::01","00::00","02::01","00::00","00::00","00::00","00::00",4,null,2,null,null,null,null,"0,1,3,9",null,"0,1,3,9",null,null,null,null,35]
[46,"Split","TS","Caiman","Super Freighter",96.242400000000004,53.468000000000004,9,"XXL",15200,"200 MJ  ",2,1090,227.272727272727,6,2200,53.429200000000002,7375,0,{"$f":"SUM(LEFT(TableTS[[#This Row],[Main]],2)*VLOOKUP(VALUE(TRIM(CLEAN(RIGHT(TableTS[[#This Row],[Main]],2)))),TableLasers[],COLUMN(TableLasers[S-DPH]),FALSE),LEFT(TableTS[[#This Row],[Front]],2)*VLOOKUP(VALUE(TRIM(CLEAN(RIGHT(TableTS[[#This Row],[Front]],2)))),TableLasers[],COLUMN(TableLasers[S-DPH]),FALSE),LEFT(TableTS[[#This Row],[Back]],2)*VLOOKUP(VALUE(TRIM(CLEAN(RIGHT(TableTS[[#This Row],[Back]],2)))),TableLasers[],COLUMN(TableLasers[S-DPH]),FALSE),LEFT(TableTS[[#This Row],[Left]],2)*VLOOKUP(VALUE(TRIM(CLEAN(RIGHT(TableTS[[#This Row],[Left]],2)))),TableLasers[],COLUMN(TableLasers[S-DPH]),FALSE),LEFT(TableTS[[#This Row],[Right]],2)*VLOOKUP(VALUE(TRIM(CLEAN(RIGHT(TableTS[[#This Row],[Right]],2)))),TableLasers[],COLUMN(TableLasers[S-DPH]),FALSE),LEFT(TableTS[[#This Row],[Up]],2)*VLOOKUP(VALUE(TRIM(CLEAN(RIGHT(TableTS[[#This Row],[Up]],2)))),TableLasers[],COLUMN(TableLasers[S-DPH]),FALSE),LEFT(TableTS[[#This Row],[Down]],2)*VLOOKUP(VALUE(TRIM(CLEAN(RIGHT(TableTS[[#This Row],[Down]],2)))),TableLasers[],COLUMN(TableLasers[S-DPH]),FALSE))","v":59376},{"$f":"SUM(LEFT(TableTS[[#This Row],[Main]],2)*VLOOKUP(VALUE(TRIM(CLEAN(RIGHT(TableTS[[#This Row],[Main]],2)))),TableLasers[],COLUMN(TableLasers[H-DPH]),FALSE),LEFT(TableTS[[#This Row],[Front]],2)*VLOOKUP(VALUE(TRIM(CLEAN(RIGHT(TableTS[[#This Row],[Front]],2)))),TableLasers[],COLUMN(TableLasers[H-DPH]),FALSE),LEFT(TableTS[[#This Row],[Back]],2)*VLOOKUP(VALUE(TRIM(CLEAN(RIGHT(TableTS[[#This Row],[Back]],2)))),TableLasers[],COLUMN(TableLasers[H-DPH]),FALSE),LEFT(TableTS[[#This Row],[Left]],2)*VLOOKUP(VALUE(TRIM(CLEAN(RIGHT(TableTS[[#This Row],[Left]],2)))),TableLasers[],COLUMN(TableLasers[H-DPH]),FALSE),LEFT(TableTS[[#This Row],[Right]],2)*VLOOKUP(VALUE(TRIM(CLEAN(RIGHT(TableTS[[#This Row],[Right]],2)))),TableLasers[],COLUMN(TableLasers[H-DPH]),FALSE),LEFT(TableTS[[#This Row],[Up]],2)*VLOOKUP(VALUE(TRIM(CLEAN(RIGHT(TableTS[[#This Row],[Up]],2)))),TableLasers[],COLUMN(TableLasers[H-DPH]),FALSE),LEFT(TableTS[[#This Row],[Down]],2)*VLOOKUP(VALUE(TRIM(CLEAN(RIGHT(TableTS[[#This Row],[Down]],2)))),TableLasers[],COLUMN(TableLasers[H-DPH]),FALSE))","v":9264},"04::15","00::00","02::15","00::00","00::00","00::00","00::00",4,null,2,null,null,null,null,"0,1,3,9,15",null,"0,1,3,9,15,24",null,null,null,null,35]
[47,"Split","TS","Caiman","Super Freighter XL",89.992800000000003,49.996000000000002,9,"XXL",13600,"200 MJ  ",3,1290,227.272727272727,6,2300,55.857799999999997,10325,0,{"$f":"SUM(LEFT(TableTS[[#This Row],[Main]],2)*VLOOKUP(VALUE(TRIM(CLEAN(RIGHT(TableTS[[#This Row],[Main]],2)))),TableLasers[],COLUMN(TableLasers[S-DPH]),FALSE),LEFT(TableTS[[#This Row],[Front]],2)*VLOOKUP(VALUE(TRIM(CLEAN(RIGHT(TableTS[[#This Row],[Front]],2)))),TableLasers[],COLUMN(TableLasers[S-DPH]),FALSE),LEFT(TableTS[[#This Row],[Back]],2)*VLOOKUP(VALUE(TRIM(CLEAN(RIGHT(TableTS[[#This Row],[Back]],2)))),TableLasers[],COLUMN(TableLasers[S-DPH]),FALSE),LEFT(TableTS[[#This Row],[Left]],2)*VLOOKUP(VALUE(TRIM(CLEAN(RIGHT(TableTS[[#This Row],[Left]],2)))),TableLasers[],COLUMN(TableLasers[S-DPH]),FALSE),LEFT(TableTS[[#This Row],[Right]],2)*VLOOKUP(VALUE(TRIM(CLEAN(RIGHT(TableTS[[#This Row],[Right]],2)))),TableLasers[],COLUMN(TableLasers[S-DPH]),FALSE),LEFT(TableTS[[#This Row],[Up]],2)*VLOOKUP(VALUE(TRIM(CLEAN(RIGHT(TableTS[[#This Row],[Up]],2)))),TableLasers[],COLUMN(TableLasers[S-DPH]),FALSE),LEFT(TableTS[[#This Row],[Down]],2)*VLOOKUP(VALUE(TRIM(CLEAN(RIGHT(TableTS[[#This Row],[Down]],2)))),TableLasers[],COLUMN(TableLasers[S-DPH]),FALSE))","v":59376},{"$f":"SUM(LEFT(TableTS[[#This Row],[Main]],2)*VLOOKUP(VALUE(TRIM(CLEAN(RIGHT(TableTS[[#This Row],[Main]],2)))),TableLasers[],COLUMN(TableLasers[H-DPH]),FALSE),LEFT(TableTS[[#This Row],[Front]],2)*VLOOKUP(VALUE(TRIM(CLEAN(RIGHT(TableTS[[#This Row],[Front]],2)))),TableLasers[],COLUMN(TableLasers[H-DPH]),FALSE),LEFT(TableTS[[#This Row],[Back]],2)*VLOOKUP(VALUE(TRIM(CLEAN(RIGHT(TableTS[[#This Row],[Back]],2)))),TableLasers[],COLUMN(TableLasers[H-DPH]),FALSE),LEFT(TableTS[[#This Row],[Left]],2)*VLOOKUP(VALUE(TRIM(CLEAN(RIGHT(TableTS[[#This Row],[Left]],2)))),TableLasers[],COLUMN(TableLasers[H-DPH]),FALSE),LEFT(TableTS[[#This Row],[Right]],2)*VLOOKUP(VALUE(TRIM(CLEAN(RIGHT(TableTS[[#This Row],[Right]],2)))),TableLasers[],COLUMN(TableLasers[H-DPH]),FALSE),LEFT(TableTS[[#This Row],[Up]],2)*VLOOKUP(VALUE(TRIM(CLEAN(RIGHT(TableTS[[#This Row],[Up]],2)))),TableLasers[],COLUMN(TableLasers[H-DPH]),FALSE),LEFT(TableTS[[#This Row],[Down]],2)*VLOOKUP(VALUE(TRIM(CLEAN(RIGHT(TableTS[[#This Row],[Down]],2)))),TableLasers[],COLUMN(TableLasers[H-DPH]),FALSE))","v":9264},"04::15","00::00","02::15","00::00","00::00","00::00","00::00",4,null,2,null,null,null,null,"0,1,3,9,15",null,"0,1,3,9,15,24",null,null,null,null,35]
[48,"Split","TS","Caiman","Miner",117,65,9,"XL",15200,"25 MJ ",4,500,88.183421516754805,6,2200,51.999200000000002,5000,0,{"$f":"SUM(LEFT(TableTS[[#This Row],[Main]],2)*VLOOKUP(VALUE(TRIM(CLEAN(RIGHT(TableTS[[#This Row],[Main]],2)))),TableLasers[],COLUMN(TableLasers[S-DPH]),FALSE),LEFT(TableTS[[#This Row],[Front]],2)*VLOOKUP(VALUE(TRIM(CLEAN(RIGHT(TableTS[[#This Row],[Front]],2)))),TableLasers[],COLUMN(TableLasers[S-DPH]),FALSE),LEFT(TableTS[[#This Row],[Back]],2)*VLOOKUP(VALUE(TRIM(CLEAN(RIGHT(TableTS[[#This Row],[Back]],2)))),TableLasers[],COLUMN(TableLasers[S-DPH]),FALSE),LEFT(TableTS[[#This Row],[Left]],2)*VLOOKUP(VALUE(TRIM(CLEAN(RIGHT(TableTS[[#This Row],[Left]],2)))),TableLasers[],COLUMN(TableLasers[S-DPH]),FALSE),LEFT(TableTS[[#This Row],[Right]],2)*VLOOKUP(VALUE(TRIM(CLEAN(RIGHT(TableTS[[#This Row],[Right]],2)))),TableLasers[],COLUMN(TableLasers[S-DPH]),FALSE),LEFT(TableTS[[#This Row],[Up]],2)*VLOOKUP(VALUE(TRIM(CLEAN(RIGHT(TableTS[[#This Row],[Up]],2)))),TableLasers[],COLUMN(TableLasers[S-DPH]),FALSE),LEFT(TableTS[[#This Row],[Down]],2)*VLOOKUP(VALUE(TRIM(CLEAN(RIGHT(TableTS[[#This Row],[Down]],2)))),TableLasers[],COLUMN(TableLasers[S-DPH]),FALSE))","v":39584},{"$f":"SUM(LEFT(TableTS[[#This Row],[Main]],2)*VLOOKUP(VALUE(TRIM(CLEAN(RIGHT(TableTS[[#This Row],[Main]],2)))),TableLasers[],COLUMN(TableLasers[H-DPH]),FALSE),LEFT(TableTS[[#This Row],[Front]],2)*VLOOKUP(VALUE(TRIM(CLEAN(RIGHT(TableTS[[#This Row],[Front]],2)))),TableLasers[],COLUMN(TableLasers[H-DPH]),FALSE),LEFT(TableTS[[#This Row],[Back]],2)*VLOOKUP(VALUE(TRIM(CLEAN(RIGHT(TableTS[[#This Row],[Back]],2)))),TableLasers[],COLUMN(TableLasers[H-DPH]),FALSE),LEFT(TableTS[[#This Row],[Left]],2)*VLOOKUP(VALUE(TRIM(CLEAN(RIGHT(TableTS[[#This Row],[Left]],2)))),TableLasers[],COLUMN(TableLasers[H-DPH]),FALSE),LEFT(TableTS[[#This Row],[Right]],2)*VLOOKUP(VALUE(TRIM(CLEAN(RIGHT(TableTS[[#This Row],[Right]],2)))),TableLasers[],COLUMN(TableLasers[H-DPH]),FALSE),LEFT(TableTS[[#This Row],[Up]],2)*VLOOKUP(VALUE(TRIM(CLEAN(RIGHT(TableTS[[#This Row],[Up]],2)))),TableLasers[],COLUMN(TableLasers[H-DPH]),FALSE),LEFT(TableTS[[#This Row],[Down]],2)*VLOOKUP(VALUE(TRIM(CLEAN(RIGHT(TableTS[[#This Row],[Down]],2)))),TableLasers[],COLUMN(TableLasers[H-DPH]),FALSE))","v":6176},"04::15","00::00","00::00","00::00","00::00","00::00","00::00",4,null,2,null,null,null,null,"0,1,3,9,15,28,29,35",null,null,null,null,null,null,35]
[74,"Paranid","TS","Demeter",null,110,55,9,"XL",20000,"25 MJ ",6,700,88.183421516754805,2,950,19,3800,0,{"$f":"SUM(LEFT(TableTS[[#This Row],[Main]],2)*VLOOKUP(VALUE(TRIM(CLEAN(RIGHT(TableTS[[#This Row],[Main]],2)))),TableLasers[],COLUMN(TableLasers[S-DPH]),FALSE),LEFT(TableTS[[#This Row],[Front]],2)*VLOOKUP(VALUE(TRIM(CLEAN(RIGHT(TableTS[[#This Row],[Front]],2)))),TableLasers[],COLUMN(TableLasers[S-DPH]),FALSE),LEFT(TableTS[[#This Row],[Back]],2)*VLOOKUP(VALUE(TRIM(CLEAN(RIGHT(TableTS[[#This Row],[Back]],2)))),TableLasers[],COLUMN(TableLasers[S-DPH]),FALSE),LEFT(TableTS[[#This Row],[Left]],2)*VLOOKUP(VALUE(TRIM(CLEAN(RIGHT(TableTS[[#This Row],[Left]],2)))),TableLasers[],COLUMN(TableLasers[S-DPH]),FALSE),LEFT(TableTS[[#This Row],[Right]],2)*VLOOKUP(VALUE(TRIM(CLEAN(RIGHT(TableTS[[#This Row],[Right]],2)))),TableLasers[],COLUMN(TableLasers[S-DPH]),FALSE),LEFT(TableTS[[#This Row],[Up]],2)*VLOOKUP(VALUE(TRIM(CLEAN(RIGHT(TableTS[[#This Row],[Up]],2)))),TableLasers[],COLUMN(TableLasers[S-DPH]),FALSE),LEFT(TableTS[[#This Row],[Down]],2)*VLOOKUP(VALUE(TRIM(CLEAN(RIGHT(TableTS[[#This Row],[Down]],2)))),TableLasers[],COLUMN(TableLasers[S-DPH]),FALSE))","v":10480},{"$f":"SUM(LEFT(TableTS[[#This Row],[Main]],2)*VLOOKUP(VALUE(TRIM(CLEAN(RIGHT(TableTS[[#This Row],[Main]],2)))),TableLasers[],COLUMN(TableLasers[H-DPH]),FALSE),LEFT(TableTS[[#This Row],[Front]],2)*VLOOKUP(VALUE(TRIM(CLEAN(RIGHT(TableTS[[#This Row],[Front]],2)))),TableLasers[],COLUMN(TableLasers[H-DPH]),FALSE),LEFT(TableTS[[#This Row],[Back]],2)*VLOOKUP(VALUE(TRIM(CLEAN(RIGHT(TableTS[[#This Row],[Back]],2)))),TableLasers[],COLUMN(TableLasers[H-DPH]),FALSE),LEFT(TableTS[[#This Row],[Left]],2)*VLOOKUP(VALUE(TRIM(CLEAN(RIGHT(TableTS[[#This Row],[Left]],2)))),TableLasers[],COLUMN(TableLasers[H-DPH]),FALSE),LEFT(TableTS[[#This Row],[Right]],2)*VLOOKUP(VALUE(TRIM(CLEAN(RIGHT(TableTS[[#This Row],[Right]],2)))),TableLasers[],COLUMN(TableLasers[H-DPH]),FALSE),LEFT(TableTS[[#This Row],[Up]],2)*VLOOKUP(VALUE(TRIM(CLEAN(RIGHT(TableTS[[#This Row],[Up]],2)))),TableLasers[],COLUMN(TableLasers[H-DPH]),FALSE),LEFT(TableTS[[#This Row],[Down]],2)*VLOOKUP(VALUE(TRIM(CLEAN(RIGHT(TableTS[[#This Row],[Down]],2)))),TableLasers[],COLUMN(TableLasers[H-DPH]),FALSE))","v":1920},"00::00","00::00","02::06","00::00","00::00","00::00","00::00",null,null,2,null,null,null,null,null,null,"0,1,6,7",null,null,null,null,35]
[75,"Paranid","TS","Demeter","Tanker",138,69,9,"L",20000,"25 MJ ",6,700,88.183421516754805,2,850,17,5600,0,{"$f":"SUM(LEFT(TableTS[[#This Row],[Main]],2)*VLOOKUP(VALUE(TRIM(CLEAN(RIGHT(TableTS[[#This Row],[Main]],2)))),TableLasers[],COLUMN(TableLasers[S-DPH]),FALSE),LEFT(TableTS[[#This Row],[Front]],2)*VLOOKUP(VALUE(TRIM(CLEAN(RIGHT(TableTS[[#This Row],[Front]],2)))),TableLasers[],COLUMN(TableLasers[S-DPH]),FALSE),LEFT(TableTS[[#This Row],[Back]],2)*VLOOKUP(VALUE(TRIM(CLEAN(RIGHT(TableTS[[#This Row],[Back]],2)))),TableLasers[],COLUMN(TableLasers[S-DPH]),FALSE),LEFT(TableTS[[#This Row],[Left]],2)*VLOOKUP(VALUE(TRIM(CLEAN(RIGHT(TableTS[[#This Row],[Left]],2)))),TableLasers[],COLUMN(TableLasers[S-DPH]),FALSE),LEFT(TableTS[[#This Row],[Right]],2)*VLOOKUP(VALUE(TRIM(CLEAN(RIGHT(TableTS[[#This Row],[Right]],2)))),TableLasers[],COLUMN(TableLasers[S-DPH]),FALSE),LEFT(TableTS[[#This Row],[Up]],2)*VLOOKUP(VALUE(TRIM(CLEAN(RIGHT(TableTS[[#This Row],[Up]],2)))),TableLasers[],COLUMN(TableLasers[S-DPH]),FALSE),LEFT(TableTS[[#This Row],[Down]],2)*VLOOKUP(VALUE(TRIM(CLEAN(RIGHT(TableTS[[#This Row],[Down]],2)))),TableLasers[],COLUMN(TableLasers[S-DPH]),FALSE))","v":10480},{"$f":"SUM(LEFT(TableTS[[#This Row],[Main]],2)*VLOOKUP(VALUE(TRIM(CLEAN(RIGHT(TableTS[[#This Row],[Main]],2)))),TableLasers[],COLUMN(TableLasers[H-DPH]),FALSE),LEFT(TableTS[[#This Row],[Front]],2)*VLOOKUP(VALUE(TRIM(CLEAN(RIGHT(TableTS[[#This Row],[Front]],2)))),TableLasers[],COLUMN(TableLasers[H-DPH]),FALSE),LEFT(TableTS[[#This Row],[Back]],2)*VLOOKUP(VALUE(TRIM(CLEAN(RIGHT(TableTS[[#This Row],[Back]],2)))),TableLasers[],COLUMN(TableLasers[H-DPH]),FALSE),LEFT(TableTS[[#This Row],[Left]],2)*VLOOKUP(VALUE(TRIM(CLEAN(RIGHT(TableTS[[#This Row],[Left]],2)))),TableLasers[],COLUMN(TableLasers[H-DPH]),FALSE),LEFT(TableTS[[#This Row],[Right]],2)*VLOOKUP(VALUE(TRIM(CLEAN(RIGHT(TableTS[[#This Row],[Right]],2)))),TableLasers[],COLUMN(TableLasers[H-DPH]),FALSE),LEFT(TableTS[[#This Row],[Up]],2)*VLOOKUP(VALUE(TRIM(CLEAN(RIGHT(TableTS[[#This Row],[Up]],2)))),TableLasers[],COLUMN(TableLasers[H-DPH]),FALSE),LEFT(TableTS[[#This Row],[Down]],2)*VLOOKUP(VALUE(TRIM(CLEAN(RIGHT(TableTS[[#This Row],[Down]],2)))),TableLasers[],COLUMN(TableLasers[H-DPH]),FALSE))","v":1920},"00::00","00::00","02::06","00::00","00::00","00::00","00::00",null,null,2,null,null,null,null,null,null,"0,1,6,7",null,null,null,null,35]
[76,"Paranid","TS","Demeter","Hauler",88,44,9,"XL",19000,"200 MJ  ",2,1000,227.272727272727,2,950,19,6600,0,{"$f":"SUM(LEFT(TableTS[[#This Row],[Main]],2)*VLOOKUP(VALUE(TRIM(CLEAN(RIGHT(TableTS[[#This Row],[Main]],2)))),TableLasers[],COLUMN(TableLasers[S-DPH]),FALSE),LEFT(TableTS[[#This Row],[Front]],2)*VLOOKUP(VALUE(TRIM(CLEAN(RIGHT(TableTS[[#This Row],[Front]],2)))),TableLasers[],COLUMN(TableLasers[S-DPH]),FALSE),LEFT(TableTS[[#This Row],[Back]],2)*VLOOKUP(VALUE(TRIM(CLEAN(RIGHT(TableTS[[#This Row],[Back]],2)))),TableLasers[],COLUMN(TableLasers[S-DPH]),FALSE),LEFT(TableTS[[#This Row],[Left]],2)*VLOOKUP(VALUE(TRIM(CLEAN(RIGHT(TableTS[[#This Row],[Left]],2)))),TableLasers[],COLUMN(TableLasers[S-DPH]),FALSE),LEFT(TableTS[[#This Row],[Right]],2)*VLOOKUP(VALUE(TRIM(CLEAN(RIGHT(TableTS[[#This Row],[Right]],2)))),TableLasers[],COLUMN(TableLasers[S-DPH]),FALSE),LEFT(TableTS[[#This Row],[Up]],2)*VLOOKUP(VALUE(TRIM(CLEAN(RIGHT(TableTS[[#This Row],[Up]],2)))),TableLasers[],COLUMN(TableLasers[S-DPH]),FALSE),LEFT(TableTS[[#This Row],[Down]],2)*VLOOKUP(VALUE(TRIM(CLEAN(RIGHT(TableTS[[#This Row],[Down]],2)))),TableLasers[],COLUMN(TableLasers[S-DPH]),FALSE))","v":10480},{"$f":"SUM(LEFT(TableTS[[#This Row],[Main]],2)*VLOOKUP(VALUE(TRIM(CLEAN(RIGHT(TableTS[[#This Row],[Main]],2)))),TableLasers[],COLUMN(TableLasers[H-DPH]),FALSE),LEFT(TableTS[[#This Row],[Front]],2)*VLOOKUP(VALUE(TRIM(CLEAN(RIGHT(TableTS[[#This Row],[Front]],2)))),TableLasers[],COLUMN(TableLasers[H-DPH]),FALSE),LEFT(TableTS[[#This Row],[Back]],2)*VLOOKUP(VALUE(TRIM(CLEAN(RIGHT(TableTS[[#This Row],[Back]],2)))),TableLasers[],COLUMN(TableLasers[H-DPH]),FALSE),LEFT(TableTS[[#This Row],[Left]],2)*VLOOKUP(VALUE(TRIM(CLEAN(RIGHT(TableTS[[#This Row],[Left]],2)))),TableLasers[],COLUMN(TableLasers[H-DPH]),FALSE),LEFT(TableTS[[#This Row],[Right]],2)*VLOOKUP(VALUE(TRIM(CLEAN(RIGHT(TableTS[[#This Row],[Right]],2)))),TableLasers[],COLUMN(TableLasers[H-DPH]),FALSE),LEFT(TableTS[[#This Row],[Up]],2)*VLOOKUP(VALUE(TRIM(CLEAN(RIGHT(TableTS[[#This Row],[Up]],2)))),TableLasers[],COLUMN(TableLasers[H-DPH]),FALSE),LEFT(TableTS[[#This Row],[Down]],2)*VLOOKUP(VALUE(TRIM(CLEAN(RIGHT(TableTS[[#This Row],[Down]],2)))),TableLasers[],COLUMN(TableLasers[H-DPH]),FALSE))","v":1920},"00::01","00::00","02::06","00::00","00::00","00::00","00::00",null,null,2,null,null,null,null,"0,1",null,"0,1,6,7",null,null,null,null,35]
[77,"Paranid","TS","Demeter","Miner",102,51,9,"XL",19600,"200 MJ  ",1,700,151.51515151515201,2,950,19,4370,0,{"$f":"SUM(LEFT(TableTS[[#This Row],[Main]],2)*VLOOKUP(VALUE(TRIM(CLEAN(RIGHT(TableTS[[#This Row],[Main]],2)))),TableLasers[],COLUMN(TableLasers[S-DPH]),FALSE),LEFT(TableTS[[#This Row],[Front]],2)*VLOOKUP(VALUE(TRIM(CLEAN(RIGHT(TableTS[[#This Row],[Front]],2)))),TableLasers[],COLUMN(TableLasers[S-DPH]),FALSE),LEFT(TableTS[[#This Row],[Back]],2)*VLOOKUP(VALUE(TRIM(CLEAN(RIGHT(TableTS[[#This Row],[Back]],2)))),TableLasers[],COLUMN(TableLasers[S-DPH]),FALSE),LEFT(TableTS[[#This Row],[Left]],2)*VLOOKUP(VALUE(TRIM(CLEAN(RIGHT(TableTS[[#This Row],[Left]],2)))),TableLasers[],COLUMN(TableLasers[S-DPH]),FALSE),LEFT(TableTS[[#This Row],[Right]],2)*VLOOKUP(VALUE(TRIM(CLEAN(RIGHT(TableTS[[#This Row],[Right]],2)))),TableLasers[],COLUMN(TableLasers[S-DPH]),FALSE),LEFT(TableTS[[#This Row],[Up]],2)*VLOOKUP(VALUE(TRIM(CLEAN(RIGHT(TableTS[[#This Row],[Up]],2)))),TableLasers[],COLUMN(TableLasers[S-DPH]),FALSE),LEFT(TableTS[[#This Row],[Down]],2)*VLOOKUP(VALUE(TRIM(CLEAN(RIGHT(TableTS[[#This Row],[Down]],2)))),TableLasers[],COLUMN(TableLasers[S-DPH]),FALSE))","v":0},{"$f":"SUM(LEFT(TableTS[[#This Row],[Main]],2)*VLOOKUP(VALUE(TRIM(CLEAN(RIGHT(TableTS[[#This Row],[Main]],2)))),TableLasers[],COLUMN(TableLasers[H-DPH]),FALSE),LEFT(TableTS[[#This Row],[Front]],2)*VLOOKUP(VALUE(TRIM(CLEAN(RIGHT(TableTS[[#This Row],[Front]],2)))),TableLasers[],COLUMN(TableLasers[H-DPH]),FALSE),LEFT(TableTS[[#This Row],[Back]],2)*VLOOKUP(VALUE(TRIM(CLEAN(RIGHT(TableTS[[#This Row],[Back]],2)))),TableLasers[],COLUMN(TableLasers[H-DPH]),FALSE),LEFT(TableTS[[#This Row],[Left]],2)*VLOOKUP(VALUE(TRIM(CLEAN(RIGHT(TableTS[[#This Row],[Left]],2)))),TableLasers[],COLUMN(TableLasers[H-DPH]),FALSE),LEFT(TableTS[[#This Row],[Right]],2)*VLOOKUP(VALUE(TRIM(CLEAN(RIGHT(TableTS[[#This Row],[Right]],2)))),TableLasers[],COLUMN(TableLasers[H-DPH]),FALSE),LEFT(TableTS[[#This Row],[Up]],2)*VLOOKUP(VALUE(TRIM(CLEAN(RIGHT(TableTS[[#This Row],[Up]],2)))),TableLasers[],COLUMN(TableLasers[H-DPH]),FALSE),LEFT(TableTS[[#This Row],[Down]],2)*VLOOKUP(VALUE(TRIM(CLEAN(RIGHT(TableTS[[#This Row],[Down]],2)))),TableLasers[],COLUMN(TableLasers[H-DPH]),FALSE))","v":0},"00::00","00::00","00::00","00::00","00::00","00::00","00::00",null,null,2,null,null,null,null,null,null,"28,29,35",null,null,null,null,35]
[78,"Paranid","TS","Demeter","Super Freighter",84.7,42.35,9,"XXL",19000,"200 MJ  ",4,2000,227.272727272727,2,1050,21,8260,0,{"$f":"SUM(LEFT(TableTS[[#This Row],[Main]],2)*VLOOKUP(VALUE(TRIM(CLEAN(RIGHT(TableTS[[#This Row],[Main]],2)))),TableLasers[],COLUMN(TableLasers[S-DPH]),FALSE),LEFT(TableTS[[#This Row],[Front]],2)*VLOOKUP(VALUE(TRIM(CLEAN(RIGHT(TableTS[[#This Row],[Front]],2)))),TableLasers[],COLUMN(TableLasers[S-DPH]),FALSE),LEFT(TableTS[[#This Row],[Back]],2)*VLOOKUP(VALUE(TRIM(CLEAN(RIGHT(TableTS[[#This Row],[Back]],2)))),TableLasers[],COLUMN(TableLasers[S-DPH]),FALSE),LEFT(TableTS[[#This Row],[Left]],2)*VLOOKUP(VALUE(TRIM(CLEAN(RIGHT(TableTS[[#This Row],[Left]],2)))),TableLasers[],COLUMN(TableLasers[S-DPH]),FALSE),LEFT(TableTS[[#This Row],[Right]],2)*VLOOKUP(VALUE(TRIM(CLEAN(RIGHT(TableTS[[#This Row],[Right]],2)))),TableLasers[],COLUMN(TableLasers[S-DPH]),FALSE),LEFT(TableTS[[#This Row],[Up]],2)*VLOOKUP(VALUE(TRIM(CLEAN(RIGHT(TableTS[[#This Row],[Up]],2)))),TableLasers[],COLUMN(TableLasers[S-DPH]),FALSE),LEFT(TableTS[[#This Row],[Down]],2)*VLOOKUP(VALUE(TRIM(CLEAN(RIGHT(TableTS[[#This Row],[Down]],2)))),TableLasers[],COLUMN(TableLasers[S-DPH]),FALSE))","v":10480},{"$f":"SUM(LEFT(TableTS[[#This Row],[Main]],2)*VLOOKUP(VALUE(TRIM(CLEAN(RIGHT(TableTS[[#This Row],[Main]],2)))),TableLasers[],COLUMN(TableLasers[H-DPH]),FALSE),LEFT(TableTS[[#This Row],[Front]],2)*VLOOKUP(VALUE(TRIM(CLEAN(RIGHT(TableTS[[#This Row],[Front]],2)))),TableLasers[],COLUMN(TableLasers[H-DPH]),FALSE),LEFT(TableTS[[#This Row],[Back]],2)*VLOOKUP(VALUE(TRIM(CLEAN(RIGHT(TableTS[[#This Row],[Back]],2)))),TableLasers[],COLUMN(TableLasers[H-DPH]),FALSE),LEFT(TableTS[[#This Row],[Left]],2)*VLOOKUP(VALUE(TRIM(CLEAN(RIGHT(TableTS[[#This Row],[Left]],2)))),TableLasers[],COLUMN(TableLasers[H-DPH]),FALSE),LEFT(TableTS[[#This Row],[Right]],2)*VLOOKUP(VALUE(TRIM(CLEAN(RIGHT(TableTS[[#This Row],[Right]],2)))),TableLasers[],COLUMN(TableLasers[H-DPH]),FALSE),LEFT(TableTS[[#This Row],[Up]],2)*VLOOKUP(VALUE(TRIM(CLEAN(RIGHT(TableTS[[#This Row],[Up]],2)))),TableLasers[],COLUMN(TableLasers[H-DPH]),FALSE),LEFT(TableTS[[#This Row],[Down]],2)*VLOOKUP(VALUE(TRIM(CLEAN(RIGHT(TableTS[[#This Row],[Down]],2)))),TableLasers[],COLUMN(TableLasers[H-DPH]),FALSE))","v":1920},"00::00","00::00","02::06","00::00","00::00","00::00","00::00",null,null,2,null,null,null,null,null,null,"0,1,6,7,22",null,null,null,null,35]
[79,"Paranid","TS","Demeter","Super Freighter XL",79.2,39.6,9,"XXL",17000,"200 MJ  ",5,2000,227.272727272727,2,1150,23,11210,0,{"$f":"SUM(LEFT(TableTS[[#This Row],[Main]],2)*VLOOKUP(VALUE(TRIM(CLEAN(RIGHT(TableTS[[#This Row],[Main]],2)))),TableLasers[],COLUMN(TableLasers[S-DPH]),FALSE),LEFT(TableTS[[#This Row],[Front]],2)*VLOOKUP(VALUE(TRIM(CLEAN(RIGHT(TableTS[[#This Row],[Front]],2)))),TableLasers[],COLUMN(TableLasers[S-DPH]),FALSE),LEFT(TableTS[[#This Row],[Back]],2)*VLOOKUP(VALUE(TRIM(CLEAN(RIGHT(TableTS[[#This Row],[Back]],2)))),TableLasers[],COLUMN(TableLasers[S-DPH]),FALSE),LEFT(TableTS[[#This Row],[Left]],2)*VLOOKUP(VALUE(TRIM(CLEAN(RIGHT(TableTS[[#This Row],[Left]],2)))),TableLasers[],COLUMN(TableLasers[S-DPH]),FALSE),LEFT(TableTS[[#This Row],[Right]],2)*VLOOKUP(VALUE(TRIM(CLEAN(RIGHT(TableTS[[#This Row],[Right]],2)))),TableLasers[],COLUMN(TableLasers[S-DPH]),FALSE),LEFT(TableTS[[#This Row],[Up]],2)*VLOOKUP(VALUE(TRIM(CLEAN(RIGHT(TableTS[[#This Row],[Up]],2)))),TableLasers[],COLUMN(TableLasers[S-DPH]),FALSE),LEFT(TableTS[[#This Row],[Down]],2)*VLOOKUP(VALUE(TRIM(CLEAN(RIGHT(TableTS[[#This Row],[Down]],2)))),TableLasers[],COLUMN(TableLasers[S-DPH]),FALSE))","v":10480},{"$f":"SUM(LEFT(TableTS[[#This Row],[Main]],2)*VLOOKUP(VALUE(TRIM(CLEAN(RIGHT(TableTS[[#This Row],[Main]],2)))),TableLasers[],COLUMN(TableLasers[H-DPH]),FALSE),LEFT(TableTS[[#This Row],[Front]],2)*VLOOKUP(VALUE(TRIM(CLEAN(RIGHT(TableTS[[#This Row],[Front]],2)))),TableLasers[],COLUMN(TableLasers[H-DPH]),FALSE),LEFT(TableTS[[#This Row],[Back]],2)*VLOOKUP(VALUE(TRIM(CLEAN(RIGHT(TableTS[[#This Row],[Back]],2)))),TableLasers[],COLUMN(TableLasers[H-DPH]),FALSE),LEFT(TableTS[[#This Row],[Left]],2)*VLOOKUP(VALUE(TRIM(CLEAN(RIGHT(TableTS[[#This Row],[Left]],2)))),TableLasers[],COLUMN(TableLasers[H-DPH]),FALSE),LEFT(TableTS[[#This Row],[Right]],2)*VLOOKUP(VALUE(TRIM(CLEAN(RIGHT(TableTS[[#This Row],[Right]],2)))),TableLasers[],COLUMN(TableLasers[H-DPH]),FALSE),LEFT(TableTS[[#This Row],[Up]],2)*VLOOKUP(VALUE(TRIM(CLEAN(RIGHT(TableTS[[#This Row],[Up]],2)))),TableLasers[],COLUMN(TableLasers[H-DPH]),FALSE),LEFT(TableTS[[#This Row],[Down]],2)*VLOOKUP(VALUE(TRIM(CLEAN(RIGHT(TableTS[[#This Row],[Down]],2)))),TableLasers[],COLUMN(TableLasers[H-DPH]),FALSE))","v":1920},"00::00","00::00","02::06","00::00","00::00","00::00","00::00",null,null,2,null,null,null,null,null,null,"0,1,6,7,22",null,null,null,null,35]
[105,"Boron","TS","Dolphin",null,85.86,47.7,9,"XL",18000,"25 MJ ",5,1250,44.091710758377403,0,1,1,5500,0,{"$f":"SUM(LEFT(TableTS[[#This Row],[Main]],2)*VLOOKUP(VALUE(TRIM(CLEAN(RIGHT(TableTS[[#This Row],[Main]],2)))),TableLasers[],COLUMN(TableLasers[S-DPH]),FALSE),LEFT(TableTS[[#This Row],[Front]],2)*VLOOKUP(VALUE(TRIM(CLEAN(RIGHT(TableTS[[#This Row],[Front]],2)))),TableLasers[],COLUMN(TableLasers[S-DPH]),FALSE),LEFT(TableTS[[#This Row],[Back]],2)*VLOOKUP(VALUE(TRIM(CLEAN(RIGHT(TableTS[[#This Row],[Back]],2)))),TableLasers[],COLUMN(TableLasers[S-DPH]),FALSE),LEFT(TableTS[[#This Row],[Left]],2)*VLOOKUP(VALUE(TRIM(CLEAN(RIGHT(TableTS[[#This Row],[Left]],2)))),TableLasers[],COLUMN(TableLasers[S-DPH]),FALSE),LEFT(TableTS[[#This Row],[Right]],2)*VLOOKUP(VALUE(TRIM(CLEAN(RIGHT(TableTS[[#This Row],[Right]],2)))),TableLasers[],COLUMN(TableLasers[S-DPH]),FALSE),LEFT(TableTS[[#This Row],[Up]],2)*VLOOKUP(VALUE(TRIM(CLEAN(RIGHT(TableTS[[#This Row],[Up]],2)))),TableLasers[],COLUMN(TableLasers[S-DPH]),FALSE),LEFT(TableTS[[#This Row],[Down]],2)*VLOOKUP(VALUE(TRIM(CLEAN(RIGHT(TableTS[[#This Row],[Down]],2)))),TableLasers[],COLUMN(TableLasers[S-DPH]),FALSE))","v":0},{"$f":"SUM(LEFT(TableTS[[#This Row],[Main]],2)*VLOOKUP(VALUE(TRIM(CLEAN(RIGHT(TableTS[[#This Row],[Main]],2)))),TableLasers[],COLUMN(TableLasers[H-DPH]),FALSE),LEFT(TableTS[[#This Row],[Front]],2)*VLOOKUP(VALUE(TRIM(CLEAN(RIGHT(TableTS[[#This Row],[Front]],2)))),TableLasers[],COLUMN(TableLasers[H-DPH]),FALSE),LEFT(TableTS[[#This Row],[Back]],2)*VLOOKUP(VALUE(TRIM(CLEAN(RIGHT(TableTS[[#This Row],[Back]],2)))),TableLasers[],COLUMN(TableLasers[H-DPH]),FALSE),LEFT(TableTS[[#This Row],[Left]],2)*VLOOKUP(VALUE(TRIM(CLEAN(RIGHT(TableTS[[#This Row],[Left]],2)))),TableLasers[],COLUMN(TableLasers[H-DPH]),FALSE),LEFT(TableTS[[#This Row],[Right]],2)*VLOOKUP(VALUE(TRIM(CLEAN(RIGHT(TableTS[[#This Row],[Right]],2)))),TableLasers[],COLUMN(TableLasers[H-DPH]),FALSE),LEFT(TableTS[[#This Row],[Up]],2)*VLOOKUP(VALUE(TRIM(CLEAN(RIGHT(TableTS[[#This Row],[Up]],2)))),TableLasers[],COLUMN(TableLasers[H-DPH]),FALSE),LEFT(TableTS[[#This Row],[Down]],2)*VLOOKUP(VALUE(TRIM(CLEAN(RIGHT(TableTS[[#This Row],[Down]],2)))),TableLasers[],COLUMN(TableLasers[H-DPH]),FALSE))","v":0},"00::00","00::00","00::00","00::00","00::00","00::00","00::00"]
[106,"Boron","TS","Dolphin","Tanker",118.26,65.7,9,"L",18000,"25 MJ ",4,1000,44.091710758377403,0,1,1,7000,0,{"$f":"SUM(LEFT(TableTS[[#This Row],[Main]],2)*VLOOKUP(VALUE(TRIM(CLEAN(RIGHT(TableTS[[#This Row],[Main]],2)))),TableLasers[],COLUMN(TableLasers[S-DPH]),FALSE),LEFT(TableTS[[#This Row],[Front]],2)*VLOOKUP(VALUE(TRIM(CLEAN(RIGHT(TableTS[[#This Row],[Front]],2)))),TableLasers[],COLUMN(TableLasers[S-DPH]),FALSE),LEFT(TableTS[[#This Row],[Back]],2)*VLOOKUP(VALUE(TRIM(CLEAN(RIGHT(TableTS[[#This Row],[Back]],2)))),TableLasers[],COLUMN(TableLasers[S-DPH]),FALSE),LEFT(TableTS[[#This Row],[Left]],2)*VLOOKUP(VALUE(TRIM(CLEAN(RIGHT(TableTS[[#This Row],[Left]],2)))),TableLasers[],COLUMN(TableLasers[S-DPH]),FALSE),LEFT(TableTS[[#This Row],[Right]],2)*VLOOKUP(VALUE(TRIM(CLEAN(RIGHT(TableTS[[#This Row],[Right]],2)))),TableLasers[],COLUMN(TableLasers[S-DPH]),FALSE),LEFT(TableTS[[#This Row],[Up]],2)*VLOOKUP(VALUE(TRIM(CLEAN(RIGHT(TableTS[[#This Row],[Up]],2)))),TableLasers[],COLUMN(TableLasers[S-DPH]),FALSE),LEFT(TableTS[[#This Row],[Down]],2)*VLOOKUP(VALUE(TRIM(CLEAN(RIGHT(TableTS[[#This Row],[Down]],2)))),TableLasers[],COLUMN(TableLasers[S-DPH]),FALSE))","v":0},{"$f":"SUM(LEFT(TableTS[[#This Row],[Main]],2)*VLOOKUP(VALUE(TRIM(CLEAN(RIGHT(TableTS[[#This Row],[Main]],2)))),TableLasers[],COLUMN(TableLasers[H-DPH]),FALSE),LEFT(TableTS[[#This Row],[Front]],2)*VLOOKUP(VALUE(TRIM(CLEAN(RIGHT(TableTS[[#This Row],[Front]],2)))),TableLasers[],COLUMN(TableLasers[H-DPH]),FALSE),LEFT(TableTS[[#This Row],[Back]],2)*VLOOKUP(VALUE(TRIM(CLEAN(RIGHT(TableTS[[#This Row],[Back]],2)))),TableLasers[],COLUMN(TableLasers[H-DPH]),FALSE),LEFT(TableTS[[#This Row],[Left]],2)*VLOOKUP(VALUE(TRIM(CLEAN(RIGHT(TableTS[[#This Row],[Left]],2)))),TableLasers[],COLUMN(TableLasers[H-DPH]),FALSE),LEFT(TableTS[[#This Row],[Right]],2)*VLOOKUP(VALUE(TRIM(CLEAN(RIGHT(TableTS[[#This Row],[Right]],2)))),TableLasers[],COLUMN(TableLasers[H-DPH]),FALSE),LEFT(TableTS[[#This Row],[Up]],2)*VLOOKUP(VALUE(TRIM(CLEAN(RIGHT(TableTS[[#This Row],[Up]],2)))),TableLasers[],COLUMN(TableLasers[H-DPH]),FALSE),LEFT(TableTS[[#This Row],[Down]],2)*VLOOKUP(VALUE(TRIM(CLEAN(RIGHT(TableTS[[#This Row],[Down]],2)))),TableLasers[],COLUMN(TableLasers[H-DPH]),FALSE))","v":0},"00::00","00::00","00::00","00::00","00::00","00::00","00::00"]
[107,"Boron","TS","Dolphin","Hauler",81.540000000000006,45.3,9,"XL",17100,"200 MJ  ",2,1500,151.51515151515201,0,1,1,8000,0,{"$f":"SUM(LEFT(TableTS[[#This Row],[Main]],2)*VLOOKUP(VALUE(TRIM(CLEAN(RIGHT(TableTS[[#This Row],[Main]],2)))),TableLasers[],COLUMN(TableLasers[S-DPH]),FALSE),LEFT(TableTS[[#This Row],[Front]],2)*VLOOKUP(VALUE(TRIM(CLEAN(RIGHT(TableTS[[#This Row],[Front]],2)))),TableLasers[],COLUMN(TableLasers[S-DPH]),FALSE),LEFT(TableTS[[#This Row],[Back]],2)*VLOOKUP(VALUE(TRIM(CLEAN(RIGHT(TableTS[[#This Row],[Back]],2)))),TableLasers[],COLUMN(TableLasers[S-DPH]),FALSE),LEFT(TableTS[[#This Row],[Left]],2)*VLOOKUP(VALUE(TRIM(CLEAN(RIGHT(TableTS[[#This Row],[Left]],2)))),TableLasers[],COLUMN(TableLasers[S-DPH]),FALSE),LEFT(TableTS[[#This Row],[Right]],2)*VLOOKUP(VALUE(TRIM(CLEAN(RIGHT(TableTS[[#This Row],[Right]],2)))),TableLasers[],COLUMN(TableLasers[S-DPH]),FALSE),LEFT(TableTS[[#This Row],[Up]],2)*VLOOKUP(VALUE(TRIM(CLEAN(RIGHT(TableTS[[#This Row],[Up]],2)))),TableLasers[],COLUMN(TableLasers[S-DPH]),FALSE),LEFT(TableTS[[#This Row],[Down]],2)*VLOOKUP(VALUE(TRIM(CLEAN(RIGHT(TableTS[[#This Row],[Down]],2)))),TableLasers[],COLUMN(TableLasers[S-DPH]),FALSE))","v":0},{"$f":"SUM(LEFT(TableTS[[#This Row],[Main]],2)*VLOOKUP(VALUE(TRIM(CLEAN(RIGHT(TableTS[[#This Row],[Main]],2)))),TableLasers[],COLUMN(TableLasers[H-DPH]),FALSE),LEFT(TableTS[[#This Row],[Front]],2)*VLOOKUP(VALUE(TRIM(CLEAN(RIGHT(TableTS[[#This Row],[Front]],2)))),TableLasers[],COLUMN(TableLasers[H-DPH]),FALSE),LEFT(TableTS[[#This Row],[Back]],2)*VLOOKUP(VALUE(TRIM(CLEAN(RIGHT(TableTS[[#This Row],[Back]],2)))),TableLasers[],COLUMN(TableLasers[H-DPH]),FALSE),LEFT(TableTS[[#This Row],[Left]],2)*VLOOKUP(VALUE(TRIM(CLEAN(RIGHT(TableTS[[#This Row],[Left]],2)))),TableLasers[],COLUMN(TableLasers[H-DPH]),FALSE),LEFT(TableTS[[#This Row],[Right]],2)*VLOOKUP(VALUE(TRIM(CLEAN(RIGHT(TableTS[[#This Row],[Right]],2)))),TableLasers[],COLUMN(TableLasers[H-DPH]),FALSE),LEFT(TableTS[[#This Row],[Up]],2)*VLOOKUP(VALUE(TRIM(CLEAN(RIGHT(TableTS[[#This Row],[Up]],2)))),TableLasers[],COLUMN(TableLasers[H-DPH]),FALSE),LEFT(TableTS[[#This Row],[Down]],2)*VLOOKUP(VALUE(TRIM(CLEAN(RIGHT(TableTS[[#This Row],[Down]],2)))),TableLasers[],COLUMN(TableLasers[H-DPH]),FALSE))","v":0},"00::00","00::00","00::00","00::00","00::00","00::00","00::00"]
[108,"Boron","TS","Dolphin","Tanker XL",106.38,59.1,9,"L",18000,"25 MJ ",5,900,88.183421516754805,0,1,1,13000,0,{"$f":"SUM(LEFT(TableTS[[#This Row],[Main]],2)*VLOOKUP(VALUE(TRIM(CLEAN(RIGHT(TableTS[[#This Row],[Main]],2)))),TableLasers[],COLUMN(TableLasers[S-DPH]),FALSE),LEFT(TableTS[[#This Row],[Front]],2)*VLOOKUP(VALUE(TRIM(CLEAN(RIGHT(TableTS[[#This Row],[Front]],2)))),TableLasers[],COLUMN(TableLasers[S-DPH]),FALSE),LEFT(TableTS[[#This Row],[Back]],2)*VLOOKUP(VALUE(TRIM(CLEAN(RIGHT(TableTS[[#This Row],[Back]],2)))),TableLasers[],COLUMN(TableLasers[S-DPH]),FALSE),LEFT(TableTS[[#This Row],[Left]],2)*VLOOKUP(VALUE(TRIM(CLEAN(RIGHT(TableTS[[#This Row],[Left]],2)))),TableLasers[],COLUMN(TableLasers[S-DPH]),FALSE),LEFT(TableTS[[#This Row],[Right]],2)*VLOOKUP(VALUE(TRIM(CLEAN(RIGHT(TableTS[[#This Row],[Right]],2)))),TableLasers[],COLUMN(TableLasers[S-DPH]),FALSE),LEFT(TableTS[[#This Row],[Up]],2)*VLOOKUP(VALUE(TRIM(CLEAN(RIGHT(TableTS[[#This Row],[Up]],2)))),TableLasers[],COLUMN(TableLasers[S-DPH]),FALSE),LEFT(TableTS[[#This Row],[Down]],2)*VLOOKUP(VALUE(TRIM(CLEAN(RIGHT(TableTS[[#This Row],[Down]],2)))),TableLasers[],COLUMN(TableLasers[S-DPH]),FALSE))","v":0},{"$f":"SUM(LEFT(TableTS[[#This Row],[Main]],2)*VLOOKUP(VALUE(TRIM(CLEAN(RIGHT(TableTS[[#This Row],[Main]],2)))),TableLasers[],COLUMN(TableLasers[H-DPH]),FALSE),LEFT(TableTS[[#This Row],[Front]],2)*VLOOKUP(VALUE(TRIM(CLEAN(RIGHT(TableTS[[#This Row],[Front]],2)))),TableLasers[],COLUMN(TableLasers[H-DPH]),FALSE),LEFT(TableTS[[#This Row],[Back]],2)*VLOOKUP(VALUE(TRIM(CLEAN(RIGHT(TableTS[[#This Row],[Back]],2)))),TableLasers[],COLUMN(TableLasers[H-DPH]),FALSE),LEFT(TableTS[[#This Row],[Left]],2)*VLOOKUP(VALUE(TRIM(CLEAN(RIGHT(TableTS[[#This Row],[Left]],2)))),TableLasers[],COLUMN(TableLasers[H-DPH]),FALSE),LEFT(TableTS[[#This Row],[Right]],2)*VLOOKUP(VALUE(TRIM(CLEAN(RIGHT(TableTS[[#This Row],[Right]],2)))),TableLasers[],COLUMN(TableLasers[H-DPH]),FALSE),LEFT(TableTS[[#This Row],[Up]],2)*VLOOKUP(VALUE(TRIM(CLEAN(RIGHT(TableTS[[#This Row],[Up]],2)))),TableLasers[],COLUMN(TableLasers[H-DPH]),FALSE),LEFT(TableTS[[#This Row],[Down]],2)*VLOOKUP(VALUE(TRIM(CLEAN(RIGHT(TableTS[[#This Row],[Down]],2)))),TableLasers[],COLUMN(TableLasers[H-DPH]),FALSE))","v":0},"00::00","00::00","00::00","00::00","00::00","00::00","00::00"]
[109,"Boron","TS","Dolphin","Super Freighter",72.900000000000006,40.5,9,"XXL",17100,"200 MJ  ",3,3000,151.51515151515201,0,1,1,10250,0,{"$f":"SUM(LEFT(TableTS[[#This Row],[Main]],2)*VLOOKUP(VALUE(TRIM(CLEAN(RIGHT(TableTS[[#This Row],[Main]],2)))),TableLasers[],COLUMN(TableLasers[S-DPH]),FALSE),LEFT(TableTS[[#This Row],[Front]],2)*VLOOKUP(VALUE(TRIM(CLEAN(RIGHT(TableTS[[#This Row],[Front]],2)))),TableLasers[],COLUMN(TableLasers[S-DPH]),FALSE),LEFT(TableTS[[#This Row],[Back]],2)*VLOOKUP(VALUE(TRIM(CLEAN(RIGHT(TableTS[[#This Row],[Back]],2)))),TableLasers[],COLUMN(TableLasers[S-DPH]),FALSE),LEFT(TableTS[[#This Row],[Left]],2)*VLOOKUP(VALUE(TRIM(CLEAN(RIGHT(TableTS[[#This Row],[Left]],2)))),TableLasers[],COLUMN(TableLasers[S-DPH]),FALSE),LEFT(TableTS[[#This Row],[Right]],2)*VLOOKUP(VALUE(TRIM(CLEAN(RIGHT(TableTS[[#This Row],[Right]],2)))),TableLasers[],COLUMN(TableLasers[S-DPH]),FALSE),LEFT(TableTS[[#This Row],[Up]],2)*VLOOKUP(VALUE(TRIM(CLEAN(RIGHT(TableTS[[#This Row],[Up]],2)))),TableLasers[],COLUMN(TableLasers[S-DPH]),FALSE),LEFT(TableTS[[#This Row],[Down]],2)*VLOOKUP(VALUE(TRIM(CLEAN(RIGHT(TableTS[[#This Row],[Down]],2)))),TableLasers[],COLUMN(TableLasers[S-DPH]),FALSE))","v":0},{"$f":"SUM(LEFT(TableTS[[#This Row],[Main]],2)*VLOOKUP(VALUE(TRIM(CLEAN(RIGHT(TableTS[[#This Row],[Main]],2)))),TableLasers[],COLUMN(TableLasers[H-DPH]),FALSE),LEFT(TableTS[[#This Row],[Front]],2)*VLOOKUP(VALUE(TRIM(CLEAN(RIGHT(TableTS[[#This Row],[Front]],2)))),TableLasers[],COLUMN(TableLasers[H-DPH]),FALSE),LEFT(TableTS[[#This Row],[Back]],2)*VLOOKUP(VALUE(TRIM(CLEAN(RIGHT(TableTS[[#This Row],[Back]],2)))),TableLasers[],COLUMN(TableLasers[H-DPH]),FALSE),LEFT(TableTS[[#This Row],[Left]],2)*VLOOKUP(VALUE(TRIM(CLEAN(RIGHT(TableTS[[#This Row],[Left]],2)))),TableLasers[],COLUMN(TableLasers[H-DPH]),FALSE),LEFT(TableTS[[#This Row],[Right]],2)*VLOOKUP(VALUE(TRIM(CLEAN(RIGHT(TableTS[[#This Row],[Right]],2)))),TableLasers[],COLUMN(TableLasers[H-DPH]),FALSE),LEFT(TableTS[[#This Row],[Up]],2)*VLOOKUP(VALUE(TRIM(CLEAN(RIGHT(TableTS[[#This Row],[Up]],2)))),TableLasers[],COLUMN(TableLasers[H-DPH]),FALSE),LEFT(TableTS[[#This Row],[Down]],2)*VLOOKUP(VALUE(TRIM(CLEAN(RIGHT(TableTS[[#This Row],[Down]],2)))),TableLasers[],COLUMN(TableLasers[H-DPH]),FALSE))","v":0},"00::00","00::00","00::00","00::00","00::00","00::00","00::00"]
[110,"Boron","TS","Dolphin","Super Freighter XL",69.3,38.5,9,"XXL",15300,"200 MJ  ",4,3000,151.51515151515201,0,1,1,14000,0,{"$f":"SUM(LEFT(TableTS[[#This Row],[Main]],2)*VLOOKUP(VALUE(TRIM(CLEAN(RIGHT(TableTS[[#This Row],[Main]],2)))),TableLasers[],COLUMN(TableLasers[S-DPH]),FALSE),LEFT(TableTS[[#This Row],[Front]],2)*VLOOKUP(VALUE(TRIM(CLEAN(RIGHT(TableTS[[#This Row],[Front]],2)))),TableLasers[],COLUMN(TableLasers[S-DPH]),FALSE),LEFT(TableTS[[#This Row],[Back]],2)*VLOOKUP(VALUE(TRIM(CLEAN(RIGHT(TableTS[[#This Row],[Back]],2)))),TableLasers[],COLUMN(TableLasers[S-DPH]),FALSE),LEFT(TableTS[[#This Row],[Left]],2)*VLOOKUP(VALUE(TRIM(CLEAN(RIGHT(TableTS[[#This Row],[Left]],2)))),TableLasers[],COLUMN(TableLasers[S-DPH]),FALSE),LEFT(TableTS[[#This Row],[Right]],2)*VLOOKUP(VALUE(TRIM(CLEAN(RIGHT(TableTS[[#This Row],[Right]],2)))),TableLasers[],COLUMN(TableLasers[S-DPH]),FALSE),LEFT(TableTS[[#This Row],[Up]],2)*VLOOKUP(VALUE(TRIM(CLEAN(RIGHT(TableTS[[#This Row],[Up]],2)))),TableLasers[],COLUMN(TableLasers[S-DPH]),FALSE),LEFT(TableTS[[#This Row],[Down]],2)*VLOOKUP(VALUE(TRIM(CLEAN(RIGHT(TableTS[[#This Row],[Down]],2)))),TableLasers[],COLUMN(TableLasers[S-DPH]),FALSE))","v":0},{"$f":"SUM(LEFT(TableTS[[#This Row],[Main]],2)*VLOOKUP(VALUE(TRIM(CLEAN(RIGHT(TableTS[[#This Row],[Main]],2)))),TableLasers[],COLUMN(TableLasers[H-DPH]),FALSE),LEFT(TableTS[[#This Row],[Front]],2)*VLOOKUP(VALUE(TRIM(CLEAN(RIGHT(TableTS[[#This Row],[Front]],2)))),TableLasers[],COLUMN(TableLasers[H-DPH]),FALSE),LEFT(TableTS[[#This Row],[Back]],2)*VLOOKUP(VALUE(TRIM(CLEAN(RIGHT(TableTS[[#This Row],[Back]],2)))),TableLasers[],COLUMN(TableLasers[H-DPH]),FALSE),LEFT(TableTS[[#This Row],[Left]],2)*VLOOKUP(VALUE(TRIM(CLEAN(RIGHT(TableTS[[#This Row],[Left]],2)))),TableLasers[],COLUMN(TableLasers[H-DPH]),FALSE),LEFT(TableTS[[#This Row],[Right]],2)*VLOOKUP(VALUE(TRIM(CLEAN(RIGHT(TableTS[[#This Row],[Right]],2)))),TableLasers[],COLUMN(TableLasers[H-DPH]),FALSE),LEFT(TableTS[[#This Row],[Up]],2)*VLOOKUP(VALUE(TRIM(CLEAN(RIGHT(TableTS[[#This Row],[Up]],2)))),TableLasers[],COLUMN(TableLasers[H-DPH]),FALSE),LEFT(TableTS[[#This Row],[Down]],2)*VLOOKUP(VALUE(TRIM(CLEAN(RIGHT(TableTS[[#This Row],[Down]],2)))),TableLasers[],COLUMN(TableLasers[H-DPH]),FALSE))","v":0},"00::00","00::00","00::00","00::00","00::00","00::00","00::00"]
[137,"Teladi","TS","Vulture",null,79.992000000000004,44.44,7,"XL",24000,"25 MJ ",6,600,132.27513227513199,2,550,11,6000,0,{"$f":"SUM(LEFT(TableTS[[#This Row],[Main]],2)*VLOOKUP(VALUE(TRIM(CLEAN(RIGHT(TableTS[[#This Row],[Main]],2)))),TableLasers[],COLUMN(TableLasers[S-DPH]),FALSE),LEFT(TableTS[[#This Row],[Front]],2)*VLOOKUP(VALUE(TRIM(CLEAN(RIGHT(TableTS[[#This Row],[Front]],2)))),TableLasers[],COLUMN(TableLasers[S-DPH]),FALSE),LEFT(TableTS[[#This Row],[Back]],2)*VLOOKUP(VALUE(TRIM(CLEAN(RIGHT(TableTS[[#This Row],[Back]],2)))),TableLasers[],COLUMN(TableLasers[S-DPH]),FALSE),LEFT(TableTS[[#This Row],[Left]],2)*VLOOKUP(VALUE(TRIM(CLEAN(RIGHT(TableTS[[#This Row],[Left]],2)))),TableLasers[],COLUMN(TableLasers[S-DPH]),FALSE),LEFT(TableTS[[#This Row],[Right]],2)*VLOOKUP(VALUE(TRIM(CLEAN(RIGHT(TableTS[[#This Row],[Right]],2)))),TableLasers[],COLUMN(TableLasers[S-DPH]),FALSE),LEFT(TableTS[[#This Row],[Up]],2)*VLOOKUP(VALUE(TRIM(CLEAN(RIGHT(TableTS[[#This Row],[Up]],2)))),TableLasers[],COLUMN(TableLasers[S-DPH]),FALSE),LEFT(TableTS[[#This Row],[Down]],2)*VLOOKUP(VALUE(TRIM(CLEAN(RIGHT(TableTS[[#This Row],[Down]],2)))),TableLasers[],COLUMN(TableLasers[S-DPH]),FALSE))","v":1280},{"$f":"SUM(LEFT(TableTS[[#This Row],[Main]],2)*VLOOKUP(VALUE(TRIM(CLEAN(RIGHT(TableTS[[#This Row],[Main]],2)))),TableLasers[],COLUMN(TableLasers[H-DPH]),FALSE),LEFT(TableTS[[#This Row],[Front]],2)*VLOOKUP(VALUE(TRIM(CLEAN(RIGHT(TableTS[[#This Row],[Front]],2)))),TableLasers[],COLUMN(TableLasers[H-DPH]),FALSE),LEFT(TableTS[[#This Row],[Back]],2)*VLOOKUP(VALUE(TRIM(CLEAN(RIGHT(TableTS[[#This Row],[Back]],2)))),TableLasers[],COLUMN(TableLasers[H-DPH]),FALSE),LEFT(TableTS[[#This Row],[Left]],2)*VLOOKUP(VALUE(TRIM(CLEAN(RIGHT(TableTS[[#This Row],[Left]],2)))),TableLasers[],COLUMN(TableLasers[H-DPH]),FALSE),LEFT(TableTS[[#This Row],[Right]],2)*VLOOKUP(VALUE(TRIM(CLEAN(RIGHT(TableTS[[#This Row],[Right]],2)))),TableLasers[],COLUMN(TableLasers[H-DPH]),FALSE),LEFT(TableTS[[#This Row],[Up]],2)*VLOOKUP(VALUE(TRIM(CLEAN(RIGHT(TableTS[[#This Row],[Up]],2)))),TableLasers[],COLUMN(TableLasers[H-DPH]),FALSE),LEFT(TableTS[[#This Row],[Down]],2)*VLOOKUP(VALUE(TRIM(CLEAN(RIGHT(TableTS[[#This Row],[Down]],2)))),TableLasers[],COLUMN(TableLasers[H-DPH]),FALSE))","v":240},"00::00","00::00","02::01","00::00","00::00","00::00","00::00",null,null,2,null,null,null,null,null,null,"0,1",null,null,null,null,35]
[138,"Teladi","TS","Vulture","Tanker",108.72,60.4,7,"L",24000,"25 MJ ",5,500,132.27513227513199,2,400,8,11000,0,{"$f":"SUM(LEFT(TableTS[[#This Row],[Main]],2)*VLOOKUP(VALUE(TRIM(CLEAN(RIGHT(TableTS[[#This Row],[Main]],2)))),TableLasers[],COLUMN(TableLasers[S-DPH]),FALSE),LEFT(TableTS[[#This Row],[Front]],2)*VLOOKUP(VALUE(TRIM(CLEAN(RIGHT(TableTS[[#This Row],[Front]],2)))),TableLasers[],COLUMN(TableLasers[S-DPH]),FALSE),LEFT(TableTS[[#This Row],[Back]],2)*VLOOKUP(VALUE(TRIM(CLEAN(RIGHT(TableTS[[#This Row],[Back]],2)))),TableLasers[],COLUMN(TableLasers[S-DPH]),FALSE),LEFT(TableTS[[#This Row],[Left]],2)*VLOOKUP(VALUE(TRIM(CLEAN(RIGHT(TableTS[[#This Row],[Left]],2)))),TableLasers[],COLUMN(TableLasers[S-DPH]),FALSE),LEFT(TableTS[[#This Row],[Right]],2)*VLOOKUP(VALUE(TRIM(CLEAN(RIGHT(TableTS[[#This Row],[Right]],2)))),TableLasers[],COLUMN(TableLasers[S-DPH]),FALSE),LEFT(TableTS[[#This Row],[Up]],2)*VLOOKUP(VALUE(TRIM(CLEAN(RIGHT(TableTS[[#This Row],[Up]],2)))),TableLasers[],COLUMN(TableLasers[S-DPH]),FALSE),LEFT(TableTS[[#This Row],[Down]],2)*VLOOKUP(VALUE(TRIM(CLEAN(RIGHT(TableTS[[#This Row],[Down]],2)))),TableLasers[],COLUMN(TableLasers[S-DPH]),FALSE))","v":1280},{"$f":"SUM(LEFT(TableTS[[#This Row],[Main]],2)*VLOOKUP(VALUE(TRIM(CLEAN(RIGHT(TableTS[[#This Row],[Main]],2)))),TableLasers[],COLUMN(TableLasers[H-DPH]),FALSE),LEFT(TableTS[[#This Row],[Front]],2)*VLOOKUP(VALUE(TRIM(CLEAN(RIGHT(TableTS[[#This Row],[Front]],2)))),TableLasers[],COLUMN(TableLasers[H-DPH]),FALSE),LEFT(TableTS[[#This Row],[Back]],2)*VLOOKUP(VALUE(TRIM(CLEAN(RIGHT(TableTS[[#This Row],[Back]],2)))),TableLasers[],COLUMN(TableLasers[H-DPH]),FALSE),LEFT(TableTS[[#This Row],[Left]],2)*VLOOKUP(VALUE(TRIM(CLEAN(RIGHT(TableTS[[#This Row],[Left]],2)))),TableLasers[],COLUMN(TableLasers[H-DPH]),FALSE),LEFT(TableTS[[#This Row],[Right]],2)*VLOOKUP(VALUE(TRIM(CLEAN(RIGHT(TableTS[[#This Row],[Right]],2)))),TableLasers[],COLUMN(TableLasers[H-DPH]),FALSE),LEFT(TableTS[[#This Row],[Up]],2)*VLOOKUP(VALUE(TRIM(CLEAN(RIGHT(TableTS[[#This Row],[Up]],2)))),TableLasers[],COLUMN(TableLasers[H-DPH]),FALSE),LEFT(TableTS[[#This Row],[Down]],2)*VLOOKUP(VALUE(TRIM(CLEAN(RIGHT(TableTS[[#This Row],[Down]],2)))),TableLasers[],COLUMN(TableLasers[H-DPH]),FALSE))","v":240},"00::00","00::00","02::01","00::00","00::00","00::00","00::00",null,null,2,null,null,null,null,null,null,"0,1",null,null,null,null,35]
[139,"Teladi","TS","Vulture","Hauler",63.993600000000001,35.552,7,"XL",22800,"200 MJ  ",3,900,303.030303030303,2,500,10,10000,0,{"$f":"SUM(LEFT(TableTS[[#This Row],[Main]],2)*VLOOKUP(VALUE(TRIM(CLEAN(RIGHT(TableTS[[#This Row],[Main]],2)))),TableLasers[],COLUMN(TableLasers[S-DPH]),FALSE),LEFT(TableTS[[#This Row],[Front]],2)*VLOOKUP(VALUE(TRIM(CLEAN(RIGHT(TableTS[[#This Row],[Front]],2)))),TableLasers[],COLUMN(TableLasers[S-DPH]),FALSE),LEFT(TableTS[[#This Row],[Back]],2)*VLOOKUP(VALUE(TRIM(CLEAN(RIGHT(TableTS[[#This Row],[Back]],2)))),TableLasers[],COLUMN(TableLasers[S-DPH]),FALSE),LEFT(TableTS[[#This Row],[Left]],2)*VLOOKUP(VALUE(TRIM(CLEAN(RIGHT(TableTS[[#This Row],[Left]],2)))),TableLasers[],COLUMN(TableLasers[S-DPH]),FALSE),LEFT(TableTS[[#This Row],[Right]],2)*VLOOKUP(VALUE(TRIM(CLEAN(RIGHT(TableTS[[#This Row],[Right]],2)))),TableLasers[],COLUMN(TableLasers[S-DPH]),FALSE),LEFT(TableTS[[#This Row],[Up]],2)*VLOOKUP(VALUE(TRIM(CLEAN(RIGHT(TableTS[[#This Row],[Up]],2)))),TableLasers[],COLUMN(TableLasers[S-DPH]),FALSE),LEFT(TableTS[[#This Row],[Down]],2)*VLOOKUP(VALUE(TRIM(CLEAN(RIGHT(TableTS[[#This Row],[Down]],2)))),TableLasers[],COLUMN(TableLasers[S-DPH]),FALSE))","v":1280},{"$f":"SUM(LEFT(TableTS[[#This Row],[Main]],2)*VLOOKUP(VALUE(TRIM(CLEAN(RIGHT(TableTS[[#This Row],[Main]],2)))),TableLasers[],COLUMN(TableLasers[H-DPH]),FALSE),LEFT(TableTS[[#This Row],[Front]],2)*VLOOKUP(VALUE(TRIM(CLEAN(RIGHT(TableTS[[#This Row],[Front]],2)))),TableLasers[],COLUMN(TableLasers[H-DPH]),FALSE),LEFT(TableTS[[#This Row],[Back]],2)*VLOOKUP(VALUE(TRIM(CLEAN(RIGHT(TableTS[[#This Row],[Back]],2)))),TableLasers[],COLUMN(TableLasers[H-DPH]),FALSE),LEFT(TableTS[[#This Row],[Left]],2)*VLOOKUP(VALUE(TRIM(CLEAN(RIGHT(TableTS[[#This Row],[Left]],2)))),TableLasers[],COLUMN(TableLasers[H-DPH]),FALSE),LEFT(TableTS[[#This Row],[Right]],2)*VLOOKUP(VALUE(TRIM(CLEAN(RIGHT(TableTS[[#This Row],[Right]],2)))),TableLasers[],COLUMN(TableLasers[H-DPH]),FALSE),LEFT(TableTS[[#This Row],[Up]],2)*VLOOKUP(VALUE(TRIM(CLEAN(RIGHT(TableTS[[#This Row],[Up]],2)))),TableLasers[],COLUMN(TableLasers[H-DPH]),FALSE),LEFT(TableTS[[#This Row],[Down]],2)*VLOOKUP(VALUE(TRIM(CLEAN(RIGHT(TableTS[[#This Row],[Down]],2)))),TableLasers[],COLUMN(TableLasers[H-DPH]),FALSE))","v":240},"00::00","00::00","02::01","00::00","00::00","00::00","00::00",null,null,2,null,null,null,null,null,null,"0,1",null,null,null,null,35]
[140,"Teladi","TS","Vulture","Miner",75.599999999999994,42,9,"XL",23520,"25 MJ ",6,600,132.27513227513199,2,850,17,6175,0,{"$f":"SUM(LEFT(TableTS[[#This Row],[Main]],2)*VLOOKUP(VALUE(TRIM(CLEAN(RIGHT(TableTS[[#This Row],[Main]],2)))),TableLasers[],COLUMN(TableLasers[S-DPH]),FALSE),LEFT(TableTS[[#This Row],[Front]],2)*VLOOKUP(VALUE(TRIM(CLEAN(RIGHT(TableTS[[#This Row],[Front]],2)))),TableLasers[],COLUMN(TableLasers[S-DPH]),FALSE),LEFT(TableTS[[#This Row],[Back]],2)*VLOOKUP(VALUE(TRIM(CLEAN(RIGHT(TableTS[[#This Row],[Back]],2)))),TableLasers[],COLUMN(TableLasers[S-DPH]),FALSE),LEFT(TableTS[[#This Row],[Left]],2)*VLOOKUP(VALUE(TRIM(CLEAN(RIGHT(TableTS[[#This Row],[Left]],2)))),TableLasers[],COLUMN(TableLasers[S-DPH]),FALSE),LEFT(TableTS[[#This Row],[Right]],2)*VLOOKUP(VALUE(TRIM(CLEAN(RIGHT(TableTS[[#This Row],[Right]],2)))),TableLasers[],COLUMN(TableLasers[S-DPH]),FALSE),LEFT(TableTS[[#This Row],[Up]],2)*VLOOKUP(VALUE(TRIM(CLEAN(RIGHT(TableTS[[#This Row],[Up]],2)))),TableLasers[],COLUMN(TableLasers[S-DPH]),FALSE),LEFT(TableTS[[#This Row],[Down]],2)*VLOOKUP(VALUE(TRIM(CLEAN(RIGHT(TableTS[[#This Row],[Down]],2)))),TableLasers[],COLUMN(TableLasers[S-DPH]),FALSE))","v":0},{"$f":"SUM(LEFT(TableTS[[#This Row],[Main]],2)*VLOOKUP(VALUE(TRIM(CLEAN(RIGHT(TableTS[[#This Row],[Main]],2)))),TableLasers[],COLUMN(TableLasers[H-DPH]),FALSE),LEFT(TableTS[[#This Row],[Front]],2)*VLOOKUP(VALUE(TRIM(CLEAN(RIGHT(TableTS[[#This Row],[Front]],2)))),TableLasers[],COLUMN(TableLasers[H-DPH]),FALSE),LEFT(TableTS[[#This Row],[Back]],2)*VLOOKUP(VALUE(TRIM(CLEAN(RIGHT(TableTS[[#This Row],[Back]],2)))),TableLasers[],COLUMN(TableLasers[H-DPH]),FALSE),LEFT(TableTS[[#This Row],[Left]],2)*VLOOKUP(VALUE(TRIM(CLEAN(RIGHT(TableTS[[#This Row],[Left]],2)))),TableLasers[],COLUMN(TableLasers[H-DPH]),FALSE),LEFT(TableTS[[#This Row],[Right]],2)*VLOOKUP(VALUE(TRIM(CLEAN(RIGHT(TableTS[[#This Row],[Right]],2)))),TableLasers[],COLUMN(TableLasers[H-DPH]),FALSE),LEFT(TableTS[[#This Row],[Up]],2)*VLOOKUP(VALUE(TRIM(CLEAN(RIGHT(TableTS[[#This Row],[Up]],2)))),TableLasers[],COLUMN(TableLasers[H-DPH]),FALSE),LEFT(TableTS[[#This Row],[Down]],2)*VLOOKUP(VALUE(TRIM(CLEAN(RIGHT(TableTS[[#This Row],[Down]],2)))),TableLasers[],COLUMN(TableLasers[H-DPH]),FALSE))","v":0},"00::00","00::00","00::00","00::00","00::00","00::00","00::00",null,null,2,null,null,null,null,null,null,"28,29,35",null,null,null,null,35]
[141,"Teladi","TS","Vulture","Super Freighter",61.592399999999998,34.218000000000004,7,"XXL",22800,"200 MJ  ",5,1200,378.78787878787898,2,850,17,13325,0,{"$f":"SUM(LEFT(TableTS[[#This Row],[Main]],2)*VLOOKUP(VALUE(TRIM(CLEAN(RIGHT(TableTS[[#This Row],[Main]],2)))),TableLasers[],COLUMN(TableLasers[S-DPH]),FALSE),LEFT(TableTS[[#This Row],[Front]],2)*VLOOKUP(VALUE(TRIM(CLEAN(RIGHT(TableTS[[#This Row],[Front]],2)))),TableLasers[],COLUMN(TableLasers[S-DPH]),FALSE),LEFT(TableTS[[#This Row],[Back]],2)*VLOOKUP(VALUE(TRIM(CLEAN(RIGHT(TableTS[[#This Row],[Back]],2)))),TableLasers[],COLUMN(TableLasers[S-DPH]),FALSE),LEFT(TableTS[[#This Row],[Left]],2)*VLOOKUP(VALUE(TRIM(CLEAN(RIGHT(TableTS[[#This Row],[Left]],2)))),TableLasers[],COLUMN(TableLasers[S-DPH]),FALSE),LEFT(TableTS[[#This Row],[Right]],2)*VLOOKUP(VALUE(TRIM(CLEAN(RIGHT(TableTS[[#This Row],[Right]],2)))),TableLasers[],COLUMN(TableLasers[S-DPH]),FALSE),LEFT(TableTS[[#This Row],[Up]],2)*VLOOKUP(VALUE(TRIM(CLEAN(RIGHT(TableTS[[#This Row],[Up]],2)))),TableLasers[],COLUMN(TableLasers[S-DPH]),FALSE),LEFT(TableTS[[#This Row],[Down]],2)*VLOOKUP(VALUE(TRIM(CLEAN(RIGHT(TableTS[[#This Row],[Down]],2)))),TableLasers[],COLUMN(TableLasers[S-DPH]),FALSE))","v":3300},{"$f":"SUM(LEFT(TableTS[[#This Row],[Main]],2)*VLOOKUP(VALUE(TRIM(CLEAN(RIGHT(TableTS[[#This Row],[Main]],2)))),TableLasers[],COLUMN(TableLasers[H-DPH]),FALSE),LEFT(TableTS[[#This Row],[Front]],2)*VLOOKUP(VALUE(TRIM(CLEAN(RIGHT(TableTS[[#This Row],[Front]],2)))),TableLasers[],COLUMN(TableLasers[H-DPH]),FALSE),LEFT(TableTS[[#This Row],[Back]],2)*VLOOKUP(VALUE(TRIM(CLEAN(RIGHT(TableTS[[#This Row],[Back]],2)))),TableLasers[],COLUMN(TableLasers[H-DPH]),FALSE),LEFT(TableTS[[#This Row],[Left]],2)*VLOOKUP(VALUE(TRIM(CLEAN(RIGHT(TableTS[[#This Row],[Left]],2)))),TableLasers[],COLUMN(TableLasers[H-DPH]),FALSE),LEFT(TableTS[[#This Row],[Right]],2)*VLOOKUP(VALUE(TRIM(CLEAN(RIGHT(TableTS[[#This Row],[Right]],2)))),TableLasers[],COLUMN(TableLasers[H-DPH]),FALSE),LEFT(TableTS[[#This Row],[Up]],2)*VLOOKUP(VALUE(TRIM(CLEAN(RIGHT(TableTS[[#This Row],[Up]],2)))),TableLasers[],COLUMN(TableLasers[H-DPH]),FALSE),LEFT(TableTS[[#This Row],[Down]],2)*VLOOKUP(VALUE(TRIM(CLEAN(RIGHT(TableTS[[#This Row],[Down]],2)))),TableLasers[],COLUMN(TableLasers[H-DPH]),FALSE))","v":952},"00::00","00::00","02::21","00::00","00::00","00::00","00::00",null,null,2,null,null,null,null,null,null,"0,1,21",null,null,null,null,35]
[142,"Teladi","TS","Vulture","Super Freighter XL",57.592799999999997,31.995999999999999,7,"XXL",20400,"200 MJ  ",6,1200,454.54545454545502,2,950,19,16275,0,{"$f":"SUM(LEFT(TableTS[[#This Row],[Main]],2)*VLOOKUP(VALUE(TRIM(CLEAN(RIGHT(TableTS[[#This Row],[Main]],2)))),TableLasers[],COLUMN(TableLasers[S-DPH]),FALSE),LEFT(TableTS[[#This Row],[Front]],2)*VLOOKUP(VALUE(TRIM(CLEAN(RIGHT(TableTS[[#This Row],[Front]],2)))),TableLasers[],COLUMN(TableLasers[S-DPH]),FALSE),LEFT(TableTS[[#This Row],[Back]],2)*VLOOKUP(VALUE(TRIM(CLEAN(RIGHT(TableTS[[#This Row],[Back]],2)))),TableLasers[],COLUMN(TableLasers[S-DPH]),FALSE),LEFT(TableTS[[#This Row],[Left]],2)*VLOOKUP(VALUE(TRIM(CLEAN(RIGHT(TableTS[[#This Row],[Left]],2)))),TableLasers[],COLUMN(TableLasers[S-DPH]),FALSE),LEFT(TableTS[[#This Row],[Right]],2)*VLOOKUP(VALUE(TRIM(CLEAN(RIGHT(TableTS[[#This Row],[Right]],2)))),TableLasers[],COLUMN(TableLasers[S-DPH]),FALSE),LEFT(TableTS[[#This Row],[Up]],2)*VLOOKUP(VALUE(TRIM(CLEAN(RIGHT(TableTS[[#This Row],[Up]],2)))),TableLasers[],COLUMN(TableLasers[S-DPH]),FALSE),LEFT(TableTS[[#This Row],[Down]],2)*VLOOKUP(VALUE(TRIM(CLEAN(RIGHT(TableTS[[#This Row],[Down]],2)))),TableLasers[],COLUMN(TableLasers[S-DPH]),FALSE))","v":3300},{"$f":"SUM(LEFT(TableTS[[#This Row],[Main]],2)*VLOOKUP(VALUE(TRIM(CLEAN(RIGHT(TableTS[[#This Row],[Main]],2)))),TableLasers[],COLUMN(TableLasers[H-DPH]),FALSE),LEFT(TableTS[[#This Row],[Front]],2)*VLOOKUP(VALUE(TRIM(CLEAN(RIGHT(TableTS[[#This Row],[Front]],2)))),TableLasers[],COLUMN(TableLasers[H-DPH]),FALSE),LEFT(TableTS[[#This Row],[Back]],2)*VLOOKUP(VALUE(TRIM(CLEAN(RIGHT(TableTS[[#This Row],[Back]],2)))),TableLasers[],COLUMN(TableLasers[H-DPH]),FALSE),LEFT(TableTS[[#This Row],[Left]],2)*VLOOKUP(VALUE(TRIM(CLEAN(RIGHT(TableTS[[#This Row],[Left]],2)))),TableLasers[],COLUMN(TableLasers[H-DPH]),FALSE),LEFT(TableTS[[#This Row],[Right]],2)*VLOOKUP(VALUE(TRIM(CLEAN(RIGHT(TableTS[[#This Row],[Right]],2)))),TableLasers[],COLUMN(TableLasers[H-DPH]),FALSE),LEFT(TableTS[[#This Row],[Up]],2)*VLOOKUP(VALUE(TRIM(CLEAN(RIGHT(TableTS[[#This Row],[Up]],2)))),TableLasers[],COLUMN(TableLasers[H-DPH]),FALSE),LEFT(TableTS[[#This Row],[Down]],2)*VLOOKUP(VALUE(TRIM(CLEAN(RIGHT(TableTS[[#This Row],[Down]],2)))),TableLasers[],COLUMN(TableLasers[H-DPH]),FALSE))","v":952},"00::00","00::00","02::21","00::00","00::00","00::00","00::00",null,null,2,null,null,null,null,null,null,"0,1,21",null,null,null,null,35]
[178,"Pirates","TS","Pirate Ship",null,130,65,9,"XL",18000,"200 MJ  ",2,1800,151.51515151515201,2,1450,29,3000,0,{"$f":"SUM(LEFT(TableTS[[#This Row],[Main]],2)*VLOOKUP(VALUE(TRIM(CLEAN(RIGHT(TableTS[[#This Row],[Main]],2)))),TableLasers[],COLUMN(TableLasers[S-DPH]),FALSE),LEFT(TableTS[[#This Row],[Front]],2)*VLOOKUP(VALUE(TRIM(CLEAN(RIGHT(TableTS[[#This Row],[Front]],2)))),TableLasers[],COLUMN(TableLasers[S-DPH]),FALSE),LEFT(TableTS[[#This Row],[Back]],2)*VLOOKUP(VALUE(TRIM(CLEAN(RIGHT(TableTS[[#This Row],[Back]],2)))),TableLasers[],COLUMN(TableLasers[S-DPH]),FALSE),LEFT(TableTS[[#This Row],[Left]],2)*VLOOKUP(VALUE(TRIM(CLEAN(RIGHT(TableTS[[#This Row],[Left]],2)))),TableLasers[],COLUMN(TableLasers[S-DPH]),FALSE),LEFT(TableTS[[#This Row],[Right]],2)*VLOOKUP(VALUE(TRIM(CLEAN(RIGHT(TableTS[[#This Row],[Right]],2)))),TableLasers[],COLUMN(TableLasers[S-DPH]),FALSE),LEFT(TableTS[[#This Row],[Up]],2)*VLOOKUP(VALUE(TRIM(CLEAN(RIGHT(TableTS[[#This Row],[Up]],2)))),TableLasers[],COLUMN(TableLasers[S-DPH]),FALSE),LEFT(TableTS[[#This Row],[Down]],2)*VLOOKUP(VALUE(TRIM(CLEAN(RIGHT(TableTS[[#This Row],[Down]],2)))),TableLasers[],COLUMN(TableLasers[S-DPH]),FALSE))","v":0},{"$f":"SUM(LEFT(TableTS[[#This Row],[Main]],2)*VLOOKUP(VALUE(TRIM(CLEAN(RIGHT(TableTS[[#This Row],[Main]],2)))),TableLasers[],COLUMN(TableLasers[H-DPH]),FALSE),LEFT(TableTS[[#This Row],[Front]],2)*VLOOKUP(VALUE(TRIM(CLEAN(RIGHT(TableTS[[#This Row],[Front]],2)))),TableLasers[],COLUMN(TableLasers[H-DPH]),FALSE),LEFT(TableTS[[#This Row],[Back]],2)*VLOOKUP(VALUE(TRIM(CLEAN(RIGHT(TableTS[[#This Row],[Back]],2)))),TableLasers[],COLUMN(TableLasers[H-DPH]),FALSE),LEFT(TableTS[[#This Row],[Left]],2)*VLOOKUP(VALUE(TRIM(CLEAN(RIGHT(TableTS[[#This Row],[Left]],2)))),TableLasers[],COLUMN(TableLasers[H-DPH]),FALSE),LEFT(TableTS[[#This Row],[Right]],2)*VLOOKUP(VALUE(TRIM(CLEAN(RIGHT(TableTS[[#This Row],[Right]],2)))),TableLasers[],COLUMN(TableLasers[H-DPH]),FALSE),LEFT(TableTS[[#This Row],[Up]],2)*VLOOKUP(VALUE(TRIM(CLEAN(RIGHT(TableTS[[#This Row],[Up]],2)))),TableLasers[],COLUMN(TableLasers[H-DPH]),FALSE),LEFT(TableTS[[#This Row],[Down]],2)*VLOOKUP(VALUE(TRIM(CLEAN(RIGHT(TableTS[[#This Row],[Down]],2)))),TableLasers[],COLUMN(TableLasers[H-DPH]),FALSE))","v":0},"00::14","00::00","00::00","00::00","00::00","00::00","00::00",null,null,2,null,null,null,null,"0,1,4,8,14,2",null,null,null,null,null,null,35]
[212,"Terran","TS","Baldric",null,110,55,10,"XL",17000,"200 MJ  ",3,3000,151.51515151515201,2,850,17,6500,0,{"$f":"SUM(LEFT(TableTS[[#This Row],[Main]],2)*VLOOKUP(VALUE(TRIM(CLEAN(RIGHT(TableTS[[#This Row],[Main]],2)))),TableLasers[],COLUMN(TableLasers[S-DPH]),FALSE),LEFT(TableTS[[#This Row],[Front]],2)*VLOOKUP(VALUE(TRIM(CLEAN(RIGHT(TableTS[[#This Row],[Front]],2)))),TableLasers[],COLUMN(TableLasers[S-DPH]),FALSE),LEFT(TableTS[[#This Row],[Back]],2)*VLOOKUP(VALUE(TRIM(CLEAN(RIGHT(TableTS[[#This Row],[Back]],2)))),TableLasers[],COLUMN(TableLasers[S-DPH]),FALSE),LEFT(TableTS[[#This Row],[Left]],2)*VLOOKUP(VALUE(TRIM(CLEAN(RIGHT(TableTS[[#This Row],[Left]],2)))),TableLasers[],COLUMN(TableLasers[S-DPH]),FALSE),LEFT(TableTS[[#This Row],[Right]],2)*VLOOKUP(VALUE(TRIM(CLEAN(RIGHT(TableTS[[#This Row],[Right]],2)))),TableLasers[],COLUMN(TableLasers[S-DPH]),FALSE),LEFT(TableTS[[#This Row],[Up]],2)*VLOOKUP(VALUE(TRIM(CLEAN(RIGHT(TableTS[[#This Row],[Up]],2)))),TableLasers[],COLUMN(TableLasers[S-DPH]),FALSE),LEFT(TableTS[[#This Row],[Down]],2)*VLOOKUP(VALUE(TRIM(CLEAN(RIGHT(TableTS[[#This Row],[Down]],2)))),TableLasers[],COLUMN(TableLasers[S-DPH]),FALSE))","v":0},{"$f":"SUM(LEFT(TableTS[[#This Row],[Main]],2)*VLOOKUP(VALUE(TRIM(CLEAN(RIGHT(TableTS[[#This Row],[Main]],2)))),TableLasers[],COLUMN(TableLasers[H-DPH]),FALSE),LEFT(TableTS[[#This Row],[Front]],2)*VLOOKUP(VALUE(TRIM(CLEAN(RIGHT(TableTS[[#This Row],[Front]],2)))),TableLasers[],COLUMN(TableLasers[H-DPH]),FALSE),LEFT(TableTS[[#This Row],[Back]],2)*VLOOKUP(VALUE(TRIM(CLEAN(RIGHT(TableTS[[#This Row],[Back]],2)))),TableLasers[],COLUMN(TableLasers[H-DPH]),FALSE),LEFT(TableTS[[#This Row],[Left]],2)*VLOOKUP(VALUE(TRIM(CLEAN(RIGHT(TableTS[[#This Row],[Left]],2)))),TableLasers[],COLUMN(TableLasers[H-DPH]),FALSE),LEFT(TableTS[[#This Row],[Right]],2)*VLOOKUP(VALUE(TRIM(CLEAN(RIGHT(TableTS[[#This Row],[Right]],2)))),TableLasers[],COLUMN(TableLasers[H-DPH]),FALSE),LEFT(TableTS[[#This Row],[Up]],2)*VLOOKUP(VALUE(TRIM(CLEAN(RIGHT(TableTS[[#This Row],[Up]],2)))),TableLasers[],COLUMN(TableLasers[H-DPH]),FALSE),LEFT(TableTS[[#This Row],[Down]],2)*VLOOKUP(VALUE(TRIM(CLEAN(RIGHT(TableTS[[#This Row],[Down]],2)))),TableLasers[],COLUMN(TableLasers[H-DPH]),FALSE))","v":0},"00::11","00::00","00::00","00::00","00::00","00::00","00::00",null,null,2,null,null,null,null,"10,11",null,null,null,null,null,null,"4,15,20,24"]
[309,"Argon","TS","Mistral",null,122,61,10,"XXL",20000,"200 MJ  ",3,2000,151.51515151515201,8,6000,150,4500,0,{"$f":"SUM(LEFT(TableTS[[#This Row],[Main]],2)*VLOOKUP(VALUE(TRIM(CLEAN(RIGHT(TableTS[[#This Row],[Main]],2)))),TableLasers[],COLUMN(TableLasers[S-DPH]),FALSE),LEFT(TableTS[[#This Row],[Front]],2)*VLOOKUP(VALUE(TRIM(CLEAN(RIGHT(TableTS[[#This Row],[Front]],2)))),TableLasers[],COLUMN(TableLasers[S-DPH]),FALSE),LEFT(TableTS[[#This Row],[Back]],2)*VLOOKUP(VALUE(TRIM(CLEAN(RIGHT(TableTS[[#This Row],[Back]],2)))),TableLasers[],COLUMN(TableLasers[S-DPH]),FALSE),LEFT(TableTS[[#This Row],[Left]],2)*VLOOKUP(VALUE(TRIM(CLEAN(RIGHT(TableTS[[#This Row],[Left]],2)))),TableLasers[],COLUMN(TableLasers[S-DPH]),FALSE),LEFT(TableTS[[#This Row],[Right]],2)*VLOOKUP(VALUE(TRIM(CLEAN(RIGHT(TableTS[[#This Row],[Right]],2)))),TableLasers[],COLUMN(TableLasers[S-DPH]),FALSE),LEFT(TableTS[[#This Row],[Up]],2)*VLOOKUP(VALUE(TRIM(CLEAN(RIGHT(TableTS[[#This Row],[Up]],2)))),TableLasers[],COLUMN(TableLasers[S-DPH]),FALSE),LEFT(TableTS[[#This Row],[Down]],2)*VLOOKUP(VALUE(TRIM(CLEAN(RIGHT(TableTS[[#This Row],[Down]],2)))),TableLasers[],COLUMN(TableLasers[S-DPH]),FALSE))","v":8400},{"$f":"SUM(LEFT(TableTS[[#This Row],[Main]],2)*VLOOKUP(VALUE(TRIM(CLEAN(RIGHT(TableTS[[#This Row],[Main]],2)))),TableLasers[],COLUMN(TableLasers[H-DPH]),FALSE),LEFT(TableTS[[#This Row],[Front]],2)*VLOOKUP(VALUE(TRIM(CLEAN(RIGHT(TableTS[[#This Row],[Front]],2)))),TableLasers[],COLUMN(TableLasers[H-DPH]),FALSE),LEFT(TableTS[[#This Row],[Back]],2)*VLOOKUP(VALUE(TRIM(CLEAN(RIGHT(TableTS[[#This Row],[Back]],2)))),TableLasers[],COLUMN(TableLasers[H-DPH]),FALSE),LEFT(TableTS[[#This Row],[Left]],2)*VLOOKUP(VALUE(TRIM(CLEAN(RIGHT(TableTS[[#This Row],[Left]],2)))),TableLasers[],COLUMN(TableLasers[H-DPH]),FALSE),LEFT(TableTS[[#This Row],[Right]],2)*VLOOKUP(VALUE(TRIM(CLEAN(RIGHT(TableTS[[#This Row],[Right]],2)))),TableLasers[],COLUMN(TableLasers[H-DPH]),FALSE),LEFT(TableTS[[#This Row],[Up]],2)*VLOOKUP(VALUE(TRIM(CLEAN(RIGHT(TableTS[[#This Row],[Up]],2)))),TableLasers[],COLUMN(TableLasers[H-DPH]),FALSE),LEFT(TableTS[[#This Row],[Down]],2)*VLOOKUP(VALUE(TRIM(CLEAN(RIGHT(TableTS[[#This Row],[Down]],2)))),TableLasers[],COLUMN(TableLasers[H-DPH]),FALSE))","v":2856},"00::14","00::00","02::23","00::00","00::00","00::00","02::23",null,2,2,null,null,2,2,"3,8,14,13",null,"0,1,3,4,23,28,29,35",null,null,null,"0,1,3,4,23,28,29,35","0,1,3,5,12,17,22,23,35"]
[310,"Argon","TS","Mistral","Super Freighter",90,45,10,"XXL",20000,"200 MJ  ",5,2500,227.272727272727,4,6400,160,12000,0,{"$f":"SUM(LEFT(TableTS[[#This Row],[Main]],2)*VLOOKUP(VALUE(TRIM(CLEAN(RIGHT(TableTS[[#This Row],[Main]],2)))),TableLasers[],COLUMN(TableLasers[S-DPH]),FALSE),LEFT(TableTS[[#This Row],[Front]],2)*VLOOKUP(VALUE(TRIM(CLEAN(RIGHT(TableTS[[#This Row],[Front]],2)))),TableLasers[],COLUMN(TableLasers[S-DPH]),FALSE),LEFT(TableTS[[#This Row],[Back]],2)*VLOOKUP(VALUE(TRIM(CLEAN(RIGHT(TableTS[[#This Row],[Back]],2)))),TableLasers[],COLUMN(TableLasers[S-DPH]),FALSE),LEFT(TableTS[[#This Row],[Left]],2)*VLOOKUP(VALUE(TRIM(CLEAN(RIGHT(TableTS[[#This Row],[Left]],2)))),TableLasers[],COLUMN(TableLasers[S-DPH]),FALSE),LEFT(TableTS[[#This Row],[Right]],2)*VLOOKUP(VALUE(TRIM(CLEAN(RIGHT(TableTS[[#This Row],[Right]],2)))),TableLasers[],COLUMN(TableLasers[S-DPH]),FALSE),LEFT(TableTS[[#This Row],[Up]],2)*VLOOKUP(VALUE(TRIM(CLEAN(RIGHT(TableTS[[#This Row],[Up]],2)))),TableLasers[],COLUMN(TableLasers[S-DPH]),FALSE),LEFT(TableTS[[#This Row],[Down]],2)*VLOOKUP(VALUE(TRIM(CLEAN(RIGHT(TableTS[[#This Row],[Down]],2)))),TableLasers[],COLUMN(TableLasers[S-DPH]),FALSE))","v":0},{"$f":"SUM(LEFT(TableTS[[#This Row],[Main]],2)*VLOOKUP(VALUE(TRIM(CLEAN(RIGHT(TableTS[[#This Row],[Main]],2)))),TableLasers[],COLUMN(TableLasers[H-DPH]),FALSE),LEFT(TableTS[[#This Row],[Front]],2)*VLOOKUP(VALUE(TRIM(CLEAN(RIGHT(TableTS[[#This Row],[Front]],2)))),TableLasers[],COLUMN(TableLasers[H-DPH]),FALSE),LEFT(TableTS[[#This Row],[Back]],2)*VLOOKUP(VALUE(TRIM(CLEAN(RIGHT(TableTS[[#This Row],[Back]],2)))),TableLasers[],COLUMN(TableLasers[H-DPH]),FALSE),LEFT(TableTS[[#This Row],[Left]],2)*VLOOKUP(VALUE(TRIM(CLEAN(RIGHT(TableTS[[#This Row],[Left]],2)))),TableLasers[],COLUMN(TableLasers[H-DPH]),FALSE),LEFT(TableTS[[#This Row],[Right]],2)*VLOOKUP(VALUE(TRIM(CLEAN(RIGHT(TableTS[[#This Row],[Right]],2)))),TableLasers[],COLUMN(TableLasers[H-DPH]),FALSE),LEFT(TableTS[[#This Row],[Up]],2)*VLOOKUP(VALUE(TRIM(CLEAN(RIGHT(TableTS[[#This Row],[Up]],2)))),TableLasers[],COLUMN(TableLasers[H-DPH]),FALSE),LEFT(TableTS[[#This Row],[Down]],2)*VLOOKUP(VALUE(TRIM(CLEAN(RIGHT(TableTS[[#This Row],[Down]],2)))),TableLasers[],COLUMN(TableLasers[H-DPH]),FALSE))","v":0},"00::14","00::00","00::00","00::00","00::00","00::00","00::00",null,2,null,null,null,2,null,"3,4,23,8,14,13",null,null,null,null,null,null,"0,1,3,5,12,17,22,23,35"]
[332,"Argon","TS","Enhanced Mercury",null,110,55,9,"XL",20000,"25 MJ ",5,1960,44.091710758377403,2,1150,28.75,5000,0,{"$f":"SUM(LEFT(TableTS[[#This Row],[Main]],2)*VLOOKUP(VALUE(TRIM(CLEAN(RIGHT(TableTS[[#This Row],[Main]],2)))),TableLasers[],COLUMN(TableLasers[S-DPH]),FALSE),LEFT(TableTS[[#This Row],[Front]],2)*VLOOKUP(VALUE(TRIM(CLEAN(RIGHT(TableTS[[#This Row],[Front]],2)))),TableLasers[],COLUMN(TableLasers[S-DPH]),FALSE),LEFT(TableTS[[#This Row],[Back]],2)*VLOOKUP(VALUE(TRIM(CLEAN(RIGHT(TableTS[[#This Row],[Back]],2)))),TableLasers[],COLUMN(TableLasers[S-DPH]),FALSE),LEFT(TableTS[[#This Row],[Left]],2)*VLOOKUP(VALUE(TRIM(CLEAN(RIGHT(TableTS[[#This Row],[Left]],2)))),TableLasers[],COLUMN(TableLasers[S-DPH]),FALSE),LEFT(TableTS[[#This Row],[Right]],2)*VLOOKUP(VALUE(TRIM(CLEAN(RIGHT(TableTS[[#This Row],[Right]],2)))),TableLasers[],COLUMN(TableLasers[S-DPH]),FALSE),LEFT(TableTS[[#This Row],[Up]],2)*VLOOKUP(VALUE(TRIM(CLEAN(RIGHT(TableTS[[#This Row],[Up]],2)))),TableLasers[],COLUMN(TableLasers[S-DPH]),FALSE),LEFT(TableTS[[#This Row],[Down]],2)*VLOOKUP(VALUE(TRIM(CLEAN(RIGHT(TableTS[[#This Row],[Down]],2)))),TableLasers[],COLUMN(TableLasers[S-DPH]),FALSE))","v":0},{"$f":"SUM(LEFT(TableTS[[#This Row],[Main]],2)*VLOOKUP(VALUE(TRIM(CLEAN(RIGHT(TableTS[[#This Row],[Main]],2)))),TableLasers[],COLUMN(TableLasers[H-DPH]),FALSE),LEFT(TableTS[[#This Row],[Front]],2)*VLOOKUP(VALUE(TRIM(CLEAN(RIGHT(TableTS[[#This Row],[Front]],2)))),TableLasers[],COLUMN(TableLasers[H-DPH]),FALSE),LEFT(TableTS[[#This Row],[Back]],2)*VLOOKUP(VALUE(TRIM(CLEAN(RIGHT(TableTS[[#This Row],[Back]],2)))),TableLasers[],COLUMN(TableLasers[H-DPH]),FALSE),LEFT(TableTS[[#This Row],[Left]],2)*VLOOKUP(VALUE(TRIM(CLEAN(RIGHT(TableTS[[#This Row],[Left]],2)))),TableLasers[],COLUMN(TableLasers[H-DPH]),FALSE),LEFT(TableTS[[#This Row],[Right]],2)*VLOOKUP(VALUE(TRIM(CLEAN(RIGHT(TableTS[[#This Row],[Right]],2)))),TableLasers[],COLUMN(TableLasers[H-DPH]),FALSE),LEFT(TableTS[[#This Row],[Up]],2)*VLOOKUP(VALUE(TRIM(CLEAN(RIGHT(TableTS[[#This Row],[Up]],2)))),TableLasers[],COLUMN(TableLasers[H-DPH]),FALSE),LEFT(TableTS[[#This Row],[Down]],2)*VLOOKUP(VALUE(TRIM(CLEAN(RIGHT(TableTS[[#This Row],[Down]],2)))),TableLasers[],COLUMN(TableLasers[H-DPH]),FALSE))","v":0},"00::14","00::00","00::00","00::00","00::00","00::00","00::00",null,null,2,null,null,null,null,"0,1,4,5,18,8,14,28,29,35",null,null,null,null,null,null,"0,35"]
[333,"Argon","TS","Mercury Prototype",null,120,60,9,"XL",20000,"25 MJ ",6,1900,44.091710758377403,2,1150,28.75,5000,0,{"$f":"SUM(LEFT(TableTS[[#This Row],[Main]],2)*VLOOKUP(VALUE(TRIM(CLEAN(RIGHT(TableTS[[#This Row],[Main]],2)))),TableLasers[],COLUMN(TableLasers[S-DPH]),FALSE),LEFT(TableTS[[#This Row],[Front]],2)*VLOOKUP(VALUE(TRIM(CLEAN(RIGHT(TableTS[[#This Row],[Front]],2)))),TableLasers[],COLUMN(TableLasers[S-DPH]),FALSE),LEFT(TableTS[[#This Row],[Back]],2)*VLOOKUP(VALUE(TRIM(CLEAN(RIGHT(TableTS[[#This Row],[Back]],2)))),TableLasers[],COLUMN(TableLasers[S-DPH]),FALSE),LEFT(TableTS[[#This Row],[Left]],2)*VLOOKUP(VALUE(TRIM(CLEAN(RIGHT(TableTS[[#This Row],[Left]],2)))),TableLasers[],COLUMN(TableLasers[S-DPH]),FALSE),LEFT(TableTS[[#This Row],[Right]],2)*VLOOKUP(VALUE(TRIM(CLEAN(RIGHT(TableTS[[#This Row],[Right]],2)))),TableLasers[],COLUMN(TableLasers[S-DPH]),FALSE),LEFT(TableTS[[#This Row],[Up]],2)*VLOOKUP(VALUE(TRIM(CLEAN(RIGHT(TableTS[[#This Row],[Up]],2)))),TableLasers[],COLUMN(TableLasers[S-DPH]),FALSE),LEFT(TableTS[[#This Row],[Down]],2)*VLOOKUP(VALUE(TRIM(CLEAN(RIGHT(TableTS[[#This Row],[Down]],2)))),TableLasers[],COLUMN(TableLasers[S-DPH]),FALSE))","v":0},{"$f":"SUM(LEFT(TableTS[[#This Row],[Main]],2)*VLOOKUP(VALUE(TRIM(CLEAN(RIGHT(TableTS[[#This Row],[Main]],2)))),TableLasers[],COLUMN(TableLasers[H-DPH]),FALSE),LEFT(TableTS[[#This Row],[Front]],2)*VLOOKUP(VALUE(TRIM(CLEAN(RIGHT(TableTS[[#This Row],[Front]],2)))),TableLasers[],COLUMN(TableLasers[H-DPH]),FALSE),LEFT(TableTS[[#This Row],[Back]],2)*VLOOKUP(VALUE(TRIM(CLEAN(RIGHT(TableTS[[#This Row],[Back]],2)))),TableLasers[],COLUMN(TableLasers[H-DPH]),FALSE),LEFT(TableTS[[#This Row],[Left]],2)*VLOOKUP(VALUE(TRIM(CLEAN(RIGHT(TableTS[[#This Row],[Left]],2)))),TableLasers[],COLUMN(TableLasers[H-DPH]),FALSE),LEFT(TableTS[[#This Row],[Right]],2)*VLOOKUP(VALUE(TRIM(CLEAN(RIGHT(TableTS[[#This Row],[Right]],2)))),TableLasers[],COLUMN(TableLasers[H-DPH]),FALSE),LEFT(TableTS[[#This Row],[Up]],2)*VLOOKUP(VALUE(TRIM(CLEAN(RIGHT(TableTS[[#This Row],[Up]],2)))),TableLasers[],COLUMN(TableLasers[H-DPH]),FALSE),LEFT(TableTS[[#This Row],[Down]],2)*VLOOKUP(VALUE(TRIM(CLEAN(RIGHT(TableTS[[#This Row],[Down]],2)))),TableLasers[],COLUMN(TableLasers[H-DPH]),FALSE))","v":0},"00::14","00::00","00::00","00::00","00::00","00::00","00::00",null,null,2,null,null,null,null,"0,1,4,6,7,8,14,28,29,35",null,null,null,null,null,null,"0,35"]
[342,"Paranid","TS","Demeter Prototype",null,130,65,9,"XL",19000,"25 MJ ",6,1600,44.091710758377403,2,950,19,3900,0,{"$f":"SUM(LEFT(TableTS[[#This Row],[Main]],2)*VLOOKUP(VALUE(TRIM(CLEAN(RIGHT(TableTS[[#This Row],[Main]],2)))),TableLasers[],COLUMN(TableLasers[S-DPH]),FALSE),LEFT(TableTS[[#This Row],[Front]],2)*VLOOKUP(VALUE(TRIM(CLEAN(RIGHT(TableTS[[#This Row],[Front]],2)))),TableLasers[],COLUMN(TableLasers[S-DPH]),FALSE),LEFT(TableTS[[#This Row],[Back]],2)*VLOOKUP(VALUE(TRIM(CLEAN(RIGHT(TableTS[[#This Row],[Back]],2)))),TableLasers[],COLUMN(TableLasers[S-DPH]),FALSE),LEFT(TableTS[[#This Row],[Left]],2)*VLOOKUP(VALUE(TRIM(CLEAN(RIGHT(TableTS[[#This Row],[Left]],2)))),TableLasers[],COLUMN(TableLasers[S-DPH]),FALSE),LEFT(TableTS[[#This Row],[Right]],2)*VLOOKUP(VALUE(TRIM(CLEAN(RIGHT(TableTS[[#This Row],[Right]],2)))),TableLasers[],COLUMN(TableLasers[S-DPH]),FALSE),LEFT(TableTS[[#This Row],[Up]],2)*VLOOKUP(VALUE(TRIM(CLEAN(RIGHT(TableTS[[#This Row],[Up]],2)))),TableLasers[],COLUMN(TableLasers[S-DPH]),FALSE),LEFT(TableTS[[#This Row],[Down]],2)*VLOOKUP(VALUE(TRIM(CLEAN(RIGHT(TableTS[[#This Row],[Down]],2)))),TableLasers[],COLUMN(TableLasers[S-DPH]),FALSE))","v":0},{"$f":"SUM(LEFT(TableTS[[#This Row],[Main]],2)*VLOOKUP(VALUE(TRIM(CLEAN(RIGHT(TableTS[[#This Row],[Main]],2)))),TableLasers[],COLUMN(TableLasers[H-DPH]),FALSE),LEFT(TableTS[[#This Row],[Front]],2)*VLOOKUP(VALUE(TRIM(CLEAN(RIGHT(TableTS[[#This Row],[Front]],2)))),TableLasers[],COLUMN(TableLasers[H-DPH]),FALSE),LEFT(TableTS[[#This Row],[Back]],2)*VLOOKUP(VALUE(TRIM(CLEAN(RIGHT(TableTS[[#This Row],[Back]],2)))),TableLasers[],COLUMN(TableLasers[H-DPH]),FALSE),LEFT(TableTS[[#This Row],[Left]],2)*VLOOKUP(VALUE(TRIM(CLEAN(RIGHT(TableTS[[#This Row],[Left]],2)))),TableLasers[],COLUMN(TableLasers[H-DPH]),FALSE),LEFT(TableTS[[#This Row],[Right]],2)*VLOOKUP(VALUE(TRIM(CLEAN(RIGHT(TableTS[[#This Row],[Right]],2)))),TableLasers[],COLUMN(TableLasers[H-DPH]),FALSE),LEFT(TableTS[[#This Row],[Up]],2)*VLOOKUP(VALUE(TRIM(CLEAN(RIGHT(TableTS[[#This Row],[Up]],2)))),TableLasers[],COLUMN(TableLasers[H-DPH]),FALSE),LEFT(TableTS[[#This Row],[Down]],2)*VLOOKUP(VALUE(TRIM(CLEAN(RIGHT(TableTS[[#This Row],[Down]],2)))),TableLasers[],COLUMN(TableLasers[H-DPH]),FALSE))","v":0},"00::18","00::00","00::00","00::00","00::00","00::00","00::00",null,null,2,null,null,null,null,"4,5,18,6,7",null,null,null,null,null,null,35]
[346,"Boron","TS","Enhanced Dolphin",null,102.6,57,9,"XL",19000,"25 MJ ",5,1900,44.091710758377403,0,1,9.9950000000000004E-3,6500,0,{"$f":"SUM(LEFT(TableTS[[#This Row],[Main]],2)*VLOOKUP(VALUE(TRIM(CLEAN(RIGHT(TableTS[[#This Row],[Main]],2)))),TableLasers[],COLUMN(TableLasers[S-DPH]),FALSE),LEFT(TableTS[[#This Row],[Front]],2)*VLOOKUP(VALUE(TRIM(CLEAN(RIGHT(TableTS[[#This Row],[Front]],2)))),TableLasers[],COLUMN(TableLasers[S-DPH]),FALSE),LEFT(TableTS[[#This Row],[Back]],2)*VLOOKUP(VALUE(TRIM(CLEAN(RIGHT(TableTS[[#This Row],[Back]],2)))),TableLasers[],COLUMN(TableLasers[S-DPH]),FALSE),LEFT(TableTS[[#This Row],[Left]],2)*VLOOKUP(VALUE(TRIM(CLEAN(RIGHT(TableTS[[#This Row],[Left]],2)))),TableLasers[],COLUMN(TableLasers[S-DPH]),FALSE),LEFT(TableTS[[#This Row],[Right]],2)*VLOOKUP(VALUE(TRIM(CLEAN(RIGHT(TableTS[[#This Row],[Right]],2)))),TableLasers[],COLUMN(TableLasers[S-DPH]),FALSE),LEFT(TableTS[[#This Row],[Up]],2)*VLOOKUP(VALUE(TRIM(CLEAN(RIGHT(TableTS[[#This Row],[Up]],2)))),TableLasers[],COLUMN(TableLasers[S-DPH]),FALSE),LEFT(TableTS[[#This Row],[Down]],2)*VLOOKUP(VALUE(TRIM(CLEAN(RIGHT(TableTS[[#This Row],[Down]],2)))),TableLasers[],COLUMN(TableLasers[S-DPH]),FALSE))","v":0},{"$f":"SUM(LEFT(TableTS[[#This Row],[Main]],2)*VLOOKUP(VALUE(TRIM(CLEAN(RIGHT(TableTS[[#This Row],[Main]],2)))),TableLasers[],COLUMN(TableLasers[H-DPH]),FALSE),LEFT(TableTS[[#This Row],[Front]],2)*VLOOKUP(VALUE(TRIM(CLEAN(RIGHT(TableTS[[#This Row],[Front]],2)))),TableLasers[],COLUMN(TableLasers[H-DPH]),FALSE),LEFT(TableTS[[#This Row],[Back]],2)*VLOOKUP(VALUE(TRIM(CLEAN(RIGHT(TableTS[[#This Row],[Back]],2)))),TableLasers[],COLUMN(TableLasers[H-DPH]),FALSE),LEFT(TableTS[[#This Row],[Left]],2)*VLOOKUP(VALUE(TRIM(CLEAN(RIGHT(TableTS[[#This Row],[Left]],2)))),TableLasers[],COLUMN(TableLasers[H-DPH]),FALSE),LEFT(TableTS[[#This Row],[Right]],2)*VLOOKUP(VALUE(TRIM(CLEAN(RIGHT(TableTS[[#This Row],[Right]],2)))),TableLasers[],COLUMN(TableLasers[H-DPH]),FALSE),LEFT(TableTS[[#This Row],[Up]],2)*VLOOKUP(VALUE(TRIM(CLEAN(RIGHT(TableTS[[#This Row],[Up]],2)))),TableLasers[],COLUMN(TableLasers[H-DPH]),FALSE),LEFT(TableTS[[#This Row],[Down]],2)*VLOOKUP(VALUE(TRIM(CLEAN(RIGHT(TableTS[[#This Row],[Down]],2)))),TableLasers[],COLUMN(TableLasers[H-DPH]),FALSE))","v":0},"00::00","00::00","00::00","00::00","00::00","00::00","00::00",null,null,null,null,null,null,null,null,null,null,null,null,null,null,"0,35"]
[351,"Teladi","TS","Vulture Prototype",null,95.4,53,9,"XL",24000,"25 MJ ",4,660,88.183421516754805,2,950,19,8000,0,{"$f":"SUM(LEFT(TableTS[[#This Row],[Main]],2)*VLOOKUP(VALUE(TRIM(CLEAN(RIGHT(TableTS[[#This Row],[Main]],2)))),TableLasers[],COLUMN(TableLasers[S-DPH]),FALSE),LEFT(TableTS[[#This Row],[Front]],2)*VLOOKUP(VALUE(TRIM(CLEAN(RIGHT(TableTS[[#This Row],[Front]],2)))),TableLasers[],COLUMN(TableLasers[S-DPH]),FALSE),LEFT(TableTS[[#This Row],[Back]],2)*VLOOKUP(VALUE(TRIM(CLEAN(RIGHT(TableTS[[#This Row],[Back]],2)))),TableLasers[],COLUMN(TableLasers[S-DPH]),FALSE),LEFT(TableTS[[#This Row],[Left]],2)*VLOOKUP(VALUE(TRIM(CLEAN(RIGHT(TableTS[[#This Row],[Left]],2)))),TableLasers[],COLUMN(TableLasers[S-DPH]),FALSE),LEFT(TableTS[[#This Row],[Right]],2)*VLOOKUP(VALUE(TRIM(CLEAN(RIGHT(TableTS[[#This Row],[Right]],2)))),TableLasers[],COLUMN(TableLasers[S-DPH]),FALSE),LEFT(TableTS[[#This Row],[Up]],2)*VLOOKUP(VALUE(TRIM(CLEAN(RIGHT(TableTS[[#This Row],[Up]],2)))),TableLasers[],COLUMN(TableLasers[S-DPH]),FALSE),LEFT(TableTS[[#This Row],[Down]],2)*VLOOKUP(VALUE(TRIM(CLEAN(RIGHT(TableTS[[#This Row],[Down]],2)))),TableLasers[],COLUMN(TableLasers[S-DPH]),FALSE))","v":0},{"$f":"SUM(LEFT(TableTS[[#This Row],[Main]],2)*VLOOKUP(VALUE(TRIM(CLEAN(RIGHT(TableTS[[#This Row],[Main]],2)))),TableLasers[],COLUMN(TableLasers[H-DPH]),FALSE),LEFT(TableTS[[#This Row],[Front]],2)*VLOOKUP(VALUE(TRIM(CLEAN(RIGHT(TableTS[[#This Row],[Front]],2)))),TableLasers[],COLUMN(TableLasers[H-DPH]),FALSE),LEFT(TableTS[[#This Row],[Back]],2)*VLOOKUP(VALUE(TRIM(CLEAN(RIGHT(TableTS[[#This Row],[Back]],2)))),TableLasers[],COLUMN(TableLasers[H-DPH]),FALSE),LEFT(TableTS[[#This Row],[Left]],2)*VLOOKUP(VALUE(TRIM(CLEAN(RIGHT(TableTS[[#This Row],[Left]],2)))),TableLasers[],COLUMN(TableLasers[H-DPH]),FALSE),LEFT(TableTS[[#This Row],[Right]],2)*VLOOKUP(VALUE(TRIM(CLEAN(RIGHT(TableTS[[#This Row],[Right]],2)))),TableLasers[],COLUMN(TableLasers[H-DPH]),FALSE),LEFT(TableTS[[#This Row],[Up]],2)*VLOOKUP(VALUE(TRIM(CLEAN(RIGHT(TableTS[[#This Row],[Up]],2)))),TableLasers[],COLUMN(TableLasers[H-DPH]),FALSE),LEFT(TableTS[[#This Row],[Down]],2)*VLOOKUP(VALUE(TRIM(CLEAN(RIGHT(TableTS[[#This Row],[Down]],2)))),TableLasers[],COLUMN(TableLasers[H-DPH]),FALSE))","v":0},"00::18","00::00","00::00","00::00","00::00","00::00","00::00",null,null,2,null,null,null,null,"4,5,18,6,7,9,15,28,29,35",null,null,null,null,null,null,35]
[370,"Terran","TS","Baldric Miner",null,104,52,10,"XL",17000,"200 MJ  ",3,3000,151.51515151515201,2,850,17,6500,0,{"$f":"SUM(LEFT(TableTS[[#This Row],[Main]],2)*VLOOKUP(VALUE(TRIM(CLEAN(RIGHT(TableTS[[#This Row],[Main]],2)))),TableLasers[],COLUMN(TableLasers[S-DPH]),FALSE),LEFT(TableTS[[#This Row],[Front]],2)*VLOOKUP(VALUE(TRIM(CLEAN(RIGHT(TableTS[[#This Row],[Front]],2)))),TableLasers[],COLUMN(TableLasers[S-DPH]),FALSE),LEFT(TableTS[[#This Row],[Back]],2)*VLOOKUP(VALUE(TRIM(CLEAN(RIGHT(TableTS[[#This Row],[Back]],2)))),TableLasers[],COLUMN(TableLasers[S-DPH]),FALSE),LEFT(TableTS[[#This Row],[Left]],2)*VLOOKUP(VALUE(TRIM(CLEAN(RIGHT(TableTS[[#This Row],[Left]],2)))),TableLasers[],COLUMN(TableLasers[S-DPH]),FALSE),LEFT(TableTS[[#This Row],[Right]],2)*VLOOKUP(VALUE(TRIM(CLEAN(RIGHT(TableTS[[#This Row],[Right]],2)))),TableLasers[],COLUMN(TableLasers[S-DPH]),FALSE),LEFT(TableTS[[#This Row],[Up]],2)*VLOOKUP(VALUE(TRIM(CLEAN(RIGHT(TableTS[[#This Row],[Up]],2)))),TableLasers[],COLUMN(TableLasers[S-DPH]),FALSE),LEFT(TableTS[[#This Row],[Down]],2)*VLOOKUP(VALUE(TRIM(CLEAN(RIGHT(TableTS[[#This Row],[Down]],2)))),TableLasers[],COLUMN(TableLasers[S-DPH]),FALSE))","v":0},{"$f":"SUM(LEFT(TableTS[[#This Row],[Main]],2)*VLOOKUP(VALUE(TRIM(CLEAN(RIGHT(TableTS[[#This Row],[Main]],2)))),TableLasers[],COLUMN(TableLasers[H-DPH]),FALSE),LEFT(TableTS[[#This Row],[Front]],2)*VLOOKUP(VALUE(TRIM(CLEAN(RIGHT(TableTS[[#This Row],[Front]],2)))),TableLasers[],COLUMN(TableLasers[H-DPH]),FALSE),LEFT(TableTS[[#This Row],[Back]],2)*VLOOKUP(VALUE(TRIM(CLEAN(RIGHT(TableTS[[#This Row],[Back]],2)))),TableLasers[],COLUMN(TableLasers[H-DPH]),FALSE),LEFT(TableTS[[#This Row],[Left]],2)*VLOOKUP(VALUE(TRIM(CLEAN(RIGHT(TableTS[[#This Row],[Left]],2)))),TableLasers[],COLUMN(TableLasers[H-DPH]),FALSE),LEFT(TableTS[[#This Row],[Right]],2)*VLOOKUP(VALUE(TRIM(CLEAN(RIGHT(TableTS[[#This Row],[Right]],2)))),TableLasers[],COLUMN(TableLasers[H-DPH]),FALSE),LEFT(TableTS[[#This Row],[Up]],2)*VLOOKUP(VALUE(TRIM(CLEAN(RIGHT(TableTS[[#This Row],[Up]],2)))),TableLasers[],COLUMN(TableLasers[H-DPH]),FALSE),LEFT(TableTS[[#This Row],[Down]],2)*VLOOKUP(VALUE(TRIM(CLEAN(RIGHT(TableTS[[#This Row],[Down]],2)))),TableLasers[],COLUMN(TableLasers[H-DPH]),FALSE))","v":0},"00::11","00::00","00::00","00::00","00::00","00::00","00::00",null,null,2,null,null,null,null,"10,11,28,29,35",null,null,null,null,null,null,"4,15,20,24"]
[465,"Argon","TS","Mercury","Mk I",80,40,10,"XL",15000,"25 MJ ",3,600,88.183421516754805,1,850,5.0957499999999998,3000,0,{"$f":"SUM(LEFT(TableTS[[#This Row],[Main]],2)*VLOOKUP(VALUE(TRIM(CLEAN(RIGHT(TableTS[[#This Row],[Main]],2)))),TableLasers[],COLUMN(TableLasers[S-DPH]),FALSE),LEFT(TableTS[[#This Row],[Front]],2)*VLOOKUP(VALUE(TRIM(CLEAN(RIGHT(TableTS[[#This Row],[Front]],2)))),TableLasers[],COLUMN(TableLasers[S-DPH]),FALSE),LEFT(TableTS[[#This Row],[Back]],2)*VLOOKUP(VALUE(TRIM(CLEAN(RIGHT(TableTS[[#This Row],[Back]],2)))),TableLasers[],COLUMN(TableLasers[S-DPH]),FALSE),LEFT(TableTS[[#This Row],[Left]],2)*VLOOKUP(VALUE(TRIM(CLEAN(RIGHT(TableTS[[#This Row],[Left]],2)))),TableLasers[],COLUMN(TableLasers[S-DPH]),FALSE),LEFT(TableTS[[#This Row],[Right]],2)*VLOOKUP(VALUE(TRIM(CLEAN(RIGHT(TableTS[[#This Row],[Right]],2)))),TableLasers[],COLUMN(TableLasers[S-DPH]),FALSE),LEFT(TableTS[[#This Row],[Up]],2)*VLOOKUP(VALUE(TRIM(CLEAN(RIGHT(TableTS[[#This Row],[Up]],2)))),TableLasers[],COLUMN(TableLasers[S-DPH]),FALSE),LEFT(TableTS[[#This Row],[Down]],2)*VLOOKUP(VALUE(TRIM(CLEAN(RIGHT(TableTS[[#This Row],[Down]],2)))),TableLasers[],COLUMN(TableLasers[S-DPH]),FALSE))","v":1080},{"$f":"SUM(LEFT(TableTS[[#This Row],[Main]],2)*VLOOKUP(VALUE(TRIM(CLEAN(RIGHT(TableTS[[#This Row],[Main]],2)))),TableLasers[],COLUMN(TableLasers[H-DPH]),FALSE),LEFT(TableTS[[#This Row],[Front]],2)*VLOOKUP(VALUE(TRIM(CLEAN(RIGHT(TableTS[[#This Row],[Front]],2)))),TableLasers[],COLUMN(TableLasers[H-DPH]),FALSE),LEFT(TableTS[[#This Row],[Back]],2)*VLOOKUP(VALUE(TRIM(CLEAN(RIGHT(TableTS[[#This Row],[Back]],2)))),TableLasers[],COLUMN(TableLasers[H-DPH]),FALSE),LEFT(TableTS[[#This Row],[Left]],2)*VLOOKUP(VALUE(TRIM(CLEAN(RIGHT(TableTS[[#This Row],[Left]],2)))),TableLasers[],COLUMN(TableLasers[H-DPH]),FALSE),LEFT(TableTS[[#This Row],[Right]],2)*VLOOKUP(VALUE(TRIM(CLEAN(RIGHT(TableTS[[#This Row],[Right]],2)))),TableLasers[],COLUMN(TableLasers[H-DPH]),FALSE),LEFT(TableTS[[#This Row],[Up]],2)*VLOOKUP(VALUE(TRIM(CLEAN(RIGHT(TableTS[[#This Row],[Up]],2)))),TableLasers[],COLUMN(TableLasers[H-DPH]),FALSE),LEFT(TableTS[[#This Row],[Down]],2)*VLOOKUP(VALUE(TRIM(CLEAN(RIGHT(TableTS[[#This Row],[Down]],2)))),TableLasers[],COLUMN(TableLasers[H-DPH]),FALSE))","v":200},"00::00","00::00","01::04","00::00","00::00","00::00","00::00",null,null,1,null,null,null,null,null,null,"0,1,3,4,28,29,35",null,null,null,null,35]
[508,"Terran","TS","Baldric","Super Freighter",86.76,48.2,10,"XXL",17000,"200 MJ  ",5,1100,454.54545454545502,2,1150,23,10750,0,{"$f":"SUM(LEFT(TableTS[[#This Row],[Main]],2)*VLOOKUP(VALUE(TRIM(CLEAN(RIGHT(TableTS[[#This Row],[Main]],2)))),TableLasers[],COLUMN(TableLasers[S-DPH]),FALSE),LEFT(TableTS[[#This Row],[Front]],2)*VLOOKUP(VALUE(TRIM(CLEAN(RIGHT(TableTS[[#This Row],[Front]],2)))),TableLasers[],COLUMN(TableLasers[S-DPH]),FALSE),LEFT(TableTS[[#This Row],[Back]],2)*VLOOKUP(VALUE(TRIM(CLEAN(RIGHT(TableTS[[#This Row],[Back]],2)))),TableLasers[],COLUMN(TableLasers[S-DPH]),FALSE),LEFT(TableTS[[#This Row],[Left]],2)*VLOOKUP(VALUE(TRIM(CLEAN(RIGHT(TableTS[[#This Row],[Left]],2)))),TableLasers[],COLUMN(TableLasers[S-DPH]),FALSE),LEFT(TableTS[[#This Row],[Right]],2)*VLOOKUP(VALUE(TRIM(CLEAN(RIGHT(TableTS[[#This Row],[Right]],2)))),TableLasers[],COLUMN(TableLasers[S-DPH]),FALSE),LEFT(TableTS[[#This Row],[Up]],2)*VLOOKUP(VALUE(TRIM(CLEAN(RIGHT(TableTS[[#This Row],[Up]],2)))),TableLasers[],COLUMN(TableLasers[S-DPH]),FALSE),LEFT(TableTS[[#This Row],[Down]],2)*VLOOKUP(VALUE(TRIM(CLEAN(RIGHT(TableTS[[#This Row],[Down]],2)))),TableLasers[],COLUMN(TableLasers[S-DPH]),FALSE))","v":0},{"$f":"SUM(LEFT(TableTS[[#This Row],[Main]],2)*VLOOKUP(VALUE(TRIM(CLEAN(RIGHT(TableTS[[#This Row],[Main]],2)))),TableLasers[],COLUMN(TableLasers[H-DPH]),FALSE),LEFT(TableTS[[#This Row],[Front]],2)*VLOOKUP(VALUE(TRIM(CLEAN(RIGHT(TableTS[[#This Row],[Front]],2)))),TableLasers[],COLUMN(TableLasers[H-DPH]),FALSE),LEFT(TableTS[[#This Row],[Back]],2)*VLOOKUP(VALUE(TRIM(CLEAN(RIGHT(TableTS[[#This Row],[Back]],2)))),TableLasers[],COLUMN(TableLasers[H-DPH]),FALSE),LEFT(TableTS[[#This Row],[Left]],2)*VLOOKUP(VALUE(TRIM(CLEAN(RIGHT(TableTS[[#This Row],[Left]],2)))),TableLasers[],COLUMN(TableLasers[H-DPH]),FALSE),LEFT(TableTS[[#This Row],[Right]],2)*VLOOKUP(VALUE(TRIM(CLEAN(RIGHT(TableTS[[#This Row],[Right]],2)))),TableLasers[],COLUMN(TableLasers[H-DPH]),FALSE),LEFT(TableTS[[#This Row],[Up]],2)*VLOOKUP(VALUE(TRIM(CLEAN(RIGHT(TableTS[[#This Row],[Up]],2)))),TableLasers[],COLUMN(TableLasers[H-DPH]),FALSE),LEFT(TableTS[[#This Row],[Down]],2)*VLOOKUP(VALUE(TRIM(CLEAN(RIGHT(TableTS[[#This Row],[Down]],2)))),TableLasers[],COLUMN(TableLasers[H-DPH]),FALSE))","v":0},"00::26","00::00","00::00","00::00","00::00","00::00","00::00",null,null,2,null,null,null,null,"10,11,26",null,null,null,null,null,null,"4,15,16,20,24"]

{"sheet":"TP","index":3,"n_rows":17,"n_cols":43,"rows_kept":17,"cut":false,"hidden":false,"merged":[]}
["ID","Race","Class","Name","Variation","Speed","Accel","AAccel","CClass","Hull","SType","SCount","SPower","SRTime","LCount","LEnergy","LRRate","MaxCargo","Hangar","S-Damage","H-Damage","Main","Front","Back","Left","Right","Up","Down","nMain","nFront","nBack","nLeft","nRight","nUp","nDown","xMain","xFront","xBack","xLeft","xRight","xUp","xDown","Missiles"]
[7,"Argon","TP","Express",null,165,66,18,"XL",20000,"200 MJ  ",3,3600,75.757575757575793,2,950,19,825,0,{"$f":"SUM(LEFT(TableTP[[#This Row],[Main]],2)*VLOOKUP(VALUE(TRIM(CLEAN(RIGHT(TableTP[[#This Row],[Main]],2)))),TableLasers[],COLUMN(TableLasers[S-DPH]),FALSE),LEFT(TableTP[[#This Row],[Front]],2)*VLOOKUP(VALUE(TRIM(CLEAN(RIGHT(TableTP[[#This Row],[Front]],2)))),TableLasers[],COLUMN(TableLasers[S-DPH]),FALSE),LEFT(TableTP[[#This Row],[Back]],2)*VLOOKUP(VALUE(TRIM(CLEAN(RIGHT(TableTP[[#This Row],[Back]],2)))),TableLasers[],COLUMN(TableLasers[S-DPH]),FALSE),LEFT(TableTP[[#This Row],[Left]],2)*VLOOKUP(VALUE(TRIM(CLEAN(RIGHT(TableTP[[#This Row],[Left]],2)))),TableLasers[],COLUMN(TableLasers[S-DPH]),FALSE),LEFT(TableTP[[#This Row],[Right]],2)*VLOOKUP(VALUE(TRIM(CLEAN(RIGHT(TableTP[[#This Row],[Right]],2)))),TableLasers[],COLUMN(TableLasers[S-DPH]),FALSE),LEFT(TableTP[[#This Row],[Up]],2)*VLOOKUP(VALUE(TRIM(CLEAN(RIGHT(TableTP[[#This Row],[Up]],2)))),TableLasers[],COLUMN(TableLasers[S-DPH]),FALSE),LEFT(TableTP[[#This Row],[Down]],2)*VLOOKUP(VALUE(TRIM(CLEAN(RIGHT(TableTP[[#This Row],[Down]],2)))),TableLasers[],COLUMN(TableLasers[S-DPH]),FALSE))","v":2160},{"$f":"SUM(LEFT(TableTP[[#This Row],[Main]],2)*VLOOKUP(VALUE(TRIM(CLEAN(RIGHT(TableTP[[#This Row],[Main]],2)))),TableLasers[],COLUMN(TableLasers[H-DPH]),FALSE),LEFT(TableTP[[#This Row],[Front]],2)*VLOOKUP(VALUE(TRIM(CLEAN(RIGHT(TableTP[[#This Row],[Front]],2)))),TableLasers[],COLUMN(TableLasers[H-DPH]),FALSE),LEFT(TableTP[[#This Row],[Back]],2)*VLOOKUP(VALUE(TRIM(CLEAN(RIGHT(TableTP[[#This Row],[Back]],2)))),TableLasers[],COLUMN(TableLasers[H-DPH]),FALSE),LEFT(TableTP[[#This Row],[Left]],2)*VLOOKUP(VALUE(TRIM(CLEAN(RIGHT(TableTP[[#This Row],[Left]],2)))),TableLasers[],COLUMN(TableLasers[H-DPH]),FALSE),LEFT(TableTP[[#This Row],[Right]],2)*VLOOKUP(VALUE(TRIM(CLEAN(RIGHT(TableTP[[#This Row],[Right]],2)))),TableLasers[],COLUMN(TableLasers[H-DPH]),FALSE),LEFT(TableTP[[#This Row],[Up]],2)*VLOOKUP(VALUE(TRIM(CLEAN(RIGHT(TableTP[[#This Row],[Up]],2)))),TableLasers[],COLUMN(TableLasers[H-DPH]),FALSE),LEFT(TableTP[[#This Row],[Down]],2)*VLOOKUP(VALUE(TRIM(CLEAN(RIGHT(TableTP[[#This Row],[Down]],2)))),TableLasers[],COLUMN(TableLasers[H-DPH]),FALSE))","v":400},"00::00","00::00","02::04","00::00","00::00","00::00","00::00",null,null,2,null,null,null,null,null,null,"0,1,4",null,null,null,null,35]
[8,"Argon","TP","Express","Hauler",150,60,18,"XL",20600,"200 MJ  ",3,3600,75.757575757575793,2,1000,20,1037,0,{"$f":"SUM(LEFT(TableTP[[#This Row],[Main]],2)*VLOOKUP(VALUE(TRIM(CLEAN(RIGHT(TableTP[[#This Row],[Main]],2)))),TableLasers[],COLUMN(TableLasers[S-DPH]),FALSE),LEFT(TableTP[[#This Row],[Front]],2)*VLOOKUP(VALUE(TRIM(CLEAN(RIGHT(TableTP[[#This Row],[Front]],2)))),TableLasers[],COLUMN(TableLasers[S-DPH]),FALSE),LEFT(TableTP[[#This Row],[Back]],2)*VLOOKUP(VALUE(TRIM(CLEAN(RIGHT(TableTP[[#This Row],[Back]],2)))),TableLasers[],COLUMN(TableLasers[S-DPH]),FALSE),LEFT(TableTP[[#This Row],[Left]],2)*VLOOKUP(VALUE(TRIM(CLEAN(RIGHT(TableTP[[#This Row],[Left]],2)))),TableLasers[],COLUMN(TableLasers[S-DPH]),FALSE),LEFT(TableTP[[#This Row],[Right]],2)*VLOOKUP(VALUE(TRIM(CLEAN(RIGHT(TableTP[[#This Row],[Right]],2)))),TableLasers[],COLUMN(TableLasers[S-DPH]),FALSE),LEFT(TableTP[[#This Row],[Up]],2)*VLOOKUP(VALUE(TRIM(CLEAN(RIGHT(TableTP[[#This Row],[Up]],2)))),TableLasers[],COLUMN(TableLasers[S-DPH]),FALSE),LEFT(TableTP[[#This Row],[Down]],2)*VLOOKUP(VALUE(TRIM(CLEAN(RIGHT(TableTP[[#This Row],[Down]],2)))),TableLasers[],COLUMN(TableLasers[S-DPH]),FALSE))","v":2160},{"$f":"SUM(LEFT(TableTP[[#This Row],[Main]],2)*VLOOKUP(VALUE(TRIM(CLEAN(RIGHT(TableTP[[#This Row],[Main]],2)))),TableLasers[],COLUMN(TableLasers[H-DPH]),FALSE),LEFT(TableTP[[#This Row],[Front]],2)*VLOOKUP(VALUE(TRIM(CLEAN(RIGHT(TableTP[[#This Row],[Front]],2)))),TableLasers[],COLUMN(TableLasers[H-DPH]),FALSE),LEFT(TableTP[[#This Row],[Back]],2)*VLOOKUP(VALUE(TRIM(CLEAN(RIGHT(TableTP[[#This Row],[Back]],2)))),TableLasers[],COLUMN(TableLasers[H-DPH]),FALSE),LEFT(TableTP[[#This Row],[Left]],2)*VLOOKUP(VALUE(TRIM(CLEAN(RIGHT(TableTP[[#This Row],[Left]],2)))),TableLasers[],COLUMN(TableLasers[H-DPH]),FALSE),LEFT(TableTP[[#This Row],[Right]],2)*VLOOKUP(VALUE(TRIM(CLEAN(RIGHT(TableTP[[#This Row],[Right]],2)))),TableLasers[],COLUMN(TableLasers[H-DPH]),FALSE),LEFT(TableTP[[#This Row],[Up]],2)*VLOOKUP(VALUE(TRIM(CLEAN(RIGHT(TableTP[[#This Row],[Up]],2)))),TableLasers[],COLUMN(TableLasers[H-DPH]),FALSE),LEFT(TableTP[[#This Row],[Down]],2)*VLOOKUP(VALUE(TRIM(CLEAN(RIGHT(TableTP[[#This Row],[Down]],2)))),TableLasers[],COLUMN(TableLasers[H-DPH]),FALSE))","v":400},"00::00","00::00","02::04","00::00","00::00","00::00","00::00",null,null,2,null,null,null,null,null,null,"0,1,4",null,null,null,null,35]
[49,"Split","TP","Iguana",null,181.45,95.5,15,"XL",16000,"200 MJ  ",1,1500,75.757575757575793,6,1750,38.5,780,0,{"$f":"SUM(LEFT(TableTP[[#This Row],[Main]],2)*VLOOKUP(VALUE(TRIM(CLEAN(RIGHT(TableTP[[#This Row],[Main]],2)))),TableLasers[],COLUMN(TableLasers[S-DPH]),FALSE),LEFT(TableTP[[#This Row],[Front]],2)*VLOOKUP(VALUE(TRIM(CLEAN(RIGHT(TableTP[[#This Row],[Front]],2)))),TableLasers[],COLUMN(TableLasers[S-DPH]),FALSE),LEFT(TableTP[[#This Row],[Back]],2)*VLOOKUP(VALUE(TRIM(CLEAN(RIGHT(TableTP[[#This Row],[Back]],2)))),TableLasers[],COLUMN(TableLasers[S-DPH]),FALSE),LEFT(TableTP[[#This Row],[Left]],2)*VLOOKUP(VALUE(TRIM(CLEAN(RIGHT(TableTP[[#This Row],[Left]],2)))),TableLasers[],COLUMN(TableLasers[S-DPH]),FALSE),LEFT(TableTP[[#This Row],[Right]],2)*VLOOKUP(VALUE(TRIM(CLEAN(RIGHT(TableTP[[#This Row],[Right]],2)))),TableLasers[],COLUMN(TableLasers[S-DPH]),FALSE),LEFT(TableTP[[#This Row],[Up]],2)*VLOOKUP(VALUE(TRIM(CLEAN(RIGHT(TableTP[[#This Row],[Up]],2)))),TableLasers[],COLUMN(TableLasers[S-DPH]),FALSE),LEFT(TableTP[[#This Row],[Down]],2)*VLOOKUP(VALUE(TRIM(CLEAN(RIGHT(TableTP[[#This Row],[Down]],2)))),TableLasers[],COLUMN(TableLasers[S-DPH]),FALSE))","v":59376},{"$f":"SUM(LEFT(TableTP[[#This Row],[Main]],2)*VLOOKUP(VALUE(TRIM(CLEAN(RIGHT(TableTP[[#This Row],[Main]],2)))),TableLasers[],COLUMN(TableLasers[H-DPH]),FALSE),LEFT(TableTP[[#This Row],[Front]],2)*VLOOKUP(VALUE(TRIM(CLEAN(RIGHT(TableTP[[#This Row],[Front]],2)))),TableLasers[],COLUMN(TableLasers[H-DPH]),FALSE),LEFT(TableTP[[#This Row],[Back]],2)*VLOOKUP(VALUE(TRIM(CLEAN(RIGHT(TableTP[[#This Row],[Back]],2)))),TableLasers[],COLUMN(TableLasers[H-DPH]),FALSE),LEFT(TableTP[[#This Row],[Left]],2)*VLOOKUP(VALUE(TRIM(CLEAN(RIGHT(TableTP[[#This Row],[Left]],2)))),TableLasers[],COLUMN(TableLasers[H-DPH]),FALSE),LEFT(TableTP[[#This Row],[Right]],2)*VLOOKUP(VALUE(TRIM(CLEAN(RIGHT(TableTP[[#This Row],[Right]],2)))),TableLasers[],COLUMN(TableLasers[H-DPH]),FALSE),LEFT(TableTP[[#This Row],[Up]],2)*VLOOKUP(VALUE(TRIM(CLEAN(RIGHT(TableTP[[#This Row],[Up]],2)))),TableLasers[],COLUMN(TableLasers[H-DPH]),FALSE),LEFT(TableTP[[#This Row],[Down]],2)*VLOOKUP(VALUE(TRIM(CLEAN(RIGHT(TableTP[[#This Row],[Down]],2)))),TableLasers[],COLUMN(TableLasers[H-DPH]),FALSE))","v":9264},"04::15","00::00","02::15","00::00","00::00","00::00","00::00",4,null,2,null,null,null,null,"0,1,9,15",null,"0,1,9,15",null,null,null,null,35]
[50,"Split","TP","Iguana","Vanguard",186.99039999999999,98.415999999999997,15,"XL",16480,"200 MJ  ",1,1500,75.757575757575793,6,1850,40.700000000000003,547,0,{"$f":"SUM(LEFT(TableTP[[#This Row],[Main]],2)*VLOOKUP(VALUE(TRIM(CLEAN(RIGHT(TableTP[[#This Row],[Main]],2)))),TableLasers[],COLUMN(TableLasers[S-DPH]),FALSE),LEFT(TableTP[[#This Row],[Front]],2)*VLOOKUP(VALUE(TRIM(CLEAN(RIGHT(TableTP[[#This Row],[Front]],2)))),TableLasers[],COLUMN(TableLasers[S-DPH]),FALSE),LEFT(TableTP[[#This Row],[Back]],2)*VLOOKUP(VALUE(TRIM(CLEAN(RIGHT(TableTP[[#This Row],[Back]],2)))),TableLasers[],COLUMN(TableLasers[S-DPH]),FALSE),LEFT(TableTP[[#This Row],[Left]],2)*VLOOKUP(VALUE(TRIM(CLEAN(RIGHT(TableTP[[#This Row],[Left]],2)))),TableLasers[],COLUMN(TableLasers[S-DPH]),FALSE),LEFT(TableTP[[#This Row],[Right]],2)*VLOOKUP(VALUE(TRIM(CLEAN(RIGHT(TableTP[[#This Row],[Right]],2)))),TableLasers[],COLUMN(TableLasers[S-DPH]),FALSE),LEFT(TableTP[[#This Row],[Up]],2)*VLOOKUP(VALUE(TRIM(CLEAN(RIGHT(TableTP[[#This Row],[Up]],2)))),TableLasers[],COLUMN(TableLasers[S-DPH]),FALSE),LEFT(TableTP[[#This Row],[Down]],2)*VLOOKUP(VALUE(TRIM(CLEAN(RIGHT(TableTP[[#This Row],[Down]],2)))),TableLasers[],COLUMN(TableLasers[S-DPH]),FALSE))","v":59376},{"$f":"SUM(LEFT(TableTP[[#This Row],[Main]],2)*VLOOKUP(VALUE(TRIM(CLEAN(RIGHT(TableTP[[#This Row],[Main]],2)))),TableLasers[],COLUMN(TableLasers[H-DPH]),FALSE),LEFT(TableTP[[#This Row],[Front]],2)*VLOOKUP(VALUE(TRIM(CLEAN(RIGHT(TableTP[[#This Row],[Front]],2)))),TableLasers[],COLUMN(TableLasers[H-DPH]),FALSE),LEFT(TableTP[[#This Row],[Back]],2)*VLOOKUP(VALUE(TRIM(CLEAN(RIGHT(TableTP[[#This Row],[Back]],2)))),TableLasers[],COLUMN(TableLasers[H-DPH]),FALSE),LEFT(TableTP[[#This Row],[Left]],2)*VLOOKUP(VALUE(TRIM(CLEAN(RIGHT(TableTP[[#This Row],[Left]],2)))),TableLasers[],COLUMN(TableLasers[H-DPH]),FALSE),LEFT(TableTP[[#This Row],[Right]],2)*VLOOKUP(VALUE(TRIM(CLEAN(RIGHT(TableTP[[#This Row],[Right]],2)))),TableLasers[],COLUMN(TableLasers[H-DPH]),FALSE),LEFT(TableTP[[#This Row],[Up]],2)*VLOOKUP(VALUE(TRIM(CLEAN(RIGHT(TableTP[[#This Row],[Up]],2)))),TableLasers[],COLUMN(TableLasers[H-DPH]),FALSE),LEFT(TableTP[[#This Row],[Down]],2)*VLOOKUP(VALUE(TRIM(CLEAN(RIGHT(TableTP[[#This Row],[Down]],2)))),TableLasers[],COLUMN(TableLasers[H-DPH]),FALSE))","v":9264},"04::15","00::00","02::15","00::00","00::00","00::00","00::00",4,null,2,null,null,null,null,"0,1,9,15",null,"0,1,9,15",null,null,null,null,35]
[80,"Paranid","TP","Hermes",null,168.56,60.2,16,"XL",20000,"200 MJ  ",3,3600,75.757575757575793,2,950,19,545,0,{"$f":"SUM(LEFT(TableTP[[#This Row],[Main]],2)*VLOOKUP(VALUE(TRIM(CLEAN(RIGHT(TableTP[[#This Row],[Main]],2)))),TableLasers[],COLUMN(TableLasers[S-DPH]),FALSE),LEFT(TableTP[[#This Row],[Front]],2)*VLOOKUP(VALUE(TRIM(CLEAN(RIGHT(TableTP[[#This Row],[Front]],2)))),TableLasers[],COLUMN(TableLasers[S-DPH]),FALSE),LEFT(TableTP[[#This Row],[Back]],2)*VLOOKUP(VALUE(TRIM(CLEAN(RIGHT(TableTP[[#This Row],[Back]],2)))),TableLasers[],COLUMN(TableLasers[S-DPH]),FALSE),LEFT(TableTP[[#This Row],[Left]],2)*VLOOKUP(VALUE(TRIM(CLEAN(RIGHT(TableTP[[#This Row],[Left]],2)))),TableLasers[],COLUMN(TableLasers[S-DPH]),FALSE),LEFT(TableTP[[#This Row],[Right]],2)*VLOOKUP(VALUE(TRIM(CLEAN(RIGHT(TableTP[[#This Row],[Right]],2)))),TableLasers[],COLUMN(TableLasers[S-DPH]),FALSE),LEFT(TableTP[[#This Row],[Up]],2)*VLOOKUP(VALUE(TRIM(CLEAN(RIGHT(TableTP[[#This Row],[Up]],2)))),TableLasers[],COLUMN(TableLasers[S-DPH]),FALSE),LEFT(TableTP[[#This Row],[Down]],2)*VLOOKUP(VALUE(TRIM(CLEAN(RIGHT(TableTP[[#This Row],[Down]],2)))),TableLasers[],COLUMN(TableLasers[S-DPH]),FALSE))","v":10480},{"$f":"SUM(LEFT(TableTP[[#This Row],[Main]],2)*VLOOKUP(VALUE(TRIM(CLEAN(RIGHT(TableTP[[#This Row],[Main]],2)))),TableLasers[],COLUMN(TableLasers[H-DPH]),FALSE),LEFT(TableTP[[#This Row],[Front]],2)*VLOOKUP(VALUE(TRIM(CLEAN(RIGHT(TableTP[[#This Row],[Front]],2)))),TableLasers[],COLUMN(TableLasers[H-DPH]),FALSE),LEFT(TableTP[[#This Row],[Back]],2)*VLOOKUP(VALUE(TRIM(CLEAN(RIGHT(TableTP[[#This Row],[Back]],2)))),TableLasers[],COLUMN(TableLasers[H-DPH]),FALSE),LEFT(TableTP[[#This Row],[Left]],2)*VLOOKUP(VALUE(TRIM(CLEAN(RIGHT(TableTP[[#This Row],[Left]],2)))),TableLasers[],COLUMN(TableLasers[H-DPH]),FALSE),LEFT(TableTP[[#This Row],[Right]],2)*VLOOKUP(VALUE(TRIM(CLEAN(RIGHT(TableTP[[#This Row],[Right]],2)))),TableLasers[],COLUMN(TableLasers[H-DPH]),FALSE),LEFT(TableTP[[#This Row],[Up]],2)*VLOOKUP(VALUE(TRIM(CLEAN(RIGHT(TableTP[[#This Row],[Up]],2)))),TableLasers[],COLUMN(TableLasers[H-DPH]),FALSE),LEFT(TableTP[[#This Row],[Down]],2)*VLOOKUP(VALUE(TRIM(CLEAN(RIGHT(TableTP[[#This Row],[Down]],2)))),TableLasers[],COLUMN(TableLasers[H-DPH]),FALSE))","v":1920},"00::00","00::00","02::06","00::00","00::00","00::00","00::00",null,null,2,null,null,null,null,null,null,"0,1,6,7",null,null,null,null,35]
[81,"Paranid","TP","Hermes","Hauler",154.84,55.3,16,"XL",20600,"200 MJ  ",3,3600,75.757575757575793,2,1000,20,795,0,{"$f":"SUM(LEFT(TableTP[[#This Row],[Main]],2)*VLOOKUP(VALUE(TRIM(CLEAN(RIGHT(TableTP[[#This Row],[Main]],2)))),TableLasers[],COLUMN(TableLasers[S-DPH]),FALSE),LEFT(TableTP[[#This Row],[Front]],2)*VLOOKUP(VALUE(TRIM(CLEAN(RIGHT(TableTP[[#This Row],[Front]],2)))),TableLasers[],COLUMN(TableLasers[S-DPH]),FALSE),LEFT(TableTP[[#This Row],[Back]],2)*VLOOKUP(VALUE(TRIM(CLEAN(RIGHT(TableTP[[#This Row],[Back]],2)))),TableLasers[],COLUMN(TableLasers[S-DPH]),FALSE),LEFT(TableTP[[#This Row],[Left]],2)*VLOOKUP(VALUE(TRIM(CLEAN(RIGHT(TableTP[[#This Row],[Left]],2)))),TableLasers[],COLUMN(TableLasers[S-DPH]),FALSE),LEFT(TableTP[[#This Row],[Right]],2)*VLOOKUP(VALUE(TRIM(CLEAN(RIGHT(TableTP[[#This Row],[Right]],2)))),TableLasers[],COLUMN(TableLasers[S-DPH]),FALSE),LEFT(TableTP[[#This Row],[Up]],2)*VLOOKUP(VALUE(TRIM(CLEAN(RIGHT(TableTP[[#This Row],[Up]],2)))),TableLasers[],COLUMN(TableLasers[S-DPH]),FALSE),LEFT(TableTP[[#This Row],[Down]],2)*VLOOKUP(VALUE(TRIM(CLEAN(RIGHT(TableTP[[#This Row],[Down]],2)))),TableLasers[],COLUMN(TableLasers[S-DPH]),FALSE))","v":10480},{"$f":"SUM(LEFT(TableTP[[#This Row],[Main]],2)*VLOOKUP(VALUE(TRIM(CLEAN(RIGHT(TableTP[[#This Row],[Main]],2)))),TableLasers[],COLUMN(TableLasers[H-DPH]),FALSE),LEFT(TableTP[[#This Row],[Front]],2)*VLOOKUP(VALUE(TRIM(CLEAN(RIGHT(TableTP[[#This Row],[Front]],2)))),TableLasers[],COLUMN(TableLasers[H-DPH]),FALSE),LEFT(TableTP[[#This Row],[Back]],2)*VLOOKUP(VALUE(TRIM(CLEAN(RIGHT(TableTP[[#This Row],[Back]],2)))),TableLasers[],COLUMN(TableLasers[H-DPH]),FALSE),LEFT(TableTP[[#This Row],[Left]],2)*VLOOKUP(VALUE(TRIM(CLEAN(RIGHT(TableTP[[#This Row],[Left]],2)))),TableLasers[],COLUMN(TableLasers[H-DPH]),FALSE),LEFT(TableTP[[#This Row],[Right]],2)*VLOOKUP(VALUE(TRIM(CLEAN(RIGHT(TableTP[[#This Row],[Right]],2)))),TableLasers[],COLUMN(TableLasers[H-DPH]),FALSE),LEFT(TableTP[[#This Row],[Up]],2)*VLOOKUP(VALUE(TRIM(CLEAN(RIGHT(TableTP[[#This Row],[Up]],2)))),TableLasers[],COLUMN(TableLasers[H-DPH]),FALSE),LEFT(TableTP[[#This Row],[Down]],2)*VLOOKUP(VALUE(TRIM(CLEAN(RIGHT(TableTP[[#This Row],[Down]],2)))),TableLasers[],COLUMN(TableLasers[H-DPH]),FALSE))","v":1920},"00::00","00::00","02::06","00::00","00::00","00::00","00::00",null,null,2,null,null,null,null,null,null,"0,1,6,7",null,null,null,null,35]
[111,"Boron","TP","Angel",null,122.76,68.2,16,"XL",32000,"200 MJ  ",6,4600,151.51515151515201,4,1540,26.18,1600,0,{"$f":"SUM(LEFT(TableTP[[#This Row],[Main]],2)*VLOOKUP(VALUE(TRIM(CLEAN(RIGHT(TableTP[[#This Row],[Main]],2)))),TableLasers[],COLUMN(TableLasers[S-DPH]),FALSE),LEFT(TableTP[[#This Row],[Front]],2)*VLOOKUP(VALUE(TRIM(CLEAN(RIGHT(TableTP[[#This Row],[Front]],2)))),TableLasers[],COLUMN(TableLasers[S-DPH]),FALSE),LEFT(TableTP[[#This Row],[Back]],2)*VLOOKUP(VALUE(TRIM(CLEAN(RIGHT(TableTP[[#This Row],[Back]],2)))),TableLasers[],COLUMN(TableLasers[S-DPH]),FALSE),LEFT(TableTP[[#This Row],[Left]],2)*VLOOKUP(VALUE(TRIM(CLEAN(RIGHT(TableTP[[#This Row],[Left]],2)))),TableLasers[],COLUMN(TableLasers[S-DPH]),FALSE),LEFT(TableTP[[#This Row],[Right]],2)*VLOOKUP(VALUE(TRIM(CLEAN(RIGHT(TableTP[[#This Row],[Right]],2)))),TableLasers[],COLUMN(TableLasers[S-DPH]),FALSE),LEFT(TableTP[[#This Row],[Up]],2)*VLOOKUP(VALUE(TRIM(CLEAN(RIGHT(TableTP[[#This Row],[Up]],2)))),TableLasers[],COLUMN(TableLasers[S-DPH]),FALSE),LEFT(TableTP[[#This Row],[Down]],2)*VLOOKUP(VALUE(TRIM(CLEAN(RIGHT(TableTP[[#This Row],[Down]],2)))),TableLasers[],COLUMN(TableLasers[S-DPH]),FALSE))","v":62800},{"$f":"SUM(LEFT(TableTP[[#This Row],[Main]],2)*VLOOKUP(VALUE(TRIM(CLEAN(RIGHT(TableTP[[#This Row],[Main]],2)))),TableLasers[],COLUMN(TableLasers[H-DPH]),FALSE),LEFT(TableTP[[#This Row],[Front]],2)*VLOOKUP(VALUE(TRIM(CLEAN(RIGHT(TableTP[[#This Row],[Front]],2)))),TableLasers[],COLUMN(TableLasers[H-DPH]),FALSE),LEFT(TableTP[[#This Row],[Back]],2)*VLOOKUP(VALUE(TRIM(CLEAN(RIGHT(TableTP[[#This Row],[Back]],2)))),TableLasers[],COLUMN(TableLasers[H-DPH]),FALSE),LEFT(TableTP[[#This Row],[Left]],2)*VLOOKUP(VALUE(TRIM(CLEAN(RIGHT(TableTP[[#This Row],[Left]],2)))),TableLasers[],COLUMN(TableLasers[H-DPH]),FALSE),LEFT(TableTP[[#This Row],[Right]],2)*VLOOKUP(VALUE(TRIM(CLEAN(RIGHT(TableTP[[#This Row],[Right]],2)))),TableLasers[],COLUMN(TableLasers[H-DPH]),FALSE),LEFT(TableTP[[#This Row],[Up]],2)*VLOOKUP(VALUE(TRIM(CLEAN(RIGHT(TableTP[[#This Row],[Up]],2)))),TableLasers[],COLUMN(TableLasers[H-DPH]),FALSE),LEFT(TableTP[[#This Row],[Down]],2)*VLOOKUP(VALUE(TRIM(CLEAN(RIGHT(TableTP[[#This Row],[Down]],2)))),TableLasers[],COLUMN(TableLasers[H-DPH]),FALSE))","v":1600},"00::00","00::00","02::14","00::00","00::00","02::14","00::00",null,null,2,null,null,2,null,null,null,"0,1,4,8,14",null,null,"0,1,4,8,14",null,"0,1,3,5,12,17,22,23,35"]
[112,"Boron","TP","Manta",null,168,56,16,"XL",18000,"200 MJ  ",2,2700,75.757575757575793,0,1,9.9950000000000004E-3,1030,0,{"$f":"SUM(LEFT(TableTP[[#This Row],[Main]],2)*VLOOKUP(VALUE(TRIM(CLEAN(RIGHT(TableTP[[#This Row],[Main]],2)))),TableLasers[],COLUMN(TableLasers[S-DPH]),FALSE),LEFT(TableTP[[#This Row],[Front]],2)*VLOOKUP(VALUE(TRIM(CLEAN(RIGHT(TableTP[[#This Row],[Front]],2)))),TableLasers[],COLUMN(TableLasers[S-DPH]),FALSE),LEFT(TableTP[[#This Row],[Back]],2)*VLOOKUP(VALUE(TRIM(CLEAN(RIGHT(TableTP[[#This Row],[Back]],2)))),TableLasers[],COLUMN(TableLasers[S-DPH]),FALSE),LEFT(TableTP[[#This Row],[Left]],2)*VLOOKUP(VALUE(TRIM(CLEAN(RIGHT(TableTP[[#This Row],[Left]],2)))),TableLasers[],COLUMN(TableLasers[S-DPH]),FALSE),LEFT(TableTP[[#This Row],[Right]],2)*VLOOKUP(VALUE(TRIM(CLEAN(RIGHT(TableTP[[#This Row],[Right]],2)))),TableLasers[],COLUMN(TableLasers[S-DPH]),FALSE),LEFT(TableTP[[#This Row],[Up]],2)*VLOOKUP(VALUE(TRIM(CLEAN(RIGHT(TableTP[[#This Row],[Up]],2)))),TableLasers[],COLUMN(TableLasers[S-DPH]),FALSE),LEFT(TableTP[[#This Row],[Down]],2)*VLOOKUP(VALUE(TRIM(CLEAN(RIGHT(TableTP[[#This Row],[Down]],2)))),TableLasers[],COLUMN(TableLasers[S-DPH]),FALSE))","v":0},{"$f":"SUM(LEFT(TableTP[[#This Row],[Main]],2)*VLOOKUP(VALUE(TRIM(CLEAN(RIGHT(TableTP[[#This Row],[Main]],2)))),TableLasers[],COLUMN(TableLasers[H-DPH]),FALSE),LEFT(TableTP[[#This Row],[Front]],2)*VLOOKUP(VALUE(TRIM(CLEAN(RIGHT(TableTP[[#This Row],[Front]],2)))),TableLasers[],COLUMN(TableLasers[H-DPH]),FALSE),LEFT(TableTP[[#This Row],[Back]],2)*VLOOKUP(VALUE(TRIM(CLEAN(RIGHT(TableTP[[#This Row],[Back]],2)))),TableLasers[],COLUMN(TableLasers[H-DPH]),FALSE),LEFT(TableTP[[#This Row],[Left]],2)*VLOOKUP(VALUE(TRIM(CLEAN(RIGHT(TableTP[[#This Row],[Left]],2)))),TableLasers[],COLUMN(TableLasers[H-DPH]),FALSE),LEFT(TableTP[[#This Row],[Right]],2)*VLOOKUP(VALUE(TRIM(CLEAN(RIGHT(TableTP[[#This Row],[Right]],2)))),TableLasers[],COLUMN(TableLasers[H-DPH]),FALSE),LEFT(TableTP[[#This Row],[Up]],2)*VLOOKUP(VALUE(TRIM(CLEAN(RIGHT(TableTP[[#This Row],[Up]],2)))),TableLasers[],COLUMN(TableLasers[H-DPH]),FALSE),LEFT(TableTP[[#This Row],[Down]],2)*VLOOKUP(VALUE(TRIM(CLEAN(RIGHT(TableTP[[#This Row],[Down]],2)))),TableLasers[],COLUMN(TableLasers[H-DPH]),FALSE))","v":0},"00::00","00::00","00::00","00::00","00::00","00::00","00::00",null,null,null,null,null,null,null,null,null,null,null,null,null,null,35]
[113,"Boron","TP","Manta","Hauler",162.9,54.3,16,"XL",18540,"200 MJ  ",2,2700,75.757575757575793,0,1,9.9950000000000004E-3,1180,0,{"$f":"SUM(LEFT(TableTP[[#This Row],[Main]],2)*VLOOKUP(VALUE(TRIM(CLEAN(RIGHT(TableTP[[#This Row],[Main]],2)))),TableLasers[],COLUMN(TableLasers[S-DPH]),FALSE),LEFT(TableTP[[#This Row],[Front]],2)*VLOOKUP(VALUE(TRIM(CLEAN(RIGHT(TableTP[[#This Row],[Front]],2)))),TableLasers[],COLUMN(TableLasers[S-DPH]),FALSE),LEFT(TableTP[[#This Row],[Back]],2)*VLOOKUP(VALUE(TRIM(CLEAN(RIGHT(TableTP[[#This Row],[Back]],2)))),TableLasers[],COLUMN(TableLasers[S-DPH]),FALSE),LEFT(TableTP[[#This Row],[Left]],2)*VLOOKUP(VALUE(TRIM(CLEAN(RIGHT(TableTP[[#This Row],[Left]],2)))),TableLasers[],COLUMN(TableLasers[S-DPH]),FALSE),LEFT(TableTP[[#This Row],[Right]],2)*VLOOKUP(VALUE(TRIM(CLEAN(RIGHT(TableTP[[#This Row],[Right]],2)))),TableLasers[],COLUMN(TableLasers[S-DPH]),FALSE),LEFT(TableTP[[#This Row],[Up]],2)*VLOOKUP(VALUE(TRIM(CLEAN(RIGHT(TableTP[[#This Row],[Up]],2)))),TableLasers[],COLUMN(TableLasers[S-DPH]),FALSE),LEFT(TableTP[[#This Row],[Down]],2)*VLOOKUP(VALUE(TRIM(CLEAN(RIGHT(TableTP[[#This Row],[Down]],2)))),TableLasers[],COLUMN(TableLasers[S-DPH]),FALSE))","v":0},{"$f":"SUM(LEFT(TableTP[[#This Row],[Main]],2)*VLOOKUP(VALUE(TRIM(CLEAN(RIGHT(TableTP[[#This Row],[Main]],2)))),TableLasers[],COLUMN(TableLasers[H-DPH]),FALSE),LEFT(TableTP[[#This Row],[Front]],2)*VLOOKUP(VALUE(TRIM(CLEAN(RIGHT(TableTP[[#This Row],[Front]],2)))),TableLasers[],COLUMN(TableLasers[H-DPH]),FALSE),LEFT(TableTP[[#This Row],[Back]],2)*VLOOKUP(VALUE(TRIM(CLEAN(RIGHT(TableTP[[#This Row],[Back]],2)))),TableLasers[],COLUMN(TableLasers[H-DPH]),FALSE),LEFT(TableTP[[#This Row],[Left]],2)*VLOOKUP(VALUE(TRIM(CLEAN(RIGHT(TableTP[[#This Row],[Left]],2)))),TableLasers[],COLUMN(TableLasers[H-DPH]),FALSE),LEFT(TableTP[[#This Row],[Right]],2)*VLOOKUP(VALUE(TRIM(CLEAN(RIGHT(TableTP[[#This Row],[Right]],2)))),TableLasers[],COLUMN(TableLasers[H-DPH]),FALSE),LEFT(TableTP[[#This Row],[Up]],2)*VLOOKUP(VALUE(TRIM(CLEAN(RIGHT(TableTP[[#This Row],[Up]],2)))),TableLasers[],COLUMN(TableLasers[H-DPH]),FALSE),LEFT(TableTP[[#This Row],[Down]],2)*VLOOKUP(VALUE(TRIM(CLEAN(RIGHT(TableTP[[#This Row],[Down]],2)))),TableLasers[],COLUMN(TableLasers[H-DPH]),FALSE))","v":0},"00::00","00::00","00::00","00::00","00::00","00::00","00::00",null,null,null,null,null,null,null,null,null,null,null,null,null,null,35]
[143,"Teladi","TP","Toucan",null,112.5,45,15,"XL",24000,"200 MJ  ",4,2700,151.51515151515201,2,650,13,1800,0,{"$f":"SUM(LEFT(TableTP[[#This Row],[Main]],2)*VLOOKUP(VALUE(TRIM(CLEAN(RIGHT(TableTP[[#This Row],[Main]],2)))),TableLasers[],COLUMN(TableLasers[S-DPH]),FALSE),LEFT(TableTP[[#This Row],[Front]],2)*VLOOKUP(VALUE(TRIM(CLEAN(RIGHT(TableTP[[#This Row],[Front]],2)))),TableLasers[],COLUMN(TableLasers[S-DPH]),FALSE),LEFT(TableTP[[#This Row],[Back]],2)*VLOOKUP(VALUE(TRIM(CLEAN(RIGHT(TableTP[[#This Row],[Back]],2)))),TableLasers[],COLUMN(TableLasers[S-DPH]),FALSE),LEFT(TableTP[[#This Row],[Left]],2)*VLOOKUP(VALUE(TRIM(CLEAN(RIGHT(TableTP[[#This Row],[Left]],2)))),TableLasers[],COLUMN(TableLasers[S-DPH]),FALSE),LEFT(TableTP[[#This Row],[Right]],2)*VLOOKUP(VALUE(TRIM(CLEAN(RIGHT(TableTP[[#This Row],[Right]],2)))),TableLasers[],COLUMN(TableLasers[S-DPH]),FALSE),LEFT(TableTP[[#This Row],[Up]],2)*VLOOKUP(VALUE(TRIM(CLEAN(RIGHT(TableTP[[#This Row],[Up]],2)))),TableLasers[],COLUMN(TableLasers[S-DPH]),FALSE),LEFT(TableTP[[#This Row],[Down]],2)*VLOOKUP(VALUE(TRIM(CLEAN(RIGHT(TableTP[[#This Row],[Down]],2)))),TableLasers[],COLUMN(TableLasers[S-DPH]),FALSE))","v":1280},{"$f":"SUM(LEFT(TableTP[[#This Row],[Main]],2)*VLOOKUP(VALUE(TRIM(CLEAN(RIGHT(TableTP[[#This Row],[Main]],2)))),TableLasers[],COLUMN(TableLasers[H-DPH]),FALSE),LEFT(TableTP[[#This Row],[Front]],2)*VLOOKUP(VALUE(TRIM(CLEAN(RIGHT(TableTP[[#This Row],[Front]],2)))),TableLasers[],COLUMN(TableLasers[H-DPH]),FALSE),LEFT(TableTP[[#This Row],[Back]],2)*VLOOKUP(VALUE(TRIM(CLEAN(RIGHT(TableTP[[#This Row],[Back]],2)))),TableLasers[],COLUMN(TableLasers[H-DPH]),FALSE),LEFT(TableTP[[#This Row],[Left]],2)*VLOOKUP(VALUE(TRIM(CLEAN(RIGHT(TableTP[[#This Row],[Left]],2)))),TableLasers[],COLUMN(TableLasers[H-DPH]),FALSE),LEFT(TableTP[[#This Row],[Right]],2)*VLOOKUP(VALUE(TRIM(CLEAN(RIGHT(TableTP[[#This Row],[Right]],2)))),TableLasers[],COLUMN(TableLasers[H-DPH]),FALSE),LEFT(TableTP[[#This Row],[Up]],2)*VLOOKUP(VALUE(TRIM(CLEAN(RIGHT(TableTP[[#This Row],[Up]],2)))),TableLasers[],COLUMN(TableLasers[H-DPH]),FALSE),LEFT(TableTP[[#This Row],[Down]],2)*VLOOKUP(VALUE(TRIM(CLEAN(RIGHT(TableTP[[#This Row],[Down]],2)))),TableLasers[],COLUMN(TableLasers[H-DPH]),FALSE))","v":240},"00::00","00::00","02::01","00::00","00::00","00::00","00::00",null,null,2,null,null,null,null,null,null,"0,1",null,null,null,null,35]
[144,"Teladi","TP","Toucan","Hauler",100,40,12,"XL",24720,"200 MJ  ",4,2700,151.51515151515201,2,750,15,2070,0,{"$f":"SUM(LEFT(TableTP[[#This Row],[Main]],2)*VLOOKUP(VALUE(TRIM(CLEAN(RIGHT(TableTP[[#This Row],[Main]],2)))),TableLasers[],COLUMN(TableLasers[S-DPH]),FALSE),LEFT(TableTP[[#This Row],[Front]],2)*VLOOKUP(VALUE(TRIM(CLEAN(RIGHT(TableTP[[#This Row],[Front]],2)))),TableLasers[],COLUMN(TableLasers[S-DPH]),FALSE),LEFT(TableTP[[#This Row],[Back]],2)*VLOOKUP(VALUE(TRIM(CLEAN(RIGHT(TableTP[[#This Row],[Back]],2)))),TableLasers[],COLUMN(TableLasers[S-DPH]),FALSE),LEFT(TableTP[[#This Row],[Left]],2)*VLOOKUP(VALUE(TRIM(CLEAN(RIGHT(TableTP[[#This Row],[Left]],2)))),TableLasers[],COLUMN(TableLasers[S-DPH]),FALSE),LEFT(TableTP[[#This Row],[Right]],2)*VLOOKUP(VALUE(TRIM(CLEAN(RIGHT(TableTP[[#This Row],[Right]],2)))),TableLasers[],COLUMN(TableLasers[S-DPH]),FALSE),LEFT(TableTP[[#This Row],[Up]],2)*VLOOKUP(VALUE(TRIM(CLEAN(RIGHT(TableTP[[#This Row],[Up]],2)))),TableLasers[],COLUMN(TableLasers[S-DPH]),FALSE),LEFT(TableTP[[#This Row],[Down]],2)*VLOOKUP(VALUE(TRIM(CLEAN(RIGHT(TableTP[[#This Row],[Down]],2)))),TableLasers[],COLUMN(TableLasers[S-DPH]),FALSE))","v":1280},{"$f":"SUM(LEFT(TableTP[[#This Row],[Main]],2)*VLOOKUP(VALUE(TRIM(CLEAN(RIGHT(TableTP[[#This Row],[Main]],2)))),TableLasers[],COLUMN(TableLasers[H-DPH]),FALSE),LEFT(TableTP[[#This Row],[Front]],2)*VLOOKUP(VALUE(TRIM(CLEAN(RIGHT(TableTP[[#This Row],[Front]],2)))),TableLasers[],COLUMN(TableLasers[H-DPH]),FALSE),LEFT(TableTP[[#This Row],[Back]],2)*VLOOKUP(VALUE(TRIM(CLEAN(RIGHT(TableTP[[#This Row],[Back]],2)))),TableLasers[],COLUMN(TableLasers[H-DPH]),FALSE),LEFT(TableTP[[#This Row],[Left]],2)*VLOOKUP(VALUE(TRIM(CLEAN(RIGHT(TableTP[[#This Row],[Left]],2)))),TableLasers[],COLUMN(TableLasers[H-DPH]),FALSE),LEFT(TableTP[[#This Row],[Right]],2)*VLOOKUP(VALUE(TRIM(CLEAN(RIGHT(TableTP[[#This Row],[Right]],2)))),TableLasers[],COLUMN(TableLasers[H-DPH]),FALSE),LEFT(TableTP[[#This Row],[Up]],2)*VLOOKUP(VALUE(TRIM(CLEAN(RIGHT(TableTP[[#This Row],[Up]],2)))),TableLasers[],COLUMN(TableLasers[H-DPH]),FALSE),LEFT(TableTP[[#This Row],[Down]],2)*VLOOKUP(VALUE(TRIM(CLEAN(RIGHT(TableTP[[#This Row],[Down]],2)))),TableLasers[],COLUMN(TableLasers[H-DPH]),FALSE))","v":240},"00::00","00::00","02::01","00::00","00::00","00::00","00::00",null,null,2,null,null,null,null,null,null,"0,1",null,null,null,null,35]
[213,"Terran","TP","Scabbard",null,165,66,18,"XL",17000,"200 MJ  ",4,4650,151.51515151515201,2,750,15,645,0,{"$f":"SUM(LEFT(TableTP[[#This Row],[Main]],2)*VLOOKUP(VALUE(TRIM(CLEAN(RIGHT(TableTP[[#This Row],[Main]],2)))),TableLasers[],COLUMN(TableLasers[S-DPH]),FALSE),LEFT(TableTP[[#This Row],[Front]],2)*VLOOKUP(VALUE(TRIM(CLEAN(RIGHT(TableTP[[#This Row],[Front]],2)))),TableLasers[],COLUMN(TableLasers[S-DPH]),FALSE),LEFT(TableTP[[#This Row],[Back]],2)*VLOOKUP(VALUE(TRIM(CLEAN(RIGHT(TableTP[[#This Row],[Back]],2)))),TableLasers[],COLUMN(TableLasers[S-DPH]),FALSE),LEFT(TableTP[[#This Row],[Left]],2)*VLOOKUP(VALUE(TRIM(CLEAN(RIGHT(TableTP[[#This Row],[Left]],2)))),TableLasers[],COLUMN(TableLasers[S-DPH]),FALSE),LEFT(TableTP[[#This Row],[Right]],2)*VLOOKUP(VALUE(TRIM(CLEAN(RIGHT(TableTP[[#This Row],[Right]],2)))),TableLasers[],COLUMN(TableLasers[S-DPH]),FALSE),LEFT(TableTP[[#This Row],[Up]],2)*VLOOKUP(VALUE(TRIM(CLEAN(RIGHT(TableTP[[#This Row],[Up]],2)))),TableLasers[],COLUMN(TableLasers[S-DPH]),FALSE),LEFT(TableTP[[#This Row],[Down]],2)*VLOOKUP(VALUE(TRIM(CLEAN(RIGHT(TableTP[[#This Row],[Down]],2)))),TableLasers[],COLUMN(TableLasers[S-DPH]),FALSE))","v":0},{"$f":"SUM(LEFT(TableTP[[#This Row],[Main]],2)*VLOOKUP(VALUE(TRIM(CLEAN(RIGHT(TableTP[[#This Row],[Main]],2)))),TableLasers[],COLUMN(TableLasers[H-DPH]),FALSE),LEFT(TableTP[[#This Row],[Front]],2)*VLOOKUP(VALUE(TRIM(CLEAN(RIGHT(TableTP[[#This Row],[Front]],2)))),TableLasers[],COLUMN(TableLasers[H-DPH]),FALSE),LEFT(TableTP[[#This Row],[Back]],2)*VLOOKUP(VALUE(TRIM(CLEAN(RIGHT(TableTP[[#This Row],[Back]],2)))),TableLasers[],COLUMN(TableLasers[H-DPH]),FALSE),LEFT(TableTP[[#This Row],[Left]],2)*VLOOKUP(VALUE(TRIM(CLEAN(RIGHT(TableTP[[#This Row],[Left]],2)))),TableLasers[],COLUMN(TableLasers[H-DPH]),FALSE),LEFT(TableTP[[#This Row],[Right]],2)*VLOOKUP(VALUE(TRIM(CLEAN(RIGHT(TableTP[[#This Row],[Right]],2)))),TableLasers[],COLUMN(TableLasers[H-DPH]),FALSE),LEFT(TableTP[[#This Row],[Up]],2)*VLOOKUP(VALUE(TRIM(CLEAN(RIGHT(TableTP[[#This Row],[Up]],2)))),TableLasers[],COLUMN(TableLasers[H-DPH]),FALSE),LEFT(TableTP[[#This Row],[Down]],2)*VLOOKUP(VALUE(TRIM(CLEAN(RIGHT(TableTP[[#This Row],[Down]],2)))),TableLasers[],COLUMN(TableLasers[H-DPH]),FALSE))","v":0},"00::11","00::00","00::00","00::00","00::00","00::00","00::00",null,null,2,null,null,null,null,"10,11",null,null,null,null,null,null,"4,15,20,24"]
[331,"Argon","TP","Advanced Express",null,170,68,18,"XL",20600,"200 MJ  ",4,4000,151.51515151515201,2,1050,21,950,0,{"$f":"SUM(LEFT(TableTP[[#This Row],[Main]],2)*VLOOKUP(VALUE(TRIM(CLEAN(RIGHT(TableTP[[#This Row],[Main]],2)))),TableLasers[],COLUMN(TableLasers[S-DPH]),FALSE),LEFT(TableTP[[#This Row],[Front]],2)*VLOOKUP(VALUE(TRIM(CLEAN(RIGHT(TableTP[[#This Row],[Front]],2)))),TableLasers[],COLUMN(TableLasers[S-DPH]),FALSE),LEFT(TableTP[[#This Row],[Back]],2)*VLOOKUP(VALUE(TRIM(CLEAN(RIGHT(TableTP[[#This Row],[Back]],2)))),TableLasers[],COLUMN(TableLasers[S-DPH]),FALSE),LEFT(TableTP[[#This Row],[Left]],2)*VLOOKUP(VALUE(TRIM(CLEAN(RIGHT(TableTP[[#This Row],[Left]],2)))),TableLasers[],COLUMN(TableLasers[S-DPH]),FALSE),LEFT(TableTP[[#This Row],[Right]],2)*VLOOKUP(VALUE(TRIM(CLEAN(RIGHT(TableTP[[#This Row],[Right]],2)))),TableLasers[],COLUMN(TableLasers[S-DPH]),FALSE),LEFT(TableTP[[#This Row],[Up]],2)*VLOOKUP(VALUE(TRIM(CLEAN(RIGHT(TableTP[[#This Row],[Up]],2)))),TableLasers[],COLUMN(TableLasers[S-DPH]),FALSE),LEFT(TableTP[[#This Row],[Down]],2)*VLOOKUP(VALUE(TRIM(CLEAN(RIGHT(TableTP[[#This Row],[Down]],2)))),TableLasers[],COLUMN(TableLasers[S-DPH]),FALSE))","v":0},{"$f":"SUM(LEFT(TableTP[[#This Row],[Main]],2)*VLOOKUP(VALUE(TRIM(CLEAN(RIGHT(TableTP[[#This Row],[Main]],2)))),TableLasers[],COLUMN(TableLasers[H-DPH]),FALSE),LEFT(TableTP[[#This Row],[Front]],2)*VLOOKUP(VALUE(TRIM(CLEAN(RIGHT(TableTP[[#This Row],[Front]],2)))),TableLasers[],COLUMN(TableLasers[H-DPH]),FALSE),LEFT(TableTP[[#This Row],[Back]],2)*VLOOKUP(VALUE(TRIM(CLEAN(RIGHT(TableTP[[#This Row],[Back]],2)))),TableLasers[],COLUMN(TableLasers[H-DPH]),FALSE),LEFT(TableTP[[#This Row],[Left]],2)*VLOOKUP(VALUE(TRIM(CLEAN(RIGHT(TableTP[[#This Row],[Left]],2)))),TableLasers[],COLUMN(TableLasers[H-DPH]),FALSE),LEFT(TableTP[[#This Row],[Right]],2)*VLOOKUP(VALUE(TRIM(CLEAN(RIGHT(TableTP[[#This Row],[Right]],2)))),TableLasers[],COLUMN(TableLasers[H-DPH]),FALSE),LEFT(TableTP[[#This Row],[Up]],2)*VLOOKUP(VALUE(TRIM(CLEAN(RIGHT(TableTP[[#This Row],[Up]],2)))),TableLasers[],COLUMN(TableLasers[H-DPH]),FALSE),LEFT(TableTP[[#This Row],[Down]],2)*VLOOKUP(VALUE(TRIM(CLEAN(RIGHT(TableTP[[#This Row],[Down]],2)))),TableLasers[],COLUMN(TableLasers[H-DPH]),FALSE))","v":0},"00::14","00::00","00::00","00::00","00::00","00::00","00::00",null,null,2,null,null,null,null,"3,4,8,14,28,29,35",null,null,null,null,null,null,35]
[352,"Teladi","TP","Toucan Prototype",null,137.5,55,12,"XL",22000,"200 MJ  ",4,4000,151.51515151515201,2,850,17,2000,0,{"$f":"SUM(LEFT(TableTP[[#This Row],[Main]],2)*VLOOKUP(VALUE(TRIM(CLEAN(RIGHT(TableTP[[#This Row],[Main]],2)))),TableLasers[],COLUMN(TableLasers[S-DPH]),FALSE),LEFT(TableTP[[#This Row],[Front]],2)*VLOOKUP(VALUE(TRIM(CLEAN(RIGHT(TableTP[[#This Row],[Front]],2)))),TableLasers[],COLUMN(TableLasers[S-DPH]),FALSE),LEFT(TableTP[[#This Row],[Back]],2)*VLOOKUP(VALUE(TRIM(CLEAN(RIGHT(TableTP[[#This Row],[Back]],2)))),TableLasers[],COLUMN(TableLasers[S-DPH]),FALSE),LEFT(TableTP[[#This Row],[Left]],2)*VLOOKUP(VALUE(TRIM(CLEAN(RIGHT(TableTP[[#This Row],[Left]],2)))),TableLasers[],COLUMN(TableLasers[S-DPH]),FALSE),LEFT(TableTP[[#This Row],[Right]],2)*VLOOKUP(VALUE(TRIM(CLEAN(RIGHT(TableTP[[#This Row],[Right]],2)))),TableLasers[],COLUMN(TableLasers[S-DPH]),FALSE),LEFT(TableTP[[#This Row],[Up]],2)*VLOOKUP(VALUE(TRIM(CLEAN(RIGHT(TableTP[[#This Row],[Up]],2)))),TableLasers[],COLUMN(TableLasers[S-DPH]),FALSE),LEFT(TableTP[[#This Row],[Down]],2)*VLOOKUP(VALUE(TRIM(CLEAN(RIGHT(TableTP[[#This Row],[Down]],2)))),TableLasers[],COLUMN(TableLasers[S-DPH]),FALSE))","v":0},{"$f":"SUM(LEFT(TableTP[[#This Row],[Main]],2)*VLOOKUP(VALUE(TRIM(CLEAN(RIGHT(TableTP[[#This Row],[Main]],2)))),TableLasers[],COLUMN(TableLasers[H-DPH]),FALSE),LEFT(TableTP[[#This Row],[Front]],2)*VLOOKUP(VALUE(TRIM(CLEAN(RIGHT(TableTP[[#This Row],[Front]],2)))),TableLasers[],COLUMN(TableLasers[H-DPH]),FALSE),LEFT(TableTP[[#This Row],[Back]],2)*VLOOKUP(VALUE(TRIM(CLEAN(RIGHT(TableTP[[#This Row],[Back]],2)))),TableLasers[],COLUMN(TableLasers[H-DPH]),FALSE),LEFT(TableTP[[#This Row],[Left]],2)*VLOOKUP(VALUE(TRIM(CLEAN(RIGHT(TableTP[[#This Row],[Left]],2)))),TableLasers[],COLUMN(TableLasers[H-DPH]),FALSE),LEFT(TableTP[[#This Row],[Right]],2)*VLOOKUP(VALUE(TRIM(CLEAN(RIGHT(TableTP[[#This Row],[Right]],2)))),TableLasers[],COLUMN(TableLasers[H-DPH]),FALSE),LEFT(TableTP[[#This Row],[Up]],2)*VLOOKUP(VALUE(TRIM(CLEAN(RIGHT(TableTP[[#This Row],[Up]],2)))),TableLasers[],COLUMN(TableLasers[H-DPH]),FALSE),LEFT(TableTP[[#This Row],[Down]],2)*VLOOKUP(VALUE(TRIM(CLEAN(RIGHT(TableTP[[#This Row],[Down]],2)))),TableLasers[],COLUMN(TableLasers[H-DPH]),FALSE))","v":0},"00::14","00::00","00::00","00::00","00::00","00::00","00::00",null,null,2,null,null,null,null,"4,5,18,8,14",null,null,null,null,null,null,35]
[466,"Argon","TP","Express","Mk I",144.5,57.8,18,"XL",20000,"200 MJ  ",1,3000,75.757575757575793,1,400,3.5979999999999999,750,0,{"$f":"SUM(LEFT(TableTP[[#This Row],[Main]],2)*VLOOKUP(VALUE(TRIM(CLEAN(RIGHT(TableTP[[#This Row],[Main]],2)))),TableLasers[],COLUMN(TableLasers[S-DPH]),FALSE),LEFT(TableTP[[#This Row],[Front]],2)*VLOOKUP(VALUE(TRIM(CLEAN(RIGHT(TableTP[[#This Row],[Front]],2)))),TableLasers[],COLUMN(TableLasers[S-DPH]),FALSE),LEFT(TableTP[[#This Row],[Back]],2)*VLOOKUP(VALUE(TRIM(CLEAN(RIGHT(TableTP[[#This Row],[Back]],2)))),TableLasers[],COLUMN(TableLasers[S-DPH]),FALSE),LEFT(TableTP[[#This Row],[Left]],2)*VLOOKUP(VALUE(TRIM(CLEAN(RIGHT(TableTP[[#This Row],[Left]],2)))),TableLasers[],COLUMN(TableLasers[S-DPH]),FALSE),LEFT(TableTP[[#This Row],[Right]],2)*VLOOKUP(VALUE(TRIM(CLEAN(RIGHT(TableTP[[#This Row],[Right]],2)))),TableLasers[],COLUMN(TableLasers[S-DPH]),FALSE),LEFT(TableTP[[#This Row],[Up]],2)*VLOOKUP(VALUE(TRIM(CLEAN(RIGHT(TableTP[[#This Row],[Up]],2)))),TableLasers[],COLUMN(TableLasers[S-DPH]),FALSE),LEFT(TableTP[[#This Row],[Down]],2)*VLOOKUP(VALUE(TRIM(CLEAN(RIGHT(TableTP[[#This Row],[Down]],2)))),TableLasers[],COLUMN(TableLasers[S-DPH]),FALSE))","v":1080},{"$f":"SUM(LEFT(TableTP[[#This Row],[Main]],2)*VLOOKUP(VALUE(TRIM(CLEAN(RIGHT(TableTP[[#This Row],[Main]],2)))),TableLasers[],COLUMN(TableLasers[H-DPH]),FALSE),LEFT(TableTP[[#This Row],[Front]],2)*VLOOKUP(VALUE(TRIM(CLEAN(RIGHT(TableTP[[#This Row],[Front]],2)))),TableLasers[],COLUMN(TableLasers[H-DPH]),FALSE),LEFT(TableTP[[#This Row],[Back]],2)*VLOOKUP(VALUE(TRIM(CLEAN(RIGHT(TableTP[[#This Row],[Back]],2)))),TableLasers[],COLUMN(TableLasers[H-DPH]),FALSE),LEFT(TableTP[[#This Row],[Left]],2)*VLOOKUP(VALUE(TRIM(CLEAN(RIGHT(TableTP[[#This Row],[Left]],2)))),TableLasers[],COLUMN(TableLasers[H-DPH]),FALSE),LEFT(TableTP[[#This Row],[Right]],2)*VLOOKUP(VALUE(TRIM(CLEAN(RIGHT(TableTP[[#This Row],[Right]],2)))),TableLasers[],COLUMN(TableLasers[H-DPH]),FALSE),LEFT(TableTP[[#This Row],[Up]],2)*VLOOKUP(VALUE(TRIM(CLEAN(RIGHT(TableTP[[#This Row],[Up]],2)))),TableLasers[],COLUMN(TableLasers[H-DPH]),FALSE),LEFT(TableTP[[#This Row],[Down]],2)*VLOOKUP(VALUE(TRIM(CLEAN(RIGHT(TableTP[[#This Row],[Down]],2)))),TableLasers[],COLUMN(TableLasers[H-DPH]),FALSE))","v":200},"00::00","00::00","01::04","00::00","00::00","00::00","00::00",null,null,1,null,null,null,null,null,null,"0,1,4",null,null,null,null,35]
[540,"Terran","TP","Setanta",null,140,70,18,"XL",24000,"200 MJ  ",3,1400,227.272727272727,12,4500,112.5,700,0,{"$f":"SUM(LEFT(TableTP[[#This Row],[Main]],2)*VLOOKUP(VALUE(TRIM(CLEAN(RIGHT(TableTP[[#This Row],[Main]],2)))),TableLasers[],COLUMN(TableLasers[S-DPH]),FALSE),LEFT(TableTP[[#This Row],[Front]],2)*VLOOKUP(VALUE(TRIM(CLEAN(RIGHT(TableTP[[#This Row],[Front]],2)))),TableLasers[],COLUMN(TableLasers[S-DPH]),FALSE),LEFT(TableTP[[#This Row],[Back]],2)*VLOOKUP(VALUE(TRIM(CLEAN(RIGHT(TableTP[[#This Row],[Back]],2)))),TableLasers[],COLUMN(TableLasers[S-DPH]),FALSE),LEFT(TableTP[[#This Row],[Left]],2)*VLOOKUP(VALUE(TRIM(CLEAN(RIGHT(TableTP[[#This Row],[Left]],2)))),TableLasers[],COLUMN(TableLasers[S-DPH]),FALSE),LEFT(TableTP[[#This Row],[Right]],2)*VLOOKUP(VALUE(TRIM(CLEAN(RIGHT(TableTP[[#This Row],[Right]],2)))),TableLasers[],COLUMN(TableLasers[S-DPH]),FALSE),LEFT(TableTP[[#This Row],[Up]],2)*VLOOKUP(VALUE(TRIM(CLEAN(RIGHT(TableTP[[#This Row],[Up]],2)))),TableLasers[],COLUMN(TableLasers[S-DPH]),FALSE),LEFT(TableTP[[#This Row],[Down]],2)*VLOOKUP(VALUE(TRIM(CLEAN(RIGHT(TableTP[[#This Row],[Down]],2)))),TableLasers[],COLUMN(TableLasers[S-DPH]),FALSE))","v":42800},{"$f":"SUM(LEFT(TableTP[[#This Row],[Main]],2)*VLOOKUP(VALUE(TRIM(CLEAN(RIGHT(TableTP[[#This Row],[Main]],2)))),TableLasers[],COLUMN(TableLasers[H-DPH]),FALSE),LEFT(TableTP[[#This Row],[Front]],2)*VLOOKUP(VALUE(TRIM(CLEAN(RIGHT(TableTP[[#This Row],[Front]],2)))),TableLasers[],COLUMN(TableLasers[H-DPH]),FALSE),LEFT(TableTP[[#This Row],[Back]],2)*VLOOKUP(VALUE(TRIM(CLEAN(RIGHT(TableTP[[#This Row],[Back]],2)))),TableLasers[],COLUMN(TableLasers[H-DPH]),FALSE),LEFT(TableTP[[#This Row],[Left]],2)*VLOOKUP(VALUE(TRIM(CLEAN(RIGHT(TableTP[[#This Row],[Left]],2)))),TableLasers[],COLUMN(TableLasers[H-DPH]),FALSE),LEFT(TableTP[[#This Row],[Right]],2)*VLOOKUP(VALUE(TRIM(CLEAN(RIGHT(TableTP[[#This Row],[Right]],2)))),TableLasers[],COLUMN(TableLasers[H-DPH]),FALSE),LEFT(TableTP[[#This Row],[Up]],2)*VLOOKUP(VALUE(TRIM(CLEAN(RIGHT(TableTP[[#This Row],[Up]],2)))),TableLasers[],COLUMN(TableLasers[H-DPH]),FALSE),LEFT(TableTP[[#This Row],[Down]],2)*VLOOKUP(VALUE(TRIM(CLEAN(RIGHT(TableTP[[#This Row],[Down]],2)))),TableLasers[],COLUMN(TableLasers[H-DPH]),FALSE))","v":8730},"02::17","02::11","02::11","02::11","02::11","00::00","02::11",2,2,2,2,2,null,2,"10,11,17","10,11,28,29,35","10,11","10,11","10,11",null,"10,11","4,15,20,24,27,36,37,38,28,39"]

{"sheet":"TM","index":4,"n_rows":13,"n_cols":43,"rows_kept":13,"cut":false,"hidden":false,"merged":[]}
["ID","Race","Class","Name","Variation","Speed","Accel","AAccel","CClass","Hull","SType","SCount","SPower","SRTime","LCount","LEnergy","LRRate","MaxCargo","Hangar","S-Damage","H-Damage","Main","Front","Back","Left","Right","Up","Down","nMain","nFront","nBack","nLeft","nRight","nUp","nDown","xMain","xFront","xBack","xLeft","xRight","xUp","xDown","Missiles"]
[9,"Argon","TM","Magnetar",null,110,55,10,"XL",21000,"200 MJ  ",2,1000,227.272727272727,4,2450,61.25,1500,4,{"$f":"SUM(LEFT(TableTM[[#This Row],[Main]],2)*VLOOKUP(VALUE(TRIM(CLEAN(RIGHT(TableTM[[#This Row],[Main]],2)))),TableLasers[],COLUMN(TableLasers[S-DPH]),FALSE),LEFT(TableTM[[#This Row],[Front]],2)*VLOOKUP(VALUE(TRIM(CLEAN(RIGHT(TableTM[[#This Row],[Front]],2)))),TableLasers[],COLUMN(TableLasers[S-DPH]),FALSE),LEFT(TableTM[[#This Row],[Back]],2)*VLOOKUP(VALUE(TRIM(CLEAN(RIGHT(TableTM[[#This Row],[Back]],2)))),TableLasers[],COLUMN(TableLasers[S-DPH]),FALSE),LEFT(TableTM[[#This Row],[Left]],2)*VLOOKUP(VALUE(TRIM(CLEAN(RIGHT(TableTM[[#This Row],[Left]],2)))),TableLasers[],COLUMN(TableLasers[S-DPH]),FALSE),LEFT(TableTM[[#This Row],[Right]],2)*VLOOKUP(VALUE(TRIM(CLEAN(RIGHT(TableTM[[#This Row],[Right]],2)))),TableLasers[],COLUMN(TableLasers[S-DPH]),FALSE),LEFT(TableTM[[#This Row],[Up]],2)*VLOOKUP(VALUE(TRIM(CLEAN(RIGHT(TableTM[[#This Row],[Up]],2)))),TableLasers[],COLUMN(TableLasers[S-DPH]),FALSE),LEFT(TableTM[[#This Row],[Down]],2)*VLOOKUP(VALUE(TRIM(CLEAN(RIGHT(TableTM[[#This Row],[Down]],2)))),TableLasers[],COLUMN(TableLasers[S-DPH]),FALSE))","v":32200},{"$f":"SUM(LEFT(TableTM[[#This Row],[Main]],2)*VLOOKUP(VALUE(TRIM(CLEAN(RIGHT(TableTM[[#This Row],[Main]],2)))),TableLasers[],COLUMN(TableLasers[H-DPH]),FALSE),LEFT(TableTM[[#This Row],[Front]],2)*VLOOKUP(VALUE(TRIM(CLEAN(RIGHT(TableTM[[#This Row],[Front]],2)))),TableLasers[],COLUMN(TableLasers[H-DPH]),FALSE),LEFT(TableTM[[#This Row],[Back]],2)*VLOOKUP(VALUE(TRIM(CLEAN(RIGHT(TableTM[[#This Row],[Back]],2)))),TableLasers[],COLUMN(TableLasers[H-DPH]),FALSE),LEFT(TableTM[[#This Row],[Left]],2)*VLOOKUP(VALUE(TRIM(CLEAN(RIGHT(TableTM[[#This Row],[Left]],2)))),TableLasers[],COLUMN(TableLasers[H-DPH]),FALSE),LEFT(TableTM[[#This Row],[Right]],2)*VLOOKUP(VALUE(TRIM(CLEAN(RIGHT(TableTM[[#This Row],[Right]],2)))),TableLasers[],COLUMN(TableLasers[H-DPH]),FALSE),LEFT(TableTM[[#This Row],[Up]],2)*VLOOKUP(VALUE(TRIM(CLEAN(RIGHT(TableTM[[#This Row],[Up]],2)))),TableLasers[],COLUMN(TableLasers[H-DPH]),FALSE),LEFT(TableTM[[#This Row],[Down]],2)*VLOOKUP(VALUE(TRIM(CLEAN(RIGHT(TableTM[[#This Row],[Down]],2)))),TableLasers[],COLUMN(TableLasers[H-DPH]),FALSE))","v":5600},"00::00","02::13","02::13","00::00","00::00","00::00","00::00",null,2,2,null,null,null,null,null,"3,4,13,28,29,35","3,4,13,28,29,35",null,null,null,null,"0,35"]
[51,"Split","TM","Boa",null,154.99799999999999,86.11,9,"XL",16800,"200 MJ  ",1,1000,151.51515151515201,8,4000,108,1350,4,{"$f":"SUM(LEFT(TableTM[[#This Row],[Main]],2)*VLOOKUP(VALUE(TRIM(CLEAN(RIGHT(TableTM[[#This Row],[Main]],2)))),TableLasers[],COLUMN(TableLasers[S-DPH]),FALSE),LEFT(TableTM[[#This Row],[Front]],2)*VLOOKUP(VALUE(TRIM(CLEAN(RIGHT(TableTM[[#This Row],[Front]],2)))),TableLasers[],COLUMN(TableLasers[S-DPH]),FALSE),LEFT(TableTM[[#This Row],[Back]],2)*VLOOKUP(VALUE(TRIM(CLEAN(RIGHT(TableTM[[#This Row],[Back]],2)))),TableLasers[],COLUMN(TableLasers[S-DPH]),FALSE),LEFT(TableTM[[#This Row],[Left]],2)*VLOOKUP(VALUE(TRIM(CLEAN(RIGHT(TableTM[[#This Row],[Left]],2)))),TableLasers[],COLUMN(TableLasers[S-DPH]),FALSE),LEFT(TableTM[[#This Row],[Right]],2)*VLOOKUP(VALUE(TRIM(CLEAN(RIGHT(TableTM[[#This Row],[Right]],2)))),TableLasers[],COLUMN(TableLasers[S-DPH]),FALSE),LEFT(TableTM[[#This Row],[Up]],2)*VLOOKUP(VALUE(TRIM(CLEAN(RIGHT(TableTM[[#This Row],[Up]],2)))),TableLasers[],COLUMN(TableLasers[S-DPH]),FALSE),LEFT(TableTM[[#This Row],[Down]],2)*VLOOKUP(VALUE(TRIM(CLEAN(RIGHT(TableTM[[#This Row],[Down]],2)))),TableLasers[],COLUMN(TableLasers[S-DPH]),FALSE))","v":79168},{"$f":"SUM(LEFT(TableTM[[#This Row],[Main]],2)*VLOOKUP(VALUE(TRIM(CLEAN(RIGHT(TableTM[[#This Row],[Main]],2)))),TableLasers[],COLUMN(TableLasers[H-DPH]),FALSE),LEFT(TableTM[[#This Row],[Front]],2)*VLOOKUP(VALUE(TRIM(CLEAN(RIGHT(TableTM[[#This Row],[Front]],2)))),TableLasers[],COLUMN(TableLasers[H-DPH]),FALSE),LEFT(TableTM[[#This Row],[Back]],2)*VLOOKUP(VALUE(TRIM(CLEAN(RIGHT(TableTM[[#This Row],[Back]],2)))),TableLasers[],COLUMN(TableLasers[H-DPH]),FALSE),LEFT(TableTM[[#This Row],[Left]],2)*VLOOKUP(VALUE(TRIM(CLEAN(RIGHT(TableTM[[#This Row],[Left]],2)))),TableLasers[],COLUMN(TableLasers[H-DPH]),FALSE),LEFT(TableTM[[#This Row],[Right]],2)*VLOOKUP(VALUE(TRIM(CLEAN(RIGHT(TableTM[[#This Row],[Right]],2)))),TableLasers[],COLUMN(TableLasers[H-DPH]),FALSE),LEFT(TableTM[[#This Row],[Up]],2)*VLOOKUP(VALUE(TRIM(CLEAN(RIGHT(TableTM[[#This Row],[Up]],2)))),TableLasers[],COLUMN(TableLasers[H-DPH]),FALSE),LEFT(TableTM[[#This Row],[Down]],2)*VLOOKUP(VALUE(TRIM(CLEAN(RIGHT(TableTM[[#This Row],[Down]],2)))),TableLasers[],COLUMN(TableLasers[H-DPH]),FALSE))","v":12352},"00::00","04::15","04::15","00::00","00::00","00::00","00::00",null,4,4,null,null,null,null,null,"3,9,15","3,9,15",null,null,null,null,"0,1,3,5,12,17,22,23,35"]
[82,"Paranid","TM","Helios",null,121,60.5,9,"XL",21000,"200 MJ  ",4,2000,227.272727272727,4,2000,50,1250,4,{"$f":"SUM(LEFT(TableTM[[#This Row],[Main]],2)*VLOOKUP(VALUE(TRIM(CLEAN(RIGHT(TableTM[[#This Row],[Main]],2)))),TableLasers[],COLUMN(TableLasers[S-DPH]),FALSE),LEFT(TableTM[[#This Row],[Front]],2)*VLOOKUP(VALUE(TRIM(CLEAN(RIGHT(TableTM[[#This Row],[Front]],2)))),TableLasers[],COLUMN(TableLasers[S-DPH]),FALSE),LEFT(TableTM[[#This Row],[Back]],2)*VLOOKUP(VALUE(TRIM(CLEAN(RIGHT(TableTM[[#This Row],[Back]],2)))),TableLasers[],COLUMN(TableLasers[S-DPH]),FALSE),LEFT(TableTM[[#This Row],[Left]],2)*VLOOKUP(VALUE(TRIM(CLEAN(RIGHT(TableTM[[#This Row],[Left]],2)))),TableLasers[],COLUMN(TableLasers[S-DPH]),FALSE),LEFT(TableTM[[#This Row],[Right]],2)*VLOOKUP(VALUE(TRIM(CLEAN(RIGHT(TableTM[[#This Row],[Right]],2)))),TableLasers[],COLUMN(TableLasers[S-DPH]),FALSE),LEFT(TableTM[[#This Row],[Up]],2)*VLOOKUP(VALUE(TRIM(CLEAN(RIGHT(TableTM[[#This Row],[Up]],2)))),TableLasers[],COLUMN(TableLasers[S-DPH]),FALSE),LEFT(TableTM[[#This Row],[Down]],2)*VLOOKUP(VALUE(TRIM(CLEAN(RIGHT(TableTM[[#This Row],[Down]],2)))),TableLasers[],COLUMN(TableLasers[S-DPH]),FALSE))","v":32632},{"$f":"SUM(LEFT(TableTM[[#This Row],[Main]],2)*VLOOKUP(VALUE(TRIM(CLEAN(RIGHT(TableTM[[#This Row],[Main]],2)))),TableLasers[],COLUMN(TableLasers[H-DPH]),FALSE),LEFT(TableTM[[#This Row],[Front]],2)*VLOOKUP(VALUE(TRIM(CLEAN(RIGHT(TableTM[[#This Row],[Front]],2)))),TableLasers[],COLUMN(TableLasers[H-DPH]),FALSE),LEFT(TableTM[[#This Row],[Back]],2)*VLOOKUP(VALUE(TRIM(CLEAN(RIGHT(TableTM[[#This Row],[Back]],2)))),TableLasers[],COLUMN(TableLasers[H-DPH]),FALSE),LEFT(TableTM[[#This Row],[Left]],2)*VLOOKUP(VALUE(TRIM(CLEAN(RIGHT(TableTM[[#This Row],[Left]],2)))),TableLasers[],COLUMN(TableLasers[H-DPH]),FALSE),LEFT(TableTM[[#This Row],[Right]],2)*VLOOKUP(VALUE(TRIM(CLEAN(RIGHT(TableTM[[#This Row],[Right]],2)))),TableLasers[],COLUMN(TableLasers[H-DPH]),FALSE),LEFT(TableTM[[#This Row],[Up]],2)*VLOOKUP(VALUE(TRIM(CLEAN(RIGHT(TableTM[[#This Row],[Up]],2)))),TableLasers[],COLUMN(TableLasers[H-DPH]),FALSE),LEFT(TableTM[[#This Row],[Down]],2)*VLOOKUP(VALUE(TRIM(CLEAN(RIGHT(TableTM[[#This Row],[Down]],2)))),TableLasers[],COLUMN(TableLasers[H-DPH]),FALSE))","v":5768},"00::00","02::20","02::20","00::00","00::00","00::00","00::00",null,2,2,null,null,null,null,null,"6,7,20","6,7,20",null,null,null,null,"0,35"]
[114,"Boron","TM","Pleco",null,144.54,80.3,9,"XL",18900,"200 MJ  ",2,1550,151.51515151515201,4,1750,35,1650,4,{"$f":"SUM(LEFT(TableTM[[#This Row],[Main]],2)*VLOOKUP(VALUE(TRIM(CLEAN(RIGHT(TableTM[[#This Row],[Main]],2)))),TableLasers[],COLUMN(TableLasers[S-DPH]),FALSE),LEFT(TableTM[[#This Row],[Front]],2)*VLOOKUP(VALUE(TRIM(CLEAN(RIGHT(TableTM[[#This Row],[Front]],2)))),TableLasers[],COLUMN(TableLasers[S-DPH]),FALSE),LEFT(TableTM[[#This Row],[Back]],2)*VLOOKUP(VALUE(TRIM(CLEAN(RIGHT(TableTM[[#This Row],[Back]],2)))),TableLasers[],COLUMN(TableLasers[S-DPH]),FALSE),LEFT(TableTM[[#This Row],[Left]],2)*VLOOKUP(VALUE(TRIM(CLEAN(RIGHT(TableTM[[#This Row],[Left]],2)))),TableLasers[],COLUMN(TableLasers[S-DPH]),FALSE),LEFT(TableTM[[#This Row],[Right]],2)*VLOOKUP(VALUE(TRIM(CLEAN(RIGHT(TableTM[[#This Row],[Right]],2)))),TableLasers[],COLUMN(TableLasers[S-DPH]),FALSE),LEFT(TableTM[[#This Row],[Up]],2)*VLOOKUP(VALUE(TRIM(CLEAN(RIGHT(TableTM[[#This Row],[Up]],2)))),TableLasers[],COLUMN(TableLasers[S-DPH]),FALSE),LEFT(TableTM[[#This Row],[Down]],2)*VLOOKUP(VALUE(TRIM(CLEAN(RIGHT(TableTM[[#This Row],[Down]],2)))),TableLasers[],COLUMN(TableLasers[S-DPH]),FALSE))","v":62800},{"$f":"SUM(LEFT(TableTM[[#This Row],[Main]],2)*VLOOKUP(VALUE(TRIM(CLEAN(RIGHT(TableTM[[#This Row],[Main]],2)))),TableLasers[],COLUMN(TableLasers[H-DPH]),FALSE),LEFT(TableTM[[#This Row],[Front]],2)*VLOOKUP(VALUE(TRIM(CLEAN(RIGHT(TableTM[[#This Row],[Front]],2)))),TableLasers[],COLUMN(TableLasers[H-DPH]),FALSE),LEFT(TableTM[[#This Row],[Back]],2)*VLOOKUP(VALUE(TRIM(CLEAN(RIGHT(TableTM[[#This Row],[Back]],2)))),TableLasers[],COLUMN(TableLasers[H-DPH]),FALSE),LEFT(TableTM[[#This Row],[Left]],2)*VLOOKUP(VALUE(TRIM(CLEAN(RIGHT(TableTM[[#This Row],[Left]],2)))),TableLasers[],COLUMN(TableLasers[H-DPH]),FALSE),LEFT(TableTM[[#This Row],[Right]],2)*VLOOKUP(VALUE(TRIM(CLEAN(RIGHT(TableTM[[#This Row],[Right]],2)))),TableLasers[],COLUMN(TableLasers[H-DPH]),FALSE),LEFT(TableTM[[#This Row],[Up]],2)*VLOOKUP(VALUE(TRIM(CLEAN(RIGHT(TableTM[[#This Row],[Up]],2)))),TableLasers[],COLUMN(TableLasers[H-DPH]),FALSE),LEFT(TableTM[[#This Row],[Down]],2)*VLOOKUP(VALUE(TRIM(CLEAN(RIGHT(TableTM[[#This Row],[Down]],2)))),TableLasers[],COLUMN(TableLasers[H-DPH]),FALSE))","v":1600},"00::00","02::14","02::14","00::00","00::00","00::00","00::00",null,2,2,null,null,null,null,null,"8,14,28,29,35","8,14,28,29,35",null,null,null,null,"0,35"]
[145,"Teladi","TM","Pelican",null,91.08,50.6,7,"XL",16800,"200 MJ  ",3,950,303.030303030303,4,1650,41.25,3400,4,{"$f":"SUM(LEFT(TableTM[[#This Row],[Main]],2)*VLOOKUP(VALUE(TRIM(CLEAN(RIGHT(TableTM[[#This Row],[Main]],2)))),TableLasers[],COLUMN(TableLasers[S-DPH]),FALSE),LEFT(TableTM[[#This Row],[Front]],2)*VLOOKUP(VALUE(TRIM(CLEAN(RIGHT(TableTM[[#This Row],[Front]],2)))),TableLasers[],COLUMN(TableLasers[S-DPH]),FALSE),LEFT(TableTM[[#This Row],[Back]],2)*VLOOKUP(VALUE(TRIM(CLEAN(RIGHT(TableTM[[#This Row],[Back]],2)))),TableLasers[],COLUMN(TableLasers[S-DPH]),FALSE),LEFT(TableTM[[#This Row],[Left]],2)*VLOOKUP(VALUE(TRIM(CLEAN(RIGHT(TableTM[[#This Row],[Left]],2)))),TableLasers[],COLUMN(TableLasers[S-DPH]),FALSE),LEFT(TableTM[[#This Row],[Right]],2)*VLOOKUP(VALUE(TRIM(CLEAN(RIGHT(TableTM[[#This Row],[Right]],2)))),TableLasers[],COLUMN(TableLasers[S-DPH]),FALSE),LEFT(TableTM[[#This Row],[Up]],2)*VLOOKUP(VALUE(TRIM(CLEAN(RIGHT(TableTM[[#This Row],[Up]],2)))),TableLasers[],COLUMN(TableLasers[S-DPH]),FALSE),LEFT(TableTM[[#This Row],[Down]],2)*VLOOKUP(VALUE(TRIM(CLEAN(RIGHT(TableTM[[#This Row],[Down]],2)))),TableLasers[],COLUMN(TableLasers[S-DPH]),FALSE))","v":52428},{"$f":"SUM(LEFT(TableTM[[#This Row],[Main]],2)*VLOOKUP(VALUE(TRIM(CLEAN(RIGHT(TableTM[[#This Row],[Main]],2)))),TableLasers[],COLUMN(TableLasers[H-DPH]),FALSE),LEFT(TableTM[[#This Row],[Front]],2)*VLOOKUP(VALUE(TRIM(CLEAN(RIGHT(TableTM[[#This Row],[Front]],2)))),TableLasers[],COLUMN(TableLasers[H-DPH]),FALSE),LEFT(TableTM[[#This Row],[Back]],2)*VLOOKUP(VALUE(TRIM(CLEAN(RIGHT(TableTM[[#This Row],[Back]],2)))),TableLasers[],COLUMN(TableLasers[H-DPH]),FALSE),LEFT(TableTM[[#This Row],[Left]],2)*VLOOKUP(VALUE(TRIM(CLEAN(RIGHT(TableTM[[#This Row],[Left]],2)))),TableLasers[],COLUMN(TableLasers[H-DPH]),FALSE),LEFT(TableTM[[#This Row],[Right]],2)*VLOOKUP(VALUE(TRIM(CLEAN(RIGHT(TableTM[[#This Row],[Right]],2)))),TableLasers[],COLUMN(TableLasers[H-DPH]),FALSE),LEFT(TableTM[[#This Row],[Up]],2)*VLOOKUP(VALUE(TRIM(CLEAN(RIGHT(TableTM[[#This Row],[Up]],2)))),TableLasers[],COLUMN(TableLasers[H-DPH]),FALSE),LEFT(TableTM[[#This Row],[Down]],2)*VLOOKUP(VALUE(TRIM(CLEAN(RIGHT(TableTM[[#This Row],[Down]],2)))),TableLasers[],COLUMN(TableLasers[H-DPH]),FALSE))","v":10212},"00::00","02::18","02::18","00::00","00::00","00::00","00::00",null,2,2,null,null,null,null,null,"5,18,2","5,18,2",null,null,null,null,"0,35"]
[177,"Pirates","TM","Caravel",null,175,87.5,10,"XL",15750,"200 MJ  ",1,850,151.51515151515201,8,3850,81.901049999999998,1425,4,{"$f":"SUM(LEFT(TableTM[[#This Row],[Main]],2)*VLOOKUP(VALUE(TRIM(CLEAN(RIGHT(TableTM[[#This Row],[Main]],2)))),TableLasers[],COLUMN(TableLasers[S-DPH]),FALSE),LEFT(TableTM[[#This Row],[Front]],2)*VLOOKUP(VALUE(TRIM(CLEAN(RIGHT(TableTM[[#This Row],[Front]],2)))),TableLasers[],COLUMN(TableLasers[S-DPH]),FALSE),LEFT(TableTM[[#This Row],[Back]],2)*VLOOKUP(VALUE(TRIM(CLEAN(RIGHT(TableTM[[#This Row],[Back]],2)))),TableLasers[],COLUMN(TableLasers[S-DPH]),FALSE),LEFT(TableTM[[#This Row],[Left]],2)*VLOOKUP(VALUE(TRIM(CLEAN(RIGHT(TableTM[[#This Row],[Left]],2)))),TableLasers[],COLUMN(TableLasers[S-DPH]),FALSE),LEFT(TableTM[[#This Row],[Right]],2)*VLOOKUP(VALUE(TRIM(CLEAN(RIGHT(TableTM[[#This Row],[Right]],2)))),TableLasers[],COLUMN(TableLasers[S-DPH]),FALSE),LEFT(TableTM[[#This Row],[Up]],2)*VLOOKUP(VALUE(TRIM(CLEAN(RIGHT(TableTM[[#This Row],[Up]],2)))),TableLasers[],COLUMN(TableLasers[S-DPH]),FALSE),LEFT(TableTM[[#This Row],[Down]],2)*VLOOKUP(VALUE(TRIM(CLEAN(RIGHT(TableTM[[#This Row],[Down]],2)))),TableLasers[],COLUMN(TableLasers[S-DPH]),FALSE))","v":104856},{"$f":"SUM(LEFT(TableTM[[#This Row],[Main]],2)*VLOOKUP(VALUE(TRIM(CLEAN(RIGHT(TableTM[[#This Row],[Main]],2)))),TableLasers[],COLUMN(TableLasers[H-DPH]),FALSE),LEFT(TableTM[[#This Row],[Front]],2)*VLOOKUP(VALUE(TRIM(CLEAN(RIGHT(TableTM[[#This Row],[Front]],2)))),TableLasers[],COLUMN(TableLasers[H-DPH]),FALSE),LEFT(TableTM[[#This Row],[Back]],2)*VLOOKUP(VALUE(TRIM(CLEAN(RIGHT(TableTM[[#This Row],[Back]],2)))),TableLasers[],COLUMN(TableLasers[H-DPH]),FALSE),LEFT(TableTM[[#This Row],[Left]],2)*VLOOKUP(VALUE(TRIM(CLEAN(RIGHT(TableTM[[#This Row],[Left]],2)))),TableLasers[],COLUMN(TableLasers[H-DPH]),FALSE),LEFT(TableTM[[#This Row],[Right]],2)*VLOOKUP(VALUE(TRIM(CLEAN(RIGHT(TableTM[[#This Row],[Right]],2)))),TableLasers[],COLUMN(TableLasers[H-DPH]),FALSE),LEFT(TableTM[[#This Row],[Up]],2)*VLOOKUP(VALUE(TRIM(CLEAN(RIGHT(TableTM[[#This Row],[Up]],2)))),TableLasers[],COLUMN(TableLasers[H-DPH]),FALSE),LEFT(TableTM[[#This Row],[Down]],2)*VLOOKUP(VALUE(TRIM(CLEAN(RIGHT(TableTM[[#This Row],[Down]],2)))),TableLasers[],COLUMN(TableLasers[H-DPH]),FALSE))","v":20424},"00::00","04::18","04::18","00::00","00::00","00::00","00::00",null,4,4,null,null,null,null,null,"0,1,3,5,18,20","0,1,3,5,18,20",null,null,null,null,"0,35"]
[228,"Yaki","TM","Chokaro",null,154,77,10,"XL",14700,"200 MJ  ",2,925,227.272727272727,4,4100,102.5,2500,3,{"$f":"SUM(LEFT(TableTM[[#This Row],[Main]],2)*VLOOKUP(VALUE(TRIM(CLEAN(RIGHT(TableTM[[#This Row],[Main]],2)))),TableLasers[],COLUMN(TableLasers[S-DPH]),FALSE),LEFT(TableTM[[#This Row],[Front]],2)*VLOOKUP(VALUE(TRIM(CLEAN(RIGHT(TableTM[[#This Row],[Front]],2)))),TableLasers[],COLUMN(TableLasers[S-DPH]),FALSE),LEFT(TableTM[[#This Row],[Back]],2)*VLOOKUP(VALUE(TRIM(CLEAN(RIGHT(TableTM[[#This Row],[Back]],2)))),TableLasers[],COLUMN(TableLasers[S-DPH]),FALSE),LEFT(TableTM[[#This Row],[Left]],2)*VLOOKUP(VALUE(TRIM(CLEAN(RIGHT(TableTM[[#This Row],[Left]],2)))),TableLasers[],COLUMN(TableLasers[S-DPH]),FALSE),LEFT(TableTM[[#This Row],[Right]],2)*VLOOKUP(VALUE(TRIM(CLEAN(RIGHT(TableTM[[#This Row],[Right]],2)))),TableLasers[],COLUMN(TableLasers[S-DPH]),FALSE),LEFT(TableTM[[#This Row],[Up]],2)*VLOOKUP(VALUE(TRIM(CLEAN(RIGHT(TableTM[[#This Row],[Up]],2)))),TableLasers[],COLUMN(TableLasers[S-DPH]),FALSE),LEFT(TableTM[[#This Row],[Down]],2)*VLOOKUP(VALUE(TRIM(CLEAN(RIGHT(TableTM[[#This Row],[Down]],2)))),TableLasers[],COLUMN(TableLasers[S-DPH]),FALSE))","v":26796},{"$f":"SUM(LEFT(TableTM[[#This Row],[Main]],2)*VLOOKUP(VALUE(TRIM(CLEAN(RIGHT(TableTM[[#This Row],[Main]],2)))),TableLasers[],COLUMN(TableLasers[H-DPH]),FALSE),LEFT(TableTM[[#This Row],[Front]],2)*VLOOKUP(VALUE(TRIM(CLEAN(RIGHT(TableTM[[#This Row],[Front]],2)))),TableLasers[],COLUMN(TableLasers[H-DPH]),FALSE),LEFT(TableTM[[#This Row],[Back]],2)*VLOOKUP(VALUE(TRIM(CLEAN(RIGHT(TableTM[[#This Row],[Back]],2)))),TableLasers[],COLUMN(TableLasers[H-DPH]),FALSE),LEFT(TableTM[[#This Row],[Left]],2)*VLOOKUP(VALUE(TRIM(CLEAN(RIGHT(TableTM[[#This Row],[Left]],2)))),TableLasers[],COLUMN(TableLasers[H-DPH]),FALSE),LEFT(TableTM[[#This Row],[Right]],2)*VLOOKUP(VALUE(TRIM(CLEAN(RIGHT(TableTM[[#This Row],[Right]],2)))),TableLasers[],COLUMN(TableLasers[H-DPH]),FALSE),LEFT(TableTM[[#This Row],[Up]],2)*VLOOKUP(VALUE(TRIM(CLEAN(RIGHT(TableTM[[#This Row],[Up]],2)))),TableLasers[],COLUMN(TableLasers[H-DPH]),FALSE),LEFT(TableTM[[#This Row],[Down]],2)*VLOOKUP(VALUE(TRIM(CLEAN(RIGHT(TableTM[[#This Row],[Down]],2)))),TableLasers[],COLUMN(TableLasers[H-DPH]),FALSE))","v":4804},"00::00","02::20","02::06","00::00","00::00","00::00","00::00",null,2,2,null,null,null,null,null,"6,7,20","0,1,6,7",null,null,null,null,"0,35"]
[257,"Argon","TM","Zephyrus",null,140,70,10,"XL",13440,"200 MJ  ",3,1200,227.272727272727,6,3500,87.5,1275,4,{"$f":"SUM(LEFT(TableTM[[#This Row],[Main]],2)*VLOOKUP(VALUE(TRIM(CLEAN(RIGHT(TableTM[[#This Row],[Main]],2)))),TableLasers[],COLUMN(TableLasers[S-DPH]),FALSE),LEFT(TableTM[[#This Row],[Front]],2)*VLOOKUP(VALUE(TRIM(CLEAN(RIGHT(TableTM[[#This Row],[Front]],2)))),TableLasers[],COLUMN(TableLasers[S-DPH]),FALSE),LEFT(TableTM[[#This Row],[Back]],2)*VLOOKUP(VALUE(TRIM(CLEAN(RIGHT(TableTM[[#This Row],[Back]],2)))),TableLasers[],COLUMN(TableLasers[S-DPH]),FALSE),LEFT(TableTM[[#This Row],[Left]],2)*VLOOKUP(VALUE(TRIM(CLEAN(RIGHT(TableTM[[#This Row],[Left]],2)))),TableLasers[],COLUMN(TableLasers[S-DPH]),FALSE),LEFT(TableTM[[#This Row],[Right]],2)*VLOOKUP(VALUE(TRIM(CLEAN(RIGHT(TableTM[[#This Row],[Right]],2)))),TableLasers[],COLUMN(TableLasers[S-DPH]),FALSE),LEFT(TableTM[[#This Row],[Up]],2)*VLOOKUP(VALUE(TRIM(CLEAN(RIGHT(TableTM[[#This Row],[Up]],2)))),TableLasers[],COLUMN(TableLasers[S-DPH]),FALSE),LEFT(TableTM[[#This Row],[Down]],2)*VLOOKUP(VALUE(TRIM(CLEAN(RIGHT(TableTM[[#This Row],[Down]],2)))),TableLasers[],COLUMN(TableLasers[S-DPH]),FALSE))","v":35720},{"$f":"SUM(LEFT(TableTM[[#This Row],[Main]],2)*VLOOKUP(VALUE(TRIM(CLEAN(RIGHT(TableTM[[#This Row],[Main]],2)))),TableLasers[],COLUMN(TableLasers[H-DPH]),FALSE),LEFT(TableTM[[#This Row],[Front]],2)*VLOOKUP(VALUE(TRIM(CLEAN(RIGHT(TableTM[[#This Row],[Front]],2)))),TableLasers[],COLUMN(TableLasers[H-DPH]),FALSE),LEFT(TableTM[[#This Row],[Back]],2)*VLOOKUP(VALUE(TRIM(CLEAN(RIGHT(TableTM[[#This Row],[Back]],2)))),TableLasers[],COLUMN(TableLasers[H-DPH]),FALSE),LEFT(TableTM[[#This Row],[Left]],2)*VLOOKUP(VALUE(TRIM(CLEAN(RIGHT(TableTM[[#This Row],[Left]],2)))),TableLasers[],COLUMN(TableLasers[H-DPH]),FALSE),LEFT(TableTM[[#This Row],[Right]],2)*VLOOKUP(VALUE(TRIM(CLEAN(RIGHT(TableTM[[#This Row],[Right]],2)))),TableLasers[],COLUMN(TableLasers[H-DPH]),FALSE),LEFT(TableTM[[#This Row],[Up]],2)*VLOOKUP(VALUE(TRIM(CLEAN(RIGHT(TableTM[[#This Row],[Up]],2)))),TableLasers[],COLUMN(TableLasers[H-DPH]),FALSE),LEFT(TableTM[[#This Row],[Down]],2)*VLOOKUP(VALUE(TRIM(CLEAN(RIGHT(TableTM[[#This Row],[Down]],2)))),TableLasers[],COLUMN(TableLasers[H-DPH]),FALSE))","v":1600},"02::14","02::04","02::04","00::00","00::00","00::00","00::00",2,2,2,null,null,null,null,"0,1,4,8,14","0,1,4","0,1,4",null,null,null,null,"0,1,3,5,12,17,22,23,35"]
[371,"Yaki","TM","Advanced Chokaro",null,156,78,10,"XL",14700,"200 MJ  ",2,925,227.272727272727,4,3100,77.5,1800,6,{"$f":"SUM(LEFT(TableTM[[#This Row],[Main]],2)*VLOOKUP(VALUE(TRIM(CLEAN(RIGHT(TableTM[[#This Row],[Main]],2)))),TableLasers[],COLUMN(TableLasers[S-DPH]),FALSE),LEFT(TableTM[[#This Row],[Front]],2)*VLOOKUP(VALUE(TRIM(CLEAN(RIGHT(TableTM[[#This Row],[Front]],2)))),TableLasers[],COLUMN(TableLasers[S-DPH]),FALSE),LEFT(TableTM[[#This Row],[Back]],2)*VLOOKUP(VALUE(TRIM(CLEAN(RIGHT(TableTM[[#This Row],[Back]],2)))),TableLasers[],COLUMN(TableLasers[S-DPH]),FALSE),LEFT(TableTM[[#This Row],[Left]],2)*VLOOKUP(VALUE(TRIM(CLEAN(RIGHT(TableTM[[#This Row],[Left]],2)))),TableLasers[],COLUMN(TableLasers[S-DPH]),FALSE),LEFT(TableTM[[#This Row],[Right]],2)*VLOOKUP(VALUE(TRIM(CLEAN(RIGHT(TableTM[[#This Row],[Right]],2)))),TableLasers[],COLUMN(TableLasers[S-DPH]),FALSE),LEFT(TableTM[[#This Row],[Up]],2)*VLOOKUP(VALUE(TRIM(CLEAN(RIGHT(TableTM[[#This Row],[Up]],2)))),TableLasers[],COLUMN(TableLasers[S-DPH]),FALSE),LEFT(TableTM[[#This Row],[Down]],2)*VLOOKUP(VALUE(TRIM(CLEAN(RIGHT(TableTM[[#This Row],[Down]],2)))),TableLasers[],COLUMN(TableLasers[S-DPH]),FALSE))","v":10480},{"$f":"SUM(LEFT(TableTM[[#This Row],[Main]],2)*VLOOKUP(VALUE(TRIM(CLEAN(RIGHT(TableTM[[#This Row],[Main]],2)))),TableLasers[],COLUMN(TableLasers[H-DPH]),FALSE),LEFT(TableTM[[#This Row],[Front]],2)*VLOOKUP(VALUE(TRIM(CLEAN(RIGHT(TableTM[[#This Row],[Front]],2)))),TableLasers[],COLUMN(TableLasers[H-DPH]),FALSE),LEFT(TableTM[[#This Row],[Back]],2)*VLOOKUP(VALUE(TRIM(CLEAN(RIGHT(TableTM[[#This Row],[Back]],2)))),TableLasers[],COLUMN(TableLasers[H-DPH]),FALSE),LEFT(TableTM[[#This Row],[Left]],2)*VLOOKUP(VALUE(TRIM(CLEAN(RIGHT(TableTM[[#This Row],[Left]],2)))),TableLasers[],COLUMN(TableLasers[H-DPH]),FALSE),LEFT(TableTM[[#This Row],[Right]],2)*VLOOKUP(VALUE(TRIM(CLEAN(RIGHT(TableTM[[#This Row],[Right]],2)))),TableLasers[],COLUMN(TableLasers[H-DPH]),FALSE),LEFT(TableTM[[#This Row],[Up]],2)*VLOOKUP(VALUE(TRIM(CLEAN(RIGHT(TableTM[[#This Row],[Up]],2)))),TableLasers[],COLUMN(TableLasers[H-DPH]),FALSE),LEFT(TableTM[[#This Row],[Down]],2)*VLOOKUP(VALUE(TRIM(CLEAN(RIGHT(TableTM[[#This Row],[Down]],2)))),TableLasers[],COLUMN(TableLasers[H-DPH]),FALSE))","v":1920},"00::18","00::00","02::06","00::00","00::00","00::00","00::00",null,2,2,null,null,null,null,"5,18,6,7,2,28,29,35",null,"0,1,6,7",null,null,null,null,"0,35"]
[503,"Terran","TM","Macana",null,128,64,10,"XL",12500,"200 MJ  ",2,1300,151.51515151515201,4,2900,72.5,1250,8,{"$f":"SUM(LEFT(TableTM[[#This Row],[Main]],2)*VLOOKUP(VALUE(TRIM(CLEAN(RIGHT(TableTM[[#This Row],[Main]],2)))),TableLasers[],COLUMN(TableLasers[S-DPH]),FALSE),LEFT(TableTM[[#This Row],[Front]],2)*VLOOKUP(VALUE(TRIM(CLEAN(RIGHT(TableTM[[#This Row],[Front]],2)))),TableLasers[],COLUMN(TableLasers[S-DPH]),FALSE),LEFT(TableTM[[#This Row],[Back]],2)*VLOOKUP(VALUE(TRIM(CLEAN(RIGHT(TableTM[[#This Row],[Back]],2)))),TableLasers[],COLUMN(TableLasers[S-DPH]),FALSE),LEFT(TableTM[[#This Row],[Left]],2)*VLOOKUP(VALUE(TRIM(CLEAN(RIGHT(TableTM[[#This Row],[Left]],2)))),TableLasers[],COLUMN(TableLasers[S-DPH]),FALSE),LEFT(TableTM[[#This Row],[Right]],2)*VLOOKUP(VALUE(TRIM(CLEAN(RIGHT(TableTM[[#This Row],[Right]],2)))),TableLasers[],COLUMN(TableLasers[S-DPH]),FALSE),LEFT(TableTM[[#This Row],[Up]],2)*VLOOKUP(VALUE(TRIM(CLEAN(RIGHT(TableTM[[#This Row],[Up]],2)))),TableLasers[],COLUMN(TableLasers[S-DPH]),FALSE),LEFT(TableTM[[#This Row],[Down]],2)*VLOOKUP(VALUE(TRIM(CLEAN(RIGHT(TableTM[[#This Row],[Down]],2)))),TableLasers[],COLUMN(TableLasers[S-DPH]),FALSE))","v":9280},{"$f":"SUM(LEFT(TableTM[[#This Row],[Main]],2)*VLOOKUP(VALUE(TRIM(CLEAN(RIGHT(TableTM[[#This Row],[Main]],2)))),TableLasers[],COLUMN(TableLasers[H-DPH]),FALSE),LEFT(TableTM[[#This Row],[Front]],2)*VLOOKUP(VALUE(TRIM(CLEAN(RIGHT(TableTM[[#This Row],[Front]],2)))),TableLasers[],COLUMN(TableLasers[H-DPH]),FALSE),LEFT(TableTM[[#This Row],[Back]],2)*VLOOKUP(VALUE(TRIM(CLEAN(RIGHT(TableTM[[#This Row],[Back]],2)))),TableLasers[],COLUMN(TableLasers[H-DPH]),FALSE),LEFT(TableTM[[#This Row],[Left]],2)*VLOOKUP(VALUE(TRIM(CLEAN(RIGHT(TableTM[[#This Row],[Left]],2)))),TableLasers[],COLUMN(TableLasers[H-DPH]),FALSE),LEFT(TableTM[[#This Row],[Right]],2)*VLOOKUP(VALUE(TRIM(CLEAN(RIGHT(TableTM[[#This Row],[Right]],2)))),TableLasers[],COLUMN(TableLasers[H-DPH]),FALSE),LEFT(TableTM[[#This Row],[Up]],2)*VLOOKUP(VALUE(TRIM(CLEAN(RIGHT(TableTM[[#This Row],[Up]],2)))),TableLasers[],COLUMN(TableLasers[H-DPH]),FALSE),LEFT(TableTM[[#This Row],[Down]],2)*VLOOKUP(VALUE(TRIM(CLEAN(RIGHT(TableTM[[#This Row],[Down]],2)))),TableLasers[],COLUMN(TableLasers[H-DPH]),FALSE))","v":1812},"00::00","02::11","02::11","00::00","00::00","00::00","00::00",null,2,2,null,null,null,null,null,"10,11","10,11",null,null,null,null,"4,15,20,24,27,36,37,38"]
[504,"ATF","TM","Lofn",null,102,51,10,"XL",22500,"200 MJ  ",3,1500,227.272727272727,6,2800,70,1800,6,{"$f":"SUM(LEFT(TableTM[[#This Row],[Main]],2)*VLOOKUP(VALUE(TRIM(CLEAN(RIGHT(TableTM[[#This Row],[Main]],2)))),TableLasers[],COLUMN(TableLasers[S-DPH]),FALSE),LEFT(TableTM[[#This Row],[Front]],2)*VLOOKUP(VALUE(TRIM(CLEAN(RIGHT(TableTM[[#This Row],[Front]],2)))),TableLasers[],COLUMN(TableLasers[S-DPH]),FALSE),LEFT(TableTM[[#This Row],[Back]],2)*VLOOKUP(VALUE(TRIM(CLEAN(RIGHT(TableTM[[#This Row],[Back]],2)))),TableLasers[],COLUMN(TableLasers[S-DPH]),FALSE),LEFT(TableTM[[#This Row],[Left]],2)*VLOOKUP(VALUE(TRIM(CLEAN(RIGHT(TableTM[[#This Row],[Left]],2)))),TableLasers[],COLUMN(TableLasers[S-DPH]),FALSE),LEFT(TableTM[[#This Row],[Right]],2)*VLOOKUP(VALUE(TRIM(CLEAN(RIGHT(TableTM[[#This Row],[Right]],2)))),TableLasers[],COLUMN(TableLasers[S-DPH]),FALSE),LEFT(TableTM[[#This Row],[Up]],2)*VLOOKUP(VALUE(TRIM(CLEAN(RIGHT(TableTM[[#This Row],[Up]],2)))),TableLasers[],COLUMN(TableLasers[S-DPH]),FALSE),LEFT(TableTM[[#This Row],[Down]],2)*VLOOKUP(VALUE(TRIM(CLEAN(RIGHT(TableTM[[#This Row],[Down]],2)))),TableLasers[],COLUMN(TableLasers[S-DPH]),FALSE))","v":13920},{"$f":"SUM(LEFT(TableTM[[#This Row],[Main]],2)*VLOOKUP(VALUE(TRIM(CLEAN(RIGHT(TableTM[[#This Row],[Main]],2)))),TableLasers[],COLUMN(TableLasers[H-DPH]),FALSE),LEFT(TableTM[[#This Row],[Front]],2)*VLOOKUP(VALUE(TRIM(CLEAN(RIGHT(TableTM[[#This Row],[Front]],2)))),TableLasers[],COLUMN(TableLasers[H-DPH]),FALSE),LEFT(TableTM[[#This Row],[Back]],2)*VLOOKUP(VALUE(TRIM(CLEAN(RIGHT(TableTM[[#This Row],[Back]],2)))),TableLasers[],COLUMN(TableLasers[H-DPH]),FALSE),LEFT(TableTM[[#This Row],[Left]],2)*VLOOKUP(VALUE(TRIM(CLEAN(RIGHT(TableTM[[#This Row],[Left]],2)))),TableLasers[],COLUMN(TableLasers[H-DPH]),FALSE),LEFT(TableTM[[#This Row],[Right]],2)*VLOOKUP(VALUE(TRIM(CLEAN(RIGHT(TableTM[[#This Row],[Right]],2)))),TableLasers[],COLUMN(TableLasers[H-DPH]),FALSE),LEFT(TableTM[[#This Row],[Up]],2)*VLOOKUP(VALUE(TRIM(CLEAN(RIGHT(TableTM[[#This Row],[Up]],2)))),TableLasers[],COLUMN(TableLasers[H-DPH]),FALSE),LEFT(TableTM[[#This Row],[Down]],2)*VLOOKUP(VALUE(TRIM(CLEAN(RIGHT(TableTM[[#This Row],[Down]],2)))),TableLasers[],COLUMN(TableLasers[H-DPH]),FALSE))","v":2718},"00::00","02::11","02::11","00::00","00::00","00::00","02::11",null,2,2,null,null,null,2,null,"10,11,28,29,35","10,11",null,null,null,"10,11","4,15,20,24,27,36,37,38"]
[615,"Kha'ak","TM","Military Transport",null,140,70,10,"XL",12000,"200 MJ  ",2,1200,151.51515151515201,4,8500,196.71549999999999,1400,12,{"$f":"SUM(LEFT(TableTM[[#This Row],[Main]],2)*VLOOKUP(VALUE(TRIM(CLEAN(RIGHT(TableTM[[#This Row],[Main]],2)))),TableLasers[],COLUMN(TableLasers[S-DPH]),FALSE),LEFT(TableTM[[#This Row],[Front]],2)*VLOOKUP(VALUE(TRIM(CLEAN(RIGHT(TableTM[[#This Row],[Front]],2)))),TableLasers[],COLUMN(TableLasers[S-DPH]),FALSE),LEFT(TableTM[[#This Row],[Back]],2)*VLOOKUP(VALUE(TRIM(CLEAN(RIGHT(TableTM[[#This Row],[Back]],2)))),TableLasers[],COLUMN(TableLasers[S-DPH]),FALSE),LEFT(TableTM[[#This Row],[Left]],2)*VLOOKUP(VALUE(TRIM(CLEAN(RIGHT(TableTM[[#This Row],[Left]],2)))),TableLasers[],COLUMN(TableLasers[S-DPH]),FALSE),LEFT(TableTM[[#This Row],[Right]],2)*VLOOKUP(VALUE(TRIM(CLEAN(RIGHT(TableTM[[#This Row],[Right]],2)))),TableLasers[],COLUMN(TableLasers[S-DPH]),FALSE),LEFT(TableTM[[#This Row],[Up]],2)*VLOOKUP(VALUE(TRIM(CLEAN(RIGHT(TableTM[[#This Row],[Up]],2)))),TableLasers[],COLUMN(TableLasers[S-DPH]),FALSE),LEFT(TableTM[[#This Row],[Down]],2)*VLOOKUP(VALUE(TRIM(CLEAN(RIGHT(TableTM[[#This Row],[Down]],2)))),TableLasers[],COLUMN(TableLasers[S-DPH]),FALSE))","v":35040},{"$f":"SUM(LEFT(TableTM[[#This Row],[Main]],2)*VLOOKUP(VALUE(TRIM(CLEAN(RIGHT(TableTM[[#This Row],[Main]],2)))),TableLasers[],COLUMN(TableLasers[H-DPH]),FALSE),LEFT(TableTM[[#This Row],[Front]],2)*VLOOKUP(VALUE(TRIM(CLEAN(RIGHT(TableTM[[#This Row],[Front]],2)))),TableLasers[],COLUMN(TableLasers[H-DPH]),FALSE),LEFT(TableTM[[#This Row],[Back]],2)*VLOOKUP(VALUE(TRIM(CLEAN(RIGHT(TableTM[[#This Row],[Back]],2)))),TableLasers[],COLUMN(TableLasers[H-DPH]),FALSE),LEFT(TableTM[[#This Row],[Left]],2)*VLOOKUP(VALUE(TRIM(CLEAN(RIGHT(TableTM[[#This Row],[Left]],2)))),TableLasers[],COLUMN(TableLasers[H-DPH]),FALSE),LEFT(TableTM[[#This Row],[Right]],2)*VLOOKUP(VALUE(TRIM(CLEAN(RIGHT(TableTM[[#This Row],[Right]],2)))),TableLasers[],COLUMN(TableLasers[H-DPH]),FALSE),LEFT(TableTM[[#This Row],[Up]],2)*VLOOKUP(VALUE(TRIM(CLEAN(RIGHT(TableTM[[#This Row],[Up]],2)))),TableLasers[],COLUMN(TableLasers[H-DPH]),FALSE),LEFT(TableTM[[#This Row],[Down]],2)*VLOOKUP(VALUE(TRIM(CLEAN(RIGHT(TableTM[[#This Row],[Down]],2)))),TableLasers[],COLUMN(TableLasers[H-DPH]),FALSE))","v":7516},"00::00","01::43","01::43","01::43","01::43","00::00","00::00",null,1,1,1,1,null,null,null,"42,43","42,43","42,43","42,43",null,null,26]

{"sheet":"TL","index":5,"n_rows":106,"n_cols":43,"rows_kept":106,"cut":false,"hidden":false,"merged":[]}
["ID","Race","Class","Name","Variation","Speed","Accel","AAccel","CClass","Hull","SType","SCount","SPower","SRTime","LCount","LEnergy","LRRate","MaxCargo","Hangar","S-Damage","H-Damage","Main","Front","Back","Left","Right","Up","Down","nMain","nFront","nBack","nLeft","nRight","nUp","nDown","xMain","xFront","xBack","xLeft","xRight","xUp","xDown","Missiles"]
[0,"Argon","TL","Mammoth",null,78.599999999999994,52.4,7,"ST",150000,"1 GJ ",5,4400,652.17391304347802,8,17100,342,120000,5,{"$f":"SUM(LEFT(TableTL[[#This Row],[Main]],2)*VLOOKUP(VALUE(TRIM(CLEAN(RIGHT(TableTL[[#This Row],[Main]],2)))),TableLasers[],COLUMN(TableLasers[S-DPH]),FALSE),LEFT(TableTL[[#This Row],[Front]],2)*VLOOKUP(VALUE(TRIM(CLEAN(RIGHT(TableTL[[#This Row],[Front]],2)))),TableLasers[],COLUMN(TableLasers[S-DPH]),FALSE),LEFT(TableTL[[#This Row],[Back]],2)*VLOOKUP(VALUE(TRIM(CLEAN(RIGHT(TableTL[[#This Row],[Back]],2)))),TableLasers[],COLUMN(TableLasers[S-DPH]),FALSE),LEFT(TableTL[[#This Row],[Left]],2)*VLOOKUP(VALUE(TRIM(CLEAN(RIGHT(TableTL[[#This Row],[Left]],2)))),TableLasers[],COLUMN(TableLasers[S-DPH]),FALSE),LEFT(TableTL[[#This Row],[Right]],2)*VLOOKUP(VALUE(TRIM(CLEAN(RIGHT(TableTL[[#This Row],[Right]],2)))),TableLasers[],COLUMN(TableLasers[S-DPH]),FALSE),LEFT(TableTL[[#This Row],[Up]],2)*VLOOKUP(VALUE(TRIM(CLEAN(RIGHT(TableTL[[#This Row],[Up]],2)))),TableLasers[],COLUMN(TableLasers[S-DPH]),FALSE),LEFT(TableTL[[#This Row],[Down]],2)*VLOOKUP(VALUE(TRIM(CLEAN(RIGHT(TableTL[[#This Row],[Down]],2)))),TableLasers[],COLUMN(TableLasers[S-DPH]),FALSE))","v":28700},{"$f":"SUM(LEFT(TableTL[[#This Row],[Main]],2)*VLOOKUP(VALUE(TRIM(CLEAN(RIGHT(TableTL[[#This Row],[Main]],2)))),TableLasers[],COLUMN(TableLasers[H-DPH]),FALSE),LEFT(TableTL[[#This Row],[Front]],2)*VLOOKUP(VALUE(TRIM(CLEAN(RIGHT(TableTL[[#This Row],[Front]],2)))),TableLasers[],COLUMN(TableLasers[H-DPH]),FALSE),LEFT(TableTL[[#This Row],[Back]],2)*VLOOKUP(VALUE(TRIM(CLEAN(RIGHT(TableTL[[#This Row],[Back]],2)))),TableLasers[],COLUMN(TableLasers[H-DPH]),FALSE),LEFT(TableTL[[#This Row],[Left]],2)*VLOOKUP(VALUE(TRIM(CLEAN(RIGHT(TableTL[[#This Row],[Left]],2)))),TableLasers[],COLUMN(TableLasers[H-DPH]),FALSE),LEFT(TableTL[[#This Row],[Right]],2)*VLOOKUP(VALUE(TRIM(CLEAN(RIGHT(TableTL[[#This Row],[Right]],2)))),TableLasers[],COLUMN(TableLasers[H-DPH]),FALSE),LEFT(TableTL[[#This Row],[Up]],2)*VLOOKUP(VALUE(TRIM(CLEAN(RIGHT(TableTL[[#This Row],[Up]],2)))),TableLasers[],COLUMN(TableLasers[H-DPH]),FALSE),LEFT(TableTL[[#This Row],[Down]],2)*VLOOKUP(VALUE(TRIM(CLEAN(RIGHT(TableTL[[#This Row],[Down]],2)))),TableLasers[],COLUMN(TableLasers[H-DPH]),FALSE))","v":7084},"00::00","02::13","02::23","02::23","02::23","00::00","00::00",null,2,2,2,2,null,null,null,"0,1,13,28,29,35","0,1,4,23,28,29,35","0,1,4,23,28,29,35","0,1,4,23,28,29,35",null,null,"0,1,3,5,12,17,22,23,35"]
[32,"Unknown","TL","zzPLACEHOLDER","Hauler",41.3,29.5,10,"XL",340000,"2 GJ ",7,34200,363.63636363636402,0,0,0,84000,2,{"$f":"SUM(LEFT(TableTL[[#This Row],[Main]],2)*VLOOKUP(VALUE(TRIM(CLEAN(RIGHT(TableTL[[#This Row],[Main]],2)))),TableLasers[],COLUMN(TableLasers[S-DPH]),FALSE),LEFT(TableTL[[#This Row],[Front]],2)*VLOOKUP(VALUE(TRIM(CLEAN(RIGHT(TableTL[[#This Row],[Front]],2)))),TableLasers[],COLUMN(TableLasers[S-DPH]),FALSE),LEFT(TableTL[[#This Row],[Back]],2)*VLOOKUP(VALUE(TRIM(CLEAN(RIGHT(TableTL[[#This Row],[Back]],2)))),TableLasers[],COLUMN(TableLasers[S-DPH]),FALSE),LEFT(TableTL[[#This Row],[Left]],2)*VLOOKUP(VALUE(TRIM(CLEAN(RIGHT(TableTL[[#This Row],[Left]],2)))),TableLasers[],COLUMN(TableLasers[S-DPH]),FALSE),LEFT(TableTL[[#This Row],[Right]],2)*VLOOKUP(VALUE(TRIM(CLEAN(RIGHT(TableTL[[#This Row],[Right]],2)))),TableLasers[],COLUMN(TableLasers[S-DPH]),FALSE),LEFT(TableTL[[#This Row],[Up]],2)*VLOOKUP(VALUE(TRIM(CLEAN(RIGHT(TableTL[[#This Row],[Up]],2)))),TableLasers[],COLUMN(TableLasers[S-DPH]),FALSE),LEFT(TableTL[[#This Row],[Down]],2)*VLOOKUP(VALUE(TRIM(CLEAN(RIGHT(TableTL[[#This Row],[Down]],2)))),TableLasers[],COLUMN(TableLasers[S-DPH]),FALSE))","v":0},{"$f":"SUM(LEFT(TableTL[[#This Row],[Main]],2)*VLOOKUP(VALUE(TRIM(CLEAN(RIGHT(TableTL[[#This Row],[Main]],2)))),TableLasers[],COLUMN(TableLasers[H-DPH]),FALSE),LEFT(TableTL[[#This Row],[Front]],2)*VLOOKUP(VALUE(TRIM(CLEAN(RIGHT(TableTL[[#This Row],[Front]],2)))),TableLasers[],COLUMN(TableLasers[H-DPH]),FALSE),LEFT(TableTL[[#This Row],[Back]],2)*VLOOKUP(VALUE(TRIM(CLEAN(RIGHT(TableTL[[#This Row],[Back]],2)))),TableLasers[],COLUMN(TableLasers[H-DPH]),FALSE),LEFT(TableTL[[#This Row],[Left]],2)*VLOOKUP(VALUE(TRIM(CLEAN(RIGHT(TableTL[[#This Row],[Left]],2)))),TableLasers[],COLUMN(TableLasers[H-DPH]),FALSE),LEFT(TableTL[[#This Row],[Right]],2)*VLOOKUP(VALUE(TRIM(CLEAN(RIGHT(TableTL[[#This Row],[Right]],2)))),TableLasers[],COLUMN(TableLasers[H-DPH]),FALSE),LEFT(TableTL[[#This Row],[Up]],2)*VLOOKUP(VALUE(TRIM(CLEAN(RIGHT(TableTL[[#This Row],[Up]],2)))),TableLasers[],COLUMN(TableLasers[H-DPH]),FALSE),LEFT(TableTL[[#This Row],[Down]],2)*VLOOKUP(VALUE(TRIM(CLEAN(RIGHT(TableTL[[#This Row],[Down]],2)))),TableLasers[],COLUMN(TableLasers[H-DPH]),FALSE))","v":0},"00::00","00::04","00::04","00::00","00::00","00::00","00::00",null,null,null,null,null,null,null,null,"0,1,3,4,28,29,35","0,1,3,4,28,29,35"]
[33,"Unknown","TL","zzPLACEHOLDER","Hauler",37.799999999999997,27,10,"XXL",340000,"2 GJ ",1,34200,363.63636363636402,0,0,0,48000,2,{"$f":"SUM(LEFT(TableTL[[#This Row],[Main]],2)*VLOOKUP(VALUE(TRIM(CLEAN(RIGHT(TableTL[[#This Row],[Main]],2)))),TableLasers[],COLUMN(TableLasers[S-DPH]),FALSE),LEFT(TableTL[[#This Row],[Front]],2)*VLOOKUP(VALUE(TRIM(CLEAN(RIGHT(TableTL[[#This Row],[Front]],2)))),TableLasers[],COLUMN(TableLasers[S-DPH]),FALSE),LEFT(TableTL[[#This Row],[Back]],2)*VLOOKUP(VALUE(TRIM(CLEAN(RIGHT(TableTL[[#This Row],[Back]],2)))),TableLasers[],COLUMN(TableLasers[S-DPH]),FALSE),LEFT(TableTL[[#This Row],[Left]],2)*VLOOKUP(VALUE(TRIM(CLEAN(RIGHT(TableTL[[#This Row],[Left]],2)))),TableLasers[],COLUMN(TableLasers[S-DPH]),FALSE),LEFT(TableTL[[#This Row],[Right]],2)*VLOOKUP(VALUE(TRIM(CLEAN(RIGHT(TableTL[[#This Row],[Right]],2)))),TableLasers[],COLUMN(TableLasers[S-DPH]),FALSE),LEFT(TableTL[[#This Row],[Up]],2)*VLOOKUP(VALUE(TRIM(CLEAN(RIGHT(TableTL[[#This Row],[Up]],2)))),TableLasers[],COLUMN(TableLasers[S-DPH]),FALSE),LEFT(TableTL[[#This Row],[Down]],2)*VLOOKUP(VALUE(TRIM(CLEAN(RIGHT(TableTL[[#This Row],[Down]],2)))),TableLasers[],COLUMN(TableLasers[S-DPH]),FALSE))","v":0},{"$f":"SUM(LEFT(TableTL[[#This Row],[Main]],2)*VLOOKUP(VALUE(TRIM(CLEAN(RIGHT(TableTL[[#This Row],[Main]],2)))),TableLasers[],COLUMN(TableLasers[H-DPH]),FALSE),LEFT(TableTL[[#This Row],[Front]],2)*VLOOKUP(VALUE(TRIM(CLEAN(RIGHT(TableTL[[#This Row],[Front]],2)))),TableLasers[],COLUMN(TableLasers[H-DPH]),FALSE),LEFT(TableTL[[#This Row],[Back]],2)*VLOOKUP(VALUE(TRIM(CLEAN(RIGHT(TableTL[[#This Row],[Back]],2)))),TableLasers[],COLUMN(TableLasers[H-DPH]),FALSE),LEFT(TableTL[[#This Row],[Left]],2)*VLOOKUP(VALUE(TRIM(CLEAN(RIGHT(TableTL[[#This Row],[Left]],2)))),TableLasers[],COLUMN(TableLasers[H-DPH]),FALSE),LEFT(TableTL[[#This Row],[Right]],2)*VLOOKUP(VALUE(TRIM(CLEAN(RIGHT(TableTL[[#This Row],[Right]],2)))),TableLasers[],COLUMN(TableLasers[H-DPH]),FALSE),LEFT(TableTL[[#This Row],[Up]],2)*VLOOKUP(VALUE(TRIM(CLEAN(RIGHT(TableTL[[#This Row],[Up]],2)))),TableLasers[],COLUMN(TableLasers[H-DPH]),FALSE),LEFT(TableTL[[#This Row],[Down]],2)*VLOOKUP(VALUE(TRIM(CLEAN(RIGHT(TableTL[[#This Row],[Down]],2)))),TableLasers[],COLUMN(TableLasers[H-DPH]),FALSE))","v":0},"00::00","00::23","00::23","00::00","00::00","00::00","00::00",null,null,null,null,null,null,null,null,"0,1,3,4,23,28,29,35","0,1,3,4,23,28,29,35"]
[34,"Unknown","TL","zzPLACEHOLDER","Hauler",37.799999999999997,27,10,"XXL",340000,"2 GJ ",1,34200,363.63636363636402,0,0,0,48000,2,{"$f":"SUM(LEFT(TableTL[[#This Row],[Main]],2)*VLOOKUP(VALUE(TRIM(CLEAN(RIGHT(TableTL[[#This Row],[Main]],2)))),TableLasers[],COLUMN(TableLasers[S-DPH]),FALSE),LEFT(TableTL[[#This Row],[Front]],2)*VLOOKUP(VALUE(TRIM(CLEAN(RIGHT(TableTL[[#This Row],[Front]],2)))),TableLasers[],COLUMN(TableLasers[S-DPH]),FALSE),LEFT(TableTL[[#This Row],[Back]],2)*VLOOKUP(VALUE(TRIM(CLEAN(RIGHT(TableTL[[#This Row],[Back]],2)))),TableLasers[],COLUMN(TableLasers[S-DPH]),FALSE),LEFT(TableTL[[#This Row],[Left]],2)*VLOOKUP(VALUE(TRIM(CLEAN(RIGHT(TableTL[[#This Row],[Left]],2)))),TableLasers[],COLUMN(TableLasers[S-DPH]),FALSE),LEFT(TableTL[[#This Row],[Right]],2)*VLOOKUP(VALUE(TRIM(CLEAN(RIGHT(TableTL[[#This Row],[Right]],2)))),TableLasers[],COLUMN(TableLasers[S-DPH]),FALSE),LEFT(TableTL[[#This Row],[Up]],2)*VLOOKUP(VALUE(TRIM(CLEAN(RIGHT(TableTL[[#This Row],[Up]],2)))),TableLasers[],COLUMN(TableLasers[S-DPH]),FALSE),LEFT(TableTL[[#This Row],[Down]],2)*VLOOKUP(VALUE(TRIM(CLEAN(RIGHT(TableTL[[#This Row],[Down]],2)))),TableLasers[],COLUMN(TableLasers[S-DPH]),FALSE))","v":0},{"$f":"SUM(LEFT(TableTL[[#This Row],[Main]],2)*VLOOKUP(VALUE(TRIM(CLEAN(RIGHT(TableTL[[#This Row],[Main]],2)))),TableLasers[],COLUMN(TableLasers[H-DPH]),FALSE),LEFT(TableTL[[#This Row],[Front]],2)*VLOOKUP(VALUE(TRIM(CLEAN(RIGHT(TableTL[[#This Row],[Front]],2)))),TableLasers[],COLUMN(TableLasers[H-DPH]),FALSE),LEFT(TableTL[[#This Row],[Back]],2)*VLOOKUP(VALUE(TRIM(CLEAN(RIGHT(TableTL[[#This Row],[Back]],2)))),TableLasers[],COLUMN(TableLasers[H-DPH]),FALSE),LEFT(TableTL[[#This Row],[Left]],2)*VLOOKUP(VALUE(TRIM(CLEAN(RIGHT(TableTL[[#This Row],[Left]],2)))),TableLasers[],COLUMN(TableLasers[H-DPH]),FALSE),LEFT(TableTL[[#This Row],[Right]],2)*VLOOKUP(VALUE(TRIM(CLEAN(RIGHT(TableTL[[#This Row],[Right]],2)))),TableLasers[],COLUMN(TableLasers[H-DPH]),FALSE),LEFT(TableTL[[#This Row],[Up]],2)*VLOOKUP(VALUE(TRIM(CLEAN(RIGHT(TableTL[[#This Row],[Up]],2)))),TableLasers[],COLUMN(TableLasers[H-DPH]),FALSE),LEFT(TableTL[[#This Row],[Down]],2)*VLOOKUP(VALUE(TRIM(CLEAN(RIGHT(TableTL[[#This Row],[Down]],2)))),TableLasers[],COLUMN(TableLasers[H-DPH]),FALSE))","v":0},"00::00","00::23","00::23","00::00","00::00","00::00","00::00",null,null,null,null,null,null,null,null,"0,1,3,4,23,28,29,35","0,1,3,4,23,28,29,35"]
[35,"Unknown","TL","zzPLACEHOLDER","Hauler",37.799999999999997,27,10,"XXL",340000,"2 GJ ",1,34200,363.63636363636402,0,0,0,48000,2,{"$f":"SUM(LEFT(TableTL[[#This Row],[Main]],2)*VLOOKUP(VALUE(TRIM(CLEAN(RIGHT(TableTL[[#This Row],[Main]],2)))),TableLasers[],COLUMN(TableLasers[S-DPH]),FALSE),LEFT(TableTL[[#This Row],[Front]],2)*VLOOKUP(VALUE(TRIM(CLEAN(RIGHT(TableTL[[#This Row],[Front]],2)))),TableLasers[],COLUMN(TableLasers[S-DPH]),FALSE),LEFT(TableTL[[#This Row],[Back]],2)*VLOOKUP(VALUE(TRIM(CLEAN(RIGHT(TableTL[[#This Row],[Back]],2)))),TableLasers[],COLUMN(TableLasers[S-DPH]),FALSE),LEFT(TableTL[[#This Row],[Left]],2)*VLOOKUP(VALUE(TRIM(CLEAN(RIGHT(TableTL[[#This Row],[Left]],2)))),TableLasers[],COLUMN(TableLasers[S-DPH]),FALSE),LEFT(TableTL[[#This Row],[Right]],2)*VLOOKUP(VALUE(TRIM(CLEAN(RIGHT(TableTL[[#This Row],[Right]],2)))),TableLasers[],COLUMN(TableLasers[S-DPH]),FALSE),LEFT(TableTL[[#This Row],[Up]],2)*VLOOKUP(VALUE(TRIM(CLEAN(RIGHT(TableTL[[#This Row],[Up]],2)))),TableLasers[],COLUMN(TableLasers[S-DPH]),FALSE),LEFT(TableTL[[#This Row],[Down]],2)*VLOOKUP(VALUE(TRIM(CLEAN(RIGHT(TableTL[[#This Row],[Down]],2)))),TableLasers[],COLUMN(TableLasers[S-DPH]),FALSE))","v":0},{"$f":"SUM(LEFT(TableTL[[#This Row],[Main]],2)*VLOOKUP(VALUE(TRIM(CLEAN(RIGHT(TableTL[[#This Row],[Main]],2)))),TableLasers[],COLUMN(TableLasers[H-DPH]),FALSE),LEFT(TableTL[[#This Row],[Front]],2)*VLOOKUP(VALUE(TRIM(CLEAN(RIGHT(TableTL[[#This Row],[Front]],2)))),TableLasers[],COLUMN(TableLasers[H-DPH]),FALSE),LEFT(TableTL[[#This Row],[Back]],2)*VLOOKUP(VALUE(TRIM(CLEAN(RIGHT(TableTL[[#This Row],[Back]],2)))),TableLasers[],COLUMN(TableLasers[H-DPH]),FALSE),LEFT(TableTL[[#This Row],[Left]],2)*VLOOKUP(VALUE(TRIM(CLEAN(RIGHT(TableTL[[#This Row],[Left]],2)))),TableLasers[],COLUMN(TableLasers[H-DPH]),FALSE),LEFT(TableTL[[#This Row],[Right]],2)*VLOOKUP(VALUE(TRIM(CLEAN(RIGHT(TableTL[[#This Row],[Right]],2)))),TableLasers[],COLUMN(TableLasers[H-DPH]),FALSE),LEFT(TableTL[[#This Row],[Up]],2)*VLOOKUP(VALUE(TRIM(CLEAN(RIGHT(TableTL[[#This Row],[Up]],2)))),TableLasers[],COLUMN(TableLasers[H-DPH]),FALSE),LEFT(TableTL[[#This Row],[Down]],2)*VLOOKUP(VALUE(TRIM(CLEAN(RIGHT(TableTL[[#This Row],[Down]],2)))),TableLasers[],COLUMN(TableLasers[H-DPH]),FALSE))","v":0},"00::00","00::23","00::23","00::00","00::00","00::00","00::00",null,null,null,null,null,null,null,null,"0,1,3,4,23,28,29,35","0,1,3,4,23,28,29,35"]
[36,"Unknown","TL","zzPLACEHOLDER","Hauler",37.799999999999997,27,10,"XXL",340000,"2 GJ ",1,34200,363.63636363636402,0,0,0,48000,2,{"$f":"SUM(LEFT(TableTL[[#This Row],[Main]],2)*VLOOKUP(VALUE(TRIM(CLEAN(RIGHT(TableTL[[#This Row],[Main]],2)))),TableLasers[],COLUMN(TableLasers[S-DPH]),FALSE),LEFT(TableTL[[#This Row],[Front]],2)*VLOOKUP(VALUE(TRIM(CLEAN(RIGHT(TableTL[[#This Row],[Front]],2)))),TableLasers[],COLUMN(TableLasers[S-DPH]),FALSE),LEFT(TableTL[[#This Row],[Back]],2)*VLOOKUP(VALUE(TRIM(CLEAN(RIGHT(TableTL[[#This Row],[Back]],2)))),TableLasers[],COLUMN(TableLasers[S-DPH]),FALSE),LEFT(TableTL[[#This Row],[Left]],2)*VLOOKUP(VALUE(TRIM(CLEAN(RIGHT(TableTL[[#This Row],[Left]],2)))),TableLasers[],COLUMN(TableLasers[S-DPH]),FALSE),LEFT(TableTL[[#This Row],[Right]],2)*VLOOKUP(VALUE(TRIM(CLEAN(RIGHT(TableTL[[#This Row],[Right]],2)))),TableLasers[],COLUMN(TableLasers[S-DPH]),FALSE),LEFT(TableTL[[#This Row],[Up]],2)*VLOOKUP(VALUE(TRIM(CLEAN(RIGHT(TableTL[[#This Row],[Up]],2)))),TableLasers[],COLUMN(TableLasers[S-DPH]),FALSE),LEFT(TableTL[[#This Row],[Down]],2)*VLOOKUP(VALUE(TRIM(CLEAN(RIGHT(TableTL[[#This Row],[Down]],2)))),TableLasers[],COLUMN(TableLasers[S-DPH]),FALSE))","v":0},{"$f":"SUM(LEFT(TableTL[[#This Row],[Main]],2)*VLOOKUP(VALUE(TRIM(CLEAN(RIGHT(TableTL[[#This Row],[Main]],2)))),TableLasers[],COLUMN(TableLasers[H-DPH]),FALSE),LEFT(TableTL[[#This Row],[Front]],2)*VLOOKUP(VALUE(TRIM(CLEAN(RIGHT(TableTL[[#This Row],[Front]],2)))),TableLasers[],COLUMN(TableLasers[H-DPH]),FALSE),LEFT(TableTL[[#This Row],[Back]],2)*VLOOKUP(VALUE(TRIM(CLEAN(RIGHT(TableTL[[#This Row],[Back]],2)))),TableLasers[],COLUMN(TableLasers[H-DPH]),FALSE),LEFT(TableTL[[#This Row],[Left]],2)*VLOOKUP(VALUE(TRIM(CLEAN(RIGHT(TableTL[[#This Row],[Left]],2)))),TableLasers[],COLUMN(TableLasers[H-DPH]),FALSE),LEFT(TableTL[[#This Row],[Right]],2)*VLOOKUP(VALUE(TRIM(CLEAN(RIGHT(TableTL[[#This Row],[Right]],2)))),TableLasers[],COLUMN(TableLasers[H-DPH]),FALSE),LEFT(TableTL[[#This Row],[Up]],2)*VLOOKUP(VALUE(TRIM(CLEAN(RIGHT(TableTL[[#This Row],[Up]],2)))),TableLasers[],COLUMN(TableLasers[H-DPH]),FALSE),LEFT(TableTL[[#This Row],[Down]],2)*VLOOKUP(VALUE(TRIM(CLEAN(RIGHT(TableTL[[#This Row],[Down]],2)))),TableLasers[],COLUMN(TableLasers[H-DPH]),FALSE))","v":0},"00::00","00::23","00::23","00::00","00::00","00::00","00::00",null,null,null,null,null,null,null,null,"0,1,3,4,23,28,29,35","0,1,3,4,23,28,29,35"]
[37,"Unknown","TL","zzPLACEHOLDER","Hauler",37.799999999999997,27,10,"XXL",340000,"2 GJ ",1,34200,363.63636363636402,0,0,0,48000,2,{"$f":"SUM(LEFT(TableTL[[#This Row],[Main]],2)*VLOOKUP(VALUE(TRIM(CLEAN(RIGHT(TableTL[[#This Row],[Main]],2)))),TableLasers[],COLUMN(TableLasers[S-DPH]),FALSE),LEFT(TableTL[[#This Row],[Front]],2)*VLOOKUP(VALUE(TRIM(CLEAN(RIGHT(TableTL[[#This Row],[Front]],2)))),TableLasers[],COLUMN(TableLasers[S-DPH]),FALSE),LEFT(TableTL[[#This Row],[Back]],2)*VLOOKUP(VALUE(TRIM(CLEAN(RIGHT(TableTL[[#This Row],[Back]],2)))),TableLasers[],COLUMN(TableLasers[S-DPH]),FALSE),LEFT(TableTL[[#This Row],[Left]],2)*VLOOKUP(VALUE(TRIM(CLEAN(RIGHT(TableTL[[#This Row],[Left]],2)))),TableLasers[],COLUMN(TableLasers[S-DPH]),FALSE),LEFT(TableTL[[#This Row],[Right]],2)*VLOOKUP(VALUE(TRIM(CLEAN(RIGHT(TableTL[[#This Row],[Right]],2)))),TableLasers[],COLUMN(TableLasers[S-DPH]),FALSE),LEFT(TableTL[[#This Row],[Up]],2)*VLOOKUP(VALUE(TRIM(CLEAN(RIGHT(TableTL[[#This Row],[Up]],2)))),TableLasers[],COLUMN(TableLasers[S-DPH]),FALSE),LEFT(TableTL[[#This Row],[Down]],2)*VLOOKUP(VALUE(TRIM(CLEAN(RIGHT(TableTL[[#This Row],[Down]],2)))),TableLasers[],COLUMN(TableLasers[S-DPH]),FALSE))","v":0},{"$f":"SUM(LEFT(TableTL[[#This Row],[Main]],2)*VLOOKUP(VALUE(TRIM(CLEAN(RIGHT(TableTL[[#This Row],[Main]],2)))),TableLasers[],COLUMN(TableLasers[H-DPH]),FALSE),LEFT(TableTL[[#This Row],[Front]],2)*VLOOKUP(VALUE(TRIM(CLEAN(RIGHT(TableTL[[#This Row],[Front]],2)))),TableLasers[],COLUMN(TableLasers[H-DPH]),FALSE),LEFT(TableTL[[#This Row],[Back]],2)*VLOOKUP(VALUE(TRIM(CLEAN(RIGHT(TableTL[[#This Row],[Back]],2)))),TableLasers[],COLUMN(TableLasers[H-DPH]),FALSE),LEFT(TableTL[[#This Row],[Left]],2)*VLOOKUP(VALUE(TRIM(CLEAN(RIGHT(TableTL[[#This Row],[Left]],2)))),TableLasers[],COLUMN(TableLasers[H-DPH]),FALSE),LEFT(TableTL[[#This Row],[Right]],2)*VLOOKUP(VALUE(TRIM(CLEAN(RIGHT(TableTL[[#This Row],[Right]],2)))),TableLasers[],COLUMN(TableLasers[H-DPH]),FALSE),LEFT(TableTL[[#This Row],[Up]],2)*VLOOKUP(VALUE(TRIM(CLEAN(RIGHT(TableTL[[#This Row],[Up]],2)))),TableLasers[],COLUMN(TableLasers[H-DPH]),FALSE),LEFT(TableTL[[#This Row],[Down]],2)*VLOOKUP(VALUE(TRIM(CLEAN(RIGHT(TableTL[[#This Row],[Down]],2)))),TableLasers[],COLUMN(TableLasers[H-DPH]),FALSE))","v":0},"00::00","00::23","00::23","00::00","00::00","00::00","00::00",null,null,null,null,null,null,null,null,"0,1,3,4,23,28,29,35","0,1,3,4,23,28,29,35"]
[41,"Split","TL","Elephant",null,93,62,6,"ST",120000,"1 GJ ",4,4600,434.78260869565202,12,27300,546,68000,14,{"$f":"SUM(LEFT(TableTL[[#This Row],[Main]],2)*VLOOKUP(VALUE(TRIM(CLEAN(RIGHT(TableTL[[#This Row],[Main]],2)))),TableLasers[],COLUMN(TableLasers[S-DPH]),FALSE),LEFT(TableTL[[#This Row],[Front]],2)*VLOOKUP(VALUE(TRIM(CLEAN(RIGHT(TableTL[[#This Row],[Front]],2)))),TableLasers[],COLUMN(TableLasers[S-DPH]),FALSE),LEFT(TableTL[[#This Row],[Back]],2)*VLOOKUP(VALUE(TRIM(CLEAN(RIGHT(TableTL[[#This Row],[Back]],2)))),TableLasers[],COLUMN(TableLasers[S-DPH]),FALSE),LEFT(TableTL[[#This Row],[Left]],2)*VLOOKUP(VALUE(TRIM(CLEAN(RIGHT(TableTL[[#This Row],[Left]],2)))),TableLasers[],COLUMN(TableLasers[S-DPH]),FALSE),LEFT(TableTL[[#This Row],[Right]],2)*VLOOKUP(VALUE(TRIM(CLEAN(RIGHT(TableTL[[#This Row],[Right]],2)))),TableLasers[],COLUMN(TableLasers[S-DPH]),FALSE),LEFT(TableTL[[#This Row],[Up]],2)*VLOOKUP(VALUE(TRIM(CLEAN(RIGHT(TableTL[[#This Row],[Up]],2)))),TableLasers[],COLUMN(TableLasers[S-DPH]),FALSE),LEFT(TableTL[[#This Row],[Down]],2)*VLOOKUP(VALUE(TRIM(CLEAN(RIGHT(TableTL[[#This Row],[Down]],2)))),TableLasers[],COLUMN(TableLasers[S-DPH]),FALSE))","v":118752},{"$f":"SUM(LEFT(TableTL[[#This Row],[Main]],2)*VLOOKUP(VALUE(TRIM(CLEAN(RIGHT(TableTL[[#This Row],[Main]],2)))),TableLasers[],COLUMN(TableLasers[H-DPH]),FALSE),LEFT(TableTL[[#This Row],[Front]],2)*VLOOKUP(VALUE(TRIM(CLEAN(RIGHT(TableTL[[#This Row],[Front]],2)))),TableLasers[],COLUMN(TableLasers[H-DPH]),FALSE),LEFT(TableTL[[#This Row],[Back]],2)*VLOOKUP(VALUE(TRIM(CLEAN(RIGHT(TableTL[[#This Row],[Back]],2)))),TableLasers[],COLUMN(TableLasers[H-DPH]),FALSE),LEFT(TableTL[[#This Row],[Left]],2)*VLOOKUP(VALUE(TRIM(CLEAN(RIGHT(TableTL[[#This Row],[Left]],2)))),TableLasers[],COLUMN(TableLasers[H-DPH]),FALSE),LEFT(TableTL[[#This Row],[Right]],2)*VLOOKUP(VALUE(TRIM(CLEAN(RIGHT(TableTL[[#This Row],[Right]],2)))),TableLasers[],COLUMN(TableLasers[H-DPH]),FALSE),LEFT(TableTL[[#This Row],[Up]],2)*VLOOKUP(VALUE(TRIM(CLEAN(RIGHT(TableTL[[#This Row],[Up]],2)))),TableLasers[],COLUMN(TableLasers[H-DPH]),FALSE),LEFT(TableTL[[#This Row],[Down]],2)*VLOOKUP(VALUE(TRIM(CLEAN(RIGHT(TableTL[[#This Row],[Down]],2)))),TableLasers[],COLUMN(TableLasers[H-DPH]),FALSE))","v":18528},"00::00","03::15","03::15","03::15","03::15","00::00","00::00",null,3,3,3,3,null,null,null,"0,1,3,9,15,28,29,35","9,15,24,28,29,35","0,1,3,9,15,24","0,1,3,9,15,24",null,null,"0,35"]
[73,"Paranid","TL","Hercules",null,81.599999999999994,54.4,6,"ST",150000,"1 GJ ",6,5400,652.17391304347802,8,18800,187.90600000000001,80000,9,{"$f":"SUM(LEFT(TableTL[[#This Row],[Main]],2)*VLOOKUP(VALUE(TRIM(CLEAN(RIGHT(TableTL[[#This Row],[Main]],2)))),TableLasers[],COLUMN(TableLasers[S-DPH]),FALSE),LEFT(TableTL[[#This Row],[Front]],2)*VLOOKUP(VALUE(TRIM(CLEAN(RIGHT(TableTL[[#This Row],[Front]],2)))),TableLasers[],COLUMN(TableLasers[S-DPH]),FALSE),LEFT(TableTL[[#This Row],[Back]],2)*VLOOKUP(VALUE(TRIM(CLEAN(RIGHT(TableTL[[#This Row],[Back]],2)))),TableLasers[],COLUMN(TableLasers[S-DPH]),FALSE),LEFT(TableTL[[#This Row],[Left]],2)*VLOOKUP(VALUE(TRIM(CLEAN(RIGHT(TableTL[[#This Row],[Left]],2)))),TableLasers[],COLUMN(TableLasers[S-DPH]),FALSE),LEFT(TableTL[[#This Row],[Right]],2)*VLOOKUP(VALUE(TRIM(CLEAN(RIGHT(TableTL[[#This Row],[Right]],2)))),TableLasers[],COLUMN(TableLasers[S-DPH]),FALSE),LEFT(TableTL[[#This Row],[Up]],2)*VLOOKUP(VALUE(TRIM(CLEAN(RIGHT(TableTL[[#This Row],[Up]],2)))),TableLasers[],COLUMN(TableLasers[S-DPH]),FALSE),LEFT(TableTL[[#This Row],[Down]],2)*VLOOKUP(VALUE(TRIM(CLEAN(RIGHT(TableTL[[#This Row],[Down]],2)))),TableLasers[],COLUMN(TableLasers[S-DPH]),FALSE))","v":59428},{"$f":"SUM(LEFT(TableTL[[#This Row],[Main]],2)*VLOOKUP(VALUE(TRIM(CLEAN(RIGHT(TableTL[[#This Row],[Main]],2)))),TableLasers[],COLUMN(TableLasers[H-DPH]),FALSE),LEFT(TableTL[[#This Row],[Front]],2)*VLOOKUP(VALUE(TRIM(CLEAN(RIGHT(TableTL[[#This Row],[Front]],2)))),TableLasers[],COLUMN(TableLasers[H-DPH]),FALSE),LEFT(TableTL[[#This Row],[Back]],2)*VLOOKUP(VALUE(TRIM(CLEAN(RIGHT(TableTL[[#This Row],[Back]],2)))),TableLasers[],COLUMN(TableLasers[H-DPH]),FALSE),LEFT(TableTL[[#This Row],[Left]],2)*VLOOKUP(VALUE(TRIM(CLEAN(RIGHT(TableTL[[#This Row],[Left]],2)))),TableLasers[],COLUMN(TableLasers[H-DPH]),FALSE),LEFT(TableTL[[#This Row],[Right]],2)*VLOOKUP(VALUE(TRIM(CLEAN(RIGHT(TableTL[[#This Row],[Right]],2)))),TableLasers[],COLUMN(TableLasers[H-DPH]),FALSE),LEFT(TableTL[[#This Row],[Up]],2)*VLOOKUP(VALUE(TRIM(CLEAN(RIGHT(TableTL[[#This Row],[Up]],2)))),TableLasers[],COLUMN(TableLasers[H-DPH]),FALSE),LEFT(TableTL[[#This Row],[Down]],2)*VLOOKUP(VALUE(TRIM(CLEAN(RIGHT(TableTL[[#This Row],[Down]],2)))),TableLasers[],COLUMN(TableLasers[H-DPH]),FALSE))","v":10572},"00::00","02::20","02::06","02::20","02::20","00::00","00::00",null,2,2,2,2,null,null,null,"6,7,20,28,29,35","0,1,6,7,28,29,35","0,1,6,7,20","0,1,6,7,20",null,null,"0,1,3,5,12,17,22,23,35"]
[104,"Boron","TL","Orca",null,88.35,58.9,6,"ST",135000,"1 GJ ",5,5000,434.78260869565202,8,15300,152.92349999999999,100000,10,{"$f":"SUM(LEFT(TableTL[[#This Row],[Main]],2)*VLOOKUP(VALUE(TRIM(CLEAN(RIGHT(TableTL[[#This Row],[Main]],2)))),TableLasers[],COLUMN(TableLasers[S-DPH]),FALSE),LEFT(TableTL[[#This Row],[Front]],2)*VLOOKUP(VALUE(TRIM(CLEAN(RIGHT(TableTL[[#This Row],[Front]],2)))),TableLasers[],COLUMN(TableLasers[S-DPH]),FALSE),LEFT(TableTL[[#This Row],[Back]],2)*VLOOKUP(VALUE(TRIM(CLEAN(RIGHT(TableTL[[#This Row],[Back]],2)))),TableLasers[],COLUMN(TableLasers[S-DPH]),FALSE),LEFT(TableTL[[#This Row],[Left]],2)*VLOOKUP(VALUE(TRIM(CLEAN(RIGHT(TableTL[[#This Row],[Left]],2)))),TableLasers[],COLUMN(TableLasers[S-DPH]),FALSE),LEFT(TableTL[[#This Row],[Right]],2)*VLOOKUP(VALUE(TRIM(CLEAN(RIGHT(TableTL[[#This Row],[Right]],2)))),TableLasers[],COLUMN(TableLasers[S-DPH]),FALSE),LEFT(TableTL[[#This Row],[Up]],2)*VLOOKUP(VALUE(TRIM(CLEAN(RIGHT(TableTL[[#This Row],[Up]],2)))),TableLasers[],COLUMN(TableLasers[S-DPH]),FALSE),LEFT(TableTL[[#This Row],[Down]],2)*VLOOKUP(VALUE(TRIM(CLEAN(RIGHT(TableTL[[#This Row],[Down]],2)))),TableLasers[],COLUMN(TableLasers[S-DPH]),FALSE))","v":326800},{"$f":"SUM(LEFT(TableTL[[#This Row],[Main]],2)*VLOOKUP(VALUE(TRIM(CLEAN(RIGHT(TableTL[[#This Row],[Main]],2)))),TableLasers[],COLUMN(TableLasers[H-DPH]),FALSE),LEFT(TableTL[[#This Row],[Front]],2)*VLOOKUP(VALUE(TRIM(CLEAN(RIGHT(TableTL[[#This Row],[Front]],2)))),TableLasers[],COLUMN(TableLasers[H-DPH]),FALSE),LEFT(TableTL[[#This Row],[Back]],2)*VLOOKUP(VALUE(TRIM(CLEAN(RIGHT(TableTL[[#This Row],[Back]],2)))),TableLasers[],COLUMN(TableLasers[H-DPH]),FALSE),LEFT(TableTL[[#This Row],[Left]],2)*VLOOKUP(VALUE(TRIM(CLEAN(RIGHT(TableTL[[#This Row],[Left]],2)))),TableLasers[],COLUMN(TableLasers[H-DPH]),FALSE),LEFT(TableTL[[#This Row],[Right]],2)*VLOOKUP(VALUE(TRIM(CLEAN(RIGHT(TableTL[[#This Row],[Right]],2)))),TableLasers[],COLUMN(TableLasers[H-DPH]),FALSE),LEFT(TableTL[[#This Row],[Up]],2)*VLOOKUP(VALUE(TRIM(CLEAN(RIGHT(TableTL[[#This Row],[Up]],2)))),TableLasers[],COLUMN(TableLasers[H-DPH]),FALSE),LEFT(TableTL[[#This Row],[Down]],2)*VLOOKUP(VALUE(TRIM(CLEAN(RIGHT(TableTL[[#This Row],[Down]],2)))),TableLasers[],COLUMN(TableLasers[H-DPH]),FALSE))","v":5600},"00::00","02::14","02::14","02::36","02::36","00::00","00::00",null,2,2,2,2,null,null,null,"0,1,4,23,8,14,28,29,35","4,23,8,14,28,29,35","0,1,8,14,36","0,1,8,14,36",null,null,"0,1,3,5,12,17,22,23,35"]
[136,"Teladi","TL","Albatross",null,70.05,46.7,5,"ST",180000,"1 GJ ",6,4200,652.17391304347802,8,16900,338,150000,7,{"$f":"SUM(LEFT(TableTL[[#This Row],[Main]],2)*VLOOKUP(VALUE(TRIM(CLEAN(RIGHT(TableTL[[#This Row],[Main]],2)))),TableLasers[],COLUMN(TableLasers[S-DPH]),FALSE),LEFT(TableTL[[#This Row],[Front]],2)*VLOOKUP(VALUE(TRIM(CLEAN(RIGHT(TableTL[[#This Row],[Front]],2)))),TableLasers[],COLUMN(TableLasers[S-DPH]),FALSE),LEFT(TableTL[[#This Row],[Back]],2)*VLOOKUP(VALUE(TRIM(CLEAN(RIGHT(TableTL[[#This Row],[Back]],2)))),TableLasers[],COLUMN(TableLasers[S-DPH]),FALSE),LEFT(TableTL[[#This Row],[Left]],2)*VLOOKUP(VALUE(TRIM(CLEAN(RIGHT(TableTL[[#This Row],[Left]],2)))),TableLasers[],COLUMN(TableLasers[S-DPH]),FALSE),LEFT(TableTL[[#This Row],[Right]],2)*VLOOKUP(VALUE(TRIM(CLEAN(RIGHT(TableTL[[#This Row],[Right]],2)))),TableLasers[],COLUMN(TableLasers[S-DPH]),FALSE),LEFT(TableTL[[#This Row],[Up]],2)*VLOOKUP(VALUE(TRIM(CLEAN(RIGHT(TableTL[[#This Row],[Up]],2)))),TableLasers[],COLUMN(TableLasers[S-DPH]),FALSE),LEFT(TableTL[[#This Row],[Down]],2)*VLOOKUP(VALUE(TRIM(CLEAN(RIGHT(TableTL[[#This Row],[Down]],2)))),TableLasers[],COLUMN(TableLasers[S-DPH]),FALSE))","v":104856},{"$f":"SUM(LEFT(TableTL[[#This Row],[Main]],2)*VLOOKUP(VALUE(TRIM(CLEAN(RIGHT(TableTL[[#This Row],[Main]],2)))),TableLasers[],COLUMN(TableLasers[H-DPH]),FALSE),LEFT(TableTL[[#This Row],[Front]],2)*VLOOKUP(VALUE(TRIM(CLEAN(RIGHT(TableTL[[#This Row],[Front]],2)))),TableLasers[],COLUMN(TableLasers[H-DPH]),FALSE),LEFT(TableTL[[#This Row],[Back]],2)*VLOOKUP(VALUE(TRIM(CLEAN(RIGHT(TableTL[[#This Row],[Back]],2)))),TableLasers[],COLUMN(TableLasers[H-DPH]),FALSE),LEFT(TableTL[[#This Row],[Left]],2)*VLOOKUP(VALUE(TRIM(CLEAN(RIGHT(TableTL[[#This Row],[Left]],2)))),TableLasers[],COLUMN(TableLasers[H-DPH]),FALSE),LEFT(TableTL[[#This Row],[Right]],2)*VLOOKUP(VALUE(TRIM(CLEAN(RIGHT(TableTL[[#This Row],[Right]],2)))),TableLasers[],COLUMN(TableLasers[H-DPH]),FALSE),LEFT(TableTL[[#This Row],[Up]],2)*VLOOKUP(VALUE(TRIM(CLEAN(RIGHT(TableTL[[#This Row],[Up]],2)))),TableLasers[],COLUMN(TableLasers[H-DPH]),FALSE),LEFT(TableTL[[#This Row],[Down]],2)*VLOOKUP(VALUE(TRIM(CLEAN(RIGHT(TableTL[[#This Row],[Down]],2)))),TableLasers[],COLUMN(TableLasers[H-DPH]),FALSE))","v":20424},"00::00","02::18","02::18","02::18","02::18","00::00","00::00",null,2,2,2,2,null,null,null,"0,1,5,18,28,29,35","5,18,21,28,29,35","5,18,21","5,18,21",null,null,"0,35"]
[249,"Goner","TL","Ozias",null,91.4,45.7,12,"ST",160000,"1 GJ ",7,3200,1086.95652173913,0,0,0,105000,12,{"$f":"SUM(LEFT(TableTL[[#This Row],[Main]],2)*VLOOKUP(VALUE(TRIM(CLEAN(RIGHT(TableTL[[#This Row],[Main]],2)))),TableLasers[],COLUMN(TableLasers[S-DPH]),FALSE),LEFT(TableTL[[#This Row],[Front]],2)*VLOOKUP(VALUE(TRIM(CLEAN(RIGHT(TableTL[[#This Row],[Front]],2)))),TableLasers[],COLUMN(TableLasers[S-DPH]),FALSE),LEFT(TableTL[[#This Row],[Back]],2)*VLOOKUP(VALUE(TRIM(CLEAN(RIGHT(TableTL[[#This Row],[Back]],2)))),TableLasers[],COLUMN(TableLasers[S-DPH]),FALSE),LEFT(TableTL[[#This Row],[Left]],2)*VLOOKUP(VALUE(TRIM(CLEAN(RIGHT(TableTL[[#This Row],[Left]],2)))),TableLasers[],COLUMN(TableLasers[S-DPH]),FALSE),LEFT(TableTL[[#This Row],[Right]],2)*VLOOKUP(VALUE(TRIM(CLEAN(RIGHT(TableTL[[#This Row],[Right]],2)))),TableLasers[],COLUMN(TableLasers[S-DPH]),FALSE),LEFT(TableTL[[#This Row],[Up]],2)*VLOOKUP(VALUE(TRIM(CLEAN(RIGHT(TableTL[[#This Row],[Up]],2)))),TableLasers[],COLUMN(TableLasers[S-DPH]),FALSE),LEFT(TableTL[[#This Row],[Down]],2)*VLOOKUP(VALUE(TRIM(CLEAN(RIGHT(TableTL[[#This Row],[Down]],2)))),TableLasers[],COLUMN(TableLasers[S-DPH]),FALSE))","v":0},{"$f":"SUM(LEFT(TableTL[[#This Row],[Main]],2)*VLOOKUP(VALUE(TRIM(CLEAN(RIGHT(TableTL[[#This Row],[Main]],2)))),TableLasers[],COLUMN(TableLasers[H-DPH]),FALSE),LEFT(TableTL[[#This Row],[Front]],2)*VLOOKUP(VALUE(TRIM(CLEAN(RIGHT(TableTL[[#This Row],[Front]],2)))),TableLasers[],COLUMN(TableLasers[H-DPH]),FALSE),LEFT(TableTL[[#This Row],[Back]],2)*VLOOKUP(VALUE(TRIM(CLEAN(RIGHT(TableTL[[#This Row],[Back]],2)))),TableLasers[],COLUMN(TableLasers[H-DPH]),FALSE),LEFT(TableTL[[#This Row],[Left]],2)*VLOOKUP(VALUE(TRIM(CLEAN(RIGHT(TableTL[[#This Row],[Left]],2)))),TableLasers[],COLUMN(TableLasers[H-DPH]),FALSE),LEFT(TableTL[[#This Row],[Right]],2)*VLOOKUP(VALUE(TRIM(CLEAN(RIGHT(TableTL[[#This Row],[Right]],2)))),TableLasers[],COLUMN(TableLasers[H-DPH]),FALSE),LEFT(TableTL[[#This Row],[Up]],2)*VLOOKUP(VALUE(TRIM(CLEAN(RIGHT(TableTL[[#This Row],[Up]],2)))),TableLasers[],COLUMN(TableLasers[H-DPH]),FALSE),LEFT(TableTL[[#This Row],[Down]],2)*VLOOKUP(VALUE(TRIM(CLEAN(RIGHT(TableTL[[#This Row],[Down]],2)))),TableLasers[],COLUMN(TableLasers[H-DPH]),FALSE))","v":0},"00::00","00::00","00::00","00::00","00::00","00::00","00::00"]
[286,"Yaki","TL","Mobile Pirate Station (TL)",null,180,45,50,"ST",65000,"1 GJ ",8,6000,652.17391304347802,0,10000,0,88000,15,{"$f":"SUM(LEFT(TableTL[[#This Row],[Main]],2)*VLOOKUP(VALUE(TRIM(CLEAN(RIGHT(TableTL[[#This Row],[Main]],2)))),TableLasers[],COLUMN(TableLasers[S-DPH]),FALSE),LEFT(TableTL[[#This Row],[Front]],2)*VLOOKUP(VALUE(TRIM(CLEAN(RIGHT(TableTL[[#This Row],[Front]],2)))),TableLasers[],COLUMN(TableLasers[S-DPH]),FALSE),LEFT(TableTL[[#This Row],[Back]],2)*VLOOKUP(VALUE(TRIM(CLEAN(RIGHT(TableTL[[#This Row],[Back]],2)))),TableLasers[],COLUMN(TableLasers[S-DPH]),FALSE),LEFT(TableTL[[#This Row],[Left]],2)*VLOOKUP(VALUE(TRIM(CLEAN(RIGHT(TableTL[[#This Row],[Left]],2)))),TableLasers[],COLUMN(TableLasers[S-DPH]),FALSE),LEFT(TableTL[[#This Row],[Right]],2)*VLOOKUP(VALUE(TRIM(CLEAN(RIGHT(TableTL[[#This Row],[Right]],2)))),TableLasers[],COLUMN(TableLasers[S-DPH]),FALSE),LEFT(TableTL[[#This Row],[Up]],2)*VLOOKUP(VALUE(TRIM(CLEAN(RIGHT(TableTL[[#This Row],[Up]],2)))),TableLasers[],COLUMN(TableLasers[S-DPH]),FALSE),LEFT(TableTL[[#This Row],[Down]],2)*VLOOKUP(VALUE(TRIM(CLEAN(RIGHT(TableTL[[#This Row],[Down]],2)))),TableLasers[],COLUMN(TableLasers[S-DPH]),FALSE))","v":0},{"$f":"SUM(LEFT(TableTL[[#This Row],[Main]],2)*VLOOKUP(VALUE(TRIM(CLEAN(RIGHT(TableTL[[#This Row],[Main]],2)))),TableLasers[],COLUMN(TableLasers[H-DPH]),FALSE),LEFT(TableTL[[#This Row],[Front]],2)*VLOOKUP(VALUE(TRIM(CLEAN(RIGHT(TableTL[[#This Row],[Front]],2)))),TableLasers[],COLUMN(TableLasers[H-DPH]),FALSE),LEFT(TableTL[[#This Row],[Back]],2)*VLOOKUP(VALUE(TRIM(CLEAN(RIGHT(TableTL[[#This Row],[Back]],2)))),TableLasers[],COLUMN(TableLasers[H-DPH]),FALSE),LEFT(TableTL[[#This Row],[Left]],2)*VLOOKUP(VALUE(TRIM(CLEAN(RIGHT(TableTL[[#This Row],[Left]],2)))),TableLasers[],COLUMN(TableLasers[H-DPH]),FALSE),LEFT(TableTL[[#This Row],[Right]],2)*VLOOKUP(VALUE(TRIM(CLEAN(RIGHT(TableTL[[#This Row],[Right]],2)))),TableLasers[],COLUMN(TableLasers[H-DPH]),FALSE),LEFT(TableTL[[#This Row],[Up]],2)*VLOOKUP(VALUE(TRIM(CLEAN(RIGHT(TableTL[[#This Row],[Up]],2)))),TableLasers[],COLUMN(TableLasers[H-DPH]),FALSE),LEFT(TableTL[[#This Row],[Down]],2)*VLOOKUP(VALUE(TRIM(CLEAN(RIGHT(TableTL[[#This Row],[Down]],2)))),TableLasers[],COLUMN(TableLasers[H-DPH]),FALSE))","v":0},"00::30","00::00","00::00","00::00","00::00","00::00","00::00",null,null,null,null,null,null,null,"0,1,20,2,30",null,null,null,null,null,null,0]
[291,"Yaki","TL","Mobile Pirate Station (TL)",null,180,45,50,"ST",65000,"1 GJ ",8,6000,652.17391304347802,0,10000,0,88000,15,{"$f":"SUM(LEFT(TableTL[[#This Row],[Main]],2)*VLOOKUP(VALUE(TRIM(CLEAN(RIGHT(TableTL[[#This Row],[Main]],2)))),TableLasers[],COLUMN(TableLasers[S-DPH]),FALSE),LEFT(TableTL[[#This Row],[Front]],2)*VLOOKUP(VALUE(TRIM(CLEAN(RIGHT(TableTL[[#This Row],[Front]],2)))),TableLasers[],COLUMN(TableLasers[S-DPH]),FALSE),LEFT(TableTL[[#This Row],[Back]],2)*VLOOKUP(VALUE(TRIM(CLEAN(RIGHT(TableTL[[#This Row],[Back]],2)))),TableLasers[],COLUMN(TableLasers[S-DPH]),FALSE),LEFT(TableTL[[#This Row],[Left]],2)*VLOOKUP(VALUE(TRIM(CLEAN(RIGHT(TableTL[[#This Row],[Left]],2)))),TableLasers[],COLUMN(TableLasers[S-DPH]),FALSE),LEFT(TableTL[[#This Row],[Right]],2)*VLOOKUP(VALUE(TRIM(CLEAN(RIGHT(TableTL[[#This Row],[Right]],2)))),TableLasers[],COLUMN(TableLasers[S-DPH]),FALSE),LEFT(TableTL[[#This Row],[Up]],2)*VLOOKUP(VALUE(TRIM(CLEAN(RIGHT(TableTL[[#This Row],[Up]],2)))),TableLasers[],COLUMN(TableLasers[S-DPH]),FALSE),LEFT(TableTL[[#This Row],[Down]],2)*VLOOKUP(VALUE(TRIM(CLEAN(RIGHT(TableTL[[#This Row],[Down]],2)))),TableLasers[],COLUMN(TableLasers[S-DPH]),FALSE))","v":0},{"$f":"SUM(LEFT(TableTL[[#This Row],[Main]],2)*VLOOKUP(VALUE(TRIM(CLEAN(RIGHT(TableTL[[#This Row],[Main]],2)))),TableLasers[],COLUMN(TableLasers[H-DPH]),FALSE),LEFT(TableTL[[#This Row],[Front]],2)*VLOOKUP(VALUE(TRIM(CLEAN(RIGHT(TableTL[[#This Row],[Front]],2)))),TableLasers[],COLUMN(TableLasers[H-DPH]),FALSE),LEFT(TableTL[[#This Row],[Back]],2)*VLOOKUP(VALUE(TRIM(CLEAN(RIGHT(TableTL[[#This Row],[Back]],2)))),TableLasers[],COLUMN(TableLasers[H-DPH]),FALSE),LEFT(TableTL[[#This Row],[Left]],2)*VLOOKUP(VALUE(TRIM(CLEAN(RIGHT(TableTL[[#This Row],[Left]],2)))),TableLasers[],COLUMN(TableLasers[H-DPH]),FALSE),LEFT(TableTL[[#This Row],[Right]],2)*VLOOKUP(VALUE(TRIM(CLEAN(RIGHT(TableTL[[#This Row],[Right]],2)))),TableLasers[],COLUMN(TableLasers[H-DPH]),FALSE),LEFT(TableTL[[#This Row],[Up]],2)*VLOOKUP(VALUE(TRIM(CLEAN(RIGHT(TableTL[[#This Row],[Up]],2)))),TableLasers[],COLUMN(TableLasers[H-DPH]),FALSE),LEFT(TableTL[[#This Row],[Down]],2)*VLOOKUP(VALUE(TRIM(CLEAN(RIGHT(TableTL[[#This Row],[Down]],2)))),TableLasers[],COLUMN(TableLasers[H-DPH]),FALSE))","v":0},"00::30","00::00","00::00","00::00","00::00","00::00","00::00",null,null,null,null,null,null,null,"0,1,20,2,30",null,null,null,null,null,null,0]
[299,"Pirates","TL","Mobile Pirate Base",null,75,50,8,"ST",150000,"1 GJ ",5,6560,434.78260869565202,8,22100,220.8895,120000,10,{"$f":"SUM(LEFT(TableTL[[#This Row],[Main]],2)*VLOOKUP(VALUE(TRIM(CLEAN(RIGHT(TableTL[[#This Row],[Main]],2)))),TableLasers[],COLUMN(TableLasers[S-DPH]),FALSE),LEFT(TableTL[[#This Row],[Front]],2)*VLOOKUP(VALUE(TRIM(CLEAN(RIGHT(TableTL[[#This Row],[Front]],2)))),TableLasers[],COLUMN(TableLasers[S-DPH]),FALSE),LEFT(TableTL[[#This Row],[Back]],2)*VLOOKUP(VALUE(TRIM(CLEAN(RIGHT(TableTL[[#This Row],[Back]],2)))),TableLasers[],COLUMN(TableLasers[S-DPH]),FALSE),LEFT(TableTL[[#This Row],[Left]],2)*VLOOKUP(VALUE(TRIM(CLEAN(RIGHT(TableTL[[#This Row],[Left]],2)))),TableLasers[],COLUMN(TableLasers[S-DPH]),FALSE),LEFT(TableTL[[#This Row],[Right]],2)*VLOOKUP(VALUE(TRIM(CLEAN(RIGHT(TableTL[[#This Row],[Right]],2)))),TableLasers[],COLUMN(TableLasers[S-DPH]),FALSE),LEFT(TableTL[[#This Row],[Up]],2)*VLOOKUP(VALUE(TRIM(CLEAN(RIGHT(TableTL[[#This Row],[Up]],2)))),TableLasers[],COLUMN(TableLasers[S-DPH]),FALSE),LEFT(TableTL[[#This Row],[Down]],2)*VLOOKUP(VALUE(TRIM(CLEAN(RIGHT(TableTL[[#This Row],[Down]],2)))),TableLasers[],COLUMN(TableLasers[S-DPH]),FALSE))","v":286134},{"$f":"SUM(LEFT(TableTL[[#This Row],[Main]],2)*VLOOKUP(VALUE(TRIM(CLEAN(RIGHT(TableTL[[#This Row],[Main]],2)))),TableLasers[],COLUMN(TableLasers[H-DPH]),FALSE),LEFT(TableTL[[#This Row],[Front]],2)*VLOOKUP(VALUE(TRIM(CLEAN(RIGHT(TableTL[[#This Row],[Front]],2)))),TableLasers[],COLUMN(TableLasers[H-DPH]),FALSE),LEFT(TableTL[[#This Row],[Back]],2)*VLOOKUP(VALUE(TRIM(CLEAN(RIGHT(TableTL[[#This Row],[Back]],2)))),TableLasers[],COLUMN(TableLasers[H-DPH]),FALSE),LEFT(TableTL[[#This Row],[Left]],2)*VLOOKUP(VALUE(TRIM(CLEAN(RIGHT(TableTL[[#This Row],[Left]],2)))),TableLasers[],COLUMN(TableLasers[H-DPH]),FALSE),LEFT(TableTL[[#This Row],[Right]],2)*VLOOKUP(VALUE(TRIM(CLEAN(RIGHT(TableTL[[#This Row],[Right]],2)))),TableLasers[],COLUMN(TableLasers[H-DPH]),FALSE),LEFT(TableTL[[#This Row],[Up]],2)*VLOOKUP(VALUE(TRIM(CLEAN(RIGHT(TableTL[[#This Row],[Up]],2)))),TableLasers[],COLUMN(TableLasers[H-DPH]),FALSE),LEFT(TableTL[[#This Row],[Down]],2)*VLOOKUP(VALUE(TRIM(CLEAN(RIGHT(TableTL[[#This Row],[Down]],2)))),TableLasers[],COLUMN(TableLasers[H-DPH]),FALSE))","v":49746},"00::00","02::34","02::18","02::34","02::34","00::00","00::00",null,2,2,2,2,null,null,null,"3,5,18,34,2,30,28,29,35","3,5,18,21,28,29,35","3,5,18,34,2,30","3,5,18,34,2,30",null,null,"0,1,3,5,12,17,22,23,35"]
[303,"Yaki","TL","Ryu",null,96.45,64.3,7,"ST",105000,"1 GJ ",4,4400,434.78260869565202,10,18000,165.006,72000,12,{"$f":"SUM(LEFT(TableTL[[#This Row],[Main]],2)*VLOOKUP(VALUE(TRIM(CLEAN(RIGHT(TableTL[[#This Row],[Main]],2)))),TableLasers[],COLUMN(TableLasers[S-DPH]),FALSE),LEFT(TableTL[[#This Row],[Front]],2)*VLOOKUP(VALUE(TRIM(CLEAN(RIGHT(TableTL[[#This Row],[Front]],2)))),TableLasers[],COLUMN(TableLasers[S-DPH]),FALSE),LEFT(TableTL[[#This Row],[Back]],2)*VLOOKUP(VALUE(TRIM(CLEAN(RIGHT(TableTL[[#This Row],[Back]],2)))),TableLasers[],COLUMN(TableLasers[S-DPH]),FALSE),LEFT(TableTL[[#This Row],[Left]],2)*VLOOKUP(VALUE(TRIM(CLEAN(RIGHT(TableTL[[#This Row],[Left]],2)))),TableLasers[],COLUMN(TableLasers[S-DPH]),FALSE),LEFT(TableTL[[#This Row],[Right]],2)*VLOOKUP(VALUE(TRIM(CLEAN(RIGHT(TableTL[[#This Row],[Right]],2)))),TableLasers[],COLUMN(TableLasers[S-DPH]),FALSE),LEFT(TableTL[[#This Row],[Up]],2)*VLOOKUP(VALUE(TRIM(CLEAN(RIGHT(TableTL[[#This Row],[Up]],2)))),TableLasers[],COLUMN(TableLasers[S-DPH]),FALSE),LEFT(TableTL[[#This Row],[Down]],2)*VLOOKUP(VALUE(TRIM(CLEAN(RIGHT(TableTL[[#This Row],[Down]],2)))),TableLasers[],COLUMN(TableLasers[S-DPH]),FALSE))","v":190632},{"$f":"SUM(LEFT(TableTL[[#This Row],[Main]],2)*VLOOKUP(VALUE(TRIM(CLEAN(RIGHT(TableTL[[#This Row],[Main]],2)))),TableLasers[],COLUMN(TableLasers[H-DPH]),FALSE),LEFT(TableTL[[#This Row],[Front]],2)*VLOOKUP(VALUE(TRIM(CLEAN(RIGHT(TableTL[[#This Row],[Front]],2)))),TableLasers[],COLUMN(TableLasers[H-DPH]),FALSE),LEFT(TableTL[[#This Row],[Back]],2)*VLOOKUP(VALUE(TRIM(CLEAN(RIGHT(TableTL[[#This Row],[Back]],2)))),TableLasers[],COLUMN(TableLasers[H-DPH]),FALSE),LEFT(TableTL[[#This Row],[Left]],2)*VLOOKUP(VALUE(TRIM(CLEAN(RIGHT(TableTL[[#This Row],[Left]],2)))),TableLasers[],COLUMN(TableLasers[H-DPH]),FALSE),LEFT(TableTL[[#This Row],[Right]],2)*VLOOKUP(VALUE(TRIM(CLEAN(RIGHT(TableTL[[#This Row],[Right]],2)))),TableLasers[],COLUMN(TableLasers[H-DPH]),FALSE),LEFT(TableTL[[#This Row],[Up]],2)*VLOOKUP(VALUE(TRIM(CLEAN(RIGHT(TableTL[[#This Row],[Up]],2)))),TableLasers[],COLUMN(TableLasers[H-DPH]),FALSE),LEFT(TableTL[[#This Row],[Down]],2)*VLOOKUP(VALUE(TRIM(CLEAN(RIGHT(TableTL[[#This Row],[Down]],2)))),TableLasers[],COLUMN(TableLasers[H-DPH]),FALSE))","v":29448},"00::00","04::20","02::06","02::32","02::32","00::00","00::00",null,4,2,2,2,null,null,null,"6,7,20,28,29,35","0,1,6,7,28,29,35","3,20,31,32,2,30","3,20,31,32,2,30",null,null,"0,1,3,5,12,17,22,23,35"]
[311,"Argon","TL","Troop Training Ship","Hauler",87.555000000000007,58.37,7,"ST",150000,"200 MJ  ",5,3300,151.51515151515201,8,17100,170.9145,120000,5,{"$f":"SUM(LEFT(TableTL[[#This Row],[Main]],2)*VLOOKUP(VALUE(TRIM(CLEAN(RIGHT(TableTL[[#This Row],[Main]],2)))),TableLasers[],COLUMN(TableLasers[S-DPH]),FALSE),LEFT(TableTL[[#This Row],[Front]],2)*VLOOKUP(VALUE(TRIM(CLEAN(RIGHT(TableTL[[#This Row],[Front]],2)))),TableLasers[],COLUMN(TableLasers[S-DPH]),FALSE),LEFT(TableTL[[#This Row],[Back]],2)*VLOOKUP(VALUE(TRIM(CLEAN(RIGHT(TableTL[[#This Row],[Back]],2)))),TableLasers[],COLUMN(TableLasers[S-DPH]),FALSE),LEFT(TableTL[[#This Row],[Left]],2)*VLOOKUP(VALUE(TRIM(CLEAN(RIGHT(TableTL[[#This Row],[Left]],2)))),TableLasers[],COLUMN(TableLasers[S-DPH]),FALSE),LEFT(TableTL[[#This Row],[Right]],2)*VLOOKUP(VALUE(TRIM(CLEAN(RIGHT(TableTL[[#This Row],[Right]],2)))),TableLasers[],COLUMN(TableLasers[S-DPH]),FALSE),LEFT(TableTL[[#This Row],[Up]],2)*VLOOKUP(VALUE(TRIM(CLEAN(RIGHT(TableTL[[#This Row],[Up]],2)))),TableLasers[],COLUMN(TableLasers[S-DPH]),FALSE),LEFT(TableTL[[#This Row],[Down]],2)*VLOOKUP(VALUE(TRIM(CLEAN(RIGHT(TableTL[[#This Row],[Down]],2)))),TableLasers[],COLUMN(TableLasers[S-DPH]),FALSE))","v":28700},{"$f":"SUM(LEFT(TableTL[[#This Row],[Main]],2)*VLOOKUP(VALUE(TRIM(CLEAN(RIGHT(TableTL[[#This Row],[Main]],2)))),TableLasers[],COLUMN(TableLasers[H-DPH]),FALSE),LEFT(TableTL[[#This Row],[Front]],2)*VLOOKUP(VALUE(TRIM(CLEAN(RIGHT(TableTL[[#This Row],[Front]],2)))),TableLasers[],COLUMN(TableLasers[H-DPH]),FALSE),LEFT(TableTL[[#This Row],[Back]],2)*VLOOKUP(VALUE(TRIM(CLEAN(RIGHT(TableTL[[#This Row],[Back]],2)))),TableLasers[],COLUMN(TableLasers[H-DPH]),FALSE),LEFT(TableTL[[#This Row],[Left]],2)*VLOOKUP(VALUE(TRIM(CLEAN(RIGHT(TableTL[[#This Row],[Left]],2)))),TableLasers[],COLUMN(TableLasers[H-DPH]),FALSE),LEFT(TableTL[[#This Row],[Right]],2)*VLOOKUP(VALUE(TRIM(CLEAN(RIGHT(TableTL[[#This Row],[Right]],2)))),TableLasers[],COLUMN(TableLasers[H-DPH]),FALSE),LEFT(TableTL[[#This Row],[Up]],2)*VLOOKUP(VALUE(TRIM(CLEAN(RIGHT(TableTL[[#This Row],[Up]],2)))),TableLasers[],COLUMN(TableLasers[H-DPH]),FALSE),LEFT(TableTL[[#This Row],[Down]],2)*VLOOKUP(VALUE(TRIM(CLEAN(RIGHT(TableTL[[#This Row],[Down]],2)))),TableLasers[],COLUMN(TableLasers[H-DPH]),FALSE))","v":7084},"00::00","02::13","02::23","02::23","02::23","00::00","00::00",null,2,2,2,2,null,null,null,"0,1,13,28,29,35","0,1,4,23,28,29,35","0,1,4,23,28,29,35","0,1,4,23,28,29,35"]
[312,null,"TL","zzPLACEHOLDER","Hauler",87.555000000000007,58.37,7,"ST",150000,"1 GJ ",5,4400,652.17391304347802,8,17100,170.9145,120000,5,{"$f":"SUM(LEFT(TableTL[[#This Row],[Main]],2)*VLOOKUP(VALUE(TRIM(CLEAN(RIGHT(TableTL[[#This Row],[Main]],2)))),TableLasers[],COLUMN(TableLasers[S-DPH]),FALSE),LEFT(TableTL[[#This Row],[Front]],2)*VLOOKUP(VALUE(TRIM(CLEAN(RIGHT(TableTL[[#This Row],[Front]],2)))),TableLasers[],COLUMN(TableLasers[S-DPH]),FALSE),LEFT(TableTL[[#This Row],[Back]],2)*VLOOKUP(VALUE(TRIM(CLEAN(RIGHT(TableTL[[#This Row],[Back]],2)))),TableLasers[],COLUMN(TableLasers[S-DPH]),FALSE),LEFT(TableTL[[#This Row],[Left]],2)*VLOOKUP(VALUE(TRIM(CLEAN(RIGHT(TableTL[[#This Row],[Left]],2)))),TableLasers[],COLUMN(TableLasers[S-DPH]),FALSE),LEFT(TableTL[[#This Row],[Right]],2)*VLOOKUP(VALUE(TRIM(CLEAN(RIGHT(TableTL[[#This Row],[Right]],2)))),TableLasers[],COLUMN(TableLasers[S-DPH]),FALSE),LEFT(TableTL[[#This Row],[Up]],2)*VLOOKUP(VALUE(TRIM(CLEAN(RIGHT(TableTL[[#This Row],[Up]],2)))),TableLasers[],COLUMN(TableLasers[S-DPH]),FALSE),LEFT(TableTL[[#This Row],[Down]],2)*VLOOKUP(VALUE(TRIM(CLEAN(RIGHT(TableTL[[#This Row],[Down]],2)))),TableLasers[],COLUMN(TableLasers[S-DPH]),FALSE))","v":28700},{"$f":"SUM(LEFT(TableTL[[#This Row],[Main]],2)*VLOOKUP(VALUE(TRIM(CLEAN(RIGHT(TableTL[[#This Row],[Main]],2)))),TableLasers[],COLUMN(TableLasers[H-DPH]),FALSE),LEFT(TableTL[[#This Row],[Front]],2)*VLOOKUP(VALUE(TRIM(CLEAN(RIGHT(TableTL[[#This Row],[Front]],2)))),TableLasers[],COLUMN(TableLasers[H-DPH]),FALSE),LEFT(TableTL[[#This Row],[Back]],2)*VLOOKUP(VALUE(TRIM(CLEAN(RIGHT(TableTL[[#This Row],[Back]],2)))),TableLasers[],COLUMN(TableLasers[H-DPH]),FALSE),LEFT(TableTL[[#This Row],[Left]],2)*VLOOKUP(VALUE(TRIM(CLEAN(RIGHT(TableTL[[#This Row],[Left]],2)))),TableLasers[],COLUMN(TableLasers[H-DPH]),FALSE),LEFT(TableTL[[#This Row],[Right]],2)*VLOOKUP(VALUE(TRIM(CLEAN(RIGHT(TableTL[[#This Row],[Right]],2)))),TableLasers[],COLUMN(TableLasers[H-DPH]),FALSE),LEFT(TableTL[[#This Row],[Up]],2)*VLOOKUP(VALUE(TRIM(CLEAN(RIGHT(TableTL[[#This Row],[Up]],2)))),TableLasers[],COLUMN(TableLasers[H-DPH]),FALSE),LEFT(TableTL[[#This Row],[Down]],2)*VLOOKUP(VALUE(TRIM(CLEAN(RIGHT(TableTL[[#This Row],[Down]],2)))),TableLasers[],COLUMN(TableLasers[H-DPH]),FALSE))","v":7084},"00::00","02::13","02::23","02::23","02::23","00::00","00::00",null,2,2,2,2,null,null,null,"0,1,13,28,29,35","0,1,4,23,28,29,35","0,1,4,23,28,29,35","0,1,4,23,28,29,35"]
[313,null,"TL","zzPLACEHOLDER","Hauler",87.555000000000007,58.37,7,"ST",150000,"1 GJ ",5,4400,652.17391304347802,8,17100,170.9145,120000,5,{"$f":"SUM(LEFT(TableTL[[#This Row],[Main]],2)*VLOOKUP(VALUE(TRIM(CLEAN(RIGHT(TableTL[[#This Row],[Main]],2)))),TableLasers[],COLUMN(TableLasers[S-DPH]),FALSE),LEFT(TableTL[[#This Row],[Front]],2)*VLOOKUP(VALUE(TRIM(CLEAN(RIGHT(TableTL[[#This Row],[Front]],2)))),TableLasers[],COLUMN(TableLasers[S-DPH]),FALSE),LEFT(TableTL[[#This Row],[Back]],2)*VLOOKUP(VALUE(TRIM(CLEAN(RIGHT(TableTL[[#This Row],[Back]],2)))),TableLasers[],COLUMN(TableLasers[S-DPH]),FALSE),LEFT(TableTL[[#This Row],[Left]],2)*VLOOKUP(VALUE(TRIM(CLEAN(RIGHT(TableTL[[#This Row],[Left]],2)))),TableLasers[],COLUMN(TableLasers[S-DPH]),FALSE),LEFT(TableTL[[#This Row],[Right]],2)*VLOOKUP(VALUE(TRIM(CLEAN(RIGHT(TableTL[[#This Row],[Right]],2)))),TableLasers[],COLUMN(TableLasers[S-DPH]),FALSE),LEFT(TableTL[[#This Row],[Up]],2)*VLOOKUP(VALUE(TRIM(CLEAN(RIGHT(TableTL[[#This Row],[Up]],2)))),TableLasers[],COLUMN(TableLasers[S-DPH]),FALSE),LEFT(TableTL[[#This Row],[Down]],2)*VLOOKUP(VALUE(TRIM(CLEAN(RIGHT(TableTL[[#This Row],[Down]],2)))),TableLasers[],COLUMN(TableLasers[S-DPH]),FALSE))","v":28700},{"$f":"SUM(LEFT(TableTL[[#This Row],[Main]],2)*VLOOKUP(VALUE(TRIM(CLEAN(RIGHT(TableTL[[#This Row],[Main]],2)))),TableLasers[],COLUMN(TableLasers[H-DPH]),FALSE),LEFT(TableTL[[#This Row],[Front]],2)*VLOOKUP(VALUE(TRIM(CLEAN(RIGHT(TableTL[[#This Row],[Front]],2)))),TableLasers[],COLUMN(TableLasers[H-DPH]),FALSE),LEFT(TableTL[[#This Row],[Back]],2)*VLOOKUP(VALUE(TRIM(CLEAN(RIGHT(TableTL[[#This Row],[Back]],2)))),TableLasers[],COLUMN(TableLasers[H-DPH]),FALSE),LEFT(TableTL[[#This Row],[Left]],2)*VLOOKUP(VALUE(TRIM(CLEAN(RIGHT(TableTL[[#This Row],[Left]],2)))),TableLasers[],COLUMN(TableLasers[H-DPH]),FALSE),LEFT(TableTL[[#This Row],[Right]],2)*VLOOKUP(VALUE(TRIM(CLEAN(RIGHT(TableTL[[#This Row],[Right]],2)))),TableLasers[],COLUMN(TableLasers[H-DPH]),FALSE),LEFT(TableTL[[#This Row],[Up]],2)*VLOOKUP(VALUE(TRIM(CLEAN(RIGHT(TableTL[[#This Row],[Up]],2)))),TableLasers[],COLUMN(TableLasers[H-DPH]),FALSE),LEFT(TableTL[[#This Row],[Down]],2)*VLOOKUP(VALUE(TRIM(CLEAN(RIGHT(TableTL[[#This Row],[Down]],2)))),TableLasers[],COLUMN(TableLasers[H-DPH]),FALSE))","v":7084},"00::00","02::13","02::23","02::23","02::23","00::00","00::00",null,2,2,2,2,null,null,null,"0,1,13,28,29,35","0,1,4,23,28,29,35","0,1,4,23,28,29,35","0,1,4,23,28,29,35"]
[314,null,"TL","zzPLACEHOLDER","Hauler",87.555000000000007,58.37,7,"ST",150000,"1 GJ ",5,4400,652.17391304347802,8,17100,170.9145,120000,5,{"$f":"SUM(LEFT(TableTL[[#This Row],[Main]],2)*VLOOKUP(VALUE(TRIM(CLEAN(RIGHT(TableTL[[#This Row],[Main]],2)))),TableLasers[],COLUMN(TableLasers[S-DPH]),FALSE),LEFT(TableTL[[#This Row],[Front]],2)*VLOOKUP(VALUE(TRIM(CLEAN(RIGHT(TableTL[[#This Row],[Front]],2)))),TableLasers[],COLUMN(TableLasers[S-DPH]),FALSE),LEFT(TableTL[[#This Row],[Back]],2)*VLOOKUP(VALUE(TRIM(CLEAN(RIGHT(TableTL[[#This Row],[Back]],2)))),TableLasers[],COLUMN(TableLasers[S-DPH]),FALSE),LEFT(TableTL[[#This Row],[Left]],2)*VLOOKUP(VALUE(TRIM(CLEAN(RIGHT(TableTL[[#This Row],[Left]],2)))),TableLasers[],COLUMN(TableLasers[S-DPH]),FALSE),LEFT(TableTL[[#This Row],[Right]],2)*VLOOKUP(VALUE(TRIM(CLEAN(RIGHT(TableTL[[#This Row],[Right]],2)))),TableLasers[],COLUMN(TableLasers[S-DPH]),FALSE),LEFT(TableTL[[#This Row],[Up]],2)*VLOOKUP(VALUE(TRIM(CLEAN(RIGHT(TableTL[[#This Row],[Up]],2)))),TableLasers[],COLUMN(TableLasers[S-DPH]),FALSE),LEFT(TableTL[[#This Row],[Down]],2)*VLOOKUP(VALUE(TRIM(CLEAN(RIGHT(TableTL[[#This Row],[Down]],2)))),TableLasers[],COLUMN(TableLasers[S-DPH]),FALSE))","v":28700},{"$f":"SUM(LEFT(TableTL[[#This Row],[Main]],2)*VLOOKUP(VALUE(TRIM(CLEAN(RIGHT(TableTL[[#This Row],[Main]],2)))),TableLasers[],COLUMN(TableLasers[H-DPH]),FALSE),LEFT(TableTL[[#This Row],[Front]],2)*VLOOKUP(VALUE(TRIM(CLEAN(RIGHT(TableTL[[#This Row],[Front]],2)))),TableLasers[],COLUMN(TableLasers[H-DPH]),FALSE),LEFT(TableTL[[#This Row],[Back]],2)*VLOOKUP(VALUE(TRIM(CLEAN(RIGHT(TableTL[[#This Row],[Back]],2)))),TableLasers[],COLUMN(TableLasers[H-DPH]),FALSE),LEFT(TableTL[[#This Row],[Left]],2)*VLOOKUP(VALUE(TRIM(CLEAN(RIGHT(TableTL[[#This Row],[Left]],2)))),TableLasers[],COLUMN(TableLasers[H-DPH]),FALSE),LEFT(TableTL[[#This Row],[Right]],2)*VLOOKUP(VALUE(TRIM(CLEAN(RIGHT(TableTL[[#This Row],[Right]],2)))),TableLasers[],COLUMN(TableLasers[H-DPH]),FALSE),LEFT(TableTL[[#This Row],[Up]],2)*VLOOKUP(VALUE(TRIM(CLEAN(RIGHT(TableTL[[#This Row],[Up]],2)))),TableLasers[],COLUMN(TableLasers[H-DPH]),FALSE),LEFT(TableTL[[#This Row],[Down]],2)*VLOOKUP(VALUE(TRIM(CLEAN(RIGHT(TableTL[[#This Row],[Down]],2)))),TableLasers[],COLUMN(TableLasers[H-DPH]),FALSE))","v":7084},"00::00","02::13","02::23","02::23","02::23","00::00","00::00",null,2,2,2,2,null,null,null,"0,1,13,28,29,35","0,1,4,23,28,29,35","0,1,4,23,28,29,35","0,1,4,23,28,29,35"]
[315,"Argon","TL","Starliner",null,102.6,68.400000000000006,7,"XXL",150000,"1 GJ ",5,4400,652.17391304347802,6,19100,382,40000,0,{"$f":"SUM(LEFT(TableTL[[#This Row],[Main]],2)*VLOOKUP(VALUE(TRIM(CLEAN(RIGHT(TableTL[[#This Row],[Main]],2)))),TableLasers[],COLUMN(TableLasers[S-DPH]),FALSE),LEFT(TableTL[[#This Row],[Front]],2)*VLOOKUP(VALUE(TRIM(CLEAN(RIGHT(TableTL[[#This Row],[Front]],2)))),TableLasers[],COLUMN(TableLasers[S-DPH]),FALSE),LEFT(TableTL[[#This Row],[Back]],2)*VLOOKUP(VALUE(TRIM(CLEAN(RIGHT(TableTL[[#This Row],[Back]],2)))),TableLasers[],COLUMN(TableLasers[S-DPH]),FALSE),LEFT(TableTL[[#This Row],[Left]],2)*VLOOKUP(VALUE(TRIM(CLEAN(RIGHT(TableTL[[#This Row],[Left]],2)))),TableLasers[],COLUMN(TableLasers[S-DPH]),FALSE),LEFT(TableTL[[#This Row],[Right]],2)*VLOOKUP(VALUE(TRIM(CLEAN(RIGHT(TableTL[[#This Row],[Right]],2)))),TableLasers[],COLUMN(TableLasers[S-DPH]),FALSE),LEFT(TableTL[[#This Row],[Up]],2)*VLOOKUP(VALUE(TRIM(CLEAN(RIGHT(TableTL[[#This Row],[Up]],2)))),TableLasers[],COLUMN(TableLasers[S-DPH]),FALSE),LEFT(TableTL[[#This Row],[Down]],2)*VLOOKUP(VALUE(TRIM(CLEAN(RIGHT(TableTL[[#This Row],[Down]],2)))),TableLasers[],COLUMN(TableLasers[S-DPH]),FALSE))","v":12600},{"$f":"SUM(LEFT(TableTL[[#This Row],[Main]],2)*VLOOKUP(VALUE(TRIM(CLEAN(RIGHT(TableTL[[#This Row],[Main]],2)))),TableLasers[],COLUMN(TableLasers[H-DPH]),FALSE),LEFT(TableTL[[#This Row],[Front]],2)*VLOOKUP(VALUE(TRIM(CLEAN(RIGHT(TableTL[[#This Row],[Front]],2)))),TableLasers[],COLUMN(TableLasers[H-DPH]),FALSE),LEFT(TableTL[[#This Row],[Back]],2)*VLOOKUP(VALUE(TRIM(CLEAN(RIGHT(TableTL[[#This Row],[Back]],2)))),TableLasers[],COLUMN(TableLasers[H-DPH]),FALSE),LEFT(TableTL[[#This Row],[Left]],2)*VLOOKUP(VALUE(TRIM(CLEAN(RIGHT(TableTL[[#This Row],[Left]],2)))),TableLasers[],COLUMN(TableLasers[H-DPH]),FALSE),LEFT(TableTL[[#This Row],[Right]],2)*VLOOKUP(VALUE(TRIM(CLEAN(RIGHT(TableTL[[#This Row],[Right]],2)))),TableLasers[],COLUMN(TableLasers[H-DPH]),FALSE),LEFT(TableTL[[#This Row],[Up]],2)*VLOOKUP(VALUE(TRIM(CLEAN(RIGHT(TableTL[[#This Row],[Up]],2)))),TableLasers[],COLUMN(TableLasers[H-DPH]),FALSE),LEFT(TableTL[[#This Row],[Down]],2)*VLOOKUP(VALUE(TRIM(CLEAN(RIGHT(TableTL[[#This Row],[Down]],2)))),TableLasers[],COLUMN(TableLasers[H-DPH]),FALSE))","v":4284},"00::00","00::00","02::23","02::23","02::23","00::00","00::00",null,null,2,2,2,null,null,null,null,"0,1,4,23,28,29,35","0,1,4,23,28,29,35","0,1,4,23,28,29,35",null,null,"0,35"]
[326,"Terran","TL","Atmospheric Lifter",null,61.5,41,7,"ST",190000,"1 GJ ",5,4400,652.17391304347802,0,1000,9.9949999999999992,160000,5,{"$f":"SUM(LEFT(TableTL[[#This Row],[Main]],2)*VLOOKUP(VALUE(TRIM(CLEAN(RIGHT(TableTL[[#This Row],[Main]],2)))),TableLasers[],COLUMN(TableLasers[S-DPH]),FALSE),LEFT(TableTL[[#This Row],[Front]],2)*VLOOKUP(VALUE(TRIM(CLEAN(RIGHT(TableTL[[#This Row],[Front]],2)))),TableLasers[],COLUMN(TableLasers[S-DPH]),FALSE),LEFT(TableTL[[#This Row],[Back]],2)*VLOOKUP(VALUE(TRIM(CLEAN(RIGHT(TableTL[[#This Row],[Back]],2)))),TableLasers[],COLUMN(TableLasers[S-DPH]),FALSE),LEFT(TableTL[[#This Row],[Left]],2)*VLOOKUP(VALUE(TRIM(CLEAN(RIGHT(TableTL[[#This Row],[Left]],2)))),TableLasers[],COLUMN(TableLasers[S-DPH]),FALSE),LEFT(TableTL[[#This Row],[Right]],2)*VLOOKUP(VALUE(TRIM(CLEAN(RIGHT(TableTL[[#This Row],[Right]],2)))),TableLasers[],COLUMN(TableLasers[S-DPH]),FALSE),LEFT(TableTL[[#This Row],[Up]],2)*VLOOKUP(VALUE(TRIM(CLEAN(RIGHT(TableTL[[#This Row],[Up]],2)))),TableLasers[],COLUMN(TableLasers[S-DPH]),FALSE),LEFT(TableTL[[#This Row],[Down]],2)*VLOOKUP(VALUE(TRIM(CLEAN(RIGHT(TableTL[[#This Row],[Down]],2)))),TableLasers[],COLUMN(TableLasers[S-DPH]),FALSE))","v":0},{"$f":"SUM(LEFT(TableTL[[#This Row],[Main]],2)*VLOOKUP(VALUE(TRIM(CLEAN(RIGHT(TableTL[[#This Row],[Main]],2)))),TableLasers[],COLUMN(TableLasers[H-DPH]),FALSE),LEFT(TableTL[[#This Row],[Front]],2)*VLOOKUP(VALUE(TRIM(CLEAN(RIGHT(TableTL[[#This Row],[Front]],2)))),TableLasers[],COLUMN(TableLasers[H-DPH]),FALSE),LEFT(TableTL[[#This Row],[Back]],2)*VLOOKUP(VALUE(TRIM(CLEAN(RIGHT(TableTL[[#This Row],[Back]],2)))),TableLasers[],COLUMN(TableLasers[H-DPH]),FALSE),LEFT(TableTL[[#This Row],[Left]],2)*VLOOKUP(VALUE(TRIM(CLEAN(RIGHT(TableTL[[#This Row],[Left]],2)))),TableLasers[],COLUMN(TableLasers[H-DPH]),FALSE),LEFT(TableTL[[#This Row],[Right]],2)*VLOOKUP(VALUE(TRIM(CLEAN(RIGHT(TableTL[[#This Row],[Right]],2)))),TableLasers[],COLUMN(TableLasers[H-DPH]),FALSE),LEFT(TableTL[[#This Row],[Up]],2)*VLOOKUP(VALUE(TRIM(CLEAN(RIGHT(TableTL[[#This Row],[Up]],2)))),TableLasers[],COLUMN(TableLasers[H-DPH]),FALSE),LEFT(TableTL[[#This Row],[Down]],2)*VLOOKUP(VALUE(TRIM(CLEAN(RIGHT(TableTL[[#This Row],[Down]],2)))),TableLasers[],COLUMN(TableLasers[H-DPH]),FALSE))","v":0},"00::00","00::00","00::00","00::00","00::00","00::00","00::00",null,null,null,null,null,null,null,null,null,null,null,null,null,null,"4,15,16,20,24,27,36,37,38"]
[327,"Terran","TL","Mobile Mining Base-Ship",null,75.599999999999994,50.4,7,"ST",150000,"1 GJ ",5,4400,652.17391304347802,14,21100,422,120000,5,{"$f":"SUM(LEFT(TableTL[[#This Row],[Main]],2)*VLOOKUP(VALUE(TRIM(CLEAN(RIGHT(TableTL[[#This Row],[Main]],2)))),TableLasers[],COLUMN(TableLasers[S-DPH]),FALSE),LEFT(TableTL[[#This Row],[Front]],2)*VLOOKUP(VALUE(TRIM(CLEAN(RIGHT(TableTL[[#This Row],[Front]],2)))),TableLasers[],COLUMN(TableLasers[S-DPH]),FALSE),LEFT(TableTL[[#This Row],[Back]],2)*VLOOKUP(VALUE(TRIM(CLEAN(RIGHT(TableTL[[#This Row],[Back]],2)))),TableLasers[],COLUMN(TableLasers[S-DPH]),FALSE),LEFT(TableTL[[#This Row],[Left]],2)*VLOOKUP(VALUE(TRIM(CLEAN(RIGHT(TableTL[[#This Row],[Left]],2)))),TableLasers[],COLUMN(TableLasers[S-DPH]),FALSE),LEFT(TableTL[[#This Row],[Right]],2)*VLOOKUP(VALUE(TRIM(CLEAN(RIGHT(TableTL[[#This Row],[Right]],2)))),TableLasers[],COLUMN(TableLasers[S-DPH]),FALSE),LEFT(TableTL[[#This Row],[Up]],2)*VLOOKUP(VALUE(TRIM(CLEAN(RIGHT(TableTL[[#This Row],[Up]],2)))),TableLasers[],COLUMN(TableLasers[S-DPH]),FALSE),LEFT(TableTL[[#This Row],[Down]],2)*VLOOKUP(VALUE(TRIM(CLEAN(RIGHT(TableTL[[#This Row],[Down]],2)))),TableLasers[],COLUMN(TableLasers[S-DPH]),FALSE))","v":471200},{"$f":"SUM(LEFT(TableTL[[#This Row],[Main]],2)*VLOOKUP(VALUE(TRIM(CLEAN(RIGHT(TableTL[[#This Row],[Main]],2)))),TableLasers[],COLUMN(TableLasers[H-DPH]),FALSE),LEFT(TableTL[[#This Row],[Front]],2)*VLOOKUP(VALUE(TRIM(CLEAN(RIGHT(TableTL[[#This Row],[Front]],2)))),TableLasers[],COLUMN(TableLasers[H-DPH]),FALSE),LEFT(TableTL[[#This Row],[Back]],2)*VLOOKUP(VALUE(TRIM(CLEAN(RIGHT(TableTL[[#This Row],[Back]],2)))),TableLasers[],COLUMN(TableLasers[H-DPH]),FALSE),LEFT(TableTL[[#This Row],[Left]],2)*VLOOKUP(VALUE(TRIM(CLEAN(RIGHT(TableTL[[#This Row],[Left]],2)))),TableLasers[],COLUMN(TableLasers[H-DPH]),FALSE),LEFT(TableTL[[#This Row],[Right]],2)*VLOOKUP(VALUE(TRIM(CLEAN(RIGHT(TableTL[[#This Row],[Right]],2)))),TableLasers[],COLUMN(TableLasers[H-DPH]),FALSE),LEFT(TableTL[[#This Row],[Up]],2)*VLOOKUP(VALUE(TRIM(CLEAN(RIGHT(TableTL[[#This Row],[Up]],2)))),TableLasers[],COLUMN(TableLasers[H-DPH]),FALSE),LEFT(TableTL[[#This Row],[Down]],2)*VLOOKUP(VALUE(TRIM(CLEAN(RIGHT(TableTL[[#This Row],[Down]],2)))),TableLasers[],COLUMN(TableLasers[H-DPH]),FALSE))","v":102000},"00::26","00::00","04::17","02::37","02::37","00::00","00::00",null,4,4,2,2,2,null,"10,11,26,28,29,35",null,"10,11,16,17,26","16,17,37,38","16,17,37,38",null,null,"4,15,16,20,24,27,36,37,38"]
[374,"Unknown","TL","zzPLACEHOLDER","Hauler",37.799999999999997,27,10,"XXL",340000,"2 GJ ",1,34200,363.63636363636402,0,0,0,48000,2,{"$f":"SUM(LEFT(TableTL[[#This Row],[Main]],2)*VLOOKUP(VALUE(TRIM(CLEAN(RIGHT(TableTL[[#This Row],[Main]],2)))),TableLasers[],COLUMN(TableLasers[S-DPH]),FALSE),LEFT(TableTL[[#This Row],[Front]],2)*VLOOKUP(VALUE(TRIM(CLEAN(RIGHT(TableTL[[#This Row],[Front]],2)))),TableLasers[],COLUMN(TableLasers[S-DPH]),FALSE),LEFT(TableTL[[#This Row],[Back]],2)*VLOOKUP(VALUE(TRIM(CLEAN(RIGHT(TableTL[[#This Row],[Back]],2)))),TableLasers[],COLUMN(TableLasers[S-DPH]),FALSE),LEFT(TableTL[[#This Row],[Left]],2)*VLOOKUP(VALUE(TRIM(CLEAN(RIGHT(TableTL[[#This Row],[Left]],2)))),TableLasers[],COLUMN(TableLasers[S-DPH]),FALSE),LEFT(TableTL[[#This Row],[Right]],2)*VLOOKUP(VALUE(TRIM(CLEAN(RIGHT(TableTL[[#This Row],[Right]],2)))),TableLasers[],COLUMN(TableLasers[S-DPH]),FALSE),LEFT(TableTL[[#This Row],[Up]],2)*VLOOKUP(VALUE(TRIM(CLEAN(RIGHT(TableTL[[#This Row],[Up]],2)))),TableLasers[],COLUMN(TableLasers[S-DPH]),FALSE),LEFT(TableTL[[#This Row],[Down]],2)*VLOOKUP(VALUE(TRIM(CLEAN(RIGHT(TableTL[[#This Row],[Down]],2)))),TableLasers[],COLUMN(TableLasers[S-DPH]),FALSE))","v":0},{"$f":"SUM(LEFT(TableTL[[#This Row],[Main]],2)*VLOOKUP(VALUE(TRIM(CLEAN(RIGHT(TableTL[[#This Row],[Main]],2)))),TableLasers[],COLUMN(TableLasers[H-DPH]),FALSE),LEFT(TableTL[[#This Row],[Front]],2)*VLOOKUP(VALUE(TRIM(CLEAN(RIGHT(TableTL[[#This Row],[Front]],2)))),TableLasers[],COLUMN(TableLasers[H-DPH]),FALSE),LEFT(TableTL[[#This Row],[Back]],2)*VLOOKUP(VALUE(TRIM(CLEAN(RIGHT(TableTL[[#This Row],[Back]],2)))),TableLasers[],COLUMN(TableLasers[H-DPH]),FALSE),LEFT(TableTL[[#This Row],[Left]],2)*VLOOKUP(VALUE(TRIM(CLEAN(RIGHT(TableTL[[#This Row],[Left]],2)))),TableLasers[],COLUMN(TableLasers[H-DPH]),FALSE),LEFT(TableTL[[#This Row],[Right]],2)*VLOOKUP(VALUE(TRIM(CLEAN(RIGHT(TableTL[[#This Row],[Right]],2)))),TableLasers[],COLUMN(TableLasers[H-DPH]),FALSE),LEFT(TableTL[[#This Row],[Up]],2)*VLOOKUP(VALUE(TRIM(CLEAN(RIGHT(TableTL[[#This Row],[Up]],2)))),TableLasers[],COLUMN(TableLasers[H-DPH]),FALSE),LEFT(TableTL[[#This Row],[Down]],2)*VLOOKUP(VALUE(TRIM(CLEAN(RIGHT(TableTL[[#This Row],[Down]],2)))),TableLasers[],COLUMN(TableLasers[H-DPH]),FALSE))","v":0},"00::00","00::23","00::23","00::00","00::00","00::00","00::00",null,null,null,null,null,null,null,null,"0,1,3,4,23,28,29,35","0,1,3,4,23,28,29,35"]
[375,"Unknown","TL","zzPLACEHOLDER","Hauler",37.799999999999997,27,10,"XXL",340000,"2 GJ ",1,34200,363.63636363636402,0,0,0,48000,2,{"$f":"SUM(LEFT(TableTL[[#This Row],[Main]],2)*VLOOKUP(VALUE(TRIM(CLEAN(RIGHT(TableTL[[#This Row],[Main]],2)))),TableLasers[],COLUMN(TableLasers[S-DPH]),FALSE),LEFT(TableTL[[#This Row],[Front]],2)*VLOOKUP(VALUE(TRIM(CLEAN(RIGHT(TableTL[[#This Row],[Front]],2)))),TableLasers[],COLUMN(TableLasers[S-DPH]),FALSE),LEFT(TableTL[[#This Row],[Back]],2)*VLOOKUP(VALUE(TRIM(CLEAN(RIGHT(TableTL[[#This Row],[Back]],2)))),TableLasers[],COLUMN(TableLasers[S-DPH]),FALSE),LEFT(TableTL[[#This Row],[Left]],2)*VLOOKUP(VALUE(TRIM(CLEAN(RIGHT(TableTL[[#This Row],[Left]],2)))),TableLasers[],COLUMN(TableLasers[S-DPH]),FALSE),LEFT(TableTL[[#This Row],[Right]],2)*VLOOKUP(VALUE(TRIM(CLEAN(RIGHT(TableTL[[#This Row],[Right]],2)))),TableLasers[],COLUMN(TableLasers[S-DPH]),FALSE),LEFT(TableTL[[#This Row],[Up]],2)*VLOOKUP(VALUE(TRIM(CLEAN(RIGHT(TableTL[[#This Row],[Up]],2)))),TableLasers[],COLUMN(TableLasers[S-DPH]),FALSE),LEFT(TableTL[[#This Row],[Down]],2)*VLOOKUP(VALUE(TRIM(CLEAN(RIGHT(TableTL[[#This Row],[Down]],2)))),TableLasers[],COLUMN(TableLasers[S-DPH]),FALSE))","v":0},{"$f":"SUM(LEFT(TableTL[[#This Row],[Main]],2)*VLOOKUP(VALUE(TRIM(CLEAN(RIGHT(TableTL[[#This Row],[Main]],2)))),TableLasers[],COLUMN(TableLasers[H-DPH]),FALSE),LEFT(TableTL[[#This Row],[Front]],2)*VLOOKUP(VALUE(TRIM(CLEAN(RIGHT(TableTL[[#This Row],[Front]],2)))),TableLasers[],COLUMN(TableLasers[H-DPH]),FALSE),LEFT(TableTL[[#This Row],[Back]],2)*VLOOKUP(VALUE(TRIM(CLEAN(RIGHT(TableTL[[#This Row],[Back]],2)))),TableLasers[],COLUMN(TableLasers[H-DPH]),FALSE),LEFT(TableTL[[#This Row],[Left]],2)*VLOOKUP(VALUE(TRIM(CLEAN(RIGHT(TableTL[[#This Row],[Left]],2)))),TableLasers[],COLUMN(TableLasers[H-DPH]),FALSE),LEFT(TableTL[[#This Row],[Right]],2)*VLOOKUP(VALUE(TRIM(CLEAN(RIGHT(TableTL[[#This Row],[Right]],2)))),TableLasers[],COLUMN(TableLasers[H-DPH]),FALSE),LEFT(TableTL[[#This Row],[Up]],2)*VLOOKUP(VALUE(TRIM(CLEAN(RIGHT(TableTL[[#This Row],[Up]],2)))),TableLasers[],COLUMN(TableLasers[H-DPH]),FALSE),LEFT(TableTL[[#This Row],[Down]],2)*VLOOKUP(VALUE(TRIM(CLEAN(RIGHT(TableTL[[#This Row],[Down]],2)))),TableLasers[],COLUMN(TableLasers[H-DPH]),FALSE))","v":0},"00::00","00::23","00::23","00::00","00::00","00::00","00::00",null,null,null,null,null,null,null,null,"0,1,3,4,23,28,29,35","0,1,3,4,23,28,29,35"]
[376,"Unknown","TL","zzPLACEHOLDER","Hauler",37.799999999999997,27,10,"XXL",340000,"2 GJ ",1,34200,363.63636363636402,0,0,0,48000,2,{"$f":"SUM(LEFT(TableTL[[#This Row],[Main]],2)*VLOOKUP(VALUE(TRIM(CLEAN(RIGHT(TableTL[[#This Row],[Main]],2)))),TableLasers[],COLUMN(TableLasers[S-DPH]),FALSE),LEFT(TableTL[[#This Row],[Front]],2)*VLOOKUP(VALUE(TRIM(CLEAN(RIGHT(TableTL[[#This Row],[Front]],2)))),TableLasers[],COLUMN(TableLasers[S-DPH]),FALSE),LEFT(TableTL[[#This Row],[Back]],2)*VLOOKUP(VALUE(TRIM(CLEAN(RIGHT(TableTL[[#This Row],[Back]],2)))),TableLasers[],COLUMN(TableLasers[S-DPH]),FALSE),LEFT(TableTL[[#This Row],[Left]],2)*VLOOKUP(VALUE(TRIM(CLEAN(RIGHT(TableTL[[#This Row],[Left]],2)))),TableLasers[],COLUMN(TableLasers[S-DPH]),FALSE),LEFT(TableTL[[#This Row],[Right]],2)*VLOOKUP(VALUE(TRIM(CLEAN(RIGHT(TableTL[[#This Row],[Right]],2)))),TableLasers[],COLUMN(TableLasers[S-DPH]),FALSE),LEFT(TableTL[[#This Row],[Up]],2)*VLOOKUP(VALUE(TRIM(CLEAN(RIGHT(TableTL[[#This Row],[Up]],2)))),TableLasers[],COLUMN(TableLasers[S-DPH]),FALSE),LEFT(TableTL[[#This Row],[Down]],2)*VLOOKUP(VALUE(TRIM(CLEAN(RIGHT(TableTL[[#This Row],[Down]],2)))),TableLasers[],COLUMN(TableLasers[S-DPH]),FALSE))","v":0},{"$f":"SUM(LEFT(TableTL[[#This Row],[Main]],2)*VLOOKUP(VALUE(TRIM(CLEAN(RIGHT(TableTL[[#This Row],[Main]],2)))),TableLasers[],COLUMN(TableLasers[H-DPH]),FALSE),LEFT(TableTL[[#This Row],[Front]],2)*VLOOKUP(VALUE(TRIM(CLEAN(RIGHT(TableTL[[#This Row],[Front]],2)))),TableLasers[],COLUMN(TableLasers[H-DPH]),FALSE),LEFT(TableTL[[#This Row],[Back]],2)*VLOOKUP(VALUE(TRIM(CLEAN(RIGHT(TableTL[[#This Row],[Back]],2)))),TableLasers[],COLUMN(TableLasers[H-DPH]),FALSE),LEFT(TableTL[[#This Row],[Left]],2)*VLOOKUP(VALUE(TRIM(CLEAN(RIGHT(TableTL[[#This Row],[Left]],2)))),TableLasers[],COLUMN(TableLasers[H-DPH]),FALSE),LEFT(TableTL[[#This Row],[Right]],2)*VLOOKUP(VALUE(TRIM(CLEAN(RIGHT(TableTL[[#This Row],[Right]],2)))),TableLasers[],COLUMN(TableLasers[H-DPH]),FALSE),LEFT(TableTL[[#This Row],[Up]],2)*VLOOKUP(VALUE(TRIM(CLEAN(RIGHT(TableTL[[#This Row],[Up]],2)))),TableLasers[],COLUMN(TableLasers[H-DPH]),FALSE),LEFT(TableTL[[#This Row],[Down]],2)*VLOOKUP(VALUE(TRIM(CLEAN(RIGHT(TableTL[[#This Row],[Down]],2)))),TableLasers[],COLUMN(TableLasers[H-DPH]),FALSE))","v":0},"00::00","00::23","00::23","00::00","00::00","00::00","00::00",null,null,null,null,null,null,null,null,"0,1,3,4,23,28,29,35","0,1,3,4,23,28,29,35"]
[377,"Unknown","TL","zzPLACEHOLDER","Hauler",37.799999999999997,27,10,"XXL",340000,"2 GJ ",1,34200,363.63636363636402,0,0,0,48000,2,{"$f":"SUM(LEFT(TableTL[[#This Row],[Main]],2)*VLOOKUP(VALUE(TRIM(CLEAN(RIGHT(TableTL[[#This Row],[Main]],2)))),TableLasers[],COLUMN(TableLasers[S-DPH]),FALSE),LEFT(TableTL[[#This Row],[Front]],2)*VLOOKUP(VALUE(TRIM(CLEAN(RIGHT(TableTL[[#This Row],[Front]],2)))),TableLasers[],COLUMN(TableLasers[S-DPH]),FALSE),LEFT(TableTL[[#This Row],[Back]],2)*VLOOKUP(VALUE(TRIM(CLEAN(RIGHT(TableTL[[#This Row],[Back]],2)))),TableLasers[],COLUMN(TableLasers[S-DPH]),FALSE),LEFT(TableTL[[#This Row],[Left]],2)*VLOOKUP(VALUE(TRIM(CLEAN(RIGHT(TableTL[[#This Row],[Left]],2)))),TableLasers[],COLUMN(TableLasers[S-DPH]),FALSE),LEFT(TableTL[[#This Row],[Right]],2)*VLOOKUP(VALUE(TRIM(CLEAN(RIGHT(TableTL[[#This Row],[Right]],2)))),TableLasers[],COLUMN(TableLasers[S-DPH]),FALSE),LEFT(TableTL[[#This Row],[Up]],2)*VLOOKUP(VALUE(TRIM(CLEAN(RIGHT(TableTL[[#This Row],[Up]],2)))),TableLasers[],COLUMN(TableLasers[S-DPH]),FALSE),LEFT(TableTL[[#This Row],[Down]],2)*VLOOKUP(VALUE(TRIM(CLEAN(RIGHT(TableTL[[#This Row],[Down]],2)))),TableLasers[],COLUMN(TableLasers[S-DPH]),FALSE))","v":0},{"$f":"SUM(LEFT(TableTL[[#This Row],[Main]],2)*VLOOKUP(VALUE(TRIM(CLEAN(RIGHT(TableTL[[#This Row],[Main]],2)))),TableLasers[],COLUMN(TableLasers[H-DPH]),FALSE),LEFT(TableTL[[#This Row],[Front]],2)*VLOOKUP(VALUE(TRIM(CLEAN(RIGHT(TableTL[[#This Row],[Front]],2)))),TableLasers[],COLUMN(TableLasers[H-DPH]),FALSE),LEFT(TableTL[[#This Row],[Back]],2)*VLOOKUP(VALUE(TRIM(CLEAN(RIGHT(TableTL[[#This Row],[Back]],2)))),TableLasers[],COLUMN(TableLasers[H-DPH]),FALSE),LEFT(TableTL[[#This Row],[Left]],2)*VLOOKUP(VALUE(TRIM(CLEAN(RIGHT(TableTL[[#This Row],[Left]],2)))),TableLasers[],COLUMN(TableLasers[H-DPH]),FALSE),LEFT(TableTL[[#This Row],[Right]],2)*VLOOKUP(VALUE(TRIM(CLEAN(RIGHT(TableTL[[#This Row],[Right]],2)))),TableLasers[],COLUMN(TableLasers[H-DPH]),FALSE),LEFT(TableTL[[#This Row],[Up]],2)*VLOOKUP(VALUE(TRIM(CLEAN(RIGHT(TableTL[[#This Row],[Up]],2)))),TableLasers[],COLUMN(TableLasers[H-DPH]),FALSE),LEFT(TableTL[[#This Row],[Down]],2)*VLOOKUP(VALUE(TRIM(CLEAN(RIGHT(TableTL[[#This Row],[Down]],2)))),TableLasers[],COLUMN(TableLasers[H-DPH]),FALSE))","v":0},"00::00","00::23","00::23","00::00","00::00","00::00","00::00",null,null,null,null,null,null,null,null,"0,1,3,4,23,28,29,35","0,1,3,4,23,28,29,35"]
[378,"Unknown","TL","zzPLACEHOLDER","Hauler",37.799999999999997,27,10,"XXL",340000,"2 GJ ",1,34200,363.63636363636402,0,0,0,48000,2,{"$f":"SUM(LEFT(TableTL[[#This Row],[Main]],2)*VLOOKUP(VALUE(TRIM(CLEAN(RIGHT(TableTL[[#This Row],[Main]],2)))),TableLasers[],COLUMN(TableLasers[S-DPH]),FALSE),LEFT(TableTL[[#This Row],[Front]],2)*VLOOKUP(VALUE(TRIM(CLEAN(RIGHT(TableTL[[#This Row],[Front]],2)))),TableLasers[],COLUMN(TableLasers[S-DPH]),FALSE),LEFT(TableTL[[#This Row],[Back]],2)*VLOOKUP(VALUE(TRIM(CLEAN(RIGHT(TableTL[[#This Row],[Back]],2)))),TableLasers[],COLUMN(TableLasers[S-DPH]),FALSE),LEFT(TableTL[[#This Row],[Left]],2)*VLOOKUP(VALUE(TRIM(CLEAN(RIGHT(TableTL[[#This Row],[Left]],2)))),TableLasers[],COLUMN(TableLasers[S-DPH]),FALSE),LEFT(TableTL[[#This Row],[Right]],2)*VLOOKUP(VALUE(TRIM(CLEAN(RIGHT(TableTL[[#This Row],[Right]],2)))),TableLasers[],COLUMN(TableLasers[S-DPH]),FALSE),LEFT(TableTL[[#This Row],[Up]],2)*VLOOKUP(VALUE(TRIM(CLEAN(RIGHT(TableTL[[#This Row],[Up]],2)))),TableLasers[],COLUMN(TableLasers[S-DPH]),FALSE),LEFT(TableTL[[#This Row],[Down]],2)*VLOOKUP(VALUE(TRIM(CLEAN(RIGHT(TableTL[[#This Row],[Down]],2)))),TableLasers[],COLUMN(TableLasers[S-DPH]),FALSE))","v":0},{"$f":"SUM(LEFT(TableTL[[#This Row],[Main]],2)*VLOOKUP(VALUE(TRIM(CLEAN(RIGHT(TableTL[[#This Row],[Main]],2)))),TableLasers[],COLUMN(TableLasers[H-DPH]),FALSE),LEFT(TableTL[[#This Row],[Front]],2)*VLOOKUP(VALUE(TRIM(CLEAN(RIGHT(TableTL[[#This Row],[Front]],2)))),TableLasers[],COLUMN(TableLasers[H-DPH]),FALSE),LEFT(TableTL[[#This Row],[Back]],2)*VLOOKUP(VALUE(TRIM(CLEAN(RIGHT(TableTL[[#This Row],[Back]],2)))),TableLasers[],COLUMN(TableLasers[H-DPH]),FALSE),LEFT(TableTL[[#This Row],[Left]],2)*VLOOKUP(VALUE(TRIM(CLEAN(RIGHT(TableTL[[#This Row],[Left]],2)))),TableLasers[],COLUMN(TableLasers[H-DPH]),FALSE),LEFT(TableTL[[#This Row],[Right]],2)*VLOOKUP(VALUE(TRIM(CLEAN(RIGHT(TableTL[[#This Row],[Right]],2)))),TableLasers[],COLUMN(TableLasers[H-DPH]),FALSE),LEFT(TableTL[[#This Row],[Up]],2)*VLOOKUP(VALUE(TRIM(CLEAN(RIGHT(TableTL[[#This Row],[Up]],2)))),TableLasers[],COLUMN(TableLasers[H-DPH]),FALSE),LEFT(TableTL[[#This Row],[Down]],2)*VLOOKUP(VALUE(TRIM(CLEAN(RIGHT(TableTL[[#This Row],[Down]],2)))),TableLasers[],COLUMN(TableLasers[H-DPH]),FALSE))","v":0},"00::00","00::23","00::23","00::00","00::00","00::00","00::00",null,null,null,null,null,null,null,null,"0,1,3,4,23,28,29,35","0,1,3,4,23,28,29,35"]
[379,"Unknown","TL","zzPLACEHOLDER","Hauler",37.799999999999997,27,10,"XXL",340000,"2 GJ ",1,34200,363.63636363636402,0,0,0,48000,2,{"$f":"SUM(LEFT(TableTL[[#This Row],[Main]],2)*VLOOKUP(VALUE(TRIM(CLEAN(RIGHT(TableTL[[#This Row],[Main]],2)))),TableLasers[],COLUMN(TableLasers[S-DPH]),FALSE),LEFT(TableTL[[#This Row],[Front]],2)*VLOOKUP(VALUE(TRIM(CLEAN(RIGHT(TableTL[[#This Row],[Front]],2)))),TableLasers[],COLUMN(TableLasers[S-DPH]),FALSE),LEFT(TableTL[[#This Row],[Back]],2)*VLOOKUP(VALUE(TRIM(CLEAN(RIGHT(TableTL[[#This Row],[Back]],2)))),TableLasers[],COLUMN(TableLasers[S-DPH]),FALSE),LEFT(TableTL[[#This Row],[Left]],2)*VLOOKUP(VALUE(TRIM(CLEAN(RIGHT(TableTL[[#This Row],[Left]],2)))),TableLasers[],COLUMN(TableLasers[S-DPH]),FALSE),LEFT(TableTL[[#This Row],[Right]],2)*VLOOKUP(VALUE(TRIM(CLEAN(RIGHT(TableTL[[#This Row],[Right]],2)))),TableLasers[],COLUMN(TableLasers[S-DPH]),FALSE),LEFT(TableTL[[#This Row],[Up]],2)*VLOOKUP(VALUE(TRIM(CLEAN(RIGHT(TableTL[[#This Row],[Up]],2)))),TableLasers[],COLUMN(TableLasers[S-DPH]),FALSE),LEFT(TableTL[[#This Row],[Down]],2)*VLOOKUP(VALUE(TRIM(CLEAN(RIGHT(TableTL[[#This Row],[Down]],2)))),TableLasers[],COLUMN(TableLasers[S-DPH]),FALSE))","v":0},{"$f":"SUM(LEFT(TableTL[[#This Row],[Main]],2)*VLOOKUP(VALUE(TRIM(CLEAN(RIGHT(TableTL[[#This Row],[Main]],2)))),TableLasers[],COLUMN(TableLasers[H-DPH]),FALSE),LEFT(TableTL[[#This Row],[Front]],2)*VLOOKUP(VALUE(TRIM(CLEAN(RIGHT(TableTL[[#This Row],[Front]],2)))),TableLasers[],COLUMN(TableLasers[H-DPH]),FALSE),LEFT(TableTL[[#This Row],[Back]],2)*VLOOKUP(VALUE(TRIM(CLEAN(RIGHT(TableTL[[#This Row],[Back]],2)))),TableLasers[],COLUMN(TableLasers[H-DPH]),FALSE),LEFT(TableTL[[#This Row],[Left]],2)*VLOOKUP(VALUE(TRIM(CLEAN(RIGHT(TableTL[[#This Row],[Left]],2)))),TableLasers[],COLUMN(TableLasers[H-DPH]),FALSE),LEFT(TableTL[[#This Row],[Right]],2)*VLOOKUP(VALUE(TRIM(CLEAN(RIGHT(TableTL[[#This Row],[Right]],2)))),TableLasers[],COLUMN(TableLasers[H-DPH]),FALSE),LEFT(TableTL[[#This Row],[Up]],2)*VLOOKUP(VALUE(TRIM(CLEAN(RIGHT(TableTL[[#This Row],[Up]],2)))),TableLasers[],COLUMN(TableLasers[H-DPH]),FALSE),LEFT(TableTL[[#This Row],[Down]],2)*VLOOKUP(VALUE(TRIM(CLEAN(RIGHT(TableTL[[#This Row],[Down]],2)))),TableLasers[],COLUMN(TableLasers[H-DPH]),FALSE))","v":0},"00::00","00::23","00::23","00::00","00::00","00::00","00::00",null,null,null,null,null,null,null,null,"0,1,3,4,23,28,29,35","0,1,3,4,23,28,29,35"]
[380,"Unknown","TL","zzPLACEHOLDER","Hauler",37.799999999999997,27,10,"XXL",340000,"2 GJ ",1,34200,363.63636363636402,0,0,0,48000,2,{"$f":"SUM(LEFT(TableTL[[#This Row],[Main]],2)*VLOOKUP(VALUE(TRIM(CLEAN(RIGHT(TableTL[[#This Row],[Main]],2)))),TableLasers[],COLUMN(TableLasers[S-DPH]),FALSE),LEFT(TableTL[[#This Row],[Front]],2)*VLOOKUP(VALUE(TRIM(CLEAN(RIGHT(TableTL[[#This Row],[Front]],2)))),TableLasers[],COLUMN(TableLasers[S-DPH]),FALSE),LEFT(TableTL[[#This Row],[Back]],2)*VLOOKUP(VALUE(TRIM(CLEAN(RIGHT(TableTL[[#This Row],[Back]],2)))),TableLasers[],COLUMN(TableLasers[S-DPH]),FALSE),LEFT(TableTL[[#This Row],[Left]],2)*VLOOKUP(VALUE(TRIM(CLEAN(RIGHT(TableTL[[#This Row],[Left]],2)))),TableLasers[],COLUMN(TableLasers[S-DPH]),FALSE),LEFT(TableTL[[#This Row],[Right]],2)*VLOOKUP(VALUE(TRIM(CLEAN(RIGHT(TableTL[[#This Row],[Right]],2)))),TableLasers[],COLUMN(TableLasers[S-DPH]),FALSE),LEFT(TableTL[[#This Row],[Up]],2)*VLOOKUP(VALUE(TRIM(CLEAN(RIGHT(TableTL[[#This Row],[Up]],2)))),TableLasers[],COLUMN(TableLasers[S-DPH]),FALSE),LEFT(TableTL[[#This Row],[Down]],2)*VLOOKUP(VALUE(TRIM(CLEAN(RIGHT(TableTL[[#This Row],[Down]],2)))),TableLasers[],COLUMN(TableLasers[S-DPH]),FALSE))","v":0},{"$f":"SUM(LEFT(TableTL[[#This Row],[Main]],2)*VLOOKUP(VALUE(TRIM(CLEAN(RIGHT(TableTL[[#This Row],[Main]],2)))),TableLasers[],COLUMN(TableLasers[H-DPH]),FALSE),LEFT(TableTL[[#This Row],[Front]],2)*VLOOKUP(VALUE(TRIM(CLEAN(RIGHT(TableTL[[#This Row],[Front]],2)))),TableLasers[],COLUMN(TableLasers[H-DPH]),FALSE),LEFT(TableTL[[#This Row],[Back]],2)*VLOOKUP(VALUE(TRIM(CLEAN(RIGHT(TableTL[[#This Row],[Back]],2)))),TableLasers[],COLUMN(TableLasers[H-DPH]),FALSE),LEFT(TableTL[[#This Row],[Left]],2)*VLOOKUP(VALUE(TRIM(CLEAN(RIGHT(TableTL[[#This Row],[Left]],2)))),TableLasers[],COLUMN(TableLasers[H-DPH]),FALSE),LEFT(TableTL[[#This Row],[Right]],2)*VLOOKUP(VALUE(TRIM(CLEAN(RIGHT(TableTL[[#This Row],[Right]],2)))),TableLasers[],COLUMN(TableLasers[H-DPH]),FALSE),LEFT(TableTL[[#This Row],[Up]],2)*VLOOKUP(VALUE(TRIM(CLEAN(RIGHT(TableTL[[#This Row],[Up]],2)))),TableLasers[],COLUMN(TableLasers[H-DPH]),FALSE),LEFT(TableTL[[#This Row],[Down]],2)*VLOOKUP(VALUE(TRIM(CLEAN(RIGHT(TableTL[[#This Row],[Down]],2)))),TableLasers[],COLUMN(TableLasers[H-DPH]),FALSE))","v":0},"00::00","00::23","00::23","00::00","00::00","00::00","00::00",null,null,null,null,null,null,null,null,"0,1,3,4,23,28,29,35","0,1,3,4,23,28,29,35"]
[381,"Unknown","TL","zzPLACEHOLDER","Hauler",37.799999999999997,27,10,"XXL",340000,"2 GJ ",1,34200,363.63636363636402,0,0,0,48000,2,{"$f":"SUM(LEFT(TableTL[[#This Row],[Main]],2)*VLOOKUP(VALUE(TRIM(CLEAN(RIGHT(TableTL[[#This Row],[Main]],2)))),TableLasers[],COLUMN(TableLasers[S-DPH]),FALSE),LEFT(TableTL[[#This Row],[Front]],2)*VLOOKUP(VALUE(TRIM(CLEAN(RIGHT(TableTL[[#This Row],[Front]],2)))),TableLasers[],COLUMN(TableLasers[S-DPH]),FALSE),LEFT(TableTL[[#This Row],[Back]],2)*VLOOKUP(VALUE(TRIM(CLEAN(RIGHT(TableTL[[#This Row],[Back]],2)))),TableLasers[],COLUMN(TableLasers[S-DPH]),FALSE),LEFT(TableTL[[#This Row],[Left]],2)*VLOOKUP(VALUE(TRIM(CLEAN(RIGHT(TableTL[[#This Row],[Left]],2)))),TableLasers[],COLUMN(TableLasers[S-DPH]),FALSE),LEFT(TableTL[[#This Row],[Right]],2)*VLOOKUP(VALUE(TRIM(CLEAN(RIGHT(TableTL[[#This Row],[Right]],2)))),TableLasers[],COLUMN(TableLasers[S-DPH]),FALSE),LEFT(TableTL[[#This Row],[Up]],2)*VLOOKUP(VALUE(TRIM(CLEAN(RIGHT(TableTL[[#This Row],[Up]],2)))),TableLasers[],COLUMN(TableLasers[S-DPH]),FALSE),LEFT(TableTL[[#This Row],[Down]],2)*VLOOKUP(VALUE(TRIM(CLEAN(RIGHT(TableTL[[#This Row],[Down]],2)))),TableLasers[],COLUMN(TableLasers[S-DPH]),FALSE))","v":0},{"$f":"SUM(LEFT(TableTL[[#This Row],[Main]],2)*VLOOKUP(VALUE(TRIM(CLEAN(RIGHT(TableTL[[#This Row],[Main]],2)))),TableLasers[],COLUMN(TableLasers[H-DPH]),FALSE),LEFT(TableTL[[#This Row],[Front]],2)*VLOOKUP(VALUE(TRIM(CLEAN(RIGHT(TableTL[[#This Row],[Front]],2)))),TableLasers[],COLUMN(TableLasers[H-DPH]),FALSE),LEFT(TableTL[[#This Row],[Back]],2)*VLOOKUP(VALUE(TRIM(CLEAN(RIGHT(TableTL[[#This Row],[Back]],2)))),TableLasers[],COLUMN(TableLasers[H-DPH]),FALSE),LEFT(TableTL[[#This Row],[Left]],2)*VLOOKUP(VALUE(TRIM(CLEAN(RIGHT(TableTL[[#This Row],[Left]],2)))),TableLasers[],COLUMN(TableLasers[H-DPH]),FALSE),LEFT(TableTL[[#This Row],[Right]],2)*VLOOKUP(VALUE(TRIM(CLEAN(RIGHT(TableTL[[#This Row],[Right]],2)))),TableLasers[],COLUMN(TableLasers[H-DPH]),FALSE),LEFT(TableTL[[#This Row],[Up]],2)*VLOOKUP(VALUE(TRIM(CLEAN(RIGHT(TableTL[[#This Row],[Up]],2)))),TableLasers[],COLUMN(TableLasers[H-DPH]),FALSE),LEFT(TableTL[[#This Row],[Down]],2)*VLOOKUP(VALUE(TRIM(CLEAN(RIGHT(TableTL[[#This Row],[Down]],2)))),TableLasers[],COLUMN(TableLasers[H-DPH]),FALSE))","v":0},"00::00","00::23","00::23","00::00","00::00","00::00","00::00",null,null,null,null,null,null,null,null,"0,1,3,4,23,28,29,35","0,1,3,4,23,28,29,35"]
[382,"Unknown","TL","zzPLACEHOLDER","Hauler",37.799999999999997,27,10,"XXL",340000,"2 GJ ",1,34200,363.63636363636402,0,0,0,48000,2,{"$f":"SUM(LEFT(TableTL[[#This Row],[Main]],2)*VLOOKUP(VALUE(TRIM(CLEAN(RIGHT(TableTL[[#This Row],[Main]],2)))),TableLasers[],COLUMN(TableLasers[S-DPH]),FALSE),LEFT(TableTL[[#This Row],[Front]],2)*VLOOKUP(VALUE(TRIM(CLEAN(RIGHT(TableTL[[#This Row],[Front]],2)))),TableLasers[],COLUMN(TableLasers[S-DPH]),FALSE),LEFT(TableTL[[#This Row],[Back]],2)*VLOOKUP(VALUE(TRIM(CLEAN(RIGHT(TableTL[[#This Row],[Back]],2)))),TableLasers[],COLUMN(TableLasers[S-DPH]),FALSE),LEFT(TableTL[[#This Row],[Left]],2)*VLOOKUP(VALUE(TRIM(CLEAN(RIGHT(TableTL[[#This Row],[Left]],2)))),TableLasers[],COLUMN(TableLasers[S-DPH]),FALSE),LEFT(TableTL[[#This Row],[Right]],2)*VLOOKUP(VALUE(TRIM(CLEAN(RIGHT(TableTL[[#This Row],[Right]],2)))),TableLasers[],COLUMN(TableLasers[S-DPH]),FALSE),LEFT(TableTL[[#This Row],[Up]],2)*VLOOKUP(VALUE(TRIM(CLEAN(RIGHT(TableTL[[#This Row],[Up]],2)))),TableLasers[],COLUMN(TableLasers[S-DPH]),FALSE),LEFT(TableTL[[#This Row],[Down]],2)*VLOOKUP(VALUE(TRIM(CLEAN(RIGHT(TableTL[[#This Row],[Down]],2)))),TableLasers[],COLUMN(TableLasers[S-DPH]),FALSE))","v":0},{"$f":"SUM(LEFT(TableTL[[#This Row],[Main]],2)*VLOOKUP(VALUE(TRIM(CLEAN(RIGHT(TableTL[[#This Row],[Main]],2)))),TableLasers[],COLUMN(TableLasers[H-DPH]),FALSE),LEFT(TableTL[[#This Row],[Front]],2)*VLOOKUP(VALUE(TRIM(CLEAN(RIGHT(TableTL[[#This Row],[Front]],2)))),TableLasers[],COLUMN(TableLasers[H-DPH]),FALSE),LEFT(TableTL[[#This Row],[Back]],2)*VLOOKUP(VALUE(TRIM(CLEAN(RIGHT(TableTL[[#This Row],[Back]],2)))),TableLasers[],COLUMN(TableLasers[H-DPH]),FALSE),LEFT(TableTL[[#This Row],[Left]],2)*VLOOKUP(VALUE(TRIM(CLEAN(RIGHT(TableTL[[#This Row],[Left]],2)))),TableLasers[],COLUMN(TableLasers[H-DPH]),FALSE),LEFT(TableTL[[#This Row],[Right]],2)*VLOOKUP(VALUE(TRIM(CLEAN(RIGHT(TableTL[[#This Row],[Right]],2)))),TableLasers[],COLUMN(TableLasers[H-DPH]),FALSE),LEFT(TableTL[[#This Row],[Up]],2)*VLOOKUP(VALUE(TRIM(CLEAN(RIGHT(TableTL[[#This Row],[Up]],2)))),TableLasers[],COLUMN(TableLasers[H-DPH]),FALSE),LEFT(TableTL[[#This Row],[Down]],2)*VLOOKUP(VALUE(TRIM(CLEAN(RIGHT(TableTL[[#This Row],[Down]],2)))),TableLasers[],COLUMN(TableLasers[H-DPH]),FALSE))","v":0},"00::00","00::23","00::23","00::00","00::00","00::00","00::00",null,null,null,null,null,null,null,null,"0,1,3,4,23,28,29,35","0,1,3,4,23,28,29,35"]
[383,"Unknown","TL","zzPLACEHOLDER","Hauler",37.799999999999997,27,10,"XXL",340000,"2 GJ ",1,34200,363.63636363636402,0,0,0,48000,2,{"$f":"SUM(LEFT(TableTL[[#This Row],[Main]],2)*VLOOKUP(VALUE(TRIM(CLEAN(RIGHT(TableTL[[#This Row],[Main]],2)))),TableLasers[],COLUMN(TableLasers[S-DPH]),FALSE),LEFT(TableTL[[#This Row],[Front]],2)*VLOOKUP(VALUE(TRIM(CLEAN(RIGHT(TableTL[[#This Row],[Front]],2)))),TableLasers[],COLUMN(TableLasers[S-DPH]),FALSE),LEFT(TableTL[[#This Row],[Back]],2)*VLOOKUP(VALUE(TRIM(CLEAN(RIGHT(TableTL[[#This Row],[Back]],2)))),TableLasers[],COLUMN(TableLasers[S-DPH]),FALSE),LEFT(TableTL[[#This Row],[Left]],2)*VLOOKUP(VALUE(TRIM(CLEAN(RIGHT(TableTL[[#This Row],[Left]],2)))),TableLasers[],COLUMN(TableLasers[S-DPH]),FALSE),LEFT(TableTL[[#This Row],[Right]],2)*VLOOKUP(VALUE(TRIM(CLEAN(RIGHT(TableTL[[#This Row],[Right]],2)))),TableLasers[],COLUMN(TableLasers[S-DPH]),FALSE),LEFT(TableTL[[#This Row],[Up]],2)*VLOOKUP(VALUE(TRIM(CLEAN(RIGHT(TableTL[[#This Row],[Up]],2)))),TableLasers[],COLUMN(TableLasers[S-DPH]),FALSE),LEFT(TableTL[[#This Row],[Down]],2)*VLOOKUP(VALUE(TRIM(CLEAN(RIGHT(TableTL[[#This Row],[Down]],2)))),TableLasers[],COLUMN(TableLasers[S-DPH]),FALSE))","v":0},{"$f":"SUM(LEFT(TableTL[[#This Row],[Main]],2)*VLOOKUP(VALUE(TRIM(CLEAN(RIGHT(TableTL[[#This Row],[Main]],2)))),TableLasers[],COLUMN(TableLasers[H-DPH]),FALSE),LEFT(TableTL[[#This Row],[Front]],2)*VLOOKUP(VALUE(TRIM(CLEAN(RIGHT(TableTL[[#This Row],[Front]],2)))),TableLasers[],COLUMN(TableLasers[H-DPH]),FALSE),LEFT(TableTL[[#This Row],[Back]],2)*VLOOKUP(VALUE(TRIM(CLEAN(RIGHT(TableTL[[#This Row],[Back]],2)))),TableLasers[],COLUMN(TableLasers[H-DPH]),FALSE),LEFT(TableTL[[#This Row],[Left]],2)*VLOOKUP(VALUE(TRIM(CLEAN(RIGHT(TableTL[[#This Row],[Left]],2)))),TableLasers[],COLUMN(TableLasers[H-DPH]),FALSE),LEFT(TableTL[[#This Row],[Right]],2)*VLOOKUP(VALUE(TRIM(CLEAN(RIGHT(TableTL[[#This Row],[Right]],2)))),TableLasers[],COLUMN(TableLasers[H-DPH]),FALSE),LEFT(TableTL[[#This Row],[Up]],2)*VLOOKUP(VALUE(TRIM(CLEAN(RIGHT(TableTL[[#This Row],[Up]],2)))),TableLasers[],COLUMN(TableLasers[H-DPH]),FALSE),LEFT(TableTL[[#This Row],[Down]],2)*VLOOKUP(VALUE(TRIM(CLEAN(RIGHT(TableTL[[#This Row],[Down]],2)))),TableLasers[],COLUMN(TableLasers[H-DPH]),FALSE))","v":0},"00::00","00::23","00::23","00::00","00::00","00::00","00::00",null,null,null,null,null,null,null,null,"0,1,3,4,23,28,29,35","0,1,3,4,23,28,29,35"]
[384,"Unknown","TL","zzPLACEHOLDER","Hauler",37.799999999999997,27,10,"XXL",340000,"2 GJ ",1,34200,363.63636363636402,0,0,0,48000,2,{"$f":"SUM(LEFT(TableTL[[#This Row],[Main]],2)*VLOOKUP(VALUE(TRIM(CLEAN(RIGHT(TableTL[[#This Row],[Main]],2)))),TableLasers[],COLUMN(TableLasers[S-DPH]),FALSE),LEFT(TableTL[[#This Row],[Front]],2)*VLOOKUP(VALUE(TRIM(CLEAN(RIGHT(TableTL[[#This Row],[Front]],2)))),TableLasers[],COLUMN(TableLasers[S-DPH]),FALSE),LEFT(TableTL[[#This Row],[Back]],2)*VLOOKUP(VALUE(TRIM(CLEAN(RIGHT(TableTL[[#This Row],[Back]],2)))),TableLasers[],COLUMN(TableLasers[S-DPH]),FALSE),LEFT(TableTL[[#This Row],[Left]],2)*VLOOKUP(VALUE(TRIM(CLEAN(RIGHT(TableTL[[#This Row],[Left]],2)))),TableLasers[],COLUMN(TableLasers[S-DPH]),FALSE),LEFT(TableTL[[#This Row],[Right]],2)*VLOOKUP(VALUE(TRIM(CLEAN(RIGHT(TableTL[[#This Row],[Right]],2)))),TableLasers[],COLUMN(TableLasers[S-DPH]),FALSE),LEFT(TableTL[[#This Row],[Up]],2)*VLOOKUP(VALUE(TRIM(CLEAN(RIGHT(TableTL[[#This Row],[Up]],2)))),TableLasers[],COLUMN(TableLasers[S-DPH]),FALSE),LEFT(TableTL[[#This Row],[Down]],2)*VLOOKUP(VALUE(TRIM(CLEAN(RIGHT(TableTL[[#This Row],[Down]],2)))),TableLasers[],COLUMN(TableLasers[S-DPH]),FALSE))","v":0},{"$f":"SUM(LEFT(TableTL[[#This Row],[Main]],2)*VLOOKUP(VALUE(TRIM(CLEAN(RIGHT(TableTL[[#This Row],[Main]],2)))),TableLasers[],COLUMN(TableLasers[H-DPH]),FALSE),LEFT(TableTL[[#This Row],[Front]],2)*VLOOKUP(VALUE(TRIM(CLEAN(RIGHT(TableTL[[#This Row],[Front]],2)))),TableLasers[],COLUMN(TableLasers[H-DPH]),FALSE),LEFT(TableTL[[#This Row],[Back]],2)*VLOOKUP(VALUE(TRIM(CLEAN(RIGHT(TableTL[[#This Row],[Back]],2)))),TableLasers[],COLUMN(TableLasers[H-DPH]),FALSE),LEFT(TableTL[[#This Row],[Left]],2)*VLOOKUP(VALUE(TRIM(CLEAN(RIGHT(TableTL[[#This Row],[Left]],2)))),TableLasers[],COLUMN(TableLasers[H-DPH]),FALSE),LEFT(TableTL[[#This Row],[Right]],2)*VLOOKUP(VALUE(TRIM(CLEAN(RIGHT(TableTL[[#This Row],[Right]],2)))),TableLasers[],COLUMN(TableLasers[H-DPH]),FALSE),LEFT(TableTL[[#This Row],[Up]],2)*VLOOKUP(VALUE(TRIM(CLEAN(RIGHT(TableTL[[#This Row],[Up]],2)))),TableLasers[],COLUMN(TableLasers[H-DPH]),FALSE),LEFT(TableTL[[#This Row],[Down]],2)*VLOOKUP(VALUE(TRIM(CLEAN(RIGHT(TableTL[[#This Row],[Down]],2)))),TableLasers[],COLUMN(TableLasers[H-DPH]),FALSE))","v":0},"00::00","00::23","00::23","00::00","00::00","00::00","00::00",null,null,null,null,null,null,null,null,"0,1,3,4,23,28,29,35","0,1,3,4,23,28,29,35"]
[385,"Unknown","TL","zzPLACEHOLDER","Hauler",37.799999999999997,27,10,"XXL",340000,"2 GJ ",1,34200,363.63636363636402,0,0,0,48000,2,{"$f":"SUM(LEFT(TableTL[[#This Row],[Main]],2)*VLOOKUP(VALUE(TRIM(CLEAN(RIGHT(TableTL[[#This Row],[Main]],2)))),TableLasers[],COLUMN(TableLasers[S-DPH]),FALSE),LEFT(TableTL[[#This Row],[Front]],2)*VLOOKUP(VALUE(TRIM(CLEAN(RIGHT(TableTL[[#This Row],[Front]],2)))),TableLasers[],COLUMN(TableLasers[S-DPH]),FALSE),LEFT(TableTL[[#This Row],[Back]],2)*VLOOKUP(VALUE(TRIM(CLEAN(RIGHT(TableTL[[#This Row],[Back]],2)))),TableLasers[],COLUMN(TableLasers[S-DPH]),FALSE),LEFT(TableTL[[#This Row],[Left]],2)*VLOOKUP(VALUE(TRIM(CLEAN(RIGHT(TableTL[[#This Row],[Left]],2)))),TableLasers[],COLUMN(TableLasers[S-DPH]),FALSE),LEFT(TableTL[[#This Row],[Right]],2)*VLOOKUP(VALUE(TRIM(CLEAN(RIGHT(TableTL[[#This Row],[Right]],2)))),TableLasers[],COLUMN(TableLasers[S-DPH]),FALSE),LEFT(TableTL[[#This Row],[Up]],2)*VLOOKUP(VALUE(TRIM(CLEAN(RIGHT(TableTL[[#This Row],[Up]],2)))),TableLasers[],COLUMN(TableLasers[S-DPH]),FALSE),LEFT(TableTL[[#This Row],[Down]],2)*VLOOKUP(VALUE(TRIM(CLEAN(RIGHT(TableTL[[#This Row],[Down]],2)))),TableLasers[],COLUMN(TableLasers[S-DPH]),FALSE))","v":0},{"$f":"SUM(LEFT(TableTL[[#This Row],[Main]],2)*VLOOKUP(VALUE(TRIM(CLEAN(RIGHT(TableTL[[#This Row],[Main]],2)))),TableLasers[],COLUMN(TableLasers[H-DPH]),FALSE),LEFT(TableTL[[#This Row],[Front]],2)*VLOOKUP(VALUE(TRIM(CLEAN(RIGHT(TableTL[[#This Row],[Front]],2)))),TableLasers[],COLUMN(TableLasers[H-DPH]),FALSE),LEFT(TableTL[[#This Row],[Back]],2)*VLOOKUP(VALUE(TRIM(CLEAN(RIGHT(TableTL[[#This Row],[Back]],2)))),TableLasers[],COLUMN(TableLasers[H-DPH]),FALSE),LEFT(TableTL[[#This Row],[Left]],2)*VLOOKUP(VALUE(TRIM(CLEAN(RIGHT(TableTL[[#This Row],[Left]],2)))),TableLasers[],COLUMN(TableLasers[H-DPH]),FALSE),LEFT(TableTL[[#This Row],[Right]],2)*VLOOKUP(VALUE(TRIM(CLEAN(RIGHT(TableTL[[#This Row],[Right]],2)))),TableLasers[],COLUMN(TableLasers[H-DPH]),FALSE),LEFT(TableTL[[#This Row],[Up]],2)*VLOOKUP(VALUE(TRIM(CLEAN(RIGHT(TableTL[[#This Row],[Up]],2)))),TableLasers[],COLUMN(TableLasers[H-DPH]),FALSE),LEFT(TableTL[[#This Row],[Down]],2)*VLOOKUP(VALUE(TRIM(CLEAN(RIGHT(TableTL[[#This Row],[Down]],2)))),TableLasers[],COLUMN(TableLasers[H-DPH]),FALSE))","v":0},"00::00","00::23","00::23","00::00","00::00","00::00","00::00",null,null,null,null,null,null,null,null,"0,1,3,4,23,28,29,35","0,1,3,4,23,28,29,35"]
[386,"Unknown","TL","zzPLACEHOLDER","Hauler",37.799999999999997,27,10,"XXL",340000,"2 GJ ",1,34200,363.63636363636402,0,0,0,48000,2,{"$f":"SUM(LEFT(TableTL[[#This Row],[Main]],2)*VLOOKUP(VALUE(TRIM(CLEAN(RIGHT(TableTL[[#This Row],[Main]],2)))),TableLasers[],COLUMN(TableLasers[S-DPH]),FALSE),LEFT(TableTL[[#This Row],[Front]],2)*VLOOKUP(VALUE(TRIM(CLEAN(RIGHT(TableTL[[#This Row],[Front]],2)))),TableLasers[],COLUMN(TableLasers[S-DPH]),FALSE),LEFT(TableTL[[#This Row],[Back]],2)*VLOOKUP(VALUE(TRIM(CLEAN(RIGHT(TableTL[[#This Row],[Back]],2)))),TableLasers[],COLUMN(TableLasers[S-DPH]),FALSE),LEFT(TableTL[[#This Row],[Left]],2)*VLOOKUP(VALUE(TRIM(CLEAN(RIGHT(TableTL[[#This Row],[Left]],2)))),TableLasers[],COLUMN(TableLasers[S-DPH]),FALSE),LEFT(TableTL[[#This Row],[Right]],2)*VLOOKUP(VALUE(TRIM(CLEAN(RIGHT(TableTL[[#This Row],[Right]],2)))),TableLasers[],COLUMN(TableLasers[S-DPH]),FALSE),LEFT(TableTL[[#This Row],[Up]],2)*VLOOKUP(VALUE(TRIM(CLEAN(RIGHT(TableTL[[#This Row],[Up]],2)))),TableLasers[],COLUMN(TableLasers[S-DPH]),FALSE),LEFT(TableTL[[#This Row],[Down]],2)*VLOOKUP(VALUE(TRIM(CLEAN(RIGHT(TableTL[[#This Row],[Down]],2)))),TableLasers[],COLUMN(TableLasers[S-DPH]),FALSE))","v":0},{"$f":"SUM(LEFT(TableTL[[#This Row],[Main]],2)*VLOOKUP(VALUE(TRIM(CLEAN(RIGHT(TableTL[[#This Row],[Main]],2)))),TableLasers[],COLUMN(TableLasers[H-DPH]),FALSE),LEFT(TableTL[[#This Row],[Front]],2)*VLOOKUP(VALUE(TRIM(CLEAN(RIGHT(TableTL[[#This Row],[Front]],2)))),TableLasers[],COLUMN(TableLasers[H-DPH]),FALSE),LEFT(TableTL[[#This Row],[Back]],2)*VLOOKUP(VALUE(TRIM(CLEAN(RIGHT(TableTL[[#This Row],[Back]],2)))),TableLasers[],COLUMN(TableLasers[H-DPH]),FALSE),LEFT(TableTL[[#This Row],[Left]],2)*VLOOKUP(VALUE(TRIM(CLEAN(RIGHT(TableTL[[#This Row],[Left]],2)))),TableLasers[],COLUMN(TableLasers[H-DPH]),FALSE),LEFT(TableTL[[#This Row],[Right]],2)*VLOOKUP(VALUE(TRIM(CLEAN(RIGHT(TableTL[[#This Row],[Right]],2)))),TableLasers[],COLUMN(TableLasers[H-DPH]),FALSE),LEFT(TableTL[[#This Row],[Up]],2)*VLOOKUP(VALUE(TRIM(CLEAN(RIGHT(TableTL[[#This Row],[Up]],2)))),TableLasers[],COLUMN(TableLasers[H-DPH]),FALSE),LEFT(TableTL[[#This Row],[Down]],2)*VLOOKUP(VALUE(TRIM(CLEAN(RIGHT(TableTL[[#This Row],[Down]],2)))),TableLasers[],COLUMN(TableLasers[H-DPH]),FALSE))","v":0},"00::00","00::23","00::23","00::00","00::00","00::00","00::00",null,null,null,null,null,null,null,null,"0,1,3,4,23,28,29,35","0,1,3,4,23,28,29,35"]
[387,"Unknown","TL","zzPLACEHOLDER","Hauler",37.799999999999997,27,10,"XXL",340000,"2 GJ ",1,34200,363.63636363636402,0,0,0,48000,2,{"$f":"SUM(LEFT(TableTL[[#This Row],[Main]],2)*VLOOKUP(VALUE(TRIM(CLEAN(RIGHT(TableTL[[#This Row],[Main]],2)))),TableLasers[],COLUMN(TableLasers[S-DPH]),FALSE),LEFT(TableTL[[#This Row],[Front]],2)*VLOOKUP(VALUE(TRIM(CLEAN(RIGHT(TableTL[[#This Row],[Front]],2)))),TableLasers[],COLUMN(TableLasers[S-DPH]),FALSE),LEFT(TableTL[[#This Row],[Back]],2)*VLOOKUP(VALUE(TRIM(CLEAN(RIGHT(TableTL[[#This Row],[Back]],2)))),TableLasers[],COLUMN(TableLasers[S-DPH]),FALSE),LEFT(TableTL[[#This Row],[Left]],2)*VLOOKUP(VALUE(TRIM(CLEAN(RIGHT(TableTL[[#This Row],[Left]],2)))),TableLasers[],COLUMN(TableLasers[S-DPH]),FALSE),LEFT(TableTL[[#This Row],[Right]],2)*VLOOKUP(VALUE(TRIM(CLEAN(RIGHT(TableTL[[#This Row],[Right]],2)))),TableLasers[],COLUMN(TableLasers[S-DPH]),FALSE),LEFT(TableTL[[#This Row],[Up]],2)*VLOOKUP(VALUE(TRIM(CLEAN(RIGHT(TableTL[[#This Row],[Up]],2)))),TableLasers[],COLUMN(TableLasers[S-DPH]),FALSE),LEFT(TableTL[[#This Row],[Down]],2)*VLOOKUP(VALUE(TRIM(CLEAN(RIGHT(TableTL[[#This Row],[Down]],2)))),TableLasers[],COLUMN(TableLasers[S-DPH]),FALSE))","v":0},{"$f":"SUM(LEFT(TableTL[[#This Row],[Main]],2)*VLOOKUP(VALUE(TRIM(CLEAN(RIGHT(TableTL[[#This Row],[Main]],2)))),TableLasers[],COLUMN(TableLasers[H-DPH]),FALSE),LEFT(TableTL[[#This Row],[Front]],2)*VLOOKUP(VALUE(TRIM(CLEAN(RIGHT(TableTL[[#This Row],[Front]],2)))),TableLasers[],COLUMN(TableLasers[H-DPH]),FALSE),LEFT(TableTL[[#This Row],[Back]],2)*VLOOKUP(VALUE(TRIM(CLEAN(RIGHT(TableTL[[#This Row],[Back]],2)))),TableLasers[],COLUMN(TableLasers[H-DPH]),FALSE),LEFT(TableTL[[#This Row],[Left]],2)*VLOOKUP(VALUE(TRIM(CLEAN(RIGHT(TableTL[[#This Row],[Left]],2)))),TableLasers[],COLUMN(TableLasers[H-DPH]),FALSE),LEFT(TableTL[[#This Row],[Right]],2)*VLOOKUP(VALUE(TRIM(CLEAN(RIGHT(TableTL[[#This Row],[Right]],2)))),TableLasers[],COLUMN(TableLasers[H-DPH]),FALSE),LEFT(TableTL[[#This Row],[Up]],2)*VLOOKUP(VALUE(TRIM(CLEAN(RIGHT(TableTL[[#This Row],[Up]],2)))),TableLasers[],COLUMN(TableLasers[H-DPH]),FALSE),LEFT(TableTL[[#This Row],[Down]],2)*VLOOKUP(VALUE(TRIM(CLEAN(RIGHT(TableTL[[#This Row],[Down]],2)))),TableLasers[],COLUMN(TableLasers[H-DPH]),FALSE))","v":0},"00::00","00::23","00::23","00::00","00::00","00::00","00::00",null,null,null,null,null,null,null,null,"0,1,3,4,23,28,29,35","0,1,3,4,23,28,29,35"]
[388,"Unknown","TL","zzPLACEHOLDER","Hauler",37.799999999999997,27,10,"XXL",340000,"2 GJ ",1,34200,363.63636363636402,0,0,0,48000,2,{"$f":"SUM(LEFT(TableTL[[#This Row],[Main]],2)*VLOOKUP(VALUE(TRIM(CLEAN(RIGHT(TableTL[[#This Row],[Main]],2)))),TableLasers[],COLUMN(TableLasers[S-DPH]),FALSE),LEFT(TableTL[[#This Row],[Front]],2)*VLOOKUP(VALUE(TRIM(CLEAN(RIGHT(TableTL[[#This Row],[Front]],2)))),TableLasers[],COLUMN(TableLasers[S-DPH]),FALSE),LEFT(TableTL[[#This Row],[Back]],2)*VLOOKUP(VALUE(TRIM(CLEAN(RIGHT(TableTL[[#This Row],[Back]],2)))),TableLasers[],COLUMN(TableLasers[S-DPH]),FALSE),LEFT(TableTL[[#This Row],[Left]],2)*VLOOKUP(VALUE(TRIM(CLEAN(RIGHT(TableTL[[#This Row],[Left]],2)))),TableLasers[],COLUMN(TableLasers[S-DPH]),FALSE),LEFT(TableTL[[#This Row],[Right]],2)*VLOOKUP(VALUE(TRIM(CLEAN(RIGHT(TableTL[[#This Row],[Right]],2)))),TableLasers[],COLUMN(TableLasers[S-DPH]),FALSE),LEFT(TableTL[[#This Row],[Up]],2)*VLOOKUP(VALUE(TRIM(CLEAN(RIGHT(TableTL[[#This Row],[Up]],2)))),TableLasers[],COLUMN(TableLasers[S-DPH]),FALSE),LEFT(TableTL[[#This Row],[Down]],2)*VLOOKUP(VALUE(TRIM(CLEAN(RIGHT(TableTL[[#This Row],[Down]],2)))),TableLasers[],COLUMN(TableLasers[S-DPH]),FALSE))","v":0},{"$f":"SUM(LEFT(TableTL[[#This Row],[Main]],2)*VLOOKUP(VALUE(TRIM(CLEAN(RIGHT(TableTL[[#This Row],[Main]],2)))),TableLasers[],COLUMN(TableLasers[H-DPH]),FALSE),LEFT(TableTL[[#This Row],[Front]],2)*VLOOKUP(VALUE(TRIM(CLEAN(RIGHT(TableTL[[#This Row],[Front]],2)))),TableLasers[],COLUMN(TableLasers[H-DPH]),FALSE),LEFT(TableTL[[#This Row],[Back]],2)*VLOOKUP(VALUE(TRIM(CLEAN(RIGHT(TableTL[[#This Row],[Back]],2)))),TableLasers[],COLUMN(TableLasers[H-DPH]),FALSE),LEFT(TableTL[[#This Row],[Left]],2)*VLOOKUP(VALUE(TRIM(CLEAN(RIGHT(TableTL[[#This Row],[Left]],2)))),TableLasers[],COLUMN(TableLasers[H-DPH]),FALSE),LEFT(TableTL[[#This Row],[Right]],2)*VLOOKUP(VALUE(TRIM(CLEAN(RIGHT(TableTL[[#This Row],[Right]],2)))),TableLasers[],COLUMN(TableLasers[H-DPH]),FALSE),LEFT(TableTL[[#This Row],[Up]],2)*VLOOKUP(VALUE(TRIM(CLEAN(RIGHT(TableTL[[#This Row],[Up]],2)))),TableLasers[],COLUMN(TableLasers[H-DPH]),FALSE),LEFT(TableTL[[#This Row],[Down]],2)*VLOOKUP(VALUE(TRIM(CLEAN(RIGHT(TableTL[[#This Row],[Down]],2)))),TableLasers[],COLUMN(TableLasers[H-DPH]),FALSE))","v":0},"00::00","00::23","00::23","00::00","00::00","00::00","00::00",null,null,null,null,null,null,null,null,"0,1,3,4,23,28,29,35","0,1,3,4,23,28,29,35"]
[389,"Unknown","TL","zzPLACEHOLDER","Hauler",37.799999999999997,27,10,"XXL",340000,"2 GJ ",1,34200,363.63636363636402,0,0,0,48000,2,{"$f":"SUM(LEFT(TableTL[[#This Row],[Main]],2)*VLOOKUP(VALUE(TRIM(CLEAN(RIGHT(TableTL[[#This Row],[Main]],2)))),TableLasers[],COLUMN(TableLasers[S-DPH]),FALSE),LEFT(TableTL[[#This Row],[Front]],2)*VLOOKUP(VALUE(TRIM(CLEAN(RIGHT(TableTL[[#This Row],[Front]],2)))),TableLasers[],COLUMN(TableLasers[S-DPH]),FALSE),LEFT(TableTL[[#This Row],[Back]],2)*VLOOKUP(VALUE(TRIM(CLEAN(RIGHT(TableTL[[#This Row],[Back]],2)))),TableLasers[],COLUMN(TableLasers[S-DPH]),FALSE),LEFT(TableTL[[#This Row],[Left]],2)*VLOOKUP(VALUE(TRIM(CLEAN(RIGHT(TableTL[[#This Row],[Left]],2)))),TableLasers[],COLUMN(TableLasers[S-DPH]),FALSE),LEFT(TableTL[[#This Row],[Right]],2)*VLOOKUP(VALUE(TRIM(CLEAN(RIGHT(TableTL[[#This Row],[Right]],2)))),TableLasers[],COLUMN(TableLasers[S-DPH]),FALSE),LEFT(TableTL[[#This Row],[Up]],2)*VLOOKUP(VALUE(TRIM(CLEAN(RIGHT(TableTL[[#This Row],[Up]],2)))),TableLasers[],COLUMN(TableLasers[S-DPH]),FALSE),LEFT(TableTL[[#This Row],[Down]],2)*VLOOKUP(VALUE(TRIM(CLEAN(RIGHT(TableTL[[#This Row],[Down]],2)))),TableLasers[],COLUMN(TableLasers[S-DPH]),FALSE))","v":0},{"$f":"SUM(LEFT(TableTL[[#This Row],[Main]],2)*VLOOKUP(VALUE(TRIM(CLEAN(RIGHT(TableTL[[#This Row],[Main]],2)))),TableLasers[],COLUMN(TableLasers[H-DPH]),FALSE),LEFT(TableTL[[#This Row],[Front]],2)*VLOOKUP(VALUE(TRIM(CLEAN(RIGHT(TableTL[[#This Row],[Front]],2)))),TableLasers[],COLUMN(TableLasers[H-DPH]),FALSE),LEFT(TableTL[[#This Row],[Back]],2)*VLOOKUP(VALUE(TRIM(CLEAN(RIGHT(TableTL[[#This Row],[Back]],2)))),TableLasers[],COLUMN(TableLasers[H-DPH]),FALSE),LEFT(TableTL[[#This Row],[Left]],2)*VLOOKUP(VALUE(TRIM(CLEAN(RIGHT(TableTL[[#This Row],[Left]],2)))),TableLasers[],COLUMN(TableLasers[H-DPH]),FALSE),LEFT(TableTL[[#This Row],[Right]],2)*VLOOKUP(VALUE(TRIM(CLEAN(RIGHT(TableTL[[#This Row],[Right]],2)))),TableLasers[],COLUMN(TableLasers[H-DPH]),FALSE),LEFT(TableTL[[#This Row],[Up]],2)*VLOOKUP(VALUE(TRIM(CLEAN(RIGHT(TableTL[[#This Row],[Up]],2)))),TableLasers[],COLUMN(TableLasers[H-DPH]),FALSE),LEFT(TableTL[[#This Row],[Down]],2)*VLOOKUP(VALUE(TRIM(CLEAN(RIGHT(TableTL[[#This Row],[Down]],2)))),TableLasers[],COLUMN(TableLasers[H-DPH]),FALSE))","v":0},"00::00","00::23","00::23","00::00","00::00","00::00","00::00",null,null,null,null,null,null,null,null,"0,1,3,4,23,28,29,35","0,1,3,4,23,28,29,35"]
[390,"Unknown","TL","zzPLACEHOLDER","Hauler",37.799999999999997,27,10,"XXL",340000,"2 GJ ",1,34200,363.63636363636402,0,0,0,48000,2,{"$f":"SUM(LEFT(TableTL[[#This Row],[Main]],2)*VLOOKUP(VALUE(TRIM(CLEAN(RIGHT(TableTL[[#This Row],[Main]],2)))),TableLasers[],COLUMN(TableLasers[S-DPH]),FALSE),LEFT(TableTL[[#This Row],[Front]],2)*VLOOKUP(VALUE(TRIM(CLEAN(RIGHT(TableTL[[#This Row],[Front]],2)))),TableLasers[],COLUMN(TableLasers[S-DPH]),FALSE),LEFT(TableTL[[#This Row],[Back]],2)*VLOOKUP(VALUE(TRIM(CLEAN(RIGHT(TableTL[[#This Row],[Back]],2)))),TableLasers[],COLUMN(TableLasers[S-DPH]),FALSE),LEFT(TableTL[[#This Row],[Left]],2)*VLOOKUP(VALUE(TRIM(CLEAN(RIGHT(TableTL[[#This Row],[Left]],2)))),TableLasers[],COLUMN(TableLasers[S-DPH]),FALSE),LEFT(TableTL[[#This Row],[Right]],2)*VLOOKUP(VALUE(TRIM(CLEAN(RIGHT(TableTL[[#This Row],[Right]],2)))),TableLasers[],COLUMN(TableLasers[S-DPH]),FALSE),LEFT(TableTL[[#This Row],[Up]],2)*VLOOKUP(VALUE(TRIM(CLEAN(RIGHT(TableTL[[#This Row],[Up]],2)))),TableLasers[],COLUMN(TableLasers[S-DPH]),FALSE),LEFT(TableTL[[#This Row],[Down]],2)*VLOOKUP(VALUE(TRIM(CLEAN(RIGHT(TableTL[[#This Row],[Down]],2)))),TableLasers[],COLUMN(TableLasers[S-DPH]),FALSE))","v":0},{"$f":"SUM(LEFT(TableTL[[#This Row],[Main]],2)*VLOOKUP(VALUE(TRIM(CLEAN(RIGHT(TableTL[[#This Row],[Main]],2)))),TableLasers[],COLUMN(TableLasers[H-DPH]),FALSE),LEFT(TableTL[[#This Row],[Front]],2)*VLOOKUP(VALUE(TRIM(CLEAN(RIGHT(TableTL[[#This Row],[Front]],2)))),TableLasers[],COLUMN(TableLasers[H-DPH]),FALSE),LEFT(TableTL[[#This Row],[Back]],2)*VLOOKUP(VALUE(TRIM(CLEAN(RIGHT(TableTL[[#This Row],[Back]],2)))),TableLasers[],COLUMN(TableLasers[H-DPH]),FALSE),LEFT(TableTL[[#This Row],[Left]],2)*VLOOKUP(VALUE(TRIM(CLEAN(RIGHT(TableTL[[#This Row],[Left]],2)))),TableLasers[],COLUMN(TableLasers[H-DPH]),FALSE),LEFT(TableTL[[#This Row],[Right]],2)*VLOOKUP(VALUE(TRIM(CLEAN(RIGHT(TableTL[[#This Row],[Right]],2)))),TableLasers[],COLUMN(TableLasers[H-DPH]),FALSE),LEFT(TableTL[[#This Row],[Up]],2)*VLOOKUP(VALUE(TRIM(CLEAN(RIGHT(TableTL[[#This Row],[Up]],2)))),TableLasers[],COLUMN(TableLasers[H-DPH]),FALSE),LEFT(TableTL[[#This Row],[Down]],2)*VLOOKUP(VALUE(TRIM(CLEAN(RIGHT(TableTL[[#This Row],[Down]],2)))),TableLasers[],COLUMN(TableLasers[H-DPH]),FALSE))","v":0},"00::00","00::23","00::23","00::00","00::00","00::00","00::00",null,null,null,null,null,null,null,null,"0,1,3,4,23,28,29,35","0,1,3,4,23,28,29,35"]
[391,"Unknown","TL","zzPLACEHOLDER","Hauler",37.799999999999997,27,10,"XXL",340000,"2 GJ ",1,34200,363.63636363636402,0,0,0,48000,2,{"$f":"SUM(LEFT(TableTL[[#This Row],[Main]],2)*VLOOKUP(VALUE(TRIM(CLEAN(RIGHT(TableTL[[#This Row],[Main]],2)))),TableLasers[],COLUMN(TableLasers[S-DPH]),FALSE),LEFT(TableTL[[#This Row],[Front]],2)*VLOOKUP(VALUE(TRIM(CLEAN(RIGHT(TableTL[[#This Row],[Front]],2)))),TableLasers[],COLUMN(TableLasers[S-DPH]),FALSE),LEFT(TableTL[[#This Row],[Back]],2)*VLOOKUP(VALUE(TRIM(CLEAN(RIGHT(TableTL[[#This Row],[Back]],2)))),TableLasers[],COLUMN(TableLasers[S-DPH]),FALSE),LEFT(TableTL[[#This Row],[Left]],2)*VLOOKUP(VALUE(TRIM(CLEAN(RIGHT(TableTL[[#This Row],[Left]],2)))),TableLasers[],COLUMN(TableLasers[S-DPH]),FALSE),LEFT(TableTL[[#This Row],[Right]],2)*VLOOKUP(VALUE(TRIM(CLEAN(RIGHT(TableTL[[#This Row],[Right]],2)))),TableLasers[],COLUMN(TableLasers[S-DPH]),FALSE),LEFT(TableTL[[#This Row],[Up]],2)*VLOOKUP(VALUE(TRIM(CLEAN(RIGHT(TableTL[[#This Row],[Up]],2)))),TableLasers[],COLUMN(TableLasers[S-DPH]),FALSE),LEFT(TableTL[[#This Row],[Down]],2)*VLOOKUP(VALUE(TRIM(CLEAN(RIGHT(TableTL[[#This Row],[Down]],2)))),TableLasers[],COLUMN(TableLasers[S-DPH]),FALSE))","v":0},{"$f":"SUM(LEFT(TableTL[[#This Row],[Main]],2)*VLOOKUP(VALUE(TRIM(CLEAN(RIGHT(TableTL[[#This Row],[Main]],2)))),TableLasers[],COLUMN(TableLasers[H-DPH]),FALSE),LEFT(TableTL[[#This Row],[Front]],2)*VLOOKUP(VALUE(TRIM(CLEAN(RIGHT(TableTL[[#This Row],[Front]],2)))),TableLasers[],COLUMN(TableLasers[H-DPH]),FALSE),LEFT(TableTL[[#This Row],[Back]],2)*VLOOKUP(VALUE(TRIM(CLEAN(RIGHT(TableTL[[#This Row],[Back]],2)))),TableLasers[],COLUMN(TableLasers[H-DPH]),FALSE),LEFT(TableTL[[#This Row],[Left]],2)*VLOOKUP(VALUE(TRIM(CLEAN(RIGHT(TableTL[[#This Row],[Left]],2)))),TableLasers[],COLUMN(TableLasers[H-DPH]),FALSE),LEFT(TableTL[[#This Row],[Right]],2)*VLOOKUP(VALUE(TRIM(CLEAN(RIGHT(TableTL[[#This Row],[Right]],2)))),TableLasers[],COLUMN(TableLasers[H-DPH]),FALSE),LEFT(TableTL[[#This Row],[Up]],2)*VLOOKUP(VALUE(TRIM(CLEAN(RIGHT(TableTL[[#This Row],[Up]],2)))),TableLasers[],COLUMN(TableLasers[H-DPH]),FALSE),LEFT(TableTL[[#This Row],[Down]],2)*VLOOKUP(VALUE(TRIM(CLEAN(RIGHT(TableTL[[#This Row],[Down]],2)))),TableLasers[],COLUMN(TableLasers[H-DPH]),FALSE))","v":0},"00::00","00::23","00::23","00::00","00::00","00::00","00::00",null,null,null,null,null,null,null,null,"0,1,3,4,23,28,29,35","0,1,3,4,23,28,29,35"]
[392,"Unknown","TL","zzPLACEHOLDER","Hauler",37.799999999999997,27,10,"XXL",340000,"2 GJ ",1,34200,363.63636363636402,0,0,0,48000,2,{"$f":"SUM(LEFT(TableTL[[#This Row],[Main]],2)*VLOOKUP(VALUE(TRIM(CLEAN(RIGHT(TableTL[[#This Row],[Main]],2)))),TableLasers[],COLUMN(TableLasers[S-DPH]),FALSE),LEFT(TableTL[[#This Row],[Front]],2)*VLOOKUP(VALUE(TRIM(CLEAN(RIGHT(TableTL[[#This Row],[Front]],2)))),TableLasers[],COLUMN(TableLasers[S-DPH]),FALSE),LEFT(TableTL[[#This Row],[Back]],2)*VLOOKUP(VALUE(TRIM(CLEAN(RIGHT(TableTL[[#This Row],[Back]],2)))),TableLasers[],COLUMN(TableLasers[S-DPH]),FALSE),LEFT(TableTL[[#This Row],[Left]],2)*VLOOKUP(VALUE(TRIM(CLEAN(RIGHT(TableTL[[#This Row],[Left]],2)))),TableLasers[],COLUMN(TableLasers[S-DPH]),FALSE),LEFT(TableTL[[#This Row],[Right]],2)*VLOOKUP(VALUE(TRIM(CLEAN(RIGHT(TableTL[[#This Row],[Right]],2)))),TableLasers[],COLUMN(TableLasers[S-DPH]),FALSE),LEFT(TableTL[[#This Row],[Up]],2)*VLOOKUP(VALUE(TRIM(CLEAN(RIGHT(TableTL[[#This Row],[Up]],2)))),TableLasers[],COLUMN(TableLasers[S-DPH]),FALSE),LEFT(TableTL[[#This Row],[Down]],2)*VLOOKUP(VALUE(TRIM(CLEAN(RIGHT(TableTL[[#This Row],[Down]],2)))),TableLasers[],COLUMN(TableLasers[S-DPH]),FALSE))","v":0},{"$f":"SUM(LEFT(TableTL[[#This Row],[Main]],2)*VLOOKUP(VALUE(TRIM(CLEAN(RIGHT(TableTL[[#This Row],[Main]],2)))),TableLasers[],COLUMN(TableLasers[H-DPH]),FALSE),LEFT(TableTL[[#This Row],[Front]],2)*VLOOKUP(VALUE(TRIM(CLEAN(RIGHT(TableTL[[#This Row],[Front]],2)))),TableLasers[],COLUMN(TableLasers[H-DPH]),FALSE),LEFT(TableTL[[#This Row],[Back]],2)*VLOOKUP(VALUE(TRIM(CLEAN(RIGHT(TableTL[[#This Row],[Back]],2)))),TableLasers[],COLUMN(TableLasers[H-DPH]),FALSE),LEFT(TableTL[[#This Row],[Left]],2)*VLOOKUP(VALUE(TRIM(CLEAN(RIGHT(TableTL[[#This Row],[Left]],2)))),TableLasers[],COLUMN(TableLasers[H-DPH]),FALSE),LEFT(TableTL[[#This Row],[Right]],2)*VLOOKUP(VALUE(TRIM(CLEAN(RIGHT(TableTL[[#This Row],[Right]],2)))),TableLasers[],COLUMN(TableLasers[H-DPH]),FALSE),LEFT(TableTL[[#This Row],[Up]],2)*VLOOKUP(VALUE(TRIM(CLEAN(RIGHT(TableTL[[#This Row],[Up]],2)))),TableLasers[],COLUMN(TableLasers[H-DPH]),FALSE),LEFT(TableTL[[#This Row],[Down]],2)*VLOOKUP(VALUE(TRIM(CLEAN(RIGHT(TableTL[[#This Row],[Down]],2)))),TableLasers[],COLUMN(TableLasers[H-DPH]),FALSE))","v":0},"00::00","00::23","00::23","00::00","00::00","00::00","00::00",null,null,null,null,null,null,null,null,"0,1,3,4,23,28,29,35","0,1,3,4,23,28,29,35"]
[393,"Unknown","TL","zzPLACEHOLDER","Hauler",37.799999999999997,27,10,"XXL",340000,"2 GJ ",1,34200,363.63636363636402,0,0,0,48000,2,{"$f":"SUM(LEFT(TableTL[[#This Row],[Main]],2)*VLOOKUP(VALUE(TRIM(CLEAN(RIGHT(TableTL[[#This Row],[Main]],2)))),TableLasers[],COLUMN(TableLasers[S-DPH]),FALSE),LEFT(TableTL[[#This Row],[Front]],2)*VLOOKUP(VALUE(TRIM(CLEAN(RIGHT(TableTL[[#This Row],[Front]],2)))),TableLasers[],COLUMN(TableLasers[S-DPH]),FALSE),LEFT(TableTL[[#This Row],[Back]],2)*VLOOKUP(VALUE(TRIM(CLEAN(RIGHT(TableTL[[#This Row],[Back]],2)))),TableLasers[],COLUMN(TableLasers[S-DPH]),FALSE),LEFT(TableTL[[#This Row],[Left]],2)*VLOOKUP(VALUE(TRIM(CLEAN(RIGHT(TableTL[[#This Row],[Left]],2)))),TableLasers[],COLUMN(TableLasers[S-DPH]),FALSE),LEFT(TableTL[[#This Row],[Right]],2)*VLOOKUP(VALUE(TRIM(CLEAN(RIGHT(TableTL[[#This Row],[Right]],2)))),TableLasers[],COLUMN(TableLasers[S-DPH]),FALSE),LEFT(TableTL[[#This Row],[Up]],2)*VLOOKUP(VALUE(TRIM(CLEAN(RIGHT(TableTL[[#This Row],[Up]],2)))),TableLasers[],COLUMN(TableLasers[S-DPH]),FALSE),LEFT(TableTL[[#This Row],[Down]],2)*VLOOKUP(VALUE(TRIM(CLEAN(RIGHT(TableTL[[#This Row],[Down]],2)))),TableLasers[],COLUMN(TableLasers[S-DPH]),FALSE))","v":0},{"$f":"SUM(LEFT(TableTL[[#This Row],[Main]],2)*VLOOKUP(VALUE(TRIM(CLEAN(RIGHT(TableTL[[#This Row],[Main]],2)))),TableLasers[],COLUMN(TableLasers[H-DPH]),FALSE),LEFT(TableTL[[#This Row],[Front]],2)*VLOOKUP(VALUE(TRIM(CLEAN(RIGHT(TableTL[[#This Row],[Front]],2)))),TableLasers[],COLUMN(TableLasers[H-DPH]),FALSE),LEFT(TableTL[[#This Row],[Back]],2)*VLOOKUP(VALUE(TRIM(CLEAN(RIGHT(TableTL[[#This Row],[Back]],2)))),TableLasers[],COLUMN(TableLasers[H-DPH]),FALSE),LEFT(TableTL[[#This Row],[Left]],2)*VLOOKUP(VALUE(TRIM(CLEAN(RIGHT(TableTL[[#This Row],[Left]],2)))),TableLasers[],COLUMN(TableLasers[H-DPH]),FALSE),LEFT(TableTL[[#This Row],[Right]],2)*VLOOKUP(VALUE(TRIM(CLEAN(RIGHT(TableTL[[#This Row],[Right]],2)))),TableLasers[],COLUMN(TableLasers[H-DPH]),FALSE),LEFT(TableTL[[#This Row],[Up]],2)*VLOOKUP(VALUE(TRIM(CLEAN(RIGHT(TableTL[[#This Row],[Up]],2)))),TableLasers[],COLUMN(TableLasers[H-DPH]),FALSE),LEFT(TableTL[[#This Row],[Down]],2)*VLOOKUP(VALUE(TRIM(CLEAN(RIGHT(TableTL[[#This Row],[Down]],2)))),TableLasers[],COLUMN(TableLasers[H-DPH]),FALSE))","v":0},"00::00","00::23","00::23","00::00","00::00","00::00","00::00",null,null,null,null,null,null,null,null,"0,1,3,4,23,28,29,35","0,1,3,4,23,28,29,35"]
[394,"Unknown","TL","zzPLACEHOLDER","Hauler",37.799999999999997,27,10,"XXL",340000,"2 GJ ",1,34200,363.63636363636402,0,0,0,48000,2,{"$f":"SUM(LEFT(TableTL[[#This Row],[Main]],2)*VLOOKUP(VALUE(TRIM(CLEAN(RIGHT(TableTL[[#This Row],[Main]],2)))),TableLasers[],COLUMN(TableLasers[S-DPH]),FALSE),LEFT(TableTL[[#This Row],[Front]],2)*VLOOKUP(VALUE(TRIM(CLEAN(RIGHT(TableTL[[#This Row],[Front]],2)))),TableLasers[],COLUMN(TableLasers[S-DPH]),FALSE),LEFT(TableTL[[#This Row],[Back]],2)*VLOOKUP(VALUE(TRIM(CLEAN(RIGHT(TableTL[[#This Row],[Back]],2)))),TableLasers[],COLUMN(TableLasers[S-DPH]),FALSE),LEFT(TableTL[[#This Row],[Left]],2)*VLOOKUP(VALUE(TRIM(CLEAN(RIGHT(TableTL[[#This Row],[Left]],2)))),TableLasers[],COLUMN(TableLasers[S-DPH]),FALSE),LEFT(TableTL[[#This Row],[Right]],2)*VLOOKUP(VALUE(TRIM(CLEAN(RIGHT(TableTL[[#This Row],[Right]],2)))),TableLasers[],COLUMN(TableLasers[S-DPH]),FALSE),LEFT(TableTL[[#This Row],[Up]],2)*VLOOKUP(VALUE(TRIM(CLEAN(RIGHT(TableTL[[#This Row],[Up]],2)))),TableLasers[],COLUMN(TableLasers[S-DPH]),FALSE),LEFT(TableTL[[#This Row],[Down]],2)*VLOOKUP(VALUE(TRIM(CLEAN(RIGHT(TableTL[[#This Row],[Down]],2)))),TableLasers[],COLUMN(TableLasers[S-DPH]),FALSE))","v":0},{"$f":"SUM(LEFT(TableTL[[#This Row],[Main]],2)*VLOOKUP(VALUE(TRIM(CLEAN(RIGHT(TableTL[[#This Row],[Main]],2)))),TableLasers[],COLUMN(TableLasers[H-DPH]),FALSE),LEFT(TableTL[[#This Row],[Front]],2)*VLOOKUP(VALUE(TRIM(CLEAN(RIGHT(TableTL[[#This Row],[Front]],2)))),TableLasers[],COLUMN(TableLasers[H-DPH]),FALSE),LEFT(TableTL[[#This Row],[Back]],2)*VLOOKUP(VALUE(TRIM(CLEAN(RIGHT(TableTL[[#This Row],[Back]],2)))),TableLasers[],COLUMN(TableLasers[H-DPH]),FALSE),LEFT(TableTL[[#This Row],[Left]],2)*VLOOKUP(VALUE(TRIM(CLEAN(RIGHT(TableTL[[#This Row],[Left]],2)))),TableLasers[],COLUMN(TableLasers[H-DPH]),FALSE),LEFT(TableTL[[#This Row],[Right]],2)*VLOOKUP(VALUE(TRIM(CLEAN(RIGHT(TableTL[[#This Row],[Right]],2)))),TableLasers[],COLUMN(TableLasers[H-DPH]),FALSE),LEFT(TableTL[[#This Row],[Up]],2)*VLOOKUP(VALUE(TRIM(CLEAN(RIGHT(TableTL[[#This Row],[Up]],2)))),TableLasers[],COLUMN(TableLasers[H-DPH]),FALSE),LEFT(TableTL[[#This Row],[Down]],2)*VLOOKUP(VALUE(TRIM(CLEAN(RIGHT(TableTL[[#This Row],[Down]],2)))),TableLasers[],COLUMN(TableLasers[H-DPH]),FALSE))","v":0},"00::00","00::23","00::23","00::00","00::00","00::00","00::00",null,null,null,null,null,null,null,null,"0,1,3,4,23,28,29,35","0,1,3,4,23,28,29,35"]
[395,"Unknown","TL","zzPLACEHOLDER","Hauler",37.799999999999997,27,10,"XXL",340000,"2 GJ ",1,34200,363.63636363636402,0,0,0,48000,2,{"$f":"SUM(LEFT(TableTL[[#This Row],[Main]],2)*VLOOKUP(VALUE(TRIM(CLEAN(RIGHT(TableTL[[#This Row],[Main]],2)))),TableLasers[],COLUMN(TableLasers[S-DPH]),FALSE),LEFT(TableTL[[#This Row],[Front]],2)*VLOOKUP(VALUE(TRIM(CLEAN(RIGHT(TableTL[[#This Row],[Front]],2)))),TableLasers[],COLUMN(TableLasers[S-DPH]),FALSE),LEFT(TableTL[[#This Row],[Back]],2)*VLOOKUP(VALUE(TRIM(CLEAN(RIGHT(TableTL[[#This Row],[Back]],2)))),TableLasers[],COLUMN(TableLasers[S-DPH]),FALSE),LEFT(TableTL[[#This Row],[Left]],2)*VLOOKUP(VALUE(TRIM(CLEAN(RIGHT(TableTL[[#This Row],[Left]],2)))),TableLasers[],COLUMN(TableLasers[S-DPH]),FALSE),LEFT(TableTL[[#This Row],[Right]],2)*VLOOKUP(VALUE(TRIM(CLEAN(RIGHT(TableTL[[#This Row],[Right]],2)))),TableLasers[],COLUMN(TableLasers[S-DPH]),FALSE),LEFT(TableTL[[#This Row],[Up]],2)*VLOOKUP(VALUE(TRIM(CLEAN(RIGHT(TableTL[[#This Row],[Up]],2)))),TableLasers[],COLUMN(TableLasers[S-DPH]),FALSE),LEFT(TableTL[[#This Row],[Down]],2)*VLOOKUP(VALUE(TRIM(CLEAN(RIGHT(TableTL[[#This Row],[Down]],2)))),TableLasers[],COLUMN(TableLasers[S-DPH]),FALSE))","v":0},{"$f":"SUM(LEFT(TableTL[[#This Row],[Main]],2)*VLOOKUP(VALUE(TRIM(CLEAN(RIGHT(TableTL[[#This Row],[Main]],2)))),TableLasers[],COLUMN(TableLasers[H-DPH]),FALSE),LEFT(TableTL[[#This Row],[Front]],2)*VLOOKUP(VALUE(TRIM(CLEAN(RIGHT(TableTL[[#This Row],[Front]],2)))),TableLasers[],COLUMN(TableLasers[H-DPH]),FALSE),LEFT(TableTL[[#This Row],[Back]],2)*VLOOKUP(VALUE(TRIM(CLEAN(RIGHT(TableTL[[#This Row],[Back]],2)))),TableLasers[],COLUMN(TableLasers[H-DPH]),FALSE),LEFT(TableTL[[#This Row],[Left]],2)*VLOOKUP(VALUE(TRIM(CLEAN(RIGHT(TableTL[[#This Row],[Left]],2)))),TableLasers[],COLUMN(TableLasers[H-DPH]),FALSE),LEFT(TableTL[[#This Row],[Right]],2)*VLOOKUP(VALUE(TRIM(CLEAN(RIGHT(TableTL[[#This Row],[Right]],2)))),TableLasers[],COLUMN(TableLasers[H-DPH]),FALSE),LEFT(TableTL[[#This Row],[Up]],2)*VLOOKUP(VALUE(TRIM(CLEAN(RIGHT(TableTL[[#This Row],[Up]],2)))),TableLasers[],COLUMN(TableLasers[H-DPH]),FALSE),LEFT(TableTL[[#This Row],[Down]],2)*VLOOKUP(VALUE(TRIM(CLEAN(RIGHT(TableTL[[#This Row],[Down]],2)))),TableLasers[],COLUMN(TableLasers[H-DPH]),FALSE))","v":0},"00::00","00::23","00::23","00::00","00::00","00::00","00::00",null,null,null,null,null,null,null,null,"0,1,3,4,23,28,29,35","0,1,3,4,23,28,29,35"]
[396,"Unknown","TL","zzPLACEHOLDER","Hauler",37.799999999999997,27,10,"XXL",340000,"2 GJ ",1,34200,363.63636363636402,0,0,0,48000,2,{"$f":"SUM(LEFT(TableTL[[#This Row],[Main]],2)*VLOOKUP(VALUE(TRIM(CLEAN(RIGHT(TableTL[[#This Row],[Main]],2)))),TableLasers[],COLUMN(TableLasers[S-DPH]),FALSE),LEFT(TableTL[[#This Row],[Front]],2)*VLOOKUP(VALUE(TRIM(CLEAN(RIGHT(TableTL[[#This Row],[Front]],2)))),TableLasers[],COLUMN(TableLasers[S-DPH]),FALSE),LEFT(TableTL[[#This Row],[Back]],2)*VLOOKUP(VALUE(TRIM(CLEAN(RIGHT(TableTL[[#This Row],[Back]],2)))),TableLasers[],COLUMN(TableLasers[S-DPH]),FALSE),LEFT(TableTL[[#This Row],[Left]],2)*VLOOKUP(VALUE(TRIM(CLEAN(RIGHT(TableTL[[#This Row],[Left]],2)))),TableLasers[],COLUMN(TableLasers[S-DPH]),FALSE),LEFT(TableTL[[#This Row],[Right]],2)*VLOOKUP(VALUE(TRIM(CLEAN(RIGHT(TableTL[[#This Row],[Right]],2)))),TableLasers[],COLUMN(TableLasers[S-DPH]),FALSE),LEFT(TableTL[[#This Row],[Up]],2)*VLOOKUP(VALUE(TRIM(CLEAN(RIGHT(TableTL[[#This Row],[Up]],2)))),TableLasers[],COLUMN(TableLasers[S-DPH]),FALSE),LEFT(TableTL[[#This Row],[Down]],2)*VLOOKUP(VALUE(TRIM(CLEAN(RIGHT(TableTL[[#This Row],[Down]],2)))),TableLasers[],COLUMN(TableLasers[S-DPH]),FALSE))","v":0},{"$f":"SUM(LEFT(TableTL[[#This Row],[Main]],2)*VLOOKUP(VALUE(TRIM(CLEAN(RIGHT(TableTL[[#This Row],[Main]],2)))),TableLasers[],COLUMN(TableLasers[H-DPH]),FALSE),LEFT(TableTL[[#This Row],[Front]],2)*VLOOKUP(VALUE(TRIM(CLEAN(RIGHT(TableTL[[#This Row],[Front]],2)))),TableLasers[],COLUMN(TableLasers[H-DPH]),FALSE),LEFT(TableTL[[#This Row],[Back]],2)*VLOOKUP(VALUE(TRIM(CLEAN(RIGHT(TableTL[[#This Row],[Back]],2)))),TableLasers[],COLUMN(TableLasers[H-DPH]),FALSE),LEFT(TableTL[[#This Row],[Left]],2)*VLOOKUP(VALUE(TRIM(CLEAN(RIGHT(TableTL[[#This Row],[Left]],2)))),TableLasers[],COLUMN(TableLasers[H-DPH]),FALSE),LEFT(TableTL[[#This Row],[Right]],2)*VLOOKUP(VALUE(TRIM(CLEAN(RIGHT(TableTL[[#This Row],[Right]],2)))),TableLasers[],COLUMN(TableLasers[H-DPH]),FALSE),LEFT(TableTL[[#This Row],[Up]],2)*VLOOKUP(VALUE(TRIM(CLEAN(RIGHT(TableTL[[#This Row],[Up]],2)))),TableLasers[],COLUMN(TableLasers[H-DPH]),FALSE),LEFT(TableTL[[#This Row],[Down]],2)*VLOOKUP(VALUE(TRIM(CLEAN(RIGHT(TableTL[[#This Row],[Down]],2)))),TableLasers[],COLUMN(TableLasers[H-DPH]),FALSE))","v":0},"00::00","00::23","00::23","00::00","00::00","00::00","00::00",null,null,null,null,null,null,null,null,"0,1,3,4,23,28,29,35","0,1,3,4,23,28,29,35"]
[397,"Unknown","TL","zzPLACEHOLDER","Hauler",37.799999999999997,27,10,"XXL",340000,"2 GJ ",1,34200,363.63636363636402,0,0,0,48000,2,{"$f":"SUM(LEFT(TableTL[[#This Row],[Main]],2)*VLOOKUP(VALUE(TRIM(CLEAN(RIGHT(TableTL[[#This Row],[Main]],2)))),TableLasers[],COLUMN(TableLasers[S-DPH]),FALSE),LEFT(TableTL[[#This Row],[Front]],2)*VLOOKUP(VALUE(TRIM(CLEAN(RIGHT(TableTL[[#This Row],[Front]],2)))),TableLasers[],COLUMN(TableLasers[S-DPH]),FALSE),LEFT(TableTL[[#This Row],[Back]],2)*VLOOKUP(VALUE(TRIM(CLEAN(RIGHT(TableTL[[#This Row],[Back]],2)))),TableLasers[],COLUMN(TableLasers[S-DPH]),FALSE),LEFT(TableTL[[#This Row],[Left]],2)*VLOOKUP(VALUE(TRIM(CLEAN(RIGHT(TableTL[[#This Row],[Left]],2)))),TableLasers[],COLUMN(TableLasers[S-DPH]),FALSE),LEFT(TableTL[[#This Row],[Right]],2)*VLOOKUP(VALUE(TRIM(CLEAN(RIGHT(TableTL[[#This Row],[Right]],2)))),TableLasers[],COLUMN(TableLasers[S-DPH]),FALSE),LEFT(TableTL[[#This Row],[Up]],2)*VLOOKUP(VALUE(TRIM(CLEAN(RIGHT(TableTL[[#This Row],[Up]],2)))),TableLasers[],COLUMN(TableLasers[S-DPH]),FALSE),LEFT(TableTL[[#This Row],[Down]],2)*VLOOKUP(VALUE(TRIM(CLEAN(RIGHT(TableTL[[#This Row],[Down]],2)))),TableLasers[],COLUMN(TableLasers[S-DPH]),FALSE))","v":0},{"$f":"SUM(LEFT(TableTL[[#This Row],[Main]],2)*VLOOKUP(VALUE(TRIM(CLEAN(RIGHT(TableTL[[#This Row],[Main]],2)))),TableLasers[],COLUMN(TableLasers[H-DPH]),FALSE),LEFT(TableTL[[#This Row],[Front]],2)*VLOOKUP(VALUE(TRIM(CLEAN(RIGHT(TableTL[[#This Row],[Front]],2)))),TableLasers[],COLUMN(TableLasers[H-DPH]),FALSE),LEFT(TableTL[[#This Row],[Back]],2)*VLOOKUP(VALUE(TRIM(CLEAN(RIGHT(TableTL[[#This Row],[Back]],2)))),TableLasers[],COLUMN(TableLasers[H-DPH]),FALSE),LEFT(TableTL[[#This Row],[Left]],2)*VLOOKUP(VALUE(TRIM(CLEAN(RIGHT(TableTL[[#This Row],[Left]],2)))),TableLasers[],COLUMN(TableLasers[H-DPH]),FALSE),LEFT(TableTL[[#This Row],[Right]],2)*VLOOKUP(VALUE(TRIM(CLEAN(RIGHT(TableTL[[#This Row],[Right]],2)))),TableLasers[],COLUMN(TableLasers[H-DPH]),FALSE),LEFT(TableTL[[#This Row],[Up]],2)*VLOOKUP(VALUE(TRIM(CLEAN(RIGHT(TableTL[[#This Row],[Up]],2)))),TableLasers[],COLUMN(TableLasers[H-DPH]),FALSE),LEFT(TableTL[[#This Row],[Down]],2)*VLOOKUP(VALUE(TRIM(CLEAN(RIGHT(TableTL[[#This Row],[Down]],2)))),TableLasers[],COLUMN(TableLasers[H-DPH]),FALSE))","v":0},"00::00","00::23","00::23","00::00","00::00","00::00","00::00",null,null,null,null,null,null,null,null,"0,1,3,4,23,28,29,35","0,1,3,4,23,28,29,35"]
[398,"Unknown","TL","zzPLACEHOLDER","Hauler",37.799999999999997,27,10,"XXL",340000,"2 GJ ",1,34200,363.63636363636402,0,0,0,48000,2,{"$f":"SUM(LEFT(TableTL[[#This Row],[Main]],2)*VLOOKUP(VALUE(TRIM(CLEAN(RIGHT(TableTL[[#This Row],[Main]],2)))),TableLasers[],COLUMN(TableLasers[S-DPH]),FALSE),LEFT(TableTL[[#This Row],[Front]],2)*VLOOKUP(VALUE(TRIM(CLEAN(RIGHT(TableTL[[#This Row],[Front]],2)))),TableLasers[],COLUMN(TableLasers[S-DPH]),FALSE),LEFT(TableTL[[#This Row],[Back]],2)*VLOOKUP(VALUE(TRIM(CLEAN(RIGHT(TableTL[[#This Row],[Back]],2)))),TableLasers[],COLUMN(TableLasers[S-DPH]),FALSE),LEFT(TableTL[[#This Row],[Left]],2)*VLOOKUP(VALUE(TRIM(CLEAN(RIGHT(TableTL[[#This Row],[Left]],2)))),TableLasers[],COLUMN(TableLasers[S-DPH]),FALSE),LEFT(TableTL[[#This Row],[Right]],2)*VLOOKUP(VALUE(TRIM(CLEAN(RIGHT(TableTL[[#This Row],[Right]],2)))),TableLasers[],COLUMN(TableLasers[S-DPH]),FALSE),LEFT(TableTL[[#This Row],[Up]],2)*VLOOKUP(VALUE(TRIM(CLEAN(RIGHT(TableTL[[#This Row],[Up]],2)))),TableLasers[],COLUMN(TableLasers[S-DPH]),FALSE),LEFT(TableTL[[#This Row],[Down]],2)*VLOOKUP(VALUE(TRIM(CLEAN(RIGHT(TableTL[[#This Row],[Down]],2)))),TableLasers[],COLUMN(TableLasers[S-DPH]),FALSE))","v":0},{"$f":"SUM(LEFT(TableTL[[#This Row],[Main]],2)*VLOOKUP(VALUE(TRIM(CLEAN(RIGHT(TableTL[[#This Row],[Main]],2)))),TableLasers[],COLUMN(TableLasers[H-DPH]),FALSE),LEFT(TableTL[[#This Row],[Front]],2)*VLOOKUP(VALUE(TRIM(CLEAN(RIGHT(TableTL[[#This Row],[Front]],2)))),TableLasers[],COLUMN(TableLasers[H-DPH]),FALSE),LEFT(TableTL[[#This Row],[Back]],2)*VLOOKUP(VALUE(TRIM(CLEAN(RIGHT(TableTL[[#This Row],[Back]],2)))),TableLasers[],COLUMN(TableLasers[H-DPH]),FALSE),LEFT(TableTL[[#This Row],[Left]],2)*VLOOKUP(VALUE(TRIM(CLEAN(RIGHT(TableTL[[#This Row],[Left]],2)))),TableLasers[],COLUMN(TableLasers[H-DPH]),FALSE),LEFT(TableTL[[#This Row],[Right]],2)*VLOOKUP(VALUE(TRIM(CLEAN(RIGHT(TableTL[[#This Row],[Right]],2)))),TableLasers[],COLUMN(TableLasers[H-DPH]),FALSE),LEFT(TableTL[[#This Row],[Up]],2)*VLOOKUP(VALUE(TRIM(CLEAN(RIGHT(TableTL[[#This Row],[Up]],2)))),TableLasers[],COLUMN(TableLasers[H-DPH]),FALSE),LEFT(TableTL[[#This Row],[Down]],2)*VLOOKUP(VALUE(TRIM(CLEAN(RIGHT(TableTL[[#This Row],[Down]],2)))),TableLasers[],COLUMN(TableLasers[H-DPH]),FALSE))","v":0},"00::00","00::23","00::23","00::00","00::00","00::00","00::00",null,null,null,null,null,null,null,null,"0,1,3,4,23,28,29,35","0,1,3,4,23,28,29,35"]
[399,"Unknown","TL","zzPLACEHOLDER","Hauler",37.799999999999997,27,10,"XXL",340000,"2 GJ ",1,34200,363.63636363636402,0,0,0,48000,2,{"$f":"SUM(LEFT(TableTL[[#This Row],[Main]],2)*VLOOKUP(VALUE(TRIM(CLEAN(RIGHT(TableTL[[#This Row],[Main]],2)))),TableLasers[],COLUMN(TableLasers[S-DPH]),FALSE),LEFT(TableTL[[#This Row],[Front]],2)*VLOOKUP(VALUE(TRIM(CLEAN(RIGHT(TableTL[[#This Row],[Front]],2)))),TableLasers[],COLUMN(TableLasers[S-DPH]),FALSE),LEFT(TableTL[[#This Row],[Back]],2)*VLOOKUP(VALUE(TRIM(CLEAN(RIGHT(TableTL[[#This Row],[Back]],2)))),TableLasers[],COLUMN(TableLasers[S-DPH]),FALSE),LEFT(TableTL[[#This Row],[Left]],2)*VLOOKUP(VALUE(TRIM(CLEAN(RIGHT(TableTL[[#This Row],[Left]],2)))),TableLasers[],COLUMN(TableLasers[S-DPH]),FALSE),LEFT(TableTL[[#This Row],[Right]],2)*VLOOKUP(VALUE(TRIM(CLEAN(RIGHT(TableTL[[#This Row],[Right]],2)))),TableLasers[],COLUMN(TableLasers[S-DPH]),FALSE),LEFT(TableTL[[#This Row],[Up]],2)*VLOOKUP(VALUE(TRIM(CLEAN(RIGHT(TableTL[[#This Row],[Up]],2)))),TableLasers[],COLUMN(TableLasers[S-DPH]),FALSE),LEFT(TableTL[[#This Row],[Down]],2)*VLOOKUP(VALUE(TRIM(CLEAN(RIGHT(TableTL[[#This Row],[Down]],2)))),TableLasers[],COLUMN(TableLasers[S-DPH]),FALSE))","v":0},{"$f":"SUM(LEFT(TableTL[[#This Row],[Main]],2)*VLOOKUP(VALUE(TRIM(CLEAN(RIGHT(TableTL[[#This Row],[Main]],2)))),TableLasers[],COLUMN(TableLasers[H-DPH]),FALSE),LEFT(TableTL[[#This Row],[Front]],2)*VLOOKUP(VALUE(TRIM(CLEAN(RIGHT(TableTL[[#This Row],[Front]],2)))),TableLasers[],COLUMN(TableLasers[H-DPH]),FALSE),LEFT(TableTL[[#This Row],[Back]],2)*VLOOKUP(VALUE(TRIM(CLEAN(RIGHT(TableTL[[#This Row],[Back]],2)))),TableLasers[],COLUMN(TableLasers[H-DPH]),FALSE),LEFT(TableTL[[#This Row],[Left]],2)*VLOOKUP(VALUE(TRIM(CLEAN(RIGHT(TableTL[[#This Row],[Left]],2)))),TableLasers[],COLUMN(TableLasers[H-DPH]),FALSE),LEFT(TableTL[[#This Row],[Right]],2)*VLOOKUP(VALUE(TRIM(CLEAN(RIGHT(TableTL[[#This Row],[Right]],2)))),TableLasers[],COLUMN(TableLasers[H-DPH]),FALSE),LEFT(TableTL[[#This Row],[Up]],2)*VLOOKUP(VALUE(TRIM(CLEAN(RIGHT(TableTL[[#This Row],[Up]],2)))),TableLasers[],COLUMN(TableLasers[H-DPH]),FALSE),LEFT(TableTL[[#This Row],[Down]],2)*VLOOKUP(VALUE(TRIM(CLEAN(RIGHT(TableTL[[#This Row],[Down]],2)))),TableLasers[],COLUMN(TableLasers[H-DPH]),FALSE))","v":0},"00::00","00::23","00::23","00::00","00::00","00::00","00::00",null,null,null,null,null,null,null,null,"0,1,3,4,23,28,29,35","0,1,3,4,23,28,29,35"]
[400,"Unknown","TL","zzPLACEHOLDER","Hauler",37.799999999999997,27,10,"XXL",340000,"2 GJ ",1,34200,363.63636363636402,0,0,0,48000,2,{"$f":"SUM(LEFT(TableTL[[#This Row],[Main]],2)*VLOOKUP(VALUE(TRIM(CLEAN(RIGHT(TableTL[[#This Row],[Main]],2)))),TableLasers[],COLUMN(TableLasers[S-DPH]),FALSE),LEFT(TableTL[[#This Row],[Front]],2)*VLOOKUP(VALUE(TRIM(CLEAN(RIGHT(TableTL[[#This Row],[Front]],2)))),TableLasers[],COLUMN(TableLasers[S-DPH]),FALSE),LEFT(TableTL[[#This Row],[Back]],2)*VLOOKUP(VALUE(TRIM(CLEAN(RIGHT(TableTL[[#This Row],[Back]],2)))),TableLasers[],COLUMN(TableLasers[S-DPH]),FALSE),LEFT(TableTL[[#This Row],[Left]],2)*VLOOKUP(VALUE(TRIM(CLEAN(RIGHT(TableTL[[#This Row],[Left]],2)))),TableLasers[],COLUMN(TableLasers[S-DPH]),FALSE),LEFT(TableTL[[#This Row],[Right]],2)*VLOOKUP(VALUE(TRIM(CLEAN(RIGHT(TableTL[[#This Row],[Right]],2)))),TableLasers[],COLUMN(TableLasers[S-DPH]),FALSE),LEFT(TableTL[[#This Row],[Up]],2)*VLOOKUP(VALUE(TRIM(CLEAN(RIGHT(TableTL[[#This Row],[Up]],2)))),TableLasers[],COLUMN(TableLasers[S-DPH]),FALSE),LEFT(TableTL[[#This Row],[Down]],2)*VLOOKUP(VALUE(TRIM(CLEAN(RIGHT(TableTL[[#This Row],[Down]],2)))),TableLasers[],COLUMN(TableLasers[S-DPH]),FALSE))","v":0},{"$f":"SUM(LEFT(TableTL[[#This Row],[Main]],2)*VLOOKUP(VALUE(TRIM(CLEAN(RIGHT(TableTL[[#This Row],[Main]],2)))),TableLasers[],COLUMN(TableLasers[H-DPH]),FALSE),LEFT(TableTL[[#This Row],[Front]],2)*VLOOKUP(VALUE(TRIM(CLEAN(RIGHT(TableTL[[#This Row],[Front]],2)))),TableLasers[],COLUMN(TableLasers[H-DPH]),FALSE),LEFT(TableTL[[#This Row],[Back]],2)*VLOOKUP(VALUE(TRIM(CLEAN(RIGHT(TableTL[[#This Row],[Back]],2)))),TableLasers[],COLUMN(TableLasers[H-DPH]),FALSE),LEFT(TableTL[[#This Row],[Left]],2)*VLOOKUP(VALUE(TRIM(CLEAN(RIGHT(TableTL[[#This Row],[Left]],2)))),TableLasers[],COLUMN(TableLasers[H-DPH]),FALSE),LEFT(TableTL[[#This Row],[Right]],2)*VLOOKUP(VALUE(TRIM(CLEAN(RIGHT(TableTL[[#This Row],[Right]],2)))),TableLasers[],COLUMN(TableLasers[H-DPH]),FALSE),LEFT(TableTL[[#This Row],[Up]],2)*VLOOKUP(VALUE(TRIM(CLEAN(RIGHT(TableTL[[#This Row],[Up]],2)))),TableLasers[],COLUMN(TableLasers[H-DPH]),FALSE),LEFT(TableTL[[#This Row],[Down]],2)*VLOOKUP(VALUE(TRIM(CLEAN(RIGHT(TableTL[[#This Row],[Down]],2)))),TableLasers[],COLUMN(TableLasers[H-DPH]),FALSE))","v":0},"00::00","00::23","00::23","00::00","00::00","00::00","00::00",null,null,null,null,null,null,null,null,"0,1,3,4,23,28,29,35","0,1,3,4,23,28,29,35"]
[401,"Unknown","TL","zzPLACEHOLDER","Hauler",37.799999999999997,27,10,"XXL",340000,"2 GJ ",1,34200,363.63636363636402,0,0,0,48000,2,{"$f":"SUM(LEFT(TableTL[[#This Row],[Main]],2)*VLOOKUP(VALUE(TRIM(CLEAN(RIGHT(TableTL[[#This Row],[Main]],2)))),TableLasers[],COLUMN(TableLasers[S-DPH]),FALSE),LEFT(TableTL[[#This Row],[Front]],2)*VLOOKUP(VALUE(TRIM(CLEAN(RIGHT(TableTL[[#This Row],[Front]],2)))),TableLasers[],COLUMN(TableLasers[S-DPH]),FALSE),LEFT(TableTL[[#This Row],[Back]],2)*VLOOKUP(VALUE(TRIM(CLEAN(RIGHT(TableTL[[#This Row],[Back]],2)))),TableLasers[],COLUMN(TableLasers[S-DPH]),FALSE),LEFT(TableTL[[#This Row],[Left]],2)*VLOOKUP(VALUE(TRIM(CLEAN(RIGHT(TableTL[[#This Row],[Left]],2)))),TableLasers[],COLUMN(TableLasers[S-DPH]),FALSE),LEFT(TableTL[[#This Row],[Right]],2)*VLOOKUP(VALUE(TRIM(CLEAN(RIGHT(TableTL[[#This Row],[Right]],2)))),TableLasers[],COLUMN(TableLasers[S-DPH]),FALSE),LEFT(TableTL[[#This Row],[Up]],2)*VLOOKUP(VALUE(TRIM(CLEAN(RIGHT(TableTL[[#This Row],[Up]],2)))),TableLasers[],COLUMN(TableLasers[S-DPH]),FALSE),LEFT(TableTL[[#This Row],[Down]],2)*VLOOKUP(VALUE(TRIM(CLEAN(RIGHT(TableTL[[#This Row],[Down]],2)))),TableLasers[],COLUMN(TableLasers[S-DPH]),FALSE))","v":0},{"$f":"SUM(LEFT(TableTL[[#This Row],[Main]],2)*VLOOKUP(VALUE(TRIM(CLEAN(RIGHT(TableTL[[#This Row],[Main]],2)))),TableLasers[],COLUMN(TableLasers[H-DPH]),FALSE),LEFT(TableTL[[#This Row],[Front]],2)*VLOOKUP(VALUE(TRIM(CLEAN(RIGHT(TableTL[[#This Row],[Front]],2)))),TableLasers[],COLUMN(TableLasers[H-DPH]),FALSE),LEFT(TableTL[[#This Row],[Back]],2)*VLOOKUP(VALUE(TRIM(CLEAN(RIGHT(TableTL[[#This Row],[Back]],2)))),TableLasers[],COLUMN(TableLasers[H-DPH]),FALSE),LEFT(TableTL[[#This Row],[Left]],2)*VLOOKUP(VALUE(TRIM(CLEAN(RIGHT(TableTL[[#This Row],[Left]],2)))),TableLasers[],COLUMN(TableLasers[H-DPH]),FALSE),LEFT(TableTL[[#This Row],[Right]],2)*VLOOKUP(VALUE(TRIM(CLEAN(RIGHT(TableTL[[#This Row],[Right]],2)))),TableLasers[],COLUMN(TableLasers[H-DPH]),FALSE),LEFT(TableTL[[#This Row],[Up]],2)*VLOOKUP(VALUE(TRIM(CLEAN(RIGHT(TableTL[[#This Row],[Up]],2)))),TableLasers[],COLUMN(TableLasers[H-DPH]),FALSE),LEFT(TableTL[[#This Row],[Down]],2)*VLOOKUP(VALUE(TRIM(CLEAN(RIGHT(TableTL[[#This Row],[Down]],2)))),TableLasers[],COLUMN(TableLasers[H-DPH]),FALSE))","v":0},"00::00","00::23","00::23","00::00","00::00","00::00","00::00",null,null,null,null,null,null,null,null,"0,1,3,4,23,28,29,35","0,1,3,4,23,28,29,35"]
[402,"Unknown","TL","zzPLACEHOLDER","Hauler",37.799999999999997,27,10,"XXL",340000,"2 GJ ",1,34200,363.63636363636402,0,0,0,48000,2,{"$f":"SUM(LEFT(TableTL[[#This Row],[Main]],2)*VLOOKUP(VALUE(TRIM(CLEAN(RIGHT(TableTL[[#This Row],[Main]],2)))),TableLasers[],COLUMN(TableLasers[S-DPH]),FALSE),LEFT(TableTL[[#This Row],[Front]],2)*VLOOKUP(VALUE(TRIM(CLEAN(RIGHT(TableTL[[#This Row],[Front]],2)))),TableLasers[],COLUMN(TableLasers[S-DPH]),FALSE),LEFT(TableTL[[#This Row],[Back]],2)*VLOOKUP(VALUE(TRIM(CLEAN(RIGHT(TableTL[[#This Row],[Back]],2)))),TableLasers[],COLUMN(TableLasers[S-DPH]),FALSE),LEFT(TableTL[[#This Row],[Left]],2)*VLOOKUP(VALUE(TRIM(CLEAN(RIGHT(TableTL[[#This Row],[Left]],2)))),TableLasers[],COLUMN(TableLasers[S-DPH]),FALSE),LEFT(TableTL[[#This Row],[Right]],2)*VLOOKUP(VALUE(TRIM(CLEAN(RIGHT(TableTL[[#This Row],[Right]],2)))),TableLasers[],COLUMN(TableLasers[S-DPH]),FALSE),LEFT(TableTL[[#This Row],[Up]],2)*VLOOKUP(VALUE(TRIM(CLEAN(RIGHT(TableTL[[#This Row],[Up]],2)))),TableLasers[],COLUMN(TableLasers[S-DPH]),FALSE),LEFT(TableTL[[#This Row],[Down]],2)*VLOOKUP(VALUE(TRIM(CLEAN(RIGHT(TableTL[[#This Row],[Down]],2)))),TableLasers[],COLUMN(TableLasers[S-DPH]),FALSE))","v":0},{"$f":"SUM(LEFT(TableTL[[#This Row],[Main]],2)*VLOOKUP(VALUE(TRIM(CLEAN(RIGHT(TableTL[[#This Row],[Main]],2)))),TableLasers[],COLUMN(TableLasers[H-DPH]),FALSE),LEFT(TableTL[[#This Row],[Front]],2)*VLOOKUP(VALUE(TRIM(CLEAN(RIGHT(TableTL[[#This Row],[Front]],2)))),TableLasers[],COLUMN(TableLasers[H-DPH]),FALSE),LEFT(TableTL[[#This Row],[Back]],2)*VLOOKUP(VALUE(TRIM(CLEAN(RIGHT(TableTL[[#This Row],[Back]],2)))),TableLasers[],COLUMN(TableLasers[H-DPH]),FALSE),LEFT(TableTL[[#This Row],[Left]],2)*VLOOKUP(VALUE(TRIM(CLEAN(RIGHT(TableTL[[#This Row],[Left]],2)))),TableLasers[],COLUMN(TableLasers[H-DPH]),FALSE),LEFT(TableTL[[#This Row],[Right]],2)*VLOOKUP(VALUE(TRIM(CLEAN(RIGHT(TableTL[[#This Row],[Right]],2)))),TableLasers[],COLUMN(TableLasers[H-DPH]),FALSE),LEFT(TableTL[[#This Row],[Up]],2)*VLOOKUP(VALUE(TRIM(CLEAN(RIGHT(TableTL[[#This Row],[Up]],2)))),TableLasers[],COLUMN(TableLasers[H-DPH]),FALSE),LEFT(TableTL[[#This Row],[Down]],2)*VLOOKUP(VALUE(TRIM(CLEAN(RIGHT(TableTL[[#This Row],[Down]],2)))),TableLasers[],COLUMN(TableLasers[H-DPH]),FALSE))","v":0},"00::00","00::23","00::23","00::00","00::00","00::00","00::00",null,null,null,null,null,null,null,null,"0,1,3,4,23,28,29,35","0,1,3,4,23,28,29,35"]
[403,"Unknown","TL","zzPLACEHOLDER","Hauler",37.799999999999997,27,10,"XXL",340000,"2 GJ ",1,34200,363.63636363636402,0,0,0,48000,2,{"$f":"SUM(LEFT(TableTL[[#This Row],[Main]],2)*VLOOKUP(VALUE(TRIM(CLEAN(RIGHT(TableTL[[#This Row],[Main]],2)))),TableLasers[],COLUMN(TableLasers[S-DPH]),FALSE),LEFT(TableTL[[#This Row],[Front]],2)*VLOOKUP(VALUE(TRIM(CLEAN(RIGHT(TableTL[[#This Row],[Front]],2)))),TableLasers[],COLUMN(TableLasers[S-DPH]),FALSE),LEFT(TableTL[[#This Row],[Back]],2)*VLOOKUP(VALUE(TRIM(CLEAN(RIGHT(TableTL[[#This Row],[Back]],2)))),TableLasers[],COLUMN(TableLasers[S-DPH]),FALSE),LEFT(TableTL[[#This Row],[Left]],2)*VLOOKUP(VALUE(TRIM(CLEAN(RIGHT(TableTL[[#This Row],[Left]],2)))),TableLasers[],COLUMN(TableLasers[S-DPH]),FALSE),LEFT(TableTL[[#This Row],[Right]],2)*VLOOKUP(VALUE(TRIM(CLEAN(RIGHT(TableTL[[#This Row],[Right]],2)))),TableLasers[],COLUMN(TableLasers[S-DPH]),FALSE),LEFT(TableTL[[#This Row],[Up]],2)*VLOOKUP(VALUE(TRIM(CLEAN(RIGHT(TableTL[[#This Row],[Up]],2)))),TableLasers[],COLUMN(TableLasers[S-DPH]),FALSE),LEFT(TableTL[[#This Row],[Down]],2)*VLOOKUP(VALUE(TRIM(CLEAN(RIGHT(TableTL[[#This Row],[Down]],2)))),TableLasers[],COLUMN(TableLasers[S-DPH]),FALSE))","v":0},{"$f":"SUM(LEFT(TableTL[[#This Row],[Main]],2)*VLOOKUP(VALUE(TRIM(CLEAN(RIGHT(TableTL[[#This Row],[Main]],2)))),TableLasers[],COLUMN(TableLasers[H-DPH]),FALSE),LEFT(TableTL[[#This Row],[Front]],2)*VLOOKUP(VALUE(TRIM(CLEAN(RIGHT(TableTL[[#This Row],[Front]],2)))),TableLasers[],COLUMN(TableLasers[H-DPH]),FALSE),LEFT(TableTL[[#This Row],[Back]],2)*VLOOKUP(VALUE(TRIM(CLEAN(RIGHT(TableTL[[#This Row],[Back]],2)))),TableLasers[],COLUMN(TableLasers[H-DPH]),FALSE),LEFT(TableTL[[#This Row],[Left]],2)*VLOOKUP(VALUE(TRIM(CLEAN(RIGHT(TableTL[[#This Row],[Left]],2)))),TableLasers[],COLUMN(TableLasers[H-DPH]),FALSE),LEFT(TableTL[[#This Row],[Right]],2)*VLOOKUP(VALUE(TRIM(CLEAN(RIGHT(TableTL[[#This Row],[Right]],2)))),TableLasers[],COLUMN(TableLasers[H-DPH]),FALSE),LEFT(TableTL[[#This Row],[Up]],2)*VLOOKUP(VALUE(TRIM(CLEAN(RIGHT(TableTL[[#This Row],[Up]],2)))),TableLasers[],COLUMN(TableLasers[H-DPH]),FALSE),LEFT(TableTL[[#This Row],[Down]],2)*VLOOKUP(VALUE(TRIM(CLEAN(RIGHT(TableTL[[#This Row],[Down]],2)))),TableLasers[],COLUMN(TableLasers[H-DPH]),FALSE))","v":0},"00::00","00::23","00::23","00::00","00::00","00::00","00::00",null,null,null,null,null,null,null,null,"0,1,3,4,23,28,29,35","0,1,3,4,23,28,29,35"]
[404,"Unknown","TL","zzPLACEHOLDER","Hauler",37.799999999999997,27,10,"XXL",340000,"2 GJ ",1,34200,363.63636363636402,0,0,0,48000,2,{"$f":"SUM(LEFT(TableTL[[#This Row],[Main]],2)*VLOOKUP(VALUE(TRIM(CLEAN(RIGHT(TableTL[[#This Row],[Main]],2)))),TableLasers[],COLUMN(TableLasers[S-DPH]),FALSE),LEFT(TableTL[[#This Row],[Front]],2)*VLOOKUP(VALUE(TRIM(CLEAN(RIGHT(TableTL[[#This Row],[Front]],2)))),TableLasers[],COLUMN(TableLasers[S-DPH]),FALSE),LEFT(TableTL[[#This Row],[Back]],2)*VLOOKUP(VALUE(TRIM(CLEAN(RIGHT(TableTL[[#This Row],[Back]],2)))),TableLasers[],COLUMN(TableLasers[S-DPH]),FALSE),LEFT(TableTL[[#This Row],[Left]],2)*VLOOKUP(VALUE(TRIM(CLEAN(RIGHT(TableTL[[#This Row],[Left]],2)))),TableLasers[],COLUMN(TableLasers[S-DPH]),FALSE),LEFT(TableTL[[#This Row],[Right]],2)*VLOOKUP(VALUE(TRIM(CLEAN(RIGHT(TableTL[[#This Row],[Right]],2)))),TableLasers[],COLUMN(TableLasers[S-DPH]),FALSE),LEFT(TableTL[[#This Row],[Up]],2)*VLOOKUP(VALUE(TRIM(CLEAN(RIGHT(TableTL[[#This Row],[Up]],2)))),TableLasers[],COLUMN(TableLasers[S-DPH]),FALSE),LEFT(TableTL[[#This Row],[Down]],2)*VLOOKUP(VALUE(TRIM(CLEAN(RIGHT(TableTL[[#This Row],[Down]],2)))),TableLasers[],COLUMN(TableLasers[S-DPH]),FALSE))","v":0},{"$f":"SUM(LEFT(TableTL[[#This Row],[Main]],2)*VLOOKUP(VALUE(TRIM(CLEAN(RIGHT(TableTL[[#This Row],[Main]],2)))),TableLasers[],COLUMN(TableLasers[H-DPH]),FALSE),LEFT(TableTL[[#This Row],[Front]],2)*VLOOKUP(VALUE(TRIM(CLEAN(RIGHT(TableTL[[#This Row],[Front]],2)))),TableLasers[],COLUMN(TableLasers[H-DPH]),FALSE),LEFT(TableTL[[#This Row],[Back]],2)*VLOOKUP(VALUE(TRIM(CLEAN(RIGHT(TableTL[[#This Row],[Back]],2)))),TableLasers[],COLUMN(TableLasers[H-DPH]),FALSE),LEFT(TableTL[[#This Row],[Left]],2)*VLOOKUP(VALUE(TRIM(CLEAN(RIGHT(TableTL[[#This Row],[Left]],2)))),TableLasers[],COLUMN(TableLasers[H-DPH]),FALSE),LEFT(TableTL[[#This Row],[Right]],2)*VLOOKUP(VALUE(TRIM(CLEAN(RIGHT(TableTL[[#This Row],[Right]],2)))),TableLasers[],COLUMN(TableLasers[H-DPH]),FALSE),LEFT(TableTL[[#This Row],[Up]],2)*VLOOKUP(VALUE(TRIM(CLEAN(RIGHT(TableTL[[#This Row],[Up]],2)))),TableLasers[],COLUMN(TableLasers[H-DPH]),FALSE),LEFT(TableTL[[#This Row],[Down]],2)*VLOOKUP(VALUE(TRIM(CLEAN(RIGHT(TableTL[[#This Row],[Down]],2)))),TableLasers[],COLUMN(TableLasers[H-DPH]),FALSE))","v":0},"00::00","00::23","00::23","00::00","00::00","00::00","00::00",null,null,null,null,null,null,null,null,"0,1,3,4,23,28,29,35","0,1,3,4,23,28,29,35"]
[405,"Unknown","TL","zzPLACEHOLDER","Hauler",37.799999999999997,27,10,"XXL",340000,"2 GJ ",1,34200,363.63636363636402,0,0,0,48000,2,{"$f":"SUM(LEFT(TableTL[[#This Row],[Main]],2)*VLOOKUP(VALUE(TRIM(CLEAN(RIGHT(TableTL[[#This Row],[Main]],2)))),TableLasers[],COLUMN(TableLasers[S-DPH]),FALSE),LEFT(TableTL[[#This Row],[Front]],2)*VLOOKUP(VALUE(TRIM(CLEAN(RIGHT(TableTL[[#This Row],[Front]],2)))),TableLasers[],COLUMN(TableLasers[S-DPH]),FALSE),LEFT(TableTL[[#This Row],[Back]],2)*VLOOKUP(VALUE(TRIM(CLEAN(RIGHT(TableTL[[#This Row],[Back]],2)))),TableLasers[],COLUMN(TableLasers[S-DPH]),FALSE),LEFT(TableTL[[#This Row],[Left]],2)*VLOOKUP(VALUE(TRIM(CLEAN(RIGHT(TableTL[[#This Row],[Left]],2)))),TableLasers[],COLUMN(TableLasers[S-DPH]),FALSE),LEFT(TableTL[[#This Row],[Right]],2)*VLOOKUP(VALUE(TRIM(CLEAN(RIGHT(TableTL[[#This Row],[Right]],2)))),TableLasers[],COLUMN(TableLasers[S-DPH]),FALSE),LEFT(TableTL[[#This Row],[Up]],2)*VLOOKUP(VALUE(TRIM(CLEAN(RIGHT(TableTL[[#This Row],[Up]],2)))),TableLasers[],COLUMN(TableLasers[S-DPH]),FALSE),LEFT(TableTL[[#This Row],[Down]],2)*VLOOKUP(VALUE(TRIM(CLEAN(RIGHT(TableTL[[#This Row],[Down]],2)))),TableLasers[],COLUMN(TableLasers[S-DPH]),FALSE))","v":0},{"$f":"SUM(LEFT(TableTL[[#This Row],[Main]],2)*VLOOKUP(VALUE(TRIM(CLEAN(RIGHT(TableTL[[#This Row],[Main]],2)))),TableLasers[],COLUMN(TableLasers[H-DPH]),FALSE),LEFT(TableTL[[#This Row],[Front]],2)*VLOOKUP(VALUE(TRIM(CLEAN(RIGHT(TableTL[[#This Row],[Front]],2)))),TableLasers[],COLUMN(TableLasers[H-DPH]),FALSE),LEFT(TableTL[[#This Row],[Back]],2)*VLOOKUP(VALUE(TRIM(CLEAN(RIGHT(TableTL[[#This Row],[Back]],2)))),TableLasers[],COLUMN(TableLasers[H-DPH]),FALSE),LEFT(TableTL[[#This Row],[Left]],2)*VLOOKUP(VALUE(TRIM(CLEAN(RIGHT(TableTL[[#This Row],[Left]],2)))),TableLasers[],COLUMN(TableLasers[H-DPH]),FALSE),LEFT(TableTL[[#This Row],[Right]],2)*VLOOKUP(VALUE(TRIM(CLEAN(RIGHT(TableTL[[#This Row],[Right]],2)))),TableLasers[],COLUMN(TableLasers[H-DPH]),FALSE),LEFT(TableTL[[#This Row],[Up]],2)*VLOOKUP(VALUE(TRIM(CLEAN(RIGHT(TableTL[[#This Row],[Up]],2)))),TableLasers[],COLUMN(TableLasers[H-DPH]),FALSE),LEFT(TableTL[[#This Row],[Down]],2)*VLOOKUP(VALUE(TRIM(CLEAN(RIGHT(TableTL[[#This Row],[Down]],2)))),TableLasers[],COLUMN(TableLasers[H-DPH]),FALSE))","v":0},"00::00","00::23","00::23","00::00","00::00","00::00","00::00",null,null,null,null,null,null,null,null,"0,1,3,4,23,28,29,35","0,1,3,4,23,28,29,35"]
[406,"Unknown","TL","zzPLACEHOLDER","Hauler",37.799999999999997,27,10,"XXL",340000,"2 GJ ",1,34200,363.63636363636402,0,0,0,48000,2,{"$f":"SUM(LEFT(TableTL[[#This Row],[Main]],2)*VLOOKUP(VALUE(TRIM(CLEAN(RIGHT(TableTL[[#This Row],[Main]],2)))),TableLasers[],COLUMN(TableLasers[S-DPH]),FALSE),LEFT(TableTL[[#This Row],[Front]],2)*VLOOKUP(VALUE(TRIM(CLEAN(RIGHT(TableTL[[#This Row],[Front]],2)))),TableLasers[],COLUMN(TableLasers[S-DPH]),FALSE),LEFT(TableTL[[#This Row],[Back]],2)*VLOOKUP(VALUE(TRIM(CLEAN(RIGHT(TableTL[[#This Row],[Back]],2)))),TableLasers[],COLUMN(TableLasers[S-DPH]),FALSE),LEFT(TableTL[[#This Row],[Left]],2)*VLOOKUP(VALUE(TRIM(CLEAN(RIGHT(TableTL[[#This Row],[Left]],2)))),TableLasers[],COLUMN(TableLasers[S-DPH]),FALSE),LEFT(TableTL[[#This Row],[Right]],2)*VLOOKUP(VALUE(TRIM(CLEAN(RIGHT(TableTL[[#This Row],[Right]],2)))),TableLasers[],COLUMN(TableLasers[S-DPH]),FALSE),LEFT(TableTL[[#This Row],[Up]],2)*VLOOKUP(VALUE(TRIM(CLEAN(RIGHT(TableTL[[#This Row],[Up]],2)))),TableLasers[],COLUMN(TableLasers[S-DPH]),FALSE),LEFT(TableTL[[#This Row],[Down]],2)*VLOOKUP(VALUE(TRIM(CLEAN(RIGHT(TableTL[[#This Row],[Down]],2)))),TableLasers[],COLUMN(TableLasers[S-DPH]),FALSE))","v":0},{"$f":"SUM(LEFT(TableTL[[#This Row],[Main]],2)*VLOOKUP(VALUE(TRIM(CLEAN(RIGHT(TableTL[[#This Row],[Main]],2)))),TableLasers[],COLUMN(TableLasers[H-DPH]),FALSE),LEFT(TableTL[[#This Row],[Front]],2)*VLOOKUP(VALUE(TRIM(CLEAN(RIGHT(TableTL[[#This Row],[Front]],2)))),TableLasers[],COLUMN(TableLasers[H-DPH]),FALSE),LEFT(TableTL[[#This Row],[Back]],2)*VLOOKUP(VALUE(TRIM(CLEAN(RIGHT(TableTL[[#This Row],[Back]],2)))),TableLasers[],COLUMN(TableLasers[H-DPH]),FALSE),LEFT(TableTL[[#This Row],[Left]],2)*VLOOKUP(VALUE(TRIM(CLEAN(RIGHT(TableTL[[#This Row],[Left]],2)))),TableLasers[],COLUMN(TableLasers[H-DPH]),FALSE),LEFT(TableTL[[#This Row],[Right]],2)*VLOOKUP(VALUE(TRIM(CLEAN(RIGHT(TableTL[[#This Row],[Right]],2)))),TableLasers[],COLUMN(TableLasers[H-DPH]),FALSE),LEFT(TableTL[[#This Row],[Up]],2)*VLOOKUP(VALUE(TRIM(CLEAN(RIGHT(TableTL[[#This Row],[Up]],2)))),TableLasers[],COLUMN(TableLasers[H-DPH]),FALSE),LEFT(TableTL[[#This Row],[Down]],2)*VLOOKUP(VALUE(TRIM(CLEAN(RIGHT(TableTL[[#This Row],[Down]],2)))),TableLasers[],COLUMN(TableLasers[H-DPH]),FALSE))","v":0},"00::00","00::23","00::23","00::00","00::00","00::00","00::00",null,null,null,null,null,null,null,null,"0,1,3,4,23,28,29,35","0,1,3,4,23,28,29,35"]
[407,"Unknown","TL","zzPLACEHOLDER","Hauler",37.799999999999997,27,10,"XXL",340000,"2 GJ ",1,34200,363.63636363636402,0,0,0,48000,2,{"$f":"SUM(LEFT(TableTL[[#This Row],[Main]],2)*VLOOKUP(VALUE(TRIM(CLEAN(RIGHT(TableTL[[#This Row],[Main]],2)))),TableLasers[],COLUMN(TableLasers[S-DPH]),FALSE),LEFT(TableTL[[#This Row],[Front]],2)*VLOOKUP(VALUE(TRIM(CLEAN(RIGHT(TableTL[[#This Row],[Front]],2)))),TableLasers[],COLUMN(TableLasers[S-DPH]),FALSE),LEFT(TableTL[[#This Row],[Back]],2)*VLOOKUP(VALUE(TRIM(CLEAN(RIGHT(TableTL[[#This Row],[Back]],2)))),TableLasers[],COLUMN(TableLasers[S-DPH]),FALSE),LEFT(TableTL[[#This Row],[Left]],2)*VLOOKUP(VALUE(TRIM(CLEAN(RIGHT(TableTL[[#This Row],[Left]],2)))),TableLasers[],COLUMN(TableLasers[S-DPH]),FALSE),LEFT(TableTL[[#This Row],[Right]],2)*VLOOKUP(VALUE(TRIM(CLEAN(RIGHT(TableTL[[#This Row],[Right]],2)))),TableLasers[],COLUMN(TableLasers[S-DPH]),FALSE),LEFT(TableTL[[#This Row],[Up]],2)*VLOOKUP(VALUE(TRIM(CLEAN(RIGHT(TableTL[[#This Row],[Up]],2)))),TableLasers[],COLUMN(TableLasers[S-DPH]),FALSE),LEFT(TableTL[[#This Row],[Down]],2)*VLOOKUP(VALUE(TRIM(CLEAN(RIGHT(TableTL[[#This Row],[Down]],2)))),TableLasers[],COLUMN(TableLasers[S-DPH]),FALSE))","v":0},{"$f":"SUM(LEFT(TableTL[[#This Row],[Main]],2)*VLOOKUP(VALUE(TRIM(CLEAN(RIGHT(TableTL[[#This Row],[Main]],2)))),TableLasers[],COLUMN(TableLasers[H-DPH]),FALSE),LEFT(TableTL[[#This Row],[Front]],2)*VLOOKUP(VALUE(TRIM(CLEAN(RIGHT(TableTL[[#This Row],[Front]],2)))),TableLasers[],COLUMN(TableLasers[H-DPH]),FALSE),LEFT(TableTL[[#This Row],[Back]],2)*VLOOKUP(VALUE(TRIM(CLEAN(RIGHT(TableTL[[#This Row],[Back]],2)))),TableLasers[],COLUMN(TableLasers[H-DPH]),FALSE),LEFT(TableTL[[#This Row],[Left]],2)*VLOOKUP(VALUE(TRIM(CLEAN(RIGHT(TableTL[[#This Row],[Left]],2)))),TableLasers[],COLUMN(TableLasers[H-DPH]),FALSE),LEFT(TableTL[[#This Row],[Right]],2)*VLOOKUP(VALUE(TRIM(CLEAN(RIGHT(TableTL[[#This Row],[Right]],2)))),TableLasers[],COLUMN(TableLasers[H-DPH]),FALSE),LEFT(TableTL[[#This Row],[Up]],2)*VLOOKUP(VALUE(TRIM(CLEAN(RIGHT(TableTL[[#This Row],[Up]],2)))),TableLasers[],COLUMN(TableLasers[H-DPH]),FALSE),LEFT(TableTL[[#This Row],[Down]],2)*VLOOKUP(VALUE(TRIM(CLEAN(RIGHT(TableTL[[#This Row],[Down]],2)))),TableLasers[],COLUMN(TableLasers[H-DPH]),FALSE))","v":0},"00::00","00::23","00::23","00::00","00::00","00::00","00::00",null,null,null,null,null,null,null,null,"0,1,3,4,23,28,29,35","0,1,3,4,23,28,29,35"]
[408,"Unknown","TL","zzPLACEHOLDER","Hauler",37.799999999999997,27,10,"XXL",340000,"2 GJ ",1,34200,363.63636363636402,0,0,0,48000,2,{"$f":"SUM(LEFT(TableTL[[#This Row],[Main]],2)*VLOOKUP(VALUE(TRIM(CLEAN(RIGHT(TableTL[[#This Row],[Main]],2)))),TableLasers[],COLUMN(TableLasers[S-DPH]),FALSE),LEFT(TableTL[[#This Row],[Front]],2)*VLOOKUP(VALUE(TRIM(CLEAN(RIGHT(TableTL[[#This Row],[Front]],2)))),TableLasers[],COLUMN(TableLasers[S-DPH]),FALSE),LEFT(TableTL[[#This Row],[Back]],2)*VLOOKUP(VALUE(TRIM(CLEAN(RIGHT(TableTL[[#This Row],[Back]],2)))),TableLasers[],COLUMN(TableLasers[S-DPH]),FALSE),LEFT(TableTL[[#This Row],[Left]],2)*VLOOKUP(VALUE(TRIM(CLEAN(RIGHT(TableTL[[#This Row],[Left]],2)))),TableLasers[],COLUMN(TableLasers[S-DPH]),FALSE),LEFT(TableTL[[#This Row],[Right]],2)*VLOOKUP(VALUE(TRIM(CLEAN(RIGHT(TableTL[[#This Row],[Right]],2)))),TableLasers[],COLUMN(TableLasers[S-DPH]),FALSE),LEFT(TableTL[[#This Row],[Up]],2)*VLOOKUP(VALUE(TRIM(CLEAN(RIGHT(TableTL[[#This Row],[Up]],2)))),TableLasers[],COLUMN(TableLasers[S-DPH]),FALSE),LEFT(TableTL[[#This Row],[Down]],2)*VLOOKUP(VALUE(TRIM(CLEAN(RIGHT(TableTL[[#This Row],[Down]],2)))),TableLasers[],COLUMN(TableLasers[S-DPH]),FALSE))","v":0},{"$f":"SUM(LEFT(TableTL[[#This Row],[Main]],2)*VLOOKUP(VALUE(TRIM(CLEAN(RIGHT(TableTL[[#This Row],[Main]],2)))),TableLasers[],COLUMN(TableLasers[H-DPH]),FALSE),LEFT(TableTL[[#This Row],[Front]],2)*VLOOKUP(VALUE(TRIM(CLEAN(RIGHT(TableTL[[#This Row],[Front]],2)))),TableLasers[],COLUMN(TableLasers[H-DPH]),FALSE),LEFT(TableTL[[#This Row],[Back]],2)*VLOOKUP(VALUE(TRIM(CLEAN(RIGHT(TableTL[[#This Row],[Back]],2)))),TableLasers[],COLUMN(TableLasers[H-DPH]),FALSE),LEFT(TableTL[[#This Row],[Left]],2)*VLOOKUP(VALUE(TRIM(CLEAN(RIGHT(TableTL[[#This Row],[Left]],2)))),TableLasers[],COLUMN(TableLasers[H-DPH]),FALSE),LEFT(TableTL[[#This Row],[Right]],2)*VLOOKUP(VALUE(TRIM(CLEAN(RIGHT(TableTL[[#This Row],[Right]],2)))),TableLasers[],COLUMN(TableLasers[H-DPH]),FALSE),LEFT(TableTL[[#This Row],[Up]],2)*VLOOKUP(VALUE(TRIM(CLEAN(RIGHT(TableTL[[#This Row],[Up]],2)))),TableLasers[],COLUMN(TableLasers[H-DPH]),FALSE),LEFT(TableTL[[#This Row],[Down]],2)*VLOOKUP(VALUE(TRIM(CLEAN(RIGHT(TableTL[[#This Row],[Down]],2)))),TableLasers[],COLUMN(TableLasers[H-DPH]),FALSE))","v":0},"00::00","00::23","00::23","00::00","00::00","00::00","00::00",null,null,null,null,null,null,null,null,"0,1,3,4,23,28,29,35","0,1,3,4,23,28,29,35"]
[409,"Unknown","TL","zzPLACEHOLDER","Hauler",37.799999999999997,27,10,"XXL",340000,"2 GJ ",1,34200,363.63636363636402,0,0,0,48000,2,{"$f":"SUM(LEFT(TableTL[[#This Row],[Main]],2)*VLOOKUP(VALUE(TRIM(CLEAN(RIGHT(TableTL[[#This Row],[Main]],2)))),TableLasers[],COLUMN(TableLasers[S-DPH]),FALSE),LEFT(TableTL[[#This Row],[Front]],2)*VLOOKUP(VALUE(TRIM(CLEAN(RIGHT(TableTL[[#This Row],[Front]],2)))),TableLasers[],COLUMN(TableLasers[S-DPH]),FALSE),LEFT(TableTL[[#This Row],[Back]],2)*VLOOKUP(VALUE(TRIM(CLEAN(RIGHT(TableTL[[#This Row],[Back]],2)))),TableLasers[],COLUMN(TableLasers[S-DPH]),FALSE),LEFT(TableTL[[#This Row],[Left]],2)*VLOOKUP(VALUE(TRIM(CLEAN(RIGHT(TableTL[[#This Row],[Left]],2)))),TableLasers[],COLUMN(TableLasers[S-DPH]),FALSE),LEFT(TableTL[[#This Row],[Right]],2)*VLOOKUP(VALUE(TRIM(CLEAN(RIGHT(TableTL[[#This Row],[Right]],2)))),TableLasers[],COLUMN(TableLasers[S-DPH]),FALSE),LEFT(TableTL[[#This Row],[Up]],2)*VLOOKUP(VALUE(TRIM(CLEAN(RIGHT(TableTL[[#This Row],[Up]],2)))),TableLasers[],COLUMN(TableLasers[S-DPH]),FALSE),LEFT(TableTL[[#This Row],[Down]],2)*VLOOKUP(VALUE(TRIM(CLEAN(RIGHT(TableTL[[#This Row],[Down]],2)))),TableLasers[],COLUMN(TableLasers[S-DPH]),FALSE))","v":0},{"$f":"SUM(LEFT(TableTL[[#This Row],[Main]],2)*VLOOKUP(VALUE(TRIM(CLEAN(RIGHT(TableTL[[#This Row],[Main]],2)))),TableLasers[],COLUMN(TableLasers[H-DPH]),FALSE),LEFT(TableTL[[#This Row],[Front]],2)*VLOOKUP(VALUE(TRIM(CLEAN(RIGHT(TableTL[[#This Row],[Front]],2)))),TableLasers[],COLUMN(TableLasers[H-DPH]),FALSE),LEFT(TableTL[[#This Row],[Back]],2)*VLOOKUP(VALUE(TRIM(CLEAN(RIGHT(TableTL[[#This Row],[Back]],2)))),TableLasers[],COLUMN(TableLasers[H-DPH]),FALSE),LEFT(TableTL[[#This Row],[Left]],2)*VLOOKUP(VALUE(TRIM(CLEAN(RIGHT(TableTL[[#This Row],[Left]],2)))),TableLasers[],COLUMN(TableLasers[H-DPH]),FALSE),LEFT(TableTL[[#This Row],[Right]],2)*VLOOKUP(VALUE(TRIM(CLEAN(RIGHT(TableTL[[#This Row],[Right]],2)))),TableLasers[],COLUMN(TableLasers[H-DPH]),FALSE),LEFT(TableTL[[#This Row],[Up]],2)*VLOOKUP(VALUE(TRIM(CLEAN(RIGHT(TableTL[[#This Row],[Up]],2)))),TableLasers[],COLUMN(TableLasers[H-DPH]),FALSE),LEFT(TableTL[[#This Row],[Down]],2)*VLOOKUP(VALUE(TRIM(CLEAN(RIGHT(TableTL[[#This Row],[Down]],2)))),TableLasers[],COLUMN(TableLasers[H-DPH]),FALSE))","v":0},"00::00","00::23","00::23","00::00","00::00","00::00","00::00",null,null,null,null,null,null,null,null,"0,1,3,4,23,28,29,35","0,1,3,4,23,28,29,35"]
[410,"Unknown","TL","zzPLACEHOLDER","Hauler",37.799999999999997,27,10,"XXL",340000,"2 GJ ",1,34200,363.63636363636402,0,0,0,48000,2,{"$f":"SUM(LEFT(TableTL[[#This Row],[Main]],2)*VLOOKUP(VALUE(TRIM(CLEAN(RIGHT(TableTL[[#This Row],[Main]],2)))),TableLasers[],COLUMN(TableLasers[S-DPH]),FALSE),LEFT(TableTL[[#This Row],[Front]],2)*VLOOKUP(VALUE(TRIM(CLEAN(RIGHT(TableTL[[#This Row],[Front]],2)))),TableLasers[],COLUMN(TableLasers[S-DPH]),FALSE),LEFT(TableTL[[#This Row],[Back]],2)*VLOOKUP(VALUE(TRIM(CLEAN(RIGHT(TableTL[[#This Row],[Back]],2)))),TableLasers[],COLUMN(TableLasers[S-DPH]),FALSE),LEFT(TableTL[[#This Row],[Left]],2)*VLOOKUP(VALUE(TRIM(CLEAN(RIGHT(TableTL[[#This Row],[Left]],2)))),TableLasers[],COLUMN(TableLasers[S-DPH]),FALSE),LEFT(TableTL[[#This Row],[Right]],2)*VLOOKUP(VALUE(TRIM(CLEAN(RIGHT(TableTL[[#This Row],[Right]],2)))),TableLasers[],COLUMN(TableLasers[S-DPH]),FALSE),LEFT(TableTL[[#This Row],[Up]],2)*VLOOKUP(VALUE(TRIM(CLEAN(RIGHT(TableTL[[#This Row],[Up]],2)))),TableLasers[],COLUMN(TableLasers[S-DPH]),FALSE),LEFT(TableTL[[#This Row],[Down]],2)*VLOOKUP(VALUE(TRIM(CLEAN(RIGHT(TableTL[[#This Row],[Down]],2)))),TableLasers[],COLUMN(TableLasers[S-DPH]),FALSE))","v":0},{"$f":"SUM(LEFT(TableTL[[#This Row],[Main]],2)*VLOOKUP(VALUE(TRIM(CLEAN(RIGHT(TableTL[[#This Row],[Main]],2)))),TableLasers[],COLUMN(TableLasers[H-DPH]),FALSE),LEFT(TableTL[[#This Row],[Front]],2)*VLOOKUP(VALUE(TRIM(CLEAN(RIGHT(TableTL[[#This Row],[Front]],2)))),TableLasers[],COLUMN(TableLasers[H-DPH]),FALSE),LEFT(TableTL[[#This Row],[Back]],2)*VLOOKUP(VALUE(TRIM(CLEAN(RIGHT(TableTL[[#This Row],[Back]],2)))),TableLasers[],COLUMN(TableLasers[H-DPH]),FALSE),LEFT(TableTL[[#This Row],[Left]],2)*VLOOKUP(VALUE(TRIM(CLEAN(RIGHT(TableTL[[#This Row],[Left]],2)))),TableLasers[],COLUMN(TableLasers[H-DPH]),FALSE),LEFT(TableTL[[#This Row],[Right]],2)*VLOOKUP(VALUE(TRIM(CLEAN(RIGHT(TableTL[[#This Row],[Right]],2)))),TableLasers[],COLUMN(TableLasers[H-DPH]),FALSE),LEFT(TableTL[[#This Row],[Up]],2)*VLOOKUP(VALUE(TRIM(CLEAN(RIGHT(TableTL[[#This Row],[Up]],2)))),TableLasers[],COLUMN(TableLasers[H-DPH]),FALSE),LEFT(TableTL[[#This Row],[Down]],2)*VLOOKUP(VALUE(TRIM(CLEAN(RIGHT(TableTL[[#This Row],[Down]],2)))),TableLasers[],COLUMN(TableLasers[H-DPH]),FALSE))","v":0},"00::00","00::23","00::23","00::00","00::00","00::00","00::00",null,null,null,null,null,null,null,null,"0,1,3,4,23,28,29,35","0,1,3,4,23,28,29,35"]
[411,"Unknown","TL","zzPLACEHOLDER","Hauler",37.799999999999997,27,10,"XXL",340000,"2 GJ ",1,34200,363.63636363636402,0,0,0,48000,2,{"$f":"SUM(LEFT(TableTL[[#This Row],[Main]],2)*VLOOKUP(VALUE(TRIM(CLEAN(RIGHT(TableTL[[#This Row],[Main]],2)))),TableLasers[],COLUMN(TableLasers[S-DPH]),FALSE),LEFT(TableTL[[#This Row],[Front]],2)*VLOOKUP(VALUE(TRIM(CLEAN(RIGHT(TableTL[[#This Row],[Front]],2)))),TableLasers[],COLUMN(TableLasers[S-DPH]),FALSE),LEFT(TableTL[[#This Row],[Back]],2)*VLOOKUP(VALUE(TRIM(CLEAN(RIGHT(TableTL[[#This Row],[Back]],2)))),TableLasers[],COLUMN(TableLasers[S-DPH]),FALSE),LEFT(TableTL[[#This Row],[Left]],2)*VLOOKUP(VALUE(TRIM(CLEAN(RIGHT(TableTL[[#This Row],[Left]],2)))),TableLasers[],COLUMN(TableLasers[S-DPH]),FALSE),LEFT(TableTL[[#This Row],[Right]],2)*VLOOKUP(VALUE(TRIM(CLEAN(RIGHT(TableTL[[#This Row],[Right]],2)))),TableLasers[],COLUMN(TableLasers[S-DPH]),FALSE),LEFT(TableTL[[#This Row],[Up]],2)*VLOOKUP(VALUE(TRIM(CLEAN(RIGHT(TableTL[[#This Row],[Up]],2)))),TableLasers[],COLUMN(TableLasers[S-DPH]),FALSE),LEFT(TableTL[[#This Row],[Down]],2)*VLOOKUP(VALUE(TRIM(CLEAN(RIGHT(TableTL[[#This Row],[Down]],2)))),TableLasers[],COLUMN(TableLasers[S-DPH]),FALSE))","v":0},{"$f":"SUM(LEFT(TableTL[[#This Row],[Main]],2)*VLOOKUP(VALUE(TRIM(CLEAN(RIGHT(TableTL[[#This Row],[Main]],2)))),TableLasers[],COLUMN(TableLasers[H-DPH]),FALSE),LEFT(TableTL[[#This Row],[Front]],2)*VLOOKUP(VALUE(TRIM(CLEAN(RIGHT(TableTL[[#This Row],[Front]],2)))),TableLasers[],COLUMN(TableLasers[H-DPH]),FALSE),LEFT(TableTL[[#This Row],[Back]],2)*VLOOKUP(VALUE(TRIM(CLEAN(RIGHT(TableTL[[#This Row],[Back]],2)))),TableLasers[],COLUMN(TableLasers[H-DPH]),FALSE),LEFT(TableTL[[#This Row],[Left]],2)*VLOOKUP(VALUE(TRIM(CLEAN(RIGHT(TableTL[[#This Row],[Left]],2)))),TableLasers[],COLUMN(TableLasers[H-DPH]),FALSE),LEFT(TableTL[[#This Row],[Right]],2)*VLOOKUP(VALUE(TRIM(CLEAN(RIGHT(TableTL[[#This Row],[Right]],2)))),TableLasers[],COLUMN(TableLasers[H-DPH]),FALSE),LEFT(TableTL[[#This Row],[Up]],2)*VLOOKUP(VALUE(TRIM(CLEAN(RIGHT(TableTL[[#This Row],[Up]],2)))),TableLasers[],COLUMN(TableLasers[H-DPH]),FALSE),LEFT(TableTL[[#This Row],[Down]],2)*VLOOKUP(VALUE(TRIM(CLEAN(RIGHT(TableTL[[#This Row],[Down]],2)))),TableLasers[],COLUMN(TableLasers[H-DPH]),FALSE))","v":0},"00::00","00::23","00::23","00::00","00::00","00::00","00::00",null,null,null,null,null,null,null,null,"0,1,3,4,23,28,29,35","0,1,3,4,23,28,29,35"]
[412,"Unknown","TL","zzPLACEHOLDER","Hauler",37.799999999999997,27,10,"XXL",340000,"2 GJ ",1,34200,363.63636363636402,0,0,0,48000,2,{"$f":"SUM(LEFT(TableTL[[#This Row],[Main]],2)*VLOOKUP(VALUE(TRIM(CLEAN(RIGHT(TableTL[[#This Row],[Main]],2)))),TableLasers[],COLUMN(TableLasers[S-DPH]),FALSE),LEFT(TableTL[[#This Row],[Front]],2)*VLOOKUP(VALUE(TRIM(CLEAN(RIGHT(TableTL[[#This Row],[Front]],2)))),TableLasers[],COLUMN(TableLasers[S-DPH]),FALSE),LEFT(TableTL[[#This Row],[Back]],2)*VLOOKUP(VALUE(TRIM(CLEAN(RIGHT(TableTL[[#This Row],[Back]],2)))),TableLasers[],COLUMN(TableLasers[S-DPH]),FALSE),LEFT(TableTL[[#This Row],[Left]],2)*VLOOKUP(VALUE(TRIM(CLEAN(RIGHT(TableTL[[#This Row],[Left]],2)))),TableLasers[],COLUMN(TableLasers[S-DPH]),FALSE),LEFT(TableTL[[#This Row],[Right]],2)*VLOOKUP(VALUE(TRIM(CLEAN(RIGHT(TableTL[[#This Row],[Right]],2)))),TableLasers[],COLUMN(TableLasers[S-DPH]),FALSE),LEFT(TableTL[[#This Row],[Up]],2)*VLOOKUP(VALUE(TRIM(CLEAN(RIGHT(TableTL[[#This Row],[Up]],2)))),TableLasers[],COLUMN(TableLasers[S-DPH]),FALSE),LEFT(TableTL[[#This Row],[Down]],2)*VLOOKUP(VALUE(TRIM(CLEAN(RIGHT(TableTL[[#This Row],[Down]],2)))),TableLasers[],COLUMN(TableLasers[S-DPH]),FALSE))","v":0},{"$f":"SUM(LEFT(TableTL[[#This Row],[Main]],2)*VLOOKUP(VALUE(TRIM(CLEAN(RIGHT(TableTL[[#This Row],[Main]],2)))),TableLasers[],COLUMN(TableLasers[H-DPH]),FALSE),LEFT(TableTL[[#This Row],[Front]],2)*VLOOKUP(VALUE(TRIM(CLEAN(RIGHT(TableTL[[#This Row],[Front]],2)))),TableLasers[],COLUMN(TableLasers[H-DPH]),FALSE),LEFT(TableTL[[#This Row],[Back]],2)*VLOOKUP(VALUE(TRIM(CLEAN(RIGHT(TableTL[[#This Row],[Back]],2)))),TableLasers[],COLUMN(TableLasers[H-DPH]),FALSE),LEFT(TableTL[[#This Row],[Left]],2)*VLOOKUP(VALUE(TRIM(CLEAN(RIGHT(TableTL[[#This Row],[Left]],2)))),TableLasers[],COLUMN(TableLasers[H-DPH]),FALSE),LEFT(TableTL[[#This Row],[Right]],2)*VLOOKUP(VALUE(TRIM(CLEAN(RIGHT(TableTL[[#This Row],[Right]],2)))),TableLasers[],COLUMN(TableLasers[H-DPH]),FALSE),LEFT(TableTL[[#This Row],[Up]],2)*VLOOKUP(VALUE(TRIM(CLEAN(RIGHT(TableTL[[#This Row],[Up]],2)))),TableLasers[],COLUMN(TableLasers[H-DPH]),FALSE),LEFT(TableTL[[#This Row],[Down]],2)*VLOOKUP(VALUE(TRIM(CLEAN(RIGHT(TableTL[[#This Row],[Down]],2)))),TableLasers[],COLUMN(TableLasers[H-DPH]),FALSE))","v":0},"00::00","00::23","00::23","00::00","00::00","00::00","00::00",null,null,null,null,null,null,null,null,"0,1,3,4,23,28,29,35","0,1,3,4,23,28,29,35"]
[413,"Unknown","TL","zzPLACEHOLDER","Hauler",37.799999999999997,27,10,"XXL",340000,"2 GJ ",1,34200,363.63636363636402,0,0,0,48000,2,{"$f":"SUM(LEFT(TableTL[[#This Row],[Main]],2)*VLOOKUP(VALUE(TRIM(CLEAN(RIGHT(TableTL[[#This Row],[Main]],2)))),TableLasers[],COLUMN(TableLasers[S-DPH]),FALSE),LEFT(TableTL[[#This Row],[Front]],2)*VLOOKUP(VALUE(TRIM(CLEAN(RIGHT(TableTL[[#This Row],[Front]],2)))),TableLasers[],COLUMN(TableLasers[S-DPH]),FALSE),LEFT(TableTL[[#This Row],[Back]],2)*VLOOKUP(VALUE(TRIM(CLEAN(RIGHT(TableTL[[#This Row],[Back]],2)))),TableLasers[],COLUMN(TableLasers[S-DPH]),FALSE),LEFT(TableTL[[#This Row],[Left]],2)*VLOOKUP(VALUE(TRIM(CLEAN(RIGHT(TableTL[[#This Row],[Left]],2)))),TableLasers[],COLUMN(TableLasers[S-DPH]),FALSE),LEFT(TableTL[[#This Row],[Right]],2)*VLOOKUP(VALUE(TRIM(CLEAN(RIGHT(TableTL[[#This Row],[Right]],2)))),TableLasers[],COLUMN(TableLasers[S-DPH]),FALSE),LEFT(TableTL[[#This Row],[Up]],2)*VLOOKUP(VALUE(TRIM(CLEAN(RIGHT(TableTL[[#This Row],[Up]],2)))),TableLasers[],COLUMN(TableLasers[S-DPH]),FALSE),LEFT(TableTL[[#This Row],[Down]],2)*VLOOKUP(VALUE(TRIM(CLEAN(RIGHT(TableTL[[#This Row],[Down]],2)))),TableLasers[],COLUMN(TableLasers[S-DPH]),FALSE))","v":0},{"$f":"SUM(LEFT(TableTL[[#This Row],[Main]],2)*VLOOKUP(VALUE(TRIM(CLEAN(RIGHT(TableTL[[#This Row],[Main]],2)))),TableLasers[],COLUMN(TableLasers[H-DPH]),FALSE),LEFT(TableTL[[#This Row],[Front]],2)*VLOOKUP(VALUE(TRIM(CLEAN(RIGHT(TableTL[[#This Row],[Front]],2)))),TableLasers[],COLUMN(TableLasers[H-DPH]),FALSE),LEFT(TableTL[[#This Row],[Back]],2)*VLOOKUP(VALUE(TRIM(CLEAN(RIGHT(TableTL[[#This Row],[Back]],2)))),TableLasers[],COLUMN(TableLasers[H-DPH]),FALSE),LEFT(TableTL[[#This Row],[Left]],2)*VLOOKUP(VALUE(TRIM(CLEAN(RIGHT(TableTL[[#This Row],[Left]],2)))),TableLasers[],COLUMN(TableLasers[H-DPH]),FALSE),LEFT(TableTL[[#This Row],[Right]],2)*VLOOKUP(VALUE(TRIM(CLEAN(RIGHT(TableTL[[#This Row],[Right]],2)))),TableLasers[],COLUMN(TableLasers[H-DPH]),FALSE),LEFT(TableTL[[#This Row],[Up]],2)*VLOOKUP(VALUE(TRIM(CLEAN(RIGHT(TableTL[[#This Row],[Up]],2)))),TableLasers[],COLUMN(TableLasers[H-DPH]),FALSE),LEFT(TableTL[[#This Row],[Down]],2)*VLOOKUP(VALUE(TRIM(CLEAN(RIGHT(TableTL[[#This Row],[Down]],2)))),TableLasers[],COLUMN(TableLasers[H-DPH]),FALSE))","v":0},"00::00","00::23","00::23","00::00","00::00","00::00","00::00",null,null,null,null,null,null,null,null,"0,1,3,4,23,28,29,35","0,1,3,4,23,28,29,35"]
[414,"Unknown","TL","zzPLACEHOLDER","Hauler",37.799999999999997,27,10,"XXL",340000,"2 GJ ",1,34200,363.63636363636402,0,0,0,48000,2,{"$f":"SUM(LEFT(TableTL[[#This Row],[Main]],2)*VLOOKUP(VALUE(TRIM(CLEAN(RIGHT(TableTL[[#This Row],[Main]],2)))),TableLasers[],COLUMN(TableLasers[S-DPH]),FALSE),LEFT(TableTL[[#This Row],[Front]],2)*VLOOKUP(VALUE(TRIM(CLEAN(RIGHT(TableTL[[#This Row],[Front]],2)))),TableLasers[],COLUMN(TableLasers[S-DPH]),FALSE),LEFT(TableTL[[#This Row],[Back]],2)*VLOOKUP(VALUE(TRIM(CLEAN(RIGHT(TableTL[[#This Row],[Back]],2)))),TableLasers[],COLUMN(TableLasers[S-DPH]),FALSE),LEFT(TableTL[[#This Row],[Left]],2)*VLOOKUP(VALUE(TRIM(CLEAN(RIGHT(TableTL[[#This Row],[Left]],2)))),TableLasers[],COLUMN(TableLasers[S-DPH]),FALSE),LEFT(TableTL[[#This Row],[Right]],2)*VLOOKUP(VALUE(TRIM(CLEAN(RIGHT(TableTL[[#This Row],[Right]],2)))),TableLasers[],COLUMN(TableLasers[S-DPH]),FALSE),LEFT(TableTL[[#This Row],[Up]],2)*VLOOKUP(VALUE(TRIM(CLEAN(RIGHT(TableTL[[#This Row],[Up]],2)))),TableLasers[],COLUMN(TableLasers[S-DPH]),FALSE),LEFT(TableTL[[#This Row],[Down]],2)*VLOOKUP(VALUE(TRIM(CLEAN(RIGHT(TableTL[[#This Row],[Down]],2)))),TableLasers[],COLUMN(TableLasers[S-DPH]),FALSE))","v":0},{"$f":"SUM(LEFT(TableTL[[#This Row],[Main]],2)*VLOOKUP(VALUE(TRIM(CLEAN(RIGHT(TableTL[[#This Row],[Main]],2)))),TableLasers[],COLUMN(TableLasers[H-DPH]),FALSE),LEFT(TableTL[[#This Row],[Front]],2)*VLOOKUP(VALUE(TRIM(CLEAN(RIGHT(TableTL[[#This Row],[Front]],2)))),TableLasers[],COLUMN(TableLasers[H-DPH]),FALSE),LEFT(TableTL[[#This Row],[Back]],2)*VLOOKUP(VALUE(TRIM(CLEAN(RIGHT(TableTL[[#This Row],[Back]],2)))),TableLasers[],COLUMN(TableLasers[H-DPH]),FALSE),LEFT(TableTL[[#This Row],[Left]],2)*VLOOKUP(VALUE(TRIM(CLEAN(RIGHT(TableTL[[#This Row],[Left]],2)))),TableLasers[],COLUMN(TableLasers[H-DPH]),FALSE),LEFT(TableTL[[#This Row],[Right]],2)*VLOOKUP(VALUE(TRIM(CLEAN(RIGHT(TableTL[[#This Row],[Right]],2)))),TableLasers[],COLUMN(TableLasers[H-DPH]),FALSE),LEFT(TableTL[[#This Row],[Up]],2)*VLOOKUP(VALUE(TRIM(CLEAN(RIGHT(TableTL[[#This Row],[Up]],2)))),TableLasers[],COLUMN(TableLasers[H-DPH]),FALSE),LEFT(TableTL[[#This Row],[Down]],2)*VLOOKUP(VALUE(TRIM(CLEAN(RIGHT(TableTL[[#This Row],[Down]],2)))),TableLasers[],COLUMN(TableLasers[H-DPH]),FALSE))","v":0},"00::00","00::23","00::23","00::00","00::00","00::00","00::00",null,null,null,null,null,null,null,null,"0,1,3,4,23,28,29,35","0,1,3,4,23,28,29,35"]
[415,"Unknown","TL","zzPLACEHOLDER","Hauler",37.799999999999997,27,10,"XXL",340000,"2 GJ ",1,34200,363.63636363636402,0,0,0,48000,2,{"$f":"SUM(LEFT(TableTL[[#This Row],[Main]],2)*VLOOKUP(VALUE(TRIM(CLEAN(RIGHT(TableTL[[#This Row],[Main]],2)))),TableLasers[],COLUMN(TableLasers[S-DPH]),FALSE),LEFT(TableTL[[#This Row],[Front]],2)*VLOOKUP(VALUE(TRIM(CLEAN(RIGHT(TableTL[[#This Row],[Front]],2)))),TableLasers[],COLUMN(TableLasers[S-DPH]),FALSE),LEFT(TableTL[[#This Row],[Back]],2)*VLOOKUP(VALUE(TRIM(CLEAN(RIGHT(TableTL[[#This Row],[Back]],2)))),TableLasers[],COLUMN(TableLasers[S-DPH]),FALSE),LEFT(TableTL[[#This Row],[Left]],2)*VLOOKUP(VALUE(TRIM(CLEAN(RIGHT(TableTL[[#This Row],[Left]],2)))),TableLasers[],COLUMN(TableLasers[S-DPH]),FALSE),LEFT(TableTL[[#This Row],[Right]],2)*VLOOKUP(VALUE(TRIM(CLEAN(RIGHT(TableTL[[#This Row],[Right]],2)))),TableLasers[],COLUMN(TableLasers[S-DPH]),FALSE),LEFT(TableTL[[#This Row],[Up]],2)*VLOOKUP(VALUE(TRIM(CLEAN(RIGHT(TableTL[[#This Row],[Up]],2)))),TableLasers[],COLUMN(TableLasers[S-DPH]),FALSE),LEFT(TableTL[[#This Row],[Down]],2)*VLOOKUP(VALUE(TRIM(CLEAN(RIGHT(TableTL[[#This Row],[Down]],2)))),TableLasers[],COLUMN(TableLasers[S-DPH]),FALSE))","v":0},{"$f":"SUM(LEFT(TableTL[[#This Row],[Main]],2)*VLOOKUP(VALUE(TRIM(CLEAN(RIGHT(TableTL[[#This Row],[Main]],2)))),TableLasers[],COLUMN(TableLasers[H-DPH]),FALSE),LEFT(TableTL[[#This Row],[Front]],2)*VLOOKUP(VALUE(TRIM(CLEAN(RIGHT(TableTL[[#This Row],[Front]],2)))),TableLasers[],COLUMN(TableLasers[H-DPH]),FALSE),LEFT(TableTL[[#This Row],[Back]],2)*VLOOKUP(VALUE(TRIM(CLEAN(RIGHT(TableTL[[#This Row],[Back]],2)))),TableLasers[],COLUMN(TableLasers[H-DPH]),FALSE),LEFT(TableTL[[#This Row],[Left]],2)*VLOOKUP(VALUE(TRIM(CLEAN(RIGHT(TableTL[[#This Row],[Left]],2)))),TableLasers[],COLUMN(TableLasers[H-DPH]),FALSE),LEFT(TableTL[[#This Row],[Right]],2)*VLOOKUP(VALUE(TRIM(CLEAN(RIGHT(TableTL[[#This Row],[Right]],2)))),TableLasers[],COLUMN(TableLasers[H-DPH]),FALSE),LEFT(TableTL[[#This Row],[Up]],2)*VLOOKUP(VALUE(TRIM(CLEAN(RIGHT(TableTL[[#This Row],[Up]],2)))),TableLasers[],COLUMN(TableLasers[H-DPH]),FALSE),LEFT(TableTL[[#This Row],[Down]],2)*VLOOKUP(VALUE(TRIM(CLEAN(RIGHT(TableTL[[#This Row],[Down]],2)))),TableLasers[],COLUMN(TableLasers[H-DPH]),FALSE))","v":0},"00::00","00::23","00::23","00::00","00::00","00::00","00::00",null,null,null,null,null,null,null,null,"0,1,3,4,23,28,29,35","0,1,3,4,23,28,29,35"]
[416,"Unknown","TL","zzPLACEHOLDER","Hauler",37.799999999999997,27,10,"XXL",340000,"2 GJ ",1,34200,363.63636363636402,0,0,0,48000,2,{"$f":"SUM(LEFT(TableTL[[#This Row],[Main]],2)*VLOOKUP(VALUE(TRIM(CLEAN(RIGHT(TableTL[[#This Row],[Main]],2)))),TableLasers[],COLUMN(TableLasers[S-DPH]),FALSE),LEFT(TableTL[[#This Row],[Front]],2)*VLOOKUP(VALUE(TRIM(CLEAN(RIGHT(TableTL[[#This Row],[Front]],2)))),TableLasers[],COLUMN(TableLasers[S-DPH]),FALSE),LEFT(TableTL[[#This Row],[Back]],2)*VLOOKUP(VALUE(TRIM(CLEAN(RIGHT(TableTL[[#This Row],[Back]],2)))),TableLasers[],COLUMN(TableLasers[S-DPH]),FALSE),LEFT(TableTL[[#This Row],[Left]],2)*VLOOKUP(VALUE(TRIM(CLEAN(RIGHT(TableTL[[#This Row],[Left]],2)))),TableLasers[],COLUMN(TableLasers[S-DPH]),FALSE),LEFT(TableTL[[#This Row],[Right]],2)*VLOOKUP(VALUE(TRIM(CLEAN(RIGHT(TableTL[[#This Row],[Right]],2)))),TableLasers[],COLUMN(TableLasers[S-DPH]),FALSE),LEFT(TableTL[[#This Row],[Up]],2)*VLOOKUP(VALUE(TRIM(CLEAN(RIGHT(TableTL[[#This Row],[Up]],2)))),TableLasers[],COLUMN(TableLasers[S-DPH]),FALSE),LEFT(TableTL[[#This Row],[Down]],2)*VLOOKUP(VALUE(TRIM(CLEAN(RIGHT(TableTL[[#This Row],[Down]],2)))),TableLasers[],COLUMN(TableLasers[S-DPH]),FALSE))","v":0},{"$f":"SUM(LEFT(TableTL[[#This Row],[Main]],2)*VLOOKUP(VALUE(TRIM(CLEAN(RIGHT(TableTL[[#This Row],[Main]],2)))),TableLasers[],COLUMN(TableLasers[H-DPH]),FALSE),LEFT(TableTL[[#This Row],[Front]],2)*VLOOKUP(VALUE(TRIM(CLEAN(RIGHT(TableTL[[#This Row],[Front]],2)))),TableLasers[],COLUMN(TableLasers[H-DPH]),FALSE),LEFT(TableTL[[#This Row],[Back]],2)*VLOOKUP(VALUE(TRIM(CLEAN(RIGHT(TableTL[[#This Row],[Back]],2)))),TableLasers[],COLUMN(TableLasers[H-DPH]),FALSE),LEFT(TableTL[[#This Row],[Left]],2)*VLOOKUP(VALUE(TRIM(CLEAN(RIGHT(TableTL[[#This Row],[Left]],2)))),TableLasers[],COLUMN(TableLasers[H-DPH]),FALSE),LEFT(TableTL[[#This Row],[Right]],2)*VLOOKUP(VALUE(TRIM(CLEAN(RIGHT(TableTL[[#This Row],[Right]],2)))),TableLasers[],COLUMN(TableLasers[H-DPH]),FALSE),LEFT(TableTL[[#This Row],[Up]],2)*VLOOKUP(VALUE(TRIM(CLEAN(RIGHT(TableTL[[#This Row],[Up]],2)))),TableLasers[],COLUMN(TableLasers[H-DPH]),FALSE),LEFT(TableTL[[#This Row],[Down]],2)*VLOOKUP(VALUE(TRIM(CLEAN(RIGHT(TableTL[[#This Row],[Down]],2)))),TableLasers[],COLUMN(TableLasers[H-DPH]),FALSE))","v":0},"00::00","00::23","00::23","00::00","00::00","00::00","00::00",null,null,null,null,null,null,null,null,"0,1,3,4,23,28,29,35","0,1,3,4,23,28,29,35"]
[417,"Unknown","TL","zzPLACEHOLDER","Hauler",37.799999999999997,27,10,"XXL",340000,"2 GJ ",1,34200,363.63636363636402,0,0,0,48000,2,{"$f":"SUM(LEFT(TableTL[[#This Row],[Main]],2)*VLOOKUP(VALUE(TRIM(CLEAN(RIGHT(TableTL[[#This Row],[Main]],2)))),TableLasers[],COLUMN(TableLasers[S-DPH]),FALSE),LEFT(TableTL[[#This Row],[Front]],2)*VLOOKUP(VALUE(TRIM(CLEAN(RIGHT(TableTL[[#This Row],[Front]],2)))),TableLasers[],COLUMN(TableLasers[S-DPH]),FALSE),LEFT(TableTL[[#This Row],[Back]],2)*VLOOKUP(VALUE(TRIM(CLEAN(RIGHT(TableTL[[#This Row],[Back]],2)))),TableLasers[],COLUMN(TableLasers[S-DPH]),FALSE),LEFT(TableTL[[#This Row],[Left]],2)*VLOOKUP(VALUE(TRIM(CLEAN(RIGHT(TableTL[[#This Row],[Left]],2)))),TableLasers[],COLUMN(TableLasers[S-DPH]),FALSE),LEFT(TableTL[[#This Row],[Right]],2)*VLOOKUP(VALUE(TRIM(CLEAN(RIGHT(TableTL[[#This Row],[Right]],2)))),TableLasers[],COLUMN(TableLasers[S-DPH]),FALSE),LEFT(TableTL[[#This Row],[Up]],2)*VLOOKUP(VALUE(TRIM(CLEAN(RIGHT(TableTL[[#This Row],[Up]],2)))),TableLasers[],COLUMN(TableLasers[S-DPH]),FALSE),LEFT(TableTL[[#This Row],[Down]],2)*VLOOKUP(VALUE(TRIM(CLEAN(RIGHT(TableTL[[#This Row],[Down]],2)))),TableLasers[],COLUMN(TableLasers[S-DPH]),FALSE))","v":0},{"$f":"SUM(LEFT(TableTL[[#This Row],[Main]],2)*VLOOKUP(VALUE(TRIM(CLEAN(RIGHT(TableTL[[#This Row],[Main]],2)))),TableLasers[],COLUMN(TableLasers[H-DPH]),FALSE),LEFT(TableTL[[#This Row],[Front]],2)*VLOOKUP(VALUE(TRIM(CLEAN(RIGHT(TableTL[[#This Row],[Front]],2)))),TableLasers[],COLUMN(TableLasers[H-DPH]),FALSE),LEFT(TableTL[[#This Row],[Back]],2)*VLOOKUP(VALUE(TRIM(CLEAN(RIGHT(TableTL[[#This Row],[Back]],2)))),TableLasers[],COLUMN(TableLasers[H-DPH]),FALSE),LEFT(TableTL[[#This Row],[Left]],2)*VLOOKUP(VALUE(TRIM(CLEAN(RIGHT(TableTL[[#This Row],[Left]],2)))),TableLasers[],COLUMN(TableLasers[H-DPH]),FALSE),LEFT(TableTL[[#This Row],[Right]],2)*VLOOKUP(VALUE(TRIM(CLEAN(RIGHT(TableTL[[#This Row],[Right]],2)))),TableLasers[],COLUMN(TableLasers[H-DPH]),FALSE),LEFT(TableTL[[#This Row],[Up]],2)*VLOOKUP(VALUE(TRIM(CLEAN(RIGHT(TableTL[[#This Row],[Up]],2)))),TableLasers[],COLUMN(TableLasers[H-DPH]),FALSE),LEFT(TableTL[[#This Row],[Down]],2)*VLOOKUP(VALUE(TRIM(CLEAN(RIGHT(TableTL[[#This Row],[Down]],2)))),TableLasers[],COLUMN(TableLasers[H-DPH]),FALSE))","v":0},"00::00","00::23","00::23","00::00","00::00","00::00","00::00",null,null,null,null,null,null,null,null,"0,1,3,4,23,28,29,35","0,1,3,4,23,28,29,35"]
[418,"Unknown","TL","zzPLACEHOLDER","Hauler",37.799999999999997,27,10,"XXL",340000,"2 GJ ",1,34200,363.63636363636402,0,0,0,48000,2,{"$f":"SUM(LEFT(TableTL[[#This Row],[Main]],2)*VLOOKUP(VALUE(TRIM(CLEAN(RIGHT(TableTL[[#This Row],[Main]],2)))),TableLasers[],COLUMN(TableLasers[S-DPH]),FALSE),LEFT(TableTL[[#This Row],[Front]],2)*VLOOKUP(VALUE(TRIM(CLEAN(RIGHT(TableTL[[#This Row],[Front]],2)))),TableLasers[],COLUMN(TableLasers[S-DPH]),FALSE),LEFT(TableTL[[#This Row],[Back]],2)*VLOOKUP(VALUE(TRIM(CLEAN(RIGHT(TableTL[[#This Row],[Back]],2)))),TableLasers[],COLUMN(TableLasers[S-DPH]),FALSE),LEFT(TableTL[[#This Row],[Left]],2)*VLOOKUP(VALUE(TRIM(CLEAN(RIGHT(TableTL[[#This Row],[Left]],2)))),TableLasers[],COLUMN(TableLasers[S-DPH]),FALSE),LEFT(TableTL[[#This Row],[Right]],2)*VLOOKUP(VALUE(TRIM(CLEAN(RIGHT(TableTL[[#This Row],[Right]],2)))),TableLasers[],COLUMN(TableLasers[S-DPH]),FALSE),LEFT(TableTL[[#This Row],[Up]],2)*VLOOKUP(VALUE(TRIM(CLEAN(RIGHT(TableTL[[#This Row],[Up]],2)))),TableLasers[],COLUMN(TableLasers[S-DPH]),FALSE),LEFT(TableTL[[#This Row],[Down]],2)*VLOOKUP(VALUE(TRIM(CLEAN(RIGHT(TableTL[[#This Row],[Down]],2)))),TableLasers[],COLUMN(TableLasers[S-DPH]),FALSE))","v":0},{"$f":"SUM(LEFT(TableTL[[#This Row],[Main]],2)*VLOOKUP(VALUE(TRIM(CLEAN(RIGHT(TableTL[[#This Row],[Main]],2)))),TableLasers[],COLUMN(TableLasers[H-DPH]),FALSE),LEFT(TableTL[[#This Row],[Front]],2)*VLOOKUP(VALUE(TRIM(CLEAN(RIGHT(TableTL[[#This Row],[Front]],2)))),TableLasers[],COLUMN(TableLasers[H-DPH]),FALSE),LEFT(TableTL[[#This Row],[Back]],2)*VLOOKUP(VALUE(TRIM(CLEAN(RIGHT(TableTL[[#This Row],[Back]],2)))),TableLasers[],COLUMN(TableLasers[H-DPH]),FALSE),LEFT(TableTL[[#This Row],[Left]],2)*VLOOKUP(VALUE(TRIM(CLEAN(RIGHT(TableTL[[#This Row],[Left]],2)))),TableLasers[],COLUMN(TableLasers[H-DPH]),FALSE),LEFT(TableTL[[#This Row],[Right]],2)*VLOOKUP(VALUE(TRIM(CLEAN(RIGHT(TableTL[[#This Row],[Right]],2)))),TableLasers[],COLUMN(TableLasers[H-DPH]),FALSE),LEFT(TableTL[[#This Row],[Up]],2)*VLOOKUP(VALUE(TRIM(CLEAN(RIGHT(TableTL[[#This Row],[Up]],2)))),TableLasers[],COLUMN(TableLasers[H-DPH]),FALSE),LEFT(TableTL[[#This Row],[Down]],2)*VLOOKUP(VALUE(TRIM(CLEAN(RIGHT(TableTL[[#This Row],[Down]],2)))),TableLasers[],COLUMN(TableLasers[H-DPH]),FALSE))","v":0},"00::00","00::23","00::23","00::00","00::00","00::00","00::00",null,null,null,null,null,null,null,null,"0,1,3,4,23,28,29,35","0,1,3,4,23,28,29,35"]
[419,"Unknown","TL","zzPLACEHOLDER","Hauler",37.799999999999997,27,10,"XXL",340000,"2 GJ ",1,34200,363.63636363636402,0,0,0,48000,2,{"$f":"SUM(LEFT(TableTL[[#This Row],[Main]],2)*VLOOKUP(VALUE(TRIM(CLEAN(RIGHT(TableTL[[#This Row],[Main]],2)))),TableLasers[],COLUMN(TableLasers[S-DPH]),FALSE),LEFT(TableTL[[#This Row],[Front]],2)*VLOOKUP(VALUE(TRIM(CLEAN(RIGHT(TableTL[[#This Row],[Front]],2)))),TableLasers[],COLUMN(TableLasers[S-DPH]),FALSE),LEFT(TableTL[[#This Row],[Back]],2)*VLOOKUP(VALUE(TRIM(CLEAN(RIGHT(TableTL[[#This Row],[Back]],2)))),TableLasers[],COLUMN(TableLasers[S-DPH]),FALSE),LEFT(TableTL[[#This Row],[Left]],2)*VLOOKUP(VALUE(TRIM(CLEAN(RIGHT(TableTL[[#This Row],[Left]],2)))),TableLasers[],COLUMN(TableLasers[S-DPH]),FALSE),LEFT(TableTL[[#This Row],[Right]],2)*VLOOKUP(VALUE(TRIM(CLEAN(RIGHT(TableTL[[#This Row],[Right]],2)))),TableLasers[],COLUMN(TableLasers[S-DPH]),FALSE),LEFT(TableTL[[#This Row],[Up]],2)*VLOOKUP(VALUE(TRIM(CLEAN(RIGHT(TableTL[[#This Row],[Up]],2)))),TableLasers[],COLUMN(TableLasers[S-DPH]),FALSE),LEFT(TableTL[[#This Row],[Down]],2)*VLOOKUP(VALUE(TRIM(CLEAN(RIGHT(TableTL[[#This Row],[Down]],2)))),TableLasers[],COLUMN(TableLasers[S-DPH]),FALSE))","v":0},{"$f":"SUM(LEFT(TableTL[[#This Row],[Main]],2)*VLOOKUP(VALUE(TRIM(CLEAN(RIGHT(TableTL[[#This Row],[Main]],2)))),TableLasers[],COLUMN(TableLasers[H-DPH]),FALSE),LEFT(TableTL[[#This Row],[Front]],2)*VLOOKUP(VALUE(TRIM(CLEAN(RIGHT(TableTL[[#This Row],[Front]],2)))),TableLasers[],COLUMN(TableLasers[H-DPH]),FALSE),LEFT(TableTL[[#This Row],[Back]],2)*VLOOKUP(VALUE(TRIM(CLEAN(RIGHT(TableTL[[#This Row],[Back]],2)))),TableLasers[],COLUMN(TableLasers[H-DPH]),FALSE),LEFT(TableTL[[#This Row],[Left]],2)*VLOOKUP(VALUE(TRIM(CLEAN(RIGHT(TableTL[[#This Row],[Left]],2)))),TableLasers[],COLUMN(TableLasers[H-DPH]),FALSE),LEFT(TableTL[[#This Row],[Right]],2)*VLOOKUP(VALUE(TRIM(CLEAN(RIGHT(TableTL[[#This Row],[Right]],2)))),TableLasers[],COLUMN(TableLasers[H-DPH]),FALSE),LEFT(TableTL[[#This Row],[Up]],2)*VLOOKUP(VALUE(TRIM(CLEAN(RIGHT(TableTL[[#This Row],[Up]],2)))),TableLasers[],COLUMN(TableLasers[H-DPH]),FALSE),LEFT(TableTL[[#This Row],[Down]],2)*VLOOKUP(VALUE(TRIM(CLEAN(RIGHT(TableTL[[#This Row],[Down]],2)))),TableLasers[],COLUMN(TableLasers[H-DPH]),FALSE))","v":0},"00::00","00::23","00::23","00::00","00::00","00::00","00::00",null,null,null,null,null,null,null,null,"0,1,3,4,23,28,29,35","0,1,3,4,23,28,29,35"]
[420,"Unknown","TL","zzPLACEHOLDER","Hauler",37.799999999999997,27,10,"XXL",340000,"2 GJ ",1,34200,363.63636363636402,0,0,0,48000,2,{"$f":"SUM(LEFT(TableTL[[#This Row],[Main]],2)*VLOOKUP(VALUE(TRIM(CLEAN(RIGHT(TableTL[[#This Row],[Main]],2)))),TableLasers[],COLUMN(TableLasers[S-DPH]),FALSE),LEFT(TableTL[[#This Row],[Front]],2)*VLOOKUP(VALUE(TRIM(CLEAN(RIGHT(TableTL[[#This Row],[Front]],2)))),TableLasers[],COLUMN(TableLasers[S-DPH]),FALSE),LEFT(TableTL[[#This Row],[Back]],2)*VLOOKUP(VALUE(TRIM(CLEAN(RIGHT(TableTL[[#This Row],[Back]],2)))),TableLasers[],COLUMN(TableLasers[S-DPH]),FALSE),LEFT(TableTL[[#This Row],[Left]],2)*VLOOKUP(VALUE(TRIM(CLEAN(RIGHT(TableTL[[#This Row],[Left]],2)))),TableLasers[],COLUMN(TableLasers[S-DPH]),FALSE),LEFT(TableTL[[#This Row],[Right]],2)*VLOOKUP(VALUE(TRIM(CLEAN(RIGHT(TableTL[[#This Row],[Right]],2)))),TableLasers[],COLUMN(TableLasers[S-DPH]),FALSE),LEFT(TableTL[[#This Row],[Up]],2)*VLOOKUP(VALUE(TRIM(CLEAN(RIGHT(TableTL[[#This Row],[Up]],2)))),TableLasers[],COLUMN(TableLasers[S-DPH]),FALSE),LEFT(TableTL[[#This Row],[Down]],2)*VLOOKUP(VALUE(TRIM(CLEAN(RIGHT(TableTL[[#This Row],[Down]],2)))),TableLasers[],COLUMN(TableLasers[S-DPH]),FALSE))","v":0},{"$f":"SUM(LEFT(TableTL[[#This Row],[Main]],2)*VLOOKUP(VALUE(TRIM(CLEAN(RIGHT(TableTL[[#This Row],[Main]],2)))),TableLasers[],COLUMN(TableLasers[H-DPH]),FALSE),LEFT(TableTL[[#This Row],[Front]],2)*VLOOKUP(VALUE(TRIM(CLEAN(RIGHT(TableTL[[#This Row],[Front]],2)))),TableLasers[],COLUMN(TableLasers[H-DPH]),FALSE),LEFT(TableTL[[#This Row],[Back]],2)*VLOOKUP(VALUE(TRIM(CLEAN(RIGHT(TableTL[[#This Row],[Back]],2)))),TableLasers[],COLUMN(TableLasers[H-DPH]),FALSE),LEFT(TableTL[[#This Row],[Left]],2)*VLOOKUP(VALUE(TRIM(CLEAN(RIGHT(TableTL[[#This Row],[Left]],2)))),TableLasers[],COLUMN(TableLasers[H-DPH]),FALSE),LEFT(TableTL[[#This Row],[Right]],2)*VLOOKUP(VALUE(TRIM(CLEAN(RIGHT(TableTL[[#This Row],[Right]],2)))),TableLasers[],COLUMN(TableLasers[H-DPH]),FALSE),LEFT(TableTL[[#This Row],[Up]],2)*VLOOKUP(VALUE(TRIM(CLEAN(RIGHT(TableTL[[#This Row],[Up]],2)))),TableLasers[],COLUMN(TableLasers[H-DPH]),FALSE),LEFT(TableTL[[#This Row],[Down]],2)*VLOOKUP(VALUE(TRIM(CLEAN(RIGHT(TableTL[[#This Row],[Down]],2)))),TableLasers[],COLUMN(TableLasers[H-DPH]),FALSE))","v":0},"00::00","00::23","00::23","00::00","00::00","00::00","00::00",null,null,null,null,null,null,null,null,"0,1,3,4,23,28,29,35","0,1,3,4,23,28,29,35"]
[421,"Unknown","TL","zzPLACEHOLDER","Hauler",37.799999999999997,27,10,"XXL",340000,"2 GJ ",1,34200,363.63636363636402,0,0,0,48000,2,{"$f":"SUM(LEFT(TableTL[[#This Row],[Main]],2)*VLOOKUP(VALUE(TRIM(CLEAN(RIGHT(TableTL[[#This Row],[Main]],2)))),TableLasers[],COLUMN(TableLasers[S-DPH]),FALSE),LEFT(TableTL[[#This Row],[Front]],2)*VLOOKUP(VALUE(TRIM(CLEAN(RIGHT(TableTL[[#This Row],[Front]],2)))),TableLasers[],COLUMN(TableLasers[S-DPH]),FALSE),LEFT(TableTL[[#This Row],[Back]],2)*VLOOKUP(VALUE(TRIM(CLEAN(RIGHT(TableTL[[#This Row],[Back]],2)))),TableLasers[],COLUMN(TableLasers[S-DPH]),FALSE),LEFT(TableTL[[#This Row],[Left]],2)*VLOOKUP(VALUE(TRIM(CLEAN(RIGHT(TableTL[[#This Row],[Left]],2)))),TableLasers[],COLUMN(TableLasers[S-DPH]),FALSE),LEFT(TableTL[[#This Row],[Right]],2)*VLOOKUP(VALUE(TRIM(CLEAN(RIGHT(TableTL[[#This Row],[Right]],2)))),TableLasers[],COLUMN(TableLasers[S-DPH]),FALSE),LEFT(TableTL[[#This Row],[Up]],2)*VLOOKUP(VALUE(TRIM(CLEAN(RIGHT(TableTL[[#This Row],[Up]],2)))),TableLasers[],COLUMN(TableLasers[S-DPH]),FALSE),LEFT(TableTL[[#This Row],[Down]],2)*VLOOKUP(VALUE(TRIM(CLEAN(RIGHT(TableTL[[#This Row],[Down]],2)))),TableLasers[],COLUMN(TableLasers[S-DPH]),FALSE))","v":0},{"$f":"SUM(LEFT(TableTL[[#This Row],[Main]],2)*VLOOKUP(VALUE(TRIM(CLEAN(RIGHT(TableTL[[#This Row],[Main]],2)))),TableLasers[],COLUMN(TableLasers[H-DPH]),FALSE),LEFT(TableTL[[#This Row],[Front]],2)*VLOOKUP(VALUE(TRIM(CLEAN(RIGHT(TableTL[[#This Row],[Front]],2)))),TableLasers[],COLUMN(TableLasers[H-DPH]),FALSE),LEFT(TableTL[[#This Row],[Back]],2)*VLOOKUP(VALUE(TRIM(CLEAN(RIGHT(TableTL[[#This Row],[Back]],2)))),TableLasers[],COLUMN(TableLasers[H-DPH]),FALSE),LEFT(TableTL[[#This Row],[Left]],2)*VLOOKUP(VALUE(TRIM(CLEAN(RIGHT(TableTL[[#This Row],[Left]],2)))),TableLasers[],COLUMN(TableLasers[H-DPH]),FALSE),LEFT(TableTL[[#This Row],[Right]],2)*VLOOKUP(VALUE(TRIM(CLEAN(RIGHT(TableTL[[#This Row],[Right]],2)))),TableLasers[],COLUMN(TableLasers[H-DPH]),FALSE),LEFT(TableTL[[#This Row],[Up]],2)*VLOOKUP(VALUE(TRIM(CLEAN(RIGHT(TableTL[[#This Row],[Up]],2)))),TableLasers[],COLUMN(TableLasers[H-DPH]),FALSE),LEFT(TableTL[[#This Row],[Down]],2)*VLOOKUP(VALUE(TRIM(CLEAN(RIGHT(TableTL[[#This Row],[Down]],2)))),TableLasers[],COLUMN(TableLasers[H-DPH]),FALSE))","v":0},"00::00","00::23","00::23","00::00","00::00","00::00","00::00",null,null,null,null,null,null,null,null,"0,1,3,4,23,28,29,35","0,1,3,4,23,28,29,35"]
[422,"Unknown","TL","zzPLACEHOLDER","Hauler",37.799999999999997,27,10,"XXL",340000,"2 GJ ",1,34200,363.63636363636402,0,0,0,48000,2,{"$f":"SUM(LEFT(TableTL[[#This Row],[Main]],2)*VLOOKUP(VALUE(TRIM(CLEAN(RIGHT(TableTL[[#This Row],[Main]],2)))),TableLasers[],COLUMN(TableLasers[S-DPH]),FALSE),LEFT(TableTL[[#This Row],[Front]],2)*VLOOKUP(VALUE(TRIM(CLEAN(RIGHT(TableTL[[#This Row],[Front]],2)))),TableLasers[],COLUMN(TableLasers[S-DPH]),FALSE),LEFT(TableTL[[#This Row],[Back]],2)*VLOOKUP(VALUE(TRIM(CLEAN(RIGHT(TableTL[[#This Row],[Back]],2)))),TableLasers[],COLUMN(TableLasers[S-DPH]),FALSE),LEFT(TableTL[[#This Row],[Left]],2)*VLOOKUP(VALUE(TRIM(CLEAN(RIGHT(TableTL[[#This Row],[Left]],2)))),TableLasers[],COLUMN(TableLasers[S-DPH]),FALSE),LEFT(TableTL[[#This Row],[Right]],2)*VLOOKUP(VALUE(TRIM(CLEAN(RIGHT(TableTL[[#This Row],[Right]],2)))),TableLasers[],COLUMN(TableLasers[S-DPH]),FALSE),LEFT(TableTL[[#This Row],[Up]],2)*VLOOKUP(VALUE(TRIM(CLEAN(RIGHT(TableTL[[#This Row],[Up]],2)))),TableLasers[],COLUMN(TableLasers[S-DPH]),FALSE),LEFT(TableTL[[#This Row],[Down]],2)*VLOOKUP(VALUE(TRIM(CLEAN(RIGHT(TableTL[[#This Row],[Down]],2)))),TableLasers[],COLUMN(TableLasers[S-DPH]),FALSE))","v":0},{"$f":"SUM(LEFT(TableTL[[#This Row],[Main]],2)*VLOOKUP(VALUE(TRIM(CLEAN(RIGHT(TableTL[[#This Row],[Main]],2)))),TableLasers[],COLUMN(TableLasers[H-DPH]),FALSE),LEFT(TableTL[[#This Row],[Front]],2)*VLOOKUP(VALUE(TRIM(CLEAN(RIGHT(TableTL[[#This Row],[Front]],2)))),TableLasers[],COLUMN(TableLasers[H-DPH]),FALSE),LEFT(TableTL[[#This Row],[Back]],2)*VLOOKUP(VALUE(TRIM(CLEAN(RIGHT(TableTL[[#This Row],[Back]],2)))),TableLasers[],COLUMN(TableLasers[H-DPH]),FALSE),LEFT(TableTL[[#This Row],[Left]],2)*VLOOKUP(VALUE(TRIM(CLEAN(RIGHT(TableTL[[#This Row],[Left]],2)))),TableLasers[],COLUMN(TableLasers[H-DPH]),FALSE),LEFT(TableTL[[#This Row],[Right]],2)*VLOOKUP(VALUE(TRIM(CLEAN(RIGHT(TableTL[[#This Row],[Right]],2)))),TableLasers[],COLUMN(TableLasers[H-DPH]),FALSE),LEFT(TableTL[[#This Row],[Up]],2)*VLOOKUP(VALUE(TRIM(CLEAN(RIGHT(TableTL[[#This Row],[Up]],2)))),TableLasers[],COLUMN(TableLasers[H-DPH]),FALSE),LEFT(TableTL[[#This Row],[Down]],2)*VLOOKUP(VALUE(TRIM(CLEAN(RIGHT(TableTL[[#This Row],[Down]],2)))),TableLasers[],COLUMN(TableLasers[H-DPH]),FALSE))","v":0},"00::00","00::23","00::23","00::00","00::00","00::00","00::00",null,null,null,null,null,null,null,null,"0,1,3,4,23,28,29,35","0,1,3,4,23,28,29,35"]
[423,"Unknown","TL","zzPLACEHOLDER","Hauler",37.799999999999997,27,10,"XXL",340000,"2 GJ ",1,34200,363.63636363636402,0,0,0,48000,2,{"$f":"SUM(LEFT(TableTL[[#This Row],[Main]],2)*VLOOKUP(VALUE(TRIM(CLEAN(RIGHT(TableTL[[#This Row],[Main]],2)))),TableLasers[],COLUMN(TableLasers[S-DPH]),FALSE),LEFT(TableTL[[#This Row],[Front]],2)*VLOOKUP(VALUE(TRIM(CLEAN(RIGHT(TableTL[[#This Row],[Front]],2)))),TableLasers[],COLUMN(TableLasers[S-DPH]),FALSE),LEFT(TableTL[[#This Row],[Back]],2)*VLOOKUP(VALUE(TRIM(CLEAN(RIGHT(TableTL[[#This Row],[Back]],2)))),TableLasers[],COLUMN(TableLasers[S-DPH]),FALSE),LEFT(TableTL[[#This Row],[Left]],2)*VLOOKUP(VALUE(TRIM(CLEAN(RIGHT(TableTL[[#This Row],[Left]],2)))),TableLasers[],COLUMN(TableLasers[S-DPH]),FALSE),LEFT(TableTL[[#This Row],[Right]],2)*VLOOKUP(VALUE(TRIM(CLEAN(RIGHT(TableTL[[#This Row],[Right]],2)))),TableLasers[],COLUMN(TableLasers[S-DPH]),FALSE),LEFT(TableTL[[#This Row],[Up]],2)*VLOOKUP(VALUE(TRIM(CLEAN(RIGHT(TableTL[[#This Row],[Up]],2)))),TableLasers[],COLUMN(TableLasers[S-DPH]),FALSE),LEFT(TableTL[[#This Row],[Down]],2)*VLOOKUP(VALUE(TRIM(CLEAN(RIGHT(TableTL[[#This Row],[Down]],2)))),TableLasers[],COLUMN(TableLasers[S-DPH]),FALSE))","v":0},{"$f":"SUM(LEFT(TableTL[[#This Row],[Main]],2)*VLOOKUP(VALUE(TRIM(CLEAN(RIGHT(TableTL[[#This Row],[Main]],2)))),TableLasers[],COLUMN(TableLasers[H-DPH]),FALSE),LEFT(TableTL[[#This Row],[Front]],2)*VLOOKUP(VALUE(TRIM(CLEAN(RIGHT(TableTL[[#This Row],[Front]],2)))),TableLasers[],COLUMN(TableLasers[H-DPH]),FALSE),LEFT(TableTL[[#This Row],[Back]],2)*VLOOKUP(VALUE(TRIM(CLEAN(RIGHT(TableTL[[#This Row],[Back]],2)))),TableLasers[],COLUMN(TableLasers[H-DPH]),FALSE),LEFT(TableTL[[#This Row],[Left]],2)*VLOOKUP(VALUE(TRIM(CLEAN(RIGHT(TableTL[[#This Row],[Left]],2)))),TableLasers[],COLUMN(TableLasers[H-DPH]),FALSE),LEFT(TableTL[[#This Row],[Right]],2)*VLOOKUP(VALUE(TRIM(CLEAN(RIGHT(TableTL[[#This Row],[Right]],2)))),TableLasers[],COLUMN(TableLasers[H-DPH]),FALSE),LEFT(TableTL[[#This Row],[Up]],2)*VLOOKUP(VALUE(TRIM(CLEAN(RIGHT(TableTL[[#This Row],[Up]],2)))),TableLasers[],COLUMN(TableLasers[H-DPH]),FALSE),LEFT(TableTL[[#This Row],[Down]],2)*VLOOKUP(VALUE(TRIM(CLEAN(RIGHT(TableTL[[#This Row],[Down]],2)))),TableLasers[],COLUMN(TableLasers[H-DPH]),FALSE))","v":0},"00::00","00::23","00::23","00::00","00::00","00::00","00::00",null,null,null,null,null,null,null,null,"0,1,3,4,23,28,29,35","0,1,3,4,23,28,29,35"]
[424,"Unknown","TL","zzPLACEHOLDER","Hauler",37.799999999999997,27,10,"XXL",340000,"2 GJ ",1,34200,363.63636363636402,0,0,0,48000,2,{"$f":"SUM(LEFT(TableTL[[#This Row],[Main]],2)*VLOOKUP(VALUE(TRIM(CLEAN(RIGHT(TableTL[[#This Row],[Main]],2)))),TableLasers[],COLUMN(TableLasers[S-DPH]),FALSE),LEFT(TableTL[[#This Row],[Front]],2)*VLOOKUP(VALUE(TRIM(CLEAN(RIGHT(TableTL[[#This Row],[Front]],2)))),TableLasers[],COLUMN(TableLasers[S-DPH]),FALSE),LEFT(TableTL[[#This Row],[Back]],2)*VLOOKUP(VALUE(TRIM(CLEAN(RIGHT(TableTL[[#This Row],[Back]],2)))),TableLasers[],COLUMN(TableLasers[S-DPH]),FALSE),LEFT(TableTL[[#This Row],[Left]],2)*VLOOKUP(VALUE(TRIM(CLEAN(RIGHT(TableTL[[#This Row],[Left]],2)))),TableLasers[],COLUMN(TableLasers[S-DPH]),FALSE),LEFT(TableTL[[#This Row],[Right]],2)*VLOOKUP(VALUE(TRIM(CLEAN(RIGHT(TableTL[[#This Row],[Right]],2)))),TableLasers[],COLUMN(TableLasers[S-DPH]),FALSE),LEFT(TableTL[[#This Row],[Up]],2)*VLOOKUP(VALUE(TRIM(CLEAN(RIGHT(TableTL[[#This Row],[Up]],2)))),TableLasers[],COLUMN(TableLasers[S-DPH]),FALSE),LEFT(TableTL[[#This Row],[Down]],2)*VLOOKUP(VALUE(TRIM(CLEAN(RIGHT(TableTL[[#This Row],[Down]],2)))),TableLasers[],COLUMN(TableLasers[S-DPH]),FALSE))","v":0},{"$f":"SUM(LEFT(TableTL[[#This Row],[Main]],2)*VLOOKUP(VALUE(TRIM(CLEAN(RIGHT(TableTL[[#This Row],[Main]],2)))),TableLasers[],COLUMN(TableLasers[H-DPH]),FALSE),LEFT(TableTL[[#This Row],[Front]],2)*VLOOKUP(VALUE(TRIM(CLEAN(RIGHT(TableTL[[#This Row],[Front]],2)))),TableLasers[],COLUMN(TableLasers[H-DPH]),FALSE),LEFT(TableTL[[#This Row],[Back]],2)*VLOOKUP(VALUE(TRIM(CLEAN(RIGHT(TableTL[[#This Row],[Back]],2)))),TableLasers[],COLUMN(TableLasers[H-DPH]),FALSE),LEFT(TableTL[[#This Row],[Left]],2)*VLOOKUP(VALUE(TRIM(CLEAN(RIGHT(TableTL[[#This Row],[Left]],2)))),TableLasers[],COLUMN(TableLasers[H-DPH]),FALSE),LEFT(TableTL[[#This Row],[Right]],2)*VLOOKUP(VALUE(TRIM(CLEAN(RIGHT(TableTL[[#This Row],[Right]],2)))),TableLasers[],COLUMN(TableLasers[H-DPH]),FALSE),LEFT(TableTL[[#This Row],[Up]],2)*VLOOKUP(VALUE(TRIM(CLEAN(RIGHT(TableTL[[#This Row],[Up]],2)))),TableLasers[],COLUMN(TableLasers[H-DPH]),FALSE),LEFT(TableTL[[#This Row],[Down]],2)*VLOOKUP(VALUE(TRIM(CLEAN(RIGHT(TableTL[[#This Row],[Down]],2)))),TableLasers[],COLUMN(TableLasers[H-DPH]),FALSE))","v":0},"00::00","00::23","00::23","00::00","00::00","00::00","00::00",null,null,null,null,null,null,null,null,"0,1,3,4,23,28,29,35","0,1,3,4,23,28,29,35"]
[425,"Unknown","TL","zzPLACEHOLDER","Hauler",37.799999999999997,27,10,"XXL",340000,"2 GJ ",1,34200,363.63636363636402,0,0,0,48000,2,{"$f":"SUM(LEFT(TableTL[[#This Row],[Main]],2)*VLOOKUP(VALUE(TRIM(CLEAN(RIGHT(TableTL[[#This Row],[Main]],2)))),TableLasers[],COLUMN(TableLasers[S-DPH]),FALSE),LEFT(TableTL[[#This Row],[Front]],2)*VLOOKUP(VALUE(TRIM(CLEAN(RIGHT(TableTL[[#This Row],[Front]],2)))),TableLasers[],COLUMN(TableLasers[S-DPH]),FALSE),LEFT(TableTL[[#This Row],[Back]],2)*VLOOKUP(VALUE(TRIM(CLEAN(RIGHT(TableTL[[#This Row],[Back]],2)))),TableLasers[],COLUMN(TableLasers[S-DPH]),FALSE),LEFT(TableTL[[#This Row],[Left]],2)*VLOOKUP(VALUE(TRIM(CLEAN(RIGHT(TableTL[[#This Row],[Left]],2)))),TableLasers[],COLUMN(TableLasers[S-DPH]),FALSE),LEFT(TableTL[[#This Row],[Right]],2)*VLOOKUP(VALUE(TRIM(CLEAN(RIGHT(TableTL[[#This Row],[Right]],2)))),TableLasers[],COLUMN(TableLasers[S-DPH]),FALSE),LEFT(TableTL[[#This Row],[Up]],2)*VLOOKUP(VALUE(TRIM(CLEAN(RIGHT(TableTL[[#This Row],[Up]],2)))),TableLasers[],COLUMN(TableLasers[S-DPH]),FALSE),LEFT(TableTL[[#This Row],[Down]],2)*VLOOKUP(VALUE(TRIM(CLEAN(RIGHT(TableTL[[#This Row],[Down]],2)))),TableLasers[],COLUMN(TableLasers[S-DPH]),FALSE))","v":0},{"$f":"SUM(LEFT(TableTL[[#This Row],[Main]],2)*VLOOKUP(VALUE(TRIM(CLEAN(RIGHT(TableTL[[#This Row],[Main]],2)))),TableLasers[],COLUMN(TableLasers[H-DPH]),FALSE),LEFT(TableTL[[#This Row],[Front]],2)*VLOOKUP(VALUE(TRIM(CLEAN(RIGHT(TableTL[[#This Row],[Front]],2)))),TableLasers[],COLUMN(TableLasers[H-DPH]),FALSE),LEFT(TableTL[[#This Row],[Back]],2)*VLOOKUP(VALUE(TRIM(CLEAN(RIGHT(TableTL[[#This Row],[Back]],2)))),TableLasers[],COLUMN(TableLasers[H-DPH]),FALSE),LEFT(TableTL[[#This Row],[Left]],2)*VLOOKUP(VALUE(TRIM(CLEAN(RIGHT(TableTL[[#This Row],[Left]],2)))),TableLasers[],COLUMN(TableLasers[H-DPH]),FALSE),LEFT(TableTL[[#This Row],[Right]],2)*VLOOKUP(VALUE(TRIM(CLEAN(RIGHT(TableTL[[#This Row],[Right]],2)))),TableLasers[],COLUMN(TableLasers[H-DPH]),FALSE),LEFT(TableTL[[#This Row],[Up]],2)*VLOOKUP(VALUE(TRIM(CLEAN(RIGHT(TableTL[[#This Row],[Up]],2)))),TableLasers[],COLUMN(TableLasers[H-DPH]),FALSE),LEFT(TableTL[[#This Row],[Down]],2)*VLOOKUP(VALUE(TRIM(CLEAN(RIGHT(TableTL[[#This Row],[Down]],2)))),TableLasers[],COLUMN(TableLasers[H-DPH]),FALSE))","v":0},"00::00","00::23","00::23","00::00","00::00","00::00","00::00",null,null,null,null,null,null,null,null,"0,1,3,4,23,28,29,35","0,1,3,4,23,28,29,35"]
[426,"Unknown","TL","zzPLACEHOLDER","Hauler",37.799999999999997,27,10,"XXL",340000,"2 GJ ",1,34200,363.63636363636402,0,0,0,48000,2,{"$f":"SUM(LEFT(TableTL[[#This Row],[Main]],2)*VLOOKUP(VALUE(TRIM(CLEAN(RIGHT(TableTL[[#This Row],[Main]],2)))),TableLasers[],COLUMN(TableLasers[S-DPH]),FALSE),LEFT(TableTL[[#This Row],[Front]],2)*VLOOKUP(VALUE(TRIM(CLEAN(RIGHT(TableTL[[#This Row],[Front]],2)))),TableLasers[],COLUMN(TableLasers[S-DPH]),FALSE),LEFT(TableTL[[#This Row],[Back]],2)*VLOOKUP(VALUE(TRIM(CLEAN(RIGHT(TableTL[[#This Row],[Back]],2)))),TableLasers[],COLUMN(TableLasers[S-DPH]),FALSE),LEFT(TableTL[[#This Row],[Left]],2)*VLOOKUP(VALUE(TRIM(CLEAN(RIGHT(TableTL[[#This Row],[Left]],2)))),TableLasers[],COLUMN(TableLasers[S-DPH]),FALSE),LEFT(TableTL[[#This Row],[Right]],2)*VLOOKUP(VALUE(TRIM(CLEAN(RIGHT(TableTL[[#This Row],[Right]],2)))),TableLasers[],COLUMN(TableLasers[S-DPH]),FALSE),LEFT(TableTL[[#This Row],[Up]],2)*VLOOKUP(VALUE(TRIM(CLEAN(RIGHT(TableTL[[#This Row],[Up]],2)))),TableLasers[],COLUMN(TableLasers[S-DPH]),FALSE),LEFT(TableTL[[#This Row],[Down]],2)*VLOOKUP(VALUE(TRIM(CLEAN(RIGHT(TableTL[[#This Row],[Down]],2)))),TableLasers[],COLUMN(TableLasers[S-DPH]),FALSE))","v":0},{"$f":"SUM(LEFT(TableTL[[#This Row],[Main]],2)*VLOOKUP(VALUE(TRIM(CLEAN(RIGHT(TableTL[[#This Row],[Main]],2)))),TableLasers[],COLUMN(TableLasers[H-DPH]),FALSE),LEFT(TableTL[[#This Row],[Front]],2)*VLOOKUP(VALUE(TRIM(CLEAN(RIGHT(TableTL[[#This Row],[Front]],2)))),TableLasers[],COLUMN(TableLasers[H-DPH]),FALSE),LEFT(TableTL[[#This Row],[Back]],2)*VLOOKUP(VALUE(TRIM(CLEAN(RIGHT(TableTL[[#This Row],[Back]],2)))),TableLasers[],COLUMN(TableLasers[H-DPH]),FALSE),LEFT(TableTL[[#This Row],[Left]],2)*VLOOKUP(VALUE(TRIM(CLEAN(RIGHT(TableTL[[#This Row],[Left]],2)))),TableLasers[],COLUMN(TableLasers[H-DPH]),FALSE),LEFT(TableTL[[#This Row],[Right]],2)*VLOOKUP(VALUE(TRIM(CLEAN(RIGHT(TableTL[[#This Row],[Right]],2)))),TableLasers[],COLUMN(TableLasers[H-DPH]),FALSE),LEFT(TableTL[[#This Row],[Up]],2)*VLOOKUP(VALUE(TRIM(CLEAN(RIGHT(TableTL[[#This Row],[Up]],2)))),TableLasers[],COLUMN(TableLasers[H-DPH]),FALSE),LEFT(TableTL[[#This Row],[Down]],2)*VLOOKUP(VALUE(TRIM(CLEAN(RIGHT(TableTL[[#This Row],[Down]],2)))),TableLasers[],COLUMN(TableLasers[H-DPH]),FALSE))","v":0},"00::00","00::23","00::23","00::00","00::00","00::00","00::00",null,null,null,null,null,null,null,null,"0,1,3,4,23,28,29,35","0,1,3,4,23,28,29,35"]
[427,"Unknown","TL","zzPLACEHOLDER","Hauler",37.799999999999997,27,10,"XXL",340000,"2 GJ ",1,34200,363.63636363636402,0,0,0,48000,2,{"$f":"SUM(LEFT(TableTL[[#This Row],[Main]],2)*VLOOKUP(VALUE(TRIM(CLEAN(RIGHT(TableTL[[#This Row],[Main]],2)))),TableLasers[],COLUMN(TableLasers[S-DPH]),FALSE),LEFT(TableTL[[#This Row],[Front]],2)*VLOOKUP(VALUE(TRIM(CLEAN(RIGHT(TableTL[[#This Row],[Front]],2)))),TableLasers[],COLUMN(TableLasers[S-DPH]),FALSE),LEFT(TableTL[[#This Row],[Back]],2)*VLOOKUP(VALUE(TRIM(CLEAN(RIGHT(TableTL[[#This Row],[Back]],2)))),TableLasers[],COLUMN(TableLasers[S-DPH]),FALSE),LEFT(TableTL[[#This Row],[Left]],2)*VLOOKUP(VALUE(TRIM(CLEAN(RIGHT(TableTL[[#This Row],[Left]],2)))),TableLasers[],COLUMN(TableLasers[S-DPH]),FALSE),LEFT(TableTL[[#This Row],[Right]],2)*VLOOKUP(VALUE(TRIM(CLEAN(RIGHT(TableTL[[#This Row],[Right]],2)))),TableLasers[],COLUMN(TableLasers[S-DPH]),FALSE),LEFT(TableTL[[#This Row],[Up]],2)*VLOOKUP(VALUE(TRIM(CLEAN(RIGHT(TableTL[[#This Row],[Up]],2)))),TableLasers[],COLUMN(TableLasers[S-DPH]),FALSE),LEFT(TableTL[[#This Row],[Down]],2)*VLOOKUP(VALUE(TRIM(CLEAN(RIGHT(TableTL[[#This Row],[Down]],2)))),TableLasers[],COLUMN(TableLasers[S-DPH]),FALSE))","v":0},{"$f":"SUM(LEFT(TableTL[[#This Row],[Main]],2)*VLOOKUP(VALUE(TRIM(CLEAN(RIGHT(TableTL[[#This Row],[Main]],2)))),TableLasers[],COLUMN(TableLasers[H-DPH]),FALSE),LEFT(TableTL[[#This Row],[Front]],2)*VLOOKUP(VALUE(TRIM(CLEAN(RIGHT(TableTL[[#This Row],[Front]],2)))),TableLasers[],COLUMN(TableLasers[H-DPH]),FALSE),LEFT(TableTL[[#This Row],[Back]],2)*VLOOKUP(VALUE(TRIM(CLEAN(RIGHT(TableTL[[#This Row],[Back]],2)))),TableLasers[],COLUMN(TableLasers[H-DPH]),FALSE),LEFT(TableTL[[#This Row],[Left]],2)*VLOOKUP(VALUE(TRIM(CLEAN(RIGHT(TableTL[[#This Row],[Left]],2)))),TableLasers[],COLUMN(TableLasers[H-DPH]),FALSE),LEFT(TableTL[[#This Row],[Right]],2)*VLOOKUP(VALUE(TRIM(CLEAN(RIGHT(TableTL[[#This Row],[Right]],2)))),TableLasers[],COLUMN(TableLasers[H-DPH]),FALSE),LEFT(TableTL[[#This Row],[Up]],2)*VLOOKUP(VALUE(TRIM(CLEAN(RIGHT(TableTL[[#This Row],[Up]],2)))),TableLasers[],COLUMN(TableLasers[H-DPH]),FALSE),LEFT(TableTL[[#This Row],[Down]],2)*VLOOKUP(VALUE(TRIM(CLEAN(RIGHT(TableTL[[#This Row],[Down]],2)))),TableLasers[],COLUMN(TableLasers[H-DPH]),FALSE))","v":0},"00::00","00::23","00::23","00::00","00::00","00::00","00::00",null,null,null,null,null,null,null,null,"0,1,3,4,23,28,29,35","0,1,3,4,23,28,29,35"]
[428,"Unknown","TL","zzPLACEHOLDER","Hauler",37.799999999999997,27,10,"XXL",340000,"2 GJ ",1,34200,363.63636363636402,0,0,0,48000,2,{"$f":"SUM(LEFT(TableTL[[#This Row],[Main]],2)*VLOOKUP(VALUE(TRIM(CLEAN(RIGHT(TableTL[[#This Row],[Main]],2)))),TableLasers[],COLUMN(TableLasers[S-DPH]),FALSE),LEFT(TableTL[[#This Row],[Front]],2)*VLOOKUP(VALUE(TRIM(CLEAN(RIGHT(TableTL[[#This Row],[Front]],2)))),TableLasers[],COLUMN(TableLasers[S-DPH]),FALSE),LEFT(TableTL[[#This Row],[Back]],2)*VLOOKUP(VALUE(TRIM(CLEAN(RIGHT(TableTL[[#This Row],[Back]],2)))),TableLasers[],COLUMN(TableLasers[S-DPH]),FALSE),LEFT(TableTL[[#This Row],[Left]],2)*VLOOKUP(VALUE(TRIM(CLEAN(RIGHT(TableTL[[#This Row],[Left]],2)))),TableLasers[],COLUMN(TableLasers[S-DPH]),FALSE),LEFT(TableTL[[#This Row],[Right]],2)*VLOOKUP(VALUE(TRIM(CLEAN(RIGHT(TableTL[[#This Row],[Right]],2)))),TableLasers[],COLUMN(TableLasers[S-DPH]),FALSE),LEFT(TableTL[[#This Row],[Up]],2)*VLOOKUP(VALUE(TRIM(CLEAN(RIGHT(TableTL[[#This Row],[Up]],2)))),TableLasers[],COLUMN(TableLasers[S-DPH]),FALSE),LEFT(TableTL[[#This Row],[Down]],2)*VLOOKUP(VALUE(TRIM(CLEAN(RIGHT(TableTL[[#This Row],[Down]],2)))),TableLasers[],COLUMN(TableLasers[S-DPH]),FALSE))","v":0},{"$f":"SUM(LEFT(TableTL[[#This Row],[Main]],2)*VLOOKUP(VALUE(TRIM(CLEAN(RIGHT(TableTL[[#This Row],[Main]],2)))),TableLasers[],COLUMN(TableLasers[H-DPH]),FALSE),LEFT(TableTL[[#This Row],[Front]],2)*VLOOKUP(VALUE(TRIM(CLEAN(RIGHT(TableTL[[#This Row],[Front]],2)))),TableLasers[],COLUMN(TableLasers[H-DPH]),FALSE),LEFT(TableTL[[#This Row],[Back]],2)*VLOOKUP(VALUE(TRIM(CLEAN(RIGHT(TableTL[[#This Row],[Back]],2)))),TableLasers[],COLUMN(TableLasers[H-DPH]),FALSE),LEFT(TableTL[[#This Row],[Left]],2)*VLOOKUP(VALUE(TRIM(CLEAN(RIGHT(TableTL[[#This Row],[Left]],2)))),TableLasers[],COLUMN(TableLasers[H-DPH]),FALSE),LEFT(TableTL[[#This Row],[Right]],2)*VLOOKUP(VALUE(TRIM(CLEAN(RIGHT(TableTL[[#This Row],[Right]],2)))),TableLasers[],COLUMN(TableLasers[H-DPH]),FALSE),LEFT(TableTL[[#This Row],[Up]],2)*VLOOKUP(VALUE(TRIM(CLEAN(RIGHT(TableTL[[#This Row],[Up]],2)))),TableLasers[],COLUMN(TableLasers[H-DPH]),FALSE),LEFT(TableTL[[#This Row],[Down]],2)*VLOOKUP(VALUE(TRIM(CLEAN(RIGHT(TableTL[[#This Row],[Down]],2)))),TableLasers[],COLUMN(TableLasers[H-DPH]),FALSE))","v":0},"00::00","00::23","00::23","00::00","00::00","00::00","00::00",null,null,null,null,null,null,null,null,"0,1,3,4,23,28,29,35","0,1,3,4,23,28,29,35"]
[429,"Unknown","TL","zzPLACEHOLDER","Hauler",37.799999999999997,27,10,"XXL",340000,"2 GJ ",1,34200,363.63636363636402,0,0,0,48000,2,{"$f":"SUM(LEFT(TableTL[[#This Row],[Main]],2)*VLOOKUP(VALUE(TRIM(CLEAN(RIGHT(TableTL[[#This Row],[Main]],2)))),TableLasers[],COLUMN(TableLasers[S-DPH]),FALSE),LEFT(TableTL[[#This Row],[Front]],2)*VLOOKUP(VALUE(TRIM(CLEAN(RIGHT(TableTL[[#This Row],[Front]],2)))),TableLasers[],COLUMN(TableLasers[S-DPH]),FALSE),LEFT(TableTL[[#This Row],[Back]],2)*VLOOKUP(VALUE(TRIM(CLEAN(RIGHT(TableTL[[#This Row],[Back]],2)))),TableLasers[],COLUMN(TableLasers[S-DPH]),FALSE),LEFT(TableTL[[#This Row],[Left]],2)*VLOOKUP(VALUE(TRIM(CLEAN(RIGHT(TableTL[[#This Row],[Left]],2)))),TableLasers[],COLUMN(TableLasers[S-DPH]),FALSE),LEFT(TableTL[[#This Row],[Right]],2)*VLOOKUP(VALUE(TRIM(CLEAN(RIGHT(TableTL[[#This Row],[Right]],2)))),TableLasers[],COLUMN(TableLasers[S-DPH]),FALSE),LEFT(TableTL[[#This Row],[Up]],2)*VLOOKUP(VALUE(TRIM(CLEAN(RIGHT(TableTL[[#This Row],[Up]],2)))),TableLasers[],COLUMN(TableLasers[S-DPH]),FALSE),LEFT(TableTL[[#This Row],[Down]],2)*VLOOKUP(VALUE(TRIM(CLEAN(RIGHT(TableTL[[#This Row],[Down]],2)))),TableLasers[],COLUMN(TableLasers[S-DPH]),FALSE))","v":0},{"$f":"SUM(LEFT(TableTL[[#This Row],[Main]],2)*VLOOKUP(VALUE(TRIM(CLEAN(RIGHT(TableTL[[#This Row],[Main]],2)))),TableLasers[],COLUMN(TableLasers[H-DPH]),FALSE),LEFT(TableTL[[#This Row],[Front]],2)*VLOOKUP(VALUE(TRIM(CLEAN(RIGHT(TableTL[[#This Row],[Front]],2)))),TableLasers[],COLUMN(TableLasers[H-DPH]),FALSE),LEFT(TableTL[[#This Row],[Back]],2)*VLOOKUP(VALUE(TRIM(CLEAN(RIGHT(TableTL[[#This Row],[Back]],2)))),TableLasers[],COLUMN(TableLasers[H-DPH]),FALSE),LEFT(TableTL[[#This Row],[Left]],2)*VLOOKUP(VALUE(TRIM(CLEAN(RIGHT(TableTL[[#This Row],[Left]],2)))),TableLasers[],COLUMN(TableLasers[H-DPH]),FALSE),LEFT(TableTL[[#This Row],[Right]],2)*VLOOKUP(VALUE(TRIM(CLEAN(RIGHT(TableTL[[#This Row],[Right]],2)))),TableLasers[],COLUMN(TableLasers[H-DPH]),FALSE),LEFT(TableTL[[#This Row],[Up]],2)*VLOOKUP(VALUE(TRIM(CLEAN(RIGHT(TableTL[[#This Row],[Up]],2)))),TableLasers[],COLUMN(TableLasers[H-DPH]),FALSE),LEFT(TableTL[[#This Row],[Down]],2)*VLOOKUP(VALUE(TRIM(CLEAN(RIGHT(TableTL[[#This Row],[Down]],2)))),TableLasers[],COLUMN(TableLasers[H-DPH]),FALSE))","v":0},"00::00","00::23","00::23","00::00","00::00","00::00","00::00",null,null,null,null,null,null,null,null,"0,1,3,4,23,28,29,35","0,1,3,4,23,28,29,35"]
[430,"Unknown","TL","zzPLACEHOLDER","Hauler",37.799999999999997,27,10,"XXL",340000,"2 GJ ",1,34200,363.63636363636402,0,0,0,48000,2,{"$f":"SUM(LEFT(TableTL[[#This Row],[Main]],2)*VLOOKUP(VALUE(TRIM(CLEAN(RIGHT(TableTL[[#This Row],[Main]],2)))),TableLasers[],COLUMN(TableLasers[S-DPH]),FALSE),LEFT(TableTL[[#This Row],[Front]],2)*VLOOKUP(VALUE(TRIM(CLEAN(RIGHT(TableTL[[#This Row],[Front]],2)))),TableLasers[],COLUMN(TableLasers[S-DPH]),FALSE),LEFT(TableTL[[#This Row],[Back]],2)*VLOOKUP(VALUE(TRIM(CLEAN(RIGHT(TableTL[[#This Row],[Back]],2)))),TableLasers[],COLUMN(TableLasers[S-DPH]),FALSE),LEFT(TableTL[[#This Row],[Left]],2)*VLOOKUP(VALUE(TRIM(CLEAN(RIGHT(TableTL[[#This Row],[Left]],2)))),TableLasers[],COLUMN(TableLasers[S-DPH]),FALSE),LEFT(TableTL[[#This Row],[Right]],2)*VLOOKUP(VALUE(TRIM(CLEAN(RIGHT(TableTL[[#This Row],[Right]],2)))),TableLasers[],COLUMN(TableLasers[S-DPH]),FALSE),LEFT(TableTL[[#This Row],[Up]],2)*VLOOKUP(VALUE(TRIM(CLEAN(RIGHT(TableTL[[#This Row],[Up]],2)))),TableLasers[],COLUMN(TableLasers[S-DPH]),FALSE),LEFT(TableTL[[#This Row],[Down]],2)*VLOOKUP(VALUE(TRIM(CLEAN(RIGHT(TableTL[[#This Row],[Down]],2)))),TableLasers[],COLUMN(TableLasers[S-DPH]),FALSE))","v":0},{"$f":"SUM(LEFT(TableTL[[#This Row],[Main]],2)*VLOOKUP(VALUE(TRIM(CLEAN(RIGHT(TableTL[[#This Row],[Main]],2)))),TableLasers[],COLUMN(TableLasers[H-DPH]),FALSE),LEFT(TableTL[[#This Row],[Front]],2)*VLOOKUP(VALUE(TRIM(CLEAN(RIGHT(TableTL[[#This Row],[Front]],2)))),TableLasers[],COLUMN(TableLasers[H-DPH]),FALSE),LEFT(TableTL[[#This Row],[Back]],2)*VLOOKUP(VALUE(TRIM(CLEAN(RIGHT(TableTL[[#This Row],[Back]],2)))),TableLasers[],COLUMN(TableLasers[H-DPH]),FALSE),LEFT(TableTL[[#This Row],[Left]],2)*VLOOKUP(VALUE(TRIM(CLEAN(RIGHT(TableTL[[#This Row],[Left]],2)))),TableLasers[],COLUMN(TableLasers[H-DPH]),FALSE),LEFT(TableTL[[#This Row],[Right]],2)*VLOOKUP(VALUE(TRIM(CLEAN(RIGHT(TableTL[[#This Row],[Right]],2)))),TableLasers[],COLUMN(TableLasers[H-DPH]),FALSE),LEFT(TableTL[[#This Row],[Up]],2)*VLOOKUP(VALUE(TRIM(CLEAN(RIGHT(TableTL[[#This Row],[Up]],2)))),TableLasers[],COLUMN(TableLasers[H-DPH]),FALSE),LEFT(TableTL[[#This Row],[Down]],2)*VLOOKUP(VALUE(TRIM(CLEAN(RIGHT(TableTL[[#This Row],[Down]],2)))),TableLasers[],COLUMN(TableLasers[H-DPH]),FALSE))","v":0},"00::00","00::23","00::23","00::00","00::00","00::00","00::00",null,null,null,null,null,null,null,null,"0,1,3,4,23,28,29,35","0,1,3,4,23,28,29,35"]
[431,"Unknown","TL","zzPLACEHOLDER","Hauler",37.799999999999997,27,10,"XXL",340000,"2 GJ ",1,34200,363.63636363636402,0,0,0,48000,2,{"$f":"SUM(LEFT(TableTL[[#This Row],[Main]],2)*VLOOKUP(VALUE(TRIM(CLEAN(RIGHT(TableTL[[#This Row],[Main]],2)))),TableLasers[],COLUMN(TableLasers[S-DPH]),FALSE),LEFT(TableTL[[#This Row],[Front]],2)*VLOOKUP(VALUE(TRIM(CLEAN(RIGHT(TableTL[[#This Row],[Front]],2)))),TableLasers[],COLUMN(TableLasers[S-DPH]),FALSE),LEFT(TableTL[[#This Row],[Back]],2)*VLOOKUP(VALUE(TRIM(CLEAN(RIGHT(TableTL[[#This Row],[Back]],2)))),TableLasers[],COLUMN(TableLasers[S-DPH]),FALSE),LEFT(TableTL[[#This Row],[Left]],2)*VLOOKUP(VALUE(TRIM(CLEAN(RIGHT(TableTL[[#This Row],[Left]],2)))),TableLasers[],COLUMN(TableLasers[S-DPH]),FALSE),LEFT(TableTL[[#This Row],[Right]],2)*VLOOKUP(VALUE(TRIM(CLEAN(RIGHT(TableTL[[#This Row],[Right]],2)))),TableLasers[],COLUMN(TableLasers[S-DPH]),FALSE),LEFT(TableTL[[#This Row],[Up]],2)*VLOOKUP(VALUE(TRIM(CLEAN(RIGHT(TableTL[[#This Row],[Up]],2)))),TableLasers[],COLUMN(TableLasers[S-DPH]),FALSE),LEFT(TableTL[[#This Row],[Down]],2)*VLOOKUP(VALUE(TRIM(CLEAN(RIGHT(TableTL[[#This Row],[Down]],2)))),TableLasers[],COLUMN(TableLasers[S-DPH]),FALSE))","v":0},{"$f":"SUM(LEFT(TableTL[[#This Row],[Main]],2)*VLOOKUP(VALUE(TRIM(CLEAN(RIGHT(TableTL[[#This Row],[Main]],2)))),TableLasers[],COLUMN(TableLasers[H-DPH]),FALSE),LEFT(TableTL[[#This Row],[Front]],2)*VLOOKUP(VALUE(TRIM(CLEAN(RIGHT(TableTL[[#This Row],[Front]],2)))),TableLasers[],COLUMN(TableLasers[H-DPH]),FALSE),LEFT(TableTL[[#This Row],[Back]],2)*VLOOKUP(VALUE(TRIM(CLEAN(RIGHT(TableTL[[#This Row],[Back]],2)))),TableLasers[],COLUMN(TableLasers[H-DPH]),FALSE),LEFT(TableTL[[#This Row],[Left]],2)*VLOOKUP(VALUE(TRIM(CLEAN(RIGHT(TableTL[[#This Row],[Left]],2)))),TableLasers[],COLUMN(TableLasers[H-DPH]),FALSE),LEFT(TableTL[[#This Row],[Right]],2)*VLOOKUP(VALUE(TRIM(CLEAN(RIGHT(TableTL[[#This Row],[Right]],2)))),TableLasers[],COLUMN(TableLasers[H-DPH]),FALSE),LEFT(TableTL[[#This Row],[Up]],2)*VLOOKUP(VALUE(TRIM(CLEAN(RIGHT(TableTL[[#This Row],[Up]],2)))),TableLasers[],COLUMN(TableLasers[H-DPH]),FALSE),LEFT(TableTL[[#This Row],[Down]],2)*VLOOKUP(VALUE(TRIM(CLEAN(RIGHT(TableTL[[#This Row],[Down]],2)))),TableLasers[],COLUMN(TableLasers[H-DPH]),FALSE))","v":0},"00::00","00::23","00::23","00::00","00::00","00::00","00::00",null,null,null,null,null,null,null,null,"0,1,3,4,23,28,29,35","0,1,3,4,23,28,29,35"]
[432,"Unknown","TL","zzPLACEHOLDER","Hauler",37.799999999999997,27,10,"XXL",340000,"2 GJ ",1,34200,363.63636363636402,0,0,0,48000,2,{"$f":"SUM(LEFT(TableTL[[#This Row],[Main]],2)*VLOOKUP(VALUE(TRIM(CLEAN(RIGHT(TableTL[[#This Row],[Main]],2)))),TableLasers[],COLUMN(TableLasers[S-DPH]),FALSE),LEFT(TableTL[[#This Row],[Front]],2)*VLOOKUP(VALUE(TRIM(CLEAN(RIGHT(TableTL[[#This Row],[Front]],2)))),TableLasers[],COLUMN(TableLasers[S-DPH]),FALSE),LEFT(TableTL[[#This Row],[Back]],2)*VLOOKUP(VALUE(TRIM(CLEAN(RIGHT(TableTL[[#This Row],[Back]],2)))),TableLasers[],COLUMN(TableLasers[S-DPH]),FALSE),LEFT(TableTL[[#This Row],[Left]],2)*VLOOKUP(VALUE(TRIM(CLEAN(RIGHT(TableTL[[#This Row],[Left]],2)))),TableLasers[],COLUMN(TableLasers[S-DPH]),FALSE),LEFT(TableTL[[#This Row],[Right]],2)*VLOOKUP(VALUE(TRIM(CLEAN(RIGHT(TableTL[[#This Row],[Right]],2)))),TableLasers[],COLUMN(TableLasers[S-DPH]),FALSE),LEFT(TableTL[[#This Row],[Up]],2)*VLOOKUP(VALUE(TRIM(CLEAN(RIGHT(TableTL[[#This Row],[Up]],2)))),TableLasers[],COLUMN(TableLasers[S-DPH]),FALSE),LEFT(TableTL[[#This Row],[Down]],2)*VLOOKUP(VALUE(TRIM(CLEAN(RIGHT(TableTL[[#This Row],[Down]],2)))),TableLasers[],COLUMN(TableLasers[S-DPH]),FALSE))","v":0},{"$f":"SUM(LEFT(TableTL[[#This Row],[Main]],2)*VLOOKUP(VALUE(TRIM(CLEAN(RIGHT(TableTL[[#This Row],[Main]],2)))),TableLasers[],COLUMN(TableLasers[H-DPH]),FALSE),LEFT(TableTL[[#This Row],[Front]],2)*VLOOKUP(VALUE(TRIM(CLEAN(RIGHT(TableTL[[#This Row],[Front]],2)))),TableLasers[],COLUMN(TableLasers[H-DPH]),FALSE),LEFT(TableTL[[#This Row],[Back]],2)*VLOOKUP(VALUE(TRIM(CLEAN(RIGHT(TableTL[[#This Row],[Back]],2)))),TableLasers[],COLUMN(TableLasers[H-DPH]),FALSE),LEFT(TableTL[[#This Row],[Left]],2)*VLOOKUP(VALUE(TRIM(CLEAN(RIGHT(TableTL[[#This Row],[Left]],2)))),TableLasers[],COLUMN(TableLasers[H-DPH]),FALSE),LEFT(TableTL[[#This Row],[Right]],2)*VLOOKUP(VALUE(TRIM(CLEAN(RIGHT(TableTL[[#This Row],[Right]],2)))),TableLasers[],COLUMN(TableLasers[H-DPH]),FALSE),LEFT(TableTL[[#This Row],[Up]],2)*VLOOKUP(VALUE(TRIM(CLEAN(RIGHT(TableTL[[#This Row],[Up]],2)))),TableLasers[],COLUMN(TableLasers[H-DPH]),FALSE),LEFT(TableTL[[#This Row],[Down]],2)*VLOOKUP(VALUE(TRIM(CLEAN(RIGHT(TableTL[[#This Row],[Down]],2)))),TableLasers[],COLUMN(TableLasers[H-DPH]),FALSE))","v":0},"00::00","00::23","00::23","00::00","00::00","00::00","00::00",null,null,null,null,null,null,null,null,"0,1,3,4,23,28,29,35","0,1,3,4,23,28,29,35"]
[433,"Unknown","TL","zzPLACEHOLDER","Hauler",37.799999999999997,27,10,"XXL",340000,"2 GJ ",1,34200,363.63636363636402,0,0,0,48000,2,{"$f":"SUM(LEFT(TableTL[[#This Row],[Main]],2)*VLOOKUP(VALUE(TRIM(CLEAN(RIGHT(TableTL[[#This Row],[Main]],2)))),TableLasers[],COLUMN(TableLasers[S-DPH]),FALSE),LEFT(TableTL[[#This Row],[Front]],2)*VLOOKUP(VALUE(TRIM(CLEAN(RIGHT(TableTL[[#This Row],[Front]],2)))),TableLasers[],COLUMN(TableLasers[S-DPH]),FALSE),LEFT(TableTL[[#This Row],[Back]],2)*VLOOKUP(VALUE(TRIM(CLEAN(RIGHT(TableTL[[#This Row],[Back]],2)))),TableLasers[],COLUMN(TableLasers[S-DPH]),FALSE),LEFT(TableTL[[#This Row],[Left]],2)*VLOOKUP(VALUE(TRIM(CLEAN(RIGHT(TableTL[[#This Row],[Left]],2)))),TableLasers[],COLUMN(TableLasers[S-DPH]),FALSE),LEFT(TableTL[[#This Row],[Right]],2)*VLOOKUP(VALUE(TRIM(CLEAN(RIGHT(TableTL[[#This Row],[Right]],2)))),TableLasers[],COLUMN(TableLasers[S-DPH]),FALSE),LEFT(TableTL[[#This Row],[Up]],2)*VLOOKUP(VALUE(TRIM(CLEAN(RIGHT(TableTL[[#This Row],[Up]],2)))),TableLasers[],COLUMN(TableLasers[S-DPH]),FALSE),LEFT(TableTL[[#This Row],[Down]],2)*VLOOKUP(VALUE(TRIM(CLEAN(RIGHT(TableTL[[#This Row],[Down]],2)))),TableLasers[],COLUMN(TableLasers[S-DPH]),FALSE))","v":0},{"$f":"SUM(LEFT(TableTL[[#This Row],[Main]],2)*VLOOKUP(VALUE(TRIM(CLEAN(RIGHT(TableTL[[#This Row],[Main]],2)))),TableLasers[],COLUMN(TableLasers[H-DPH]),FALSE),LEFT(TableTL[[#This Row],[Front]],2)*VLOOKUP(VALUE(TRIM(CLEAN(RIGHT(TableTL[[#This Row],[Front]],2)))),TableLasers[],COLUMN(TableLasers[H-DPH]),FALSE),LEFT(TableTL[[#This Row],[Back]],2)*VLOOKUP(VALUE(TRIM(CLEAN(RIGHT(TableTL[[#This Row],[Back]],2)))),TableLasers[],COLUMN(TableLasers[H-DPH]),FALSE),LEFT(TableTL[[#This Row],[Left]],2)*VLOOKUP(VALUE(TRIM(CLEAN(RIGHT(TableTL[[#This Row],[Left]],2)))),TableLasers[],COLUMN(TableLasers[H-DPH]),FALSE),LEFT(TableTL[[#This Row],[Right]],2)*VLOOKUP(VALUE(TRIM(CLEAN(RIGHT(TableTL[[#This Row],[Right]],2)))),TableLasers[],COLUMN(TableLasers[H-DPH]),FALSE),LEFT(TableTL[[#This Row],[Up]],2)*VLOOKUP(VALUE(TRIM(CLEAN(RIGHT(TableTL[[#This Row],[Up]],2)))),TableLasers[],COLUMN(TableLasers[H-DPH]),FALSE),LEFT(TableTL[[#This Row],[Down]],2)*VLOOKUP(VALUE(TRIM(CLEAN(RIGHT(TableTL[[#This Row],[Down]],2)))),TableLasers[],COLUMN(TableLasers[H-DPH]),FALSE))","v":0},"00::00","00::23","00::23","00::00","00::00","00::00","00::00",null,null,null,null,null,null,null,null,"0,1,3,4,23,28,29,35","0,1,3,4,23,28,29,35"]
[434,"Unknown","TL","zzPLACEHOLDER","Hauler",37.799999999999997,27,10,"XXL",340000,"2 GJ ",1,34200,363.63636363636402,0,0,0,48000,2,{"$f":"SUM(LEFT(TableTL[[#This Row],[Main]],2)*VLOOKUP(VALUE(TRIM(CLEAN(RIGHT(TableTL[[#This Row],[Main]],2)))),TableLasers[],COLUMN(TableLasers[S-DPH]),FALSE),LEFT(TableTL[[#This Row],[Front]],2)*VLOOKUP(VALUE(TRIM(CLEAN(RIGHT(TableTL[[#This Row],[Front]],2)))),TableLasers[],COLUMN(TableLasers[S-DPH]),FALSE),LEFT(TableTL[[#This Row],[Back]],2)*VLOOKUP(VALUE(TRIM(CLEAN(RIGHT(TableTL[[#This Row],[Back]],2)))),TableLasers[],COLUMN(TableLasers[S-DPH]),FALSE),LEFT(TableTL[[#This Row],[Left]],2)*VLOOKUP(VALUE(TRIM(CLEAN(RIGHT(TableTL[[#This Row],[Left]],2)))),TableLasers[],COLUMN(TableLasers[S-DPH]),FALSE),LEFT(TableTL[[#This Row],[Right]],2)*VLOOKUP(VALUE(TRIM(CLEAN(RIGHT(TableTL[[#This Row],[Right]],2)))),TableLasers[],COLUMN(TableLasers[S-DPH]),FALSE),LEFT(TableTL[[#This Row],[Up]],2)*VLOOKUP(VALUE(TRIM(CLEAN(RIGHT(TableTL[[#This Row],[Up]],2)))),TableLasers[],COLUMN(TableLasers[S-DPH]),FALSE),LEFT(TableTL[[#This Row],[Down]],2)*VLOOKUP(VALUE(TRIM(CLEAN(RIGHT(TableTL[[#This Row],[Down]],2)))),TableLasers[],COLUMN(TableLasers[S-DPH]),FALSE))","v":0},{"$f":"SUM(LEFT(TableTL[[#This Row],[Main]],2)*VLOOKUP(VALUE(TRIM(CLEAN(RIGHT(TableTL[[#This Row],[Main]],2)))),TableLasers[],COLUMN(TableLasers[H-DPH]),FALSE),LEFT(TableTL[[#This Row],[Front]],2)*VLOOKUP(VALUE(TRIM(CLEAN(RIGHT(TableTL[[#This Row],[Front]],2)))),TableLasers[],COLUMN(TableLasers[H-DPH]),FALSE),LEFT(TableTL[[#This Row],[Back]],2)*VLOOKUP(VALUE(TRIM(CLEAN(RIGHT(TableTL[[#This Row],[Back]],2)))),TableLasers[],COLUMN(TableLasers[H-DPH]),FALSE),LEFT(TableTL[[#This Row],[Left]],2)*VLOOKUP(VALUE(TRIM(CLEAN(RIGHT(TableTL[[#This Row],[Left]],2)))),TableLasers[],COLUMN(TableLasers[H-DPH]),FALSE),LEFT(TableTL[[#This Row],[Right]],2)*VLOOKUP(VALUE(TRIM(CLEAN(RIGHT(TableTL[[#This Row],[Right]],2)))),TableLasers[],COLUMN(TableLasers[H-DPH]),FALSE),LEFT(TableTL[[#This Row],[Up]],2)*VLOOKUP(VALUE(TRIM(CLEAN(RIGHT(TableTL[[#This Row],[Up]],2)))),TableLasers[],COLUMN(TableLasers[H-DPH]),FALSE),LEFT(TableTL[[#This Row],[Down]],2)*VLOOKUP(VALUE(TRIM(CLEAN(RIGHT(TableTL[[#This Row],[Down]],2)))),TableLasers[],COLUMN(TableLasers[H-DPH]),FALSE))","v":0},"00::00","00::23","00::23","00::00","00::00","00::00","00::00",null,null,null,null,null,null,null,null,"0,1,3,4,23,28,29,35","0,1,3,4,23,28,29,35"]
[435,"Unknown","TL","zzPLACEHOLDER","Hauler",37.799999999999997,27,10,"XXL",340000,"2 GJ ",1,34200,363.63636363636402,0,0,0,48000,2,{"$f":"SUM(LEFT(TableTL[[#This Row],[Main]],2)*VLOOKUP(VALUE(TRIM(CLEAN(RIGHT(TableTL[[#This Row],[Main]],2)))),TableLasers[],COLUMN(TableLasers[S-DPH]),FALSE),LEFT(TableTL[[#This Row],[Front]],2)*VLOOKUP(VALUE(TRIM(CLEAN(RIGHT(TableTL[[#This Row],[Front]],2)))),TableLasers[],COLUMN(TableLasers[S-DPH]),FALSE),LEFT(TableTL[[#This Row],[Back]],2)*VLOOKUP(VALUE(TRIM(CLEAN(RIGHT(TableTL[[#This Row],[Back]],2)))),TableLasers[],COLUMN(TableLasers[S-DPH]),FALSE),LEFT(TableTL[[#This Row],[Left]],2)*VLOOKUP(VALUE(TRIM(CLEAN(RIGHT(TableTL[[#This Row],[Left]],2)))),TableLasers[],COLUMN(TableLasers[S-DPH]),FALSE),LEFT(TableTL[[#This Row],[Right]],2)*VLOOKUP(VALUE(TRIM(CLEAN(RIGHT(TableTL[[#This Row],[Right]],2)))),TableLasers[],COLUMN(TableLasers[S-DPH]),FALSE),LEFT(TableTL[[#This Row],[Up]],2)*VLOOKUP(VALUE(TRIM(CLEAN(RIGHT(TableTL[[#This Row],[Up]],2)))),TableLasers[],COLUMN(TableLasers[S-DPH]),FALSE),LEFT(TableTL[[#This Row],[Down]],2)*VLOOKUP(VALUE(TRIM(CLEAN(RIGHT(TableTL[[#This Row],[Down]],2)))),TableLasers[],COLUMN(TableLasers[S-DPH]),FALSE))","v":0},{"$f":"SUM(LEFT(TableTL[[#This Row],[Main]],2)*VLOOKUP(VALUE(TRIM(CLEAN(RIGHT(TableTL[[#This Row],[Main]],2)))),TableLasers[],COLUMN(TableLasers[H-DPH]),FALSE),LEFT(TableTL[[#This Row],[Front]],2)*VLOOKUP(VALUE(TRIM(CLEAN(RIGHT(TableTL[[#This Row],[Front]],2)))),TableLasers[],COLUMN(TableLasers[H-DPH]),FALSE),LEFT(TableTL[[#This Row],[Back]],2)*VLOOKUP(VALUE(TRIM(CLEAN(RIGHT(TableTL[[#This Row],[Back]],2)))),TableLasers[],COLUMN(TableLasers[H-DPH]),FALSE),LEFT(TableTL[[#This Row],[Left]],2)*VLOOKUP(VALUE(TRIM(CLEAN(RIGHT(TableTL[[#This Row],[Left]],2)))),TableLasers[],COLUMN(TableLasers[H-DPH]),FALSE),LEFT(TableTL[[#This Row],[Right]],2)*VLOOKUP(VALUE(TRIM(CLEAN(RIGHT(TableTL[[#This Row],[Right]],2)))),TableLasers[],COLUMN(TableLasers[H-DPH]),FALSE),LEFT(TableTL[[#This Row],[Up]],2)*VLOOKUP(VALUE(TRIM(CLEAN(RIGHT(TableTL[[#This Row],[Up]],2)))),TableLasers[],COLUMN(TableLasers[H-DPH]),FALSE),LEFT(TableTL[[#This Row],[Down]],2)*VLOOKUP(VALUE(TRIM(CLEAN(RIGHT(TableTL[[#This Row],[Down]],2)))),TableLasers[],COLUMN(TableLasers[H-DPH]),FALSE))","v":0},"00::00","00::23","00::23","00::00","00::00","00::00","00::00",null,null,null,null,null,null,null,null,"0,1,3,4,23,28,29,35","0,1,3,4,23,28,29,35"]
[436,"Unknown","TL","zzPLACEHOLDER","Hauler",37.799999999999997,27,10,"XXL",340000,"2 GJ ",1,34200,363.63636363636402,0,0,0,48000,2,{"$f":"SUM(LEFT(TableTL[[#This Row],[Main]],2)*VLOOKUP(VALUE(TRIM(CLEAN(RIGHT(TableTL[[#This Row],[Main]],2)))),TableLasers[],COLUMN(TableLasers[S-DPH]),FALSE),LEFT(TableTL[[#This Row],[Front]],2)*VLOOKUP(VALUE(TRIM(CLEAN(RIGHT(TableTL[[#This Row],[Front]],2)))),TableLasers[],COLUMN(TableLasers[S-DPH]),FALSE),LEFT(TableTL[[#This Row],[Back]],2)*VLOOKUP(VALUE(TRIM(CLEAN(RIGHT(TableTL[[#This Row],[Back]],2)))),TableLasers[],COLUMN(TableLasers[S-DPH]),FALSE),LEFT(TableTL[[#This Row],[Left]],2)*VLOOKUP(VALUE(TRIM(CLEAN(RIGHT(TableTL[[#This Row],[Left]],2)))),TableLasers[],COLUMN(TableLasers[S-DPH]),FALSE),LEFT(TableTL[[#This Row],[Right]],2)*VLOOKUP(VALUE(TRIM(CLEAN(RIGHT(TableTL[[#This Row],[Right]],2)))),TableLasers[],COLUMN(TableLasers[S-DPH]),FALSE),LEFT(TableTL[[#This Row],[Up]],2)*VLOOKUP(VALUE(TRIM(CLEAN(RIGHT(TableTL[[#This Row],[Up]],2)))),TableLasers[],COLUMN(TableLasers[S-DPH]),FALSE),LEFT(TableTL[[#This Row],[Down]],2)*VLOOKUP(VALUE(TRIM(CLEAN(RIGHT(TableTL[[#This Row],[Down]],2)))),TableLasers[],COLUMN(TableLasers[S-DPH]),FALSE))","v":0},{"$f":"SUM(LEFT(TableTL[[#This Row],[Main]],2)*VLOOKUP(VALUE(TRIM(CLEAN(RIGHT(TableTL[[#This Row],[Main]],2)))),TableLasers[],COLUMN(TableLasers[H-DPH]),FALSE),LEFT(TableTL[[#This Row],[Front]],2)*VLOOKUP(VALUE(TRIM(CLEAN(RIGHT(TableTL[[#This Row],[Front]],2)))),TableLasers[],COLUMN(TableLasers[H-DPH]),FALSE),LEFT(TableTL[[#This Row],[Back]],2)*VLOOKUP(VALUE(TRIM(CLEAN(RIGHT(TableTL[[#This Row],[Back]],2)))),TableLasers[],COLUMN(TableLasers[H-DPH]),FALSE),LEFT(TableTL[[#This Row],[Left]],2)*VLOOKUP(VALUE(TRIM(CLEAN(RIGHT(TableTL[[#This Row],[Left]],2)))),TableLasers[],COLUMN(TableLasers[H-DPH]),FALSE),LEFT(TableTL[[#This Row],[Right]],2)*VLOOKUP(VALUE(TRIM(CLEAN(RIGHT(TableTL[[#This Row],[Right]],2)))),TableLasers[],COLUMN(TableLasers[H-DPH]),FALSE),LEFT(TableTL[[#This Row],[Up]],2)*VLOOKUP(VALUE(TRIM(CLEAN(RIGHT(TableTL[[#This Row],[Up]],2)))),TableLasers[],COLUMN(TableLasers[H-DPH]),FALSE),LEFT(TableTL[[#This Row],[Down]],2)*VLOOKUP(VALUE(TRIM(CLEAN(RIGHT(TableTL[[#This Row],[Down]],2)))),TableLasers[],COLUMN(TableLasers[H-DPH]),FALSE))","v":0},"00::00","00::23","00::23","00::00","00::00","00::00","00::00",null,null,null,null,null,null,null,null,"0,1,3,4,23,28,29,35","0,1,3,4,23,28,29,35"]
[437,"Unknown","TL","zzPLACEHOLDER","Hauler",37.799999999999997,27,10,"XXL",340000,"2 GJ ",1,34200,363.63636363636402,0,0,0,48000,2,{"$f":"SUM(LEFT(TableTL[[#This Row],[Main]],2)*VLOOKUP(VALUE(TRIM(CLEAN(RIGHT(TableTL[[#This Row],[Main]],2)))),TableLasers[],COLUMN(TableLasers[S-DPH]),FALSE),LEFT(TableTL[[#This Row],[Front]],2)*VLOOKUP(VALUE(TRIM(CLEAN(RIGHT(TableTL[[#This Row],[Front]],2)))),TableLasers[],COLUMN(TableLasers[S-DPH]),FALSE),LEFT(TableTL[[#This Row],[Back]],2)*VLOOKUP(VALUE(TRIM(CLEAN(RIGHT(TableTL[[#This Row],[Back]],2)))),TableLasers[],COLUMN(TableLasers[S-DPH]),FALSE),LEFT(TableTL[[#This Row],[Left]],2)*VLOOKUP(VALUE(TRIM(CLEAN(RIGHT(TableTL[[#This Row],[Left]],2)))),TableLasers[],COLUMN(TableLasers[S-DPH]),FALSE),LEFT(TableTL[[#This Row],[Right]],2)*VLOOKUP(VALUE(TRIM(CLEAN(RIGHT(TableTL[[#This Row],[Right]],2)))),TableLasers[],COLUMN(TableLasers[S-DPH]),FALSE),LEFT(TableTL[[#This Row],[Up]],2)*VLOOKUP(VALUE(TRIM(CLEAN(RIGHT(TableTL[[#This Row],[Up]],2)))),TableLasers[],COLUMN(TableLasers[S-DPH]),FALSE),LEFT(TableTL[[#This Row],[Down]],2)*VLOOKUP(VALUE(TRIM(CLEAN(RIGHT(TableTL[[#This Row],[Down]],2)))),TableLasers[],COLUMN(TableLasers[S-DPH]),FALSE))","v":0},{"$f":"SUM(LEFT(TableTL[[#This Row],[Main]],2)*VLOOKUP(VALUE(TRIM(CLEAN(RIGHT(TableTL[[#This Row],[Main]],2)))),TableLasers[],COLUMN(TableLasers[H-DPH]),FALSE),LEFT(TableTL[[#This Row],[Front]],2)*VLOOKUP(VALUE(TRIM(CLEAN(RIGHT(TableTL[[#This Row],[Front]],2)))),TableLasers[],COLUMN(TableLasers[H-DPH]),FALSE),LEFT(TableTL[[#This Row],[Back]],2)*VLOOKUP(VALUE(TRIM(CLEAN(RIGHT(TableTL[[#This Row],[Back]],2)))),TableLasers[],COLUMN(TableLasers[H-DPH]),FALSE),LEFT(TableTL[[#This Row],[Left]],2)*VLOOKUP(VALUE(TRIM(CLEAN(RIGHT(TableTL[[#This Row],[Left]],2)))),TableLasers[],COLUMN(TableLasers[H-DPH]),FALSE),LEFT(TableTL[[#This Row],[Right]],2)*VLOOKUP(VALUE(TRIM(CLEAN(RIGHT(TableTL[[#This Row],[Right]],2)))),TableLasers[],COLUMN(TableLasers[H-DPH]),FALSE),LEFT(TableTL[[#This Row],[Up]],2)*VLOOKUP(VALUE(TRIM(CLEAN(RIGHT(TableTL[[#This Row],[Up]],2)))),TableLasers[],COLUMN(TableLasers[H-DPH]),FALSE),LEFT(TableTL[[#This Row],[Down]],2)*VLOOKUP(VALUE(TRIM(CLEAN(RIGHT(TableTL[[#This Row],[Down]],2)))),TableLasers[],COLUMN(TableLasers[H-DPH]),FALSE))","v":0},"00::00","00::23","00::23","00::00","00::00","00::00","00::00",null,null,null,null,null,null,null,null,"0,1,3,4,23,28,29,35","0,1,3,4,23,28,29,35"]
[438,"Unknown","TL","zzPLACEHOLDER","Hauler",37.799999999999997,27,10,"XXL",340000,"2 GJ ",1,34200,363.63636363636402,0,0,0,48000,2,{"$f":"SUM(LEFT(TableTL[[#This Row],[Main]],2)*VLOOKUP(VALUE(TRIM(CLEAN(RIGHT(TableTL[[#This Row],[Main]],2)))),TableLasers[],COLUMN(TableLasers[S-DPH]),FALSE),LEFT(TableTL[[#This Row],[Front]],2)*VLOOKUP(VALUE(TRIM(CLEAN(RIGHT(TableTL[[#This Row],[Front]],2)))),TableLasers[],COLUMN(TableLasers[S-DPH]),FALSE),LEFT(TableTL[[#This Row],[Back]],2)*VLOOKUP(VALUE(TRIM(CLEAN(RIGHT(TableTL[[#This Row],[Back]],2)))),TableLasers[],COLUMN(TableLasers[S-DPH]),FALSE),LEFT(TableTL[[#This Row],[Left]],2)*VLOOKUP(VALUE(TRIM(CLEAN(RIGHT(TableTL[[#This Row],[Left]],2)))),TableLasers[],COLUMN(TableLasers[S-DPH]),FALSE),LEFT(TableTL[[#This Row],[Right]],2)*VLOOKUP(VALUE(TRIM(CLEAN(RIGHT(TableTL[[#This Row],[Right]],2)))),TableLasers[],COLUMN(TableLasers[S-DPH]),FALSE),LEFT(TableTL[[#This Row],[Up]],2)*VLOOKUP(VALUE(TRIM(CLEAN(RIGHT(TableTL[[#This Row],[Up]],2)))),TableLasers[],COLUMN(TableLasers[S-DPH]),FALSE),LEFT(TableTL[[#This Row],[Down]],2)*VLOOKUP(VALUE(TRIM(CLEAN(RIGHT(TableTL[[#This Row],[Down]],2)))),TableLasers[],COLUMN(TableLasers[S-DPH]),FALSE))","v":0},{"$f":"SUM(LEFT(TableTL[[#This Row],[Main]],2)*VLOOKUP(VALUE(TRIM(CLEAN(RIGHT(TableTL[[#This Row],[Main]],2)))),TableLasers[],COLUMN(TableLasers[H-DPH]),FALSE),LEFT(TableTL[[#This Row],[Front]],2)*VLOOKUP(VALUE(TRIM(CLEAN(RIGHT(TableTL[[#This Row],[Front]],2)))),TableLasers[],COLUMN(TableLasers[H-DPH]),FALSE),LEFT(TableTL[[#This Row],[Back]],2)*VLOOKUP(VALUE(TRIM(CLEAN(RIGHT(TableTL[[#This Row],[Back]],2)))),TableLasers[],COLUMN(TableLasers[H-DPH]),FALSE),LEFT(TableTL[[#This Row],[Left]],2)*VLOOKUP(VALUE(TRIM(CLEAN(RIGHT(TableTL[[#This Row],[Left]],2)))),TableLasers[],COLUMN(TableLasers[H-DPH]),FALSE),LEFT(TableTL[[#This Row],[Right]],2)*VLOOKUP(VALUE(TRIM(CLEAN(RIGHT(TableTL[[#This Row],[Right]],2)))),TableLasers[],COLUMN(TableLasers[H-DPH]),FALSE),LEFT(TableTL[[#This Row],[Up]],2)*VLOOKUP(VALUE(TRIM(CLEAN(RIGHT(TableTL[[#This Row],[Up]],2)))),TableLasers[],COLUMN(TableLasers[H-DPH]),FALSE),LEFT(TableTL[[#This Row],[Down]],2)*VLOOKUP(VALUE(TRIM(CLEAN(RIGHT(TableTL[[#This Row],[Down]],2)))),TableLasers[],COLUMN(TableLasers[H-DPH]),FALSE))","v":0},"00::00","00::23","00::23","00::00","00::00","00::00","00::00",null,null,null,null,null,null,null,null,"0,1,3,4,23,28,29,35","0,1,3,4,23,28,29,35"]
[439,"Unknown","TL","zzPLACEHOLDER","Hauler",37.799999999999997,27,10,"XXL",340000,"2 GJ ",1,34200,363.63636363636402,0,0,0,48000,2,{"$f":"SUM(LEFT(TableTL[[#This Row],[Main]],2)*VLOOKUP(VALUE(TRIM(CLEAN(RIGHT(TableTL[[#This Row],[Main]],2)))),TableLasers[],COLUMN(TableLasers[S-DPH]),FALSE),LEFT(TableTL[[#This Row],[Front]],2)*VLOOKUP(VALUE(TRIM(CLEAN(RIGHT(TableTL[[#This Row],[Front]],2)))),TableLasers[],COLUMN(TableLasers[S-DPH]),FALSE),LEFT(TableTL[[#This Row],[Back]],2)*VLOOKUP(VALUE(TRIM(CLEAN(RIGHT(TableTL[[#This Row],[Back]],2)))),TableLasers[],COLUMN(TableLasers[S-DPH]),FALSE),LEFT(TableTL[[#This Row],[Left]],2)*VLOOKUP(VALUE(TRIM(CLEAN(RIGHT(TableTL[[#This Row],[Left]],2)))),TableLasers[],COLUMN(TableLasers[S-DPH]),FALSE),LEFT(TableTL[[#This Row],[Right]],2)*VLOOKUP(VALUE(TRIM(CLEAN(RIGHT(TableTL[[#This Row],[Right]],2)))),TableLasers[],COLUMN(TableLasers[S-DPH]),FALSE),LEFT(TableTL[[#This Row],[Up]],2)*VLOOKUP(VALUE(TRIM(CLEAN(RIGHT(TableTL[[#This Row],[Up]],2)))),TableLasers[],COLUMN(TableLasers[S-DPH]),FALSE),LEFT(TableTL[[#This Row],[Down]],2)*VLOOKUP(VALUE(TRIM(CLEAN(RIGHT(TableTL[[#This Row],[Down]],2)))),TableLasers[],COLUMN(TableLasers[S-DPH]),FALSE))","v":0},{"$f":"SUM(LEFT(TableTL[[#This Row],[Main]],2)*VLOOKUP(VALUE(TRIM(CLEAN(RIGHT(TableTL[[#This Row],[Main]],2)))),TableLasers[],COLUMN(TableLasers[H-DPH]),FALSE),LEFT(TableTL[[#This Row],[Front]],2)*VLOOKUP(VALUE(TRIM(CLEAN(RIGHT(TableTL[[#This Row],[Front]],2)))),TableLasers[],COLUMN(TableLasers[H-DPH]),FALSE),LEFT(TableTL[[#This Row],[Back]],2)*VLOOKUP(VALUE(TRIM(CLEAN(RIGHT(TableTL[[#This Row],[Back]],2)))),TableLasers[],COLUMN(TableLasers[H-DPH]),FALSE),LEFT(TableTL[[#This Row],[Left]],2)*VLOOKUP(VALUE(TRIM(CLEAN(RIGHT(TableTL[[#This Row],[Left]],2)))),TableLasers[],COLUMN(TableLasers[H-DPH]),FALSE),LEFT(TableTL[[#This Row],[Right]],2)*VLOOKUP(VALUE(TRIM(CLEAN(RIGHT(TableTL[[#This Row],[Right]],2)))),TableLasers[],COLUMN(TableLasers[H-DPH]),FALSE),LEFT(TableTL[[#This Row],[Up]],2)*VLOOKUP(VALUE(TRIM(CLEAN(RIGHT(TableTL[[#This Row],[Up]],2)))),TableLasers[],COLUMN(TableLasers[H-DPH]),FALSE),LEFT(TableTL[[#This Row],[Down]],2)*VLOOKUP(VALUE(TRIM(CLEAN(RIGHT(TableTL[[#This Row],[Down]],2)))),TableLasers[],COLUMN(TableLasers[H-DPH]),FALSE))","v":0},"00::00","00::23","00::23","00::00","00::00","00::00","00::00",null,null,null,null,null,null,null,null,"0,1,3,4,23,28,29,35","0,1,3,4,23,28,29,35"]
[440,"Unknown","TL","zzPLACEHOLDER","Hauler",37.799999999999997,27,10,"XXL",340000,"2 GJ ",1,34200,363.63636363636402,0,0,0,48000,2,{"$f":"SUM(LEFT(TableTL[[#This Row],[Main]],2)*VLOOKUP(VALUE(TRIM(CLEAN(RIGHT(TableTL[[#This Row],[Main]],2)))),TableLasers[],COLUMN(TableLasers[S-DPH]),FALSE),LEFT(TableTL[[#This Row],[Front]],2)*VLOOKUP(VALUE(TRIM(CLEAN(RIGHT(TableTL[[#This Row],[Front]],2)))),TableLasers[],COLUMN(TableLasers[S-DPH]),FALSE),LEFT(TableTL[[#This Row],[Back]],2)*VLOOKUP(VALUE(TRIM(CLEAN(RIGHT(TableTL[[#This Row],[Back]],2)))),TableLasers[],COLUMN(TableLasers[S-DPH]),FALSE),LEFT(TableTL[[#This Row],[Left]],2)*VLOOKUP(VALUE(TRIM(CLEAN(RIGHT(TableTL[[#This Row],[Left]],2)))),TableLasers[],COLUMN(TableLasers[S-DPH]),FALSE),LEFT(TableTL[[#This Row],[Right]],2)*VLOOKUP(VALUE(TRIM(CLEAN(RIGHT(TableTL[[#This Row],[Right]],2)))),TableLasers[],COLUMN(TableLasers[S-DPH]),FALSE),LEFT(TableTL[[#This Row],[Up]],2)*VLOOKUP(VALUE(TRIM(CLEAN(RIGHT(TableTL[[#This Row],[Up]],2)))),TableLasers[],COLUMN(TableLasers[S-DPH]),FALSE),LEFT(TableTL[[#This Row],[Down]],2)*VLOOKUP(VALUE(TRIM(CLEAN(RIGHT(TableTL[[#This Row],[Down]],2)))),TableLasers[],COLUMN(TableLasers[S-DPH]),FALSE))","v":0},{"$f":"SUM(LEFT(TableTL[[#This Row],[Main]],2)*VLOOKUP(VALUE(TRIM(CLEAN(RIGHT(TableTL[[#This Row],[Main]],2)))),TableLasers[],COLUMN(TableLasers[H-DPH]),FALSE),LEFT(TableTL[[#This Row],[Front]],2)*VLOOKUP(VALUE(TRIM(CLEAN(RIGHT(TableTL[[#This Row],[Front]],2)))),TableLasers[],COLUMN(TableLasers[H-DPH]),FALSE),LEFT(TableTL[[#This Row],[Back]],2)*VLOOKUP(VALUE(TRIM(CLEAN(RIGHT(TableTL[[#This Row],[Back]],2)))),TableLasers[],COLUMN(TableLasers[H-DPH]),FALSE),LEFT(TableTL[[#This Row],[Left]],2)*VLOOKUP(VALUE(TRIM(CLEAN(RIGHT(TableTL[[#This Row],[Left]],2)))),TableLasers[],COLUMN(TableLasers[H-DPH]),FALSE),LEFT(TableTL[[#This Row],[Right]],2)*VLOOKUP(VALUE(TRIM(CLEAN(RIGHT(TableTL[[#This Row],[Right]],2)))),TableLasers[],COLUMN(TableLasers[H-DPH]),FALSE),LEFT(TableTL[[#This Row],[Up]],2)*VLOOKUP(VALUE(TRIM(CLEAN(RIGHT(TableTL[[#This Row],[Up]],2)))),TableLasers[],COLUMN(TableLasers[H-DPH]),FALSE),LEFT(TableTL[[#This Row],[Down]],2)*VLOOKUP(VALUE(TRIM(CLEAN(RIGHT(TableTL[[#This Row],[Down]],2)))),TableLasers[],COLUMN(TableLasers[H-DPH]),FALSE))","v":0},"00::00","00::23","00::23","00::00","00::00","00::00","00::00",null,null,null,null,null,null,null,null,"0,1,3,4,23,28,29,35","0,1,3,4,23,28,29,35"]
[441,"Unknown","TL","zzPLACEHOLDER","Hauler",37.799999999999997,27,10,"XXL",340000,"2 GJ ",1,34200,363.63636363636402,0,0,0,48000,2,{"$f":"SUM(LEFT(TableTL[[#This Row],[Main]],2)*VLOOKUP(VALUE(TRIM(CLEAN(RIGHT(TableTL[[#This Row],[Main]],2)))),TableLasers[],COLUMN(TableLasers[S-DPH]),FALSE),LEFT(TableTL[[#This Row],[Front]],2)*VLOOKUP(VALUE(TRIM(CLEAN(RIGHT(TableTL[[#This Row],[Front]],2)))),TableLasers[],COLUMN(TableLasers[S-DPH]),FALSE),LEFT(TableTL[[#This Row],[Back]],2)*VLOOKUP(VALUE(TRIM(CLEAN(RIGHT(TableTL[[#This Row],[Back]],2)))),TableLasers[],COLUMN(TableLasers[S-DPH]),FALSE),LEFT(TableTL[[#This Row],[Left]],2)*VLOOKUP(VALUE(TRIM(CLEAN(RIGHT(TableTL[[#This Row],[Left]],2)))),TableLasers[],COLUMN(TableLasers[S-DPH]),FALSE),LEFT(TableTL[[#This Row],[Right]],2)*VLOOKUP(VALUE(TRIM(CLEAN(RIGHT(TableTL[[#This Row],[Right]],2)))),TableLasers[],COLUMN(TableLasers[S-DPH]),FALSE),LEFT(TableTL[[#This Row],[Up]],2)*VLOOKUP(VALUE(TRIM(CLEAN(RIGHT(TableTL[[#This Row],[Up]],2)))),TableLasers[],COLUMN(TableLasers[S-DPH]),FALSE),LEFT(TableTL[[#This Row],[Down]],2)*VLOOKUP(VALUE(TRIM(CLEAN(RIGHT(TableTL[[#This Row],[Down]],2)))),TableLasers[],COLUMN(TableLasers[S-DPH]),FALSE))","v":0},{"$f":"SUM(LEFT(TableTL[[#This Row],[Main]],2)*VLOOKUP(VALUE(TRIM(CLEAN(RIGHT(TableTL[[#This Row],[Main]],2)))),TableLasers[],COLUMN(TableLasers[H-DPH]),FALSE),LEFT(TableTL[[#This Row],[Front]],2)*VLOOKUP(VALUE(TRIM(CLEAN(RIGHT(TableTL[[#This Row],[Front]],2)))),TableLasers[],COLUMN(TableLasers[H-DPH]),FALSE),LEFT(TableTL[[#This Row],[Back]],2)*VLOOKUP(VALUE(TRIM(CLEAN(RIGHT(TableTL[[#This Row],[Back]],2)))),TableLasers[],COLUMN(TableLasers[H-DPH]),FALSE),LEFT(TableTL[[#This Row],[Left]],2)*VLOOKUP(VALUE(TRIM(CLEAN(RIGHT(TableTL[[#This Row],[Left]],2)))),TableLasers[],COLUMN(TableLasers[H-DPH]),FALSE),LEFT(TableTL[[#This Row],[Right]],2)*VLOOKUP(VALUE(TRIM(CLEAN(RIGHT(TableTL[[#This Row],[Right]],2)))),TableLasers[],COLUMN(TableLasers[H-DPH]),FALSE),LEFT(TableTL[[#This Row],[Up]],2)*VLOOKUP(VALUE(TRIM(CLEAN(RIGHT(TableTL[[#This Row],[Up]],2)))),TableLasers[],COLUMN(TableLasers[H-DPH]),FALSE),LEFT(TableTL[[#This Row],[Down]],2)*VLOOKUP(VALUE(TRIM(CLEAN(RIGHT(TableTL[[#This Row],[Down]],2)))),TableLasers[],COLUMN(TableLasers[H-DPH]),FALSE))","v":0},"00::00","00::23","00::23","00::00","00::00","00::00","00::00",null,null,null,null,null,null,null,null,"0,1,3,4,23,28,29,35","0,1,3,4,23,28,29,35"]
[442,"Unknown","TL","zzPLACEHOLDER","Hauler",37.799999999999997,27,10,"XXL",340000,"2 GJ ",1,34200,363.63636363636402,0,0,0,48000,2,{"$f":"SUM(LEFT(TableTL[[#This Row],[Main]],2)*VLOOKUP(VALUE(TRIM(CLEAN(RIGHT(TableTL[[#This Row],[Main]],2)))),TableLasers[],COLUMN(TableLasers[S-DPH]),FALSE),LEFT(TableTL[[#This Row],[Front]],2)*VLOOKUP(VALUE(TRIM(CLEAN(RIGHT(TableTL[[#This Row],[Front]],2)))),TableLasers[],COLUMN(TableLasers[S-DPH]),FALSE),LEFT(TableTL[[#This Row],[Back]],2)*VLOOKUP(VALUE(TRIM(CLEAN(RIGHT(TableTL[[#This Row],[Back]],2)))),TableLasers[],COLUMN(TableLasers[S-DPH]),FALSE),LEFT(TableTL[[#This Row],[Left]],2)*VLOOKUP(VALUE(TRIM(CLEAN(RIGHT(TableTL[[#This Row],[Left]],2)))),TableLasers[],COLUMN(TableLasers[S-DPH]),FALSE),LEFT(TableTL[[#This Row],[Right]],2)*VLOOKUP(VALUE(TRIM(CLEAN(RIGHT(TableTL[[#This Row],[Right]],2)))),TableLasers[],COLUMN(TableLasers[S-DPH]),FALSE),LEFT(TableTL[[#This Row],[Up]],2)*VLOOKUP(VALUE(TRIM(CLEAN(RIGHT(TableTL[[#This Row],[Up]],2)))),TableLasers[],COLUMN(TableLasers[S-DPH]),FALSE),LEFT(TableTL[[#This Row],[Down]],2)*VLOOKUP(VALUE(TRIM(CLEAN(RIGHT(TableTL[[#This Row],[Down]],2)))),TableLasers[],COLUMN(TableLasers[S-DPH]),FALSE))","v":0},{"$f":"SUM(LEFT(TableTL[[#This Row],[Main]],2)*VLOOKUP(VALUE(TRIM(CLEAN(RIGHT(TableTL[[#This Row],[Main]],2)))),TableLasers[],COLUMN(TableLasers[H-DPH]),FALSE),LEFT(TableTL[[#This Row],[Front]],2)*VLOOKUP(VALUE(TRIM(CLEAN(RIGHT(TableTL[[#This Row],[Front]],2)))),TableLasers[],COLUMN(TableLasers[H-DPH]),FALSE),LEFT(TableTL[[#This Row],[Back]],2)*VLOOKUP(VALUE(TRIM(CLEAN(RIGHT(TableTL[[#This Row],[Back]],2)))),TableLasers[],COLUMN(TableLasers[H-DPH]),FALSE),LEFT(TableTL[[#This Row],[Left]],2)*VLOOKUP(VALUE(TRIM(CLEAN(RIGHT(TableTL[[#This Row],[Left]],2)))),TableLasers[],COLUMN(TableLasers[H-DPH]),FALSE),LEFT(TableTL[[#This Row],[Right]],2)*VLOOKUP(VALUE(TRIM(CLEAN(RIGHT(TableTL[[#This Row],[Right]],2)))),TableLasers[],COLUMN(TableLasers[H-DPH]),FALSE),LEFT(TableTL[[#This Row],[Up]],2)*VLOOKUP(VALUE(TRIM(CLEAN(RIGHT(TableTL[[#This Row],[Up]],2)))),TableLasers[],COLUMN(TableLasers[H-DPH]),FALSE),LEFT(TableTL[[#This Row],[Down]],2)*VLOOKUP(VALUE(TRIM(CLEAN(RIGHT(TableTL[[#This Row],[Down]],2)))),TableLasers[],COLUMN(TableLasers[H-DPH]),FALSE))","v":0},"00::00","00::23","00::23","00::00","00::00","00::00","00::00",null,null,null,null,null,null,null,null,"0,1,3,4,23,28,29,35","0,1,3,4,23,28,29,35"]
[443,"Unknown","TL","zzPLACEHOLDER","Hauler",37.799999999999997,27,10,"XXL",340000,"2 GJ ",1,34200,363.63636363636402,0,0,0,48000,2,{"$f":"SUM(LEFT(TableTL[[#This Row],[Main]],2)*VLOOKUP(VALUE(TRIM(CLEAN(RIGHT(TableTL[[#This Row],[Main]],2)))),TableLasers[],COLUMN(TableLasers[S-DPH]),FALSE),LEFT(TableTL[[#This Row],[Front]],2)*VLOOKUP(VALUE(TRIM(CLEAN(RIGHT(TableTL[[#This Row],[Front]],2)))),TableLasers[],COLUMN(TableLasers[S-DPH]),FALSE),LEFT(TableTL[[#This Row],[Back]],2)*VLOOKUP(VALUE(TRIM(CLEAN(RIGHT(TableTL[[#This Row],[Back]],2)))),TableLasers[],COLUMN(TableLasers[S-DPH]),FALSE),LEFT(TableTL[[#This Row],[Left]],2)*VLOOKUP(VALUE(TRIM(CLEAN(RIGHT(TableTL[[#This Row],[Left]],2)))),TableLasers[],COLUMN(TableLasers[S-DPH]),FALSE),LEFT(TableTL[[#This Row],[Right]],2)*VLOOKUP(VALUE(TRIM(CLEAN(RIGHT(TableTL[[#This Row],[Right]],2)))),TableLasers[],COLUMN(TableLasers[S-DPH]),FALSE),LEFT(TableTL[[#This Row],[Up]],2)*VLOOKUP(VALUE(TRIM(CLEAN(RIGHT(TableTL[[#This Row],[Up]],2)))),TableLasers[],COLUMN(TableLasers[S-DPH]),FALSE),LEFT(TableTL[[#This Row],[Down]],2)*VLOOKUP(VALUE(TRIM(CLEAN(RIGHT(TableTL[[#This Row],[Down]],2)))),TableLasers[],COLUMN(TableLasers[S-DPH]),FALSE))","v":0},{"$f":"SUM(LEFT(TableTL[[#This Row],[Main]],2)*VLOOKUP(VALUE(TRIM(CLEAN(RIGHT(TableTL[[#This Row],[Main]],2)))),TableLasers[],COLUMN(TableLasers[H-DPH]),FALSE),LEFT(TableTL[[#This Row],[Front]],2)*VLOOKUP(VALUE(TRIM(CLEAN(RIGHT(TableTL[[#This Row],[Front]],2)))),TableLasers[],COLUMN(TableLasers[H-DPH]),FALSE),LEFT(TableTL[[#This Row],[Back]],2)*VLOOKUP(VALUE(TRIM(CLEAN(RIGHT(TableTL[[#This Row],[Back]],2)))),TableLasers[],COLUMN(TableLasers[H-DPH]),FALSE),LEFT(TableTL[[#This Row],[Left]],2)*VLOOKUP(VALUE(TRIM(CLEAN(RIGHT(TableTL[[#This Row],[Left]],2)))),TableLasers[],COLUMN(TableLasers[H-DPH]),FALSE),LEFT(TableTL[[#This Row],[Right]],2)*VLOOKUP(VALUE(TRIM(CLEAN(RIGHT(TableTL[[#This Row],[Right]],2)))),TableLasers[],COLUMN(TableLasers[H-DPH]),FALSE),LEFT(TableTL[[#This Row],[Up]],2)*VLOOKUP(VALUE(TRIM(CLEAN(RIGHT(TableTL[[#This Row],[Up]],2)))),TableLasers[],COLUMN(TableLasers[H-DPH]),FALSE),LEFT(TableTL[[#This Row],[Down]],2)*VLOOKUP(VALUE(TRIM(CLEAN(RIGHT(TableTL[[#This Row],[Down]],2)))),TableLasers[],COLUMN(TableLasers[H-DPH]),FALSE))","v":0},"00::00","00::23","00::23","00::00","00::00","00::00","00::00",null,null,null,null,null,null,null,null,"0,1,3,4,23,28,29,35","0,1,3,4,23,28,29,35"]
[444,"Unknown","TL","zzPLACEHOLDER","Hauler",37.799999999999997,27,10,"XXL",340000,"2 GJ ",1,34200,363.63636363636402,0,0,0,48000,2,{"$f":"SUM(LEFT(TableTL[[#This Row],[Main]],2)*VLOOKUP(VALUE(TRIM(CLEAN(RIGHT(TableTL[[#This Row],[Main]],2)))),TableLasers[],COLUMN(TableLasers[S-DPH]),FALSE),LEFT(TableTL[[#This Row],[Front]],2)*VLOOKUP(VALUE(TRIM(CLEAN(RIGHT(TableTL[[#This Row],[Front]],2)))),TableLasers[],COLUMN(TableLasers[S-DPH]),FALSE),LEFT(TableTL[[#This Row],[Back]],2)*VLOOKUP(VALUE(TRIM(CLEAN(RIGHT(TableTL[[#This Row],[Back]],2)))),TableLasers[],COLUMN(TableLasers[S-DPH]),FALSE),LEFT(TableTL[[#This Row],[Left]],2)*VLOOKUP(VALUE(TRIM(CLEAN(RIGHT(TableTL[[#This Row],[Left]],2)))),TableLasers[],COLUMN(TableLasers[S-DPH]),FALSE),LEFT(TableTL[[#This Row],[Right]],2)*VLOOKUP(VALUE(TRIM(CLEAN(RIGHT(TableTL[[#This Row],[Right]],2)))),TableLasers[],COLUMN(TableLasers[S-DPH]),FALSE),LEFT(TableTL[[#This Row],[Up]],2)*VLOOKUP(VALUE(TRIM(CLEAN(RIGHT(TableTL[[#This Row],[Up]],2)))),TableLasers[],COLUMN(TableLasers[S-DPH]),FALSE),LEFT(TableTL[[#This Row],[Down]],2)*VLOOKUP(VALUE(TRIM(CLEAN(RIGHT(TableTL[[#This Row],[Down]],2)))),TableLasers[],COLUMN(TableLasers[S-DPH]),FALSE))","v":0},{"$f":"SUM(LEFT(TableTL[[#This Row],[Main]],2)*VLOOKUP(VALUE(TRIM(CLEAN(RIGHT(TableTL[[#This Row],[Main]],2)))),TableLasers[],COLUMN(TableLasers[H-DPH]),FALSE),LEFT(TableTL[[#This Row],[Front]],2)*VLOOKUP(VALUE(TRIM(CLEAN(RIGHT(TableTL[[#This Row],[Front]],2)))),TableLasers[],COLUMN(TableLasers[H-DPH]),FALSE),LEFT(TableTL[[#This Row],[Back]],2)*VLOOKUP(VALUE(TRIM(CLEAN(RIGHT(TableTL[[#This Row],[Back]],2)))),TableLasers[],COLUMN(TableLasers[H-DPH]),FALSE),LEFT(TableTL[[#This Row],[Left]],2)*VLOOKUP(VALUE(TRIM(CLEAN(RIGHT(TableTL[[#This Row],[Left]],2)))),TableLasers[],COLUMN(TableLasers[H-DPH]),FALSE),LEFT(TableTL[[#This Row],[Right]],2)*VLOOKUP(VALUE(TRIM(CLEAN(RIGHT(TableTL[[#This Row],[Right]],2)))),TableLasers[],COLUMN(TableLasers[H-DPH]),FALSE),LEFT(TableTL[[#This Row],[Up]],2)*VLOOKUP(VALUE(TRIM(CLEAN(RIGHT(TableTL[[#This Row],[Up]],2)))),TableLasers[],COLUMN(TableLasers[H-DPH]),FALSE),LEFT(TableTL[[#This Row],[Down]],2)*VLOOKUP(VALUE(TRIM(CLEAN(RIGHT(TableTL[[#This Row],[Down]],2)))),TableLasers[],COLUMN(TableLasers[H-DPH]),FALSE))","v":0},"00::00","00::23","00::23","00::00","00::00","00::00","00::00",null,null,null,null,null,null,null,null,"0,1,3,4,23,28,29,35","0,1,3,4,23,28,29,35"]
[445,"Unknown","TL","zzPLACEHOLDER","Hauler",37.799999999999997,27,10,"XXL",340000,"2 GJ ",1,34200,363.63636363636402,0,0,0,48000,2,{"$f":"SUM(LEFT(TableTL[[#This Row],[Main]],2)*VLOOKUP(VALUE(TRIM(CLEAN(RIGHT(TableTL[[#This Row],[Main]],2)))),TableLasers[],COLUMN(TableLasers[S-DPH]),FALSE),LEFT(TableTL[[#This Row],[Front]],2)*VLOOKUP(VALUE(TRIM(CLEAN(RIGHT(TableTL[[#This Row],[Front]],2)))),TableLasers[],COLUMN(TableLasers[S-DPH]),FALSE),LEFT(TableTL[[#This Row],[Back]],2)*VLOOKUP(VALUE(TRIM(CLEAN(RIGHT(TableTL[[#This Row],[Back]],2)))),TableLasers[],COLUMN(TableLasers[S-DPH]),FALSE),LEFT(TableTL[[#This Row],[Left]],2)*VLOOKUP(VALUE(TRIM(CLEAN(RIGHT(TableTL[[#This Row],[Left]],2)))),TableLasers[],COLUMN(TableLasers[S-DPH]),FALSE),LEFT(TableTL[[#This Row],[Right]],2)*VLOOKUP(VALUE(TRIM(CLEAN(RIGHT(TableTL[[#This Row],[Right]],2)))),TableLasers[],COLUMN(TableLasers[S-DPH]),FALSE),LEFT(TableTL[[#This Row],[Up]],2)*VLOOKUP(VALUE(TRIM(CLEAN(RIGHT(TableTL[[#This Row],[Up]],2)))),TableLasers[],COLUMN(TableLasers[S-DPH]),FALSE),LEFT(TableTL[[#This Row],[Down]],2)*VLOOKUP(VALUE(TRIM(CLEAN(RIGHT(TableTL[[#This Row],[Down]],2)))),TableLasers[],COLUMN(TableLasers[S-DPH]),FALSE))","v":0},{"$f":"SUM(LEFT(TableTL[[#This Row],[Main]],2)*VLOOKUP(VALUE(TRIM(CLEAN(RIGHT(TableTL[[#This Row],[Main]],2)))),TableLasers[],COLUMN(TableLasers[H-DPH]),FALSE),LEFT(TableTL[[#This Row],[Front]],2)*VLOOKUP(VALUE(TRIM(CLEAN(RIGHT(TableTL[[#This Row],[Front]],2)))),TableLasers[],COLUMN(TableLasers[H-DPH]),FALSE),LEFT(TableTL[[#This Row],[Back]],2)*VLOOKUP(VALUE(TRIM(CLEAN(RIGHT(TableTL[[#This Row],[Back]],2)))),TableLasers[],COLUMN(TableLasers[H-DPH]),FALSE),LEFT(TableTL[[#This Row],[Left]],2)*VLOOKUP(VALUE(TRIM(CLEAN(RIGHT(TableTL[[#This Row],[Left]],2)))),TableLasers[],COLUMN(TableLasers[H-DPH]),FALSE),LEFT(TableTL[[#This Row],[Right]],2)*VLOOKUP(VALUE(TRIM(CLEAN(RIGHT(TableTL[[#This Row],[Right]],2)))),TableLasers[],COLUMN(TableLasers[H-DPH]),FALSE),LEFT(TableTL[[#This Row],[Up]],2)*VLOOKUP(VALUE(TRIM(CLEAN(RIGHT(TableTL[[#This Row],[Up]],2)))),TableLasers[],COLUMN(TableLasers[H-DPH]),FALSE),LEFT(TableTL[[#This Row],[Down]],2)*VLOOKUP(VALUE(TRIM(CLEAN(RIGHT(TableTL[[#This Row],[Down]],2)))),TableLasers[],COLUMN(TableLasers[H-DPH]),FALSE))","v":0},"00::00","00::23","00::23","00::00","00::00","00::00","00::00",null,null,null,null,null,null,null,null,"0,1,3,4,23,28,29,35","0,1,3,4,23,28,29,35"]
[446,"Unknown","TL","zzPLACEHOLDER","Hauler",37.799999999999997,27,10,"XXL",340000,"2 GJ ",1,34200,363.63636363636402,0,0,0,48000,2,{"$f":"SUM(LEFT(TableTL[[#This Row],[Main]],2)*VLOOKUP(VALUE(TRIM(CLEAN(RIGHT(TableTL[[#This Row],[Main]],2)))),TableLasers[],COLUMN(TableLasers[S-DPH]),FALSE),LEFT(TableTL[[#This Row],[Front]],2)*VLOOKUP(VALUE(TRIM(CLEAN(RIGHT(TableTL[[#This Row],[Front]],2)))),TableLasers[],COLUMN(TableLasers[S-DPH]),FALSE),LEFT(TableTL[[#This Row],[Back]],2)*VLOOKUP(VALUE(TRIM(CLEAN(RIGHT(TableTL[[#This Row],[Back]],2)))),TableLasers[],COLUMN(TableLasers[S-DPH]),FALSE),LEFT(TableTL[[#This Row],[Left]],2)*VLOOKUP(VALUE(TRIM(CLEAN(RIGHT(TableTL[[#This Row],[Left]],2)))),TableLasers[],COLUMN(TableLasers[S-DPH]),FALSE),LEFT(TableTL[[#This Row],[Right]],2)*VLOOKUP(VALUE(TRIM(CLEAN(RIGHT(TableTL[[#This Row],[Right]],2)))),TableLasers[],COLUMN(TableLasers[S-DPH]),FALSE),LEFT(TableTL[[#This Row],[Up]],2)*VLOOKUP(VALUE(TRIM(CLEAN(RIGHT(TableTL[[#This Row],[Up]],2)))),TableLasers[],COLUMN(TableLasers[S-DPH]),FALSE),LEFT(TableTL[[#This Row],[Down]],2)*VLOOKUP(VALUE(TRIM(CLEAN(RIGHT(TableTL[[#This Row],[Down]],2)))),TableLasers[],COLUMN(TableLasers[S-DPH]),FALSE))","v":0},{"$f":"SUM(LEFT(TableTL[[#This Row],[Main]],2)*VLOOKUP(VALUE(TRIM(CLEAN(RIGHT(TableTL[[#This Row],[Main]],2)))),TableLasers[],COLUMN(TableLasers[H-DPH]),FALSE),LEFT(TableTL[[#This Row],[Front]],2)*VLOOKUP(VALUE(TRIM(CLEAN(RIGHT(TableTL[[#This Row],[Front]],2)))),TableLasers[],COLUMN(TableLasers[H-DPH]),FALSE),LEFT(TableTL[[#This Row],[Back]],2)*VLOOKUP(VALUE(TRIM(CLEAN(RIGHT(TableTL[[#This Row],[Back]],2)))),TableLasers[],COLUMN(TableLasers[H-DPH]),FALSE),LEFT(TableTL[[#This Row],[Left]],2)*VLOOKUP(VALUE(TRIM(CLEAN(RIGHT(TableTL[[#This Row],[Left]],2)))),TableLasers[],COLUMN(TableLasers[H-DPH]),FALSE),LEFT(TableTL[[#This Row],[Right]],2)*VLOOKUP(VALUE(TRIM(CLEAN(RIGHT(TableTL[[#This Row],[Right]],2)))),TableLasers[],COLUMN(TableLasers[H-DPH]),FALSE),LEFT(TableTL[[#This Row],[Up]],2)*VLOOKUP(VALUE(TRIM(CLEAN(RIGHT(TableTL[[#This Row],[Up]],2)))),TableLasers[],COLUMN(TableLasers[H-DPH]),FALSE),LEFT(TableTL[[#This Row],[Down]],2)*VLOOKUP(VALUE(TRIM(CLEAN(RIGHT(TableTL[[#This Row],[Down]],2)))),TableLasers[],COLUMN(TableLasers[H-DPH]),FALSE))","v":0},"00::00","00::23","00::23","00::00","00::00","00::00","00::00",null,null,null,null,null,null,null,null,"0,1,3,4,23,28,29,35","0,1,3,4,23,28,29,35"]
[447,"Unknown","TL","zzPLACEHOLDER","Hauler",37.799999999999997,27,10,"XXL",340000,"2 GJ ",1,34200,363.63636363636402,0,0,0,48000,2,{"$f":"SUM(LEFT(TableTL[[#This Row],[Main]],2)*VLOOKUP(VALUE(TRIM(CLEAN(RIGHT(TableTL[[#This Row],[Main]],2)))),TableLasers[],COLUMN(TableLasers[S-DPH]),FALSE),LEFT(TableTL[[#This Row],[Front]],2)*VLOOKUP(VALUE(TRIM(CLEAN(RIGHT(TableTL[[#This Row],[Front]],2)))),TableLasers[],COLUMN(TableLasers[S-DPH]),FALSE),LEFT(TableTL[[#This Row],[Back]],2)*VLOOKUP(VALUE(TRIM(CLEAN(RIGHT(TableTL[[#This Row],[Back]],2)))),TableLasers[],COLUMN(TableLasers[S-DPH]),FALSE),LEFT(TableTL[[#This Row],[Left]],2)*VLOOKUP(VALUE(TRIM(CLEAN(RIGHT(TableTL[[#This Row],[Left]],2)))),TableLasers[],COLUMN(TableLasers[S-DPH]),FALSE),LEFT(TableTL[[#This Row],[Right]],2)*VLOOKUP(VALUE(TRIM(CLEAN(RIGHT(TableTL[[#This Row],[Right]],2)))),TableLasers[],COLUMN(TableLasers[S-DPH]),FALSE),LEFT(TableTL[[#This Row],[Up]],2)*VLOOKUP(VALUE(TRIM(CLEAN(RIGHT(TableTL[[#This Row],[Up]],2)))),TableLasers[],COLUMN(TableLasers[S-DPH]),FALSE),LEFT(TableTL[[#This Row],[Down]],2)*VLOOKUP(VALUE(TRIM(CLEAN(RIGHT(TableTL[[#This Row],[Down]],2)))),TableLasers[],COLUMN(TableLasers[S-DPH]),FALSE))","v":0},{"$f":"SUM(LEFT(TableTL[[#This Row],[Main]],2)*VLOOKUP(VALUE(TRIM(CLEAN(RIGHT(TableTL[[#This Row],[Main]],2)))),TableLasers[],COLUMN(TableLasers[H-DPH]),FALSE),LEFT(TableTL[[#This Row],[Front]],2)*VLOOKUP(VALUE(TRIM(CLEAN(RIGHT(TableTL[[#This Row],[Front]],2)))),TableLasers[],COLUMN(TableLasers[H-DPH]),FALSE),LEFT(TableTL[[#This Row],[Back]],2)*VLOOKUP(VALUE(TRIM(CLEAN(RIGHT(TableTL[[#This Row],[Back]],2)))),TableLasers[],COLUMN(TableLasers[H-DPH]),FALSE),LEFT(TableTL[[#This Row],[Left]],2)*VLOOKUP(VALUE(TRIM(CLEAN(RIGHT(TableTL[[#This Row],[Left]],2)))),TableLasers[],COLUMN(TableLasers[H-DPH]),FALSE),LEFT(TableTL[[#This Row],[Right]],2)*VLOOKUP(VALUE(TRIM(CLEAN(RIGHT(TableTL[[#This Row],[Right]],2)))),TableLasers[],COLUMN(TableLasers[H-DPH]),FALSE),LEFT(TableTL[[#This Row],[Up]],2)*VLOOKUP(VALUE(TRIM(CLEAN(RIGHT(TableTL[[#This Row],[Up]],2)))),TableLasers[],COLUMN(TableLasers[H-DPH]),FALSE),LEFT(TableTL[[#This Row],[Down]],2)*VLOOKUP(VALUE(TRIM(CLEAN(RIGHT(TableTL[[#This Row],[Down]],2)))),TableLasers[],COLUMN(TableLasers[H-DPH]),FALSE))","v":0},"00::00","00::23","00::23","00::00","00::00","00::00","00::00",null,null,null,null,null,null,null,null,"0,1,3,4,23,28,29,35","0,1,3,4,23,28,29,35"]
[448,"Unknown","TL","zzPLACEHOLDER","Hauler",37.799999999999997,27,10,"XXL",340000,"2 GJ ",1,34200,363.63636363636402,0,0,0,48000,2,{"$f":"SUM(LEFT(TableTL[[#This Row],[Main]],2)*VLOOKUP(VALUE(TRIM(CLEAN(RIGHT(TableTL[[#This Row],[Main]],2)))),TableLasers[],COLUMN(TableLasers[S-DPH]),FALSE),LEFT(TableTL[[#This Row],[Front]],2)*VLOOKUP(VALUE(TRIM(CLEAN(RIGHT(TableTL[[#This Row],[Front]],2)))),TableLasers[],COLUMN(TableLasers[S-DPH]),FALSE),LEFT(TableTL[[#This Row],[Back]],2)*VLOOKUP(VALUE(TRIM(CLEAN(RIGHT(TableTL[[#This Row],[Back]],2)))),TableLasers[],COLUMN(TableLasers[S-DPH]),FALSE),LEFT(TableTL[[#This Row],[Left]],2)*VLOOKUP(VALUE(TRIM(CLEAN(RIGHT(TableTL[[#This Row],[Left]],2)))),TableLasers[],COLUMN(TableLasers[S-DPH]),FALSE),LEFT(TableTL[[#This Row],[Right]],2)*VLOOKUP(VALUE(TRIM(CLEAN(RIGHT(TableTL[[#This Row],[Right]],2)))),TableLasers[],COLUMN(TableLasers[S-DPH]),FALSE),LEFT(TableTL[[#This Row],[Up]],2)*VLOOKUP(VALUE(TRIM(CLEAN(RIGHT(TableTL[[#This Row],[Up]],2)))),TableLasers[],COLUMN(TableLasers[S-DPH]),FALSE),LEFT(TableTL[[#This Row],[Down]],2)*VLOOKUP(VALUE(TRIM(CLEAN(RIGHT(TableTL[[#This Row],[Down]],2)))),TableLasers[],COLUMN(TableLasers[S-DPH]),FALSE))","v":0},{"$f":"SUM(LEFT(TableTL[[#This Row],[Main]],2)*VLOOKUP(VALUE(TRIM(CLEAN(RIGHT(TableTL[[#This Row],[Main]],2)))),TableLasers[],COLUMN(TableLasers[H-DPH]),FALSE),LEFT(TableTL[[#This Row],[Front]],2)*VLOOKUP(VALUE(TRIM(CLEAN(RIGHT(TableTL[[#This Row],[Front]],2)))),TableLasers[],COLUMN(TableLasers[H-DPH]),FALSE),LEFT(TableTL[[#This Row],[Back]],2)*VLOOKUP(VALUE(TRIM(CLEAN(RIGHT(TableTL[[#This Row],[Back]],2)))),TableLasers[],COLUMN(TableLasers[H-DPH]),FALSE),LEFT(TableTL[[#This Row],[Left]],2)*VLOOKUP(VALUE(TRIM(CLEAN(RIGHT(TableTL[[#This Row],[Left]],2)))),TableLasers[],COLUMN(TableLasers[H-DPH]),FALSE),LEFT(TableTL[[#This Row],[Right]],2)*VLOOKUP(VALUE(TRIM(CLEAN(RIGHT(TableTL[[#This Row],[Right]],2)))),TableLasers[],COLUMN(TableLasers[H-DPH]),FALSE),LEFT(TableTL[[#This Row],[Up]],2)*VLOOKUP(VALUE(TRIM(CLEAN(RIGHT(TableTL[[#This Row],[Up]],2)))),TableLasers[],COLUMN(TableLasers[H-DPH]),FALSE),LEFT(TableTL[[#This Row],[Down]],2)*VLOOKUP(VALUE(TRIM(CLEAN(RIGHT(TableTL[[#This Row],[Down]],2)))),TableLasers[],COLUMN(TableLasers[H-DPH]),FALSE))","v":0},"00::00","00::23","00::23","00::00","00::00","00::00","00::00",null,null,null,null,null,null,null,null,"0,1,3,4,23,28,29,35","0,1,3,4,23,28,29,35"]
[464,"Argon","TL","Mammoth","Mk I",66.555000000000007,44.37,7,"ST",110000,"1 GJ ",2,3300,434.78260869565202,8,14100,126.8295,104000,5,{"$f":"SUM(LEFT(TableTL[[#This Row],[Main]],2)*VLOOKUP(VALUE(TRIM(CLEAN(RIGHT(TableTL[[#This Row],[Main]],2)))),TableLasers[],COLUMN(TableLasers[S-DPH]),FALSE),LEFT(TableTL[[#This Row],[Front]],2)*VLOOKUP(VALUE(TRIM(CLEAN(RIGHT(TableTL[[#This Row],[Front]],2)))),TableLasers[],COLUMN(TableLasers[S-DPH]),FALSE),LEFT(TableTL[[#This Row],[Back]],2)*VLOOKUP(VALUE(TRIM(CLEAN(RIGHT(TableTL[[#This Row],[Back]],2)))),TableLasers[],COLUMN(TableLasers[S-DPH]),FALSE),LEFT(TableTL[[#This Row],[Left]],2)*VLOOKUP(VALUE(TRIM(CLEAN(RIGHT(TableTL[[#This Row],[Left]],2)))),TableLasers[],COLUMN(TableLasers[S-DPH]),FALSE),LEFT(TableTL[[#This Row],[Right]],2)*VLOOKUP(VALUE(TRIM(CLEAN(RIGHT(TableTL[[#This Row],[Right]],2)))),TableLasers[],COLUMN(TableLasers[S-DPH]),FALSE),LEFT(TableTL[[#This Row],[Up]],2)*VLOOKUP(VALUE(TRIM(CLEAN(RIGHT(TableTL[[#This Row],[Up]],2)))),TableLasers[],COLUMN(TableLasers[S-DPH]),FALSE),LEFT(TableTL[[#This Row],[Down]],2)*VLOOKUP(VALUE(TRIM(CLEAN(RIGHT(TableTL[[#This Row],[Down]],2)))),TableLasers[],COLUMN(TableLasers[S-DPH]),FALSE))","v":28700},{"$f":"SUM(LEFT(TableTL[[#This Row],[Main]],2)*VLOOKUP(VALUE(TRIM(CLEAN(RIGHT(TableTL[[#This Row],[Main]],2)))),TableLasers[],COLUMN(TableLasers[H-DPH]),FALSE),LEFT(TableTL[[#This Row],[Front]],2)*VLOOKUP(VALUE(TRIM(CLEAN(RIGHT(TableTL[[#This Row],[Front]],2)))),TableLasers[],COLUMN(TableLasers[H-DPH]),FALSE),LEFT(TableTL[[#This Row],[Back]],2)*VLOOKUP(VALUE(TRIM(CLEAN(RIGHT(TableTL[[#This Row],[Back]],2)))),TableLasers[],COLUMN(TableLasers[H-DPH]),FALSE),LEFT(TableTL[[#This Row],[Left]],2)*VLOOKUP(VALUE(TRIM(CLEAN(RIGHT(TableTL[[#This Row],[Left]],2)))),TableLasers[],COLUMN(TableLasers[H-DPH]),FALSE),LEFT(TableTL[[#This Row],[Right]],2)*VLOOKUP(VALUE(TRIM(CLEAN(RIGHT(TableTL[[#This Row],[Right]],2)))),TableLasers[],COLUMN(TableLasers[H-DPH]),FALSE),LEFT(TableTL[[#This Row],[Up]],2)*VLOOKUP(VALUE(TRIM(CLEAN(RIGHT(TableTL[[#This Row],[Up]],2)))),TableLasers[],COLUMN(TableLasers[H-DPH]),FALSE),LEFT(TableTL[[#This Row],[Down]],2)*VLOOKUP(VALUE(TRIM(CLEAN(RIGHT(TableTL[[#This Row],[Down]],2)))),TableLasers[],COLUMN(TableLasers[H-DPH]),FALSE))","v":7084},"00::00","02::13","02::23","02::23","02::23","00::00","00::00",null,2,2,2,2,null,null,null,"0,1,13,28,29,35","0,1,4,23,28,29,35","0,1,4,23,28,29,35","0,1,4,23,28,29,35",null,null,"0,1,3,5,12,17,22,23,35"]
[506,"Terran","TL","Tepukei(Pirates)",null,27,15,7,"ST",330000,"1 GJ ",6,4500,652.17391304347802,12,24900,583.53150000000005,33000,23,{"$f":"SUM(LEFT(TableTL[[#This Row],[Main]],2)*VLOOKUP(VALUE(TRIM(CLEAN(RIGHT(TableTL[[#This Row],[Main]],2)))),TableLasers[],COLUMN(TableLasers[S-DPH]),FALSE),LEFT(TableTL[[#This Row],[Front]],2)*VLOOKUP(VALUE(TRIM(CLEAN(RIGHT(TableTL[[#This Row],[Front]],2)))),TableLasers[],COLUMN(TableLasers[S-DPH]),FALSE),LEFT(TableTL[[#This Row],[Back]],2)*VLOOKUP(VALUE(TRIM(CLEAN(RIGHT(TableTL[[#This Row],[Back]],2)))),TableLasers[],COLUMN(TableLasers[S-DPH]),FALSE),LEFT(TableTL[[#This Row],[Left]],2)*VLOOKUP(VALUE(TRIM(CLEAN(RIGHT(TableTL[[#This Row],[Left]],2)))),TableLasers[],COLUMN(TableLasers[S-DPH]),FALSE),LEFT(TableTL[[#This Row],[Right]],2)*VLOOKUP(VALUE(TRIM(CLEAN(RIGHT(TableTL[[#This Row],[Right]],2)))),TableLasers[],COLUMN(TableLasers[S-DPH]),FALSE),LEFT(TableTL[[#This Row],[Up]],2)*VLOOKUP(VALUE(TRIM(CLEAN(RIGHT(TableTL[[#This Row],[Up]],2)))),TableLasers[],COLUMN(TableLasers[S-DPH]),FALSE),LEFT(TableTL[[#This Row],[Down]],2)*VLOOKUP(VALUE(TRIM(CLEAN(RIGHT(TableTL[[#This Row],[Down]],2)))),TableLasers[],COLUMN(TableLasers[S-DPH]),FALSE))","v":52100},{"$f":"SUM(LEFT(TableTL[[#This Row],[Main]],2)*VLOOKUP(VALUE(TRIM(CLEAN(RIGHT(TableTL[[#This Row],[Main]],2)))),TableLasers[],COLUMN(TableLasers[H-DPH]),FALSE),LEFT(TableTL[[#This Row],[Front]],2)*VLOOKUP(VALUE(TRIM(CLEAN(RIGHT(TableTL[[#This Row],[Front]],2)))),TableLasers[],COLUMN(TableLasers[H-DPH]),FALSE),LEFT(TableTL[[#This Row],[Back]],2)*VLOOKUP(VALUE(TRIM(CLEAN(RIGHT(TableTL[[#This Row],[Back]],2)))),TableLasers[],COLUMN(TableLasers[H-DPH]),FALSE),LEFT(TableTL[[#This Row],[Left]],2)*VLOOKUP(VALUE(TRIM(CLEAN(RIGHT(TableTL[[#This Row],[Left]],2)))),TableLasers[],COLUMN(TableLasers[H-DPH]),FALSE),LEFT(TableTL[[#This Row],[Right]],2)*VLOOKUP(VALUE(TRIM(CLEAN(RIGHT(TableTL[[#This Row],[Right]],2)))),TableLasers[],COLUMN(TableLasers[H-DPH]),FALSE),LEFT(TableTL[[#This Row],[Up]],2)*VLOOKUP(VALUE(TRIM(CLEAN(RIGHT(TableTL[[#This Row],[Up]],2)))),TableLasers[],COLUMN(TableLasers[H-DPH]),FALSE),LEFT(TableTL[[#This Row],[Down]],2)*VLOOKUP(VALUE(TRIM(CLEAN(RIGHT(TableTL[[#This Row],[Down]],2)))),TableLasers[],COLUMN(TableLasers[H-DPH]),FALSE))","v":13200},"00::00","02::17","02::26","02::26","02::26","02::26","02::26",null,2,2,2,2,2,2,null,"10,11,16,17","10,11,26","10,11,26","10,11,26","10,11,26","10,11,26","4,15,16,20,24,27,36,37,38,28,39"]
[549,"Unknown","TL","zzPLACEHOLDER","Hauler",37.799999999999997,27,10,"XXL",340000,"2 GJ ",1,34200,363.63636363636402,0,0,0,48000,2,{"$f":"SUM(LEFT(TableTL[[#This Row],[Main]],2)*VLOOKUP(VALUE(TRIM(CLEAN(RIGHT(TableTL[[#This Row],[Main]],2)))),TableLasers[],COLUMN(TableLasers[S-DPH]),FALSE),LEFT(TableTL[[#This Row],[Front]],2)*VLOOKUP(VALUE(TRIM(CLEAN(RIGHT(TableTL[[#This Row],[Front]],2)))),TableLasers[],COLUMN(TableLasers[S-DPH]),FALSE),LEFT(TableTL[[#This Row],[Back]],2)*VLOOKUP(VALUE(TRIM(CLEAN(RIGHT(TableTL[[#This Row],[Back]],2)))),TableLasers[],COLUMN(TableLasers[S-DPH]),FALSE),LEFT(TableTL[[#This Row],[Left]],2)*VLOOKUP(VALUE(TRIM(CLEAN(RIGHT(TableTL[[#This Row],[Left]],2)))),TableLasers[],COLUMN(TableLasers[S-DPH]),FALSE),LEFT(TableTL[[#This Row],[Right]],2)*VLOOKUP(VALUE(TRIM(CLEAN(RIGHT(TableTL[[#This Row],[Right]],2)))),TableLasers[],COLUMN(TableLasers[S-DPH]),FALSE),LEFT(TableTL[[#This Row],[Up]],2)*VLOOKUP(VALUE(TRIM(CLEAN(RIGHT(TableTL[[#This Row],[Up]],2)))),TableLasers[],COLUMN(TableLasers[S-DPH]),FALSE),LEFT(TableTL[[#This Row],[Down]],2)*VLOOKUP(VALUE(TRIM(CLEAN(RIGHT(TableTL[[#This Row],[Down]],2)))),TableLasers[],COLUMN(TableLasers[S-DPH]),FALSE))","v":0},{"$f":"SUM(LEFT(TableTL[[#This Row],[Main]],2)*VLOOKUP(VALUE(TRIM(CLEAN(RIGHT(TableTL[[#This Row],[Main]],2)))),TableLasers[],COLUMN(TableLasers[H-DPH]),FALSE),LEFT(TableTL[[#This Row],[Front]],2)*VLOOKUP(VALUE(TRIM(CLEAN(RIGHT(TableTL[[#This Row],[Front]],2)))),TableLasers[],COLUMN(TableLasers[H-DPH]),FALSE),LEFT(TableTL[[#This Row],[Back]],2)*VLOOKUP(VALUE(TRIM(CLEAN(RIGHT(TableTL[[#This Row],[Back]],2)))),TableLasers[],COLUMN(TableLasers[H-DPH]),FALSE),LEFT(TableTL[[#This Row],[Left]],2)*VLOOKUP(VALUE(TRIM(CLEAN(RIGHT(TableTL[[#This Row],[Left]],2)))),TableLasers[],COLUMN(TableLasers[H-DPH]),FALSE),LEFT(TableTL[[#This Row],[Right]],2)*VLOOKUP(VALUE(TRIM(CLEAN(RIGHT(TableTL[[#This Row],[Right]],2)))),TableLasers[],COLUMN(TableLasers[H-DPH]),FALSE),LEFT(TableTL[[#This Row],[Up]],2)*VLOOKUP(VALUE(TRIM(CLEAN(RIGHT(TableTL[[#This Row],[Up]],2)))),TableLasers[],COLUMN(TableLasers[H-DPH]),FALSE),LEFT(TableTL[[#This Row],[Down]],2)*VLOOKUP(VALUE(TRIM(CLEAN(RIGHT(TableTL[[#This Row],[Down]],2)))),TableLasers[],COLUMN(TableLasers[H-DPH]),FALSE))","v":0},"00::00","00::23","00::23","00::00","00::00","00::00","00::00",null,null,null,null,null,null,null,null,"0,1,3,4,23,28,29,35","0,1,3,4,23,28,29,35"]
[587,"Argon","TL","Mobile Research Station",null,52,26,7,"ST",150000,"2 GJ ",5,10250,727.27272727272702,0,0,0,150000,4,{"$f":"SUM(LEFT(TableTL[[#This Row],[Main]],2)*VLOOKUP(VALUE(TRIM(CLEAN(RIGHT(TableTL[[#This Row],[Main]],2)))),TableLasers[],COLUMN(TableLasers[S-DPH]),FALSE),LEFT(TableTL[[#This Row],[Front]],2)*VLOOKUP(VALUE(TRIM(CLEAN(RIGHT(TableTL[[#This Row],[Front]],2)))),TableLasers[],COLUMN(TableLasers[S-DPH]),FALSE),LEFT(TableTL[[#This Row],[Back]],2)*VLOOKUP(VALUE(TRIM(CLEAN(RIGHT(TableTL[[#This Row],[Back]],2)))),TableLasers[],COLUMN(TableLasers[S-DPH]),FALSE),LEFT(TableTL[[#This Row],[Left]],2)*VLOOKUP(VALUE(TRIM(CLEAN(RIGHT(TableTL[[#This Row],[Left]],2)))),TableLasers[],COLUMN(TableLasers[S-DPH]),FALSE),LEFT(TableTL[[#This Row],[Right]],2)*VLOOKUP(VALUE(TRIM(CLEAN(RIGHT(TableTL[[#This Row],[Right]],2)))),TableLasers[],COLUMN(TableLasers[S-DPH]),FALSE),LEFT(TableTL[[#This Row],[Up]],2)*VLOOKUP(VALUE(TRIM(CLEAN(RIGHT(TableTL[[#This Row],[Up]],2)))),TableLasers[],COLUMN(TableLasers[S-DPH]),FALSE),LEFT(TableTL[[#This Row],[Down]],2)*VLOOKUP(VALUE(TRIM(CLEAN(RIGHT(TableTL[[#This Row],[Down]],2)))),TableLasers[],COLUMN(TableLasers[S-DPH]),FALSE))","v":0},{"$f":"SUM(LEFT(TableTL[[#This Row],[Main]],2)*VLOOKUP(VALUE(TRIM(CLEAN(RIGHT(TableTL[[#This Row],[Main]],2)))),TableLasers[],COLUMN(TableLasers[H-DPH]),FALSE),LEFT(TableTL[[#This Row],[Front]],2)*VLOOKUP(VALUE(TRIM(CLEAN(RIGHT(TableTL[[#This Row],[Front]],2)))),TableLasers[],COLUMN(TableLasers[H-DPH]),FALSE),LEFT(TableTL[[#This Row],[Back]],2)*VLOOKUP(VALUE(TRIM(CLEAN(RIGHT(TableTL[[#This Row],[Back]],2)))),TableLasers[],COLUMN(TableLasers[H-DPH]),FALSE),LEFT(TableTL[[#This Row],[Left]],2)*VLOOKUP(VALUE(TRIM(CLEAN(RIGHT(TableTL[[#This Row],[Left]],2)))),TableLasers[],COLUMN(TableLasers[H-DPH]),FALSE),LEFT(TableTL[[#This Row],[Right]],2)*VLOOKUP(VALUE(TRIM(CLEAN(RIGHT(TableTL[[#This Row],[Right]],2)))),TableLasers[],COLUMN(TableLasers[H-DPH]),FALSE),LEFT(TableTL[[#This Row],[Up]],2)*VLOOKUP(VALUE(TRIM(CLEAN(RIGHT(TableTL[[#This Row],[Up]],2)))),TableLasers[],COLUMN(TableLasers[H-DPH]),FALSE),LEFT(TableTL[[#This Row],[Down]],2)*VLOOKUP(VALUE(TRIM(CLEAN(RIGHT(TableTL[[#This Row],[Down]],2)))),TableLasers[],COLUMN(TableLasers[H-DPH]),FALSE))","v":0},"00::00","00::00","00::00","00::00","00::00","00::00","00::00",null,null,null,null,null,null,null,null,null,null,null,null,null,null,35]
[605,"Pirates","TL","Mammoth",null,87.6,58.4,7,"ST",170000,"1 GJ ",4,4400,434.78260869565202,8,19100,382,108000,8,{"$f":"SUM(LEFT(TableTL[[#This Row],[Main]],2)*VLOOKUP(VALUE(TRIM(CLEAN(RIGHT(TableTL[[#This Row],[Main]],2)))),TableLasers[],COLUMN(TableLasers[S-DPH]),FALSE),LEFT(TableTL[[#This Row],[Front]],2)*VLOOKUP(VALUE(TRIM(CLEAN(RIGHT(TableTL[[#This Row],[Front]],2)))),TableLasers[],COLUMN(TableLasers[S-DPH]),FALSE),LEFT(TableTL[[#This Row],[Back]],2)*VLOOKUP(VALUE(TRIM(CLEAN(RIGHT(TableTL[[#This Row],[Back]],2)))),TableLasers[],COLUMN(TableLasers[S-DPH]),FALSE),LEFT(TableTL[[#This Row],[Left]],2)*VLOOKUP(VALUE(TRIM(CLEAN(RIGHT(TableTL[[#This Row],[Left]],2)))),TableLasers[],COLUMN(TableLasers[S-DPH]),FALSE),LEFT(TableTL[[#This Row],[Right]],2)*VLOOKUP(VALUE(TRIM(CLEAN(RIGHT(TableTL[[#This Row],[Right]],2)))),TableLasers[],COLUMN(TableLasers[S-DPH]),FALSE),LEFT(TableTL[[#This Row],[Up]],2)*VLOOKUP(VALUE(TRIM(CLEAN(RIGHT(TableTL[[#This Row],[Up]],2)))),TableLasers[],COLUMN(TableLasers[S-DPH]),FALSE),LEFT(TableTL[[#This Row],[Down]],2)*VLOOKUP(VALUE(TRIM(CLEAN(RIGHT(TableTL[[#This Row],[Down]],2)))),TableLasers[],COLUMN(TableLasers[S-DPH]),FALSE))","v":286134},{"$f":"SUM(LEFT(TableTL[[#This Row],[Main]],2)*VLOOKUP(VALUE(TRIM(CLEAN(RIGHT(TableTL[[#This Row],[Main]],2)))),TableLasers[],COLUMN(TableLasers[H-DPH]),FALSE),LEFT(TableTL[[#This Row],[Front]],2)*VLOOKUP(VALUE(TRIM(CLEAN(RIGHT(TableTL[[#This Row],[Front]],2)))),TableLasers[],COLUMN(TableLasers[H-DPH]),FALSE),LEFT(TableTL[[#This Row],[Back]],2)*VLOOKUP(VALUE(TRIM(CLEAN(RIGHT(TableTL[[#This Row],[Back]],2)))),TableLasers[],COLUMN(TableLasers[H-DPH]),FALSE),LEFT(TableTL[[#This Row],[Left]],2)*VLOOKUP(VALUE(TRIM(CLEAN(RIGHT(TableTL[[#This Row],[Left]],2)))),TableLasers[],COLUMN(TableLasers[H-DPH]),FALSE),LEFT(TableTL[[#This Row],[Right]],2)*VLOOKUP(VALUE(TRIM(CLEAN(RIGHT(TableTL[[#This Row],[Right]],2)))),TableLasers[],COLUMN(TableLasers[H-DPH]),FALSE),LEFT(TableTL[[#This Row],[Up]],2)*VLOOKUP(VALUE(TRIM(CLEAN(RIGHT(TableTL[[#This Row],[Up]],2)))),TableLasers[],COLUMN(TableLasers[H-DPH]),FALSE),LEFT(TableTL[[#This Row],[Down]],2)*VLOOKUP(VALUE(TRIM(CLEAN(RIGHT(TableTL[[#This Row],[Down]],2)))),TableLasers[],COLUMN(TableLasers[H-DPH]),FALSE))","v":49746},"00::00","02::34","02::18","02::34","02::34","00::00","00::00",null,2,2,2,2,null,null,null,"3,5,18,34,2,30,28,29,35","3,5,18,21,28,29,35","3,5,18,34,2,30","3,5,18,34,2,30",null,null,"0,1,3,5,12,17,22,23,10,11,13,14,18,19,25,35"]
[664,"Terran","TL","Polacca",null,93.6,62.4,7,"ST",150000,"1 GJ ",4,4400,434.78260869565202,10,15100,150.92449999999999,90000,8,{"$f":"SUM(LEFT(TableTL[[#This Row],[Main]],2)*VLOOKUP(VALUE(TRIM(CLEAN(RIGHT(TableTL[[#This Row],[Main]],2)))),TableLasers[],COLUMN(TableLasers[S-DPH]),FALSE),LEFT(TableTL[[#This Row],[Front]],2)*VLOOKUP(VALUE(TRIM(CLEAN(RIGHT(TableTL[[#This Row],[Front]],2)))),TableLasers[],COLUMN(TableLasers[S-DPH]),FALSE),LEFT(TableTL[[#This Row],[Back]],2)*VLOOKUP(VALUE(TRIM(CLEAN(RIGHT(TableTL[[#This Row],[Back]],2)))),TableLasers[],COLUMN(TableLasers[S-DPH]),FALSE),LEFT(TableTL[[#This Row],[Left]],2)*VLOOKUP(VALUE(TRIM(CLEAN(RIGHT(TableTL[[#This Row],[Left]],2)))),TableLasers[],COLUMN(TableLasers[S-DPH]),FALSE),LEFT(TableTL[[#This Row],[Right]],2)*VLOOKUP(VALUE(TRIM(CLEAN(RIGHT(TableTL[[#This Row],[Right]],2)))),TableLasers[],COLUMN(TableLasers[S-DPH]),FALSE),LEFT(TableTL[[#This Row],[Up]],2)*VLOOKUP(VALUE(TRIM(CLEAN(RIGHT(TableTL[[#This Row],[Up]],2)))),TableLasers[],COLUMN(TableLasers[S-DPH]),FALSE),LEFT(TableTL[[#This Row],[Down]],2)*VLOOKUP(VALUE(TRIM(CLEAN(RIGHT(TableTL[[#This Row],[Down]],2)))),TableLasers[],COLUMN(TableLasers[S-DPH]),FALSE))","v":451600},{"$f":"SUM(LEFT(TableTL[[#This Row],[Main]],2)*VLOOKUP(VALUE(TRIM(CLEAN(RIGHT(TableTL[[#This Row],[Main]],2)))),TableLasers[],COLUMN(TableLasers[H-DPH]),FALSE),LEFT(TableTL[[#This Row],[Front]],2)*VLOOKUP(VALUE(TRIM(CLEAN(RIGHT(TableTL[[#This Row],[Front]],2)))),TableLasers[],COLUMN(TableLasers[H-DPH]),FALSE),LEFT(TableTL[[#This Row],[Back]],2)*VLOOKUP(VALUE(TRIM(CLEAN(RIGHT(TableTL[[#This Row],[Back]],2)))),TableLasers[],COLUMN(TableLasers[H-DPH]),FALSE),LEFT(TableTL[[#This Row],[Left]],2)*VLOOKUP(VALUE(TRIM(CLEAN(RIGHT(TableTL[[#This Row],[Left]],2)))),TableLasers[],COLUMN(TableLasers[H-DPH]),FALSE),LEFT(TableTL[[#This Row],[Right]],2)*VLOOKUP(VALUE(TRIM(CLEAN(RIGHT(TableTL[[#This Row],[Right]],2)))),TableLasers[],COLUMN(TableLasers[H-DPH]),FALSE),LEFT(TableTL[[#This Row],[Up]],2)*VLOOKUP(VALUE(TRIM(CLEAN(RIGHT(TableTL[[#This Row],[Up]],2)))),TableLasers[],COLUMN(TableLasers[H-DPH]),FALSE),LEFT(TableTL[[#This Row],[Down]],2)*VLOOKUP(VALUE(TRIM(CLEAN(RIGHT(TableTL[[#This Row],[Down]],2)))),TableLasers[],COLUMN(TableLasers[H-DPH]),FALSE))","v":97800},"00::26","00::00","02::17","02::37","02::37","00::00","00::00",null,2,2,2,2,2,null,"10,11,26",null,"10,11,16,17,26","16,17,37,38","16,17,37,38",null,null,"4,15,16,20,24,27,36,37,38"]
[691,"Unknown","TL","zzPLACEHOLDER","Hauler",37.799999999999997,27,10,"XXL",340000,"2 GJ ",1,34200,363.63636363636402,0,0,0,48000,2,{"$f":"SUM(LEFT(TableTL[[#This Row],[Main]],2)*VLOOKUP(VALUE(TRIM(CLEAN(RIGHT(TableTL[[#This Row],[Main]],2)))),TableLasers[],COLUMN(TableLasers[S-DPH]),FALSE),LEFT(TableTL[[#This Row],[Front]],2)*VLOOKUP(VALUE(TRIM(CLEAN(RIGHT(TableTL[[#This Row],[Front]],2)))),TableLasers[],COLUMN(TableLasers[S-DPH]),FALSE),LEFT(TableTL[[#This Row],[Back]],2)*VLOOKUP(VALUE(TRIM(CLEAN(RIGHT(TableTL[[#This Row],[Back]],2)))),TableLasers[],COLUMN(TableLasers[S-DPH]),FALSE),LEFT(TableTL[[#This Row],[Left]],2)*VLOOKUP(VALUE(TRIM(CLEAN(RIGHT(TableTL[[#This Row],[Left]],2)))),TableLasers[],COLUMN(TableLasers[S-DPH]),FALSE),LEFT(TableTL[[#This Row],[Right]],2)*VLOOKUP(VALUE(TRIM(CLEAN(RIGHT(TableTL[[#This Row],[Right]],2)))),TableLasers[],COLUMN(TableLasers[S-DPH]),FALSE),LEFT(TableTL[[#This Row],[Up]],2)*VLOOKUP(VALUE(TRIM(CLEAN(RIGHT(TableTL[[#This Row],[Up]],2)))),TableLasers[],COLUMN(TableLasers[S-DPH]),FALSE),LEFT(TableTL[[#This Row],[Down]],2)*VLOOKUP(VALUE(TRIM(CLEAN(RIGHT(TableTL[[#This Row],[Down]],2)))),TableLasers[],COLUMN(TableLasers[S-DPH]),FALSE))","v":0},{"$f":"SUM(LEFT(TableTL[[#This Row],[Main]],2)*VLOOKUP(VALUE(TRIM(CLEAN(RIGHT(TableTL[[#This Row],[Main]],2)))),TableLasers[],COLUMN(TableLasers[H-DPH]),FALSE),LEFT(TableTL[[#This Row],[Front]],2)*VLOOKUP(VALUE(TRIM(CLEAN(RIGHT(TableTL[[#This Row],[Front]],2)))),TableLasers[],COLUMN(TableLasers[H-DPH]),FALSE),LEFT(TableTL[[#This Row],[Back]],2)*VLOOKUP(VALUE(TRIM(CLEAN(RIGHT(TableTL[[#This Row],[Back]],2)))),TableLasers[],COLUMN(TableLasers[H-DPH]),FALSE),LEFT(TableTL[[#This Row],[Left]],2)*VLOOKUP(VALUE(TRIM(CLEAN(RIGHT(TableTL[[#This Row],[Left]],2)))),TableLasers[],COLUMN(TableLasers[H-DPH]),FALSE),LEFT(TableTL[[#This Row],[Right]],2)*VLOOKUP(VALUE(TRIM(CLEAN(RIGHT(TableTL[[#This Row],[Right]],2)))),TableLasers[],COLUMN(TableLasers[H-DPH]),FALSE),LEFT(TableTL[[#This Row],[Up]],2)*VLOOKUP(VALUE(TRIM(CLEAN(RIGHT(TableTL[[#This Row],[Up]],2)))),TableLasers[],COLUMN(TableLasers[H-DPH]),FALSE),LEFT(TableTL[[#This Row],[Down]],2)*VLOOKUP(VALUE(TRIM(CLEAN(RIGHT(TableTL[[#This Row],[Down]],2)))),TableLasers[],COLUMN(TableLasers[H-DPH]),FALSE))","v":0},"00::00","00::23","00::23","00::00","00::00","00::00","00::00",null,null,null,null,null,null,null,null,"0,1,3,4,23,28,29,35","0,1,3,4,23,28,29,35"]

{"sheet":"M5","index":6,"n_rows":102,"n_cols":43,"rows_kept":102,"cut":false,"hidden":false,"merged":[]}
["ID","Race","Class","Name","Variation","Speed","Accel","AAccel","CClass","Hull","SType","SCount","SPower","SRTime","LCount","LEnergy","LRRate","MaxCargo","Hangar","S-Damage","H-Damage","Main","Front","Back","Left","Right","Up","Down","nMain","nFront","nBack","nLeft","nRight","nUp","nDown","xMain","xFront","xBack","xLeft","xRight","xUp","xDown","Missiles"]
[22,"Argon","M5","Discoverer",null,470.54700000000003,134.44200000000001,48,"S",1000,"1 MJ ",3,100,7.9744816586921896,4,1000,24.99,55,0,{"$f":"SUM(LEFT(TableM5[[#This Row],[Main]],2)*VLOOKUP(VALUE(TRIM(CLEAN(RIGHT(TableM5[[#This Row],[Main]],2)))),TableLasers[],COLUMN(TableLasers[S-DPH]),FALSE),LEFT(TableM5[[#This Row],[Front]],2)*VLOOKUP(VALUE(TRIM(CLEAN(RIGHT(TableM5[[#This Row],[Front]],2)))),TableLasers[],COLUMN(TableLasers[S-DPH]),FALSE),LEFT(TableM5[[#This Row],[Back]],2)*VLOOKUP(VALUE(TRIM(CLEAN(RIGHT(TableM5[[#This Row],[Back]],2)))),TableLasers[],COLUMN(TableLasers[S-DPH]),FALSE),LEFT(TableM5[[#This Row],[Left]],2)*VLOOKUP(VALUE(TRIM(CLEAN(RIGHT(TableM5[[#This Row],[Left]],2)))),TableLasers[],COLUMN(TableLasers[S-DPH]),FALSE),LEFT(TableM5[[#This Row],[Right]],2)*VLOOKUP(VALUE(TRIM(CLEAN(RIGHT(TableM5[[#This Row],[Right]],2)))),TableLasers[],COLUMN(TableLasers[S-DPH]),FALSE),LEFT(TableM5[[#This Row],[Up]],2)*VLOOKUP(VALUE(TRIM(CLEAN(RIGHT(TableM5[[#This Row],[Up]],2)))),TableLasers[],COLUMN(TableLasers[S-DPH]),FALSE),LEFT(TableM5[[#This Row],[Down]],2)*VLOOKUP(VALUE(TRIM(CLEAN(RIGHT(TableM5[[#This Row],[Down]],2)))),TableLasers[],COLUMN(TableLasers[S-DPH]),FALSE))","v":720},{"$f":"SUM(LEFT(TableM5[[#This Row],[Main]],2)*VLOOKUP(VALUE(TRIM(CLEAN(RIGHT(TableM5[[#This Row],[Main]],2)))),TableLasers[],COLUMN(TableLasers[H-DPH]),FALSE),LEFT(TableM5[[#This Row],[Front]],2)*VLOOKUP(VALUE(TRIM(CLEAN(RIGHT(TableM5[[#This Row],[Front]],2)))),TableLasers[],COLUMN(TableLasers[H-DPH]),FALSE),LEFT(TableM5[[#This Row],[Back]],2)*VLOOKUP(VALUE(TRIM(CLEAN(RIGHT(TableM5[[#This Row],[Back]],2)))),TableLasers[],COLUMN(TableLasers[H-DPH]),FALSE),LEFT(TableM5[[#This Row],[Left]],2)*VLOOKUP(VALUE(TRIM(CLEAN(RIGHT(TableM5[[#This Row],[Left]],2)))),TableLasers[],COLUMN(TableLasers[H-DPH]),FALSE),LEFT(TableM5[[#This Row],[Right]],2)*VLOOKUP(VALUE(TRIM(CLEAN(RIGHT(TableM5[[#This Row],[Right]],2)))),TableLasers[],COLUMN(TableLasers[H-DPH]),FALSE),LEFT(TableM5[[#This Row],[Up]],2)*VLOOKUP(VALUE(TRIM(CLEAN(RIGHT(TableM5[[#This Row],[Up]],2)))),TableLasers[],COLUMN(TableLasers[H-DPH]),FALSE),LEFT(TableM5[[#This Row],[Down]],2)*VLOOKUP(VALUE(TRIM(CLEAN(RIGHT(TableM5[[#This Row],[Down]],2)))),TableLasers[],COLUMN(TableLasers[H-DPH]),FALSE))","v":160},"04::00","00::00","00::00","00::00","00::00","00::00","00::00",4,null,null,null,null,null,null,0]
[23,"Argon","M5","Discoverer","Raider",549.64700000000005,157.042,48,"S",1000,"1 MJ ",3,110,7.9744816586921896,4,1000,24.99,40,0,{"$f":"SUM(LEFT(TableM5[[#This Row],[Main]],2)*VLOOKUP(VALUE(TRIM(CLEAN(RIGHT(TableM5[[#This Row],[Main]],2)))),TableLasers[],COLUMN(TableLasers[S-DPH]),FALSE),LEFT(TableM5[[#This Row],[Front]],2)*VLOOKUP(VALUE(TRIM(CLEAN(RIGHT(TableM5[[#This Row],[Front]],2)))),TableLasers[],COLUMN(TableLasers[S-DPH]),FALSE),LEFT(TableM5[[#This Row],[Back]],2)*VLOOKUP(VALUE(TRIM(CLEAN(RIGHT(TableM5[[#This Row],[Back]],2)))),TableLasers[],COLUMN(TableLasers[S-DPH]),FALSE),LEFT(TableM5[[#This Row],[Left]],2)*VLOOKUP(VALUE(TRIM(CLEAN(RIGHT(TableM5[[#This Row],[Left]],2)))),TableLasers[],COLUMN(TableLasers[S-DPH]),FALSE),LEFT(TableM5[[#This Row],[Right]],2)*VLOOKUP(VALUE(TRIM(CLEAN(RIGHT(TableM5[[#This Row],[Right]],2)))),TableLasers[],COLUMN(TableLasers[S-DPH]),FALSE),LEFT(TableM5[[#This Row],[Up]],2)*VLOOKUP(VALUE(TRIM(CLEAN(RIGHT(TableM5[[#This Row],[Up]],2)))),TableLasers[],COLUMN(TableLasers[S-DPH]),FALSE),LEFT(TableM5[[#This Row],[Down]],2)*VLOOKUP(VALUE(TRIM(CLEAN(RIGHT(TableM5[[#This Row],[Down]],2)))),TableLasers[],COLUMN(TableLasers[S-DPH]),FALSE))","v":720},{"$f":"SUM(LEFT(TableM5[[#This Row],[Main]],2)*VLOOKUP(VALUE(TRIM(CLEAN(RIGHT(TableM5[[#This Row],[Main]],2)))),TableLasers[],COLUMN(TableLasers[H-DPH]),FALSE),LEFT(TableM5[[#This Row],[Front]],2)*VLOOKUP(VALUE(TRIM(CLEAN(RIGHT(TableM5[[#This Row],[Front]],2)))),TableLasers[],COLUMN(TableLasers[H-DPH]),FALSE),LEFT(TableM5[[#This Row],[Back]],2)*VLOOKUP(VALUE(TRIM(CLEAN(RIGHT(TableM5[[#This Row],[Back]],2)))),TableLasers[],COLUMN(TableLasers[H-DPH]),FALSE),LEFT(TableM5[[#This Row],[Left]],2)*VLOOKUP(VALUE(TRIM(CLEAN(RIGHT(TableM5[[#This Row],[Left]],2)))),TableLasers[],COLUMN(TableLasers[H-DPH]),FALSE),LEFT(TableM5[[#This Row],[Right]],2)*VLOOKUP(VALUE(TRIM(CLEAN(RIGHT(TableM5[[#This Row],[Right]],2)))),TableLasers[],COLUMN(TableLasers[H-DPH]),FALSE),LEFT(TableM5[[#This Row],[Up]],2)*VLOOKUP(VALUE(TRIM(CLEAN(RIGHT(TableM5[[#This Row],[Up]],2)))),TableLasers[],COLUMN(TableLasers[H-DPH]),FALSE),LEFT(TableM5[[#This Row],[Down]],2)*VLOOKUP(VALUE(TRIM(CLEAN(RIGHT(TableM5[[#This Row],[Down]],2)))),TableLasers[],COLUMN(TableLasers[H-DPH]),FALSE))","v":160},"04::00","00::00","00::00","00::00","00::00","00::00","00::00",4,null,null,null,null,null,null,0]
[24,"Argon","M5","Discoverer","Hauler",452.34699999999998,129.24199999999999,48,"S",1000,"1 MJ ",3,100,7.9744816586921896,4,900,22.491,77,0,{"$f":"SUM(LEFT(TableM5[[#This Row],[Main]],2)*VLOOKUP(VALUE(TRIM(CLEAN(RIGHT(TableM5[[#This Row],[Main]],2)))),TableLasers[],COLUMN(TableLasers[S-DPH]),FALSE),LEFT(TableM5[[#This Row],[Front]],2)*VLOOKUP(VALUE(TRIM(CLEAN(RIGHT(TableM5[[#This Row],[Front]],2)))),TableLasers[],COLUMN(TableLasers[S-DPH]),FALSE),LEFT(TableM5[[#This Row],[Back]],2)*VLOOKUP(VALUE(TRIM(CLEAN(RIGHT(TableM5[[#This Row],[Back]],2)))),TableLasers[],COLUMN(TableLasers[S-DPH]),FALSE),LEFT(TableM5[[#This Row],[Left]],2)*VLOOKUP(VALUE(TRIM(CLEAN(RIGHT(TableM5[[#This Row],[Left]],2)))),TableLasers[],COLUMN(TableLasers[S-DPH]),FALSE),LEFT(TableM5[[#This Row],[Right]],2)*VLOOKUP(VALUE(TRIM(CLEAN(RIGHT(TableM5[[#This Row],[Right]],2)))),TableLasers[],COLUMN(TableLasers[S-DPH]),FALSE),LEFT(TableM5[[#This Row],[Up]],2)*VLOOKUP(VALUE(TRIM(CLEAN(RIGHT(TableM5[[#This Row],[Up]],2)))),TableLasers[],COLUMN(TableLasers[S-DPH]),FALSE),LEFT(TableM5[[#This Row],[Down]],2)*VLOOKUP(VALUE(TRIM(CLEAN(RIGHT(TableM5[[#This Row],[Down]],2)))),TableLasers[],COLUMN(TableLasers[S-DPH]),FALSE))","v":720},{"$f":"SUM(LEFT(TableM5[[#This Row],[Main]],2)*VLOOKUP(VALUE(TRIM(CLEAN(RIGHT(TableM5[[#This Row],[Main]],2)))),TableLasers[],COLUMN(TableLasers[H-DPH]),FALSE),LEFT(TableM5[[#This Row],[Front]],2)*VLOOKUP(VALUE(TRIM(CLEAN(RIGHT(TableM5[[#This Row],[Front]],2)))),TableLasers[],COLUMN(TableLasers[H-DPH]),FALSE),LEFT(TableM5[[#This Row],[Back]],2)*VLOOKUP(VALUE(TRIM(CLEAN(RIGHT(TableM5[[#This Row],[Back]],2)))),TableLasers[],COLUMN(TableLasers[H-DPH]),FALSE),LEFT(TableM5[[#This Row],[Left]],2)*VLOOKUP(VALUE(TRIM(CLEAN(RIGHT(TableM5[[#This Row],[Left]],2)))),TableLasers[],COLUMN(TableLasers[H-DPH]),FALSE),LEFT(TableM5[[#This Row],[Right]],2)*VLOOKUP(VALUE(TRIM(CLEAN(RIGHT(TableM5[[#This Row],[Right]],2)))),TableLasers[],COLUMN(TableLasers[H-DPH]),FALSE),LEFT(TableM5[[#This Row],[Up]],2)*VLOOKUP(VALUE(TRIM(CLEAN(RIGHT(TableM5[[#This Row],[Up]],2)))),TableLasers[],COLUMN(TableLasers[H-DPH]),FALSE),LEFT(TableM5[[#This Row],[Down]],2)*VLOOKUP(VALUE(TRIM(CLEAN(RIGHT(TableM5[[#This Row],[Down]],2)))),TableLasers[],COLUMN(TableLasers[H-DPH]),FALSE))","v":160},"04::00","00::00","00::00","00::00","00::00","00::00","00::00",4,null,null,null,null,null,null,0]
[25,"Argon","M5","Discoverer","Vanguard",490.84699999999998,140.24199999999999,48,"S",1000,"1 MJ ",3,110,7.9744816586921896,4,1200,29.988,47,0,{"$f":"SUM(LEFT(TableM5[[#This Row],[Main]],2)*VLOOKUP(VALUE(TRIM(CLEAN(RIGHT(TableM5[[#This Row],[Main]],2)))),TableLasers[],COLUMN(TableLasers[S-DPH]),FALSE),LEFT(TableM5[[#This Row],[Front]],2)*VLOOKUP(VALUE(TRIM(CLEAN(RIGHT(TableM5[[#This Row],[Front]],2)))),TableLasers[],COLUMN(TableLasers[S-DPH]),FALSE),LEFT(TableM5[[#This Row],[Back]],2)*VLOOKUP(VALUE(TRIM(CLEAN(RIGHT(TableM5[[#This Row],[Back]],2)))),TableLasers[],COLUMN(TableLasers[S-DPH]),FALSE),LEFT(TableM5[[#This Row],[Left]],2)*VLOOKUP(VALUE(TRIM(CLEAN(RIGHT(TableM5[[#This Row],[Left]],2)))),TableLasers[],COLUMN(TableLasers[S-DPH]),FALSE),LEFT(TableM5[[#This Row],[Right]],2)*VLOOKUP(VALUE(TRIM(CLEAN(RIGHT(TableM5[[#This Row],[Right]],2)))),TableLasers[],COLUMN(TableLasers[S-DPH]),FALSE),LEFT(TableM5[[#This Row],[Up]],2)*VLOOKUP(VALUE(TRIM(CLEAN(RIGHT(TableM5[[#This Row],[Up]],2)))),TableLasers[],COLUMN(TableLasers[S-DPH]),FALSE),LEFT(TableM5[[#This Row],[Down]],2)*VLOOKUP(VALUE(TRIM(CLEAN(RIGHT(TableM5[[#This Row],[Down]],2)))),TableLasers[],COLUMN(TableLasers[S-DPH]),FALSE))","v":720},{"$f":"SUM(LEFT(TableM5[[#This Row],[Main]],2)*VLOOKUP(VALUE(TRIM(CLEAN(RIGHT(TableM5[[#This Row],[Main]],2)))),TableLasers[],COLUMN(TableLasers[H-DPH]),FALSE),LEFT(TableM5[[#This Row],[Front]],2)*VLOOKUP(VALUE(TRIM(CLEAN(RIGHT(TableM5[[#This Row],[Front]],2)))),TableLasers[],COLUMN(TableLasers[H-DPH]),FALSE),LEFT(TableM5[[#This Row],[Back]],2)*VLOOKUP(VALUE(TRIM(CLEAN(RIGHT(TableM5[[#This Row],[Back]],2)))),TableLasers[],COLUMN(TableLasers[H-DPH]),FALSE),LEFT(TableM5[[#This Row],[Left]],2)*VLOOKUP(VALUE(TRIM(CLEAN(RIGHT(TableM5[[#This Row],[Left]],2)))),TableLasers[],COLUMN(TableLasers[H-DPH]),FALSE),LEFT(TableM5[[#This Row],[Right]],2)*VLOOKUP(VALUE(TRIM(CLEAN(RIGHT(TableM5[[#This Row],[Right]],2)))),TableLasers[],COLUMN(TableLasers[H-DPH]),FALSE),LEFT(TableM5[[#This Row],[Up]],2)*VLOOKUP(VALUE(TRIM(CLEAN(RIGHT(TableM5[[#This Row],[Up]],2)))),TableLasers[],COLUMN(TableLasers[H-DPH]),FALSE),LEFT(TableM5[[#This Row],[Down]],2)*VLOOKUP(VALUE(TRIM(CLEAN(RIGHT(TableM5[[#This Row],[Down]],2)))),TableLasers[],COLUMN(TableLasers[H-DPH]),FALSE))","v":160},"04::00","00::00","00::00","00::00","00::00","00::00","00::00",4,null,null,null,null,null,null,0]
[64,"Split","M5","Jaguar",null,569.59699999999998,162.74199999999999,40,"S",800,"1 MJ ",2,85,7.9744816586921896,4,1400,39.200000000000003,32,0,{"$f":"SUM(LEFT(TableM5[[#This Row],[Main]],2)*VLOOKUP(VALUE(TRIM(CLEAN(RIGHT(TableM5[[#This Row],[Main]],2)))),TableLasers[],COLUMN(TableLasers[S-DPH]),FALSE),LEFT(TableM5[[#This Row],[Front]],2)*VLOOKUP(VALUE(TRIM(CLEAN(RIGHT(TableM5[[#This Row],[Front]],2)))),TableLasers[],COLUMN(TableLasers[S-DPH]),FALSE),LEFT(TableM5[[#This Row],[Back]],2)*VLOOKUP(VALUE(TRIM(CLEAN(RIGHT(TableM5[[#This Row],[Back]],2)))),TableLasers[],COLUMN(TableLasers[S-DPH]),FALSE),LEFT(TableM5[[#This Row],[Left]],2)*VLOOKUP(VALUE(TRIM(CLEAN(RIGHT(TableM5[[#This Row],[Left]],2)))),TableLasers[],COLUMN(TableLasers[S-DPH]),FALSE),LEFT(TableM5[[#This Row],[Right]],2)*VLOOKUP(VALUE(TRIM(CLEAN(RIGHT(TableM5[[#This Row],[Right]],2)))),TableLasers[],COLUMN(TableLasers[S-DPH]),FALSE),LEFT(TableM5[[#This Row],[Up]],2)*VLOOKUP(VALUE(TRIM(CLEAN(RIGHT(TableM5[[#This Row],[Up]],2)))),TableLasers[],COLUMN(TableLasers[S-DPH]),FALSE),LEFT(TableM5[[#This Row],[Down]],2)*VLOOKUP(VALUE(TRIM(CLEAN(RIGHT(TableM5[[#This Row],[Down]],2)))),TableLasers[],COLUMN(TableLasers[S-DPH]),FALSE))","v":720},{"$f":"SUM(LEFT(TableM5[[#This Row],[Main]],2)*VLOOKUP(VALUE(TRIM(CLEAN(RIGHT(TableM5[[#This Row],[Main]],2)))),TableLasers[],COLUMN(TableLasers[H-DPH]),FALSE),LEFT(TableM5[[#This Row],[Front]],2)*VLOOKUP(VALUE(TRIM(CLEAN(RIGHT(TableM5[[#This Row],[Front]],2)))),TableLasers[],COLUMN(TableLasers[H-DPH]),FALSE),LEFT(TableM5[[#This Row],[Back]],2)*VLOOKUP(VALUE(TRIM(CLEAN(RIGHT(TableM5[[#This Row],[Back]],2)))),TableLasers[],COLUMN(TableLasers[H-DPH]),FALSE),LEFT(TableM5[[#This Row],[Left]],2)*VLOOKUP(VALUE(TRIM(CLEAN(RIGHT(TableM5[[#This Row],[Left]],2)))),TableLasers[],COLUMN(TableLasers[H-DPH]),FALSE),LEFT(TableM5[[#This Row],[Right]],2)*VLOOKUP(VALUE(TRIM(CLEAN(RIGHT(TableM5[[#This Row],[Right]],2)))),TableLasers[],COLUMN(TableLasers[H-DPH]),FALSE),LEFT(TableM5[[#This Row],[Up]],2)*VLOOKUP(VALUE(TRIM(CLEAN(RIGHT(TableM5[[#This Row],[Up]],2)))),TableLasers[],COLUMN(TableLasers[H-DPH]),FALSE),LEFT(TableM5[[#This Row],[Down]],2)*VLOOKUP(VALUE(TRIM(CLEAN(RIGHT(TableM5[[#This Row],[Down]],2)))),TableLasers[],COLUMN(TableLasers[H-DPH]),FALSE))","v":160},"04::00","00::00","00::00","00::00","00::00","00::00","00::00",4,null,null,null,null,null,null,0]
[65,"Split","M5","Jaguar","Raider",706.447,201.84200000000001,40,"S",760,"1 MJ ",1,93,7.9744816586921896,4,1400,39.200000000000003,25,0,{"$f":"SUM(LEFT(TableM5[[#This Row],[Main]],2)*VLOOKUP(VALUE(TRIM(CLEAN(RIGHT(TableM5[[#This Row],[Main]],2)))),TableLasers[],COLUMN(TableLasers[S-DPH]),FALSE),LEFT(TableM5[[#This Row],[Front]],2)*VLOOKUP(VALUE(TRIM(CLEAN(RIGHT(TableM5[[#This Row],[Front]],2)))),TableLasers[],COLUMN(TableLasers[S-DPH]),FALSE),LEFT(TableM5[[#This Row],[Back]],2)*VLOOKUP(VALUE(TRIM(CLEAN(RIGHT(TableM5[[#This Row],[Back]],2)))),TableLasers[],COLUMN(TableLasers[S-DPH]),FALSE),LEFT(TableM5[[#This Row],[Left]],2)*VLOOKUP(VALUE(TRIM(CLEAN(RIGHT(TableM5[[#This Row],[Left]],2)))),TableLasers[],COLUMN(TableLasers[S-DPH]),FALSE),LEFT(TableM5[[#This Row],[Right]],2)*VLOOKUP(VALUE(TRIM(CLEAN(RIGHT(TableM5[[#This Row],[Right]],2)))),TableLasers[],COLUMN(TableLasers[S-DPH]),FALSE),LEFT(TableM5[[#This Row],[Up]],2)*VLOOKUP(VALUE(TRIM(CLEAN(RIGHT(TableM5[[#This Row],[Up]],2)))),TableLasers[],COLUMN(TableLasers[S-DPH]),FALSE),LEFT(TableM5[[#This Row],[Down]],2)*VLOOKUP(VALUE(TRIM(CLEAN(RIGHT(TableM5[[#This Row],[Down]],2)))),TableLasers[],COLUMN(TableLasers[S-DPH]),FALSE))","v":720},{"$f":"SUM(LEFT(TableM5[[#This Row],[Main]],2)*VLOOKUP(VALUE(TRIM(CLEAN(RIGHT(TableM5[[#This Row],[Main]],2)))),TableLasers[],COLUMN(TableLasers[H-DPH]),FALSE),LEFT(TableM5[[#This Row],[Front]],2)*VLOOKUP(VALUE(TRIM(CLEAN(RIGHT(TableM5[[#This Row],[Front]],2)))),TableLasers[],COLUMN(TableLasers[H-DPH]),FALSE),LEFT(TableM5[[#This Row],[Back]],2)*VLOOKUP(VALUE(TRIM(CLEAN(RIGHT(TableM5[[#This Row],[Back]],2)))),TableLasers[],COLUMN(TableLasers[H-DPH]),FALSE),LEFT(TableM5[[#This Row],[Left]],2)*VLOOKUP(VALUE(TRIM(CLEAN(RIGHT(TableM5[[#This Row],[Left]],2)))),TableLasers[],COLUMN(TableLasers[H-DPH]),FALSE),LEFT(TableM5[[#This Row],[Right]],2)*VLOOKUP(VALUE(TRIM(CLEAN(RIGHT(TableM5[[#This Row],[Right]],2)))),TableLasers[],COLUMN(TableLasers[H-DPH]),FALSE),LEFT(TableM5[[#This Row],[Up]],2)*VLOOKUP(VALUE(TRIM(CLEAN(RIGHT(TableM5[[#This Row],[Up]],2)))),TableLasers[],COLUMN(TableLasers[H-DPH]),FALSE),LEFT(TableM5[[#This Row],[Down]],2)*VLOOKUP(VALUE(TRIM(CLEAN(RIGHT(TableM5[[#This Row],[Down]],2)))),TableLasers[],COLUMN(TableLasers[H-DPH]),FALSE))","v":160},"04::00","00::00","00::00","00::00","00::00","00::00","00::00",4,null,null,null,null,null,null,0]
[66,"Split","M5","Jaguar","Hauler",568.197,162.34200000000001,40,"S",848,"1 MJ ",1,85,7.9744816586921896,4,1200,29.992799999999999,45,0,{"$f":"SUM(LEFT(TableM5[[#This Row],[Main]],2)*VLOOKUP(VALUE(TRIM(CLEAN(RIGHT(TableM5[[#This Row],[Main]],2)))),TableLasers[],COLUMN(TableLasers[S-DPH]),FALSE),LEFT(TableM5[[#This Row],[Front]],2)*VLOOKUP(VALUE(TRIM(CLEAN(RIGHT(TableM5[[#This Row],[Front]],2)))),TableLasers[],COLUMN(TableLasers[S-DPH]),FALSE),LEFT(TableM5[[#This Row],[Back]],2)*VLOOKUP(VALUE(TRIM(CLEAN(RIGHT(TableM5[[#This Row],[Back]],2)))),TableLasers[],COLUMN(TableLasers[S-DPH]),FALSE),LEFT(TableM5[[#This Row],[Left]],2)*VLOOKUP(VALUE(TRIM(CLEAN(RIGHT(TableM5[[#This Row],[Left]],2)))),TableLasers[],COLUMN(TableLasers[S-DPH]),FALSE),LEFT(TableM5[[#This Row],[Right]],2)*VLOOKUP(VALUE(TRIM(CLEAN(RIGHT(TableM5[[#This Row],[Right]],2)))),TableLasers[],COLUMN(TableLasers[S-DPH]),FALSE),LEFT(TableM5[[#This Row],[Up]],2)*VLOOKUP(VALUE(TRIM(CLEAN(RIGHT(TableM5[[#This Row],[Up]],2)))),TableLasers[],COLUMN(TableLasers[S-DPH]),FALSE),LEFT(TableM5[[#This Row],[Down]],2)*VLOOKUP(VALUE(TRIM(CLEAN(RIGHT(TableM5[[#This Row],[Down]],2)))),TableLasers[],COLUMN(TableLasers[S-DPH]),FALSE))","v":720},{"$f":"SUM(LEFT(TableM5[[#This Row],[Main]],2)*VLOOKUP(VALUE(TRIM(CLEAN(RIGHT(TableM5[[#This Row],[Main]],2)))),TableLasers[],COLUMN(TableLasers[H-DPH]),FALSE),LEFT(TableM5[[#This Row],[Front]],2)*VLOOKUP(VALUE(TRIM(CLEAN(RIGHT(TableM5[[#This Row],[Front]],2)))),TableLasers[],COLUMN(TableLasers[H-DPH]),FALSE),LEFT(TableM5[[#This Row],[Back]],2)*VLOOKUP(VALUE(TRIM(CLEAN(RIGHT(TableM5[[#This Row],[Back]],2)))),TableLasers[],COLUMN(TableLasers[H-DPH]),FALSE),LEFT(TableM5[[#This Row],[Left]],2)*VLOOKUP(VALUE(TRIM(CLEAN(RIGHT(TableM5[[#This Row],[Left]],2)))),TableLasers[],COLUMN(TableLasers[H-DPH]),FALSE),LEFT(TableM5[[#This Row],[Right]],2)*VLOOKUP(VALUE(TRIM(CLEAN(RIGHT(TableM5[[#This Row],[Right]],2)))),TableLasers[],COLUMN(TableLasers[H-DPH]),FALSE),LEFT(TableM5[[#This Row],[Up]],2)*VLOOKUP(VALUE(TRIM(CLEAN(RIGHT(TableM5[[#This Row],[Up]],2)))),TableLasers[],COLUMN(TableLasers[H-DPH]),FALSE),LEFT(TableM5[[#This Row],[Down]],2)*VLOOKUP(VALUE(TRIM(CLEAN(RIGHT(TableM5[[#This Row],[Down]],2)))),TableLasers[],COLUMN(TableLasers[H-DPH]),FALSE))","v":160},"04::00","00::00","00::00","00::00","00::00","00::00","00::00",4,null,null,null,null,null,null,0]
[67,"Split","M5","Jaguar","Vanguard",591.64700000000005,169.042,40,"S",760,"1 MJ ",2,93,7.9744816586921896,4,1640,40.990160000000003,26,0,{"$f":"SUM(LEFT(TableM5[[#This Row],[Main]],2)*VLOOKUP(VALUE(TRIM(CLEAN(RIGHT(TableM5[[#This Row],[Main]],2)))),TableLasers[],COLUMN(TableLasers[S-DPH]),FALSE),LEFT(TableM5[[#This Row],[Front]],2)*VLOOKUP(VALUE(TRIM(CLEAN(RIGHT(TableM5[[#This Row],[Front]],2)))),TableLasers[],COLUMN(TableLasers[S-DPH]),FALSE),LEFT(TableM5[[#This Row],[Back]],2)*VLOOKUP(VALUE(TRIM(CLEAN(RIGHT(TableM5[[#This Row],[Back]],2)))),TableLasers[],COLUMN(TableLasers[S-DPH]),FALSE),LEFT(TableM5[[#This Row],[Left]],2)*VLOOKUP(VALUE(TRIM(CLEAN(RIGHT(TableM5[[#This Row],[Left]],2)))),TableLasers[],COLUMN(TableLasers[S-DPH]),FALSE),LEFT(TableM5[[#This Row],[Right]],2)*VLOOKUP(VALUE(TRIM(CLEAN(RIGHT(TableM5[[#This Row],[Right]],2)))),TableLasers[],COLUMN(TableLasers[S-DPH]),FALSE),LEFT(TableM5[[#This Row],[Up]],2)*VLOOKUP(VALUE(TRIM(CLEAN(RIGHT(TableM5[[#This Row],[Up]],2)))),TableLasers[],COLUMN(TableLasers[S-DPH]),FALSE),LEFT(TableM5[[#This Row],[Down]],2)*VLOOKUP(VALUE(TRIM(CLEAN(RIGHT(TableM5[[#This Row],[Down]],2)))),TableLasers[],COLUMN(TableLasers[S-DPH]),FALSE))","v":720},{"$f":"SUM(LEFT(TableM5[[#This Row],[Main]],2)*VLOOKUP(VALUE(TRIM(CLEAN(RIGHT(TableM5[[#This Row],[Main]],2)))),TableLasers[],COLUMN(TableLasers[H-DPH]),FALSE),LEFT(TableM5[[#This Row],[Front]],2)*VLOOKUP(VALUE(TRIM(CLEAN(RIGHT(TableM5[[#This Row],[Front]],2)))),TableLasers[],COLUMN(TableLasers[H-DPH]),FALSE),LEFT(TableM5[[#This Row],[Back]],2)*VLOOKUP(VALUE(TRIM(CLEAN(RIGHT(TableM5[[#This Row],[Back]],2)))),TableLasers[],COLUMN(TableLasers[H-DPH]),FALSE),LEFT(TableM5[[#This Row],[Left]],2)*VLOOKUP(VALUE(TRIM(CLEAN(RIGHT(TableM5[[#This Row],[Left]],2)))),TableLasers[],COLUMN(TableLasers[H-DPH]),FALSE),LEFT(TableM5[[#This Row],[Right]],2)*VLOOKUP(VALUE(TRIM(CLEAN(RIGHT(TableM5[[#This Row],[Right]],2)))),TableLasers[],COLUMN(TableLasers[H-DPH]),FALSE),LEFT(TableM5[[#This Row],[Up]],2)*VLOOKUP(VALUE(TRIM(CLEAN(RIGHT(TableM5[[#This Row],[Up]],2)))),TableLasers[],COLUMN(TableLasers[H-DPH]),FALSE),LEFT(TableM5[[#This Row],[Down]],2)*VLOOKUP(VALUE(TRIM(CLEAN(RIGHT(TableM5[[#This Row],[Down]],2)))),TableLasers[],COLUMN(TableLasers[H-DPH]),FALSE))","v":160},"04::00","00::00","00::00","00::00","00::00","00::00","00::00",4,null,null,null,null,null,null,0]
[95,"Paranid","M5","Pegasus",null,520.59699999999998,148.74199999999999,44,"S",1000,"1 MJ ",3,100,7.9744816586921896,4,1200,29.992799999999999,25,0,{"$f":"SUM(LEFT(TableM5[[#This Row],[Main]],2)*VLOOKUP(VALUE(TRIM(CLEAN(RIGHT(TableM5[[#This Row],[Main]],2)))),TableLasers[],COLUMN(TableLasers[S-DPH]),FALSE),LEFT(TableM5[[#This Row],[Front]],2)*VLOOKUP(VALUE(TRIM(CLEAN(RIGHT(TableM5[[#This Row],[Front]],2)))),TableLasers[],COLUMN(TableLasers[S-DPH]),FALSE),LEFT(TableM5[[#This Row],[Back]],2)*VLOOKUP(VALUE(TRIM(CLEAN(RIGHT(TableM5[[#This Row],[Back]],2)))),TableLasers[],COLUMN(TableLasers[S-DPH]),FALSE),LEFT(TableM5[[#This Row],[Left]],2)*VLOOKUP(VALUE(TRIM(CLEAN(RIGHT(TableM5[[#This Row],[Left]],2)))),TableLasers[],COLUMN(TableLasers[S-DPH]),FALSE),LEFT(TableM5[[#This Row],[Right]],2)*VLOOKUP(VALUE(TRIM(CLEAN(RIGHT(TableM5[[#This Row],[Right]],2)))),TableLasers[],COLUMN(TableLasers[S-DPH]),FALSE),LEFT(TableM5[[#This Row],[Up]],2)*VLOOKUP(VALUE(TRIM(CLEAN(RIGHT(TableM5[[#This Row],[Up]],2)))),TableLasers[],COLUMN(TableLasers[S-DPH]),FALSE),LEFT(TableM5[[#This Row],[Down]],2)*VLOOKUP(VALUE(TRIM(CLEAN(RIGHT(TableM5[[#This Row],[Down]],2)))),TableLasers[],COLUMN(TableLasers[S-DPH]),FALSE))","v":720},{"$f":"SUM(LEFT(TableM5[[#This Row],[Main]],2)*VLOOKUP(VALUE(TRIM(CLEAN(RIGHT(TableM5[[#This Row],[Main]],2)))),TableLasers[],COLUMN(TableLasers[H-DPH]),FALSE),LEFT(TableM5[[#This Row],[Front]],2)*VLOOKUP(VALUE(TRIM(CLEAN(RIGHT(TableM5[[#This Row],[Front]],2)))),TableLasers[],COLUMN(TableLasers[H-DPH]),FALSE),LEFT(TableM5[[#This Row],[Back]],2)*VLOOKUP(VALUE(TRIM(CLEAN(RIGHT(TableM5[[#This Row],[Back]],2)))),TableLasers[],COLUMN(TableLasers[H-DPH]),FALSE),LEFT(TableM5[[#This Row],[Left]],2)*VLOOKUP(VALUE(TRIM(CLEAN(RIGHT(TableM5[[#This Row],[Left]],2)))),TableLasers[],COLUMN(TableLasers[H-DPH]),FALSE),LEFT(TableM5[[#This Row],[Right]],2)*VLOOKUP(VALUE(TRIM(CLEAN(RIGHT(TableM5[[#This Row],[Right]],2)))),TableLasers[],COLUMN(TableLasers[H-DPH]),FALSE),LEFT(TableM5[[#This Row],[Up]],2)*VLOOKUP(VALUE(TRIM(CLEAN(RIGHT(TableM5[[#This Row],[Up]],2)))),TableLasers[],COLUMN(TableLasers[H-DPH]),FALSE),LEFT(TableM5[[#This Row],[Down]],2)*VLOOKUP(VALUE(TRIM(CLEAN(RIGHT(TableM5[[#This Row],[Down]],2)))),TableLasers[],COLUMN(TableLasers[H-DPH]),FALSE))","v":160},"04::00","00::00","00::00","00::00","00::00","00::00","00::00",4,null,null,null,null,null,null,0]
[96,"Paranid","M5","Pegasus","Raider",590.59699999999998,168.74199999999999,44,"S",950,"1 MJ ",2,110,7.9744816586921896,4,1200,29.988,19,0,{"$f":"SUM(LEFT(TableM5[[#This Row],[Main]],2)*VLOOKUP(VALUE(TRIM(CLEAN(RIGHT(TableM5[[#This Row],[Main]],2)))),TableLasers[],COLUMN(TableLasers[S-DPH]),FALSE),LEFT(TableM5[[#This Row],[Front]],2)*VLOOKUP(VALUE(TRIM(CLEAN(RIGHT(TableM5[[#This Row],[Front]],2)))),TableLasers[],COLUMN(TableLasers[S-DPH]),FALSE),LEFT(TableM5[[#This Row],[Back]],2)*VLOOKUP(VALUE(TRIM(CLEAN(RIGHT(TableM5[[#This Row],[Back]],2)))),TableLasers[],COLUMN(TableLasers[S-DPH]),FALSE),LEFT(TableM5[[#This Row],[Left]],2)*VLOOKUP(VALUE(TRIM(CLEAN(RIGHT(TableM5[[#This Row],[Left]],2)))),TableLasers[],COLUMN(TableLasers[S-DPH]),FALSE),LEFT(TableM5[[#This Row],[Right]],2)*VLOOKUP(VALUE(TRIM(CLEAN(RIGHT(TableM5[[#This Row],[Right]],2)))),TableLasers[],COLUMN(TableLasers[S-DPH]),FALSE),LEFT(TableM5[[#This Row],[Up]],2)*VLOOKUP(VALUE(TRIM(CLEAN(RIGHT(TableM5[[#This Row],[Up]],2)))),TableLasers[],COLUMN(TableLasers[S-DPH]),FALSE),LEFT(TableM5[[#This Row],[Down]],2)*VLOOKUP(VALUE(TRIM(CLEAN(RIGHT(TableM5[[#This Row],[Down]],2)))),TableLasers[],COLUMN(TableLasers[S-DPH]),FALSE))","v":720},{"$f":"SUM(LEFT(TableM5[[#This Row],[Main]],2)*VLOOKUP(VALUE(TRIM(CLEAN(RIGHT(TableM5[[#This Row],[Main]],2)))),TableLasers[],COLUMN(TableLasers[H-DPH]),FALSE),LEFT(TableM5[[#This Row],[Front]],2)*VLOOKUP(VALUE(TRIM(CLEAN(RIGHT(TableM5[[#This Row],[Front]],2)))),TableLasers[],COLUMN(TableLasers[H-DPH]),FALSE),LEFT(TableM5[[#This Row],[Back]],2)*VLOOKUP(VALUE(TRIM(CLEAN(RIGHT(TableM5[[#This Row],[Back]],2)))),TableLasers[],COLUMN(TableLasers[H-DPH]),FALSE),LEFT(TableM5[[#This Row],[Left]],2)*VLOOKUP(VALUE(TRIM(CLEAN(RIGHT(TableM5[[#This Row],[Left]],2)))),TableLasers[],COLUMN(TableLasers[H-DPH]),FALSE),LEFT(TableM5[[#This Row],[Right]],2)*VLOOKUP(VALUE(TRIM(CLEAN(RIGHT(TableM5[[#This Row],[Right]],2)))),TableLasers[],COLUMN(TableLasers[H-DPH]),FALSE),LEFT(TableM5[[#This Row],[Up]],2)*VLOOKUP(VALUE(TRIM(CLEAN(RIGHT(TableM5[[#This Row],[Up]],2)))),TableLasers[],COLUMN(TableLasers[H-DPH]),FALSE),LEFT(TableM5[[#This Row],[Down]],2)*VLOOKUP(VALUE(TRIM(CLEAN(RIGHT(TableM5[[#This Row],[Down]],2)))),TableLasers[],COLUMN(TableLasers[H-DPH]),FALSE))","v":160},"04::00","00::00","00::00","00::00","00::00","00::00","00::00",4,null,null,null,null,null,null,0]
[97,"Paranid","M5","Pegasus","Vanguard",526.89700000000005,150.542,44,"S",950,"1 MJ ",3,110,7.9744816586921896,4,1400,36.4,21,0,{"$f":"SUM(LEFT(TableM5[[#This Row],[Main]],2)*VLOOKUP(VALUE(TRIM(CLEAN(RIGHT(TableM5[[#This Row],[Main]],2)))),TableLasers[],COLUMN(TableLasers[S-DPH]),FALSE),LEFT(TableM5[[#This Row],[Front]],2)*VLOOKUP(VALUE(TRIM(CLEAN(RIGHT(TableM5[[#This Row],[Front]],2)))),TableLasers[],COLUMN(TableLasers[S-DPH]),FALSE),LEFT(TableM5[[#This Row],[Back]],2)*VLOOKUP(VALUE(TRIM(CLEAN(RIGHT(TableM5[[#This Row],[Back]],2)))),TableLasers[],COLUMN(TableLasers[S-DPH]),FALSE),LEFT(TableM5[[#This Row],[Left]],2)*VLOOKUP(VALUE(TRIM(CLEAN(RIGHT(TableM5[[#This Row],[Left]],2)))),TableLasers[],COLUMN(TableLasers[S-DPH]),FALSE),LEFT(TableM5[[#This Row],[Right]],2)*VLOOKUP(VALUE(TRIM(CLEAN(RIGHT(TableM5[[#This Row],[Right]],2)))),TableLasers[],COLUMN(TableLasers[S-DPH]),FALSE),LEFT(TableM5[[#This Row],[Up]],2)*VLOOKUP(VALUE(TRIM(CLEAN(RIGHT(TableM5[[#This Row],[Up]],2)))),TableLasers[],COLUMN(TableLasers[S-DPH]),FALSE),LEFT(TableM5[[#This Row],[Down]],2)*VLOOKUP(VALUE(TRIM(CLEAN(RIGHT(TableM5[[#This Row],[Down]],2)))),TableLasers[],COLUMN(TableLasers[S-DPH]),FALSE))","v":720},{"$f":"SUM(LEFT(TableM5[[#This Row],[Main]],2)*VLOOKUP(VALUE(TRIM(CLEAN(RIGHT(TableM5[[#This Row],[Main]],2)))),TableLasers[],COLUMN(TableLasers[H-DPH]),FALSE),LEFT(TableM5[[#This Row],[Front]],2)*VLOOKUP(VALUE(TRIM(CLEAN(RIGHT(TableM5[[#This Row],[Front]],2)))),TableLasers[],COLUMN(TableLasers[H-DPH]),FALSE),LEFT(TableM5[[#This Row],[Back]],2)*VLOOKUP(VALUE(TRIM(CLEAN(RIGHT(TableM5[[#This Row],[Back]],2)))),TableLasers[],COLUMN(TableLasers[H-DPH]),FALSE),LEFT(TableM5[[#This Row],[Left]],2)*VLOOKUP(VALUE(TRIM(CLEAN(RIGHT(TableM5[[#This Row],[Left]],2)))),TableLasers[],COLUMN(TableLasers[H-DPH]),FALSE),LEFT(TableM5[[#This Row],[Right]],2)*VLOOKUP(VALUE(TRIM(CLEAN(RIGHT(TableM5[[#This Row],[Right]],2)))),TableLasers[],COLUMN(TableLasers[H-DPH]),FALSE),LEFT(TableM5[[#This Row],[Up]],2)*VLOOKUP(VALUE(TRIM(CLEAN(RIGHT(TableM5[[#This Row],[Up]],2)))),TableLasers[],COLUMN(TableLasers[H-DPH]),FALSE),LEFT(TableM5[[#This Row],[Down]],2)*VLOOKUP(VALUE(TRIM(CLEAN(RIGHT(TableM5[[#This Row],[Down]],2)))),TableLasers[],COLUMN(TableLasers[H-DPH]),FALSE))","v":160},"04::00","00::00","00::00","00::00","00::00","00::00","00::00",4,null,null,null,null,null,null,0]
[98,"Paranid","M5","Pegasus","Sentinel",467.04700000000003,133.44200000000001,44,"S",1000,"1 MJ ",4,110,15.948963317384401,4,1000,24.994,30,0,{"$f":"SUM(LEFT(TableM5[[#This Row],[Main]],2)*VLOOKUP(VALUE(TRIM(CLEAN(RIGHT(TableM5[[#This Row],[Main]],2)))),TableLasers[],COLUMN(TableLasers[S-DPH]),FALSE),LEFT(TableM5[[#This Row],[Front]],2)*VLOOKUP(VALUE(TRIM(CLEAN(RIGHT(TableM5[[#This Row],[Front]],2)))),TableLasers[],COLUMN(TableLasers[S-DPH]),FALSE),LEFT(TableM5[[#This Row],[Back]],2)*VLOOKUP(VALUE(TRIM(CLEAN(RIGHT(TableM5[[#This Row],[Back]],2)))),TableLasers[],COLUMN(TableLasers[S-DPH]),FALSE),LEFT(TableM5[[#This Row],[Left]],2)*VLOOKUP(VALUE(TRIM(CLEAN(RIGHT(TableM5[[#This Row],[Left]],2)))),TableLasers[],COLUMN(TableLasers[S-DPH]),FALSE),LEFT(TableM5[[#This Row],[Right]],2)*VLOOKUP(VALUE(TRIM(CLEAN(RIGHT(TableM5[[#This Row],[Right]],2)))),TableLasers[],COLUMN(TableLasers[S-DPH]),FALSE),LEFT(TableM5[[#This Row],[Up]],2)*VLOOKUP(VALUE(TRIM(CLEAN(RIGHT(TableM5[[#This Row],[Up]],2)))),TableLasers[],COLUMN(TableLasers[S-DPH]),FALSE),LEFT(TableM5[[#This Row],[Down]],2)*VLOOKUP(VALUE(TRIM(CLEAN(RIGHT(TableM5[[#This Row],[Down]],2)))),TableLasers[],COLUMN(TableLasers[S-DPH]),FALSE))","v":720},{"$f":"SUM(LEFT(TableM5[[#This Row],[Main]],2)*VLOOKUP(VALUE(TRIM(CLEAN(RIGHT(TableM5[[#This Row],[Main]],2)))),TableLasers[],COLUMN(TableLasers[H-DPH]),FALSE),LEFT(TableM5[[#This Row],[Front]],2)*VLOOKUP(VALUE(TRIM(CLEAN(RIGHT(TableM5[[#This Row],[Front]],2)))),TableLasers[],COLUMN(TableLasers[H-DPH]),FALSE),LEFT(TableM5[[#This Row],[Back]],2)*VLOOKUP(VALUE(TRIM(CLEAN(RIGHT(TableM5[[#This Row],[Back]],2)))),TableLasers[],COLUMN(TableLasers[H-DPH]),FALSE),LEFT(TableM5[[#This Row],[Left]],2)*VLOOKUP(VALUE(TRIM(CLEAN(RIGHT(TableM5[[#This Row],[Left]],2)))),TableLasers[],COLUMN(TableLasers[H-DPH]),FALSE),LEFT(TableM5[[#This Row],[Right]],2)*VLOOKUP(VALUE(TRIM(CLEAN(RIGHT(TableM5[[#This Row],[Right]],2)))),TableLasers[],COLUMN(TableLasers[H-DPH]),FALSE),LEFT(TableM5[[#This Row],[Up]],2)*VLOOKUP(VALUE(TRIM(CLEAN(RIGHT(TableM5[[#This Row],[Up]],2)))),TableLasers[],COLUMN(TableLasers[H-DPH]),FALSE),LEFT(TableM5[[#This Row],[Down]],2)*VLOOKUP(VALUE(TRIM(CLEAN(RIGHT(TableM5[[#This Row],[Down]],2)))),TableLasers[],COLUMN(TableLasers[H-DPH]),FALSE))","v":160},"04::00","00::00","00::00","00::00","00::00","00::00","00::00",4,null,null,null,null,null,null,0]
[127,"Boron","M5","Octopus",null,502.90199999999999,167.63399999999999,44,"S",900,"1 MJ ",3,75,15.948963317384401,4,800,19.995200000000001,40,0,{"$f":"SUM(LEFT(TableM5[[#This Row],[Main]],2)*VLOOKUP(VALUE(TRIM(CLEAN(RIGHT(TableM5[[#This Row],[Main]],2)))),TableLasers[],COLUMN(TableLasers[S-DPH]),FALSE),LEFT(TableM5[[#This Row],[Front]],2)*VLOOKUP(VALUE(TRIM(CLEAN(RIGHT(TableM5[[#This Row],[Front]],2)))),TableLasers[],COLUMN(TableLasers[S-DPH]),FALSE),LEFT(TableM5[[#This Row],[Back]],2)*VLOOKUP(VALUE(TRIM(CLEAN(RIGHT(TableM5[[#This Row],[Back]],2)))),TableLasers[],COLUMN(TableLasers[S-DPH]),FALSE),LEFT(TableM5[[#This Row],[Left]],2)*VLOOKUP(VALUE(TRIM(CLEAN(RIGHT(TableM5[[#This Row],[Left]],2)))),TableLasers[],COLUMN(TableLasers[S-DPH]),FALSE),LEFT(TableM5[[#This Row],[Right]],2)*VLOOKUP(VALUE(TRIM(CLEAN(RIGHT(TableM5[[#This Row],[Right]],2)))),TableLasers[],COLUMN(TableLasers[S-DPH]),FALSE),LEFT(TableM5[[#This Row],[Up]],2)*VLOOKUP(VALUE(TRIM(CLEAN(RIGHT(TableM5[[#This Row],[Up]],2)))),TableLasers[],COLUMN(TableLasers[S-DPH]),FALSE),LEFT(TableM5[[#This Row],[Down]],2)*VLOOKUP(VALUE(TRIM(CLEAN(RIGHT(TableM5[[#This Row],[Down]],2)))),TableLasers[],COLUMN(TableLasers[S-DPH]),FALSE))","v":720},{"$f":"SUM(LEFT(TableM5[[#This Row],[Main]],2)*VLOOKUP(VALUE(TRIM(CLEAN(RIGHT(TableM5[[#This Row],[Main]],2)))),TableLasers[],COLUMN(TableLasers[H-DPH]),FALSE),LEFT(TableM5[[#This Row],[Front]],2)*VLOOKUP(VALUE(TRIM(CLEAN(RIGHT(TableM5[[#This Row],[Front]],2)))),TableLasers[],COLUMN(TableLasers[H-DPH]),FALSE),LEFT(TableM5[[#This Row],[Back]],2)*VLOOKUP(VALUE(TRIM(CLEAN(RIGHT(TableM5[[#This Row],[Back]],2)))),TableLasers[],COLUMN(TableLasers[H-DPH]),FALSE),LEFT(TableM5[[#This Row],[Left]],2)*VLOOKUP(VALUE(TRIM(CLEAN(RIGHT(TableM5[[#This Row],[Left]],2)))),TableLasers[],COLUMN(TableLasers[H-DPH]),FALSE),LEFT(TableM5[[#This Row],[Right]],2)*VLOOKUP(VALUE(TRIM(CLEAN(RIGHT(TableM5[[#This Row],[Right]],2)))),TableLasers[],COLUMN(TableLasers[H-DPH]),FALSE),LEFT(TableM5[[#This Row],[Up]],2)*VLOOKUP(VALUE(TRIM(CLEAN(RIGHT(TableM5[[#This Row],[Up]],2)))),TableLasers[],COLUMN(TableLasers[H-DPH]),FALSE),LEFT(TableM5[[#This Row],[Down]],2)*VLOOKUP(VALUE(TRIM(CLEAN(RIGHT(TableM5[[#This Row],[Down]],2)))),TableLasers[],COLUMN(TableLasers[H-DPH]),FALSE))","v":160},"04::00","00::00","00::00","00::00","00::00","00::00","00::00",4,null,null,null,null,null,null,0]
[128,"Boron","M5","Octopus","Raider",648.40200000000004,216.13399999999999,44,"S",855,"1 MJ ",2,82,7.9744816586921896,4,800,19.995200000000001,33,0,{"$f":"SUM(LEFT(TableM5[[#This Row],[Main]],2)*VLOOKUP(VALUE(TRIM(CLEAN(RIGHT(TableM5[[#This Row],[Main]],2)))),TableLasers[],COLUMN(TableLasers[S-DPH]),FALSE),LEFT(TableM5[[#This Row],[Front]],2)*VLOOKUP(VALUE(TRIM(CLEAN(RIGHT(TableM5[[#This Row],[Front]],2)))),TableLasers[],COLUMN(TableLasers[S-DPH]),FALSE),LEFT(TableM5[[#This Row],[Back]],2)*VLOOKUP(VALUE(TRIM(CLEAN(RIGHT(TableM5[[#This Row],[Back]],2)))),TableLasers[],COLUMN(TableLasers[S-DPH]),FALSE),LEFT(TableM5[[#This Row],[Left]],2)*VLOOKUP(VALUE(TRIM(CLEAN(RIGHT(TableM5[[#This Row],[Left]],2)))),TableLasers[],COLUMN(TableLasers[S-DPH]),FALSE),LEFT(TableM5[[#This Row],[Right]],2)*VLOOKUP(VALUE(TRIM(CLEAN(RIGHT(TableM5[[#This Row],[Right]],2)))),TableLasers[],COLUMN(TableLasers[S-DPH]),FALSE),LEFT(TableM5[[#This Row],[Up]],2)*VLOOKUP(VALUE(TRIM(CLEAN(RIGHT(TableM5[[#This Row],[Up]],2)))),TableLasers[],COLUMN(TableLasers[S-DPH]),FALSE),LEFT(TableM5[[#This Row],[Down]],2)*VLOOKUP(VALUE(TRIM(CLEAN(RIGHT(TableM5[[#This Row],[Down]],2)))),TableLasers[],COLUMN(TableLasers[S-DPH]),FALSE))","v":720},{"$f":"SUM(LEFT(TableM5[[#This Row],[Main]],2)*VLOOKUP(VALUE(TRIM(CLEAN(RIGHT(TableM5[[#This Row],[Main]],2)))),TableLasers[],COLUMN(TableLasers[H-DPH]),FALSE),LEFT(TableM5[[#This Row],[Front]],2)*VLOOKUP(VALUE(TRIM(CLEAN(RIGHT(TableM5[[#This Row],[Front]],2)))),TableLasers[],COLUMN(TableLasers[H-DPH]),FALSE),LEFT(TableM5[[#This Row],[Back]],2)*VLOOKUP(VALUE(TRIM(CLEAN(RIGHT(TableM5[[#This Row],[Back]],2)))),TableLasers[],COLUMN(TableLasers[H-DPH]),FALSE),LEFT(TableM5[[#This Row],[Left]],2)*VLOOKUP(VALUE(TRIM(CLEAN(RIGHT(TableM5[[#This Row],[Left]],2)))),TableLasers[],COLUMN(TableLasers[H-DPH]),FALSE),LEFT(TableM5[[#This Row],[Right]],2)*VLOOKUP(VALUE(TRIM(CLEAN(RIGHT(TableM5[[#This Row],[Right]],2)))),TableLasers[],COLUMN(TableLasers[H-DPH]),FALSE),LEFT(TableM5[[#This Row],[Up]],2)*VLOOKUP(VALUE(TRIM(CLEAN(RIGHT(TableM5[[#This Row],[Up]],2)))),TableLasers[],COLUMN(TableLasers[H-DPH]),FALSE),LEFT(TableM5[[#This Row],[Down]],2)*VLOOKUP(VALUE(TRIM(CLEAN(RIGHT(TableM5[[#This Row],[Down]],2)))),TableLasers[],COLUMN(TableLasers[H-DPH]),FALSE))","v":160},"04::00","00::00","00::00","00::00","00::00","00::00","00::00",4,null,null,null,null,null,null,0]
[129,"Boron","M5","Octopus","Vanguard",515.80200000000002,171.934,44,"S",855,"1 MJ ",3,82,15.948963317384401,4,1200,31.2,35,0,{"$f":"SUM(LEFT(TableM5[[#This Row],[Main]],2)*VLOOKUP(VALUE(TRIM(CLEAN(RIGHT(TableM5[[#This Row],[Main]],2)))),TableLasers[],COLUMN(TableLasers[S-DPH]),FALSE),LEFT(TableM5[[#This Row],[Front]],2)*VLOOKUP(VALUE(TRIM(CLEAN(RIGHT(TableM5[[#This Row],[Front]],2)))),TableLasers[],COLUMN(TableLasers[S-DPH]),FALSE),LEFT(TableM5[[#This Row],[Back]],2)*VLOOKUP(VALUE(TRIM(CLEAN(RIGHT(TableM5[[#This Row],[Back]],2)))),TableLasers[],COLUMN(TableLasers[S-DPH]),FALSE),LEFT(TableM5[[#This Row],[Left]],2)*VLOOKUP(VALUE(TRIM(CLEAN(RIGHT(TableM5[[#This Row],[Left]],2)))),TableLasers[],COLUMN(TableLasers[S-DPH]),FALSE),LEFT(TableM5[[#This Row],[Right]],2)*VLOOKUP(VALUE(TRIM(CLEAN(RIGHT(TableM5[[#This Row],[Right]],2)))),TableLasers[],COLUMN(TableLasers[S-DPH]),FALSE),LEFT(TableM5[[#This Row],[Up]],2)*VLOOKUP(VALUE(TRIM(CLEAN(RIGHT(TableM5[[#This Row],[Up]],2)))),TableLasers[],COLUMN(TableLasers[S-DPH]),FALSE),LEFT(TableM5[[#This Row],[Down]],2)*VLOOKUP(VALUE(TRIM(CLEAN(RIGHT(TableM5[[#This Row],[Down]],2)))),TableLasers[],COLUMN(TableLasers[S-DPH]),FALSE))","v":720},{"$f":"SUM(LEFT(TableM5[[#This Row],[Main]],2)*VLOOKUP(VALUE(TRIM(CLEAN(RIGHT(TableM5[[#This Row],[Main]],2)))),TableLasers[],COLUMN(TableLasers[H-DPH]),FALSE),LEFT(TableM5[[#This Row],[Front]],2)*VLOOKUP(VALUE(TRIM(CLEAN(RIGHT(TableM5[[#This Row],[Front]],2)))),TableLasers[],COLUMN(TableLasers[H-DPH]),FALSE),LEFT(TableM5[[#This Row],[Back]],2)*VLOOKUP(VALUE(TRIM(CLEAN(RIGHT(TableM5[[#This Row],[Back]],2)))),TableLasers[],COLUMN(TableLasers[H-DPH]),FALSE),LEFT(TableM5[[#This Row],[Left]],2)*VLOOKUP(VALUE(TRIM(CLEAN(RIGHT(TableM5[[#This Row],[Left]],2)))),TableLasers[],COLUMN(TableLasers[H-DPH]),FALSE),LEFT(TableM5[[#This Row],[Right]],2)*VLOOKUP(VALUE(TRIM(CLEAN(RIGHT(TableM5[[#This Row],[Right]],2)))),TableLasers[],COLUMN(TableLasers[H-DPH]),FALSE),LEFT(TableM5[[#This Row],[Up]],2)*VLOOKUP(VALUE(TRIM(CLEAN(RIGHT(TableM5[[#This Row],[Up]],2)))),TableLasers[],COLUMN(TableLasers[H-DPH]),FALSE),LEFT(TableM5[[#This Row],[Down]],2)*VLOOKUP(VALUE(TRIM(CLEAN(RIGHT(TableM5[[#This Row],[Down]],2)))),TableLasers[],COLUMN(TableLasers[H-DPH]),FALSE))","v":160},"04::00","00::00","00::00","00::00","00::00","00::00","00::00",4,null,null,null,null,null,null,0]
[130,"Boron","M5","Octopus","Sentinel",468.10199999999998,156.03399999999999,44,"S",900,"1 MJ ",4,102,15.948963317384401,4,900,22.494599999999998,43,0,{"$f":"SUM(LEFT(TableM5[[#This Row],[Main]],2)*VLOOKUP(VALUE(TRIM(CLEAN(RIGHT(TableM5[[#This Row],[Main]],2)))),TableLasers[],COLUMN(TableLasers[S-DPH]),FALSE),LEFT(TableM5[[#This Row],[Front]],2)*VLOOKUP(VALUE(TRIM(CLEAN(RIGHT(TableM5[[#This Row],[Front]],2)))),TableLasers[],COLUMN(TableLasers[S-DPH]),FALSE),LEFT(TableM5[[#This Row],[Back]],2)*VLOOKUP(VALUE(TRIM(CLEAN(RIGHT(TableM5[[#This Row],[Back]],2)))),TableLasers[],COLUMN(TableLasers[S-DPH]),FALSE),LEFT(TableM5[[#This Row],[Left]],2)*VLOOKUP(VALUE(TRIM(CLEAN(RIGHT(TableM5[[#This Row],[Left]],2)))),TableLasers[],COLUMN(TableLasers[S-DPH]),FALSE),LEFT(TableM5[[#This Row],[Right]],2)*VLOOKUP(VALUE(TRIM(CLEAN(RIGHT(TableM5[[#This Row],[Right]],2)))),TableLasers[],COLUMN(TableLasers[S-DPH]),FALSE),LEFT(TableM5[[#This Row],[Up]],2)*VLOOKUP(VALUE(TRIM(CLEAN(RIGHT(TableM5[[#This Row],[Up]],2)))),TableLasers[],COLUMN(TableLasers[S-DPH]),FALSE),LEFT(TableM5[[#This Row],[Down]],2)*VLOOKUP(VALUE(TRIM(CLEAN(RIGHT(TableM5[[#This Row],[Down]],2)))),TableLasers[],COLUMN(TableLasers[S-DPH]),FALSE))","v":720},{"$f":"SUM(LEFT(TableM5[[#This Row],[Main]],2)*VLOOKUP(VALUE(TRIM(CLEAN(RIGHT(TableM5[[#This Row],[Main]],2)))),TableLasers[],COLUMN(TableLasers[H-DPH]),FALSE),LEFT(TableM5[[#This Row],[Front]],2)*VLOOKUP(VALUE(TRIM(CLEAN(RIGHT(TableM5[[#This Row],[Front]],2)))),TableLasers[],COLUMN(TableLasers[H-DPH]),FALSE),LEFT(TableM5[[#This Row],[Back]],2)*VLOOKUP(VALUE(TRIM(CLEAN(RIGHT(TableM5[[#This Row],[Back]],2)))),TableLasers[],COLUMN(TableLasers[H-DPH]),FALSE),LEFT(TableM5[[#This Row],[Left]],2)*VLOOKUP(VALUE(TRIM(CLEAN(RIGHT(TableM5[[#This Row],[Left]],2)))),TableLasers[],COLUMN(TableLasers[H-DPH]),FALSE),LEFT(TableM5[[#This Row],[Right]],2)*VLOOKUP(VALUE(TRIM(CLEAN(RIGHT(TableM5[[#This Row],[Right]],2)))),TableLasers[],COLUMN(TableLasers[H-DPH]),FALSE),LEFT(TableM5[[#This Row],[Up]],2)*VLOOKUP(VALUE(TRIM(CLEAN(RIGHT(TableM5[[#This Row],[Up]],2)))),TableLasers[],COLUMN(TableLasers[H-DPH]),FALSE),LEFT(TableM5[[#This Row],[Down]],2)*VLOOKUP(VALUE(TRIM(CLEAN(RIGHT(TableM5[[#This Row],[Down]],2)))),TableLasers[],COLUMN(TableLasers[H-DPH]),FALSE))","v":160},"04::00","00::00","00::00","00::00","00::00","00::00","00::00",4,null,null,null,null,null,null,0]
[158,"Teladi","M5","Harrier",null,380,152,32,"S",1200,"5 MJ ",1,65,36.509675063891898,4,1200,29.992799999999999,154,0,{"$f":"SUM(LEFT(TableM5[[#This Row],[Main]],2)*VLOOKUP(VALUE(TRIM(CLEAN(RIGHT(TableM5[[#This Row],[Main]],2)))),TableLasers[],COLUMN(TableLasers[S-DPH]),FALSE),LEFT(TableM5[[#This Row],[Front]],2)*VLOOKUP(VALUE(TRIM(CLEAN(RIGHT(TableM5[[#This Row],[Front]],2)))),TableLasers[],COLUMN(TableLasers[S-DPH]),FALSE),LEFT(TableM5[[#This Row],[Back]],2)*VLOOKUP(VALUE(TRIM(CLEAN(RIGHT(TableM5[[#This Row],[Back]],2)))),TableLasers[],COLUMN(TableLasers[S-DPH]),FALSE),LEFT(TableM5[[#This Row],[Left]],2)*VLOOKUP(VALUE(TRIM(CLEAN(RIGHT(TableM5[[#This Row],[Left]],2)))),TableLasers[],COLUMN(TableLasers[S-DPH]),FALSE),LEFT(TableM5[[#This Row],[Right]],2)*VLOOKUP(VALUE(TRIM(CLEAN(RIGHT(TableM5[[#This Row],[Right]],2)))),TableLasers[],COLUMN(TableLasers[S-DPH]),FALSE),LEFT(TableM5[[#This Row],[Up]],2)*VLOOKUP(VALUE(TRIM(CLEAN(RIGHT(TableM5[[#This Row],[Up]],2)))),TableLasers[],COLUMN(TableLasers[S-DPH]),FALSE),LEFT(TableM5[[#This Row],[Down]],2)*VLOOKUP(VALUE(TRIM(CLEAN(RIGHT(TableM5[[#This Row],[Down]],2)))),TableLasers[],COLUMN(TableLasers[S-DPH]),FALSE))","v":720},{"$f":"SUM(LEFT(TableM5[[#This Row],[Main]],2)*VLOOKUP(VALUE(TRIM(CLEAN(RIGHT(TableM5[[#This Row],[Main]],2)))),TableLasers[],COLUMN(TableLasers[H-DPH]),FALSE),LEFT(TableM5[[#This Row],[Front]],2)*VLOOKUP(VALUE(TRIM(CLEAN(RIGHT(TableM5[[#This Row],[Front]],2)))),TableLasers[],COLUMN(TableLasers[H-DPH]),FALSE),LEFT(TableM5[[#This Row],[Back]],2)*VLOOKUP(VALUE(TRIM(CLEAN(RIGHT(TableM5[[#This Row],[Back]],2)))),TableLasers[],COLUMN(TableLasers[H-DPH]),FALSE),LEFT(TableM5[[#This Row],[Left]],2)*VLOOKUP(VALUE(TRIM(CLEAN(RIGHT(TableM5[[#This Row],[Left]],2)))),TableLasers[],COLUMN(TableLasers[H-DPH]),FALSE),LEFT(TableM5[[#This Row],[Right]],2)*VLOOKUP(VALUE(TRIM(CLEAN(RIGHT(TableM5[[#This Row],[Right]],2)))),TableLasers[],COLUMN(TableLasers[H-DPH]),FALSE),LEFT(TableM5[[#This Row],[Up]],2)*VLOOKUP(VALUE(TRIM(CLEAN(RIGHT(TableM5[[#This Row],[Up]],2)))),TableLasers[],COLUMN(TableLasers[H-DPH]),FALSE),LEFT(TableM5[[#This Row],[Down]],2)*VLOOKUP(VALUE(TRIM(CLEAN(RIGHT(TableM5[[#This Row],[Down]],2)))),TableLasers[],COLUMN(TableLasers[H-DPH]),FALSE))","v":160},"04::00","00::00","00::00","00::00","00::00","00::00","00::00",4,null,null,null,null,null,null,0]
[159,"Teladi","M5","Harrier","Hauler",320,128,32,"S",1332,"5 MJ ",1,65,36.509675063891898,4,1000,24.994,203,0,{"$f":"SUM(LEFT(TableM5[[#This Row],[Main]],2)*VLOOKUP(VALUE(TRIM(CLEAN(RIGHT(TableM5[[#This Row],[Main]],2)))),TableLasers[],COLUMN(TableLasers[S-DPH]),FALSE),LEFT(TableM5[[#This Row],[Front]],2)*VLOOKUP(VALUE(TRIM(CLEAN(RIGHT(TableM5[[#This Row],[Front]],2)))),TableLasers[],COLUMN(TableLasers[S-DPH]),FALSE),LEFT(TableM5[[#This Row],[Back]],2)*VLOOKUP(VALUE(TRIM(CLEAN(RIGHT(TableM5[[#This Row],[Back]],2)))),TableLasers[],COLUMN(TableLasers[S-DPH]),FALSE),LEFT(TableM5[[#This Row],[Left]],2)*VLOOKUP(VALUE(TRIM(CLEAN(RIGHT(TableM5[[#This Row],[Left]],2)))),TableLasers[],COLUMN(TableLasers[S-DPH]),FALSE),LEFT(TableM5[[#This Row],[Right]],2)*VLOOKUP(VALUE(TRIM(CLEAN(RIGHT(TableM5[[#This Row],[Right]],2)))),TableLasers[],COLUMN(TableLasers[S-DPH]),FALSE),LEFT(TableM5[[#This Row],[Up]],2)*VLOOKUP(VALUE(TRIM(CLEAN(RIGHT(TableM5[[#This Row],[Up]],2)))),TableLasers[],COLUMN(TableLasers[S-DPH]),FALSE),LEFT(TableM5[[#This Row],[Down]],2)*VLOOKUP(VALUE(TRIM(CLEAN(RIGHT(TableM5[[#This Row],[Down]],2)))),TableLasers[],COLUMN(TableLasers[S-DPH]),FALSE))","v":720},{"$f":"SUM(LEFT(TableM5[[#This Row],[Main]],2)*VLOOKUP(VALUE(TRIM(CLEAN(RIGHT(TableM5[[#This Row],[Main]],2)))),TableLasers[],COLUMN(TableLasers[H-DPH]),FALSE),LEFT(TableM5[[#This Row],[Front]],2)*VLOOKUP(VALUE(TRIM(CLEAN(RIGHT(TableM5[[#This Row],[Front]],2)))),TableLasers[],COLUMN(TableLasers[H-DPH]),FALSE),LEFT(TableM5[[#This Row],[Back]],2)*VLOOKUP(VALUE(TRIM(CLEAN(RIGHT(TableM5[[#This Row],[Back]],2)))),TableLasers[],COLUMN(TableLasers[H-DPH]),FALSE),LEFT(TableM5[[#This Row],[Left]],2)*VLOOKUP(VALUE(TRIM(CLEAN(RIGHT(TableM5[[#This Row],[Left]],2)))),TableLasers[],COLUMN(TableLasers[H-DPH]),FALSE),LEFT(TableM5[[#This Row],[Right]],2)*VLOOKUP(VALUE(TRIM(CLEAN(RIGHT(TableM5[[#This Row],[Right]],2)))),TableLasers[],COLUMN(TableLasers[H-DPH]),FALSE),LEFT(TableM5[[#This Row],[Up]],2)*VLOOKUP(VALUE(TRIM(CLEAN(RIGHT(TableM5[[#This Row],[Up]],2)))),TableLasers[],COLUMN(TableLasers[H-DPH]),FALSE),LEFT(TableM5[[#This Row],[Down]],2)*VLOOKUP(VALUE(TRIM(CLEAN(RIGHT(TableM5[[#This Row],[Down]],2)))),TableLasers[],COLUMN(TableLasers[H-DPH]),FALSE))","v":160},"04::00","00::00","00::00","00::00","00::00","00::00","00::00",4,null,null,null,null,null,null,0]
[160,"Teladi","M5","Harrier","Vanguard",395,158,32,"S",1140,"5 MJ ",1,71,36.509675063891898,4,1400,34.991599999999998,138,0,{"$f":"SUM(LEFT(TableM5[[#This Row],[Main]],2)*VLOOKUP(VALUE(TRIM(CLEAN(RIGHT(TableM5[[#This Row],[Main]],2)))),TableLasers[],COLUMN(TableLasers[S-DPH]),FALSE),LEFT(TableM5[[#This Row],[Front]],2)*VLOOKUP(VALUE(TRIM(CLEAN(RIGHT(TableM5[[#This Row],[Front]],2)))),TableLasers[],COLUMN(TableLasers[S-DPH]),FALSE),LEFT(TableM5[[#This Row],[Back]],2)*VLOOKUP(VALUE(TRIM(CLEAN(RIGHT(TableM5[[#This Row],[Back]],2)))),TableLasers[],COLUMN(TableLasers[S-DPH]),FALSE),LEFT(TableM5[[#This Row],[Left]],2)*VLOOKUP(VALUE(TRIM(CLEAN(RIGHT(TableM5[[#This Row],[Left]],2)))),TableLasers[],COLUMN(TableLasers[S-DPH]),FALSE),LEFT(TableM5[[#This Row],[Right]],2)*VLOOKUP(VALUE(TRIM(CLEAN(RIGHT(TableM5[[#This Row],[Right]],2)))),TableLasers[],COLUMN(TableLasers[S-DPH]),FALSE),LEFT(TableM5[[#This Row],[Up]],2)*VLOOKUP(VALUE(TRIM(CLEAN(RIGHT(TableM5[[#This Row],[Up]],2)))),TableLasers[],COLUMN(TableLasers[S-DPH]),FALSE),LEFT(TableM5[[#This Row],[Down]],2)*VLOOKUP(VALUE(TRIM(CLEAN(RIGHT(TableM5[[#This Row],[Down]],2)))),TableLasers[],COLUMN(TableLasers[S-DPH]),FALSE))","v":720},{"$f":"SUM(LEFT(TableM5[[#This Row],[Main]],2)*VLOOKUP(VALUE(TRIM(CLEAN(RIGHT(TableM5[[#This Row],[Main]],2)))),TableLasers[],COLUMN(TableLasers[H-DPH]),FALSE),LEFT(TableM5[[#This Row],[Front]],2)*VLOOKUP(VALUE(TRIM(CLEAN(RIGHT(TableM5[[#This Row],[Front]],2)))),TableLasers[],COLUMN(TableLasers[H-DPH]),FALSE),LEFT(TableM5[[#This Row],[Back]],2)*VLOOKUP(VALUE(TRIM(CLEAN(RIGHT(TableM5[[#This Row],[Back]],2)))),TableLasers[],COLUMN(TableLasers[H-DPH]),FALSE),LEFT(TableM5[[#This Row],[Left]],2)*VLOOKUP(VALUE(TRIM(CLEAN(RIGHT(TableM5[[#This Row],[Left]],2)))),TableLasers[],COLUMN(TableLasers[H-DPH]),FALSE),LEFT(TableM5[[#This Row],[Right]],2)*VLOOKUP(VALUE(TRIM(CLEAN(RIGHT(TableM5[[#This Row],[Right]],2)))),TableLasers[],COLUMN(TableLasers[H-DPH]),FALSE),LEFT(TableM5[[#This Row],[Up]],2)*VLOOKUP(VALUE(TRIM(CLEAN(RIGHT(TableM5[[#This Row],[Up]],2)))),TableLasers[],COLUMN(TableLasers[H-DPH]),FALSE),LEFT(TableM5[[#This Row],[Down]],2)*VLOOKUP(VALUE(TRIM(CLEAN(RIGHT(TableM5[[#This Row],[Down]],2)))),TableLasers[],COLUMN(TableLasers[H-DPH]),FALSE))","v":160},"04::00","00::00","00::00","00::00","00::00","00::00","00::00",4,null,null,null,null,null,null,0]
[161,"Teladi","M5","Harrier","Sentinel",352.5,141,32,"S",1200,"5 MJ ",2,71,54.7645125958379,4,1000,24.994,142,0,{"$f":"SUM(LEFT(TableM5[[#This Row],[Main]],2)*VLOOKUP(VALUE(TRIM(CLEAN(RIGHT(TableM5[[#This Row],[Main]],2)))),TableLasers[],COLUMN(TableLasers[S-DPH]),FALSE),LEFT(TableM5[[#This Row],[Front]],2)*VLOOKUP(VALUE(TRIM(CLEAN(RIGHT(TableM5[[#This Row],[Front]],2)))),TableLasers[],COLUMN(TableLasers[S-DPH]),FALSE),LEFT(TableM5[[#This Row],[Back]],2)*VLOOKUP(VALUE(TRIM(CLEAN(RIGHT(TableM5[[#This Row],[Back]],2)))),TableLasers[],COLUMN(TableLasers[S-DPH]),FALSE),LEFT(TableM5[[#This Row],[Left]],2)*VLOOKUP(VALUE(TRIM(CLEAN(RIGHT(TableM5[[#This Row],[Left]],2)))),TableLasers[],COLUMN(TableLasers[S-DPH]),FALSE),LEFT(TableM5[[#This Row],[Right]],2)*VLOOKUP(VALUE(TRIM(CLEAN(RIGHT(TableM5[[#This Row],[Right]],2)))),TableLasers[],COLUMN(TableLasers[S-DPH]),FALSE),LEFT(TableM5[[#This Row],[Up]],2)*VLOOKUP(VALUE(TRIM(CLEAN(RIGHT(TableM5[[#This Row],[Up]],2)))),TableLasers[],COLUMN(TableLasers[S-DPH]),FALSE),LEFT(TableM5[[#This Row],[Down]],2)*VLOOKUP(VALUE(TRIM(CLEAN(RIGHT(TableM5[[#This Row],[Down]],2)))),TableLasers[],COLUMN(TableLasers[S-DPH]),FALSE))","v":720},{"$f":"SUM(LEFT(TableM5[[#This Row],[Main]],2)*VLOOKUP(VALUE(TRIM(CLEAN(RIGHT(TableM5[[#This Row],[Main]],2)))),TableLasers[],COLUMN(TableLasers[H-DPH]),FALSE),LEFT(TableM5[[#This Row],[Front]],2)*VLOOKUP(VALUE(TRIM(CLEAN(RIGHT(TableM5[[#This Row],[Front]],2)))),TableLasers[],COLUMN(TableLasers[H-DPH]),FALSE),LEFT(TableM5[[#This Row],[Back]],2)*VLOOKUP(VALUE(TRIM(CLEAN(RIGHT(TableM5[[#This Row],[Back]],2)))),TableLasers[],COLUMN(TableLasers[H-DPH]),FALSE),LEFT(TableM5[[#This Row],[Left]],2)*VLOOKUP(VALUE(TRIM(CLEAN(RIGHT(TableM5[[#This Row],[Left]],2)))),TableLasers[],COLUMN(TableLasers[H-DPH]),FALSE),LEFT(TableM5[[#This Row],[Right]],2)*VLOOKUP(VALUE(TRIM(CLEAN(RIGHT(TableM5[[#This Row],[Right]],2)))),TableLasers[],COLUMN(TableLasers[H-DPH]),FALSE),LEFT(TableM5[[#This Row],[Up]],2)*VLOOKUP(VALUE(TRIM(CLEAN(RIGHT(TableM5[[#This Row],[Up]],2)))),TableLasers[],COLUMN(TableLasers[H-DPH]),FALSE),LEFT(TableM5[[#This Row],[Down]],2)*VLOOKUP(VALUE(TRIM(CLEAN(RIGHT(TableM5[[#This Row],[Down]],2)))),TableLasers[],COLUMN(TableLasers[H-DPH]),FALSE))","v":160},"04::00","00::00","00::00","00::00","00::00","00::00","00::00",4,null,null,null,null,null,null,0]
[162,"Teladi","M5","Kestrel",null,715.54700000000003,204.44200000000001,32,"S",2000,"5 MJ ",1,130,18.254837531945999,4,600,13.8,60,0,{"$f":"SUM(LEFT(TableM5[[#This Row],[Main]],2)*VLOOKUP(VALUE(TRIM(CLEAN(RIGHT(TableM5[[#This Row],[Main]],2)))),TableLasers[],COLUMN(TableLasers[S-DPH]),FALSE),LEFT(TableM5[[#This Row],[Front]],2)*VLOOKUP(VALUE(TRIM(CLEAN(RIGHT(TableM5[[#This Row],[Front]],2)))),TableLasers[],COLUMN(TableLasers[S-DPH]),FALSE),LEFT(TableM5[[#This Row],[Back]],2)*VLOOKUP(VALUE(TRIM(CLEAN(RIGHT(TableM5[[#This Row],[Back]],2)))),TableLasers[],COLUMN(TableLasers[S-DPH]),FALSE),LEFT(TableM5[[#This Row],[Left]],2)*VLOOKUP(VALUE(TRIM(CLEAN(RIGHT(TableM5[[#This Row],[Left]],2)))),TableLasers[],COLUMN(TableLasers[S-DPH]),FALSE),LEFT(TableM5[[#This Row],[Right]],2)*VLOOKUP(VALUE(TRIM(CLEAN(RIGHT(TableM5[[#This Row],[Right]],2)))),TableLasers[],COLUMN(TableLasers[S-DPH]),FALSE),LEFT(TableM5[[#This Row],[Up]],2)*VLOOKUP(VALUE(TRIM(CLEAN(RIGHT(TableM5[[#This Row],[Up]],2)))),TableLasers[],COLUMN(TableLasers[S-DPH]),FALSE),LEFT(TableM5[[#This Row],[Down]],2)*VLOOKUP(VALUE(TRIM(CLEAN(RIGHT(TableM5[[#This Row],[Down]],2)))),TableLasers[],COLUMN(TableLasers[S-DPH]),FALSE))","v":360},{"$f":"SUM(LEFT(TableM5[[#This Row],[Main]],2)*VLOOKUP(VALUE(TRIM(CLEAN(RIGHT(TableM5[[#This Row],[Main]],2)))),TableLasers[],COLUMN(TableLasers[H-DPH]),FALSE),LEFT(TableM5[[#This Row],[Front]],2)*VLOOKUP(VALUE(TRIM(CLEAN(RIGHT(TableM5[[#This Row],[Front]],2)))),TableLasers[],COLUMN(TableLasers[H-DPH]),FALSE),LEFT(TableM5[[#This Row],[Back]],2)*VLOOKUP(VALUE(TRIM(CLEAN(RIGHT(TableM5[[#This Row],[Back]],2)))),TableLasers[],COLUMN(TableLasers[H-DPH]),FALSE),LEFT(TableM5[[#This Row],[Left]],2)*VLOOKUP(VALUE(TRIM(CLEAN(RIGHT(TableM5[[#This Row],[Left]],2)))),TableLasers[],COLUMN(TableLasers[H-DPH]),FALSE),LEFT(TableM5[[#This Row],[Right]],2)*VLOOKUP(VALUE(TRIM(CLEAN(RIGHT(TableM5[[#This Row],[Right]],2)))),TableLasers[],COLUMN(TableLasers[H-DPH]),FALSE),LEFT(TableM5[[#This Row],[Up]],2)*VLOOKUP(VALUE(TRIM(CLEAN(RIGHT(TableM5[[#This Row],[Up]],2)))),TableLasers[],COLUMN(TableLasers[H-DPH]),FALSE),LEFT(TableM5[[#This Row],[Down]],2)*VLOOKUP(VALUE(TRIM(CLEAN(RIGHT(TableM5[[#This Row],[Down]],2)))),TableLasers[],COLUMN(TableLasers[H-DPH]),FALSE))","v":80},"02::00","00::00","00::00","00::00","00::00","00::00","00::00",2,null,2,null,null,null,null,0,null,null,null,null,null,null,0]
[173,"Xenon","M5","N",null,542,271,60,"S",1200,"1 MJ ",2,70,7.9744816586921896,4,1500,37.5,62,0,{"$f":"SUM(LEFT(TableM5[[#This Row],[Main]],2)*VLOOKUP(VALUE(TRIM(CLEAN(RIGHT(TableM5[[#This Row],[Main]],2)))),TableLasers[],COLUMN(TableLasers[S-DPH]),FALSE),LEFT(TableM5[[#This Row],[Front]],2)*VLOOKUP(VALUE(TRIM(CLEAN(RIGHT(TableM5[[#This Row],[Front]],2)))),TableLasers[],COLUMN(TableLasers[S-DPH]),FALSE),LEFT(TableM5[[#This Row],[Back]],2)*VLOOKUP(VALUE(TRIM(CLEAN(RIGHT(TableM5[[#This Row],[Back]],2)))),TableLasers[],COLUMN(TableLasers[S-DPH]),FALSE),LEFT(TableM5[[#This Row],[Left]],2)*VLOOKUP(VALUE(TRIM(CLEAN(RIGHT(TableM5[[#This Row],[Left]],2)))),TableLasers[],COLUMN(TableLasers[S-DPH]),FALSE),LEFT(TableM5[[#This Row],[Right]],2)*VLOOKUP(VALUE(TRIM(CLEAN(RIGHT(TableM5[[#This Row],[Right]],2)))),TableLasers[],COLUMN(TableLasers[S-DPH]),FALSE),LEFT(TableM5[[#This Row],[Up]],2)*VLOOKUP(VALUE(TRIM(CLEAN(RIGHT(TableM5[[#This Row],[Up]],2)))),TableLasers[],COLUMN(TableLasers[S-DPH]),FALSE),LEFT(TableM5[[#This Row],[Down]],2)*VLOOKUP(VALUE(TRIM(CLEAN(RIGHT(TableM5[[#This Row],[Down]],2)))),TableLasers[],COLUMN(TableLasers[S-DPH]),FALSE))","v":6808},{"$f":"SUM(LEFT(TableM5[[#This Row],[Main]],2)*VLOOKUP(VALUE(TRIM(CLEAN(RIGHT(TableM5[[#This Row],[Main]],2)))),TableLasers[],COLUMN(TableLasers[H-DPH]),FALSE),LEFT(TableM5[[#This Row],[Front]],2)*VLOOKUP(VALUE(TRIM(CLEAN(RIGHT(TableM5[[#This Row],[Front]],2)))),TableLasers[],COLUMN(TableLasers[H-DPH]),FALSE),LEFT(TableM5[[#This Row],[Back]],2)*VLOOKUP(VALUE(TRIM(CLEAN(RIGHT(TableM5[[#This Row],[Back]],2)))),TableLasers[],COLUMN(TableLasers[H-DPH]),FALSE),LEFT(TableM5[[#This Row],[Left]],2)*VLOOKUP(VALUE(TRIM(CLEAN(RIGHT(TableM5[[#This Row],[Left]],2)))),TableLasers[],COLUMN(TableLasers[H-DPH]),FALSE),LEFT(TableM5[[#This Row],[Right]],2)*VLOOKUP(VALUE(TRIM(CLEAN(RIGHT(TableM5[[#This Row],[Right]],2)))),TableLasers[],COLUMN(TableLasers[H-DPH]),FALSE),LEFT(TableM5[[#This Row],[Up]],2)*VLOOKUP(VALUE(TRIM(CLEAN(RIGHT(TableM5[[#This Row],[Up]],2)))),TableLasers[],COLUMN(TableLasers[H-DPH]),FALSE),LEFT(TableM5[[#This Row],[Down]],2)*VLOOKUP(VALUE(TRIM(CLEAN(RIGHT(TableM5[[#This Row],[Down]],2)))),TableLasers[],COLUMN(TableLasers[H-DPH]),FALSE))","v":1224},"04::12","00::00","00::00","00::00","00::00","00::00","00::00",4,null,null,null,null,null,null,12,null,null,null,null,null,null,0]
[192,"Pirates","M5","Harrier",null,450.75,180.3,40,"S",900,"1 MJ ",4,150,7.9744816586921896,4,1300,32.492199999999997,90,0,{"$f":"SUM(LEFT(TableM5[[#This Row],[Main]],2)*VLOOKUP(VALUE(TRIM(CLEAN(RIGHT(TableM5[[#This Row],[Main]],2)))),TableLasers[],COLUMN(TableLasers[S-DPH]),FALSE),LEFT(TableM5[[#This Row],[Front]],2)*VLOOKUP(VALUE(TRIM(CLEAN(RIGHT(TableM5[[#This Row],[Front]],2)))),TableLasers[],COLUMN(TableLasers[S-DPH]),FALSE),LEFT(TableM5[[#This Row],[Back]],2)*VLOOKUP(VALUE(TRIM(CLEAN(RIGHT(TableM5[[#This Row],[Back]],2)))),TableLasers[],COLUMN(TableLasers[S-DPH]),FALSE),LEFT(TableM5[[#This Row],[Left]],2)*VLOOKUP(VALUE(TRIM(CLEAN(RIGHT(TableM5[[#This Row],[Left]],2)))),TableLasers[],COLUMN(TableLasers[S-DPH]),FALSE),LEFT(TableM5[[#This Row],[Right]],2)*VLOOKUP(VALUE(TRIM(CLEAN(RIGHT(TableM5[[#This Row],[Right]],2)))),TableLasers[],COLUMN(TableLasers[S-DPH]),FALSE),LEFT(TableM5[[#This Row],[Up]],2)*VLOOKUP(VALUE(TRIM(CLEAN(RIGHT(TableM5[[#This Row],[Up]],2)))),TableLasers[],COLUMN(TableLasers[S-DPH]),FALSE),LEFT(TableM5[[#This Row],[Down]],2)*VLOOKUP(VALUE(TRIM(CLEAN(RIGHT(TableM5[[#This Row],[Down]],2)))),TableLasers[],COLUMN(TableLasers[S-DPH]),FALSE))","v":720},{"$f":"SUM(LEFT(TableM5[[#This Row],[Main]],2)*VLOOKUP(VALUE(TRIM(CLEAN(RIGHT(TableM5[[#This Row],[Main]],2)))),TableLasers[],COLUMN(TableLasers[H-DPH]),FALSE),LEFT(TableM5[[#This Row],[Front]],2)*VLOOKUP(VALUE(TRIM(CLEAN(RIGHT(TableM5[[#This Row],[Front]],2)))),TableLasers[],COLUMN(TableLasers[H-DPH]),FALSE),LEFT(TableM5[[#This Row],[Back]],2)*VLOOKUP(VALUE(TRIM(CLEAN(RIGHT(TableM5[[#This Row],[Back]],2)))),TableLasers[],COLUMN(TableLasers[H-DPH]),FALSE),LEFT(TableM5[[#This Row],[Left]],2)*VLOOKUP(VALUE(TRIM(CLEAN(RIGHT(TableM5[[#This Row],[Left]],2)))),TableLasers[],COLUMN(TableLasers[H-DPH]),FALSE),LEFT(TableM5[[#This Row],[Right]],2)*VLOOKUP(VALUE(TRIM(CLEAN(RIGHT(TableM5[[#This Row],[Right]],2)))),TableLasers[],COLUMN(TableLasers[H-DPH]),FALSE),LEFT(TableM5[[#This Row],[Up]],2)*VLOOKUP(VALUE(TRIM(CLEAN(RIGHT(TableM5[[#This Row],[Up]],2)))),TableLasers[],COLUMN(TableLasers[H-DPH]),FALSE),LEFT(TableM5[[#This Row],[Down]],2)*VLOOKUP(VALUE(TRIM(CLEAN(RIGHT(TableM5[[#This Row],[Down]],2)))),TableLasers[],COLUMN(TableLasers[H-DPH]),FALSE))","v":160},"04::00","00::00","00::00","00::00","00::00","00::00","00::00",4,null,null,null,null,null,null,0]
[193,"Pirates","M5","Harrier","Raider",566.09699999999998,161.74199999999999,40,"S",760,"1 MJ ",2,93,7.9744816586921896,4,1300,32.492199999999997,65,0,{"$f":"SUM(LEFT(TableM5[[#This Row],[Main]],2)*VLOOKUP(VALUE(TRIM(CLEAN(RIGHT(TableM5[[#This Row],[Main]],2)))),TableLasers[],COLUMN(TableLasers[S-DPH]),FALSE),LEFT(TableM5[[#This Row],[Front]],2)*VLOOKUP(VALUE(TRIM(CLEAN(RIGHT(TableM5[[#This Row],[Front]],2)))),TableLasers[],COLUMN(TableLasers[S-DPH]),FALSE),LEFT(TableM5[[#This Row],[Back]],2)*VLOOKUP(VALUE(TRIM(CLEAN(RIGHT(TableM5[[#This Row],[Back]],2)))),TableLasers[],COLUMN(TableLasers[S-DPH]),FALSE),LEFT(TableM5[[#This Row],[Left]],2)*VLOOKUP(VALUE(TRIM(CLEAN(RIGHT(TableM5[[#This Row],[Left]],2)))),TableLasers[],COLUMN(TableLasers[S-DPH]),FALSE),LEFT(TableM5[[#This Row],[Right]],2)*VLOOKUP(VALUE(TRIM(CLEAN(RIGHT(TableM5[[#This Row],[Right]],2)))),TableLasers[],COLUMN(TableLasers[S-DPH]),FALSE),LEFT(TableM5[[#This Row],[Up]],2)*VLOOKUP(VALUE(TRIM(CLEAN(RIGHT(TableM5[[#This Row],[Up]],2)))),TableLasers[],COLUMN(TableLasers[S-DPH]),FALSE),LEFT(TableM5[[#This Row],[Down]],2)*VLOOKUP(VALUE(TRIM(CLEAN(RIGHT(TableM5[[#This Row],[Down]],2)))),TableLasers[],COLUMN(TableLasers[S-DPH]),FALSE))","v":720},{"$f":"SUM(LEFT(TableM5[[#This Row],[Main]],2)*VLOOKUP(VALUE(TRIM(CLEAN(RIGHT(TableM5[[#This Row],[Main]],2)))),TableLasers[],COLUMN(TableLasers[H-DPH]),FALSE),LEFT(TableM5[[#This Row],[Front]],2)*VLOOKUP(VALUE(TRIM(CLEAN(RIGHT(TableM5[[#This Row],[Front]],2)))),TableLasers[],COLUMN(TableLasers[H-DPH]),FALSE),LEFT(TableM5[[#This Row],[Back]],2)*VLOOKUP(VALUE(TRIM(CLEAN(RIGHT(TableM5[[#This Row],[Back]],2)))),TableLasers[],COLUMN(TableLasers[H-DPH]),FALSE),LEFT(TableM5[[#This Row],[Left]],2)*VLOOKUP(VALUE(TRIM(CLEAN(RIGHT(TableM5[[#This Row],[Left]],2)))),TableLasers[],COLUMN(TableLasers[H-DPH]),FALSE),LEFT(TableM5[[#This Row],[Right]],2)*VLOOKUP(VALUE(TRIM(CLEAN(RIGHT(TableM5[[#This Row],[Right]],2)))),TableLasers[],COLUMN(TableLasers[H-DPH]),FALSE),LEFT(TableM5[[#This Row],[Up]],2)*VLOOKUP(VALUE(TRIM(CLEAN(RIGHT(TableM5[[#This Row],[Up]],2)))),TableLasers[],COLUMN(TableLasers[H-DPH]),FALSE),LEFT(TableM5[[#This Row],[Down]],2)*VLOOKUP(VALUE(TRIM(CLEAN(RIGHT(TableM5[[#This Row],[Down]],2)))),TableLasers[],COLUMN(TableLasers[H-DPH]),FALSE))","v":160},"04::00","00::00","00::00","00::00","00::00","00::00","00::00",4,null,null,null,null,null,null,0]
[194,"Pirates","M5","Harrier","Hauler",418,167.2,32,"S",1236,"5 MJ ",1,65,36.509675063891898,4,1000,24.994,164,0,{"$f":"SUM(LEFT(TableM5[[#This Row],[Main]],2)*VLOOKUP(VALUE(TRIM(CLEAN(RIGHT(TableM5[[#This Row],[Main]],2)))),TableLasers[],COLUMN(TableLasers[S-DPH]),FALSE),LEFT(TableM5[[#This Row],[Front]],2)*VLOOKUP(VALUE(TRIM(CLEAN(RIGHT(TableM5[[#This Row],[Front]],2)))),TableLasers[],COLUMN(TableLasers[S-DPH]),FALSE),LEFT(TableM5[[#This Row],[Back]],2)*VLOOKUP(VALUE(TRIM(CLEAN(RIGHT(TableM5[[#This Row],[Back]],2)))),TableLasers[],COLUMN(TableLasers[S-DPH]),FALSE),LEFT(TableM5[[#This Row],[Left]],2)*VLOOKUP(VALUE(TRIM(CLEAN(RIGHT(TableM5[[#This Row],[Left]],2)))),TableLasers[],COLUMN(TableLasers[S-DPH]),FALSE),LEFT(TableM5[[#This Row],[Right]],2)*VLOOKUP(VALUE(TRIM(CLEAN(RIGHT(TableM5[[#This Row],[Right]],2)))),TableLasers[],COLUMN(TableLasers[S-DPH]),FALSE),LEFT(TableM5[[#This Row],[Up]],2)*VLOOKUP(VALUE(TRIM(CLEAN(RIGHT(TableM5[[#This Row],[Up]],2)))),TableLasers[],COLUMN(TableLasers[S-DPH]),FALSE),LEFT(TableM5[[#This Row],[Down]],2)*VLOOKUP(VALUE(TRIM(CLEAN(RIGHT(TableM5[[#This Row],[Down]],2)))),TableLasers[],COLUMN(TableLasers[S-DPH]),FALSE))","v":720},{"$f":"SUM(LEFT(TableM5[[#This Row],[Main]],2)*VLOOKUP(VALUE(TRIM(CLEAN(RIGHT(TableM5[[#This Row],[Main]],2)))),TableLasers[],COLUMN(TableLasers[H-DPH]),FALSE),LEFT(TableM5[[#This Row],[Front]],2)*VLOOKUP(VALUE(TRIM(CLEAN(RIGHT(TableM5[[#This Row],[Front]],2)))),TableLasers[],COLUMN(TableLasers[H-DPH]),FALSE),LEFT(TableM5[[#This Row],[Back]],2)*VLOOKUP(VALUE(TRIM(CLEAN(RIGHT(TableM5[[#This Row],[Back]],2)))),TableLasers[],COLUMN(TableLasers[H-DPH]),FALSE),LEFT(TableM5[[#This Row],[Left]],2)*VLOOKUP(VALUE(TRIM(CLEAN(RIGHT(TableM5[[#This Row],[Left]],2)))),TableLasers[],COLUMN(TableLasers[H-DPH]),FALSE),LEFT(TableM5[[#This Row],[Right]],2)*VLOOKUP(VALUE(TRIM(CLEAN(RIGHT(TableM5[[#This Row],[Right]],2)))),TableLasers[],COLUMN(TableLasers[H-DPH]),FALSE),LEFT(TableM5[[#This Row],[Up]],2)*VLOOKUP(VALUE(TRIM(CLEAN(RIGHT(TableM5[[#This Row],[Up]],2)))),TableLasers[],COLUMN(TableLasers[H-DPH]),FALSE),LEFT(TableM5[[#This Row],[Down]],2)*VLOOKUP(VALUE(TRIM(CLEAN(RIGHT(TableM5[[#This Row],[Down]],2)))),TableLasers[],COLUMN(TableLasers[H-DPH]),FALSE))","v":160},"04::00","00::00","00::00","00::00","00::00","00::00","00::00",4,null,null,null,null,null,null,0]
[195,"Pirates","M5","Harrier","Vanguard",480.34699999999998,137.24199999999999,44,"S",1000,"1 MJ ",4,110,15.948963317384401,4,1500,37.491,86,0,{"$f":"SUM(LEFT(TableM5[[#This Row],[Main]],2)*VLOOKUP(VALUE(TRIM(CLEAN(RIGHT(TableM5[[#This Row],[Main]],2)))),TableLasers[],COLUMN(TableLasers[S-DPH]),FALSE),LEFT(TableM5[[#This Row],[Front]],2)*VLOOKUP(VALUE(TRIM(CLEAN(RIGHT(TableM5[[#This Row],[Front]],2)))),TableLasers[],COLUMN(TableLasers[S-DPH]),FALSE),LEFT(TableM5[[#This Row],[Back]],2)*VLOOKUP(VALUE(TRIM(CLEAN(RIGHT(TableM5[[#This Row],[Back]],2)))),TableLasers[],COLUMN(TableLasers[S-DPH]),FALSE),LEFT(TableM5[[#This Row],[Left]],2)*VLOOKUP(VALUE(TRIM(CLEAN(RIGHT(TableM5[[#This Row],[Left]],2)))),TableLasers[],COLUMN(TableLasers[S-DPH]),FALSE),LEFT(TableM5[[#This Row],[Right]],2)*VLOOKUP(VALUE(TRIM(CLEAN(RIGHT(TableM5[[#This Row],[Right]],2)))),TableLasers[],COLUMN(TableLasers[S-DPH]),FALSE),LEFT(TableM5[[#This Row],[Up]],2)*VLOOKUP(VALUE(TRIM(CLEAN(RIGHT(TableM5[[#This Row],[Up]],2)))),TableLasers[],COLUMN(TableLasers[S-DPH]),FALSE),LEFT(TableM5[[#This Row],[Down]],2)*VLOOKUP(VALUE(TRIM(CLEAN(RIGHT(TableM5[[#This Row],[Down]],2)))),TableLasers[],COLUMN(TableLasers[S-DPH]),FALSE))","v":720},{"$f":"SUM(LEFT(TableM5[[#This Row],[Main]],2)*VLOOKUP(VALUE(TRIM(CLEAN(RIGHT(TableM5[[#This Row],[Main]],2)))),TableLasers[],COLUMN(TableLasers[H-DPH]),FALSE),LEFT(TableM5[[#This Row],[Front]],2)*VLOOKUP(VALUE(TRIM(CLEAN(RIGHT(TableM5[[#This Row],[Front]],2)))),TableLasers[],COLUMN(TableLasers[H-DPH]),FALSE),LEFT(TableM5[[#This Row],[Back]],2)*VLOOKUP(VALUE(TRIM(CLEAN(RIGHT(TableM5[[#This Row],[Back]],2)))),TableLasers[],COLUMN(TableLasers[H-DPH]),FALSE),LEFT(TableM5[[#This Row],[Left]],2)*VLOOKUP(VALUE(TRIM(CLEAN(RIGHT(TableM5[[#This Row],[Left]],2)))),TableLasers[],COLUMN(TableLasers[H-DPH]),FALSE),LEFT(TableM5[[#This Row],[Right]],2)*VLOOKUP(VALUE(TRIM(CLEAN(RIGHT(TableM5[[#This Row],[Right]],2)))),TableLasers[],COLUMN(TableLasers[H-DPH]),FALSE),LEFT(TableM5[[#This Row],[Up]],2)*VLOOKUP(VALUE(TRIM(CLEAN(RIGHT(TableM5[[#This Row],[Up]],2)))),TableLasers[],COLUMN(TableLasers[H-DPH]),FALSE),LEFT(TableM5[[#This Row],[Down]],2)*VLOOKUP(VALUE(TRIM(CLEAN(RIGHT(TableM5[[#This Row],[Down]],2)))),TableLasers[],COLUMN(TableLasers[H-DPH]),FALSE))","v":160},"04::00","00::00","00::00","00::00","00::00","00::00","00::00",4,null,null,null,null,null,null,0]
[196,"Pirates","M5","Kestrel",null,699.447,199.84200000000001,32,"S",1500,"5 MJ ",1,80,36.509675063891898,4,900,22.494599999999998,52,0,{"$f":"SUM(LEFT(TableM5[[#This Row],[Main]],2)*VLOOKUP(VALUE(TRIM(CLEAN(RIGHT(TableM5[[#This Row],[Main]],2)))),TableLasers[],COLUMN(TableLasers[S-DPH]),FALSE),LEFT(TableM5[[#This Row],[Front]],2)*VLOOKUP(VALUE(TRIM(CLEAN(RIGHT(TableM5[[#This Row],[Front]],2)))),TableLasers[],COLUMN(TableLasers[S-DPH]),FALSE),LEFT(TableM5[[#This Row],[Back]],2)*VLOOKUP(VALUE(TRIM(CLEAN(RIGHT(TableM5[[#This Row],[Back]],2)))),TableLasers[],COLUMN(TableLasers[S-DPH]),FALSE),LEFT(TableM5[[#This Row],[Left]],2)*VLOOKUP(VALUE(TRIM(CLEAN(RIGHT(TableM5[[#This Row],[Left]],2)))),TableLasers[],COLUMN(TableLasers[S-DPH]),FALSE),LEFT(TableM5[[#This Row],[Right]],2)*VLOOKUP(VALUE(TRIM(CLEAN(RIGHT(TableM5[[#This Row],[Right]],2)))),TableLasers[],COLUMN(TableLasers[S-DPH]),FALSE),LEFT(TableM5[[#This Row],[Up]],2)*VLOOKUP(VALUE(TRIM(CLEAN(RIGHT(TableM5[[#This Row],[Up]],2)))),TableLasers[],COLUMN(TableLasers[S-DPH]),FALSE),LEFT(TableM5[[#This Row],[Down]],2)*VLOOKUP(VALUE(TRIM(CLEAN(RIGHT(TableM5[[#This Row],[Down]],2)))),TableLasers[],COLUMN(TableLasers[S-DPH]),FALSE))","v":720},{"$f":"SUM(LEFT(TableM5[[#This Row],[Main]],2)*VLOOKUP(VALUE(TRIM(CLEAN(RIGHT(TableM5[[#This Row],[Main]],2)))),TableLasers[],COLUMN(TableLasers[H-DPH]),FALSE),LEFT(TableM5[[#This Row],[Front]],2)*VLOOKUP(VALUE(TRIM(CLEAN(RIGHT(TableM5[[#This Row],[Front]],2)))),TableLasers[],COLUMN(TableLasers[H-DPH]),FALSE),LEFT(TableM5[[#This Row],[Back]],2)*VLOOKUP(VALUE(TRIM(CLEAN(RIGHT(TableM5[[#This Row],[Back]],2)))),TableLasers[],COLUMN(TableLasers[H-DPH]),FALSE),LEFT(TableM5[[#This Row],[Left]],2)*VLOOKUP(VALUE(TRIM(CLEAN(RIGHT(TableM5[[#This Row],[Left]],2)))),TableLasers[],COLUMN(TableLasers[H-DPH]),FALSE),LEFT(TableM5[[#This Row],[Right]],2)*VLOOKUP(VALUE(TRIM(CLEAN(RIGHT(TableM5[[#This Row],[Right]],2)))),TableLasers[],COLUMN(TableLasers[H-DPH]),FALSE),LEFT(TableM5[[#This Row],[Up]],2)*VLOOKUP(VALUE(TRIM(CLEAN(RIGHT(TableM5[[#This Row],[Up]],2)))),TableLasers[],COLUMN(TableLasers[H-DPH]),FALSE),LEFT(TableM5[[#This Row],[Down]],2)*VLOOKUP(VALUE(TRIM(CLEAN(RIGHT(TableM5[[#This Row],[Down]],2)))),TableLasers[],COLUMN(TableLasers[H-DPH]),FALSE))","v":160},"02::00","00::00","02::00","00::00","00::00","00::00","00::00",2,null,2,null,null,null,null,0,null,0]
[205,"ATF","M5","Valkyrie",null,545.79700000000003,155.94200000000001,40,"S",800,"5 MJ ",2,140,36.509675063891898,5,1400,34.991599999999998,110,0,{"$f":"SUM(LEFT(TableM5[[#This Row],[Main]],2)*VLOOKUP(VALUE(TRIM(CLEAN(RIGHT(TableM5[[#This Row],[Main]],2)))),TableLasers[],COLUMN(TableLasers[S-DPH]),FALSE),LEFT(TableM5[[#This Row],[Front]],2)*VLOOKUP(VALUE(TRIM(CLEAN(RIGHT(TableM5[[#This Row],[Front]],2)))),TableLasers[],COLUMN(TableLasers[S-DPH]),FALSE),LEFT(TableM5[[#This Row],[Back]],2)*VLOOKUP(VALUE(TRIM(CLEAN(RIGHT(TableM5[[#This Row],[Back]],2)))),TableLasers[],COLUMN(TableLasers[S-DPH]),FALSE),LEFT(TableM5[[#This Row],[Left]],2)*VLOOKUP(VALUE(TRIM(CLEAN(RIGHT(TableM5[[#This Row],[Left]],2)))),TableLasers[],COLUMN(TableLasers[S-DPH]),FALSE),LEFT(TableM5[[#This Row],[Right]],2)*VLOOKUP(VALUE(TRIM(CLEAN(RIGHT(TableM5[[#This Row],[Right]],2)))),TableLasers[],COLUMN(TableLasers[S-DPH]),FALSE),LEFT(TableM5[[#This Row],[Up]],2)*VLOOKUP(VALUE(TRIM(CLEAN(RIGHT(TableM5[[#This Row],[Up]],2)))),TableLasers[],COLUMN(TableLasers[S-DPH]),FALSE),LEFT(TableM5[[#This Row],[Down]],2)*VLOOKUP(VALUE(TRIM(CLEAN(RIGHT(TableM5[[#This Row],[Down]],2)))),TableLasers[],COLUMN(TableLasers[S-DPH]),FALSE))","v":2600},{"$f":"SUM(LEFT(TableM5[[#This Row],[Main]],2)*VLOOKUP(VALUE(TRIM(CLEAN(RIGHT(TableM5[[#This Row],[Main]],2)))),TableLasers[],COLUMN(TableLasers[H-DPH]),FALSE),LEFT(TableM5[[#This Row],[Front]],2)*VLOOKUP(VALUE(TRIM(CLEAN(RIGHT(TableM5[[#This Row],[Front]],2)))),TableLasers[],COLUMN(TableLasers[H-DPH]),FALSE),LEFT(TableM5[[#This Row],[Back]],2)*VLOOKUP(VALUE(TRIM(CLEAN(RIGHT(TableM5[[#This Row],[Back]],2)))),TableLasers[],COLUMN(TableLasers[H-DPH]),FALSE),LEFT(TableM5[[#This Row],[Left]],2)*VLOOKUP(VALUE(TRIM(CLEAN(RIGHT(TableM5[[#This Row],[Left]],2)))),TableLasers[],COLUMN(TableLasers[H-DPH]),FALSE),LEFT(TableM5[[#This Row],[Right]],2)*VLOOKUP(VALUE(TRIM(CLEAN(RIGHT(TableM5[[#This Row],[Right]],2)))),TableLasers[],COLUMN(TableLasers[H-DPH]),FALSE),LEFT(TableM5[[#This Row],[Up]],2)*VLOOKUP(VALUE(TRIM(CLEAN(RIGHT(TableM5[[#This Row],[Up]],2)))),TableLasers[],COLUMN(TableLasers[H-DPH]),FALSE),LEFT(TableM5[[#This Row],[Down]],2)*VLOOKUP(VALUE(TRIM(CLEAN(RIGHT(TableM5[[#This Row],[Down]],2)))),TableLasers[],COLUMN(TableLasers[H-DPH]),FALSE))","v":400},"05::10","00::00","00::00","00::00","00::00","00::00","00::00",5,null,null,null,null,null,null,10]
[219,"Terran","M5","Rapier",null,498.54700000000003,142.44200000000001,40,"S",1300,"1 MJ ",5,130,15.948963317384401,2,1000,24.994,90,0,{"$f":"SUM(LEFT(TableM5[[#This Row],[Main]],2)*VLOOKUP(VALUE(TRIM(CLEAN(RIGHT(TableM5[[#This Row],[Main]],2)))),TableLasers[],COLUMN(TableLasers[S-DPH]),FALSE),LEFT(TableM5[[#This Row],[Front]],2)*VLOOKUP(VALUE(TRIM(CLEAN(RIGHT(TableM5[[#This Row],[Front]],2)))),TableLasers[],COLUMN(TableLasers[S-DPH]),FALSE),LEFT(TableM5[[#This Row],[Back]],2)*VLOOKUP(VALUE(TRIM(CLEAN(RIGHT(TableM5[[#This Row],[Back]],2)))),TableLasers[],COLUMN(TableLasers[S-DPH]),FALSE),LEFT(TableM5[[#This Row],[Left]],2)*VLOOKUP(VALUE(TRIM(CLEAN(RIGHT(TableM5[[#This Row],[Left]],2)))),TableLasers[],COLUMN(TableLasers[S-DPH]),FALSE),LEFT(TableM5[[#This Row],[Right]],2)*VLOOKUP(VALUE(TRIM(CLEAN(RIGHT(TableM5[[#This Row],[Right]],2)))),TableLasers[],COLUMN(TableLasers[S-DPH]),FALSE),LEFT(TableM5[[#This Row],[Up]],2)*VLOOKUP(VALUE(TRIM(CLEAN(RIGHT(TableM5[[#This Row],[Up]],2)))),TableLasers[],COLUMN(TableLasers[S-DPH]),FALSE),LEFT(TableM5[[#This Row],[Down]],2)*VLOOKUP(VALUE(TRIM(CLEAN(RIGHT(TableM5[[#This Row],[Down]],2)))),TableLasers[],COLUMN(TableLasers[S-DPH]),FALSE))","v":1040},{"$f":"SUM(LEFT(TableM5[[#This Row],[Main]],2)*VLOOKUP(VALUE(TRIM(CLEAN(RIGHT(TableM5[[#This Row],[Main]],2)))),TableLasers[],COLUMN(TableLasers[H-DPH]),FALSE),LEFT(TableM5[[#This Row],[Front]],2)*VLOOKUP(VALUE(TRIM(CLEAN(RIGHT(TableM5[[#This Row],[Front]],2)))),TableLasers[],COLUMN(TableLasers[H-DPH]),FALSE),LEFT(TableM5[[#This Row],[Back]],2)*VLOOKUP(VALUE(TRIM(CLEAN(RIGHT(TableM5[[#This Row],[Back]],2)))),TableLasers[],COLUMN(TableLasers[H-DPH]),FALSE),LEFT(TableM5[[#This Row],[Left]],2)*VLOOKUP(VALUE(TRIM(CLEAN(RIGHT(TableM5[[#This Row],[Left]],2)))),TableLasers[],COLUMN(TableLasers[H-DPH]),FALSE),LEFT(TableM5[[#This Row],[Right]],2)*VLOOKUP(VALUE(TRIM(CLEAN(RIGHT(TableM5[[#This Row],[Right]],2)))),TableLasers[],COLUMN(TableLasers[H-DPH]),FALSE),LEFT(TableM5[[#This Row],[Up]],2)*VLOOKUP(VALUE(TRIM(CLEAN(RIGHT(TableM5[[#This Row],[Up]],2)))),TableLasers[],COLUMN(TableLasers[H-DPH]),FALSE),LEFT(TableM5[[#This Row],[Down]],2)*VLOOKUP(VALUE(TRIM(CLEAN(RIGHT(TableM5[[#This Row],[Down]],2)))),TableLasers[],COLUMN(TableLasers[H-DPH]),FALSE))","v":160},"02::10","00::00","00::00","00::00","00::00","00::00","00::00",2,null,null,null,null,null,null,10]
[220,"Terran","M5","Keris",null,390,390,42,"L",200,"1 MJ ",1,550,7.9744816586921896,1,800,5.7144000000000004,100,0,{"$f":"SUM(LEFT(TableM5[[#This Row],[Main]],2)*VLOOKUP(VALUE(TRIM(CLEAN(RIGHT(TableM5[[#This Row],[Main]],2)))),TableLasers[],COLUMN(TableLasers[S-DPH]),FALSE),LEFT(TableM5[[#This Row],[Front]],2)*VLOOKUP(VALUE(TRIM(CLEAN(RIGHT(TableM5[[#This Row],[Front]],2)))),TableLasers[],COLUMN(TableLasers[S-DPH]),FALSE),LEFT(TableM5[[#This Row],[Back]],2)*VLOOKUP(VALUE(TRIM(CLEAN(RIGHT(TableM5[[#This Row],[Back]],2)))),TableLasers[],COLUMN(TableLasers[S-DPH]),FALSE),LEFT(TableM5[[#This Row],[Left]],2)*VLOOKUP(VALUE(TRIM(CLEAN(RIGHT(TableM5[[#This Row],[Left]],2)))),TableLasers[],COLUMN(TableLasers[S-DPH]),FALSE),LEFT(TableM5[[#This Row],[Right]],2)*VLOOKUP(VALUE(TRIM(CLEAN(RIGHT(TableM5[[#This Row],[Right]],2)))),TableLasers[],COLUMN(TableLasers[S-DPH]),FALSE),LEFT(TableM5[[#This Row],[Up]],2)*VLOOKUP(VALUE(TRIM(CLEAN(RIGHT(TableM5[[#This Row],[Up]],2)))),TableLasers[],COLUMN(TableLasers[S-DPH]),FALSE),LEFT(TableM5[[#This Row],[Down]],2)*VLOOKUP(VALUE(TRIM(CLEAN(RIGHT(TableM5[[#This Row],[Down]],2)))),TableLasers[],COLUMN(TableLasers[S-DPH]),FALSE))","v":2320},{"$f":"SUM(LEFT(TableM5[[#This Row],[Main]],2)*VLOOKUP(VALUE(TRIM(CLEAN(RIGHT(TableM5[[#This Row],[Main]],2)))),TableLasers[],COLUMN(TableLasers[H-DPH]),FALSE),LEFT(TableM5[[#This Row],[Front]],2)*VLOOKUP(VALUE(TRIM(CLEAN(RIGHT(TableM5[[#This Row],[Front]],2)))),TableLasers[],COLUMN(TableLasers[H-DPH]),FALSE),LEFT(TableM5[[#This Row],[Back]],2)*VLOOKUP(VALUE(TRIM(CLEAN(RIGHT(TableM5[[#This Row],[Back]],2)))),TableLasers[],COLUMN(TableLasers[H-DPH]),FALSE),LEFT(TableM5[[#This Row],[Left]],2)*VLOOKUP(VALUE(TRIM(CLEAN(RIGHT(TableM5[[#This Row],[Left]],2)))),TableLasers[],COLUMN(TableLasers[H-DPH]),FALSE),LEFT(TableM5[[#This Row],[Right]],2)*VLOOKUP(VALUE(TRIM(CLEAN(RIGHT(TableM5[[#This Row],[Right]],2)))),TableLasers[],COLUMN(TableLasers[H-DPH]),FALSE),LEFT(TableM5[[#This Row],[Up]],2)*VLOOKUP(VALUE(TRIM(CLEAN(RIGHT(TableM5[[#This Row],[Up]],2)))),TableLasers[],COLUMN(TableLasers[H-DPH]),FALSE),LEFT(TableM5[[#This Row],[Down]],2)*VLOOKUP(VALUE(TRIM(CLEAN(RIGHT(TableM5[[#This Row],[Down]],2)))),TableLasers[],COLUMN(TableLasers[H-DPH]),FALSE))","v":453},"01::11","00::00","00::00","00::00","00::00","00::00","00::00",1,null,null,null,null,null,null,"10,11,29,35"]
[237,"Yaki","M5","Fujin",null,558.04700000000003,159.44200000000001,44,"S",1030,"1 MJ ",3,100,7.9744816586921896,4,1050,26.2437,37,0,{"$f":"SUM(LEFT(TableM5[[#This Row],[Main]],2)*VLOOKUP(VALUE(TRIM(CLEAN(RIGHT(TableM5[[#This Row],[Main]],2)))),TableLasers[],COLUMN(TableLasers[S-DPH]),FALSE),LEFT(TableM5[[#This Row],[Front]],2)*VLOOKUP(VALUE(TRIM(CLEAN(RIGHT(TableM5[[#This Row],[Front]],2)))),TableLasers[],COLUMN(TableLasers[S-DPH]),FALSE),LEFT(TableM5[[#This Row],[Back]],2)*VLOOKUP(VALUE(TRIM(CLEAN(RIGHT(TableM5[[#This Row],[Back]],2)))),TableLasers[],COLUMN(TableLasers[S-DPH]),FALSE),LEFT(TableM5[[#This Row],[Left]],2)*VLOOKUP(VALUE(TRIM(CLEAN(RIGHT(TableM5[[#This Row],[Left]],2)))),TableLasers[],COLUMN(TableLasers[S-DPH]),FALSE),LEFT(TableM5[[#This Row],[Right]],2)*VLOOKUP(VALUE(TRIM(CLEAN(RIGHT(TableM5[[#This Row],[Right]],2)))),TableLasers[],COLUMN(TableLasers[S-DPH]),FALSE),LEFT(TableM5[[#This Row],[Up]],2)*VLOOKUP(VALUE(TRIM(CLEAN(RIGHT(TableM5[[#This Row],[Up]],2)))),TableLasers[],COLUMN(TableLasers[S-DPH]),FALSE),LEFT(TableM5[[#This Row],[Down]],2)*VLOOKUP(VALUE(TRIM(CLEAN(RIGHT(TableM5[[#This Row],[Down]],2)))),TableLasers[],COLUMN(TableLasers[S-DPH]),FALSE))","v":720},{"$f":"SUM(LEFT(TableM5[[#This Row],[Main]],2)*VLOOKUP(VALUE(TRIM(CLEAN(RIGHT(TableM5[[#This Row],[Main]],2)))),TableLasers[],COLUMN(TableLasers[H-DPH]),FALSE),LEFT(TableM5[[#This Row],[Front]],2)*VLOOKUP(VALUE(TRIM(CLEAN(RIGHT(TableM5[[#This Row],[Front]],2)))),TableLasers[],COLUMN(TableLasers[H-DPH]),FALSE),LEFT(TableM5[[#This Row],[Back]],2)*VLOOKUP(VALUE(TRIM(CLEAN(RIGHT(TableM5[[#This Row],[Back]],2)))),TableLasers[],COLUMN(TableLasers[H-DPH]),FALSE),LEFT(TableM5[[#This Row],[Left]],2)*VLOOKUP(VALUE(TRIM(CLEAN(RIGHT(TableM5[[#This Row],[Left]],2)))),TableLasers[],COLUMN(TableLasers[H-DPH]),FALSE),LEFT(TableM5[[#This Row],[Right]],2)*VLOOKUP(VALUE(TRIM(CLEAN(RIGHT(TableM5[[#This Row],[Right]],2)))),TableLasers[],COLUMN(TableLasers[H-DPH]),FALSE),LEFT(TableM5[[#This Row],[Up]],2)*VLOOKUP(VALUE(TRIM(CLEAN(RIGHT(TableM5[[#This Row],[Up]],2)))),TableLasers[],COLUMN(TableLasers[H-DPH]),FALSE),LEFT(TableM5[[#This Row],[Down]],2)*VLOOKUP(VALUE(TRIM(CLEAN(RIGHT(TableM5[[#This Row],[Down]],2)))),TableLasers[],COLUMN(TableLasers[H-DPH]),FALSE))","v":160},"04::00","00::00","00::00","00::00","00::00","00::00","00::00",4,null,null,null,null,null,null,0]
[238,"Yaki","M5","Fujin","Sentinel",552.09699999999998,157.74199999999999,44,"S",950,"5 MJ ",1,110,18.254837531945999,4,850,21.244900000000001,68,0,{"$f":"SUM(LEFT(TableM5[[#This Row],[Main]],2)*VLOOKUP(VALUE(TRIM(CLEAN(RIGHT(TableM5[[#This Row],[Main]],2)))),TableLasers[],COLUMN(TableLasers[S-DPH]),FALSE),LEFT(TableM5[[#This Row],[Front]],2)*VLOOKUP(VALUE(TRIM(CLEAN(RIGHT(TableM5[[#This Row],[Front]],2)))),TableLasers[],COLUMN(TableLasers[S-DPH]),FALSE),LEFT(TableM5[[#This Row],[Back]],2)*VLOOKUP(VALUE(TRIM(CLEAN(RIGHT(TableM5[[#This Row],[Back]],2)))),TableLasers[],COLUMN(TableLasers[S-DPH]),FALSE),LEFT(TableM5[[#This Row],[Left]],2)*VLOOKUP(VALUE(TRIM(CLEAN(RIGHT(TableM5[[#This Row],[Left]],2)))),TableLasers[],COLUMN(TableLasers[S-DPH]),FALSE),LEFT(TableM5[[#This Row],[Right]],2)*VLOOKUP(VALUE(TRIM(CLEAN(RIGHT(TableM5[[#This Row],[Right]],2)))),TableLasers[],COLUMN(TableLasers[S-DPH]),FALSE),LEFT(TableM5[[#This Row],[Up]],2)*VLOOKUP(VALUE(TRIM(CLEAN(RIGHT(TableM5[[#This Row],[Up]],2)))),TableLasers[],COLUMN(TableLasers[S-DPH]),FALSE),LEFT(TableM5[[#This Row],[Down]],2)*VLOOKUP(VALUE(TRIM(CLEAN(RIGHT(TableM5[[#This Row],[Down]],2)))),TableLasers[],COLUMN(TableLasers[S-DPH]),FALSE))","v":720},{"$f":"SUM(LEFT(TableM5[[#This Row],[Main]],2)*VLOOKUP(VALUE(TRIM(CLEAN(RIGHT(TableM5[[#This Row],[Main]],2)))),TableLasers[],COLUMN(TableLasers[H-DPH]),FALSE),LEFT(TableM5[[#This Row],[Front]],2)*VLOOKUP(VALUE(TRIM(CLEAN(RIGHT(TableM5[[#This Row],[Front]],2)))),TableLasers[],COLUMN(TableLasers[H-DPH]),FALSE),LEFT(TableM5[[#This Row],[Back]],2)*VLOOKUP(VALUE(TRIM(CLEAN(RIGHT(TableM5[[#This Row],[Back]],2)))),TableLasers[],COLUMN(TableLasers[H-DPH]),FALSE),LEFT(TableM5[[#This Row],[Left]],2)*VLOOKUP(VALUE(TRIM(CLEAN(RIGHT(TableM5[[#This Row],[Left]],2)))),TableLasers[],COLUMN(TableLasers[H-DPH]),FALSE),LEFT(TableM5[[#This Row],[Right]],2)*VLOOKUP(VALUE(TRIM(CLEAN(RIGHT(TableM5[[#This Row],[Right]],2)))),TableLasers[],COLUMN(TableLasers[H-DPH]),FALSE),LEFT(TableM5[[#This Row],[Up]],2)*VLOOKUP(VALUE(TRIM(CLEAN(RIGHT(TableM5[[#This Row],[Up]],2)))),TableLasers[],COLUMN(TableLasers[H-DPH]),FALSE),LEFT(TableM5[[#This Row],[Down]],2)*VLOOKUP(VALUE(TRIM(CLEAN(RIGHT(TableM5[[#This Row],[Down]],2)))),TableLasers[],COLUMN(TableLasers[H-DPH]),FALSE))","v":160},"04::00","00::00","00::00","00::00","00::00","00::00","00::00",4,null,null,null,null,null,null,0]
[239,"Yaki","M5","Fujin","Raider",622.09699999999998,177.74199999999999,44,"S",950,"1 MJ ",2,110,7.9744816586921896,4,1150,28.743099999999998,38,0,{"$f":"SUM(LEFT(TableM5[[#This Row],[Main]],2)*VLOOKUP(VALUE(TRIM(CLEAN(RIGHT(TableM5[[#This Row],[Main]],2)))),TableLasers[],COLUMN(TableLasers[S-DPH]),FALSE),LEFT(TableM5[[#This Row],[Front]],2)*VLOOKUP(VALUE(TRIM(CLEAN(RIGHT(TableM5[[#This Row],[Front]],2)))),TableLasers[],COLUMN(TableLasers[S-DPH]),FALSE),LEFT(TableM5[[#This Row],[Back]],2)*VLOOKUP(VALUE(TRIM(CLEAN(RIGHT(TableM5[[#This Row],[Back]],2)))),TableLasers[],COLUMN(TableLasers[S-DPH]),FALSE),LEFT(TableM5[[#This Row],[Left]],2)*VLOOKUP(VALUE(TRIM(CLEAN(RIGHT(TableM5[[#This Row],[Left]],2)))),TableLasers[],COLUMN(TableLasers[S-DPH]),FALSE),LEFT(TableM5[[#This Row],[Right]],2)*VLOOKUP(VALUE(TRIM(CLEAN(RIGHT(TableM5[[#This Row],[Right]],2)))),TableLasers[],COLUMN(TableLasers[S-DPH]),FALSE),LEFT(TableM5[[#This Row],[Up]],2)*VLOOKUP(VALUE(TRIM(CLEAN(RIGHT(TableM5[[#This Row],[Up]],2)))),TableLasers[],COLUMN(TableLasers[S-DPH]),FALSE),LEFT(TableM5[[#This Row],[Down]],2)*VLOOKUP(VALUE(TRIM(CLEAN(RIGHT(TableM5[[#This Row],[Down]],2)))),TableLasers[],COLUMN(TableLasers[S-DPH]),FALSE))","v":720},{"$f":"SUM(LEFT(TableM5[[#This Row],[Main]],2)*VLOOKUP(VALUE(TRIM(CLEAN(RIGHT(TableM5[[#This Row],[Main]],2)))),TableLasers[],COLUMN(TableLasers[H-DPH]),FALSE),LEFT(TableM5[[#This Row],[Front]],2)*VLOOKUP(VALUE(TRIM(CLEAN(RIGHT(TableM5[[#This Row],[Front]],2)))),TableLasers[],COLUMN(TableLasers[H-DPH]),FALSE),LEFT(TableM5[[#This Row],[Back]],2)*VLOOKUP(VALUE(TRIM(CLEAN(RIGHT(TableM5[[#This Row],[Back]],2)))),TableLasers[],COLUMN(TableLasers[H-DPH]),FALSE),LEFT(TableM5[[#This Row],[Left]],2)*VLOOKUP(VALUE(TRIM(CLEAN(RIGHT(TableM5[[#This Row],[Left]],2)))),TableLasers[],COLUMN(TableLasers[H-DPH]),FALSE),LEFT(TableM5[[#This Row],[Right]],2)*VLOOKUP(VALUE(TRIM(CLEAN(RIGHT(TableM5[[#This Row],[Right]],2)))),TableLasers[],COLUMN(TableLasers[H-DPH]),FALSE),LEFT(TableM5[[#This Row],[Up]],2)*VLOOKUP(VALUE(TRIM(CLEAN(RIGHT(TableM5[[#This Row],[Up]],2)))),TableLasers[],COLUMN(TableLasers[H-DPH]),FALSE),LEFT(TableM5[[#This Row],[Down]],2)*VLOOKUP(VALUE(TRIM(CLEAN(RIGHT(TableM5[[#This Row],[Down]],2)))),TableLasers[],COLUMN(TableLasers[H-DPH]),FALSE))","v":160},"04::00","00::00","00::00","00::00","00::00","00::00","00::00",4,null,null,null,null,null,null,0]
[245,"Kha'ak","M5","Scout",null,641,320.5,48,"S",600,"1 MJ ",3,100,7.9744816586921896,1,600,14.9964,27,0,{"$f":"SUM(LEFT(TableM5[[#This Row],[Main]],2)*VLOOKUP(VALUE(TRIM(CLEAN(RIGHT(TableM5[[#This Row],[Main]],2)))),TableLasers[],COLUMN(TableLasers[S-DPH]),FALSE),LEFT(TableM5[[#This Row],[Front]],2)*VLOOKUP(VALUE(TRIM(CLEAN(RIGHT(TableM5[[#This Row],[Front]],2)))),TableLasers[],COLUMN(TableLasers[S-DPH]),FALSE),LEFT(TableM5[[#This Row],[Back]],2)*VLOOKUP(VALUE(TRIM(CLEAN(RIGHT(TableM5[[#This Row],[Back]],2)))),TableLasers[],COLUMN(TableLasers[S-DPH]),FALSE),LEFT(TableM5[[#This Row],[Left]],2)*VLOOKUP(VALUE(TRIM(CLEAN(RIGHT(TableM5[[#This Row],[Left]],2)))),TableLasers[],COLUMN(TableLasers[S-DPH]),FALSE),LEFT(TableM5[[#This Row],[Right]],2)*VLOOKUP(VALUE(TRIM(CLEAN(RIGHT(TableM5[[#This Row],[Right]],2)))),TableLasers[],COLUMN(TableLasers[S-DPH]),FALSE),LEFT(TableM5[[#This Row],[Up]],2)*VLOOKUP(VALUE(TRIM(CLEAN(RIGHT(TableM5[[#This Row],[Up]],2)))),TableLasers[],COLUMN(TableLasers[S-DPH]),FALSE),LEFT(TableM5[[#This Row],[Down]],2)*VLOOKUP(VALUE(TRIM(CLEAN(RIGHT(TableM5[[#This Row],[Down]],2)))),TableLasers[],COLUMN(TableLasers[S-DPH]),FALSE))","v":1800},{"$f":"SUM(LEFT(TableM5[[#This Row],[Main]],2)*VLOOKUP(VALUE(TRIM(CLEAN(RIGHT(TableM5[[#This Row],[Main]],2)))),TableLasers[],COLUMN(TableLasers[H-DPH]),FALSE),LEFT(TableM5[[#This Row],[Front]],2)*VLOOKUP(VALUE(TRIM(CLEAN(RIGHT(TableM5[[#This Row],[Front]],2)))),TableLasers[],COLUMN(TableLasers[H-DPH]),FALSE),LEFT(TableM5[[#This Row],[Back]],2)*VLOOKUP(VALUE(TRIM(CLEAN(RIGHT(TableM5[[#This Row],[Back]],2)))),TableLasers[],COLUMN(TableLasers[H-DPH]),FALSE),LEFT(TableM5[[#This Row],[Left]],2)*VLOOKUP(VALUE(TRIM(CLEAN(RIGHT(TableM5[[#This Row],[Left]],2)))),TableLasers[],COLUMN(TableLasers[H-DPH]),FALSE),LEFT(TableM5[[#This Row],[Right]],2)*VLOOKUP(VALUE(TRIM(CLEAN(RIGHT(TableM5[[#This Row],[Right]],2)))),TableLasers[],COLUMN(TableLasers[H-DPH]),FALSE),LEFT(TableM5[[#This Row],[Up]],2)*VLOOKUP(VALUE(TRIM(CLEAN(RIGHT(TableM5[[#This Row],[Up]],2)))),TableLasers[],COLUMN(TableLasers[H-DPH]),FALSE),LEFT(TableM5[[#This Row],[Down]],2)*VLOOKUP(VALUE(TRIM(CLEAN(RIGHT(TableM5[[#This Row],[Down]],2)))),TableLasers[],COLUMN(TableLasers[H-DPH]),FALSE))","v":466},"01::42","00::00","00::00","00::00","00::00","00::00","00::00",1,null,null,null,null,null,null,42]
[267,"Argon","M5","Space Suit",null,28,14,50,"M",10,"1 MJ ",0,100,0,1,800,39.990400000000001,1,0,{"$f":"SUM(LEFT(TableM5[[#This Row],[Main]],2)*VLOOKUP(VALUE(TRIM(CLEAN(RIGHT(TableM5[[#This Row],[Main]],2)))),TableLasers[],COLUMN(TableLasers[S-DPH]),FALSE),LEFT(TableM5[[#This Row],[Front]],2)*VLOOKUP(VALUE(TRIM(CLEAN(RIGHT(TableM5[[#This Row],[Front]],2)))),TableLasers[],COLUMN(TableLasers[S-DPH]),FALSE),LEFT(TableM5[[#This Row],[Back]],2)*VLOOKUP(VALUE(TRIM(CLEAN(RIGHT(TableM5[[#This Row],[Back]],2)))),TableLasers[],COLUMN(TableLasers[S-DPH]),FALSE),LEFT(TableM5[[#This Row],[Left]],2)*VLOOKUP(VALUE(TRIM(CLEAN(RIGHT(TableM5[[#This Row],[Left]],2)))),TableLasers[],COLUMN(TableLasers[S-DPH]),FALSE),LEFT(TableM5[[#This Row],[Right]],2)*VLOOKUP(VALUE(TRIM(CLEAN(RIGHT(TableM5[[#This Row],[Right]],2)))),TableLasers[],COLUMN(TableLasers[S-DPH]),FALSE),LEFT(TableM5[[#This Row],[Up]],2)*VLOOKUP(VALUE(TRIM(CLEAN(RIGHT(TableM5[[#This Row],[Up]],2)))),TableLasers[],COLUMN(TableLasers[S-DPH]),FALSE),LEFT(TableM5[[#This Row],[Down]],2)*VLOOKUP(VALUE(TRIM(CLEAN(RIGHT(TableM5[[#This Row],[Down]],2)))),TableLasers[],COLUMN(TableLasers[S-DPH]),FALSE))","v":0},{"$f":"SUM(LEFT(TableM5[[#This Row],[Main]],2)*VLOOKUP(VALUE(TRIM(CLEAN(RIGHT(TableM5[[#This Row],[Main]],2)))),TableLasers[],COLUMN(TableLasers[H-DPH]),FALSE),LEFT(TableM5[[#This Row],[Front]],2)*VLOOKUP(VALUE(TRIM(CLEAN(RIGHT(TableM5[[#This Row],[Front]],2)))),TableLasers[],COLUMN(TableLasers[H-DPH]),FALSE),LEFT(TableM5[[#This Row],[Back]],2)*VLOOKUP(VALUE(TRIM(CLEAN(RIGHT(TableM5[[#This Row],[Back]],2)))),TableLasers[],COLUMN(TableLasers[H-DPH]),FALSE),LEFT(TableM5[[#This Row],[Left]],2)*VLOOKUP(VALUE(TRIM(CLEAN(RIGHT(TableM5[[#This Row],[Left]],2)))),TableLasers[],COLUMN(TableLasers[H-DPH]),FALSE),LEFT(TableM5[[#This Row],[Right]],2)*VLOOKUP(VALUE(TRIM(CLEAN(RIGHT(TableM5[[#This Row],[Right]],2)))),TableLasers[],COLUMN(TableLasers[H-DPH]),FALSE),LEFT(TableM5[[#This Row],[Up]],2)*VLOOKUP(VALUE(TRIM(CLEAN(RIGHT(TableM5[[#This Row],[Up]],2)))),TableLasers[],COLUMN(TableLasers[H-DPH]),FALSE),LEFT(TableM5[[#This Row],[Down]],2)*VLOOKUP(VALUE(TRIM(CLEAN(RIGHT(TableM5[[#This Row],[Down]],2)))),TableLasers[],COLUMN(TableLasers[H-DPH]),FALSE))","v":0},"00::00","00::00","00::00","00::00","00::00","00::00","00::00",1,null,null,null,null,null,null,"29,35"]
[268,"Argon","M5","Unknown Object",null,144,36,50,"S",20,"200 MJ  ",5,100,4545.4545454545496,0,10000,499.88,5,0,{"$f":"SUM(LEFT(TableM5[[#This Row],[Main]],2)*VLOOKUP(VALUE(TRIM(CLEAN(RIGHT(TableM5[[#This Row],[Main]],2)))),TableLasers[],COLUMN(TableLasers[S-DPH]),FALSE),LEFT(TableM5[[#This Row],[Front]],2)*VLOOKUP(VALUE(TRIM(CLEAN(RIGHT(TableM5[[#This Row],[Front]],2)))),TableLasers[],COLUMN(TableLasers[S-DPH]),FALSE),LEFT(TableM5[[#This Row],[Back]],2)*VLOOKUP(VALUE(TRIM(CLEAN(RIGHT(TableM5[[#This Row],[Back]],2)))),TableLasers[],COLUMN(TableLasers[S-DPH]),FALSE),LEFT(TableM5[[#This Row],[Left]],2)*VLOOKUP(VALUE(TRIM(CLEAN(RIGHT(TableM5[[#This Row],[Left]],2)))),TableLasers[],COLUMN(TableLasers[S-DPH]),FALSE),LEFT(TableM5[[#This Row],[Right]],2)*VLOOKUP(VALUE(TRIM(CLEAN(RIGHT(TableM5[[#This Row],[Right]],2)))),TableLasers[],COLUMN(TableLasers[S-DPH]),FALSE),LEFT(TableM5[[#This Row],[Up]],2)*VLOOKUP(VALUE(TRIM(CLEAN(RIGHT(TableM5[[#This Row],[Up]],2)))),TableLasers[],COLUMN(TableLasers[S-DPH]),FALSE),LEFT(TableM5[[#This Row],[Down]],2)*VLOOKUP(VALUE(TRIM(CLEAN(RIGHT(TableM5[[#This Row],[Down]],2)))),TableLasers[],COLUMN(TableLasers[S-DPH]),FALSE))","v":0},{"$f":"SUM(LEFT(TableM5[[#This Row],[Main]],2)*VLOOKUP(VALUE(TRIM(CLEAN(RIGHT(TableM5[[#This Row],[Main]],2)))),TableLasers[],COLUMN(TableLasers[H-DPH]),FALSE),LEFT(TableM5[[#This Row],[Front]],2)*VLOOKUP(VALUE(TRIM(CLEAN(RIGHT(TableM5[[#This Row],[Front]],2)))),TableLasers[],COLUMN(TableLasers[H-DPH]),FALSE),LEFT(TableM5[[#This Row],[Back]],2)*VLOOKUP(VALUE(TRIM(CLEAN(RIGHT(TableM5[[#This Row],[Back]],2)))),TableLasers[],COLUMN(TableLasers[H-DPH]),FALSE),LEFT(TableM5[[#This Row],[Left]],2)*VLOOKUP(VALUE(TRIM(CLEAN(RIGHT(TableM5[[#This Row],[Left]],2)))),TableLasers[],COLUMN(TableLasers[H-DPH]),FALSE),LEFT(TableM5[[#This Row],[Right]],2)*VLOOKUP(VALUE(TRIM(CLEAN(RIGHT(TableM5[[#This Row],[Right]],2)))),TableLasers[],COLUMN(TableLasers[H-DPH]),FALSE),LEFT(TableM5[[#This Row],[Up]],2)*VLOOKUP(VALUE(TRIM(CLEAN(RIGHT(TableM5[[#This Row],[Up]],2)))),TableLasers[],COLUMN(TableLasers[H-DPH]),FALSE),LEFT(TableM5[[#This Row],[Down]],2)*VLOOKUP(VALUE(TRIM(CLEAN(RIGHT(TableM5[[#This Row],[Down]],2)))),TableLasers[],COLUMN(TableLasers[H-DPH]),FALSE))","v":0},"00::12","00::00","00::00","00::00","00::00","00::00","00::00",null,null,null,null,null,null,null,"0,12"]
[269,"Argon","M5","Drone",null,24,6,50,"S",60,"200 MJ  ",5,100,4545.4545454545496,0,10000,499.88,0,0,{"$f":"SUM(LEFT(TableM5[[#This Row],[Main]],2)*VLOOKUP(VALUE(TRIM(CLEAN(RIGHT(TableM5[[#This Row],[Main]],2)))),TableLasers[],COLUMN(TableLasers[S-DPH]),FALSE),LEFT(TableM5[[#This Row],[Front]],2)*VLOOKUP(VALUE(TRIM(CLEAN(RIGHT(TableM5[[#This Row],[Front]],2)))),TableLasers[],COLUMN(TableLasers[S-DPH]),FALSE),LEFT(TableM5[[#This Row],[Back]],2)*VLOOKUP(VALUE(TRIM(CLEAN(RIGHT(TableM5[[#This Row],[Back]],2)))),TableLasers[],COLUMN(TableLasers[S-DPH]),FALSE),LEFT(TableM5[[#This Row],[Left]],2)*VLOOKUP(VALUE(TRIM(CLEAN(RIGHT(TableM5[[#This Row],[Left]],2)))),TableLasers[],COLUMN(TableLasers[S-DPH]),FALSE),LEFT(TableM5[[#This Row],[Right]],2)*VLOOKUP(VALUE(TRIM(CLEAN(RIGHT(TableM5[[#This Row],[Right]],2)))),TableLasers[],COLUMN(TableLasers[S-DPH]),FALSE),LEFT(TableM5[[#This Row],[Up]],2)*VLOOKUP(VALUE(TRIM(CLEAN(RIGHT(TableM5[[#This Row],[Up]],2)))),TableLasers[],COLUMN(TableLasers[S-DPH]),FALSE),LEFT(TableM5[[#This Row],[Down]],2)*VLOOKUP(VALUE(TRIM(CLEAN(RIGHT(TableM5[[#This Row],[Down]],2)))),TableLasers[],COLUMN(TableLasers[S-DPH]),FALSE))","v":0},{"$f":"SUM(LEFT(TableM5[[#This Row],[Main]],2)*VLOOKUP(VALUE(TRIM(CLEAN(RIGHT(TableM5[[#This Row],[Main]],2)))),TableLasers[],COLUMN(TableLasers[H-DPH]),FALSE),LEFT(TableM5[[#This Row],[Front]],2)*VLOOKUP(VALUE(TRIM(CLEAN(RIGHT(TableM5[[#This Row],[Front]],2)))),TableLasers[],COLUMN(TableLasers[H-DPH]),FALSE),LEFT(TableM5[[#This Row],[Back]],2)*VLOOKUP(VALUE(TRIM(CLEAN(RIGHT(TableM5[[#This Row],[Back]],2)))),TableLasers[],COLUMN(TableLasers[H-DPH]),FALSE),LEFT(TableM5[[#This Row],[Left]],2)*VLOOKUP(VALUE(TRIM(CLEAN(RIGHT(TableM5[[#This Row],[Left]],2)))),TableLasers[],COLUMN(TableLasers[H-DPH]),FALSE),LEFT(TableM5[[#This Row],[Right]],2)*VLOOKUP(VALUE(TRIM(CLEAN(RIGHT(TableM5[[#This Row],[Right]],2)))),TableLasers[],COLUMN(TableLasers[H-DPH]),FALSE),LEFT(TableM5[[#This Row],[Up]],2)*VLOOKUP(VALUE(TRIM(CLEAN(RIGHT(TableM5[[#This Row],[Up]],2)))),TableLasers[],COLUMN(TableLasers[H-DPH]),FALSE),LEFT(TableM5[[#This Row],[Down]],2)*VLOOKUP(VALUE(TRIM(CLEAN(RIGHT(TableM5[[#This Row],[Down]],2)))),TableLasers[],COLUMN(TableLasers[H-DPH]),FALSE))","v":0},"00::00","00::00","00::00","00::00","00::00","00::00","00::00"]
[270,"Argon","M5","Navigation Relay Satellite",null,0,0,50,"S",500,"1 MJ ",1,25,15.948963317384401,0,0,0,1,0,{"$f":"SUM(LEFT(TableM5[[#This Row],[Main]],2)*VLOOKUP(VALUE(TRIM(CLEAN(RIGHT(TableM5[[#This Row],[Main]],2)))),TableLasers[],COLUMN(TableLasers[S-DPH]),FALSE),LEFT(TableM5[[#This Row],[Front]],2)*VLOOKUP(VALUE(TRIM(CLEAN(RIGHT(TableM5[[#This Row],[Front]],2)))),TableLasers[],COLUMN(TableLasers[S-DPH]),FALSE),LEFT(TableM5[[#This Row],[Back]],2)*VLOOKUP(VALUE(TRIM(CLEAN(RIGHT(TableM5[[#This Row],[Back]],2)))),TableLasers[],COLUMN(TableLasers[S-DPH]),FALSE),LEFT(TableM5[[#This Row],[Left]],2)*VLOOKUP(VALUE(TRIM(CLEAN(RIGHT(TableM5[[#This Row],[Left]],2)))),TableLasers[],COLUMN(TableLasers[S-DPH]),FALSE),LEFT(TableM5[[#This Row],[Right]],2)*VLOOKUP(VALUE(TRIM(CLEAN(RIGHT(TableM5[[#This Row],[Right]],2)))),TableLasers[],COLUMN(TableLasers[S-DPH]),FALSE),LEFT(TableM5[[#This Row],[Up]],2)*VLOOKUP(VALUE(TRIM(CLEAN(RIGHT(TableM5[[#This Row],[Up]],2)))),TableLasers[],COLUMN(TableLasers[S-DPH]),FALSE),LEFT(TableM5[[#This Row],[Down]],2)*VLOOKUP(VALUE(TRIM(CLEAN(RIGHT(TableM5[[#This Row],[Down]],2)))),TableLasers[],COLUMN(TableLasers[S-DPH]),FALSE))","v":0},{"$f":"SUM(LEFT(TableM5[[#This Row],[Main]],2)*VLOOKUP(VALUE(TRIM(CLEAN(RIGHT(TableM5[[#This Row],[Main]],2)))),TableLasers[],COLUMN(TableLasers[H-DPH]),FALSE),LEFT(TableM5[[#This Row],[Front]],2)*VLOOKUP(VALUE(TRIM(CLEAN(RIGHT(TableM5[[#This Row],[Front]],2)))),TableLasers[],COLUMN(TableLasers[H-DPH]),FALSE),LEFT(TableM5[[#This Row],[Back]],2)*VLOOKUP(VALUE(TRIM(CLEAN(RIGHT(TableM5[[#This Row],[Back]],2)))),TableLasers[],COLUMN(TableLasers[H-DPH]),FALSE),LEFT(TableM5[[#This Row],[Left]],2)*VLOOKUP(VALUE(TRIM(CLEAN(RIGHT(TableM5[[#This Row],[Left]],2)))),TableLasers[],COLUMN(TableLasers[H-DPH]),FALSE),LEFT(TableM5[[#This Row],[Right]],2)*VLOOKUP(VALUE(TRIM(CLEAN(RIGHT(TableM5[[#This Row],[Right]],2)))),TableLasers[],COLUMN(TableLasers[H-DPH]),FALSE),LEFT(TableM5[[#This Row],[Up]],2)*VLOOKUP(VALUE(TRIM(CLEAN(RIGHT(TableM5[[#This Row],[Up]],2)))),TableLasers[],COLUMN(TableLasers[H-DPH]),FALSE),LEFT(TableM5[[#This Row],[Down]],2)*VLOOKUP(VALUE(TRIM(CLEAN(RIGHT(TableM5[[#This Row],[Down]],2)))),TableLasers[],COLUMN(TableLasers[H-DPH]),FALSE))","v":0},"00::00","00::00","00::00","00::00","00::00","00::00","00::00"]
[271,"Argon","M5","SQUASH Mine",null,0,0,50,"S",200,"1 MJ ",0,25,0,0,0,0,1,0,{"$f":"SUM(LEFT(TableM5[[#This Row],[Main]],2)*VLOOKUP(VALUE(TRIM(CLEAN(RIGHT(TableM5[[#This Row],[Main]],2)))),TableLasers[],COLUMN(TableLasers[S-DPH]),FALSE),LEFT(TableM5[[#This Row],[Front]],2)*VLOOKUP(VALUE(TRIM(CLEAN(RIGHT(TableM5[[#This Row],[Front]],2)))),TableLasers[],COLUMN(TableLasers[S-DPH]),FALSE),LEFT(TableM5[[#This Row],[Back]],2)*VLOOKUP(VALUE(TRIM(CLEAN(RIGHT(TableM5[[#This Row],[Back]],2)))),TableLasers[],COLUMN(TableLasers[S-DPH]),FALSE),LEFT(TableM5[[#This Row],[Left]],2)*VLOOKUP(VALUE(TRIM(CLEAN(RIGHT(TableM5[[#This Row],[Left]],2)))),TableLasers[],COLUMN(TableLasers[S-DPH]),FALSE),LEFT(TableM5[[#This Row],[Right]],2)*VLOOKUP(VALUE(TRIM(CLEAN(RIGHT(TableM5[[#This Row],[Right]],2)))),TableLasers[],COLUMN(TableLasers[S-DPH]),FALSE),LEFT(TableM5[[#This Row],[Up]],2)*VLOOKUP(VALUE(TRIM(CLEAN(RIGHT(TableM5[[#This Row],[Up]],2)))),TableLasers[],COLUMN(TableLasers[S-DPH]),FALSE),LEFT(TableM5[[#This Row],[Down]],2)*VLOOKUP(VALUE(TRIM(CLEAN(RIGHT(TableM5[[#This Row],[Down]],2)))),TableLasers[],COLUMN(TableLasers[S-DPH]),FALSE))","v":0},{"$f":"SUM(LEFT(TableM5[[#This Row],[Main]],2)*VLOOKUP(VALUE(TRIM(CLEAN(RIGHT(TableM5[[#This Row],[Main]],2)))),TableLasers[],COLUMN(TableLasers[H-DPH]),FALSE),LEFT(TableM5[[#This Row],[Front]],2)*VLOOKUP(VALUE(TRIM(CLEAN(RIGHT(TableM5[[#This Row],[Front]],2)))),TableLasers[],COLUMN(TableLasers[H-DPH]),FALSE),LEFT(TableM5[[#This Row],[Back]],2)*VLOOKUP(VALUE(TRIM(CLEAN(RIGHT(TableM5[[#This Row],[Back]],2)))),TableLasers[],COLUMN(TableLasers[H-DPH]),FALSE),LEFT(TableM5[[#This Row],[Left]],2)*VLOOKUP(VALUE(TRIM(CLEAN(RIGHT(TableM5[[#This Row],[Left]],2)))),TableLasers[],COLUMN(TableLasers[H-DPH]),FALSE),LEFT(TableM5[[#This Row],[Right]],2)*VLOOKUP(VALUE(TRIM(CLEAN(RIGHT(TableM5[[#This Row],[Right]],2)))),TableLasers[],COLUMN(TableLasers[H-DPH]),FALSE),LEFT(TableM5[[#This Row],[Up]],2)*VLOOKUP(VALUE(TRIM(CLEAN(RIGHT(TableM5[[#This Row],[Up]],2)))),TableLasers[],COLUMN(TableLasers[H-DPH]),FALSE),LEFT(TableM5[[#This Row],[Down]],2)*VLOOKUP(VALUE(TRIM(CLEAN(RIGHT(TableM5[[#This Row],[Down]],2)))),TableLasers[],COLUMN(TableLasers[H-DPH]),FALSE))","v":0},"00::00","00::00","00::00","00::00","00::00","00::00","00::00"]
[272,"Argon","M5","Fighter Drone",null,650,650,55,"M",10,"1 MJ ",0,100,0,1,250,3,2,0,{"$f":"SUM(LEFT(TableM5[[#This Row],[Main]],2)*VLOOKUP(VALUE(TRIM(CLEAN(RIGHT(TableM5[[#This Row],[Main]],2)))),TableLasers[],COLUMN(TableLasers[S-DPH]),FALSE),LEFT(TableM5[[#This Row],[Front]],2)*VLOOKUP(VALUE(TRIM(CLEAN(RIGHT(TableM5[[#This Row],[Front]],2)))),TableLasers[],COLUMN(TableLasers[S-DPH]),FALSE),LEFT(TableM5[[#This Row],[Back]],2)*VLOOKUP(VALUE(TRIM(CLEAN(RIGHT(TableM5[[#This Row],[Back]],2)))),TableLasers[],COLUMN(TableLasers[S-DPH]),FALSE),LEFT(TableM5[[#This Row],[Left]],2)*VLOOKUP(VALUE(TRIM(CLEAN(RIGHT(TableM5[[#This Row],[Left]],2)))),TableLasers[],COLUMN(TableLasers[S-DPH]),FALSE),LEFT(TableM5[[#This Row],[Right]],2)*VLOOKUP(VALUE(TRIM(CLEAN(RIGHT(TableM5[[#This Row],[Right]],2)))),TableLasers[],COLUMN(TableLasers[S-DPH]),FALSE),LEFT(TableM5[[#This Row],[Up]],2)*VLOOKUP(VALUE(TRIM(CLEAN(RIGHT(TableM5[[#This Row],[Up]],2)))),TableLasers[],COLUMN(TableLasers[S-DPH]),FALSE),LEFT(TableM5[[#This Row],[Down]],2)*VLOOKUP(VALUE(TRIM(CLEAN(RIGHT(TableM5[[#This Row],[Down]],2)))),TableLasers[],COLUMN(TableLasers[S-DPH]),FALSE))","v":640},{"$f":"SUM(LEFT(TableM5[[#This Row],[Main]],2)*VLOOKUP(VALUE(TRIM(CLEAN(RIGHT(TableM5[[#This Row],[Main]],2)))),TableLasers[],COLUMN(TableLasers[H-DPH]),FALSE),LEFT(TableM5[[#This Row],[Front]],2)*VLOOKUP(VALUE(TRIM(CLEAN(RIGHT(TableM5[[#This Row],[Front]],2)))),TableLasers[],COLUMN(TableLasers[H-DPH]),FALSE),LEFT(TableM5[[#This Row],[Back]],2)*VLOOKUP(VALUE(TRIM(CLEAN(RIGHT(TableM5[[#This Row],[Back]],2)))),TableLasers[],COLUMN(TableLasers[H-DPH]),FALSE),LEFT(TableM5[[#This Row],[Left]],2)*VLOOKUP(VALUE(TRIM(CLEAN(RIGHT(TableM5[[#This Row],[Left]],2)))),TableLasers[],COLUMN(TableLasers[H-DPH]),FALSE),LEFT(TableM5[[#This Row],[Right]],2)*VLOOKUP(VALUE(TRIM(CLEAN(RIGHT(TableM5[[#This Row],[Right]],2)))),TableLasers[],COLUMN(TableLasers[H-DPH]),FALSE),LEFT(TableM5[[#This Row],[Up]],2)*VLOOKUP(VALUE(TRIM(CLEAN(RIGHT(TableM5[[#This Row],[Up]],2)))),TableLasers[],COLUMN(TableLasers[H-DPH]),FALSE),LEFT(TableM5[[#This Row],[Down]],2)*VLOOKUP(VALUE(TRIM(CLEAN(RIGHT(TableM5[[#This Row],[Down]],2)))),TableLasers[],COLUMN(TableLasers[H-DPH]),FALSE))","v":120},"01::01","00::00","00::00","00::00","00::00","00::00","00::00",1,null,null,null,null,null,null,"0,1,29,35"]
[273,"Argon","M5","Lasertower",null,0,0,25,"XXL",25000,"200 MJ  ",1,1000,151.51515151515201,1,10000,499.88,200,0,{"$f":"SUM(LEFT(TableM5[[#This Row],[Main]],2)*VLOOKUP(VALUE(TRIM(CLEAN(RIGHT(TableM5[[#This Row],[Main]],2)))),TableLasers[],COLUMN(TableLasers[S-DPH]),FALSE),LEFT(TableM5[[#This Row],[Front]],2)*VLOOKUP(VALUE(TRIM(CLEAN(RIGHT(TableM5[[#This Row],[Front]],2)))),TableLasers[],COLUMN(TableLasers[S-DPH]),FALSE),LEFT(TableM5[[#This Row],[Back]],2)*VLOOKUP(VALUE(TRIM(CLEAN(RIGHT(TableM5[[#This Row],[Back]],2)))),TableLasers[],COLUMN(TableLasers[S-DPH]),FALSE),LEFT(TableM5[[#This Row],[Left]],2)*VLOOKUP(VALUE(TRIM(CLEAN(RIGHT(TableM5[[#This Row],[Left]],2)))),TableLasers[],COLUMN(TableLasers[S-DPH]),FALSE),LEFT(TableM5[[#This Row],[Right]],2)*VLOOKUP(VALUE(TRIM(CLEAN(RIGHT(TableM5[[#This Row],[Right]],2)))),TableLasers[],COLUMN(TableLasers[S-DPH]),FALSE),LEFT(TableM5[[#This Row],[Up]],2)*VLOOKUP(VALUE(TRIM(CLEAN(RIGHT(TableM5[[#This Row],[Up]],2)))),TableLasers[],COLUMN(TableLasers[S-DPH]),FALSE),LEFT(TableM5[[#This Row],[Down]],2)*VLOOKUP(VALUE(TRIM(CLEAN(RIGHT(TableM5[[#This Row],[Down]],2)))),TableLasers[],COLUMN(TableLasers[S-DPH]),FALSE))","v":44667},{"$f":"SUM(LEFT(TableM5[[#This Row],[Main]],2)*VLOOKUP(VALUE(TRIM(CLEAN(RIGHT(TableM5[[#This Row],[Main]],2)))),TableLasers[],COLUMN(TableLasers[H-DPH]),FALSE),LEFT(TableM5[[#This Row],[Front]],2)*VLOOKUP(VALUE(TRIM(CLEAN(RIGHT(TableM5[[#This Row],[Front]],2)))),TableLasers[],COLUMN(TableLasers[H-DPH]),FALSE),LEFT(TableM5[[#This Row],[Back]],2)*VLOOKUP(VALUE(TRIM(CLEAN(RIGHT(TableM5[[#This Row],[Back]],2)))),TableLasers[],COLUMN(TableLasers[H-DPH]),FALSE),LEFT(TableM5[[#This Row],[Left]],2)*VLOOKUP(VALUE(TRIM(CLEAN(RIGHT(TableM5[[#This Row],[Left]],2)))),TableLasers[],COLUMN(TableLasers[H-DPH]),FALSE),LEFT(TableM5[[#This Row],[Right]],2)*VLOOKUP(VALUE(TRIM(CLEAN(RIGHT(TableM5[[#This Row],[Right]],2)))),TableLasers[],COLUMN(TableLasers[H-DPH]),FALSE),LEFT(TableM5[[#This Row],[Up]],2)*VLOOKUP(VALUE(TRIM(CLEAN(RIGHT(TableM5[[#This Row],[Up]],2)))),TableLasers[],COLUMN(TableLasers[H-DPH]),FALSE),LEFT(TableM5[[#This Row],[Down]],2)*VLOOKUP(VALUE(TRIM(CLEAN(RIGHT(TableM5[[#This Row],[Down]],2)))),TableLasers[],COLUMN(TableLasers[H-DPH]),FALSE))","v":9900},"01::25","00::00","00::00","00::00","00::00","00::00","00::00",1,null,null,null,null,null,null,25]
[275,"Argon","M5","Spaceflies",null,180,180,50,"S",200,"25 MJ ",0,1,0,0,10000,499.88,0,0,{"$f":"SUM(LEFT(TableM5[[#This Row],[Main]],2)*VLOOKUP(VALUE(TRIM(CLEAN(RIGHT(TableM5[[#This Row],[Main]],2)))),TableLasers[],COLUMN(TableLasers[S-DPH]),FALSE),LEFT(TableM5[[#This Row],[Front]],2)*VLOOKUP(VALUE(TRIM(CLEAN(RIGHT(TableM5[[#This Row],[Front]],2)))),TableLasers[],COLUMN(TableLasers[S-DPH]),FALSE),LEFT(TableM5[[#This Row],[Back]],2)*VLOOKUP(VALUE(TRIM(CLEAN(RIGHT(TableM5[[#This Row],[Back]],2)))),TableLasers[],COLUMN(TableLasers[S-DPH]),FALSE),LEFT(TableM5[[#This Row],[Left]],2)*VLOOKUP(VALUE(TRIM(CLEAN(RIGHT(TableM5[[#This Row],[Left]],2)))),TableLasers[],COLUMN(TableLasers[S-DPH]),FALSE),LEFT(TableM5[[#This Row],[Right]],2)*VLOOKUP(VALUE(TRIM(CLEAN(RIGHT(TableM5[[#This Row],[Right]],2)))),TableLasers[],COLUMN(TableLasers[S-DPH]),FALSE),LEFT(TableM5[[#This Row],[Up]],2)*VLOOKUP(VALUE(TRIM(CLEAN(RIGHT(TableM5[[#This Row],[Up]],2)))),TableLasers[],COLUMN(TableLasers[S-DPH]),FALSE),LEFT(TableM5[[#This Row],[Down]],2)*VLOOKUP(VALUE(TRIM(CLEAN(RIGHT(TableM5[[#This Row],[Down]],2)))),TableLasers[],COLUMN(TableLasers[S-DPH]),FALSE))","v":0},{"$f":"SUM(LEFT(TableM5[[#This Row],[Main]],2)*VLOOKUP(VALUE(TRIM(CLEAN(RIGHT(TableM5[[#This Row],[Main]],2)))),TableLasers[],COLUMN(TableLasers[H-DPH]),FALSE),LEFT(TableM5[[#This Row],[Front]],2)*VLOOKUP(VALUE(TRIM(CLEAN(RIGHT(TableM5[[#This Row],[Front]],2)))),TableLasers[],COLUMN(TableLasers[H-DPH]),FALSE),LEFT(TableM5[[#This Row],[Back]],2)*VLOOKUP(VALUE(TRIM(CLEAN(RIGHT(TableM5[[#This Row],[Back]],2)))),TableLasers[],COLUMN(TableLasers[H-DPH]),FALSE),LEFT(TableM5[[#This Row],[Left]],2)*VLOOKUP(VALUE(TRIM(CLEAN(RIGHT(TableM5[[#This Row],[Left]],2)))),TableLasers[],COLUMN(TableLasers[H-DPH]),FALSE),LEFT(TableM5[[#This Row],[Right]],2)*VLOOKUP(VALUE(TRIM(CLEAN(RIGHT(TableM5[[#This Row],[Right]],2)))),TableLasers[],COLUMN(TableLasers[H-DPH]),FALSE),LEFT(TableM5[[#This Row],[Up]],2)*VLOOKUP(VALUE(TRIM(CLEAN(RIGHT(TableM5[[#This Row],[Up]],2)))),TableLasers[],COLUMN(TableLasers[H-DPH]),FALSE),LEFT(TableM5[[#This Row],[Down]],2)*VLOOKUP(VALUE(TRIM(CLEAN(RIGHT(TableM5[[#This Row],[Down]],2)))),TableLasers[],COLUMN(TableLasers[H-DPH]),FALSE))","v":0},"00::00","00::00","00::00","00::00","00::00","00::00","00::00"]
[276,"Argon","M5","Starburst",null,1165,291.25,50,"S",1000,"1 MJ ",2,1000,7.9744816586921896,0,1,0,35,0,{"$f":"SUM(LEFT(TableM5[[#This Row],[Main]],2)*VLOOKUP(VALUE(TRIM(CLEAN(RIGHT(TableM5[[#This Row],[Main]],2)))),TableLasers[],COLUMN(TableLasers[S-DPH]),FALSE),LEFT(TableM5[[#This Row],[Front]],2)*VLOOKUP(VALUE(TRIM(CLEAN(RIGHT(TableM5[[#This Row],[Front]],2)))),TableLasers[],COLUMN(TableLasers[S-DPH]),FALSE),LEFT(TableM5[[#This Row],[Back]],2)*VLOOKUP(VALUE(TRIM(CLEAN(RIGHT(TableM5[[#This Row],[Back]],2)))),TableLasers[],COLUMN(TableLasers[S-DPH]),FALSE),LEFT(TableM5[[#This Row],[Left]],2)*VLOOKUP(VALUE(TRIM(CLEAN(RIGHT(TableM5[[#This Row],[Left]],2)))),TableLasers[],COLUMN(TableLasers[S-DPH]),FALSE),LEFT(TableM5[[#This Row],[Right]],2)*VLOOKUP(VALUE(TRIM(CLEAN(RIGHT(TableM5[[#This Row],[Right]],2)))),TableLasers[],COLUMN(TableLasers[S-DPH]),FALSE),LEFT(TableM5[[#This Row],[Up]],2)*VLOOKUP(VALUE(TRIM(CLEAN(RIGHT(TableM5[[#This Row],[Up]],2)))),TableLasers[],COLUMN(TableLasers[S-DPH]),FALSE),LEFT(TableM5[[#This Row],[Down]],2)*VLOOKUP(VALUE(TRIM(CLEAN(RIGHT(TableM5[[#This Row],[Down]],2)))),TableLasers[],COLUMN(TableLasers[S-DPH]),FALSE))","v":0},{"$f":"SUM(LEFT(TableM5[[#This Row],[Main]],2)*VLOOKUP(VALUE(TRIM(CLEAN(RIGHT(TableM5[[#This Row],[Main]],2)))),TableLasers[],COLUMN(TableLasers[H-DPH]),FALSE),LEFT(TableM5[[#This Row],[Front]],2)*VLOOKUP(VALUE(TRIM(CLEAN(RIGHT(TableM5[[#This Row],[Front]],2)))),TableLasers[],COLUMN(TableLasers[H-DPH]),FALSE),LEFT(TableM5[[#This Row],[Back]],2)*VLOOKUP(VALUE(TRIM(CLEAN(RIGHT(TableM5[[#This Row],[Back]],2)))),TableLasers[],COLUMN(TableLasers[H-DPH]),FALSE),LEFT(TableM5[[#This Row],[Left]],2)*VLOOKUP(VALUE(TRIM(CLEAN(RIGHT(TableM5[[#This Row],[Left]],2)))),TableLasers[],COLUMN(TableLasers[H-DPH]),FALSE),LEFT(TableM5[[#This Row],[Right]],2)*VLOOKUP(VALUE(TRIM(CLEAN(RIGHT(TableM5[[#This Row],[Right]],2)))),TableLasers[],COLUMN(TableLasers[H-DPH]),FALSE),LEFT(TableM5[[#This Row],[Up]],2)*VLOOKUP(VALUE(TRIM(CLEAN(RIGHT(TableM5[[#This Row],[Up]],2)))),TableLasers[],COLUMN(TableLasers[H-DPH]),FALSE),LEFT(TableM5[[#This Row],[Down]],2)*VLOOKUP(VALUE(TRIM(CLEAN(RIGHT(TableM5[[#This Row],[Down]],2)))),TableLasers[],COLUMN(TableLasers[H-DPH]),FALSE))","v":0},"00::00","00::00","00::00","00::00","00::00","00::00","00::00"]
[277,"Boron","M5","Arrow",null,1345,336.25,50,"S",1000,"1 MJ ",2,1000,7.9744816586921896,0,1,0.01,35,0,{"$f":"SUM(LEFT(TableM5[[#This Row],[Main]],2)*VLOOKUP(VALUE(TRIM(CLEAN(RIGHT(TableM5[[#This Row],[Main]],2)))),TableLasers[],COLUMN(TableLasers[S-DPH]),FALSE),LEFT(TableM5[[#This Row],[Front]],2)*VLOOKUP(VALUE(TRIM(CLEAN(RIGHT(TableM5[[#This Row],[Front]],2)))),TableLasers[],COLUMN(TableLasers[S-DPH]),FALSE),LEFT(TableM5[[#This Row],[Back]],2)*VLOOKUP(VALUE(TRIM(CLEAN(RIGHT(TableM5[[#This Row],[Back]],2)))),TableLasers[],COLUMN(TableLasers[S-DPH]),FALSE),LEFT(TableM5[[#This Row],[Left]],2)*VLOOKUP(VALUE(TRIM(CLEAN(RIGHT(TableM5[[#This Row],[Left]],2)))),TableLasers[],COLUMN(TableLasers[S-DPH]),FALSE),LEFT(TableM5[[#This Row],[Right]],2)*VLOOKUP(VALUE(TRIM(CLEAN(RIGHT(TableM5[[#This Row],[Right]],2)))),TableLasers[],COLUMN(TableLasers[S-DPH]),FALSE),LEFT(TableM5[[#This Row],[Up]],2)*VLOOKUP(VALUE(TRIM(CLEAN(RIGHT(TableM5[[#This Row],[Up]],2)))),TableLasers[],COLUMN(TableLasers[S-DPH]),FALSE),LEFT(TableM5[[#This Row],[Down]],2)*VLOOKUP(VALUE(TRIM(CLEAN(RIGHT(TableM5[[#This Row],[Down]],2)))),TableLasers[],COLUMN(TableLasers[S-DPH]),FALSE))","v":0},{"$f":"SUM(LEFT(TableM5[[#This Row],[Main]],2)*VLOOKUP(VALUE(TRIM(CLEAN(RIGHT(TableM5[[#This Row],[Main]],2)))),TableLasers[],COLUMN(TableLasers[H-DPH]),FALSE),LEFT(TableM5[[#This Row],[Front]],2)*VLOOKUP(VALUE(TRIM(CLEAN(RIGHT(TableM5[[#This Row],[Front]],2)))),TableLasers[],COLUMN(TableLasers[H-DPH]),FALSE),LEFT(TableM5[[#This Row],[Back]],2)*VLOOKUP(VALUE(TRIM(CLEAN(RIGHT(TableM5[[#This Row],[Back]],2)))),TableLasers[],COLUMN(TableLasers[H-DPH]),FALSE),LEFT(TableM5[[#This Row],[Left]],2)*VLOOKUP(VALUE(TRIM(CLEAN(RIGHT(TableM5[[#This Row],[Left]],2)))),TableLasers[],COLUMN(TableLasers[H-DPH]),FALSE),LEFT(TableM5[[#This Row],[Right]],2)*VLOOKUP(VALUE(TRIM(CLEAN(RIGHT(TableM5[[#This Row],[Right]],2)))),TableLasers[],COLUMN(TableLasers[H-DPH]),FALSE),LEFT(TableM5[[#This Row],[Up]],2)*VLOOKUP(VALUE(TRIM(CLEAN(RIGHT(TableM5[[#This Row],[Up]],2)))),TableLasers[],COLUMN(TableLasers[H-DPH]),FALSE),LEFT(TableM5[[#This Row],[Down]],2)*VLOOKUP(VALUE(TRIM(CLEAN(RIGHT(TableM5[[#This Row],[Down]],2)))),TableLasers[],COLUMN(TableLasers[H-DPH]),FALSE))","v":0},"00::00","00::00","00::00","00::00","00::00","00::00","00::00"]
[278,"Argon","M5","Advanced Satellite",null,0,0,50,"M",500,"1 MJ ",1,25,15.948963317384401,0,0,0,1,0,{"$f":"SUM(LEFT(TableM5[[#This Row],[Main]],2)*VLOOKUP(VALUE(TRIM(CLEAN(RIGHT(TableM5[[#This Row],[Main]],2)))),TableLasers[],COLUMN(TableLasers[S-DPH]),FALSE),LEFT(TableM5[[#This Row],[Front]],2)*VLOOKUP(VALUE(TRIM(CLEAN(RIGHT(TableM5[[#This Row],[Front]],2)))),TableLasers[],COLUMN(TableLasers[S-DPH]),FALSE),LEFT(TableM5[[#This Row],[Back]],2)*VLOOKUP(VALUE(TRIM(CLEAN(RIGHT(TableM5[[#This Row],[Back]],2)))),TableLasers[],COLUMN(TableLasers[S-DPH]),FALSE),LEFT(TableM5[[#This Row],[Left]],2)*VLOOKUP(VALUE(TRIM(CLEAN(RIGHT(TableM5[[#This Row],[Left]],2)))),TableLasers[],COLUMN(TableLasers[S-DPH]),FALSE),LEFT(TableM5[[#This Row],[Right]],2)*VLOOKUP(VALUE(TRIM(CLEAN(RIGHT(TableM5[[#This Row],[Right]],2)))),TableLasers[],COLUMN(TableLasers[S-DPH]),FALSE),LEFT(TableM5[[#This Row],[Up]],2)*VLOOKUP(VALUE(TRIM(CLEAN(RIGHT(TableM5[[#This Row],[Up]],2)))),TableLasers[],COLUMN(TableLasers[S-DPH]),FALSE),LEFT(TableM5[[#This Row],[Down]],2)*VLOOKUP(VALUE(TRIM(CLEAN(RIGHT(TableM5[[#This Row],[Down]],2)))),TableLasers[],COLUMN(TableLasers[S-DPH]),FALSE))","v":0},{"$f":"SUM(LEFT(TableM5[[#This Row],[Main]],2)*VLOOKUP(VALUE(TRIM(CLEAN(RIGHT(TableM5[[#This Row],[Main]],2)))),TableLasers[],COLUMN(TableLasers[H-DPH]),FALSE),LEFT(TableM5[[#This Row],[Front]],2)*VLOOKUP(VALUE(TRIM(CLEAN(RIGHT(TableM5[[#This Row],[Front]],2)))),TableLasers[],COLUMN(TableLasers[H-DPH]),FALSE),LEFT(TableM5[[#This Row],[Back]],2)*VLOOKUP(VALUE(TRIM(CLEAN(RIGHT(TableM5[[#This Row],[Back]],2)))),TableLasers[],COLUMN(TableLasers[H-DPH]),FALSE),LEFT(TableM5[[#This Row],[Left]],2)*VLOOKUP(VALUE(TRIM(CLEAN(RIGHT(TableM5[[#This Row],[Left]],2)))),TableLasers[],COLUMN(TableLasers[H-DPH]),FALSE),LEFT(TableM5[[#This Row],[Right]],2)*VLOOKUP(VALUE(TRIM(CLEAN(RIGHT(TableM5[[#This Row],[Right]],2)))),TableLasers[],COLUMN(TableLasers[H-DPH]),FALSE),LEFT(TableM5[[#This Row],[Up]],2)*VLOOKUP(VALUE(TRIM(CLEAN(RIGHT(TableM5[[#This Row],[Up]],2)))),TableLasers[],COLUMN(TableLasers[H-DPH]),FALSE),LEFT(TableM5[[#This Row],[Down]],2)*VLOOKUP(VALUE(TRIM(CLEAN(RIGHT(TableM5[[#This Row],[Down]],2)))),TableLasers[],COLUMN(TableLasers[H-DPH]),FALSE))","v":0},"00::00","00::00","00::00","00::00","00::00","00::00","00::00"]
[279,"Argon","M5","Camera Drone",null,79,79,50,"S",30,"1 MJ ",2,100,7.9744816586921896,0,10000,499.88,2,0,{"$f":"SUM(LEFT(TableM5[[#This Row],[Main]],2)*VLOOKUP(VALUE(TRIM(CLEAN(RIGHT(TableM5[[#This Row],[Main]],2)))),TableLasers[],COLUMN(TableLasers[S-DPH]),FALSE),LEFT(TableM5[[#This Row],[Front]],2)*VLOOKUP(VALUE(TRIM(CLEAN(RIGHT(TableM5[[#This Row],[Front]],2)))),TableLasers[],COLUMN(TableLasers[S-DPH]),FALSE),LEFT(TableM5[[#This Row],[Back]],2)*VLOOKUP(VALUE(TRIM(CLEAN(RIGHT(TableM5[[#This Row],[Back]],2)))),TableLasers[],COLUMN(TableLasers[S-DPH]),FALSE),LEFT(TableM5[[#This Row],[Left]],2)*VLOOKUP(VALUE(TRIM(CLEAN(RIGHT(TableM5[[#This Row],[Left]],2)))),TableLasers[],COLUMN(TableLasers[S-DPH]),FALSE),LEFT(TableM5[[#This Row],[Right]],2)*VLOOKUP(VALUE(TRIM(CLEAN(RIGHT(TableM5[[#This Row],[Right]],2)))),TableLasers[],COLUMN(TableLasers[S-DPH]),FALSE),LEFT(TableM5[[#This Row],[Up]],2)*VLOOKUP(VALUE(TRIM(CLEAN(RIGHT(TableM5[[#This Row],[Up]],2)))),TableLasers[],COLUMN(TableLasers[S-DPH]),FALSE),LEFT(TableM5[[#This Row],[Down]],2)*VLOOKUP(VALUE(TRIM(CLEAN(RIGHT(TableM5[[#This Row],[Down]],2)))),TableLasers[],COLUMN(TableLasers[S-DPH]),FALSE))","v":0},{"$f":"SUM(LEFT(TableM5[[#This Row],[Main]],2)*VLOOKUP(VALUE(TRIM(CLEAN(RIGHT(TableM5[[#This Row],[Main]],2)))),TableLasers[],COLUMN(TableLasers[H-DPH]),FALSE),LEFT(TableM5[[#This Row],[Front]],2)*VLOOKUP(VALUE(TRIM(CLEAN(RIGHT(TableM5[[#This Row],[Front]],2)))),TableLasers[],COLUMN(TableLasers[H-DPH]),FALSE),LEFT(TableM5[[#This Row],[Back]],2)*VLOOKUP(VALUE(TRIM(CLEAN(RIGHT(TableM5[[#This Row],[Back]],2)))),TableLasers[],COLUMN(TableLasers[H-DPH]),FALSE),LEFT(TableM5[[#This Row],[Left]],2)*VLOOKUP(VALUE(TRIM(CLEAN(RIGHT(TableM5[[#This Row],[Left]],2)))),TableLasers[],COLUMN(TableLasers[H-DPH]),FALSE),LEFT(TableM5[[#This Row],[Right]],2)*VLOOKUP(VALUE(TRIM(CLEAN(RIGHT(TableM5[[#This Row],[Right]],2)))),TableLasers[],COLUMN(TableLasers[H-DPH]),FALSE),LEFT(TableM5[[#This Row],[Up]],2)*VLOOKUP(VALUE(TRIM(CLEAN(RIGHT(TableM5[[#This Row],[Up]],2)))),TableLasers[],COLUMN(TableLasers[H-DPH]),FALSE),LEFT(TableM5[[#This Row],[Down]],2)*VLOOKUP(VALUE(TRIM(CLEAN(RIGHT(TableM5[[#This Row],[Down]],2)))),TableLasers[],COLUMN(TableLasers[H-DPH]),FALSE))","v":0},"00::00","00::00","00::00","00::00","00::00","00::00","00::00",null,null,null,null,null,null,null,0]
[280,"Argon","M5","Navigational Beacon",null,0,0,50,"M",500,"1 MJ ",1,25,15.948963317384401,0,10000,499.88,10,0,{"$f":"SUM(LEFT(TableM5[[#This Row],[Main]],2)*VLOOKUP(VALUE(TRIM(CLEAN(RIGHT(TableM5[[#This Row],[Main]],2)))),TableLasers[],COLUMN(TableLasers[S-DPH]),FALSE),LEFT(TableM5[[#This Row],[Front]],2)*VLOOKUP(VALUE(TRIM(CLEAN(RIGHT(TableM5[[#This Row],[Front]],2)))),TableLasers[],COLUMN(TableLasers[S-DPH]),FALSE),LEFT(TableM5[[#This Row],[Back]],2)*VLOOKUP(VALUE(TRIM(CLEAN(RIGHT(TableM5[[#This Row],[Back]],2)))),TableLasers[],COLUMN(TableLasers[S-DPH]),FALSE),LEFT(TableM5[[#This Row],[Left]],2)*VLOOKUP(VALUE(TRIM(CLEAN(RIGHT(TableM5[[#This Row],[Left]],2)))),TableLasers[],COLUMN(TableLasers[S-DPH]),FALSE),LEFT(TableM5[[#This Row],[Right]],2)*VLOOKUP(VALUE(TRIM(CLEAN(RIGHT(TableM5[[#This Row],[Right]],2)))),TableLasers[],COLUMN(TableLasers[S-DPH]),FALSE),LEFT(TableM5[[#This Row],[Up]],2)*VLOOKUP(VALUE(TRIM(CLEAN(RIGHT(TableM5[[#This Row],[Up]],2)))),TableLasers[],COLUMN(TableLasers[S-DPH]),FALSE),LEFT(TableM5[[#This Row],[Down]],2)*VLOOKUP(VALUE(TRIM(CLEAN(RIGHT(TableM5[[#This Row],[Down]],2)))),TableLasers[],COLUMN(TableLasers[S-DPH]),FALSE))","v":0},{"$f":"SUM(LEFT(TableM5[[#This Row],[Main]],2)*VLOOKUP(VALUE(TRIM(CLEAN(RIGHT(TableM5[[#This Row],[Main]],2)))),TableLasers[],COLUMN(TableLasers[H-DPH]),FALSE),LEFT(TableM5[[#This Row],[Front]],2)*VLOOKUP(VALUE(TRIM(CLEAN(RIGHT(TableM5[[#This Row],[Front]],2)))),TableLasers[],COLUMN(TableLasers[H-DPH]),FALSE),LEFT(TableM5[[#This Row],[Back]],2)*VLOOKUP(VALUE(TRIM(CLEAN(RIGHT(TableM5[[#This Row],[Back]],2)))),TableLasers[],COLUMN(TableLasers[H-DPH]),FALSE),LEFT(TableM5[[#This Row],[Left]],2)*VLOOKUP(VALUE(TRIM(CLEAN(RIGHT(TableM5[[#This Row],[Left]],2)))),TableLasers[],COLUMN(TableLasers[H-DPH]),FALSE),LEFT(TableM5[[#This Row],[Right]],2)*VLOOKUP(VALUE(TRIM(CLEAN(RIGHT(TableM5[[#This Row],[Right]],2)))),TableLasers[],COLUMN(TableLasers[H-DPH]),FALSE),LEFT(TableM5[[#This Row],[Up]],2)*VLOOKUP(VALUE(TRIM(CLEAN(RIGHT(TableM5[[#This Row],[Up]],2)))),TableLasers[],COLUMN(TableLasers[H-DPH]),FALSE),LEFT(TableM5[[#This Row],[Down]],2)*VLOOKUP(VALUE(TRIM(CLEAN(RIGHT(TableM5[[#This Row],[Down]],2)))),TableLasers[],COLUMN(TableLasers[H-DPH]),FALSE))","v":0},"00::00","00::00","00::00","00::00","00::00","00::00","00::00"]
[284,"Argon","M5","Unknown Object",null,69.128,69.128,50,"M",80,"1 MJ ",1,100,7.9744816586921896,2,10000,499.88,2,0,{"$f":"SUM(LEFT(TableM5[[#This Row],[Main]],2)*VLOOKUP(VALUE(TRIM(CLEAN(RIGHT(TableM5[[#This Row],[Main]],2)))),TableLasers[],COLUMN(TableLasers[S-DPH]),FALSE),LEFT(TableM5[[#This Row],[Front]],2)*VLOOKUP(VALUE(TRIM(CLEAN(RIGHT(TableM5[[#This Row],[Front]],2)))),TableLasers[],COLUMN(TableLasers[S-DPH]),FALSE),LEFT(TableM5[[#This Row],[Back]],2)*VLOOKUP(VALUE(TRIM(CLEAN(RIGHT(TableM5[[#This Row],[Back]],2)))),TableLasers[],COLUMN(TableLasers[S-DPH]),FALSE),LEFT(TableM5[[#This Row],[Left]],2)*VLOOKUP(VALUE(TRIM(CLEAN(RIGHT(TableM5[[#This Row],[Left]],2)))),TableLasers[],COLUMN(TableLasers[S-DPH]),FALSE),LEFT(TableM5[[#This Row],[Right]],2)*VLOOKUP(VALUE(TRIM(CLEAN(RIGHT(TableM5[[#This Row],[Right]],2)))),TableLasers[],COLUMN(TableLasers[S-DPH]),FALSE),LEFT(TableM5[[#This Row],[Up]],2)*VLOOKUP(VALUE(TRIM(CLEAN(RIGHT(TableM5[[#This Row],[Up]],2)))),TableLasers[],COLUMN(TableLasers[S-DPH]),FALSE),LEFT(TableM5[[#This Row],[Down]],2)*VLOOKUP(VALUE(TRIM(CLEAN(RIGHT(TableM5[[#This Row],[Down]],2)))),TableLasers[],COLUMN(TableLasers[S-DPH]),FALSE))","v":0},{"$f":"SUM(LEFT(TableM5[[#This Row],[Main]],2)*VLOOKUP(VALUE(TRIM(CLEAN(RIGHT(TableM5[[#This Row],[Main]],2)))),TableLasers[],COLUMN(TableLasers[H-DPH]),FALSE),LEFT(TableM5[[#This Row],[Front]],2)*VLOOKUP(VALUE(TRIM(CLEAN(RIGHT(TableM5[[#This Row],[Front]],2)))),TableLasers[],COLUMN(TableLasers[H-DPH]),FALSE),LEFT(TableM5[[#This Row],[Back]],2)*VLOOKUP(VALUE(TRIM(CLEAN(RIGHT(TableM5[[#This Row],[Back]],2)))),TableLasers[],COLUMN(TableLasers[H-DPH]),FALSE),LEFT(TableM5[[#This Row],[Left]],2)*VLOOKUP(VALUE(TRIM(CLEAN(RIGHT(TableM5[[#This Row],[Left]],2)))),TableLasers[],COLUMN(TableLasers[H-DPH]),FALSE),LEFT(TableM5[[#This Row],[Right]],2)*VLOOKUP(VALUE(TRIM(CLEAN(RIGHT(TableM5[[#This Row],[Right]],2)))),TableLasers[],COLUMN(TableLasers[H-DPH]),FALSE),LEFT(TableM5[[#This Row],[Up]],2)*VLOOKUP(VALUE(TRIM(CLEAN(RIGHT(TableM5[[#This Row],[Up]],2)))),TableLasers[],COLUMN(TableLasers[H-DPH]),FALSE),LEFT(TableM5[[#This Row],[Down]],2)*VLOOKUP(VALUE(TRIM(CLEAN(RIGHT(TableM5[[#This Row],[Down]],2)))),TableLasers[],COLUMN(TableLasers[H-DPH]),FALSE))","v":0},"00::00","00::00","00::00","00::00","00::00","00::00","00::00",2]
[287,"Argon","M5","Advanced Spacesuit",null,60,24,50,"S",50,"1 MJ ",0,100,0,0,10000,499.88,0,0,{"$f":"SUM(LEFT(TableM5[[#This Row],[Main]],2)*VLOOKUP(VALUE(TRIM(CLEAN(RIGHT(TableM5[[#This Row],[Main]],2)))),TableLasers[],COLUMN(TableLasers[S-DPH]),FALSE),LEFT(TableM5[[#This Row],[Front]],2)*VLOOKUP(VALUE(TRIM(CLEAN(RIGHT(TableM5[[#This Row],[Front]],2)))),TableLasers[],COLUMN(TableLasers[S-DPH]),FALSE),LEFT(TableM5[[#This Row],[Back]],2)*VLOOKUP(VALUE(TRIM(CLEAN(RIGHT(TableM5[[#This Row],[Back]],2)))),TableLasers[],COLUMN(TableLasers[S-DPH]),FALSE),LEFT(TableM5[[#This Row],[Left]],2)*VLOOKUP(VALUE(TRIM(CLEAN(RIGHT(TableM5[[#This Row],[Left]],2)))),TableLasers[],COLUMN(TableLasers[S-DPH]),FALSE),LEFT(TableM5[[#This Row],[Right]],2)*VLOOKUP(VALUE(TRIM(CLEAN(RIGHT(TableM5[[#This Row],[Right]],2)))),TableLasers[],COLUMN(TableLasers[S-DPH]),FALSE),LEFT(TableM5[[#This Row],[Up]],2)*VLOOKUP(VALUE(TRIM(CLEAN(RIGHT(TableM5[[#This Row],[Up]],2)))),TableLasers[],COLUMN(TableLasers[S-DPH]),FALSE),LEFT(TableM5[[#This Row],[Down]],2)*VLOOKUP(VALUE(TRIM(CLEAN(RIGHT(TableM5[[#This Row],[Down]],2)))),TableLasers[],COLUMN(TableLasers[S-DPH]),FALSE))","v":0},{"$f":"SUM(LEFT(TableM5[[#This Row],[Main]],2)*VLOOKUP(VALUE(TRIM(CLEAN(RIGHT(TableM5[[#This Row],[Main]],2)))),TableLasers[],COLUMN(TableLasers[H-DPH]),FALSE),LEFT(TableM5[[#This Row],[Front]],2)*VLOOKUP(VALUE(TRIM(CLEAN(RIGHT(TableM5[[#This Row],[Front]],2)))),TableLasers[],COLUMN(TableLasers[H-DPH]),FALSE),LEFT(TableM5[[#This Row],[Back]],2)*VLOOKUP(VALUE(TRIM(CLEAN(RIGHT(TableM5[[#This Row],[Back]],2)))),TableLasers[],COLUMN(TableLasers[H-DPH]),FALSE),LEFT(TableM5[[#This Row],[Left]],2)*VLOOKUP(VALUE(TRIM(CLEAN(RIGHT(TableM5[[#This Row],[Left]],2)))),TableLasers[],COLUMN(TableLasers[H-DPH]),FALSE),LEFT(TableM5[[#This Row],[Right]],2)*VLOOKUP(VALUE(TRIM(CLEAN(RIGHT(TableM5[[#This Row],[Right]],2)))),TableLasers[],COLUMN(TableLasers[H-DPH]),FALSE),LEFT(TableM5[[#This Row],[Up]],2)*VLOOKUP(VALUE(TRIM(CLEAN(RIGHT(TableM5[[#This Row],[Up]],2)))),TableLasers[],COLUMN(TableLasers[H-DPH]),FALSE),LEFT(TableM5[[#This Row],[Down]],2)*VLOOKUP(VALUE(TRIM(CLEAN(RIGHT(TableM5[[#This Row],[Down]],2)))),TableLasers[],COLUMN(TableLasers[H-DPH]),FALSE))","v":0},"00::00","00::00","00::00","00::00","00::00","00::00","00::00",null,null,null,null,null,null,null,0]
[288,"Argon","M5","Advanced Spacesuit",null,90,36,50,"S",50,"1 MJ ",0,100,0,0,10000,499.88,0,0,{"$f":"SUM(LEFT(TableM5[[#This Row],[Main]],2)*VLOOKUP(VALUE(TRIM(CLEAN(RIGHT(TableM5[[#This Row],[Main]],2)))),TableLasers[],COLUMN(TableLasers[S-DPH]),FALSE),LEFT(TableM5[[#This Row],[Front]],2)*VLOOKUP(VALUE(TRIM(CLEAN(RIGHT(TableM5[[#This Row],[Front]],2)))),TableLasers[],COLUMN(TableLasers[S-DPH]),FALSE),LEFT(TableM5[[#This Row],[Back]],2)*VLOOKUP(VALUE(TRIM(CLEAN(RIGHT(TableM5[[#This Row],[Back]],2)))),TableLasers[],COLUMN(TableLasers[S-DPH]),FALSE),LEFT(TableM5[[#This Row],[Left]],2)*VLOOKUP(VALUE(TRIM(CLEAN(RIGHT(TableM5[[#This Row],[Left]],2)))),TableLasers[],COLUMN(TableLasers[S-DPH]),FALSE),LEFT(TableM5[[#This Row],[Right]],2)*VLOOKUP(VALUE(TRIM(CLEAN(RIGHT(TableM5[[#This Row],[Right]],2)))),TableLasers[],COLUMN(TableLasers[S-DPH]),FALSE),LEFT(TableM5[[#This Row],[Up]],2)*VLOOKUP(VALUE(TRIM(CLEAN(RIGHT(TableM5[[#This Row],[Up]],2)))),TableLasers[],COLUMN(TableLasers[S-DPH]),FALSE),LEFT(TableM5[[#This Row],[Down]],2)*VLOOKUP(VALUE(TRIM(CLEAN(RIGHT(TableM5[[#This Row],[Down]],2)))),TableLasers[],COLUMN(TableLasers[S-DPH]),FALSE))","v":0},{"$f":"SUM(LEFT(TableM5[[#This Row],[Main]],2)*VLOOKUP(VALUE(TRIM(CLEAN(RIGHT(TableM5[[#This Row],[Main]],2)))),TableLasers[],COLUMN(TableLasers[H-DPH]),FALSE),LEFT(TableM5[[#This Row],[Front]],2)*VLOOKUP(VALUE(TRIM(CLEAN(RIGHT(TableM5[[#This Row],[Front]],2)))),TableLasers[],COLUMN(TableLasers[H-DPH]),FALSE),LEFT(TableM5[[#This Row],[Back]],2)*VLOOKUP(VALUE(TRIM(CLEAN(RIGHT(TableM5[[#This Row],[Back]],2)))),TableLasers[],COLUMN(TableLasers[H-DPH]),FALSE),LEFT(TableM5[[#This Row],[Left]],2)*VLOOKUP(VALUE(TRIM(CLEAN(RIGHT(TableM5[[#This Row],[Left]],2)))),TableLasers[],COLUMN(TableLasers[H-DPH]),FALSE),LEFT(TableM5[[#This Row],[Right]],2)*VLOOKUP(VALUE(TRIM(CLEAN(RIGHT(TableM5[[#This Row],[Right]],2)))),TableLasers[],COLUMN(TableLasers[H-DPH]),FALSE),LEFT(TableM5[[#This Row],[Up]],2)*VLOOKUP(VALUE(TRIM(CLEAN(RIGHT(TableM5[[#This Row],[Up]],2)))),TableLasers[],COLUMN(TableLasers[H-DPH]),FALSE),LEFT(TableM5[[#This Row],[Down]],2)*VLOOKUP(VALUE(TRIM(CLEAN(RIGHT(TableM5[[#This Row],[Down]],2)))),TableLasers[],COLUMN(TableLasers[H-DPH]),FALSE))","v":0},"00::00","00::00","00::00","00::00","00::00","00::00","00::00",null,null,null,null,null,null,null,0]
[290,"Argon","M5","Lasertower",null,0,0,50,"XL",500,"1 MJ ",1,1000,7.9744816586921896,1,20000,999.76,150,0,{"$f":"SUM(LEFT(TableM5[[#This Row],[Main]],2)*VLOOKUP(VALUE(TRIM(CLEAN(RIGHT(TableM5[[#This Row],[Main]],2)))),TableLasers[],COLUMN(TableLasers[S-DPH]),FALSE),LEFT(TableM5[[#This Row],[Front]],2)*VLOOKUP(VALUE(TRIM(CLEAN(RIGHT(TableM5[[#This Row],[Front]],2)))),TableLasers[],COLUMN(TableLasers[S-DPH]),FALSE),LEFT(TableM5[[#This Row],[Back]],2)*VLOOKUP(VALUE(TRIM(CLEAN(RIGHT(TableM5[[#This Row],[Back]],2)))),TableLasers[],COLUMN(TableLasers[S-DPH]),FALSE),LEFT(TableM5[[#This Row],[Left]],2)*VLOOKUP(VALUE(TRIM(CLEAN(RIGHT(TableM5[[#This Row],[Left]],2)))),TableLasers[],COLUMN(TableLasers[S-DPH]),FALSE),LEFT(TableM5[[#This Row],[Right]],2)*VLOOKUP(VALUE(TRIM(CLEAN(RIGHT(TableM5[[#This Row],[Right]],2)))),TableLasers[],COLUMN(TableLasers[S-DPH]),FALSE),LEFT(TableM5[[#This Row],[Up]],2)*VLOOKUP(VALUE(TRIM(CLEAN(RIGHT(TableM5[[#This Row],[Up]],2)))),TableLasers[],COLUMN(TableLasers[S-DPH]),FALSE),LEFT(TableM5[[#This Row],[Down]],2)*VLOOKUP(VALUE(TRIM(CLEAN(RIGHT(TableM5[[#This Row],[Down]],2)))),TableLasers[],COLUMN(TableLasers[S-DPH]),FALSE))","v":0},{"$f":"SUM(LEFT(TableM5[[#This Row],[Main]],2)*VLOOKUP(VALUE(TRIM(CLEAN(RIGHT(TableM5[[#This Row],[Main]],2)))),TableLasers[],COLUMN(TableLasers[H-DPH]),FALSE),LEFT(TableM5[[#This Row],[Front]],2)*VLOOKUP(VALUE(TRIM(CLEAN(RIGHT(TableM5[[#This Row],[Front]],2)))),TableLasers[],COLUMN(TableLasers[H-DPH]),FALSE),LEFT(TableM5[[#This Row],[Back]],2)*VLOOKUP(VALUE(TRIM(CLEAN(RIGHT(TableM5[[#This Row],[Back]],2)))),TableLasers[],COLUMN(TableLasers[H-DPH]),FALSE),LEFT(TableM5[[#This Row],[Left]],2)*VLOOKUP(VALUE(TRIM(CLEAN(RIGHT(TableM5[[#This Row],[Left]],2)))),TableLasers[],COLUMN(TableLasers[H-DPH]),FALSE),LEFT(TableM5[[#This Row],[Right]],2)*VLOOKUP(VALUE(TRIM(CLEAN(RIGHT(TableM5[[#This Row],[Right]],2)))),TableLasers[],COLUMN(TableLasers[H-DPH]),FALSE),LEFT(TableM5[[#This Row],[Up]],2)*VLOOKUP(VALUE(TRIM(CLEAN(RIGHT(TableM5[[#This Row],[Up]],2)))),TableLasers[],COLUMN(TableLasers[H-DPH]),FALSE),LEFT(TableM5[[#This Row],[Down]],2)*VLOOKUP(VALUE(TRIM(CLEAN(RIGHT(TableM5[[#This Row],[Down]],2)))),TableLasers[],COLUMN(TableLasers[H-DPH]),FALSE))","v":0},"00::00","00::00","00::00","00::00","00::00","00::00","00::00",1]
[294,"Argon","M5","Freight Drone",null,100,100,30,"XXL",150,"1 MJ ",1,100,7.9744816586921896,0,0,0,800,0,{"$f":"SUM(LEFT(TableM5[[#This Row],[Main]],2)*VLOOKUP(VALUE(TRIM(CLEAN(RIGHT(TableM5[[#This Row],[Main]],2)))),TableLasers[],COLUMN(TableLasers[S-DPH]),FALSE),LEFT(TableM5[[#This Row],[Front]],2)*VLOOKUP(VALUE(TRIM(CLEAN(RIGHT(TableM5[[#This Row],[Front]],2)))),TableLasers[],COLUMN(TableLasers[S-DPH]),FALSE),LEFT(TableM5[[#This Row],[Back]],2)*VLOOKUP(VALUE(TRIM(CLEAN(RIGHT(TableM5[[#This Row],[Back]],2)))),TableLasers[],COLUMN(TableLasers[S-DPH]),FALSE),LEFT(TableM5[[#This Row],[Left]],2)*VLOOKUP(VALUE(TRIM(CLEAN(RIGHT(TableM5[[#This Row],[Left]],2)))),TableLasers[],COLUMN(TableLasers[S-DPH]),FALSE),LEFT(TableM5[[#This Row],[Right]],2)*VLOOKUP(VALUE(TRIM(CLEAN(RIGHT(TableM5[[#This Row],[Right]],2)))),TableLasers[],COLUMN(TableLasers[S-DPH]),FALSE),LEFT(TableM5[[#This Row],[Up]],2)*VLOOKUP(VALUE(TRIM(CLEAN(RIGHT(TableM5[[#This Row],[Up]],2)))),TableLasers[],COLUMN(TableLasers[S-DPH]),FALSE),LEFT(TableM5[[#This Row],[Down]],2)*VLOOKUP(VALUE(TRIM(CLEAN(RIGHT(TableM5[[#This Row],[Down]],2)))),TableLasers[],COLUMN(TableLasers[S-DPH]),FALSE))","v":0},{"$f":"SUM(LEFT(TableM5[[#This Row],[Main]],2)*VLOOKUP(VALUE(TRIM(CLEAN(RIGHT(TableM5[[#This Row],[Main]],2)))),TableLasers[],COLUMN(TableLasers[H-DPH]),FALSE),LEFT(TableM5[[#This Row],[Front]],2)*VLOOKUP(VALUE(TRIM(CLEAN(RIGHT(TableM5[[#This Row],[Front]],2)))),TableLasers[],COLUMN(TableLasers[H-DPH]),FALSE),LEFT(TableM5[[#This Row],[Back]],2)*VLOOKUP(VALUE(TRIM(CLEAN(RIGHT(TableM5[[#This Row],[Back]],2)))),TableLasers[],COLUMN(TableLasers[H-DPH]),FALSE),LEFT(TableM5[[#This Row],[Left]],2)*VLOOKUP(VALUE(TRIM(CLEAN(RIGHT(TableM5[[#This Row],[Left]],2)))),TableLasers[],COLUMN(TableLasers[H-DPH]),FALSE),LEFT(TableM5[[#This Row],[Right]],2)*VLOOKUP(VALUE(TRIM(CLEAN(RIGHT(TableM5[[#This Row],[Right]],2)))),TableLasers[],COLUMN(TableLasers[H-DPH]),FALSE),LEFT(TableM5[[#This Row],[Up]],2)*VLOOKUP(VALUE(TRIM(CLEAN(RIGHT(TableM5[[#This Row],[Up]],2)))),TableLasers[],COLUMN(TableLasers[H-DPH]),FALSE),LEFT(TableM5[[#This Row],[Down]],2)*VLOOKUP(VALUE(TRIM(CLEAN(RIGHT(TableM5[[#This Row],[Down]],2)))),TableLasers[],COLUMN(TableLasers[H-DPH]),FALSE))","v":0},"00::00","00::00","00::00","00::00","00::00","00::00","00::00"]
[319,"ATF","M5","Matter/Anti-Matter Mine(illegal)",null,0,0,50,"S",200,"1 MJ ",0,25,0,0,0,0,1,0,{"$f":"SUM(LEFT(TableM5[[#This Row],[Main]],2)*VLOOKUP(VALUE(TRIM(CLEAN(RIGHT(TableM5[[#This Row],[Main]],2)))),TableLasers[],COLUMN(TableLasers[S-DPH]),FALSE),LEFT(TableM5[[#This Row],[Front]],2)*VLOOKUP(VALUE(TRIM(CLEAN(RIGHT(TableM5[[#This Row],[Front]],2)))),TableLasers[],COLUMN(TableLasers[S-DPH]),FALSE),LEFT(TableM5[[#This Row],[Back]],2)*VLOOKUP(VALUE(TRIM(CLEAN(RIGHT(TableM5[[#This Row],[Back]],2)))),TableLasers[],COLUMN(TableLasers[S-DPH]),FALSE),LEFT(TableM5[[#This Row],[Left]],2)*VLOOKUP(VALUE(TRIM(CLEAN(RIGHT(TableM5[[#This Row],[Left]],2)))),TableLasers[],COLUMN(TableLasers[S-DPH]),FALSE),LEFT(TableM5[[#This Row],[Right]],2)*VLOOKUP(VALUE(TRIM(CLEAN(RIGHT(TableM5[[#This Row],[Right]],2)))),TableLasers[],COLUMN(TableLasers[S-DPH]),FALSE),LEFT(TableM5[[#This Row],[Up]],2)*VLOOKUP(VALUE(TRIM(CLEAN(RIGHT(TableM5[[#This Row],[Up]],2)))),TableLasers[],COLUMN(TableLasers[S-DPH]),FALSE),LEFT(TableM5[[#This Row],[Down]],2)*VLOOKUP(VALUE(TRIM(CLEAN(RIGHT(TableM5[[#This Row],[Down]],2)))),TableLasers[],COLUMN(TableLasers[S-DPH]),FALSE))","v":0},{"$f":"SUM(LEFT(TableM5[[#This Row],[Main]],2)*VLOOKUP(VALUE(TRIM(CLEAN(RIGHT(TableM5[[#This Row],[Main]],2)))),TableLasers[],COLUMN(TableLasers[H-DPH]),FALSE),LEFT(TableM5[[#This Row],[Front]],2)*VLOOKUP(VALUE(TRIM(CLEAN(RIGHT(TableM5[[#This Row],[Front]],2)))),TableLasers[],COLUMN(TableLasers[H-DPH]),FALSE),LEFT(TableM5[[#This Row],[Back]],2)*VLOOKUP(VALUE(TRIM(CLEAN(RIGHT(TableM5[[#This Row],[Back]],2)))),TableLasers[],COLUMN(TableLasers[H-DPH]),FALSE),LEFT(TableM5[[#This Row],[Left]],2)*VLOOKUP(VALUE(TRIM(CLEAN(RIGHT(TableM5[[#This Row],[Left]],2)))),TableLasers[],COLUMN(TableLasers[H-DPH]),FALSE),LEFT(TableM5[[#This Row],[Right]],2)*VLOOKUP(VALUE(TRIM(CLEAN(RIGHT(TableM5[[#This Row],[Right]],2)))),TableLasers[],COLUMN(TableLasers[H-DPH]),FALSE),LEFT(TableM5[[#This Row],[Up]],2)*VLOOKUP(VALUE(TRIM(CLEAN(RIGHT(TableM5[[#This Row],[Up]],2)))),TableLasers[],COLUMN(TableLasers[H-DPH]),FALSE),LEFT(TableM5[[#This Row],[Down]],2)*VLOOKUP(VALUE(TRIM(CLEAN(RIGHT(TableM5[[#This Row],[Down]],2)))),TableLasers[],COLUMN(TableLasers[H-DPH]),FALSE))","v":0},"00::00","00::00","00::00","00::00","00::00","00::00","00::00"]
[320,"Argon","M5","Tracker Mine (illegal)",null,0,0,50,"S",200,"1 MJ ",0,25,0,0,0,0,1,0,{"$f":"SUM(LEFT(TableM5[[#This Row],[Main]],2)*VLOOKUP(VALUE(TRIM(CLEAN(RIGHT(TableM5[[#This Row],[Main]],2)))),TableLasers[],COLUMN(TableLasers[S-DPH]),FALSE),LEFT(TableM5[[#This Row],[Front]],2)*VLOOKUP(VALUE(TRIM(CLEAN(RIGHT(TableM5[[#This Row],[Front]],2)))),TableLasers[],COLUMN(TableLasers[S-DPH]),FALSE),LEFT(TableM5[[#This Row],[Back]],2)*VLOOKUP(VALUE(TRIM(CLEAN(RIGHT(TableM5[[#This Row],[Back]],2)))),TableLasers[],COLUMN(TableLasers[S-DPH]),FALSE),LEFT(TableM5[[#This Row],[Left]],2)*VLOOKUP(VALUE(TRIM(CLEAN(RIGHT(TableM5[[#This Row],[Left]],2)))),TableLasers[],COLUMN(TableLasers[S-DPH]),FALSE),LEFT(TableM5[[#This Row],[Right]],2)*VLOOKUP(VALUE(TRIM(CLEAN(RIGHT(TableM5[[#This Row],[Right]],2)))),TableLasers[],COLUMN(TableLasers[S-DPH]),FALSE),LEFT(TableM5[[#This Row],[Up]],2)*VLOOKUP(VALUE(TRIM(CLEAN(RIGHT(TableM5[[#This Row],[Up]],2)))),TableLasers[],COLUMN(TableLasers[S-DPH]),FALSE),LEFT(TableM5[[#This Row],[Down]],2)*VLOOKUP(VALUE(TRIM(CLEAN(RIGHT(TableM5[[#This Row],[Down]],2)))),TableLasers[],COLUMN(TableLasers[S-DPH]),FALSE))","v":0},{"$f":"SUM(LEFT(TableM5[[#This Row],[Main]],2)*VLOOKUP(VALUE(TRIM(CLEAN(RIGHT(TableM5[[#This Row],[Main]],2)))),TableLasers[],COLUMN(TableLasers[H-DPH]),FALSE),LEFT(TableM5[[#This Row],[Front]],2)*VLOOKUP(VALUE(TRIM(CLEAN(RIGHT(TableM5[[#This Row],[Front]],2)))),TableLasers[],COLUMN(TableLasers[H-DPH]),FALSE),LEFT(TableM5[[#This Row],[Back]],2)*VLOOKUP(VALUE(TRIM(CLEAN(RIGHT(TableM5[[#This Row],[Back]],2)))),TableLasers[],COLUMN(TableLasers[H-DPH]),FALSE),LEFT(TableM5[[#This Row],[Left]],2)*VLOOKUP(VALUE(TRIM(CLEAN(RIGHT(TableM5[[#This Row],[Left]],2)))),TableLasers[],COLUMN(TableLasers[H-DPH]),FALSE),LEFT(TableM5[[#This Row],[Right]],2)*VLOOKUP(VALUE(TRIM(CLEAN(RIGHT(TableM5[[#This Row],[Right]],2)))),TableLasers[],COLUMN(TableLasers[H-DPH]),FALSE),LEFT(TableM5[[#This Row],[Up]],2)*VLOOKUP(VALUE(TRIM(CLEAN(RIGHT(TableM5[[#This Row],[Up]],2)))),TableLasers[],COLUMN(TableLasers[H-DPH]),FALSE),LEFT(TableM5[[#This Row],[Down]],2)*VLOOKUP(VALUE(TRIM(CLEAN(RIGHT(TableM5[[#This Row],[Down]],2)))),TableLasers[],COLUMN(TableLasers[H-DPH]),FALSE))","v":0},"00::00","00::00","00::00","00::00","00::00","00::00","00::00"]
[321,"Argon","M5","Ion Mine (illegal)",null,0,0,50,"S",200,"1 MJ ",0,25,0,0,0,0,1,0,{"$f":"SUM(LEFT(TableM5[[#This Row],[Main]],2)*VLOOKUP(VALUE(TRIM(CLEAN(RIGHT(TableM5[[#This Row],[Main]],2)))),TableLasers[],COLUMN(TableLasers[S-DPH]),FALSE),LEFT(TableM5[[#This Row],[Front]],2)*VLOOKUP(VALUE(TRIM(CLEAN(RIGHT(TableM5[[#This Row],[Front]],2)))),TableLasers[],COLUMN(TableLasers[S-DPH]),FALSE),LEFT(TableM5[[#This Row],[Back]],2)*VLOOKUP(VALUE(TRIM(CLEAN(RIGHT(TableM5[[#This Row],[Back]],2)))),TableLasers[],COLUMN(TableLasers[S-DPH]),FALSE),LEFT(TableM5[[#This Row],[Left]],2)*VLOOKUP(VALUE(TRIM(CLEAN(RIGHT(TableM5[[#This Row],[Left]],2)))),TableLasers[],COLUMN(TableLasers[S-DPH]),FALSE),LEFT(TableM5[[#This Row],[Right]],2)*VLOOKUP(VALUE(TRIM(CLEAN(RIGHT(TableM5[[#This Row],[Right]],2)))),TableLasers[],COLUMN(TableLasers[S-DPH]),FALSE),LEFT(TableM5[[#This Row],[Up]],2)*VLOOKUP(VALUE(TRIM(CLEAN(RIGHT(TableM5[[#This Row],[Up]],2)))),TableLasers[],COLUMN(TableLasers[S-DPH]),FALSE),LEFT(TableM5[[#This Row],[Down]],2)*VLOOKUP(VALUE(TRIM(CLEAN(RIGHT(TableM5[[#This Row],[Down]],2)))),TableLasers[],COLUMN(TableLasers[S-DPH]),FALSE))","v":0},{"$f":"SUM(LEFT(TableM5[[#This Row],[Main]],2)*VLOOKUP(VALUE(TRIM(CLEAN(RIGHT(TableM5[[#This Row],[Main]],2)))),TableLasers[],COLUMN(TableLasers[H-DPH]),FALSE),LEFT(TableM5[[#This Row],[Front]],2)*VLOOKUP(VALUE(TRIM(CLEAN(RIGHT(TableM5[[#This Row],[Front]],2)))),TableLasers[],COLUMN(TableLasers[H-DPH]),FALSE),LEFT(TableM5[[#This Row],[Back]],2)*VLOOKUP(VALUE(TRIM(CLEAN(RIGHT(TableM5[[#This Row],[Back]],2)))),TableLasers[],COLUMN(TableLasers[H-DPH]),FALSE),LEFT(TableM5[[#This Row],[Left]],2)*VLOOKUP(VALUE(TRIM(CLEAN(RIGHT(TableM5[[#This Row],[Left]],2)))),TableLasers[],COLUMN(TableLasers[H-DPH]),FALSE),LEFT(TableM5[[#This Row],[Right]],2)*VLOOKUP(VALUE(TRIM(CLEAN(RIGHT(TableM5[[#This Row],[Right]],2)))),TableLasers[],COLUMN(TableLasers[H-DPH]),FALSE),LEFT(TableM5[[#This Row],[Up]],2)*VLOOKUP(VALUE(TRIM(CLEAN(RIGHT(TableM5[[#This Row],[Up]],2)))),TableLasers[],COLUMN(TableLasers[H-DPH]),FALSE),LEFT(TableM5[[#This Row],[Down]],2)*VLOOKUP(VALUE(TRIM(CLEAN(RIGHT(TableM5[[#This Row],[Down]],2)))),TableLasers[],COLUMN(TableLasers[H-DPH]),FALSE))","v":0},"00::00","00::00","00::00","00::00","00::00","00::00","00::00"]
[324,"Argon","M5","Recon Drone (SS_WARE_RECONDRONE)",null,109,109,30,"XL",150,"1 MJ ",1,50,7.9744816586921896,0,10000,499.88,800,0,{"$f":"SUM(LEFT(TableM5[[#This Row],[Main]],2)*VLOOKUP(VALUE(TRIM(CLEAN(RIGHT(TableM5[[#This Row],[Main]],2)))),TableLasers[],COLUMN(TableLasers[S-DPH]),FALSE),LEFT(TableM5[[#This Row],[Front]],2)*VLOOKUP(VALUE(TRIM(CLEAN(RIGHT(TableM5[[#This Row],[Front]],2)))),TableLasers[],COLUMN(TableLasers[S-DPH]),FALSE),LEFT(TableM5[[#This Row],[Back]],2)*VLOOKUP(VALUE(TRIM(CLEAN(RIGHT(TableM5[[#This Row],[Back]],2)))),TableLasers[],COLUMN(TableLasers[S-DPH]),FALSE),LEFT(TableM5[[#This Row],[Left]],2)*VLOOKUP(VALUE(TRIM(CLEAN(RIGHT(TableM5[[#This Row],[Left]],2)))),TableLasers[],COLUMN(TableLasers[S-DPH]),FALSE),LEFT(TableM5[[#This Row],[Right]],2)*VLOOKUP(VALUE(TRIM(CLEAN(RIGHT(TableM5[[#This Row],[Right]],2)))),TableLasers[],COLUMN(TableLasers[S-DPH]),FALSE),LEFT(TableM5[[#This Row],[Up]],2)*VLOOKUP(VALUE(TRIM(CLEAN(RIGHT(TableM5[[#This Row],[Up]],2)))),TableLasers[],COLUMN(TableLasers[S-DPH]),FALSE),LEFT(TableM5[[#This Row],[Down]],2)*VLOOKUP(VALUE(TRIM(CLEAN(RIGHT(TableM5[[#This Row],[Down]],2)))),TableLasers[],COLUMN(TableLasers[S-DPH]),FALSE))","v":0},{"$f":"SUM(LEFT(TableM5[[#This Row],[Main]],2)*VLOOKUP(VALUE(TRIM(CLEAN(RIGHT(TableM5[[#This Row],[Main]],2)))),TableLasers[],COLUMN(TableLasers[H-DPH]),FALSE),LEFT(TableM5[[#This Row],[Front]],2)*VLOOKUP(VALUE(TRIM(CLEAN(RIGHT(TableM5[[#This Row],[Front]],2)))),TableLasers[],COLUMN(TableLasers[H-DPH]),FALSE),LEFT(TableM5[[#This Row],[Back]],2)*VLOOKUP(VALUE(TRIM(CLEAN(RIGHT(TableM5[[#This Row],[Back]],2)))),TableLasers[],COLUMN(TableLasers[H-DPH]),FALSE),LEFT(TableM5[[#This Row],[Left]],2)*VLOOKUP(VALUE(TRIM(CLEAN(RIGHT(TableM5[[#This Row],[Left]],2)))),TableLasers[],COLUMN(TableLasers[H-DPH]),FALSE),LEFT(TableM5[[#This Row],[Right]],2)*VLOOKUP(VALUE(TRIM(CLEAN(RIGHT(TableM5[[#This Row],[Right]],2)))),TableLasers[],COLUMN(TableLasers[H-DPH]),FALSE),LEFT(TableM5[[#This Row],[Up]],2)*VLOOKUP(VALUE(TRIM(CLEAN(RIGHT(TableM5[[#This Row],[Up]],2)))),TableLasers[],COLUMN(TableLasers[H-DPH]),FALSE),LEFT(TableM5[[#This Row],[Down]],2)*VLOOKUP(VALUE(TRIM(CLEAN(RIGHT(TableM5[[#This Row],[Down]],2)))),TableLasers[],COLUMN(TableLasers[H-DPH]),FALSE))","v":0},"00::00","00::00","00::00","00::00","00::00","00::00","00::00"]
[335,"Argon","M5","Advanced Discoverer",null,512.54700000000003,146.44200000000001,48,"S",1000,"1 MJ ",4,150,7.9744816586921896,4,1200,29.988,67,0,{"$f":"SUM(LEFT(TableM5[[#This Row],[Main]],2)*VLOOKUP(VALUE(TRIM(CLEAN(RIGHT(TableM5[[#This Row],[Main]],2)))),TableLasers[],COLUMN(TableLasers[S-DPH]),FALSE),LEFT(TableM5[[#This Row],[Front]],2)*VLOOKUP(VALUE(TRIM(CLEAN(RIGHT(TableM5[[#This Row],[Front]],2)))),TableLasers[],COLUMN(TableLasers[S-DPH]),FALSE),LEFT(TableM5[[#This Row],[Back]],2)*VLOOKUP(VALUE(TRIM(CLEAN(RIGHT(TableM5[[#This Row],[Back]],2)))),TableLasers[],COLUMN(TableLasers[S-DPH]),FALSE),LEFT(TableM5[[#This Row],[Left]],2)*VLOOKUP(VALUE(TRIM(CLEAN(RIGHT(TableM5[[#This Row],[Left]],2)))),TableLasers[],COLUMN(TableLasers[S-DPH]),FALSE),LEFT(TableM5[[#This Row],[Right]],2)*VLOOKUP(VALUE(TRIM(CLEAN(RIGHT(TableM5[[#This Row],[Right]],2)))),TableLasers[],COLUMN(TableLasers[S-DPH]),FALSE),LEFT(TableM5[[#This Row],[Up]],2)*VLOOKUP(VALUE(TRIM(CLEAN(RIGHT(TableM5[[#This Row],[Up]],2)))),TableLasers[],COLUMN(TableLasers[S-DPH]),FALSE),LEFT(TableM5[[#This Row],[Down]],2)*VLOOKUP(VALUE(TRIM(CLEAN(RIGHT(TableM5[[#This Row],[Down]],2)))),TableLasers[],COLUMN(TableLasers[S-DPH]),FALSE))","v":720},{"$f":"SUM(LEFT(TableM5[[#This Row],[Main]],2)*VLOOKUP(VALUE(TRIM(CLEAN(RIGHT(TableM5[[#This Row],[Main]],2)))),TableLasers[],COLUMN(TableLasers[H-DPH]),FALSE),LEFT(TableM5[[#This Row],[Front]],2)*VLOOKUP(VALUE(TRIM(CLEAN(RIGHT(TableM5[[#This Row],[Front]],2)))),TableLasers[],COLUMN(TableLasers[H-DPH]),FALSE),LEFT(TableM5[[#This Row],[Back]],2)*VLOOKUP(VALUE(TRIM(CLEAN(RIGHT(TableM5[[#This Row],[Back]],2)))),TableLasers[],COLUMN(TableLasers[H-DPH]),FALSE),LEFT(TableM5[[#This Row],[Left]],2)*VLOOKUP(VALUE(TRIM(CLEAN(RIGHT(TableM5[[#This Row],[Left]],2)))),TableLasers[],COLUMN(TableLasers[H-DPH]),FALSE),LEFT(TableM5[[#This Row],[Right]],2)*VLOOKUP(VALUE(TRIM(CLEAN(RIGHT(TableM5[[#This Row],[Right]],2)))),TableLasers[],COLUMN(TableLasers[H-DPH]),FALSE),LEFT(TableM5[[#This Row],[Up]],2)*VLOOKUP(VALUE(TRIM(CLEAN(RIGHT(TableM5[[#This Row],[Up]],2)))),TableLasers[],COLUMN(TableLasers[H-DPH]),FALSE),LEFT(TableM5[[#This Row],[Down]],2)*VLOOKUP(VALUE(TRIM(CLEAN(RIGHT(TableM5[[#This Row],[Down]],2)))),TableLasers[],COLUMN(TableLasers[H-DPH]),FALSE))","v":160},"04::00","00::00","00::00","00::00","00::00","00::00","00::00",4,null,null,null,null,null,null,0,null,null,null,null,null,null,0]
[340,"Split","M5","Enhanced Jaguar",null,677.04700000000003,193.44200000000001,40,"S",900,"1 MJ ",2,100,7.9744816586921896,4,1440,36,40,0,{"$f":"SUM(LEFT(TableM5[[#This Row],[Main]],2)*VLOOKUP(VALUE(TRIM(CLEAN(RIGHT(TableM5[[#This Row],[Main]],2)))),TableLasers[],COLUMN(TableLasers[S-DPH]),FALSE),LEFT(TableM5[[#This Row],[Front]],2)*VLOOKUP(VALUE(TRIM(CLEAN(RIGHT(TableM5[[#This Row],[Front]],2)))),TableLasers[],COLUMN(TableLasers[S-DPH]),FALSE),LEFT(TableM5[[#This Row],[Back]],2)*VLOOKUP(VALUE(TRIM(CLEAN(RIGHT(TableM5[[#This Row],[Back]],2)))),TableLasers[],COLUMN(TableLasers[S-DPH]),FALSE),LEFT(TableM5[[#This Row],[Left]],2)*VLOOKUP(VALUE(TRIM(CLEAN(RIGHT(TableM5[[#This Row],[Left]],2)))),TableLasers[],COLUMN(TableLasers[S-DPH]),FALSE),LEFT(TableM5[[#This Row],[Right]],2)*VLOOKUP(VALUE(TRIM(CLEAN(RIGHT(TableM5[[#This Row],[Right]],2)))),TableLasers[],COLUMN(TableLasers[S-DPH]),FALSE),LEFT(TableM5[[#This Row],[Up]],2)*VLOOKUP(VALUE(TRIM(CLEAN(RIGHT(TableM5[[#This Row],[Up]],2)))),TableLasers[],COLUMN(TableLasers[S-DPH]),FALSE),LEFT(TableM5[[#This Row],[Down]],2)*VLOOKUP(VALUE(TRIM(CLEAN(RIGHT(TableM5[[#This Row],[Down]],2)))),TableLasers[],COLUMN(TableLasers[S-DPH]),FALSE))","v":720},{"$f":"SUM(LEFT(TableM5[[#This Row],[Main]],2)*VLOOKUP(VALUE(TRIM(CLEAN(RIGHT(TableM5[[#This Row],[Main]],2)))),TableLasers[],COLUMN(TableLasers[H-DPH]),FALSE),LEFT(TableM5[[#This Row],[Front]],2)*VLOOKUP(VALUE(TRIM(CLEAN(RIGHT(TableM5[[#This Row],[Front]],2)))),TableLasers[],COLUMN(TableLasers[H-DPH]),FALSE),LEFT(TableM5[[#This Row],[Back]],2)*VLOOKUP(VALUE(TRIM(CLEAN(RIGHT(TableM5[[#This Row],[Back]],2)))),TableLasers[],COLUMN(TableLasers[H-DPH]),FALSE),LEFT(TableM5[[#This Row],[Left]],2)*VLOOKUP(VALUE(TRIM(CLEAN(RIGHT(TableM5[[#This Row],[Left]],2)))),TableLasers[],COLUMN(TableLasers[H-DPH]),FALSE),LEFT(TableM5[[#This Row],[Right]],2)*VLOOKUP(VALUE(TRIM(CLEAN(RIGHT(TableM5[[#This Row],[Right]],2)))),TableLasers[],COLUMN(TableLasers[H-DPH]),FALSE),LEFT(TableM5[[#This Row],[Up]],2)*VLOOKUP(VALUE(TRIM(CLEAN(RIGHT(TableM5[[#This Row],[Up]],2)))),TableLasers[],COLUMN(TableLasers[H-DPH]),FALSE),LEFT(TableM5[[#This Row],[Down]],2)*VLOOKUP(VALUE(TRIM(CLEAN(RIGHT(TableM5[[#This Row],[Down]],2)))),TableLasers[],COLUMN(TableLasers[H-DPH]),FALSE))","v":160},"04::00","00::00","00::00","00::00","00::00","00::00","00::00",4,null,null,null,null,null,null,0]
[355,"Teladi","M5","Advanced Kestrel",null,719.4384,199.84399999999999,32,"S",2500,"5 MJ ",2,145,36.509675063891898,4,1200,33.428400000000003,80,0,{"$f":"SUM(LEFT(TableM5[[#This Row],[Main]],2)*VLOOKUP(VALUE(TRIM(CLEAN(RIGHT(TableM5[[#This Row],[Main]],2)))),TableLasers[],COLUMN(TableLasers[S-DPH]),FALSE),LEFT(TableM5[[#This Row],[Front]],2)*VLOOKUP(VALUE(TRIM(CLEAN(RIGHT(TableM5[[#This Row],[Front]],2)))),TableLasers[],COLUMN(TableLasers[S-DPH]),FALSE),LEFT(TableM5[[#This Row],[Back]],2)*VLOOKUP(VALUE(TRIM(CLEAN(RIGHT(TableM5[[#This Row],[Back]],2)))),TableLasers[],COLUMN(TableLasers[S-DPH]),FALSE),LEFT(TableM5[[#This Row],[Left]],2)*VLOOKUP(VALUE(TRIM(CLEAN(RIGHT(TableM5[[#This Row],[Left]],2)))),TableLasers[],COLUMN(TableLasers[S-DPH]),FALSE),LEFT(TableM5[[#This Row],[Right]],2)*VLOOKUP(VALUE(TRIM(CLEAN(RIGHT(TableM5[[#This Row],[Right]],2)))),TableLasers[],COLUMN(TableLasers[S-DPH]),FALSE),LEFT(TableM5[[#This Row],[Up]],2)*VLOOKUP(VALUE(TRIM(CLEAN(RIGHT(TableM5[[#This Row],[Up]],2)))),TableLasers[],COLUMN(TableLasers[S-DPH]),FALSE),LEFT(TableM5[[#This Row],[Down]],2)*VLOOKUP(VALUE(TRIM(CLEAN(RIGHT(TableM5[[#This Row],[Down]],2)))),TableLasers[],COLUMN(TableLasers[S-DPH]),FALSE))","v":360},{"$f":"SUM(LEFT(TableM5[[#This Row],[Main]],2)*VLOOKUP(VALUE(TRIM(CLEAN(RIGHT(TableM5[[#This Row],[Main]],2)))),TableLasers[],COLUMN(TableLasers[H-DPH]),FALSE),LEFT(TableM5[[#This Row],[Front]],2)*VLOOKUP(VALUE(TRIM(CLEAN(RIGHT(TableM5[[#This Row],[Front]],2)))),TableLasers[],COLUMN(TableLasers[H-DPH]),FALSE),LEFT(TableM5[[#This Row],[Back]],2)*VLOOKUP(VALUE(TRIM(CLEAN(RIGHT(TableM5[[#This Row],[Back]],2)))),TableLasers[],COLUMN(TableLasers[H-DPH]),FALSE),LEFT(TableM5[[#This Row],[Left]],2)*VLOOKUP(VALUE(TRIM(CLEAN(RIGHT(TableM5[[#This Row],[Left]],2)))),TableLasers[],COLUMN(TableLasers[H-DPH]),FALSE),LEFT(TableM5[[#This Row],[Right]],2)*VLOOKUP(VALUE(TRIM(CLEAN(RIGHT(TableM5[[#This Row],[Right]],2)))),TableLasers[],COLUMN(TableLasers[H-DPH]),FALSE),LEFT(TableM5[[#This Row],[Up]],2)*VLOOKUP(VALUE(TRIM(CLEAN(RIGHT(TableM5[[#This Row],[Up]],2)))),TableLasers[],COLUMN(TableLasers[H-DPH]),FALSE),LEFT(TableM5[[#This Row],[Down]],2)*VLOOKUP(VALUE(TRIM(CLEAN(RIGHT(TableM5[[#This Row],[Down]],2)))),TableLasers[],COLUMN(TableLasers[H-DPH]),FALSE))","v":80},"02::00","00::00","00::00","00::00","00::00","00::00","00::00",2,null,2,null,null,null,null,0,null,null,null,null,null,null,0]
[359,"Argon","M5","Jump Beacon",null,0,0,50,"M",500,"1 MJ ",1,25,15.948963317384401,0,10000,499.88,10,0,{"$f":"SUM(LEFT(TableM5[[#This Row],[Main]],2)*VLOOKUP(VALUE(TRIM(CLEAN(RIGHT(TableM5[[#This Row],[Main]],2)))),TableLasers[],COLUMN(TableLasers[S-DPH]),FALSE),LEFT(TableM5[[#This Row],[Front]],2)*VLOOKUP(VALUE(TRIM(CLEAN(RIGHT(TableM5[[#This Row],[Front]],2)))),TableLasers[],COLUMN(TableLasers[S-DPH]),FALSE),LEFT(TableM5[[#This Row],[Back]],2)*VLOOKUP(VALUE(TRIM(CLEAN(RIGHT(TableM5[[#This Row],[Back]],2)))),TableLasers[],COLUMN(TableLasers[S-DPH]),FALSE),LEFT(TableM5[[#This Row],[Left]],2)*VLOOKUP(VALUE(TRIM(CLEAN(RIGHT(TableM5[[#This Row],[Left]],2)))),TableLasers[],COLUMN(TableLasers[S-DPH]),FALSE),LEFT(TableM5[[#This Row],[Right]],2)*VLOOKUP(VALUE(TRIM(CLEAN(RIGHT(TableM5[[#This Row],[Right]],2)))),TableLasers[],COLUMN(TableLasers[S-DPH]),FALSE),LEFT(TableM5[[#This Row],[Up]],2)*VLOOKUP(VALUE(TRIM(CLEAN(RIGHT(TableM5[[#This Row],[Up]],2)))),TableLasers[],COLUMN(TableLasers[S-DPH]),FALSE),LEFT(TableM5[[#This Row],[Down]],2)*VLOOKUP(VALUE(TRIM(CLEAN(RIGHT(TableM5[[#This Row],[Down]],2)))),TableLasers[],COLUMN(TableLasers[S-DPH]),FALSE))","v":0},{"$f":"SUM(LEFT(TableM5[[#This Row],[Main]],2)*VLOOKUP(VALUE(TRIM(CLEAN(RIGHT(TableM5[[#This Row],[Main]],2)))),TableLasers[],COLUMN(TableLasers[H-DPH]),FALSE),LEFT(TableM5[[#This Row],[Front]],2)*VLOOKUP(VALUE(TRIM(CLEAN(RIGHT(TableM5[[#This Row],[Front]],2)))),TableLasers[],COLUMN(TableLasers[H-DPH]),FALSE),LEFT(TableM5[[#This Row],[Back]],2)*VLOOKUP(VALUE(TRIM(CLEAN(RIGHT(TableM5[[#This Row],[Back]],2)))),TableLasers[],COLUMN(TableLasers[H-DPH]),FALSE),LEFT(TableM5[[#This Row],[Left]],2)*VLOOKUP(VALUE(TRIM(CLEAN(RIGHT(TableM5[[#This Row],[Left]],2)))),TableLasers[],COLUMN(TableLasers[H-DPH]),FALSE),LEFT(TableM5[[#This Row],[Right]],2)*VLOOKUP(VALUE(TRIM(CLEAN(RIGHT(TableM5[[#This Row],[Right]],2)))),TableLasers[],COLUMN(TableLasers[H-DPH]),FALSE),LEFT(TableM5[[#This Row],[Up]],2)*VLOOKUP(VALUE(TRIM(CLEAN(RIGHT(TableM5[[#This Row],[Up]],2)))),TableLasers[],COLUMN(TableLasers[H-DPH]),FALSE),LEFT(TableM5[[#This Row],[Down]],2)*VLOOKUP(VALUE(TRIM(CLEAN(RIGHT(TableM5[[#This Row],[Down]],2)))),TableLasers[],COLUMN(TableLasers[H-DPH]),FALSE))","v":0},"00::00","00::00","00::00","00::00","00::00","00::00","00::00"]
[360,"Argon","M5","Message Drone",null,375,375,30,"XL",150,"1 MJ ",1,50,7.9744816586921896,0,10000,499.88,25,0,{"$f":"SUM(LEFT(TableM5[[#This Row],[Main]],2)*VLOOKUP(VALUE(TRIM(CLEAN(RIGHT(TableM5[[#This Row],[Main]],2)))),TableLasers[],COLUMN(TableLasers[S-DPH]),FALSE),LEFT(TableM5[[#This Row],[Front]],2)*VLOOKUP(VALUE(TRIM(CLEAN(RIGHT(TableM5[[#This Row],[Front]],2)))),TableLasers[],COLUMN(TableLasers[S-DPH]),FALSE),LEFT(TableM5[[#This Row],[Back]],2)*VLOOKUP(VALUE(TRIM(CLEAN(RIGHT(TableM5[[#This Row],[Back]],2)))),TableLasers[],COLUMN(TableLasers[S-DPH]),FALSE),LEFT(TableM5[[#This Row],[Left]],2)*VLOOKUP(VALUE(TRIM(CLEAN(RIGHT(TableM5[[#This Row],[Left]],2)))),TableLasers[],COLUMN(TableLasers[S-DPH]),FALSE),LEFT(TableM5[[#This Row],[Right]],2)*VLOOKUP(VALUE(TRIM(CLEAN(RIGHT(TableM5[[#This Row],[Right]],2)))),TableLasers[],COLUMN(TableLasers[S-DPH]),FALSE),LEFT(TableM5[[#This Row],[Up]],2)*VLOOKUP(VALUE(TRIM(CLEAN(RIGHT(TableM5[[#This Row],[Up]],2)))),TableLasers[],COLUMN(TableLasers[S-DPH]),FALSE),LEFT(TableM5[[#This Row],[Down]],2)*VLOOKUP(VALUE(TRIM(CLEAN(RIGHT(TableM5[[#This Row],[Down]],2)))),TableLasers[],COLUMN(TableLasers[S-DPH]),FALSE))","v":0},{"$f":"SUM(LEFT(TableM5[[#This Row],[Main]],2)*VLOOKUP(VALUE(TRIM(CLEAN(RIGHT(TableM5[[#This Row],[Main]],2)))),TableLasers[],COLUMN(TableLasers[H-DPH]),FALSE),LEFT(TableM5[[#This Row],[Front]],2)*VLOOKUP(VALUE(TRIM(CLEAN(RIGHT(TableM5[[#This Row],[Front]],2)))),TableLasers[],COLUMN(TableLasers[H-DPH]),FALSE),LEFT(TableM5[[#This Row],[Back]],2)*VLOOKUP(VALUE(TRIM(CLEAN(RIGHT(TableM5[[#This Row],[Back]],2)))),TableLasers[],COLUMN(TableLasers[H-DPH]),FALSE),LEFT(TableM5[[#This Row],[Left]],2)*VLOOKUP(VALUE(TRIM(CLEAN(RIGHT(TableM5[[#This Row],[Left]],2)))),TableLasers[],COLUMN(TableLasers[H-DPH]),FALSE),LEFT(TableM5[[#This Row],[Right]],2)*VLOOKUP(VALUE(TRIM(CLEAN(RIGHT(TableM5[[#This Row],[Right]],2)))),TableLasers[],COLUMN(TableLasers[H-DPH]),FALSE),LEFT(TableM5[[#This Row],[Up]],2)*VLOOKUP(VALUE(TRIM(CLEAN(RIGHT(TableM5[[#This Row],[Up]],2)))),TableLasers[],COLUMN(TableLasers[H-DPH]),FALSE),LEFT(TableM5[[#This Row],[Down]],2)*VLOOKUP(VALUE(TRIM(CLEAN(RIGHT(TableM5[[#This Row],[Down]],2)))),TableLasers[],COLUMN(TableLasers[H-DPH]),FALSE))","v":0},"00::00","00::00","00::00","00::00","00::00","00::00","00::00"]
[362,"Terran","M5","#deca.fade (speak dekka-fade)",null,555.79999999999995,138.94999999999999,60,"S",1200,"1 MJ ",6,200,7.9744816586921896,6,2000,49.988,62,0,{"$f":"SUM(LEFT(TableM5[[#This Row],[Main]],2)*VLOOKUP(VALUE(TRIM(CLEAN(RIGHT(TableM5[[#This Row],[Main]],2)))),TableLasers[],COLUMN(TableLasers[S-DPH]),FALSE),LEFT(TableM5[[#This Row],[Front]],2)*VLOOKUP(VALUE(TRIM(CLEAN(RIGHT(TableM5[[#This Row],[Front]],2)))),TableLasers[],COLUMN(TableLasers[S-DPH]),FALSE),LEFT(TableM5[[#This Row],[Back]],2)*VLOOKUP(VALUE(TRIM(CLEAN(RIGHT(TableM5[[#This Row],[Back]],2)))),TableLasers[],COLUMN(TableLasers[S-DPH]),FALSE),LEFT(TableM5[[#This Row],[Left]],2)*VLOOKUP(VALUE(TRIM(CLEAN(RIGHT(TableM5[[#This Row],[Left]],2)))),TableLasers[],COLUMN(TableLasers[S-DPH]),FALSE),LEFT(TableM5[[#This Row],[Right]],2)*VLOOKUP(VALUE(TRIM(CLEAN(RIGHT(TableM5[[#This Row],[Right]],2)))),TableLasers[],COLUMN(TableLasers[S-DPH]),FALSE),LEFT(TableM5[[#This Row],[Up]],2)*VLOOKUP(VALUE(TRIM(CLEAN(RIGHT(TableM5[[#This Row],[Up]],2)))),TableLasers[],COLUMN(TableLasers[S-DPH]),FALSE),LEFT(TableM5[[#This Row],[Down]],2)*VLOOKUP(VALUE(TRIM(CLEAN(RIGHT(TableM5[[#This Row],[Down]],2)))),TableLasers[],COLUMN(TableLasers[S-DPH]),FALSE))","v":13920},{"$f":"SUM(LEFT(TableM5[[#This Row],[Main]],2)*VLOOKUP(VALUE(TRIM(CLEAN(RIGHT(TableM5[[#This Row],[Main]],2)))),TableLasers[],COLUMN(TableLasers[H-DPH]),FALSE),LEFT(TableM5[[#This Row],[Front]],2)*VLOOKUP(VALUE(TRIM(CLEAN(RIGHT(TableM5[[#This Row],[Front]],2)))),TableLasers[],COLUMN(TableLasers[H-DPH]),FALSE),LEFT(TableM5[[#This Row],[Back]],2)*VLOOKUP(VALUE(TRIM(CLEAN(RIGHT(TableM5[[#This Row],[Back]],2)))),TableLasers[],COLUMN(TableLasers[H-DPH]),FALSE),LEFT(TableM5[[#This Row],[Left]],2)*VLOOKUP(VALUE(TRIM(CLEAN(RIGHT(TableM5[[#This Row],[Left]],2)))),TableLasers[],COLUMN(TableLasers[H-DPH]),FALSE),LEFT(TableM5[[#This Row],[Right]],2)*VLOOKUP(VALUE(TRIM(CLEAN(RIGHT(TableM5[[#This Row],[Right]],2)))),TableLasers[],COLUMN(TableLasers[H-DPH]),FALSE),LEFT(TableM5[[#This Row],[Up]],2)*VLOOKUP(VALUE(TRIM(CLEAN(RIGHT(TableM5[[#This Row],[Up]],2)))),TableLasers[],COLUMN(TableLasers[H-DPH]),FALSE),LEFT(TableM5[[#This Row],[Down]],2)*VLOOKUP(VALUE(TRIM(CLEAN(RIGHT(TableM5[[#This Row],[Down]],2)))),TableLasers[],COLUMN(TableLasers[H-DPH]),FALSE))","v":2718},"06::45","00::00","00::00","00::00","00::00","00::00","00::00",6,null,null,null,null,null,null,45]
[363,"Terran","M5","Terran Freight Drone",null,109,109,30,"XXL",150,"1 MJ ",1,100,7.9744816586921896,0,10000,499.88,800,0,{"$f":"SUM(LEFT(TableM5[[#This Row],[Main]],2)*VLOOKUP(VALUE(TRIM(CLEAN(RIGHT(TableM5[[#This Row],[Main]],2)))),TableLasers[],COLUMN(TableLasers[S-DPH]),FALSE),LEFT(TableM5[[#This Row],[Front]],2)*VLOOKUP(VALUE(TRIM(CLEAN(RIGHT(TableM5[[#This Row],[Front]],2)))),TableLasers[],COLUMN(TableLasers[S-DPH]),FALSE),LEFT(TableM5[[#This Row],[Back]],2)*VLOOKUP(VALUE(TRIM(CLEAN(RIGHT(TableM5[[#This Row],[Back]],2)))),TableLasers[],COLUMN(TableLasers[S-DPH]),FALSE),LEFT(TableM5[[#This Row],[Left]],2)*VLOOKUP(VALUE(TRIM(CLEAN(RIGHT(TableM5[[#This Row],[Left]],2)))),TableLasers[],COLUMN(TableLasers[S-DPH]),FALSE),LEFT(TableM5[[#This Row],[Right]],2)*VLOOKUP(VALUE(TRIM(CLEAN(RIGHT(TableM5[[#This Row],[Right]],2)))),TableLasers[],COLUMN(TableLasers[S-DPH]),FALSE),LEFT(TableM5[[#This Row],[Up]],2)*VLOOKUP(VALUE(TRIM(CLEAN(RIGHT(TableM5[[#This Row],[Up]],2)))),TableLasers[],COLUMN(TableLasers[S-DPH]),FALSE),LEFT(TableM5[[#This Row],[Down]],2)*VLOOKUP(VALUE(TRIM(CLEAN(RIGHT(TableM5[[#This Row],[Down]],2)))),TableLasers[],COLUMN(TableLasers[S-DPH]),FALSE))","v":0},{"$f":"SUM(LEFT(TableM5[[#This Row],[Main]],2)*VLOOKUP(VALUE(TRIM(CLEAN(RIGHT(TableM5[[#This Row],[Main]],2)))),TableLasers[],COLUMN(TableLasers[H-DPH]),FALSE),LEFT(TableM5[[#This Row],[Front]],2)*VLOOKUP(VALUE(TRIM(CLEAN(RIGHT(TableM5[[#This Row],[Front]],2)))),TableLasers[],COLUMN(TableLasers[H-DPH]),FALSE),LEFT(TableM5[[#This Row],[Back]],2)*VLOOKUP(VALUE(TRIM(CLEAN(RIGHT(TableM5[[#This Row],[Back]],2)))),TableLasers[],COLUMN(TableLasers[H-DPH]),FALSE),LEFT(TableM5[[#This Row],[Left]],2)*VLOOKUP(VALUE(TRIM(CLEAN(RIGHT(TableM5[[#This Row],[Left]],2)))),TableLasers[],COLUMN(TableLasers[H-DPH]),FALSE),LEFT(TableM5[[#This Row],[Right]],2)*VLOOKUP(VALUE(TRIM(CLEAN(RIGHT(TableM5[[#This Row],[Right]],2)))),TableLasers[],COLUMN(TableLasers[H-DPH]),FALSE),LEFT(TableM5[[#This Row],[Up]],2)*VLOOKUP(VALUE(TRIM(CLEAN(RIGHT(TableM5[[#This Row],[Up]],2)))),TableLasers[],COLUMN(TableLasers[H-DPH]),FALSE),LEFT(TableM5[[#This Row],[Down]],2)*VLOOKUP(VALUE(TRIM(CLEAN(RIGHT(TableM5[[#This Row],[Down]],2)))),TableLasers[],COLUMN(TableLasers[H-DPH]),FALSE))","v":0},"00::00","00::00","00::00","00::00","00::00","00::00","00::00"]
[364,"Terran","M5","Terran Freight Drone",null,109,109,30,"XXL",150,"1 MJ ",1,100,7.9744816586921896,0,10000,499.88,800,0,{"$f":"SUM(LEFT(TableM5[[#This Row],[Main]],2)*VLOOKUP(VALUE(TRIM(CLEAN(RIGHT(TableM5[[#This Row],[Main]],2)))),TableLasers[],COLUMN(TableLasers[S-DPH]),FALSE),LEFT(TableM5[[#This Row],[Front]],2)*VLOOKUP(VALUE(TRIM(CLEAN(RIGHT(TableM5[[#This Row],[Front]],2)))),TableLasers[],COLUMN(TableLasers[S-DPH]),FALSE),LEFT(TableM5[[#This Row],[Back]],2)*VLOOKUP(VALUE(TRIM(CLEAN(RIGHT(TableM5[[#This Row],[Back]],2)))),TableLasers[],COLUMN(TableLasers[S-DPH]),FALSE),LEFT(TableM5[[#This Row],[Left]],2)*VLOOKUP(VALUE(TRIM(CLEAN(RIGHT(TableM5[[#This Row],[Left]],2)))),TableLasers[],COLUMN(TableLasers[S-DPH]),FALSE),LEFT(TableM5[[#This Row],[Right]],2)*VLOOKUP(VALUE(TRIM(CLEAN(RIGHT(TableM5[[#This Row],[Right]],2)))),TableLasers[],COLUMN(TableLasers[S-DPH]),FALSE),LEFT(TableM5[[#This Row],[Up]],2)*VLOOKUP(VALUE(TRIM(CLEAN(RIGHT(TableM5[[#This Row],[Up]],2)))),TableLasers[],COLUMN(TableLasers[S-DPH]),FALSE),LEFT(TableM5[[#This Row],[Down]],2)*VLOOKUP(VALUE(TRIM(CLEAN(RIGHT(TableM5[[#This Row],[Down]],2)))),TableLasers[],COLUMN(TableLasers[S-DPH]),FALSE))","v":0},{"$f":"SUM(LEFT(TableM5[[#This Row],[Main]],2)*VLOOKUP(VALUE(TRIM(CLEAN(RIGHT(TableM5[[#This Row],[Main]],2)))),TableLasers[],COLUMN(TableLasers[H-DPH]),FALSE),LEFT(TableM5[[#This Row],[Front]],2)*VLOOKUP(VALUE(TRIM(CLEAN(RIGHT(TableM5[[#This Row],[Front]],2)))),TableLasers[],COLUMN(TableLasers[H-DPH]),FALSE),LEFT(TableM5[[#This Row],[Back]],2)*VLOOKUP(VALUE(TRIM(CLEAN(RIGHT(TableM5[[#This Row],[Back]],2)))),TableLasers[],COLUMN(TableLasers[H-DPH]),FALSE),LEFT(TableM5[[#This Row],[Left]],2)*VLOOKUP(VALUE(TRIM(CLEAN(RIGHT(TableM5[[#This Row],[Left]],2)))),TableLasers[],COLUMN(TableLasers[H-DPH]),FALSE),LEFT(TableM5[[#This Row],[Right]],2)*VLOOKUP(VALUE(TRIM(CLEAN(RIGHT(TableM5[[#This Row],[Right]],2)))),TableLasers[],COLUMN(TableLasers[H-DPH]),FALSE),LEFT(TableM5[[#This Row],[Up]],2)*VLOOKUP(VALUE(TRIM(CLEAN(RIGHT(TableM5[[#This Row],[Up]],2)))),TableLasers[],COLUMN(TableLasers[H-DPH]),FALSE),LEFT(TableM5[[#This Row],[Down]],2)*VLOOKUP(VALUE(TRIM(CLEAN(RIGHT(TableM5[[#This Row],[Down]],2)))),TableLasers[],COLUMN(TableLasers[H-DPH]),FALSE))","v":0},"00::00","00::00","00::00","00::00","00::00","00::00","00::00"]
[365,"Terran","M5","Terran Freight Drone",null,109,109,30,"XL",150,"1 MJ ",1,100,7.9744816586921896,0,10000,499.88,800,0,{"$f":"SUM(LEFT(TableM5[[#This Row],[Main]],2)*VLOOKUP(VALUE(TRIM(CLEAN(RIGHT(TableM5[[#This Row],[Main]],2)))),TableLasers[],COLUMN(TableLasers[S-DPH]),FALSE),LEFT(TableM5[[#This Row],[Front]],2)*VLOOKUP(VALUE(TRIM(CLEAN(RIGHT(TableM5[[#This Row],[Front]],2)))),TableLasers[],COLUMN(TableLasers[S-DPH]),FALSE),LEFT(TableM5[[#This Row],[Back]],2)*VLOOKUP(VALUE(TRIM(CLEAN(RIGHT(TableM5[[#This Row],[Back]],2)))),TableLasers[],COLUMN(TableLasers[S-DPH]),FALSE),LEFT(TableM5[[#This Row],[Left]],2)*VLOOKUP(VALUE(TRIM(CLEAN(RIGHT(TableM5[[#This Row],[Left]],2)))),TableLasers[],COLUMN(TableLasers[S-DPH]),FALSE),LEFT(TableM5[[#This Row],[Right]],2)*VLOOKUP(VALUE(TRIM(CLEAN(RIGHT(TableM5[[#This Row],[Right]],2)))),TableLasers[],COLUMN(TableLasers[S-DPH]),FALSE),LEFT(TableM5[[#This Row],[Up]],2)*VLOOKUP(VALUE(TRIM(CLEAN(RIGHT(TableM5[[#This Row],[Up]],2)))),TableLasers[],COLUMN(TableLasers[S-DPH]),FALSE),LEFT(TableM5[[#This Row],[Down]],2)*VLOOKUP(VALUE(TRIM(CLEAN(RIGHT(TableM5[[#This Row],[Down]],2)))),TableLasers[],COLUMN(TableLasers[S-DPH]),FALSE))","v":0},{"$f":"SUM(LEFT(TableM5[[#This Row],[Main]],2)*VLOOKUP(VALUE(TRIM(CLEAN(RIGHT(TableM5[[#This Row],[Main]],2)))),TableLasers[],COLUMN(TableLasers[H-DPH]),FALSE),LEFT(TableM5[[#This Row],[Front]],2)*VLOOKUP(VALUE(TRIM(CLEAN(RIGHT(TableM5[[#This Row],[Front]],2)))),TableLasers[],COLUMN(TableLasers[H-DPH]),FALSE),LEFT(TableM5[[#This Row],[Back]],2)*VLOOKUP(VALUE(TRIM(CLEAN(RIGHT(TableM5[[#This Row],[Back]],2)))),TableLasers[],COLUMN(TableLasers[H-DPH]),FALSE),LEFT(TableM5[[#This Row],[Left]],2)*VLOOKUP(VALUE(TRIM(CLEAN(RIGHT(TableM5[[#This Row],[Left]],2)))),TableLasers[],COLUMN(TableLasers[H-DPH]),FALSE),LEFT(TableM5[[#This Row],[Right]],2)*VLOOKUP(VALUE(TRIM(CLEAN(RIGHT(TableM5[[#This Row],[Right]],2)))),TableLasers[],COLUMN(TableLasers[H-DPH]),FALSE),LEFT(TableM5[[#This Row],[Up]],2)*VLOOKUP(VALUE(TRIM(CLEAN(RIGHT(TableM5[[#This Row],[Up]],2)))),TableLasers[],COLUMN(TableLasers[H-DPH]),FALSE),LEFT(TableM5[[#This Row],[Down]],2)*VLOOKUP(VALUE(TRIM(CLEAN(RIGHT(TableM5[[#This Row],[Down]],2)))),TableLasers[],COLUMN(TableLasers[H-DPH]),FALSE))","v":0},"00::00","00::00","00::00","00::00","00::00","00::00","00::00"]
[367,"Terran","M5","Terran Freight Drone",null,109,109,30,"XL",150,"1 MJ ",1,100,7.9744816586921896,0,10000,499.88,800,0,{"$f":"SUM(LEFT(TableM5[[#This Row],[Main]],2)*VLOOKUP(VALUE(TRIM(CLEAN(RIGHT(TableM5[[#This Row],[Main]],2)))),TableLasers[],COLUMN(TableLasers[S-DPH]),FALSE),LEFT(TableM5[[#This Row],[Front]],2)*VLOOKUP(VALUE(TRIM(CLEAN(RIGHT(TableM5[[#This Row],[Front]],2)))),TableLasers[],COLUMN(TableLasers[S-DPH]),FALSE),LEFT(TableM5[[#This Row],[Back]],2)*VLOOKUP(VALUE(TRIM(CLEAN(RIGHT(TableM5[[#This Row],[Back]],2)))),TableLasers[],COLUMN(TableLasers[S-DPH]),FALSE),LEFT(TableM5[[#This Row],[Left]],2)*VLOOKUP(VALUE(TRIM(CLEAN(RIGHT(TableM5[[#This Row],[Left]],2)))),TableLasers[],COLUMN(TableLasers[S-DPH]),FALSE),LEFT(TableM5[[#This Row],[Right]],2)*VLOOKUP(VALUE(TRIM(CLEAN(RIGHT(TableM5[[#This Row],[Right]],2)))),TableLasers[],COLUMN(TableLasers[S-DPH]),FALSE),LEFT(TableM5[[#This Row],[Up]],2)*VLOOKUP(VALUE(TRIM(CLEAN(RIGHT(TableM5[[#This Row],[Up]],2)))),TableLasers[],COLUMN(TableLasers[S-DPH]),FALSE),LEFT(TableM5[[#This Row],[Down]],2)*VLOOKUP(VALUE(TRIM(CLEAN(RIGHT(TableM5[[#This Row],[Down]],2)))),TableLasers[],COLUMN(TableLasers[S-DPH]),FALSE))","v":0},{"$f":"SUM(LEFT(TableM5[[#This Row],[Main]],2)*VLOOKUP(VALUE(TRIM(CLEAN(RIGHT(TableM5[[#This Row],[Main]],2)))),TableLasers[],COLUMN(TableLasers[H-DPH]),FALSE),LEFT(TableM5[[#This Row],[Front]],2)*VLOOKUP(VALUE(TRIM(CLEAN(RIGHT(TableM5[[#This Row],[Front]],2)))),TableLasers[],COLUMN(TableLasers[H-DPH]),FALSE),LEFT(TableM5[[#This Row],[Back]],2)*VLOOKUP(VALUE(TRIM(CLEAN(RIGHT(TableM5[[#This Row],[Back]],2)))),TableLasers[],COLUMN(TableLasers[H-DPH]),FALSE),LEFT(TableM5[[#This Row],[Left]],2)*VLOOKUP(VALUE(TRIM(CLEAN(RIGHT(TableM5[[#This Row],[Left]],2)))),TableLasers[],COLUMN(TableLasers[H-DPH]),FALSE),LEFT(TableM5[[#This Row],[Right]],2)*VLOOKUP(VALUE(TRIM(CLEAN(RIGHT(TableM5[[#This Row],[Right]],2)))),TableLasers[],COLUMN(TableLasers[H-DPH]),FALSE),LEFT(TableM5[[#This Row],[Up]],2)*VLOOKUP(VALUE(TRIM(CLEAN(RIGHT(TableM5[[#This Row],[Up]],2)))),TableLasers[],COLUMN(TableLasers[H-DPH]),FALSE),LEFT(TableM5[[#This Row],[Down]],2)*VLOOKUP(VALUE(TRIM(CLEAN(RIGHT(TableM5[[#This Row],[Down]],2)))),TableLasers[],COLUMN(TableLasers[H-DPH]),FALSE))","v":0},"00::00","00::00","00::00","00::00","00::00","00::00","00::00"]
[369,"Terran","M5","Lasertower",null,0,0,25,"XXL",25000,"200 MJ  ",1,1000,151.51515151515201,1,5000,249.94,200,0,{"$f":"SUM(LEFT(TableM5[[#This Row],[Main]],2)*VLOOKUP(VALUE(TRIM(CLEAN(RIGHT(TableM5[[#This Row],[Main]],2)))),TableLasers[],COLUMN(TableLasers[S-DPH]),FALSE),LEFT(TableM5[[#This Row],[Front]],2)*VLOOKUP(VALUE(TRIM(CLEAN(RIGHT(TableM5[[#This Row],[Front]],2)))),TableLasers[],COLUMN(TableLasers[S-DPH]),FALSE),LEFT(TableM5[[#This Row],[Back]],2)*VLOOKUP(VALUE(TRIM(CLEAN(RIGHT(TableM5[[#This Row],[Back]],2)))),TableLasers[],COLUMN(TableLasers[S-DPH]),FALSE),LEFT(TableM5[[#This Row],[Left]],2)*VLOOKUP(VALUE(TRIM(CLEAN(RIGHT(TableM5[[#This Row],[Left]],2)))),TableLasers[],COLUMN(TableLasers[S-DPH]),FALSE),LEFT(TableM5[[#This Row],[Right]],2)*VLOOKUP(VALUE(TRIM(CLEAN(RIGHT(TableM5[[#This Row],[Right]],2)))),TableLasers[],COLUMN(TableLasers[S-DPH]),FALSE),LEFT(TableM5[[#This Row],[Up]],2)*VLOOKUP(VALUE(TRIM(CLEAN(RIGHT(TableM5[[#This Row],[Up]],2)))),TableLasers[],COLUMN(TableLasers[S-DPH]),FALSE),LEFT(TableM5[[#This Row],[Down]],2)*VLOOKUP(VALUE(TRIM(CLEAN(RIGHT(TableM5[[#This Row],[Down]],2)))),TableLasers[],COLUMN(TableLasers[S-DPH]),FALSE))","v":0},{"$f":"SUM(LEFT(TableM5[[#This Row],[Main]],2)*VLOOKUP(VALUE(TRIM(CLEAN(RIGHT(TableM5[[#This Row],[Main]],2)))),TableLasers[],COLUMN(TableLasers[H-DPH]),FALSE),LEFT(TableM5[[#This Row],[Front]],2)*VLOOKUP(VALUE(TRIM(CLEAN(RIGHT(TableM5[[#This Row],[Front]],2)))),TableLasers[],COLUMN(TableLasers[H-DPH]),FALSE),LEFT(TableM5[[#This Row],[Back]],2)*VLOOKUP(VALUE(TRIM(CLEAN(RIGHT(TableM5[[#This Row],[Back]],2)))),TableLasers[],COLUMN(TableLasers[H-DPH]),FALSE),LEFT(TableM5[[#This Row],[Left]],2)*VLOOKUP(VALUE(TRIM(CLEAN(RIGHT(TableM5[[#This Row],[Left]],2)))),TableLasers[],COLUMN(TableLasers[H-DPH]),FALSE),LEFT(TableM5[[#This Row],[Right]],2)*VLOOKUP(VALUE(TRIM(CLEAN(RIGHT(TableM5[[#This Row],[Right]],2)))),TableLasers[],COLUMN(TableLasers[H-DPH]),FALSE),LEFT(TableM5[[#This Row],[Up]],2)*VLOOKUP(VALUE(TRIM(CLEAN(RIGHT(TableM5[[#This Row],[Up]],2)))),TableLasers[],COLUMN(TableLasers[H-DPH]),FALSE),LEFT(TableM5[[#This Row],[Down]],2)*VLOOKUP(VALUE(TRIM(CLEAN(RIGHT(TableM5[[#This Row],[Down]],2)))),TableLasers[],COLUMN(TableLasers[H-DPH]),FALSE))","v":0},"00::00","00::00","00::00","00::00","00::00","00::00","00::00",1]
[451,"Yaki","M5","Fujin","Advanced",568.95839999999998,158.04400000000001,44,"S",1000,"5 MJ ",2,125,36.509675063891898,5,555,14.200229999999999,90,0,{"$f":"SUM(LEFT(TableM5[[#This Row],[Main]],2)*VLOOKUP(VALUE(TRIM(CLEAN(RIGHT(TableM5[[#This Row],[Main]],2)))),TableLasers[],COLUMN(TableLasers[S-DPH]),FALSE),LEFT(TableM5[[#This Row],[Front]],2)*VLOOKUP(VALUE(TRIM(CLEAN(RIGHT(TableM5[[#This Row],[Front]],2)))),TableLasers[],COLUMN(TableLasers[S-DPH]),FALSE),LEFT(TableM5[[#This Row],[Back]],2)*VLOOKUP(VALUE(TRIM(CLEAN(RIGHT(TableM5[[#This Row],[Back]],2)))),TableLasers[],COLUMN(TableLasers[S-DPH]),FALSE),LEFT(TableM5[[#This Row],[Left]],2)*VLOOKUP(VALUE(TRIM(CLEAN(RIGHT(TableM5[[#This Row],[Left]],2)))),TableLasers[],COLUMN(TableLasers[S-DPH]),FALSE),LEFT(TableM5[[#This Row],[Right]],2)*VLOOKUP(VALUE(TRIM(CLEAN(RIGHT(TableM5[[#This Row],[Right]],2)))),TableLasers[],COLUMN(TableLasers[S-DPH]),FALSE),LEFT(TableM5[[#This Row],[Up]],2)*VLOOKUP(VALUE(TRIM(CLEAN(RIGHT(TableM5[[#This Row],[Up]],2)))),TableLasers[],COLUMN(TableLasers[S-DPH]),FALSE),LEFT(TableM5[[#This Row],[Down]],2)*VLOOKUP(VALUE(TRIM(CLEAN(RIGHT(TableM5[[#This Row],[Down]],2)))),TableLasers[],COLUMN(TableLasers[S-DPH]),FALSE))","v":720},{"$f":"SUM(LEFT(TableM5[[#This Row],[Main]],2)*VLOOKUP(VALUE(TRIM(CLEAN(RIGHT(TableM5[[#This Row],[Main]],2)))),TableLasers[],COLUMN(TableLasers[H-DPH]),FALSE),LEFT(TableM5[[#This Row],[Front]],2)*VLOOKUP(VALUE(TRIM(CLEAN(RIGHT(TableM5[[#This Row],[Front]],2)))),TableLasers[],COLUMN(TableLasers[H-DPH]),FALSE),LEFT(TableM5[[#This Row],[Back]],2)*VLOOKUP(VALUE(TRIM(CLEAN(RIGHT(TableM5[[#This Row],[Back]],2)))),TableLasers[],COLUMN(TableLasers[H-DPH]),FALSE),LEFT(TableM5[[#This Row],[Left]],2)*VLOOKUP(VALUE(TRIM(CLEAN(RIGHT(TableM5[[#This Row],[Left]],2)))),TableLasers[],COLUMN(TableLasers[H-DPH]),FALSE),LEFT(TableM5[[#This Row],[Right]],2)*VLOOKUP(VALUE(TRIM(CLEAN(RIGHT(TableM5[[#This Row],[Right]],2)))),TableLasers[],COLUMN(TableLasers[H-DPH]),FALSE),LEFT(TableM5[[#This Row],[Up]],2)*VLOOKUP(VALUE(TRIM(CLEAN(RIGHT(TableM5[[#This Row],[Up]],2)))),TableLasers[],COLUMN(TableLasers[H-DPH]),FALSE),LEFT(TableM5[[#This Row],[Down]],2)*VLOOKUP(VALUE(TRIM(CLEAN(RIGHT(TableM5[[#This Row],[Down]],2)))),TableLasers[],COLUMN(TableLasers[H-DPH]),FALSE))","v":160},"04::00","00::00","00::00","00::00","00::00","00::00","00::00",4,null,1,null,null,null,null,0,null,null,null,null,null,null,0]
[456,null,"M5","zzPLACEHOLDER","Advanced",453.91019999999997,89.001999999999995,49,"S",675,"1 MJ ",4,125,15.948963317384401,2,645,18.000015000000001,32,0,{"$f":"SUM(LEFT(TableM5[[#This Row],[Main]],2)*VLOOKUP(VALUE(TRIM(CLEAN(RIGHT(TableM5[[#This Row],[Main]],2)))),TableLasers[],COLUMN(TableLasers[S-DPH]),FALSE),LEFT(TableM5[[#This Row],[Front]],2)*VLOOKUP(VALUE(TRIM(CLEAN(RIGHT(TableM5[[#This Row],[Front]],2)))),TableLasers[],COLUMN(TableLasers[S-DPH]),FALSE),LEFT(TableM5[[#This Row],[Back]],2)*VLOOKUP(VALUE(TRIM(CLEAN(RIGHT(TableM5[[#This Row],[Back]],2)))),TableLasers[],COLUMN(TableLasers[S-DPH]),FALSE),LEFT(TableM5[[#This Row],[Left]],2)*VLOOKUP(VALUE(TRIM(CLEAN(RIGHT(TableM5[[#This Row],[Left]],2)))),TableLasers[],COLUMN(TableLasers[S-DPH]),FALSE),LEFT(TableM5[[#This Row],[Right]],2)*VLOOKUP(VALUE(TRIM(CLEAN(RIGHT(TableM5[[#This Row],[Right]],2)))),TableLasers[],COLUMN(TableLasers[S-DPH]),FALSE),LEFT(TableM5[[#This Row],[Up]],2)*VLOOKUP(VALUE(TRIM(CLEAN(RIGHT(TableM5[[#This Row],[Up]],2)))),TableLasers[],COLUMN(TableLasers[S-DPH]),FALSE),LEFT(TableM5[[#This Row],[Down]],2)*VLOOKUP(VALUE(TRIM(CLEAN(RIGHT(TableM5[[#This Row],[Down]],2)))),TableLasers[],COLUMN(TableLasers[S-DPH]),FALSE))","v":3600},{"$f":"SUM(LEFT(TableM5[[#This Row],[Main]],2)*VLOOKUP(VALUE(TRIM(CLEAN(RIGHT(TableM5[[#This Row],[Main]],2)))),TableLasers[],COLUMN(TableLasers[H-DPH]),FALSE),LEFT(TableM5[[#This Row],[Front]],2)*VLOOKUP(VALUE(TRIM(CLEAN(RIGHT(TableM5[[#This Row],[Front]],2)))),TableLasers[],COLUMN(TableLasers[H-DPH]),FALSE),LEFT(TableM5[[#This Row],[Back]],2)*VLOOKUP(VALUE(TRIM(CLEAN(RIGHT(TableM5[[#This Row],[Back]],2)))),TableLasers[],COLUMN(TableLasers[H-DPH]),FALSE),LEFT(TableM5[[#This Row],[Left]],2)*VLOOKUP(VALUE(TRIM(CLEAN(RIGHT(TableM5[[#This Row],[Left]],2)))),TableLasers[],COLUMN(TableLasers[H-DPH]),FALSE),LEFT(TableM5[[#This Row],[Right]],2)*VLOOKUP(VALUE(TRIM(CLEAN(RIGHT(TableM5[[#This Row],[Right]],2)))),TableLasers[],COLUMN(TableLasers[H-DPH]),FALSE),LEFT(TableM5[[#This Row],[Up]],2)*VLOOKUP(VALUE(TRIM(CLEAN(RIGHT(TableM5[[#This Row],[Up]],2)))),TableLasers[],COLUMN(TableLasers[H-DPH]),FALSE),LEFT(TableM5[[#This Row],[Down]],2)*VLOOKUP(VALUE(TRIM(CLEAN(RIGHT(TableM5[[#This Row],[Down]],2)))),TableLasers[],COLUMN(TableLasers[H-DPH]),FALSE))","v":932},"02::42","00::00","00::00","00::00","00::00","00::00","00::00",2,null,null,null,null,null,null,42]
[457,"Terran","M5","Repair Drone(Need voice)",null,94.1,94.1,50,"S",80,"1 MJ ",1,100,7.9744816586921896,0,1000,49.99,4,0,{"$f":"SUM(LEFT(TableM5[[#This Row],[Main]],2)*VLOOKUP(VALUE(TRIM(CLEAN(RIGHT(TableM5[[#This Row],[Main]],2)))),TableLasers[],COLUMN(TableLasers[S-DPH]),FALSE),LEFT(TableM5[[#This Row],[Front]],2)*VLOOKUP(VALUE(TRIM(CLEAN(RIGHT(TableM5[[#This Row],[Front]],2)))),TableLasers[],COLUMN(TableLasers[S-DPH]),FALSE),LEFT(TableM5[[#This Row],[Back]],2)*VLOOKUP(VALUE(TRIM(CLEAN(RIGHT(TableM5[[#This Row],[Back]],2)))),TableLasers[],COLUMN(TableLasers[S-DPH]),FALSE),LEFT(TableM5[[#This Row],[Left]],2)*VLOOKUP(VALUE(TRIM(CLEAN(RIGHT(TableM5[[#This Row],[Left]],2)))),TableLasers[],COLUMN(TableLasers[S-DPH]),FALSE),LEFT(TableM5[[#This Row],[Right]],2)*VLOOKUP(VALUE(TRIM(CLEAN(RIGHT(TableM5[[#This Row],[Right]],2)))),TableLasers[],COLUMN(TableLasers[S-DPH]),FALSE),LEFT(TableM5[[#This Row],[Up]],2)*VLOOKUP(VALUE(TRIM(CLEAN(RIGHT(TableM5[[#This Row],[Up]],2)))),TableLasers[],COLUMN(TableLasers[S-DPH]),FALSE),LEFT(TableM5[[#This Row],[Down]],2)*VLOOKUP(VALUE(TRIM(CLEAN(RIGHT(TableM5[[#This Row],[Down]],2)))),TableLasers[],COLUMN(TableLasers[S-DPH]),FALSE))","v":0},{"$f":"SUM(LEFT(TableM5[[#This Row],[Main]],2)*VLOOKUP(VALUE(TRIM(CLEAN(RIGHT(TableM5[[#This Row],[Main]],2)))),TableLasers[],COLUMN(TableLasers[H-DPH]),FALSE),LEFT(TableM5[[#This Row],[Front]],2)*VLOOKUP(VALUE(TRIM(CLEAN(RIGHT(TableM5[[#This Row],[Front]],2)))),TableLasers[],COLUMN(TableLasers[H-DPH]),FALSE),LEFT(TableM5[[#This Row],[Back]],2)*VLOOKUP(VALUE(TRIM(CLEAN(RIGHT(TableM5[[#This Row],[Back]],2)))),TableLasers[],COLUMN(TableLasers[H-DPH]),FALSE),LEFT(TableM5[[#This Row],[Left]],2)*VLOOKUP(VALUE(TRIM(CLEAN(RIGHT(TableM5[[#This Row],[Left]],2)))),TableLasers[],COLUMN(TableLasers[H-DPH]),FALSE),LEFT(TableM5[[#This Row],[Right]],2)*VLOOKUP(VALUE(TRIM(CLEAN(RIGHT(TableM5[[#This Row],[Right]],2)))),TableLasers[],COLUMN(TableLasers[H-DPH]),FALSE),LEFT(TableM5[[#This Row],[Up]],2)*VLOOKUP(VALUE(TRIM(CLEAN(RIGHT(TableM5[[#This Row],[Up]],2)))),TableLasers[],COLUMN(TableLasers[H-DPH]),FALSE),LEFT(TableM5[[#This Row],[Down]],2)*VLOOKUP(VALUE(TRIM(CLEAN(RIGHT(TableM5[[#This Row],[Down]],2)))),TableLasers[],COLUMN(TableLasers[H-DPH]),FALSE))","v":0},"00::00","00::00","00::00","00::00","00::00","00::00","00::00",null,null,null,null,null,null,null,"29,35"]
[462,"Argon","M5","Discoverer","Mk I",397.97680000000003,117.05200000000001,48,"S",850,"1 MJ ",2,100,7.9744816586921896,2,850,17.8415,45,0,{"$f":"SUM(LEFT(TableM5[[#This Row],[Main]],2)*VLOOKUP(VALUE(TRIM(CLEAN(RIGHT(TableM5[[#This Row],[Main]],2)))),TableLasers[],COLUMN(TableLasers[S-DPH]),FALSE),LEFT(TableM5[[#This Row],[Front]],2)*VLOOKUP(VALUE(TRIM(CLEAN(RIGHT(TableM5[[#This Row],[Front]],2)))),TableLasers[],COLUMN(TableLasers[S-DPH]),FALSE),LEFT(TableM5[[#This Row],[Back]],2)*VLOOKUP(VALUE(TRIM(CLEAN(RIGHT(TableM5[[#This Row],[Back]],2)))),TableLasers[],COLUMN(TableLasers[S-DPH]),FALSE),LEFT(TableM5[[#This Row],[Left]],2)*VLOOKUP(VALUE(TRIM(CLEAN(RIGHT(TableM5[[#This Row],[Left]],2)))),TableLasers[],COLUMN(TableLasers[S-DPH]),FALSE),LEFT(TableM5[[#This Row],[Right]],2)*VLOOKUP(VALUE(TRIM(CLEAN(RIGHT(TableM5[[#This Row],[Right]],2)))),TableLasers[],COLUMN(TableLasers[S-DPH]),FALSE),LEFT(TableM5[[#This Row],[Up]],2)*VLOOKUP(VALUE(TRIM(CLEAN(RIGHT(TableM5[[#This Row],[Up]],2)))),TableLasers[],COLUMN(TableLasers[S-DPH]),FALSE),LEFT(TableM5[[#This Row],[Down]],2)*VLOOKUP(VALUE(TRIM(CLEAN(RIGHT(TableM5[[#This Row],[Down]],2)))),TableLasers[],COLUMN(TableLasers[S-DPH]),FALSE))","v":360},{"$f":"SUM(LEFT(TableM5[[#This Row],[Main]],2)*VLOOKUP(VALUE(TRIM(CLEAN(RIGHT(TableM5[[#This Row],[Main]],2)))),TableLasers[],COLUMN(TableLasers[H-DPH]),FALSE),LEFT(TableM5[[#This Row],[Front]],2)*VLOOKUP(VALUE(TRIM(CLEAN(RIGHT(TableM5[[#This Row],[Front]],2)))),TableLasers[],COLUMN(TableLasers[H-DPH]),FALSE),LEFT(TableM5[[#This Row],[Back]],2)*VLOOKUP(VALUE(TRIM(CLEAN(RIGHT(TableM5[[#This Row],[Back]],2)))),TableLasers[],COLUMN(TableLasers[H-DPH]),FALSE),LEFT(TableM5[[#This Row],[Left]],2)*VLOOKUP(VALUE(TRIM(CLEAN(RIGHT(TableM5[[#This Row],[Left]],2)))),TableLasers[],COLUMN(TableLasers[H-DPH]),FALSE),LEFT(TableM5[[#This Row],[Right]],2)*VLOOKUP(VALUE(TRIM(CLEAN(RIGHT(TableM5[[#This Row],[Right]],2)))),TableLasers[],COLUMN(TableLasers[H-DPH]),FALSE),LEFT(TableM5[[#This Row],[Up]],2)*VLOOKUP(VALUE(TRIM(CLEAN(RIGHT(TableM5[[#This Row],[Up]],2)))),TableLasers[],COLUMN(TableLasers[H-DPH]),FALSE),LEFT(TableM5[[#This Row],[Down]],2)*VLOOKUP(VALUE(TRIM(CLEAN(RIGHT(TableM5[[#This Row],[Down]],2)))),TableLasers[],COLUMN(TableLasers[H-DPH]),FALSE))","v":80},"02::00","00::00","00::00","00::00","00::00","00::00","00::00",2,null,null,null,null,null,null,0]
[471,"Boron","M5","Octopus","Mk I",475.94799999999998,164.12,44,"S",765,"1 MJ ",2,75,7.9744816586921896,3,600,13.7964,33,0,{"$f":"SUM(LEFT(TableM5[[#This Row],[Main]],2)*VLOOKUP(VALUE(TRIM(CLEAN(RIGHT(TableM5[[#This Row],[Main]],2)))),TableLasers[],COLUMN(TableLasers[S-DPH]),FALSE),LEFT(TableM5[[#This Row],[Front]],2)*VLOOKUP(VALUE(TRIM(CLEAN(RIGHT(TableM5[[#This Row],[Front]],2)))),TableLasers[],COLUMN(TableLasers[S-DPH]),FALSE),LEFT(TableM5[[#This Row],[Back]],2)*VLOOKUP(VALUE(TRIM(CLEAN(RIGHT(TableM5[[#This Row],[Back]],2)))),TableLasers[],COLUMN(TableLasers[S-DPH]),FALSE),LEFT(TableM5[[#This Row],[Left]],2)*VLOOKUP(VALUE(TRIM(CLEAN(RIGHT(TableM5[[#This Row],[Left]],2)))),TableLasers[],COLUMN(TableLasers[S-DPH]),FALSE),LEFT(TableM5[[#This Row],[Right]],2)*VLOOKUP(VALUE(TRIM(CLEAN(RIGHT(TableM5[[#This Row],[Right]],2)))),TableLasers[],COLUMN(TableLasers[S-DPH]),FALSE),LEFT(TableM5[[#This Row],[Up]],2)*VLOOKUP(VALUE(TRIM(CLEAN(RIGHT(TableM5[[#This Row],[Up]],2)))),TableLasers[],COLUMN(TableLasers[S-DPH]),FALSE),LEFT(TableM5[[#This Row],[Down]],2)*VLOOKUP(VALUE(TRIM(CLEAN(RIGHT(TableM5[[#This Row],[Down]],2)))),TableLasers[],COLUMN(TableLasers[S-DPH]),FALSE))","v":540},{"$f":"SUM(LEFT(TableM5[[#This Row],[Main]],2)*VLOOKUP(VALUE(TRIM(CLEAN(RIGHT(TableM5[[#This Row],[Main]],2)))),TableLasers[],COLUMN(TableLasers[H-DPH]),FALSE),LEFT(TableM5[[#This Row],[Front]],2)*VLOOKUP(VALUE(TRIM(CLEAN(RIGHT(TableM5[[#This Row],[Front]],2)))),TableLasers[],COLUMN(TableLasers[H-DPH]),FALSE),LEFT(TableM5[[#This Row],[Back]],2)*VLOOKUP(VALUE(TRIM(CLEAN(RIGHT(TableM5[[#This Row],[Back]],2)))),TableLasers[],COLUMN(TableLasers[H-DPH]),FALSE),LEFT(TableM5[[#This Row],[Left]],2)*VLOOKUP(VALUE(TRIM(CLEAN(RIGHT(TableM5[[#This Row],[Left]],2)))),TableLasers[],COLUMN(TableLasers[H-DPH]),FALSE),LEFT(TableM5[[#This Row],[Right]],2)*VLOOKUP(VALUE(TRIM(CLEAN(RIGHT(TableM5[[#This Row],[Right]],2)))),TableLasers[],COLUMN(TableLasers[H-DPH]),FALSE),LEFT(TableM5[[#This Row],[Up]],2)*VLOOKUP(VALUE(TRIM(CLEAN(RIGHT(TableM5[[#This Row],[Up]],2)))),TableLasers[],COLUMN(TableLasers[H-DPH]),FALSE),LEFT(TableM5[[#This Row],[Down]],2)*VLOOKUP(VALUE(TRIM(CLEAN(RIGHT(TableM5[[#This Row],[Down]],2)))),TableLasers[],COLUMN(TableLasers[H-DPH]),FALSE))","v":120},"03::00","00::00","00::00","00::00","00::00","00::00","00::00",3,null,null,null,null,null,null,0]
[479,"Teladi","M5","Harrier","Mk I",350,140,32,"S",1020,"1 MJ ",4,65,23.923444976076599,2,850,20.3949,134,0,{"$f":"SUM(LEFT(TableM5[[#This Row],[Main]],2)*VLOOKUP(VALUE(TRIM(CLEAN(RIGHT(TableM5[[#This Row],[Main]],2)))),TableLasers[],COLUMN(TableLasers[S-DPH]),FALSE),LEFT(TableM5[[#This Row],[Front]],2)*VLOOKUP(VALUE(TRIM(CLEAN(RIGHT(TableM5[[#This Row],[Front]],2)))),TableLasers[],COLUMN(TableLasers[S-DPH]),FALSE),LEFT(TableM5[[#This Row],[Back]],2)*VLOOKUP(VALUE(TRIM(CLEAN(RIGHT(TableM5[[#This Row],[Back]],2)))),TableLasers[],COLUMN(TableLasers[S-DPH]),FALSE),LEFT(TableM5[[#This Row],[Left]],2)*VLOOKUP(VALUE(TRIM(CLEAN(RIGHT(TableM5[[#This Row],[Left]],2)))),TableLasers[],COLUMN(TableLasers[S-DPH]),FALSE),LEFT(TableM5[[#This Row],[Right]],2)*VLOOKUP(VALUE(TRIM(CLEAN(RIGHT(TableM5[[#This Row],[Right]],2)))),TableLasers[],COLUMN(TableLasers[S-DPH]),FALSE),LEFT(TableM5[[#This Row],[Up]],2)*VLOOKUP(VALUE(TRIM(CLEAN(RIGHT(TableM5[[#This Row],[Up]],2)))),TableLasers[],COLUMN(TableLasers[S-DPH]),FALSE),LEFT(TableM5[[#This Row],[Down]],2)*VLOOKUP(VALUE(TRIM(CLEAN(RIGHT(TableM5[[#This Row],[Down]],2)))),TableLasers[],COLUMN(TableLasers[S-DPH]),FALSE))","v":360},{"$f":"SUM(LEFT(TableM5[[#This Row],[Main]],2)*VLOOKUP(VALUE(TRIM(CLEAN(RIGHT(TableM5[[#This Row],[Main]],2)))),TableLasers[],COLUMN(TableLasers[H-DPH]),FALSE),LEFT(TableM5[[#This Row],[Front]],2)*VLOOKUP(VALUE(TRIM(CLEAN(RIGHT(TableM5[[#This Row],[Front]],2)))),TableLasers[],COLUMN(TableLasers[H-DPH]),FALSE),LEFT(TableM5[[#This Row],[Back]],2)*VLOOKUP(VALUE(TRIM(CLEAN(RIGHT(TableM5[[#This Row],[Back]],2)))),TableLasers[],COLUMN(TableLasers[H-DPH]),FALSE),LEFT(TableM5[[#This Row],[Left]],2)*VLOOKUP(VALUE(TRIM(CLEAN(RIGHT(TableM5[[#This Row],[Left]],2)))),TableLasers[],COLUMN(TableLasers[H-DPH]),FALSE),LEFT(TableM5[[#This Row],[Right]],2)*VLOOKUP(VALUE(TRIM(CLEAN(RIGHT(TableM5[[#This Row],[Right]],2)))),TableLasers[],COLUMN(TableLasers[H-DPH]),FALSE),LEFT(TableM5[[#This Row],[Up]],2)*VLOOKUP(VALUE(TRIM(CLEAN(RIGHT(TableM5[[#This Row],[Up]],2)))),TableLasers[],COLUMN(TableLasers[H-DPH]),FALSE),LEFT(TableM5[[#This Row],[Down]],2)*VLOOKUP(VALUE(TRIM(CLEAN(RIGHT(TableM5[[#This Row],[Down]],2)))),TableLasers[],COLUMN(TableLasers[H-DPH]),FALSE))","v":80},"02::00","00::00","00::00","00::00","00::00","00::00","00::00",2,null,null,null,null,null,null,0]
[485,"Split","M5","Jaguar","Mk I",550.34699999999998,157.24199999999999,40,"S",680,"1 MJ ",1,85,7.9744816586921896,2,1200,28.7928,25,0,{"$f":"SUM(LEFT(TableM5[[#This Row],[Main]],2)*VLOOKUP(VALUE(TRIM(CLEAN(RIGHT(TableM5[[#This Row],[Main]],2)))),TableLasers[],COLUMN(TableLasers[S-DPH]),FALSE),LEFT(TableM5[[#This Row],[Front]],2)*VLOOKUP(VALUE(TRIM(CLEAN(RIGHT(TableM5[[#This Row],[Front]],2)))),TableLasers[],COLUMN(TableLasers[S-DPH]),FALSE),LEFT(TableM5[[#This Row],[Back]],2)*VLOOKUP(VALUE(TRIM(CLEAN(RIGHT(TableM5[[#This Row],[Back]],2)))),TableLasers[],COLUMN(TableLasers[S-DPH]),FALSE),LEFT(TableM5[[#This Row],[Left]],2)*VLOOKUP(VALUE(TRIM(CLEAN(RIGHT(TableM5[[#This Row],[Left]],2)))),TableLasers[],COLUMN(TableLasers[S-DPH]),FALSE),LEFT(TableM5[[#This Row],[Right]],2)*VLOOKUP(VALUE(TRIM(CLEAN(RIGHT(TableM5[[#This Row],[Right]],2)))),TableLasers[],COLUMN(TableLasers[S-DPH]),FALSE),LEFT(TableM5[[#This Row],[Up]],2)*VLOOKUP(VALUE(TRIM(CLEAN(RIGHT(TableM5[[#This Row],[Up]],2)))),TableLasers[],COLUMN(TableLasers[S-DPH]),FALSE),LEFT(TableM5[[#This Row],[Down]],2)*VLOOKUP(VALUE(TRIM(CLEAN(RIGHT(TableM5[[#This Row],[Down]],2)))),TableLasers[],COLUMN(TableLasers[S-DPH]),FALSE))","v":360},{"$f":"SUM(LEFT(TableM5[[#This Row],[Main]],2)*VLOOKUP(VALUE(TRIM(CLEAN(RIGHT(TableM5[[#This Row],[Main]],2)))),TableLasers[],COLUMN(TableLasers[H-DPH]),FALSE),LEFT(TableM5[[#This Row],[Front]],2)*VLOOKUP(VALUE(TRIM(CLEAN(RIGHT(TableM5[[#This Row],[Front]],2)))),TableLasers[],COLUMN(TableLasers[H-DPH]),FALSE),LEFT(TableM5[[#This Row],[Back]],2)*VLOOKUP(VALUE(TRIM(CLEAN(RIGHT(TableM5[[#This Row],[Back]],2)))),TableLasers[],COLUMN(TableLasers[H-DPH]),FALSE),LEFT(TableM5[[#This Row],[Left]],2)*VLOOKUP(VALUE(TRIM(CLEAN(RIGHT(TableM5[[#This Row],[Left]],2)))),TableLasers[],COLUMN(TableLasers[H-DPH]),FALSE),LEFT(TableM5[[#This Row],[Right]],2)*VLOOKUP(VALUE(TRIM(CLEAN(RIGHT(TableM5[[#This Row],[Right]],2)))),TableLasers[],COLUMN(TableLasers[H-DPH]),FALSE),LEFT(TableM5[[#This Row],[Up]],2)*VLOOKUP(VALUE(TRIM(CLEAN(RIGHT(TableM5[[#This Row],[Up]],2)))),TableLasers[],COLUMN(TableLasers[H-DPH]),FALSE),LEFT(TableM5[[#This Row],[Down]],2)*VLOOKUP(VALUE(TRIM(CLEAN(RIGHT(TableM5[[#This Row],[Down]],2)))),TableLasers[],COLUMN(TableLasers[H-DPH]),FALSE))","v":80},"02::00","00::00","00::00","00::00","00::00","00::00","00::00",2,null,null,null,null,null,null,0]
[491,"Paranid","M5","Pegasus","Mk I",580.447,165.84200000000001,44,"S",850,"1 MJ ",2,100,7.9744816586921896,2,482,11.565108,18,0,{"$f":"SUM(LEFT(TableM5[[#This Row],[Main]],2)*VLOOKUP(VALUE(TRIM(CLEAN(RIGHT(TableM5[[#This Row],[Main]],2)))),TableLasers[],COLUMN(TableLasers[S-DPH]),FALSE),LEFT(TableM5[[#This Row],[Front]],2)*VLOOKUP(VALUE(TRIM(CLEAN(RIGHT(TableM5[[#This Row],[Front]],2)))),TableLasers[],COLUMN(TableLasers[S-DPH]),FALSE),LEFT(TableM5[[#This Row],[Back]],2)*VLOOKUP(VALUE(TRIM(CLEAN(RIGHT(TableM5[[#This Row],[Back]],2)))),TableLasers[],COLUMN(TableLasers[S-DPH]),FALSE),LEFT(TableM5[[#This Row],[Left]],2)*VLOOKUP(VALUE(TRIM(CLEAN(RIGHT(TableM5[[#This Row],[Left]],2)))),TableLasers[],COLUMN(TableLasers[S-DPH]),FALSE),LEFT(TableM5[[#This Row],[Right]],2)*VLOOKUP(VALUE(TRIM(CLEAN(RIGHT(TableM5[[#This Row],[Right]],2)))),TableLasers[],COLUMN(TableLasers[S-DPH]),FALSE),LEFT(TableM5[[#This Row],[Up]],2)*VLOOKUP(VALUE(TRIM(CLEAN(RIGHT(TableM5[[#This Row],[Up]],2)))),TableLasers[],COLUMN(TableLasers[S-DPH]),FALSE),LEFT(TableM5[[#This Row],[Down]],2)*VLOOKUP(VALUE(TRIM(CLEAN(RIGHT(TableM5[[#This Row],[Down]],2)))),TableLasers[],COLUMN(TableLasers[S-DPH]),FALSE))","v":360},{"$f":"SUM(LEFT(TableM5[[#This Row],[Main]],2)*VLOOKUP(VALUE(TRIM(CLEAN(RIGHT(TableM5[[#This Row],[Main]],2)))),TableLasers[],COLUMN(TableLasers[H-DPH]),FALSE),LEFT(TableM5[[#This Row],[Front]],2)*VLOOKUP(VALUE(TRIM(CLEAN(RIGHT(TableM5[[#This Row],[Front]],2)))),TableLasers[],COLUMN(TableLasers[H-DPH]),FALSE),LEFT(TableM5[[#This Row],[Back]],2)*VLOOKUP(VALUE(TRIM(CLEAN(RIGHT(TableM5[[#This Row],[Back]],2)))),TableLasers[],COLUMN(TableLasers[H-DPH]),FALSE),LEFT(TableM5[[#This Row],[Left]],2)*VLOOKUP(VALUE(TRIM(CLEAN(RIGHT(TableM5[[#This Row],[Left]],2)))),TableLasers[],COLUMN(TableLasers[H-DPH]),FALSE),LEFT(TableM5[[#This Row],[Right]],2)*VLOOKUP(VALUE(TRIM(CLEAN(RIGHT(TableM5[[#This Row],[Right]],2)))),TableLasers[],COLUMN(TableLasers[H-DPH]),FALSE),LEFT(TableM5[[#This Row],[Up]],2)*VLOOKUP(VALUE(TRIM(CLEAN(RIGHT(TableM5[[#This Row],[Up]],2)))),TableLasers[],COLUMN(TableLasers[H-DPH]),FALSE),LEFT(TableM5[[#This Row],[Down]],2)*VLOOKUP(VALUE(TRIM(CLEAN(RIGHT(TableM5[[#This Row],[Down]],2)))),TableLasers[],COLUMN(TableLasers[H-DPH]),FALSE))","v":80},"02::00","00::00","00::00","00::00","00::00","00::00","00::00",2,null,null,null,null,null,null,0]
[497,null,"M5","N","Mk I",435.399,290.26600000000002,60,"S",900,"1 MJ ",2,70,7.9744816586921896,2,800,27.995200000000001,50,0,{"$f":"SUM(LEFT(TableM5[[#This Row],[Main]],2)*VLOOKUP(VALUE(TRIM(CLEAN(RIGHT(TableM5[[#This Row],[Main]],2)))),TableLasers[],COLUMN(TableLasers[S-DPH]),FALSE),LEFT(TableM5[[#This Row],[Front]],2)*VLOOKUP(VALUE(TRIM(CLEAN(RIGHT(TableM5[[#This Row],[Front]],2)))),TableLasers[],COLUMN(TableLasers[S-DPH]),FALSE),LEFT(TableM5[[#This Row],[Back]],2)*VLOOKUP(VALUE(TRIM(CLEAN(RIGHT(TableM5[[#This Row],[Back]],2)))),TableLasers[],COLUMN(TableLasers[S-DPH]),FALSE),LEFT(TableM5[[#This Row],[Left]],2)*VLOOKUP(VALUE(TRIM(CLEAN(RIGHT(TableM5[[#This Row],[Left]],2)))),TableLasers[],COLUMN(TableLasers[S-DPH]),FALSE),LEFT(TableM5[[#This Row],[Right]],2)*VLOOKUP(VALUE(TRIM(CLEAN(RIGHT(TableM5[[#This Row],[Right]],2)))),TableLasers[],COLUMN(TableLasers[S-DPH]),FALSE),LEFT(TableM5[[#This Row],[Up]],2)*VLOOKUP(VALUE(TRIM(CLEAN(RIGHT(TableM5[[#This Row],[Up]],2)))),TableLasers[],COLUMN(TableLasers[S-DPH]),FALSE),LEFT(TableM5[[#This Row],[Down]],2)*VLOOKUP(VALUE(TRIM(CLEAN(RIGHT(TableM5[[#This Row],[Down]],2)))),TableLasers[],COLUMN(TableLasers[S-DPH]),FALSE))","v":3404},{"$f":"SUM(LEFT(TableM5[[#This Row],[Main]],2)*VLOOKUP(VALUE(TRIM(CLEAN(RIGHT(TableM5[[#This Row],[Main]],2)))),TableLasers[],COLUMN(TableLasers[H-DPH]),FALSE),LEFT(TableM5[[#This Row],[Front]],2)*VLOOKUP(VALUE(TRIM(CLEAN(RIGHT(TableM5[[#This Row],[Front]],2)))),TableLasers[],COLUMN(TableLasers[H-DPH]),FALSE),LEFT(TableM5[[#This Row],[Back]],2)*VLOOKUP(VALUE(TRIM(CLEAN(RIGHT(TableM5[[#This Row],[Back]],2)))),TableLasers[],COLUMN(TableLasers[H-DPH]),FALSE),LEFT(TableM5[[#This Row],[Left]],2)*VLOOKUP(VALUE(TRIM(CLEAN(RIGHT(TableM5[[#This Row],[Left]],2)))),TableLasers[],COLUMN(TableLasers[H-DPH]),FALSE),LEFT(TableM5[[#This Row],[Right]],2)*VLOOKUP(VALUE(TRIM(CLEAN(RIGHT(TableM5[[#This Row],[Right]],2)))),TableLasers[],COLUMN(TableLasers[H-DPH]),FALSE),LEFT(TableM5[[#This Row],[Up]],2)*VLOOKUP(VALUE(TRIM(CLEAN(RIGHT(TableM5[[#This Row],[Up]],2)))),TableLasers[],COLUMN(TableLasers[H-DPH]),FALSE),LEFT(TableM5[[#This Row],[Down]],2)*VLOOKUP(VALUE(TRIM(CLEAN(RIGHT(TableM5[[#This Row],[Down]],2)))),TableLasers[],COLUMN(TableLasers[H-DPH]),FALSE))","v":612},"02::12","00::00","00::00","00::00","00::00","00::00","00::00",2,null,null,null,null,null,null,"0,12,10"]
[516,"ATF","M5","Mani",null,645,322.5,52,"S",1000,"1 MJ ",5,110,15.948963317384401,8,1100,27.5,90,0,{"$f":"SUM(LEFT(TableM5[[#This Row],[Main]],2)*VLOOKUP(VALUE(TRIM(CLEAN(RIGHT(TableM5[[#This Row],[Main]],2)))),TableLasers[],COLUMN(TableLasers[S-DPH]),FALSE),LEFT(TableM5[[#This Row],[Front]],2)*VLOOKUP(VALUE(TRIM(CLEAN(RIGHT(TableM5[[#This Row],[Front]],2)))),TableLasers[],COLUMN(TableLasers[S-DPH]),FALSE),LEFT(TableM5[[#This Row],[Back]],2)*VLOOKUP(VALUE(TRIM(CLEAN(RIGHT(TableM5[[#This Row],[Back]],2)))),TableLasers[],COLUMN(TableLasers[S-DPH]),FALSE),LEFT(TableM5[[#This Row],[Left]],2)*VLOOKUP(VALUE(TRIM(CLEAN(RIGHT(TableM5[[#This Row],[Left]],2)))),TableLasers[],COLUMN(TableLasers[S-DPH]),FALSE),LEFT(TableM5[[#This Row],[Right]],2)*VLOOKUP(VALUE(TRIM(CLEAN(RIGHT(TableM5[[#This Row],[Right]],2)))),TableLasers[],COLUMN(TableLasers[S-DPH]),FALSE),LEFT(TableM5[[#This Row],[Up]],2)*VLOOKUP(VALUE(TRIM(CLEAN(RIGHT(TableM5[[#This Row],[Up]],2)))),TableLasers[],COLUMN(TableLasers[S-DPH]),FALSE),LEFT(TableM5[[#This Row],[Down]],2)*VLOOKUP(VALUE(TRIM(CLEAN(RIGHT(TableM5[[#This Row],[Down]],2)))),TableLasers[],COLUMN(TableLasers[S-DPH]),FALSE))","v":4160},{"$f":"SUM(LEFT(TableM5[[#This Row],[Main]],2)*VLOOKUP(VALUE(TRIM(CLEAN(RIGHT(TableM5[[#This Row],[Main]],2)))),TableLasers[],COLUMN(TableLasers[H-DPH]),FALSE),LEFT(TableM5[[#This Row],[Front]],2)*VLOOKUP(VALUE(TRIM(CLEAN(RIGHT(TableM5[[#This Row],[Front]],2)))),TableLasers[],COLUMN(TableLasers[H-DPH]),FALSE),LEFT(TableM5[[#This Row],[Back]],2)*VLOOKUP(VALUE(TRIM(CLEAN(RIGHT(TableM5[[#This Row],[Back]],2)))),TableLasers[],COLUMN(TableLasers[H-DPH]),FALSE),LEFT(TableM5[[#This Row],[Left]],2)*VLOOKUP(VALUE(TRIM(CLEAN(RIGHT(TableM5[[#This Row],[Left]],2)))),TableLasers[],COLUMN(TableLasers[H-DPH]),FALSE),LEFT(TableM5[[#This Row],[Right]],2)*VLOOKUP(VALUE(TRIM(CLEAN(RIGHT(TableM5[[#This Row],[Right]],2)))),TableLasers[],COLUMN(TableLasers[H-DPH]),FALSE),LEFT(TableM5[[#This Row],[Up]],2)*VLOOKUP(VALUE(TRIM(CLEAN(RIGHT(TableM5[[#This Row],[Up]],2)))),TableLasers[],COLUMN(TableLasers[H-DPH]),FALSE),LEFT(TableM5[[#This Row],[Down]],2)*VLOOKUP(VALUE(TRIM(CLEAN(RIGHT(TableM5[[#This Row],[Down]],2)))),TableLasers[],COLUMN(TableLasers[H-DPH]),FALSE))","v":640},"06::10","00::00","02::10","00::00","00::00","00::00","00::00",6,null,2,null,null,null,null,10,null,"10,29,35"]
[527,"Argon","M5","Discoverer","Explorer",654.64700000000005,187.042,48,"M",800,"1 MJ ",2,110,7.9744816586921896,2,300,7.4969999999999999,60,0,{"$f":"SUM(LEFT(TableM5[[#This Row],[Main]],2)*VLOOKUP(VALUE(TRIM(CLEAN(RIGHT(TableM5[[#This Row],[Main]],2)))),TableLasers[],COLUMN(TableLasers[S-DPH]),FALSE),LEFT(TableM5[[#This Row],[Front]],2)*VLOOKUP(VALUE(TRIM(CLEAN(RIGHT(TableM5[[#This Row],[Front]],2)))),TableLasers[],COLUMN(TableLasers[S-DPH]),FALSE),LEFT(TableM5[[#This Row],[Back]],2)*VLOOKUP(VALUE(TRIM(CLEAN(RIGHT(TableM5[[#This Row],[Back]],2)))),TableLasers[],COLUMN(TableLasers[S-DPH]),FALSE),LEFT(TableM5[[#This Row],[Left]],2)*VLOOKUP(VALUE(TRIM(CLEAN(RIGHT(TableM5[[#This Row],[Left]],2)))),TableLasers[],COLUMN(TableLasers[S-DPH]),FALSE),LEFT(TableM5[[#This Row],[Right]],2)*VLOOKUP(VALUE(TRIM(CLEAN(RIGHT(TableM5[[#This Row],[Right]],2)))),TableLasers[],COLUMN(TableLasers[S-DPH]),FALSE),LEFT(TableM5[[#This Row],[Up]],2)*VLOOKUP(VALUE(TRIM(CLEAN(RIGHT(TableM5[[#This Row],[Up]],2)))),TableLasers[],COLUMN(TableLasers[S-DPH]),FALSE),LEFT(TableM5[[#This Row],[Down]],2)*VLOOKUP(VALUE(TRIM(CLEAN(RIGHT(TableM5[[#This Row],[Down]],2)))),TableLasers[],COLUMN(TableLasers[S-DPH]),FALSE))","v":1280},{"$f":"SUM(LEFT(TableM5[[#This Row],[Main]],2)*VLOOKUP(VALUE(TRIM(CLEAN(RIGHT(TableM5[[#This Row],[Main]],2)))),TableLasers[],COLUMN(TableLasers[H-DPH]),FALSE),LEFT(TableM5[[#This Row],[Front]],2)*VLOOKUP(VALUE(TRIM(CLEAN(RIGHT(TableM5[[#This Row],[Front]],2)))),TableLasers[],COLUMN(TableLasers[H-DPH]),FALSE),LEFT(TableM5[[#This Row],[Back]],2)*VLOOKUP(VALUE(TRIM(CLEAN(RIGHT(TableM5[[#This Row],[Back]],2)))),TableLasers[],COLUMN(TableLasers[H-DPH]),FALSE),LEFT(TableM5[[#This Row],[Left]],2)*VLOOKUP(VALUE(TRIM(CLEAN(RIGHT(TableM5[[#This Row],[Left]],2)))),TableLasers[],COLUMN(TableLasers[H-DPH]),FALSE),LEFT(TableM5[[#This Row],[Right]],2)*VLOOKUP(VALUE(TRIM(CLEAN(RIGHT(TableM5[[#This Row],[Right]],2)))),TableLasers[],COLUMN(TableLasers[H-DPH]),FALSE),LEFT(TableM5[[#This Row],[Up]],2)*VLOOKUP(VALUE(TRIM(CLEAN(RIGHT(TableM5[[#This Row],[Up]],2)))),TableLasers[],COLUMN(TableLasers[H-DPH]),FALSE),LEFT(TableM5[[#This Row],[Down]],2)*VLOOKUP(VALUE(TRIM(CLEAN(RIGHT(TableM5[[#This Row],[Down]],2)))),TableLasers[],COLUMN(TableLasers[H-DPH]),FALSE))","v":240},"02::01","00::00","00::00","00::00","00::00","00::00","00::00",2,null,null,null,null,null,null,"0,1"]
[528,"Split","M5","Jaguar","Explorer",811.447,231.84200000000001,40,"M",760,"1 MJ ",1,93,7.9744816586921896,4,500,12.497,27,0,{"$f":"SUM(LEFT(TableM5[[#This Row],[Main]],2)*VLOOKUP(VALUE(TRIM(CLEAN(RIGHT(TableM5[[#This Row],[Main]],2)))),TableLasers[],COLUMN(TableLasers[S-DPH]),FALSE),LEFT(TableM5[[#This Row],[Front]],2)*VLOOKUP(VALUE(TRIM(CLEAN(RIGHT(TableM5[[#This Row],[Front]],2)))),TableLasers[],COLUMN(TableLasers[S-DPH]),FALSE),LEFT(TableM5[[#This Row],[Back]],2)*VLOOKUP(VALUE(TRIM(CLEAN(RIGHT(TableM5[[#This Row],[Back]],2)))),TableLasers[],COLUMN(TableLasers[S-DPH]),FALSE),LEFT(TableM5[[#This Row],[Left]],2)*VLOOKUP(VALUE(TRIM(CLEAN(RIGHT(TableM5[[#This Row],[Left]],2)))),TableLasers[],COLUMN(TableLasers[S-DPH]),FALSE),LEFT(TableM5[[#This Row],[Right]],2)*VLOOKUP(VALUE(TRIM(CLEAN(RIGHT(TableM5[[#This Row],[Right]],2)))),TableLasers[],COLUMN(TableLasers[S-DPH]),FALSE),LEFT(TableM5[[#This Row],[Up]],2)*VLOOKUP(VALUE(TRIM(CLEAN(RIGHT(TableM5[[#This Row],[Up]],2)))),TableLasers[],COLUMN(TableLasers[S-DPH]),FALSE),LEFT(TableM5[[#This Row],[Down]],2)*VLOOKUP(VALUE(TRIM(CLEAN(RIGHT(TableM5[[#This Row],[Down]],2)))),TableLasers[],COLUMN(TableLasers[S-DPH]),FALSE))","v":2560},{"$f":"SUM(LEFT(TableM5[[#This Row],[Main]],2)*VLOOKUP(VALUE(TRIM(CLEAN(RIGHT(TableM5[[#This Row],[Main]],2)))),TableLasers[],COLUMN(TableLasers[H-DPH]),FALSE),LEFT(TableM5[[#This Row],[Front]],2)*VLOOKUP(VALUE(TRIM(CLEAN(RIGHT(TableM5[[#This Row],[Front]],2)))),TableLasers[],COLUMN(TableLasers[H-DPH]),FALSE),LEFT(TableM5[[#This Row],[Back]],2)*VLOOKUP(VALUE(TRIM(CLEAN(RIGHT(TableM5[[#This Row],[Back]],2)))),TableLasers[],COLUMN(TableLasers[H-DPH]),FALSE),LEFT(TableM5[[#This Row],[Left]],2)*VLOOKUP(VALUE(TRIM(CLEAN(RIGHT(TableM5[[#This Row],[Left]],2)))),TableLasers[],COLUMN(TableLasers[H-DPH]),FALSE),LEFT(TableM5[[#This Row],[Right]],2)*VLOOKUP(VALUE(TRIM(CLEAN(RIGHT(TableM5[[#This Row],[Right]],2)))),TableLasers[],COLUMN(TableLasers[H-DPH]),FALSE),LEFT(TableM5[[#This Row],[Up]],2)*VLOOKUP(VALUE(TRIM(CLEAN(RIGHT(TableM5[[#This Row],[Up]],2)))),TableLasers[],COLUMN(TableLasers[H-DPH]),FALSE),LEFT(TableM5[[#This Row],[Down]],2)*VLOOKUP(VALUE(TRIM(CLEAN(RIGHT(TableM5[[#This Row],[Down]],2)))),TableLasers[],COLUMN(TableLasers[H-DPH]),FALSE))","v":480},"04::01","00::00","00::00","00::00","00::00","00::00","00::00",4,null,null,null,null,null,null,"0,1"]
[529,"Paranid","M5","Pegasus","Explorer",692.09699999999998,197.74199999999999,44,"M",950,"1 MJ ",3,110,7.9744816586921896,2,350,8.7464999999999993,22,0,{"$f":"SUM(LEFT(TableM5[[#This Row],[Main]],2)*VLOOKUP(VALUE(TRIM(CLEAN(RIGHT(TableM5[[#This Row],[Main]],2)))),TableLasers[],COLUMN(TableLasers[S-DPH]),FALSE),LEFT(TableM5[[#This Row],[Front]],2)*VLOOKUP(VALUE(TRIM(CLEAN(RIGHT(TableM5[[#This Row],[Front]],2)))),TableLasers[],COLUMN(TableLasers[S-DPH]),FALSE),LEFT(TableM5[[#This Row],[Back]],2)*VLOOKUP(VALUE(TRIM(CLEAN(RIGHT(TableM5[[#This Row],[Back]],2)))),TableLasers[],COLUMN(TableLasers[S-DPH]),FALSE),LEFT(TableM5[[#This Row],[Left]],2)*VLOOKUP(VALUE(TRIM(CLEAN(RIGHT(TableM5[[#This Row],[Left]],2)))),TableLasers[],COLUMN(TableLasers[S-DPH]),FALSE),LEFT(TableM5[[#This Row],[Right]],2)*VLOOKUP(VALUE(TRIM(CLEAN(RIGHT(TableM5[[#This Row],[Right]],2)))),TableLasers[],COLUMN(TableLasers[S-DPH]),FALSE),LEFT(TableM5[[#This Row],[Up]],2)*VLOOKUP(VALUE(TRIM(CLEAN(RIGHT(TableM5[[#This Row],[Up]],2)))),TableLasers[],COLUMN(TableLasers[S-DPH]),FALSE),LEFT(TableM5[[#This Row],[Down]],2)*VLOOKUP(VALUE(TRIM(CLEAN(RIGHT(TableM5[[#This Row],[Down]],2)))),TableLasers[],COLUMN(TableLasers[S-DPH]),FALSE))","v":1280},{"$f":"SUM(LEFT(TableM5[[#This Row],[Main]],2)*VLOOKUP(VALUE(TRIM(CLEAN(RIGHT(TableM5[[#This Row],[Main]],2)))),TableLasers[],COLUMN(TableLasers[H-DPH]),FALSE),LEFT(TableM5[[#This Row],[Front]],2)*VLOOKUP(VALUE(TRIM(CLEAN(RIGHT(TableM5[[#This Row],[Front]],2)))),TableLasers[],COLUMN(TableLasers[H-DPH]),FALSE),LEFT(TableM5[[#This Row],[Back]],2)*VLOOKUP(VALUE(TRIM(CLEAN(RIGHT(TableM5[[#This Row],[Back]],2)))),TableLasers[],COLUMN(TableLasers[H-DPH]),FALSE),LEFT(TableM5[[#This Row],[Left]],2)*VLOOKUP(VALUE(TRIM(CLEAN(RIGHT(TableM5[[#This Row],[Left]],2)))),TableLasers[],COLUMN(TableLasers[H-DPH]),FALSE),LEFT(TableM5[[#This Row],[Right]],2)*VLOOKUP(VALUE(TRIM(CLEAN(RIGHT(TableM5[[#This Row],[Right]],2)))),TableLasers[],COLUMN(TableLasers[H-DPH]),FALSE),LEFT(TableM5[[#This Row],[Up]],2)*VLOOKUP(VALUE(TRIM(CLEAN(RIGHT(TableM5[[#This Row],[Up]],2)))),TableLasers[],COLUMN(TableLasers[H-DPH]),FALSE),LEFT(TableM5[[#This Row],[Down]],2)*VLOOKUP(VALUE(TRIM(CLEAN(RIGHT(TableM5[[#This Row],[Down]],2)))),TableLasers[],COLUMN(TableLasers[H-DPH]),FALSE))","v":240},"02::01","00::00","00::00","00::00","00::00","00::00","00::00",2,null,null,null,null,null,null,"0,1"]
[530,"Boron","M5","Octopus","Explorer",738.40200000000004,246.13399999999999,44,"M",855,"1 MJ ",2,100,7.9744816586921896,2,200,4.9988000000000001,34,0,{"$f":"SUM(LEFT(TableM5[[#This Row],[Main]],2)*VLOOKUP(VALUE(TRIM(CLEAN(RIGHT(TableM5[[#This Row],[Main]],2)))),TableLasers[],COLUMN(TableLasers[S-DPH]),FALSE),LEFT(TableM5[[#This Row],[Front]],2)*VLOOKUP(VALUE(TRIM(CLEAN(RIGHT(TableM5[[#This Row],[Front]],2)))),TableLasers[],COLUMN(TableLasers[S-DPH]),FALSE),LEFT(TableM5[[#This Row],[Back]],2)*VLOOKUP(VALUE(TRIM(CLEAN(RIGHT(TableM5[[#This Row],[Back]],2)))),TableLasers[],COLUMN(TableLasers[S-DPH]),FALSE),LEFT(TableM5[[#This Row],[Left]],2)*VLOOKUP(VALUE(TRIM(CLEAN(RIGHT(TableM5[[#This Row],[Left]],2)))),TableLasers[],COLUMN(TableLasers[S-DPH]),FALSE),LEFT(TableM5[[#This Row],[Right]],2)*VLOOKUP(VALUE(TRIM(CLEAN(RIGHT(TableM5[[#This Row],[Right]],2)))),TableLasers[],COLUMN(TableLasers[S-DPH]),FALSE),LEFT(TableM5[[#This Row],[Up]],2)*VLOOKUP(VALUE(TRIM(CLEAN(RIGHT(TableM5[[#This Row],[Up]],2)))),TableLasers[],COLUMN(TableLasers[S-DPH]),FALSE),LEFT(TableM5[[#This Row],[Down]],2)*VLOOKUP(VALUE(TRIM(CLEAN(RIGHT(TableM5[[#This Row],[Down]],2)))),TableLasers[],COLUMN(TableLasers[S-DPH]),FALSE))","v":1280},{"$f":"SUM(LEFT(TableM5[[#This Row],[Main]],2)*VLOOKUP(VALUE(TRIM(CLEAN(RIGHT(TableM5[[#This Row],[Main]],2)))),TableLasers[],COLUMN(TableLasers[H-DPH]),FALSE),LEFT(TableM5[[#This Row],[Front]],2)*VLOOKUP(VALUE(TRIM(CLEAN(RIGHT(TableM5[[#This Row],[Front]],2)))),TableLasers[],COLUMN(TableLasers[H-DPH]),FALSE),LEFT(TableM5[[#This Row],[Back]],2)*VLOOKUP(VALUE(TRIM(CLEAN(RIGHT(TableM5[[#This Row],[Back]],2)))),TableLasers[],COLUMN(TableLasers[H-DPH]),FALSE),LEFT(TableM5[[#This Row],[Left]],2)*VLOOKUP(VALUE(TRIM(CLEAN(RIGHT(TableM5[[#This Row],[Left]],2)))),TableLasers[],COLUMN(TableLasers[H-DPH]),FALSE),LEFT(TableM5[[#This Row],[Right]],2)*VLOOKUP(VALUE(TRIM(CLEAN(RIGHT(TableM5[[#This Row],[Right]],2)))),TableLasers[],COLUMN(TableLasers[H-DPH]),FALSE),LEFT(TableM5[[#This Row],[Up]],2)*VLOOKUP(VALUE(TRIM(CLEAN(RIGHT(TableM5[[#This Row],[Up]],2)))),TableLasers[],COLUMN(TableLasers[H-DPH]),FALSE),LEFT(TableM5[[#This Row],[Down]],2)*VLOOKUP(VALUE(TRIM(CLEAN(RIGHT(TableM5[[#This Row],[Down]],2)))),TableLasers[],COLUMN(TableLasers[H-DPH]),FALSE))","v":240},"02::01","00::00","00::00","00::00","00::00","00::00","00::00",2,null,null,null,null,null,null,"0,1"]
[531,"Teladi","M5","Harrier","Explorer",570,228,32,"M",1332,"1 MJ ",4,95,15.948963317384401,2,300,7.4981999999999998,115,0,{"$f":"SUM(LEFT(TableM5[[#This Row],[Main]],2)*VLOOKUP(VALUE(TRIM(CLEAN(RIGHT(TableM5[[#This Row],[Main]],2)))),TableLasers[],COLUMN(TableLasers[S-DPH]),FALSE),LEFT(TableM5[[#This Row],[Front]],2)*VLOOKUP(VALUE(TRIM(CLEAN(RIGHT(TableM5[[#This Row],[Front]],2)))),TableLasers[],COLUMN(TableLasers[S-DPH]),FALSE),LEFT(TableM5[[#This Row],[Back]],2)*VLOOKUP(VALUE(TRIM(CLEAN(RIGHT(TableM5[[#This Row],[Back]],2)))),TableLasers[],COLUMN(TableLasers[S-DPH]),FALSE),LEFT(TableM5[[#This Row],[Left]],2)*VLOOKUP(VALUE(TRIM(CLEAN(RIGHT(TableM5[[#This Row],[Left]],2)))),TableLasers[],COLUMN(TableLasers[S-DPH]),FALSE),LEFT(TableM5[[#This Row],[Right]],2)*VLOOKUP(VALUE(TRIM(CLEAN(RIGHT(TableM5[[#This Row],[Right]],2)))),TableLasers[],COLUMN(TableLasers[S-DPH]),FALSE),LEFT(TableM5[[#This Row],[Up]],2)*VLOOKUP(VALUE(TRIM(CLEAN(RIGHT(TableM5[[#This Row],[Up]],2)))),TableLasers[],COLUMN(TableLasers[S-DPH]),FALSE),LEFT(TableM5[[#This Row],[Down]],2)*VLOOKUP(VALUE(TRIM(CLEAN(RIGHT(TableM5[[#This Row],[Down]],2)))),TableLasers[],COLUMN(TableLasers[S-DPH]),FALSE))","v":1280},{"$f":"SUM(LEFT(TableM5[[#This Row],[Main]],2)*VLOOKUP(VALUE(TRIM(CLEAN(RIGHT(TableM5[[#This Row],[Main]],2)))),TableLasers[],COLUMN(TableLasers[H-DPH]),FALSE),LEFT(TableM5[[#This Row],[Front]],2)*VLOOKUP(VALUE(TRIM(CLEAN(RIGHT(TableM5[[#This Row],[Front]],2)))),TableLasers[],COLUMN(TableLasers[H-DPH]),FALSE),LEFT(TableM5[[#This Row],[Back]],2)*VLOOKUP(VALUE(TRIM(CLEAN(RIGHT(TableM5[[#This Row],[Back]],2)))),TableLasers[],COLUMN(TableLasers[H-DPH]),FALSE),LEFT(TableM5[[#This Row],[Left]],2)*VLOOKUP(VALUE(TRIM(CLEAN(RIGHT(TableM5[[#This Row],[Left]],2)))),TableLasers[],COLUMN(TableLasers[H-DPH]),FALSE),LEFT(TableM5[[#This Row],[Right]],2)*VLOOKUP(VALUE(TRIM(CLEAN(RIGHT(TableM5[[#This Row],[Right]],2)))),TableLasers[],COLUMN(TableLasers[H-DPH]),FALSE),LEFT(TableM5[[#This Row],[Up]],2)*VLOOKUP(VALUE(TRIM(CLEAN(RIGHT(TableM5[[#This Row],[Up]],2)))),TableLasers[],COLUMN(TableLasers[H-DPH]),FALSE),LEFT(TableM5[[#This Row],[Down]],2)*VLOOKUP(VALUE(TRIM(CLEAN(RIGHT(TableM5[[#This Row],[Down]],2)))),TableLasers[],COLUMN(TableLasers[H-DPH]),FALSE))","v":240},"02::01","00::00","00::00","00::00","00::00","00::00","00::00",2,null,null,null,null,null,null,"0,1"]
[532,"Terran","M5","Rapier","Explorer",673.54700000000003,192.44200000000001,40,"M",1300,"1 MJ ",3,130,7.9744816586921896,2,300,7.4981999999999998,50,0,{"$f":"SUM(LEFT(TableM5[[#This Row],[Main]],2)*VLOOKUP(VALUE(TRIM(CLEAN(RIGHT(TableM5[[#This Row],[Main]],2)))),TableLasers[],COLUMN(TableLasers[S-DPH]),FALSE),LEFT(TableM5[[#This Row],[Front]],2)*VLOOKUP(VALUE(TRIM(CLEAN(RIGHT(TableM5[[#This Row],[Front]],2)))),TableLasers[],COLUMN(TableLasers[S-DPH]),FALSE),LEFT(TableM5[[#This Row],[Back]],2)*VLOOKUP(VALUE(TRIM(CLEAN(RIGHT(TableM5[[#This Row],[Back]],2)))),TableLasers[],COLUMN(TableLasers[S-DPH]),FALSE),LEFT(TableM5[[#This Row],[Left]],2)*VLOOKUP(VALUE(TRIM(CLEAN(RIGHT(TableM5[[#This Row],[Left]],2)))),TableLasers[],COLUMN(TableLasers[S-DPH]),FALSE),LEFT(TableM5[[#This Row],[Right]],2)*VLOOKUP(VALUE(TRIM(CLEAN(RIGHT(TableM5[[#This Row],[Right]],2)))),TableLasers[],COLUMN(TableLasers[S-DPH]),FALSE),LEFT(TableM5[[#This Row],[Up]],2)*VLOOKUP(VALUE(TRIM(CLEAN(RIGHT(TableM5[[#This Row],[Up]],2)))),TableLasers[],COLUMN(TableLasers[S-DPH]),FALSE),LEFT(TableM5[[#This Row],[Down]],2)*VLOOKUP(VALUE(TRIM(CLEAN(RIGHT(TableM5[[#This Row],[Down]],2)))),TableLasers[],COLUMN(TableLasers[S-DPH]),FALSE))","v":4640},{"$f":"SUM(LEFT(TableM5[[#This Row],[Main]],2)*VLOOKUP(VALUE(TRIM(CLEAN(RIGHT(TableM5[[#This Row],[Main]],2)))),TableLasers[],COLUMN(TableLasers[H-DPH]),FALSE),LEFT(TableM5[[#This Row],[Front]],2)*VLOOKUP(VALUE(TRIM(CLEAN(RIGHT(TableM5[[#This Row],[Front]],2)))),TableLasers[],COLUMN(TableLasers[H-DPH]),FALSE),LEFT(TableM5[[#This Row],[Back]],2)*VLOOKUP(VALUE(TRIM(CLEAN(RIGHT(TableM5[[#This Row],[Back]],2)))),TableLasers[],COLUMN(TableLasers[H-DPH]),FALSE),LEFT(TableM5[[#This Row],[Left]],2)*VLOOKUP(VALUE(TRIM(CLEAN(RIGHT(TableM5[[#This Row],[Left]],2)))),TableLasers[],COLUMN(TableLasers[H-DPH]),FALSE),LEFT(TableM5[[#This Row],[Right]],2)*VLOOKUP(VALUE(TRIM(CLEAN(RIGHT(TableM5[[#This Row],[Right]],2)))),TableLasers[],COLUMN(TableLasers[H-DPH]),FALSE),LEFT(TableM5[[#This Row],[Up]],2)*VLOOKUP(VALUE(TRIM(CLEAN(RIGHT(TableM5[[#This Row],[Up]],2)))),TableLasers[],COLUMN(TableLasers[H-DPH]),FALSE),LEFT(TableM5[[#This Row],[Down]],2)*VLOOKUP(VALUE(TRIM(CLEAN(RIGHT(TableM5[[#This Row],[Down]],2)))),TableLasers[],COLUMN(TableLasers[H-DPH]),FALSE))","v":906},"02::11","00::00","00::00","00::00","00::00","00::00","00::00",2,null,null,null,null,null,null,"10,11"]
[534,"Yaki","M5","Fujin","Explorer",779.24699999999996,222.642,44,"M",950,"1 MJ ",2,110,7.9744816586921896,4,300,7.5,30,0,{"$f":"SUM(LEFT(TableM5[[#This Row],[Main]],2)*VLOOKUP(VALUE(TRIM(CLEAN(RIGHT(TableM5[[#This Row],[Main]],2)))),TableLasers[],COLUMN(TableLasers[S-DPH]),FALSE),LEFT(TableM5[[#This Row],[Front]],2)*VLOOKUP(VALUE(TRIM(CLEAN(RIGHT(TableM5[[#This Row],[Front]],2)))),TableLasers[],COLUMN(TableLasers[S-DPH]),FALSE),LEFT(TableM5[[#This Row],[Back]],2)*VLOOKUP(VALUE(TRIM(CLEAN(RIGHT(TableM5[[#This Row],[Back]],2)))),TableLasers[],COLUMN(TableLasers[S-DPH]),FALSE),LEFT(TableM5[[#This Row],[Left]],2)*VLOOKUP(VALUE(TRIM(CLEAN(RIGHT(TableM5[[#This Row],[Left]],2)))),TableLasers[],COLUMN(TableLasers[S-DPH]),FALSE),LEFT(TableM5[[#This Row],[Right]],2)*VLOOKUP(VALUE(TRIM(CLEAN(RIGHT(TableM5[[#This Row],[Right]],2)))),TableLasers[],COLUMN(TableLasers[S-DPH]),FALSE),LEFT(TableM5[[#This Row],[Up]],2)*VLOOKUP(VALUE(TRIM(CLEAN(RIGHT(TableM5[[#This Row],[Up]],2)))),TableLasers[],COLUMN(TableLasers[S-DPH]),FALSE),LEFT(TableM5[[#This Row],[Down]],2)*VLOOKUP(VALUE(TRIM(CLEAN(RIGHT(TableM5[[#This Row],[Down]],2)))),TableLasers[],COLUMN(TableLasers[S-DPH]),FALSE))","v":2560},{"$f":"SUM(LEFT(TableM5[[#This Row],[Main]],2)*VLOOKUP(VALUE(TRIM(CLEAN(RIGHT(TableM5[[#This Row],[Main]],2)))),TableLasers[],COLUMN(TableLasers[H-DPH]),FALSE),LEFT(TableM5[[#This Row],[Front]],2)*VLOOKUP(VALUE(TRIM(CLEAN(RIGHT(TableM5[[#This Row],[Front]],2)))),TableLasers[],COLUMN(TableLasers[H-DPH]),FALSE),LEFT(TableM5[[#This Row],[Back]],2)*VLOOKUP(VALUE(TRIM(CLEAN(RIGHT(TableM5[[#This Row],[Back]],2)))),TableLasers[],COLUMN(TableLasers[H-DPH]),FALSE),LEFT(TableM5[[#This Row],[Left]],2)*VLOOKUP(VALUE(TRIM(CLEAN(RIGHT(TableM5[[#This Row],[Left]],2)))),TableLasers[],COLUMN(TableLasers[H-DPH]),FALSE),LEFT(TableM5[[#This Row],[Right]],2)*VLOOKUP(VALUE(TRIM(CLEAN(RIGHT(TableM5[[#This Row],[Right]],2)))),TableLasers[],COLUMN(TableLasers[H-DPH]),FALSE),LEFT(TableM5[[#This Row],[Up]],2)*VLOOKUP(VALUE(TRIM(CLEAN(RIGHT(TableM5[[#This Row],[Up]],2)))),TableLasers[],COLUMN(TableLasers[H-DPH]),FALSE),LEFT(TableM5[[#This Row],[Down]],2)*VLOOKUP(VALUE(TRIM(CLEAN(RIGHT(TableM5[[#This Row],[Down]],2)))),TableLasers[],COLUMN(TableLasers[H-DPH]),FALSE))","v":480},"04::01","00::00","00::00","00::00","00::00","00::00","00::00",4,null,null,null,null,null,null,"0,1",null,null,null,null,null,null,35]
[535,"ATF","M5","Valkyrie","Explorer",699.79700000000003,199.94200000000001,40,"M",800,"1 MJ ",2,140,7.9744816586921896,5,200,5,65,0,{"$f":"SUM(LEFT(TableM5[[#This Row],[Main]],2)*VLOOKUP(VALUE(TRIM(CLEAN(RIGHT(TableM5[[#This Row],[Main]],2)))),TableLasers[],COLUMN(TableLasers[S-DPH]),FALSE),LEFT(TableM5[[#This Row],[Front]],2)*VLOOKUP(VALUE(TRIM(CLEAN(RIGHT(TableM5[[#This Row],[Front]],2)))),TableLasers[],COLUMN(TableLasers[S-DPH]),FALSE),LEFT(TableM5[[#This Row],[Back]],2)*VLOOKUP(VALUE(TRIM(CLEAN(RIGHT(TableM5[[#This Row],[Back]],2)))),TableLasers[],COLUMN(TableLasers[S-DPH]),FALSE),LEFT(TableM5[[#This Row],[Left]],2)*VLOOKUP(VALUE(TRIM(CLEAN(RIGHT(TableM5[[#This Row],[Left]],2)))),TableLasers[],COLUMN(TableLasers[S-DPH]),FALSE),LEFT(TableM5[[#This Row],[Right]],2)*VLOOKUP(VALUE(TRIM(CLEAN(RIGHT(TableM5[[#This Row],[Right]],2)))),TableLasers[],COLUMN(TableLasers[S-DPH]),FALSE),LEFT(TableM5[[#This Row],[Up]],2)*VLOOKUP(VALUE(TRIM(CLEAN(RIGHT(TableM5[[#This Row],[Up]],2)))),TableLasers[],COLUMN(TableLasers[S-DPH]),FALSE),LEFT(TableM5[[#This Row],[Down]],2)*VLOOKUP(VALUE(TRIM(CLEAN(RIGHT(TableM5[[#This Row],[Down]],2)))),TableLasers[],COLUMN(TableLasers[S-DPH]),FALSE))","v":11600},{"$f":"SUM(LEFT(TableM5[[#This Row],[Main]],2)*VLOOKUP(VALUE(TRIM(CLEAN(RIGHT(TableM5[[#This Row],[Main]],2)))),TableLasers[],COLUMN(TableLasers[H-DPH]),FALSE),LEFT(TableM5[[#This Row],[Front]],2)*VLOOKUP(VALUE(TRIM(CLEAN(RIGHT(TableM5[[#This Row],[Front]],2)))),TableLasers[],COLUMN(TableLasers[H-DPH]),FALSE),LEFT(TableM5[[#This Row],[Back]],2)*VLOOKUP(VALUE(TRIM(CLEAN(RIGHT(TableM5[[#This Row],[Back]],2)))),TableLasers[],COLUMN(TableLasers[H-DPH]),FALSE),LEFT(TableM5[[#This Row],[Left]],2)*VLOOKUP(VALUE(TRIM(CLEAN(RIGHT(TableM5[[#This Row],[Left]],2)))),TableLasers[],COLUMN(TableLasers[H-DPH]),FALSE),LEFT(TableM5[[#This Row],[Right]],2)*VLOOKUP(VALUE(TRIM(CLEAN(RIGHT(TableM5[[#This Row],[Right]],2)))),TableLasers[],COLUMN(TableLasers[H-DPH]),FALSE),LEFT(TableM5[[#This Row],[Up]],2)*VLOOKUP(VALUE(TRIM(CLEAN(RIGHT(TableM5[[#This Row],[Up]],2)))),TableLasers[],COLUMN(TableLasers[H-DPH]),FALSE),LEFT(TableM5[[#This Row],[Down]],2)*VLOOKUP(VALUE(TRIM(CLEAN(RIGHT(TableM5[[#This Row],[Down]],2)))),TableLasers[],COLUMN(TableLasers[H-DPH]),FALSE))","v":2265},"05::11","00::00","00::00","00::00","00::00","00::00","00::00",5,null,null,null,null,null,null,"10,11"]
[547,"Kha'ak","M5","Disruptor",null,641,320.5,48,"M",600,"1 MJ ",3,100,7.9744816586921896,1,600,14.9964,27,0,{"$f":"SUM(LEFT(TableM5[[#This Row],[Main]],2)*VLOOKUP(VALUE(TRIM(CLEAN(RIGHT(TableM5[[#This Row],[Main]],2)))),TableLasers[],COLUMN(TableLasers[S-DPH]),FALSE),LEFT(TableM5[[#This Row],[Front]],2)*VLOOKUP(VALUE(TRIM(CLEAN(RIGHT(TableM5[[#This Row],[Front]],2)))),TableLasers[],COLUMN(TableLasers[S-DPH]),FALSE),LEFT(TableM5[[#This Row],[Back]],2)*VLOOKUP(VALUE(TRIM(CLEAN(RIGHT(TableM5[[#This Row],[Back]],2)))),TableLasers[],COLUMN(TableLasers[S-DPH]),FALSE),LEFT(TableM5[[#This Row],[Left]],2)*VLOOKUP(VALUE(TRIM(CLEAN(RIGHT(TableM5[[#This Row],[Left]],2)))),TableLasers[],COLUMN(TableLasers[S-DPH]),FALSE),LEFT(TableM5[[#This Row],[Right]],2)*VLOOKUP(VALUE(TRIM(CLEAN(RIGHT(TableM5[[#This Row],[Right]],2)))),TableLasers[],COLUMN(TableLasers[S-DPH]),FALSE),LEFT(TableM5[[#This Row],[Up]],2)*VLOOKUP(VALUE(TRIM(CLEAN(RIGHT(TableM5[[#This Row],[Up]],2)))),TableLasers[],COLUMN(TableLasers[S-DPH]),FALSE),LEFT(TableM5[[#This Row],[Down]],2)*VLOOKUP(VALUE(TRIM(CLEAN(RIGHT(TableM5[[#This Row],[Down]],2)))),TableLasers[],COLUMN(TableLasers[S-DPH]),FALSE))","v":1800},{"$f":"SUM(LEFT(TableM5[[#This Row],[Main]],2)*VLOOKUP(VALUE(TRIM(CLEAN(RIGHT(TableM5[[#This Row],[Main]],2)))),TableLasers[],COLUMN(TableLasers[H-DPH]),FALSE),LEFT(TableM5[[#This Row],[Front]],2)*VLOOKUP(VALUE(TRIM(CLEAN(RIGHT(TableM5[[#This Row],[Front]],2)))),TableLasers[],COLUMN(TableLasers[H-DPH]),FALSE),LEFT(TableM5[[#This Row],[Back]],2)*VLOOKUP(VALUE(TRIM(CLEAN(RIGHT(TableM5[[#This Row],[Back]],2)))),TableLasers[],COLUMN(TableLasers[H-DPH]),FALSE),LEFT(TableM5[[#This Row],[Left]],2)*VLOOKUP(VALUE(TRIM(CLEAN(RIGHT(TableM5[[#This Row],[Left]],2)))),TableLasers[],COLUMN(TableLasers[H-DPH]),FALSE),LEFT(TableM5[[#This Row],[Right]],2)*VLOOKUP(VALUE(TRIM(CLEAN(RIGHT(TableM5[[#This Row],[Right]],2)))),TableLasers[],COLUMN(TableLasers[H-DPH]),FALSE),LEFT(TableM5[[#This Row],[Up]],2)*VLOOKUP(VALUE(TRIM(CLEAN(RIGHT(TableM5[[#This Row],[Up]],2)))),TableLasers[],COLUMN(TableLasers[H-DPH]),FALSE),LEFT(TableM5[[#This Row],[Down]],2)*VLOOKUP(VALUE(TRIM(CLEAN(RIGHT(TableM5[[#This Row],[Down]],2)))),TableLasers[],COLUMN(TableLasers[H-DPH]),FALSE))","v":466},"01::42","00::00","00::00","00::00","00::00","00::00","00::00",1,null,null,null,null,null,null,42]
[553,null,"M5","zzPLACEHOLDER KOG",null,371.14699999999999,106.042,48,"M",1000,"1 MJ ",3,100,7.9744816586921896,4,1000,24.99,50,0,{"$f":"SUM(LEFT(TableM5[[#This Row],[Main]],2)*VLOOKUP(VALUE(TRIM(CLEAN(RIGHT(TableM5[[#This Row],[Main]],2)))),TableLasers[],COLUMN(TableLasers[S-DPH]),FALSE),LEFT(TableM5[[#This Row],[Front]],2)*VLOOKUP(VALUE(TRIM(CLEAN(RIGHT(TableM5[[#This Row],[Front]],2)))),TableLasers[],COLUMN(TableLasers[S-DPH]),FALSE),LEFT(TableM5[[#This Row],[Back]],2)*VLOOKUP(VALUE(TRIM(CLEAN(RIGHT(TableM5[[#This Row],[Back]],2)))),TableLasers[],COLUMN(TableLasers[S-DPH]),FALSE),LEFT(TableM5[[#This Row],[Left]],2)*VLOOKUP(VALUE(TRIM(CLEAN(RIGHT(TableM5[[#This Row],[Left]],2)))),TableLasers[],COLUMN(TableLasers[S-DPH]),FALSE),LEFT(TableM5[[#This Row],[Right]],2)*VLOOKUP(VALUE(TRIM(CLEAN(RIGHT(TableM5[[#This Row],[Right]],2)))),TableLasers[],COLUMN(TableLasers[S-DPH]),FALSE),LEFT(TableM5[[#This Row],[Up]],2)*VLOOKUP(VALUE(TRIM(CLEAN(RIGHT(TableM5[[#This Row],[Up]],2)))),TableLasers[],COLUMN(TableLasers[S-DPH]),FALSE),LEFT(TableM5[[#This Row],[Down]],2)*VLOOKUP(VALUE(TRIM(CLEAN(RIGHT(TableM5[[#This Row],[Down]],2)))),TableLasers[],COLUMN(TableLasers[S-DPH]),FALSE))","v":6800},{"$f":"SUM(LEFT(TableM5[[#This Row],[Main]],2)*VLOOKUP(VALUE(TRIM(CLEAN(RIGHT(TableM5[[#This Row],[Main]],2)))),TableLasers[],COLUMN(TableLasers[H-DPH]),FALSE),LEFT(TableM5[[#This Row],[Front]],2)*VLOOKUP(VALUE(TRIM(CLEAN(RIGHT(TableM5[[#This Row],[Front]],2)))),TableLasers[],COLUMN(TableLasers[H-DPH]),FALSE),LEFT(TableM5[[#This Row],[Back]],2)*VLOOKUP(VALUE(TRIM(CLEAN(RIGHT(TableM5[[#This Row],[Back]],2)))),TableLasers[],COLUMN(TableLasers[H-DPH]),FALSE),LEFT(TableM5[[#This Row],[Left]],2)*VLOOKUP(VALUE(TRIM(CLEAN(RIGHT(TableM5[[#This Row],[Left]],2)))),TableLasers[],COLUMN(TableLasers[H-DPH]),FALSE),LEFT(TableM5[[#This Row],[Right]],2)*VLOOKUP(VALUE(TRIM(CLEAN(RIGHT(TableM5[[#This Row],[Right]],2)))),TableLasers[],COLUMN(TableLasers[H-DPH]),FALSE),LEFT(TableM5[[#This Row],[Up]],2)*VLOOKUP(VALUE(TRIM(CLEAN(RIGHT(TableM5[[#This Row],[Up]],2)))),TableLasers[],COLUMN(TableLasers[H-DPH]),FALSE),LEFT(TableM5[[#This Row],[Down]],2)*VLOOKUP(VALUE(TRIM(CLEAN(RIGHT(TableM5[[#This Row],[Down]],2)))),TableLasers[],COLUMN(TableLasers[H-DPH]),FALSE))","v":1306},"02::11","00::00","02::04","00::00","00::00","00::00","00::00",2,null,2,null,null,null,null,"0,1,10,11",null,"0,1,4",null,null,null,null,35]
[586,null,"M5","Maintenance Pod",null,75,75,30,"M",150,"1 MJ ",0,100,0,4,10,80,700,0,{"$f":"SUM(LEFT(TableM5[[#This Row],[Main]],2)*VLOOKUP(VALUE(TRIM(CLEAN(RIGHT(TableM5[[#This Row],[Main]],2)))),TableLasers[],COLUMN(TableLasers[S-DPH]),FALSE),LEFT(TableM5[[#This Row],[Front]],2)*VLOOKUP(VALUE(TRIM(CLEAN(RIGHT(TableM5[[#This Row],[Front]],2)))),TableLasers[],COLUMN(TableLasers[S-DPH]),FALSE),LEFT(TableM5[[#This Row],[Back]],2)*VLOOKUP(VALUE(TRIM(CLEAN(RIGHT(TableM5[[#This Row],[Back]],2)))),TableLasers[],COLUMN(TableLasers[S-DPH]),FALSE),LEFT(TableM5[[#This Row],[Left]],2)*VLOOKUP(VALUE(TRIM(CLEAN(RIGHT(TableM5[[#This Row],[Left]],2)))),TableLasers[],COLUMN(TableLasers[S-DPH]),FALSE),LEFT(TableM5[[#This Row],[Right]],2)*VLOOKUP(VALUE(TRIM(CLEAN(RIGHT(TableM5[[#This Row],[Right]],2)))),TableLasers[],COLUMN(TableLasers[S-DPH]),FALSE),LEFT(TableM5[[#This Row],[Up]],2)*VLOOKUP(VALUE(TRIM(CLEAN(RIGHT(TableM5[[#This Row],[Up]],2)))),TableLasers[],COLUMN(TableLasers[S-DPH]),FALSE),LEFT(TableM5[[#This Row],[Down]],2)*VLOOKUP(VALUE(TRIM(CLEAN(RIGHT(TableM5[[#This Row],[Down]],2)))),TableLasers[],COLUMN(TableLasers[S-DPH]),FALSE))","v":0},{"$f":"SUM(LEFT(TableM5[[#This Row],[Main]],2)*VLOOKUP(VALUE(TRIM(CLEAN(RIGHT(TableM5[[#This Row],[Main]],2)))),TableLasers[],COLUMN(TableLasers[H-DPH]),FALSE),LEFT(TableM5[[#This Row],[Front]],2)*VLOOKUP(VALUE(TRIM(CLEAN(RIGHT(TableM5[[#This Row],[Front]],2)))),TableLasers[],COLUMN(TableLasers[H-DPH]),FALSE),LEFT(TableM5[[#This Row],[Back]],2)*VLOOKUP(VALUE(TRIM(CLEAN(RIGHT(TableM5[[#This Row],[Back]],2)))),TableLasers[],COLUMN(TableLasers[H-DPH]),FALSE),LEFT(TableM5[[#This Row],[Left]],2)*VLOOKUP(VALUE(TRIM(CLEAN(RIGHT(TableM5[[#This Row],[Left]],2)))),TableLasers[],COLUMN(TableLasers[H-DPH]),FALSE),LEFT(TableM5[[#This Row],[Right]],2)*VLOOKUP(VALUE(TRIM(CLEAN(RIGHT(TableM5[[#This Row],[Right]],2)))),TableLasers[],COLUMN(TableLasers[H-DPH]),FALSE),LEFT(TableM5[[#This Row],[Up]],2)*VLOOKUP(VALUE(TRIM(CLEAN(RIGHT(TableM5[[#This Row],[Up]],2)))),TableLasers[],COLUMN(TableLasers[H-DPH]),FALSE),LEFT(TableM5[[#This Row],[Down]],2)*VLOOKUP(VALUE(TRIM(CLEAN(RIGHT(TableM5[[#This Row],[Down]],2)))),TableLasers[],COLUMN(TableLasers[H-DPH]),FALSE))","v":0},"00::00","00::00","00::00","00::00","00::00","00::00","00::00",4,null,null,null,null,null,null,"29,35"]
[612,"Kha'ak","M5","Advanced Scout",null,445,222.5,45,"S",800,"5 MJ ",2,280,18.254837531945999,4,1200,36,75,0,{"$f":"SUM(LEFT(TableM5[[#This Row],[Main]],2)*VLOOKUP(VALUE(TRIM(CLEAN(RIGHT(TableM5[[#This Row],[Main]],2)))),TableLasers[],COLUMN(TableLasers[S-DPH]),FALSE),LEFT(TableM5[[#This Row],[Front]],2)*VLOOKUP(VALUE(TRIM(CLEAN(RIGHT(TableM5[[#This Row],[Front]],2)))),TableLasers[],COLUMN(TableLasers[S-DPH]),FALSE),LEFT(TableM5[[#This Row],[Back]],2)*VLOOKUP(VALUE(TRIM(CLEAN(RIGHT(TableM5[[#This Row],[Back]],2)))),TableLasers[],COLUMN(TableLasers[S-DPH]),FALSE),LEFT(TableM5[[#This Row],[Left]],2)*VLOOKUP(VALUE(TRIM(CLEAN(RIGHT(TableM5[[#This Row],[Left]],2)))),TableLasers[],COLUMN(TableLasers[S-DPH]),FALSE),LEFT(TableM5[[#This Row],[Right]],2)*VLOOKUP(VALUE(TRIM(CLEAN(RIGHT(TableM5[[#This Row],[Right]],2)))),TableLasers[],COLUMN(TableLasers[S-DPH]),FALSE),LEFT(TableM5[[#This Row],[Up]],2)*VLOOKUP(VALUE(TRIM(CLEAN(RIGHT(TableM5[[#This Row],[Up]],2)))),TableLasers[],COLUMN(TableLasers[S-DPH]),FALSE),LEFT(TableM5[[#This Row],[Down]],2)*VLOOKUP(VALUE(TRIM(CLEAN(RIGHT(TableM5[[#This Row],[Down]],2)))),TableLasers[],COLUMN(TableLasers[S-DPH]),FALSE))","v":7200},{"$f":"SUM(LEFT(TableM5[[#This Row],[Main]],2)*VLOOKUP(VALUE(TRIM(CLEAN(RIGHT(TableM5[[#This Row],[Main]],2)))),TableLasers[],COLUMN(TableLasers[H-DPH]),FALSE),LEFT(TableM5[[#This Row],[Front]],2)*VLOOKUP(VALUE(TRIM(CLEAN(RIGHT(TableM5[[#This Row],[Front]],2)))),TableLasers[],COLUMN(TableLasers[H-DPH]),FALSE),LEFT(TableM5[[#This Row],[Back]],2)*VLOOKUP(VALUE(TRIM(CLEAN(RIGHT(TableM5[[#This Row],[Back]],2)))),TableLasers[],COLUMN(TableLasers[H-DPH]),FALSE),LEFT(TableM5[[#This Row],[Left]],2)*VLOOKUP(VALUE(TRIM(CLEAN(RIGHT(TableM5[[#This Row],[Left]],2)))),TableLasers[],COLUMN(TableLasers[H-DPH]),FALSE),LEFT(TableM5[[#This Row],[Right]],2)*VLOOKUP(VALUE(TRIM(CLEAN(RIGHT(TableM5[[#This Row],[Right]],2)))),TableLasers[],COLUMN(TableLasers[H-DPH]),FALSE),LEFT(TableM5[[#This Row],[Up]],2)*VLOOKUP(VALUE(TRIM(CLEAN(RIGHT(TableM5[[#This Row],[Up]],2)))),TableLasers[],COLUMN(TableLasers[H-DPH]),FALSE),LEFT(TableM5[[#This Row],[Down]],2)*VLOOKUP(VALUE(TRIM(CLEAN(RIGHT(TableM5[[#This Row],[Down]],2)))),TableLasers[],COLUMN(TableLasers[H-DPH]),FALSE))","v":1864},"04::42","00::00","00::00","00::00","00::00","00::00","00::00",4,null,null,null,null,null,null,42]
[617,"Terran","M5","Advanced Rapier",null,385,192.5,37,"S",2200,"5 MJ ",2,240,18.254837531945999,4,2400,60,150,0,{"$f":"SUM(LEFT(TableM5[[#This Row],[Main]],2)*VLOOKUP(VALUE(TRIM(CLEAN(RIGHT(TableM5[[#This Row],[Main]],2)))),TableLasers[],COLUMN(TableLasers[S-DPH]),FALSE),LEFT(TableM5[[#This Row],[Front]],2)*VLOOKUP(VALUE(TRIM(CLEAN(RIGHT(TableM5[[#This Row],[Front]],2)))),TableLasers[],COLUMN(TableLasers[S-DPH]),FALSE),LEFT(TableM5[[#This Row],[Back]],2)*VLOOKUP(VALUE(TRIM(CLEAN(RIGHT(TableM5[[#This Row],[Back]],2)))),TableLasers[],COLUMN(TableLasers[S-DPH]),FALSE),LEFT(TableM5[[#This Row],[Left]],2)*VLOOKUP(VALUE(TRIM(CLEAN(RIGHT(TableM5[[#This Row],[Left]],2)))),TableLasers[],COLUMN(TableLasers[S-DPH]),FALSE),LEFT(TableM5[[#This Row],[Right]],2)*VLOOKUP(VALUE(TRIM(CLEAN(RIGHT(TableM5[[#This Row],[Right]],2)))),TableLasers[],COLUMN(TableLasers[S-DPH]),FALSE),LEFT(TableM5[[#This Row],[Up]],2)*VLOOKUP(VALUE(TRIM(CLEAN(RIGHT(TableM5[[#This Row],[Up]],2)))),TableLasers[],COLUMN(TableLasers[S-DPH]),FALSE),LEFT(TableM5[[#This Row],[Down]],2)*VLOOKUP(VALUE(TRIM(CLEAN(RIGHT(TableM5[[#This Row],[Down]],2)))),TableLasers[],COLUMN(TableLasers[S-DPH]),FALSE))","v":2080},{"$f":"SUM(LEFT(TableM5[[#This Row],[Main]],2)*VLOOKUP(VALUE(TRIM(CLEAN(RIGHT(TableM5[[#This Row],[Main]],2)))),TableLasers[],COLUMN(TableLasers[H-DPH]),FALSE),LEFT(TableM5[[#This Row],[Front]],2)*VLOOKUP(VALUE(TRIM(CLEAN(RIGHT(TableM5[[#This Row],[Front]],2)))),TableLasers[],COLUMN(TableLasers[H-DPH]),FALSE),LEFT(TableM5[[#This Row],[Back]],2)*VLOOKUP(VALUE(TRIM(CLEAN(RIGHT(TableM5[[#This Row],[Back]],2)))),TableLasers[],COLUMN(TableLasers[H-DPH]),FALSE),LEFT(TableM5[[#This Row],[Left]],2)*VLOOKUP(VALUE(TRIM(CLEAN(RIGHT(TableM5[[#This Row],[Left]],2)))),TableLasers[],COLUMN(TableLasers[H-DPH]),FALSE),LEFT(TableM5[[#This Row],[Right]],2)*VLOOKUP(VALUE(TRIM(CLEAN(RIGHT(TableM5[[#This Row],[Right]],2)))),TableLasers[],COLUMN(TableLasers[H-DPH]),FALSE),LEFT(TableM5[[#This Row],[Up]],2)*VLOOKUP(VALUE(TRIM(CLEAN(RIGHT(TableM5[[#This Row],[Up]],2)))),TableLasers[],COLUMN(TableLasers[H-DPH]),FALSE),LEFT(TableM5[[#This Row],[Down]],2)*VLOOKUP(VALUE(TRIM(CLEAN(RIGHT(TableM5[[#This Row],[Down]],2)))),TableLasers[],COLUMN(TableLasers[H-DPH]),FALSE))","v":320},"04::10","00::00","00::00","00::00","00::00","00::00","00::00",4,null,null,null,null,null,null,10]
[629,"Pirates","M5","Discoverer",null,484.54700000000003,138.44200000000001,48,"S",1000,"1 MJ ",2,100,7.9744816586921896,4,1400,34.985999999999997,75,0,{"$f":"SUM(LEFT(TableM5[[#This Row],[Main]],2)*VLOOKUP(VALUE(TRIM(CLEAN(RIGHT(TableM5[[#This Row],[Main]],2)))),TableLasers[],COLUMN(TableLasers[S-DPH]),FALSE),LEFT(TableM5[[#This Row],[Front]],2)*VLOOKUP(VALUE(TRIM(CLEAN(RIGHT(TableM5[[#This Row],[Front]],2)))),TableLasers[],COLUMN(TableLasers[S-DPH]),FALSE),LEFT(TableM5[[#This Row],[Back]],2)*VLOOKUP(VALUE(TRIM(CLEAN(RIGHT(TableM5[[#This Row],[Back]],2)))),TableLasers[],COLUMN(TableLasers[S-DPH]),FALSE),LEFT(TableM5[[#This Row],[Left]],2)*VLOOKUP(VALUE(TRIM(CLEAN(RIGHT(TableM5[[#This Row],[Left]],2)))),TableLasers[],COLUMN(TableLasers[S-DPH]),FALSE),LEFT(TableM5[[#This Row],[Right]],2)*VLOOKUP(VALUE(TRIM(CLEAN(RIGHT(TableM5[[#This Row],[Right]],2)))),TableLasers[],COLUMN(TableLasers[S-DPH]),FALSE),LEFT(TableM5[[#This Row],[Up]],2)*VLOOKUP(VALUE(TRIM(CLEAN(RIGHT(TableM5[[#This Row],[Up]],2)))),TableLasers[],COLUMN(TableLasers[S-DPH]),FALSE),LEFT(TableM5[[#This Row],[Down]],2)*VLOOKUP(VALUE(TRIM(CLEAN(RIGHT(TableM5[[#This Row],[Down]],2)))),TableLasers[],COLUMN(TableLasers[S-DPH]),FALSE))","v":720},{"$f":"SUM(LEFT(TableM5[[#This Row],[Main]],2)*VLOOKUP(VALUE(TRIM(CLEAN(RIGHT(TableM5[[#This Row],[Main]],2)))),TableLasers[],COLUMN(TableLasers[H-DPH]),FALSE),LEFT(TableM5[[#This Row],[Front]],2)*VLOOKUP(VALUE(TRIM(CLEAN(RIGHT(TableM5[[#This Row],[Front]],2)))),TableLasers[],COLUMN(TableLasers[H-DPH]),FALSE),LEFT(TableM5[[#This Row],[Back]],2)*VLOOKUP(VALUE(TRIM(CLEAN(RIGHT(TableM5[[#This Row],[Back]],2)))),TableLasers[],COLUMN(TableLasers[H-DPH]),FALSE),LEFT(TableM5[[#This Row],[Left]],2)*VLOOKUP(VALUE(TRIM(CLEAN(RIGHT(TableM5[[#This Row],[Left]],2)))),TableLasers[],COLUMN(TableLasers[H-DPH]),FALSE),LEFT(TableM5[[#This Row],[Right]],2)*VLOOKUP(VALUE(TRIM(CLEAN(RIGHT(TableM5[[#This Row],[Right]],2)))),TableLasers[],COLUMN(TableLasers[H-DPH]),FALSE),LEFT(TableM5[[#This Row],[Up]],2)*VLOOKUP(VALUE(TRIM(CLEAN(RIGHT(TableM5[[#This Row],[Up]],2)))),TableLasers[],COLUMN(TableLasers[H-DPH]),FALSE),LEFT(TableM5[[#This Row],[Down]],2)*VLOOKUP(VALUE(TRIM(CLEAN(RIGHT(TableM5[[#This Row],[Down]],2)))),TableLasers[],COLUMN(TableLasers[H-DPH]),FALSE))","v":160},"04::00","00::00","00::00","00::00","00::00","00::00","00::00",4,null,null,null,null,null,null,0]
[630,"Pirates","M5","Discoverer","Raider",549.64700000000005,157.042,48,"S",1000,"1 MJ ",1,110,7.9744816586921896,4,1800,44.981999999999999,50,0,{"$f":"SUM(LEFT(TableM5[[#This Row],[Main]],2)*VLOOKUP(VALUE(TRIM(CLEAN(RIGHT(TableM5[[#This Row],[Main]],2)))),TableLasers[],COLUMN(TableLasers[S-DPH]),FALSE),LEFT(TableM5[[#This Row],[Front]],2)*VLOOKUP(VALUE(TRIM(CLEAN(RIGHT(TableM5[[#This Row],[Front]],2)))),TableLasers[],COLUMN(TableLasers[S-DPH]),FALSE),LEFT(TableM5[[#This Row],[Back]],2)*VLOOKUP(VALUE(TRIM(CLEAN(RIGHT(TableM5[[#This Row],[Back]],2)))),TableLasers[],COLUMN(TableLasers[S-DPH]),FALSE),LEFT(TableM5[[#This Row],[Left]],2)*VLOOKUP(VALUE(TRIM(CLEAN(RIGHT(TableM5[[#This Row],[Left]],2)))),TableLasers[],COLUMN(TableLasers[S-DPH]),FALSE),LEFT(TableM5[[#This Row],[Right]],2)*VLOOKUP(VALUE(TRIM(CLEAN(RIGHT(TableM5[[#This Row],[Right]],2)))),TableLasers[],COLUMN(TableLasers[S-DPH]),FALSE),LEFT(TableM5[[#This Row],[Up]],2)*VLOOKUP(VALUE(TRIM(CLEAN(RIGHT(TableM5[[#This Row],[Up]],2)))),TableLasers[],COLUMN(TableLasers[S-DPH]),FALSE),LEFT(TableM5[[#This Row],[Down]],2)*VLOOKUP(VALUE(TRIM(CLEAN(RIGHT(TableM5[[#This Row],[Down]],2)))),TableLasers[],COLUMN(TableLasers[S-DPH]),FALSE))","v":720},{"$f":"SUM(LEFT(TableM5[[#This Row],[Main]],2)*VLOOKUP(VALUE(TRIM(CLEAN(RIGHT(TableM5[[#This Row],[Main]],2)))),TableLasers[],COLUMN(TableLasers[H-DPH]),FALSE),LEFT(TableM5[[#This Row],[Front]],2)*VLOOKUP(VALUE(TRIM(CLEAN(RIGHT(TableM5[[#This Row],[Front]],2)))),TableLasers[],COLUMN(TableLasers[H-DPH]),FALSE),LEFT(TableM5[[#This Row],[Back]],2)*VLOOKUP(VALUE(TRIM(CLEAN(RIGHT(TableM5[[#This Row],[Back]],2)))),TableLasers[],COLUMN(TableLasers[H-DPH]),FALSE),LEFT(TableM5[[#This Row],[Left]],2)*VLOOKUP(VALUE(TRIM(CLEAN(RIGHT(TableM5[[#This Row],[Left]],2)))),TableLasers[],COLUMN(TableLasers[H-DPH]),FALSE),LEFT(TableM5[[#This Row],[Right]],2)*VLOOKUP(VALUE(TRIM(CLEAN(RIGHT(TableM5[[#This Row],[Right]],2)))),TableLasers[],COLUMN(TableLasers[H-DPH]),FALSE),LEFT(TableM5[[#This Row],[Up]],2)*VLOOKUP(VALUE(TRIM(CLEAN(RIGHT(TableM5[[#This Row],[Up]],2)))),TableLasers[],COLUMN(TableLasers[H-DPH]),FALSE),LEFT(TableM5[[#This Row],[Down]],2)*VLOOKUP(VALUE(TRIM(CLEAN(RIGHT(TableM5[[#This Row],[Down]],2)))),TableLasers[],COLUMN(TableLasers[H-DPH]),FALSE))","v":160},"04::00","00::00","00::00","00::00","00::00","00::00","00::00",4,null,null,null,null,null,null,0]
[637,"Pirates","M5","Octopus",null,511.90199999999999,170.63399999999999,44,"S",900,"1 MJ ",2,75,7.9744816586921896,4,1300,32.492199999999997,44,0,{"$f":"SUM(LEFT(TableM5[[#This Row],[Main]],2)*VLOOKUP(VALUE(TRIM(CLEAN(RIGHT(TableM5[[#This Row],[Main]],2)))),TableLasers[],COLUMN(TableLasers[S-DPH]),FALSE),LEFT(TableM5[[#This Row],[Front]],2)*VLOOKUP(VALUE(TRIM(CLEAN(RIGHT(TableM5[[#This Row],[Front]],2)))),TableLasers[],COLUMN(TableLasers[S-DPH]),FALSE),LEFT(TableM5[[#This Row],[Back]],2)*VLOOKUP(VALUE(TRIM(CLEAN(RIGHT(TableM5[[#This Row],[Back]],2)))),TableLasers[],COLUMN(TableLasers[S-DPH]),FALSE),LEFT(TableM5[[#This Row],[Left]],2)*VLOOKUP(VALUE(TRIM(CLEAN(RIGHT(TableM5[[#This Row],[Left]],2)))),TableLasers[],COLUMN(TableLasers[S-DPH]),FALSE),LEFT(TableM5[[#This Row],[Right]],2)*VLOOKUP(VALUE(TRIM(CLEAN(RIGHT(TableM5[[#This Row],[Right]],2)))),TableLasers[],COLUMN(TableLasers[S-DPH]),FALSE),LEFT(TableM5[[#This Row],[Up]],2)*VLOOKUP(VALUE(TRIM(CLEAN(RIGHT(TableM5[[#This Row],[Up]],2)))),TableLasers[],COLUMN(TableLasers[S-DPH]),FALSE),LEFT(TableM5[[#This Row],[Down]],2)*VLOOKUP(VALUE(TRIM(CLEAN(RIGHT(TableM5[[#This Row],[Down]],2)))),TableLasers[],COLUMN(TableLasers[S-DPH]),FALSE))","v":720},{"$f":"SUM(LEFT(TableM5[[#This Row],[Main]],2)*VLOOKUP(VALUE(TRIM(CLEAN(RIGHT(TableM5[[#This Row],[Main]],2)))),TableLasers[],COLUMN(TableLasers[H-DPH]),FALSE),LEFT(TableM5[[#This Row],[Front]],2)*VLOOKUP(VALUE(TRIM(CLEAN(RIGHT(TableM5[[#This Row],[Front]],2)))),TableLasers[],COLUMN(TableLasers[H-DPH]),FALSE),LEFT(TableM5[[#This Row],[Back]],2)*VLOOKUP(VALUE(TRIM(CLEAN(RIGHT(TableM5[[#This Row],[Back]],2)))),TableLasers[],COLUMN(TableLasers[H-DPH]),FALSE),LEFT(TableM5[[#This Row],[Left]],2)*VLOOKUP(VALUE(TRIM(CLEAN(RIGHT(TableM5[[#This Row],[Left]],2)))),TableLasers[],COLUMN(TableLasers[H-DPH]),FALSE),LEFT(TableM5[[#This Row],[Right]],2)*VLOOKUP(VALUE(TRIM(CLEAN(RIGHT(TableM5[[#This Row],[Right]],2)))),TableLasers[],COLUMN(TableLasers[H-DPH]),FALSE),LEFT(TableM5[[#This Row],[Up]],2)*VLOOKUP(VALUE(TRIM(CLEAN(RIGHT(TableM5[[#This Row],[Up]],2)))),TableLasers[],COLUMN(TableLasers[H-DPH]),FALSE),LEFT(TableM5[[#This Row],[Down]],2)*VLOOKUP(VALUE(TRIM(CLEAN(RIGHT(TableM5[[#This Row],[Down]],2)))),TableLasers[],COLUMN(TableLasers[H-DPH]),FALSE))","v":160},"04::00","00::00","00::00","00::00","00::00","00::00","00::00",4,null,null,null,null,null,null,0]
[638,"Pirates","M5","Octopus","Raider",654.40200000000004,218.13399999999999,44,"S",855,"1 MJ ",1,82,7.9744816586921896,4,1600,39.990400000000001,37,0,{"$f":"SUM(LEFT(TableM5[[#This Row],[Main]],2)*VLOOKUP(VALUE(TRIM(CLEAN(RIGHT(TableM5[[#This Row],[Main]],2)))),TableLasers[],COLUMN(TableLasers[S-DPH]),FALSE),LEFT(TableM5[[#This Row],[Front]],2)*VLOOKUP(VALUE(TRIM(CLEAN(RIGHT(TableM5[[#This Row],[Front]],2)))),TableLasers[],COLUMN(TableLasers[S-DPH]),FALSE),LEFT(TableM5[[#This Row],[Back]],2)*VLOOKUP(VALUE(TRIM(CLEAN(RIGHT(TableM5[[#This Row],[Back]],2)))),TableLasers[],COLUMN(TableLasers[S-DPH]),FALSE),LEFT(TableM5[[#This Row],[Left]],2)*VLOOKUP(VALUE(TRIM(CLEAN(RIGHT(TableM5[[#This Row],[Left]],2)))),TableLasers[],COLUMN(TableLasers[S-DPH]),FALSE),LEFT(TableM5[[#This Row],[Right]],2)*VLOOKUP(VALUE(TRIM(CLEAN(RIGHT(TableM5[[#This Row],[Right]],2)))),TableLasers[],COLUMN(TableLasers[S-DPH]),FALSE),LEFT(TableM5[[#This Row],[Up]],2)*VLOOKUP(VALUE(TRIM(CLEAN(RIGHT(TableM5[[#This Row],[Up]],2)))),TableLasers[],COLUMN(TableLasers[S-DPH]),FALSE),LEFT(TableM5[[#This Row],[Down]],2)*VLOOKUP(VALUE(TRIM(CLEAN(RIGHT(TableM5[[#This Row],[Down]],2)))),TableLasers[],COLUMN(TableLasers[S-DPH]),FALSE))","v":720},{"$f":"SUM(LEFT(TableM5[[#This Row],[Main]],2)*VLOOKUP(VALUE(TRIM(CLEAN(RIGHT(TableM5[[#This Row],[Main]],2)))),TableLasers[],COLUMN(TableLasers[H-DPH]),FALSE),LEFT(TableM5[[#This Row],[Front]],2)*VLOOKUP(VALUE(TRIM(CLEAN(RIGHT(TableM5[[#This Row],[Front]],2)))),TableLasers[],COLUMN(TableLasers[H-DPH]),FALSE),LEFT(TableM5[[#This Row],[Back]],2)*VLOOKUP(VALUE(TRIM(CLEAN(RIGHT(TableM5[[#This Row],[Back]],2)))),TableLasers[],COLUMN(TableLasers[H-DPH]),FALSE),LEFT(TableM5[[#This Row],[Left]],2)*VLOOKUP(VALUE(TRIM(CLEAN(RIGHT(TableM5[[#This Row],[Left]],2)))),TableLasers[],COLUMN(TableLasers[H-DPH]),FALSE),LEFT(TableM5[[#This Row],[Right]],2)*VLOOKUP(VALUE(TRIM(CLEAN(RIGHT(TableM5[[#This Row],[Right]],2)))),TableLasers[],COLUMN(TableLasers[H-DPH]),FALSE),LEFT(TableM5[[#This Row],[Up]],2)*VLOOKUP(VALUE(TRIM(CLEAN(RIGHT(TableM5[[#This Row],[Up]],2)))),TableLasers[],COLUMN(TableLasers[H-DPH]),FALSE),LEFT(TableM5[[#This Row],[Down]],2)*VLOOKUP(VALUE(TRIM(CLEAN(RIGHT(TableM5[[#This Row],[Down]],2)))),TableLasers[],COLUMN(TableLasers[H-DPH]),FALSE))","v":160},"04::00","00::00","00::00","00::00","00::00","00::00","00::00",4,null,null,null,null,null,null,0]
[645,"Pirates","M5","Pegasus",null,538.09699999999998,153.74199999999999,44,"S",1000,"1 MJ ",2,100,7.9744816586921896,4,1600,39.990400000000001,31,0,{"$f":"SUM(LEFT(TableM5[[#This Row],[Main]],2)*VLOOKUP(VALUE(TRIM(CLEAN(RIGHT(TableM5[[#This Row],[Main]],2)))),TableLasers[],COLUMN(TableLasers[S-DPH]),FALSE),LEFT(TableM5[[#This Row],[Front]],2)*VLOOKUP(VALUE(TRIM(CLEAN(RIGHT(TableM5[[#This Row],[Front]],2)))),TableLasers[],COLUMN(TableLasers[S-DPH]),FALSE),LEFT(TableM5[[#This Row],[Back]],2)*VLOOKUP(VALUE(TRIM(CLEAN(RIGHT(TableM5[[#This Row],[Back]],2)))),TableLasers[],COLUMN(TableLasers[S-DPH]),FALSE),LEFT(TableM5[[#This Row],[Left]],2)*VLOOKUP(VALUE(TRIM(CLEAN(RIGHT(TableM5[[#This Row],[Left]],2)))),TableLasers[],COLUMN(TableLasers[S-DPH]),FALSE),LEFT(TableM5[[#This Row],[Right]],2)*VLOOKUP(VALUE(TRIM(CLEAN(RIGHT(TableM5[[#This Row],[Right]],2)))),TableLasers[],COLUMN(TableLasers[S-DPH]),FALSE),LEFT(TableM5[[#This Row],[Up]],2)*VLOOKUP(VALUE(TRIM(CLEAN(RIGHT(TableM5[[#This Row],[Up]],2)))),TableLasers[],COLUMN(TableLasers[S-DPH]),FALSE),LEFT(TableM5[[#This Row],[Down]],2)*VLOOKUP(VALUE(TRIM(CLEAN(RIGHT(TableM5[[#This Row],[Down]],2)))),TableLasers[],COLUMN(TableLasers[S-DPH]),FALSE))","v":720},{"$f":"SUM(LEFT(TableM5[[#This Row],[Main]],2)*VLOOKUP(VALUE(TRIM(CLEAN(RIGHT(TableM5[[#This Row],[Main]],2)))),TableLasers[],COLUMN(TableLasers[H-DPH]),FALSE),LEFT(TableM5[[#This Row],[Front]],2)*VLOOKUP(VALUE(TRIM(CLEAN(RIGHT(TableM5[[#This Row],[Front]],2)))),TableLasers[],COLUMN(TableLasers[H-DPH]),FALSE),LEFT(TableM5[[#This Row],[Back]],2)*VLOOKUP(VALUE(TRIM(CLEAN(RIGHT(TableM5[[#This Row],[Back]],2)))),TableLasers[],COLUMN(TableLasers[H-DPH]),FALSE),LEFT(TableM5[[#This Row],[Left]],2)*VLOOKUP(VALUE(TRIM(CLEAN(RIGHT(TableM5[[#This Row],[Left]],2)))),TableLasers[],COLUMN(TableLasers[H-DPH]),FALSE),LEFT(TableM5[[#This Row],[Right]],2)*VLOOKUP(VALUE(TRIM(CLEAN(RIGHT(TableM5[[#This Row],[Right]],2)))),TableLasers[],COLUMN(TableLasers[H-DPH]),FALSE),LEFT(TableM5[[#This Row],[Up]],2)*VLOOKUP(VALUE(TRIM(CLEAN(RIGHT(TableM5[[#This Row],[Up]],2)))),TableLasers[],COLUMN(TableLasers[H-DPH]),FALSE),LEFT(TableM5[[#This Row],[Down]],2)*VLOOKUP(VALUE(TRIM(CLEAN(RIGHT(TableM5[[#This Row],[Down]],2)))),TableLasers[],COLUMN(TableLasers[H-DPH]),FALSE))","v":160},"04::00","00::00","00::00","00::00","00::00","00::00","00::00",4,null,null,null,null,null,null,0]
[646,"Pirates","M5","Pegasus","Raider",608.09699999999998,173.74199999999999,44,"S",950,"1 MJ ",1,110,7.9744816586921896,4,1600,39.984000000000002,27,0,{"$f":"SUM(LEFT(TableM5[[#This Row],[Main]],2)*VLOOKUP(VALUE(TRIM(CLEAN(RIGHT(TableM5[[#This Row],[Main]],2)))),TableLasers[],COLUMN(TableLasers[S-DPH]),FALSE),LEFT(TableM5[[#This Row],[Front]],2)*VLOOKUP(VALUE(TRIM(CLEAN(RIGHT(TableM5[[#This Row],[Front]],2)))),TableLasers[],COLUMN(TableLasers[S-DPH]),FALSE),LEFT(TableM5[[#This Row],[Back]],2)*VLOOKUP(VALUE(TRIM(CLEAN(RIGHT(TableM5[[#This Row],[Back]],2)))),TableLasers[],COLUMN(TableLasers[S-DPH]),FALSE),LEFT(TableM5[[#This Row],[Left]],2)*VLOOKUP(VALUE(TRIM(CLEAN(RIGHT(TableM5[[#This Row],[Left]],2)))),TableLasers[],COLUMN(TableLasers[S-DPH]),FALSE),LEFT(TableM5[[#This Row],[Right]],2)*VLOOKUP(VALUE(TRIM(CLEAN(RIGHT(TableM5[[#This Row],[Right]],2)))),TableLasers[],COLUMN(TableLasers[S-DPH]),FALSE),LEFT(TableM5[[#This Row],[Up]],2)*VLOOKUP(VALUE(TRIM(CLEAN(RIGHT(TableM5[[#This Row],[Up]],2)))),TableLasers[],COLUMN(TableLasers[S-DPH]),FALSE),LEFT(TableM5[[#This Row],[Down]],2)*VLOOKUP(VALUE(TRIM(CLEAN(RIGHT(TableM5[[#This Row],[Down]],2)))),TableLasers[],COLUMN(TableLasers[S-DPH]),FALSE))","v":720},{"$f":"SUM(LEFT(TableM5[[#This Row],[Main]],2)*VLOOKUP(VALUE(TRIM(CLEAN(RIGHT(TableM5[[#This Row],[Main]],2)))),TableLasers[],COLUMN(TableLasers[H-DPH]),FALSE),LEFT(TableM5[[#This Row],[Front]],2)*VLOOKUP(VALUE(TRIM(CLEAN(RIGHT(TableM5[[#This Row],[Front]],2)))),TableLasers[],COLUMN(TableLasers[H-DPH]),FALSE),LEFT(TableM5[[#This Row],[Back]],2)*VLOOKUP(VALUE(TRIM(CLEAN(RIGHT(TableM5[[#This Row],[Back]],2)))),TableLasers[],COLUMN(TableLasers[H-DPH]),FALSE),LEFT(TableM5[[#This Row],[Left]],2)*VLOOKUP(VALUE(TRIM(CLEAN(RIGHT(TableM5[[#This Row],[Left]],2)))),TableLasers[],COLUMN(TableLasers[H-DPH]),FALSE),LEFT(TableM5[[#This Row],[Right]],2)*VLOOKUP(VALUE(TRIM(CLEAN(RIGHT(TableM5[[#This Row],[Right]],2)))),TableLasers[],COLUMN(TableLasers[H-DPH]),FALSE),LEFT(TableM5[[#This Row],[Up]],2)*VLOOKUP(VALUE(TRIM(CLEAN(RIGHT(TableM5[[#This Row],[Up]],2)))),TableLasers[],COLUMN(TableLasers[H-DPH]),FALSE),LEFT(TableM5[[#This Row],[Down]],2)*VLOOKUP(VALUE(TRIM(CLEAN(RIGHT(TableM5[[#This Row],[Down]],2)))),TableLasers[],COLUMN(TableLasers[H-DPH]),FALSE))","v":160},"04::00","00::00","00::00","00::00","00::00","00::00","00::00",4,null,null,null,null,null,null,0]
[652,"Pirates","M5","Jaguar",null,580.09699999999998,165.74199999999999,40,"S",800,"1 MJ ",1,85,7.9744816586921896,4,1600,44.8,39,0,{"$f":"SUM(LEFT(TableM5[[#This Row],[Main]],2)*VLOOKUP(VALUE(TRIM(CLEAN(RIGHT(TableM5[[#This Row],[Main]],2)))),TableLasers[],COLUMN(TableLasers[S-DPH]),FALSE),LEFT(TableM5[[#This Row],[Front]],2)*VLOOKUP(VALUE(TRIM(CLEAN(RIGHT(TableM5[[#This Row],[Front]],2)))),TableLasers[],COLUMN(TableLasers[S-DPH]),FALSE),LEFT(TableM5[[#This Row],[Back]],2)*VLOOKUP(VALUE(TRIM(CLEAN(RIGHT(TableM5[[#This Row],[Back]],2)))),TableLasers[],COLUMN(TableLasers[S-DPH]),FALSE),LEFT(TableM5[[#This Row],[Left]],2)*VLOOKUP(VALUE(TRIM(CLEAN(RIGHT(TableM5[[#This Row],[Left]],2)))),TableLasers[],COLUMN(TableLasers[S-DPH]),FALSE),LEFT(TableM5[[#This Row],[Right]],2)*VLOOKUP(VALUE(TRIM(CLEAN(RIGHT(TableM5[[#This Row],[Right]],2)))),TableLasers[],COLUMN(TableLasers[S-DPH]),FALSE),LEFT(TableM5[[#This Row],[Up]],2)*VLOOKUP(VALUE(TRIM(CLEAN(RIGHT(TableM5[[#This Row],[Up]],2)))),TableLasers[],COLUMN(TableLasers[S-DPH]),FALSE),LEFT(TableM5[[#This Row],[Down]],2)*VLOOKUP(VALUE(TRIM(CLEAN(RIGHT(TableM5[[#This Row],[Down]],2)))),TableLasers[],COLUMN(TableLasers[S-DPH]),FALSE))","v":720},{"$f":"SUM(LEFT(TableM5[[#This Row],[Main]],2)*VLOOKUP(VALUE(TRIM(CLEAN(RIGHT(TableM5[[#This Row],[Main]],2)))),TableLasers[],COLUMN(TableLasers[H-DPH]),FALSE),LEFT(TableM5[[#This Row],[Front]],2)*VLOOKUP(VALUE(TRIM(CLEAN(RIGHT(TableM5[[#This Row],[Front]],2)))),TableLasers[],COLUMN(TableLasers[H-DPH]),FALSE),LEFT(TableM5[[#This Row],[Back]],2)*VLOOKUP(VALUE(TRIM(CLEAN(RIGHT(TableM5[[#This Row],[Back]],2)))),TableLasers[],COLUMN(TableLasers[H-DPH]),FALSE),LEFT(TableM5[[#This Row],[Left]],2)*VLOOKUP(VALUE(TRIM(CLEAN(RIGHT(TableM5[[#This Row],[Left]],2)))),TableLasers[],COLUMN(TableLasers[H-DPH]),FALSE),LEFT(TableM5[[#This Row],[Right]],2)*VLOOKUP(VALUE(TRIM(CLEAN(RIGHT(TableM5[[#This Row],[Right]],2)))),TableLasers[],COLUMN(TableLasers[H-DPH]),FALSE),LEFT(TableM5[[#This Row],[Up]],2)*VLOOKUP(VALUE(TRIM(CLEAN(RIGHT(TableM5[[#This Row],[Up]],2)))),TableLasers[],COLUMN(TableLasers[H-DPH]),FALSE),LEFT(TableM5[[#This Row],[Down]],2)*VLOOKUP(VALUE(TRIM(CLEAN(RIGHT(TableM5[[#This Row],[Down]],2)))),TableLasers[],COLUMN(TableLasers[H-DPH]),FALSE))","v":160},"04::00","00::00","00::00","00::00","00::00","00::00","00::00",4,null,null,null,null,null,null,0]
[653,"Pirates","M5","Jaguar","Raider",709.947,202.84200000000001,40,"S",760,"1 MJ ",1,93,7.9744816586921896,4,1600,44.8,22,0,{"$f":"SUM(LEFT(TableM5[[#This Row],[Main]],2)*VLOOKUP(VALUE(TRIM(CLEAN(RIGHT(TableM5[[#This Row],[Main]],2)))),TableLasers[],COLUMN(TableLasers[S-DPH]),FALSE),LEFT(TableM5[[#This Row],[Front]],2)*VLOOKUP(VALUE(TRIM(CLEAN(RIGHT(TableM5[[#This Row],[Front]],2)))),TableLasers[],COLUMN(TableLasers[S-DPH]),FALSE),LEFT(TableM5[[#This Row],[Back]],2)*VLOOKUP(VALUE(TRIM(CLEAN(RIGHT(TableM5[[#This Row],[Back]],2)))),TableLasers[],COLUMN(TableLasers[S-DPH]),FALSE),LEFT(TableM5[[#This Row],[Left]],2)*VLOOKUP(VALUE(TRIM(CLEAN(RIGHT(TableM5[[#This Row],[Left]],2)))),TableLasers[],COLUMN(TableLasers[S-DPH]),FALSE),LEFT(TableM5[[#This Row],[Right]],2)*VLOOKUP(VALUE(TRIM(CLEAN(RIGHT(TableM5[[#This Row],[Right]],2)))),TableLasers[],COLUMN(TableLasers[S-DPH]),FALSE),LEFT(TableM5[[#This Row],[Up]],2)*VLOOKUP(VALUE(TRIM(CLEAN(RIGHT(TableM5[[#This Row],[Up]],2)))),TableLasers[],COLUMN(TableLasers[S-DPH]),FALSE),LEFT(TableM5[[#This Row],[Down]],2)*VLOOKUP(VALUE(TRIM(CLEAN(RIGHT(TableM5[[#This Row],[Down]],2)))),TableLasers[],COLUMN(TableLasers[S-DPH]),FALSE))","v":720},{"$f":"SUM(LEFT(TableM5[[#This Row],[Main]],2)*VLOOKUP(VALUE(TRIM(CLEAN(RIGHT(TableM5[[#This Row],[Main]],2)))),TableLasers[],COLUMN(TableLasers[H-DPH]),FALSE),LEFT(TableM5[[#This Row],[Front]],2)*VLOOKUP(VALUE(TRIM(CLEAN(RIGHT(TableM5[[#This Row],[Front]],2)))),TableLasers[],COLUMN(TableLasers[H-DPH]),FALSE),LEFT(TableM5[[#This Row],[Back]],2)*VLOOKUP(VALUE(TRIM(CLEAN(RIGHT(TableM5[[#This Row],[Back]],2)))),TableLasers[],COLUMN(TableLasers[H-DPH]),FALSE),LEFT(TableM5[[#This Row],[Left]],2)*VLOOKUP(VALUE(TRIM(CLEAN(RIGHT(TableM5[[#This Row],[Left]],2)))),TableLasers[],COLUMN(TableLasers[H-DPH]),FALSE),LEFT(TableM5[[#This Row],[Right]],2)*VLOOKUP(VALUE(TRIM(CLEAN(RIGHT(TableM5[[#This Row],[Right]],2)))),TableLasers[],COLUMN(TableLasers[H-DPH]),FALSE),LEFT(TableM5[[#This Row],[Up]],2)*VLOOKUP(VALUE(TRIM(CLEAN(RIGHT(TableM5[[#This Row],[Up]],2)))),TableLasers[],COLUMN(TableLasers[H-DPH]),FALSE),LEFT(TableM5[[#This Row],[Down]],2)*VLOOKUP(VALUE(TRIM(CLEAN(RIGHT(TableM5[[#This Row],[Down]],2)))),TableLasers[],COLUMN(TableLasers[H-DPH]),FALSE))","v":160},"04::00","00::00","00::00","00::00","00::00","00::00","00::00",4,null,null,null,null,null,null,0]
[671,"Pirates","M5","Rapier",null,519.54700000000003,148.44200000000001,40,"S",1300,"1 MJ ",3,130,7.9744816586921896,2,1600,39.990400000000001,98,0,{"$f":"SUM(LEFT(TableM5[[#This Row],[Main]],2)*VLOOKUP(VALUE(TRIM(CLEAN(RIGHT(TableM5[[#This Row],[Main]],2)))),TableLasers[],COLUMN(TableLasers[S-DPH]),FALSE),LEFT(TableM5[[#This Row],[Front]],2)*VLOOKUP(VALUE(TRIM(CLEAN(RIGHT(TableM5[[#This Row],[Front]],2)))),TableLasers[],COLUMN(TableLasers[S-DPH]),FALSE),LEFT(TableM5[[#This Row],[Back]],2)*VLOOKUP(VALUE(TRIM(CLEAN(RIGHT(TableM5[[#This Row],[Back]],2)))),TableLasers[],COLUMN(TableLasers[S-DPH]),FALSE),LEFT(TableM5[[#This Row],[Left]],2)*VLOOKUP(VALUE(TRIM(CLEAN(RIGHT(TableM5[[#This Row],[Left]],2)))),TableLasers[],COLUMN(TableLasers[S-DPH]),FALSE),LEFT(TableM5[[#This Row],[Right]],2)*VLOOKUP(VALUE(TRIM(CLEAN(RIGHT(TableM5[[#This Row],[Right]],2)))),TableLasers[],COLUMN(TableLasers[S-DPH]),FALSE),LEFT(TableM5[[#This Row],[Up]],2)*VLOOKUP(VALUE(TRIM(CLEAN(RIGHT(TableM5[[#This Row],[Up]],2)))),TableLasers[],COLUMN(TableLasers[S-DPH]),FALSE),LEFT(TableM5[[#This Row],[Down]],2)*VLOOKUP(VALUE(TRIM(CLEAN(RIGHT(TableM5[[#This Row],[Down]],2)))),TableLasers[],COLUMN(TableLasers[S-DPH]),FALSE))","v":1040},{"$f":"SUM(LEFT(TableM5[[#This Row],[Main]],2)*VLOOKUP(VALUE(TRIM(CLEAN(RIGHT(TableM5[[#This Row],[Main]],2)))),TableLasers[],COLUMN(TableLasers[H-DPH]),FALSE),LEFT(TableM5[[#This Row],[Front]],2)*VLOOKUP(VALUE(TRIM(CLEAN(RIGHT(TableM5[[#This Row],[Front]],2)))),TableLasers[],COLUMN(TableLasers[H-DPH]),FALSE),LEFT(TableM5[[#This Row],[Back]],2)*VLOOKUP(VALUE(TRIM(CLEAN(RIGHT(TableM5[[#This Row],[Back]],2)))),TableLasers[],COLUMN(TableLasers[H-DPH]),FALSE),LEFT(TableM5[[#This Row],[Left]],2)*VLOOKUP(VALUE(TRIM(CLEAN(RIGHT(TableM5[[#This Row],[Left]],2)))),TableLasers[],COLUMN(TableLasers[H-DPH]),FALSE),LEFT(TableM5[[#This Row],[Right]],2)*VLOOKUP(VALUE(TRIM(CLEAN(RIGHT(TableM5[[#This Row],[Right]],2)))),TableLasers[],COLUMN(TableLasers[H-DPH]),FALSE),LEFT(TableM5[[#This Row],[Up]],2)*VLOOKUP(VALUE(TRIM(CLEAN(RIGHT(TableM5[[#This Row],[Up]],2)))),TableLasers[],COLUMN(TableLasers[H-DPH]),FALSE),LEFT(TableM5[[#This Row],[Down]],2)*VLOOKUP(VALUE(TRIM(CLEAN(RIGHT(TableM5[[#This Row],[Down]],2)))),TableLasers[],COLUMN(TableLasers[H-DPH]),FALSE))","v":160},"02::10","00::00","00::00","00::00","00::00","00::00","00::00",2,null,null,null,null,null,null,10]
[695,"Argon","M5","AGI Scout Drone",null,555.79999999999995,138.94999999999999,60,"S",1200,"1 MJ ",6,200,7.9744816586921896,6,2000,49.988,62,0,{"$f":"SUM(LEFT(TableM5[[#This Row],[Main]],2)*VLOOKUP(VALUE(TRIM(CLEAN(RIGHT(TableM5[[#This Row],[Main]],2)))),TableLasers[],COLUMN(TableLasers[S-DPH]),FALSE),LEFT(TableM5[[#This Row],[Front]],2)*VLOOKUP(VALUE(TRIM(CLEAN(RIGHT(TableM5[[#This Row],[Front]],2)))),TableLasers[],COLUMN(TableLasers[S-DPH]),FALSE),LEFT(TableM5[[#This Row],[Back]],2)*VLOOKUP(VALUE(TRIM(CLEAN(RIGHT(TableM5[[#This Row],[Back]],2)))),TableLasers[],COLUMN(TableLasers[S-DPH]),FALSE),LEFT(TableM5[[#This Row],[Left]],2)*VLOOKUP(VALUE(TRIM(CLEAN(RIGHT(TableM5[[#This Row],[Left]],2)))),TableLasers[],COLUMN(TableLasers[S-DPH]),FALSE),LEFT(TableM5[[#This Row],[Right]],2)*VLOOKUP(VALUE(TRIM(CLEAN(RIGHT(TableM5[[#This Row],[Right]],2)))),TableLasers[],COLUMN(TableLasers[S-DPH]),FALSE),LEFT(TableM5[[#This Row],[Up]],2)*VLOOKUP(VALUE(TRIM(CLEAN(RIGHT(TableM5[[#This Row],[Up]],2)))),TableLasers[],COLUMN(TableLasers[S-DPH]),FALSE),LEFT(TableM5[[#This Row],[Down]],2)*VLOOKUP(VALUE(TRIM(CLEAN(RIGHT(TableM5[[#This Row],[Down]],2)))),TableLasers[],COLUMN(TableLasers[S-DPH]),FALSE))","v":1080},{"$f":"SUM(LEFT(TableM5[[#This Row],[Main]],2)*VLOOKUP(VALUE(TRIM(CLEAN(RIGHT(TableM5[[#This Row],[Main]],2)))),TableLasers[],COLUMN(TableLasers[H-DPH]),FALSE),LEFT(TableM5[[#This Row],[Front]],2)*VLOOKUP(VALUE(TRIM(CLEAN(RIGHT(TableM5[[#This Row],[Front]],2)))),TableLasers[],COLUMN(TableLasers[H-DPH]),FALSE),LEFT(TableM5[[#This Row],[Back]],2)*VLOOKUP(VALUE(TRIM(CLEAN(RIGHT(TableM5[[#This Row],[Back]],2)))),TableLasers[],COLUMN(TableLasers[H-DPH]),FALSE),LEFT(TableM5[[#This Row],[Left]],2)*VLOOKUP(VALUE(TRIM(CLEAN(RIGHT(TableM5[[#This Row],[Left]],2)))),TableLasers[],COLUMN(TableLasers[H-DPH]),FALSE),LEFT(TableM5[[#This Row],[Right]],2)*VLOOKUP(VALUE(TRIM(CLEAN(RIGHT(TableM5[[#This Row],[Right]],2)))),TableLasers[],COLUMN(TableLasers[H-DPH]),FALSE),LEFT(TableM5[[#This Row],[Up]],2)*VLOOKUP(VALUE(TRIM(CLEAN(RIGHT(TableM5[[#This Row],[Up]],2)))),TableLasers[],COLUMN(TableLasers[H-DPH]),FALSE),LEFT(TableM5[[#This Row],[Down]],2)*VLOOKUP(VALUE(TRIM(CLEAN(RIGHT(TableM5[[#This Row],[Down]],2)))),TableLasers[],COLUMN(TableLasers[H-DPH]),FALSE))","v":240},"06::00","00::00","00::00","00::00","00::00","00::00","00::00",6,null,null,null,null,null,null,0,null,null,null,null,null,null,0]
[699,"Terran","M5","Terraformer Scout",null,555.79999999999995,138.94999999999999,60,"S",1200,"1 MJ ",6,200,7.9744816586921896,6,2000,49.988,62,0,{"$f":"SUM(LEFT(TableM5[[#This Row],[Main]],2)*VLOOKUP(VALUE(TRIM(CLEAN(RIGHT(TableM5[[#This Row],[Main]],2)))),TableLasers[],COLUMN(TableLasers[S-DPH]),FALSE),LEFT(TableM5[[#This Row],[Front]],2)*VLOOKUP(VALUE(TRIM(CLEAN(RIGHT(TableM5[[#This Row],[Front]],2)))),TableLasers[],COLUMN(TableLasers[S-DPH]),FALSE),LEFT(TableM5[[#This Row],[Back]],2)*VLOOKUP(VALUE(TRIM(CLEAN(RIGHT(TableM5[[#This Row],[Back]],2)))),TableLasers[],COLUMN(TableLasers[S-DPH]),FALSE),LEFT(TableM5[[#This Row],[Left]],2)*VLOOKUP(VALUE(TRIM(CLEAN(RIGHT(TableM5[[#This Row],[Left]],2)))),TableLasers[],COLUMN(TableLasers[S-DPH]),FALSE),LEFT(TableM5[[#This Row],[Right]],2)*VLOOKUP(VALUE(TRIM(CLEAN(RIGHT(TableM5[[#This Row],[Right]],2)))),TableLasers[],COLUMN(TableLasers[S-DPH]),FALSE),LEFT(TableM5[[#This Row],[Up]],2)*VLOOKUP(VALUE(TRIM(CLEAN(RIGHT(TableM5[[#This Row],[Up]],2)))),TableLasers[],COLUMN(TableLasers[S-DPH]),FALSE),LEFT(TableM5[[#This Row],[Down]],2)*VLOOKUP(VALUE(TRIM(CLEAN(RIGHT(TableM5[[#This Row],[Down]],2)))),TableLasers[],COLUMN(TableLasers[S-DPH]),FALSE))","v":13920},{"$f":"SUM(LEFT(TableM5[[#This Row],[Main]],2)*VLOOKUP(VALUE(TRIM(CLEAN(RIGHT(TableM5[[#This Row],[Main]],2)))),TableLasers[],COLUMN(TableLasers[H-DPH]),FALSE),LEFT(TableM5[[#This Row],[Front]],2)*VLOOKUP(VALUE(TRIM(CLEAN(RIGHT(TableM5[[#This Row],[Front]],2)))),TableLasers[],COLUMN(TableLasers[H-DPH]),FALSE),LEFT(TableM5[[#This Row],[Back]],2)*VLOOKUP(VALUE(TRIM(CLEAN(RIGHT(TableM5[[#This Row],[Back]],2)))),TableLasers[],COLUMN(TableLasers[H-DPH]),FALSE),LEFT(TableM5[[#This Row],[Left]],2)*VLOOKUP(VALUE(TRIM(CLEAN(RIGHT(TableM5[[#This Row],[Left]],2)))),TableLasers[],COLUMN(TableLasers[H-DPH]),FALSE),LEFT(TableM5[[#This Row],[Right]],2)*VLOOKUP(VALUE(TRIM(CLEAN(RIGHT(TableM5[[#This Row],[Right]],2)))),TableLasers[],COLUMN(TableLasers[H-DPH]),FALSE),LEFT(TableM5[[#This Row],[Up]],2)*VLOOKUP(VALUE(TRIM(CLEAN(RIGHT(TableM5[[#This Row],[Up]],2)))),TableLasers[],COLUMN(TableLasers[H-DPH]),FALSE),LEFT(TableM5[[#This Row],[Down]],2)*VLOOKUP(VALUE(TRIM(CLEAN(RIGHT(TableM5[[#This Row],[Down]],2)))),TableLasers[],COLUMN(TableLasers[H-DPH]),FALSE))","v":2718},"06::45","00::00","00::00","00::00","00::00","00::00","00::00",6,null,null,null,null,null,null,"10,45"]

{"sheet":"M4","index":7,"n_rows":87,"n_cols":43,"rows_kept":87,"cut":false,"hidden":false,"merged":[]}
["ID","Race","Class","Name","Variation","Speed","Accel","AAccel","CClass","Hull","SType","SCount","SPower","SRTime","LCount","LEnergy","LRRate","MaxCargo","Hangar","S-Damage","H-Damage","Main","Front","Back","Left","Right","Up","Down","nMain","nFront","nBack","nLeft","nRight","nUp","nDown","xMain","xFront","xBack","xLeft","xRight","xUp","xDown","Missiles"]
[17,"Argon","M4","Buster",null,301.91840000000002,107.828,45,"M",3500,"5 MJ ",3,250,18.254837531945999,6,2050,51.237699999999997,168,0,{"$f":"SUM(LEFT(TableM4[[#This Row],[Main]],2)*VLOOKUP(VALUE(TRIM(CLEAN(RIGHT(TableM4[[#This Row],[Main]],2)))),TableLasers[],COLUMN(TableLasers[S-DPH]),FALSE),LEFT(TableM4[[#This Row],[Front]],2)*VLOOKUP(VALUE(TRIM(CLEAN(RIGHT(TableM4[[#This Row],[Front]],2)))),TableLasers[],COLUMN(TableLasers[S-DPH]),FALSE),LEFT(TableM4[[#This Row],[Back]],2)*VLOOKUP(VALUE(TRIM(CLEAN(RIGHT(TableM4[[#This Row],[Back]],2)))),TableLasers[],COLUMN(TableLasers[S-DPH]),FALSE),LEFT(TableM4[[#This Row],[Left]],2)*VLOOKUP(VALUE(TRIM(CLEAN(RIGHT(TableM4[[#This Row],[Left]],2)))),TableLasers[],COLUMN(TableLasers[S-DPH]),FALSE),LEFT(TableM4[[#This Row],[Right]],2)*VLOOKUP(VALUE(TRIM(CLEAN(RIGHT(TableM4[[#This Row],[Right]],2)))),TableLasers[],COLUMN(TableLasers[S-DPH]),FALSE),LEFT(TableM4[[#This Row],[Up]],2)*VLOOKUP(VALUE(TRIM(CLEAN(RIGHT(TableM4[[#This Row],[Up]],2)))),TableLasers[],COLUMN(TableLasers[S-DPH]),FALSE),LEFT(TableM4[[#This Row],[Down]],2)*VLOOKUP(VALUE(TRIM(CLEAN(RIGHT(TableM4[[#This Row],[Down]],2)))),TableLasers[],COLUMN(TableLasers[S-DPH]),FALSE))","v":6480},{"$f":"SUM(LEFT(TableM4[[#This Row],[Main]],2)*VLOOKUP(VALUE(TRIM(CLEAN(RIGHT(TableM4[[#This Row],[Main]],2)))),TableLasers[],COLUMN(TableLasers[H-DPH]),FALSE),LEFT(TableM4[[#This Row],[Front]],2)*VLOOKUP(VALUE(TRIM(CLEAN(RIGHT(TableM4[[#This Row],[Front]],2)))),TableLasers[],COLUMN(TableLasers[H-DPH]),FALSE),LEFT(TableM4[[#This Row],[Back]],2)*VLOOKUP(VALUE(TRIM(CLEAN(RIGHT(TableM4[[#This Row],[Back]],2)))),TableLasers[],COLUMN(TableLasers[H-DPH]),FALSE),LEFT(TableM4[[#This Row],[Left]],2)*VLOOKUP(VALUE(TRIM(CLEAN(RIGHT(TableM4[[#This Row],[Left]],2)))),TableLasers[],COLUMN(TableLasers[H-DPH]),FALSE),LEFT(TableM4[[#This Row],[Right]],2)*VLOOKUP(VALUE(TRIM(CLEAN(RIGHT(TableM4[[#This Row],[Right]],2)))),TableLasers[],COLUMN(TableLasers[H-DPH]),FALSE),LEFT(TableM4[[#This Row],[Up]],2)*VLOOKUP(VALUE(TRIM(CLEAN(RIGHT(TableM4[[#This Row],[Up]],2)))),TableLasers[],COLUMN(TableLasers[H-DPH]),FALSE),LEFT(TableM4[[#This Row],[Down]],2)*VLOOKUP(VALUE(TRIM(CLEAN(RIGHT(TableM4[[#This Row],[Down]],2)))),TableLasers[],COLUMN(TableLasers[H-DPH]),FALSE))","v":1200},"06::04","00::00","00::00","00::00","00::00","00::00","00::00",6,null,null,null,null,null,null,"0,1,4",null,null,null,null,null,null,"0,35"]
[18,"Argon","M4","Buster","Raider",352.3184,125.828,45,"M",3325,"5 MJ ",2,200,18.254837531945999,6,2300,57.486199999999997,157,0,{"$f":"SUM(LEFT(TableM4[[#This Row],[Main]],2)*VLOOKUP(VALUE(TRIM(CLEAN(RIGHT(TableM4[[#This Row],[Main]],2)))),TableLasers[],COLUMN(TableLasers[S-DPH]),FALSE),LEFT(TableM4[[#This Row],[Front]],2)*VLOOKUP(VALUE(TRIM(CLEAN(RIGHT(TableM4[[#This Row],[Front]],2)))),TableLasers[],COLUMN(TableLasers[S-DPH]),FALSE),LEFT(TableM4[[#This Row],[Back]],2)*VLOOKUP(VALUE(TRIM(CLEAN(RIGHT(TableM4[[#This Row],[Back]],2)))),TableLasers[],COLUMN(TableLasers[S-DPH]),FALSE),LEFT(TableM4[[#This Row],[Left]],2)*VLOOKUP(VALUE(TRIM(CLEAN(RIGHT(TableM4[[#This Row],[Left]],2)))),TableLasers[],COLUMN(TableLasers[S-DPH]),FALSE),LEFT(TableM4[[#This Row],[Right]],2)*VLOOKUP(VALUE(TRIM(CLEAN(RIGHT(TableM4[[#This Row],[Right]],2)))),TableLasers[],COLUMN(TableLasers[S-DPH]),FALSE),LEFT(TableM4[[#This Row],[Up]],2)*VLOOKUP(VALUE(TRIM(CLEAN(RIGHT(TableM4[[#This Row],[Up]],2)))),TableLasers[],COLUMN(TableLasers[S-DPH]),FALSE),LEFT(TableM4[[#This Row],[Down]],2)*VLOOKUP(VALUE(TRIM(CLEAN(RIGHT(TableM4[[#This Row],[Down]],2)))),TableLasers[],COLUMN(TableLasers[S-DPH]),FALSE))","v":6480},{"$f":"SUM(LEFT(TableM4[[#This Row],[Main]],2)*VLOOKUP(VALUE(TRIM(CLEAN(RIGHT(TableM4[[#This Row],[Main]],2)))),TableLasers[],COLUMN(TableLasers[H-DPH]),FALSE),LEFT(TableM4[[#This Row],[Front]],2)*VLOOKUP(VALUE(TRIM(CLEAN(RIGHT(TableM4[[#This Row],[Front]],2)))),TableLasers[],COLUMN(TableLasers[H-DPH]),FALSE),LEFT(TableM4[[#This Row],[Back]],2)*VLOOKUP(VALUE(TRIM(CLEAN(RIGHT(TableM4[[#This Row],[Back]],2)))),TableLasers[],COLUMN(TableLasers[H-DPH]),FALSE),LEFT(TableM4[[#This Row],[Left]],2)*VLOOKUP(VALUE(TRIM(CLEAN(RIGHT(TableM4[[#This Row],[Left]],2)))),TableLasers[],COLUMN(TableLasers[H-DPH]),FALSE),LEFT(TableM4[[#This Row],[Right]],2)*VLOOKUP(VALUE(TRIM(CLEAN(RIGHT(TableM4[[#This Row],[Right]],2)))),TableLasers[],COLUMN(TableLasers[H-DPH]),FALSE),LEFT(TableM4[[#This Row],[Up]],2)*VLOOKUP(VALUE(TRIM(CLEAN(RIGHT(TableM4[[#This Row],[Up]],2)))),TableLasers[],COLUMN(TableLasers[H-DPH]),FALSE),LEFT(TableM4[[#This Row],[Down]],2)*VLOOKUP(VALUE(TRIM(CLEAN(RIGHT(TableM4[[#This Row],[Down]],2)))),TableLasers[],COLUMN(TableLasers[H-DPH]),FALSE))","v":1200},"06::04","00::00","00::00","00::00","00::00","00::00","00::00",6,null,null,null,null,null,null,"0,1,4",null,null,null,null,null,null,"0,35"]
[19,"Argon","M4","Buster","Vanguard",307.79840000000002,109.928,45,"M",3325,"5 MJ ",3,275,18.254837531945999,6,2660,66.484039999999993,146,0,{"$f":"SUM(LEFT(TableM4[[#This Row],[Main]],2)*VLOOKUP(VALUE(TRIM(CLEAN(RIGHT(TableM4[[#This Row],[Main]],2)))),TableLasers[],COLUMN(TableLasers[S-DPH]),FALSE),LEFT(TableM4[[#This Row],[Front]],2)*VLOOKUP(VALUE(TRIM(CLEAN(RIGHT(TableM4[[#This Row],[Front]],2)))),TableLasers[],COLUMN(TableLasers[S-DPH]),FALSE),LEFT(TableM4[[#This Row],[Back]],2)*VLOOKUP(VALUE(TRIM(CLEAN(RIGHT(TableM4[[#This Row],[Back]],2)))),TableLasers[],COLUMN(TableLasers[S-DPH]),FALSE),LEFT(TableM4[[#This Row],[Left]],2)*VLOOKUP(VALUE(TRIM(CLEAN(RIGHT(TableM4[[#This Row],[Left]],2)))),TableLasers[],COLUMN(TableLasers[S-DPH]),FALSE),LEFT(TableM4[[#This Row],[Right]],2)*VLOOKUP(VALUE(TRIM(CLEAN(RIGHT(TableM4[[#This Row],[Right]],2)))),TableLasers[],COLUMN(TableLasers[S-DPH]),FALSE),LEFT(TableM4[[#This Row],[Up]],2)*VLOOKUP(VALUE(TRIM(CLEAN(RIGHT(TableM4[[#This Row],[Up]],2)))),TableLasers[],COLUMN(TableLasers[S-DPH]),FALSE),LEFT(TableM4[[#This Row],[Down]],2)*VLOOKUP(VALUE(TRIM(CLEAN(RIGHT(TableM4[[#This Row],[Down]],2)))),TableLasers[],COLUMN(TableLasers[S-DPH]),FALSE))","v":6480},{"$f":"SUM(LEFT(TableM4[[#This Row],[Main]],2)*VLOOKUP(VALUE(TRIM(CLEAN(RIGHT(TableM4[[#This Row],[Main]],2)))),TableLasers[],COLUMN(TableLasers[H-DPH]),FALSE),LEFT(TableM4[[#This Row],[Front]],2)*VLOOKUP(VALUE(TRIM(CLEAN(RIGHT(TableM4[[#This Row],[Front]],2)))),TableLasers[],COLUMN(TableLasers[H-DPH]),FALSE),LEFT(TableM4[[#This Row],[Back]],2)*VLOOKUP(VALUE(TRIM(CLEAN(RIGHT(TableM4[[#This Row],[Back]],2)))),TableLasers[],COLUMN(TableLasers[H-DPH]),FALSE),LEFT(TableM4[[#This Row],[Left]],2)*VLOOKUP(VALUE(TRIM(CLEAN(RIGHT(TableM4[[#This Row],[Left]],2)))),TableLasers[],COLUMN(TableLasers[H-DPH]),FALSE),LEFT(TableM4[[#This Row],[Right]],2)*VLOOKUP(VALUE(TRIM(CLEAN(RIGHT(TableM4[[#This Row],[Right]],2)))),TableLasers[],COLUMN(TableLasers[H-DPH]),FALSE),LEFT(TableM4[[#This Row],[Up]],2)*VLOOKUP(VALUE(TRIM(CLEAN(RIGHT(TableM4[[#This Row],[Up]],2)))),TableLasers[],COLUMN(TableLasers[H-DPH]),FALSE),LEFT(TableM4[[#This Row],[Down]],2)*VLOOKUP(VALUE(TRIM(CLEAN(RIGHT(TableM4[[#This Row],[Down]],2)))),TableLasers[],COLUMN(TableLasers[H-DPH]),FALSE))","v":1200},"06::04","00::00","00::00","00::00","00::00","00::00","00::00",6,null,null,null,null,null,null,"0,1,4",null,null,null,null,null,null,"0,35"]
[20,"Argon","M4","Buster","Sentinel",290.71839999999997,103.828,45,"M",3500,"5 MJ ",4,275,36.509675063891898,6,2050,51.237699999999997,157,0,{"$f":"SUM(LEFT(TableM4[[#This Row],[Main]],2)*VLOOKUP(VALUE(TRIM(CLEAN(RIGHT(TableM4[[#This Row],[Main]],2)))),TableLasers[],COLUMN(TableLasers[S-DPH]),FALSE),LEFT(TableM4[[#This Row],[Front]],2)*VLOOKUP(VALUE(TRIM(CLEAN(RIGHT(TableM4[[#This Row],[Front]],2)))),TableLasers[],COLUMN(TableLasers[S-DPH]),FALSE),LEFT(TableM4[[#This Row],[Back]],2)*VLOOKUP(VALUE(TRIM(CLEAN(RIGHT(TableM4[[#This Row],[Back]],2)))),TableLasers[],COLUMN(TableLasers[S-DPH]),FALSE),LEFT(TableM4[[#This Row],[Left]],2)*VLOOKUP(VALUE(TRIM(CLEAN(RIGHT(TableM4[[#This Row],[Left]],2)))),TableLasers[],COLUMN(TableLasers[S-DPH]),FALSE),LEFT(TableM4[[#This Row],[Right]],2)*VLOOKUP(VALUE(TRIM(CLEAN(RIGHT(TableM4[[#This Row],[Right]],2)))),TableLasers[],COLUMN(TableLasers[S-DPH]),FALSE),LEFT(TableM4[[#This Row],[Up]],2)*VLOOKUP(VALUE(TRIM(CLEAN(RIGHT(TableM4[[#This Row],[Up]],2)))),TableLasers[],COLUMN(TableLasers[S-DPH]),FALSE),LEFT(TableM4[[#This Row],[Down]],2)*VLOOKUP(VALUE(TRIM(CLEAN(RIGHT(TableM4[[#This Row],[Down]],2)))),TableLasers[],COLUMN(TableLasers[S-DPH]),FALSE))","v":6480},{"$f":"SUM(LEFT(TableM4[[#This Row],[Main]],2)*VLOOKUP(VALUE(TRIM(CLEAN(RIGHT(TableM4[[#This Row],[Main]],2)))),TableLasers[],COLUMN(TableLasers[H-DPH]),FALSE),LEFT(TableM4[[#This Row],[Front]],2)*VLOOKUP(VALUE(TRIM(CLEAN(RIGHT(TableM4[[#This Row],[Front]],2)))),TableLasers[],COLUMN(TableLasers[H-DPH]),FALSE),LEFT(TableM4[[#This Row],[Back]],2)*VLOOKUP(VALUE(TRIM(CLEAN(RIGHT(TableM4[[#This Row],[Back]],2)))),TableLasers[],COLUMN(TableLasers[H-DPH]),FALSE),LEFT(TableM4[[#This Row],[Left]],2)*VLOOKUP(VALUE(TRIM(CLEAN(RIGHT(TableM4[[#This Row],[Left]],2)))),TableLasers[],COLUMN(TableLasers[H-DPH]),FALSE),LEFT(TableM4[[#This Row],[Right]],2)*VLOOKUP(VALUE(TRIM(CLEAN(RIGHT(TableM4[[#This Row],[Right]],2)))),TableLasers[],COLUMN(TableLasers[H-DPH]),FALSE),LEFT(TableM4[[#This Row],[Up]],2)*VLOOKUP(VALUE(TRIM(CLEAN(RIGHT(TableM4[[#This Row],[Up]],2)))),TableLasers[],COLUMN(TableLasers[H-DPH]),FALSE),LEFT(TableM4[[#This Row],[Down]],2)*VLOOKUP(VALUE(TRIM(CLEAN(RIGHT(TableM4[[#This Row],[Down]],2)))),TableLasers[],COLUMN(TableLasers[H-DPH]),FALSE))","v":1200},"06::04","00::00","00::00","00::00","00::00","00::00","00::00",6,null,null,null,null,null,null,"0,1,4",null,null,null,null,null,null,"0,35"]
[21,"Argon","M4","Elite",null,267.5,107,45,"M",6500,"25 MJ ",2,550,44.091710758377403,8,4500,112.5,180,0,{"$f":"SUM(LEFT(TableM4[[#This Row],[Main]],2)*VLOOKUP(VALUE(TRIM(CLEAN(RIGHT(TableM4[[#This Row],[Main]],2)))),TableLasers[],COLUMN(TableLasers[S-DPH]),FALSE),LEFT(TableM4[[#This Row],[Front]],2)*VLOOKUP(VALUE(TRIM(CLEAN(RIGHT(TableM4[[#This Row],[Front]],2)))),TableLasers[],COLUMN(TableLasers[S-DPH]),FALSE),LEFT(TableM4[[#This Row],[Back]],2)*VLOOKUP(VALUE(TRIM(CLEAN(RIGHT(TableM4[[#This Row],[Back]],2)))),TableLasers[],COLUMN(TableLasers[S-DPH]),FALSE),LEFT(TableM4[[#This Row],[Left]],2)*VLOOKUP(VALUE(TRIM(CLEAN(RIGHT(TableM4[[#This Row],[Left]],2)))),TableLasers[],COLUMN(TableLasers[S-DPH]),FALSE),LEFT(TableM4[[#This Row],[Right]],2)*VLOOKUP(VALUE(TRIM(CLEAN(RIGHT(TableM4[[#This Row],[Right]],2)))),TableLasers[],COLUMN(TableLasers[S-DPH]),FALSE),LEFT(TableM4[[#This Row],[Up]],2)*VLOOKUP(VALUE(TRIM(CLEAN(RIGHT(TableM4[[#This Row],[Up]],2)))),TableLasers[],COLUMN(TableLasers[S-DPH]),FALSE),LEFT(TableM4[[#This Row],[Down]],2)*VLOOKUP(VALUE(TRIM(CLEAN(RIGHT(TableM4[[#This Row],[Down]],2)))),TableLasers[],COLUMN(TableLasers[S-DPH]),FALSE))","v":8640},{"$f":"SUM(LEFT(TableM4[[#This Row],[Main]],2)*VLOOKUP(VALUE(TRIM(CLEAN(RIGHT(TableM4[[#This Row],[Main]],2)))),TableLasers[],COLUMN(TableLasers[H-DPH]),FALSE),LEFT(TableM4[[#This Row],[Front]],2)*VLOOKUP(VALUE(TRIM(CLEAN(RIGHT(TableM4[[#This Row],[Front]],2)))),TableLasers[],COLUMN(TableLasers[H-DPH]),FALSE),LEFT(TableM4[[#This Row],[Back]],2)*VLOOKUP(VALUE(TRIM(CLEAN(RIGHT(TableM4[[#This Row],[Back]],2)))),TableLasers[],COLUMN(TableLasers[H-DPH]),FALSE),LEFT(TableM4[[#This Row],[Left]],2)*VLOOKUP(VALUE(TRIM(CLEAN(RIGHT(TableM4[[#This Row],[Left]],2)))),TableLasers[],COLUMN(TableLasers[H-DPH]),FALSE),LEFT(TableM4[[#This Row],[Right]],2)*VLOOKUP(VALUE(TRIM(CLEAN(RIGHT(TableM4[[#This Row],[Right]],2)))),TableLasers[],COLUMN(TableLasers[H-DPH]),FALSE),LEFT(TableM4[[#This Row],[Up]],2)*VLOOKUP(VALUE(TRIM(CLEAN(RIGHT(TableM4[[#This Row],[Up]],2)))),TableLasers[],COLUMN(TableLasers[H-DPH]),FALSE),LEFT(TableM4[[#This Row],[Down]],2)*VLOOKUP(VALUE(TRIM(CLEAN(RIGHT(TableM4[[#This Row],[Down]],2)))),TableLasers[],COLUMN(TableLasers[H-DPH]),FALSE))","v":1600},"06::04","00::00","02::04","00::00","00::00","00::00","00::00",6,null,2,null,null,null,null,"0,1,3,4",null,"0,1,4",null,null,null,null,"0,35"]
[31,"Argon","M4","Fighter Drone MKII",null,450,450,42,"M",200,"1 MJ ",0,25,0,2,500,4.1665000000000001,10,0,{"$f":"SUM(LEFT(TableM4[[#This Row],[Main]],2)*VLOOKUP(VALUE(TRIM(CLEAN(RIGHT(TableM4[[#This Row],[Main]],2)))),TableLasers[],COLUMN(TableLasers[S-DPH]),FALSE),LEFT(TableM4[[#This Row],[Front]],2)*VLOOKUP(VALUE(TRIM(CLEAN(RIGHT(TableM4[[#This Row],[Front]],2)))),TableLasers[],COLUMN(TableLasers[S-DPH]),FALSE),LEFT(TableM4[[#This Row],[Back]],2)*VLOOKUP(VALUE(TRIM(CLEAN(RIGHT(TableM4[[#This Row],[Back]],2)))),TableLasers[],COLUMN(TableLasers[S-DPH]),FALSE),LEFT(TableM4[[#This Row],[Left]],2)*VLOOKUP(VALUE(TRIM(CLEAN(RIGHT(TableM4[[#This Row],[Left]],2)))),TableLasers[],COLUMN(TableLasers[S-DPH]),FALSE),LEFT(TableM4[[#This Row],[Right]],2)*VLOOKUP(VALUE(TRIM(CLEAN(RIGHT(TableM4[[#This Row],[Right]],2)))),TableLasers[],COLUMN(TableLasers[S-DPH]),FALSE),LEFT(TableM4[[#This Row],[Up]],2)*VLOOKUP(VALUE(TRIM(CLEAN(RIGHT(TableM4[[#This Row],[Up]],2)))),TableLasers[],COLUMN(TableLasers[S-DPH]),FALSE),LEFT(TableM4[[#This Row],[Down]],2)*VLOOKUP(VALUE(TRIM(CLEAN(RIGHT(TableM4[[#This Row],[Down]],2)))),TableLasers[],COLUMN(TableLasers[S-DPH]),FALSE))","v":1280},{"$f":"SUM(LEFT(TableM4[[#This Row],[Main]],2)*VLOOKUP(VALUE(TRIM(CLEAN(RIGHT(TableM4[[#This Row],[Main]],2)))),TableLasers[],COLUMN(TableLasers[H-DPH]),FALSE),LEFT(TableM4[[#This Row],[Front]],2)*VLOOKUP(VALUE(TRIM(CLEAN(RIGHT(TableM4[[#This Row],[Front]],2)))),TableLasers[],COLUMN(TableLasers[H-DPH]),FALSE),LEFT(TableM4[[#This Row],[Back]],2)*VLOOKUP(VALUE(TRIM(CLEAN(RIGHT(TableM4[[#This Row],[Back]],2)))),TableLasers[],COLUMN(TableLasers[H-DPH]),FALSE),LEFT(TableM4[[#This Row],[Left]],2)*VLOOKUP(VALUE(TRIM(CLEAN(RIGHT(TableM4[[#This Row],[Left]],2)))),TableLasers[],COLUMN(TableLasers[H-DPH]),FALSE),LEFT(TableM4[[#This Row],[Right]],2)*VLOOKUP(VALUE(TRIM(CLEAN(RIGHT(TableM4[[#This Row],[Right]],2)))),TableLasers[],COLUMN(TableLasers[H-DPH]),FALSE),LEFT(TableM4[[#This Row],[Up]],2)*VLOOKUP(VALUE(TRIM(CLEAN(RIGHT(TableM4[[#This Row],[Up]],2)))),TableLasers[],COLUMN(TableLasers[H-DPH]),FALSE),LEFT(TableM4[[#This Row],[Down]],2)*VLOOKUP(VALUE(TRIM(CLEAN(RIGHT(TableM4[[#This Row],[Down]],2)))),TableLasers[],COLUMN(TableLasers[H-DPH]),FALSE))","v":240},"02::01","00::00","00::00","00::00","00::00","00::00","00::00",2,null,null,null,null,null,null,"0,1,29,35"]
[59,"Split","M4","Scorpion",null,384.10199999999998,128.03399999999999,38,"M",2800,"5 MJ ",1,105,18.254837531945999,6,2450,61.235300000000002,128,0,{"$f":"SUM(LEFT(TableM4[[#This Row],[Main]],2)*VLOOKUP(VALUE(TRIM(CLEAN(RIGHT(TableM4[[#This Row],[Main]],2)))),TableLasers[],COLUMN(TableLasers[S-DPH]),FALSE),LEFT(TableM4[[#This Row],[Front]],2)*VLOOKUP(VALUE(TRIM(CLEAN(RIGHT(TableM4[[#This Row],[Front]],2)))),TableLasers[],COLUMN(TableLasers[S-DPH]),FALSE),LEFT(TableM4[[#This Row],[Back]],2)*VLOOKUP(VALUE(TRIM(CLEAN(RIGHT(TableM4[[#This Row],[Back]],2)))),TableLasers[],COLUMN(TableLasers[S-DPH]),FALSE),LEFT(TableM4[[#This Row],[Left]],2)*VLOOKUP(VALUE(TRIM(CLEAN(RIGHT(TableM4[[#This Row],[Left]],2)))),TableLasers[],COLUMN(TableLasers[S-DPH]),FALSE),LEFT(TableM4[[#This Row],[Right]],2)*VLOOKUP(VALUE(TRIM(CLEAN(RIGHT(TableM4[[#This Row],[Right]],2)))),TableLasers[],COLUMN(TableLasers[S-DPH]),FALSE),LEFT(TableM4[[#This Row],[Up]],2)*VLOOKUP(VALUE(TRIM(CLEAN(RIGHT(TableM4[[#This Row],[Up]],2)))),TableLasers[],COLUMN(TableLasers[S-DPH]),FALSE),LEFT(TableM4[[#This Row],[Down]],2)*VLOOKUP(VALUE(TRIM(CLEAN(RIGHT(TableM4[[#This Row],[Down]],2)))),TableLasers[],COLUMN(TableLasers[S-DPH]),FALSE))","v":3840},{"$f":"SUM(LEFT(TableM4[[#This Row],[Main]],2)*VLOOKUP(VALUE(TRIM(CLEAN(RIGHT(TableM4[[#This Row],[Main]],2)))),TableLasers[],COLUMN(TableLasers[H-DPH]),FALSE),LEFT(TableM4[[#This Row],[Front]],2)*VLOOKUP(VALUE(TRIM(CLEAN(RIGHT(TableM4[[#This Row],[Front]],2)))),TableLasers[],COLUMN(TableLasers[H-DPH]),FALSE),LEFT(TableM4[[#This Row],[Back]],2)*VLOOKUP(VALUE(TRIM(CLEAN(RIGHT(TableM4[[#This Row],[Back]],2)))),TableLasers[],COLUMN(TableLasers[H-DPH]),FALSE),LEFT(TableM4[[#This Row],[Left]],2)*VLOOKUP(VALUE(TRIM(CLEAN(RIGHT(TableM4[[#This Row],[Left]],2)))),TableLasers[],COLUMN(TableLasers[H-DPH]),FALSE),LEFT(TableM4[[#This Row],[Right]],2)*VLOOKUP(VALUE(TRIM(CLEAN(RIGHT(TableM4[[#This Row],[Right]],2)))),TableLasers[],COLUMN(TableLasers[H-DPH]),FALSE),LEFT(TableM4[[#This Row],[Up]],2)*VLOOKUP(VALUE(TRIM(CLEAN(RIGHT(TableM4[[#This Row],[Up]],2)))),TableLasers[],COLUMN(TableLasers[H-DPH]),FALSE),LEFT(TableM4[[#This Row],[Down]],2)*VLOOKUP(VALUE(TRIM(CLEAN(RIGHT(TableM4[[#This Row],[Down]],2)))),TableLasers[],COLUMN(TableLasers[H-DPH]),FALSE))","v":720},"06::01","00::00","00::00","00::00","00::00","00::00","00::00",6,null,null,null,null,null,null,"0,1,9",null,null,null,null,null,null,"0,35"]
[60,"Split","M4","Scorpion","Raider",432.10199999999998,144.03399999999999,38,"M",2800,"5 MJ ",1,115,18.254837531945999,6,2650,66.234099999999998,101,0,{"$f":"SUM(LEFT(TableM4[[#This Row],[Main]],2)*VLOOKUP(VALUE(TRIM(CLEAN(RIGHT(TableM4[[#This Row],[Main]],2)))),TableLasers[],COLUMN(TableLasers[S-DPH]),FALSE),LEFT(TableM4[[#This Row],[Front]],2)*VLOOKUP(VALUE(TRIM(CLEAN(RIGHT(TableM4[[#This Row],[Front]],2)))),TableLasers[],COLUMN(TableLasers[S-DPH]),FALSE),LEFT(TableM4[[#This Row],[Back]],2)*VLOOKUP(VALUE(TRIM(CLEAN(RIGHT(TableM4[[#This Row],[Back]],2)))),TableLasers[],COLUMN(TableLasers[S-DPH]),FALSE),LEFT(TableM4[[#This Row],[Left]],2)*VLOOKUP(VALUE(TRIM(CLEAN(RIGHT(TableM4[[#This Row],[Left]],2)))),TableLasers[],COLUMN(TableLasers[S-DPH]),FALSE),LEFT(TableM4[[#This Row],[Right]],2)*VLOOKUP(VALUE(TRIM(CLEAN(RIGHT(TableM4[[#This Row],[Right]],2)))),TableLasers[],COLUMN(TableLasers[S-DPH]),FALSE),LEFT(TableM4[[#This Row],[Up]],2)*VLOOKUP(VALUE(TRIM(CLEAN(RIGHT(TableM4[[#This Row],[Up]],2)))),TableLasers[],COLUMN(TableLasers[S-DPH]),FALSE),LEFT(TableM4[[#This Row],[Down]],2)*VLOOKUP(VALUE(TRIM(CLEAN(RIGHT(TableM4[[#This Row],[Down]],2)))),TableLasers[],COLUMN(TableLasers[S-DPH]),FALSE))","v":3840},{"$f":"SUM(LEFT(TableM4[[#This Row],[Main]],2)*VLOOKUP(VALUE(TRIM(CLEAN(RIGHT(TableM4[[#This Row],[Main]],2)))),TableLasers[],COLUMN(TableLasers[H-DPH]),FALSE),LEFT(TableM4[[#This Row],[Front]],2)*VLOOKUP(VALUE(TRIM(CLEAN(RIGHT(TableM4[[#This Row],[Front]],2)))),TableLasers[],COLUMN(TableLasers[H-DPH]),FALSE),LEFT(TableM4[[#This Row],[Back]],2)*VLOOKUP(VALUE(TRIM(CLEAN(RIGHT(TableM4[[#This Row],[Back]],2)))),TableLasers[],COLUMN(TableLasers[H-DPH]),FALSE),LEFT(TableM4[[#This Row],[Left]],2)*VLOOKUP(VALUE(TRIM(CLEAN(RIGHT(TableM4[[#This Row],[Left]],2)))),TableLasers[],COLUMN(TableLasers[H-DPH]),FALSE),LEFT(TableM4[[#This Row],[Right]],2)*VLOOKUP(VALUE(TRIM(CLEAN(RIGHT(TableM4[[#This Row],[Right]],2)))),TableLasers[],COLUMN(TableLasers[H-DPH]),FALSE),LEFT(TableM4[[#This Row],[Up]],2)*VLOOKUP(VALUE(TRIM(CLEAN(RIGHT(TableM4[[#This Row],[Up]],2)))),TableLasers[],COLUMN(TableLasers[H-DPH]),FALSE),LEFT(TableM4[[#This Row],[Down]],2)*VLOOKUP(VALUE(TRIM(CLEAN(RIGHT(TableM4[[#This Row],[Down]],2)))),TableLasers[],COLUMN(TableLasers[H-DPH]),FALSE))","v":720},"06::01","00::00","00::00","00::00","00::00","00::00","00::00",6,null,null,null,null,null,null,"0,1,9",null,null,null,null,null,null,"0,35"]
[61,"Split","M4","Scorpion","Vanguard",384.10199999999998,128.03399999999999,38,"M",2660,"5 MJ ",1,115,18.254837531945999,6,2940,73.48236,106,0,{"$f":"SUM(LEFT(TableM4[[#This Row],[Main]],2)*VLOOKUP(VALUE(TRIM(CLEAN(RIGHT(TableM4[[#This Row],[Main]],2)))),TableLasers[],COLUMN(TableLasers[S-DPH]),FALSE),LEFT(TableM4[[#This Row],[Front]],2)*VLOOKUP(VALUE(TRIM(CLEAN(RIGHT(TableM4[[#This Row],[Front]],2)))),TableLasers[],COLUMN(TableLasers[S-DPH]),FALSE),LEFT(TableM4[[#This Row],[Back]],2)*VLOOKUP(VALUE(TRIM(CLEAN(RIGHT(TableM4[[#This Row],[Back]],2)))),TableLasers[],COLUMN(TableLasers[S-DPH]),FALSE),LEFT(TableM4[[#This Row],[Left]],2)*VLOOKUP(VALUE(TRIM(CLEAN(RIGHT(TableM4[[#This Row],[Left]],2)))),TableLasers[],COLUMN(TableLasers[S-DPH]),FALSE),LEFT(TableM4[[#This Row],[Right]],2)*VLOOKUP(VALUE(TRIM(CLEAN(RIGHT(TableM4[[#This Row],[Right]],2)))),TableLasers[],COLUMN(TableLasers[S-DPH]),FALSE),LEFT(TableM4[[#This Row],[Up]],2)*VLOOKUP(VALUE(TRIM(CLEAN(RIGHT(TableM4[[#This Row],[Up]],2)))),TableLasers[],COLUMN(TableLasers[S-DPH]),FALSE),LEFT(TableM4[[#This Row],[Down]],2)*VLOOKUP(VALUE(TRIM(CLEAN(RIGHT(TableM4[[#This Row],[Down]],2)))),TableLasers[],COLUMN(TableLasers[S-DPH]),FALSE))","v":3840},{"$f":"SUM(LEFT(TableM4[[#This Row],[Main]],2)*VLOOKUP(VALUE(TRIM(CLEAN(RIGHT(TableM4[[#This Row],[Main]],2)))),TableLasers[],COLUMN(TableLasers[H-DPH]),FALSE),LEFT(TableM4[[#This Row],[Front]],2)*VLOOKUP(VALUE(TRIM(CLEAN(RIGHT(TableM4[[#This Row],[Front]],2)))),TableLasers[],COLUMN(TableLasers[H-DPH]),FALSE),LEFT(TableM4[[#This Row],[Back]],2)*VLOOKUP(VALUE(TRIM(CLEAN(RIGHT(TableM4[[#This Row],[Back]],2)))),TableLasers[],COLUMN(TableLasers[H-DPH]),FALSE),LEFT(TableM4[[#This Row],[Left]],2)*VLOOKUP(VALUE(TRIM(CLEAN(RIGHT(TableM4[[#This Row],[Left]],2)))),TableLasers[],COLUMN(TableLasers[H-DPH]),FALSE),LEFT(TableM4[[#This Row],[Right]],2)*VLOOKUP(VALUE(TRIM(CLEAN(RIGHT(TableM4[[#This Row],[Right]],2)))),TableLasers[],COLUMN(TableLasers[H-DPH]),FALSE),LEFT(TableM4[[#This Row],[Up]],2)*VLOOKUP(VALUE(TRIM(CLEAN(RIGHT(TableM4[[#This Row],[Up]],2)))),TableLasers[],COLUMN(TableLasers[H-DPH]),FALSE),LEFT(TableM4[[#This Row],[Down]],2)*VLOOKUP(VALUE(TRIM(CLEAN(RIGHT(TableM4[[#This Row],[Down]],2)))),TableLasers[],COLUMN(TableLasers[H-DPH]),FALSE))","v":720},"06::01","00::00","00::00","00::00","00::00","00::00","00::00",6,null,null,null,null,null,null,"0,1,9",null,null,null,null,null,null,"0,35"]
[62,"Split","M4","Scorpion","Sentinel",366.10199999999998,122.03400000000001,38,"M",2800,"5 MJ ",2,115,36.509675063891898,6,2450,61.235300000000002,117,0,{"$f":"SUM(LEFT(TableM4[[#This Row],[Main]],2)*VLOOKUP(VALUE(TRIM(CLEAN(RIGHT(TableM4[[#This Row],[Main]],2)))),TableLasers[],COLUMN(TableLasers[S-DPH]),FALSE),LEFT(TableM4[[#This Row],[Front]],2)*VLOOKUP(VALUE(TRIM(CLEAN(RIGHT(TableM4[[#This Row],[Front]],2)))),TableLasers[],COLUMN(TableLasers[S-DPH]),FALSE),LEFT(TableM4[[#This Row],[Back]],2)*VLOOKUP(VALUE(TRIM(CLEAN(RIGHT(TableM4[[#This Row],[Back]],2)))),TableLasers[],COLUMN(TableLasers[S-DPH]),FALSE),LEFT(TableM4[[#This Row],[Left]],2)*VLOOKUP(VALUE(TRIM(CLEAN(RIGHT(TableM4[[#This Row],[Left]],2)))),TableLasers[],COLUMN(TableLasers[S-DPH]),FALSE),LEFT(TableM4[[#This Row],[Right]],2)*VLOOKUP(VALUE(TRIM(CLEAN(RIGHT(TableM4[[#This Row],[Right]],2)))),TableLasers[],COLUMN(TableLasers[S-DPH]),FALSE),LEFT(TableM4[[#This Row],[Up]],2)*VLOOKUP(VALUE(TRIM(CLEAN(RIGHT(TableM4[[#This Row],[Up]],2)))),TableLasers[],COLUMN(TableLasers[S-DPH]),FALSE),LEFT(TableM4[[#This Row],[Down]],2)*VLOOKUP(VALUE(TRIM(CLEAN(RIGHT(TableM4[[#This Row],[Down]],2)))),TableLasers[],COLUMN(TableLasers[S-DPH]),FALSE))","v":3840},{"$f":"SUM(LEFT(TableM4[[#This Row],[Main]],2)*VLOOKUP(VALUE(TRIM(CLEAN(RIGHT(TableM4[[#This Row],[Main]],2)))),TableLasers[],COLUMN(TableLasers[H-DPH]),FALSE),LEFT(TableM4[[#This Row],[Front]],2)*VLOOKUP(VALUE(TRIM(CLEAN(RIGHT(TableM4[[#This Row],[Front]],2)))),TableLasers[],COLUMN(TableLasers[H-DPH]),FALSE),LEFT(TableM4[[#This Row],[Back]],2)*VLOOKUP(VALUE(TRIM(CLEAN(RIGHT(TableM4[[#This Row],[Back]],2)))),TableLasers[],COLUMN(TableLasers[H-DPH]),FALSE),LEFT(TableM4[[#This Row],[Left]],2)*VLOOKUP(VALUE(TRIM(CLEAN(RIGHT(TableM4[[#This Row],[Left]],2)))),TableLasers[],COLUMN(TableLasers[H-DPH]),FALSE),LEFT(TableM4[[#This Row],[Right]],2)*VLOOKUP(VALUE(TRIM(CLEAN(RIGHT(TableM4[[#This Row],[Right]],2)))),TableLasers[],COLUMN(TableLasers[H-DPH]),FALSE),LEFT(TableM4[[#This Row],[Up]],2)*VLOOKUP(VALUE(TRIM(CLEAN(RIGHT(TableM4[[#This Row],[Up]],2)))),TableLasers[],COLUMN(TableLasers[H-DPH]),FALSE),LEFT(TableM4[[#This Row],[Down]],2)*VLOOKUP(VALUE(TRIM(CLEAN(RIGHT(TableM4[[#This Row],[Down]],2)))),TableLasers[],COLUMN(TableLasers[H-DPH]),FALSE))","v":720},"06::01","00::00","00::00","00::00","00::00","00::00","00::00",6,null,null,null,null,null,null,"0,1,9",null,null,null,null,null,null,"0,35"]
[63,"Split","M4","Asp",null,345.10199999999998,115.03400000000001,38,"M",5200,"25 MJ ",1,220,44.091710758377403,6,5000,124.97,138,0,{"$f":"SUM(LEFT(TableM4[[#This Row],[Main]],2)*VLOOKUP(VALUE(TRIM(CLEAN(RIGHT(TableM4[[#This Row],[Main]],2)))),TableLasers[],COLUMN(TableLasers[S-DPH]),FALSE),LEFT(TableM4[[#This Row],[Front]],2)*VLOOKUP(VALUE(TRIM(CLEAN(RIGHT(TableM4[[#This Row],[Front]],2)))),TableLasers[],COLUMN(TableLasers[S-DPH]),FALSE),LEFT(TableM4[[#This Row],[Back]],2)*VLOOKUP(VALUE(TRIM(CLEAN(RIGHT(TableM4[[#This Row],[Back]],2)))),TableLasers[],COLUMN(TableLasers[S-DPH]),FALSE),LEFT(TableM4[[#This Row],[Left]],2)*VLOOKUP(VALUE(TRIM(CLEAN(RIGHT(TableM4[[#This Row],[Left]],2)))),TableLasers[],COLUMN(TableLasers[S-DPH]),FALSE),LEFT(TableM4[[#This Row],[Right]],2)*VLOOKUP(VALUE(TRIM(CLEAN(RIGHT(TableM4[[#This Row],[Right]],2)))),TableLasers[],COLUMN(TableLasers[S-DPH]),FALSE),LEFT(TableM4[[#This Row],[Up]],2)*VLOOKUP(VALUE(TRIM(CLEAN(RIGHT(TableM4[[#This Row],[Up]],2)))),TableLasers[],COLUMN(TableLasers[S-DPH]),FALSE),LEFT(TableM4[[#This Row],[Down]],2)*VLOOKUP(VALUE(TRIM(CLEAN(RIGHT(TableM4[[#This Row],[Down]],2)))),TableLasers[],COLUMN(TableLasers[S-DPH]),FALSE))","v":3840},{"$f":"SUM(LEFT(TableM4[[#This Row],[Main]],2)*VLOOKUP(VALUE(TRIM(CLEAN(RIGHT(TableM4[[#This Row],[Main]],2)))),TableLasers[],COLUMN(TableLasers[H-DPH]),FALSE),LEFT(TableM4[[#This Row],[Front]],2)*VLOOKUP(VALUE(TRIM(CLEAN(RIGHT(TableM4[[#This Row],[Front]],2)))),TableLasers[],COLUMN(TableLasers[H-DPH]),FALSE),LEFT(TableM4[[#This Row],[Back]],2)*VLOOKUP(VALUE(TRIM(CLEAN(RIGHT(TableM4[[#This Row],[Back]],2)))),TableLasers[],COLUMN(TableLasers[H-DPH]),FALSE),LEFT(TableM4[[#This Row],[Left]],2)*VLOOKUP(VALUE(TRIM(CLEAN(RIGHT(TableM4[[#This Row],[Left]],2)))),TableLasers[],COLUMN(TableLasers[H-DPH]),FALSE),LEFT(TableM4[[#This Row],[Right]],2)*VLOOKUP(VALUE(TRIM(CLEAN(RIGHT(TableM4[[#This Row],[Right]],2)))),TableLasers[],COLUMN(TableLasers[H-DPH]),FALSE),LEFT(TableM4[[#This Row],[Up]],2)*VLOOKUP(VALUE(TRIM(CLEAN(RIGHT(TableM4[[#This Row],[Up]],2)))),TableLasers[],COLUMN(TableLasers[H-DPH]),FALSE),LEFT(TableM4[[#This Row],[Down]],2)*VLOOKUP(VALUE(TRIM(CLEAN(RIGHT(TableM4[[#This Row],[Down]],2)))),TableLasers[],COLUMN(TableLasers[H-DPH]),FALSE))","v":720},"06::01","00::00","00::00","00::00","00::00","00::00","00::00",6,null,null,null,null,null,null,"0,1,3,9",null,null,null,null,null,null,"0,35"]
[90,"Paranid","M4","Pericles",null,310.3184,110.828,41,"M",3500,"5 MJ ",3,250,18.254837531945999,6,2250,56.236499999999999,100,0,{"$f":"SUM(LEFT(TableM4[[#This Row],[Main]],2)*VLOOKUP(VALUE(TRIM(CLEAN(RIGHT(TableM4[[#This Row],[Main]],2)))),TableLasers[],COLUMN(TableLasers[S-DPH]),FALSE),LEFT(TableM4[[#This Row],[Front]],2)*VLOOKUP(VALUE(TRIM(CLEAN(RIGHT(TableM4[[#This Row],[Front]],2)))),TableLasers[],COLUMN(TableLasers[S-DPH]),FALSE),LEFT(TableM4[[#This Row],[Back]],2)*VLOOKUP(VALUE(TRIM(CLEAN(RIGHT(TableM4[[#This Row],[Back]],2)))),TableLasers[],COLUMN(TableLasers[S-DPH]),FALSE),LEFT(TableM4[[#This Row],[Left]],2)*VLOOKUP(VALUE(TRIM(CLEAN(RIGHT(TableM4[[#This Row],[Left]],2)))),TableLasers[],COLUMN(TableLasers[S-DPH]),FALSE),LEFT(TableM4[[#This Row],[Right]],2)*VLOOKUP(VALUE(TRIM(CLEAN(RIGHT(TableM4[[#This Row],[Right]],2)))),TableLasers[],COLUMN(TableLasers[S-DPH]),FALSE),LEFT(TableM4[[#This Row],[Up]],2)*VLOOKUP(VALUE(TRIM(CLEAN(RIGHT(TableM4[[#This Row],[Up]],2)))),TableLasers[],COLUMN(TableLasers[S-DPH]),FALSE),LEFT(TableM4[[#This Row],[Down]],2)*VLOOKUP(VALUE(TRIM(CLEAN(RIGHT(TableM4[[#This Row],[Down]],2)))),TableLasers[],COLUMN(TableLasers[S-DPH]),FALSE))","v":7980},{"$f":"SUM(LEFT(TableM4[[#This Row],[Main]],2)*VLOOKUP(VALUE(TRIM(CLEAN(RIGHT(TableM4[[#This Row],[Main]],2)))),TableLasers[],COLUMN(TableLasers[H-DPH]),FALSE),LEFT(TableM4[[#This Row],[Front]],2)*VLOOKUP(VALUE(TRIM(CLEAN(RIGHT(TableM4[[#This Row],[Front]],2)))),TableLasers[],COLUMN(TableLasers[H-DPH]),FALSE),LEFT(TableM4[[#This Row],[Back]],2)*VLOOKUP(VALUE(TRIM(CLEAN(RIGHT(TableM4[[#This Row],[Back]],2)))),TableLasers[],COLUMN(TableLasers[H-DPH]),FALSE),LEFT(TableM4[[#This Row],[Left]],2)*VLOOKUP(VALUE(TRIM(CLEAN(RIGHT(TableM4[[#This Row],[Left]],2)))),TableLasers[],COLUMN(TableLasers[H-DPH]),FALSE),LEFT(TableM4[[#This Row],[Right]],2)*VLOOKUP(VALUE(TRIM(CLEAN(RIGHT(TableM4[[#This Row],[Right]],2)))),TableLasers[],COLUMN(TableLasers[H-DPH]),FALSE),LEFT(TableM4[[#This Row],[Up]],2)*VLOOKUP(VALUE(TRIM(CLEAN(RIGHT(TableM4[[#This Row],[Up]],2)))),TableLasers[],COLUMN(TableLasers[H-DPH]),FALSE),LEFT(TableM4[[#This Row],[Down]],2)*VLOOKUP(VALUE(TRIM(CLEAN(RIGHT(TableM4[[#This Row],[Down]],2)))),TableLasers[],COLUMN(TableLasers[H-DPH]),FALSE))","v":1464},"06::07","00::00","00::00","00::00","00::00","00::00","00::00",6,null,null,null,null,null,null,"0,1,7",null,null,null,null,null,null,"0,35"]
[91,"Paranid","M4","Pericles","Raider",369.11840000000001,131.828,41,"M",3325,"5 MJ ",2,275,18.254837531945999,6,2250,56.236499999999999,89,0,{"$f":"SUM(LEFT(TableM4[[#This Row],[Main]],2)*VLOOKUP(VALUE(TRIM(CLEAN(RIGHT(TableM4[[#This Row],[Main]],2)))),TableLasers[],COLUMN(TableLasers[S-DPH]),FALSE),LEFT(TableM4[[#This Row],[Front]],2)*VLOOKUP(VALUE(TRIM(CLEAN(RIGHT(TableM4[[#This Row],[Front]],2)))),TableLasers[],COLUMN(TableLasers[S-DPH]),FALSE),LEFT(TableM4[[#This Row],[Back]],2)*VLOOKUP(VALUE(TRIM(CLEAN(RIGHT(TableM4[[#This Row],[Back]],2)))),TableLasers[],COLUMN(TableLasers[S-DPH]),FALSE),LEFT(TableM4[[#This Row],[Left]],2)*VLOOKUP(VALUE(TRIM(CLEAN(RIGHT(TableM4[[#This Row],[Left]],2)))),TableLasers[],COLUMN(TableLasers[S-DPH]),FALSE),LEFT(TableM4[[#This Row],[Right]],2)*VLOOKUP(VALUE(TRIM(CLEAN(RIGHT(TableM4[[#This Row],[Right]],2)))),TableLasers[],COLUMN(TableLasers[S-DPH]),FALSE),LEFT(TableM4[[#This Row],[Up]],2)*VLOOKUP(VALUE(TRIM(CLEAN(RIGHT(TableM4[[#This Row],[Up]],2)))),TableLasers[],COLUMN(TableLasers[S-DPH]),FALSE),LEFT(TableM4[[#This Row],[Down]],2)*VLOOKUP(VALUE(TRIM(CLEAN(RIGHT(TableM4[[#This Row],[Down]],2)))),TableLasers[],COLUMN(TableLasers[S-DPH]),FALSE))","v":7980},{"$f":"SUM(LEFT(TableM4[[#This Row],[Main]],2)*VLOOKUP(VALUE(TRIM(CLEAN(RIGHT(TableM4[[#This Row],[Main]],2)))),TableLasers[],COLUMN(TableLasers[H-DPH]),FALSE),LEFT(TableM4[[#This Row],[Front]],2)*VLOOKUP(VALUE(TRIM(CLEAN(RIGHT(TableM4[[#This Row],[Front]],2)))),TableLasers[],COLUMN(TableLasers[H-DPH]),FALSE),LEFT(TableM4[[#This Row],[Back]],2)*VLOOKUP(VALUE(TRIM(CLEAN(RIGHT(TableM4[[#This Row],[Back]],2)))),TableLasers[],COLUMN(TableLasers[H-DPH]),FALSE),LEFT(TableM4[[#This Row],[Left]],2)*VLOOKUP(VALUE(TRIM(CLEAN(RIGHT(TableM4[[#This Row],[Left]],2)))),TableLasers[],COLUMN(TableLasers[H-DPH]),FALSE),LEFT(TableM4[[#This Row],[Right]],2)*VLOOKUP(VALUE(TRIM(CLEAN(RIGHT(TableM4[[#This Row],[Right]],2)))),TableLasers[],COLUMN(TableLasers[H-DPH]),FALSE),LEFT(TableM4[[#This Row],[Up]],2)*VLOOKUP(VALUE(TRIM(CLEAN(RIGHT(TableM4[[#This Row],[Up]],2)))),TableLasers[],COLUMN(TableLasers[H-DPH]),FALSE),LEFT(TableM4[[#This Row],[Down]],2)*VLOOKUP(VALUE(TRIM(CLEAN(RIGHT(TableM4[[#This Row],[Down]],2)))),TableLasers[],COLUMN(TableLasers[H-DPH]),FALSE))","v":1464},"06::07","00::00","00::00","00::00","00::00","00::00","00::00",6,null,null,null,null,null,null,"0,1,7",null,null,null,null,null,null,"0,35"]
[92,"Paranid","M4","Pericles","Vanguard",318.71839999999997,113.828,41,"M",3325,"5 MJ ",3,275,18.254837531945999,6,2700,67.483800000000002,82,0,{"$f":"SUM(LEFT(TableM4[[#This Row],[Main]],2)*VLOOKUP(VALUE(TRIM(CLEAN(RIGHT(TableM4[[#This Row],[Main]],2)))),TableLasers[],COLUMN(TableLasers[S-DPH]),FALSE),LEFT(TableM4[[#This Row],[Front]],2)*VLOOKUP(VALUE(TRIM(CLEAN(RIGHT(TableM4[[#This Row],[Front]],2)))),TableLasers[],COLUMN(TableLasers[S-DPH]),FALSE),LEFT(TableM4[[#This Row],[Back]],2)*VLOOKUP(VALUE(TRIM(CLEAN(RIGHT(TableM4[[#This Row],[Back]],2)))),TableLasers[],COLUMN(TableLasers[S-DPH]),FALSE),LEFT(TableM4[[#This Row],[Left]],2)*VLOOKUP(VALUE(TRIM(CLEAN(RIGHT(TableM4[[#This Row],[Left]],2)))),TableLasers[],COLUMN(TableLasers[S-DPH]),FALSE),LEFT(TableM4[[#This Row],[Right]],2)*VLOOKUP(VALUE(TRIM(CLEAN(RIGHT(TableM4[[#This Row],[Right]],2)))),TableLasers[],COLUMN(TableLasers[S-DPH]),FALSE),LEFT(TableM4[[#This Row],[Up]],2)*VLOOKUP(VALUE(TRIM(CLEAN(RIGHT(TableM4[[#This Row],[Up]],2)))),TableLasers[],COLUMN(TableLasers[S-DPH]),FALSE),LEFT(TableM4[[#This Row],[Down]],2)*VLOOKUP(VALUE(TRIM(CLEAN(RIGHT(TableM4[[#This Row],[Down]],2)))),TableLasers[],COLUMN(TableLasers[S-DPH]),FALSE))","v":7980},{"$f":"SUM(LEFT(TableM4[[#This Row],[Main]],2)*VLOOKUP(VALUE(TRIM(CLEAN(RIGHT(TableM4[[#This Row],[Main]],2)))),TableLasers[],COLUMN(TableLasers[H-DPH]),FALSE),LEFT(TableM4[[#This Row],[Front]],2)*VLOOKUP(VALUE(TRIM(CLEAN(RIGHT(TableM4[[#This Row],[Front]],2)))),TableLasers[],COLUMN(TableLasers[H-DPH]),FALSE),LEFT(TableM4[[#This Row],[Back]],2)*VLOOKUP(VALUE(TRIM(CLEAN(RIGHT(TableM4[[#This Row],[Back]],2)))),TableLasers[],COLUMN(TableLasers[H-DPH]),FALSE),LEFT(TableM4[[#This Row],[Left]],2)*VLOOKUP(VALUE(TRIM(CLEAN(RIGHT(TableM4[[#This Row],[Left]],2)))),TableLasers[],COLUMN(TableLasers[H-DPH]),FALSE),LEFT(TableM4[[#This Row],[Right]],2)*VLOOKUP(VALUE(TRIM(CLEAN(RIGHT(TableM4[[#This Row],[Right]],2)))),TableLasers[],COLUMN(TableLasers[H-DPH]),FALSE),LEFT(TableM4[[#This Row],[Up]],2)*VLOOKUP(VALUE(TRIM(CLEAN(RIGHT(TableM4[[#This Row],[Up]],2)))),TableLasers[],COLUMN(TableLasers[H-DPH]),FALSE),LEFT(TableM4[[#This Row],[Down]],2)*VLOOKUP(VALUE(TRIM(CLEAN(RIGHT(TableM4[[#This Row],[Down]],2)))),TableLasers[],COLUMN(TableLasers[H-DPH]),FALSE))","v":1464},"06::07","00::00","00::00","00::00","00::00","00::00","00::00",6,null,null,null,null,null,null,"0,1,7",null,null,null,null,null,null,"0,35"]
[93,"Paranid","M4","Pericles","Sentinel",296.3184,105.828,41,"M",3500,"5 MJ ",4,275,36.509675063891898,6,2250,56.236499999999999,89,0,{"$f":"SUM(LEFT(TableM4[[#This Row],[Main]],2)*VLOOKUP(VALUE(TRIM(CLEAN(RIGHT(TableM4[[#This Row],[Main]],2)))),TableLasers[],COLUMN(TableLasers[S-DPH]),FALSE),LEFT(TableM4[[#This Row],[Front]],2)*VLOOKUP(VALUE(TRIM(CLEAN(RIGHT(TableM4[[#This Row],[Front]],2)))),TableLasers[],COLUMN(TableLasers[S-DPH]),FALSE),LEFT(TableM4[[#This Row],[Back]],2)*VLOOKUP(VALUE(TRIM(CLEAN(RIGHT(TableM4[[#This Row],[Back]],2)))),TableLasers[],COLUMN(TableLasers[S-DPH]),FALSE),LEFT(TableM4[[#This Row],[Left]],2)*VLOOKUP(VALUE(TRIM(CLEAN(RIGHT(TableM4[[#This Row],[Left]],2)))),TableLasers[],COLUMN(TableLasers[S-DPH]),FALSE),LEFT(TableM4[[#This Row],[Right]],2)*VLOOKUP(VALUE(TRIM(CLEAN(RIGHT(TableM4[[#This Row],[Right]],2)))),TableLasers[],COLUMN(TableLasers[S-DPH]),FALSE),LEFT(TableM4[[#This Row],[Up]],2)*VLOOKUP(VALUE(TRIM(CLEAN(RIGHT(TableM4[[#This Row],[Up]],2)))),TableLasers[],COLUMN(TableLasers[S-DPH]),FALSE),LEFT(TableM4[[#This Row],[Down]],2)*VLOOKUP(VALUE(TRIM(CLEAN(RIGHT(TableM4[[#This Row],[Down]],2)))),TableLasers[],COLUMN(TableLasers[S-DPH]),FALSE))","v":7980},{"$f":"SUM(LEFT(TableM4[[#This Row],[Main]],2)*VLOOKUP(VALUE(TRIM(CLEAN(RIGHT(TableM4[[#This Row],[Main]],2)))),TableLasers[],COLUMN(TableLasers[H-DPH]),FALSE),LEFT(TableM4[[#This Row],[Front]],2)*VLOOKUP(VALUE(TRIM(CLEAN(RIGHT(TableM4[[#This Row],[Front]],2)))),TableLasers[],COLUMN(TableLasers[H-DPH]),FALSE),LEFT(TableM4[[#This Row],[Back]],2)*VLOOKUP(VALUE(TRIM(CLEAN(RIGHT(TableM4[[#This Row],[Back]],2)))),TableLasers[],COLUMN(TableLasers[H-DPH]),FALSE),LEFT(TableM4[[#This Row],[Left]],2)*VLOOKUP(VALUE(TRIM(CLEAN(RIGHT(TableM4[[#This Row],[Left]],2)))),TableLasers[],COLUMN(TableLasers[H-DPH]),FALSE),LEFT(TableM4[[#This Row],[Right]],2)*VLOOKUP(VALUE(TRIM(CLEAN(RIGHT(TableM4[[#This Row],[Right]],2)))),TableLasers[],COLUMN(TableLasers[H-DPH]),FALSE),LEFT(TableM4[[#This Row],[Up]],2)*VLOOKUP(VALUE(TRIM(CLEAN(RIGHT(TableM4[[#This Row],[Up]],2)))),TableLasers[],COLUMN(TableLasers[H-DPH]),FALSE),LEFT(TableM4[[#This Row],[Down]],2)*VLOOKUP(VALUE(TRIM(CLEAN(RIGHT(TableM4[[#This Row],[Down]],2)))),TableLasers[],COLUMN(TableLasers[H-DPH]),FALSE))","v":1464},"06::07","00::00","00::00","00::00","00::00","00::00","00::00",6,null,null,null,null,null,null,"0,1,7",null,null,null,null,null,null,"0,35"]
[94,"Paranid","M4","Theseus",null,287.91840000000002,102.828,41,"M",6500,"25 MJ ",2,525,44.091710758377403,6,4750,81.999250000000004,110,0,{"$f":"SUM(LEFT(TableM4[[#This Row],[Main]],2)*VLOOKUP(VALUE(TRIM(CLEAN(RIGHT(TableM4[[#This Row],[Main]],2)))),TableLasers[],COLUMN(TableLasers[S-DPH]),FALSE),LEFT(TableM4[[#This Row],[Front]],2)*VLOOKUP(VALUE(TRIM(CLEAN(RIGHT(TableM4[[#This Row],[Front]],2)))),TableLasers[],COLUMN(TableLasers[S-DPH]),FALSE),LEFT(TableM4[[#This Row],[Back]],2)*VLOOKUP(VALUE(TRIM(CLEAN(RIGHT(TableM4[[#This Row],[Back]],2)))),TableLasers[],COLUMN(TableLasers[S-DPH]),FALSE),LEFT(TableM4[[#This Row],[Left]],2)*VLOOKUP(VALUE(TRIM(CLEAN(RIGHT(TableM4[[#This Row],[Left]],2)))),TableLasers[],COLUMN(TableLasers[S-DPH]),FALSE),LEFT(TableM4[[#This Row],[Right]],2)*VLOOKUP(VALUE(TRIM(CLEAN(RIGHT(TableM4[[#This Row],[Right]],2)))),TableLasers[],COLUMN(TableLasers[S-DPH]),FALSE),LEFT(TableM4[[#This Row],[Up]],2)*VLOOKUP(VALUE(TRIM(CLEAN(RIGHT(TableM4[[#This Row],[Up]],2)))),TableLasers[],COLUMN(TableLasers[S-DPH]),FALSE),LEFT(TableM4[[#This Row],[Down]],2)*VLOOKUP(VALUE(TRIM(CLEAN(RIGHT(TableM4[[#This Row],[Down]],2)))),TableLasers[],COLUMN(TableLasers[S-DPH]),FALSE))","v":7980},{"$f":"SUM(LEFT(TableM4[[#This Row],[Main]],2)*VLOOKUP(VALUE(TRIM(CLEAN(RIGHT(TableM4[[#This Row],[Main]],2)))),TableLasers[],COLUMN(TableLasers[H-DPH]),FALSE),LEFT(TableM4[[#This Row],[Front]],2)*VLOOKUP(VALUE(TRIM(CLEAN(RIGHT(TableM4[[#This Row],[Front]],2)))),TableLasers[],COLUMN(TableLasers[H-DPH]),FALSE),LEFT(TableM4[[#This Row],[Back]],2)*VLOOKUP(VALUE(TRIM(CLEAN(RIGHT(TableM4[[#This Row],[Back]],2)))),TableLasers[],COLUMN(TableLasers[H-DPH]),FALSE),LEFT(TableM4[[#This Row],[Left]],2)*VLOOKUP(VALUE(TRIM(CLEAN(RIGHT(TableM4[[#This Row],[Left]],2)))),TableLasers[],COLUMN(TableLasers[H-DPH]),FALSE),LEFT(TableM4[[#This Row],[Right]],2)*VLOOKUP(VALUE(TRIM(CLEAN(RIGHT(TableM4[[#This Row],[Right]],2)))),TableLasers[],COLUMN(TableLasers[H-DPH]),FALSE),LEFT(TableM4[[#This Row],[Up]],2)*VLOOKUP(VALUE(TRIM(CLEAN(RIGHT(TableM4[[#This Row],[Up]],2)))),TableLasers[],COLUMN(TableLasers[H-DPH]),FALSE),LEFT(TableM4[[#This Row],[Down]],2)*VLOOKUP(VALUE(TRIM(CLEAN(RIGHT(TableM4[[#This Row],[Down]],2)))),TableLasers[],COLUMN(TableLasers[H-DPH]),FALSE))","v":1464},"06::07","00::00","00::00","00::00","00::00","00::00","00::00",6,null,null,null,null,null,null,"0,1,7",null,null,null,null,null,null,"0,35"]
[122,"Boron","M4","Mako",null,318.10199999999998,106.03400000000001,41,"M",5150,"5 MJ ",4,420,18.254837531945999,6,1650,41.240099999999998,197,0,{"$f":"SUM(LEFT(TableM4[[#This Row],[Main]],2)*VLOOKUP(VALUE(TRIM(CLEAN(RIGHT(TableM4[[#This Row],[Main]],2)))),TableLasers[],COLUMN(TableLasers[S-DPH]),FALSE),LEFT(TableM4[[#This Row],[Front]],2)*VLOOKUP(VALUE(TRIM(CLEAN(RIGHT(TableM4[[#This Row],[Front]],2)))),TableLasers[],COLUMN(TableLasers[S-DPH]),FALSE),LEFT(TableM4[[#This Row],[Back]],2)*VLOOKUP(VALUE(TRIM(CLEAN(RIGHT(TableM4[[#This Row],[Back]],2)))),TableLasers[],COLUMN(TableLasers[S-DPH]),FALSE),LEFT(TableM4[[#This Row],[Left]],2)*VLOOKUP(VALUE(TRIM(CLEAN(RIGHT(TableM4[[#This Row],[Left]],2)))),TableLasers[],COLUMN(TableLasers[S-DPH]),FALSE),LEFT(TableM4[[#This Row],[Right]],2)*VLOOKUP(VALUE(TRIM(CLEAN(RIGHT(TableM4[[#This Row],[Right]],2)))),TableLasers[],COLUMN(TableLasers[S-DPH]),FALSE),LEFT(TableM4[[#This Row],[Up]],2)*VLOOKUP(VALUE(TRIM(CLEAN(RIGHT(TableM4[[#This Row],[Up]],2)))),TableLasers[],COLUMN(TableLasers[S-DPH]),FALSE),LEFT(TableM4[[#This Row],[Down]],2)*VLOOKUP(VALUE(TRIM(CLEAN(RIGHT(TableM4[[#This Row],[Down]],2)))),TableLasers[],COLUMN(TableLasers[S-DPH]),FALSE))","v":8100},{"$f":"SUM(LEFT(TableM4[[#This Row],[Main]],2)*VLOOKUP(VALUE(TRIM(CLEAN(RIGHT(TableM4[[#This Row],[Main]],2)))),TableLasers[],COLUMN(TableLasers[H-DPH]),FALSE),LEFT(TableM4[[#This Row],[Front]],2)*VLOOKUP(VALUE(TRIM(CLEAN(RIGHT(TableM4[[#This Row],[Front]],2)))),TableLasers[],COLUMN(TableLasers[H-DPH]),FALSE),LEFT(TableM4[[#This Row],[Back]],2)*VLOOKUP(VALUE(TRIM(CLEAN(RIGHT(TableM4[[#This Row],[Back]],2)))),TableLasers[],COLUMN(TableLasers[H-DPH]),FALSE),LEFT(TableM4[[#This Row],[Left]],2)*VLOOKUP(VALUE(TRIM(CLEAN(RIGHT(TableM4[[#This Row],[Left]],2)))),TableLasers[],COLUMN(TableLasers[H-DPH]),FALSE),LEFT(TableM4[[#This Row],[Right]],2)*VLOOKUP(VALUE(TRIM(CLEAN(RIGHT(TableM4[[#This Row],[Right]],2)))),TableLasers[],COLUMN(TableLasers[H-DPH]),FALSE),LEFT(TableM4[[#This Row],[Up]],2)*VLOOKUP(VALUE(TRIM(CLEAN(RIGHT(TableM4[[#This Row],[Up]],2)))),TableLasers[],COLUMN(TableLasers[H-DPH]),FALSE),LEFT(TableM4[[#This Row],[Down]],2)*VLOOKUP(VALUE(TRIM(CLEAN(RIGHT(TableM4[[#This Row],[Down]],2)))),TableLasers[],COLUMN(TableLasers[H-DPH]),FALSE))","v":72},"06::08","00::00","00::00","00::00","00::00","00::00","00::00",6,null,null,null,null,null,null,"0,1,8",null,null,null,null,null,null,"0,35"]
[123,"Boron","M4","Mako","Raider",384.10199999999998,128.03399999999999,41,"M",4992,"5 MJ ",3,340,18.254837531945999,6,1850,46.231499999999997,176,0,{"$f":"SUM(LEFT(TableM4[[#This Row],[Main]],2)*VLOOKUP(VALUE(TRIM(CLEAN(RIGHT(TableM4[[#This Row],[Main]],2)))),TableLasers[],COLUMN(TableLasers[S-DPH]),FALSE),LEFT(TableM4[[#This Row],[Front]],2)*VLOOKUP(VALUE(TRIM(CLEAN(RIGHT(TableM4[[#This Row],[Front]],2)))),TableLasers[],COLUMN(TableLasers[S-DPH]),FALSE),LEFT(TableM4[[#This Row],[Back]],2)*VLOOKUP(VALUE(TRIM(CLEAN(RIGHT(TableM4[[#This Row],[Back]],2)))),TableLasers[],COLUMN(TableLasers[S-DPH]),FALSE),LEFT(TableM4[[#This Row],[Left]],2)*VLOOKUP(VALUE(TRIM(CLEAN(RIGHT(TableM4[[#This Row],[Left]],2)))),TableLasers[],COLUMN(TableLasers[S-DPH]),FALSE),LEFT(TableM4[[#This Row],[Right]],2)*VLOOKUP(VALUE(TRIM(CLEAN(RIGHT(TableM4[[#This Row],[Right]],2)))),TableLasers[],COLUMN(TableLasers[S-DPH]),FALSE),LEFT(TableM4[[#This Row],[Up]],2)*VLOOKUP(VALUE(TRIM(CLEAN(RIGHT(TableM4[[#This Row],[Up]],2)))),TableLasers[],COLUMN(TableLasers[S-DPH]),FALSE),LEFT(TableM4[[#This Row],[Down]],2)*VLOOKUP(VALUE(TRIM(CLEAN(RIGHT(TableM4[[#This Row],[Down]],2)))),TableLasers[],COLUMN(TableLasers[S-DPH]),FALSE))","v":8100},{"$f":"SUM(LEFT(TableM4[[#This Row],[Main]],2)*VLOOKUP(VALUE(TRIM(CLEAN(RIGHT(TableM4[[#This Row],[Main]],2)))),TableLasers[],COLUMN(TableLasers[H-DPH]),FALSE),LEFT(TableM4[[#This Row],[Front]],2)*VLOOKUP(VALUE(TRIM(CLEAN(RIGHT(TableM4[[#This Row],[Front]],2)))),TableLasers[],COLUMN(TableLasers[H-DPH]),FALSE),LEFT(TableM4[[#This Row],[Back]],2)*VLOOKUP(VALUE(TRIM(CLEAN(RIGHT(TableM4[[#This Row],[Back]],2)))),TableLasers[],COLUMN(TableLasers[H-DPH]),FALSE),LEFT(TableM4[[#This Row],[Left]],2)*VLOOKUP(VALUE(TRIM(CLEAN(RIGHT(TableM4[[#This Row],[Left]],2)))),TableLasers[],COLUMN(TableLasers[H-DPH]),FALSE),LEFT(TableM4[[#This Row],[Right]],2)*VLOOKUP(VALUE(TRIM(CLEAN(RIGHT(TableM4[[#This Row],[Right]],2)))),TableLasers[],COLUMN(TableLasers[H-DPH]),FALSE),LEFT(TableM4[[#This Row],[Up]],2)*VLOOKUP(VALUE(TRIM(CLEAN(RIGHT(TableM4[[#This Row],[Up]],2)))),TableLasers[],COLUMN(TableLasers[H-DPH]),FALSE),LEFT(TableM4[[#This Row],[Down]],2)*VLOOKUP(VALUE(TRIM(CLEAN(RIGHT(TableM4[[#This Row],[Down]],2)))),TableLasers[],COLUMN(TableLasers[H-DPH]),FALSE))","v":72},"06::08","00::00","00::00","00::00","00::00","00::00","00::00",6,null,null,null,null,null,null,"0,1,8",null,null,null,null,null,null,"0,35"]
[124,"Boron","M4","Mako","Vanguard",345.10199999999998,115.03400000000001,41,"M",5992,"5 MJ ",4,420,18.254837531945999,6,2020,50.479799999999997,146,0,{"$f":"SUM(LEFT(TableM4[[#This Row],[Main]],2)*VLOOKUP(VALUE(TRIM(CLEAN(RIGHT(TableM4[[#This Row],[Main]],2)))),TableLasers[],COLUMN(TableLasers[S-DPH]),FALSE),LEFT(TableM4[[#This Row],[Front]],2)*VLOOKUP(VALUE(TRIM(CLEAN(RIGHT(TableM4[[#This Row],[Front]],2)))),TableLasers[],COLUMN(TableLasers[S-DPH]),FALSE),LEFT(TableM4[[#This Row],[Back]],2)*VLOOKUP(VALUE(TRIM(CLEAN(RIGHT(TableM4[[#This Row],[Back]],2)))),TableLasers[],COLUMN(TableLasers[S-DPH]),FALSE),LEFT(TableM4[[#This Row],[Left]],2)*VLOOKUP(VALUE(TRIM(CLEAN(RIGHT(TableM4[[#This Row],[Left]],2)))),TableLasers[],COLUMN(TableLasers[S-DPH]),FALSE),LEFT(TableM4[[#This Row],[Right]],2)*VLOOKUP(VALUE(TRIM(CLEAN(RIGHT(TableM4[[#This Row],[Right]],2)))),TableLasers[],COLUMN(TableLasers[S-DPH]),FALSE),LEFT(TableM4[[#This Row],[Up]],2)*VLOOKUP(VALUE(TRIM(CLEAN(RIGHT(TableM4[[#This Row],[Up]],2)))),TableLasers[],COLUMN(TableLasers[S-DPH]),FALSE),LEFT(TableM4[[#This Row],[Down]],2)*VLOOKUP(VALUE(TRIM(CLEAN(RIGHT(TableM4[[#This Row],[Down]],2)))),TableLasers[],COLUMN(TableLasers[S-DPH]),FALSE))","v":8100},{"$f":"SUM(LEFT(TableM4[[#This Row],[Main]],2)*VLOOKUP(VALUE(TRIM(CLEAN(RIGHT(TableM4[[#This Row],[Main]],2)))),TableLasers[],COLUMN(TableLasers[H-DPH]),FALSE),LEFT(TableM4[[#This Row],[Front]],2)*VLOOKUP(VALUE(TRIM(CLEAN(RIGHT(TableM4[[#This Row],[Front]],2)))),TableLasers[],COLUMN(TableLasers[H-DPH]),FALSE),LEFT(TableM4[[#This Row],[Back]],2)*VLOOKUP(VALUE(TRIM(CLEAN(RIGHT(TableM4[[#This Row],[Back]],2)))),TableLasers[],COLUMN(TableLasers[H-DPH]),FALSE),LEFT(TableM4[[#This Row],[Left]],2)*VLOOKUP(VALUE(TRIM(CLEAN(RIGHT(TableM4[[#This Row],[Left]],2)))),TableLasers[],COLUMN(TableLasers[H-DPH]),FALSE),LEFT(TableM4[[#This Row],[Right]],2)*VLOOKUP(VALUE(TRIM(CLEAN(RIGHT(TableM4[[#This Row],[Right]],2)))),TableLasers[],COLUMN(TableLasers[H-DPH]),FALSE),LEFT(TableM4[[#This Row],[Up]],2)*VLOOKUP(VALUE(TRIM(CLEAN(RIGHT(TableM4[[#This Row],[Up]],2)))),TableLasers[],COLUMN(TableLasers[H-DPH]),FALSE),LEFT(TableM4[[#This Row],[Down]],2)*VLOOKUP(VALUE(TRIM(CLEAN(RIGHT(TableM4[[#This Row],[Down]],2)))),TableLasers[],COLUMN(TableLasers[H-DPH]),FALSE))","v":72},"06::08","00::00","00::00","00::00","00::00","00::00","00::00",6,null,null,null,null,null,null,"0,1,8",null,null,null,null,null,null,"0,35"]
[125,"Boron","M4","Mako","Sentinel",300.10199999999998,100.03400000000001,41,"M",5150,"5 MJ ",5,500,18.254837531945999,6,1650,41.233499999999999,174,0,{"$f":"SUM(LEFT(TableM4[[#This Row],[Main]],2)*VLOOKUP(VALUE(TRIM(CLEAN(RIGHT(TableM4[[#This Row],[Main]],2)))),TableLasers[],COLUMN(TableLasers[S-DPH]),FALSE),LEFT(TableM4[[#This Row],[Front]],2)*VLOOKUP(VALUE(TRIM(CLEAN(RIGHT(TableM4[[#This Row],[Front]],2)))),TableLasers[],COLUMN(TableLasers[S-DPH]),FALSE),LEFT(TableM4[[#This Row],[Back]],2)*VLOOKUP(VALUE(TRIM(CLEAN(RIGHT(TableM4[[#This Row],[Back]],2)))),TableLasers[],COLUMN(TableLasers[S-DPH]),FALSE),LEFT(TableM4[[#This Row],[Left]],2)*VLOOKUP(VALUE(TRIM(CLEAN(RIGHT(TableM4[[#This Row],[Left]],2)))),TableLasers[],COLUMN(TableLasers[S-DPH]),FALSE),LEFT(TableM4[[#This Row],[Right]],2)*VLOOKUP(VALUE(TRIM(CLEAN(RIGHT(TableM4[[#This Row],[Right]],2)))),TableLasers[],COLUMN(TableLasers[S-DPH]),FALSE),LEFT(TableM4[[#This Row],[Up]],2)*VLOOKUP(VALUE(TRIM(CLEAN(RIGHT(TableM4[[#This Row],[Up]],2)))),TableLasers[],COLUMN(TableLasers[S-DPH]),FALSE),LEFT(TableM4[[#This Row],[Down]],2)*VLOOKUP(VALUE(TRIM(CLEAN(RIGHT(TableM4[[#This Row],[Down]],2)))),TableLasers[],COLUMN(TableLasers[S-DPH]),FALSE))","v":8100},{"$f":"SUM(LEFT(TableM4[[#This Row],[Main]],2)*VLOOKUP(VALUE(TRIM(CLEAN(RIGHT(TableM4[[#This Row],[Main]],2)))),TableLasers[],COLUMN(TableLasers[H-DPH]),FALSE),LEFT(TableM4[[#This Row],[Front]],2)*VLOOKUP(VALUE(TRIM(CLEAN(RIGHT(TableM4[[#This Row],[Front]],2)))),TableLasers[],COLUMN(TableLasers[H-DPH]),FALSE),LEFT(TableM4[[#This Row],[Back]],2)*VLOOKUP(VALUE(TRIM(CLEAN(RIGHT(TableM4[[#This Row],[Back]],2)))),TableLasers[],COLUMN(TableLasers[H-DPH]),FALSE),LEFT(TableM4[[#This Row],[Left]],2)*VLOOKUP(VALUE(TRIM(CLEAN(RIGHT(TableM4[[#This Row],[Left]],2)))),TableLasers[],COLUMN(TableLasers[H-DPH]),FALSE),LEFT(TableM4[[#This Row],[Right]],2)*VLOOKUP(VALUE(TRIM(CLEAN(RIGHT(TableM4[[#This Row],[Right]],2)))),TableLasers[],COLUMN(TableLasers[H-DPH]),FALSE),LEFT(TableM4[[#This Row],[Up]],2)*VLOOKUP(VALUE(TRIM(CLEAN(RIGHT(TableM4[[#This Row],[Up]],2)))),TableLasers[],COLUMN(TableLasers[H-DPH]),FALSE),LEFT(TableM4[[#This Row],[Down]],2)*VLOOKUP(VALUE(TRIM(CLEAN(RIGHT(TableM4[[#This Row],[Down]],2)))),TableLasers[],COLUMN(TableLasers[H-DPH]),FALSE))","v":72},"06::08","00::00","00::00","00::00","00::00","00::00","00::00",6,null,null,null,null,null,null,"0,1,8",null,null,null,null,null,null,"0,35"]
[126,"Boron","M4","Pike",null,270.10199999999998,90.034000000000006,41,"M",7850,"25 MJ ",3,780,44.091710758377403,6,2550,38.104649999999999,208,0,{"$f":"SUM(LEFT(TableM4[[#This Row],[Main]],2)*VLOOKUP(VALUE(TRIM(CLEAN(RIGHT(TableM4[[#This Row],[Main]],2)))),TableLasers[],COLUMN(TableLasers[S-DPH]),FALSE),LEFT(TableM4[[#This Row],[Front]],2)*VLOOKUP(VALUE(TRIM(CLEAN(RIGHT(TableM4[[#This Row],[Front]],2)))),TableLasers[],COLUMN(TableLasers[S-DPH]),FALSE),LEFT(TableM4[[#This Row],[Back]],2)*VLOOKUP(VALUE(TRIM(CLEAN(RIGHT(TableM4[[#This Row],[Back]],2)))),TableLasers[],COLUMN(TableLasers[S-DPH]),FALSE),LEFT(TableM4[[#This Row],[Left]],2)*VLOOKUP(VALUE(TRIM(CLEAN(RIGHT(TableM4[[#This Row],[Left]],2)))),TableLasers[],COLUMN(TableLasers[S-DPH]),FALSE),LEFT(TableM4[[#This Row],[Right]],2)*VLOOKUP(VALUE(TRIM(CLEAN(RIGHT(TableM4[[#This Row],[Right]],2)))),TableLasers[],COLUMN(TableLasers[S-DPH]),FALSE),LEFT(TableM4[[#This Row],[Up]],2)*VLOOKUP(VALUE(TRIM(CLEAN(RIGHT(TableM4[[#This Row],[Up]],2)))),TableLasers[],COLUMN(TableLasers[S-DPH]),FALSE),LEFT(TableM4[[#This Row],[Down]],2)*VLOOKUP(VALUE(TRIM(CLEAN(RIGHT(TableM4[[#This Row],[Down]],2)))),TableLasers[],COLUMN(TableLasers[S-DPH]),FALSE))","v":8100},{"$f":"SUM(LEFT(TableM4[[#This Row],[Main]],2)*VLOOKUP(VALUE(TRIM(CLEAN(RIGHT(TableM4[[#This Row],[Main]],2)))),TableLasers[],COLUMN(TableLasers[H-DPH]),FALSE),LEFT(TableM4[[#This Row],[Front]],2)*VLOOKUP(VALUE(TRIM(CLEAN(RIGHT(TableM4[[#This Row],[Front]],2)))),TableLasers[],COLUMN(TableLasers[H-DPH]),FALSE),LEFT(TableM4[[#This Row],[Back]],2)*VLOOKUP(VALUE(TRIM(CLEAN(RIGHT(TableM4[[#This Row],[Back]],2)))),TableLasers[],COLUMN(TableLasers[H-DPH]),FALSE),LEFT(TableM4[[#This Row],[Left]],2)*VLOOKUP(VALUE(TRIM(CLEAN(RIGHT(TableM4[[#This Row],[Left]],2)))),TableLasers[],COLUMN(TableLasers[H-DPH]),FALSE),LEFT(TableM4[[#This Row],[Right]],2)*VLOOKUP(VALUE(TRIM(CLEAN(RIGHT(TableM4[[#This Row],[Right]],2)))),TableLasers[],COLUMN(TableLasers[H-DPH]),FALSE),LEFT(TableM4[[#This Row],[Up]],2)*VLOOKUP(VALUE(TRIM(CLEAN(RIGHT(TableM4[[#This Row],[Up]],2)))),TableLasers[],COLUMN(TableLasers[H-DPH]),FALSE),LEFT(TableM4[[#This Row],[Down]],2)*VLOOKUP(VALUE(TRIM(CLEAN(RIGHT(TableM4[[#This Row],[Down]],2)))),TableLasers[],COLUMN(TableLasers[H-DPH]),FALSE))","v":72},"06::08","00::00","00::00","00::00","00::00","00::00","00::00",6,null,null,null,null,null,null,"0,1,4,8",null,null,null,null,null,null,"0,1,3,5,12,17,22,23,35"]
[153,"Teladi","M4","Buzzard",null,249.1216,95.816000000000003,30,"M",4200,"5 MJ ",6,265,36.509675063891898,6,2050,51.237699999999997,280,0,{"$f":"SUM(LEFT(TableM4[[#This Row],[Main]],2)*VLOOKUP(VALUE(TRIM(CLEAN(RIGHT(TableM4[[#This Row],[Main]],2)))),TableLasers[],COLUMN(TableLasers[S-DPH]),FALSE),LEFT(TableM4[[#This Row],[Front]],2)*VLOOKUP(VALUE(TRIM(CLEAN(RIGHT(TableM4[[#This Row],[Front]],2)))),TableLasers[],COLUMN(TableLasers[S-DPH]),FALSE),LEFT(TableM4[[#This Row],[Back]],2)*VLOOKUP(VALUE(TRIM(CLEAN(RIGHT(TableM4[[#This Row],[Back]],2)))),TableLasers[],COLUMN(TableLasers[S-DPH]),FALSE),LEFT(TableM4[[#This Row],[Left]],2)*VLOOKUP(VALUE(TRIM(CLEAN(RIGHT(TableM4[[#This Row],[Left]],2)))),TableLasers[],COLUMN(TableLasers[S-DPH]),FALSE),LEFT(TableM4[[#This Row],[Right]],2)*VLOOKUP(VALUE(TRIM(CLEAN(RIGHT(TableM4[[#This Row],[Right]],2)))),TableLasers[],COLUMN(TableLasers[S-DPH]),FALSE),LEFT(TableM4[[#This Row],[Up]],2)*VLOOKUP(VALUE(TRIM(CLEAN(RIGHT(TableM4[[#This Row],[Up]],2)))),TableLasers[],COLUMN(TableLasers[S-DPH]),FALSE),LEFT(TableM4[[#This Row],[Down]],2)*VLOOKUP(VALUE(TRIM(CLEAN(RIGHT(TableM4[[#This Row],[Down]],2)))),TableLasers[],COLUMN(TableLasers[S-DPH]),FALSE))","v":4122},{"$f":"SUM(LEFT(TableM4[[#This Row],[Main]],2)*VLOOKUP(VALUE(TRIM(CLEAN(RIGHT(TableM4[[#This Row],[Main]],2)))),TableLasers[],COLUMN(TableLasers[H-DPH]),FALSE),LEFT(TableM4[[#This Row],[Front]],2)*VLOOKUP(VALUE(TRIM(CLEAN(RIGHT(TableM4[[#This Row],[Front]],2)))),TableLasers[],COLUMN(TableLasers[H-DPH]),FALSE),LEFT(TableM4[[#This Row],[Back]],2)*VLOOKUP(VALUE(TRIM(CLEAN(RIGHT(TableM4[[#This Row],[Back]],2)))),TableLasers[],COLUMN(TableLasers[H-DPH]),FALSE),LEFT(TableM4[[#This Row],[Left]],2)*VLOOKUP(VALUE(TRIM(CLEAN(RIGHT(TableM4[[#This Row],[Left]],2)))),TableLasers[],COLUMN(TableLasers[H-DPH]),FALSE),LEFT(TableM4[[#This Row],[Right]],2)*VLOOKUP(VALUE(TRIM(CLEAN(RIGHT(TableM4[[#This Row],[Right]],2)))),TableLasers[],COLUMN(TableLasers[H-DPH]),FALSE),LEFT(TableM4[[#This Row],[Up]],2)*VLOOKUP(VALUE(TRIM(CLEAN(RIGHT(TableM4[[#This Row],[Up]],2)))),TableLasers[],COLUMN(TableLasers[H-DPH]),FALSE),LEFT(TableM4[[#This Row],[Down]],2)*VLOOKUP(VALUE(TRIM(CLEAN(RIGHT(TableM4[[#This Row],[Down]],2)))),TableLasers[],COLUMN(TableLasers[H-DPH]),FALSE))","v":762},"06::05","00::00","00::00","00::00","00::00","00::00","00::00",6,null,null,null,null,null,null,"0,1,5",null,null,null,null,null,null,"0,35"]
[154,"Teladi","M4","Buzzard","Hauler",241.32159999999999,92.816000000000003,30,"M",4452,"5 MJ ",5,265,36.509675063891898,8,1640,40.990160000000003,380,0,{"$f":"SUM(LEFT(TableM4[[#This Row],[Main]],2)*VLOOKUP(VALUE(TRIM(CLEAN(RIGHT(TableM4[[#This Row],[Main]],2)))),TableLasers[],COLUMN(TableLasers[S-DPH]),FALSE),LEFT(TableM4[[#This Row],[Front]],2)*VLOOKUP(VALUE(TRIM(CLEAN(RIGHT(TableM4[[#This Row],[Front]],2)))),TableLasers[],COLUMN(TableLasers[S-DPH]),FALSE),LEFT(TableM4[[#This Row],[Back]],2)*VLOOKUP(VALUE(TRIM(CLEAN(RIGHT(TableM4[[#This Row],[Back]],2)))),TableLasers[],COLUMN(TableLasers[S-DPH]),FALSE),LEFT(TableM4[[#This Row],[Left]],2)*VLOOKUP(VALUE(TRIM(CLEAN(RIGHT(TableM4[[#This Row],[Left]],2)))),TableLasers[],COLUMN(TableLasers[S-DPH]),FALSE),LEFT(TableM4[[#This Row],[Right]],2)*VLOOKUP(VALUE(TRIM(CLEAN(RIGHT(TableM4[[#This Row],[Right]],2)))),TableLasers[],COLUMN(TableLasers[S-DPH]),FALSE),LEFT(TableM4[[#This Row],[Up]],2)*VLOOKUP(VALUE(TRIM(CLEAN(RIGHT(TableM4[[#This Row],[Up]],2)))),TableLasers[],COLUMN(TableLasers[S-DPH]),FALSE),LEFT(TableM4[[#This Row],[Down]],2)*VLOOKUP(VALUE(TRIM(CLEAN(RIGHT(TableM4[[#This Row],[Down]],2)))),TableLasers[],COLUMN(TableLasers[S-DPH]),FALSE))","v":5496},{"$f":"SUM(LEFT(TableM4[[#This Row],[Main]],2)*VLOOKUP(VALUE(TRIM(CLEAN(RIGHT(TableM4[[#This Row],[Main]],2)))),TableLasers[],COLUMN(TableLasers[H-DPH]),FALSE),LEFT(TableM4[[#This Row],[Front]],2)*VLOOKUP(VALUE(TRIM(CLEAN(RIGHT(TableM4[[#This Row],[Front]],2)))),TableLasers[],COLUMN(TableLasers[H-DPH]),FALSE),LEFT(TableM4[[#This Row],[Back]],2)*VLOOKUP(VALUE(TRIM(CLEAN(RIGHT(TableM4[[#This Row],[Back]],2)))),TableLasers[],COLUMN(TableLasers[H-DPH]),FALSE),LEFT(TableM4[[#This Row],[Left]],2)*VLOOKUP(VALUE(TRIM(CLEAN(RIGHT(TableM4[[#This Row],[Left]],2)))),TableLasers[],COLUMN(TableLasers[H-DPH]),FALSE),LEFT(TableM4[[#This Row],[Right]],2)*VLOOKUP(VALUE(TRIM(CLEAN(RIGHT(TableM4[[#This Row],[Right]],2)))),TableLasers[],COLUMN(TableLasers[H-DPH]),FALSE),LEFT(TableM4[[#This Row],[Up]],2)*VLOOKUP(VALUE(TRIM(CLEAN(RIGHT(TableM4[[#This Row],[Up]],2)))),TableLasers[],COLUMN(TableLasers[H-DPH]),FALSE),LEFT(TableM4[[#This Row],[Down]],2)*VLOOKUP(VALUE(TRIM(CLEAN(RIGHT(TableM4[[#This Row],[Down]],2)))),TableLasers[],COLUMN(TableLasers[H-DPH]),FALSE))","v":1016},"08::05","00::00","00::00","00::00","00::00","00::00","00::00",8,null,null,null,null,null,null,"0,1,5",null,null,null,null,null,null,"0,35"]
[155,"Teladi","M4","Buzzard","Vanguard",254.32159999999999,97.816000000000003,30,"M",3990,"5 MJ ",6,291,36.509675063891898,6,2460,61.485239999999997,282,0,{"$f":"SUM(LEFT(TableM4[[#This Row],[Main]],2)*VLOOKUP(VALUE(TRIM(CLEAN(RIGHT(TableM4[[#This Row],[Main]],2)))),TableLasers[],COLUMN(TableLasers[S-DPH]),FALSE),LEFT(TableM4[[#This Row],[Front]],2)*VLOOKUP(VALUE(TRIM(CLEAN(RIGHT(TableM4[[#This Row],[Front]],2)))),TableLasers[],COLUMN(TableLasers[S-DPH]),FALSE),LEFT(TableM4[[#This Row],[Back]],2)*VLOOKUP(VALUE(TRIM(CLEAN(RIGHT(TableM4[[#This Row],[Back]],2)))),TableLasers[],COLUMN(TableLasers[S-DPH]),FALSE),LEFT(TableM4[[#This Row],[Left]],2)*VLOOKUP(VALUE(TRIM(CLEAN(RIGHT(TableM4[[#This Row],[Left]],2)))),TableLasers[],COLUMN(TableLasers[S-DPH]),FALSE),LEFT(TableM4[[#This Row],[Right]],2)*VLOOKUP(VALUE(TRIM(CLEAN(RIGHT(TableM4[[#This Row],[Right]],2)))),TableLasers[],COLUMN(TableLasers[S-DPH]),FALSE),LEFT(TableM4[[#This Row],[Up]],2)*VLOOKUP(VALUE(TRIM(CLEAN(RIGHT(TableM4[[#This Row],[Up]],2)))),TableLasers[],COLUMN(TableLasers[S-DPH]),FALSE),LEFT(TableM4[[#This Row],[Down]],2)*VLOOKUP(VALUE(TRIM(CLEAN(RIGHT(TableM4[[#This Row],[Down]],2)))),TableLasers[],COLUMN(TableLasers[S-DPH]),FALSE))","v":4122},{"$f":"SUM(LEFT(TableM4[[#This Row],[Main]],2)*VLOOKUP(VALUE(TRIM(CLEAN(RIGHT(TableM4[[#This Row],[Main]],2)))),TableLasers[],COLUMN(TableLasers[H-DPH]),FALSE),LEFT(TableM4[[#This Row],[Front]],2)*VLOOKUP(VALUE(TRIM(CLEAN(RIGHT(TableM4[[#This Row],[Front]],2)))),TableLasers[],COLUMN(TableLasers[H-DPH]),FALSE),LEFT(TableM4[[#This Row],[Back]],2)*VLOOKUP(VALUE(TRIM(CLEAN(RIGHT(TableM4[[#This Row],[Back]],2)))),TableLasers[],COLUMN(TableLasers[H-DPH]),FALSE),LEFT(TableM4[[#This Row],[Left]],2)*VLOOKUP(VALUE(TRIM(CLEAN(RIGHT(TableM4[[#This Row],[Left]],2)))),TableLasers[],COLUMN(TableLasers[H-DPH]),FALSE),LEFT(TableM4[[#This Row],[Right]],2)*VLOOKUP(VALUE(TRIM(CLEAN(RIGHT(TableM4[[#This Row],[Right]],2)))),TableLasers[],COLUMN(TableLasers[H-DPH]),FALSE),LEFT(TableM4[[#This Row],[Up]],2)*VLOOKUP(VALUE(TRIM(CLEAN(RIGHT(TableM4[[#This Row],[Up]],2)))),TableLasers[],COLUMN(TableLasers[H-DPH]),FALSE),LEFT(TableM4[[#This Row],[Down]],2)*VLOOKUP(VALUE(TRIM(CLEAN(RIGHT(TableM4[[#This Row],[Down]],2)))),TableLasers[],COLUMN(TableLasers[H-DPH]),FALSE))","v":762},"06::05","00::00","00::00","00::00","00::00","00::00","00::00",6,null,null,null,null,null,null,"0,1,5",null,null,null,null,null,null,"0,35"]
[156,"Teladi","M4","Buzzard","Sentinel",233.52160000000001,89.816000000000003,30,"M",4200,"25 MJ ",2,291,88.183421516754805,6,2050,51.237699999999997,252,0,{"$f":"SUM(LEFT(TableM4[[#This Row],[Main]],2)*VLOOKUP(VALUE(TRIM(CLEAN(RIGHT(TableM4[[#This Row],[Main]],2)))),TableLasers[],COLUMN(TableLasers[S-DPH]),FALSE),LEFT(TableM4[[#This Row],[Front]],2)*VLOOKUP(VALUE(TRIM(CLEAN(RIGHT(TableM4[[#This Row],[Front]],2)))),TableLasers[],COLUMN(TableLasers[S-DPH]),FALSE),LEFT(TableM4[[#This Row],[Back]],2)*VLOOKUP(VALUE(TRIM(CLEAN(RIGHT(TableM4[[#This Row],[Back]],2)))),TableLasers[],COLUMN(TableLasers[S-DPH]),FALSE),LEFT(TableM4[[#This Row],[Left]],2)*VLOOKUP(VALUE(TRIM(CLEAN(RIGHT(TableM4[[#This Row],[Left]],2)))),TableLasers[],COLUMN(TableLasers[S-DPH]),FALSE),LEFT(TableM4[[#This Row],[Right]],2)*VLOOKUP(VALUE(TRIM(CLEAN(RIGHT(TableM4[[#This Row],[Right]],2)))),TableLasers[],COLUMN(TableLasers[S-DPH]),FALSE),LEFT(TableM4[[#This Row],[Up]],2)*VLOOKUP(VALUE(TRIM(CLEAN(RIGHT(TableM4[[#This Row],[Up]],2)))),TableLasers[],COLUMN(TableLasers[S-DPH]),FALSE),LEFT(TableM4[[#This Row],[Down]],2)*VLOOKUP(VALUE(TRIM(CLEAN(RIGHT(TableM4[[#This Row],[Down]],2)))),TableLasers[],COLUMN(TableLasers[S-DPH]),FALSE))","v":4122},{"$f":"SUM(LEFT(TableM4[[#This Row],[Main]],2)*VLOOKUP(VALUE(TRIM(CLEAN(RIGHT(TableM4[[#This Row],[Main]],2)))),TableLasers[],COLUMN(TableLasers[H-DPH]),FALSE),LEFT(TableM4[[#This Row],[Front]],2)*VLOOKUP(VALUE(TRIM(CLEAN(RIGHT(TableM4[[#This Row],[Front]],2)))),TableLasers[],COLUMN(TableLasers[H-DPH]),FALSE),LEFT(TableM4[[#This Row],[Back]],2)*VLOOKUP(VALUE(TRIM(CLEAN(RIGHT(TableM4[[#This Row],[Back]],2)))),TableLasers[],COLUMN(TableLasers[H-DPH]),FALSE),LEFT(TableM4[[#This Row],[Left]],2)*VLOOKUP(VALUE(TRIM(CLEAN(RIGHT(TableM4[[#This Row],[Left]],2)))),TableLasers[],COLUMN(TableLasers[H-DPH]),FALSE),LEFT(TableM4[[#This Row],[Right]],2)*VLOOKUP(VALUE(TRIM(CLEAN(RIGHT(TableM4[[#This Row],[Right]],2)))),TableLasers[],COLUMN(TableLasers[H-DPH]),FALSE),LEFT(TableM4[[#This Row],[Up]],2)*VLOOKUP(VALUE(TRIM(CLEAN(RIGHT(TableM4[[#This Row],[Up]],2)))),TableLasers[],COLUMN(TableLasers[H-DPH]),FALSE),LEFT(TableM4[[#This Row],[Down]],2)*VLOOKUP(VALUE(TRIM(CLEAN(RIGHT(TableM4[[#This Row],[Down]],2)))),TableLasers[],COLUMN(TableLasers[H-DPH]),FALSE))","v":762},"06::05","00::00","00::00","00::00","00::00","00::00","00::00",6,null,null,null,null,null,null,"0,1,5",null,null,null,null,null,null,"0,35"]
[157,"Teladi","M4","Kite",null,215.32159999999999,82.816000000000003,30,"M",7410,"25 MJ ",3,612,88.183421516754805,6,4246,157.81957399999999,280,0,{"$f":"SUM(LEFT(TableM4[[#This Row],[Main]],2)*VLOOKUP(VALUE(TRIM(CLEAN(RIGHT(TableM4[[#This Row],[Main]],2)))),TableLasers[],COLUMN(TableLasers[S-DPH]),FALSE),LEFT(TableM4[[#This Row],[Front]],2)*VLOOKUP(VALUE(TRIM(CLEAN(RIGHT(TableM4[[#This Row],[Front]],2)))),TableLasers[],COLUMN(TableLasers[S-DPH]),FALSE),LEFT(TableM4[[#This Row],[Back]],2)*VLOOKUP(VALUE(TRIM(CLEAN(RIGHT(TableM4[[#This Row],[Back]],2)))),TableLasers[],COLUMN(TableLasers[S-DPH]),FALSE),LEFT(TableM4[[#This Row],[Left]],2)*VLOOKUP(VALUE(TRIM(CLEAN(RIGHT(TableM4[[#This Row],[Left]],2)))),TableLasers[],COLUMN(TableLasers[S-DPH]),FALSE),LEFT(TableM4[[#This Row],[Right]],2)*VLOOKUP(VALUE(TRIM(CLEAN(RIGHT(TableM4[[#This Row],[Right]],2)))),TableLasers[],COLUMN(TableLasers[S-DPH]),FALSE),LEFT(TableM4[[#This Row],[Up]],2)*VLOOKUP(VALUE(TRIM(CLEAN(RIGHT(TableM4[[#This Row],[Up]],2)))),TableLasers[],COLUMN(TableLasers[S-DPH]),FALSE),LEFT(TableM4[[#This Row],[Down]],2)*VLOOKUP(VALUE(TRIM(CLEAN(RIGHT(TableM4[[#This Row],[Down]],2)))),TableLasers[],COLUMN(TableLasers[S-DPH]),FALSE))","v":4122},{"$f":"SUM(LEFT(TableM4[[#This Row],[Main]],2)*VLOOKUP(VALUE(TRIM(CLEAN(RIGHT(TableM4[[#This Row],[Main]],2)))),TableLasers[],COLUMN(TableLasers[H-DPH]),FALSE),LEFT(TableM4[[#This Row],[Front]],2)*VLOOKUP(VALUE(TRIM(CLEAN(RIGHT(TableM4[[#This Row],[Front]],2)))),TableLasers[],COLUMN(TableLasers[H-DPH]),FALSE),LEFT(TableM4[[#This Row],[Back]],2)*VLOOKUP(VALUE(TRIM(CLEAN(RIGHT(TableM4[[#This Row],[Back]],2)))),TableLasers[],COLUMN(TableLasers[H-DPH]),FALSE),LEFT(TableM4[[#This Row],[Left]],2)*VLOOKUP(VALUE(TRIM(CLEAN(RIGHT(TableM4[[#This Row],[Left]],2)))),TableLasers[],COLUMN(TableLasers[H-DPH]),FALSE),LEFT(TableM4[[#This Row],[Right]],2)*VLOOKUP(VALUE(TRIM(CLEAN(RIGHT(TableM4[[#This Row],[Right]],2)))),TableLasers[],COLUMN(TableLasers[H-DPH]),FALSE),LEFT(TableM4[[#This Row],[Up]],2)*VLOOKUP(VALUE(TRIM(CLEAN(RIGHT(TableM4[[#This Row],[Up]],2)))),TableLasers[],COLUMN(TableLasers[H-DPH]),FALSE),LEFT(TableM4[[#This Row],[Down]],2)*VLOOKUP(VALUE(TRIM(CLEAN(RIGHT(TableM4[[#This Row],[Down]],2)))),TableLasers[],COLUMN(TableLasers[H-DPH]),FALSE))","v":762},"06::05","00::00","00::00","00::00","00::00","00::00","00::00",6,null,null,null,null,null,null,"0,1,5,2",null,null,null,null,null,null,"0,35"]
[172,"Xenon","M4","M",null,327,163.5,57,"M",4200,"5 MJ ",4,350,18.254837531945999,4,2650,66.25,114,0,{"$f":"SUM(LEFT(TableM4[[#This Row],[Main]],2)*VLOOKUP(VALUE(TRIM(CLEAN(RIGHT(TableM4[[#This Row],[Main]],2)))),TableLasers[],COLUMN(TableLasers[S-DPH]),FALSE),LEFT(TableM4[[#This Row],[Front]],2)*VLOOKUP(VALUE(TRIM(CLEAN(RIGHT(TableM4[[#This Row],[Front]],2)))),TableLasers[],COLUMN(TableLasers[S-DPH]),FALSE),LEFT(TableM4[[#This Row],[Back]],2)*VLOOKUP(VALUE(TRIM(CLEAN(RIGHT(TableM4[[#This Row],[Back]],2)))),TableLasers[],COLUMN(TableLasers[S-DPH]),FALSE),LEFT(TableM4[[#This Row],[Left]],2)*VLOOKUP(VALUE(TRIM(CLEAN(RIGHT(TableM4[[#This Row],[Left]],2)))),TableLasers[],COLUMN(TableLasers[S-DPH]),FALSE),LEFT(TableM4[[#This Row],[Right]],2)*VLOOKUP(VALUE(TRIM(CLEAN(RIGHT(TableM4[[#This Row],[Right]],2)))),TableLasers[],COLUMN(TableLasers[S-DPH]),FALSE),LEFT(TableM4[[#This Row],[Up]],2)*VLOOKUP(VALUE(TRIM(CLEAN(RIGHT(TableM4[[#This Row],[Up]],2)))),TableLasers[],COLUMN(TableLasers[S-DPH]),FALSE),LEFT(TableM4[[#This Row],[Down]],2)*VLOOKUP(VALUE(TRIM(CLEAN(RIGHT(TableM4[[#This Row],[Down]],2)))),TableLasers[],COLUMN(TableLasers[S-DPH]),FALSE))","v":6808},{"$f":"SUM(LEFT(TableM4[[#This Row],[Main]],2)*VLOOKUP(VALUE(TRIM(CLEAN(RIGHT(TableM4[[#This Row],[Main]],2)))),TableLasers[],COLUMN(TableLasers[H-DPH]),FALSE),LEFT(TableM4[[#This Row],[Front]],2)*VLOOKUP(VALUE(TRIM(CLEAN(RIGHT(TableM4[[#This Row],[Front]],2)))),TableLasers[],COLUMN(TableLasers[H-DPH]),FALSE),LEFT(TableM4[[#This Row],[Back]],2)*VLOOKUP(VALUE(TRIM(CLEAN(RIGHT(TableM4[[#This Row],[Back]],2)))),TableLasers[],COLUMN(TableLasers[H-DPH]),FALSE),LEFT(TableM4[[#This Row],[Left]],2)*VLOOKUP(VALUE(TRIM(CLEAN(RIGHT(TableM4[[#This Row],[Left]],2)))),TableLasers[],COLUMN(TableLasers[H-DPH]),FALSE),LEFT(TableM4[[#This Row],[Right]],2)*VLOOKUP(VALUE(TRIM(CLEAN(RIGHT(TableM4[[#This Row],[Right]],2)))),TableLasers[],COLUMN(TableLasers[H-DPH]),FALSE),LEFT(TableM4[[#This Row],[Up]],2)*VLOOKUP(VALUE(TRIM(CLEAN(RIGHT(TableM4[[#This Row],[Up]],2)))),TableLasers[],COLUMN(TableLasers[H-DPH]),FALSE),LEFT(TableM4[[#This Row],[Down]],2)*VLOOKUP(VALUE(TRIM(CLEAN(RIGHT(TableM4[[#This Row],[Down]],2)))),TableLasers[],COLUMN(TableLasers[H-DPH]),FALSE))","v":1224},"04::12","00::00","00::00","00::00","00::00","00::00","00::00",4,null,null,null,null,null,null,12,null,null,null,null,null,null,"0,1,3,5,12,17,22,23,35"]
[186,"Pirates","M4","Buster",null,321.25,128.5,38,"M",3150,"5 MJ ",2,190,18.254837531945999,6,4550,86.500050000000002,178,0,{"$f":"SUM(LEFT(TableM4[[#This Row],[Main]],2)*VLOOKUP(VALUE(TRIM(CLEAN(RIGHT(TableM4[[#This Row],[Main]],2)))),TableLasers[],COLUMN(TableLasers[S-DPH]),FALSE),LEFT(TableM4[[#This Row],[Front]],2)*VLOOKUP(VALUE(TRIM(CLEAN(RIGHT(TableM4[[#This Row],[Front]],2)))),TableLasers[],COLUMN(TableLasers[S-DPH]),FALSE),LEFT(TableM4[[#This Row],[Back]],2)*VLOOKUP(VALUE(TRIM(CLEAN(RIGHT(TableM4[[#This Row],[Back]],2)))),TableLasers[],COLUMN(TableLasers[S-DPH]),FALSE),LEFT(TableM4[[#This Row],[Left]],2)*VLOOKUP(VALUE(TRIM(CLEAN(RIGHT(TableM4[[#This Row],[Left]],2)))),TableLasers[],COLUMN(TableLasers[S-DPH]),FALSE),LEFT(TableM4[[#This Row],[Right]],2)*VLOOKUP(VALUE(TRIM(CLEAN(RIGHT(TableM4[[#This Row],[Right]],2)))),TableLasers[],COLUMN(TableLasers[S-DPH]),FALSE),LEFT(TableM4[[#This Row],[Up]],2)*VLOOKUP(VALUE(TRIM(CLEAN(RIGHT(TableM4[[#This Row],[Up]],2)))),TableLasers[],COLUMN(TableLasers[S-DPH]),FALSE),LEFT(TableM4[[#This Row],[Down]],2)*VLOOKUP(VALUE(TRIM(CLEAN(RIGHT(TableM4[[#This Row],[Down]],2)))),TableLasers[],COLUMN(TableLasers[S-DPH]),FALSE))","v":6480},{"$f":"SUM(LEFT(TableM4[[#This Row],[Main]],2)*VLOOKUP(VALUE(TRIM(CLEAN(RIGHT(TableM4[[#This Row],[Main]],2)))),TableLasers[],COLUMN(TableLasers[H-DPH]),FALSE),LEFT(TableM4[[#This Row],[Front]],2)*VLOOKUP(VALUE(TRIM(CLEAN(RIGHT(TableM4[[#This Row],[Front]],2)))),TableLasers[],COLUMN(TableLasers[H-DPH]),FALSE),LEFT(TableM4[[#This Row],[Back]],2)*VLOOKUP(VALUE(TRIM(CLEAN(RIGHT(TableM4[[#This Row],[Back]],2)))),TableLasers[],COLUMN(TableLasers[H-DPH]),FALSE),LEFT(TableM4[[#This Row],[Left]],2)*VLOOKUP(VALUE(TRIM(CLEAN(RIGHT(TableM4[[#This Row],[Left]],2)))),TableLasers[],COLUMN(TableLasers[H-DPH]),FALSE),LEFT(TableM4[[#This Row],[Right]],2)*VLOOKUP(VALUE(TRIM(CLEAN(RIGHT(TableM4[[#This Row],[Right]],2)))),TableLasers[],COLUMN(TableLasers[H-DPH]),FALSE),LEFT(TableM4[[#This Row],[Up]],2)*VLOOKUP(VALUE(TRIM(CLEAN(RIGHT(TableM4[[#This Row],[Up]],2)))),TableLasers[],COLUMN(TableLasers[H-DPH]),FALSE),LEFT(TableM4[[#This Row],[Down]],2)*VLOOKUP(VALUE(TRIM(CLEAN(RIGHT(TableM4[[#This Row],[Down]],2)))),TableLasers[],COLUMN(TableLasers[H-DPH]),FALSE))","v":1200},"06::04","00::00","00::00","00::00","00::00","00::00","00::00",6,null,null,null,null,null,null,"0,1,4,2",null,null,null,null,null,null,"0,35"]
[187,"Pirates","M4","Buzzard",null,295.00200000000001,98.334000000000003,38,"M",2660,"5 MJ ",3,115,54.7645125958379,6,3050,56.199300000000001,202,0,{"$f":"SUM(LEFT(TableM4[[#This Row],[Main]],2)*VLOOKUP(VALUE(TRIM(CLEAN(RIGHT(TableM4[[#This Row],[Main]],2)))),TableLasers[],COLUMN(TableLasers[S-DPH]),FALSE),LEFT(TableM4[[#This Row],[Front]],2)*VLOOKUP(VALUE(TRIM(CLEAN(RIGHT(TableM4[[#This Row],[Front]],2)))),TableLasers[],COLUMN(TableLasers[S-DPH]),FALSE),LEFT(TableM4[[#This Row],[Back]],2)*VLOOKUP(VALUE(TRIM(CLEAN(RIGHT(TableM4[[#This Row],[Back]],2)))),TableLasers[],COLUMN(TableLasers[S-DPH]),FALSE),LEFT(TableM4[[#This Row],[Left]],2)*VLOOKUP(VALUE(TRIM(CLEAN(RIGHT(TableM4[[#This Row],[Left]],2)))),TableLasers[],COLUMN(TableLasers[S-DPH]),FALSE),LEFT(TableM4[[#This Row],[Right]],2)*VLOOKUP(VALUE(TRIM(CLEAN(RIGHT(TableM4[[#This Row],[Right]],2)))),TableLasers[],COLUMN(TableLasers[S-DPH]),FALSE),LEFT(TableM4[[#This Row],[Up]],2)*VLOOKUP(VALUE(TRIM(CLEAN(RIGHT(TableM4[[#This Row],[Up]],2)))),TableLasers[],COLUMN(TableLasers[S-DPH]),FALSE),LEFT(TableM4[[#This Row],[Down]],2)*VLOOKUP(VALUE(TRIM(CLEAN(RIGHT(TableM4[[#This Row],[Down]],2)))),TableLasers[],COLUMN(TableLasers[S-DPH]),FALSE))","v":4122},{"$f":"SUM(LEFT(TableM4[[#This Row],[Main]],2)*VLOOKUP(VALUE(TRIM(CLEAN(RIGHT(TableM4[[#This Row],[Main]],2)))),TableLasers[],COLUMN(TableLasers[H-DPH]),FALSE),LEFT(TableM4[[#This Row],[Front]],2)*VLOOKUP(VALUE(TRIM(CLEAN(RIGHT(TableM4[[#This Row],[Front]],2)))),TableLasers[],COLUMN(TableLasers[H-DPH]),FALSE),LEFT(TableM4[[#This Row],[Back]],2)*VLOOKUP(VALUE(TRIM(CLEAN(RIGHT(TableM4[[#This Row],[Back]],2)))),TableLasers[],COLUMN(TableLasers[H-DPH]),FALSE),LEFT(TableM4[[#This Row],[Left]],2)*VLOOKUP(VALUE(TRIM(CLEAN(RIGHT(TableM4[[#This Row],[Left]],2)))),TableLasers[],COLUMN(TableLasers[H-DPH]),FALSE),LEFT(TableM4[[#This Row],[Right]],2)*VLOOKUP(VALUE(TRIM(CLEAN(RIGHT(TableM4[[#This Row],[Right]],2)))),TableLasers[],COLUMN(TableLasers[H-DPH]),FALSE),LEFT(TableM4[[#This Row],[Up]],2)*VLOOKUP(VALUE(TRIM(CLEAN(RIGHT(TableM4[[#This Row],[Up]],2)))),TableLasers[],COLUMN(TableLasers[H-DPH]),FALSE),LEFT(TableM4[[#This Row],[Down]],2)*VLOOKUP(VALUE(TRIM(CLEAN(RIGHT(TableM4[[#This Row],[Down]],2)))),TableLasers[],COLUMN(TableLasers[H-DPH]),FALSE))","v":762},"06::05","00::00","00::00","00::00","00::00","00::00","00::00",6,null,null,null,null,null,null,"0,1,5,2",null,null,null,null,null,null,"0,35"]
[188,"Pirates","M4","Buster","Hauler",269.92160000000001,103.816,30,"M",4326,"5 MJ ",4,265,36.509675063891898,6,2050,51.237699999999997,268,0,{"$f":"SUM(LEFT(TableM4[[#This Row],[Main]],2)*VLOOKUP(VALUE(TRIM(CLEAN(RIGHT(TableM4[[#This Row],[Main]],2)))),TableLasers[],COLUMN(TableLasers[S-DPH]),FALSE),LEFT(TableM4[[#This Row],[Front]],2)*VLOOKUP(VALUE(TRIM(CLEAN(RIGHT(TableM4[[#This Row],[Front]],2)))),TableLasers[],COLUMN(TableLasers[S-DPH]),FALSE),LEFT(TableM4[[#This Row],[Back]],2)*VLOOKUP(VALUE(TRIM(CLEAN(RIGHT(TableM4[[#This Row],[Back]],2)))),TableLasers[],COLUMN(TableLasers[S-DPH]),FALSE),LEFT(TableM4[[#This Row],[Left]],2)*VLOOKUP(VALUE(TRIM(CLEAN(RIGHT(TableM4[[#This Row],[Left]],2)))),TableLasers[],COLUMN(TableLasers[S-DPH]),FALSE),LEFT(TableM4[[#This Row],[Right]],2)*VLOOKUP(VALUE(TRIM(CLEAN(RIGHT(TableM4[[#This Row],[Right]],2)))),TableLasers[],COLUMN(TableLasers[S-DPH]),FALSE),LEFT(TableM4[[#This Row],[Up]],2)*VLOOKUP(VALUE(TRIM(CLEAN(RIGHT(TableM4[[#This Row],[Up]],2)))),TableLasers[],COLUMN(TableLasers[S-DPH]),FALSE),LEFT(TableM4[[#This Row],[Down]],2)*VLOOKUP(VALUE(TRIM(CLEAN(RIGHT(TableM4[[#This Row],[Down]],2)))),TableLasers[],COLUMN(TableLasers[S-DPH]),FALSE))","v":6480},{"$f":"SUM(LEFT(TableM4[[#This Row],[Main]],2)*VLOOKUP(VALUE(TRIM(CLEAN(RIGHT(TableM4[[#This Row],[Main]],2)))),TableLasers[],COLUMN(TableLasers[H-DPH]),FALSE),LEFT(TableM4[[#This Row],[Front]],2)*VLOOKUP(VALUE(TRIM(CLEAN(RIGHT(TableM4[[#This Row],[Front]],2)))),TableLasers[],COLUMN(TableLasers[H-DPH]),FALSE),LEFT(TableM4[[#This Row],[Back]],2)*VLOOKUP(VALUE(TRIM(CLEAN(RIGHT(TableM4[[#This Row],[Back]],2)))),TableLasers[],COLUMN(TableLasers[H-DPH]),FALSE),LEFT(TableM4[[#This Row],[Left]],2)*VLOOKUP(VALUE(TRIM(CLEAN(RIGHT(TableM4[[#This Row],[Left]],2)))),TableLasers[],COLUMN(TableLasers[H-DPH]),FALSE),LEFT(TableM4[[#This Row],[Right]],2)*VLOOKUP(VALUE(TRIM(CLEAN(RIGHT(TableM4[[#This Row],[Right]],2)))),TableLasers[],COLUMN(TableLasers[H-DPH]),FALSE),LEFT(TableM4[[#This Row],[Up]],2)*VLOOKUP(VALUE(TRIM(CLEAN(RIGHT(TableM4[[#This Row],[Up]],2)))),TableLasers[],COLUMN(TableLasers[H-DPH]),FALSE),LEFT(TableM4[[#This Row],[Down]],2)*VLOOKUP(VALUE(TRIM(CLEAN(RIGHT(TableM4[[#This Row],[Down]],2)))),TableLasers[],COLUMN(TableLasers[H-DPH]),FALSE))","v":1200},"06::04","00::00","00::00","00::00","00::00","00::00","00::00",6,null,null,null,null,null,null,"0,1,4,2",null,null,null,null,null,null,"0,35"]
[189,"Pirates","M4","Buzzard","Vanguard",301.91840000000002,107.828,41,"M",3325,"5 MJ ",3,275,18.254837531945999,6,4700,117.4718,184,0,{"$f":"SUM(LEFT(TableM4[[#This Row],[Main]],2)*VLOOKUP(VALUE(TRIM(CLEAN(RIGHT(TableM4[[#This Row],[Main]],2)))),TableLasers[],COLUMN(TableLasers[S-DPH]),FALSE),LEFT(TableM4[[#This Row],[Front]],2)*VLOOKUP(VALUE(TRIM(CLEAN(RIGHT(TableM4[[#This Row],[Front]],2)))),TableLasers[],COLUMN(TableLasers[S-DPH]),FALSE),LEFT(TableM4[[#This Row],[Back]],2)*VLOOKUP(VALUE(TRIM(CLEAN(RIGHT(TableM4[[#This Row],[Back]],2)))),TableLasers[],COLUMN(TableLasers[S-DPH]),FALSE),LEFT(TableM4[[#This Row],[Left]],2)*VLOOKUP(VALUE(TRIM(CLEAN(RIGHT(TableM4[[#This Row],[Left]],2)))),TableLasers[],COLUMN(TableLasers[S-DPH]),FALSE),LEFT(TableM4[[#This Row],[Right]],2)*VLOOKUP(VALUE(TRIM(CLEAN(RIGHT(TableM4[[#This Row],[Right]],2)))),TableLasers[],COLUMN(TableLasers[S-DPH]),FALSE),LEFT(TableM4[[#This Row],[Up]],2)*VLOOKUP(VALUE(TRIM(CLEAN(RIGHT(TableM4[[#This Row],[Up]],2)))),TableLasers[],COLUMN(TableLasers[S-DPH]),FALSE),LEFT(TableM4[[#This Row],[Down]],2)*VLOOKUP(VALUE(TRIM(CLEAN(RIGHT(TableM4[[#This Row],[Down]],2)))),TableLasers[],COLUMN(TableLasers[S-DPH]),FALSE))","v":4122},{"$f":"SUM(LEFT(TableM4[[#This Row],[Main]],2)*VLOOKUP(VALUE(TRIM(CLEAN(RIGHT(TableM4[[#This Row],[Main]],2)))),TableLasers[],COLUMN(TableLasers[H-DPH]),FALSE),LEFT(TableM4[[#This Row],[Front]],2)*VLOOKUP(VALUE(TRIM(CLEAN(RIGHT(TableM4[[#This Row],[Front]],2)))),TableLasers[],COLUMN(TableLasers[H-DPH]),FALSE),LEFT(TableM4[[#This Row],[Back]],2)*VLOOKUP(VALUE(TRIM(CLEAN(RIGHT(TableM4[[#This Row],[Back]],2)))),TableLasers[],COLUMN(TableLasers[H-DPH]),FALSE),LEFT(TableM4[[#This Row],[Left]],2)*VLOOKUP(VALUE(TRIM(CLEAN(RIGHT(TableM4[[#This Row],[Left]],2)))),TableLasers[],COLUMN(TableLasers[H-DPH]),FALSE),LEFT(TableM4[[#This Row],[Right]],2)*VLOOKUP(VALUE(TRIM(CLEAN(RIGHT(TableM4[[#This Row],[Right]],2)))),TableLasers[],COLUMN(TableLasers[H-DPH]),FALSE),LEFT(TableM4[[#This Row],[Up]],2)*VLOOKUP(VALUE(TRIM(CLEAN(RIGHT(TableM4[[#This Row],[Up]],2)))),TableLasers[],COLUMN(TableLasers[H-DPH]),FALSE),LEFT(TableM4[[#This Row],[Down]],2)*VLOOKUP(VALUE(TRIM(CLEAN(RIGHT(TableM4[[#This Row],[Down]],2)))),TableLasers[],COLUMN(TableLasers[H-DPH]),FALSE))","v":762},"06::05","00::00","00::00","00::00","00::00","00::00","00::00",6,null,null,null,null,null,null,"0,1,5,2",null,null,null,null,null,null,"0,1,3,5,12,17,22,23,35"]
[190,"Pirates","M4","Scorpion",null,369.10199999999998,123.03400000000001,38,"M",2100,"5 MJ ",2,105,36.509675063891898,6,3450,86.229299999999995,102,0,{"$f":"SUM(LEFT(TableM4[[#This Row],[Main]],2)*VLOOKUP(VALUE(TRIM(CLEAN(RIGHT(TableM4[[#This Row],[Main]],2)))),TableLasers[],COLUMN(TableLasers[S-DPH]),FALSE),LEFT(TableM4[[#This Row],[Front]],2)*VLOOKUP(VALUE(TRIM(CLEAN(RIGHT(TableM4[[#This Row],[Front]],2)))),TableLasers[],COLUMN(TableLasers[S-DPH]),FALSE),LEFT(TableM4[[#This Row],[Back]],2)*VLOOKUP(VALUE(TRIM(CLEAN(RIGHT(TableM4[[#This Row],[Back]],2)))),TableLasers[],COLUMN(TableLasers[S-DPH]),FALSE),LEFT(TableM4[[#This Row],[Left]],2)*VLOOKUP(VALUE(TRIM(CLEAN(RIGHT(TableM4[[#This Row],[Left]],2)))),TableLasers[],COLUMN(TableLasers[S-DPH]),FALSE),LEFT(TableM4[[#This Row],[Right]],2)*VLOOKUP(VALUE(TRIM(CLEAN(RIGHT(TableM4[[#This Row],[Right]],2)))),TableLasers[],COLUMN(TableLasers[S-DPH]),FALSE),LEFT(TableM4[[#This Row],[Up]],2)*VLOOKUP(VALUE(TRIM(CLEAN(RIGHT(TableM4[[#This Row],[Up]],2)))),TableLasers[],COLUMN(TableLasers[S-DPH]),FALSE),LEFT(TableM4[[#This Row],[Down]],2)*VLOOKUP(VALUE(TRIM(CLEAN(RIGHT(TableM4[[#This Row],[Down]],2)))),TableLasers[],COLUMN(TableLasers[S-DPH]),FALSE))","v":3840},{"$f":"SUM(LEFT(TableM4[[#This Row],[Main]],2)*VLOOKUP(VALUE(TRIM(CLEAN(RIGHT(TableM4[[#This Row],[Main]],2)))),TableLasers[],COLUMN(TableLasers[H-DPH]),FALSE),LEFT(TableM4[[#This Row],[Front]],2)*VLOOKUP(VALUE(TRIM(CLEAN(RIGHT(TableM4[[#This Row],[Front]],2)))),TableLasers[],COLUMN(TableLasers[H-DPH]),FALSE),LEFT(TableM4[[#This Row],[Back]],2)*VLOOKUP(VALUE(TRIM(CLEAN(RIGHT(TableM4[[#This Row],[Back]],2)))),TableLasers[],COLUMN(TableLasers[H-DPH]),FALSE),LEFT(TableM4[[#This Row],[Left]],2)*VLOOKUP(VALUE(TRIM(CLEAN(RIGHT(TableM4[[#This Row],[Left]],2)))),TableLasers[],COLUMN(TableLasers[H-DPH]),FALSE),LEFT(TableM4[[#This Row],[Right]],2)*VLOOKUP(VALUE(TRIM(CLEAN(RIGHT(TableM4[[#This Row],[Right]],2)))),TableLasers[],COLUMN(TableLasers[H-DPH]),FALSE),LEFT(TableM4[[#This Row],[Up]],2)*VLOOKUP(VALUE(TRIM(CLEAN(RIGHT(TableM4[[#This Row],[Up]],2)))),TableLasers[],COLUMN(TableLasers[H-DPH]),FALSE),LEFT(TableM4[[#This Row],[Down]],2)*VLOOKUP(VALUE(TRIM(CLEAN(RIGHT(TableM4[[#This Row],[Down]],2)))),TableLasers[],COLUMN(TableLasers[H-DPH]),FALSE))","v":720},"06::01","00::00","00::00","00::00","00::00","00::00","00::00",6,null,null,null,null,null,null,"0,1,3,9,2",null,null,null,null,null,null,"0,35"]
[191,"Pirates","M4","Elite",null,307.51839999999999,109.828,45,"M",4875,"25 MJ ",1,440,44.091710758377403,8,4350,65.597999999999999,114,0,{"$f":"SUM(LEFT(TableM4[[#This Row],[Main]],2)*VLOOKUP(VALUE(TRIM(CLEAN(RIGHT(TableM4[[#This Row],[Main]],2)))),TableLasers[],COLUMN(TableLasers[S-DPH]),FALSE),LEFT(TableM4[[#This Row],[Front]],2)*VLOOKUP(VALUE(TRIM(CLEAN(RIGHT(TableM4[[#This Row],[Front]],2)))),TableLasers[],COLUMN(TableLasers[S-DPH]),FALSE),LEFT(TableM4[[#This Row],[Back]],2)*VLOOKUP(VALUE(TRIM(CLEAN(RIGHT(TableM4[[#This Row],[Back]],2)))),TableLasers[],COLUMN(TableLasers[S-DPH]),FALSE),LEFT(TableM4[[#This Row],[Left]],2)*VLOOKUP(VALUE(TRIM(CLEAN(RIGHT(TableM4[[#This Row],[Left]],2)))),TableLasers[],COLUMN(TableLasers[S-DPH]),FALSE),LEFT(TableM4[[#This Row],[Right]],2)*VLOOKUP(VALUE(TRIM(CLEAN(RIGHT(TableM4[[#This Row],[Right]],2)))),TableLasers[],COLUMN(TableLasers[S-DPH]),FALSE),LEFT(TableM4[[#This Row],[Up]],2)*VLOOKUP(VALUE(TRIM(CLEAN(RIGHT(TableM4[[#This Row],[Up]],2)))),TableLasers[],COLUMN(TableLasers[S-DPH]),FALSE),LEFT(TableM4[[#This Row],[Down]],2)*VLOOKUP(VALUE(TRIM(CLEAN(RIGHT(TableM4[[#This Row],[Down]],2)))),TableLasers[],COLUMN(TableLasers[S-DPH]),FALSE))","v":9140},{"$f":"SUM(LEFT(TableM4[[#This Row],[Main]],2)*VLOOKUP(VALUE(TRIM(CLEAN(RIGHT(TableM4[[#This Row],[Main]],2)))),TableLasers[],COLUMN(TableLasers[H-DPH]),FALSE),LEFT(TableM4[[#This Row],[Front]],2)*VLOOKUP(VALUE(TRIM(CLEAN(RIGHT(TableM4[[#This Row],[Front]],2)))),TableLasers[],COLUMN(TableLasers[H-DPH]),FALSE),LEFT(TableM4[[#This Row],[Back]],2)*VLOOKUP(VALUE(TRIM(CLEAN(RIGHT(TableM4[[#This Row],[Back]],2)))),TableLasers[],COLUMN(TableLasers[H-DPH]),FALSE),LEFT(TableM4[[#This Row],[Left]],2)*VLOOKUP(VALUE(TRIM(CLEAN(RIGHT(TableM4[[#This Row],[Left]],2)))),TableLasers[],COLUMN(TableLasers[H-DPH]),FALSE),LEFT(TableM4[[#This Row],[Right]],2)*VLOOKUP(VALUE(TRIM(CLEAN(RIGHT(TableM4[[#This Row],[Right]],2)))),TableLasers[],COLUMN(TableLasers[H-DPH]),FALSE),LEFT(TableM4[[#This Row],[Up]],2)*VLOOKUP(VALUE(TRIM(CLEAN(RIGHT(TableM4[[#This Row],[Up]],2)))),TableLasers[],COLUMN(TableLasers[H-DPH]),FALSE),LEFT(TableM4[[#This Row],[Down]],2)*VLOOKUP(VALUE(TRIM(CLEAN(RIGHT(TableM4[[#This Row],[Down]],2)))),TableLasers[],COLUMN(TableLasers[H-DPH]),FALSE))","v":1688},"06::04","00::00","02::07","00::00","00::00","00::00","00::00",6,null,2,null,null,null,null,"0,1,3,4,2",null,"0,1,3,7",null,null,null,null,"0,35"]
[204,"ATF","M4","Mjollnir",null,332.5,133,45,"M",2800,"25 MJ ",2,350,88.183421516754805,6,4550,118.94155000000001,180,0,{"$f":"SUM(LEFT(TableM4[[#This Row],[Main]],2)*VLOOKUP(VALUE(TRIM(CLEAN(RIGHT(TableM4[[#This Row],[Main]],2)))),TableLasers[],COLUMN(TableLasers[S-DPH]),FALSE),LEFT(TableM4[[#This Row],[Front]],2)*VLOOKUP(VALUE(TRIM(CLEAN(RIGHT(TableM4[[#This Row],[Front]],2)))),TableLasers[],COLUMN(TableLasers[S-DPH]),FALSE),LEFT(TableM4[[#This Row],[Back]],2)*VLOOKUP(VALUE(TRIM(CLEAN(RIGHT(TableM4[[#This Row],[Back]],2)))),TableLasers[],COLUMN(TableLasers[S-DPH]),FALSE),LEFT(TableM4[[#This Row],[Left]],2)*VLOOKUP(VALUE(TRIM(CLEAN(RIGHT(TableM4[[#This Row],[Left]],2)))),TableLasers[],COLUMN(TableLasers[S-DPH]),FALSE),LEFT(TableM4[[#This Row],[Right]],2)*VLOOKUP(VALUE(TRIM(CLEAN(RIGHT(TableM4[[#This Row],[Right]],2)))),TableLasers[],COLUMN(TableLasers[S-DPH]),FALSE),LEFT(TableM4[[#This Row],[Up]],2)*VLOOKUP(VALUE(TRIM(CLEAN(RIGHT(TableM4[[#This Row],[Up]],2)))),TableLasers[],COLUMN(TableLasers[S-DPH]),FALSE),LEFT(TableM4[[#This Row],[Down]],2)*VLOOKUP(VALUE(TRIM(CLEAN(RIGHT(TableM4[[#This Row],[Down]],2)))),TableLasers[],COLUMN(TableLasers[S-DPH]),FALSE))","v":13920},{"$f":"SUM(LEFT(TableM4[[#This Row],[Main]],2)*VLOOKUP(VALUE(TRIM(CLEAN(RIGHT(TableM4[[#This Row],[Main]],2)))),TableLasers[],COLUMN(TableLasers[H-DPH]),FALSE),LEFT(TableM4[[#This Row],[Front]],2)*VLOOKUP(VALUE(TRIM(CLEAN(RIGHT(TableM4[[#This Row],[Front]],2)))),TableLasers[],COLUMN(TableLasers[H-DPH]),FALSE),LEFT(TableM4[[#This Row],[Back]],2)*VLOOKUP(VALUE(TRIM(CLEAN(RIGHT(TableM4[[#This Row],[Back]],2)))),TableLasers[],COLUMN(TableLasers[H-DPH]),FALSE),LEFT(TableM4[[#This Row],[Left]],2)*VLOOKUP(VALUE(TRIM(CLEAN(RIGHT(TableM4[[#This Row],[Left]],2)))),TableLasers[],COLUMN(TableLasers[H-DPH]),FALSE),LEFT(TableM4[[#This Row],[Right]],2)*VLOOKUP(VALUE(TRIM(CLEAN(RIGHT(TableM4[[#This Row],[Right]],2)))),TableLasers[],COLUMN(TableLasers[H-DPH]),FALSE),LEFT(TableM4[[#This Row],[Up]],2)*VLOOKUP(VALUE(TRIM(CLEAN(RIGHT(TableM4[[#This Row],[Up]],2)))),TableLasers[],COLUMN(TableLasers[H-DPH]),FALSE),LEFT(TableM4[[#This Row],[Down]],2)*VLOOKUP(VALUE(TRIM(CLEAN(RIGHT(TableM4[[#This Row],[Down]],2)))),TableLasers[],COLUMN(TableLasers[H-DPH]),FALSE))","v":2718},"06::11","00::00","00::00","00::00","00::00","00::00","00::00",6,null,null,null,null,null,null,"10,11"]
[218,"Terran","M4","Sabre",null,382.5,153,45,"M",2975,"5 MJ ",5,500,18.254837531945999,4,2140,64.197860000000006,90,0,{"$f":"SUM(LEFT(TableM4[[#This Row],[Main]],2)*VLOOKUP(VALUE(TRIM(CLEAN(RIGHT(TableM4[[#This Row],[Main]],2)))),TableLasers[],COLUMN(TableLasers[S-DPH]),FALSE),LEFT(TableM4[[#This Row],[Front]],2)*VLOOKUP(VALUE(TRIM(CLEAN(RIGHT(TableM4[[#This Row],[Front]],2)))),TableLasers[],COLUMN(TableLasers[S-DPH]),FALSE),LEFT(TableM4[[#This Row],[Back]],2)*VLOOKUP(VALUE(TRIM(CLEAN(RIGHT(TableM4[[#This Row],[Back]],2)))),TableLasers[],COLUMN(TableLasers[S-DPH]),FALSE),LEFT(TableM4[[#This Row],[Left]],2)*VLOOKUP(VALUE(TRIM(CLEAN(RIGHT(TableM4[[#This Row],[Left]],2)))),TableLasers[],COLUMN(TableLasers[S-DPH]),FALSE),LEFT(TableM4[[#This Row],[Right]],2)*VLOOKUP(VALUE(TRIM(CLEAN(RIGHT(TableM4[[#This Row],[Right]],2)))),TableLasers[],COLUMN(TableLasers[S-DPH]),FALSE),LEFT(TableM4[[#This Row],[Up]],2)*VLOOKUP(VALUE(TRIM(CLEAN(RIGHT(TableM4[[#This Row],[Up]],2)))),TableLasers[],COLUMN(TableLasers[S-DPH]),FALSE),LEFT(TableM4[[#This Row],[Down]],2)*VLOOKUP(VALUE(TRIM(CLEAN(RIGHT(TableM4[[#This Row],[Down]],2)))),TableLasers[],COLUMN(TableLasers[S-DPH]),FALSE))","v":9280},{"$f":"SUM(LEFT(TableM4[[#This Row],[Main]],2)*VLOOKUP(VALUE(TRIM(CLEAN(RIGHT(TableM4[[#This Row],[Main]],2)))),TableLasers[],COLUMN(TableLasers[H-DPH]),FALSE),LEFT(TableM4[[#This Row],[Front]],2)*VLOOKUP(VALUE(TRIM(CLEAN(RIGHT(TableM4[[#This Row],[Front]],2)))),TableLasers[],COLUMN(TableLasers[H-DPH]),FALSE),LEFT(TableM4[[#This Row],[Back]],2)*VLOOKUP(VALUE(TRIM(CLEAN(RIGHT(TableM4[[#This Row],[Back]],2)))),TableLasers[],COLUMN(TableLasers[H-DPH]),FALSE),LEFT(TableM4[[#This Row],[Left]],2)*VLOOKUP(VALUE(TRIM(CLEAN(RIGHT(TableM4[[#This Row],[Left]],2)))),TableLasers[],COLUMN(TableLasers[H-DPH]),FALSE),LEFT(TableM4[[#This Row],[Right]],2)*VLOOKUP(VALUE(TRIM(CLEAN(RIGHT(TableM4[[#This Row],[Right]],2)))),TableLasers[],COLUMN(TableLasers[H-DPH]),FALSE),LEFT(TableM4[[#This Row],[Up]],2)*VLOOKUP(VALUE(TRIM(CLEAN(RIGHT(TableM4[[#This Row],[Up]],2)))),TableLasers[],COLUMN(TableLasers[H-DPH]),FALSE),LEFT(TableM4[[#This Row],[Down]],2)*VLOOKUP(VALUE(TRIM(CLEAN(RIGHT(TableM4[[#This Row],[Down]],2)))),TableLasers[],COLUMN(TableLasers[H-DPH]),FALSE))","v":1812},"04::11","00::00","00::00","00::00","00::00","00::00","00::00",4,null,null,null,null,null,null,"10,11"]
[233,"Yaki","M4","Raijin",null,298.27839999999998,106.52800000000001,41,"M",3605,"5 MJ ",2,250,18.254837531945999,6,2850,71.232900000000001,126,0,{"$f":"SUM(LEFT(TableM4[[#This Row],[Main]],2)*VLOOKUP(VALUE(TRIM(CLEAN(RIGHT(TableM4[[#This Row],[Main]],2)))),TableLasers[],COLUMN(TableLasers[S-DPH]),FALSE),LEFT(TableM4[[#This Row],[Front]],2)*VLOOKUP(VALUE(TRIM(CLEAN(RIGHT(TableM4[[#This Row],[Front]],2)))),TableLasers[],COLUMN(TableLasers[S-DPH]),FALSE),LEFT(TableM4[[#This Row],[Back]],2)*VLOOKUP(VALUE(TRIM(CLEAN(RIGHT(TableM4[[#This Row],[Back]],2)))),TableLasers[],COLUMN(TableLasers[S-DPH]),FALSE),LEFT(TableM4[[#This Row],[Left]],2)*VLOOKUP(VALUE(TRIM(CLEAN(RIGHT(TableM4[[#This Row],[Left]],2)))),TableLasers[],COLUMN(TableLasers[S-DPH]),FALSE),LEFT(TableM4[[#This Row],[Right]],2)*VLOOKUP(VALUE(TRIM(CLEAN(RIGHT(TableM4[[#This Row],[Right]],2)))),TableLasers[],COLUMN(TableLasers[S-DPH]),FALSE),LEFT(TableM4[[#This Row],[Up]],2)*VLOOKUP(VALUE(TRIM(CLEAN(RIGHT(TableM4[[#This Row],[Up]],2)))),TableLasers[],COLUMN(TableLasers[S-DPH]),FALSE),LEFT(TableM4[[#This Row],[Down]],2)*VLOOKUP(VALUE(TRIM(CLEAN(RIGHT(TableM4[[#This Row],[Down]],2)))),TableLasers[],COLUMN(TableLasers[S-DPH]),FALSE))","v":7980},{"$f":"SUM(LEFT(TableM4[[#This Row],[Main]],2)*VLOOKUP(VALUE(TRIM(CLEAN(RIGHT(TableM4[[#This Row],[Main]],2)))),TableLasers[],COLUMN(TableLasers[H-DPH]),FALSE),LEFT(TableM4[[#This Row],[Front]],2)*VLOOKUP(VALUE(TRIM(CLEAN(RIGHT(TableM4[[#This Row],[Front]],2)))),TableLasers[],COLUMN(TableLasers[H-DPH]),FALSE),LEFT(TableM4[[#This Row],[Back]],2)*VLOOKUP(VALUE(TRIM(CLEAN(RIGHT(TableM4[[#This Row],[Back]],2)))),TableLasers[],COLUMN(TableLasers[H-DPH]),FALSE),LEFT(TableM4[[#This Row],[Left]],2)*VLOOKUP(VALUE(TRIM(CLEAN(RIGHT(TableM4[[#This Row],[Left]],2)))),TableLasers[],COLUMN(TableLasers[H-DPH]),FALSE),LEFT(TableM4[[#This Row],[Right]],2)*VLOOKUP(VALUE(TRIM(CLEAN(RIGHT(TableM4[[#This Row],[Right]],2)))),TableLasers[],COLUMN(TableLasers[H-DPH]),FALSE),LEFT(TableM4[[#This Row],[Up]],2)*VLOOKUP(VALUE(TRIM(CLEAN(RIGHT(TableM4[[#This Row],[Up]],2)))),TableLasers[],COLUMN(TableLasers[H-DPH]),FALSE),LEFT(TableM4[[#This Row],[Down]],2)*VLOOKUP(VALUE(TRIM(CLEAN(RIGHT(TableM4[[#This Row],[Down]],2)))),TableLasers[],COLUMN(TableLasers[H-DPH]),FALSE))","v":1464},"06::07","00::00","00::00","00::00","00::00","00::00","00::00",6,null,null,null,null,null,null,"0,1,7,2",null,null,null,null,null,null,"0,35"]
[234,"Yaki","M4","Raijin","Sentinel",276.71839999999997,98.828000000000003,41,"M",3500,"5 MJ ",3,275,18.254837531945999,6,2650,66.234099999999998,99,0,{"$f":"SUM(LEFT(TableM4[[#This Row],[Main]],2)*VLOOKUP(VALUE(TRIM(CLEAN(RIGHT(TableM4[[#This Row],[Main]],2)))),TableLasers[],COLUMN(TableLasers[S-DPH]),FALSE),LEFT(TableM4[[#This Row],[Front]],2)*VLOOKUP(VALUE(TRIM(CLEAN(RIGHT(TableM4[[#This Row],[Front]],2)))),TableLasers[],COLUMN(TableLasers[S-DPH]),FALSE),LEFT(TableM4[[#This Row],[Back]],2)*VLOOKUP(VALUE(TRIM(CLEAN(RIGHT(TableM4[[#This Row],[Back]],2)))),TableLasers[],COLUMN(TableLasers[S-DPH]),FALSE),LEFT(TableM4[[#This Row],[Left]],2)*VLOOKUP(VALUE(TRIM(CLEAN(RIGHT(TableM4[[#This Row],[Left]],2)))),TableLasers[],COLUMN(TableLasers[S-DPH]),FALSE),LEFT(TableM4[[#This Row],[Right]],2)*VLOOKUP(VALUE(TRIM(CLEAN(RIGHT(TableM4[[#This Row],[Right]],2)))),TableLasers[],COLUMN(TableLasers[S-DPH]),FALSE),LEFT(TableM4[[#This Row],[Up]],2)*VLOOKUP(VALUE(TRIM(CLEAN(RIGHT(TableM4[[#This Row],[Up]],2)))),TableLasers[],COLUMN(TableLasers[S-DPH]),FALSE),LEFT(TableM4[[#This Row],[Down]],2)*VLOOKUP(VALUE(TRIM(CLEAN(RIGHT(TableM4[[#This Row],[Down]],2)))),TableLasers[],COLUMN(TableLasers[S-DPH]),FALSE))","v":7980},{"$f":"SUM(LEFT(TableM4[[#This Row],[Main]],2)*VLOOKUP(VALUE(TRIM(CLEAN(RIGHT(TableM4[[#This Row],[Main]],2)))),TableLasers[],COLUMN(TableLasers[H-DPH]),FALSE),LEFT(TableM4[[#This Row],[Front]],2)*VLOOKUP(VALUE(TRIM(CLEAN(RIGHT(TableM4[[#This Row],[Front]],2)))),TableLasers[],COLUMN(TableLasers[H-DPH]),FALSE),LEFT(TableM4[[#This Row],[Back]],2)*VLOOKUP(VALUE(TRIM(CLEAN(RIGHT(TableM4[[#This Row],[Back]],2)))),TableLasers[],COLUMN(TableLasers[H-DPH]),FALSE),LEFT(TableM4[[#This Row],[Left]],2)*VLOOKUP(VALUE(TRIM(CLEAN(RIGHT(TableM4[[#This Row],[Left]],2)))),TableLasers[],COLUMN(TableLasers[H-DPH]),FALSE),LEFT(TableM4[[#This Row],[Right]],2)*VLOOKUP(VALUE(TRIM(CLEAN(RIGHT(TableM4[[#This Row],[Right]],2)))),TableLasers[],COLUMN(TableLasers[H-DPH]),FALSE),LEFT(TableM4[[#This Row],[Up]],2)*VLOOKUP(VALUE(TRIM(CLEAN(RIGHT(TableM4[[#This Row],[Up]],2)))),TableLasers[],COLUMN(TableLasers[H-DPH]),FALSE),LEFT(TableM4[[#This Row],[Down]],2)*VLOOKUP(VALUE(TRIM(CLEAN(RIGHT(TableM4[[#This Row],[Down]],2)))),TableLasers[],COLUMN(TableLasers[H-DPH]),FALSE))","v":1464},"06::07","00::00","00::00","00::00","00::00","00::00","00::00",6,null,null,null,null,null,null,"0,1,7,2",null,null,null,null,null,null,"0,35"]
[235,"Yaki","M4","Raijin","Raider",343.07839999999999,122.52800000000001,41,"M",3325,"5 MJ ",1,275,18.254837531945999,6,3050,76.231700000000004,102,0,{"$f":"SUM(LEFT(TableM4[[#This Row],[Main]],2)*VLOOKUP(VALUE(TRIM(CLEAN(RIGHT(TableM4[[#This Row],[Main]],2)))),TableLasers[],COLUMN(TableLasers[S-DPH]),FALSE),LEFT(TableM4[[#This Row],[Front]],2)*VLOOKUP(VALUE(TRIM(CLEAN(RIGHT(TableM4[[#This Row],[Front]],2)))),TableLasers[],COLUMN(TableLasers[S-DPH]),FALSE),LEFT(TableM4[[#This Row],[Back]],2)*VLOOKUP(VALUE(TRIM(CLEAN(RIGHT(TableM4[[#This Row],[Back]],2)))),TableLasers[],COLUMN(TableLasers[S-DPH]),FALSE),LEFT(TableM4[[#This Row],[Left]],2)*VLOOKUP(VALUE(TRIM(CLEAN(RIGHT(TableM4[[#This Row],[Left]],2)))),TableLasers[],COLUMN(TableLasers[S-DPH]),FALSE),LEFT(TableM4[[#This Row],[Right]],2)*VLOOKUP(VALUE(TRIM(CLEAN(RIGHT(TableM4[[#This Row],[Right]],2)))),TableLasers[],COLUMN(TableLasers[S-DPH]),FALSE),LEFT(TableM4[[#This Row],[Up]],2)*VLOOKUP(VALUE(TRIM(CLEAN(RIGHT(TableM4[[#This Row],[Up]],2)))),TableLasers[],COLUMN(TableLasers[S-DPH]),FALSE),LEFT(TableM4[[#This Row],[Down]],2)*VLOOKUP(VALUE(TRIM(CLEAN(RIGHT(TableM4[[#This Row],[Down]],2)))),TableLasers[],COLUMN(TableLasers[S-DPH]),FALSE))","v":7980},{"$f":"SUM(LEFT(TableM4[[#This Row],[Main]],2)*VLOOKUP(VALUE(TRIM(CLEAN(RIGHT(TableM4[[#This Row],[Main]],2)))),TableLasers[],COLUMN(TableLasers[H-DPH]),FALSE),LEFT(TableM4[[#This Row],[Front]],2)*VLOOKUP(VALUE(TRIM(CLEAN(RIGHT(TableM4[[#This Row],[Front]],2)))),TableLasers[],COLUMN(TableLasers[H-DPH]),FALSE),LEFT(TableM4[[#This Row],[Back]],2)*VLOOKUP(VALUE(TRIM(CLEAN(RIGHT(TableM4[[#This Row],[Back]],2)))),TableLasers[],COLUMN(TableLasers[H-DPH]),FALSE),LEFT(TableM4[[#This Row],[Left]],2)*VLOOKUP(VALUE(TRIM(CLEAN(RIGHT(TableM4[[#This Row],[Left]],2)))),TableLasers[],COLUMN(TableLasers[H-DPH]),FALSE),LEFT(TableM4[[#This Row],[Right]],2)*VLOOKUP(VALUE(TRIM(CLEAN(RIGHT(TableM4[[#This Row],[Right]],2)))),TableLasers[],COLUMN(TableLasers[H-DPH]),FALSE),LEFT(TableM4[[#This Row],[Up]],2)*VLOOKUP(VALUE(TRIM(CLEAN(RIGHT(TableM4[[#This Row],[Up]],2)))),TableLasers[],COLUMN(TableLasers[H-DPH]),FALSE),LEFT(TableM4[[#This Row],[Down]],2)*VLOOKUP(VALUE(TRIM(CLEAN(RIGHT(TableM4[[#This Row],[Down]],2)))),TableLasers[],COLUMN(TableLasers[H-DPH]),FALSE))","v":1464},"06::07","00::00","00::00","00::00","00::00","00::00","00::00",6,null,null,null,null,null,null,"0,1,7,2",null,null,null,null,null,null,"0,35"]
[236,"Yaki","M4","Tonbo",null,294.35840000000002,105.128,41,"M",4550,"25 MJ ",1,525,44.091710758377403,6,5750,99.262249999999995,136,0,{"$f":"SUM(LEFT(TableM4[[#This Row],[Main]],2)*VLOOKUP(VALUE(TRIM(CLEAN(RIGHT(TableM4[[#This Row],[Main]],2)))),TableLasers[],COLUMN(TableLasers[S-DPH]),FALSE),LEFT(TableM4[[#This Row],[Front]],2)*VLOOKUP(VALUE(TRIM(CLEAN(RIGHT(TableM4[[#This Row],[Front]],2)))),TableLasers[],COLUMN(TableLasers[S-DPH]),FALSE),LEFT(TableM4[[#This Row],[Back]],2)*VLOOKUP(VALUE(TRIM(CLEAN(RIGHT(TableM4[[#This Row],[Back]],2)))),TableLasers[],COLUMN(TableLasers[S-DPH]),FALSE),LEFT(TableM4[[#This Row],[Left]],2)*VLOOKUP(VALUE(TRIM(CLEAN(RIGHT(TableM4[[#This Row],[Left]],2)))),TableLasers[],COLUMN(TableLasers[S-DPH]),FALSE),LEFT(TableM4[[#This Row],[Right]],2)*VLOOKUP(VALUE(TRIM(CLEAN(RIGHT(TableM4[[#This Row],[Right]],2)))),TableLasers[],COLUMN(TableLasers[S-DPH]),FALSE),LEFT(TableM4[[#This Row],[Up]],2)*VLOOKUP(VALUE(TRIM(CLEAN(RIGHT(TableM4[[#This Row],[Up]],2)))),TableLasers[],COLUMN(TableLasers[S-DPH]),FALSE),LEFT(TableM4[[#This Row],[Down]],2)*VLOOKUP(VALUE(TRIM(CLEAN(RIGHT(TableM4[[#This Row],[Down]],2)))),TableLasers[],COLUMN(TableLasers[S-DPH]),FALSE))","v":7980},{"$f":"SUM(LEFT(TableM4[[#This Row],[Main]],2)*VLOOKUP(VALUE(TRIM(CLEAN(RIGHT(TableM4[[#This Row],[Main]],2)))),TableLasers[],COLUMN(TableLasers[H-DPH]),FALSE),LEFT(TableM4[[#This Row],[Front]],2)*VLOOKUP(VALUE(TRIM(CLEAN(RIGHT(TableM4[[#This Row],[Front]],2)))),TableLasers[],COLUMN(TableLasers[H-DPH]),FALSE),LEFT(TableM4[[#This Row],[Back]],2)*VLOOKUP(VALUE(TRIM(CLEAN(RIGHT(TableM4[[#This Row],[Back]],2)))),TableLasers[],COLUMN(TableLasers[H-DPH]),FALSE),LEFT(TableM4[[#This Row],[Left]],2)*VLOOKUP(VALUE(TRIM(CLEAN(RIGHT(TableM4[[#This Row],[Left]],2)))),TableLasers[],COLUMN(TableLasers[H-DPH]),FALSE),LEFT(TableM4[[#This Row],[Right]],2)*VLOOKUP(VALUE(TRIM(CLEAN(RIGHT(TableM4[[#This Row],[Right]],2)))),TableLasers[],COLUMN(TableLasers[H-DPH]),FALSE),LEFT(TableM4[[#This Row],[Up]],2)*VLOOKUP(VALUE(TRIM(CLEAN(RIGHT(TableM4[[#This Row],[Up]],2)))),TableLasers[],COLUMN(TableLasers[H-DPH]),FALSE),LEFT(TableM4[[#This Row],[Down]],2)*VLOOKUP(VALUE(TRIM(CLEAN(RIGHT(TableM4[[#This Row],[Down]],2)))),TableLasers[],COLUMN(TableLasers[H-DPH]),FALSE))","v":1464},"06::07","00::00","00::00","00::00","00::00","00::00","00::00",6,null,null,null,null,null,null,"0,1,3,7,2",null,null,null,null,null,null,"0,35"]
[244,"Kha'ak","M4","Interceptor",null,355.4,177.7,45,"M",2100,"5 MJ ",2,150,36.509675063891898,2,1820,45.489080000000001,78,0,{"$f":"SUM(LEFT(TableM4[[#This Row],[Main]],2)*VLOOKUP(VALUE(TRIM(CLEAN(RIGHT(TableM4[[#This Row],[Main]],2)))),TableLasers[],COLUMN(TableLasers[S-DPH]),FALSE),LEFT(TableM4[[#This Row],[Front]],2)*VLOOKUP(VALUE(TRIM(CLEAN(RIGHT(TableM4[[#This Row],[Front]],2)))),TableLasers[],COLUMN(TableLasers[S-DPH]),FALSE),LEFT(TableM4[[#This Row],[Back]],2)*VLOOKUP(VALUE(TRIM(CLEAN(RIGHT(TableM4[[#This Row],[Back]],2)))),TableLasers[],COLUMN(TableLasers[S-DPH]),FALSE),LEFT(TableM4[[#This Row],[Left]],2)*VLOOKUP(VALUE(TRIM(CLEAN(RIGHT(TableM4[[#This Row],[Left]],2)))),TableLasers[],COLUMN(TableLasers[S-DPH]),FALSE),LEFT(TableM4[[#This Row],[Right]],2)*VLOOKUP(VALUE(TRIM(CLEAN(RIGHT(TableM4[[#This Row],[Right]],2)))),TableLasers[],COLUMN(TableLasers[S-DPH]),FALSE),LEFT(TableM4[[#This Row],[Up]],2)*VLOOKUP(VALUE(TRIM(CLEAN(RIGHT(TableM4[[#This Row],[Up]],2)))),TableLasers[],COLUMN(TableLasers[S-DPH]),FALSE),LEFT(TableM4[[#This Row],[Down]],2)*VLOOKUP(VALUE(TRIM(CLEAN(RIGHT(TableM4[[#This Row],[Down]],2)))),TableLasers[],COLUMN(TableLasers[S-DPH]),FALSE))","v":3600},{"$f":"SUM(LEFT(TableM4[[#This Row],[Main]],2)*VLOOKUP(VALUE(TRIM(CLEAN(RIGHT(TableM4[[#This Row],[Main]],2)))),TableLasers[],COLUMN(TableLasers[H-DPH]),FALSE),LEFT(TableM4[[#This Row],[Front]],2)*VLOOKUP(VALUE(TRIM(CLEAN(RIGHT(TableM4[[#This Row],[Front]],2)))),TableLasers[],COLUMN(TableLasers[H-DPH]),FALSE),LEFT(TableM4[[#This Row],[Back]],2)*VLOOKUP(VALUE(TRIM(CLEAN(RIGHT(TableM4[[#This Row],[Back]],2)))),TableLasers[],COLUMN(TableLasers[H-DPH]),FALSE),LEFT(TableM4[[#This Row],[Left]],2)*VLOOKUP(VALUE(TRIM(CLEAN(RIGHT(TableM4[[#This Row],[Left]],2)))),TableLasers[],COLUMN(TableLasers[H-DPH]),FALSE),LEFT(TableM4[[#This Row],[Right]],2)*VLOOKUP(VALUE(TRIM(CLEAN(RIGHT(TableM4[[#This Row],[Right]],2)))),TableLasers[],COLUMN(TableLasers[H-DPH]),FALSE),LEFT(TableM4[[#This Row],[Up]],2)*VLOOKUP(VALUE(TRIM(CLEAN(RIGHT(TableM4[[#This Row],[Up]],2)))),TableLasers[],COLUMN(TableLasers[H-DPH]),FALSE),LEFT(TableM4[[#This Row],[Down]],2)*VLOOKUP(VALUE(TRIM(CLEAN(RIGHT(TableM4[[#This Row],[Down]],2)))),TableLasers[],COLUMN(TableLasers[H-DPH]),FALSE))","v":932},"02::42","00::00","00::00","00::00","00::00","00::00","00::00",2,null,null,null,null,null,null,42]
[255,"Argon","M4","Eurus",null,318.71839999999997,113.828,45,"M",2800,"5 MJ ",4,275,36.509675063891898,8,2650,66.234099999999998,92,0,{"$f":"SUM(LEFT(TableM4[[#This Row],[Main]],2)*VLOOKUP(VALUE(TRIM(CLEAN(RIGHT(TableM4[[#This Row],[Main]],2)))),TableLasers[],COLUMN(TableLasers[S-DPH]),FALSE),LEFT(TableM4[[#This Row],[Front]],2)*VLOOKUP(VALUE(TRIM(CLEAN(RIGHT(TableM4[[#This Row],[Front]],2)))),TableLasers[],COLUMN(TableLasers[S-DPH]),FALSE),LEFT(TableM4[[#This Row],[Back]],2)*VLOOKUP(VALUE(TRIM(CLEAN(RIGHT(TableM4[[#This Row],[Back]],2)))),TableLasers[],COLUMN(TableLasers[S-DPH]),FALSE),LEFT(TableM4[[#This Row],[Left]],2)*VLOOKUP(VALUE(TRIM(CLEAN(RIGHT(TableM4[[#This Row],[Left]],2)))),TableLasers[],COLUMN(TableLasers[S-DPH]),FALSE),LEFT(TableM4[[#This Row],[Right]],2)*VLOOKUP(VALUE(TRIM(CLEAN(RIGHT(TableM4[[#This Row],[Right]],2)))),TableLasers[],COLUMN(TableLasers[S-DPH]),FALSE),LEFT(TableM4[[#This Row],[Up]],2)*VLOOKUP(VALUE(TRIM(CLEAN(RIGHT(TableM4[[#This Row],[Up]],2)))),TableLasers[],COLUMN(TableLasers[S-DPH]),FALSE),LEFT(TableM4[[#This Row],[Down]],2)*VLOOKUP(VALUE(TRIM(CLEAN(RIGHT(TableM4[[#This Row],[Down]],2)))),TableLasers[],COLUMN(TableLasers[S-DPH]),FALSE))","v":6480},{"$f":"SUM(LEFT(TableM4[[#This Row],[Main]],2)*VLOOKUP(VALUE(TRIM(CLEAN(RIGHT(TableM4[[#This Row],[Main]],2)))),TableLasers[],COLUMN(TableLasers[H-DPH]),FALSE),LEFT(TableM4[[#This Row],[Front]],2)*VLOOKUP(VALUE(TRIM(CLEAN(RIGHT(TableM4[[#This Row],[Front]],2)))),TableLasers[],COLUMN(TableLasers[H-DPH]),FALSE),LEFT(TableM4[[#This Row],[Back]],2)*VLOOKUP(VALUE(TRIM(CLEAN(RIGHT(TableM4[[#This Row],[Back]],2)))),TableLasers[],COLUMN(TableLasers[H-DPH]),FALSE),LEFT(TableM4[[#This Row],[Left]],2)*VLOOKUP(VALUE(TRIM(CLEAN(RIGHT(TableM4[[#This Row],[Left]],2)))),TableLasers[],COLUMN(TableLasers[H-DPH]),FALSE),LEFT(TableM4[[#This Row],[Right]],2)*VLOOKUP(VALUE(TRIM(CLEAN(RIGHT(TableM4[[#This Row],[Right]],2)))),TableLasers[],COLUMN(TableLasers[H-DPH]),FALSE),LEFT(TableM4[[#This Row],[Up]],2)*VLOOKUP(VALUE(TRIM(CLEAN(RIGHT(TableM4[[#This Row],[Up]],2)))),TableLasers[],COLUMN(TableLasers[H-DPH]),FALSE),LEFT(TableM4[[#This Row],[Down]],2)*VLOOKUP(VALUE(TRIM(CLEAN(RIGHT(TableM4[[#This Row],[Down]],2)))),TableLasers[],COLUMN(TableLasers[H-DPH]),FALSE))","v":1200},"06::04","00::00","00::00","00::00","00::00","00::00","00::00",6,null,2,null,null,null,null,"0,1,3,4",null,null,null,null,null,null,"0,35"]
[256,"Argon","M4","Solano",null,285.11840000000001,101.828,45,"M",5200,"25 MJ ",2,605,44.091710758377403,6,5000,85,102,0,{"$f":"SUM(LEFT(TableM4[[#This Row],[Main]],2)*VLOOKUP(VALUE(TRIM(CLEAN(RIGHT(TableM4[[#This Row],[Main]],2)))),TableLasers[],COLUMN(TableLasers[S-DPH]),FALSE),LEFT(TableM4[[#This Row],[Front]],2)*VLOOKUP(VALUE(TRIM(CLEAN(RIGHT(TableM4[[#This Row],[Front]],2)))),TableLasers[],COLUMN(TableLasers[S-DPH]),FALSE),LEFT(TableM4[[#This Row],[Back]],2)*VLOOKUP(VALUE(TRIM(CLEAN(RIGHT(TableM4[[#This Row],[Back]],2)))),TableLasers[],COLUMN(TableLasers[S-DPH]),FALSE),LEFT(TableM4[[#This Row],[Left]],2)*VLOOKUP(VALUE(TRIM(CLEAN(RIGHT(TableM4[[#This Row],[Left]],2)))),TableLasers[],COLUMN(TableLasers[S-DPH]),FALSE),LEFT(TableM4[[#This Row],[Right]],2)*VLOOKUP(VALUE(TRIM(CLEAN(RIGHT(TableM4[[#This Row],[Right]],2)))),TableLasers[],COLUMN(TableLasers[S-DPH]),FALSE),LEFT(TableM4[[#This Row],[Up]],2)*VLOOKUP(VALUE(TRIM(CLEAN(RIGHT(TableM4[[#This Row],[Up]],2)))),TableLasers[],COLUMN(TableLasers[S-DPH]),FALSE),LEFT(TableM4[[#This Row],[Down]],2)*VLOOKUP(VALUE(TRIM(CLEAN(RIGHT(TableM4[[#This Row],[Down]],2)))),TableLasers[],COLUMN(TableLasers[S-DPH]),FALSE))","v":6480},{"$f":"SUM(LEFT(TableM4[[#This Row],[Main]],2)*VLOOKUP(VALUE(TRIM(CLEAN(RIGHT(TableM4[[#This Row],[Main]],2)))),TableLasers[],COLUMN(TableLasers[H-DPH]),FALSE),LEFT(TableM4[[#This Row],[Front]],2)*VLOOKUP(VALUE(TRIM(CLEAN(RIGHT(TableM4[[#This Row],[Front]],2)))),TableLasers[],COLUMN(TableLasers[H-DPH]),FALSE),LEFT(TableM4[[#This Row],[Back]],2)*VLOOKUP(VALUE(TRIM(CLEAN(RIGHT(TableM4[[#This Row],[Back]],2)))),TableLasers[],COLUMN(TableLasers[H-DPH]),FALSE),LEFT(TableM4[[#This Row],[Left]],2)*VLOOKUP(VALUE(TRIM(CLEAN(RIGHT(TableM4[[#This Row],[Left]],2)))),TableLasers[],COLUMN(TableLasers[H-DPH]),FALSE),LEFT(TableM4[[#This Row],[Right]],2)*VLOOKUP(VALUE(TRIM(CLEAN(RIGHT(TableM4[[#This Row],[Right]],2)))),TableLasers[],COLUMN(TableLasers[H-DPH]),FALSE),LEFT(TableM4[[#This Row],[Up]],2)*VLOOKUP(VALUE(TRIM(CLEAN(RIGHT(TableM4[[#This Row],[Up]],2)))),TableLasers[],COLUMN(TableLasers[H-DPH]),FALSE),LEFT(TableM4[[#This Row],[Down]],2)*VLOOKUP(VALUE(TRIM(CLEAN(RIGHT(TableM4[[#This Row],[Down]],2)))),TableLasers[],COLUMN(TableLasers[H-DPH]),FALSE))","v":1200},"06::04","00::00","00::00","00::00","00::00","00::00","00::00",6,null,null,null,null,null,null,"0,1,3,4",null,null,null,null,null,null,"0,1,3,5,12,17,22,23,35"]
[336,"Argon","M4","Enhanced Elite",null,315.91840000000002,112.828,45,"M",7000,"25 MJ ",2,560,44.091710758377403,8,4500,75.599999999999994,120,0,{"$f":"SUM(LEFT(TableM4[[#This Row],[Main]],2)*VLOOKUP(VALUE(TRIM(CLEAN(RIGHT(TableM4[[#This Row],[Main]],2)))),TableLasers[],COLUMN(TableLasers[S-DPH]),FALSE),LEFT(TableM4[[#This Row],[Front]],2)*VLOOKUP(VALUE(TRIM(CLEAN(RIGHT(TableM4[[#This Row],[Front]],2)))),TableLasers[],COLUMN(TableLasers[S-DPH]),FALSE),LEFT(TableM4[[#This Row],[Back]],2)*VLOOKUP(VALUE(TRIM(CLEAN(RIGHT(TableM4[[#This Row],[Back]],2)))),TableLasers[],COLUMN(TableLasers[S-DPH]),FALSE),LEFT(TableM4[[#This Row],[Left]],2)*VLOOKUP(VALUE(TRIM(CLEAN(RIGHT(TableM4[[#This Row],[Left]],2)))),TableLasers[],COLUMN(TableLasers[S-DPH]),FALSE),LEFT(TableM4[[#This Row],[Right]],2)*VLOOKUP(VALUE(TRIM(CLEAN(RIGHT(TableM4[[#This Row],[Right]],2)))),TableLasers[],COLUMN(TableLasers[S-DPH]),FALSE),LEFT(TableM4[[#This Row],[Up]],2)*VLOOKUP(VALUE(TRIM(CLEAN(RIGHT(TableM4[[#This Row],[Up]],2)))),TableLasers[],COLUMN(TableLasers[S-DPH]),FALSE),LEFT(TableM4[[#This Row],[Down]],2)*VLOOKUP(VALUE(TRIM(CLEAN(RIGHT(TableM4[[#This Row],[Down]],2)))),TableLasers[],COLUMN(TableLasers[S-DPH]),FALSE))","v":10260},{"$f":"SUM(LEFT(TableM4[[#This Row],[Main]],2)*VLOOKUP(VALUE(TRIM(CLEAN(RIGHT(TableM4[[#This Row],[Main]],2)))),TableLasers[],COLUMN(TableLasers[H-DPH]),FALSE),LEFT(TableM4[[#This Row],[Front]],2)*VLOOKUP(VALUE(TRIM(CLEAN(RIGHT(TableM4[[#This Row],[Front]],2)))),TableLasers[],COLUMN(TableLasers[H-DPH]),FALSE),LEFT(TableM4[[#This Row],[Back]],2)*VLOOKUP(VALUE(TRIM(CLEAN(RIGHT(TableM4[[#This Row],[Back]],2)))),TableLasers[],COLUMN(TableLasers[H-DPH]),FALSE),LEFT(TableM4[[#This Row],[Left]],2)*VLOOKUP(VALUE(TRIM(CLEAN(RIGHT(TableM4[[#This Row],[Left]],2)))),TableLasers[],COLUMN(TableLasers[H-DPH]),FALSE),LEFT(TableM4[[#This Row],[Right]],2)*VLOOKUP(VALUE(TRIM(CLEAN(RIGHT(TableM4[[#This Row],[Right]],2)))),TableLasers[],COLUMN(TableLasers[H-DPH]),FALSE),LEFT(TableM4[[#This Row],[Up]],2)*VLOOKUP(VALUE(TRIM(CLEAN(RIGHT(TableM4[[#This Row],[Up]],2)))),TableLasers[],COLUMN(TableLasers[H-DPH]),FALSE),LEFT(TableM4[[#This Row],[Down]],2)*VLOOKUP(VALUE(TRIM(CLEAN(RIGHT(TableM4[[#This Row],[Down]],2)))),TableLasers[],COLUMN(TableLasers[H-DPH]),FALSE))","v":472},"06::08","00::00","02::04","00::00","00::00","00::00","00::00",6,null,2,null,null,null,null,"0,1,3,4,7,8",null,"0,1,4",null,null,null,null,"0,1,3,5,12,17,22,23,35"]
[338,"Split","M4","Scorpion Prototype",null,420.10199999999998,140.03399999999999,38,"M",3000,"5 MJ ",1,115,18.254837531945999,6,3950,100.4248,108,0,{"$f":"SUM(LEFT(TableM4[[#This Row],[Main]],2)*VLOOKUP(VALUE(TRIM(CLEAN(RIGHT(TableM4[[#This Row],[Main]],2)))),TableLasers[],COLUMN(TableLasers[S-DPH]),FALSE),LEFT(TableM4[[#This Row],[Front]],2)*VLOOKUP(VALUE(TRIM(CLEAN(RIGHT(TableM4[[#This Row],[Front]],2)))),TableLasers[],COLUMN(TableLasers[S-DPH]),FALSE),LEFT(TableM4[[#This Row],[Back]],2)*VLOOKUP(VALUE(TRIM(CLEAN(RIGHT(TableM4[[#This Row],[Back]],2)))),TableLasers[],COLUMN(TableLasers[S-DPH]),FALSE),LEFT(TableM4[[#This Row],[Left]],2)*VLOOKUP(VALUE(TRIM(CLEAN(RIGHT(TableM4[[#This Row],[Left]],2)))),TableLasers[],COLUMN(TableLasers[S-DPH]),FALSE),LEFT(TableM4[[#This Row],[Right]],2)*VLOOKUP(VALUE(TRIM(CLEAN(RIGHT(TableM4[[#This Row],[Right]],2)))),TableLasers[],COLUMN(TableLasers[S-DPH]),FALSE),LEFT(TableM4[[#This Row],[Up]],2)*VLOOKUP(VALUE(TRIM(CLEAN(RIGHT(TableM4[[#This Row],[Up]],2)))),TableLasers[],COLUMN(TableLasers[S-DPH]),FALSE),LEFT(TableM4[[#This Row],[Down]],2)*VLOOKUP(VALUE(TRIM(CLEAN(RIGHT(TableM4[[#This Row],[Down]],2)))),TableLasers[],COLUMN(TableLasers[S-DPH]),FALSE))","v":3840},{"$f":"SUM(LEFT(TableM4[[#This Row],[Main]],2)*VLOOKUP(VALUE(TRIM(CLEAN(RIGHT(TableM4[[#This Row],[Main]],2)))),TableLasers[],COLUMN(TableLasers[H-DPH]),FALSE),LEFT(TableM4[[#This Row],[Front]],2)*VLOOKUP(VALUE(TRIM(CLEAN(RIGHT(TableM4[[#This Row],[Front]],2)))),TableLasers[],COLUMN(TableLasers[H-DPH]),FALSE),LEFT(TableM4[[#This Row],[Back]],2)*VLOOKUP(VALUE(TRIM(CLEAN(RIGHT(TableM4[[#This Row],[Back]],2)))),TableLasers[],COLUMN(TableLasers[H-DPH]),FALSE),LEFT(TableM4[[#This Row],[Left]],2)*VLOOKUP(VALUE(TRIM(CLEAN(RIGHT(TableM4[[#This Row],[Left]],2)))),TableLasers[],COLUMN(TableLasers[H-DPH]),FALSE),LEFT(TableM4[[#This Row],[Right]],2)*VLOOKUP(VALUE(TRIM(CLEAN(RIGHT(TableM4[[#This Row],[Right]],2)))),TableLasers[],COLUMN(TableLasers[H-DPH]),FALSE),LEFT(TableM4[[#This Row],[Up]],2)*VLOOKUP(VALUE(TRIM(CLEAN(RIGHT(TableM4[[#This Row],[Up]],2)))),TableLasers[],COLUMN(TableLasers[H-DPH]),FALSE),LEFT(TableM4[[#This Row],[Down]],2)*VLOOKUP(VALUE(TRIM(CLEAN(RIGHT(TableM4[[#This Row],[Down]],2)))),TableLasers[],COLUMN(TableLasers[H-DPH]),FALSE))","v":720},"06::01","00::00","00::00","00::00","00::00","00::00","00::00",6,null,null,null,null,null,null,"0,1,9",null,null,null,null,null,null,"0,1,3,5,12,17,22,23,35"]
[344,"Paranid","M4","Enhanced Pericles",null,327.11840000000001,116.828,41,"M",3600,"5 MJ ",4,295,36.509675063891898,6,2700,67.483800000000002,92,0,{"$f":"SUM(LEFT(TableM4[[#This Row],[Main]],2)*VLOOKUP(VALUE(TRIM(CLEAN(RIGHT(TableM4[[#This Row],[Main]],2)))),TableLasers[],COLUMN(TableLasers[S-DPH]),FALSE),LEFT(TableM4[[#This Row],[Front]],2)*VLOOKUP(VALUE(TRIM(CLEAN(RIGHT(TableM4[[#This Row],[Front]],2)))),TableLasers[],COLUMN(TableLasers[S-DPH]),FALSE),LEFT(TableM4[[#This Row],[Back]],2)*VLOOKUP(VALUE(TRIM(CLEAN(RIGHT(TableM4[[#This Row],[Back]],2)))),TableLasers[],COLUMN(TableLasers[S-DPH]),FALSE),LEFT(TableM4[[#This Row],[Left]],2)*VLOOKUP(VALUE(TRIM(CLEAN(RIGHT(TableM4[[#This Row],[Left]],2)))),TableLasers[],COLUMN(TableLasers[S-DPH]),FALSE),LEFT(TableM4[[#This Row],[Right]],2)*VLOOKUP(VALUE(TRIM(CLEAN(RIGHT(TableM4[[#This Row],[Right]],2)))),TableLasers[],COLUMN(TableLasers[S-DPH]),FALSE),LEFT(TableM4[[#This Row],[Up]],2)*VLOOKUP(VALUE(TRIM(CLEAN(RIGHT(TableM4[[#This Row],[Up]],2)))),TableLasers[],COLUMN(TableLasers[S-DPH]),FALSE),LEFT(TableM4[[#This Row],[Down]],2)*VLOOKUP(VALUE(TRIM(CLEAN(RIGHT(TableM4[[#This Row],[Down]],2)))),TableLasers[],COLUMN(TableLasers[S-DPH]),FALSE))","v":7980},{"$f":"SUM(LEFT(TableM4[[#This Row],[Main]],2)*VLOOKUP(VALUE(TRIM(CLEAN(RIGHT(TableM4[[#This Row],[Main]],2)))),TableLasers[],COLUMN(TableLasers[H-DPH]),FALSE),LEFT(TableM4[[#This Row],[Front]],2)*VLOOKUP(VALUE(TRIM(CLEAN(RIGHT(TableM4[[#This Row],[Front]],2)))),TableLasers[],COLUMN(TableLasers[H-DPH]),FALSE),LEFT(TableM4[[#This Row],[Back]],2)*VLOOKUP(VALUE(TRIM(CLEAN(RIGHT(TableM4[[#This Row],[Back]],2)))),TableLasers[],COLUMN(TableLasers[H-DPH]),FALSE),LEFT(TableM4[[#This Row],[Left]],2)*VLOOKUP(VALUE(TRIM(CLEAN(RIGHT(TableM4[[#This Row],[Left]],2)))),TableLasers[],COLUMN(TableLasers[H-DPH]),FALSE),LEFT(TableM4[[#This Row],[Right]],2)*VLOOKUP(VALUE(TRIM(CLEAN(RIGHT(TableM4[[#This Row],[Right]],2)))),TableLasers[],COLUMN(TableLasers[H-DPH]),FALSE),LEFT(TableM4[[#This Row],[Up]],2)*VLOOKUP(VALUE(TRIM(CLEAN(RIGHT(TableM4[[#This Row],[Up]],2)))),TableLasers[],COLUMN(TableLasers[H-DPH]),FALSE),LEFT(TableM4[[#This Row],[Down]],2)*VLOOKUP(VALUE(TRIM(CLEAN(RIGHT(TableM4[[#This Row],[Down]],2)))),TableLasers[],COLUMN(TableLasers[H-DPH]),FALSE))","v":1464},"06::07","00::00","00::00","00::00","00::00","00::00","00::00",6,null,null,null,null,null,null,"0,1,4,7,9",null,null,null,null,null,null,"0,1,3,5,12,17,22,23,35"]
[348,"Boron","M4","Enhanced Mako",null,345.10199999999998,115.03400000000001,41,"M",5150,"5 MJ ",4,490,18.254837531945999,6,3220,80.467799999999997,197,0,{"$f":"SUM(LEFT(TableM4[[#This Row],[Main]],2)*VLOOKUP(VALUE(TRIM(CLEAN(RIGHT(TableM4[[#This Row],[Main]],2)))),TableLasers[],COLUMN(TableLasers[S-DPH]),FALSE),LEFT(TableM4[[#This Row],[Front]],2)*VLOOKUP(VALUE(TRIM(CLEAN(RIGHT(TableM4[[#This Row],[Front]],2)))),TableLasers[],COLUMN(TableLasers[S-DPH]),FALSE),LEFT(TableM4[[#This Row],[Back]],2)*VLOOKUP(VALUE(TRIM(CLEAN(RIGHT(TableM4[[#This Row],[Back]],2)))),TableLasers[],COLUMN(TableLasers[S-DPH]),FALSE),LEFT(TableM4[[#This Row],[Left]],2)*VLOOKUP(VALUE(TRIM(CLEAN(RIGHT(TableM4[[#This Row],[Left]],2)))),TableLasers[],COLUMN(TableLasers[S-DPH]),FALSE),LEFT(TableM4[[#This Row],[Right]],2)*VLOOKUP(VALUE(TRIM(CLEAN(RIGHT(TableM4[[#This Row],[Right]],2)))),TableLasers[],COLUMN(TableLasers[S-DPH]),FALSE),LEFT(TableM4[[#This Row],[Up]],2)*VLOOKUP(VALUE(TRIM(CLEAN(RIGHT(TableM4[[#This Row],[Up]],2)))),TableLasers[],COLUMN(TableLasers[S-DPH]),FALSE),LEFT(TableM4[[#This Row],[Down]],2)*VLOOKUP(VALUE(TRIM(CLEAN(RIGHT(TableM4[[#This Row],[Down]],2)))),TableLasers[],COLUMN(TableLasers[S-DPH]),FALSE))","v":8100},{"$f":"SUM(LEFT(TableM4[[#This Row],[Main]],2)*VLOOKUP(VALUE(TRIM(CLEAN(RIGHT(TableM4[[#This Row],[Main]],2)))),TableLasers[],COLUMN(TableLasers[H-DPH]),FALSE),LEFT(TableM4[[#This Row],[Front]],2)*VLOOKUP(VALUE(TRIM(CLEAN(RIGHT(TableM4[[#This Row],[Front]],2)))),TableLasers[],COLUMN(TableLasers[H-DPH]),FALSE),LEFT(TableM4[[#This Row],[Back]],2)*VLOOKUP(VALUE(TRIM(CLEAN(RIGHT(TableM4[[#This Row],[Back]],2)))),TableLasers[],COLUMN(TableLasers[H-DPH]),FALSE),LEFT(TableM4[[#This Row],[Left]],2)*VLOOKUP(VALUE(TRIM(CLEAN(RIGHT(TableM4[[#This Row],[Left]],2)))),TableLasers[],COLUMN(TableLasers[H-DPH]),FALSE),LEFT(TableM4[[#This Row],[Right]],2)*VLOOKUP(VALUE(TRIM(CLEAN(RIGHT(TableM4[[#This Row],[Right]],2)))),TableLasers[],COLUMN(TableLasers[H-DPH]),FALSE),LEFT(TableM4[[#This Row],[Up]],2)*VLOOKUP(VALUE(TRIM(CLEAN(RIGHT(TableM4[[#This Row],[Up]],2)))),TableLasers[],COLUMN(TableLasers[H-DPH]),FALSE),LEFT(TableM4[[#This Row],[Down]],2)*VLOOKUP(VALUE(TRIM(CLEAN(RIGHT(TableM4[[#This Row],[Down]],2)))),TableLasers[],COLUMN(TableLasers[H-DPH]),FALSE))","v":72},"06::08","00::00","00::00","00::00","00::00","00::00","00::00",6,null,null,null,null,null,null,"0,1,4,7,8",null,null,null,null,null,null,"0,1,3,5,12,17,22,23,35"]
[354,"Teladi","M4","Kite Prototype",null,226.5016,87.116,30,"M",7200,"25 MJ ",4,612,88.183421516754805,6,3250,109.59975,266,0,{"$f":"SUM(LEFT(TableM4[[#This Row],[Main]],2)*VLOOKUP(VALUE(TRIM(CLEAN(RIGHT(TableM4[[#This Row],[Main]],2)))),TableLasers[],COLUMN(TableLasers[S-DPH]),FALSE),LEFT(TableM4[[#This Row],[Front]],2)*VLOOKUP(VALUE(TRIM(CLEAN(RIGHT(TableM4[[#This Row],[Front]],2)))),TableLasers[],COLUMN(TableLasers[S-DPH]),FALSE),LEFT(TableM4[[#This Row],[Back]],2)*VLOOKUP(VALUE(TRIM(CLEAN(RIGHT(TableM4[[#This Row],[Back]],2)))),TableLasers[],COLUMN(TableLasers[S-DPH]),FALSE),LEFT(TableM4[[#This Row],[Left]],2)*VLOOKUP(VALUE(TRIM(CLEAN(RIGHT(TableM4[[#This Row],[Left]],2)))),TableLasers[],COLUMN(TableLasers[S-DPH]),FALSE),LEFT(TableM4[[#This Row],[Right]],2)*VLOOKUP(VALUE(TRIM(CLEAN(RIGHT(TableM4[[#This Row],[Right]],2)))),TableLasers[],COLUMN(TableLasers[S-DPH]),FALSE),LEFT(TableM4[[#This Row],[Up]],2)*VLOOKUP(VALUE(TRIM(CLEAN(RIGHT(TableM4[[#This Row],[Up]],2)))),TableLasers[],COLUMN(TableLasers[S-DPH]),FALSE),LEFT(TableM4[[#This Row],[Down]],2)*VLOOKUP(VALUE(TRIM(CLEAN(RIGHT(TableM4[[#This Row],[Down]],2)))),TableLasers[],COLUMN(TableLasers[S-DPH]),FALSE))","v":8100},{"$f":"SUM(LEFT(TableM4[[#This Row],[Main]],2)*VLOOKUP(VALUE(TRIM(CLEAN(RIGHT(TableM4[[#This Row],[Main]],2)))),TableLasers[],COLUMN(TableLasers[H-DPH]),FALSE),LEFT(TableM4[[#This Row],[Front]],2)*VLOOKUP(VALUE(TRIM(CLEAN(RIGHT(TableM4[[#This Row],[Front]],2)))),TableLasers[],COLUMN(TableLasers[H-DPH]),FALSE),LEFT(TableM4[[#This Row],[Back]],2)*VLOOKUP(VALUE(TRIM(CLEAN(RIGHT(TableM4[[#This Row],[Back]],2)))),TableLasers[],COLUMN(TableLasers[H-DPH]),FALSE),LEFT(TableM4[[#This Row],[Left]],2)*VLOOKUP(VALUE(TRIM(CLEAN(RIGHT(TableM4[[#This Row],[Left]],2)))),TableLasers[],COLUMN(TableLasers[H-DPH]),FALSE),LEFT(TableM4[[#This Row],[Right]],2)*VLOOKUP(VALUE(TRIM(CLEAN(RIGHT(TableM4[[#This Row],[Right]],2)))),TableLasers[],COLUMN(TableLasers[H-DPH]),FALSE),LEFT(TableM4[[#This Row],[Up]],2)*VLOOKUP(VALUE(TRIM(CLEAN(RIGHT(TableM4[[#This Row],[Up]],2)))),TableLasers[],COLUMN(TableLasers[H-DPH]),FALSE),LEFT(TableM4[[#This Row],[Down]],2)*VLOOKUP(VALUE(TRIM(CLEAN(RIGHT(TableM4[[#This Row],[Down]],2)))),TableLasers[],COLUMN(TableLasers[H-DPH]),FALSE))","v":72},"06::08","00::00","00::00","00::00","00::00","00::00","00::00",6,null,null,null,null,null,null,"0,1,5,8,9,2",null,null,null,null,null,null,"0,35"]
[361,"Terran","M4","#deca.deaf (speak dekka-def)",null,331,82.75,57,"M",4200,"5 MJ ",6,550,18.254837531945999,8,3650,91.228099999999998,114,0,{"$f":"SUM(LEFT(TableM4[[#This Row],[Main]],2)*VLOOKUP(VALUE(TRIM(CLEAN(RIGHT(TableM4[[#This Row],[Main]],2)))),TableLasers[],COLUMN(TableLasers[S-DPH]),FALSE),LEFT(TableM4[[#This Row],[Front]],2)*VLOOKUP(VALUE(TRIM(CLEAN(RIGHT(TableM4[[#This Row],[Front]],2)))),TableLasers[],COLUMN(TableLasers[S-DPH]),FALSE),LEFT(TableM4[[#This Row],[Back]],2)*VLOOKUP(VALUE(TRIM(CLEAN(RIGHT(TableM4[[#This Row],[Back]],2)))),TableLasers[],COLUMN(TableLasers[S-DPH]),FALSE),LEFT(TableM4[[#This Row],[Left]],2)*VLOOKUP(VALUE(TRIM(CLEAN(RIGHT(TableM4[[#This Row],[Left]],2)))),TableLasers[],COLUMN(TableLasers[S-DPH]),FALSE),LEFT(TableM4[[#This Row],[Right]],2)*VLOOKUP(VALUE(TRIM(CLEAN(RIGHT(TableM4[[#This Row],[Right]],2)))),TableLasers[],COLUMN(TableLasers[S-DPH]),FALSE),LEFT(TableM4[[#This Row],[Up]],2)*VLOOKUP(VALUE(TRIM(CLEAN(RIGHT(TableM4[[#This Row],[Up]],2)))),TableLasers[],COLUMN(TableLasers[S-DPH]),FALSE),LEFT(TableM4[[#This Row],[Down]],2)*VLOOKUP(VALUE(TRIM(CLEAN(RIGHT(TableM4[[#This Row],[Down]],2)))),TableLasers[],COLUMN(TableLasers[S-DPH]),FALSE))","v":13920},{"$f":"SUM(LEFT(TableM4[[#This Row],[Main]],2)*VLOOKUP(VALUE(TRIM(CLEAN(RIGHT(TableM4[[#This Row],[Main]],2)))),TableLasers[],COLUMN(TableLasers[H-DPH]),FALSE),LEFT(TableM4[[#This Row],[Front]],2)*VLOOKUP(VALUE(TRIM(CLEAN(RIGHT(TableM4[[#This Row],[Front]],2)))),TableLasers[],COLUMN(TableLasers[H-DPH]),FALSE),LEFT(TableM4[[#This Row],[Back]],2)*VLOOKUP(VALUE(TRIM(CLEAN(RIGHT(TableM4[[#This Row],[Back]],2)))),TableLasers[],COLUMN(TableLasers[H-DPH]),FALSE),LEFT(TableM4[[#This Row],[Left]],2)*VLOOKUP(VALUE(TRIM(CLEAN(RIGHT(TableM4[[#This Row],[Left]],2)))),TableLasers[],COLUMN(TableLasers[H-DPH]),FALSE),LEFT(TableM4[[#This Row],[Right]],2)*VLOOKUP(VALUE(TRIM(CLEAN(RIGHT(TableM4[[#This Row],[Right]],2)))),TableLasers[],COLUMN(TableLasers[H-DPH]),FALSE),LEFT(TableM4[[#This Row],[Up]],2)*VLOOKUP(VALUE(TRIM(CLEAN(RIGHT(TableM4[[#This Row],[Up]],2)))),TableLasers[],COLUMN(TableLasers[H-DPH]),FALSE),LEFT(TableM4[[#This Row],[Down]],2)*VLOOKUP(VALUE(TRIM(CLEAN(RIGHT(TableM4[[#This Row],[Down]],2)))),TableLasers[],COLUMN(TableLasers[H-DPH]),FALSE))","v":2718},"06::45","00::00","00::00","00::00","00::00","00::00","00::00",6,null,2,null,null,null,null,45]
[455,null,"M4","zzPLACEHOLDER","Advanced",263.71839999999997,82.412000000000006,48,"M",2350,"5 MJ ",4,175,36.509675063891898,4,2025,51.200099999999999,90,0,{"$f":"SUM(LEFT(TableM4[[#This Row],[Main]],2)*VLOOKUP(VALUE(TRIM(CLEAN(RIGHT(TableM4[[#This Row],[Main]],2)))),TableLasers[],COLUMN(TableLasers[S-DPH]),FALSE),LEFT(TableM4[[#This Row],[Front]],2)*VLOOKUP(VALUE(TRIM(CLEAN(RIGHT(TableM4[[#This Row],[Front]],2)))),TableLasers[],COLUMN(TableLasers[S-DPH]),FALSE),LEFT(TableM4[[#This Row],[Back]],2)*VLOOKUP(VALUE(TRIM(CLEAN(RIGHT(TableM4[[#This Row],[Back]],2)))),TableLasers[],COLUMN(TableLasers[S-DPH]),FALSE),LEFT(TableM4[[#This Row],[Left]],2)*VLOOKUP(VALUE(TRIM(CLEAN(RIGHT(TableM4[[#This Row],[Left]],2)))),TableLasers[],COLUMN(TableLasers[S-DPH]),FALSE),LEFT(TableM4[[#This Row],[Right]],2)*VLOOKUP(VALUE(TRIM(CLEAN(RIGHT(TableM4[[#This Row],[Right]],2)))),TableLasers[],COLUMN(TableLasers[S-DPH]),FALSE),LEFT(TableM4[[#This Row],[Up]],2)*VLOOKUP(VALUE(TRIM(CLEAN(RIGHT(TableM4[[#This Row],[Up]],2)))),TableLasers[],COLUMN(TableLasers[S-DPH]),FALSE),LEFT(TableM4[[#This Row],[Down]],2)*VLOOKUP(VALUE(TRIM(CLEAN(RIGHT(TableM4[[#This Row],[Down]],2)))),TableLasers[],COLUMN(TableLasers[S-DPH]),FALSE))","v":0},{"$f":"SUM(LEFT(TableM4[[#This Row],[Main]],2)*VLOOKUP(VALUE(TRIM(CLEAN(RIGHT(TableM4[[#This Row],[Main]],2)))),TableLasers[],COLUMN(TableLasers[H-DPH]),FALSE),LEFT(TableM4[[#This Row],[Front]],2)*VLOOKUP(VALUE(TRIM(CLEAN(RIGHT(TableM4[[#This Row],[Front]],2)))),TableLasers[],COLUMN(TableLasers[H-DPH]),FALSE),LEFT(TableM4[[#This Row],[Back]],2)*VLOOKUP(VALUE(TRIM(CLEAN(RIGHT(TableM4[[#This Row],[Back]],2)))),TableLasers[],COLUMN(TableLasers[H-DPH]),FALSE),LEFT(TableM4[[#This Row],[Left]],2)*VLOOKUP(VALUE(TRIM(CLEAN(RIGHT(TableM4[[#This Row],[Left]],2)))),TableLasers[],COLUMN(TableLasers[H-DPH]),FALSE),LEFT(TableM4[[#This Row],[Right]],2)*VLOOKUP(VALUE(TRIM(CLEAN(RIGHT(TableM4[[#This Row],[Right]],2)))),TableLasers[],COLUMN(TableLasers[H-DPH]),FALSE),LEFT(TableM4[[#This Row],[Up]],2)*VLOOKUP(VALUE(TRIM(CLEAN(RIGHT(TableM4[[#This Row],[Up]],2)))),TableLasers[],COLUMN(TableLasers[H-DPH]),FALSE),LEFT(TableM4[[#This Row],[Down]],2)*VLOOKUP(VALUE(TRIM(CLEAN(RIGHT(TableM4[[#This Row],[Down]],2)))),TableLasers[],COLUMN(TableLasers[H-DPH]),FALSE))","v":0},"00::42","00::00","00::00","00::00","00::00","00::00","00::00",null,4,null,null,null,null,null,42]
[463,"Argon","M4","Buster","Mk I",282.3184,100.828,45,"M",2975,"5 MJ ",2,200,18.254837531945999,4,1837,44.076977999999997,100,0,{"$f":"SUM(LEFT(TableM4[[#This Row],[Main]],2)*VLOOKUP(VALUE(TRIM(CLEAN(RIGHT(TableM4[[#This Row],[Main]],2)))),TableLasers[],COLUMN(TableLasers[S-DPH]),FALSE),LEFT(TableM4[[#This Row],[Front]],2)*VLOOKUP(VALUE(TRIM(CLEAN(RIGHT(TableM4[[#This Row],[Front]],2)))),TableLasers[],COLUMN(TableLasers[S-DPH]),FALSE),LEFT(TableM4[[#This Row],[Back]],2)*VLOOKUP(VALUE(TRIM(CLEAN(RIGHT(TableM4[[#This Row],[Back]],2)))),TableLasers[],COLUMN(TableLasers[S-DPH]),FALSE),LEFT(TableM4[[#This Row],[Left]],2)*VLOOKUP(VALUE(TRIM(CLEAN(RIGHT(TableM4[[#This Row],[Left]],2)))),TableLasers[],COLUMN(TableLasers[S-DPH]),FALSE),LEFT(TableM4[[#This Row],[Right]],2)*VLOOKUP(VALUE(TRIM(CLEAN(RIGHT(TableM4[[#This Row],[Right]],2)))),TableLasers[],COLUMN(TableLasers[S-DPH]),FALSE),LEFT(TableM4[[#This Row],[Up]],2)*VLOOKUP(VALUE(TRIM(CLEAN(RIGHT(TableM4[[#This Row],[Up]],2)))),TableLasers[],COLUMN(TableLasers[S-DPH]),FALSE),LEFT(TableM4[[#This Row],[Down]],2)*VLOOKUP(VALUE(TRIM(CLEAN(RIGHT(TableM4[[#This Row],[Down]],2)))),TableLasers[],COLUMN(TableLasers[S-DPH]),FALSE))","v":4320},{"$f":"SUM(LEFT(TableM4[[#This Row],[Main]],2)*VLOOKUP(VALUE(TRIM(CLEAN(RIGHT(TableM4[[#This Row],[Main]],2)))),TableLasers[],COLUMN(TableLasers[H-DPH]),FALSE),LEFT(TableM4[[#This Row],[Front]],2)*VLOOKUP(VALUE(TRIM(CLEAN(RIGHT(TableM4[[#This Row],[Front]],2)))),TableLasers[],COLUMN(TableLasers[H-DPH]),FALSE),LEFT(TableM4[[#This Row],[Back]],2)*VLOOKUP(VALUE(TRIM(CLEAN(RIGHT(TableM4[[#This Row],[Back]],2)))),TableLasers[],COLUMN(TableLasers[H-DPH]),FALSE),LEFT(TableM4[[#This Row],[Left]],2)*VLOOKUP(VALUE(TRIM(CLEAN(RIGHT(TableM4[[#This Row],[Left]],2)))),TableLasers[],COLUMN(TableLasers[H-DPH]),FALSE),LEFT(TableM4[[#This Row],[Right]],2)*VLOOKUP(VALUE(TRIM(CLEAN(RIGHT(TableM4[[#This Row],[Right]],2)))),TableLasers[],COLUMN(TableLasers[H-DPH]),FALSE),LEFT(TableM4[[#This Row],[Up]],2)*VLOOKUP(VALUE(TRIM(CLEAN(RIGHT(TableM4[[#This Row],[Up]],2)))),TableLasers[],COLUMN(TableLasers[H-DPH]),FALSE),LEFT(TableM4[[#This Row],[Down]],2)*VLOOKUP(VALUE(TRIM(CLEAN(RIGHT(TableM4[[#This Row],[Down]],2)))),TableLasers[],COLUMN(TableLasers[H-DPH]),FALSE))","v":800},"04::04","00::00","00::00","00::00","00::00","00::00","00::00",4,null,null,null,null,null,null,"0,1,3,4",null,null,null,null,null,null,"0,35"]
[470,"Boron","M4","Mako","Mk I",314.99799999999999,108.62,41,"M",3977,"5 MJ ",3,390,18.254837531945999,4,1587,36.491478000000001,208,0,{"$f":"SUM(LEFT(TableM4[[#This Row],[Main]],2)*VLOOKUP(VALUE(TRIM(CLEAN(RIGHT(TableM4[[#This Row],[Main]],2)))),TableLasers[],COLUMN(TableLasers[S-DPH]),FALSE),LEFT(TableM4[[#This Row],[Front]],2)*VLOOKUP(VALUE(TRIM(CLEAN(RIGHT(TableM4[[#This Row],[Front]],2)))),TableLasers[],COLUMN(TableLasers[S-DPH]),FALSE),LEFT(TableM4[[#This Row],[Back]],2)*VLOOKUP(VALUE(TRIM(CLEAN(RIGHT(TableM4[[#This Row],[Back]],2)))),TableLasers[],COLUMN(TableLasers[S-DPH]),FALSE),LEFT(TableM4[[#This Row],[Left]],2)*VLOOKUP(VALUE(TRIM(CLEAN(RIGHT(TableM4[[#This Row],[Left]],2)))),TableLasers[],COLUMN(TableLasers[S-DPH]),FALSE),LEFT(TableM4[[#This Row],[Right]],2)*VLOOKUP(VALUE(TRIM(CLEAN(RIGHT(TableM4[[#This Row],[Right]],2)))),TableLasers[],COLUMN(TableLasers[S-DPH]),FALSE),LEFT(TableM4[[#This Row],[Up]],2)*VLOOKUP(VALUE(TRIM(CLEAN(RIGHT(TableM4[[#This Row],[Up]],2)))),TableLasers[],COLUMN(TableLasers[S-DPH]),FALSE),LEFT(TableM4[[#This Row],[Down]],2)*VLOOKUP(VALUE(TRIM(CLEAN(RIGHT(TableM4[[#This Row],[Down]],2)))),TableLasers[],COLUMN(TableLasers[S-DPH]),FALSE))","v":5400},{"$f":"SUM(LEFT(TableM4[[#This Row],[Main]],2)*VLOOKUP(VALUE(TRIM(CLEAN(RIGHT(TableM4[[#This Row],[Main]],2)))),TableLasers[],COLUMN(TableLasers[H-DPH]),FALSE),LEFT(TableM4[[#This Row],[Front]],2)*VLOOKUP(VALUE(TRIM(CLEAN(RIGHT(TableM4[[#This Row],[Front]],2)))),TableLasers[],COLUMN(TableLasers[H-DPH]),FALSE),LEFT(TableM4[[#This Row],[Back]],2)*VLOOKUP(VALUE(TRIM(CLEAN(RIGHT(TableM4[[#This Row],[Back]],2)))),TableLasers[],COLUMN(TableLasers[H-DPH]),FALSE),LEFT(TableM4[[#This Row],[Left]],2)*VLOOKUP(VALUE(TRIM(CLEAN(RIGHT(TableM4[[#This Row],[Left]],2)))),TableLasers[],COLUMN(TableLasers[H-DPH]),FALSE),LEFT(TableM4[[#This Row],[Right]],2)*VLOOKUP(VALUE(TRIM(CLEAN(RIGHT(TableM4[[#This Row],[Right]],2)))),TableLasers[],COLUMN(TableLasers[H-DPH]),FALSE),LEFT(TableM4[[#This Row],[Up]],2)*VLOOKUP(VALUE(TRIM(CLEAN(RIGHT(TableM4[[#This Row],[Up]],2)))),TableLasers[],COLUMN(TableLasers[H-DPH]),FALSE),LEFT(TableM4[[#This Row],[Down]],2)*VLOOKUP(VALUE(TRIM(CLEAN(RIGHT(TableM4[[#This Row],[Down]],2)))),TableLasers[],COLUMN(TableLasers[H-DPH]),FALSE))","v":48},"04::08","00::00","00::00","00::00","00::00","00::00","00::00",4,null,null,null,null,null,null,"0,1,8",null,null,null,null,null,null,"0,35"]
[478,"Teladi","M4","Buzzard","Mk I",234.5616,90.215999999999994,30,"M",3870,"5 MJ ",5,245,36.509675063891898,4,1837,44.076977999999997,250,0,{"$f":"SUM(LEFT(TableM4[[#This Row],[Main]],2)*VLOOKUP(VALUE(TRIM(CLEAN(RIGHT(TableM4[[#This Row],[Main]],2)))),TableLasers[],COLUMN(TableLasers[S-DPH]),FALSE),LEFT(TableM4[[#This Row],[Front]],2)*VLOOKUP(VALUE(TRIM(CLEAN(RIGHT(TableM4[[#This Row],[Front]],2)))),TableLasers[],COLUMN(TableLasers[S-DPH]),FALSE),LEFT(TableM4[[#This Row],[Back]],2)*VLOOKUP(VALUE(TRIM(CLEAN(RIGHT(TableM4[[#This Row],[Back]],2)))),TableLasers[],COLUMN(TableLasers[S-DPH]),FALSE),LEFT(TableM4[[#This Row],[Left]],2)*VLOOKUP(VALUE(TRIM(CLEAN(RIGHT(TableM4[[#This Row],[Left]],2)))),TableLasers[],COLUMN(TableLasers[S-DPH]),FALSE),LEFT(TableM4[[#This Row],[Right]],2)*VLOOKUP(VALUE(TRIM(CLEAN(RIGHT(TableM4[[#This Row],[Right]],2)))),TableLasers[],COLUMN(TableLasers[S-DPH]),FALSE),LEFT(TableM4[[#This Row],[Up]],2)*VLOOKUP(VALUE(TRIM(CLEAN(RIGHT(TableM4[[#This Row],[Up]],2)))),TableLasers[],COLUMN(TableLasers[S-DPH]),FALSE),LEFT(TableM4[[#This Row],[Down]],2)*VLOOKUP(VALUE(TRIM(CLEAN(RIGHT(TableM4[[#This Row],[Down]],2)))),TableLasers[],COLUMN(TableLasers[S-DPH]),FALSE))","v":2748},{"$f":"SUM(LEFT(TableM4[[#This Row],[Main]],2)*VLOOKUP(VALUE(TRIM(CLEAN(RIGHT(TableM4[[#This Row],[Main]],2)))),TableLasers[],COLUMN(TableLasers[H-DPH]),FALSE),LEFT(TableM4[[#This Row],[Front]],2)*VLOOKUP(VALUE(TRIM(CLEAN(RIGHT(TableM4[[#This Row],[Front]],2)))),TableLasers[],COLUMN(TableLasers[H-DPH]),FALSE),LEFT(TableM4[[#This Row],[Back]],2)*VLOOKUP(VALUE(TRIM(CLEAN(RIGHT(TableM4[[#This Row],[Back]],2)))),TableLasers[],COLUMN(TableLasers[H-DPH]),FALSE),LEFT(TableM4[[#This Row],[Left]],2)*VLOOKUP(VALUE(TRIM(CLEAN(RIGHT(TableM4[[#This Row],[Left]],2)))),TableLasers[],COLUMN(TableLasers[H-DPH]),FALSE),LEFT(TableM4[[#This Row],[Right]],2)*VLOOKUP(VALUE(TRIM(CLEAN(RIGHT(TableM4[[#This Row],[Right]],2)))),TableLasers[],COLUMN(TableLasers[H-DPH]),FALSE),LEFT(TableM4[[#This Row],[Up]],2)*VLOOKUP(VALUE(TRIM(CLEAN(RIGHT(TableM4[[#This Row],[Up]],2)))),TableLasers[],COLUMN(TableLasers[H-DPH]),FALSE),LEFT(TableM4[[#This Row],[Down]],2)*VLOOKUP(VALUE(TRIM(CLEAN(RIGHT(TableM4[[#This Row],[Down]],2)))),TableLasers[],COLUMN(TableLasers[H-DPH]),FALSE))","v":508},"04::05","00::00","00::00","00::00","00::00","00::00","00::00",4,null,null,null,null,null,null,"0,1,5",null,null,null,null,null,null,"0,35"]
[484,"Split","M4","Scorpion","Mk I",376.84840000000003,121.56399999999999,38,"M",2380,"1 MJ ",3,105,7.9744816586921896,4,2337,56.073977999999997,100,0,{"$f":"SUM(LEFT(TableM4[[#This Row],[Main]],2)*VLOOKUP(VALUE(TRIM(CLEAN(RIGHT(TableM4[[#This Row],[Main]],2)))),TableLasers[],COLUMN(TableLasers[S-DPH]),FALSE),LEFT(TableM4[[#This Row],[Front]],2)*VLOOKUP(VALUE(TRIM(CLEAN(RIGHT(TableM4[[#This Row],[Front]],2)))),TableLasers[],COLUMN(TableLasers[S-DPH]),FALSE),LEFT(TableM4[[#This Row],[Back]],2)*VLOOKUP(VALUE(TRIM(CLEAN(RIGHT(TableM4[[#This Row],[Back]],2)))),TableLasers[],COLUMN(TableLasers[S-DPH]),FALSE),LEFT(TableM4[[#This Row],[Left]],2)*VLOOKUP(VALUE(TRIM(CLEAN(RIGHT(TableM4[[#This Row],[Left]],2)))),TableLasers[],COLUMN(TableLasers[S-DPH]),FALSE),LEFT(TableM4[[#This Row],[Right]],2)*VLOOKUP(VALUE(TRIM(CLEAN(RIGHT(TableM4[[#This Row],[Right]],2)))),TableLasers[],COLUMN(TableLasers[S-DPH]),FALSE),LEFT(TableM4[[#This Row],[Up]],2)*VLOOKUP(VALUE(TRIM(CLEAN(RIGHT(TableM4[[#This Row],[Up]],2)))),TableLasers[],COLUMN(TableLasers[S-DPH]),FALSE),LEFT(TableM4[[#This Row],[Down]],2)*VLOOKUP(VALUE(TRIM(CLEAN(RIGHT(TableM4[[#This Row],[Down]],2)))),TableLasers[],COLUMN(TableLasers[S-DPH]),FALSE))","v":2560},{"$f":"SUM(LEFT(TableM4[[#This Row],[Main]],2)*VLOOKUP(VALUE(TRIM(CLEAN(RIGHT(TableM4[[#This Row],[Main]],2)))),TableLasers[],COLUMN(TableLasers[H-DPH]),FALSE),LEFT(TableM4[[#This Row],[Front]],2)*VLOOKUP(VALUE(TRIM(CLEAN(RIGHT(TableM4[[#This Row],[Front]],2)))),TableLasers[],COLUMN(TableLasers[H-DPH]),FALSE),LEFT(TableM4[[#This Row],[Back]],2)*VLOOKUP(VALUE(TRIM(CLEAN(RIGHT(TableM4[[#This Row],[Back]],2)))),TableLasers[],COLUMN(TableLasers[H-DPH]),FALSE),LEFT(TableM4[[#This Row],[Left]],2)*VLOOKUP(VALUE(TRIM(CLEAN(RIGHT(TableM4[[#This Row],[Left]],2)))),TableLasers[],COLUMN(TableLasers[H-DPH]),FALSE),LEFT(TableM4[[#This Row],[Right]],2)*VLOOKUP(VALUE(TRIM(CLEAN(RIGHT(TableM4[[#This Row],[Right]],2)))),TableLasers[],COLUMN(TableLasers[H-DPH]),FALSE),LEFT(TableM4[[#This Row],[Up]],2)*VLOOKUP(VALUE(TRIM(CLEAN(RIGHT(TableM4[[#This Row],[Up]],2)))),TableLasers[],COLUMN(TableLasers[H-DPH]),FALSE),LEFT(TableM4[[#This Row],[Down]],2)*VLOOKUP(VALUE(TRIM(CLEAN(RIGHT(TableM4[[#This Row],[Down]],2)))),TableLasers[],COLUMN(TableLasers[H-DPH]),FALSE))","v":480},"04::01","00::00","00::00","00::00","00::00","00::00","00::00",4,null,null,null,null,null,null,"0,1,9",null,null,null,null,null,null,"0,35"]
[490,"Paranid","M4","Pericles","Mk I",287.44799999999998,99.12,41,"M",2975,"5 MJ ",2,230,18.254837531945999,4,1887,45.276677999999997,95,0,{"$f":"SUM(LEFT(TableM4[[#This Row],[Main]],2)*VLOOKUP(VALUE(TRIM(CLEAN(RIGHT(TableM4[[#This Row],[Main]],2)))),TableLasers[],COLUMN(TableLasers[S-DPH]),FALSE),LEFT(TableM4[[#This Row],[Front]],2)*VLOOKUP(VALUE(TRIM(CLEAN(RIGHT(TableM4[[#This Row],[Front]],2)))),TableLasers[],COLUMN(TableLasers[S-DPH]),FALSE),LEFT(TableM4[[#This Row],[Back]],2)*VLOOKUP(VALUE(TRIM(CLEAN(RIGHT(TableM4[[#This Row],[Back]],2)))),TableLasers[],COLUMN(TableLasers[S-DPH]),FALSE),LEFT(TableM4[[#This Row],[Left]],2)*VLOOKUP(VALUE(TRIM(CLEAN(RIGHT(TableM4[[#This Row],[Left]],2)))),TableLasers[],COLUMN(TableLasers[S-DPH]),FALSE),LEFT(TableM4[[#This Row],[Right]],2)*VLOOKUP(VALUE(TRIM(CLEAN(RIGHT(TableM4[[#This Row],[Right]],2)))),TableLasers[],COLUMN(TableLasers[S-DPH]),FALSE),LEFT(TableM4[[#This Row],[Up]],2)*VLOOKUP(VALUE(TRIM(CLEAN(RIGHT(TableM4[[#This Row],[Up]],2)))),TableLasers[],COLUMN(TableLasers[S-DPH]),FALSE),LEFT(TableM4[[#This Row],[Down]],2)*VLOOKUP(VALUE(TRIM(CLEAN(RIGHT(TableM4[[#This Row],[Down]],2)))),TableLasers[],COLUMN(TableLasers[S-DPH]),FALSE))","v":5320},{"$f":"SUM(LEFT(TableM4[[#This Row],[Main]],2)*VLOOKUP(VALUE(TRIM(CLEAN(RIGHT(TableM4[[#This Row],[Main]],2)))),TableLasers[],COLUMN(TableLasers[H-DPH]),FALSE),LEFT(TableM4[[#This Row],[Front]],2)*VLOOKUP(VALUE(TRIM(CLEAN(RIGHT(TableM4[[#This Row],[Front]],2)))),TableLasers[],COLUMN(TableLasers[H-DPH]),FALSE),LEFT(TableM4[[#This Row],[Back]],2)*VLOOKUP(VALUE(TRIM(CLEAN(RIGHT(TableM4[[#This Row],[Back]],2)))),TableLasers[],COLUMN(TableLasers[H-DPH]),FALSE),LEFT(TableM4[[#This Row],[Left]],2)*VLOOKUP(VALUE(TRIM(CLEAN(RIGHT(TableM4[[#This Row],[Left]],2)))),TableLasers[],COLUMN(TableLasers[H-DPH]),FALSE),LEFT(TableM4[[#This Row],[Right]],2)*VLOOKUP(VALUE(TRIM(CLEAN(RIGHT(TableM4[[#This Row],[Right]],2)))),TableLasers[],COLUMN(TableLasers[H-DPH]),FALSE),LEFT(TableM4[[#This Row],[Up]],2)*VLOOKUP(VALUE(TRIM(CLEAN(RIGHT(TableM4[[#This Row],[Up]],2)))),TableLasers[],COLUMN(TableLasers[H-DPH]),FALSE),LEFT(TableM4[[#This Row],[Down]],2)*VLOOKUP(VALUE(TRIM(CLEAN(RIGHT(TableM4[[#This Row],[Down]],2)))),TableLasers[],COLUMN(TableLasers[H-DPH]),FALSE))","v":976},"04::07","00::00","00::00","00::00","00::00","00::00","00::00",4,null,null,null,null,null,null,"0,1,7",null,null,null,null,null,null,"0,35"]
[496,null,"M4","M","Mk I",284.94900000000001,189.96600000000001,57,"M",3700,"5 MJ ",4,320,36.509675063891898,4,1250,68.742500000000007,100,0,{"$f":"SUM(LEFT(TableM4[[#This Row],[Main]],2)*VLOOKUP(VALUE(TRIM(CLEAN(RIGHT(TableM4[[#This Row],[Main]],2)))),TableLasers[],COLUMN(TableLasers[S-DPH]),FALSE),LEFT(TableM4[[#This Row],[Front]],2)*VLOOKUP(VALUE(TRIM(CLEAN(RIGHT(TableM4[[#This Row],[Front]],2)))),TableLasers[],COLUMN(TableLasers[S-DPH]),FALSE),LEFT(TableM4[[#This Row],[Back]],2)*VLOOKUP(VALUE(TRIM(CLEAN(RIGHT(TableM4[[#This Row],[Back]],2)))),TableLasers[],COLUMN(TableLasers[S-DPH]),FALSE),LEFT(TableM4[[#This Row],[Left]],2)*VLOOKUP(VALUE(TRIM(CLEAN(RIGHT(TableM4[[#This Row],[Left]],2)))),TableLasers[],COLUMN(TableLasers[S-DPH]),FALSE),LEFT(TableM4[[#This Row],[Right]],2)*VLOOKUP(VALUE(TRIM(CLEAN(RIGHT(TableM4[[#This Row],[Right]],2)))),TableLasers[],COLUMN(TableLasers[S-DPH]),FALSE),LEFT(TableM4[[#This Row],[Up]],2)*VLOOKUP(VALUE(TRIM(CLEAN(RIGHT(TableM4[[#This Row],[Up]],2)))),TableLasers[],COLUMN(TableLasers[S-DPH]),FALSE),LEFT(TableM4[[#This Row],[Down]],2)*VLOOKUP(VALUE(TRIM(CLEAN(RIGHT(TableM4[[#This Row],[Down]],2)))),TableLasers[],COLUMN(TableLasers[S-DPH]),FALSE))","v":9280},{"$f":"SUM(LEFT(TableM4[[#This Row],[Main]],2)*VLOOKUP(VALUE(TRIM(CLEAN(RIGHT(TableM4[[#This Row],[Main]],2)))),TableLasers[],COLUMN(TableLasers[H-DPH]),FALSE),LEFT(TableM4[[#This Row],[Front]],2)*VLOOKUP(VALUE(TRIM(CLEAN(RIGHT(TableM4[[#This Row],[Front]],2)))),TableLasers[],COLUMN(TableLasers[H-DPH]),FALSE),LEFT(TableM4[[#This Row],[Back]],2)*VLOOKUP(VALUE(TRIM(CLEAN(RIGHT(TableM4[[#This Row],[Back]],2)))),TableLasers[],COLUMN(TableLasers[H-DPH]),FALSE),LEFT(TableM4[[#This Row],[Left]],2)*VLOOKUP(VALUE(TRIM(CLEAN(RIGHT(TableM4[[#This Row],[Left]],2)))),TableLasers[],COLUMN(TableLasers[H-DPH]),FALSE),LEFT(TableM4[[#This Row],[Right]],2)*VLOOKUP(VALUE(TRIM(CLEAN(RIGHT(TableM4[[#This Row],[Right]],2)))),TableLasers[],COLUMN(TableLasers[H-DPH]),FALSE),LEFT(TableM4[[#This Row],[Up]],2)*VLOOKUP(VALUE(TRIM(CLEAN(RIGHT(TableM4[[#This Row],[Up]],2)))),TableLasers[],COLUMN(TableLasers[H-DPH]),FALSE),LEFT(TableM4[[#This Row],[Down]],2)*VLOOKUP(VALUE(TRIM(CLEAN(RIGHT(TableM4[[#This Row],[Down]],2)))),TableLasers[],COLUMN(TableLasers[H-DPH]),FALSE))","v":1812},"04::11","00::00","00::00","00::00","00::00","00::00","00::00",4,null,null,null,null,null,null,"0,1,12,10,11",null,null,null,null,null,null,"0,35"]
[515,"ATF","M4","Hel(ALDRIN)",null,405,162,48,"M",2200,"25 MJ ",1,400,44.091710758377403,8,2700,80.500500000000002,120,0,{"$f":"SUM(LEFT(TableM4[[#This Row],[Main]],2)*VLOOKUP(VALUE(TRIM(CLEAN(RIGHT(TableM4[[#This Row],[Main]],2)))),TableLasers[],COLUMN(TableLasers[S-DPH]),FALSE),LEFT(TableM4[[#This Row],[Front]],2)*VLOOKUP(VALUE(TRIM(CLEAN(RIGHT(TableM4[[#This Row],[Front]],2)))),TableLasers[],COLUMN(TableLasers[S-DPH]),FALSE),LEFT(TableM4[[#This Row],[Back]],2)*VLOOKUP(VALUE(TRIM(CLEAN(RIGHT(TableM4[[#This Row],[Back]],2)))),TableLasers[],COLUMN(TableLasers[S-DPH]),FALSE),LEFT(TableM4[[#This Row],[Left]],2)*VLOOKUP(VALUE(TRIM(CLEAN(RIGHT(TableM4[[#This Row],[Left]],2)))),TableLasers[],COLUMN(TableLasers[S-DPH]),FALSE),LEFT(TableM4[[#This Row],[Right]],2)*VLOOKUP(VALUE(TRIM(CLEAN(RIGHT(TableM4[[#This Row],[Right]],2)))),TableLasers[],COLUMN(TableLasers[S-DPH]),FALSE),LEFT(TableM4[[#This Row],[Up]],2)*VLOOKUP(VALUE(TRIM(CLEAN(RIGHT(TableM4[[#This Row],[Up]],2)))),TableLasers[],COLUMN(TableLasers[S-DPH]),FALSE),LEFT(TableM4[[#This Row],[Down]],2)*VLOOKUP(VALUE(TRIM(CLEAN(RIGHT(TableM4[[#This Row],[Down]],2)))),TableLasers[],COLUMN(TableLasers[S-DPH]),FALSE))","v":18560},{"$f":"SUM(LEFT(TableM4[[#This Row],[Main]],2)*VLOOKUP(VALUE(TRIM(CLEAN(RIGHT(TableM4[[#This Row],[Main]],2)))),TableLasers[],COLUMN(TableLasers[H-DPH]),FALSE),LEFT(TableM4[[#This Row],[Front]],2)*VLOOKUP(VALUE(TRIM(CLEAN(RIGHT(TableM4[[#This Row],[Front]],2)))),TableLasers[],COLUMN(TableLasers[H-DPH]),FALSE),LEFT(TableM4[[#This Row],[Back]],2)*VLOOKUP(VALUE(TRIM(CLEAN(RIGHT(TableM4[[#This Row],[Back]],2)))),TableLasers[],COLUMN(TableLasers[H-DPH]),FALSE),LEFT(TableM4[[#This Row],[Left]],2)*VLOOKUP(VALUE(TRIM(CLEAN(RIGHT(TableM4[[#This Row],[Left]],2)))),TableLasers[],COLUMN(TableLasers[H-DPH]),FALSE),LEFT(TableM4[[#This Row],[Right]],2)*VLOOKUP(VALUE(TRIM(CLEAN(RIGHT(TableM4[[#This Row],[Right]],2)))),TableLasers[],COLUMN(TableLasers[H-DPH]),FALSE),LEFT(TableM4[[#This Row],[Up]],2)*VLOOKUP(VALUE(TRIM(CLEAN(RIGHT(TableM4[[#This Row],[Up]],2)))),TableLasers[],COLUMN(TableLasers[H-DPH]),FALSE),LEFT(TableM4[[#This Row],[Down]],2)*VLOOKUP(VALUE(TRIM(CLEAN(RIGHT(TableM4[[#This Row],[Down]],2)))),TableLasers[],COLUMN(TableLasers[H-DPH]),FALSE))","v":3624},"04::11","02::11","02::11","00::00","00::00","00::00","00::00",4,2,2,null,null,null,null,"10,11","10,11,29,35","10,11,29,35"]
[518,"Terran","M4","Chikyu",null,393,196.5,41,"M",2500,"25 MJ ",2,595,44.091710758377403,6,1900,47.5,80,0,{"$f":"SUM(LEFT(TableM4[[#This Row],[Main]],2)*VLOOKUP(VALUE(TRIM(CLEAN(RIGHT(TableM4[[#This Row],[Main]],2)))),TableLasers[],COLUMN(TableLasers[S-DPH]),FALSE),LEFT(TableM4[[#This Row],[Front]],2)*VLOOKUP(VALUE(TRIM(CLEAN(RIGHT(TableM4[[#This Row],[Front]],2)))),TableLasers[],COLUMN(TableLasers[S-DPH]),FALSE),LEFT(TableM4[[#This Row],[Back]],2)*VLOOKUP(VALUE(TRIM(CLEAN(RIGHT(TableM4[[#This Row],[Back]],2)))),TableLasers[],COLUMN(TableLasers[S-DPH]),FALSE),LEFT(TableM4[[#This Row],[Left]],2)*VLOOKUP(VALUE(TRIM(CLEAN(RIGHT(TableM4[[#This Row],[Left]],2)))),TableLasers[],COLUMN(TableLasers[S-DPH]),FALSE),LEFT(TableM4[[#This Row],[Right]],2)*VLOOKUP(VALUE(TRIM(CLEAN(RIGHT(TableM4[[#This Row],[Right]],2)))),TableLasers[],COLUMN(TableLasers[S-DPH]),FALSE),LEFT(TableM4[[#This Row],[Up]],2)*VLOOKUP(VALUE(TRIM(CLEAN(RIGHT(TableM4[[#This Row],[Up]],2)))),TableLasers[],COLUMN(TableLasers[S-DPH]),FALSE),LEFT(TableM4[[#This Row],[Down]],2)*VLOOKUP(VALUE(TRIM(CLEAN(RIGHT(TableM4[[#This Row],[Down]],2)))),TableLasers[],COLUMN(TableLasers[S-DPH]),FALSE))","v":13920},{"$f":"SUM(LEFT(TableM4[[#This Row],[Main]],2)*VLOOKUP(VALUE(TRIM(CLEAN(RIGHT(TableM4[[#This Row],[Main]],2)))),TableLasers[],COLUMN(TableLasers[H-DPH]),FALSE),LEFT(TableM4[[#This Row],[Front]],2)*VLOOKUP(VALUE(TRIM(CLEAN(RIGHT(TableM4[[#This Row],[Front]],2)))),TableLasers[],COLUMN(TableLasers[H-DPH]),FALSE),LEFT(TableM4[[#This Row],[Back]],2)*VLOOKUP(VALUE(TRIM(CLEAN(RIGHT(TableM4[[#This Row],[Back]],2)))),TableLasers[],COLUMN(TableLasers[H-DPH]),FALSE),LEFT(TableM4[[#This Row],[Left]],2)*VLOOKUP(VALUE(TRIM(CLEAN(RIGHT(TableM4[[#This Row],[Left]],2)))),TableLasers[],COLUMN(TableLasers[H-DPH]),FALSE),LEFT(TableM4[[#This Row],[Right]],2)*VLOOKUP(VALUE(TRIM(CLEAN(RIGHT(TableM4[[#This Row],[Right]],2)))),TableLasers[],COLUMN(TableLasers[H-DPH]),FALSE),LEFT(TableM4[[#This Row],[Up]],2)*VLOOKUP(VALUE(TRIM(CLEAN(RIGHT(TableM4[[#This Row],[Up]],2)))),TableLasers[],COLUMN(TableLasers[H-DPH]),FALSE),LEFT(TableM4[[#This Row],[Down]],2)*VLOOKUP(VALUE(TRIM(CLEAN(RIGHT(TableM4[[#This Row],[Down]],2)))),TableLasers[],COLUMN(TableLasers[H-DPH]),FALSE))","v":2718},"04::11","00::00","02::11","00::00","00::00","00::00","00::00",4,null,2,null,null,null,null,"10,11,29,35",null,"10,11,29,35",null,null,null,null,"27,36,37,38"]
[554,null,"M4","zzPLACEHOLDER KOG",null,200.8664,71.738,45,"M",3500,"5 MJ ",3,250,18.254837531945999,6,2050,51.237699999999997,108,0,{"$f":"SUM(LEFT(TableM4[[#This Row],[Main]],2)*VLOOKUP(VALUE(TRIM(CLEAN(RIGHT(TableM4[[#This Row],[Main]],2)))),TableLasers[],COLUMN(TableLasers[S-DPH]),FALSE),LEFT(TableM4[[#This Row],[Front]],2)*VLOOKUP(VALUE(TRIM(CLEAN(RIGHT(TableM4[[#This Row],[Front]],2)))),TableLasers[],COLUMN(TableLasers[S-DPH]),FALSE),LEFT(TableM4[[#This Row],[Back]],2)*VLOOKUP(VALUE(TRIM(CLEAN(RIGHT(TableM4[[#This Row],[Back]],2)))),TableLasers[],COLUMN(TableLasers[S-DPH]),FALSE),LEFT(TableM4[[#This Row],[Left]],2)*VLOOKUP(VALUE(TRIM(CLEAN(RIGHT(TableM4[[#This Row],[Left]],2)))),TableLasers[],COLUMN(TableLasers[S-DPH]),FALSE),LEFT(TableM4[[#This Row],[Right]],2)*VLOOKUP(VALUE(TRIM(CLEAN(RIGHT(TableM4[[#This Row],[Right]],2)))),TableLasers[],COLUMN(TableLasers[S-DPH]),FALSE),LEFT(TableM4[[#This Row],[Up]],2)*VLOOKUP(VALUE(TRIM(CLEAN(RIGHT(TableM4[[#This Row],[Up]],2)))),TableLasers[],COLUMN(TableLasers[S-DPH]),FALSE),LEFT(TableM4[[#This Row],[Down]],2)*VLOOKUP(VALUE(TRIM(CLEAN(RIGHT(TableM4[[#This Row],[Down]],2)))),TableLasers[],COLUMN(TableLasers[S-DPH]),FALSE))","v":13920},{"$f":"SUM(LEFT(TableM4[[#This Row],[Main]],2)*VLOOKUP(VALUE(TRIM(CLEAN(RIGHT(TableM4[[#This Row],[Main]],2)))),TableLasers[],COLUMN(TableLasers[H-DPH]),FALSE),LEFT(TableM4[[#This Row],[Front]],2)*VLOOKUP(VALUE(TRIM(CLEAN(RIGHT(TableM4[[#This Row],[Front]],2)))),TableLasers[],COLUMN(TableLasers[H-DPH]),FALSE),LEFT(TableM4[[#This Row],[Back]],2)*VLOOKUP(VALUE(TRIM(CLEAN(RIGHT(TableM4[[#This Row],[Back]],2)))),TableLasers[],COLUMN(TableLasers[H-DPH]),FALSE),LEFT(TableM4[[#This Row],[Left]],2)*VLOOKUP(VALUE(TRIM(CLEAN(RIGHT(TableM4[[#This Row],[Left]],2)))),TableLasers[],COLUMN(TableLasers[H-DPH]),FALSE),LEFT(TableM4[[#This Row],[Right]],2)*VLOOKUP(VALUE(TRIM(CLEAN(RIGHT(TableM4[[#This Row],[Right]],2)))),TableLasers[],COLUMN(TableLasers[H-DPH]),FALSE),LEFT(TableM4[[#This Row],[Up]],2)*VLOOKUP(VALUE(TRIM(CLEAN(RIGHT(TableM4[[#This Row],[Up]],2)))),TableLasers[],COLUMN(TableLasers[H-DPH]),FALSE),LEFT(TableM4[[#This Row],[Down]],2)*VLOOKUP(VALUE(TRIM(CLEAN(RIGHT(TableM4[[#This Row],[Down]],2)))),TableLasers[],COLUMN(TableLasers[H-DPH]),FALSE))","v":2718},"04::11","00::00","02::11","00::00","00::00","00::00","00::00",4,null,2,null,null,null,null,"0,1,12,3,4,10,11",null,"8,9,10,11,45,42",null,null,null,null,"0,35"]
[557,null,"M4","Buster","P",294,294,45,"M",3325,"5 MJ ",3,215,36.509675063891898,6,1900,47.488599999999998,53,0,{"$f":"SUM(LEFT(TableM4[[#This Row],[Main]],2)*VLOOKUP(VALUE(TRIM(CLEAN(RIGHT(TableM4[[#This Row],[Main]],2)))),TableLasers[],COLUMN(TableLasers[S-DPH]),FALSE),LEFT(TableM4[[#This Row],[Front]],2)*VLOOKUP(VALUE(TRIM(CLEAN(RIGHT(TableM4[[#This Row],[Front]],2)))),TableLasers[],COLUMN(TableLasers[S-DPH]),FALSE),LEFT(TableM4[[#This Row],[Back]],2)*VLOOKUP(VALUE(TRIM(CLEAN(RIGHT(TableM4[[#This Row],[Back]],2)))),TableLasers[],COLUMN(TableLasers[S-DPH]),FALSE),LEFT(TableM4[[#This Row],[Left]],2)*VLOOKUP(VALUE(TRIM(CLEAN(RIGHT(TableM4[[#This Row],[Left]],2)))),TableLasers[],COLUMN(TableLasers[S-DPH]),FALSE),LEFT(TableM4[[#This Row],[Right]],2)*VLOOKUP(VALUE(TRIM(CLEAN(RIGHT(TableM4[[#This Row],[Right]],2)))),TableLasers[],COLUMN(TableLasers[S-DPH]),FALSE),LEFT(TableM4[[#This Row],[Up]],2)*VLOOKUP(VALUE(TRIM(CLEAN(RIGHT(TableM4[[#This Row],[Up]],2)))),TableLasers[],COLUMN(TableLasers[S-DPH]),FALSE),LEFT(TableM4[[#This Row],[Down]],2)*VLOOKUP(VALUE(TRIM(CLEAN(RIGHT(TableM4[[#This Row],[Down]],2)))),TableLasers[],COLUMN(TableLasers[S-DPH]),FALSE))","v":6480},{"$f":"SUM(LEFT(TableM4[[#This Row],[Main]],2)*VLOOKUP(VALUE(TRIM(CLEAN(RIGHT(TableM4[[#This Row],[Main]],2)))),TableLasers[],COLUMN(TableLasers[H-DPH]),FALSE),LEFT(TableM4[[#This Row],[Front]],2)*VLOOKUP(VALUE(TRIM(CLEAN(RIGHT(TableM4[[#This Row],[Front]],2)))),TableLasers[],COLUMN(TableLasers[H-DPH]),FALSE),LEFT(TableM4[[#This Row],[Back]],2)*VLOOKUP(VALUE(TRIM(CLEAN(RIGHT(TableM4[[#This Row],[Back]],2)))),TableLasers[],COLUMN(TableLasers[H-DPH]),FALSE),LEFT(TableM4[[#This Row],[Left]],2)*VLOOKUP(VALUE(TRIM(CLEAN(RIGHT(TableM4[[#This Row],[Left]],2)))),TableLasers[],COLUMN(TableLasers[H-DPH]),FALSE),LEFT(TableM4[[#This Row],[Right]],2)*VLOOKUP(VALUE(TRIM(CLEAN(RIGHT(TableM4[[#This Row],[Right]],2)))),TableLasers[],COLUMN(TableLasers[H-DPH]),FALSE),LEFT(TableM4[[#This Row],[Up]],2)*VLOOKUP(VALUE(TRIM(CLEAN(RIGHT(TableM4[[#This Row],[Up]],2)))),TableLasers[],COLUMN(TableLasers[H-DPH]),FALSE),LEFT(TableM4[[#This Row],[Down]],2)*VLOOKUP(VALUE(TRIM(CLEAN(RIGHT(TableM4[[#This Row],[Down]],2)))),TableLasers[],COLUMN(TableLasers[H-DPH]),FALSE))","v":1200},"06::04","00::00","00::00","00::00","00::00","00::00","00::00",6,null,null,null,null,null,null,4,null,null,null,null,null,null,"0,35"]
[559,null,"M4","Mako","P",314,314,41,"M",5992,"5 MJ ",4,390,18.254837531945999,6,1220,30.4878,52,0,{"$f":"SUM(LEFT(TableM4[[#This Row],[Main]],2)*VLOOKUP(VALUE(TRIM(CLEAN(RIGHT(TableM4[[#This Row],[Main]],2)))),TableLasers[],COLUMN(TableLasers[S-DPH]),FALSE),LEFT(TableM4[[#This Row],[Front]],2)*VLOOKUP(VALUE(TRIM(CLEAN(RIGHT(TableM4[[#This Row],[Front]],2)))),TableLasers[],COLUMN(TableLasers[S-DPH]),FALSE),LEFT(TableM4[[#This Row],[Back]],2)*VLOOKUP(VALUE(TRIM(CLEAN(RIGHT(TableM4[[#This Row],[Back]],2)))),TableLasers[],COLUMN(TableLasers[S-DPH]),FALSE),LEFT(TableM4[[#This Row],[Left]],2)*VLOOKUP(VALUE(TRIM(CLEAN(RIGHT(TableM4[[#This Row],[Left]],2)))),TableLasers[],COLUMN(TableLasers[S-DPH]),FALSE),LEFT(TableM4[[#This Row],[Right]],2)*VLOOKUP(VALUE(TRIM(CLEAN(RIGHT(TableM4[[#This Row],[Right]],2)))),TableLasers[],COLUMN(TableLasers[S-DPH]),FALSE),LEFT(TableM4[[#This Row],[Up]],2)*VLOOKUP(VALUE(TRIM(CLEAN(RIGHT(TableM4[[#This Row],[Up]],2)))),TableLasers[],COLUMN(TableLasers[S-DPH]),FALSE),LEFT(TableM4[[#This Row],[Down]],2)*VLOOKUP(VALUE(TRIM(CLEAN(RIGHT(TableM4[[#This Row],[Down]],2)))),TableLasers[],COLUMN(TableLasers[S-DPH]),FALSE))","v":6480},{"$f":"SUM(LEFT(TableM4[[#This Row],[Main]],2)*VLOOKUP(VALUE(TRIM(CLEAN(RIGHT(TableM4[[#This Row],[Main]],2)))),TableLasers[],COLUMN(TableLasers[H-DPH]),FALSE),LEFT(TableM4[[#This Row],[Front]],2)*VLOOKUP(VALUE(TRIM(CLEAN(RIGHT(TableM4[[#This Row],[Front]],2)))),TableLasers[],COLUMN(TableLasers[H-DPH]),FALSE),LEFT(TableM4[[#This Row],[Back]],2)*VLOOKUP(VALUE(TRIM(CLEAN(RIGHT(TableM4[[#This Row],[Back]],2)))),TableLasers[],COLUMN(TableLasers[H-DPH]),FALSE),LEFT(TableM4[[#This Row],[Left]],2)*VLOOKUP(VALUE(TRIM(CLEAN(RIGHT(TableM4[[#This Row],[Left]],2)))),TableLasers[],COLUMN(TableLasers[H-DPH]),FALSE),LEFT(TableM4[[#This Row],[Right]],2)*VLOOKUP(VALUE(TRIM(CLEAN(RIGHT(TableM4[[#This Row],[Right]],2)))),TableLasers[],COLUMN(TableLasers[H-DPH]),FALSE),LEFT(TableM4[[#This Row],[Up]],2)*VLOOKUP(VALUE(TRIM(CLEAN(RIGHT(TableM4[[#This Row],[Up]],2)))),TableLasers[],COLUMN(TableLasers[H-DPH]),FALSE),LEFT(TableM4[[#This Row],[Down]],2)*VLOOKUP(VALUE(TRIM(CLEAN(RIGHT(TableM4[[#This Row],[Down]],2)))),TableLasers[],COLUMN(TableLasers[H-DPH]),FALSE))","v":1200},"06::04","00::00","00::00","00::00","00::00","00::00","00::00",6,null,null,null,null,null,null,4,null,null,null,null,null,null,"0,35"]
[561,null,"M4","Pericles","P",299,299,41,"M",3325,"5 MJ ",3,275,18.254837531945999,6,1700,42.489800000000002,48,0,{"$f":"SUM(LEFT(TableM4[[#This Row],[Main]],2)*VLOOKUP(VALUE(TRIM(CLEAN(RIGHT(TableM4[[#This Row],[Main]],2)))),TableLasers[],COLUMN(TableLasers[S-DPH]),FALSE),LEFT(TableM4[[#This Row],[Front]],2)*VLOOKUP(VALUE(TRIM(CLEAN(RIGHT(TableM4[[#This Row],[Front]],2)))),TableLasers[],COLUMN(TableLasers[S-DPH]),FALSE),LEFT(TableM4[[#This Row],[Back]],2)*VLOOKUP(VALUE(TRIM(CLEAN(RIGHT(TableM4[[#This Row],[Back]],2)))),TableLasers[],COLUMN(TableLasers[S-DPH]),FALSE),LEFT(TableM4[[#This Row],[Left]],2)*VLOOKUP(VALUE(TRIM(CLEAN(RIGHT(TableM4[[#This Row],[Left]],2)))),TableLasers[],COLUMN(TableLasers[S-DPH]),FALSE),LEFT(TableM4[[#This Row],[Right]],2)*VLOOKUP(VALUE(TRIM(CLEAN(RIGHT(TableM4[[#This Row],[Right]],2)))),TableLasers[],COLUMN(TableLasers[S-DPH]),FALSE),LEFT(TableM4[[#This Row],[Up]],2)*VLOOKUP(VALUE(TRIM(CLEAN(RIGHT(TableM4[[#This Row],[Up]],2)))),TableLasers[],COLUMN(TableLasers[S-DPH]),FALSE),LEFT(TableM4[[#This Row],[Down]],2)*VLOOKUP(VALUE(TRIM(CLEAN(RIGHT(TableM4[[#This Row],[Down]],2)))),TableLasers[],COLUMN(TableLasers[S-DPH]),FALSE))","v":7980},{"$f":"SUM(LEFT(TableM4[[#This Row],[Main]],2)*VLOOKUP(VALUE(TRIM(CLEAN(RIGHT(TableM4[[#This Row],[Main]],2)))),TableLasers[],COLUMN(TableLasers[H-DPH]),FALSE),LEFT(TableM4[[#This Row],[Front]],2)*VLOOKUP(VALUE(TRIM(CLEAN(RIGHT(TableM4[[#This Row],[Front]],2)))),TableLasers[],COLUMN(TableLasers[H-DPH]),FALSE),LEFT(TableM4[[#This Row],[Back]],2)*VLOOKUP(VALUE(TRIM(CLEAN(RIGHT(TableM4[[#This Row],[Back]],2)))),TableLasers[],COLUMN(TableLasers[H-DPH]),FALSE),LEFT(TableM4[[#This Row],[Left]],2)*VLOOKUP(VALUE(TRIM(CLEAN(RIGHT(TableM4[[#This Row],[Left]],2)))),TableLasers[],COLUMN(TableLasers[H-DPH]),FALSE),LEFT(TableM4[[#This Row],[Right]],2)*VLOOKUP(VALUE(TRIM(CLEAN(RIGHT(TableM4[[#This Row],[Right]],2)))),TableLasers[],COLUMN(TableLasers[H-DPH]),FALSE),LEFT(TableM4[[#This Row],[Up]],2)*VLOOKUP(VALUE(TRIM(CLEAN(RIGHT(TableM4[[#This Row],[Up]],2)))),TableLasers[],COLUMN(TableLasers[H-DPH]),FALSE),LEFT(TableM4[[#This Row],[Down]],2)*VLOOKUP(VALUE(TRIM(CLEAN(RIGHT(TableM4[[#This Row],[Down]],2)))),TableLasers[],COLUMN(TableLasers[H-DPH]),FALSE))","v":1464},"06::07","00::00","00::00","00::00","00::00","00::00","00::00",6,null,null,null,null,null,null,7,null,null,null,null,null,null,"0,35"]
[563,null,"M4","Scorpion","P",364.7,364.7,38,"M",2260,"5 MJ ",1,105,18.254837531945999,6,2640,65.984160000000003,50,0,{"$f":"SUM(LEFT(TableM4[[#This Row],[Main]],2)*VLOOKUP(VALUE(TRIM(CLEAN(RIGHT(TableM4[[#This Row],[Main]],2)))),TableLasers[],COLUMN(TableLasers[S-DPH]),FALSE),LEFT(TableM4[[#This Row],[Front]],2)*VLOOKUP(VALUE(TRIM(CLEAN(RIGHT(TableM4[[#This Row],[Front]],2)))),TableLasers[],COLUMN(TableLasers[S-DPH]),FALSE),LEFT(TableM4[[#This Row],[Back]],2)*VLOOKUP(VALUE(TRIM(CLEAN(RIGHT(TableM4[[#This Row],[Back]],2)))),TableLasers[],COLUMN(TableLasers[S-DPH]),FALSE),LEFT(TableM4[[#This Row],[Left]],2)*VLOOKUP(VALUE(TRIM(CLEAN(RIGHT(TableM4[[#This Row],[Left]],2)))),TableLasers[],COLUMN(TableLasers[S-DPH]),FALSE),LEFT(TableM4[[#This Row],[Right]],2)*VLOOKUP(VALUE(TRIM(CLEAN(RIGHT(TableM4[[#This Row],[Right]],2)))),TableLasers[],COLUMN(TableLasers[S-DPH]),FALSE),LEFT(TableM4[[#This Row],[Up]],2)*VLOOKUP(VALUE(TRIM(CLEAN(RIGHT(TableM4[[#This Row],[Up]],2)))),TableLasers[],COLUMN(TableLasers[S-DPH]),FALSE),LEFT(TableM4[[#This Row],[Down]],2)*VLOOKUP(VALUE(TRIM(CLEAN(RIGHT(TableM4[[#This Row],[Down]],2)))),TableLasers[],COLUMN(TableLasers[S-DPH]),FALSE))","v":3024},{"$f":"SUM(LEFT(TableM4[[#This Row],[Main]],2)*VLOOKUP(VALUE(TRIM(CLEAN(RIGHT(TableM4[[#This Row],[Main]],2)))),TableLasers[],COLUMN(TableLasers[H-DPH]),FALSE),LEFT(TableM4[[#This Row],[Front]],2)*VLOOKUP(VALUE(TRIM(CLEAN(RIGHT(TableM4[[#This Row],[Front]],2)))),TableLasers[],COLUMN(TableLasers[H-DPH]),FALSE),LEFT(TableM4[[#This Row],[Back]],2)*VLOOKUP(VALUE(TRIM(CLEAN(RIGHT(TableM4[[#This Row],[Back]],2)))),TableLasers[],COLUMN(TableLasers[H-DPH]),FALSE),LEFT(TableM4[[#This Row],[Left]],2)*VLOOKUP(VALUE(TRIM(CLEAN(RIGHT(TableM4[[#This Row],[Left]],2)))),TableLasers[],COLUMN(TableLasers[H-DPH]),FALSE),LEFT(TableM4[[#This Row],[Right]],2)*VLOOKUP(VALUE(TRIM(CLEAN(RIGHT(TableM4[[#This Row],[Right]],2)))),TableLasers[],COLUMN(TableLasers[H-DPH]),FALSE),LEFT(TableM4[[#This Row],[Up]],2)*VLOOKUP(VALUE(TRIM(CLEAN(RIGHT(TableM4[[#This Row],[Up]],2)))),TableLasers[],COLUMN(TableLasers[H-DPH]),FALSE),LEFT(TableM4[[#This Row],[Down]],2)*VLOOKUP(VALUE(TRIM(CLEAN(RIGHT(TableM4[[#This Row],[Down]],2)))),TableLasers[],COLUMN(TableLasers[H-DPH]),FALSE))","v":534},"06::09","00::00","00::00","00::00","00::00","00::00","00::00",6,null,null,null,null,null,null,9,null,null,null,null,null,null,"0,35"]
[565,null,"M4","Buzzard","P",246,246,30,"M",3390,"5 MJ ",6,271,36.509675063891898,6,1960,48.988239999999998,56,0,{"$f":"SUM(LEFT(TableM4[[#This Row],[Main]],2)*VLOOKUP(VALUE(TRIM(CLEAN(RIGHT(TableM4[[#This Row],[Main]],2)))),TableLasers[],COLUMN(TableLasers[S-DPH]),FALSE),LEFT(TableM4[[#This Row],[Front]],2)*VLOOKUP(VALUE(TRIM(CLEAN(RIGHT(TableM4[[#This Row],[Front]],2)))),TableLasers[],COLUMN(TableLasers[S-DPH]),FALSE),LEFT(TableM4[[#This Row],[Back]],2)*VLOOKUP(VALUE(TRIM(CLEAN(RIGHT(TableM4[[#This Row],[Back]],2)))),TableLasers[],COLUMN(TableLasers[S-DPH]),FALSE),LEFT(TableM4[[#This Row],[Left]],2)*VLOOKUP(VALUE(TRIM(CLEAN(RIGHT(TableM4[[#This Row],[Left]],2)))),TableLasers[],COLUMN(TableLasers[S-DPH]),FALSE),LEFT(TableM4[[#This Row],[Right]],2)*VLOOKUP(VALUE(TRIM(CLEAN(RIGHT(TableM4[[#This Row],[Right]],2)))),TableLasers[],COLUMN(TableLasers[S-DPH]),FALSE),LEFT(TableM4[[#This Row],[Up]],2)*VLOOKUP(VALUE(TRIM(CLEAN(RIGHT(TableM4[[#This Row],[Up]],2)))),TableLasers[],COLUMN(TableLasers[S-DPH]),FALSE),LEFT(TableM4[[#This Row],[Down]],2)*VLOOKUP(VALUE(TRIM(CLEAN(RIGHT(TableM4[[#This Row],[Down]],2)))),TableLasers[],COLUMN(TableLasers[S-DPH]),FALSE))","v":4122},{"$f":"SUM(LEFT(TableM4[[#This Row],[Main]],2)*VLOOKUP(VALUE(TRIM(CLEAN(RIGHT(TableM4[[#This Row],[Main]],2)))),TableLasers[],COLUMN(TableLasers[H-DPH]),FALSE),LEFT(TableM4[[#This Row],[Front]],2)*VLOOKUP(VALUE(TRIM(CLEAN(RIGHT(TableM4[[#This Row],[Front]],2)))),TableLasers[],COLUMN(TableLasers[H-DPH]),FALSE),LEFT(TableM4[[#This Row],[Back]],2)*VLOOKUP(VALUE(TRIM(CLEAN(RIGHT(TableM4[[#This Row],[Back]],2)))),TableLasers[],COLUMN(TableLasers[H-DPH]),FALSE),LEFT(TableM4[[#This Row],[Left]],2)*VLOOKUP(VALUE(TRIM(CLEAN(RIGHT(TableM4[[#This Row],[Left]],2)))),TableLasers[],COLUMN(TableLasers[H-DPH]),FALSE),LEFT(TableM4[[#This Row],[Right]],2)*VLOOKUP(VALUE(TRIM(CLEAN(RIGHT(TableM4[[#This Row],[Right]],2)))),TableLasers[],COLUMN(TableLasers[H-DPH]),FALSE),LEFT(TableM4[[#This Row],[Up]],2)*VLOOKUP(VALUE(TRIM(CLEAN(RIGHT(TableM4[[#This Row],[Up]],2)))),TableLasers[],COLUMN(TableLasers[H-DPH]),FALSE),LEFT(TableM4[[#This Row],[Down]],2)*VLOOKUP(VALUE(TRIM(CLEAN(RIGHT(TableM4[[#This Row],[Down]],2)))),TableLasers[],COLUMN(TableLasers[H-DPH]),FALSE))","v":762},"06::05","00::00","00::00","00::00","00::00","00::00","00::00",6,null,null,null,null,null,null,5,null,null,null,null,null,null,"0,35"]
[567,null,"M4","Sabre","P",348,348,45,"M",2675,"5 MJ ",5,450,18.254837531945999,4,1840,55.198160000000001,50,0,{"$f":"SUM(LEFT(TableM4[[#This Row],[Main]],2)*VLOOKUP(VALUE(TRIM(CLEAN(RIGHT(TableM4[[#This Row],[Main]],2)))),TableLasers[],COLUMN(TableLasers[S-DPH]),FALSE),LEFT(TableM4[[#This Row],[Front]],2)*VLOOKUP(VALUE(TRIM(CLEAN(RIGHT(TableM4[[#This Row],[Front]],2)))),TableLasers[],COLUMN(TableLasers[S-DPH]),FALSE),LEFT(TableM4[[#This Row],[Back]],2)*VLOOKUP(VALUE(TRIM(CLEAN(RIGHT(TableM4[[#This Row],[Back]],2)))),TableLasers[],COLUMN(TableLasers[S-DPH]),FALSE),LEFT(TableM4[[#This Row],[Left]],2)*VLOOKUP(VALUE(TRIM(CLEAN(RIGHT(TableM4[[#This Row],[Left]],2)))),TableLasers[],COLUMN(TableLasers[S-DPH]),FALSE),LEFT(TableM4[[#This Row],[Right]],2)*VLOOKUP(VALUE(TRIM(CLEAN(RIGHT(TableM4[[#This Row],[Right]],2)))),TableLasers[],COLUMN(TableLasers[S-DPH]),FALSE),LEFT(TableM4[[#This Row],[Up]],2)*VLOOKUP(VALUE(TRIM(CLEAN(RIGHT(TableM4[[#This Row],[Up]],2)))),TableLasers[],COLUMN(TableLasers[S-DPH]),FALSE),LEFT(TableM4[[#This Row],[Down]],2)*VLOOKUP(VALUE(TRIM(CLEAN(RIGHT(TableM4[[#This Row],[Down]],2)))),TableLasers[],COLUMN(TableLasers[S-DPH]),FALSE))","v":9280},{"$f":"SUM(LEFT(TableM4[[#This Row],[Main]],2)*VLOOKUP(VALUE(TRIM(CLEAN(RIGHT(TableM4[[#This Row],[Main]],2)))),TableLasers[],COLUMN(TableLasers[H-DPH]),FALSE),LEFT(TableM4[[#This Row],[Front]],2)*VLOOKUP(VALUE(TRIM(CLEAN(RIGHT(TableM4[[#This Row],[Front]],2)))),TableLasers[],COLUMN(TableLasers[H-DPH]),FALSE),LEFT(TableM4[[#This Row],[Back]],2)*VLOOKUP(VALUE(TRIM(CLEAN(RIGHT(TableM4[[#This Row],[Back]],2)))),TableLasers[],COLUMN(TableLasers[H-DPH]),FALSE),LEFT(TableM4[[#This Row],[Left]],2)*VLOOKUP(VALUE(TRIM(CLEAN(RIGHT(TableM4[[#This Row],[Left]],2)))),TableLasers[],COLUMN(TableLasers[H-DPH]),FALSE),LEFT(TableM4[[#This Row],[Right]],2)*VLOOKUP(VALUE(TRIM(CLEAN(RIGHT(TableM4[[#This Row],[Right]],2)))),TableLasers[],COLUMN(TableLasers[H-DPH]),FALSE),LEFT(TableM4[[#This Row],[Up]],2)*VLOOKUP(VALUE(TRIM(CLEAN(RIGHT(TableM4[[#This Row],[Up]],2)))),TableLasers[],COLUMN(TableLasers[H-DPH]),FALSE),LEFT(TableM4[[#This Row],[Down]],2)*VLOOKUP(VALUE(TRIM(CLEAN(RIGHT(TableM4[[#This Row],[Down]],2)))),TableLasers[],COLUMN(TableLasers[H-DPH]),FALSE))","v":1812},"04::11","00::00","00::00","00::00","00::00","00::00","00::00",4,null,null,null,null,null,null,"10,11"]
[569,null,"M4","Elite","P",261,261,45,"M",6200,"25 MJ ",2,500,44.091710758377403,8,4000,67.2,55,0,{"$f":"SUM(LEFT(TableM4[[#This Row],[Main]],2)*VLOOKUP(VALUE(TRIM(CLEAN(RIGHT(TableM4[[#This Row],[Main]],2)))),TableLasers[],COLUMN(TableLasers[S-DPH]),FALSE),LEFT(TableM4[[#This Row],[Front]],2)*VLOOKUP(VALUE(TRIM(CLEAN(RIGHT(TableM4[[#This Row],[Front]],2)))),TableLasers[],COLUMN(TableLasers[S-DPH]),FALSE),LEFT(TableM4[[#This Row],[Back]],2)*VLOOKUP(VALUE(TRIM(CLEAN(RIGHT(TableM4[[#This Row],[Back]],2)))),TableLasers[],COLUMN(TableLasers[S-DPH]),FALSE),LEFT(TableM4[[#This Row],[Left]],2)*VLOOKUP(VALUE(TRIM(CLEAN(RIGHT(TableM4[[#This Row],[Left]],2)))),TableLasers[],COLUMN(TableLasers[S-DPH]),FALSE),LEFT(TableM4[[#This Row],[Right]],2)*VLOOKUP(VALUE(TRIM(CLEAN(RIGHT(TableM4[[#This Row],[Right]],2)))),TableLasers[],COLUMN(TableLasers[S-DPH]),FALSE),LEFT(TableM4[[#This Row],[Up]],2)*VLOOKUP(VALUE(TRIM(CLEAN(RIGHT(TableM4[[#This Row],[Up]],2)))),TableLasers[],COLUMN(TableLasers[S-DPH]),FALSE),LEFT(TableM4[[#This Row],[Down]],2)*VLOOKUP(VALUE(TRIM(CLEAN(RIGHT(TableM4[[#This Row],[Down]],2)))),TableLasers[],COLUMN(TableLasers[S-DPH]),FALSE))","v":8640},{"$f":"SUM(LEFT(TableM4[[#This Row],[Main]],2)*VLOOKUP(VALUE(TRIM(CLEAN(RIGHT(TableM4[[#This Row],[Main]],2)))),TableLasers[],COLUMN(TableLasers[H-DPH]),FALSE),LEFT(TableM4[[#This Row],[Front]],2)*VLOOKUP(VALUE(TRIM(CLEAN(RIGHT(TableM4[[#This Row],[Front]],2)))),TableLasers[],COLUMN(TableLasers[H-DPH]),FALSE),LEFT(TableM4[[#This Row],[Back]],2)*VLOOKUP(VALUE(TRIM(CLEAN(RIGHT(TableM4[[#This Row],[Back]],2)))),TableLasers[],COLUMN(TableLasers[H-DPH]),FALSE),LEFT(TableM4[[#This Row],[Left]],2)*VLOOKUP(VALUE(TRIM(CLEAN(RIGHT(TableM4[[#This Row],[Left]],2)))),TableLasers[],COLUMN(TableLasers[H-DPH]),FALSE),LEFT(TableM4[[#This Row],[Right]],2)*VLOOKUP(VALUE(TRIM(CLEAN(RIGHT(TableM4[[#This Row],[Right]],2)))),TableLasers[],COLUMN(TableLasers[H-DPH]),FALSE),LEFT(TableM4[[#This Row],[Up]],2)*VLOOKUP(VALUE(TRIM(CLEAN(RIGHT(TableM4[[#This Row],[Up]],2)))),TableLasers[],COLUMN(TableLasers[H-DPH]),FALSE),LEFT(TableM4[[#This Row],[Down]],2)*VLOOKUP(VALUE(TRIM(CLEAN(RIGHT(TableM4[[#This Row],[Down]],2)))),TableLasers[],COLUMN(TableLasers[H-DPH]),FALSE))","v":1600},"06::04","00::00","02::04","00::00","00::00","00::00","00::00",6,null,2,null,null,null,null,4,null,4,null,null,null,null,"0,35"]
[571,null,"M4","Pike","P",265,265,41,"M",7350,"25 MJ ",3,730,44.091710758377403,6,2050,30.633150000000001,54,0,{"$f":"SUM(LEFT(TableM4[[#This Row],[Main]],2)*VLOOKUP(VALUE(TRIM(CLEAN(RIGHT(TableM4[[#This Row],[Main]],2)))),TableLasers[],COLUMN(TableLasers[S-DPH]),FALSE),LEFT(TableM4[[#This Row],[Front]],2)*VLOOKUP(VALUE(TRIM(CLEAN(RIGHT(TableM4[[#This Row],[Front]],2)))),TableLasers[],COLUMN(TableLasers[S-DPH]),FALSE),LEFT(TableM4[[#This Row],[Back]],2)*VLOOKUP(VALUE(TRIM(CLEAN(RIGHT(TableM4[[#This Row],[Back]],2)))),TableLasers[],COLUMN(TableLasers[S-DPH]),FALSE),LEFT(TableM4[[#This Row],[Left]],2)*VLOOKUP(VALUE(TRIM(CLEAN(RIGHT(TableM4[[#This Row],[Left]],2)))),TableLasers[],COLUMN(TableLasers[S-DPH]),FALSE),LEFT(TableM4[[#This Row],[Right]],2)*VLOOKUP(VALUE(TRIM(CLEAN(RIGHT(TableM4[[#This Row],[Right]],2)))),TableLasers[],COLUMN(TableLasers[S-DPH]),FALSE),LEFT(TableM4[[#This Row],[Up]],2)*VLOOKUP(VALUE(TRIM(CLEAN(RIGHT(TableM4[[#This Row],[Up]],2)))),TableLasers[],COLUMN(TableLasers[S-DPH]),FALSE),LEFT(TableM4[[#This Row],[Down]],2)*VLOOKUP(VALUE(TRIM(CLEAN(RIGHT(TableM4[[#This Row],[Down]],2)))),TableLasers[],COLUMN(TableLasers[S-DPH]),FALSE))","v":6480},{"$f":"SUM(LEFT(TableM4[[#This Row],[Main]],2)*VLOOKUP(VALUE(TRIM(CLEAN(RIGHT(TableM4[[#This Row],[Main]],2)))),TableLasers[],COLUMN(TableLasers[H-DPH]),FALSE),LEFT(TableM4[[#This Row],[Front]],2)*VLOOKUP(VALUE(TRIM(CLEAN(RIGHT(TableM4[[#This Row],[Front]],2)))),TableLasers[],COLUMN(TableLasers[H-DPH]),FALSE),LEFT(TableM4[[#This Row],[Back]],2)*VLOOKUP(VALUE(TRIM(CLEAN(RIGHT(TableM4[[#This Row],[Back]],2)))),TableLasers[],COLUMN(TableLasers[H-DPH]),FALSE),LEFT(TableM4[[#This Row],[Left]],2)*VLOOKUP(VALUE(TRIM(CLEAN(RIGHT(TableM4[[#This Row],[Left]],2)))),TableLasers[],COLUMN(TableLasers[H-DPH]),FALSE),LEFT(TableM4[[#This Row],[Right]],2)*VLOOKUP(VALUE(TRIM(CLEAN(RIGHT(TableM4[[#This Row],[Right]],2)))),TableLasers[],COLUMN(TableLasers[H-DPH]),FALSE),LEFT(TableM4[[#This Row],[Up]],2)*VLOOKUP(VALUE(TRIM(CLEAN(RIGHT(TableM4[[#This Row],[Up]],2)))),TableLasers[],COLUMN(TableLasers[H-DPH]),FALSE),LEFT(TableM4[[#This Row],[Down]],2)*VLOOKUP(VALUE(TRIM(CLEAN(RIGHT(TableM4[[#This Row],[Down]],2)))),TableLasers[],COLUMN(TableLasers[H-DPH]),FALSE))","v":1200},"06::04","00::00","00::00","00::00","00::00","00::00","00::00",6,null,null,null,null,null,null,4,null,null,null,null,null,null,"0,35"]
[573,null,"M4","Theseus","P",282,282,41,"M",6100,"25 MJ ",2,505,44.091710758377403,6,4350,75.094049999999996,50,0,{"$f":"SUM(LEFT(TableM4[[#This Row],[Main]],2)*VLOOKUP(VALUE(TRIM(CLEAN(RIGHT(TableM4[[#This Row],[Main]],2)))),TableLasers[],COLUMN(TableLasers[S-DPH]),FALSE),LEFT(TableM4[[#This Row],[Front]],2)*VLOOKUP(VALUE(TRIM(CLEAN(RIGHT(TableM4[[#This Row],[Front]],2)))),TableLasers[],COLUMN(TableLasers[S-DPH]),FALSE),LEFT(TableM4[[#This Row],[Back]],2)*VLOOKUP(VALUE(TRIM(CLEAN(RIGHT(TableM4[[#This Row],[Back]],2)))),TableLasers[],COLUMN(TableLasers[S-DPH]),FALSE),LEFT(TableM4[[#This Row],[Left]],2)*VLOOKUP(VALUE(TRIM(CLEAN(RIGHT(TableM4[[#This Row],[Left]],2)))),TableLasers[],COLUMN(TableLasers[S-DPH]),FALSE),LEFT(TableM4[[#This Row],[Right]],2)*VLOOKUP(VALUE(TRIM(CLEAN(RIGHT(TableM4[[#This Row],[Right]],2)))),TableLasers[],COLUMN(TableLasers[S-DPH]),FALSE),LEFT(TableM4[[#This Row],[Up]],2)*VLOOKUP(VALUE(TRIM(CLEAN(RIGHT(TableM4[[#This Row],[Up]],2)))),TableLasers[],COLUMN(TableLasers[S-DPH]),FALSE),LEFT(TableM4[[#This Row],[Down]],2)*VLOOKUP(VALUE(TRIM(CLEAN(RIGHT(TableM4[[#This Row],[Down]],2)))),TableLasers[],COLUMN(TableLasers[S-DPH]),FALSE))","v":7980},{"$f":"SUM(LEFT(TableM4[[#This Row],[Main]],2)*VLOOKUP(VALUE(TRIM(CLEAN(RIGHT(TableM4[[#This Row],[Main]],2)))),TableLasers[],COLUMN(TableLasers[H-DPH]),FALSE),LEFT(TableM4[[#This Row],[Front]],2)*VLOOKUP(VALUE(TRIM(CLEAN(RIGHT(TableM4[[#This Row],[Front]],2)))),TableLasers[],COLUMN(TableLasers[H-DPH]),FALSE),LEFT(TableM4[[#This Row],[Back]],2)*VLOOKUP(VALUE(TRIM(CLEAN(RIGHT(TableM4[[#This Row],[Back]],2)))),TableLasers[],COLUMN(TableLasers[H-DPH]),FALSE),LEFT(TableM4[[#This Row],[Left]],2)*VLOOKUP(VALUE(TRIM(CLEAN(RIGHT(TableM4[[#This Row],[Left]],2)))),TableLasers[],COLUMN(TableLasers[H-DPH]),FALSE),LEFT(TableM4[[#This Row],[Right]],2)*VLOOKUP(VALUE(TRIM(CLEAN(RIGHT(TableM4[[#This Row],[Right]],2)))),TableLasers[],COLUMN(TableLasers[H-DPH]),FALSE),LEFT(TableM4[[#This Row],[Up]],2)*VLOOKUP(VALUE(TRIM(CLEAN(RIGHT(TableM4[[#This Row],[Up]],2)))),TableLasers[],COLUMN(TableLasers[H-DPH]),FALSE),LEFT(TableM4[[#This Row],[Down]],2)*VLOOKUP(VALUE(TRIM(CLEAN(RIGHT(TableM4[[#This Row],[Down]],2)))),TableLasers[],COLUMN(TableLasers[H-DPH]),FALSE))","v":1464},"06::07","00::00","00::00","00::00","00::00","00::00","00::00",6,null,null,null,null,null,null,7,null,null,null,null,null,null,"0,35"]
[575,null,"M4","Asp","P",333,333,38,"M",4500,"25 MJ ",1,200,88.183421516754805,6,4500,112.473,52,0,{"$f":"SUM(LEFT(TableM4[[#This Row],[Main]],2)*VLOOKUP(VALUE(TRIM(CLEAN(RIGHT(TableM4[[#This Row],[Main]],2)))),TableLasers[],COLUMN(TableLasers[S-DPH]),FALSE),LEFT(TableM4[[#This Row],[Front]],2)*VLOOKUP(VALUE(TRIM(CLEAN(RIGHT(TableM4[[#This Row],[Front]],2)))),TableLasers[],COLUMN(TableLasers[S-DPH]),FALSE),LEFT(TableM4[[#This Row],[Back]],2)*VLOOKUP(VALUE(TRIM(CLEAN(RIGHT(TableM4[[#This Row],[Back]],2)))),TableLasers[],COLUMN(TableLasers[S-DPH]),FALSE),LEFT(TableM4[[#This Row],[Left]],2)*VLOOKUP(VALUE(TRIM(CLEAN(RIGHT(TableM4[[#This Row],[Left]],2)))),TableLasers[],COLUMN(TableLasers[S-DPH]),FALSE),LEFT(TableM4[[#This Row],[Right]],2)*VLOOKUP(VALUE(TRIM(CLEAN(RIGHT(TableM4[[#This Row],[Right]],2)))),TableLasers[],COLUMN(TableLasers[S-DPH]),FALSE),LEFT(TableM4[[#This Row],[Up]],2)*VLOOKUP(VALUE(TRIM(CLEAN(RIGHT(TableM4[[#This Row],[Up]],2)))),TableLasers[],COLUMN(TableLasers[S-DPH]),FALSE),LEFT(TableM4[[#This Row],[Down]],2)*VLOOKUP(VALUE(TRIM(CLEAN(RIGHT(TableM4[[#This Row],[Down]],2)))),TableLasers[],COLUMN(TableLasers[S-DPH]),FALSE))","v":3024},{"$f":"SUM(LEFT(TableM4[[#This Row],[Main]],2)*VLOOKUP(VALUE(TRIM(CLEAN(RIGHT(TableM4[[#This Row],[Main]],2)))),TableLasers[],COLUMN(TableLasers[H-DPH]),FALSE),LEFT(TableM4[[#This Row],[Front]],2)*VLOOKUP(VALUE(TRIM(CLEAN(RIGHT(TableM4[[#This Row],[Front]],2)))),TableLasers[],COLUMN(TableLasers[H-DPH]),FALSE),LEFT(TableM4[[#This Row],[Back]],2)*VLOOKUP(VALUE(TRIM(CLEAN(RIGHT(TableM4[[#This Row],[Back]],2)))),TableLasers[],COLUMN(TableLasers[H-DPH]),FALSE),LEFT(TableM4[[#This Row],[Left]],2)*VLOOKUP(VALUE(TRIM(CLEAN(RIGHT(TableM4[[#This Row],[Left]],2)))),TableLasers[],COLUMN(TableLasers[H-DPH]),FALSE),LEFT(TableM4[[#This Row],[Right]],2)*VLOOKUP(VALUE(TRIM(CLEAN(RIGHT(TableM4[[#This Row],[Right]],2)))),TableLasers[],COLUMN(TableLasers[H-DPH]),FALSE),LEFT(TableM4[[#This Row],[Up]],2)*VLOOKUP(VALUE(TRIM(CLEAN(RIGHT(TableM4[[#This Row],[Up]],2)))),TableLasers[],COLUMN(TableLasers[H-DPH]),FALSE),LEFT(TableM4[[#This Row],[Down]],2)*VLOOKUP(VALUE(TRIM(CLEAN(RIGHT(TableM4[[#This Row],[Down]],2)))),TableLasers[],COLUMN(TableLasers[H-DPH]),FALSE))","v":534},"06::09","00::00","00::00","00::00","00::00","00::00","00::00",6,null,null,null,null,null,null,9,null,null,null,null,null,null,"0,35"]
[577,null,"M4","Kite","P",208,208,30,"M",7210,"25 MJ ",3,582,88.183421516754805,6,3946,146.66887399999999,58,0,{"$f":"SUM(LEFT(TableM4[[#This Row],[Main]],2)*VLOOKUP(VALUE(TRIM(CLEAN(RIGHT(TableM4[[#This Row],[Main]],2)))),TableLasers[],COLUMN(TableLasers[S-DPH]),FALSE),LEFT(TableM4[[#This Row],[Front]],2)*VLOOKUP(VALUE(TRIM(CLEAN(RIGHT(TableM4[[#This Row],[Front]],2)))),TableLasers[],COLUMN(TableLasers[S-DPH]),FALSE),LEFT(TableM4[[#This Row],[Back]],2)*VLOOKUP(VALUE(TRIM(CLEAN(RIGHT(TableM4[[#This Row],[Back]],2)))),TableLasers[],COLUMN(TableLasers[S-DPH]),FALSE),LEFT(TableM4[[#This Row],[Left]],2)*VLOOKUP(VALUE(TRIM(CLEAN(RIGHT(TableM4[[#This Row],[Left]],2)))),TableLasers[],COLUMN(TableLasers[S-DPH]),FALSE),LEFT(TableM4[[#This Row],[Right]],2)*VLOOKUP(VALUE(TRIM(CLEAN(RIGHT(TableM4[[#This Row],[Right]],2)))),TableLasers[],COLUMN(TableLasers[S-DPH]),FALSE),LEFT(TableM4[[#This Row],[Up]],2)*VLOOKUP(VALUE(TRIM(CLEAN(RIGHT(TableM4[[#This Row],[Up]],2)))),TableLasers[],COLUMN(TableLasers[S-DPH]),FALSE),LEFT(TableM4[[#This Row],[Down]],2)*VLOOKUP(VALUE(TRIM(CLEAN(RIGHT(TableM4[[#This Row],[Down]],2)))),TableLasers[],COLUMN(TableLasers[S-DPH]),FALSE))","v":4122},{"$f":"SUM(LEFT(TableM4[[#This Row],[Main]],2)*VLOOKUP(VALUE(TRIM(CLEAN(RIGHT(TableM4[[#This Row],[Main]],2)))),TableLasers[],COLUMN(TableLasers[H-DPH]),FALSE),LEFT(TableM4[[#This Row],[Front]],2)*VLOOKUP(VALUE(TRIM(CLEAN(RIGHT(TableM4[[#This Row],[Front]],2)))),TableLasers[],COLUMN(TableLasers[H-DPH]),FALSE),LEFT(TableM4[[#This Row],[Back]],2)*VLOOKUP(VALUE(TRIM(CLEAN(RIGHT(TableM4[[#This Row],[Back]],2)))),TableLasers[],COLUMN(TableLasers[H-DPH]),FALSE),LEFT(TableM4[[#This Row],[Left]],2)*VLOOKUP(VALUE(TRIM(CLEAN(RIGHT(TableM4[[#This Row],[Left]],2)))),TableLasers[],COLUMN(TableLasers[H-DPH]),FALSE),LEFT(TableM4[[#This Row],[Right]],2)*VLOOKUP(VALUE(TRIM(CLEAN(RIGHT(TableM4[[#This Row],[Right]],2)))),TableLasers[],COLUMN(TableLasers[H-DPH]),FALSE),LEFT(TableM4[[#This Row],[Up]],2)*VLOOKUP(VALUE(TRIM(CLEAN(RIGHT(TableM4[[#This Row],[Up]],2)))),TableLasers[],COLUMN(TableLasers[H-DPH]),FALSE),LEFT(TableM4[[#This Row],[Down]],2)*VLOOKUP(VALUE(TRIM(CLEAN(RIGHT(TableM4[[#This Row],[Down]],2)))),TableLasers[],COLUMN(TableLasers[H-DPH]),FALSE))","v":762},"06::05","00::00","00::00","00::00","00::00","00::00","00::00",6,null,null,null,null,null,null,5,null,null,null,null,null,null,"0,35"]
[579,null,"M4","Chikyu","P",372,372,41,"M",2100,"25 MJ ",2,505,44.091710758377403,6,1700,42.5,55,0,{"$f":"SUM(LEFT(TableM4[[#This Row],[Main]],2)*VLOOKUP(VALUE(TRIM(CLEAN(RIGHT(TableM4[[#This Row],[Main]],2)))),TableLasers[],COLUMN(TableLasers[S-DPH]),FALSE),LEFT(TableM4[[#This Row],[Front]],2)*VLOOKUP(VALUE(TRIM(CLEAN(RIGHT(TableM4[[#This Row],[Front]],2)))),TableLasers[],COLUMN(TableLasers[S-DPH]),FALSE),LEFT(TableM4[[#This Row],[Back]],2)*VLOOKUP(VALUE(TRIM(CLEAN(RIGHT(TableM4[[#This Row],[Back]],2)))),TableLasers[],COLUMN(TableLasers[S-DPH]),FALSE),LEFT(TableM4[[#This Row],[Left]],2)*VLOOKUP(VALUE(TRIM(CLEAN(RIGHT(TableM4[[#This Row],[Left]],2)))),TableLasers[],COLUMN(TableLasers[S-DPH]),FALSE),LEFT(TableM4[[#This Row],[Right]],2)*VLOOKUP(VALUE(TRIM(CLEAN(RIGHT(TableM4[[#This Row],[Right]],2)))),TableLasers[],COLUMN(TableLasers[S-DPH]),FALSE),LEFT(TableM4[[#This Row],[Up]],2)*VLOOKUP(VALUE(TRIM(CLEAN(RIGHT(TableM4[[#This Row],[Up]],2)))),TableLasers[],COLUMN(TableLasers[S-DPH]),FALSE),LEFT(TableM4[[#This Row],[Down]],2)*VLOOKUP(VALUE(TRIM(CLEAN(RIGHT(TableM4[[#This Row],[Down]],2)))),TableLasers[],COLUMN(TableLasers[S-DPH]),FALSE))","v":9280},{"$f":"SUM(LEFT(TableM4[[#This Row],[Main]],2)*VLOOKUP(VALUE(TRIM(CLEAN(RIGHT(TableM4[[#This Row],[Main]],2)))),TableLasers[],COLUMN(TableLasers[H-DPH]),FALSE),LEFT(TableM4[[#This Row],[Front]],2)*VLOOKUP(VALUE(TRIM(CLEAN(RIGHT(TableM4[[#This Row],[Front]],2)))),TableLasers[],COLUMN(TableLasers[H-DPH]),FALSE),LEFT(TableM4[[#This Row],[Back]],2)*VLOOKUP(VALUE(TRIM(CLEAN(RIGHT(TableM4[[#This Row],[Back]],2)))),TableLasers[],COLUMN(TableLasers[H-DPH]),FALSE),LEFT(TableM4[[#This Row],[Left]],2)*VLOOKUP(VALUE(TRIM(CLEAN(RIGHT(TableM4[[#This Row],[Left]],2)))),TableLasers[],COLUMN(TableLasers[H-DPH]),FALSE),LEFT(TableM4[[#This Row],[Right]],2)*VLOOKUP(VALUE(TRIM(CLEAN(RIGHT(TableM4[[#This Row],[Right]],2)))),TableLasers[],COLUMN(TableLasers[H-DPH]),FALSE),LEFT(TableM4[[#This Row],[Up]],2)*VLOOKUP(VALUE(TRIM(CLEAN(RIGHT(TableM4[[#This Row],[Up]],2)))),TableLasers[],COLUMN(TableLasers[H-DPH]),FALSE),LEFT(TableM4[[#This Row],[Down]],2)*VLOOKUP(VALUE(TRIM(CLEAN(RIGHT(TableM4[[#This Row],[Down]],2)))),TableLasers[],COLUMN(TableLasers[H-DPH]),FALSE))","v":1812},"04::11","00::00","00::00","00::00","00::00","00::00","00::00",4,null,2,null,null,null,null,"10,11"]
[613,"Kha'ak","M4","Advanced Interceptor",null,315.2,157.6,45,"M",2600,"25 MJ ",1,450,44.091710758377403,4,2800,84,130,0,{"$f":"SUM(LEFT(TableM4[[#This Row],[Main]],2)*VLOOKUP(VALUE(TRIM(CLEAN(RIGHT(TableM4[[#This Row],[Main]],2)))),TableLasers[],COLUMN(TableLasers[S-DPH]),FALSE),LEFT(TableM4[[#This Row],[Front]],2)*VLOOKUP(VALUE(TRIM(CLEAN(RIGHT(TableM4[[#This Row],[Front]],2)))),TableLasers[],COLUMN(TableLasers[S-DPH]),FALSE),LEFT(TableM4[[#This Row],[Back]],2)*VLOOKUP(VALUE(TRIM(CLEAN(RIGHT(TableM4[[#This Row],[Back]],2)))),TableLasers[],COLUMN(TableLasers[S-DPH]),FALSE),LEFT(TableM4[[#This Row],[Left]],2)*VLOOKUP(VALUE(TRIM(CLEAN(RIGHT(TableM4[[#This Row],[Left]],2)))),TableLasers[],COLUMN(TableLasers[S-DPH]),FALSE),LEFT(TableM4[[#This Row],[Right]],2)*VLOOKUP(VALUE(TRIM(CLEAN(RIGHT(TableM4[[#This Row],[Right]],2)))),TableLasers[],COLUMN(TableLasers[S-DPH]),FALSE),LEFT(TableM4[[#This Row],[Up]],2)*VLOOKUP(VALUE(TRIM(CLEAN(RIGHT(TableM4[[#This Row],[Up]],2)))),TableLasers[],COLUMN(TableLasers[S-DPH]),FALSE),LEFT(TableM4[[#This Row],[Down]],2)*VLOOKUP(VALUE(TRIM(CLEAN(RIGHT(TableM4[[#This Row],[Down]],2)))),TableLasers[],COLUMN(TableLasers[S-DPH]),FALSE))","v":7200},{"$f":"SUM(LEFT(TableM4[[#This Row],[Main]],2)*VLOOKUP(VALUE(TRIM(CLEAN(RIGHT(TableM4[[#This Row],[Main]],2)))),TableLasers[],COLUMN(TableLasers[H-DPH]),FALSE),LEFT(TableM4[[#This Row],[Front]],2)*VLOOKUP(VALUE(TRIM(CLEAN(RIGHT(TableM4[[#This Row],[Front]],2)))),TableLasers[],COLUMN(TableLasers[H-DPH]),FALSE),LEFT(TableM4[[#This Row],[Back]],2)*VLOOKUP(VALUE(TRIM(CLEAN(RIGHT(TableM4[[#This Row],[Back]],2)))),TableLasers[],COLUMN(TableLasers[H-DPH]),FALSE),LEFT(TableM4[[#This Row],[Left]],2)*VLOOKUP(VALUE(TRIM(CLEAN(RIGHT(TableM4[[#This Row],[Left]],2)))),TableLasers[],COLUMN(TableLasers[H-DPH]),FALSE),LEFT(TableM4[[#This Row],[Right]],2)*VLOOKUP(VALUE(TRIM(CLEAN(RIGHT(TableM4[[#This Row],[Right]],2)))),TableLasers[],COLUMN(TableLasers[H-DPH]),FALSE),LEFT(TableM4[[#This Row],[Up]],2)*VLOOKUP(VALUE(TRIM(CLEAN(RIGHT(TableM4[[#This Row],[Up]],2)))),TableLasers[],COLUMN(TableLasers[H-DPH]),FALSE),LEFT(TableM4[[#This Row],[Down]],2)*VLOOKUP(VALUE(TRIM(CLEAN(RIGHT(TableM4[[#This Row],[Down]],2)))),TableLasers[],COLUMN(TableLasers[H-DPH]),FALSE))","v":1864},"04::42","00::00","00::00","00::00","00::00","00::00","00::00",4,null,null,null,null,null,null,42]
[628,"Pirates","M4","Buster","Raider",366.3184,130.828,45,"M",3325,"5 MJ ",1,200,18.254837531945999,6,2500,62.484999999999999,177,0,{"$f":"SUM(LEFT(TableM4[[#This Row],[Main]],2)*VLOOKUP(VALUE(TRIM(CLEAN(RIGHT(TableM4[[#This Row],[Main]],2)))),TableLasers[],COLUMN(TableLasers[S-DPH]),FALSE),LEFT(TableM4[[#This Row],[Front]],2)*VLOOKUP(VALUE(TRIM(CLEAN(RIGHT(TableM4[[#This Row],[Front]],2)))),TableLasers[],COLUMN(TableLasers[S-DPH]),FALSE),LEFT(TableM4[[#This Row],[Back]],2)*VLOOKUP(VALUE(TRIM(CLEAN(RIGHT(TableM4[[#This Row],[Back]],2)))),TableLasers[],COLUMN(TableLasers[S-DPH]),FALSE),LEFT(TableM4[[#This Row],[Left]],2)*VLOOKUP(VALUE(TRIM(CLEAN(RIGHT(TableM4[[#This Row],[Left]],2)))),TableLasers[],COLUMN(TableLasers[S-DPH]),FALSE),LEFT(TableM4[[#This Row],[Right]],2)*VLOOKUP(VALUE(TRIM(CLEAN(RIGHT(TableM4[[#This Row],[Right]],2)))),TableLasers[],COLUMN(TableLasers[S-DPH]),FALSE),LEFT(TableM4[[#This Row],[Up]],2)*VLOOKUP(VALUE(TRIM(CLEAN(RIGHT(TableM4[[#This Row],[Up]],2)))),TableLasers[],COLUMN(TableLasers[S-DPH]),FALSE),LEFT(TableM4[[#This Row],[Down]],2)*VLOOKUP(VALUE(TRIM(CLEAN(RIGHT(TableM4[[#This Row],[Down]],2)))),TableLasers[],COLUMN(TableLasers[S-DPH]),FALSE))","v":6480},{"$f":"SUM(LEFT(TableM4[[#This Row],[Main]],2)*VLOOKUP(VALUE(TRIM(CLEAN(RIGHT(TableM4[[#This Row],[Main]],2)))),TableLasers[],COLUMN(TableLasers[H-DPH]),FALSE),LEFT(TableM4[[#This Row],[Front]],2)*VLOOKUP(VALUE(TRIM(CLEAN(RIGHT(TableM4[[#This Row],[Front]],2)))),TableLasers[],COLUMN(TableLasers[H-DPH]),FALSE),LEFT(TableM4[[#This Row],[Back]],2)*VLOOKUP(VALUE(TRIM(CLEAN(RIGHT(TableM4[[#This Row],[Back]],2)))),TableLasers[],COLUMN(TableLasers[H-DPH]),FALSE),LEFT(TableM4[[#This Row],[Left]],2)*VLOOKUP(VALUE(TRIM(CLEAN(RIGHT(TableM4[[#This Row],[Left]],2)))),TableLasers[],COLUMN(TableLasers[H-DPH]),FALSE),LEFT(TableM4[[#This Row],[Right]],2)*VLOOKUP(VALUE(TRIM(CLEAN(RIGHT(TableM4[[#This Row],[Right]],2)))),TableLasers[],COLUMN(TableLasers[H-DPH]),FALSE),LEFT(TableM4[[#This Row],[Up]],2)*VLOOKUP(VALUE(TRIM(CLEAN(RIGHT(TableM4[[#This Row],[Up]],2)))),TableLasers[],COLUMN(TableLasers[H-DPH]),FALSE),LEFT(TableM4[[#This Row],[Down]],2)*VLOOKUP(VALUE(TRIM(CLEAN(RIGHT(TableM4[[#This Row],[Down]],2)))),TableLasers[],COLUMN(TableLasers[H-DPH]),FALSE))","v":1200},"06::04","00::00","00::00","00::00","00::00","00::00","00::00",6,null,null,null,null,null,null,"0,1,4",null,null,null,null,null,null,"0,35"]
[634,"Pirates","M4","Mako",null,342.10199999999998,114.03400000000001,41,"M",5150,"5 MJ ",3,420,18.254837531945999,6,2050,51.237699999999997,197,0,{"$f":"SUM(LEFT(TableM4[[#This Row],[Main]],2)*VLOOKUP(VALUE(TRIM(CLEAN(RIGHT(TableM4[[#This Row],[Main]],2)))),TableLasers[],COLUMN(TableLasers[S-DPH]),FALSE),LEFT(TableM4[[#This Row],[Front]],2)*VLOOKUP(VALUE(TRIM(CLEAN(RIGHT(TableM4[[#This Row],[Front]],2)))),TableLasers[],COLUMN(TableLasers[S-DPH]),FALSE),LEFT(TableM4[[#This Row],[Back]],2)*VLOOKUP(VALUE(TRIM(CLEAN(RIGHT(TableM4[[#This Row],[Back]],2)))),TableLasers[],COLUMN(TableLasers[S-DPH]),FALSE),LEFT(TableM4[[#This Row],[Left]],2)*VLOOKUP(VALUE(TRIM(CLEAN(RIGHT(TableM4[[#This Row],[Left]],2)))),TableLasers[],COLUMN(TableLasers[S-DPH]),FALSE),LEFT(TableM4[[#This Row],[Right]],2)*VLOOKUP(VALUE(TRIM(CLEAN(RIGHT(TableM4[[#This Row],[Right]],2)))),TableLasers[],COLUMN(TableLasers[S-DPH]),FALSE),LEFT(TableM4[[#This Row],[Up]],2)*VLOOKUP(VALUE(TRIM(CLEAN(RIGHT(TableM4[[#This Row],[Up]],2)))),TableLasers[],COLUMN(TableLasers[S-DPH]),FALSE),LEFT(TableM4[[#This Row],[Down]],2)*VLOOKUP(VALUE(TRIM(CLEAN(RIGHT(TableM4[[#This Row],[Down]],2)))),TableLasers[],COLUMN(TableLasers[S-DPH]),FALSE))","v":8100},{"$f":"SUM(LEFT(TableM4[[#This Row],[Main]],2)*VLOOKUP(VALUE(TRIM(CLEAN(RIGHT(TableM4[[#This Row],[Main]],2)))),TableLasers[],COLUMN(TableLasers[H-DPH]),FALSE),LEFT(TableM4[[#This Row],[Front]],2)*VLOOKUP(VALUE(TRIM(CLEAN(RIGHT(TableM4[[#This Row],[Front]],2)))),TableLasers[],COLUMN(TableLasers[H-DPH]),FALSE),LEFT(TableM4[[#This Row],[Back]],2)*VLOOKUP(VALUE(TRIM(CLEAN(RIGHT(TableM4[[#This Row],[Back]],2)))),TableLasers[],COLUMN(TableLasers[H-DPH]),FALSE),LEFT(TableM4[[#This Row],[Left]],2)*VLOOKUP(VALUE(TRIM(CLEAN(RIGHT(TableM4[[#This Row],[Left]],2)))),TableLasers[],COLUMN(TableLasers[H-DPH]),FALSE),LEFT(TableM4[[#This Row],[Right]],2)*VLOOKUP(VALUE(TRIM(CLEAN(RIGHT(TableM4[[#This Row],[Right]],2)))),TableLasers[],COLUMN(TableLasers[H-DPH]),FALSE),LEFT(TableM4[[#This Row],[Up]],2)*VLOOKUP(VALUE(TRIM(CLEAN(RIGHT(TableM4[[#This Row],[Up]],2)))),TableLasers[],COLUMN(TableLasers[H-DPH]),FALSE),LEFT(TableM4[[#This Row],[Down]],2)*VLOOKUP(VALUE(TRIM(CLEAN(RIGHT(TableM4[[#This Row],[Down]],2)))),TableLasers[],COLUMN(TableLasers[H-DPH]),FALSE))","v":72},"06::08","00::00","00::00","00::00","00::00","00::00","00::00",6,null,null,null,null,null,null,"0,1,8",null,null,null,null,null,null,"0,35"]
[635,"Pirates","M4","Mako","Raider",399.10199999999998,133.03399999999999,41,"M",4992,"5 MJ ",2,340,18.254837531945999,6,2150,53.728499999999997,166,0,{"$f":"SUM(LEFT(TableM4[[#This Row],[Main]],2)*VLOOKUP(VALUE(TRIM(CLEAN(RIGHT(TableM4[[#This Row],[Main]],2)))),TableLasers[],COLUMN(TableLasers[S-DPH]),FALSE),LEFT(TableM4[[#This Row],[Front]],2)*VLOOKUP(VALUE(TRIM(CLEAN(RIGHT(TableM4[[#This Row],[Front]],2)))),TableLasers[],COLUMN(TableLasers[S-DPH]),FALSE),LEFT(TableM4[[#This Row],[Back]],2)*VLOOKUP(VALUE(TRIM(CLEAN(RIGHT(TableM4[[#This Row],[Back]],2)))),TableLasers[],COLUMN(TableLasers[S-DPH]),FALSE),LEFT(TableM4[[#This Row],[Left]],2)*VLOOKUP(VALUE(TRIM(CLEAN(RIGHT(TableM4[[#This Row],[Left]],2)))),TableLasers[],COLUMN(TableLasers[S-DPH]),FALSE),LEFT(TableM4[[#This Row],[Right]],2)*VLOOKUP(VALUE(TRIM(CLEAN(RIGHT(TableM4[[#This Row],[Right]],2)))),TableLasers[],COLUMN(TableLasers[S-DPH]),FALSE),LEFT(TableM4[[#This Row],[Up]],2)*VLOOKUP(VALUE(TRIM(CLEAN(RIGHT(TableM4[[#This Row],[Up]],2)))),TableLasers[],COLUMN(TableLasers[S-DPH]),FALSE),LEFT(TableM4[[#This Row],[Down]],2)*VLOOKUP(VALUE(TRIM(CLEAN(RIGHT(TableM4[[#This Row],[Down]],2)))),TableLasers[],COLUMN(TableLasers[S-DPH]),FALSE))","v":8100},{"$f":"SUM(LEFT(TableM4[[#This Row],[Main]],2)*VLOOKUP(VALUE(TRIM(CLEAN(RIGHT(TableM4[[#This Row],[Main]],2)))),TableLasers[],COLUMN(TableLasers[H-DPH]),FALSE),LEFT(TableM4[[#This Row],[Front]],2)*VLOOKUP(VALUE(TRIM(CLEAN(RIGHT(TableM4[[#This Row],[Front]],2)))),TableLasers[],COLUMN(TableLasers[H-DPH]),FALSE),LEFT(TableM4[[#This Row],[Back]],2)*VLOOKUP(VALUE(TRIM(CLEAN(RIGHT(TableM4[[#This Row],[Back]],2)))),TableLasers[],COLUMN(TableLasers[H-DPH]),FALSE),LEFT(TableM4[[#This Row],[Left]],2)*VLOOKUP(VALUE(TRIM(CLEAN(RIGHT(TableM4[[#This Row],[Left]],2)))),TableLasers[],COLUMN(TableLasers[H-DPH]),FALSE),LEFT(TableM4[[#This Row],[Right]],2)*VLOOKUP(VALUE(TRIM(CLEAN(RIGHT(TableM4[[#This Row],[Right]],2)))),TableLasers[],COLUMN(TableLasers[H-DPH]),FALSE),LEFT(TableM4[[#This Row],[Up]],2)*VLOOKUP(VALUE(TRIM(CLEAN(RIGHT(TableM4[[#This Row],[Up]],2)))),TableLasers[],COLUMN(TableLasers[H-DPH]),FALSE),LEFT(TableM4[[#This Row],[Down]],2)*VLOOKUP(VALUE(TRIM(CLEAN(RIGHT(TableM4[[#This Row],[Down]],2)))),TableLasers[],COLUMN(TableLasers[H-DPH]),FALSE))","v":72},"06::08","00::00","00::00","00::00","00::00","00::00","00::00",6,null,null,null,null,null,null,"0,1,8",null,null,null,null,null,null,"0,35"]
[636,"Pirates","M4","Pike",null,303.10199999999998,101.03400000000001,41,"M",7850,"25 MJ ",1,780,44.091710758377403,6,3750,56.036250000000003,238,0,{"$f":"SUM(LEFT(TableM4[[#This Row],[Main]],2)*VLOOKUP(VALUE(TRIM(CLEAN(RIGHT(TableM4[[#This Row],[Main]],2)))),TableLasers[],COLUMN(TableLasers[S-DPH]),FALSE),LEFT(TableM4[[#This Row],[Front]],2)*VLOOKUP(VALUE(TRIM(CLEAN(RIGHT(TableM4[[#This Row],[Front]],2)))),TableLasers[],COLUMN(TableLasers[S-DPH]),FALSE),LEFT(TableM4[[#This Row],[Back]],2)*VLOOKUP(VALUE(TRIM(CLEAN(RIGHT(TableM4[[#This Row],[Back]],2)))),TableLasers[],COLUMN(TableLasers[S-DPH]),FALSE),LEFT(TableM4[[#This Row],[Left]],2)*VLOOKUP(VALUE(TRIM(CLEAN(RIGHT(TableM4[[#This Row],[Left]],2)))),TableLasers[],COLUMN(TableLasers[S-DPH]),FALSE),LEFT(TableM4[[#This Row],[Right]],2)*VLOOKUP(VALUE(TRIM(CLEAN(RIGHT(TableM4[[#This Row],[Right]],2)))),TableLasers[],COLUMN(TableLasers[S-DPH]),FALSE),LEFT(TableM4[[#This Row],[Up]],2)*VLOOKUP(VALUE(TRIM(CLEAN(RIGHT(TableM4[[#This Row],[Up]],2)))),TableLasers[],COLUMN(TableLasers[S-DPH]),FALSE),LEFT(TableM4[[#This Row],[Down]],2)*VLOOKUP(VALUE(TRIM(CLEAN(RIGHT(TableM4[[#This Row],[Down]],2)))),TableLasers[],COLUMN(TableLasers[S-DPH]),FALSE))","v":8100},{"$f":"SUM(LEFT(TableM4[[#This Row],[Main]],2)*VLOOKUP(VALUE(TRIM(CLEAN(RIGHT(TableM4[[#This Row],[Main]],2)))),TableLasers[],COLUMN(TableLasers[H-DPH]),FALSE),LEFT(TableM4[[#This Row],[Front]],2)*VLOOKUP(VALUE(TRIM(CLEAN(RIGHT(TableM4[[#This Row],[Front]],2)))),TableLasers[],COLUMN(TableLasers[H-DPH]),FALSE),LEFT(TableM4[[#This Row],[Back]],2)*VLOOKUP(VALUE(TRIM(CLEAN(RIGHT(TableM4[[#This Row],[Back]],2)))),TableLasers[],COLUMN(TableLasers[H-DPH]),FALSE),LEFT(TableM4[[#This Row],[Left]],2)*VLOOKUP(VALUE(TRIM(CLEAN(RIGHT(TableM4[[#This Row],[Left]],2)))),TableLasers[],COLUMN(TableLasers[H-DPH]),FALSE),LEFT(TableM4[[#This Row],[Right]],2)*VLOOKUP(VALUE(TRIM(CLEAN(RIGHT(TableM4[[#This Row],[Right]],2)))),TableLasers[],COLUMN(TableLasers[H-DPH]),FALSE),LEFT(TableM4[[#This Row],[Up]],2)*VLOOKUP(VALUE(TRIM(CLEAN(RIGHT(TableM4[[#This Row],[Up]],2)))),TableLasers[],COLUMN(TableLasers[H-DPH]),FALSE),LEFT(TableM4[[#This Row],[Down]],2)*VLOOKUP(VALUE(TRIM(CLEAN(RIGHT(TableM4[[#This Row],[Down]],2)))),TableLasers[],COLUMN(TableLasers[H-DPH]),FALSE))","v":72},"06::08","00::00","00::00","00::00","00::00","00::00","00::00",6,null,null,null,null,null,null,"0,1,4,8",null,null,null,null,null,null,"0,1,3,5,12,17,22,23,35"]
[642,"Pirates","M4","Pericles",null,329.91840000000002,117.828,41,"M",3500,"5 MJ ",2,250,18.254837531945999,6,2750,68.733500000000006,130,0,{"$f":"SUM(LEFT(TableM4[[#This Row],[Main]],2)*VLOOKUP(VALUE(TRIM(CLEAN(RIGHT(TableM4[[#This Row],[Main]],2)))),TableLasers[],COLUMN(TableLasers[S-DPH]),FALSE),LEFT(TableM4[[#This Row],[Front]],2)*VLOOKUP(VALUE(TRIM(CLEAN(RIGHT(TableM4[[#This Row],[Front]],2)))),TableLasers[],COLUMN(TableLasers[S-DPH]),FALSE),LEFT(TableM4[[#This Row],[Back]],2)*VLOOKUP(VALUE(TRIM(CLEAN(RIGHT(TableM4[[#This Row],[Back]],2)))),TableLasers[],COLUMN(TableLasers[S-DPH]),FALSE),LEFT(TableM4[[#This Row],[Left]],2)*VLOOKUP(VALUE(TRIM(CLEAN(RIGHT(TableM4[[#This Row],[Left]],2)))),TableLasers[],COLUMN(TableLasers[S-DPH]),FALSE),LEFT(TableM4[[#This Row],[Right]],2)*VLOOKUP(VALUE(TRIM(CLEAN(RIGHT(TableM4[[#This Row],[Right]],2)))),TableLasers[],COLUMN(TableLasers[S-DPH]),FALSE),LEFT(TableM4[[#This Row],[Up]],2)*VLOOKUP(VALUE(TRIM(CLEAN(RIGHT(TableM4[[#This Row],[Up]],2)))),TableLasers[],COLUMN(TableLasers[S-DPH]),FALSE),LEFT(TableM4[[#This Row],[Down]],2)*VLOOKUP(VALUE(TRIM(CLEAN(RIGHT(TableM4[[#This Row],[Down]],2)))),TableLasers[],COLUMN(TableLasers[S-DPH]),FALSE))","v":7980},{"$f":"SUM(LEFT(TableM4[[#This Row],[Main]],2)*VLOOKUP(VALUE(TRIM(CLEAN(RIGHT(TableM4[[#This Row],[Main]],2)))),TableLasers[],COLUMN(TableLasers[H-DPH]),FALSE),LEFT(TableM4[[#This Row],[Front]],2)*VLOOKUP(VALUE(TRIM(CLEAN(RIGHT(TableM4[[#This Row],[Front]],2)))),TableLasers[],COLUMN(TableLasers[H-DPH]),FALSE),LEFT(TableM4[[#This Row],[Back]],2)*VLOOKUP(VALUE(TRIM(CLEAN(RIGHT(TableM4[[#This Row],[Back]],2)))),TableLasers[],COLUMN(TableLasers[H-DPH]),FALSE),LEFT(TableM4[[#This Row],[Left]],2)*VLOOKUP(VALUE(TRIM(CLEAN(RIGHT(TableM4[[#This Row],[Left]],2)))),TableLasers[],COLUMN(TableLasers[H-DPH]),FALSE),LEFT(TableM4[[#This Row],[Right]],2)*VLOOKUP(VALUE(TRIM(CLEAN(RIGHT(TableM4[[#This Row],[Right]],2)))),TableLasers[],COLUMN(TableLasers[H-DPH]),FALSE),LEFT(TableM4[[#This Row],[Up]],2)*VLOOKUP(VALUE(TRIM(CLEAN(RIGHT(TableM4[[#This Row],[Up]],2)))),TableLasers[],COLUMN(TableLasers[H-DPH]),FALSE),LEFT(TableM4[[#This Row],[Down]],2)*VLOOKUP(VALUE(TRIM(CLEAN(RIGHT(TableM4[[#This Row],[Down]],2)))),TableLasers[],COLUMN(TableLasers[H-DPH]),FALSE))","v":1464},"06::07","00::00","00::00","00::00","00::00","00::00","00::00",6,null,null,null,null,null,null,"0,1,7",null,null,null,null,null,null,"0,35"]
[643,"Pirates","M4","Pericles","Raider",380.3184,135.828,41,"M",3325,"5 MJ ",1,275,18.254837531945999,6,2950,73.732299999999995,95,0,{"$f":"SUM(LEFT(TableM4[[#This Row],[Main]],2)*VLOOKUP(VALUE(TRIM(CLEAN(RIGHT(TableM4[[#This Row],[Main]],2)))),TableLasers[],COLUMN(TableLasers[S-DPH]),FALSE),LEFT(TableM4[[#This Row],[Front]],2)*VLOOKUP(VALUE(TRIM(CLEAN(RIGHT(TableM4[[#This Row],[Front]],2)))),TableLasers[],COLUMN(TableLasers[S-DPH]),FALSE),LEFT(TableM4[[#This Row],[Back]],2)*VLOOKUP(VALUE(TRIM(CLEAN(RIGHT(TableM4[[#This Row],[Back]],2)))),TableLasers[],COLUMN(TableLasers[S-DPH]),FALSE),LEFT(TableM4[[#This Row],[Left]],2)*VLOOKUP(VALUE(TRIM(CLEAN(RIGHT(TableM4[[#This Row],[Left]],2)))),TableLasers[],COLUMN(TableLasers[S-DPH]),FALSE),LEFT(TableM4[[#This Row],[Right]],2)*VLOOKUP(VALUE(TRIM(CLEAN(RIGHT(TableM4[[#This Row],[Right]],2)))),TableLasers[],COLUMN(TableLasers[S-DPH]),FALSE),LEFT(TableM4[[#This Row],[Up]],2)*VLOOKUP(VALUE(TRIM(CLEAN(RIGHT(TableM4[[#This Row],[Up]],2)))),TableLasers[],COLUMN(TableLasers[S-DPH]),FALSE),LEFT(TableM4[[#This Row],[Down]],2)*VLOOKUP(VALUE(TRIM(CLEAN(RIGHT(TableM4[[#This Row],[Down]],2)))),TableLasers[],COLUMN(TableLasers[S-DPH]),FALSE))","v":7980},{"$f":"SUM(LEFT(TableM4[[#This Row],[Main]],2)*VLOOKUP(VALUE(TRIM(CLEAN(RIGHT(TableM4[[#This Row],[Main]],2)))),TableLasers[],COLUMN(TableLasers[H-DPH]),FALSE),LEFT(TableM4[[#This Row],[Front]],2)*VLOOKUP(VALUE(TRIM(CLEAN(RIGHT(TableM4[[#This Row],[Front]],2)))),TableLasers[],COLUMN(TableLasers[H-DPH]),FALSE),LEFT(TableM4[[#This Row],[Back]],2)*VLOOKUP(VALUE(TRIM(CLEAN(RIGHT(TableM4[[#This Row],[Back]],2)))),TableLasers[],COLUMN(TableLasers[H-DPH]),FALSE),LEFT(TableM4[[#This Row],[Left]],2)*VLOOKUP(VALUE(TRIM(CLEAN(RIGHT(TableM4[[#This Row],[Left]],2)))),TableLasers[],COLUMN(TableLasers[H-DPH]),FALSE),LEFT(TableM4[[#This Row],[Right]],2)*VLOOKUP(VALUE(TRIM(CLEAN(RIGHT(TableM4[[#This Row],[Right]],2)))),TableLasers[],COLUMN(TableLasers[H-DPH]),FALSE),LEFT(TableM4[[#This Row],[Up]],2)*VLOOKUP(VALUE(TRIM(CLEAN(RIGHT(TableM4[[#This Row],[Up]],2)))),TableLasers[],COLUMN(TableLasers[H-DPH]),FALSE),LEFT(TableM4[[#This Row],[Down]],2)*VLOOKUP(VALUE(TRIM(CLEAN(RIGHT(TableM4[[#This Row],[Down]],2)))),TableLasers[],COLUMN(TableLasers[H-DPH]),FALSE))","v":1464},"06::07","00::00","00::00","00::00","00::00","00::00","00::00",6,null,null,null,null,null,null,"0,1,7",null,null,null,null,null,null,"0,35"]
[644,"Pirates","M4","Theseus",null,293.51839999999999,104.828,41,"M",6500,"25 MJ ",1,525,44.091710758377403,6,6750,116.52525,160,0,{"$f":"SUM(LEFT(TableM4[[#This Row],[Main]],2)*VLOOKUP(VALUE(TRIM(CLEAN(RIGHT(TableM4[[#This Row],[Main]],2)))),TableLasers[],COLUMN(TableLasers[S-DPH]),FALSE),LEFT(TableM4[[#This Row],[Front]],2)*VLOOKUP(VALUE(TRIM(CLEAN(RIGHT(TableM4[[#This Row],[Front]],2)))),TableLasers[],COLUMN(TableLasers[S-DPH]),FALSE),LEFT(TableM4[[#This Row],[Back]],2)*VLOOKUP(VALUE(TRIM(CLEAN(RIGHT(TableM4[[#This Row],[Back]],2)))),TableLasers[],COLUMN(TableLasers[S-DPH]),FALSE),LEFT(TableM4[[#This Row],[Left]],2)*VLOOKUP(VALUE(TRIM(CLEAN(RIGHT(TableM4[[#This Row],[Left]],2)))),TableLasers[],COLUMN(TableLasers[S-DPH]),FALSE),LEFT(TableM4[[#This Row],[Right]],2)*VLOOKUP(VALUE(TRIM(CLEAN(RIGHT(TableM4[[#This Row],[Right]],2)))),TableLasers[],COLUMN(TableLasers[S-DPH]),FALSE),LEFT(TableM4[[#This Row],[Up]],2)*VLOOKUP(VALUE(TRIM(CLEAN(RIGHT(TableM4[[#This Row],[Up]],2)))),TableLasers[],COLUMN(TableLasers[S-DPH]),FALSE),LEFT(TableM4[[#This Row],[Down]],2)*VLOOKUP(VALUE(TRIM(CLEAN(RIGHT(TableM4[[#This Row],[Down]],2)))),TableLasers[],COLUMN(TableLasers[S-DPH]),FALSE))","v":7980},{"$f":"SUM(LEFT(TableM4[[#This Row],[Main]],2)*VLOOKUP(VALUE(TRIM(CLEAN(RIGHT(TableM4[[#This Row],[Main]],2)))),TableLasers[],COLUMN(TableLasers[H-DPH]),FALSE),LEFT(TableM4[[#This Row],[Front]],2)*VLOOKUP(VALUE(TRIM(CLEAN(RIGHT(TableM4[[#This Row],[Front]],2)))),TableLasers[],COLUMN(TableLasers[H-DPH]),FALSE),LEFT(TableM4[[#This Row],[Back]],2)*VLOOKUP(VALUE(TRIM(CLEAN(RIGHT(TableM4[[#This Row],[Back]],2)))),TableLasers[],COLUMN(TableLasers[H-DPH]),FALSE),LEFT(TableM4[[#This Row],[Left]],2)*VLOOKUP(VALUE(TRIM(CLEAN(RIGHT(TableM4[[#This Row],[Left]],2)))),TableLasers[],COLUMN(TableLasers[H-DPH]),FALSE),LEFT(TableM4[[#This Row],[Right]],2)*VLOOKUP(VALUE(TRIM(CLEAN(RIGHT(TableM4[[#This Row],[Right]],2)))),TableLasers[],COLUMN(TableLasers[H-DPH]),FALSE),LEFT(TableM4[[#This Row],[Up]],2)*VLOOKUP(VALUE(TRIM(CLEAN(RIGHT(TableM4[[#This Row],[Up]],2)))),TableLasers[],COLUMN(TableLasers[H-DPH]),FALSE),LEFT(TableM4[[#This Row],[Down]],2)*VLOOKUP(VALUE(TRIM(CLEAN(RIGHT(TableM4[[#This Row],[Down]],2)))),TableLasers[],COLUMN(TableLasers[H-DPH]),FALSE))","v":1464},"06::07","00::00","00::00","00::00","00::00","00::00","00::00",6,null,null,null,null,null,null,"0,1,7",null,null,null,null,null,null,"0,35"]
[650,"Pirates","M4","Scorpion","Raider",441.10199999999998,147.03399999999999,38,"M",2800,"5 MJ ",1,115,18.254837531945999,6,2850,71.232900000000001,95,0,{"$f":"SUM(LEFT(TableM4[[#This Row],[Main]],2)*VLOOKUP(VALUE(TRIM(CLEAN(RIGHT(TableM4[[#This Row],[Main]],2)))),TableLasers[],COLUMN(TableLasers[S-DPH]),FALSE),LEFT(TableM4[[#This Row],[Front]],2)*VLOOKUP(VALUE(TRIM(CLEAN(RIGHT(TableM4[[#This Row],[Front]],2)))),TableLasers[],COLUMN(TableLasers[S-DPH]),FALSE),LEFT(TableM4[[#This Row],[Back]],2)*VLOOKUP(VALUE(TRIM(CLEAN(RIGHT(TableM4[[#This Row],[Back]],2)))),TableLasers[],COLUMN(TableLasers[S-DPH]),FALSE),LEFT(TableM4[[#This Row],[Left]],2)*VLOOKUP(VALUE(TRIM(CLEAN(RIGHT(TableM4[[#This Row],[Left]],2)))),TableLasers[],COLUMN(TableLasers[S-DPH]),FALSE),LEFT(TableM4[[#This Row],[Right]],2)*VLOOKUP(VALUE(TRIM(CLEAN(RIGHT(TableM4[[#This Row],[Right]],2)))),TableLasers[],COLUMN(TableLasers[S-DPH]),FALSE),LEFT(TableM4[[#This Row],[Up]],2)*VLOOKUP(VALUE(TRIM(CLEAN(RIGHT(TableM4[[#This Row],[Up]],2)))),TableLasers[],COLUMN(TableLasers[S-DPH]),FALSE),LEFT(TableM4[[#This Row],[Down]],2)*VLOOKUP(VALUE(TRIM(CLEAN(RIGHT(TableM4[[#This Row],[Down]],2)))),TableLasers[],COLUMN(TableLasers[S-DPH]),FALSE))","v":3840},{"$f":"SUM(LEFT(TableM4[[#This Row],[Main]],2)*VLOOKUP(VALUE(TRIM(CLEAN(RIGHT(TableM4[[#This Row],[Main]],2)))),TableLasers[],COLUMN(TableLasers[H-DPH]),FALSE),LEFT(TableM4[[#This Row],[Front]],2)*VLOOKUP(VALUE(TRIM(CLEAN(RIGHT(TableM4[[#This Row],[Front]],2)))),TableLasers[],COLUMN(TableLasers[H-DPH]),FALSE),LEFT(TableM4[[#This Row],[Back]],2)*VLOOKUP(VALUE(TRIM(CLEAN(RIGHT(TableM4[[#This Row],[Back]],2)))),TableLasers[],COLUMN(TableLasers[H-DPH]),FALSE),LEFT(TableM4[[#This Row],[Left]],2)*VLOOKUP(VALUE(TRIM(CLEAN(RIGHT(TableM4[[#This Row],[Left]],2)))),TableLasers[],COLUMN(TableLasers[H-DPH]),FALSE),LEFT(TableM4[[#This Row],[Right]],2)*VLOOKUP(VALUE(TRIM(CLEAN(RIGHT(TableM4[[#This Row],[Right]],2)))),TableLasers[],COLUMN(TableLasers[H-DPH]),FALSE),LEFT(TableM4[[#This Row],[Up]],2)*VLOOKUP(VALUE(TRIM(CLEAN(RIGHT(TableM4[[#This Row],[Up]],2)))),TableLasers[],COLUMN(TableLasers[H-DPH]),FALSE),LEFT(TableM4[[#This Row],[Down]],2)*VLOOKUP(VALUE(TRIM(CLEAN(RIGHT(TableM4[[#This Row],[Down]],2)))),TableLasers[],COLUMN(TableLasers[H-DPH]),FALSE))","v":720},"06::01","00::00","00::00","00::00","00::00","00::00","00::00",6,null,null,null,null,null,null,"0,1,9",null,null,null,null,null,null,"0,35"]
[651,"Pirates","M4","Asp",null,375.10199999999998,125.03400000000001,38,"M",5200,"5 MJ ",4,220,36.509675063891898,6,6000,149.964,146,0,{"$f":"SUM(LEFT(TableM4[[#This Row],[Main]],2)*VLOOKUP(VALUE(TRIM(CLEAN(RIGHT(TableM4[[#This Row],[Main]],2)))),TableLasers[],COLUMN(TableLasers[S-DPH]),FALSE),LEFT(TableM4[[#This Row],[Front]],2)*VLOOKUP(VALUE(TRIM(CLEAN(RIGHT(TableM4[[#This Row],[Front]],2)))),TableLasers[],COLUMN(TableLasers[S-DPH]),FALSE),LEFT(TableM4[[#This Row],[Back]],2)*VLOOKUP(VALUE(TRIM(CLEAN(RIGHT(TableM4[[#This Row],[Back]],2)))),TableLasers[],COLUMN(TableLasers[S-DPH]),FALSE),LEFT(TableM4[[#This Row],[Left]],2)*VLOOKUP(VALUE(TRIM(CLEAN(RIGHT(TableM4[[#This Row],[Left]],2)))),TableLasers[],COLUMN(TableLasers[S-DPH]),FALSE),LEFT(TableM4[[#This Row],[Right]],2)*VLOOKUP(VALUE(TRIM(CLEAN(RIGHT(TableM4[[#This Row],[Right]],2)))),TableLasers[],COLUMN(TableLasers[S-DPH]),FALSE),LEFT(TableM4[[#This Row],[Up]],2)*VLOOKUP(VALUE(TRIM(CLEAN(RIGHT(TableM4[[#This Row],[Up]],2)))),TableLasers[],COLUMN(TableLasers[S-DPH]),FALSE),LEFT(TableM4[[#This Row],[Down]],2)*VLOOKUP(VALUE(TRIM(CLEAN(RIGHT(TableM4[[#This Row],[Down]],2)))),TableLasers[],COLUMN(TableLasers[S-DPH]),FALSE))","v":3840},{"$f":"SUM(LEFT(TableM4[[#This Row],[Main]],2)*VLOOKUP(VALUE(TRIM(CLEAN(RIGHT(TableM4[[#This Row],[Main]],2)))),TableLasers[],COLUMN(TableLasers[H-DPH]),FALSE),LEFT(TableM4[[#This Row],[Front]],2)*VLOOKUP(VALUE(TRIM(CLEAN(RIGHT(TableM4[[#This Row],[Front]],2)))),TableLasers[],COLUMN(TableLasers[H-DPH]),FALSE),LEFT(TableM4[[#This Row],[Back]],2)*VLOOKUP(VALUE(TRIM(CLEAN(RIGHT(TableM4[[#This Row],[Back]],2)))),TableLasers[],COLUMN(TableLasers[H-DPH]),FALSE),LEFT(TableM4[[#This Row],[Left]],2)*VLOOKUP(VALUE(TRIM(CLEAN(RIGHT(TableM4[[#This Row],[Left]],2)))),TableLasers[],COLUMN(TableLasers[H-DPH]),FALSE),LEFT(TableM4[[#This Row],[Right]],2)*VLOOKUP(VALUE(TRIM(CLEAN(RIGHT(TableM4[[#This Row],[Right]],2)))),TableLasers[],COLUMN(TableLasers[H-DPH]),FALSE),LEFT(TableM4[[#This Row],[Up]],2)*VLOOKUP(VALUE(TRIM(CLEAN(RIGHT(TableM4[[#This Row],[Up]],2)))),TableLasers[],COLUMN(TableLasers[H-DPH]),FALSE),LEFT(TableM4[[#This Row],[Down]],2)*VLOOKUP(VALUE(TRIM(CLEAN(RIGHT(TableM4[[#This Row],[Down]],2)))),TableLasers[],COLUMN(TableLasers[H-DPH]),FALSE))","v":720},"06::01","00::00","00::00","00::00","00::00","00::00","00::00",6,null,null,null,null,null,null,"0,1,3,9",null,null,null,null,null,null,"0,35"]
[657,"Pirates","M4","Buzzard","Raider",272.52159999999998,104.816,30,"M",4200,"5 MJ ",4,265,36.509675063891898,6,2550,63.734699999999997,285,0,{"$f":"SUM(LEFT(TableM4[[#This Row],[Main]],2)*VLOOKUP(VALUE(TRIM(CLEAN(RIGHT(TableM4[[#This Row],[Main]],2)))),TableLasers[],COLUMN(TableLasers[S-DPH]),FALSE),LEFT(TableM4[[#This Row],[Front]],2)*VLOOKUP(VALUE(TRIM(CLEAN(RIGHT(TableM4[[#This Row],[Front]],2)))),TableLasers[],COLUMN(TableLasers[S-DPH]),FALSE),LEFT(TableM4[[#This Row],[Back]],2)*VLOOKUP(VALUE(TRIM(CLEAN(RIGHT(TableM4[[#This Row],[Back]],2)))),TableLasers[],COLUMN(TableLasers[S-DPH]),FALSE),LEFT(TableM4[[#This Row],[Left]],2)*VLOOKUP(VALUE(TRIM(CLEAN(RIGHT(TableM4[[#This Row],[Left]],2)))),TableLasers[],COLUMN(TableLasers[S-DPH]),FALSE),LEFT(TableM4[[#This Row],[Right]],2)*VLOOKUP(VALUE(TRIM(CLEAN(RIGHT(TableM4[[#This Row],[Right]],2)))),TableLasers[],COLUMN(TableLasers[S-DPH]),FALSE),LEFT(TableM4[[#This Row],[Up]],2)*VLOOKUP(VALUE(TRIM(CLEAN(RIGHT(TableM4[[#This Row],[Up]],2)))),TableLasers[],COLUMN(TableLasers[S-DPH]),FALSE),LEFT(TableM4[[#This Row],[Down]],2)*VLOOKUP(VALUE(TRIM(CLEAN(RIGHT(TableM4[[#This Row],[Down]],2)))),TableLasers[],COLUMN(TableLasers[S-DPH]),FALSE))","v":4122},{"$f":"SUM(LEFT(TableM4[[#This Row],[Main]],2)*VLOOKUP(VALUE(TRIM(CLEAN(RIGHT(TableM4[[#This Row],[Main]],2)))),TableLasers[],COLUMN(TableLasers[H-DPH]),FALSE),LEFT(TableM4[[#This Row],[Front]],2)*VLOOKUP(VALUE(TRIM(CLEAN(RIGHT(TableM4[[#This Row],[Front]],2)))),TableLasers[],COLUMN(TableLasers[H-DPH]),FALSE),LEFT(TableM4[[#This Row],[Back]],2)*VLOOKUP(VALUE(TRIM(CLEAN(RIGHT(TableM4[[#This Row],[Back]],2)))),TableLasers[],COLUMN(TableLasers[H-DPH]),FALSE),LEFT(TableM4[[#This Row],[Left]],2)*VLOOKUP(VALUE(TRIM(CLEAN(RIGHT(TableM4[[#This Row],[Left]],2)))),TableLasers[],COLUMN(TableLasers[H-DPH]),FALSE),LEFT(TableM4[[#This Row],[Right]],2)*VLOOKUP(VALUE(TRIM(CLEAN(RIGHT(TableM4[[#This Row],[Right]],2)))),TableLasers[],COLUMN(TableLasers[H-DPH]),FALSE),LEFT(TableM4[[#This Row],[Up]],2)*VLOOKUP(VALUE(TRIM(CLEAN(RIGHT(TableM4[[#This Row],[Up]],2)))),TableLasers[],COLUMN(TableLasers[H-DPH]),FALSE),LEFT(TableM4[[#This Row],[Down]],2)*VLOOKUP(VALUE(TRIM(CLEAN(RIGHT(TableM4[[#This Row],[Down]],2)))),TableLasers[],COLUMN(TableLasers[H-DPH]),FALSE))","v":762},"06::05","00::00","00::00","00::00","00::00","00::00","00::00",6,null,null,null,null,null,null,"0,1,5",null,null,null,null,null,null,"0,35"]
[658,"Pirates","M4","Kite",null,238.7216,91.816000000000003,30,"M",7410,"25 MJ ",1,612,44.091710758377403,6,5846,217.289974,285,0,{"$f":"SUM(LEFT(TableM4[[#This Row],[Main]],2)*VLOOKUP(VALUE(TRIM(CLEAN(RIGHT(TableM4[[#This Row],[Main]],2)))),TableLasers[],COLUMN(TableLasers[S-DPH]),FALSE),LEFT(TableM4[[#This Row],[Front]],2)*VLOOKUP(VALUE(TRIM(CLEAN(RIGHT(TableM4[[#This Row],[Front]],2)))),TableLasers[],COLUMN(TableLasers[S-DPH]),FALSE),LEFT(TableM4[[#This Row],[Back]],2)*VLOOKUP(VALUE(TRIM(CLEAN(RIGHT(TableM4[[#This Row],[Back]],2)))),TableLasers[],COLUMN(TableLasers[S-DPH]),FALSE),LEFT(TableM4[[#This Row],[Left]],2)*VLOOKUP(VALUE(TRIM(CLEAN(RIGHT(TableM4[[#This Row],[Left]],2)))),TableLasers[],COLUMN(TableLasers[S-DPH]),FALSE),LEFT(TableM4[[#This Row],[Right]],2)*VLOOKUP(VALUE(TRIM(CLEAN(RIGHT(TableM4[[#This Row],[Right]],2)))),TableLasers[],COLUMN(TableLasers[S-DPH]),FALSE),LEFT(TableM4[[#This Row],[Up]],2)*VLOOKUP(VALUE(TRIM(CLEAN(RIGHT(TableM4[[#This Row],[Up]],2)))),TableLasers[],COLUMN(TableLasers[S-DPH]),FALSE),LEFT(TableM4[[#This Row],[Down]],2)*VLOOKUP(VALUE(TRIM(CLEAN(RIGHT(TableM4[[#This Row],[Down]],2)))),TableLasers[],COLUMN(TableLasers[S-DPH]),FALSE))","v":4122},{"$f":"SUM(LEFT(TableM4[[#This Row],[Main]],2)*VLOOKUP(VALUE(TRIM(CLEAN(RIGHT(TableM4[[#This Row],[Main]],2)))),TableLasers[],COLUMN(TableLasers[H-DPH]),FALSE),LEFT(TableM4[[#This Row],[Front]],2)*VLOOKUP(VALUE(TRIM(CLEAN(RIGHT(TableM4[[#This Row],[Front]],2)))),TableLasers[],COLUMN(TableLasers[H-DPH]),FALSE),LEFT(TableM4[[#This Row],[Back]],2)*VLOOKUP(VALUE(TRIM(CLEAN(RIGHT(TableM4[[#This Row],[Back]],2)))),TableLasers[],COLUMN(TableLasers[H-DPH]),FALSE),LEFT(TableM4[[#This Row],[Left]],2)*VLOOKUP(VALUE(TRIM(CLEAN(RIGHT(TableM4[[#This Row],[Left]],2)))),TableLasers[],COLUMN(TableLasers[H-DPH]),FALSE),LEFT(TableM4[[#This Row],[Right]],2)*VLOOKUP(VALUE(TRIM(CLEAN(RIGHT(TableM4[[#This Row],[Right]],2)))),TableLasers[],COLUMN(TableLasers[H-DPH]),FALSE),LEFT(TableM4[[#This Row],[Up]],2)*VLOOKUP(VALUE(TRIM(CLEAN(RIGHT(TableM4[[#This Row],[Up]],2)))),TableLasers[],COLUMN(TableLasers[H-DPH]),FALSE),LEFT(TableM4[[#This Row],[Down]],2)*VLOOKUP(VALUE(TRIM(CLEAN(RIGHT(TableM4[[#This Row],[Down]],2)))),TableLasers[],COLUMN(TableLasers[H-DPH]),FALSE))","v":762},"06::05","00::00","00::00","00::00","00::00","00::00","00::00",6,null,null,null,null,null,null,"0,1,5,2",null,null,null,null,null,null,"0,35"]
[670,"Pirates","M4","Sabre",null,390,156,45,"M",2975,"5 MJ ",4,500,18.254837531945999,4,2540,76.197460000000007,110,0,{"$f":"SUM(LEFT(TableM4[[#This Row],[Main]],2)*VLOOKUP(VALUE(TRIM(CLEAN(RIGHT(TableM4[[#This Row],[Main]],2)))),TableLasers[],COLUMN(TableLasers[S-DPH]),FALSE),LEFT(TableM4[[#This Row],[Front]],2)*VLOOKUP(VALUE(TRIM(CLEAN(RIGHT(TableM4[[#This Row],[Front]],2)))),TableLasers[],COLUMN(TableLasers[S-DPH]),FALSE),LEFT(TableM4[[#This Row],[Back]],2)*VLOOKUP(VALUE(TRIM(CLEAN(RIGHT(TableM4[[#This Row],[Back]],2)))),TableLasers[],COLUMN(TableLasers[S-DPH]),FALSE),LEFT(TableM4[[#This Row],[Left]],2)*VLOOKUP(VALUE(TRIM(CLEAN(RIGHT(TableM4[[#This Row],[Left]],2)))),TableLasers[],COLUMN(TableLasers[S-DPH]),FALSE),LEFT(TableM4[[#This Row],[Right]],2)*VLOOKUP(VALUE(TRIM(CLEAN(RIGHT(TableM4[[#This Row],[Right]],2)))),TableLasers[],COLUMN(TableLasers[S-DPH]),FALSE),LEFT(TableM4[[#This Row],[Up]],2)*VLOOKUP(VALUE(TRIM(CLEAN(RIGHT(TableM4[[#This Row],[Up]],2)))),TableLasers[],COLUMN(TableLasers[S-DPH]),FALSE),LEFT(TableM4[[#This Row],[Down]],2)*VLOOKUP(VALUE(TRIM(CLEAN(RIGHT(TableM4[[#This Row],[Down]],2)))),TableLasers[],COLUMN(TableLasers[S-DPH]),FALSE))","v":9280},{"$f":"SUM(LEFT(TableM4[[#This Row],[Main]],2)*VLOOKUP(VALUE(TRIM(CLEAN(RIGHT(TableM4[[#This Row],[Main]],2)))),TableLasers[],COLUMN(TableLasers[H-DPH]),FALSE),LEFT(TableM4[[#This Row],[Front]],2)*VLOOKUP(VALUE(TRIM(CLEAN(RIGHT(TableM4[[#This Row],[Front]],2)))),TableLasers[],COLUMN(TableLasers[H-DPH]),FALSE),LEFT(TableM4[[#This Row],[Back]],2)*VLOOKUP(VALUE(TRIM(CLEAN(RIGHT(TableM4[[#This Row],[Back]],2)))),TableLasers[],COLUMN(TableLasers[H-DPH]),FALSE),LEFT(TableM4[[#This Row],[Left]],2)*VLOOKUP(VALUE(TRIM(CLEAN(RIGHT(TableM4[[#This Row],[Left]],2)))),TableLasers[],COLUMN(TableLasers[H-DPH]),FALSE),LEFT(TableM4[[#This Row],[Right]],2)*VLOOKUP(VALUE(TRIM(CLEAN(RIGHT(TableM4[[#This Row],[Right]],2)))),TableLasers[],COLUMN(TableLasers[H-DPH]),FALSE),LEFT(TableM4[[#This Row],[Up]],2)*VLOOKUP(VALUE(TRIM(CLEAN(RIGHT(TableM4[[#This Row],[Up]],2)))),TableLasers[],COLUMN(TableLasers[H-DPH]),FALSE),LEFT(TableM4[[#This Row],[Down]],2)*VLOOKUP(VALUE(TRIM(CLEAN(RIGHT(TableM4[[#This Row],[Down]],2)))),TableLasers[],COLUMN(TableLasers[H-DPH]),FALSE))","v":1812},"04::11","00::00","00::00","00::00","00::00","00::00","00::00",4,null,null,null,null,null,null,"10,11"]
[672,"Pirates","M4","Chikyu",null,403,201.5,41,"M",2500,"25 MJ ",1,595,44.091710758377403,6,2900,72.5,87,0,{"$f":"SUM(LEFT(TableM4[[#This Row],[Main]],2)*VLOOKUP(VALUE(TRIM(CLEAN(RIGHT(TableM4[[#This Row],[Main]],2)))),TableLasers[],COLUMN(TableLasers[S-DPH]),FALSE),LEFT(TableM4[[#This Row],[Front]],2)*VLOOKUP(VALUE(TRIM(CLEAN(RIGHT(TableM4[[#This Row],[Front]],2)))),TableLasers[],COLUMN(TableLasers[S-DPH]),FALSE),LEFT(TableM4[[#This Row],[Back]],2)*VLOOKUP(VALUE(TRIM(CLEAN(RIGHT(TableM4[[#This Row],[Back]],2)))),TableLasers[],COLUMN(TableLasers[S-DPH]),FALSE),LEFT(TableM4[[#This Row],[Left]],2)*VLOOKUP(VALUE(TRIM(CLEAN(RIGHT(TableM4[[#This Row],[Left]],2)))),TableLasers[],COLUMN(TableLasers[S-DPH]),FALSE),LEFT(TableM4[[#This Row],[Right]],2)*VLOOKUP(VALUE(TRIM(CLEAN(RIGHT(TableM4[[#This Row],[Right]],2)))),TableLasers[],COLUMN(TableLasers[S-DPH]),FALSE),LEFT(TableM4[[#This Row],[Up]],2)*VLOOKUP(VALUE(TRIM(CLEAN(RIGHT(TableM4[[#This Row],[Up]],2)))),TableLasers[],COLUMN(TableLasers[S-DPH]),FALSE),LEFT(TableM4[[#This Row],[Down]],2)*VLOOKUP(VALUE(TRIM(CLEAN(RIGHT(TableM4[[#This Row],[Down]],2)))),TableLasers[],COLUMN(TableLasers[S-DPH]),FALSE))","v":13920},{"$f":"SUM(LEFT(TableM4[[#This Row],[Main]],2)*VLOOKUP(VALUE(TRIM(CLEAN(RIGHT(TableM4[[#This Row],[Main]],2)))),TableLasers[],COLUMN(TableLasers[H-DPH]),FALSE),LEFT(TableM4[[#This Row],[Front]],2)*VLOOKUP(VALUE(TRIM(CLEAN(RIGHT(TableM4[[#This Row],[Front]],2)))),TableLasers[],COLUMN(TableLasers[H-DPH]),FALSE),LEFT(TableM4[[#This Row],[Back]],2)*VLOOKUP(VALUE(TRIM(CLEAN(RIGHT(TableM4[[#This Row],[Back]],2)))),TableLasers[],COLUMN(TableLasers[H-DPH]),FALSE),LEFT(TableM4[[#This Row],[Left]],2)*VLOOKUP(VALUE(TRIM(CLEAN(RIGHT(TableM4[[#This Row],[Left]],2)))),TableLasers[],COLUMN(TableLasers[H-DPH]),FALSE),LEFT(TableM4[[#This Row],[Right]],2)*VLOOKUP(VALUE(TRIM(CLEAN(RIGHT(TableM4[[#This Row],[Right]],2)))),TableLasers[],COLUMN(TableLasers[H-DPH]),FALSE),LEFT(TableM4[[#This Row],[Up]],2)*VLOOKUP(VALUE(TRIM(CLEAN(RIGHT(TableM4[[#This Row],[Up]],2)))),TableLasers[],COLUMN(TableLasers[H-DPH]),FALSE),LEFT(TableM4[[#This Row],[Down]],2)*VLOOKUP(VALUE(TRIM(CLEAN(RIGHT(TableM4[[#This Row],[Down]],2)))),TableLasers[],COLUMN(TableLasers[H-DPH]),FALSE))","v":2718},"04::11","00::00","02::11","00::00","00::00","00::00","00::00",4,null,2,null,null,null,null,"10,11,29,35",null,"10,11,29,35",null,null,null,null,"27,36,37,38"]
[694,"Argon","M4","AGI Interceptor Drone",null,331,82.75,57,"M",4200,"5 MJ ",6,550,18.254837531945999,8,3650,91.228099999999998,114,0,{"$f":"SUM(LEFT(TableM4[[#This Row],[Main]],2)*VLOOKUP(VALUE(TRIM(CLEAN(RIGHT(TableM4[[#This Row],[Main]],2)))),TableLasers[],COLUMN(TableLasers[S-DPH]),FALSE),LEFT(TableM4[[#This Row],[Front]],2)*VLOOKUP(VALUE(TRIM(CLEAN(RIGHT(TableM4[[#This Row],[Front]],2)))),TableLasers[],COLUMN(TableLasers[S-DPH]),FALSE),LEFT(TableM4[[#This Row],[Back]],2)*VLOOKUP(VALUE(TRIM(CLEAN(RIGHT(TableM4[[#This Row],[Back]],2)))),TableLasers[],COLUMN(TableLasers[S-DPH]),FALSE),LEFT(TableM4[[#This Row],[Left]],2)*VLOOKUP(VALUE(TRIM(CLEAN(RIGHT(TableM4[[#This Row],[Left]],2)))),TableLasers[],COLUMN(TableLasers[S-DPH]),FALSE),LEFT(TableM4[[#This Row],[Right]],2)*VLOOKUP(VALUE(TRIM(CLEAN(RIGHT(TableM4[[#This Row],[Right]],2)))),TableLasers[],COLUMN(TableLasers[S-DPH]),FALSE),LEFT(TableM4[[#This Row],[Up]],2)*VLOOKUP(VALUE(TRIM(CLEAN(RIGHT(TableM4[[#This Row],[Up]],2)))),TableLasers[],COLUMN(TableLasers[S-DPH]),FALSE),LEFT(TableM4[[#This Row],[Down]],2)*VLOOKUP(VALUE(TRIM(CLEAN(RIGHT(TableM4[[#This Row],[Down]],2)))),TableLasers[],COLUMN(TableLasers[S-DPH]),FALSE))","v":10260},{"$f":"SUM(LEFT(TableM4[[#This Row],[Main]],2)*VLOOKUP(VALUE(TRIM(CLEAN(RIGHT(TableM4[[#This Row],[Main]],2)))),TableLasers[],COLUMN(TableLasers[H-DPH]),FALSE),LEFT(TableM4[[#This Row],[Front]],2)*VLOOKUP(VALUE(TRIM(CLEAN(RIGHT(TableM4[[#This Row],[Front]],2)))),TableLasers[],COLUMN(TableLasers[H-DPH]),FALSE),LEFT(TableM4[[#This Row],[Back]],2)*VLOOKUP(VALUE(TRIM(CLEAN(RIGHT(TableM4[[#This Row],[Back]],2)))),TableLasers[],COLUMN(TableLasers[H-DPH]),FALSE),LEFT(TableM4[[#This Row],[Left]],2)*VLOOKUP(VALUE(TRIM(CLEAN(RIGHT(TableM4[[#This Row],[Left]],2)))),TableLasers[],COLUMN(TableLasers[H-DPH]),FALSE),LEFT(TableM4[[#This Row],[Right]],2)*VLOOKUP(VALUE(TRIM(CLEAN(RIGHT(TableM4[[#This Row],[Right]],2)))),TableLasers[],COLUMN(TableLasers[H-DPH]),FALSE),LEFT(TableM4[[#This Row],[Up]],2)*VLOOKUP(VALUE(TRIM(CLEAN(RIGHT(TableM4[[#This Row],[Up]],2)))),TableLasers[],COLUMN(TableLasers[H-DPH]),FALSE),LEFT(TableM4[[#This Row],[Down]],2)*VLOOKUP(VALUE(TRIM(CLEAN(RIGHT(TableM4[[#This Row],[Down]],2)))),TableLasers[],COLUMN(TableLasers[H-DPH]),FALSE))","v":472},"06::08","00::00","02::04","00::00","00::00","00::00","00::00",6,null,2,null,null,null,null,"0,1,4,8",null,"0,1,4",null,null,null,null,"0,35"]
[698,"Terran","M4","Terraformer Interceptor",null,331,82.75,57,"M",4200,"5 MJ ",6,550,18.254837531945999,8,3650,91.228099999999998,114,0,{"$f":"SUM(LEFT(TableM4[[#This Row],[Main]],2)*VLOOKUP(VALUE(TRIM(CLEAN(RIGHT(TableM4[[#This Row],[Main]],2)))),TableLasers[],COLUMN(TableLasers[S-DPH]),FALSE),LEFT(TableM4[[#This Row],[Front]],2)*VLOOKUP(VALUE(TRIM(CLEAN(RIGHT(TableM4[[#This Row],[Front]],2)))),TableLasers[],COLUMN(TableLasers[S-DPH]),FALSE),LEFT(TableM4[[#This Row],[Back]],2)*VLOOKUP(VALUE(TRIM(CLEAN(RIGHT(TableM4[[#This Row],[Back]],2)))),TableLasers[],COLUMN(TableLasers[S-DPH]),FALSE),LEFT(TableM4[[#This Row],[Left]],2)*VLOOKUP(VALUE(TRIM(CLEAN(RIGHT(TableM4[[#This Row],[Left]],2)))),TableLasers[],COLUMN(TableLasers[S-DPH]),FALSE),LEFT(TableM4[[#This Row],[Right]],2)*VLOOKUP(VALUE(TRIM(CLEAN(RIGHT(TableM4[[#This Row],[Right]],2)))),TableLasers[],COLUMN(TableLasers[S-DPH]),FALSE),LEFT(TableM4[[#This Row],[Up]],2)*VLOOKUP(VALUE(TRIM(CLEAN(RIGHT(TableM4[[#This Row],[Up]],2)))),TableLasers[],COLUMN(TableLasers[S-DPH]),FALSE),LEFT(TableM4[[#This Row],[Down]],2)*VLOOKUP(VALUE(TRIM(CLEAN(RIGHT(TableM4[[#This Row],[Down]],2)))),TableLasers[],COLUMN(TableLasers[S-DPH]),FALSE))","v":13920},{"$f":"SUM(LEFT(TableM4[[#This Row],[Main]],2)*VLOOKUP(VALUE(TRIM(CLEAN(RIGHT(TableM4[[#This Row],[Main]],2)))),TableLasers[],COLUMN(TableLasers[H-DPH]),FALSE),LEFT(TableM4[[#This Row],[Front]],2)*VLOOKUP(VALUE(TRIM(CLEAN(RIGHT(TableM4[[#This Row],[Front]],2)))),TableLasers[],COLUMN(TableLasers[H-DPH]),FALSE),LEFT(TableM4[[#This Row],[Back]],2)*VLOOKUP(VALUE(TRIM(CLEAN(RIGHT(TableM4[[#This Row],[Back]],2)))),TableLasers[],COLUMN(TableLasers[H-DPH]),FALSE),LEFT(TableM4[[#This Row],[Left]],2)*VLOOKUP(VALUE(TRIM(CLEAN(RIGHT(TableM4[[#This Row],[Left]],2)))),TableLasers[],COLUMN(TableLasers[H-DPH]),FALSE),LEFT(TableM4[[#This Row],[Right]],2)*VLOOKUP(VALUE(TRIM(CLEAN(RIGHT(TableM4[[#This Row],[Right]],2)))),TableLasers[],COLUMN(TableLasers[H-DPH]),FALSE),LEFT(TableM4[[#This Row],[Up]],2)*VLOOKUP(VALUE(TRIM(CLEAN(RIGHT(TableM4[[#This Row],[Up]],2)))),TableLasers[],COLUMN(TableLasers[H-DPH]),FALSE),LEFT(TableM4[[#This Row],[Down]],2)*VLOOKUP(VALUE(TRIM(CLEAN(RIGHT(TableM4[[#This Row],[Down]],2)))),TableLasers[],COLUMN(TableLasers[H-DPH]),FALSE))","v":2718},"06::11","00::00","00::00","00::00","00::00","00::00","00::00",6,null,2,null,null,null,null,"10,11,45"]

{"sheet":"M3","index":8,"n_rows":129,"n_cols":43,"rows_kept":129,"cut":false,"hidden":false,"merged":[]}
["ID","Race","Class","Name","Variation","Speed","Accel","AAccel","CClass","Hull","SType","SCount","SPower","SRTime","LCount","LEnergy","LRRate","MaxCargo","Hangar","S-Damage","H-Damage","Main","Front","Back","Left","Right","Up","Down","nMain","nFront","nBack","nLeft","nRight","nUp","nDown","xMain","xFront","xBack","xLeft","xRight","xUp","xDown","Missiles"]
[12,"Argon","M3","Nova",null,237.5,95,42,"L",10000,"25 MJ ",3,750,44.091710758377403,10,6200,154.96279999999999,236,0,{"$f":"SUM(LEFT(TableM3[[#This Row],[Main]],2)*VLOOKUP(VALUE(TRIM(CLEAN(RIGHT(TableM3[[#This Row],[Main]],2)))),TableLasers[],COLUMN(TableLasers[S-DPH]),FALSE),LEFT(TableM3[[#This Row],[Front]],2)*VLOOKUP(VALUE(TRIM(CLEAN(RIGHT(TableM3[[#This Row],[Front]],2)))),TableLasers[],COLUMN(TableLasers[S-DPH]),FALSE),LEFT(TableM3[[#This Row],[Back]],2)*VLOOKUP(VALUE(TRIM(CLEAN(RIGHT(TableM3[[#This Row],[Back]],2)))),TableLasers[],COLUMN(TableLasers[S-DPH]),FALSE),LEFT(TableM3[[#This Row],[Left]],2)*VLOOKUP(VALUE(TRIM(CLEAN(RIGHT(TableM3[[#This Row],[Left]],2)))),TableLasers[],COLUMN(TableLasers[S-DPH]),FALSE),LEFT(TableM3[[#This Row],[Right]],2)*VLOOKUP(VALUE(TRIM(CLEAN(RIGHT(TableM3[[#This Row],[Right]],2)))),TableLasers[],COLUMN(TableLasers[S-DPH]),FALSE),LEFT(TableM3[[#This Row],[Up]],2)*VLOOKUP(VALUE(TRIM(CLEAN(RIGHT(TableM3[[#This Row],[Up]],2)))),TableLasers[],COLUMN(TableLasers[S-DPH]),FALSE),LEFT(TableM3[[#This Row],[Down]],2)*VLOOKUP(VALUE(TRIM(CLEAN(RIGHT(TableM3[[#This Row],[Down]],2)))),TableLasers[],COLUMN(TableLasers[S-DPH]),FALSE))","v":10800},{"$f":"SUM(LEFT(TableM3[[#This Row],[Main]],2)*VLOOKUP(VALUE(TRIM(CLEAN(RIGHT(TableM3[[#This Row],[Main]],2)))),TableLasers[],COLUMN(TableLasers[H-DPH]),FALSE),LEFT(TableM3[[#This Row],[Front]],2)*VLOOKUP(VALUE(TRIM(CLEAN(RIGHT(TableM3[[#This Row],[Front]],2)))),TableLasers[],COLUMN(TableLasers[H-DPH]),FALSE),LEFT(TableM3[[#This Row],[Back]],2)*VLOOKUP(VALUE(TRIM(CLEAN(RIGHT(TableM3[[#This Row],[Back]],2)))),TableLasers[],COLUMN(TableLasers[H-DPH]),FALSE),LEFT(TableM3[[#This Row],[Left]],2)*VLOOKUP(VALUE(TRIM(CLEAN(RIGHT(TableM3[[#This Row],[Left]],2)))),TableLasers[],COLUMN(TableLasers[H-DPH]),FALSE),LEFT(TableM3[[#This Row],[Right]],2)*VLOOKUP(VALUE(TRIM(CLEAN(RIGHT(TableM3[[#This Row],[Right]],2)))),TableLasers[],COLUMN(TableLasers[H-DPH]),FALSE),LEFT(TableM3[[#This Row],[Up]],2)*VLOOKUP(VALUE(TRIM(CLEAN(RIGHT(TableM3[[#This Row],[Up]],2)))),TableLasers[],COLUMN(TableLasers[H-DPH]),FALSE),LEFT(TableM3[[#This Row],[Down]],2)*VLOOKUP(VALUE(TRIM(CLEAN(RIGHT(TableM3[[#This Row],[Down]],2)))),TableLasers[],COLUMN(TableLasers[H-DPH]),FALSE))","v":2000},"08::04","00::00","02::04","00::00","00::00","00::00","00::00",8,null,2,null,null,null,null,"0,1,3,4",null,"0,1,4",null,null,null,null,"0,1,3,5,12,17,22,23,35"]
[13,"Argon","M3","Nova","Raider",273,109.2,42,"L",9500,"25 MJ ",2,825,44.091710758377403,10,6300,157.4622,216,0,{"$f":"SUM(LEFT(TableM3[[#This Row],[Main]],2)*VLOOKUP(VALUE(TRIM(CLEAN(RIGHT(TableM3[[#This Row],[Main]],2)))),TableLasers[],COLUMN(TableLasers[S-DPH]),FALSE),LEFT(TableM3[[#This Row],[Front]],2)*VLOOKUP(VALUE(TRIM(CLEAN(RIGHT(TableM3[[#This Row],[Front]],2)))),TableLasers[],COLUMN(TableLasers[S-DPH]),FALSE),LEFT(TableM3[[#This Row],[Back]],2)*VLOOKUP(VALUE(TRIM(CLEAN(RIGHT(TableM3[[#This Row],[Back]],2)))),TableLasers[],COLUMN(TableLasers[S-DPH]),FALSE),LEFT(TableM3[[#This Row],[Left]],2)*VLOOKUP(VALUE(TRIM(CLEAN(RIGHT(TableM3[[#This Row],[Left]],2)))),TableLasers[],COLUMN(TableLasers[S-DPH]),FALSE),LEFT(TableM3[[#This Row],[Right]],2)*VLOOKUP(VALUE(TRIM(CLEAN(RIGHT(TableM3[[#This Row],[Right]],2)))),TableLasers[],COLUMN(TableLasers[S-DPH]),FALSE),LEFT(TableM3[[#This Row],[Up]],2)*VLOOKUP(VALUE(TRIM(CLEAN(RIGHT(TableM3[[#This Row],[Up]],2)))),TableLasers[],COLUMN(TableLasers[S-DPH]),FALSE),LEFT(TableM3[[#This Row],[Down]],2)*VLOOKUP(VALUE(TRIM(CLEAN(RIGHT(TableM3[[#This Row],[Down]],2)))),TableLasers[],COLUMN(TableLasers[S-DPH]),FALSE))","v":10800},{"$f":"SUM(LEFT(TableM3[[#This Row],[Main]],2)*VLOOKUP(VALUE(TRIM(CLEAN(RIGHT(TableM3[[#This Row],[Main]],2)))),TableLasers[],COLUMN(TableLasers[H-DPH]),FALSE),LEFT(TableM3[[#This Row],[Front]],2)*VLOOKUP(VALUE(TRIM(CLEAN(RIGHT(TableM3[[#This Row],[Front]],2)))),TableLasers[],COLUMN(TableLasers[H-DPH]),FALSE),LEFT(TableM3[[#This Row],[Back]],2)*VLOOKUP(VALUE(TRIM(CLEAN(RIGHT(TableM3[[#This Row],[Back]],2)))),TableLasers[],COLUMN(TableLasers[H-DPH]),FALSE),LEFT(TableM3[[#This Row],[Left]],2)*VLOOKUP(VALUE(TRIM(CLEAN(RIGHT(TableM3[[#This Row],[Left]],2)))),TableLasers[],COLUMN(TableLasers[H-DPH]),FALSE),LEFT(TableM3[[#This Row],[Right]],2)*VLOOKUP(VALUE(TRIM(CLEAN(RIGHT(TableM3[[#This Row],[Right]],2)))),TableLasers[],COLUMN(TableLasers[H-DPH]),FALSE),LEFT(TableM3[[#This Row],[Up]],2)*VLOOKUP(VALUE(TRIM(CLEAN(RIGHT(TableM3[[#This Row],[Up]],2)))),TableLasers[],COLUMN(TableLasers[H-DPH]),FALSE),LEFT(TableM3[[#This Row],[Down]],2)*VLOOKUP(VALUE(TRIM(CLEAN(RIGHT(TableM3[[#This Row],[Down]],2)))),TableLasers[],COLUMN(TableLasers[H-DPH]),FALSE))","v":2000},"08::04","00::00","02::04","00::00","00::00","00::00","00::00",8,null,2,null,null,null,null,"0,1,3,4",null,"0,1,4",null,null,null,null,"0,1,3,5,12,17,22,23,35"]
[14,"Argon","M3","Nova","Vanguard",243.75,97.5,42,"L",9500,"25 MJ ",3,825,44.091710758377403,10,7220,180.45668000000001,182,0,{"$f":"SUM(LEFT(TableM3[[#This Row],[Main]],2)*VLOOKUP(VALUE(TRIM(CLEAN(RIGHT(TableM3[[#This Row],[Main]],2)))),TableLasers[],COLUMN(TableLasers[S-DPH]),FALSE),LEFT(TableM3[[#This Row],[Front]],2)*VLOOKUP(VALUE(TRIM(CLEAN(RIGHT(TableM3[[#This Row],[Front]],2)))),TableLasers[],COLUMN(TableLasers[S-DPH]),FALSE),LEFT(TableM3[[#This Row],[Back]],2)*VLOOKUP(VALUE(TRIM(CLEAN(RIGHT(TableM3[[#This Row],[Back]],2)))),TableLasers[],COLUMN(TableLasers[S-DPH]),FALSE),LEFT(TableM3[[#This Row],[Left]],2)*VLOOKUP(VALUE(TRIM(CLEAN(RIGHT(TableM3[[#This Row],[Left]],2)))),TableLasers[],COLUMN(TableLasers[S-DPH]),FALSE),LEFT(TableM3[[#This Row],[Right]],2)*VLOOKUP(VALUE(TRIM(CLEAN(RIGHT(TableM3[[#This Row],[Right]],2)))),TableLasers[],COLUMN(TableLasers[S-DPH]),FALSE),LEFT(TableM3[[#This Row],[Up]],2)*VLOOKUP(VALUE(TRIM(CLEAN(RIGHT(TableM3[[#This Row],[Up]],2)))),TableLasers[],COLUMN(TableLasers[S-DPH]),FALSE),LEFT(TableM3[[#This Row],[Down]],2)*VLOOKUP(VALUE(TRIM(CLEAN(RIGHT(TableM3[[#This Row],[Down]],2)))),TableLasers[],COLUMN(TableLasers[S-DPH]),FALSE))","v":10800},{"$f":"SUM(LEFT(TableM3[[#This Row],[Main]],2)*VLOOKUP(VALUE(TRIM(CLEAN(RIGHT(TableM3[[#This Row],[Main]],2)))),TableLasers[],COLUMN(TableLasers[H-DPH]),FALSE),LEFT(TableM3[[#This Row],[Front]],2)*VLOOKUP(VALUE(TRIM(CLEAN(RIGHT(TableM3[[#This Row],[Front]],2)))),TableLasers[],COLUMN(TableLasers[H-DPH]),FALSE),LEFT(TableM3[[#This Row],[Back]],2)*VLOOKUP(VALUE(TRIM(CLEAN(RIGHT(TableM3[[#This Row],[Back]],2)))),TableLasers[],COLUMN(TableLasers[H-DPH]),FALSE),LEFT(TableM3[[#This Row],[Left]],2)*VLOOKUP(VALUE(TRIM(CLEAN(RIGHT(TableM3[[#This Row],[Left]],2)))),TableLasers[],COLUMN(TableLasers[H-DPH]),FALSE),LEFT(TableM3[[#This Row],[Right]],2)*VLOOKUP(VALUE(TRIM(CLEAN(RIGHT(TableM3[[#This Row],[Right]],2)))),TableLasers[],COLUMN(TableLasers[H-DPH]),FALSE),LEFT(TableM3[[#This Row],[Up]],2)*VLOOKUP(VALUE(TRIM(CLEAN(RIGHT(TableM3[[#This Row],[Up]],2)))),TableLasers[],COLUMN(TableLasers[H-DPH]),FALSE),LEFT(TableM3[[#This Row],[Down]],2)*VLOOKUP(VALUE(TRIM(CLEAN(RIGHT(TableM3[[#This Row],[Down]],2)))),TableLasers[],COLUMN(TableLasers[H-DPH]),FALSE))","v":2000},"08::04","00::00","02::04","00::00","00::00","00::00","00::00",8,null,2,null,null,null,null,"0,1,3,4",null,"0,1,4",null,null,null,null,"0,1,3,5,12,17,22,23,35"]
[15,"Argon","M3","Nova","Sentinel",208,83.2,42,"L",10000,"25 MJ ",4,1025,44.091710758377403,10,6200,154.96279999999999,214,0,{"$f":"SUM(LEFT(TableM3[[#This Row],[Main]],2)*VLOOKUP(VALUE(TRIM(CLEAN(RIGHT(TableM3[[#This Row],[Main]],2)))),TableLasers[],COLUMN(TableLasers[S-DPH]),FALSE),LEFT(TableM3[[#This Row],[Front]],2)*VLOOKUP(VALUE(TRIM(CLEAN(RIGHT(TableM3[[#This Row],[Front]],2)))),TableLasers[],COLUMN(TableLasers[S-DPH]),FALSE),LEFT(TableM3[[#This Row],[Back]],2)*VLOOKUP(VALUE(TRIM(CLEAN(RIGHT(TableM3[[#This Row],[Back]],2)))),TableLasers[],COLUMN(TableLasers[S-DPH]),FALSE),LEFT(TableM3[[#This Row],[Left]],2)*VLOOKUP(VALUE(TRIM(CLEAN(RIGHT(TableM3[[#This Row],[Left]],2)))),TableLasers[],COLUMN(TableLasers[S-DPH]),FALSE),LEFT(TableM3[[#This Row],[Right]],2)*VLOOKUP(VALUE(TRIM(CLEAN(RIGHT(TableM3[[#This Row],[Right]],2)))),TableLasers[],COLUMN(TableLasers[S-DPH]),FALSE),LEFT(TableM3[[#This Row],[Up]],2)*VLOOKUP(VALUE(TRIM(CLEAN(RIGHT(TableM3[[#This Row],[Up]],2)))),TableLasers[],COLUMN(TableLasers[S-DPH]),FALSE),LEFT(TableM3[[#This Row],[Down]],2)*VLOOKUP(VALUE(TRIM(CLEAN(RIGHT(TableM3[[#This Row],[Down]],2)))),TableLasers[],COLUMN(TableLasers[S-DPH]),FALSE))","v":10800},{"$f":"SUM(LEFT(TableM3[[#This Row],[Main]],2)*VLOOKUP(VALUE(TRIM(CLEAN(RIGHT(TableM3[[#This Row],[Main]],2)))),TableLasers[],COLUMN(TableLasers[H-DPH]),FALSE),LEFT(TableM3[[#This Row],[Front]],2)*VLOOKUP(VALUE(TRIM(CLEAN(RIGHT(TableM3[[#This Row],[Front]],2)))),TableLasers[],COLUMN(TableLasers[H-DPH]),FALSE),LEFT(TableM3[[#This Row],[Back]],2)*VLOOKUP(VALUE(TRIM(CLEAN(RIGHT(TableM3[[#This Row],[Back]],2)))),TableLasers[],COLUMN(TableLasers[H-DPH]),FALSE),LEFT(TableM3[[#This Row],[Left]],2)*VLOOKUP(VALUE(TRIM(CLEAN(RIGHT(TableM3[[#This Row],[Left]],2)))),TableLasers[],COLUMN(TableLasers[H-DPH]),FALSE),LEFT(TableM3[[#This Row],[Right]],2)*VLOOKUP(VALUE(TRIM(CLEAN(RIGHT(TableM3[[#This Row],[Right]],2)))),TableLasers[],COLUMN(TableLasers[H-DPH]),FALSE),LEFT(TableM3[[#This Row],[Up]],2)*VLOOKUP(VALUE(TRIM(CLEAN(RIGHT(TableM3[[#This Row],[Up]],2)))),TableLasers[],COLUMN(TableLasers[H-DPH]),FALSE),LEFT(TableM3[[#This Row],[Down]],2)*VLOOKUP(VALUE(TRIM(CLEAN(RIGHT(TableM3[[#This Row],[Down]],2)))),TableLasers[],COLUMN(TableLasers[H-DPH]),FALSE))","v":2000},"08::04","00::00","02::04","00::00","00::00","00::00","00::00",8,null,2,null,null,null,null,"0,1,3,4",null,"0,1,4",null,null,null,null,"0,1,3,5,12,17,22,23,35"]
[16,"Argon","M3","Eclipse",null,205,82,35,"L",12500,"200 MJ  ",1,1250,75.757575757575793,12,8800,219.94720000000001,320,0,{"$f":"SUM(LEFT(TableM3[[#This Row],[Main]],2)*VLOOKUP(VALUE(TRIM(CLEAN(RIGHT(TableM3[[#This Row],[Main]],2)))),TableLasers[],COLUMN(TableLasers[S-DPH]),FALSE),LEFT(TableM3[[#This Row],[Front]],2)*VLOOKUP(VALUE(TRIM(CLEAN(RIGHT(TableM3[[#This Row],[Front]],2)))),TableLasers[],COLUMN(TableLasers[S-DPH]),FALSE),LEFT(TableM3[[#This Row],[Back]],2)*VLOOKUP(VALUE(TRIM(CLEAN(RIGHT(TableM3[[#This Row],[Back]],2)))),TableLasers[],COLUMN(TableLasers[S-DPH]),FALSE),LEFT(TableM3[[#This Row],[Left]],2)*VLOOKUP(VALUE(TRIM(CLEAN(RIGHT(TableM3[[#This Row],[Left]],2)))),TableLasers[],COLUMN(TableLasers[S-DPH]),FALSE),LEFT(TableM3[[#This Row],[Right]],2)*VLOOKUP(VALUE(TRIM(CLEAN(RIGHT(TableM3[[#This Row],[Right]],2)))),TableLasers[],COLUMN(TableLasers[S-DPH]),FALSE),LEFT(TableM3[[#This Row],[Up]],2)*VLOOKUP(VALUE(TRIM(CLEAN(RIGHT(TableM3[[#This Row],[Up]],2)))),TableLasers[],COLUMN(TableLasers[S-DPH]),FALSE),LEFT(TableM3[[#This Row],[Down]],2)*VLOOKUP(VALUE(TRIM(CLEAN(RIGHT(TableM3[[#This Row],[Down]],2)))),TableLasers[],COLUMN(TableLasers[S-DPH]),FALSE))","v":12960},{"$f":"SUM(LEFT(TableM3[[#This Row],[Main]],2)*VLOOKUP(VALUE(TRIM(CLEAN(RIGHT(TableM3[[#This Row],[Main]],2)))),TableLasers[],COLUMN(TableLasers[H-DPH]),FALSE),LEFT(TableM3[[#This Row],[Front]],2)*VLOOKUP(VALUE(TRIM(CLEAN(RIGHT(TableM3[[#This Row],[Front]],2)))),TableLasers[],COLUMN(TableLasers[H-DPH]),FALSE),LEFT(TableM3[[#This Row],[Back]],2)*VLOOKUP(VALUE(TRIM(CLEAN(RIGHT(TableM3[[#This Row],[Back]],2)))),TableLasers[],COLUMN(TableLasers[H-DPH]),FALSE),LEFT(TableM3[[#This Row],[Left]],2)*VLOOKUP(VALUE(TRIM(CLEAN(RIGHT(TableM3[[#This Row],[Left]],2)))),TableLasers[],COLUMN(TableLasers[H-DPH]),FALSE),LEFT(TableM3[[#This Row],[Right]],2)*VLOOKUP(VALUE(TRIM(CLEAN(RIGHT(TableM3[[#This Row],[Right]],2)))),TableLasers[],COLUMN(TableLasers[H-DPH]),FALSE),LEFT(TableM3[[#This Row],[Up]],2)*VLOOKUP(VALUE(TRIM(CLEAN(RIGHT(TableM3[[#This Row],[Up]],2)))),TableLasers[],COLUMN(TableLasers[H-DPH]),FALSE),LEFT(TableM3[[#This Row],[Down]],2)*VLOOKUP(VALUE(TRIM(CLEAN(RIGHT(TableM3[[#This Row],[Down]],2)))),TableLasers[],COLUMN(TableLasers[H-DPH]),FALSE))","v":2400},"08::04","02::04","02::04","00::00","00::00","00::00","00::00",8,2,2,null,null,null,null,"0,1,3,4","0,1,4","0,1,4",null,null,null,null,"0,1,3,5,12,17,22,23,35"]
[54,"Split","M3","Mamba",null,293.75,117.5,35,"L",8000,"25 MJ ",2,650,44.091710758377403,8,7300,182.4562,194,0,{"$f":"SUM(LEFT(TableM3[[#This Row],[Main]],2)*VLOOKUP(VALUE(TRIM(CLEAN(RIGHT(TableM3[[#This Row],[Main]],2)))),TableLasers[],COLUMN(TableLasers[S-DPH]),FALSE),LEFT(TableM3[[#This Row],[Front]],2)*VLOOKUP(VALUE(TRIM(CLEAN(RIGHT(TableM3[[#This Row],[Front]],2)))),TableLasers[],COLUMN(TableLasers[S-DPH]),FALSE),LEFT(TableM3[[#This Row],[Back]],2)*VLOOKUP(VALUE(TRIM(CLEAN(RIGHT(TableM3[[#This Row],[Back]],2)))),TableLasers[],COLUMN(TableLasers[S-DPH]),FALSE),LEFT(TableM3[[#This Row],[Left]],2)*VLOOKUP(VALUE(TRIM(CLEAN(RIGHT(TableM3[[#This Row],[Left]],2)))),TableLasers[],COLUMN(TableLasers[S-DPH]),FALSE),LEFT(TableM3[[#This Row],[Right]],2)*VLOOKUP(VALUE(TRIM(CLEAN(RIGHT(TableM3[[#This Row],[Right]],2)))),TableLasers[],COLUMN(TableLasers[S-DPH]),FALSE),LEFT(TableM3[[#This Row],[Up]],2)*VLOOKUP(VALUE(TRIM(CLEAN(RIGHT(TableM3[[#This Row],[Up]],2)))),TableLasers[],COLUMN(TableLasers[S-DPH]),FALSE),LEFT(TableM3[[#This Row],[Down]],2)*VLOOKUP(VALUE(TRIM(CLEAN(RIGHT(TableM3[[#This Row],[Down]],2)))),TableLasers[],COLUMN(TableLasers[S-DPH]),FALSE))","v":5120},{"$f":"SUM(LEFT(TableM3[[#This Row],[Main]],2)*VLOOKUP(VALUE(TRIM(CLEAN(RIGHT(TableM3[[#This Row],[Main]],2)))),TableLasers[],COLUMN(TableLasers[H-DPH]),FALSE),LEFT(TableM3[[#This Row],[Front]],2)*VLOOKUP(VALUE(TRIM(CLEAN(RIGHT(TableM3[[#This Row],[Front]],2)))),TableLasers[],COLUMN(TableLasers[H-DPH]),FALSE),LEFT(TableM3[[#This Row],[Back]],2)*VLOOKUP(VALUE(TRIM(CLEAN(RIGHT(TableM3[[#This Row],[Back]],2)))),TableLasers[],COLUMN(TableLasers[H-DPH]),FALSE),LEFT(TableM3[[#This Row],[Left]],2)*VLOOKUP(VALUE(TRIM(CLEAN(RIGHT(TableM3[[#This Row],[Left]],2)))),TableLasers[],COLUMN(TableLasers[H-DPH]),FALSE),LEFT(TableM3[[#This Row],[Right]],2)*VLOOKUP(VALUE(TRIM(CLEAN(RIGHT(TableM3[[#This Row],[Right]],2)))),TableLasers[],COLUMN(TableLasers[H-DPH]),FALSE),LEFT(TableM3[[#This Row],[Up]],2)*VLOOKUP(VALUE(TRIM(CLEAN(RIGHT(TableM3[[#This Row],[Up]],2)))),TableLasers[],COLUMN(TableLasers[H-DPH]),FALSE),LEFT(TableM3[[#This Row],[Down]],2)*VLOOKUP(VALUE(TRIM(CLEAN(RIGHT(TableM3[[#This Row],[Down]],2)))),TableLasers[],COLUMN(TableLasers[H-DPH]),FALSE))","v":960},"08::01","00::00","00::00","00::00","00::00","00::00","00::00",8,null,null,null,null,null,null,"0,1,3,9",null,null,null,null,null,null,"0,1,3,5,12,17,22,23,35"]
[55,"Split","M3","Mamba","Raider",341.75,136.69999999999999,35,"L",7600,"25 MJ ",1,715,44.091710758377403,10,7400,184.9556,181,0,{"$f":"SUM(LEFT(TableM3[[#This Row],[Main]],2)*VLOOKUP(VALUE(TRIM(CLEAN(RIGHT(TableM3[[#This Row],[Main]],2)))),TableLasers[],COLUMN(TableLasers[S-DPH]),FALSE),LEFT(TableM3[[#This Row],[Front]],2)*VLOOKUP(VALUE(TRIM(CLEAN(RIGHT(TableM3[[#This Row],[Front]],2)))),TableLasers[],COLUMN(TableLasers[S-DPH]),FALSE),LEFT(TableM3[[#This Row],[Back]],2)*VLOOKUP(VALUE(TRIM(CLEAN(RIGHT(TableM3[[#This Row],[Back]],2)))),TableLasers[],COLUMN(TableLasers[S-DPH]),FALSE),LEFT(TableM3[[#This Row],[Left]],2)*VLOOKUP(VALUE(TRIM(CLEAN(RIGHT(TableM3[[#This Row],[Left]],2)))),TableLasers[],COLUMN(TableLasers[S-DPH]),FALSE),LEFT(TableM3[[#This Row],[Right]],2)*VLOOKUP(VALUE(TRIM(CLEAN(RIGHT(TableM3[[#This Row],[Right]],2)))),TableLasers[],COLUMN(TableLasers[S-DPH]),FALSE),LEFT(TableM3[[#This Row],[Up]],2)*VLOOKUP(VALUE(TRIM(CLEAN(RIGHT(TableM3[[#This Row],[Up]],2)))),TableLasers[],COLUMN(TableLasers[S-DPH]),FALSE),LEFT(TableM3[[#This Row],[Down]],2)*VLOOKUP(VALUE(TRIM(CLEAN(RIGHT(TableM3[[#This Row],[Down]],2)))),TableLasers[],COLUMN(TableLasers[S-DPH]),FALSE))","v":6400},{"$f":"SUM(LEFT(TableM3[[#This Row],[Main]],2)*VLOOKUP(VALUE(TRIM(CLEAN(RIGHT(TableM3[[#This Row],[Main]],2)))),TableLasers[],COLUMN(TableLasers[H-DPH]),FALSE),LEFT(TableM3[[#This Row],[Front]],2)*VLOOKUP(VALUE(TRIM(CLEAN(RIGHT(TableM3[[#This Row],[Front]],2)))),TableLasers[],COLUMN(TableLasers[H-DPH]),FALSE),LEFT(TableM3[[#This Row],[Back]],2)*VLOOKUP(VALUE(TRIM(CLEAN(RIGHT(TableM3[[#This Row],[Back]],2)))),TableLasers[],COLUMN(TableLasers[H-DPH]),FALSE),LEFT(TableM3[[#This Row],[Left]],2)*VLOOKUP(VALUE(TRIM(CLEAN(RIGHT(TableM3[[#This Row],[Left]],2)))),TableLasers[],COLUMN(TableLasers[H-DPH]),FALSE),LEFT(TableM3[[#This Row],[Right]],2)*VLOOKUP(VALUE(TRIM(CLEAN(RIGHT(TableM3[[#This Row],[Right]],2)))),TableLasers[],COLUMN(TableLasers[H-DPH]),FALSE),LEFT(TableM3[[#This Row],[Up]],2)*VLOOKUP(VALUE(TRIM(CLEAN(RIGHT(TableM3[[#This Row],[Up]],2)))),TableLasers[],COLUMN(TableLasers[H-DPH]),FALSE),LEFT(TableM3[[#This Row],[Down]],2)*VLOOKUP(VALUE(TRIM(CLEAN(RIGHT(TableM3[[#This Row],[Down]],2)))),TableLasers[],COLUMN(TableLasers[H-DPH]),FALSE))","v":1200},"08::01","00::00","02::01","00::00","00::00","00::00","00::00",8,null,2,null,null,null,null,"0,1,3,9",null,"0,1,9",null,null,null,null,"0,1,3,5,12,17,22,23,35"]
[56,"Split","M3","Mamba","Vanguard",306,122.4,35,"L",7600,"25 MJ ",2,715,44.091710758377403,8,8200,204.95079999999999,156,0,{"$f":"SUM(LEFT(TableM3[[#This Row],[Main]],2)*VLOOKUP(VALUE(TRIM(CLEAN(RIGHT(TableM3[[#This Row],[Main]],2)))),TableLasers[],COLUMN(TableLasers[S-DPH]),FALSE),LEFT(TableM3[[#This Row],[Front]],2)*VLOOKUP(VALUE(TRIM(CLEAN(RIGHT(TableM3[[#This Row],[Front]],2)))),TableLasers[],COLUMN(TableLasers[S-DPH]),FALSE),LEFT(TableM3[[#This Row],[Back]],2)*VLOOKUP(VALUE(TRIM(CLEAN(RIGHT(TableM3[[#This Row],[Back]],2)))),TableLasers[],COLUMN(TableLasers[S-DPH]),FALSE),LEFT(TableM3[[#This Row],[Left]],2)*VLOOKUP(VALUE(TRIM(CLEAN(RIGHT(TableM3[[#This Row],[Left]],2)))),TableLasers[],COLUMN(TableLasers[S-DPH]),FALSE),LEFT(TableM3[[#This Row],[Right]],2)*VLOOKUP(VALUE(TRIM(CLEAN(RIGHT(TableM3[[#This Row],[Right]],2)))),TableLasers[],COLUMN(TableLasers[S-DPH]),FALSE),LEFT(TableM3[[#This Row],[Up]],2)*VLOOKUP(VALUE(TRIM(CLEAN(RIGHT(TableM3[[#This Row],[Up]],2)))),TableLasers[],COLUMN(TableLasers[S-DPH]),FALSE),LEFT(TableM3[[#This Row],[Down]],2)*VLOOKUP(VALUE(TRIM(CLEAN(RIGHT(TableM3[[#This Row],[Down]],2)))),TableLasers[],COLUMN(TableLasers[S-DPH]),FALSE))","v":5120},{"$f":"SUM(LEFT(TableM3[[#This Row],[Main]],2)*VLOOKUP(VALUE(TRIM(CLEAN(RIGHT(TableM3[[#This Row],[Main]],2)))),TableLasers[],COLUMN(TableLasers[H-DPH]),FALSE),LEFT(TableM3[[#This Row],[Front]],2)*VLOOKUP(VALUE(TRIM(CLEAN(RIGHT(TableM3[[#This Row],[Front]],2)))),TableLasers[],COLUMN(TableLasers[H-DPH]),FALSE),LEFT(TableM3[[#This Row],[Back]],2)*VLOOKUP(VALUE(TRIM(CLEAN(RIGHT(TableM3[[#This Row],[Back]],2)))),TableLasers[],COLUMN(TableLasers[H-DPH]),FALSE),LEFT(TableM3[[#This Row],[Left]],2)*VLOOKUP(VALUE(TRIM(CLEAN(RIGHT(TableM3[[#This Row],[Left]],2)))),TableLasers[],COLUMN(TableLasers[H-DPH]),FALSE),LEFT(TableM3[[#This Row],[Right]],2)*VLOOKUP(VALUE(TRIM(CLEAN(RIGHT(TableM3[[#This Row],[Right]],2)))),TableLasers[],COLUMN(TableLasers[H-DPH]),FALSE),LEFT(TableM3[[#This Row],[Up]],2)*VLOOKUP(VALUE(TRIM(CLEAN(RIGHT(TableM3[[#This Row],[Up]],2)))),TableLasers[],COLUMN(TableLasers[H-DPH]),FALSE),LEFT(TableM3[[#This Row],[Down]],2)*VLOOKUP(VALUE(TRIM(CLEAN(RIGHT(TableM3[[#This Row],[Down]],2)))),TableLasers[],COLUMN(TableLasers[H-DPH]),FALSE))","v":960},"08::01","00::00","00::00","00::00","00::00","00::00","00::00",8,null,null,null,null,null,null,"0,1,3,9",null,null,null,null,null,null,"0,1,3,5,12,17,22,23,35"]
[57,"Split","M3","Mamba","Sentinel",254.75,101.9,35,"L",8000,"25 MJ ",3,815,44.091710758377403,8,7300,182.4562,181,0,{"$f":"SUM(LEFT(TableM3[[#This Row],[Main]],2)*VLOOKUP(VALUE(TRIM(CLEAN(RIGHT(TableM3[[#This Row],[Main]],2)))),TableLasers[],COLUMN(TableLasers[S-DPH]),FALSE),LEFT(TableM3[[#This Row],[Front]],2)*VLOOKUP(VALUE(TRIM(CLEAN(RIGHT(TableM3[[#This Row],[Front]],2)))),TableLasers[],COLUMN(TableLasers[S-DPH]),FALSE),LEFT(TableM3[[#This Row],[Back]],2)*VLOOKUP(VALUE(TRIM(CLEAN(RIGHT(TableM3[[#This Row],[Back]],2)))),TableLasers[],COLUMN(TableLasers[S-DPH]),FALSE),LEFT(TableM3[[#This Row],[Left]],2)*VLOOKUP(VALUE(TRIM(CLEAN(RIGHT(TableM3[[#This Row],[Left]],2)))),TableLasers[],COLUMN(TableLasers[S-DPH]),FALSE),LEFT(TableM3[[#This Row],[Right]],2)*VLOOKUP(VALUE(TRIM(CLEAN(RIGHT(TableM3[[#This Row],[Right]],2)))),TableLasers[],COLUMN(TableLasers[S-DPH]),FALSE),LEFT(TableM3[[#This Row],[Up]],2)*VLOOKUP(VALUE(TRIM(CLEAN(RIGHT(TableM3[[#This Row],[Up]],2)))),TableLasers[],COLUMN(TableLasers[S-DPH]),FALSE),LEFT(TableM3[[#This Row],[Down]],2)*VLOOKUP(VALUE(TRIM(CLEAN(RIGHT(TableM3[[#This Row],[Down]],2)))),TableLasers[],COLUMN(TableLasers[S-DPH]),FALSE))","v":5120},{"$f":"SUM(LEFT(TableM3[[#This Row],[Main]],2)*VLOOKUP(VALUE(TRIM(CLEAN(RIGHT(TableM3[[#This Row],[Main]],2)))),TableLasers[],COLUMN(TableLasers[H-DPH]),FALSE),LEFT(TableM3[[#This Row],[Front]],2)*VLOOKUP(VALUE(TRIM(CLEAN(RIGHT(TableM3[[#This Row],[Front]],2)))),TableLasers[],COLUMN(TableLasers[H-DPH]),FALSE),LEFT(TableM3[[#This Row],[Back]],2)*VLOOKUP(VALUE(TRIM(CLEAN(RIGHT(TableM3[[#This Row],[Back]],2)))),TableLasers[],COLUMN(TableLasers[H-DPH]),FALSE),LEFT(TableM3[[#This Row],[Left]],2)*VLOOKUP(VALUE(TRIM(CLEAN(RIGHT(TableM3[[#This Row],[Left]],2)))),TableLasers[],COLUMN(TableLasers[H-DPH]),FALSE),LEFT(TableM3[[#This Row],[Right]],2)*VLOOKUP(VALUE(TRIM(CLEAN(RIGHT(TableM3[[#This Row],[Right]],2)))),TableLasers[],COLUMN(TableLasers[H-DPH]),FALSE),LEFT(TableM3[[#This Row],[Up]],2)*VLOOKUP(VALUE(TRIM(CLEAN(RIGHT(TableM3[[#This Row],[Up]],2)))),TableLasers[],COLUMN(TableLasers[H-DPH]),FALSE),LEFT(TableM3[[#This Row],[Down]],2)*VLOOKUP(VALUE(TRIM(CLEAN(RIGHT(TableM3[[#This Row],[Down]],2)))),TableLasers[],COLUMN(TableLasers[H-DPH]),FALSE))","v":960},"08::01","00::00","00::00","00::00","00::00","00::00","00::00",8,null,null,null,null,null,null,"0,1,3,9",null,null,null,null,null,null,"0,1,3,5,12,17,22,23,35"]
[58,"Split","M3","Chimera",null,252,100.8,35,"L",10000,"25 MJ ",4,1125,44.091710758377403,12,10850,271.18490000000003,290,0,{"$f":"SUM(LEFT(TableM3[[#This Row],[Main]],2)*VLOOKUP(VALUE(TRIM(CLEAN(RIGHT(TableM3[[#This Row],[Main]],2)))),TableLasers[],COLUMN(TableLasers[S-DPH]),FALSE),LEFT(TableM3[[#This Row],[Front]],2)*VLOOKUP(VALUE(TRIM(CLEAN(RIGHT(TableM3[[#This Row],[Front]],2)))),TableLasers[],COLUMN(TableLasers[S-DPH]),FALSE),LEFT(TableM3[[#This Row],[Back]],2)*VLOOKUP(VALUE(TRIM(CLEAN(RIGHT(TableM3[[#This Row],[Back]],2)))),TableLasers[],COLUMN(TableLasers[S-DPH]),FALSE),LEFT(TableM3[[#This Row],[Left]],2)*VLOOKUP(VALUE(TRIM(CLEAN(RIGHT(TableM3[[#This Row],[Left]],2)))),TableLasers[],COLUMN(TableLasers[S-DPH]),FALSE),LEFT(TableM3[[#This Row],[Right]],2)*VLOOKUP(VALUE(TRIM(CLEAN(RIGHT(TableM3[[#This Row],[Right]],2)))),TableLasers[],COLUMN(TableLasers[S-DPH]),FALSE),LEFT(TableM3[[#This Row],[Up]],2)*VLOOKUP(VALUE(TRIM(CLEAN(RIGHT(TableM3[[#This Row],[Up]],2)))),TableLasers[],COLUMN(TableLasers[S-DPH]),FALSE),LEFT(TableM3[[#This Row],[Down]],2)*VLOOKUP(VALUE(TRIM(CLEAN(RIGHT(TableM3[[#This Row],[Down]],2)))),TableLasers[],COLUMN(TableLasers[S-DPH]),FALSE))","v":7680},{"$f":"SUM(LEFT(TableM3[[#This Row],[Main]],2)*VLOOKUP(VALUE(TRIM(CLEAN(RIGHT(TableM3[[#This Row],[Main]],2)))),TableLasers[],COLUMN(TableLasers[H-DPH]),FALSE),LEFT(TableM3[[#This Row],[Front]],2)*VLOOKUP(VALUE(TRIM(CLEAN(RIGHT(TableM3[[#This Row],[Front]],2)))),TableLasers[],COLUMN(TableLasers[H-DPH]),FALSE),LEFT(TableM3[[#This Row],[Back]],2)*VLOOKUP(VALUE(TRIM(CLEAN(RIGHT(TableM3[[#This Row],[Back]],2)))),TableLasers[],COLUMN(TableLasers[H-DPH]),FALSE),LEFT(TableM3[[#This Row],[Left]],2)*VLOOKUP(VALUE(TRIM(CLEAN(RIGHT(TableM3[[#This Row],[Left]],2)))),TableLasers[],COLUMN(TableLasers[H-DPH]),FALSE),LEFT(TableM3[[#This Row],[Right]],2)*VLOOKUP(VALUE(TRIM(CLEAN(RIGHT(TableM3[[#This Row],[Right]],2)))),TableLasers[],COLUMN(TableLasers[H-DPH]),FALSE),LEFT(TableM3[[#This Row],[Up]],2)*VLOOKUP(VALUE(TRIM(CLEAN(RIGHT(TableM3[[#This Row],[Up]],2)))),TableLasers[],COLUMN(TableLasers[H-DPH]),FALSE),LEFT(TableM3[[#This Row],[Down]],2)*VLOOKUP(VALUE(TRIM(CLEAN(RIGHT(TableM3[[#This Row],[Down]],2)))),TableLasers[],COLUMN(TableLasers[H-DPH]),FALSE))","v":1440},"08::01","02::01","02::01","00::00","00::00","00::00","00::00",8,2,2,null,null,null,null,"0,1,3,9","0,1,9","0,1,9",null,null,null,null,"0,1,3,5,12,17,22,23,35"]
[85,"Paranid","M3","Perseus",null,245.2208,111.464,38,"L",10000,"25 MJ ",3,750,44.091710758377403,10,6900,172.45859999999999,160,0,{"$f":"SUM(LEFT(TableM3[[#This Row],[Main]],2)*VLOOKUP(VALUE(TRIM(CLEAN(RIGHT(TableM3[[#This Row],[Main]],2)))),TableLasers[],COLUMN(TableLasers[S-DPH]),FALSE),LEFT(TableM3[[#This Row],[Front]],2)*VLOOKUP(VALUE(TRIM(CLEAN(RIGHT(TableM3[[#This Row],[Front]],2)))),TableLasers[],COLUMN(TableLasers[S-DPH]),FALSE),LEFT(TableM3[[#This Row],[Back]],2)*VLOOKUP(VALUE(TRIM(CLEAN(RIGHT(TableM3[[#This Row],[Back]],2)))),TableLasers[],COLUMN(TableLasers[S-DPH]),FALSE),LEFT(TableM3[[#This Row],[Left]],2)*VLOOKUP(VALUE(TRIM(CLEAN(RIGHT(TableM3[[#This Row],[Left]],2)))),TableLasers[],COLUMN(TableLasers[S-DPH]),FALSE),LEFT(TableM3[[#This Row],[Right]],2)*VLOOKUP(VALUE(TRIM(CLEAN(RIGHT(TableM3[[#This Row],[Right]],2)))),TableLasers[],COLUMN(TableLasers[S-DPH]),FALSE),LEFT(TableM3[[#This Row],[Up]],2)*VLOOKUP(VALUE(TRIM(CLEAN(RIGHT(TableM3[[#This Row],[Up]],2)))),TableLasers[],COLUMN(TableLasers[S-DPH]),FALSE),LEFT(TableM3[[#This Row],[Down]],2)*VLOOKUP(VALUE(TRIM(CLEAN(RIGHT(TableM3[[#This Row],[Down]],2)))),TableLasers[],COLUMN(TableLasers[S-DPH]),FALSE))","v":52400},{"$f":"SUM(LEFT(TableM3[[#This Row],[Main]],2)*VLOOKUP(VALUE(TRIM(CLEAN(RIGHT(TableM3[[#This Row],[Main]],2)))),TableLasers[],COLUMN(TableLasers[H-DPH]),FALSE),LEFT(TableM3[[#This Row],[Front]],2)*VLOOKUP(VALUE(TRIM(CLEAN(RIGHT(TableM3[[#This Row],[Front]],2)))),TableLasers[],COLUMN(TableLasers[H-DPH]),FALSE),LEFT(TableM3[[#This Row],[Back]],2)*VLOOKUP(VALUE(TRIM(CLEAN(RIGHT(TableM3[[#This Row],[Back]],2)))),TableLasers[],COLUMN(TableLasers[H-DPH]),FALSE),LEFT(TableM3[[#This Row],[Left]],2)*VLOOKUP(VALUE(TRIM(CLEAN(RIGHT(TableM3[[#This Row],[Left]],2)))),TableLasers[],COLUMN(TableLasers[H-DPH]),FALSE),LEFT(TableM3[[#This Row],[Right]],2)*VLOOKUP(VALUE(TRIM(CLEAN(RIGHT(TableM3[[#This Row],[Right]],2)))),TableLasers[],COLUMN(TableLasers[H-DPH]),FALSE),LEFT(TableM3[[#This Row],[Up]],2)*VLOOKUP(VALUE(TRIM(CLEAN(RIGHT(TableM3[[#This Row],[Up]],2)))),TableLasers[],COLUMN(TableLasers[H-DPH]),FALSE),LEFT(TableM3[[#This Row],[Down]],2)*VLOOKUP(VALUE(TRIM(CLEAN(RIGHT(TableM3[[#This Row],[Down]],2)))),TableLasers[],COLUMN(TableLasers[H-DPH]),FALSE))","v":9600},"08::06","00::00","02::06","00::00","00::00","00::00","00::00",8,null,2,null,null,null,null,"0,1,6,7",null,"0,1,6,7",null,null,null,null,"0,1,3,5,12,17,22,23,35"]
[86,"Paranid","M3","Perseus","Raider",284.60079999999999,129.364,38,"L",9500,"25 MJ ",2,825,44.091710758377403,10,7000,174.958,144,0,{"$f":"SUM(LEFT(TableM3[[#This Row],[Main]],2)*VLOOKUP(VALUE(TRIM(CLEAN(RIGHT(TableM3[[#This Row],[Main]],2)))),TableLasers[],COLUMN(TableLasers[S-DPH]),FALSE),LEFT(TableM3[[#This Row],[Front]],2)*VLOOKUP(VALUE(TRIM(CLEAN(RIGHT(TableM3[[#This Row],[Front]],2)))),TableLasers[],COLUMN(TableLasers[S-DPH]),FALSE),LEFT(TableM3[[#This Row],[Back]],2)*VLOOKUP(VALUE(TRIM(CLEAN(RIGHT(TableM3[[#This Row],[Back]],2)))),TableLasers[],COLUMN(TableLasers[S-DPH]),FALSE),LEFT(TableM3[[#This Row],[Left]],2)*VLOOKUP(VALUE(TRIM(CLEAN(RIGHT(TableM3[[#This Row],[Left]],2)))),TableLasers[],COLUMN(TableLasers[S-DPH]),FALSE),LEFT(TableM3[[#This Row],[Right]],2)*VLOOKUP(VALUE(TRIM(CLEAN(RIGHT(TableM3[[#This Row],[Right]],2)))),TableLasers[],COLUMN(TableLasers[S-DPH]),FALSE),LEFT(TableM3[[#This Row],[Up]],2)*VLOOKUP(VALUE(TRIM(CLEAN(RIGHT(TableM3[[#This Row],[Up]],2)))),TableLasers[],COLUMN(TableLasers[S-DPH]),FALSE),LEFT(TableM3[[#This Row],[Down]],2)*VLOOKUP(VALUE(TRIM(CLEAN(RIGHT(TableM3[[#This Row],[Down]],2)))),TableLasers[],COLUMN(TableLasers[S-DPH]),FALSE))","v":52400},{"$f":"SUM(LEFT(TableM3[[#This Row],[Main]],2)*VLOOKUP(VALUE(TRIM(CLEAN(RIGHT(TableM3[[#This Row],[Main]],2)))),TableLasers[],COLUMN(TableLasers[H-DPH]),FALSE),LEFT(TableM3[[#This Row],[Front]],2)*VLOOKUP(VALUE(TRIM(CLEAN(RIGHT(TableM3[[#This Row],[Front]],2)))),TableLasers[],COLUMN(TableLasers[H-DPH]),FALSE),LEFT(TableM3[[#This Row],[Back]],2)*VLOOKUP(VALUE(TRIM(CLEAN(RIGHT(TableM3[[#This Row],[Back]],2)))),TableLasers[],COLUMN(TableLasers[H-DPH]),FALSE),LEFT(TableM3[[#This Row],[Left]],2)*VLOOKUP(VALUE(TRIM(CLEAN(RIGHT(TableM3[[#This Row],[Left]],2)))),TableLasers[],COLUMN(TableLasers[H-DPH]),FALSE),LEFT(TableM3[[#This Row],[Right]],2)*VLOOKUP(VALUE(TRIM(CLEAN(RIGHT(TableM3[[#This Row],[Right]],2)))),TableLasers[],COLUMN(TableLasers[H-DPH]),FALSE),LEFT(TableM3[[#This Row],[Up]],2)*VLOOKUP(VALUE(TRIM(CLEAN(RIGHT(TableM3[[#This Row],[Up]],2)))),TableLasers[],COLUMN(TableLasers[H-DPH]),FALSE),LEFT(TableM3[[#This Row],[Down]],2)*VLOOKUP(VALUE(TRIM(CLEAN(RIGHT(TableM3[[#This Row],[Down]],2)))),TableLasers[],COLUMN(TableLasers[H-DPH]),FALSE))","v":9600},"08::06","00::00","02::06","00::00","00::00","00::00","00::00",8,null,2,null,null,null,null,"0,1,6,7",null,"0,1,6,7",null,null,null,null,"0,1,3,5,12,17,22,23,35"]
[87,"Paranid","M3","Perseus","Vanguard",256.44080000000002,116.56399999999999,38,"L",9500,"25 MJ ",3,825,44.091710758377403,10,7800,194.95320000000001,127,0,{"$f":"SUM(LEFT(TableM3[[#This Row],[Main]],2)*VLOOKUP(VALUE(TRIM(CLEAN(RIGHT(TableM3[[#This Row],[Main]],2)))),TableLasers[],COLUMN(TableLasers[S-DPH]),FALSE),LEFT(TableM3[[#This Row],[Front]],2)*VLOOKUP(VALUE(TRIM(CLEAN(RIGHT(TableM3[[#This Row],[Front]],2)))),TableLasers[],COLUMN(TableLasers[S-DPH]),FALSE),LEFT(TableM3[[#This Row],[Back]],2)*VLOOKUP(VALUE(TRIM(CLEAN(RIGHT(TableM3[[#This Row],[Back]],2)))),TableLasers[],COLUMN(TableLasers[S-DPH]),FALSE),LEFT(TableM3[[#This Row],[Left]],2)*VLOOKUP(VALUE(TRIM(CLEAN(RIGHT(TableM3[[#This Row],[Left]],2)))),TableLasers[],COLUMN(TableLasers[S-DPH]),FALSE),LEFT(TableM3[[#This Row],[Right]],2)*VLOOKUP(VALUE(TRIM(CLEAN(RIGHT(TableM3[[#This Row],[Right]],2)))),TableLasers[],COLUMN(TableLasers[S-DPH]),FALSE),LEFT(TableM3[[#This Row],[Up]],2)*VLOOKUP(VALUE(TRIM(CLEAN(RIGHT(TableM3[[#This Row],[Up]],2)))),TableLasers[],COLUMN(TableLasers[S-DPH]),FALSE),LEFT(TableM3[[#This Row],[Down]],2)*VLOOKUP(VALUE(TRIM(CLEAN(RIGHT(TableM3[[#This Row],[Down]],2)))),TableLasers[],COLUMN(TableLasers[S-DPH]),FALSE))","v":52400},{"$f":"SUM(LEFT(TableM3[[#This Row],[Main]],2)*VLOOKUP(VALUE(TRIM(CLEAN(RIGHT(TableM3[[#This Row],[Main]],2)))),TableLasers[],COLUMN(TableLasers[H-DPH]),FALSE),LEFT(TableM3[[#This Row],[Front]],2)*VLOOKUP(VALUE(TRIM(CLEAN(RIGHT(TableM3[[#This Row],[Front]],2)))),TableLasers[],COLUMN(TableLasers[H-DPH]),FALSE),LEFT(TableM3[[#This Row],[Back]],2)*VLOOKUP(VALUE(TRIM(CLEAN(RIGHT(TableM3[[#This Row],[Back]],2)))),TableLasers[],COLUMN(TableLasers[H-DPH]),FALSE),LEFT(TableM3[[#This Row],[Left]],2)*VLOOKUP(VALUE(TRIM(CLEAN(RIGHT(TableM3[[#This Row],[Left]],2)))),TableLasers[],COLUMN(TableLasers[H-DPH]),FALSE),LEFT(TableM3[[#This Row],[Right]],2)*VLOOKUP(VALUE(TRIM(CLEAN(RIGHT(TableM3[[#This Row],[Right]],2)))),TableLasers[],COLUMN(TableLasers[H-DPH]),FALSE),LEFT(TableM3[[#This Row],[Up]],2)*VLOOKUP(VALUE(TRIM(CLEAN(RIGHT(TableM3[[#This Row],[Up]],2)))),TableLasers[],COLUMN(TableLasers[H-DPH]),FALSE),LEFT(TableM3[[#This Row],[Down]],2)*VLOOKUP(VALUE(TRIM(CLEAN(RIGHT(TableM3[[#This Row],[Down]],2)))),TableLasers[],COLUMN(TableLasers[H-DPH]),FALSE))","v":9600},"08::06","00::00","02::06","00::00","00::00","00::00","00::00",8,null,2,null,null,null,null,"0,1,6,7",null,"0,1,6,7",null,null,null,null,"0,1,3,5,12,17,22,23,35"]
[88,"Paranid","M3","Perseus","Sentinel",221.24080000000001,100.56399999999999,38,"L",10000,"25 MJ ",4,1025,44.091710758377403,10,6600,164.96039999999999,144,0,{"$f":"SUM(LEFT(TableM3[[#This Row],[Main]],2)*VLOOKUP(VALUE(TRIM(CLEAN(RIGHT(TableM3[[#This Row],[Main]],2)))),TableLasers[],COLUMN(TableLasers[S-DPH]),FALSE),LEFT(TableM3[[#This Row],[Front]],2)*VLOOKUP(VALUE(TRIM(CLEAN(RIGHT(TableM3[[#This Row],[Front]],2)))),TableLasers[],COLUMN(TableLasers[S-DPH]),FALSE),LEFT(TableM3[[#This Row],[Back]],2)*VLOOKUP(VALUE(TRIM(CLEAN(RIGHT(TableM3[[#This Row],[Back]],2)))),TableLasers[],COLUMN(TableLasers[S-DPH]),FALSE),LEFT(TableM3[[#This Row],[Left]],2)*VLOOKUP(VALUE(TRIM(CLEAN(RIGHT(TableM3[[#This Row],[Left]],2)))),TableLasers[],COLUMN(TableLasers[S-DPH]),FALSE),LEFT(TableM3[[#This Row],[Right]],2)*VLOOKUP(VALUE(TRIM(CLEAN(RIGHT(TableM3[[#This Row],[Right]],2)))),TableLasers[],COLUMN(TableLasers[S-DPH]),FALSE),LEFT(TableM3[[#This Row],[Up]],2)*VLOOKUP(VALUE(TRIM(CLEAN(RIGHT(TableM3[[#This Row],[Up]],2)))),TableLasers[],COLUMN(TableLasers[S-DPH]),FALSE),LEFT(TableM3[[#This Row],[Down]],2)*VLOOKUP(VALUE(TRIM(CLEAN(RIGHT(TableM3[[#This Row],[Down]],2)))),TableLasers[],COLUMN(TableLasers[S-DPH]),FALSE))","v":52400},{"$f":"SUM(LEFT(TableM3[[#This Row],[Main]],2)*VLOOKUP(VALUE(TRIM(CLEAN(RIGHT(TableM3[[#This Row],[Main]],2)))),TableLasers[],COLUMN(TableLasers[H-DPH]),FALSE),LEFT(TableM3[[#This Row],[Front]],2)*VLOOKUP(VALUE(TRIM(CLEAN(RIGHT(TableM3[[#This Row],[Front]],2)))),TableLasers[],COLUMN(TableLasers[H-DPH]),FALSE),LEFT(TableM3[[#This Row],[Back]],2)*VLOOKUP(VALUE(TRIM(CLEAN(RIGHT(TableM3[[#This Row],[Back]],2)))),TableLasers[],COLUMN(TableLasers[H-DPH]),FALSE),LEFT(TableM3[[#This Row],[Left]],2)*VLOOKUP(VALUE(TRIM(CLEAN(RIGHT(TableM3[[#This Row],[Left]],2)))),TableLasers[],COLUMN(TableLasers[H-DPH]),FALSE),LEFT(TableM3[[#This Row],[Right]],2)*VLOOKUP(VALUE(TRIM(CLEAN(RIGHT(TableM3[[#This Row],[Right]],2)))),TableLasers[],COLUMN(TableLasers[H-DPH]),FALSE),LEFT(TableM3[[#This Row],[Up]],2)*VLOOKUP(VALUE(TRIM(CLEAN(RIGHT(TableM3[[#This Row],[Up]],2)))),TableLasers[],COLUMN(TableLasers[H-DPH]),FALSE),LEFT(TableM3[[#This Row],[Down]],2)*VLOOKUP(VALUE(TRIM(CLEAN(RIGHT(TableM3[[#This Row],[Down]],2)))),TableLasers[],COLUMN(TableLasers[H-DPH]),FALSE))","v":9600},"08::06","00::00","02::06","00::00","00::00","00::00","00::00",8,null,2,null,null,null,null,"0,1,6,7",null,"0,1,6,7",null,null,null,null,"0,1,3,5,12,17,22,23,35"]
[89,"Paranid","M3","Medusa",null,217.9408,99.063999999999993,35,"L",12500,"25 MJ ",6,1300,44.091710758377403,12,9433,235.82499999999999,320,0,{"$f":"SUM(LEFT(TableM3[[#This Row],[Main]],2)*VLOOKUP(VALUE(TRIM(CLEAN(RIGHT(TableM3[[#This Row],[Main]],2)))),TableLasers[],COLUMN(TableLasers[S-DPH]),FALSE),LEFT(TableM3[[#This Row],[Front]],2)*VLOOKUP(VALUE(TRIM(CLEAN(RIGHT(TableM3[[#This Row],[Front]],2)))),TableLasers[],COLUMN(TableLasers[S-DPH]),FALSE),LEFT(TableM3[[#This Row],[Back]],2)*VLOOKUP(VALUE(TRIM(CLEAN(RIGHT(TableM3[[#This Row],[Back]],2)))),TableLasers[],COLUMN(TableLasers[S-DPH]),FALSE),LEFT(TableM3[[#This Row],[Left]],2)*VLOOKUP(VALUE(TRIM(CLEAN(RIGHT(TableM3[[#This Row],[Left]],2)))),TableLasers[],COLUMN(TableLasers[S-DPH]),FALSE),LEFT(TableM3[[#This Row],[Right]],2)*VLOOKUP(VALUE(TRIM(CLEAN(RIGHT(TableM3[[#This Row],[Right]],2)))),TableLasers[],COLUMN(TableLasers[S-DPH]),FALSE),LEFT(TableM3[[#This Row],[Up]],2)*VLOOKUP(VALUE(TRIM(CLEAN(RIGHT(TableM3[[#This Row],[Up]],2)))),TableLasers[],COLUMN(TableLasers[S-DPH]),FALSE),LEFT(TableM3[[#This Row],[Down]],2)*VLOOKUP(VALUE(TRIM(CLEAN(RIGHT(TableM3[[#This Row],[Down]],2)))),TableLasers[],COLUMN(TableLasers[S-DPH]),FALSE))","v":62880},{"$f":"SUM(LEFT(TableM3[[#This Row],[Main]],2)*VLOOKUP(VALUE(TRIM(CLEAN(RIGHT(TableM3[[#This Row],[Main]],2)))),TableLasers[],COLUMN(TableLasers[H-DPH]),FALSE),LEFT(TableM3[[#This Row],[Front]],2)*VLOOKUP(VALUE(TRIM(CLEAN(RIGHT(TableM3[[#This Row],[Front]],2)))),TableLasers[],COLUMN(TableLasers[H-DPH]),FALSE),LEFT(TableM3[[#This Row],[Back]],2)*VLOOKUP(VALUE(TRIM(CLEAN(RIGHT(TableM3[[#This Row],[Back]],2)))),TableLasers[],COLUMN(TableLasers[H-DPH]),FALSE),LEFT(TableM3[[#This Row],[Left]],2)*VLOOKUP(VALUE(TRIM(CLEAN(RIGHT(TableM3[[#This Row],[Left]],2)))),TableLasers[],COLUMN(TableLasers[H-DPH]),FALSE),LEFT(TableM3[[#This Row],[Right]],2)*VLOOKUP(VALUE(TRIM(CLEAN(RIGHT(TableM3[[#This Row],[Right]],2)))),TableLasers[],COLUMN(TableLasers[H-DPH]),FALSE),LEFT(TableM3[[#This Row],[Up]],2)*VLOOKUP(VALUE(TRIM(CLEAN(RIGHT(TableM3[[#This Row],[Up]],2)))),TableLasers[],COLUMN(TableLasers[H-DPH]),FALSE),LEFT(TableM3[[#This Row],[Down]],2)*VLOOKUP(VALUE(TRIM(CLEAN(RIGHT(TableM3[[#This Row],[Down]],2)))),TableLasers[],COLUMN(TableLasers[H-DPH]),FALSE))","v":11520},"08::06","02::06","02::06","00::00","00::00","00::00","00::00",8,2,2,null,null,null,null,"0,1,6,7","0,1,6,7","0,1,6,7",null,null,null,null,"0,1,3,5,12,17,22,23,35"]
[117,"Boron","M3","Barracuda",null,263.75,105.5,38,"L",14000,"25 MJ ",4,750,88.183421516754805,8,5600,139.96639999999999,228,0,{"$f":"SUM(LEFT(TableM3[[#This Row],[Main]],2)*VLOOKUP(VALUE(TRIM(CLEAN(RIGHT(TableM3[[#This Row],[Main]],2)))),TableLasers[],COLUMN(TableLasers[S-DPH]),FALSE),LEFT(TableM3[[#This Row],[Front]],2)*VLOOKUP(VALUE(TRIM(CLEAN(RIGHT(TableM3[[#This Row],[Front]],2)))),TableLasers[],COLUMN(TableLasers[S-DPH]),FALSE),LEFT(TableM3[[#This Row],[Back]],2)*VLOOKUP(VALUE(TRIM(CLEAN(RIGHT(TableM3[[#This Row],[Back]],2)))),TableLasers[],COLUMN(TableLasers[S-DPH]),FALSE),LEFT(TableM3[[#This Row],[Left]],2)*VLOOKUP(VALUE(TRIM(CLEAN(RIGHT(TableM3[[#This Row],[Left]],2)))),TableLasers[],COLUMN(TableLasers[S-DPH]),FALSE),LEFT(TableM3[[#This Row],[Right]],2)*VLOOKUP(VALUE(TRIM(CLEAN(RIGHT(TableM3[[#This Row],[Right]],2)))),TableLasers[],COLUMN(TableLasers[S-DPH]),FALSE),LEFT(TableM3[[#This Row],[Up]],2)*VLOOKUP(VALUE(TRIM(CLEAN(RIGHT(TableM3[[#This Row],[Up]],2)))),TableLasers[],COLUMN(TableLasers[S-DPH]),FALSE),LEFT(TableM3[[#This Row],[Down]],2)*VLOOKUP(VALUE(TRIM(CLEAN(RIGHT(TableM3[[#This Row],[Down]],2)))),TableLasers[],COLUMN(TableLasers[S-DPH]),FALSE))","v":10800},{"$f":"SUM(LEFT(TableM3[[#This Row],[Main]],2)*VLOOKUP(VALUE(TRIM(CLEAN(RIGHT(TableM3[[#This Row],[Main]],2)))),TableLasers[],COLUMN(TableLasers[H-DPH]),FALSE),LEFT(TableM3[[#This Row],[Front]],2)*VLOOKUP(VALUE(TRIM(CLEAN(RIGHT(TableM3[[#This Row],[Front]],2)))),TableLasers[],COLUMN(TableLasers[H-DPH]),FALSE),LEFT(TableM3[[#This Row],[Back]],2)*VLOOKUP(VALUE(TRIM(CLEAN(RIGHT(TableM3[[#This Row],[Back]],2)))),TableLasers[],COLUMN(TableLasers[H-DPH]),FALSE),LEFT(TableM3[[#This Row],[Left]],2)*VLOOKUP(VALUE(TRIM(CLEAN(RIGHT(TableM3[[#This Row],[Left]],2)))),TableLasers[],COLUMN(TableLasers[H-DPH]),FALSE),LEFT(TableM3[[#This Row],[Right]],2)*VLOOKUP(VALUE(TRIM(CLEAN(RIGHT(TableM3[[#This Row],[Right]],2)))),TableLasers[],COLUMN(TableLasers[H-DPH]),FALSE),LEFT(TableM3[[#This Row],[Up]],2)*VLOOKUP(VALUE(TRIM(CLEAN(RIGHT(TableM3[[#This Row],[Up]],2)))),TableLasers[],COLUMN(TableLasers[H-DPH]),FALSE),LEFT(TableM3[[#This Row],[Down]],2)*VLOOKUP(VALUE(TRIM(CLEAN(RIGHT(TableM3[[#This Row],[Down]],2)))),TableLasers[],COLUMN(TableLasers[H-DPH]),FALSE))","v":96},"08::08","00::00","00::00","00::00","00::00","00::00","00::00",8,null,null,null,null,null,null,"0,1,4,8",null,null,null,null,null,null,"0,1,3,5,12,17,22,23,35"]
[118,"Boron","M3","Barracuda","Raider",311,124.4,38,"L",12550,"25 MJ ",3,500,88.183421516754805,8,5800,144.94200000000001,207,0,{"$f":"SUM(LEFT(TableM3[[#This Row],[Main]],2)*VLOOKUP(VALUE(TRIM(CLEAN(RIGHT(TableM3[[#This Row],[Main]],2)))),TableLasers[],COLUMN(TableLasers[S-DPH]),FALSE),LEFT(TableM3[[#This Row],[Front]],2)*VLOOKUP(VALUE(TRIM(CLEAN(RIGHT(TableM3[[#This Row],[Front]],2)))),TableLasers[],COLUMN(TableLasers[S-DPH]),FALSE),LEFT(TableM3[[#This Row],[Back]],2)*VLOOKUP(VALUE(TRIM(CLEAN(RIGHT(TableM3[[#This Row],[Back]],2)))),TableLasers[],COLUMN(TableLasers[S-DPH]),FALSE),LEFT(TableM3[[#This Row],[Left]],2)*VLOOKUP(VALUE(TRIM(CLEAN(RIGHT(TableM3[[#This Row],[Left]],2)))),TableLasers[],COLUMN(TableLasers[S-DPH]),FALSE),LEFT(TableM3[[#This Row],[Right]],2)*VLOOKUP(VALUE(TRIM(CLEAN(RIGHT(TableM3[[#This Row],[Right]],2)))),TableLasers[],COLUMN(TableLasers[S-DPH]),FALSE),LEFT(TableM3[[#This Row],[Up]],2)*VLOOKUP(VALUE(TRIM(CLEAN(RIGHT(TableM3[[#This Row],[Up]],2)))),TableLasers[],COLUMN(TableLasers[S-DPH]),FALSE),LEFT(TableM3[[#This Row],[Down]],2)*VLOOKUP(VALUE(TRIM(CLEAN(RIGHT(TableM3[[#This Row],[Down]],2)))),TableLasers[],COLUMN(TableLasers[S-DPH]),FALSE))","v":10800},{"$f":"SUM(LEFT(TableM3[[#This Row],[Main]],2)*VLOOKUP(VALUE(TRIM(CLEAN(RIGHT(TableM3[[#This Row],[Main]],2)))),TableLasers[],COLUMN(TableLasers[H-DPH]),FALSE),LEFT(TableM3[[#This Row],[Front]],2)*VLOOKUP(VALUE(TRIM(CLEAN(RIGHT(TableM3[[#This Row],[Front]],2)))),TableLasers[],COLUMN(TableLasers[H-DPH]),FALSE),LEFT(TableM3[[#This Row],[Back]],2)*VLOOKUP(VALUE(TRIM(CLEAN(RIGHT(TableM3[[#This Row],[Back]],2)))),TableLasers[],COLUMN(TableLasers[H-DPH]),FALSE),LEFT(TableM3[[#This Row],[Left]],2)*VLOOKUP(VALUE(TRIM(CLEAN(RIGHT(TableM3[[#This Row],[Left]],2)))),TableLasers[],COLUMN(TableLasers[H-DPH]),FALSE),LEFT(TableM3[[#This Row],[Right]],2)*VLOOKUP(VALUE(TRIM(CLEAN(RIGHT(TableM3[[#This Row],[Right]],2)))),TableLasers[],COLUMN(TableLasers[H-DPH]),FALSE),LEFT(TableM3[[#This Row],[Up]],2)*VLOOKUP(VALUE(TRIM(CLEAN(RIGHT(TableM3[[#This Row],[Up]],2)))),TableLasers[],COLUMN(TableLasers[H-DPH]),FALSE),LEFT(TableM3[[#This Row],[Down]],2)*VLOOKUP(VALUE(TRIM(CLEAN(RIGHT(TableM3[[#This Row],[Down]],2)))),TableLasers[],COLUMN(TableLasers[H-DPH]),FALSE))","v":96},"08::08","00::00","00::00","00::00","00::00","00::00","00::00",8,null,null,null,null,null,null,"0,1,4,8",null,null,null,null,null,null,"0,1,3,5,12,17,22,23,35"]
[119,"Boron","M3","Barracuda","Vanguard",273,109.2,38,"L",14550,"25 MJ ",4,1270,44.091710758377403,8,6360,158.93639999999999,180,0,{"$f":"SUM(LEFT(TableM3[[#This Row],[Main]],2)*VLOOKUP(VALUE(TRIM(CLEAN(RIGHT(TableM3[[#This Row],[Main]],2)))),TableLasers[],COLUMN(TableLasers[S-DPH]),FALSE),LEFT(TableM3[[#This Row],[Front]],2)*VLOOKUP(VALUE(TRIM(CLEAN(RIGHT(TableM3[[#This Row],[Front]],2)))),TableLasers[],COLUMN(TableLasers[S-DPH]),FALSE),LEFT(TableM3[[#This Row],[Back]],2)*VLOOKUP(VALUE(TRIM(CLEAN(RIGHT(TableM3[[#This Row],[Back]],2)))),TableLasers[],COLUMN(TableLasers[S-DPH]),FALSE),LEFT(TableM3[[#This Row],[Left]],2)*VLOOKUP(VALUE(TRIM(CLEAN(RIGHT(TableM3[[#This Row],[Left]],2)))),TableLasers[],COLUMN(TableLasers[S-DPH]),FALSE),LEFT(TableM3[[#This Row],[Right]],2)*VLOOKUP(VALUE(TRIM(CLEAN(RIGHT(TableM3[[#This Row],[Right]],2)))),TableLasers[],COLUMN(TableLasers[S-DPH]),FALSE),LEFT(TableM3[[#This Row],[Up]],2)*VLOOKUP(VALUE(TRIM(CLEAN(RIGHT(TableM3[[#This Row],[Up]],2)))),TableLasers[],COLUMN(TableLasers[S-DPH]),FALSE),LEFT(TableM3[[#This Row],[Down]],2)*VLOOKUP(VALUE(TRIM(CLEAN(RIGHT(TableM3[[#This Row],[Down]],2)))),TableLasers[],COLUMN(TableLasers[S-DPH]),FALSE))","v":10800},{"$f":"SUM(LEFT(TableM3[[#This Row],[Main]],2)*VLOOKUP(VALUE(TRIM(CLEAN(RIGHT(TableM3[[#This Row],[Main]],2)))),TableLasers[],COLUMN(TableLasers[H-DPH]),FALSE),LEFT(TableM3[[#This Row],[Front]],2)*VLOOKUP(VALUE(TRIM(CLEAN(RIGHT(TableM3[[#This Row],[Front]],2)))),TableLasers[],COLUMN(TableLasers[H-DPH]),FALSE),LEFT(TableM3[[#This Row],[Back]],2)*VLOOKUP(VALUE(TRIM(CLEAN(RIGHT(TableM3[[#This Row],[Back]],2)))),TableLasers[],COLUMN(TableLasers[H-DPH]),FALSE),LEFT(TableM3[[#This Row],[Left]],2)*VLOOKUP(VALUE(TRIM(CLEAN(RIGHT(TableM3[[#This Row],[Left]],2)))),TableLasers[],COLUMN(TableLasers[H-DPH]),FALSE),LEFT(TableM3[[#This Row],[Right]],2)*VLOOKUP(VALUE(TRIM(CLEAN(RIGHT(TableM3[[#This Row],[Right]],2)))),TableLasers[],COLUMN(TableLasers[H-DPH]),FALSE),LEFT(TableM3[[#This Row],[Up]],2)*VLOOKUP(VALUE(TRIM(CLEAN(RIGHT(TableM3[[#This Row],[Up]],2)))),TableLasers[],COLUMN(TableLasers[H-DPH]),FALSE),LEFT(TableM3[[#This Row],[Down]],2)*VLOOKUP(VALUE(TRIM(CLEAN(RIGHT(TableM3[[#This Row],[Down]],2)))),TableLasers[],COLUMN(TableLasers[H-DPH]),FALSE))","v":96},"08::08","00::00","00::00","00::00","00::00","00::00","00::00",8,null,null,null,null,null,null,"0,1,4,8",null,null,null,null,null,null,"0,1,3,5,12,17,22,23,35"]
[120,"Boron","M3","Barracuda","Sentinel",241.75,96.7,38,"L",13000,"25 MJ ",5,1000,88.183421516754805,8,5600,140,207,0,{"$f":"SUM(LEFT(TableM3[[#This Row],[Main]],2)*VLOOKUP(VALUE(TRIM(CLEAN(RIGHT(TableM3[[#This Row],[Main]],2)))),TableLasers[],COLUMN(TableLasers[S-DPH]),FALSE),LEFT(TableM3[[#This Row],[Front]],2)*VLOOKUP(VALUE(TRIM(CLEAN(RIGHT(TableM3[[#This Row],[Front]],2)))),TableLasers[],COLUMN(TableLasers[S-DPH]),FALSE),LEFT(TableM3[[#This Row],[Back]],2)*VLOOKUP(VALUE(TRIM(CLEAN(RIGHT(TableM3[[#This Row],[Back]],2)))),TableLasers[],COLUMN(TableLasers[S-DPH]),FALSE),LEFT(TableM3[[#This Row],[Left]],2)*VLOOKUP(VALUE(TRIM(CLEAN(RIGHT(TableM3[[#This Row],[Left]],2)))),TableLasers[],COLUMN(TableLasers[S-DPH]),FALSE),LEFT(TableM3[[#This Row],[Right]],2)*VLOOKUP(VALUE(TRIM(CLEAN(RIGHT(TableM3[[#This Row],[Right]],2)))),TableLasers[],COLUMN(TableLasers[S-DPH]),FALSE),LEFT(TableM3[[#This Row],[Up]],2)*VLOOKUP(VALUE(TRIM(CLEAN(RIGHT(TableM3[[#This Row],[Up]],2)))),TableLasers[],COLUMN(TableLasers[S-DPH]),FALSE),LEFT(TableM3[[#This Row],[Down]],2)*VLOOKUP(VALUE(TRIM(CLEAN(RIGHT(TableM3[[#This Row],[Down]],2)))),TableLasers[],COLUMN(TableLasers[S-DPH]),FALSE))","v":10800},{"$f":"SUM(LEFT(TableM3[[#This Row],[Main]],2)*VLOOKUP(VALUE(TRIM(CLEAN(RIGHT(TableM3[[#This Row],[Main]],2)))),TableLasers[],COLUMN(TableLasers[H-DPH]),FALSE),LEFT(TableM3[[#This Row],[Front]],2)*VLOOKUP(VALUE(TRIM(CLEAN(RIGHT(TableM3[[#This Row],[Front]],2)))),TableLasers[],COLUMN(TableLasers[H-DPH]),FALSE),LEFT(TableM3[[#This Row],[Back]],2)*VLOOKUP(VALUE(TRIM(CLEAN(RIGHT(TableM3[[#This Row],[Back]],2)))),TableLasers[],COLUMN(TableLasers[H-DPH]),FALSE),LEFT(TableM3[[#This Row],[Left]],2)*VLOOKUP(VALUE(TRIM(CLEAN(RIGHT(TableM3[[#This Row],[Left]],2)))),TableLasers[],COLUMN(TableLasers[H-DPH]),FALSE),LEFT(TableM3[[#This Row],[Right]],2)*VLOOKUP(VALUE(TRIM(CLEAN(RIGHT(TableM3[[#This Row],[Right]],2)))),TableLasers[],COLUMN(TableLasers[H-DPH]),FALSE),LEFT(TableM3[[#This Row],[Up]],2)*VLOOKUP(VALUE(TRIM(CLEAN(RIGHT(TableM3[[#This Row],[Up]],2)))),TableLasers[],COLUMN(TableLasers[H-DPH]),FALSE),LEFT(TableM3[[#This Row],[Down]],2)*VLOOKUP(VALUE(TRIM(CLEAN(RIGHT(TableM3[[#This Row],[Down]],2)))),TableLasers[],COLUMN(TableLasers[H-DPH]),FALSE))","v":96},"08::08","00::00","00::00","00::00","00::00","00::00","00::00",8,null,null,null,null,null,null,"0,1,4,8",null,null,null,null,null,null,"0,1,3,5,12,17,22,23,35"]
[121,"Boron","M3","Skate",null,238.5,95.4,38,"L",21250,"25 MJ ",6,1160,88.183421516754805,12,7800,325.00259999999997,305,0,{"$f":"SUM(LEFT(TableM3[[#This Row],[Main]],2)*VLOOKUP(VALUE(TRIM(CLEAN(RIGHT(TableM3[[#This Row],[Main]],2)))),TableLasers[],COLUMN(TableLasers[S-DPH]),FALSE),LEFT(TableM3[[#This Row],[Front]],2)*VLOOKUP(VALUE(TRIM(CLEAN(RIGHT(TableM3[[#This Row],[Front]],2)))),TableLasers[],COLUMN(TableLasers[S-DPH]),FALSE),LEFT(TableM3[[#This Row],[Back]],2)*VLOOKUP(VALUE(TRIM(CLEAN(RIGHT(TableM3[[#This Row],[Back]],2)))),TableLasers[],COLUMN(TableLasers[S-DPH]),FALSE),LEFT(TableM3[[#This Row],[Left]],2)*VLOOKUP(VALUE(TRIM(CLEAN(RIGHT(TableM3[[#This Row],[Left]],2)))),TableLasers[],COLUMN(TableLasers[S-DPH]),FALSE),LEFT(TableM3[[#This Row],[Right]],2)*VLOOKUP(VALUE(TRIM(CLEAN(RIGHT(TableM3[[#This Row],[Right]],2)))),TableLasers[],COLUMN(TableLasers[S-DPH]),FALSE),LEFT(TableM3[[#This Row],[Up]],2)*VLOOKUP(VALUE(TRIM(CLEAN(RIGHT(TableM3[[#This Row],[Up]],2)))),TableLasers[],COLUMN(TableLasers[S-DPH]),FALSE),LEFT(TableM3[[#This Row],[Down]],2)*VLOOKUP(VALUE(TRIM(CLEAN(RIGHT(TableM3[[#This Row],[Down]],2)))),TableLasers[],COLUMN(TableLasers[S-DPH]),FALSE))","v":16200},{"$f":"SUM(LEFT(TableM3[[#This Row],[Main]],2)*VLOOKUP(VALUE(TRIM(CLEAN(RIGHT(TableM3[[#This Row],[Main]],2)))),TableLasers[],COLUMN(TableLasers[H-DPH]),FALSE),LEFT(TableM3[[#This Row],[Front]],2)*VLOOKUP(VALUE(TRIM(CLEAN(RIGHT(TableM3[[#This Row],[Front]],2)))),TableLasers[],COLUMN(TableLasers[H-DPH]),FALSE),LEFT(TableM3[[#This Row],[Back]],2)*VLOOKUP(VALUE(TRIM(CLEAN(RIGHT(TableM3[[#This Row],[Back]],2)))),TableLasers[],COLUMN(TableLasers[H-DPH]),FALSE),LEFT(TableM3[[#This Row],[Left]],2)*VLOOKUP(VALUE(TRIM(CLEAN(RIGHT(TableM3[[#This Row],[Left]],2)))),TableLasers[],COLUMN(TableLasers[H-DPH]),FALSE),LEFT(TableM3[[#This Row],[Right]],2)*VLOOKUP(VALUE(TRIM(CLEAN(RIGHT(TableM3[[#This Row],[Right]],2)))),TableLasers[],COLUMN(TableLasers[H-DPH]),FALSE),LEFT(TableM3[[#This Row],[Up]],2)*VLOOKUP(VALUE(TRIM(CLEAN(RIGHT(TableM3[[#This Row],[Up]],2)))),TableLasers[],COLUMN(TableLasers[H-DPH]),FALSE),LEFT(TableM3[[#This Row],[Down]],2)*VLOOKUP(VALUE(TRIM(CLEAN(RIGHT(TableM3[[#This Row],[Down]],2)))),TableLasers[],COLUMN(TableLasers[H-DPH]),FALSE))","v":144},"08::08","02::08","02::08","00::00","00::00","00::00","00::00",8,2,2,null,null,null,null,"0,1,4,8","0,1,8","0,1,8",null,null,null,null,"0,1,3,5,12,17,22,23,35"]
[148,"Teladi","M3","Falcon",null,206.5008,93.864000000000004,28,"L",12000,"25 MJ ",5,660,88.183421516754805,8,6000,149.964,453,0,{"$f":"SUM(LEFT(TableM3[[#This Row],[Main]],2)*VLOOKUP(VALUE(TRIM(CLEAN(RIGHT(TableM3[[#This Row],[Main]],2)))),TableLasers[],COLUMN(TableLasers[S-DPH]),FALSE),LEFT(TableM3[[#This Row],[Front]],2)*VLOOKUP(VALUE(TRIM(CLEAN(RIGHT(TableM3[[#This Row],[Front]],2)))),TableLasers[],COLUMN(TableLasers[S-DPH]),FALSE),LEFT(TableM3[[#This Row],[Back]],2)*VLOOKUP(VALUE(TRIM(CLEAN(RIGHT(TableM3[[#This Row],[Back]],2)))),TableLasers[],COLUMN(TableLasers[S-DPH]),FALSE),LEFT(TableM3[[#This Row],[Left]],2)*VLOOKUP(VALUE(TRIM(CLEAN(RIGHT(TableM3[[#This Row],[Left]],2)))),TableLasers[],COLUMN(TableLasers[S-DPH]),FALSE),LEFT(TableM3[[#This Row],[Right]],2)*VLOOKUP(VALUE(TRIM(CLEAN(RIGHT(TableM3[[#This Row],[Right]],2)))),TableLasers[],COLUMN(TableLasers[S-DPH]),FALSE),LEFT(TableM3[[#This Row],[Up]],2)*VLOOKUP(VALUE(TRIM(CLEAN(RIGHT(TableM3[[#This Row],[Up]],2)))),TableLasers[],COLUMN(TableLasers[S-DPH]),FALSE),LEFT(TableM3[[#This Row],[Down]],2)*VLOOKUP(VALUE(TRIM(CLEAN(RIGHT(TableM3[[#This Row],[Down]],2)))),TableLasers[],COLUMN(TableLasers[S-DPH]),FALSE))","v":5496},{"$f":"SUM(LEFT(TableM3[[#This Row],[Main]],2)*VLOOKUP(VALUE(TRIM(CLEAN(RIGHT(TableM3[[#This Row],[Main]],2)))),TableLasers[],COLUMN(TableLasers[H-DPH]),FALSE),LEFT(TableM3[[#This Row],[Front]],2)*VLOOKUP(VALUE(TRIM(CLEAN(RIGHT(TableM3[[#This Row],[Front]],2)))),TableLasers[],COLUMN(TableLasers[H-DPH]),FALSE),LEFT(TableM3[[#This Row],[Back]],2)*VLOOKUP(VALUE(TRIM(CLEAN(RIGHT(TableM3[[#This Row],[Back]],2)))),TableLasers[],COLUMN(TableLasers[H-DPH]),FALSE),LEFT(TableM3[[#This Row],[Left]],2)*VLOOKUP(VALUE(TRIM(CLEAN(RIGHT(TableM3[[#This Row],[Left]],2)))),TableLasers[],COLUMN(TableLasers[H-DPH]),FALSE),LEFT(TableM3[[#This Row],[Right]],2)*VLOOKUP(VALUE(TRIM(CLEAN(RIGHT(TableM3[[#This Row],[Right]],2)))),TableLasers[],COLUMN(TableLasers[H-DPH]),FALSE),LEFT(TableM3[[#This Row],[Up]],2)*VLOOKUP(VALUE(TRIM(CLEAN(RIGHT(TableM3[[#This Row],[Up]],2)))),TableLasers[],COLUMN(TableLasers[H-DPH]),FALSE),LEFT(TableM3[[#This Row],[Down]],2)*VLOOKUP(VALUE(TRIM(CLEAN(RIGHT(TableM3[[#This Row],[Down]],2)))),TableLasers[],COLUMN(TableLasers[H-DPH]),FALSE))","v":1016},"08::05","00::00","00::00","00::00","00::00","00::00","00::00",8,null,null,null,null,null,null,"0,1,5,2",null,null,null,null,null,null,"0,1,3,5,12,17,22,23,35"]
[149,"Teladi","M3","Falcon","Hauler",188.6808,85.763999999999996,28,"L",13320,"200 MJ  ",1,660,151.51515151515201,10,4200,104.9748,606,0,{"$f":"SUM(LEFT(TableM3[[#This Row],[Main]],2)*VLOOKUP(VALUE(TRIM(CLEAN(RIGHT(TableM3[[#This Row],[Main]],2)))),TableLasers[],COLUMN(TableLasers[S-DPH]),FALSE),LEFT(TableM3[[#This Row],[Front]],2)*VLOOKUP(VALUE(TRIM(CLEAN(RIGHT(TableM3[[#This Row],[Front]],2)))),TableLasers[],COLUMN(TableLasers[S-DPH]),FALSE),LEFT(TableM3[[#This Row],[Back]],2)*VLOOKUP(VALUE(TRIM(CLEAN(RIGHT(TableM3[[#This Row],[Back]],2)))),TableLasers[],COLUMN(TableLasers[S-DPH]),FALSE),LEFT(TableM3[[#This Row],[Left]],2)*VLOOKUP(VALUE(TRIM(CLEAN(RIGHT(TableM3[[#This Row],[Left]],2)))),TableLasers[],COLUMN(TableLasers[S-DPH]),FALSE),LEFT(TableM3[[#This Row],[Right]],2)*VLOOKUP(VALUE(TRIM(CLEAN(RIGHT(TableM3[[#This Row],[Right]],2)))),TableLasers[],COLUMN(TableLasers[S-DPH]),FALSE),LEFT(TableM3[[#This Row],[Up]],2)*VLOOKUP(VALUE(TRIM(CLEAN(RIGHT(TableM3[[#This Row],[Up]],2)))),TableLasers[],COLUMN(TableLasers[S-DPH]),FALSE),LEFT(TableM3[[#This Row],[Down]],2)*VLOOKUP(VALUE(TRIM(CLEAN(RIGHT(TableM3[[#This Row],[Down]],2)))),TableLasers[],COLUMN(TableLasers[S-DPH]),FALSE))","v":6870},{"$f":"SUM(LEFT(TableM3[[#This Row],[Main]],2)*VLOOKUP(VALUE(TRIM(CLEAN(RIGHT(TableM3[[#This Row],[Main]],2)))),TableLasers[],COLUMN(TableLasers[H-DPH]),FALSE),LEFT(TableM3[[#This Row],[Front]],2)*VLOOKUP(VALUE(TRIM(CLEAN(RIGHT(TableM3[[#This Row],[Front]],2)))),TableLasers[],COLUMN(TableLasers[H-DPH]),FALSE),LEFT(TableM3[[#This Row],[Back]],2)*VLOOKUP(VALUE(TRIM(CLEAN(RIGHT(TableM3[[#This Row],[Back]],2)))),TableLasers[],COLUMN(TableLasers[H-DPH]),FALSE),LEFT(TableM3[[#This Row],[Left]],2)*VLOOKUP(VALUE(TRIM(CLEAN(RIGHT(TableM3[[#This Row],[Left]],2)))),TableLasers[],COLUMN(TableLasers[H-DPH]),FALSE),LEFT(TableM3[[#This Row],[Right]],2)*VLOOKUP(VALUE(TRIM(CLEAN(RIGHT(TableM3[[#This Row],[Right]],2)))),TableLasers[],COLUMN(TableLasers[H-DPH]),FALSE),LEFT(TableM3[[#This Row],[Up]],2)*VLOOKUP(VALUE(TRIM(CLEAN(RIGHT(TableM3[[#This Row],[Up]],2)))),TableLasers[],COLUMN(TableLasers[H-DPH]),FALSE),LEFT(TableM3[[#This Row],[Down]],2)*VLOOKUP(VALUE(TRIM(CLEAN(RIGHT(TableM3[[#This Row],[Down]],2)))),TableLasers[],COLUMN(TableLasers[H-DPH]),FALSE))","v":1270},"08::05","00::00","02::05","00::00","00::00","00::00","00::00",8,null,2,null,null,null,null,"0,1,5,2",null,"0,1,5",null,null,null,null,"0,1,3,5,12,17,22,23,35"]
[150,"Teladi","M3","Falcon","Vanguard",213.54079999999999,97.063999999999993,28,"L",11400,"25 MJ ",5,726,88.183421516754805,10,7040,175.95776000000001,396,0,{"$f":"SUM(LEFT(TableM3[[#This Row],[Main]],2)*VLOOKUP(VALUE(TRIM(CLEAN(RIGHT(TableM3[[#This Row],[Main]],2)))),TableLasers[],COLUMN(TableLasers[S-DPH]),FALSE),LEFT(TableM3[[#This Row],[Front]],2)*VLOOKUP(VALUE(TRIM(CLEAN(RIGHT(TableM3[[#This Row],[Front]],2)))),TableLasers[],COLUMN(TableLasers[S-DPH]),FALSE),LEFT(TableM3[[#This Row],[Back]],2)*VLOOKUP(VALUE(TRIM(CLEAN(RIGHT(TableM3[[#This Row],[Back]],2)))),TableLasers[],COLUMN(TableLasers[S-DPH]),FALSE),LEFT(TableM3[[#This Row],[Left]],2)*VLOOKUP(VALUE(TRIM(CLEAN(RIGHT(TableM3[[#This Row],[Left]],2)))),TableLasers[],COLUMN(TableLasers[S-DPH]),FALSE),LEFT(TableM3[[#This Row],[Right]],2)*VLOOKUP(VALUE(TRIM(CLEAN(RIGHT(TableM3[[#This Row],[Right]],2)))),TableLasers[],COLUMN(TableLasers[S-DPH]),FALSE),LEFT(TableM3[[#This Row],[Up]],2)*VLOOKUP(VALUE(TRIM(CLEAN(RIGHT(TableM3[[#This Row],[Up]],2)))),TableLasers[],COLUMN(TableLasers[S-DPH]),FALSE),LEFT(TableM3[[#This Row],[Down]],2)*VLOOKUP(VALUE(TRIM(CLEAN(RIGHT(TableM3[[#This Row],[Down]],2)))),TableLasers[],COLUMN(TableLasers[S-DPH]),FALSE))","v":6870},{"$f":"SUM(LEFT(TableM3[[#This Row],[Main]],2)*VLOOKUP(VALUE(TRIM(CLEAN(RIGHT(TableM3[[#This Row],[Main]],2)))),TableLasers[],COLUMN(TableLasers[H-DPH]),FALSE),LEFT(TableM3[[#This Row],[Front]],2)*VLOOKUP(VALUE(TRIM(CLEAN(RIGHT(TableM3[[#This Row],[Front]],2)))),TableLasers[],COLUMN(TableLasers[H-DPH]),FALSE),LEFT(TableM3[[#This Row],[Back]],2)*VLOOKUP(VALUE(TRIM(CLEAN(RIGHT(TableM3[[#This Row],[Back]],2)))),TableLasers[],COLUMN(TableLasers[H-DPH]),FALSE),LEFT(TableM3[[#This Row],[Left]],2)*VLOOKUP(VALUE(TRIM(CLEAN(RIGHT(TableM3[[#This Row],[Left]],2)))),TableLasers[],COLUMN(TableLasers[H-DPH]),FALSE),LEFT(TableM3[[#This Row],[Right]],2)*VLOOKUP(VALUE(TRIM(CLEAN(RIGHT(TableM3[[#This Row],[Right]],2)))),TableLasers[],COLUMN(TableLasers[H-DPH]),FALSE),LEFT(TableM3[[#This Row],[Up]],2)*VLOOKUP(VALUE(TRIM(CLEAN(RIGHT(TableM3[[#This Row],[Up]],2)))),TableLasers[],COLUMN(TableLasers[H-DPH]),FALSE),LEFT(TableM3[[#This Row],[Down]],2)*VLOOKUP(VALUE(TRIM(CLEAN(RIGHT(TableM3[[#This Row],[Down]],2)))),TableLasers[],COLUMN(TableLasers[H-DPH]),FALSE))","v":1270},"08::05","00::00","02::05","00::00","00::00","00::00","00::00",8,null,2,null,null,null,null,"0,1,5,2",null,"0,1,5",null,null,null,null,"0,1,3,5,12,17,22,23,35"]
[151,"Teladi","M3","Falcon","Sentinel",196.16079999999999,89.164000000000001,28,"L",12000,"25 MJ ",6,826,88.183421516754805,10,5400,134.9676,448,0,{"$f":"SUM(LEFT(TableM3[[#This Row],[Main]],2)*VLOOKUP(VALUE(TRIM(CLEAN(RIGHT(TableM3[[#This Row],[Main]],2)))),TableLasers[],COLUMN(TableLasers[S-DPH]),FALSE),LEFT(TableM3[[#This Row],[Front]],2)*VLOOKUP(VALUE(TRIM(CLEAN(RIGHT(TableM3[[#This Row],[Front]],2)))),TableLasers[],COLUMN(TableLasers[S-DPH]),FALSE),LEFT(TableM3[[#This Row],[Back]],2)*VLOOKUP(VALUE(TRIM(CLEAN(RIGHT(TableM3[[#This Row],[Back]],2)))),TableLasers[],COLUMN(TableLasers[S-DPH]),FALSE),LEFT(TableM3[[#This Row],[Left]],2)*VLOOKUP(VALUE(TRIM(CLEAN(RIGHT(TableM3[[#This Row],[Left]],2)))),TableLasers[],COLUMN(TableLasers[S-DPH]),FALSE),LEFT(TableM3[[#This Row],[Right]],2)*VLOOKUP(VALUE(TRIM(CLEAN(RIGHT(TableM3[[#This Row],[Right]],2)))),TableLasers[],COLUMN(TableLasers[S-DPH]),FALSE),LEFT(TableM3[[#This Row],[Up]],2)*VLOOKUP(VALUE(TRIM(CLEAN(RIGHT(TableM3[[#This Row],[Up]],2)))),TableLasers[],COLUMN(TableLasers[S-DPH]),FALSE),LEFT(TableM3[[#This Row],[Down]],2)*VLOOKUP(VALUE(TRIM(CLEAN(RIGHT(TableM3[[#This Row],[Down]],2)))),TableLasers[],COLUMN(TableLasers[S-DPH]),FALSE))","v":6870},{"$f":"SUM(LEFT(TableM3[[#This Row],[Main]],2)*VLOOKUP(VALUE(TRIM(CLEAN(RIGHT(TableM3[[#This Row],[Main]],2)))),TableLasers[],COLUMN(TableLasers[H-DPH]),FALSE),LEFT(TableM3[[#This Row],[Front]],2)*VLOOKUP(VALUE(TRIM(CLEAN(RIGHT(TableM3[[#This Row],[Front]],2)))),TableLasers[],COLUMN(TableLasers[H-DPH]),FALSE),LEFT(TableM3[[#This Row],[Back]],2)*VLOOKUP(VALUE(TRIM(CLEAN(RIGHT(TableM3[[#This Row],[Back]],2)))),TableLasers[],COLUMN(TableLasers[H-DPH]),FALSE),LEFT(TableM3[[#This Row],[Left]],2)*VLOOKUP(VALUE(TRIM(CLEAN(RIGHT(TableM3[[#This Row],[Left]],2)))),TableLasers[],COLUMN(TableLasers[H-DPH]),FALSE),LEFT(TableM3[[#This Row],[Right]],2)*VLOOKUP(VALUE(TRIM(CLEAN(RIGHT(TableM3[[#This Row],[Right]],2)))),TableLasers[],COLUMN(TableLasers[H-DPH]),FALSE),LEFT(TableM3[[#This Row],[Up]],2)*VLOOKUP(VALUE(TRIM(CLEAN(RIGHT(TableM3[[#This Row],[Up]],2)))),TableLasers[],COLUMN(TableLasers[H-DPH]),FALSE),LEFT(TableM3[[#This Row],[Down]],2)*VLOOKUP(VALUE(TRIM(CLEAN(RIGHT(TableM3[[#This Row],[Down]],2)))),TableLasers[],COLUMN(TableLasers[H-DPH]),FALSE))","v":1270},"08::05","00::00","02::05","00::00","00::00","00::00","00::00",8,null,2,null,null,null,null,"0,1,5,2",null,"0,1,5",null,null,null,null,"0,1,3,5,12,17,22,23,35"]
[152,"Teladi","M3","Kea",null,194,77.599999999999994,32,"L",15000,"200 MJ  ",1,1220,75.757575757575793,12,7800,194.95320000000001,520,0,{"$f":"SUM(LEFT(TableM3[[#This Row],[Main]],2)*VLOOKUP(VALUE(TRIM(CLEAN(RIGHT(TableM3[[#This Row],[Main]],2)))),TableLasers[],COLUMN(TableLasers[S-DPH]),FALSE),LEFT(TableM3[[#This Row],[Front]],2)*VLOOKUP(VALUE(TRIM(CLEAN(RIGHT(TableM3[[#This Row],[Front]],2)))),TableLasers[],COLUMN(TableLasers[S-DPH]),FALSE),LEFT(TableM3[[#This Row],[Back]],2)*VLOOKUP(VALUE(TRIM(CLEAN(RIGHT(TableM3[[#This Row],[Back]],2)))),TableLasers[],COLUMN(TableLasers[S-DPH]),FALSE),LEFT(TableM3[[#This Row],[Left]],2)*VLOOKUP(VALUE(TRIM(CLEAN(RIGHT(TableM3[[#This Row],[Left]],2)))),TableLasers[],COLUMN(TableLasers[S-DPH]),FALSE),LEFT(TableM3[[#This Row],[Right]],2)*VLOOKUP(VALUE(TRIM(CLEAN(RIGHT(TableM3[[#This Row],[Right]],2)))),TableLasers[],COLUMN(TableLasers[S-DPH]),FALSE),LEFT(TableM3[[#This Row],[Up]],2)*VLOOKUP(VALUE(TRIM(CLEAN(RIGHT(TableM3[[#This Row],[Up]],2)))),TableLasers[],COLUMN(TableLasers[S-DPH]),FALSE),LEFT(TableM3[[#This Row],[Down]],2)*VLOOKUP(VALUE(TRIM(CLEAN(RIGHT(TableM3[[#This Row],[Down]],2)))),TableLasers[],COLUMN(TableLasers[S-DPH]),FALSE))","v":8244},{"$f":"SUM(LEFT(TableM3[[#This Row],[Main]],2)*VLOOKUP(VALUE(TRIM(CLEAN(RIGHT(TableM3[[#This Row],[Main]],2)))),TableLasers[],COLUMN(TableLasers[H-DPH]),FALSE),LEFT(TableM3[[#This Row],[Front]],2)*VLOOKUP(VALUE(TRIM(CLEAN(RIGHT(TableM3[[#This Row],[Front]],2)))),TableLasers[],COLUMN(TableLasers[H-DPH]),FALSE),LEFT(TableM3[[#This Row],[Back]],2)*VLOOKUP(VALUE(TRIM(CLEAN(RIGHT(TableM3[[#This Row],[Back]],2)))),TableLasers[],COLUMN(TableLasers[H-DPH]),FALSE),LEFT(TableM3[[#This Row],[Left]],2)*VLOOKUP(VALUE(TRIM(CLEAN(RIGHT(TableM3[[#This Row],[Left]],2)))),TableLasers[],COLUMN(TableLasers[H-DPH]),FALSE),LEFT(TableM3[[#This Row],[Right]],2)*VLOOKUP(VALUE(TRIM(CLEAN(RIGHT(TableM3[[#This Row],[Right]],2)))),TableLasers[],COLUMN(TableLasers[H-DPH]),FALSE),LEFT(TableM3[[#This Row],[Up]],2)*VLOOKUP(VALUE(TRIM(CLEAN(RIGHT(TableM3[[#This Row],[Up]],2)))),TableLasers[],COLUMN(TableLasers[H-DPH]),FALSE),LEFT(TableM3[[#This Row],[Down]],2)*VLOOKUP(VALUE(TRIM(CLEAN(RIGHT(TableM3[[#This Row],[Down]],2)))),TableLasers[],COLUMN(TableLasers[H-DPH]),FALSE))","v":1524},"08::05","02::05","02::05","00::00","00::00","00::00","00::00",8,2,2,null,null,null,null,"0,1,5,2","0,1,5","0,1,5",null,null,null,null,"0,1,3,5,12,17,22,23,35"]
[170,"Xenon","M3","L",null,242.649,161.76599999999999,52,"L",12000,"25 MJ ",3,780,44.091710758377403,6,7400,185,234,0,{"$f":"SUM(LEFT(TableM3[[#This Row],[Main]],2)*VLOOKUP(VALUE(TRIM(CLEAN(RIGHT(TableM3[[#This Row],[Main]],2)))),TableLasers[],COLUMN(TableLasers[S-DPH]),FALSE),LEFT(TableM3[[#This Row],[Front]],2)*VLOOKUP(VALUE(TRIM(CLEAN(RIGHT(TableM3[[#This Row],[Front]],2)))),TableLasers[],COLUMN(TableLasers[S-DPH]),FALSE),LEFT(TableM3[[#This Row],[Back]],2)*VLOOKUP(VALUE(TRIM(CLEAN(RIGHT(TableM3[[#This Row],[Back]],2)))),TableLasers[],COLUMN(TableLasers[S-DPH]),FALSE),LEFT(TableM3[[#This Row],[Left]],2)*VLOOKUP(VALUE(TRIM(CLEAN(RIGHT(TableM3[[#This Row],[Left]],2)))),TableLasers[],COLUMN(TableLasers[S-DPH]),FALSE),LEFT(TableM3[[#This Row],[Right]],2)*VLOOKUP(VALUE(TRIM(CLEAN(RIGHT(TableM3[[#This Row],[Right]],2)))),TableLasers[],COLUMN(TableLasers[S-DPH]),FALSE),LEFT(TableM3[[#This Row],[Up]],2)*VLOOKUP(VALUE(TRIM(CLEAN(RIGHT(TableM3[[#This Row],[Up]],2)))),TableLasers[],COLUMN(TableLasers[S-DPH]),FALSE),LEFT(TableM3[[#This Row],[Down]],2)*VLOOKUP(VALUE(TRIM(CLEAN(RIGHT(TableM3[[#This Row],[Down]],2)))),TableLasers[],COLUMN(TableLasers[S-DPH]),FALSE))","v":10212},{"$f":"SUM(LEFT(TableM3[[#This Row],[Main]],2)*VLOOKUP(VALUE(TRIM(CLEAN(RIGHT(TableM3[[#This Row],[Main]],2)))),TableLasers[],COLUMN(TableLasers[H-DPH]),FALSE),LEFT(TableM3[[#This Row],[Front]],2)*VLOOKUP(VALUE(TRIM(CLEAN(RIGHT(TableM3[[#This Row],[Front]],2)))),TableLasers[],COLUMN(TableLasers[H-DPH]),FALSE),LEFT(TableM3[[#This Row],[Back]],2)*VLOOKUP(VALUE(TRIM(CLEAN(RIGHT(TableM3[[#This Row],[Back]],2)))),TableLasers[],COLUMN(TableLasers[H-DPH]),FALSE),LEFT(TableM3[[#This Row],[Left]],2)*VLOOKUP(VALUE(TRIM(CLEAN(RIGHT(TableM3[[#This Row],[Left]],2)))),TableLasers[],COLUMN(TableLasers[H-DPH]),FALSE),LEFT(TableM3[[#This Row],[Right]],2)*VLOOKUP(VALUE(TRIM(CLEAN(RIGHT(TableM3[[#This Row],[Right]],2)))),TableLasers[],COLUMN(TableLasers[H-DPH]),FALSE),LEFT(TableM3[[#This Row],[Up]],2)*VLOOKUP(VALUE(TRIM(CLEAN(RIGHT(TableM3[[#This Row],[Up]],2)))),TableLasers[],COLUMN(TableLasers[H-DPH]),FALSE),LEFT(TableM3[[#This Row],[Down]],2)*VLOOKUP(VALUE(TRIM(CLEAN(RIGHT(TableM3[[#This Row],[Down]],2)))),TableLasers[],COLUMN(TableLasers[H-DPH]),FALSE))","v":1836},"06::12","00::00","00::00","00::00","00::00","00::00","00::00",6,null,null,null,null,null,null,12,null,null,null,null,null,null,"0,1,3,5,12,17,22,23,35"]
[171,"Xenon","M3","LX (speak EL EX)",null,229.29900000000001,152.86600000000001,35,"L",15000,"25 MJ ",5,1350,44.091710758377403,12,9250,231.19450000000001,350,0,{"$f":"SUM(LEFT(TableM3[[#This Row],[Main]],2)*VLOOKUP(VALUE(TRIM(CLEAN(RIGHT(TableM3[[#This Row],[Main]],2)))),TableLasers[],COLUMN(TableLasers[S-DPH]),FALSE),LEFT(TableM3[[#This Row],[Front]],2)*VLOOKUP(VALUE(TRIM(CLEAN(RIGHT(TableM3[[#This Row],[Front]],2)))),TableLasers[],COLUMN(TableLasers[S-DPH]),FALSE),LEFT(TableM3[[#This Row],[Back]],2)*VLOOKUP(VALUE(TRIM(CLEAN(RIGHT(TableM3[[#This Row],[Back]],2)))),TableLasers[],COLUMN(TableLasers[S-DPH]),FALSE),LEFT(TableM3[[#This Row],[Left]],2)*VLOOKUP(VALUE(TRIM(CLEAN(RIGHT(TableM3[[#This Row],[Left]],2)))),TableLasers[],COLUMN(TableLasers[S-DPH]),FALSE),LEFT(TableM3[[#This Row],[Right]],2)*VLOOKUP(VALUE(TRIM(CLEAN(RIGHT(TableM3[[#This Row],[Right]],2)))),TableLasers[],COLUMN(TableLasers[S-DPH]),FALSE),LEFT(TableM3[[#This Row],[Up]],2)*VLOOKUP(VALUE(TRIM(CLEAN(RIGHT(TableM3[[#This Row],[Up]],2)))),TableLasers[],COLUMN(TableLasers[S-DPH]),FALSE),LEFT(TableM3[[#This Row],[Down]],2)*VLOOKUP(VALUE(TRIM(CLEAN(RIGHT(TableM3[[#This Row],[Down]],2)))),TableLasers[],COLUMN(TableLasers[S-DPH]),FALSE))","v":13616},{"$f":"SUM(LEFT(TableM3[[#This Row],[Main]],2)*VLOOKUP(VALUE(TRIM(CLEAN(RIGHT(TableM3[[#This Row],[Main]],2)))),TableLasers[],COLUMN(TableLasers[H-DPH]),FALSE),LEFT(TableM3[[#This Row],[Front]],2)*VLOOKUP(VALUE(TRIM(CLEAN(RIGHT(TableM3[[#This Row],[Front]],2)))),TableLasers[],COLUMN(TableLasers[H-DPH]),FALSE),LEFT(TableM3[[#This Row],[Back]],2)*VLOOKUP(VALUE(TRIM(CLEAN(RIGHT(TableM3[[#This Row],[Back]],2)))),TableLasers[],COLUMN(TableLasers[H-DPH]),FALSE),LEFT(TableM3[[#This Row],[Left]],2)*VLOOKUP(VALUE(TRIM(CLEAN(RIGHT(TableM3[[#This Row],[Left]],2)))),TableLasers[],COLUMN(TableLasers[H-DPH]),FALSE),LEFT(TableM3[[#This Row],[Right]],2)*VLOOKUP(VALUE(TRIM(CLEAN(RIGHT(TableM3[[#This Row],[Right]],2)))),TableLasers[],COLUMN(TableLasers[H-DPH]),FALSE),LEFT(TableM3[[#This Row],[Up]],2)*VLOOKUP(VALUE(TRIM(CLEAN(RIGHT(TableM3[[#This Row],[Up]],2)))),TableLasers[],COLUMN(TableLasers[H-DPH]),FALSE),LEFT(TableM3[[#This Row],[Down]],2)*VLOOKUP(VALUE(TRIM(CLEAN(RIGHT(TableM3[[#This Row],[Down]],2)))),TableLasers[],COLUMN(TableLasers[H-DPH]),FALSE))","v":2448},"08::12","00::00","00::00","00::00","00::00","00::00","00::00",8,2,2,null,null,null,null,12,null,null,null,null,null,null,"0,1,3,5,12,17,22,23,10,11,13,14,18,19,25,35"]
[179,"Pirates","M3","Falcon",null,228.321,99.27,35,"L",9000,"25 MJ ",3,570,88.183421516754805,8,7100,149.1,374,0,{"$f":"SUM(LEFT(TableM3[[#This Row],[Main]],2)*VLOOKUP(VALUE(TRIM(CLEAN(RIGHT(TableM3[[#This Row],[Main]],2)))),TableLasers[],COLUMN(TableLasers[S-DPH]),FALSE),LEFT(TableM3[[#This Row],[Front]],2)*VLOOKUP(VALUE(TRIM(CLEAN(RIGHT(TableM3[[#This Row],[Front]],2)))),TableLasers[],COLUMN(TableLasers[S-DPH]),FALSE),LEFT(TableM3[[#This Row],[Back]],2)*VLOOKUP(VALUE(TRIM(CLEAN(RIGHT(TableM3[[#This Row],[Back]],2)))),TableLasers[],COLUMN(TableLasers[S-DPH]),FALSE),LEFT(TableM3[[#This Row],[Left]],2)*VLOOKUP(VALUE(TRIM(CLEAN(RIGHT(TableM3[[#This Row],[Left]],2)))),TableLasers[],COLUMN(TableLasers[S-DPH]),FALSE),LEFT(TableM3[[#This Row],[Right]],2)*VLOOKUP(VALUE(TRIM(CLEAN(RIGHT(TableM3[[#This Row],[Right]],2)))),TableLasers[],COLUMN(TableLasers[S-DPH]),FALSE),LEFT(TableM3[[#This Row],[Up]],2)*VLOOKUP(VALUE(TRIM(CLEAN(RIGHT(TableM3[[#This Row],[Up]],2)))),TableLasers[],COLUMN(TableLasers[S-DPH]),FALSE),LEFT(TableM3[[#This Row],[Down]],2)*VLOOKUP(VALUE(TRIM(CLEAN(RIGHT(TableM3[[#This Row],[Down]],2)))),TableLasers[],COLUMN(TableLasers[S-DPH]),FALSE))","v":5496},{"$f":"SUM(LEFT(TableM3[[#This Row],[Main]],2)*VLOOKUP(VALUE(TRIM(CLEAN(RIGHT(TableM3[[#This Row],[Main]],2)))),TableLasers[],COLUMN(TableLasers[H-DPH]),FALSE),LEFT(TableM3[[#This Row],[Front]],2)*VLOOKUP(VALUE(TRIM(CLEAN(RIGHT(TableM3[[#This Row],[Front]],2)))),TableLasers[],COLUMN(TableLasers[H-DPH]),FALSE),LEFT(TableM3[[#This Row],[Back]],2)*VLOOKUP(VALUE(TRIM(CLEAN(RIGHT(TableM3[[#This Row],[Back]],2)))),TableLasers[],COLUMN(TableLasers[H-DPH]),FALSE),LEFT(TableM3[[#This Row],[Left]],2)*VLOOKUP(VALUE(TRIM(CLEAN(RIGHT(TableM3[[#This Row],[Left]],2)))),TableLasers[],COLUMN(TableLasers[H-DPH]),FALSE),LEFT(TableM3[[#This Row],[Right]],2)*VLOOKUP(VALUE(TRIM(CLEAN(RIGHT(TableM3[[#This Row],[Right]],2)))),TableLasers[],COLUMN(TableLasers[H-DPH]),FALSE),LEFT(TableM3[[#This Row],[Up]],2)*VLOOKUP(VALUE(TRIM(CLEAN(RIGHT(TableM3[[#This Row],[Up]],2)))),TableLasers[],COLUMN(TableLasers[H-DPH]),FALSE),LEFT(TableM3[[#This Row],[Down]],2)*VLOOKUP(VALUE(TRIM(CLEAN(RIGHT(TableM3[[#This Row],[Down]],2)))),TableLasers[],COLUMN(TableLasers[H-DPH]),FALSE))","v":1016},"08::05","00::00","00::00","00::00","00::00","00::00","00::00",8,null,null,null,null,null,null,"0,1,3,5,2",null,null,null,null,null,null,"0,1,3,5,12,17,22,23,35"]
[180,"Pirates","M3","Nova","Raider",295.25,118.1,42,"L",9500,"25 MJ ",2,625,44.091710758377403,10,5600,99.999200000000002,202,0,{"$f":"SUM(LEFT(TableM3[[#This Row],[Main]],2)*VLOOKUP(VALUE(TRIM(CLEAN(RIGHT(TableM3[[#This Row],[Main]],2)))),TableLasers[],COLUMN(TableLasers[S-DPH]),FALSE),LEFT(TableM3[[#This Row],[Front]],2)*VLOOKUP(VALUE(TRIM(CLEAN(RIGHT(TableM3[[#This Row],[Front]],2)))),TableLasers[],COLUMN(TableLasers[S-DPH]),FALSE),LEFT(TableM3[[#This Row],[Back]],2)*VLOOKUP(VALUE(TRIM(CLEAN(RIGHT(TableM3[[#This Row],[Back]],2)))),TableLasers[],COLUMN(TableLasers[S-DPH]),FALSE),LEFT(TableM3[[#This Row],[Left]],2)*VLOOKUP(VALUE(TRIM(CLEAN(RIGHT(TableM3[[#This Row],[Left]],2)))),TableLasers[],COLUMN(TableLasers[S-DPH]),FALSE),LEFT(TableM3[[#This Row],[Right]],2)*VLOOKUP(VALUE(TRIM(CLEAN(RIGHT(TableM3[[#This Row],[Right]],2)))),TableLasers[],COLUMN(TableLasers[S-DPH]),FALSE),LEFT(TableM3[[#This Row],[Up]],2)*VLOOKUP(VALUE(TRIM(CLEAN(RIGHT(TableM3[[#This Row],[Up]],2)))),TableLasers[],COLUMN(TableLasers[S-DPH]),FALSE),LEFT(TableM3[[#This Row],[Down]],2)*VLOOKUP(VALUE(TRIM(CLEAN(RIGHT(TableM3[[#This Row],[Down]],2)))),TableLasers[],COLUMN(TableLasers[S-DPH]),FALSE))","v":19120},{"$f":"SUM(LEFT(TableM3[[#This Row],[Main]],2)*VLOOKUP(VALUE(TRIM(CLEAN(RIGHT(TableM3[[#This Row],[Main]],2)))),TableLasers[],COLUMN(TableLasers[H-DPH]),FALSE),LEFT(TableM3[[#This Row],[Front]],2)*VLOOKUP(VALUE(TRIM(CLEAN(RIGHT(TableM3[[#This Row],[Front]],2)))),TableLasers[],COLUMN(TableLasers[H-DPH]),FALSE),LEFT(TableM3[[#This Row],[Back]],2)*VLOOKUP(VALUE(TRIM(CLEAN(RIGHT(TableM3[[#This Row],[Back]],2)))),TableLasers[],COLUMN(TableLasers[H-DPH]),FALSE),LEFT(TableM3[[#This Row],[Left]],2)*VLOOKUP(VALUE(TRIM(CLEAN(RIGHT(TableM3[[#This Row],[Left]],2)))),TableLasers[],COLUMN(TableLasers[H-DPH]),FALSE),LEFT(TableM3[[#This Row],[Right]],2)*VLOOKUP(VALUE(TRIM(CLEAN(RIGHT(TableM3[[#This Row],[Right]],2)))),TableLasers[],COLUMN(TableLasers[H-DPH]),FALSE),LEFT(TableM3[[#This Row],[Up]],2)*VLOOKUP(VALUE(TRIM(CLEAN(RIGHT(TableM3[[#This Row],[Up]],2)))),TableLasers[],COLUMN(TableLasers[H-DPH]),FALSE),LEFT(TableM3[[#This Row],[Down]],2)*VLOOKUP(VALUE(TRIM(CLEAN(RIGHT(TableM3[[#This Row],[Down]],2)))),TableLasers[],COLUMN(TableLasers[H-DPH]),FALSE))","v":3520},"08::04","00::00","02::06","00::00","00::00","00::00","00::00",8,null,2,null,null,null,null,"0,1,3,4,2",null,"0,1,3,6,7",null,null,null,null,"0,1,3,5,12,17,22,23,35"]
[181,"Pirates","M3","Nova",null,254.5,101.8,42,"L",10000,"25 MJ ",2,540,44.091710758377403,10,7700,161.69999999999999,216,0,{"$f":"SUM(LEFT(TableM3[[#This Row],[Main]],2)*VLOOKUP(VALUE(TRIM(CLEAN(RIGHT(TableM3[[#This Row],[Main]],2)))),TableLasers[],COLUMN(TableLasers[S-DPH]),FALSE),LEFT(TableM3[[#This Row],[Front]],2)*VLOOKUP(VALUE(TRIM(CLEAN(RIGHT(TableM3[[#This Row],[Front]],2)))),TableLasers[],COLUMN(TableLasers[S-DPH]),FALSE),LEFT(TableM3[[#This Row],[Back]],2)*VLOOKUP(VALUE(TRIM(CLEAN(RIGHT(TableM3[[#This Row],[Back]],2)))),TableLasers[],COLUMN(TableLasers[S-DPH]),FALSE),LEFT(TableM3[[#This Row],[Left]],2)*VLOOKUP(VALUE(TRIM(CLEAN(RIGHT(TableM3[[#This Row],[Left]],2)))),TableLasers[],COLUMN(TableLasers[S-DPH]),FALSE),LEFT(TableM3[[#This Row],[Right]],2)*VLOOKUP(VALUE(TRIM(CLEAN(RIGHT(TableM3[[#This Row],[Right]],2)))),TableLasers[],COLUMN(TableLasers[S-DPH]),FALSE),LEFT(TableM3[[#This Row],[Up]],2)*VLOOKUP(VALUE(TRIM(CLEAN(RIGHT(TableM3[[#This Row],[Up]],2)))),TableLasers[],COLUMN(TableLasers[S-DPH]),FALSE),LEFT(TableM3[[#This Row],[Down]],2)*VLOOKUP(VALUE(TRIM(CLEAN(RIGHT(TableM3[[#This Row],[Down]],2)))),TableLasers[],COLUMN(TableLasers[S-DPH]),FALSE))","v":19120},{"$f":"SUM(LEFT(TableM3[[#This Row],[Main]],2)*VLOOKUP(VALUE(TRIM(CLEAN(RIGHT(TableM3[[#This Row],[Main]],2)))),TableLasers[],COLUMN(TableLasers[H-DPH]),FALSE),LEFT(TableM3[[#This Row],[Front]],2)*VLOOKUP(VALUE(TRIM(CLEAN(RIGHT(TableM3[[#This Row],[Front]],2)))),TableLasers[],COLUMN(TableLasers[H-DPH]),FALSE),LEFT(TableM3[[#This Row],[Back]],2)*VLOOKUP(VALUE(TRIM(CLEAN(RIGHT(TableM3[[#This Row],[Back]],2)))),TableLasers[],COLUMN(TableLasers[H-DPH]),FALSE),LEFT(TableM3[[#This Row],[Left]],2)*VLOOKUP(VALUE(TRIM(CLEAN(RIGHT(TableM3[[#This Row],[Left]],2)))),TableLasers[],COLUMN(TableLasers[H-DPH]),FALSE),LEFT(TableM3[[#This Row],[Right]],2)*VLOOKUP(VALUE(TRIM(CLEAN(RIGHT(TableM3[[#This Row],[Right]],2)))),TableLasers[],COLUMN(TableLasers[H-DPH]),FALSE),LEFT(TableM3[[#This Row],[Up]],2)*VLOOKUP(VALUE(TRIM(CLEAN(RIGHT(TableM3[[#This Row],[Up]],2)))),TableLasers[],COLUMN(TableLasers[H-DPH]),FALSE),LEFT(TableM3[[#This Row],[Down]],2)*VLOOKUP(VALUE(TRIM(CLEAN(RIGHT(TableM3[[#This Row],[Down]],2)))),TableLasers[],COLUMN(TableLasers[H-DPH]),FALSE))","v":3520},"08::04","00::00","02::06","00::00","00::00","00::00","00::00",8,null,2,null,null,null,null,"0,1,3,4,2",null,"0,1,3,6,7",null,null,null,null,"0,1,3,5,12,17,22,23,35"]
[182,"Pirates","M3","Falcon","Vanguard",234.2208,106.464,38,"L",9500,"25 MJ ",3,825,44.091710758377403,10,7640,190.95416,122,0,{"$f":"SUM(LEFT(TableM3[[#This Row],[Main]],2)*VLOOKUP(VALUE(TRIM(CLEAN(RIGHT(TableM3[[#This Row],[Main]],2)))),TableLasers[],COLUMN(TableLasers[S-DPH]),FALSE),LEFT(TableM3[[#This Row],[Front]],2)*VLOOKUP(VALUE(TRIM(CLEAN(RIGHT(TableM3[[#This Row],[Front]],2)))),TableLasers[],COLUMN(TableLasers[S-DPH]),FALSE),LEFT(TableM3[[#This Row],[Back]],2)*VLOOKUP(VALUE(TRIM(CLEAN(RIGHT(TableM3[[#This Row],[Back]],2)))),TableLasers[],COLUMN(TableLasers[S-DPH]),FALSE),LEFT(TableM3[[#This Row],[Left]],2)*VLOOKUP(VALUE(TRIM(CLEAN(RIGHT(TableM3[[#This Row],[Left]],2)))),TableLasers[],COLUMN(TableLasers[S-DPH]),FALSE),LEFT(TableM3[[#This Row],[Right]],2)*VLOOKUP(VALUE(TRIM(CLEAN(RIGHT(TableM3[[#This Row],[Right]],2)))),TableLasers[],COLUMN(TableLasers[S-DPH]),FALSE),LEFT(TableM3[[#This Row],[Up]],2)*VLOOKUP(VALUE(TRIM(CLEAN(RIGHT(TableM3[[#This Row],[Up]],2)))),TableLasers[],COLUMN(TableLasers[S-DPH]),FALSE),LEFT(TableM3[[#This Row],[Down]],2)*VLOOKUP(VALUE(TRIM(CLEAN(RIGHT(TableM3[[#This Row],[Down]],2)))),TableLasers[],COLUMN(TableLasers[S-DPH]),FALSE))","v":15976},{"$f":"SUM(LEFT(TableM3[[#This Row],[Main]],2)*VLOOKUP(VALUE(TRIM(CLEAN(RIGHT(TableM3[[#This Row],[Main]],2)))),TableLasers[],COLUMN(TableLasers[H-DPH]),FALSE),LEFT(TableM3[[#This Row],[Front]],2)*VLOOKUP(VALUE(TRIM(CLEAN(RIGHT(TableM3[[#This Row],[Front]],2)))),TableLasers[],COLUMN(TableLasers[H-DPH]),FALSE),LEFT(TableM3[[#This Row],[Back]],2)*VLOOKUP(VALUE(TRIM(CLEAN(RIGHT(TableM3[[#This Row],[Back]],2)))),TableLasers[],COLUMN(TableLasers[H-DPH]),FALSE),LEFT(TableM3[[#This Row],[Left]],2)*VLOOKUP(VALUE(TRIM(CLEAN(RIGHT(TableM3[[#This Row],[Left]],2)))),TableLasers[],COLUMN(TableLasers[H-DPH]),FALSE),LEFT(TableM3[[#This Row],[Right]],2)*VLOOKUP(VALUE(TRIM(CLEAN(RIGHT(TableM3[[#This Row],[Right]],2)))),TableLasers[],COLUMN(TableLasers[H-DPH]),FALSE),LEFT(TableM3[[#This Row],[Up]],2)*VLOOKUP(VALUE(TRIM(CLEAN(RIGHT(TableM3[[#This Row],[Up]],2)))),TableLasers[],COLUMN(TableLasers[H-DPH]),FALSE),LEFT(TableM3[[#This Row],[Down]],2)*VLOOKUP(VALUE(TRIM(CLEAN(RIGHT(TableM3[[#This Row],[Down]],2)))),TableLasers[],COLUMN(TableLasers[H-DPH]),FALSE))","v":2936},"08::05","00::00","02::06","00::00","00::00","00::00","00::00",8,null,2,null,null,null,null,"0,1,3,5,2",null,"0,1,3,6,7",null,null,null,null,"0,1,3,5,12,17,22,23,35"]
[183,"Pirates","M3","Eclipse",null,234.7184,83.828000000000003,35,"L",9375,"25 MJ ",3,800,44.091710758377403,12,9800,245,285,0,{"$f":"SUM(LEFT(TableM3[[#This Row],[Main]],2)*VLOOKUP(VALUE(TRIM(CLEAN(RIGHT(TableM3[[#This Row],[Main]],2)))),TableLasers[],COLUMN(TableLasers[S-DPH]),FALSE),LEFT(TableM3[[#This Row],[Front]],2)*VLOOKUP(VALUE(TRIM(CLEAN(RIGHT(TableM3[[#This Row],[Front]],2)))),TableLasers[],COLUMN(TableLasers[S-DPH]),FALSE),LEFT(TableM3[[#This Row],[Back]],2)*VLOOKUP(VALUE(TRIM(CLEAN(RIGHT(TableM3[[#This Row],[Back]],2)))),TableLasers[],COLUMN(TableLasers[S-DPH]),FALSE),LEFT(TableM3[[#This Row],[Left]],2)*VLOOKUP(VALUE(TRIM(CLEAN(RIGHT(TableM3[[#This Row],[Left]],2)))),TableLasers[],COLUMN(TableLasers[S-DPH]),FALSE),LEFT(TableM3[[#This Row],[Right]],2)*VLOOKUP(VALUE(TRIM(CLEAN(RIGHT(TableM3[[#This Row],[Right]],2)))),TableLasers[],COLUMN(TableLasers[S-DPH]),FALSE),LEFT(TableM3[[#This Row],[Up]],2)*VLOOKUP(VALUE(TRIM(CLEAN(RIGHT(TableM3[[#This Row],[Up]],2)))),TableLasers[],COLUMN(TableLasers[S-DPH]),FALSE),LEFT(TableM3[[#This Row],[Down]],2)*VLOOKUP(VALUE(TRIM(CLEAN(RIGHT(TableM3[[#This Row],[Down]],2)))),TableLasers[],COLUMN(TableLasers[S-DPH]),FALSE))","v":29600},{"$f":"SUM(LEFT(TableM3[[#This Row],[Main]],2)*VLOOKUP(VALUE(TRIM(CLEAN(RIGHT(TableM3[[#This Row],[Main]],2)))),TableLasers[],COLUMN(TableLasers[H-DPH]),FALSE),LEFT(TableM3[[#This Row],[Front]],2)*VLOOKUP(VALUE(TRIM(CLEAN(RIGHT(TableM3[[#This Row],[Front]],2)))),TableLasers[],COLUMN(TableLasers[H-DPH]),FALSE),LEFT(TableM3[[#This Row],[Back]],2)*VLOOKUP(VALUE(TRIM(CLEAN(RIGHT(TableM3[[#This Row],[Back]],2)))),TableLasers[],COLUMN(TableLasers[H-DPH]),FALSE),LEFT(TableM3[[#This Row],[Left]],2)*VLOOKUP(VALUE(TRIM(CLEAN(RIGHT(TableM3[[#This Row],[Left]],2)))),TableLasers[],COLUMN(TableLasers[H-DPH]),FALSE),LEFT(TableM3[[#This Row],[Right]],2)*VLOOKUP(VALUE(TRIM(CLEAN(RIGHT(TableM3[[#This Row],[Right]],2)))),TableLasers[],COLUMN(TableLasers[H-DPH]),FALSE),LEFT(TableM3[[#This Row],[Up]],2)*VLOOKUP(VALUE(TRIM(CLEAN(RIGHT(TableM3[[#This Row],[Up]],2)))),TableLasers[],COLUMN(TableLasers[H-DPH]),FALSE),LEFT(TableM3[[#This Row],[Down]],2)*VLOOKUP(VALUE(TRIM(CLEAN(RIGHT(TableM3[[#This Row],[Down]],2)))),TableLasers[],COLUMN(TableLasers[H-DPH]),FALSE))","v":5440},"08::04","02::06","02::06","00::00","00::00","00::00","00::00",8,2,2,null,null,null,null,"0,1,3,4,2","0,1,3,6,7","0,1,3,6,7",null,null,null,null,"0,1,3,5,12,17,22,23,35"]
[184,"Pirates","M3","Kea",null,223.51840000000001,79.828000000000003,34,"L",11250,"25 MJ ",4,976,44.091710758377403,12,8200,204.95079999999999,390,0,{"$f":"SUM(LEFT(TableM3[[#This Row],[Main]],2)*VLOOKUP(VALUE(TRIM(CLEAN(RIGHT(TableM3[[#This Row],[Main]],2)))),TableLasers[],COLUMN(TableLasers[S-DPH]),FALSE),LEFT(TableM3[[#This Row],[Front]],2)*VLOOKUP(VALUE(TRIM(CLEAN(RIGHT(TableM3[[#This Row],[Front]],2)))),TableLasers[],COLUMN(TableLasers[S-DPH]),FALSE),LEFT(TableM3[[#This Row],[Back]],2)*VLOOKUP(VALUE(TRIM(CLEAN(RIGHT(TableM3[[#This Row],[Back]],2)))),TableLasers[],COLUMN(TableLasers[S-DPH]),FALSE),LEFT(TableM3[[#This Row],[Left]],2)*VLOOKUP(VALUE(TRIM(CLEAN(RIGHT(TableM3[[#This Row],[Left]],2)))),TableLasers[],COLUMN(TableLasers[S-DPH]),FALSE),LEFT(TableM3[[#This Row],[Right]],2)*VLOOKUP(VALUE(TRIM(CLEAN(RIGHT(TableM3[[#This Row],[Right]],2)))),TableLasers[],COLUMN(TableLasers[S-DPH]),FALSE),LEFT(TableM3[[#This Row],[Up]],2)*VLOOKUP(VALUE(TRIM(CLEAN(RIGHT(TableM3[[#This Row],[Up]],2)))),TableLasers[],COLUMN(TableLasers[S-DPH]),FALSE),LEFT(TableM3[[#This Row],[Down]],2)*VLOOKUP(VALUE(TRIM(CLEAN(RIGHT(TableM3[[#This Row],[Down]],2)))),TableLasers[],COLUMN(TableLasers[S-DPH]),FALSE))","v":26456},{"$f":"SUM(LEFT(TableM3[[#This Row],[Main]],2)*VLOOKUP(VALUE(TRIM(CLEAN(RIGHT(TableM3[[#This Row],[Main]],2)))),TableLasers[],COLUMN(TableLasers[H-DPH]),FALSE),LEFT(TableM3[[#This Row],[Front]],2)*VLOOKUP(VALUE(TRIM(CLEAN(RIGHT(TableM3[[#This Row],[Front]],2)))),TableLasers[],COLUMN(TableLasers[H-DPH]),FALSE),LEFT(TableM3[[#This Row],[Back]],2)*VLOOKUP(VALUE(TRIM(CLEAN(RIGHT(TableM3[[#This Row],[Back]],2)))),TableLasers[],COLUMN(TableLasers[H-DPH]),FALSE),LEFT(TableM3[[#This Row],[Left]],2)*VLOOKUP(VALUE(TRIM(CLEAN(RIGHT(TableM3[[#This Row],[Left]],2)))),TableLasers[],COLUMN(TableLasers[H-DPH]),FALSE),LEFT(TableM3[[#This Row],[Right]],2)*VLOOKUP(VALUE(TRIM(CLEAN(RIGHT(TableM3[[#This Row],[Right]],2)))),TableLasers[],COLUMN(TableLasers[H-DPH]),FALSE),LEFT(TableM3[[#This Row],[Up]],2)*VLOOKUP(VALUE(TRIM(CLEAN(RIGHT(TableM3[[#This Row],[Up]],2)))),TableLasers[],COLUMN(TableLasers[H-DPH]),FALSE),LEFT(TableM3[[#This Row],[Down]],2)*VLOOKUP(VALUE(TRIM(CLEAN(RIGHT(TableM3[[#This Row],[Down]],2)))),TableLasers[],COLUMN(TableLasers[H-DPH]),FALSE))","v":4856},"08::05","02::06","02::06","00::00","00::00","00::00","00::00",8,2,2,null,null,null,null,"0,1,3,5,2","0,1,3,6,7","0,1,3,6,7",null,null,null,null,"0,1,3,5,12,17,22,23,35"]
[185,"Pirates","M3","Blastclaw",null,276.71839999999997,98.828000000000003,35,"L",9000,"25 MJ ",3,815,44.091710758377403,12,7800,156,200,0,{"$f":"SUM(LEFT(TableM3[[#This Row],[Main]],2)*VLOOKUP(VALUE(TRIM(CLEAN(RIGHT(TableM3[[#This Row],[Main]],2)))),TableLasers[],COLUMN(TableLasers[S-DPH]),FALSE),LEFT(TableM3[[#This Row],[Front]],2)*VLOOKUP(VALUE(TRIM(CLEAN(RIGHT(TableM3[[#This Row],[Front]],2)))),TableLasers[],COLUMN(TableLasers[S-DPH]),FALSE),LEFT(TableM3[[#This Row],[Back]],2)*VLOOKUP(VALUE(TRIM(CLEAN(RIGHT(TableM3[[#This Row],[Back]],2)))),TableLasers[],COLUMN(TableLasers[S-DPH]),FALSE),LEFT(TableM3[[#This Row],[Left]],2)*VLOOKUP(VALUE(TRIM(CLEAN(RIGHT(TableM3[[#This Row],[Left]],2)))),TableLasers[],COLUMN(TableLasers[S-DPH]),FALSE),LEFT(TableM3[[#This Row],[Right]],2)*VLOOKUP(VALUE(TRIM(CLEAN(RIGHT(TableM3[[#This Row],[Right]],2)))),TableLasers[],COLUMN(TableLasers[S-DPH]),FALSE),LEFT(TableM3[[#This Row],[Up]],2)*VLOOKUP(VALUE(TRIM(CLEAN(RIGHT(TableM3[[#This Row],[Up]],2)))),TableLasers[],COLUMN(TableLasers[S-DPH]),FALSE),LEFT(TableM3[[#This Row],[Down]],2)*VLOOKUP(VALUE(TRIM(CLEAN(RIGHT(TableM3[[#This Row],[Down]],2)))),TableLasers[],COLUMN(TableLasers[S-DPH]),FALSE))","v":62880},{"$f":"SUM(LEFT(TableM3[[#This Row],[Main]],2)*VLOOKUP(VALUE(TRIM(CLEAN(RIGHT(TableM3[[#This Row],[Main]],2)))),TableLasers[],COLUMN(TableLasers[H-DPH]),FALSE),LEFT(TableM3[[#This Row],[Front]],2)*VLOOKUP(VALUE(TRIM(CLEAN(RIGHT(TableM3[[#This Row],[Front]],2)))),TableLasers[],COLUMN(TableLasers[H-DPH]),FALSE),LEFT(TableM3[[#This Row],[Back]],2)*VLOOKUP(VALUE(TRIM(CLEAN(RIGHT(TableM3[[#This Row],[Back]],2)))),TableLasers[],COLUMN(TableLasers[H-DPH]),FALSE),LEFT(TableM3[[#This Row],[Left]],2)*VLOOKUP(VALUE(TRIM(CLEAN(RIGHT(TableM3[[#This Row],[Left]],2)))),TableLasers[],COLUMN(TableLasers[H-DPH]),FALSE),LEFT(TableM3[[#This Row],[Right]],2)*VLOOKUP(VALUE(TRIM(CLEAN(RIGHT(TableM3[[#This Row],[Right]],2)))),TableLasers[],COLUMN(TableLasers[H-DPH]),FALSE),LEFT(TableM3[[#This Row],[Up]],2)*VLOOKUP(VALUE(TRIM(CLEAN(RIGHT(TableM3[[#This Row],[Up]],2)))),TableLasers[],COLUMN(TableLasers[H-DPH]),FALSE),LEFT(TableM3[[#This Row],[Down]],2)*VLOOKUP(VALUE(TRIM(CLEAN(RIGHT(TableM3[[#This Row],[Down]],2)))),TableLasers[],COLUMN(TableLasers[H-DPH]),FALSE))","v":11520},"04::06","04::06","04::06","00::00","00::00","00::00","00::00",4,4,4,null,null,null,null,"0,1,3,4,5,6,7,8,9,2","0,1,3,6,7","0,1,3,6,7",null,null,null,null,"0,1,3,5,12,17,22,23,35"]
[202,"ATF","M3","Thor",null,309,154.5,30,"L",8000,"25 MJ ",5,1050,44.091710758377403,12,9000,269.99099999999999,210,0,{"$f":"SUM(LEFT(TableM3[[#This Row],[Main]],2)*VLOOKUP(VALUE(TRIM(CLEAN(RIGHT(TableM3[[#This Row],[Main]],2)))),TableLasers[],COLUMN(TableLasers[S-DPH]),FALSE),LEFT(TableM3[[#This Row],[Front]],2)*VLOOKUP(VALUE(TRIM(CLEAN(RIGHT(TableM3[[#This Row],[Front]],2)))),TableLasers[],COLUMN(TableLasers[S-DPH]),FALSE),LEFT(TableM3[[#This Row],[Back]],2)*VLOOKUP(VALUE(TRIM(CLEAN(RIGHT(TableM3[[#This Row],[Back]],2)))),TableLasers[],COLUMN(TableLasers[S-DPH]),FALSE),LEFT(TableM3[[#This Row],[Left]],2)*VLOOKUP(VALUE(TRIM(CLEAN(RIGHT(TableM3[[#This Row],[Left]],2)))),TableLasers[],COLUMN(TableLasers[S-DPH]),FALSE),LEFT(TableM3[[#This Row],[Right]],2)*VLOOKUP(VALUE(TRIM(CLEAN(RIGHT(TableM3[[#This Row],[Right]],2)))),TableLasers[],COLUMN(TableLasers[S-DPH]),FALSE),LEFT(TableM3[[#This Row],[Up]],2)*VLOOKUP(VALUE(TRIM(CLEAN(RIGHT(TableM3[[#This Row],[Up]],2)))),TableLasers[],COLUMN(TableLasers[S-DPH]),FALSE),LEFT(TableM3[[#This Row],[Down]],2)*VLOOKUP(VALUE(TRIM(CLEAN(RIGHT(TableM3[[#This Row],[Down]],2)))),TableLasers[],COLUMN(TableLasers[S-DPH]),FALSE))","v":18560},{"$f":"SUM(LEFT(TableM3[[#This Row],[Main]],2)*VLOOKUP(VALUE(TRIM(CLEAN(RIGHT(TableM3[[#This Row],[Main]],2)))),TableLasers[],COLUMN(TableLasers[H-DPH]),FALSE),LEFT(TableM3[[#This Row],[Front]],2)*VLOOKUP(VALUE(TRIM(CLEAN(RIGHT(TableM3[[#This Row],[Front]],2)))),TableLasers[],COLUMN(TableLasers[H-DPH]),FALSE),LEFT(TableM3[[#This Row],[Back]],2)*VLOOKUP(VALUE(TRIM(CLEAN(RIGHT(TableM3[[#This Row],[Back]],2)))),TableLasers[],COLUMN(TableLasers[H-DPH]),FALSE),LEFT(TableM3[[#This Row],[Left]],2)*VLOOKUP(VALUE(TRIM(CLEAN(RIGHT(TableM3[[#This Row],[Left]],2)))),TableLasers[],COLUMN(TableLasers[H-DPH]),FALSE),LEFT(TableM3[[#This Row],[Right]],2)*VLOOKUP(VALUE(TRIM(CLEAN(RIGHT(TableM3[[#This Row],[Right]],2)))),TableLasers[],COLUMN(TableLasers[H-DPH]),FALSE),LEFT(TableM3[[#This Row],[Up]],2)*VLOOKUP(VALUE(TRIM(CLEAN(RIGHT(TableM3[[#This Row],[Up]],2)))),TableLasers[],COLUMN(TableLasers[H-DPH]),FALSE),LEFT(TableM3[[#This Row],[Down]],2)*VLOOKUP(VALUE(TRIM(CLEAN(RIGHT(TableM3[[#This Row],[Down]],2)))),TableLasers[],COLUMN(TableLasers[H-DPH]),FALSE))","v":3624},"08::11","00::00","00::00","00::00","00::00","00::00","00::00",8,null,4,null,null,null,null,"10,11",null,null,null,null,null,null,"24,27,36,37,38"]
[203,"ATF","M3","Fenrir",null,277,138.5,30,"L",10000,"25 MJ ",6,1100,88.183421516754805,14,11000,329.98899999999998,400,0,{"$f":"SUM(LEFT(TableM3[[#This Row],[Main]],2)*VLOOKUP(VALUE(TRIM(CLEAN(RIGHT(TableM3[[#This Row],[Main]],2)))),TableLasers[],COLUMN(TableLasers[S-DPH]),FALSE),LEFT(TableM3[[#This Row],[Front]],2)*VLOOKUP(VALUE(TRIM(CLEAN(RIGHT(TableM3[[#This Row],[Front]],2)))),TableLasers[],COLUMN(TableLasers[S-DPH]),FALSE),LEFT(TableM3[[#This Row],[Back]],2)*VLOOKUP(VALUE(TRIM(CLEAN(RIGHT(TableM3[[#This Row],[Back]],2)))),TableLasers[],COLUMN(TableLasers[S-DPH]),FALSE),LEFT(TableM3[[#This Row],[Left]],2)*VLOOKUP(VALUE(TRIM(CLEAN(RIGHT(TableM3[[#This Row],[Left]],2)))),TableLasers[],COLUMN(TableLasers[S-DPH]),FALSE),LEFT(TableM3[[#This Row],[Right]],2)*VLOOKUP(VALUE(TRIM(CLEAN(RIGHT(TableM3[[#This Row],[Right]],2)))),TableLasers[],COLUMN(TableLasers[S-DPH]),FALSE),LEFT(TableM3[[#This Row],[Up]],2)*VLOOKUP(VALUE(TRIM(CLEAN(RIGHT(TableM3[[#This Row],[Up]],2)))),TableLasers[],COLUMN(TableLasers[S-DPH]),FALSE),LEFT(TableM3[[#This Row],[Down]],2)*VLOOKUP(VALUE(TRIM(CLEAN(RIGHT(TableM3[[#This Row],[Down]],2)))),TableLasers[],COLUMN(TableLasers[S-DPH]),FALSE))","v":18560},{"$f":"SUM(LEFT(TableM3[[#This Row],[Main]],2)*VLOOKUP(VALUE(TRIM(CLEAN(RIGHT(TableM3[[#This Row],[Main]],2)))),TableLasers[],COLUMN(TableLasers[H-DPH]),FALSE),LEFT(TableM3[[#This Row],[Front]],2)*VLOOKUP(VALUE(TRIM(CLEAN(RIGHT(TableM3[[#This Row],[Front]],2)))),TableLasers[],COLUMN(TableLasers[H-DPH]),FALSE),LEFT(TableM3[[#This Row],[Back]],2)*VLOOKUP(VALUE(TRIM(CLEAN(RIGHT(TableM3[[#This Row],[Back]],2)))),TableLasers[],COLUMN(TableLasers[H-DPH]),FALSE),LEFT(TableM3[[#This Row],[Left]],2)*VLOOKUP(VALUE(TRIM(CLEAN(RIGHT(TableM3[[#This Row],[Left]],2)))),TableLasers[],COLUMN(TableLasers[H-DPH]),FALSE),LEFT(TableM3[[#This Row],[Right]],2)*VLOOKUP(VALUE(TRIM(CLEAN(RIGHT(TableM3[[#This Row],[Right]],2)))),TableLasers[],COLUMN(TableLasers[H-DPH]),FALSE),LEFT(TableM3[[#This Row],[Up]],2)*VLOOKUP(VALUE(TRIM(CLEAN(RIGHT(TableM3[[#This Row],[Up]],2)))),TableLasers[],COLUMN(TableLasers[H-DPH]),FALSE),LEFT(TableM3[[#This Row],[Down]],2)*VLOOKUP(VALUE(TRIM(CLEAN(RIGHT(TableM3[[#This Row],[Down]],2)))),TableLasers[],COLUMN(TableLasers[H-DPH]),FALSE))","v":3624},"08::11","00::00","00::00","00::00","00::00","00::00","00::00",8,2,4,null,null,null,null,"10,11",null,null,null,null,null,null,"24,27,36,37,38"]
[216,"Terran","M3","Scimitar",null,274,137,30,"L",8500,"25 MJ ",5,975,88.183421516754805,6,7000,209.99299999999999,168,0,{"$f":"SUM(LEFT(TableM3[[#This Row],[Main]],2)*VLOOKUP(VALUE(TRIM(CLEAN(RIGHT(TableM3[[#This Row],[Main]],2)))),TableLasers[],COLUMN(TableLasers[S-DPH]),FALSE),LEFT(TableM3[[#This Row],[Front]],2)*VLOOKUP(VALUE(TRIM(CLEAN(RIGHT(TableM3[[#This Row],[Front]],2)))),TableLasers[],COLUMN(TableLasers[S-DPH]),FALSE),LEFT(TableM3[[#This Row],[Back]],2)*VLOOKUP(VALUE(TRIM(CLEAN(RIGHT(TableM3[[#This Row],[Back]],2)))),TableLasers[],COLUMN(TableLasers[S-DPH]),FALSE),LEFT(TableM3[[#This Row],[Left]],2)*VLOOKUP(VALUE(TRIM(CLEAN(RIGHT(TableM3[[#This Row],[Left]],2)))),TableLasers[],COLUMN(TableLasers[S-DPH]),FALSE),LEFT(TableM3[[#This Row],[Right]],2)*VLOOKUP(VALUE(TRIM(CLEAN(RIGHT(TableM3[[#This Row],[Right]],2)))),TableLasers[],COLUMN(TableLasers[S-DPH]),FALSE),LEFT(TableM3[[#This Row],[Up]],2)*VLOOKUP(VALUE(TRIM(CLEAN(RIGHT(TableM3[[#This Row],[Up]],2)))),TableLasers[],COLUMN(TableLasers[S-DPH]),FALSE),LEFT(TableM3[[#This Row],[Down]],2)*VLOOKUP(VALUE(TRIM(CLEAN(RIGHT(TableM3[[#This Row],[Down]],2)))),TableLasers[],COLUMN(TableLasers[S-DPH]),FALSE))","v":13920},{"$f":"SUM(LEFT(TableM3[[#This Row],[Main]],2)*VLOOKUP(VALUE(TRIM(CLEAN(RIGHT(TableM3[[#This Row],[Main]],2)))),TableLasers[],COLUMN(TableLasers[H-DPH]),FALSE),LEFT(TableM3[[#This Row],[Front]],2)*VLOOKUP(VALUE(TRIM(CLEAN(RIGHT(TableM3[[#This Row],[Front]],2)))),TableLasers[],COLUMN(TableLasers[H-DPH]),FALSE),LEFT(TableM3[[#This Row],[Back]],2)*VLOOKUP(VALUE(TRIM(CLEAN(RIGHT(TableM3[[#This Row],[Back]],2)))),TableLasers[],COLUMN(TableLasers[H-DPH]),FALSE),LEFT(TableM3[[#This Row],[Left]],2)*VLOOKUP(VALUE(TRIM(CLEAN(RIGHT(TableM3[[#This Row],[Left]],2)))),TableLasers[],COLUMN(TableLasers[H-DPH]),FALSE),LEFT(TableM3[[#This Row],[Right]],2)*VLOOKUP(VALUE(TRIM(CLEAN(RIGHT(TableM3[[#This Row],[Right]],2)))),TableLasers[],COLUMN(TableLasers[H-DPH]),FALSE),LEFT(TableM3[[#This Row],[Up]],2)*VLOOKUP(VALUE(TRIM(CLEAN(RIGHT(TableM3[[#This Row],[Up]],2)))),TableLasers[],COLUMN(TableLasers[H-DPH]),FALSE),LEFT(TableM3[[#This Row],[Down]],2)*VLOOKUP(VALUE(TRIM(CLEAN(RIGHT(TableM3[[#This Row],[Down]],2)))),TableLasers[],COLUMN(TableLasers[H-DPH]),FALSE))","v":2718},"06::11","00::00","00::00","00::00","00::00","00::00","00::00",6,null,null,null,null,null,null,"10,11",null,null,null,null,null,null,"24,27,36,37,38"]
[217,"Terran","M3","Cutlass",null,242,121,30,"L",10625,"25 MJ ",6,1300,44.091710758377403,8,9000,269.99099999999999,220,0,{"$f":"SUM(LEFT(TableM3[[#This Row],[Main]],2)*VLOOKUP(VALUE(TRIM(CLEAN(RIGHT(TableM3[[#This Row],[Main]],2)))),TableLasers[],COLUMN(TableLasers[S-DPH]),FALSE),LEFT(TableM3[[#This Row],[Front]],2)*VLOOKUP(VALUE(TRIM(CLEAN(RIGHT(TableM3[[#This Row],[Front]],2)))),TableLasers[],COLUMN(TableLasers[S-DPH]),FALSE),LEFT(TableM3[[#This Row],[Back]],2)*VLOOKUP(VALUE(TRIM(CLEAN(RIGHT(TableM3[[#This Row],[Back]],2)))),TableLasers[],COLUMN(TableLasers[S-DPH]),FALSE),LEFT(TableM3[[#This Row],[Left]],2)*VLOOKUP(VALUE(TRIM(CLEAN(RIGHT(TableM3[[#This Row],[Left]],2)))),TableLasers[],COLUMN(TableLasers[S-DPH]),FALSE),LEFT(TableM3[[#This Row],[Right]],2)*VLOOKUP(VALUE(TRIM(CLEAN(RIGHT(TableM3[[#This Row],[Right]],2)))),TableLasers[],COLUMN(TableLasers[S-DPH]),FALSE),LEFT(TableM3[[#This Row],[Up]],2)*VLOOKUP(VALUE(TRIM(CLEAN(RIGHT(TableM3[[#This Row],[Up]],2)))),TableLasers[],COLUMN(TableLasers[S-DPH]),FALSE),LEFT(TableM3[[#This Row],[Down]],2)*VLOOKUP(VALUE(TRIM(CLEAN(RIGHT(TableM3[[#This Row],[Down]],2)))),TableLasers[],COLUMN(TableLasers[S-DPH]),FALSE))","v":9280},{"$f":"SUM(LEFT(TableM3[[#This Row],[Main]],2)*VLOOKUP(VALUE(TRIM(CLEAN(RIGHT(TableM3[[#This Row],[Main]],2)))),TableLasers[],COLUMN(TableLasers[H-DPH]),FALSE),LEFT(TableM3[[#This Row],[Front]],2)*VLOOKUP(VALUE(TRIM(CLEAN(RIGHT(TableM3[[#This Row],[Front]],2)))),TableLasers[],COLUMN(TableLasers[H-DPH]),FALSE),LEFT(TableM3[[#This Row],[Back]],2)*VLOOKUP(VALUE(TRIM(CLEAN(RIGHT(TableM3[[#This Row],[Back]],2)))),TableLasers[],COLUMN(TableLasers[H-DPH]),FALSE),LEFT(TableM3[[#This Row],[Left]],2)*VLOOKUP(VALUE(TRIM(CLEAN(RIGHT(TableM3[[#This Row],[Left]],2)))),TableLasers[],COLUMN(TableLasers[H-DPH]),FALSE),LEFT(TableM3[[#This Row],[Right]],2)*VLOOKUP(VALUE(TRIM(CLEAN(RIGHT(TableM3[[#This Row],[Right]],2)))),TableLasers[],COLUMN(TableLasers[H-DPH]),FALSE),LEFT(TableM3[[#This Row],[Up]],2)*VLOOKUP(VALUE(TRIM(CLEAN(RIGHT(TableM3[[#This Row],[Up]],2)))),TableLasers[],COLUMN(TableLasers[H-DPH]),FALSE),LEFT(TableM3[[#This Row],[Down]],2)*VLOOKUP(VALUE(TRIM(CLEAN(RIGHT(TableM3[[#This Row],[Down]],2)))),TableLasers[],COLUMN(TableLasers[H-DPH]),FALSE))","v":1812},"04::11","00::00","00::00","00::00","00::00","00::00","00::00",4,2,2,null,null,null,null,"10,11",null,null,null,null,null,null,"24,27,36,37,38"]
[224,"Terran","M3","Spitfyre",null,463,115.75,30,"L",7500,"25 MJ ",2,675,44.091710758377403,10,5000,149.995,262,0,{"$f":"SUM(LEFT(TableM3[[#This Row],[Main]],2)*VLOOKUP(VALUE(TRIM(CLEAN(RIGHT(TableM3[[#This Row],[Main]],2)))),TableLasers[],COLUMN(TableLasers[S-DPH]),FALSE),LEFT(TableM3[[#This Row],[Front]],2)*VLOOKUP(VALUE(TRIM(CLEAN(RIGHT(TableM3[[#This Row],[Front]],2)))),TableLasers[],COLUMN(TableLasers[S-DPH]),FALSE),LEFT(TableM3[[#This Row],[Back]],2)*VLOOKUP(VALUE(TRIM(CLEAN(RIGHT(TableM3[[#This Row],[Back]],2)))),TableLasers[],COLUMN(TableLasers[S-DPH]),FALSE),LEFT(TableM3[[#This Row],[Left]],2)*VLOOKUP(VALUE(TRIM(CLEAN(RIGHT(TableM3[[#This Row],[Left]],2)))),TableLasers[],COLUMN(TableLasers[S-DPH]),FALSE),LEFT(TableM3[[#This Row],[Right]],2)*VLOOKUP(VALUE(TRIM(CLEAN(RIGHT(TableM3[[#This Row],[Right]],2)))),TableLasers[],COLUMN(TableLasers[S-DPH]),FALSE),LEFT(TableM3[[#This Row],[Up]],2)*VLOOKUP(VALUE(TRIM(CLEAN(RIGHT(TableM3[[#This Row],[Up]],2)))),TableLasers[],COLUMN(TableLasers[S-DPH]),FALSE),LEFT(TableM3[[#This Row],[Down]],2)*VLOOKUP(VALUE(TRIM(CLEAN(RIGHT(TableM3[[#This Row],[Down]],2)))),TableLasers[],COLUMN(TableLasers[S-DPH]),FALSE))","v":13920},{"$f":"SUM(LEFT(TableM3[[#This Row],[Main]],2)*VLOOKUP(VALUE(TRIM(CLEAN(RIGHT(TableM3[[#This Row],[Main]],2)))),TableLasers[],COLUMN(TableLasers[H-DPH]),FALSE),LEFT(TableM3[[#This Row],[Front]],2)*VLOOKUP(VALUE(TRIM(CLEAN(RIGHT(TableM3[[#This Row],[Front]],2)))),TableLasers[],COLUMN(TableLasers[H-DPH]),FALSE),LEFT(TableM3[[#This Row],[Back]],2)*VLOOKUP(VALUE(TRIM(CLEAN(RIGHT(TableM3[[#This Row],[Back]],2)))),TableLasers[],COLUMN(TableLasers[H-DPH]),FALSE),LEFT(TableM3[[#This Row],[Left]],2)*VLOOKUP(VALUE(TRIM(CLEAN(RIGHT(TableM3[[#This Row],[Left]],2)))),TableLasers[],COLUMN(TableLasers[H-DPH]),FALSE),LEFT(TableM3[[#This Row],[Right]],2)*VLOOKUP(VALUE(TRIM(CLEAN(RIGHT(TableM3[[#This Row],[Right]],2)))),TableLasers[],COLUMN(TableLasers[H-DPH]),FALSE),LEFT(TableM3[[#This Row],[Up]],2)*VLOOKUP(VALUE(TRIM(CLEAN(RIGHT(TableM3[[#This Row],[Up]],2)))),TableLasers[],COLUMN(TableLasers[H-DPH]),FALSE),LEFT(TableM3[[#This Row],[Down]],2)*VLOOKUP(VALUE(TRIM(CLEAN(RIGHT(TableM3[[#This Row],[Down]],2)))),TableLasers[],COLUMN(TableLasers[H-DPH]),FALSE))","v":2718},"06::45","00::00","00::00","00::00","00::00","00::00","00::00",6,null,4,null,null,null,null,45,null,null,null,null,null,null,24]
[227,"Terran","M3","#deca.cefa (speak dekka keffa)",null,276.10199999999998,92.034000000000006,52,"L",12000,"25 MJ ",4,1580,44.091710758377403,12,4000,180,234,0,{"$f":"SUM(LEFT(TableM3[[#This Row],[Main]],2)*VLOOKUP(VALUE(TRIM(CLEAN(RIGHT(TableM3[[#This Row],[Main]],2)))),TableLasers[],COLUMN(TableLasers[S-DPH]),FALSE),LEFT(TableM3[[#This Row],[Front]],2)*VLOOKUP(VALUE(TRIM(CLEAN(RIGHT(TableM3[[#This Row],[Front]],2)))),TableLasers[],COLUMN(TableLasers[S-DPH]),FALSE),LEFT(TableM3[[#This Row],[Back]],2)*VLOOKUP(VALUE(TRIM(CLEAN(RIGHT(TableM3[[#This Row],[Back]],2)))),TableLasers[],COLUMN(TableLasers[S-DPH]),FALSE),LEFT(TableM3[[#This Row],[Left]],2)*VLOOKUP(VALUE(TRIM(CLEAN(RIGHT(TableM3[[#This Row],[Left]],2)))),TableLasers[],COLUMN(TableLasers[S-DPH]),FALSE),LEFT(TableM3[[#This Row],[Right]],2)*VLOOKUP(VALUE(TRIM(CLEAN(RIGHT(TableM3[[#This Row],[Right]],2)))),TableLasers[],COLUMN(TableLasers[S-DPH]),FALSE),LEFT(TableM3[[#This Row],[Up]],2)*VLOOKUP(VALUE(TRIM(CLEAN(RIGHT(TableM3[[#This Row],[Up]],2)))),TableLasers[],COLUMN(TableLasers[S-DPH]),FALSE),LEFT(TableM3[[#This Row],[Down]],2)*VLOOKUP(VALUE(TRIM(CLEAN(RIGHT(TableM3[[#This Row],[Down]],2)))),TableLasers[],COLUMN(TableLasers[S-DPH]),FALSE))","v":18560},{"$f":"SUM(LEFT(TableM3[[#This Row],[Main]],2)*VLOOKUP(VALUE(TRIM(CLEAN(RIGHT(TableM3[[#This Row],[Main]],2)))),TableLasers[],COLUMN(TableLasers[H-DPH]),FALSE),LEFT(TableM3[[#This Row],[Front]],2)*VLOOKUP(VALUE(TRIM(CLEAN(RIGHT(TableM3[[#This Row],[Front]],2)))),TableLasers[],COLUMN(TableLasers[H-DPH]),FALSE),LEFT(TableM3[[#This Row],[Back]],2)*VLOOKUP(VALUE(TRIM(CLEAN(RIGHT(TableM3[[#This Row],[Back]],2)))),TableLasers[],COLUMN(TableLasers[H-DPH]),FALSE),LEFT(TableM3[[#This Row],[Left]],2)*VLOOKUP(VALUE(TRIM(CLEAN(RIGHT(TableM3[[#This Row],[Left]],2)))),TableLasers[],COLUMN(TableLasers[H-DPH]),FALSE),LEFT(TableM3[[#This Row],[Right]],2)*VLOOKUP(VALUE(TRIM(CLEAN(RIGHT(TableM3[[#This Row],[Right]],2)))),TableLasers[],COLUMN(TableLasers[H-DPH]),FALSE),LEFT(TableM3[[#This Row],[Up]],2)*VLOOKUP(VALUE(TRIM(CLEAN(RIGHT(TableM3[[#This Row],[Up]],2)))),TableLasers[],COLUMN(TableLasers[H-DPH]),FALSE),LEFT(TableM3[[#This Row],[Down]],2)*VLOOKUP(VALUE(TRIM(CLEAN(RIGHT(TableM3[[#This Row],[Down]],2)))),TableLasers[],COLUMN(TableLasers[H-DPH]),FALSE))","v":3624},"08::45","00::00","00::00","00::00","00::00","00::00","00::00",8,null,4,null,null,null,null,45,null,null,null,null,null,null,"24,27,36,37,38"]
[229,"Yaki","M3","Susanowa",null,284.16079999999999,129.16399999999999,38,"L",7000,"25 MJ ",2,750,44.091710758377403,8,6200,154.96279999999999,177,0,{"$f":"SUM(LEFT(TableM3[[#This Row],[Main]],2)*VLOOKUP(VALUE(TRIM(CLEAN(RIGHT(TableM3[[#This Row],[Main]],2)))),TableLasers[],COLUMN(TableLasers[S-DPH]),FALSE),LEFT(TableM3[[#This Row],[Front]],2)*VLOOKUP(VALUE(TRIM(CLEAN(RIGHT(TableM3[[#This Row],[Front]],2)))),TableLasers[],COLUMN(TableLasers[S-DPH]),FALSE),LEFT(TableM3[[#This Row],[Back]],2)*VLOOKUP(VALUE(TRIM(CLEAN(RIGHT(TableM3[[#This Row],[Back]],2)))),TableLasers[],COLUMN(TableLasers[S-DPH]),FALSE),LEFT(TableM3[[#This Row],[Left]],2)*VLOOKUP(VALUE(TRIM(CLEAN(RIGHT(TableM3[[#This Row],[Left]],2)))),TableLasers[],COLUMN(TableLasers[S-DPH]),FALSE),LEFT(TableM3[[#This Row],[Right]],2)*VLOOKUP(VALUE(TRIM(CLEAN(RIGHT(TableM3[[#This Row],[Right]],2)))),TableLasers[],COLUMN(TableLasers[S-DPH]),FALSE),LEFT(TableM3[[#This Row],[Up]],2)*VLOOKUP(VALUE(TRIM(CLEAN(RIGHT(TableM3[[#This Row],[Up]],2)))),TableLasers[],COLUMN(TableLasers[S-DPH]),FALSE),LEFT(TableM3[[#This Row],[Down]],2)*VLOOKUP(VALUE(TRIM(CLEAN(RIGHT(TableM3[[#This Row],[Down]],2)))),TableLasers[],COLUMN(TableLasers[S-DPH]),FALSE))","v":41920},{"$f":"SUM(LEFT(TableM3[[#This Row],[Main]],2)*VLOOKUP(VALUE(TRIM(CLEAN(RIGHT(TableM3[[#This Row],[Main]],2)))),TableLasers[],COLUMN(TableLasers[H-DPH]),FALSE),LEFT(TableM3[[#This Row],[Front]],2)*VLOOKUP(VALUE(TRIM(CLEAN(RIGHT(TableM3[[#This Row],[Front]],2)))),TableLasers[],COLUMN(TableLasers[H-DPH]),FALSE),LEFT(TableM3[[#This Row],[Back]],2)*VLOOKUP(VALUE(TRIM(CLEAN(RIGHT(TableM3[[#This Row],[Back]],2)))),TableLasers[],COLUMN(TableLasers[H-DPH]),FALSE),LEFT(TableM3[[#This Row],[Left]],2)*VLOOKUP(VALUE(TRIM(CLEAN(RIGHT(TableM3[[#This Row],[Left]],2)))),TableLasers[],COLUMN(TableLasers[H-DPH]),FALSE),LEFT(TableM3[[#This Row],[Right]],2)*VLOOKUP(VALUE(TRIM(CLEAN(RIGHT(TableM3[[#This Row],[Right]],2)))),TableLasers[],COLUMN(TableLasers[H-DPH]),FALSE),LEFT(TableM3[[#This Row],[Up]],2)*VLOOKUP(VALUE(TRIM(CLEAN(RIGHT(TableM3[[#This Row],[Up]],2)))),TableLasers[],COLUMN(TableLasers[H-DPH]),FALSE),LEFT(TableM3[[#This Row],[Down]],2)*VLOOKUP(VALUE(TRIM(CLEAN(RIGHT(TableM3[[#This Row],[Down]],2)))),TableLasers[],COLUMN(TableLasers[H-DPH]),FALSE))","v":7680},"08::06","00::00","00::00","00::00","00::00","00::00","00::00",8,null,null,null,null,null,null,"0,1,3,6,7,2",null,null,null,null,null,null,"0,1,3,5,12,17,22,23,35"]
[230,"Yaki","M3","Susanowa","Raider",338.94080000000002,154.06399999999999,38,"L",6650,"25 MJ ",1,825,44.091710758377403,8,7440,185.95536000000001,150,0,{"$f":"SUM(LEFT(TableM3[[#This Row],[Main]],2)*VLOOKUP(VALUE(TRIM(CLEAN(RIGHT(TableM3[[#This Row],[Main]],2)))),TableLasers[],COLUMN(TableLasers[S-DPH]),FALSE),LEFT(TableM3[[#This Row],[Front]],2)*VLOOKUP(VALUE(TRIM(CLEAN(RIGHT(TableM3[[#This Row],[Front]],2)))),TableLasers[],COLUMN(TableLasers[S-DPH]),FALSE),LEFT(TableM3[[#This Row],[Back]],2)*VLOOKUP(VALUE(TRIM(CLEAN(RIGHT(TableM3[[#This Row],[Back]],2)))),TableLasers[],COLUMN(TableLasers[S-DPH]),FALSE),LEFT(TableM3[[#This Row],[Left]],2)*VLOOKUP(VALUE(TRIM(CLEAN(RIGHT(TableM3[[#This Row],[Left]],2)))),TableLasers[],COLUMN(TableLasers[S-DPH]),FALSE),LEFT(TableM3[[#This Row],[Right]],2)*VLOOKUP(VALUE(TRIM(CLEAN(RIGHT(TableM3[[#This Row],[Right]],2)))),TableLasers[],COLUMN(TableLasers[S-DPH]),FALSE),LEFT(TableM3[[#This Row],[Up]],2)*VLOOKUP(VALUE(TRIM(CLEAN(RIGHT(TableM3[[#This Row],[Up]],2)))),TableLasers[],COLUMN(TableLasers[S-DPH]),FALSE),LEFT(TableM3[[#This Row],[Down]],2)*VLOOKUP(VALUE(TRIM(CLEAN(RIGHT(TableM3[[#This Row],[Down]],2)))),TableLasers[],COLUMN(TableLasers[S-DPH]),FALSE))","v":41920},{"$f":"SUM(LEFT(TableM3[[#This Row],[Main]],2)*VLOOKUP(VALUE(TRIM(CLEAN(RIGHT(TableM3[[#This Row],[Main]],2)))),TableLasers[],COLUMN(TableLasers[H-DPH]),FALSE),LEFT(TableM3[[#This Row],[Front]],2)*VLOOKUP(VALUE(TRIM(CLEAN(RIGHT(TableM3[[#This Row],[Front]],2)))),TableLasers[],COLUMN(TableLasers[H-DPH]),FALSE),LEFT(TableM3[[#This Row],[Back]],2)*VLOOKUP(VALUE(TRIM(CLEAN(RIGHT(TableM3[[#This Row],[Back]],2)))),TableLasers[],COLUMN(TableLasers[H-DPH]),FALSE),LEFT(TableM3[[#This Row],[Left]],2)*VLOOKUP(VALUE(TRIM(CLEAN(RIGHT(TableM3[[#This Row],[Left]],2)))),TableLasers[],COLUMN(TableLasers[H-DPH]),FALSE),LEFT(TableM3[[#This Row],[Right]],2)*VLOOKUP(VALUE(TRIM(CLEAN(RIGHT(TableM3[[#This Row],[Right]],2)))),TableLasers[],COLUMN(TableLasers[H-DPH]),FALSE),LEFT(TableM3[[#This Row],[Up]],2)*VLOOKUP(VALUE(TRIM(CLEAN(RIGHT(TableM3[[#This Row],[Up]],2)))),TableLasers[],COLUMN(TableLasers[H-DPH]),FALSE),LEFT(TableM3[[#This Row],[Down]],2)*VLOOKUP(VALUE(TRIM(CLEAN(RIGHT(TableM3[[#This Row],[Down]],2)))),TableLasers[],COLUMN(TableLasers[H-DPH]),FALSE))","v":7680},"08::06","00::00","00::00","00::00","00::00","00::00","00::00",8,null,null,null,null,null,null,"0,1,3,6,7,2",null,null,null,null,null,null,"0,1,3,5,12,17,22,23,35"]
[231,"Yaki","M3","Susanowa","Hauler",244.3408,111.06399999999999,38,"L",6650,"25 MJ ",2,750,44.091710758377403,8,6200,154.96279999999999,352,0,{"$f":"SUM(LEFT(TableM3[[#This Row],[Main]],2)*VLOOKUP(VALUE(TRIM(CLEAN(RIGHT(TableM3[[#This Row],[Main]],2)))),TableLasers[],COLUMN(TableLasers[S-DPH]),FALSE),LEFT(TableM3[[#This Row],[Front]],2)*VLOOKUP(VALUE(TRIM(CLEAN(RIGHT(TableM3[[#This Row],[Front]],2)))),TableLasers[],COLUMN(TableLasers[S-DPH]),FALSE),LEFT(TableM3[[#This Row],[Back]],2)*VLOOKUP(VALUE(TRIM(CLEAN(RIGHT(TableM3[[#This Row],[Back]],2)))),TableLasers[],COLUMN(TableLasers[S-DPH]),FALSE),LEFT(TableM3[[#This Row],[Left]],2)*VLOOKUP(VALUE(TRIM(CLEAN(RIGHT(TableM3[[#This Row],[Left]],2)))),TableLasers[],COLUMN(TableLasers[S-DPH]),FALSE),LEFT(TableM3[[#This Row],[Right]],2)*VLOOKUP(VALUE(TRIM(CLEAN(RIGHT(TableM3[[#This Row],[Right]],2)))),TableLasers[],COLUMN(TableLasers[S-DPH]),FALSE),LEFT(TableM3[[#This Row],[Up]],2)*VLOOKUP(VALUE(TRIM(CLEAN(RIGHT(TableM3[[#This Row],[Up]],2)))),TableLasers[],COLUMN(TableLasers[S-DPH]),FALSE),LEFT(TableM3[[#This Row],[Down]],2)*VLOOKUP(VALUE(TRIM(CLEAN(RIGHT(TableM3[[#This Row],[Down]],2)))),TableLasers[],COLUMN(TableLasers[S-DPH]),FALSE))","v":41920},{"$f":"SUM(LEFT(TableM3[[#This Row],[Main]],2)*VLOOKUP(VALUE(TRIM(CLEAN(RIGHT(TableM3[[#This Row],[Main]],2)))),TableLasers[],COLUMN(TableLasers[H-DPH]),FALSE),LEFT(TableM3[[#This Row],[Front]],2)*VLOOKUP(VALUE(TRIM(CLEAN(RIGHT(TableM3[[#This Row],[Front]],2)))),TableLasers[],COLUMN(TableLasers[H-DPH]),FALSE),LEFT(TableM3[[#This Row],[Back]],2)*VLOOKUP(VALUE(TRIM(CLEAN(RIGHT(TableM3[[#This Row],[Back]],2)))),TableLasers[],COLUMN(TableLasers[H-DPH]),FALSE),LEFT(TableM3[[#This Row],[Left]],2)*VLOOKUP(VALUE(TRIM(CLEAN(RIGHT(TableM3[[#This Row],[Left]],2)))),TableLasers[],COLUMN(TableLasers[H-DPH]),FALSE),LEFT(TableM3[[#This Row],[Right]],2)*VLOOKUP(VALUE(TRIM(CLEAN(RIGHT(TableM3[[#This Row],[Right]],2)))),TableLasers[],COLUMN(TableLasers[H-DPH]),FALSE),LEFT(TableM3[[#This Row],[Up]],2)*VLOOKUP(VALUE(TRIM(CLEAN(RIGHT(TableM3[[#This Row],[Up]],2)))),TableLasers[],COLUMN(TableLasers[H-DPH]),FALSE),LEFT(TableM3[[#This Row],[Down]],2)*VLOOKUP(VALUE(TRIM(CLEAN(RIGHT(TableM3[[#This Row],[Down]],2)))),TableLasers[],COLUMN(TableLasers[H-DPH]),FALSE))","v":7680},"08::06","00::00","00::00","00::00","00::00","00::00","00::00",8,null,null,null,null,null,null,"0,1,3,6,7,2",null,null,null,null,null,null,"0,1,3,5,12,17,22,23,35"]
[232,"Yaki","M3","Tenjin",null,238.4,119.2,30,"L",10750,"25 MJ ",4,1350,44.091710758377403,13,10250,267.37124999999997,285,0,{"$f":"SUM(LEFT(TableM3[[#This Row],[Main]],2)*VLOOKUP(VALUE(TRIM(CLEAN(RIGHT(TableM3[[#This Row],[Main]],2)))),TableLasers[],COLUMN(TableLasers[S-DPH]),FALSE),LEFT(TableM3[[#This Row],[Front]],2)*VLOOKUP(VALUE(TRIM(CLEAN(RIGHT(TableM3[[#This Row],[Front]],2)))),TableLasers[],COLUMN(TableLasers[S-DPH]),FALSE),LEFT(TableM3[[#This Row],[Back]],2)*VLOOKUP(VALUE(TRIM(CLEAN(RIGHT(TableM3[[#This Row],[Back]],2)))),TableLasers[],COLUMN(TableLasers[S-DPH]),FALSE),LEFT(TableM3[[#This Row],[Left]],2)*VLOOKUP(VALUE(TRIM(CLEAN(RIGHT(TableM3[[#This Row],[Left]],2)))),TableLasers[],COLUMN(TableLasers[S-DPH]),FALSE),LEFT(TableM3[[#This Row],[Right]],2)*VLOOKUP(VALUE(TRIM(CLEAN(RIGHT(TableM3[[#This Row],[Right]],2)))),TableLasers[],COLUMN(TableLasers[S-DPH]),FALSE),LEFT(TableM3[[#This Row],[Up]],2)*VLOOKUP(VALUE(TRIM(CLEAN(RIGHT(TableM3[[#This Row],[Up]],2)))),TableLasers[],COLUMN(TableLasers[S-DPH]),FALSE),LEFT(TableM3[[#This Row],[Down]],2)*VLOOKUP(VALUE(TRIM(CLEAN(RIGHT(TableM3[[#This Row],[Down]],2)))),TableLasers[],COLUMN(TableLasers[S-DPH]),FALSE))","v":68120},{"$f":"SUM(LEFT(TableM3[[#This Row],[Main]],2)*VLOOKUP(VALUE(TRIM(CLEAN(RIGHT(TableM3[[#This Row],[Main]],2)))),TableLasers[],COLUMN(TableLasers[H-DPH]),FALSE),LEFT(TableM3[[#This Row],[Front]],2)*VLOOKUP(VALUE(TRIM(CLEAN(RIGHT(TableM3[[#This Row],[Front]],2)))),TableLasers[],COLUMN(TableLasers[H-DPH]),FALSE),LEFT(TableM3[[#This Row],[Back]],2)*VLOOKUP(VALUE(TRIM(CLEAN(RIGHT(TableM3[[#This Row],[Back]],2)))),TableLasers[],COLUMN(TableLasers[H-DPH]),FALSE),LEFT(TableM3[[#This Row],[Left]],2)*VLOOKUP(VALUE(TRIM(CLEAN(RIGHT(TableM3[[#This Row],[Left]],2)))),TableLasers[],COLUMN(TableLasers[H-DPH]),FALSE),LEFT(TableM3[[#This Row],[Right]],2)*VLOOKUP(VALUE(TRIM(CLEAN(RIGHT(TableM3[[#This Row],[Right]],2)))),TableLasers[],COLUMN(TableLasers[H-DPH]),FALSE),LEFT(TableM3[[#This Row],[Up]],2)*VLOOKUP(VALUE(TRIM(CLEAN(RIGHT(TableM3[[#This Row],[Up]],2)))),TableLasers[],COLUMN(TableLasers[H-DPH]),FALSE),LEFT(TableM3[[#This Row],[Down]],2)*VLOOKUP(VALUE(TRIM(CLEAN(RIGHT(TableM3[[#This Row],[Down]],2)))),TableLasers[],COLUMN(TableLasers[H-DPH]),FALSE))","v":12480},"09::06","00::00","00::00","02::06","02::06","00::00","00::00",9,null,null,2,2,null,null,"0,1,3,6,7,2",null,null,"0,1,6,7","0,1,6,7",null,null,"0,1,3,5,12,17,22,23,35"]
[243,"Kha'ak","M3","Fighter",null,255.4,127.7,42,"L",6000,"25 MJ ",3,850,44.091710758377403,3,10500,262.43700000000001,150,0,{"$f":"SUM(LEFT(TableM3[[#This Row],[Main]],2)*VLOOKUP(VALUE(TRIM(CLEAN(RIGHT(TableM3[[#This Row],[Main]],2)))),TableLasers[],COLUMN(TableLasers[S-DPH]),FALSE),LEFT(TableM3[[#This Row],[Front]],2)*VLOOKUP(VALUE(TRIM(CLEAN(RIGHT(TableM3[[#This Row],[Front]],2)))),TableLasers[],COLUMN(TableLasers[S-DPH]),FALSE),LEFT(TableM3[[#This Row],[Back]],2)*VLOOKUP(VALUE(TRIM(CLEAN(RIGHT(TableM3[[#This Row],[Back]],2)))),TableLasers[],COLUMN(TableLasers[S-DPH]),FALSE),LEFT(TableM3[[#This Row],[Left]],2)*VLOOKUP(VALUE(TRIM(CLEAN(RIGHT(TableM3[[#This Row],[Left]],2)))),TableLasers[],COLUMN(TableLasers[S-DPH]),FALSE),LEFT(TableM3[[#This Row],[Right]],2)*VLOOKUP(VALUE(TRIM(CLEAN(RIGHT(TableM3[[#This Row],[Right]],2)))),TableLasers[],COLUMN(TableLasers[S-DPH]),FALSE),LEFT(TableM3[[#This Row],[Up]],2)*VLOOKUP(VALUE(TRIM(CLEAN(RIGHT(TableM3[[#This Row],[Up]],2)))),TableLasers[],COLUMN(TableLasers[S-DPH]),FALSE),LEFT(TableM3[[#This Row],[Down]],2)*VLOOKUP(VALUE(TRIM(CLEAN(RIGHT(TableM3[[#This Row],[Down]],2)))),TableLasers[],COLUMN(TableLasers[S-DPH]),FALSE))","v":26280},{"$f":"SUM(LEFT(TableM3[[#This Row],[Main]],2)*VLOOKUP(VALUE(TRIM(CLEAN(RIGHT(TableM3[[#This Row],[Main]],2)))),TableLasers[],COLUMN(TableLasers[H-DPH]),FALSE),LEFT(TableM3[[#This Row],[Front]],2)*VLOOKUP(VALUE(TRIM(CLEAN(RIGHT(TableM3[[#This Row],[Front]],2)))),TableLasers[],COLUMN(TableLasers[H-DPH]),FALSE),LEFT(TableM3[[#This Row],[Back]],2)*VLOOKUP(VALUE(TRIM(CLEAN(RIGHT(TableM3[[#This Row],[Back]],2)))),TableLasers[],COLUMN(TableLasers[H-DPH]),FALSE),LEFT(TableM3[[#This Row],[Left]],2)*VLOOKUP(VALUE(TRIM(CLEAN(RIGHT(TableM3[[#This Row],[Left]],2)))),TableLasers[],COLUMN(TableLasers[H-DPH]),FALSE),LEFT(TableM3[[#This Row],[Right]],2)*VLOOKUP(VALUE(TRIM(CLEAN(RIGHT(TableM3[[#This Row],[Right]],2)))),TableLasers[],COLUMN(TableLasers[H-DPH]),FALSE),LEFT(TableM3[[#This Row],[Up]],2)*VLOOKUP(VALUE(TRIM(CLEAN(RIGHT(TableM3[[#This Row],[Up]],2)))),TableLasers[],COLUMN(TableLasers[H-DPH]),FALSE),LEFT(TableM3[[#This Row],[Down]],2)*VLOOKUP(VALUE(TRIM(CLEAN(RIGHT(TableM3[[#This Row],[Down]],2)))),TableLasers[],COLUMN(TableLasers[H-DPH]),FALSE))","v":5637},"03::43","00::00","00::00","00::00","00::00","00::00","00::00",3,null,null,null,null,null,null,"42,43",null,null,null,null,null,null,26]
[253,"Argon","M3","Venti",null,270,108,42,"L",8000,"25 MJ ",4,825,88.183421516754805,12,6300,157.4622,200,0,{"$f":"SUM(LEFT(TableM3[[#This Row],[Main]],2)*VLOOKUP(VALUE(TRIM(CLEAN(RIGHT(TableM3[[#This Row],[Main]],2)))),TableLasers[],COLUMN(TableLasers[S-DPH]),FALSE),LEFT(TableM3[[#This Row],[Front]],2)*VLOOKUP(VALUE(TRIM(CLEAN(RIGHT(TableM3[[#This Row],[Front]],2)))),TableLasers[],COLUMN(TableLasers[S-DPH]),FALSE),LEFT(TableM3[[#This Row],[Back]],2)*VLOOKUP(VALUE(TRIM(CLEAN(RIGHT(TableM3[[#This Row],[Back]],2)))),TableLasers[],COLUMN(TableLasers[S-DPH]),FALSE),LEFT(TableM3[[#This Row],[Left]],2)*VLOOKUP(VALUE(TRIM(CLEAN(RIGHT(TableM3[[#This Row],[Left]],2)))),TableLasers[],COLUMN(TableLasers[S-DPH]),FALSE),LEFT(TableM3[[#This Row],[Right]],2)*VLOOKUP(VALUE(TRIM(CLEAN(RIGHT(TableM3[[#This Row],[Right]],2)))),TableLasers[],COLUMN(TableLasers[S-DPH]),FALSE),LEFT(TableM3[[#This Row],[Up]],2)*VLOOKUP(VALUE(TRIM(CLEAN(RIGHT(TableM3[[#This Row],[Up]],2)))),TableLasers[],COLUMN(TableLasers[S-DPH]),FALSE),LEFT(TableM3[[#This Row],[Down]],2)*VLOOKUP(VALUE(TRIM(CLEAN(RIGHT(TableM3[[#This Row],[Down]],2)))),TableLasers[],COLUMN(TableLasers[S-DPH]),FALSE))","v":15660},{"$f":"SUM(LEFT(TableM3[[#This Row],[Main]],2)*VLOOKUP(VALUE(TRIM(CLEAN(RIGHT(TableM3[[#This Row],[Main]],2)))),TableLasers[],COLUMN(TableLasers[H-DPH]),FALSE),LEFT(TableM3[[#This Row],[Front]],2)*VLOOKUP(VALUE(TRIM(CLEAN(RIGHT(TableM3[[#This Row],[Front]],2)))),TableLasers[],COLUMN(TableLasers[H-DPH]),FALSE),LEFT(TableM3[[#This Row],[Back]],2)*VLOOKUP(VALUE(TRIM(CLEAN(RIGHT(TableM3[[#This Row],[Back]],2)))),TableLasers[],COLUMN(TableLasers[H-DPH]),FALSE),LEFT(TableM3[[#This Row],[Left]],2)*VLOOKUP(VALUE(TRIM(CLEAN(RIGHT(TableM3[[#This Row],[Left]],2)))),TableLasers[],COLUMN(TableLasers[H-DPH]),FALSE),LEFT(TableM3[[#This Row],[Right]],2)*VLOOKUP(VALUE(TRIM(CLEAN(RIGHT(TableM3[[#This Row],[Right]],2)))),TableLasers[],COLUMN(TableLasers[H-DPH]),FALSE),LEFT(TableM3[[#This Row],[Up]],2)*VLOOKUP(VALUE(TRIM(CLEAN(RIGHT(TableM3[[#This Row],[Up]],2)))),TableLasers[],COLUMN(TableLasers[H-DPH]),FALSE),LEFT(TableM3[[#This Row],[Down]],2)*VLOOKUP(VALUE(TRIM(CLEAN(RIGHT(TableM3[[#This Row],[Down]],2)))),TableLasers[],COLUMN(TableLasers[H-DPH]),FALSE))","v":520},"10::08","00::00","02::04","00::00","00::00","00::00","00::00",10,null,2,null,null,null,null,"0,1,3,4,8",null,"0,1,4",null,null,null,null,"0,1,3,5,12,17,22,23,35"]
[254,"Argon","M3","Notus",null,244,97.6,35,"L",10000,"25 MJ ",6,1100,88.183421516754805,12,9200,229.94479999999999,255,0,{"$f":"SUM(LEFT(TableM3[[#This Row],[Main]],2)*VLOOKUP(VALUE(TRIM(CLEAN(RIGHT(TableM3[[#This Row],[Main]],2)))),TableLasers[],COLUMN(TableLasers[S-DPH]),FALSE),LEFT(TableM3[[#This Row],[Front]],2)*VLOOKUP(VALUE(TRIM(CLEAN(RIGHT(TableM3[[#This Row],[Front]],2)))),TableLasers[],COLUMN(TableLasers[S-DPH]),FALSE),LEFT(TableM3[[#This Row],[Back]],2)*VLOOKUP(VALUE(TRIM(CLEAN(RIGHT(TableM3[[#This Row],[Back]],2)))),TableLasers[],COLUMN(TableLasers[S-DPH]),FALSE),LEFT(TableM3[[#This Row],[Left]],2)*VLOOKUP(VALUE(TRIM(CLEAN(RIGHT(TableM3[[#This Row],[Left]],2)))),TableLasers[],COLUMN(TableLasers[S-DPH]),FALSE),LEFT(TableM3[[#This Row],[Right]],2)*VLOOKUP(VALUE(TRIM(CLEAN(RIGHT(TableM3[[#This Row],[Right]],2)))),TableLasers[],COLUMN(TableLasers[S-DPH]),FALSE),LEFT(TableM3[[#This Row],[Up]],2)*VLOOKUP(VALUE(TRIM(CLEAN(RIGHT(TableM3[[#This Row],[Up]],2)))),TableLasers[],COLUMN(TableLasers[S-DPH]),FALSE),LEFT(TableM3[[#This Row],[Down]],2)*VLOOKUP(VALUE(TRIM(CLEAN(RIGHT(TableM3[[#This Row],[Down]],2)))),TableLasers[],COLUMN(TableLasers[S-DPH]),FALSE))","v":10800},{"$f":"SUM(LEFT(TableM3[[#This Row],[Main]],2)*VLOOKUP(VALUE(TRIM(CLEAN(RIGHT(TableM3[[#This Row],[Main]],2)))),TableLasers[],COLUMN(TableLasers[H-DPH]),FALSE),LEFT(TableM3[[#This Row],[Front]],2)*VLOOKUP(VALUE(TRIM(CLEAN(RIGHT(TableM3[[#This Row],[Front]],2)))),TableLasers[],COLUMN(TableLasers[H-DPH]),FALSE),LEFT(TableM3[[#This Row],[Back]],2)*VLOOKUP(VALUE(TRIM(CLEAN(RIGHT(TableM3[[#This Row],[Back]],2)))),TableLasers[],COLUMN(TableLasers[H-DPH]),FALSE),LEFT(TableM3[[#This Row],[Left]],2)*VLOOKUP(VALUE(TRIM(CLEAN(RIGHT(TableM3[[#This Row],[Left]],2)))),TableLasers[],COLUMN(TableLasers[H-DPH]),FALSE),LEFT(TableM3[[#This Row],[Right]],2)*VLOOKUP(VALUE(TRIM(CLEAN(RIGHT(TableM3[[#This Row],[Right]],2)))),TableLasers[],COLUMN(TableLasers[H-DPH]),FALSE),LEFT(TableM3[[#This Row],[Up]],2)*VLOOKUP(VALUE(TRIM(CLEAN(RIGHT(TableM3[[#This Row],[Up]],2)))),TableLasers[],COLUMN(TableLasers[H-DPH]),FALSE),LEFT(TableM3[[#This Row],[Down]],2)*VLOOKUP(VALUE(TRIM(CLEAN(RIGHT(TableM3[[#This Row],[Down]],2)))),TableLasers[],COLUMN(TableLasers[H-DPH]),FALSE))","v":96},"08::08","00::00","00::00","00::00","00::00","00::00","00::00",8,2,2,null,null,null,null,"0,1,3,4,8",null,null,null,null,null,null,"0,1,3,5,12,17,22,23,35"]
[263,"Kha'ak","M3","Cluster",null,57,57,50,"L",10000,"25 MJ ",3,300,132.27513227513199,3,10000,499.88,95,0,{"$f":"SUM(LEFT(TableM3[[#This Row],[Main]],2)*VLOOKUP(VALUE(TRIM(CLEAN(RIGHT(TableM3[[#This Row],[Main]],2)))),TableLasers[],COLUMN(TableLasers[S-DPH]),FALSE),LEFT(TableM3[[#This Row],[Front]],2)*VLOOKUP(VALUE(TRIM(CLEAN(RIGHT(TableM3[[#This Row],[Front]],2)))),TableLasers[],COLUMN(TableLasers[S-DPH]),FALSE),LEFT(TableM3[[#This Row],[Back]],2)*VLOOKUP(VALUE(TRIM(CLEAN(RIGHT(TableM3[[#This Row],[Back]],2)))),TableLasers[],COLUMN(TableLasers[S-DPH]),FALSE),LEFT(TableM3[[#This Row],[Left]],2)*VLOOKUP(VALUE(TRIM(CLEAN(RIGHT(TableM3[[#This Row],[Left]],2)))),TableLasers[],COLUMN(TableLasers[S-DPH]),FALSE),LEFT(TableM3[[#This Row],[Right]],2)*VLOOKUP(VALUE(TRIM(CLEAN(RIGHT(TableM3[[#This Row],[Right]],2)))),TableLasers[],COLUMN(TableLasers[S-DPH]),FALSE),LEFT(TableM3[[#This Row],[Up]],2)*VLOOKUP(VALUE(TRIM(CLEAN(RIGHT(TableM3[[#This Row],[Up]],2)))),TableLasers[],COLUMN(TableLasers[S-DPH]),FALSE),LEFT(TableM3[[#This Row],[Down]],2)*VLOOKUP(VALUE(TRIM(CLEAN(RIGHT(TableM3[[#This Row],[Down]],2)))),TableLasers[],COLUMN(TableLasers[S-DPH]),FALSE))","v":26280},{"$f":"SUM(LEFT(TableM3[[#This Row],[Main]],2)*VLOOKUP(VALUE(TRIM(CLEAN(RIGHT(TableM3[[#This Row],[Main]],2)))),TableLasers[],COLUMN(TableLasers[H-DPH]),FALSE),LEFT(TableM3[[#This Row],[Front]],2)*VLOOKUP(VALUE(TRIM(CLEAN(RIGHT(TableM3[[#This Row],[Front]],2)))),TableLasers[],COLUMN(TableLasers[H-DPH]),FALSE),LEFT(TableM3[[#This Row],[Back]],2)*VLOOKUP(VALUE(TRIM(CLEAN(RIGHT(TableM3[[#This Row],[Back]],2)))),TableLasers[],COLUMN(TableLasers[H-DPH]),FALSE),LEFT(TableM3[[#This Row],[Left]],2)*VLOOKUP(VALUE(TRIM(CLEAN(RIGHT(TableM3[[#This Row],[Left]],2)))),TableLasers[],COLUMN(TableLasers[H-DPH]),FALSE),LEFT(TableM3[[#This Row],[Right]],2)*VLOOKUP(VALUE(TRIM(CLEAN(RIGHT(TableM3[[#This Row],[Right]],2)))),TableLasers[],COLUMN(TableLasers[H-DPH]),FALSE),LEFT(TableM3[[#This Row],[Up]],2)*VLOOKUP(VALUE(TRIM(CLEAN(RIGHT(TableM3[[#This Row],[Up]],2)))),TableLasers[],COLUMN(TableLasers[H-DPH]),FALSE),LEFT(TableM3[[#This Row],[Down]],2)*VLOOKUP(VALUE(TRIM(CLEAN(RIGHT(TableM3[[#This Row],[Down]],2)))),TableLasers[],COLUMN(TableLasers[H-DPH]),FALSE))","v":5637},"03::43","00::00","00::00","00::00","00::00","00::00","00::00",3,null,null,null,null,null,null,"42,43"]
[264,"Kha'ak","M3","Cluster",null,57,57,50,"L",10000,"25 MJ ",3,300,132.27513227513199,3,10000,499.88,95,0,{"$f":"SUM(LEFT(TableM3[[#This Row],[Main]],2)*VLOOKUP(VALUE(TRIM(CLEAN(RIGHT(TableM3[[#This Row],[Main]],2)))),TableLasers[],COLUMN(TableLasers[S-DPH]),FALSE),LEFT(TableM3[[#This Row],[Front]],2)*VLOOKUP(VALUE(TRIM(CLEAN(RIGHT(TableM3[[#This Row],[Front]],2)))),TableLasers[],COLUMN(TableLasers[S-DPH]),FALSE),LEFT(TableM3[[#This Row],[Back]],2)*VLOOKUP(VALUE(TRIM(CLEAN(RIGHT(TableM3[[#This Row],[Back]],2)))),TableLasers[],COLUMN(TableLasers[S-DPH]),FALSE),LEFT(TableM3[[#This Row],[Left]],2)*VLOOKUP(VALUE(TRIM(CLEAN(RIGHT(TableM3[[#This Row],[Left]],2)))),TableLasers[],COLUMN(TableLasers[S-DPH]),FALSE),LEFT(TableM3[[#This Row],[Right]],2)*VLOOKUP(VALUE(TRIM(CLEAN(RIGHT(TableM3[[#This Row],[Right]],2)))),TableLasers[],COLUMN(TableLasers[S-DPH]),FALSE),LEFT(TableM3[[#This Row],[Up]],2)*VLOOKUP(VALUE(TRIM(CLEAN(RIGHT(TableM3[[#This Row],[Up]],2)))),TableLasers[],COLUMN(TableLasers[S-DPH]),FALSE),LEFT(TableM3[[#This Row],[Down]],2)*VLOOKUP(VALUE(TRIM(CLEAN(RIGHT(TableM3[[#This Row],[Down]],2)))),TableLasers[],COLUMN(TableLasers[S-DPH]),FALSE))","v":26280},{"$f":"SUM(LEFT(TableM3[[#This Row],[Main]],2)*VLOOKUP(VALUE(TRIM(CLEAN(RIGHT(TableM3[[#This Row],[Main]],2)))),TableLasers[],COLUMN(TableLasers[H-DPH]),FALSE),LEFT(TableM3[[#This Row],[Front]],2)*VLOOKUP(VALUE(TRIM(CLEAN(RIGHT(TableM3[[#This Row],[Front]],2)))),TableLasers[],COLUMN(TableLasers[H-DPH]),FALSE),LEFT(TableM3[[#This Row],[Back]],2)*VLOOKUP(VALUE(TRIM(CLEAN(RIGHT(TableM3[[#This Row],[Back]],2)))),TableLasers[],COLUMN(TableLasers[H-DPH]),FALSE),LEFT(TableM3[[#This Row],[Left]],2)*VLOOKUP(VALUE(TRIM(CLEAN(RIGHT(TableM3[[#This Row],[Left]],2)))),TableLasers[],COLUMN(TableLasers[H-DPH]),FALSE),LEFT(TableM3[[#This Row],[Right]],2)*VLOOKUP(VALUE(TRIM(CLEAN(RIGHT(TableM3[[#This Row],[Right]],2)))),TableLasers[],COLUMN(TableLasers[H-DPH]),FALSE),LEFT(TableM3[[#This Row],[Up]],2)*VLOOKUP(VALUE(TRIM(CLEAN(RIGHT(TableM3[[#This Row],[Up]],2)))),TableLasers[],COLUMN(TableLasers[H-DPH]),FALSE),LEFT(TableM3[[#This Row],[Down]],2)*VLOOKUP(VALUE(TRIM(CLEAN(RIGHT(TableM3[[#This Row],[Down]],2)))),TableLasers[],COLUMN(TableLasers[H-DPH]),FALSE))","v":5637},"03::43","00::00","00::00","00::00","00::00","00::00","00::00",3,null,null,null,null,null,null,"42,43"]
[265,"Kha'ak","M3","Cluster",null,57,57,50,"L",10000,"25 MJ ",3,300,132.27513227513199,5,10000,499.88,95,0,{"$f":"SUM(LEFT(TableM3[[#This Row],[Main]],2)*VLOOKUP(VALUE(TRIM(CLEAN(RIGHT(TableM3[[#This Row],[Main]],2)))),TableLasers[],COLUMN(TableLasers[S-DPH]),FALSE),LEFT(TableM3[[#This Row],[Front]],2)*VLOOKUP(VALUE(TRIM(CLEAN(RIGHT(TableM3[[#This Row],[Front]],2)))),TableLasers[],COLUMN(TableLasers[S-DPH]),FALSE),LEFT(TableM3[[#This Row],[Back]],2)*VLOOKUP(VALUE(TRIM(CLEAN(RIGHT(TableM3[[#This Row],[Back]],2)))),TableLasers[],COLUMN(TableLasers[S-DPH]),FALSE),LEFT(TableM3[[#This Row],[Left]],2)*VLOOKUP(VALUE(TRIM(CLEAN(RIGHT(TableM3[[#This Row],[Left]],2)))),TableLasers[],COLUMN(TableLasers[S-DPH]),FALSE),LEFT(TableM3[[#This Row],[Right]],2)*VLOOKUP(VALUE(TRIM(CLEAN(RIGHT(TableM3[[#This Row],[Right]],2)))),TableLasers[],COLUMN(TableLasers[S-DPH]),FALSE),LEFT(TableM3[[#This Row],[Up]],2)*VLOOKUP(VALUE(TRIM(CLEAN(RIGHT(TableM3[[#This Row],[Up]],2)))),TableLasers[],COLUMN(TableLasers[S-DPH]),FALSE),LEFT(TableM3[[#This Row],[Down]],2)*VLOOKUP(VALUE(TRIM(CLEAN(RIGHT(TableM3[[#This Row],[Down]],2)))),TableLasers[],COLUMN(TableLasers[S-DPH]),FALSE))","v":43800},{"$f":"SUM(LEFT(TableM3[[#This Row],[Main]],2)*VLOOKUP(VALUE(TRIM(CLEAN(RIGHT(TableM3[[#This Row],[Main]],2)))),TableLasers[],COLUMN(TableLasers[H-DPH]),FALSE),LEFT(TableM3[[#This Row],[Front]],2)*VLOOKUP(VALUE(TRIM(CLEAN(RIGHT(TableM3[[#This Row],[Front]],2)))),TableLasers[],COLUMN(TableLasers[H-DPH]),FALSE),LEFT(TableM3[[#This Row],[Back]],2)*VLOOKUP(VALUE(TRIM(CLEAN(RIGHT(TableM3[[#This Row],[Back]],2)))),TableLasers[],COLUMN(TableLasers[H-DPH]),FALSE),LEFT(TableM3[[#This Row],[Left]],2)*VLOOKUP(VALUE(TRIM(CLEAN(RIGHT(TableM3[[#This Row],[Left]],2)))),TableLasers[],COLUMN(TableLasers[H-DPH]),FALSE),LEFT(TableM3[[#This Row],[Right]],2)*VLOOKUP(VALUE(TRIM(CLEAN(RIGHT(TableM3[[#This Row],[Right]],2)))),TableLasers[],COLUMN(TableLasers[H-DPH]),FALSE),LEFT(TableM3[[#This Row],[Up]],2)*VLOOKUP(VALUE(TRIM(CLEAN(RIGHT(TableM3[[#This Row],[Up]],2)))),TableLasers[],COLUMN(TableLasers[H-DPH]),FALSE),LEFT(TableM3[[#This Row],[Down]],2)*VLOOKUP(VALUE(TRIM(CLEAN(RIGHT(TableM3[[#This Row],[Down]],2)))),TableLasers[],COLUMN(TableLasers[H-DPH]),FALSE))","v":9395},"05::43","00::00","00::00","00::00","00::00","00::00","00::00",5,null,null,null,null,null,null,"42,43"]
[266,"Kha'ak","M3","Cluster",null,57,57,50,"L",10000,"25 MJ ",3,300,132.27513227513199,6,10000,499.88,95,0,{"$f":"SUM(LEFT(TableM3[[#This Row],[Main]],2)*VLOOKUP(VALUE(TRIM(CLEAN(RIGHT(TableM3[[#This Row],[Main]],2)))),TableLasers[],COLUMN(TableLasers[S-DPH]),FALSE),LEFT(TableM3[[#This Row],[Front]],2)*VLOOKUP(VALUE(TRIM(CLEAN(RIGHT(TableM3[[#This Row],[Front]],2)))),TableLasers[],COLUMN(TableLasers[S-DPH]),FALSE),LEFT(TableM3[[#This Row],[Back]],2)*VLOOKUP(VALUE(TRIM(CLEAN(RIGHT(TableM3[[#This Row],[Back]],2)))),TableLasers[],COLUMN(TableLasers[S-DPH]),FALSE),LEFT(TableM3[[#This Row],[Left]],2)*VLOOKUP(VALUE(TRIM(CLEAN(RIGHT(TableM3[[#This Row],[Left]],2)))),TableLasers[],COLUMN(TableLasers[S-DPH]),FALSE),LEFT(TableM3[[#This Row],[Right]],2)*VLOOKUP(VALUE(TRIM(CLEAN(RIGHT(TableM3[[#This Row],[Right]],2)))),TableLasers[],COLUMN(TableLasers[S-DPH]),FALSE),LEFT(TableM3[[#This Row],[Up]],2)*VLOOKUP(VALUE(TRIM(CLEAN(RIGHT(TableM3[[#This Row],[Up]],2)))),TableLasers[],COLUMN(TableLasers[S-DPH]),FALSE),LEFT(TableM3[[#This Row],[Down]],2)*VLOOKUP(VALUE(TRIM(CLEAN(RIGHT(TableM3[[#This Row],[Down]],2)))),TableLasers[],COLUMN(TableLasers[S-DPH]),FALSE))","v":52560},{"$f":"SUM(LEFT(TableM3[[#This Row],[Main]],2)*VLOOKUP(VALUE(TRIM(CLEAN(RIGHT(TableM3[[#This Row],[Main]],2)))),TableLasers[],COLUMN(TableLasers[H-DPH]),FALSE),LEFT(TableM3[[#This Row],[Front]],2)*VLOOKUP(VALUE(TRIM(CLEAN(RIGHT(TableM3[[#This Row],[Front]],2)))),TableLasers[],COLUMN(TableLasers[H-DPH]),FALSE),LEFT(TableM3[[#This Row],[Back]],2)*VLOOKUP(VALUE(TRIM(CLEAN(RIGHT(TableM3[[#This Row],[Back]],2)))),TableLasers[],COLUMN(TableLasers[H-DPH]),FALSE),LEFT(TableM3[[#This Row],[Left]],2)*VLOOKUP(VALUE(TRIM(CLEAN(RIGHT(TableM3[[#This Row],[Left]],2)))),TableLasers[],COLUMN(TableLasers[H-DPH]),FALSE),LEFT(TableM3[[#This Row],[Right]],2)*VLOOKUP(VALUE(TRIM(CLEAN(RIGHT(TableM3[[#This Row],[Right]],2)))),TableLasers[],COLUMN(TableLasers[H-DPH]),FALSE),LEFT(TableM3[[#This Row],[Up]],2)*VLOOKUP(VALUE(TRIM(CLEAN(RIGHT(TableM3[[#This Row],[Up]],2)))),TableLasers[],COLUMN(TableLasers[H-DPH]),FALSE),LEFT(TableM3[[#This Row],[Down]],2)*VLOOKUP(VALUE(TRIM(CLEAN(RIGHT(TableM3[[#This Row],[Down]],2)))),TableLasers[],COLUMN(TableLasers[H-DPH]),FALSE))","v":11274},"06::43","00::00","00::00","00::00","00::00","00::00","00::00",6,null,null,null,null,null,null,"42,43"]
[281,"Unknown","M3","zzPLACEHOLDER",null,57,57,50,"S",0,null,0,25,0,0,10000,499.88,0,0,{"$f":"SUM(LEFT(TableM3[[#This Row],[Main]],2)*VLOOKUP(VALUE(TRIM(CLEAN(RIGHT(TableM3[[#This Row],[Main]],2)))),TableLasers[],COLUMN(TableLasers[S-DPH]),FALSE),LEFT(TableM3[[#This Row],[Front]],2)*VLOOKUP(VALUE(TRIM(CLEAN(RIGHT(TableM3[[#This Row],[Front]],2)))),TableLasers[],COLUMN(TableLasers[S-DPH]),FALSE),LEFT(TableM3[[#This Row],[Back]],2)*VLOOKUP(VALUE(TRIM(CLEAN(RIGHT(TableM3[[#This Row],[Back]],2)))),TableLasers[],COLUMN(TableLasers[S-DPH]),FALSE),LEFT(TableM3[[#This Row],[Left]],2)*VLOOKUP(VALUE(TRIM(CLEAN(RIGHT(TableM3[[#This Row],[Left]],2)))),TableLasers[],COLUMN(TableLasers[S-DPH]),FALSE),LEFT(TableM3[[#This Row],[Right]],2)*VLOOKUP(VALUE(TRIM(CLEAN(RIGHT(TableM3[[#This Row],[Right]],2)))),TableLasers[],COLUMN(TableLasers[S-DPH]),FALSE),LEFT(TableM3[[#This Row],[Up]],2)*VLOOKUP(VALUE(TRIM(CLEAN(RIGHT(TableM3[[#This Row],[Up]],2)))),TableLasers[],COLUMN(TableLasers[S-DPH]),FALSE),LEFT(TableM3[[#This Row],[Down]],2)*VLOOKUP(VALUE(TRIM(CLEAN(RIGHT(TableM3[[#This Row],[Down]],2)))),TableLasers[],COLUMN(TableLasers[S-DPH]),FALSE))","v":0},{"$f":"SUM(LEFT(TableM3[[#This Row],[Main]],2)*VLOOKUP(VALUE(TRIM(CLEAN(RIGHT(TableM3[[#This Row],[Main]],2)))),TableLasers[],COLUMN(TableLasers[H-DPH]),FALSE),LEFT(TableM3[[#This Row],[Front]],2)*VLOOKUP(VALUE(TRIM(CLEAN(RIGHT(TableM3[[#This Row],[Front]],2)))),TableLasers[],COLUMN(TableLasers[H-DPH]),FALSE),LEFT(TableM3[[#This Row],[Back]],2)*VLOOKUP(VALUE(TRIM(CLEAN(RIGHT(TableM3[[#This Row],[Back]],2)))),TableLasers[],COLUMN(TableLasers[H-DPH]),FALSE),LEFT(TableM3[[#This Row],[Left]],2)*VLOOKUP(VALUE(TRIM(CLEAN(RIGHT(TableM3[[#This Row],[Left]],2)))),TableLasers[],COLUMN(TableLasers[H-DPH]),FALSE),LEFT(TableM3[[#This Row],[Right]],2)*VLOOKUP(VALUE(TRIM(CLEAN(RIGHT(TableM3[[#This Row],[Right]],2)))),TableLasers[],COLUMN(TableLasers[H-DPH]),FALSE),LEFT(TableM3[[#This Row],[Up]],2)*VLOOKUP(VALUE(TRIM(CLEAN(RIGHT(TableM3[[#This Row],[Up]],2)))),TableLasers[],COLUMN(TableLasers[H-DPH]),FALSE),LEFT(TableM3[[#This Row],[Down]],2)*VLOOKUP(VALUE(TRIM(CLEAN(RIGHT(TableM3[[#This Row],[Down]],2)))),TableLasers[],COLUMN(TableLasers[H-DPH]),FALSE))","v":0},"00::00","00::00","00::00","00::00","00::00","00::00","00::00"]
[282,"Unknown","M3","zzPLACEHOLDER",null,57,57,50,"S",0,null,0,10,0,0,10000,499.88,0,0,{"$f":"SUM(LEFT(TableM3[[#This Row],[Main]],2)*VLOOKUP(VALUE(TRIM(CLEAN(RIGHT(TableM3[[#This Row],[Main]],2)))),TableLasers[],COLUMN(TableLasers[S-DPH]),FALSE),LEFT(TableM3[[#This Row],[Front]],2)*VLOOKUP(VALUE(TRIM(CLEAN(RIGHT(TableM3[[#This Row],[Front]],2)))),TableLasers[],COLUMN(TableLasers[S-DPH]),FALSE),LEFT(TableM3[[#This Row],[Back]],2)*VLOOKUP(VALUE(TRIM(CLEAN(RIGHT(TableM3[[#This Row],[Back]],2)))),TableLasers[],COLUMN(TableLasers[S-DPH]),FALSE),LEFT(TableM3[[#This Row],[Left]],2)*VLOOKUP(VALUE(TRIM(CLEAN(RIGHT(TableM3[[#This Row],[Left]],2)))),TableLasers[],COLUMN(TableLasers[S-DPH]),FALSE),LEFT(TableM3[[#This Row],[Right]],2)*VLOOKUP(VALUE(TRIM(CLEAN(RIGHT(TableM3[[#This Row],[Right]],2)))),TableLasers[],COLUMN(TableLasers[S-DPH]),FALSE),LEFT(TableM3[[#This Row],[Up]],2)*VLOOKUP(VALUE(TRIM(CLEAN(RIGHT(TableM3[[#This Row],[Up]],2)))),TableLasers[],COLUMN(TableLasers[S-DPH]),FALSE),LEFT(TableM3[[#This Row],[Down]],2)*VLOOKUP(VALUE(TRIM(CLEAN(RIGHT(TableM3[[#This Row],[Down]],2)))),TableLasers[],COLUMN(TableLasers[S-DPH]),FALSE))","v":0},{"$f":"SUM(LEFT(TableM3[[#This Row],[Main]],2)*VLOOKUP(VALUE(TRIM(CLEAN(RIGHT(TableM3[[#This Row],[Main]],2)))),TableLasers[],COLUMN(TableLasers[H-DPH]),FALSE),LEFT(TableM3[[#This Row],[Front]],2)*VLOOKUP(VALUE(TRIM(CLEAN(RIGHT(TableM3[[#This Row],[Front]],2)))),TableLasers[],COLUMN(TableLasers[H-DPH]),FALSE),LEFT(TableM3[[#This Row],[Back]],2)*VLOOKUP(VALUE(TRIM(CLEAN(RIGHT(TableM3[[#This Row],[Back]],2)))),TableLasers[],COLUMN(TableLasers[H-DPH]),FALSE),LEFT(TableM3[[#This Row],[Left]],2)*VLOOKUP(VALUE(TRIM(CLEAN(RIGHT(TableM3[[#This Row],[Left]],2)))),TableLasers[],COLUMN(TableLasers[H-DPH]),FALSE),LEFT(TableM3[[#This Row],[Right]],2)*VLOOKUP(VALUE(TRIM(CLEAN(RIGHT(TableM3[[#This Row],[Right]],2)))),TableLasers[],COLUMN(TableLasers[H-DPH]),FALSE),LEFT(TableM3[[#This Row],[Up]],2)*VLOOKUP(VALUE(TRIM(CLEAN(RIGHT(TableM3[[#This Row],[Up]],2)))),TableLasers[],COLUMN(TableLasers[H-DPH]),FALSE),LEFT(TableM3[[#This Row],[Down]],2)*VLOOKUP(VALUE(TRIM(CLEAN(RIGHT(TableM3[[#This Row],[Down]],2)))),TableLasers[],COLUMN(TableLasers[H-DPH]),FALSE))","v":0},"00::00","00::00","00::00","00::00","00::00","00::00","00::00"]
[283,"Unknown","M3","zzPLACEHOLDER",null,0,0,50,"S",0,null,0,0,0,0,10000,499.88,0,0,{"$f":"SUM(LEFT(TableM3[[#This Row],[Main]],2)*VLOOKUP(VALUE(TRIM(CLEAN(RIGHT(TableM3[[#This Row],[Main]],2)))),TableLasers[],COLUMN(TableLasers[S-DPH]),FALSE),LEFT(TableM3[[#This Row],[Front]],2)*VLOOKUP(VALUE(TRIM(CLEAN(RIGHT(TableM3[[#This Row],[Front]],2)))),TableLasers[],COLUMN(TableLasers[S-DPH]),FALSE),LEFT(TableM3[[#This Row],[Back]],2)*VLOOKUP(VALUE(TRIM(CLEAN(RIGHT(TableM3[[#This Row],[Back]],2)))),TableLasers[],COLUMN(TableLasers[S-DPH]),FALSE),LEFT(TableM3[[#This Row],[Left]],2)*VLOOKUP(VALUE(TRIM(CLEAN(RIGHT(TableM3[[#This Row],[Left]],2)))),TableLasers[],COLUMN(TableLasers[S-DPH]),FALSE),LEFT(TableM3[[#This Row],[Right]],2)*VLOOKUP(VALUE(TRIM(CLEAN(RIGHT(TableM3[[#This Row],[Right]],2)))),TableLasers[],COLUMN(TableLasers[S-DPH]),FALSE),LEFT(TableM3[[#This Row],[Up]],2)*VLOOKUP(VALUE(TRIM(CLEAN(RIGHT(TableM3[[#This Row],[Up]],2)))),TableLasers[],COLUMN(TableLasers[S-DPH]),FALSE),LEFT(TableM3[[#This Row],[Down]],2)*VLOOKUP(VALUE(TRIM(CLEAN(RIGHT(TableM3[[#This Row],[Down]],2)))),TableLasers[],COLUMN(TableLasers[S-DPH]),FALSE))","v":0},{"$f":"SUM(LEFT(TableM3[[#This Row],[Main]],2)*VLOOKUP(VALUE(TRIM(CLEAN(RIGHT(TableM3[[#This Row],[Main]],2)))),TableLasers[],COLUMN(TableLasers[H-DPH]),FALSE),LEFT(TableM3[[#This Row],[Front]],2)*VLOOKUP(VALUE(TRIM(CLEAN(RIGHT(TableM3[[#This Row],[Front]],2)))),TableLasers[],COLUMN(TableLasers[H-DPH]),FALSE),LEFT(TableM3[[#This Row],[Back]],2)*VLOOKUP(VALUE(TRIM(CLEAN(RIGHT(TableM3[[#This Row],[Back]],2)))),TableLasers[],COLUMN(TableLasers[H-DPH]),FALSE),LEFT(TableM3[[#This Row],[Left]],2)*VLOOKUP(VALUE(TRIM(CLEAN(RIGHT(TableM3[[#This Row],[Left]],2)))),TableLasers[],COLUMN(TableLasers[H-DPH]),FALSE),LEFT(TableM3[[#This Row],[Right]],2)*VLOOKUP(VALUE(TRIM(CLEAN(RIGHT(TableM3[[#This Row],[Right]],2)))),TableLasers[],COLUMN(TableLasers[H-DPH]),FALSE),LEFT(TableM3[[#This Row],[Up]],2)*VLOOKUP(VALUE(TRIM(CLEAN(RIGHT(TableM3[[#This Row],[Up]],2)))),TableLasers[],COLUMN(TableLasers[H-DPH]),FALSE),LEFT(TableM3[[#This Row],[Down]],2)*VLOOKUP(VALUE(TRIM(CLEAN(RIGHT(TableM3[[#This Row],[Down]],2)))),TableLasers[],COLUMN(TableLasers[H-DPH]),FALSE))","v":0},"00::00","00::00","00::00","00::00","00::00","00::00","00::00"]
[329,"Argon","M3","Eclipse Prototype",null,216.25,86.5,35,"L",15000,"25 MJ ",6,1500,44.091710758377403,12,9500,229.12100000000001,350,0,{"$f":"SUM(LEFT(TableM3[[#This Row],[Main]],2)*VLOOKUP(VALUE(TRIM(CLEAN(RIGHT(TableM3[[#This Row],[Main]],2)))),TableLasers[],COLUMN(TableLasers[S-DPH]),FALSE),LEFT(TableM3[[#This Row],[Front]],2)*VLOOKUP(VALUE(TRIM(CLEAN(RIGHT(TableM3[[#This Row],[Front]],2)))),TableLasers[],COLUMN(TableLasers[S-DPH]),FALSE),LEFT(TableM3[[#This Row],[Back]],2)*VLOOKUP(VALUE(TRIM(CLEAN(RIGHT(TableM3[[#This Row],[Back]],2)))),TableLasers[],COLUMN(TableLasers[S-DPH]),FALSE),LEFT(TableM3[[#This Row],[Left]],2)*VLOOKUP(VALUE(TRIM(CLEAN(RIGHT(TableM3[[#This Row],[Left]],2)))),TableLasers[],COLUMN(TableLasers[S-DPH]),FALSE),LEFT(TableM3[[#This Row],[Right]],2)*VLOOKUP(VALUE(TRIM(CLEAN(RIGHT(TableM3[[#This Row],[Right]],2)))),TableLasers[],COLUMN(TableLasers[S-DPH]),FALSE),LEFT(TableM3[[#This Row],[Up]],2)*VLOOKUP(VALUE(TRIM(CLEAN(RIGHT(TableM3[[#This Row],[Up]],2)))),TableLasers[],COLUMN(TableLasers[S-DPH]),FALSE),LEFT(TableM3[[#This Row],[Down]],2)*VLOOKUP(VALUE(TRIM(CLEAN(RIGHT(TableM3[[#This Row],[Down]],2)))),TableLasers[],COLUMN(TableLasers[S-DPH]),FALSE))","v":15120},{"$f":"SUM(LEFT(TableM3[[#This Row],[Main]],2)*VLOOKUP(VALUE(TRIM(CLEAN(RIGHT(TableM3[[#This Row],[Main]],2)))),TableLasers[],COLUMN(TableLasers[H-DPH]),FALSE),LEFT(TableM3[[#This Row],[Front]],2)*VLOOKUP(VALUE(TRIM(CLEAN(RIGHT(TableM3[[#This Row],[Front]],2)))),TableLasers[],COLUMN(TableLasers[H-DPH]),FALSE),LEFT(TableM3[[#This Row],[Back]],2)*VLOOKUP(VALUE(TRIM(CLEAN(RIGHT(TableM3[[#This Row],[Back]],2)))),TableLasers[],COLUMN(TableLasers[H-DPH]),FALSE),LEFT(TableM3[[#This Row],[Left]],2)*VLOOKUP(VALUE(TRIM(CLEAN(RIGHT(TableM3[[#This Row],[Left]],2)))),TableLasers[],COLUMN(TableLasers[H-DPH]),FALSE),LEFT(TableM3[[#This Row],[Right]],2)*VLOOKUP(VALUE(TRIM(CLEAN(RIGHT(TableM3[[#This Row],[Right]],2)))),TableLasers[],COLUMN(TableLasers[H-DPH]),FALSE),LEFT(TableM3[[#This Row],[Up]],2)*VLOOKUP(VALUE(TRIM(CLEAN(RIGHT(TableM3[[#This Row],[Up]],2)))),TableLasers[],COLUMN(TableLasers[H-DPH]),FALSE),LEFT(TableM3[[#This Row],[Down]],2)*VLOOKUP(VALUE(TRIM(CLEAN(RIGHT(TableM3[[#This Row],[Down]],2)))),TableLasers[],COLUMN(TableLasers[H-DPH]),FALSE))","v":896},"08::08","02::04","02::04","00::00","00::00","00::00","00::00",8,2,2,null,null,null,null,"0,1,3,4,5,8","0,1,4","0,1,4",null,null,null,null,"0,1,3,5,12,17,22,23,35"]
[330,"Argon","M3","Nova Prototype",null,262.5,105,42,"L",10000,"25 MJ ",4,825,88.183421516754805,10,6720,167.95967999999999,216,0,{"$f":"SUM(LEFT(TableM3[[#This Row],[Main]],2)*VLOOKUP(VALUE(TRIM(CLEAN(RIGHT(TableM3[[#This Row],[Main]],2)))),TableLasers[],COLUMN(TableLasers[S-DPH]),FALSE),LEFT(TableM3[[#This Row],[Front]],2)*VLOOKUP(VALUE(TRIM(CLEAN(RIGHT(TableM3[[#This Row],[Front]],2)))),TableLasers[],COLUMN(TableLasers[S-DPH]),FALSE),LEFT(TableM3[[#This Row],[Back]],2)*VLOOKUP(VALUE(TRIM(CLEAN(RIGHT(TableM3[[#This Row],[Back]],2)))),TableLasers[],COLUMN(TableLasers[S-DPH]),FALSE),LEFT(TableM3[[#This Row],[Left]],2)*VLOOKUP(VALUE(TRIM(CLEAN(RIGHT(TableM3[[#This Row],[Left]],2)))),TableLasers[],COLUMN(TableLasers[S-DPH]),FALSE),LEFT(TableM3[[#This Row],[Right]],2)*VLOOKUP(VALUE(TRIM(CLEAN(RIGHT(TableM3[[#This Row],[Right]],2)))),TableLasers[],COLUMN(TableLasers[S-DPH]),FALSE),LEFT(TableM3[[#This Row],[Up]],2)*VLOOKUP(VALUE(TRIM(CLEAN(RIGHT(TableM3[[#This Row],[Up]],2)))),TableLasers[],COLUMN(TableLasers[S-DPH]),FALSE),LEFT(TableM3[[#This Row],[Down]],2)*VLOOKUP(VALUE(TRIM(CLEAN(RIGHT(TableM3[[#This Row],[Down]],2)))),TableLasers[],COLUMN(TableLasers[S-DPH]),FALSE))","v":44080},{"$f":"SUM(LEFT(TableM3[[#This Row],[Main]],2)*VLOOKUP(VALUE(TRIM(CLEAN(RIGHT(TableM3[[#This Row],[Main]],2)))),TableLasers[],COLUMN(TableLasers[H-DPH]),FALSE),LEFT(TableM3[[#This Row],[Front]],2)*VLOOKUP(VALUE(TRIM(CLEAN(RIGHT(TableM3[[#This Row],[Front]],2)))),TableLasers[],COLUMN(TableLasers[H-DPH]),FALSE),LEFT(TableM3[[#This Row],[Back]],2)*VLOOKUP(VALUE(TRIM(CLEAN(RIGHT(TableM3[[#This Row],[Back]],2)))),TableLasers[],COLUMN(TableLasers[H-DPH]),FALSE),LEFT(TableM3[[#This Row],[Left]],2)*VLOOKUP(VALUE(TRIM(CLEAN(RIGHT(TableM3[[#This Row],[Left]],2)))),TableLasers[],COLUMN(TableLasers[H-DPH]),FALSE),LEFT(TableM3[[#This Row],[Right]],2)*VLOOKUP(VALUE(TRIM(CLEAN(RIGHT(TableM3[[#This Row],[Right]],2)))),TableLasers[],COLUMN(TableLasers[H-DPH]),FALSE),LEFT(TableM3[[#This Row],[Up]],2)*VLOOKUP(VALUE(TRIM(CLEAN(RIGHT(TableM3[[#This Row],[Up]],2)))),TableLasers[],COLUMN(TableLasers[H-DPH]),FALSE),LEFT(TableM3[[#This Row],[Down]],2)*VLOOKUP(VALUE(TRIM(CLEAN(RIGHT(TableM3[[#This Row],[Down]],2)))),TableLasers[],COLUMN(TableLasers[H-DPH]),FALSE))","v":8080},"08::06","00::00","02::04","00::00","00::00","00::00","00::00",8,null,2,null,null,null,null,"0,1,3,4,6,7,8,9",null,"0,1,4",null,null,null,null,"0,1,3,5,12,17,22,23,35"]
[337,"Split","M3","Advanced Mamba",null,340,136,35,"L",8500,"25 MJ ",2,750,44.091710758377403,8,8000,199.952,199,0,{"$f":"SUM(LEFT(TableM3[[#This Row],[Main]],2)*VLOOKUP(VALUE(TRIM(CLEAN(RIGHT(TableM3[[#This Row],[Main]],2)))),TableLasers[],COLUMN(TableLasers[S-DPH]),FALSE),LEFT(TableM3[[#This Row],[Front]],2)*VLOOKUP(VALUE(TRIM(CLEAN(RIGHT(TableM3[[#This Row],[Front]],2)))),TableLasers[],COLUMN(TableLasers[S-DPH]),FALSE),LEFT(TableM3[[#This Row],[Back]],2)*VLOOKUP(VALUE(TRIM(CLEAN(RIGHT(TableM3[[#This Row],[Back]],2)))),TableLasers[],COLUMN(TableLasers[S-DPH]),FALSE),LEFT(TableM3[[#This Row],[Left]],2)*VLOOKUP(VALUE(TRIM(CLEAN(RIGHT(TableM3[[#This Row],[Left]],2)))),TableLasers[],COLUMN(TableLasers[S-DPH]),FALSE),LEFT(TableM3[[#This Row],[Right]],2)*VLOOKUP(VALUE(TRIM(CLEAN(RIGHT(TableM3[[#This Row],[Right]],2)))),TableLasers[],COLUMN(TableLasers[S-DPH]),FALSE),LEFT(TableM3[[#This Row],[Up]],2)*VLOOKUP(VALUE(TRIM(CLEAN(RIGHT(TableM3[[#This Row],[Up]],2)))),TableLasers[],COLUMN(TableLasers[S-DPH]),FALSE),LEFT(TableM3[[#This Row],[Down]],2)*VLOOKUP(VALUE(TRIM(CLEAN(RIGHT(TableM3[[#This Row],[Down]],2)))),TableLasers[],COLUMN(TableLasers[S-DPH]),FALSE))","v":41920},{"$f":"SUM(LEFT(TableM3[[#This Row],[Main]],2)*VLOOKUP(VALUE(TRIM(CLEAN(RIGHT(TableM3[[#This Row],[Main]],2)))),TableLasers[],COLUMN(TableLasers[H-DPH]),FALSE),LEFT(TableM3[[#This Row],[Front]],2)*VLOOKUP(VALUE(TRIM(CLEAN(RIGHT(TableM3[[#This Row],[Front]],2)))),TableLasers[],COLUMN(TableLasers[H-DPH]),FALSE),LEFT(TableM3[[#This Row],[Back]],2)*VLOOKUP(VALUE(TRIM(CLEAN(RIGHT(TableM3[[#This Row],[Back]],2)))),TableLasers[],COLUMN(TableLasers[H-DPH]),FALSE),LEFT(TableM3[[#This Row],[Left]],2)*VLOOKUP(VALUE(TRIM(CLEAN(RIGHT(TableM3[[#This Row],[Left]],2)))),TableLasers[],COLUMN(TableLasers[H-DPH]),FALSE),LEFT(TableM3[[#This Row],[Right]],2)*VLOOKUP(VALUE(TRIM(CLEAN(RIGHT(TableM3[[#This Row],[Right]],2)))),TableLasers[],COLUMN(TableLasers[H-DPH]),FALSE),LEFT(TableM3[[#This Row],[Up]],2)*VLOOKUP(VALUE(TRIM(CLEAN(RIGHT(TableM3[[#This Row],[Up]],2)))),TableLasers[],COLUMN(TableLasers[H-DPH]),FALSE),LEFT(TableM3[[#This Row],[Down]],2)*VLOOKUP(VALUE(TRIM(CLEAN(RIGHT(TableM3[[#This Row],[Down]],2)))),TableLasers[],COLUMN(TableLasers[H-DPH]),FALSE))","v":7680},"08::06","00::00","00::00","00::00","00::00","00::00","00::00",8,null,null,null,null,null,null,"0,1,3,6,7,9",null,null,null,null,null,null,"0,1,3,5,12,17,22,23,35"]
[339,"Split","M3","Enhanced Chimera",null,272.5,109,35,"L",12500,"25 MJ ",4,1250,44.091710758377403,12,11150,278.68310000000002,300,0,{"$f":"SUM(LEFT(TableM3[[#This Row],[Main]],2)*VLOOKUP(VALUE(TRIM(CLEAN(RIGHT(TableM3[[#This Row],[Main]],2)))),TableLasers[],COLUMN(TableLasers[S-DPH]),FALSE),LEFT(TableM3[[#This Row],[Front]],2)*VLOOKUP(VALUE(TRIM(CLEAN(RIGHT(TableM3[[#This Row],[Front]],2)))),TableLasers[],COLUMN(TableLasers[S-DPH]),FALSE),LEFT(TableM3[[#This Row],[Back]],2)*VLOOKUP(VALUE(TRIM(CLEAN(RIGHT(TableM3[[#This Row],[Back]],2)))),TableLasers[],COLUMN(TableLasers[S-DPH]),FALSE),LEFT(TableM3[[#This Row],[Left]],2)*VLOOKUP(VALUE(TRIM(CLEAN(RIGHT(TableM3[[#This Row],[Left]],2)))),TableLasers[],COLUMN(TableLasers[S-DPH]),FALSE),LEFT(TableM3[[#This Row],[Right]],2)*VLOOKUP(VALUE(TRIM(CLEAN(RIGHT(TableM3[[#This Row],[Right]],2)))),TableLasers[],COLUMN(TableLasers[S-DPH]),FALSE),LEFT(TableM3[[#This Row],[Up]],2)*VLOOKUP(VALUE(TRIM(CLEAN(RIGHT(TableM3[[#This Row],[Up]],2)))),TableLasers[],COLUMN(TableLasers[S-DPH]),FALSE),LEFT(TableM3[[#This Row],[Down]],2)*VLOOKUP(VALUE(TRIM(CLEAN(RIGHT(TableM3[[#This Row],[Down]],2)))),TableLasers[],COLUMN(TableLasers[S-DPH]),FALSE))","v":7680},{"$f":"SUM(LEFT(TableM3[[#This Row],[Main]],2)*VLOOKUP(VALUE(TRIM(CLEAN(RIGHT(TableM3[[#This Row],[Main]],2)))),TableLasers[],COLUMN(TableLasers[H-DPH]),FALSE),LEFT(TableM3[[#This Row],[Front]],2)*VLOOKUP(VALUE(TRIM(CLEAN(RIGHT(TableM3[[#This Row],[Front]],2)))),TableLasers[],COLUMN(TableLasers[H-DPH]),FALSE),LEFT(TableM3[[#This Row],[Back]],2)*VLOOKUP(VALUE(TRIM(CLEAN(RIGHT(TableM3[[#This Row],[Back]],2)))),TableLasers[],COLUMN(TableLasers[H-DPH]),FALSE),LEFT(TableM3[[#This Row],[Left]],2)*VLOOKUP(VALUE(TRIM(CLEAN(RIGHT(TableM3[[#This Row],[Left]],2)))),TableLasers[],COLUMN(TableLasers[H-DPH]),FALSE),LEFT(TableM3[[#This Row],[Right]],2)*VLOOKUP(VALUE(TRIM(CLEAN(RIGHT(TableM3[[#This Row],[Right]],2)))),TableLasers[],COLUMN(TableLasers[H-DPH]),FALSE),LEFT(TableM3[[#This Row],[Up]],2)*VLOOKUP(VALUE(TRIM(CLEAN(RIGHT(TableM3[[#This Row],[Up]],2)))),TableLasers[],COLUMN(TableLasers[H-DPH]),FALSE),LEFT(TableM3[[#This Row],[Down]],2)*VLOOKUP(VALUE(TRIM(CLEAN(RIGHT(TableM3[[#This Row],[Down]],2)))),TableLasers[],COLUMN(TableLasers[H-DPH]),FALSE))","v":1440},"08::01","02::01","02::01","00::00","00::00","00::00","00::00",8,2,2,null,null,null,null,"0,1,3,9","0,1,9","0,1,9",null,null,null,null,"0,1,3,5,12,17,22,23,35"]
[341,"Paranid","M3","Medusa Prototype",null,224.54079999999999,102.06399999999999,35,"L",13125,"25 MJ ",6,1500,44.091710758377403,12,9050,226.25,280,0,{"$f":"SUM(LEFT(TableM3[[#This Row],[Main]],2)*VLOOKUP(VALUE(TRIM(CLEAN(RIGHT(TableM3[[#This Row],[Main]],2)))),TableLasers[],COLUMN(TableLasers[S-DPH]),FALSE),LEFT(TableM3[[#This Row],[Front]],2)*VLOOKUP(VALUE(TRIM(CLEAN(RIGHT(TableM3[[#This Row],[Front]],2)))),TableLasers[],COLUMN(TableLasers[S-DPH]),FALSE),LEFT(TableM3[[#This Row],[Back]],2)*VLOOKUP(VALUE(TRIM(CLEAN(RIGHT(TableM3[[#This Row],[Back]],2)))),TableLasers[],COLUMN(TableLasers[S-DPH]),FALSE),LEFT(TableM3[[#This Row],[Left]],2)*VLOOKUP(VALUE(TRIM(CLEAN(RIGHT(TableM3[[#This Row],[Left]],2)))),TableLasers[],COLUMN(TableLasers[S-DPH]),FALSE),LEFT(TableM3[[#This Row],[Right]],2)*VLOOKUP(VALUE(TRIM(CLEAN(RIGHT(TableM3[[#This Row],[Right]],2)))),TableLasers[],COLUMN(TableLasers[S-DPH]),FALSE),LEFT(TableM3[[#This Row],[Up]],2)*VLOOKUP(VALUE(TRIM(CLEAN(RIGHT(TableM3[[#This Row],[Up]],2)))),TableLasers[],COLUMN(TableLasers[S-DPH]),FALSE),LEFT(TableM3[[#This Row],[Down]],2)*VLOOKUP(VALUE(TRIM(CLEAN(RIGHT(TableM3[[#This Row],[Down]],2)))),TableLasers[],COLUMN(TableLasers[S-DPH]),FALSE))","v":62880},{"$f":"SUM(LEFT(TableM3[[#This Row],[Main]],2)*VLOOKUP(VALUE(TRIM(CLEAN(RIGHT(TableM3[[#This Row],[Main]],2)))),TableLasers[],COLUMN(TableLasers[H-DPH]),FALSE),LEFT(TableM3[[#This Row],[Front]],2)*VLOOKUP(VALUE(TRIM(CLEAN(RIGHT(TableM3[[#This Row],[Front]],2)))),TableLasers[],COLUMN(TableLasers[H-DPH]),FALSE),LEFT(TableM3[[#This Row],[Back]],2)*VLOOKUP(VALUE(TRIM(CLEAN(RIGHT(TableM3[[#This Row],[Back]],2)))),TableLasers[],COLUMN(TableLasers[H-DPH]),FALSE),LEFT(TableM3[[#This Row],[Left]],2)*VLOOKUP(VALUE(TRIM(CLEAN(RIGHT(TableM3[[#This Row],[Left]],2)))),TableLasers[],COLUMN(TableLasers[H-DPH]),FALSE),LEFT(TableM3[[#This Row],[Right]],2)*VLOOKUP(VALUE(TRIM(CLEAN(RIGHT(TableM3[[#This Row],[Right]],2)))),TableLasers[],COLUMN(TableLasers[H-DPH]),FALSE),LEFT(TableM3[[#This Row],[Up]],2)*VLOOKUP(VALUE(TRIM(CLEAN(RIGHT(TableM3[[#This Row],[Up]],2)))),TableLasers[],COLUMN(TableLasers[H-DPH]),FALSE),LEFT(TableM3[[#This Row],[Down]],2)*VLOOKUP(VALUE(TRIM(CLEAN(RIGHT(TableM3[[#This Row],[Down]],2)))),TableLasers[],COLUMN(TableLasers[H-DPH]),FALSE))","v":11520},"08::06","02::06","02::06","00::00","00::00","00::00","00::00",8,2,2,null,null,null,null,"0,1,3,4,6,7,9","0,1,6,7","0,1,6,7",null,null,null,null,"0,1,3,5,12,17,22,23,10,11,13,14,18,19,25,35"]
[343,"Paranid","M3","Advanced Perseus",null,283.94080000000002,129.06399999999999,38,"L",9500,"25 MJ ",4,850,44.091710758377403,10,6500,167.739,150,0,{"$f":"SUM(LEFT(TableM3[[#This Row],[Main]],2)*VLOOKUP(VALUE(TRIM(CLEAN(RIGHT(TableM3[[#This Row],[Main]],2)))),TableLasers[],COLUMN(TableLasers[S-DPH]),FALSE),LEFT(TableM3[[#This Row],[Front]],2)*VLOOKUP(VALUE(TRIM(CLEAN(RIGHT(TableM3[[#This Row],[Front]],2)))),TableLasers[],COLUMN(TableLasers[S-DPH]),FALSE),LEFT(TableM3[[#This Row],[Back]],2)*VLOOKUP(VALUE(TRIM(CLEAN(RIGHT(TableM3[[#This Row],[Back]],2)))),TableLasers[],COLUMN(TableLasers[S-DPH]),FALSE),LEFT(TableM3[[#This Row],[Left]],2)*VLOOKUP(VALUE(TRIM(CLEAN(RIGHT(TableM3[[#This Row],[Left]],2)))),TableLasers[],COLUMN(TableLasers[S-DPH]),FALSE),LEFT(TableM3[[#This Row],[Right]],2)*VLOOKUP(VALUE(TRIM(CLEAN(RIGHT(TableM3[[#This Row],[Right]],2)))),TableLasers[],COLUMN(TableLasers[S-DPH]),FALSE),LEFT(TableM3[[#This Row],[Up]],2)*VLOOKUP(VALUE(TRIM(CLEAN(RIGHT(TableM3[[#This Row],[Up]],2)))),TableLasers[],COLUMN(TableLasers[S-DPH]),FALSE),LEFT(TableM3[[#This Row],[Down]],2)*VLOOKUP(VALUE(TRIM(CLEAN(RIGHT(TableM3[[#This Row],[Down]],2)))),TableLasers[],COLUMN(TableLasers[S-DPH]),FALSE))","v":52400},{"$f":"SUM(LEFT(TableM3[[#This Row],[Main]],2)*VLOOKUP(VALUE(TRIM(CLEAN(RIGHT(TableM3[[#This Row],[Main]],2)))),TableLasers[],COLUMN(TableLasers[H-DPH]),FALSE),LEFT(TableM3[[#This Row],[Front]],2)*VLOOKUP(VALUE(TRIM(CLEAN(RIGHT(TableM3[[#This Row],[Front]],2)))),TableLasers[],COLUMN(TableLasers[H-DPH]),FALSE),LEFT(TableM3[[#This Row],[Back]],2)*VLOOKUP(VALUE(TRIM(CLEAN(RIGHT(TableM3[[#This Row],[Back]],2)))),TableLasers[],COLUMN(TableLasers[H-DPH]),FALSE),LEFT(TableM3[[#This Row],[Left]],2)*VLOOKUP(VALUE(TRIM(CLEAN(RIGHT(TableM3[[#This Row],[Left]],2)))),TableLasers[],COLUMN(TableLasers[H-DPH]),FALSE),LEFT(TableM3[[#This Row],[Right]],2)*VLOOKUP(VALUE(TRIM(CLEAN(RIGHT(TableM3[[#This Row],[Right]],2)))),TableLasers[],COLUMN(TableLasers[H-DPH]),FALSE),LEFT(TableM3[[#This Row],[Up]],2)*VLOOKUP(VALUE(TRIM(CLEAN(RIGHT(TableM3[[#This Row],[Up]],2)))),TableLasers[],COLUMN(TableLasers[H-DPH]),FALSE),LEFT(TableM3[[#This Row],[Down]],2)*VLOOKUP(VALUE(TRIM(CLEAN(RIGHT(TableM3[[#This Row],[Down]],2)))),TableLasers[],COLUMN(TableLasers[H-DPH]),FALSE))","v":9600},"08::06","00::00","02::06","00::00","00::00","00::00","00::00",8,null,2,null,null,null,null,"0,1,5,6,7,8,9",null,"0,1,6,7",null,null,null,null,"0,1,3,5,12,17,22,23,35"]
[345,"Boron","M3","Skate Prototype",null,255,102,38,"L",18000,"25 MJ ",6,1200,88.183421516754805,12,7600,356.7364,275,0,{"$f":"SUM(LEFT(TableM3[[#This Row],[Main]],2)*VLOOKUP(VALUE(TRIM(CLEAN(RIGHT(TableM3[[#This Row],[Main]],2)))),TableLasers[],COLUMN(TableLasers[S-DPH]),FALSE),LEFT(TableM3[[#This Row],[Front]],2)*VLOOKUP(VALUE(TRIM(CLEAN(RIGHT(TableM3[[#This Row],[Front]],2)))),TableLasers[],COLUMN(TableLasers[S-DPH]),FALSE),LEFT(TableM3[[#This Row],[Back]],2)*VLOOKUP(VALUE(TRIM(CLEAN(RIGHT(TableM3[[#This Row],[Back]],2)))),TableLasers[],COLUMN(TableLasers[S-DPH]),FALSE),LEFT(TableM3[[#This Row],[Left]],2)*VLOOKUP(VALUE(TRIM(CLEAN(RIGHT(TableM3[[#This Row],[Left]],2)))),TableLasers[],COLUMN(TableLasers[S-DPH]),FALSE),LEFT(TableM3[[#This Row],[Right]],2)*VLOOKUP(VALUE(TRIM(CLEAN(RIGHT(TableM3[[#This Row],[Right]],2)))),TableLasers[],COLUMN(TableLasers[S-DPH]),FALSE),LEFT(TableM3[[#This Row],[Up]],2)*VLOOKUP(VALUE(TRIM(CLEAN(RIGHT(TableM3[[#This Row],[Up]],2)))),TableLasers[],COLUMN(TableLasers[S-DPH]),FALSE),LEFT(TableM3[[#This Row],[Down]],2)*VLOOKUP(VALUE(TRIM(CLEAN(RIGHT(TableM3[[#This Row],[Down]],2)))),TableLasers[],COLUMN(TableLasers[S-DPH]),FALSE))","v":47320},{"$f":"SUM(LEFT(TableM3[[#This Row],[Main]],2)*VLOOKUP(VALUE(TRIM(CLEAN(RIGHT(TableM3[[#This Row],[Main]],2)))),TableLasers[],COLUMN(TableLasers[H-DPH]),FALSE),LEFT(TableM3[[#This Row],[Front]],2)*VLOOKUP(VALUE(TRIM(CLEAN(RIGHT(TableM3[[#This Row],[Front]],2)))),TableLasers[],COLUMN(TableLasers[H-DPH]),FALSE),LEFT(TableM3[[#This Row],[Back]],2)*VLOOKUP(VALUE(TRIM(CLEAN(RIGHT(TableM3[[#This Row],[Back]],2)))),TableLasers[],COLUMN(TableLasers[H-DPH]),FALSE),LEFT(TableM3[[#This Row],[Left]],2)*VLOOKUP(VALUE(TRIM(CLEAN(RIGHT(TableM3[[#This Row],[Left]],2)))),TableLasers[],COLUMN(TableLasers[H-DPH]),FALSE),LEFT(TableM3[[#This Row],[Right]],2)*VLOOKUP(VALUE(TRIM(CLEAN(RIGHT(TableM3[[#This Row],[Right]],2)))),TableLasers[],COLUMN(TableLasers[H-DPH]),FALSE),LEFT(TableM3[[#This Row],[Up]],2)*VLOOKUP(VALUE(TRIM(CLEAN(RIGHT(TableM3[[#This Row],[Up]],2)))),TableLasers[],COLUMN(TableLasers[H-DPH]),FALSE),LEFT(TableM3[[#This Row],[Down]],2)*VLOOKUP(VALUE(TRIM(CLEAN(RIGHT(TableM3[[#This Row],[Down]],2)))),TableLasers[],COLUMN(TableLasers[H-DPH]),FALSE))","v":7728},"08::06","02::08","02::08","00::00","00::00","00::00","00::00",8,2,2,null,null,null,null,"0,1,4,5,6,7,8","0,1,8","0,1,8",null,null,null,null,"0,1,3,5,12,17,22,23,35"]
[347,"Boron","M3","Advanced Barracuda",null,302.5,121,38,"L",12000,"25 MJ ",4,1270,44.091710758377403,8,6200,218.2028,156,0,{"$f":"SUM(LEFT(TableM3[[#This Row],[Main]],2)*VLOOKUP(VALUE(TRIM(CLEAN(RIGHT(TableM3[[#This Row],[Main]],2)))),TableLasers[],COLUMN(TableLasers[S-DPH]),FALSE),LEFT(TableM3[[#This Row],[Front]],2)*VLOOKUP(VALUE(TRIM(CLEAN(RIGHT(TableM3[[#This Row],[Front]],2)))),TableLasers[],COLUMN(TableLasers[S-DPH]),FALSE),LEFT(TableM3[[#This Row],[Back]],2)*VLOOKUP(VALUE(TRIM(CLEAN(RIGHT(TableM3[[#This Row],[Back]],2)))),TableLasers[],COLUMN(TableLasers[S-DPH]),FALSE),LEFT(TableM3[[#This Row],[Left]],2)*VLOOKUP(VALUE(TRIM(CLEAN(RIGHT(TableM3[[#This Row],[Left]],2)))),TableLasers[],COLUMN(TableLasers[S-DPH]),FALSE),LEFT(TableM3[[#This Row],[Right]],2)*VLOOKUP(VALUE(TRIM(CLEAN(RIGHT(TableM3[[#This Row],[Right]],2)))),TableLasers[],COLUMN(TableLasers[S-DPH]),FALSE),LEFT(TableM3[[#This Row],[Up]],2)*VLOOKUP(VALUE(TRIM(CLEAN(RIGHT(TableM3[[#This Row],[Up]],2)))),TableLasers[],COLUMN(TableLasers[S-DPH]),FALSE),LEFT(TableM3[[#This Row],[Down]],2)*VLOOKUP(VALUE(TRIM(CLEAN(RIGHT(TableM3[[#This Row],[Down]],2)))),TableLasers[],COLUMN(TableLasers[S-DPH]),FALSE))","v":18560},{"$f":"SUM(LEFT(TableM3[[#This Row],[Main]],2)*VLOOKUP(VALUE(TRIM(CLEAN(RIGHT(TableM3[[#This Row],[Main]],2)))),TableLasers[],COLUMN(TableLasers[H-DPH]),FALSE),LEFT(TableM3[[#This Row],[Front]],2)*VLOOKUP(VALUE(TRIM(CLEAN(RIGHT(TableM3[[#This Row],[Front]],2)))),TableLasers[],COLUMN(TableLasers[H-DPH]),FALSE),LEFT(TableM3[[#This Row],[Back]],2)*VLOOKUP(VALUE(TRIM(CLEAN(RIGHT(TableM3[[#This Row],[Back]],2)))),TableLasers[],COLUMN(TableLasers[H-DPH]),FALSE),LEFT(TableM3[[#This Row],[Left]],2)*VLOOKUP(VALUE(TRIM(CLEAN(RIGHT(TableM3[[#This Row],[Left]],2)))),TableLasers[],COLUMN(TableLasers[H-DPH]),FALSE),LEFT(TableM3[[#This Row],[Right]],2)*VLOOKUP(VALUE(TRIM(CLEAN(RIGHT(TableM3[[#This Row],[Right]],2)))),TableLasers[],COLUMN(TableLasers[H-DPH]),FALSE),LEFT(TableM3[[#This Row],[Up]],2)*VLOOKUP(VALUE(TRIM(CLEAN(RIGHT(TableM3[[#This Row],[Up]],2)))),TableLasers[],COLUMN(TableLasers[H-DPH]),FALSE),LEFT(TableM3[[#This Row],[Down]],2)*VLOOKUP(VALUE(TRIM(CLEAN(RIGHT(TableM3[[#This Row],[Down]],2)))),TableLasers[],COLUMN(TableLasers[H-DPH]),FALSE))","v":3624},"08::11","00::00","00::00","00::00","00::00","00::00","00::00",8,null,null,null,null,null,null,"0,1,4,8,9,10,11",null,null,null,null,null,null,"0,1,3,5,12,17,22,23,35"]
[349,"Boron","M3","Barracuda Prototype",null,265,106,38,"L",12600,"25 MJ ",5,1350,44.091710758377403,8,5400,178.51320000000001,208,0,{"$f":"SUM(LEFT(TableM3[[#This Row],[Main]],2)*VLOOKUP(VALUE(TRIM(CLEAN(RIGHT(TableM3[[#This Row],[Main]],2)))),TableLasers[],COLUMN(TableLasers[S-DPH]),FALSE),LEFT(TableM3[[#This Row],[Front]],2)*VLOOKUP(VALUE(TRIM(CLEAN(RIGHT(TableM3[[#This Row],[Front]],2)))),TableLasers[],COLUMN(TableLasers[S-DPH]),FALSE),LEFT(TableM3[[#This Row],[Back]],2)*VLOOKUP(VALUE(TRIM(CLEAN(RIGHT(TableM3[[#This Row],[Back]],2)))),TableLasers[],COLUMN(TableLasers[S-DPH]),FALSE),LEFT(TableM3[[#This Row],[Left]],2)*VLOOKUP(VALUE(TRIM(CLEAN(RIGHT(TableM3[[#This Row],[Left]],2)))),TableLasers[],COLUMN(TableLasers[S-DPH]),FALSE),LEFT(TableM3[[#This Row],[Right]],2)*VLOOKUP(VALUE(TRIM(CLEAN(RIGHT(TableM3[[#This Row],[Right]],2)))),TableLasers[],COLUMN(TableLasers[S-DPH]),FALSE),LEFT(TableM3[[#This Row],[Up]],2)*VLOOKUP(VALUE(TRIM(CLEAN(RIGHT(TableM3[[#This Row],[Up]],2)))),TableLasers[],COLUMN(TableLasers[S-DPH]),FALSE),LEFT(TableM3[[#This Row],[Down]],2)*VLOOKUP(VALUE(TRIM(CLEAN(RIGHT(TableM3[[#This Row],[Down]],2)))),TableLasers[],COLUMN(TableLasers[S-DPH]),FALSE))","v":10800},{"$f":"SUM(LEFT(TableM3[[#This Row],[Main]],2)*VLOOKUP(VALUE(TRIM(CLEAN(RIGHT(TableM3[[#This Row],[Main]],2)))),TableLasers[],COLUMN(TableLasers[H-DPH]),FALSE),LEFT(TableM3[[#This Row],[Front]],2)*VLOOKUP(VALUE(TRIM(CLEAN(RIGHT(TableM3[[#This Row],[Front]],2)))),TableLasers[],COLUMN(TableLasers[H-DPH]),FALSE),LEFT(TableM3[[#This Row],[Back]],2)*VLOOKUP(VALUE(TRIM(CLEAN(RIGHT(TableM3[[#This Row],[Back]],2)))),TableLasers[],COLUMN(TableLasers[H-DPH]),FALSE),LEFT(TableM3[[#This Row],[Left]],2)*VLOOKUP(VALUE(TRIM(CLEAN(RIGHT(TableM3[[#This Row],[Left]],2)))),TableLasers[],COLUMN(TableLasers[H-DPH]),FALSE),LEFT(TableM3[[#This Row],[Right]],2)*VLOOKUP(VALUE(TRIM(CLEAN(RIGHT(TableM3[[#This Row],[Right]],2)))),TableLasers[],COLUMN(TableLasers[H-DPH]),FALSE),LEFT(TableM3[[#This Row],[Up]],2)*VLOOKUP(VALUE(TRIM(CLEAN(RIGHT(TableM3[[#This Row],[Up]],2)))),TableLasers[],COLUMN(TableLasers[H-DPH]),FALSE),LEFT(TableM3[[#This Row],[Down]],2)*VLOOKUP(VALUE(TRIM(CLEAN(RIGHT(TableM3[[#This Row],[Down]],2)))),TableLasers[],COLUMN(TableLasers[H-DPH]),FALSE))","v":96},"08::08","00::00","00::00","00::00","00::00","00::00","00::00",8,null,null,null,null,null,null,"0,1,4,5,8,9",null,null,null,null,null,null,"0,1,3,5,12,17,22,23,35"]
[350,"Teladi","M3","Enhanced Kea","Experimental",210.75,84.3,32,"L",16000,"25 MJ ",6,1350,44.091710758377403,12,8000,200,900,0,{"$f":"SUM(LEFT(TableM3[[#This Row],[Main]],2)*VLOOKUP(VALUE(TRIM(CLEAN(RIGHT(TableM3[[#This Row],[Main]],2)))),TableLasers[],COLUMN(TableLasers[S-DPH]),FALSE),LEFT(TableM3[[#This Row],[Front]],2)*VLOOKUP(VALUE(TRIM(CLEAN(RIGHT(TableM3[[#This Row],[Front]],2)))),TableLasers[],COLUMN(TableLasers[S-DPH]),FALSE),LEFT(TableM3[[#This Row],[Back]],2)*VLOOKUP(VALUE(TRIM(CLEAN(RIGHT(TableM3[[#This Row],[Back]],2)))),TableLasers[],COLUMN(TableLasers[S-DPH]),FALSE),LEFT(TableM3[[#This Row],[Left]],2)*VLOOKUP(VALUE(TRIM(CLEAN(RIGHT(TableM3[[#This Row],[Left]],2)))),TableLasers[],COLUMN(TableLasers[S-DPH]),FALSE),LEFT(TableM3[[#This Row],[Right]],2)*VLOOKUP(VALUE(TRIM(CLEAN(RIGHT(TableM3[[#This Row],[Right]],2)))),TableLasers[],COLUMN(TableLasers[S-DPH]),FALSE),LEFT(TableM3[[#This Row],[Up]],2)*VLOOKUP(VALUE(TRIM(CLEAN(RIGHT(TableM3[[#This Row],[Up]],2)))),TableLasers[],COLUMN(TableLasers[S-DPH]),FALSE),LEFT(TableM3[[#This Row],[Down]],2)*VLOOKUP(VALUE(TRIM(CLEAN(RIGHT(TableM3[[#This Row],[Down]],2)))),TableLasers[],COLUMN(TableLasers[S-DPH]),FALSE))","v":44668},{"$f":"SUM(LEFT(TableM3[[#This Row],[Main]],2)*VLOOKUP(VALUE(TRIM(CLEAN(RIGHT(TableM3[[#This Row],[Main]],2)))),TableLasers[],COLUMN(TableLasers[H-DPH]),FALSE),LEFT(TableM3[[#This Row],[Front]],2)*VLOOKUP(VALUE(TRIM(CLEAN(RIGHT(TableM3[[#This Row],[Front]],2)))),TableLasers[],COLUMN(TableLasers[H-DPH]),FALSE),LEFT(TableM3[[#This Row],[Back]],2)*VLOOKUP(VALUE(TRIM(CLEAN(RIGHT(TableM3[[#This Row],[Back]],2)))),TableLasers[],COLUMN(TableLasers[H-DPH]),FALSE),LEFT(TableM3[[#This Row],[Left]],2)*VLOOKUP(VALUE(TRIM(CLEAN(RIGHT(TableM3[[#This Row],[Left]],2)))),TableLasers[],COLUMN(TableLasers[H-DPH]),FALSE),LEFT(TableM3[[#This Row],[Right]],2)*VLOOKUP(VALUE(TRIM(CLEAN(RIGHT(TableM3[[#This Row],[Right]],2)))),TableLasers[],COLUMN(TableLasers[H-DPH]),FALSE),LEFT(TableM3[[#This Row],[Up]],2)*VLOOKUP(VALUE(TRIM(CLEAN(RIGHT(TableM3[[#This Row],[Up]],2)))),TableLasers[],COLUMN(TableLasers[H-DPH]),FALSE),LEFT(TableM3[[#This Row],[Down]],2)*VLOOKUP(VALUE(TRIM(CLEAN(RIGHT(TableM3[[#This Row],[Down]],2)))),TableLasers[],COLUMN(TableLasers[H-DPH]),FALSE))","v":8188},"08::06","02::05","02::05","00::00","00::00","00::00","00::00",8,2,2,null,null,null,null,"0,1,4,5,6,7,8,2","0,1,5","0,1,5",null,null,null,null,"0,1,3,5,12,17,22,23,35"]
[353,"Teladi","M3","Falcon Prototype",null,213.32079999999999,96.963999999999999,28,"L",14652,"25 MJ ",5,890,88.183421516754805,10,4440,119.99988,706,0,{"$f":"SUM(LEFT(TableM3[[#This Row],[Main]],2)*VLOOKUP(VALUE(TRIM(CLEAN(RIGHT(TableM3[[#This Row],[Main]],2)))),TableLasers[],COLUMN(TableLasers[S-DPH]),FALSE),LEFT(TableM3[[#This Row],[Front]],2)*VLOOKUP(VALUE(TRIM(CLEAN(RIGHT(TableM3[[#This Row],[Front]],2)))),TableLasers[],COLUMN(TableLasers[S-DPH]),FALSE),LEFT(TableM3[[#This Row],[Back]],2)*VLOOKUP(VALUE(TRIM(CLEAN(RIGHT(TableM3[[#This Row],[Back]],2)))),TableLasers[],COLUMN(TableLasers[S-DPH]),FALSE),LEFT(TableM3[[#This Row],[Left]],2)*VLOOKUP(VALUE(TRIM(CLEAN(RIGHT(TableM3[[#This Row],[Left]],2)))),TableLasers[],COLUMN(TableLasers[S-DPH]),FALSE),LEFT(TableM3[[#This Row],[Right]],2)*VLOOKUP(VALUE(TRIM(CLEAN(RIGHT(TableM3[[#This Row],[Right]],2)))),TableLasers[],COLUMN(TableLasers[S-DPH]),FALSE),LEFT(TableM3[[#This Row],[Up]],2)*VLOOKUP(VALUE(TRIM(CLEAN(RIGHT(TableM3[[#This Row],[Up]],2)))),TableLasers[],COLUMN(TableLasers[S-DPH]),FALSE),LEFT(TableM3[[#This Row],[Down]],2)*VLOOKUP(VALUE(TRIM(CLEAN(RIGHT(TableM3[[#This Row],[Down]],2)))),TableLasers[],COLUMN(TableLasers[S-DPH]),FALSE))","v":43294},{"$f":"SUM(LEFT(TableM3[[#This Row],[Main]],2)*VLOOKUP(VALUE(TRIM(CLEAN(RIGHT(TableM3[[#This Row],[Main]],2)))),TableLasers[],COLUMN(TableLasers[H-DPH]),FALSE),LEFT(TableM3[[#This Row],[Front]],2)*VLOOKUP(VALUE(TRIM(CLEAN(RIGHT(TableM3[[#This Row],[Front]],2)))),TableLasers[],COLUMN(TableLasers[H-DPH]),FALSE),LEFT(TableM3[[#This Row],[Back]],2)*VLOOKUP(VALUE(TRIM(CLEAN(RIGHT(TableM3[[#This Row],[Back]],2)))),TableLasers[],COLUMN(TableLasers[H-DPH]),FALSE),LEFT(TableM3[[#This Row],[Left]],2)*VLOOKUP(VALUE(TRIM(CLEAN(RIGHT(TableM3[[#This Row],[Left]],2)))),TableLasers[],COLUMN(TableLasers[H-DPH]),FALSE),LEFT(TableM3[[#This Row],[Right]],2)*VLOOKUP(VALUE(TRIM(CLEAN(RIGHT(TableM3[[#This Row],[Right]],2)))),TableLasers[],COLUMN(TableLasers[H-DPH]),FALSE),LEFT(TableM3[[#This Row],[Up]],2)*VLOOKUP(VALUE(TRIM(CLEAN(RIGHT(TableM3[[#This Row],[Up]],2)))),TableLasers[],COLUMN(TableLasers[H-DPH]),FALSE),LEFT(TableM3[[#This Row],[Down]],2)*VLOOKUP(VALUE(TRIM(CLEAN(RIGHT(TableM3[[#This Row],[Down]],2)))),TableLasers[],COLUMN(TableLasers[H-DPH]),FALSE))","v":7934},"08::06","00::00","02::05","00::00","00::00","00::00","00::00",8,null,2,null,null,null,null,"0,1,4,5,6,7,9,2",null,"0,1,5",null,null,null,null,"0,1,3,5,12,17,22,23,35"]
[356,"Pirates","M3","Eclipse","Raider",234.7184,83.828000000000003,35,"L",11250,"25 MJ ",4,2500,44.091710758377403,12,7800,195,332,0,{"$f":"SUM(LEFT(TableM3[[#This Row],[Main]],2)*VLOOKUP(VALUE(TRIM(CLEAN(RIGHT(TableM3[[#This Row],[Main]],2)))),TableLasers[],COLUMN(TableLasers[S-DPH]),FALSE),LEFT(TableM3[[#This Row],[Front]],2)*VLOOKUP(VALUE(TRIM(CLEAN(RIGHT(TableM3[[#This Row],[Front]],2)))),TableLasers[],COLUMN(TableLasers[S-DPH]),FALSE),LEFT(TableM3[[#This Row],[Back]],2)*VLOOKUP(VALUE(TRIM(CLEAN(RIGHT(TableM3[[#This Row],[Back]],2)))),TableLasers[],COLUMN(TableLasers[S-DPH]),FALSE),LEFT(TableM3[[#This Row],[Left]],2)*VLOOKUP(VALUE(TRIM(CLEAN(RIGHT(TableM3[[#This Row],[Left]],2)))),TableLasers[],COLUMN(TableLasers[S-DPH]),FALSE),LEFT(TableM3[[#This Row],[Right]],2)*VLOOKUP(VALUE(TRIM(CLEAN(RIGHT(TableM3[[#This Row],[Right]],2)))),TableLasers[],COLUMN(TableLasers[S-DPH]),FALSE),LEFT(TableM3[[#This Row],[Up]],2)*VLOOKUP(VALUE(TRIM(CLEAN(RIGHT(TableM3[[#This Row],[Up]],2)))),TableLasers[],COLUMN(TableLasers[S-DPH]),FALSE),LEFT(TableM3[[#This Row],[Down]],2)*VLOOKUP(VALUE(TRIM(CLEAN(RIGHT(TableM3[[#This Row],[Down]],2)))),TableLasers[],COLUMN(TableLasers[S-DPH]),FALSE))","v":29600},{"$f":"SUM(LEFT(TableM3[[#This Row],[Main]],2)*VLOOKUP(VALUE(TRIM(CLEAN(RIGHT(TableM3[[#This Row],[Main]],2)))),TableLasers[],COLUMN(TableLasers[H-DPH]),FALSE),LEFT(TableM3[[#This Row],[Front]],2)*VLOOKUP(VALUE(TRIM(CLEAN(RIGHT(TableM3[[#This Row],[Front]],2)))),TableLasers[],COLUMN(TableLasers[H-DPH]),FALSE),LEFT(TableM3[[#This Row],[Back]],2)*VLOOKUP(VALUE(TRIM(CLEAN(RIGHT(TableM3[[#This Row],[Back]],2)))),TableLasers[],COLUMN(TableLasers[H-DPH]),FALSE),LEFT(TableM3[[#This Row],[Left]],2)*VLOOKUP(VALUE(TRIM(CLEAN(RIGHT(TableM3[[#This Row],[Left]],2)))),TableLasers[],COLUMN(TableLasers[H-DPH]),FALSE),LEFT(TableM3[[#This Row],[Right]],2)*VLOOKUP(VALUE(TRIM(CLEAN(RIGHT(TableM3[[#This Row],[Right]],2)))),TableLasers[],COLUMN(TableLasers[H-DPH]),FALSE),LEFT(TableM3[[#This Row],[Up]],2)*VLOOKUP(VALUE(TRIM(CLEAN(RIGHT(TableM3[[#This Row],[Up]],2)))),TableLasers[],COLUMN(TableLasers[H-DPH]),FALSE),LEFT(TableM3[[#This Row],[Down]],2)*VLOOKUP(VALUE(TRIM(CLEAN(RIGHT(TableM3[[#This Row],[Down]],2)))),TableLasers[],COLUMN(TableLasers[H-DPH]),FALSE))","v":5440},"08::04","02::06","02::06","00::00","00::00","00::00","00::00",8,2,2,null,null,null,null,"0,1,3,4,2","0,1,3,6,7","0,1,3,6,7",null,null,null,null,"0,1,3,5,12,17,22,23,35"]
[357,"Pirates","M3","Blastclaw Prototype",null,293.51839999999999,104.828,35,"L",13000,"25 MJ ",4,1215,44.091710758377403,10,10300,357.47179999999997,550,0,{"$f":"SUM(LEFT(TableM3[[#This Row],[Main]],2)*VLOOKUP(VALUE(TRIM(CLEAN(RIGHT(TableM3[[#This Row],[Main]],2)))),TableLasers[],COLUMN(TableLasers[S-DPH]),FALSE),LEFT(TableM3[[#This Row],[Front]],2)*VLOOKUP(VALUE(TRIM(CLEAN(RIGHT(TableM3[[#This Row],[Front]],2)))),TableLasers[],COLUMN(TableLasers[S-DPH]),FALSE),LEFT(TableM3[[#This Row],[Back]],2)*VLOOKUP(VALUE(TRIM(CLEAN(RIGHT(TableM3[[#This Row],[Back]],2)))),TableLasers[],COLUMN(TableLasers[S-DPH]),FALSE),LEFT(TableM3[[#This Row],[Left]],2)*VLOOKUP(VALUE(TRIM(CLEAN(RIGHT(TableM3[[#This Row],[Left]],2)))),TableLasers[],COLUMN(TableLasers[S-DPH]),FALSE),LEFT(TableM3[[#This Row],[Right]],2)*VLOOKUP(VALUE(TRIM(CLEAN(RIGHT(TableM3[[#This Row],[Right]],2)))),TableLasers[],COLUMN(TableLasers[S-DPH]),FALSE),LEFT(TableM3[[#This Row],[Up]],2)*VLOOKUP(VALUE(TRIM(CLEAN(RIGHT(TableM3[[#This Row],[Up]],2)))),TableLasers[],COLUMN(TableLasers[S-DPH]),FALSE),LEFT(TableM3[[#This Row],[Down]],2)*VLOOKUP(VALUE(TRIM(CLEAN(RIGHT(TableM3[[#This Row],[Down]],2)))),TableLasers[],COLUMN(TableLasers[S-DPH]),FALSE))","v":52400},{"$f":"SUM(LEFT(TableM3[[#This Row],[Main]],2)*VLOOKUP(VALUE(TRIM(CLEAN(RIGHT(TableM3[[#This Row],[Main]],2)))),TableLasers[],COLUMN(TableLasers[H-DPH]),FALSE),LEFT(TableM3[[#This Row],[Front]],2)*VLOOKUP(VALUE(TRIM(CLEAN(RIGHT(TableM3[[#This Row],[Front]],2)))),TableLasers[],COLUMN(TableLasers[H-DPH]),FALSE),LEFT(TableM3[[#This Row],[Back]],2)*VLOOKUP(VALUE(TRIM(CLEAN(RIGHT(TableM3[[#This Row],[Back]],2)))),TableLasers[],COLUMN(TableLasers[H-DPH]),FALSE),LEFT(TableM3[[#This Row],[Left]],2)*VLOOKUP(VALUE(TRIM(CLEAN(RIGHT(TableM3[[#This Row],[Left]],2)))),TableLasers[],COLUMN(TableLasers[H-DPH]),FALSE),LEFT(TableM3[[#This Row],[Right]],2)*VLOOKUP(VALUE(TRIM(CLEAN(RIGHT(TableM3[[#This Row],[Right]],2)))),TableLasers[],COLUMN(TableLasers[H-DPH]),FALSE),LEFT(TableM3[[#This Row],[Up]],2)*VLOOKUP(VALUE(TRIM(CLEAN(RIGHT(TableM3[[#This Row],[Up]],2)))),TableLasers[],COLUMN(TableLasers[H-DPH]),FALSE),LEFT(TableM3[[#This Row],[Down]],2)*VLOOKUP(VALUE(TRIM(CLEAN(RIGHT(TableM3[[#This Row],[Down]],2)))),TableLasers[],COLUMN(TableLasers[H-DPH]),FALSE))","v":9600},"04::06","04::06","02::06","00::00","00::00","00::00","00::00",4,4,2,null,null,null,null,"0,1,3,4,5,6,7,8,9,2","0,1,3,6,7","0,1,3,6,7",null,null,null,null,"0,1,3,5,12,17,22,23,35"]
[358,"Yaki","M3","Susanowa Prototype",null,330.10199999999998,110.03400000000001,38,"L",7400,"25 MJ ",3,855,44.091710758377403,10,7000,177.33099999999999,152,0,{"$f":"SUM(LEFT(TableM3[[#This Row],[Main]],2)*VLOOKUP(VALUE(TRIM(CLEAN(RIGHT(TableM3[[#This Row],[Main]],2)))),TableLasers[],COLUMN(TableLasers[S-DPH]),FALSE),LEFT(TableM3[[#This Row],[Front]],2)*VLOOKUP(VALUE(TRIM(CLEAN(RIGHT(TableM3[[#This Row],[Front]],2)))),TableLasers[],COLUMN(TableLasers[S-DPH]),FALSE),LEFT(TableM3[[#This Row],[Back]],2)*VLOOKUP(VALUE(TRIM(CLEAN(RIGHT(TableM3[[#This Row],[Back]],2)))),TableLasers[],COLUMN(TableLasers[S-DPH]),FALSE),LEFT(TableM3[[#This Row],[Left]],2)*VLOOKUP(VALUE(TRIM(CLEAN(RIGHT(TableM3[[#This Row],[Left]],2)))),TableLasers[],COLUMN(TableLasers[S-DPH]),FALSE),LEFT(TableM3[[#This Row],[Right]],2)*VLOOKUP(VALUE(TRIM(CLEAN(RIGHT(TableM3[[#This Row],[Right]],2)))),TableLasers[],COLUMN(TableLasers[S-DPH]),FALSE),LEFT(TableM3[[#This Row],[Up]],2)*VLOOKUP(VALUE(TRIM(CLEAN(RIGHT(TableM3[[#This Row],[Up]],2)))),TableLasers[],COLUMN(TableLasers[S-DPH]),FALSE),LEFT(TableM3[[#This Row],[Down]],2)*VLOOKUP(VALUE(TRIM(CLEAN(RIGHT(TableM3[[#This Row],[Down]],2)))),TableLasers[],COLUMN(TableLasers[S-DPH]),FALSE))","v":52400},{"$f":"SUM(LEFT(TableM3[[#This Row],[Main]],2)*VLOOKUP(VALUE(TRIM(CLEAN(RIGHT(TableM3[[#This Row],[Main]],2)))),TableLasers[],COLUMN(TableLasers[H-DPH]),FALSE),LEFT(TableM3[[#This Row],[Front]],2)*VLOOKUP(VALUE(TRIM(CLEAN(RIGHT(TableM3[[#This Row],[Front]],2)))),TableLasers[],COLUMN(TableLasers[H-DPH]),FALSE),LEFT(TableM3[[#This Row],[Back]],2)*VLOOKUP(VALUE(TRIM(CLEAN(RIGHT(TableM3[[#This Row],[Back]],2)))),TableLasers[],COLUMN(TableLasers[H-DPH]),FALSE),LEFT(TableM3[[#This Row],[Left]],2)*VLOOKUP(VALUE(TRIM(CLEAN(RIGHT(TableM3[[#This Row],[Left]],2)))),TableLasers[],COLUMN(TableLasers[H-DPH]),FALSE),LEFT(TableM3[[#This Row],[Right]],2)*VLOOKUP(VALUE(TRIM(CLEAN(RIGHT(TableM3[[#This Row],[Right]],2)))),TableLasers[],COLUMN(TableLasers[H-DPH]),FALSE),LEFT(TableM3[[#This Row],[Up]],2)*VLOOKUP(VALUE(TRIM(CLEAN(RIGHT(TableM3[[#This Row],[Up]],2)))),TableLasers[],COLUMN(TableLasers[H-DPH]),FALSE),LEFT(TableM3[[#This Row],[Down]],2)*VLOOKUP(VALUE(TRIM(CLEAN(RIGHT(TableM3[[#This Row],[Down]],2)))),TableLasers[],COLUMN(TableLasers[H-DPH]),FALSE))","v":9600},"08::06","00::00","02::06","00::00","00::00","00::00","00::00",8,null,2,null,null,null,null,"0,1,3,4,5,6,7,9,2",null,"0,1,6,7",null,null,null,null,"0,1,3,5,12,17,22,23,35"]
[372,"Terran","M3","Xperimental Shuttle",null,346,138.4,25,"L",8000,"200 MJ  ",2,1000,227.272727272727,10,9000,233.99100000000001,350,0,{"$f":"SUM(LEFT(TableM3[[#This Row],[Main]],2)*VLOOKUP(VALUE(TRIM(CLEAN(RIGHT(TableM3[[#This Row],[Main]],2)))),TableLasers[],COLUMN(TableLasers[S-DPH]),FALSE),LEFT(TableM3[[#This Row],[Front]],2)*VLOOKUP(VALUE(TRIM(CLEAN(RIGHT(TableM3[[#This Row],[Front]],2)))),TableLasers[],COLUMN(TableLasers[S-DPH]),FALSE),LEFT(TableM3[[#This Row],[Back]],2)*VLOOKUP(VALUE(TRIM(CLEAN(RIGHT(TableM3[[#This Row],[Back]],2)))),TableLasers[],COLUMN(TableLasers[S-DPH]),FALSE),LEFT(TableM3[[#This Row],[Left]],2)*VLOOKUP(VALUE(TRIM(CLEAN(RIGHT(TableM3[[#This Row],[Left]],2)))),TableLasers[],COLUMN(TableLasers[S-DPH]),FALSE),LEFT(TableM3[[#This Row],[Right]],2)*VLOOKUP(VALUE(TRIM(CLEAN(RIGHT(TableM3[[#This Row],[Right]],2)))),TableLasers[],COLUMN(TableLasers[S-DPH]),FALSE),LEFT(TableM3[[#This Row],[Up]],2)*VLOOKUP(VALUE(TRIM(CLEAN(RIGHT(TableM3[[#This Row],[Up]],2)))),TableLasers[],COLUMN(TableLasers[S-DPH]),FALSE),LEFT(TableM3[[#This Row],[Down]],2)*VLOOKUP(VALUE(TRIM(CLEAN(RIGHT(TableM3[[#This Row],[Down]],2)))),TableLasers[],COLUMN(TableLasers[S-DPH]),FALSE))","v":13920},{"$f":"SUM(LEFT(TableM3[[#This Row],[Main]],2)*VLOOKUP(VALUE(TRIM(CLEAN(RIGHT(TableM3[[#This Row],[Main]],2)))),TableLasers[],COLUMN(TableLasers[H-DPH]),FALSE),LEFT(TableM3[[#This Row],[Front]],2)*VLOOKUP(VALUE(TRIM(CLEAN(RIGHT(TableM3[[#This Row],[Front]],2)))),TableLasers[],COLUMN(TableLasers[H-DPH]),FALSE),LEFT(TableM3[[#This Row],[Back]],2)*VLOOKUP(VALUE(TRIM(CLEAN(RIGHT(TableM3[[#This Row],[Back]],2)))),TableLasers[],COLUMN(TableLasers[H-DPH]),FALSE),LEFT(TableM3[[#This Row],[Left]],2)*VLOOKUP(VALUE(TRIM(CLEAN(RIGHT(TableM3[[#This Row],[Left]],2)))),TableLasers[],COLUMN(TableLasers[H-DPH]),FALSE),LEFT(TableM3[[#This Row],[Right]],2)*VLOOKUP(VALUE(TRIM(CLEAN(RIGHT(TableM3[[#This Row],[Right]],2)))),TableLasers[],COLUMN(TableLasers[H-DPH]),FALSE),LEFT(TableM3[[#This Row],[Up]],2)*VLOOKUP(VALUE(TRIM(CLEAN(RIGHT(TableM3[[#This Row],[Up]],2)))),TableLasers[],COLUMN(TableLasers[H-DPH]),FALSE),LEFT(TableM3[[#This Row],[Down]],2)*VLOOKUP(VALUE(TRIM(CLEAN(RIGHT(TableM3[[#This Row],[Down]],2)))),TableLasers[],COLUMN(TableLasers[H-DPH]),FALSE))","v":2718},"06::11","00::00","00::00","00::00","00::00","00::00","00::00",6,null,null,null,null,2,2,"0,1,4,5,8,10,11,29,35",null,null,null,null,null,null,"0,1,3,5,12,17,22,23,24,27,36,37,38,35"]
[373,null,"M3","Aamon Prototype",null,205,82,35,"L",10000,"25 MJ ",6,1100,88.183421516754805,12,8500,265.625,255,0,{"$f":"SUM(LEFT(TableM3[[#This Row],[Main]],2)*VLOOKUP(VALUE(TRIM(CLEAN(RIGHT(TableM3[[#This Row],[Main]],2)))),TableLasers[],COLUMN(TableLasers[S-DPH]),FALSE),LEFT(TableM3[[#This Row],[Front]],2)*VLOOKUP(VALUE(TRIM(CLEAN(RIGHT(TableM3[[#This Row],[Front]],2)))),TableLasers[],COLUMN(TableLasers[S-DPH]),FALSE),LEFT(TableM3[[#This Row],[Back]],2)*VLOOKUP(VALUE(TRIM(CLEAN(RIGHT(TableM3[[#This Row],[Back]],2)))),TableLasers[],COLUMN(TableLasers[S-DPH]),FALSE),LEFT(TableM3[[#This Row],[Left]],2)*VLOOKUP(VALUE(TRIM(CLEAN(RIGHT(TableM3[[#This Row],[Left]],2)))),TableLasers[],COLUMN(TableLasers[S-DPH]),FALSE),LEFT(TableM3[[#This Row],[Right]],2)*VLOOKUP(VALUE(TRIM(CLEAN(RIGHT(TableM3[[#This Row],[Right]],2)))),TableLasers[],COLUMN(TableLasers[S-DPH]),FALSE),LEFT(TableM3[[#This Row],[Up]],2)*VLOOKUP(VALUE(TRIM(CLEAN(RIGHT(TableM3[[#This Row],[Up]],2)))),TableLasers[],COLUMN(TableLasers[S-DPH]),FALSE),LEFT(TableM3[[#This Row],[Down]],2)*VLOOKUP(VALUE(TRIM(CLEAN(RIGHT(TableM3[[#This Row],[Down]],2)))),TableLasers[],COLUMN(TableLasers[S-DPH]),FALSE))","v":27840},{"$f":"SUM(LEFT(TableM3[[#This Row],[Main]],2)*VLOOKUP(VALUE(TRIM(CLEAN(RIGHT(TableM3[[#This Row],[Main]],2)))),TableLasers[],COLUMN(TableLasers[H-DPH]),FALSE),LEFT(TableM3[[#This Row],[Front]],2)*VLOOKUP(VALUE(TRIM(CLEAN(RIGHT(TableM3[[#This Row],[Front]],2)))),TableLasers[],COLUMN(TableLasers[H-DPH]),FALSE),LEFT(TableM3[[#This Row],[Back]],2)*VLOOKUP(VALUE(TRIM(CLEAN(RIGHT(TableM3[[#This Row],[Back]],2)))),TableLasers[],COLUMN(TableLasers[H-DPH]),FALSE),LEFT(TableM3[[#This Row],[Left]],2)*VLOOKUP(VALUE(TRIM(CLEAN(RIGHT(TableM3[[#This Row],[Left]],2)))),TableLasers[],COLUMN(TableLasers[H-DPH]),FALSE),LEFT(TableM3[[#This Row],[Right]],2)*VLOOKUP(VALUE(TRIM(CLEAN(RIGHT(TableM3[[#This Row],[Right]],2)))),TableLasers[],COLUMN(TableLasers[H-DPH]),FALSE),LEFT(TableM3[[#This Row],[Up]],2)*VLOOKUP(VALUE(TRIM(CLEAN(RIGHT(TableM3[[#This Row],[Up]],2)))),TableLasers[],COLUMN(TableLasers[H-DPH]),FALSE),LEFT(TableM3[[#This Row],[Down]],2)*VLOOKUP(VALUE(TRIM(CLEAN(RIGHT(TableM3[[#This Row],[Down]],2)))),TableLasers[],COLUMN(TableLasers[H-DPH]),FALSE))","v":5436},"08::11","02::11","02::11","00::00","00::00","00::00","00::00",8,2,2,null,null,null,null,"0,1,3,4,10,11","0,1,3,4,10,11","0,1,3,4,10,11",null,null,null,null,"0,1,3,5,12,17,22,23,24,27,36,37,38,35"]
[452,null,"M3","zzPLACEHOLDER","Raider",216.97200000000001,80.36,35,"L",9000,"25 MJ ",4,1100,44.091710758377403,12,8000,220,245,0,{"$f":"SUM(LEFT(TableM3[[#This Row],[Main]],2)*VLOOKUP(VALUE(TRIM(CLEAN(RIGHT(TableM3[[#This Row],[Main]],2)))),TableLasers[],COLUMN(TableLasers[S-DPH]),FALSE),LEFT(TableM3[[#This Row],[Front]],2)*VLOOKUP(VALUE(TRIM(CLEAN(RIGHT(TableM3[[#This Row],[Front]],2)))),TableLasers[],COLUMN(TableLasers[S-DPH]),FALSE),LEFT(TableM3[[#This Row],[Back]],2)*VLOOKUP(VALUE(TRIM(CLEAN(RIGHT(TableM3[[#This Row],[Back]],2)))),TableLasers[],COLUMN(TableLasers[S-DPH]),FALSE),LEFT(TableM3[[#This Row],[Left]],2)*VLOOKUP(VALUE(TRIM(CLEAN(RIGHT(TableM3[[#This Row],[Left]],2)))),TableLasers[],COLUMN(TableLasers[S-DPH]),FALSE),LEFT(TableM3[[#This Row],[Right]],2)*VLOOKUP(VALUE(TRIM(CLEAN(RIGHT(TableM3[[#This Row],[Right]],2)))),TableLasers[],COLUMN(TableLasers[S-DPH]),FALSE),LEFT(TableM3[[#This Row],[Up]],2)*VLOOKUP(VALUE(TRIM(CLEAN(RIGHT(TableM3[[#This Row],[Up]],2)))),TableLasers[],COLUMN(TableLasers[S-DPH]),FALSE),LEFT(TableM3[[#This Row],[Down]],2)*VLOOKUP(VALUE(TRIM(CLEAN(RIGHT(TableM3[[#This Row],[Down]],2)))),TableLasers[],COLUMN(TableLasers[S-DPH]),FALSE))","v":0},{"$f":"SUM(LEFT(TableM3[[#This Row],[Main]],2)*VLOOKUP(VALUE(TRIM(CLEAN(RIGHT(TableM3[[#This Row],[Main]],2)))),TableLasers[],COLUMN(TableLasers[H-DPH]),FALSE),LEFT(TableM3[[#This Row],[Front]],2)*VLOOKUP(VALUE(TRIM(CLEAN(RIGHT(TableM3[[#This Row],[Front]],2)))),TableLasers[],COLUMN(TableLasers[H-DPH]),FALSE),LEFT(TableM3[[#This Row],[Back]],2)*VLOOKUP(VALUE(TRIM(CLEAN(RIGHT(TableM3[[#This Row],[Back]],2)))),TableLasers[],COLUMN(TableLasers[H-DPH]),FALSE),LEFT(TableM3[[#This Row],[Left]],2)*VLOOKUP(VALUE(TRIM(CLEAN(RIGHT(TableM3[[#This Row],[Left]],2)))),TableLasers[],COLUMN(TableLasers[H-DPH]),FALSE),LEFT(TableM3[[#This Row],[Right]],2)*VLOOKUP(VALUE(TRIM(CLEAN(RIGHT(TableM3[[#This Row],[Right]],2)))),TableLasers[],COLUMN(TableLasers[H-DPH]),FALSE),LEFT(TableM3[[#This Row],[Up]],2)*VLOOKUP(VALUE(TRIM(CLEAN(RIGHT(TableM3[[#This Row],[Up]],2)))),TableLasers[],COLUMN(TableLasers[H-DPH]),FALSE),LEFT(TableM3[[#This Row],[Down]],2)*VLOOKUP(VALUE(TRIM(CLEAN(RIGHT(TableM3[[#This Row],[Down]],2)))),TableLasers[],COLUMN(TableLasers[H-DPH]),FALSE))","v":0},"00::00","00::00","00::00","00::00","00::00","00::00","00::00",8,null,2]
[453,"ATF","M3","Thor","Prototype",291.20080000000002,132.364,30,"L",7000,"25 MJ ",6,1075,88.183421516754805,12,9700,310.39999999999998,200,0,{"$f":"SUM(LEFT(TableM3[[#This Row],[Main]],2)*VLOOKUP(VALUE(TRIM(CLEAN(RIGHT(TableM3[[#This Row],[Main]],2)))),TableLasers[],COLUMN(TableLasers[S-DPH]),FALSE),LEFT(TableM3[[#This Row],[Front]],2)*VLOOKUP(VALUE(TRIM(CLEAN(RIGHT(TableM3[[#This Row],[Front]],2)))),TableLasers[],COLUMN(TableLasers[S-DPH]),FALSE),LEFT(TableM3[[#This Row],[Back]],2)*VLOOKUP(VALUE(TRIM(CLEAN(RIGHT(TableM3[[#This Row],[Back]],2)))),TableLasers[],COLUMN(TableLasers[S-DPH]),FALSE),LEFT(TableM3[[#This Row],[Left]],2)*VLOOKUP(VALUE(TRIM(CLEAN(RIGHT(TableM3[[#This Row],[Left]],2)))),TableLasers[],COLUMN(TableLasers[S-DPH]),FALSE),LEFT(TableM3[[#This Row],[Right]],2)*VLOOKUP(VALUE(TRIM(CLEAN(RIGHT(TableM3[[#This Row],[Right]],2)))),TableLasers[],COLUMN(TableLasers[S-DPH]),FALSE),LEFT(TableM3[[#This Row],[Up]],2)*VLOOKUP(VALUE(TRIM(CLEAN(RIGHT(TableM3[[#This Row],[Up]],2)))),TableLasers[],COLUMN(TableLasers[S-DPH]),FALSE),LEFT(TableM3[[#This Row],[Down]],2)*VLOOKUP(VALUE(TRIM(CLEAN(RIGHT(TableM3[[#This Row],[Down]],2)))),TableLasers[],COLUMN(TableLasers[S-DPH]),FALSE))","v":18560},{"$f":"SUM(LEFT(TableM3[[#This Row],[Main]],2)*VLOOKUP(VALUE(TRIM(CLEAN(RIGHT(TableM3[[#This Row],[Main]],2)))),TableLasers[],COLUMN(TableLasers[H-DPH]),FALSE),LEFT(TableM3[[#This Row],[Front]],2)*VLOOKUP(VALUE(TRIM(CLEAN(RIGHT(TableM3[[#This Row],[Front]],2)))),TableLasers[],COLUMN(TableLasers[H-DPH]),FALSE),LEFT(TableM3[[#This Row],[Back]],2)*VLOOKUP(VALUE(TRIM(CLEAN(RIGHT(TableM3[[#This Row],[Back]],2)))),TableLasers[],COLUMN(TableLasers[H-DPH]),FALSE),LEFT(TableM3[[#This Row],[Left]],2)*VLOOKUP(VALUE(TRIM(CLEAN(RIGHT(TableM3[[#This Row],[Left]],2)))),TableLasers[],COLUMN(TableLasers[H-DPH]),FALSE),LEFT(TableM3[[#This Row],[Right]],2)*VLOOKUP(VALUE(TRIM(CLEAN(RIGHT(TableM3[[#This Row],[Right]],2)))),TableLasers[],COLUMN(TableLasers[H-DPH]),FALSE),LEFT(TableM3[[#This Row],[Up]],2)*VLOOKUP(VALUE(TRIM(CLEAN(RIGHT(TableM3[[#This Row],[Up]],2)))),TableLasers[],COLUMN(TableLasers[H-DPH]),FALSE),LEFT(TableM3[[#This Row],[Down]],2)*VLOOKUP(VALUE(TRIM(CLEAN(RIGHT(TableM3[[#This Row],[Down]],2)))),TableLasers[],COLUMN(TableLasers[H-DPH]),FALSE))","v":3624},"08::11","00::00","00::00","00::00","00::00","00::00","00::00",8,null,4,null,null,null,null,"10,11",null,null,null,null,null,null,"24,27,36,37,38"]
[454,null,"M3","zzPLACEHOLDER","Advanced",204.19839999999999,63.811999999999998,42,"L",7000,"25 MJ ",4,925,44.091710758377403,3,12500,284.8,150,0,{"$f":"SUM(LEFT(TableM3[[#This Row],[Main]],2)*VLOOKUP(VALUE(TRIM(CLEAN(RIGHT(TableM3[[#This Row],[Main]],2)))),TableLasers[],COLUMN(TableLasers[S-DPH]),FALSE),LEFT(TableM3[[#This Row],[Front]],2)*VLOOKUP(VALUE(TRIM(CLEAN(RIGHT(TableM3[[#This Row],[Front]],2)))),TableLasers[],COLUMN(TableLasers[S-DPH]),FALSE),LEFT(TableM3[[#This Row],[Back]],2)*VLOOKUP(VALUE(TRIM(CLEAN(RIGHT(TableM3[[#This Row],[Back]],2)))),TableLasers[],COLUMN(TableLasers[S-DPH]),FALSE),LEFT(TableM3[[#This Row],[Left]],2)*VLOOKUP(VALUE(TRIM(CLEAN(RIGHT(TableM3[[#This Row],[Left]],2)))),TableLasers[],COLUMN(TableLasers[S-DPH]),FALSE),LEFT(TableM3[[#This Row],[Right]],2)*VLOOKUP(VALUE(TRIM(CLEAN(RIGHT(TableM3[[#This Row],[Right]],2)))),TableLasers[],COLUMN(TableLasers[S-DPH]),FALSE),LEFT(TableM3[[#This Row],[Up]],2)*VLOOKUP(VALUE(TRIM(CLEAN(RIGHT(TableM3[[#This Row],[Up]],2)))),TableLasers[],COLUMN(TableLasers[S-DPH]),FALSE),LEFT(TableM3[[#This Row],[Down]],2)*VLOOKUP(VALUE(TRIM(CLEAN(RIGHT(TableM3[[#This Row],[Down]],2)))),TableLasers[],COLUMN(TableLasers[S-DPH]),FALSE))","v":26280},{"$f":"SUM(LEFT(TableM3[[#This Row],[Main]],2)*VLOOKUP(VALUE(TRIM(CLEAN(RIGHT(TableM3[[#This Row],[Main]],2)))),TableLasers[],COLUMN(TableLasers[H-DPH]),FALSE),LEFT(TableM3[[#This Row],[Front]],2)*VLOOKUP(VALUE(TRIM(CLEAN(RIGHT(TableM3[[#This Row],[Front]],2)))),TableLasers[],COLUMN(TableLasers[H-DPH]),FALSE),LEFT(TableM3[[#This Row],[Back]],2)*VLOOKUP(VALUE(TRIM(CLEAN(RIGHT(TableM3[[#This Row],[Back]],2)))),TableLasers[],COLUMN(TableLasers[H-DPH]),FALSE),LEFT(TableM3[[#This Row],[Left]],2)*VLOOKUP(VALUE(TRIM(CLEAN(RIGHT(TableM3[[#This Row],[Left]],2)))),TableLasers[],COLUMN(TableLasers[H-DPH]),FALSE),LEFT(TableM3[[#This Row],[Right]],2)*VLOOKUP(VALUE(TRIM(CLEAN(RIGHT(TableM3[[#This Row],[Right]],2)))),TableLasers[],COLUMN(TableLasers[H-DPH]),FALSE),LEFT(TableM3[[#This Row],[Up]],2)*VLOOKUP(VALUE(TRIM(CLEAN(RIGHT(TableM3[[#This Row],[Up]],2)))),TableLasers[],COLUMN(TableLasers[H-DPH]),FALSE),LEFT(TableM3[[#This Row],[Down]],2)*VLOOKUP(VALUE(TRIM(CLEAN(RIGHT(TableM3[[#This Row],[Down]],2)))),TableLasers[],COLUMN(TableLasers[H-DPH]),FALSE))","v":5637},"03::43","00::00","00::00","00::00","00::00","00::00","00::00",3,null,null,null,null,null,null,"42,43",null,null,null,null,null,null,26]
[461,"Argon","M3","Nova","Mk I",230,92,42,"L",8500,"25 MJ ",2,740,44.091710758377403,5,4800,117.0912,225,0,{"$f":"SUM(LEFT(TableM3[[#This Row],[Main]],2)*VLOOKUP(VALUE(TRIM(CLEAN(RIGHT(TableM3[[#This Row],[Main]],2)))),TableLasers[],COLUMN(TableLasers[S-DPH]),FALSE),LEFT(TableM3[[#This Row],[Front]],2)*VLOOKUP(VALUE(TRIM(CLEAN(RIGHT(TableM3[[#This Row],[Front]],2)))),TableLasers[],COLUMN(TableLasers[S-DPH]),FALSE),LEFT(TableM3[[#This Row],[Back]],2)*VLOOKUP(VALUE(TRIM(CLEAN(RIGHT(TableM3[[#This Row],[Back]],2)))),TableLasers[],COLUMN(TableLasers[S-DPH]),FALSE),LEFT(TableM3[[#This Row],[Left]],2)*VLOOKUP(VALUE(TRIM(CLEAN(RIGHT(TableM3[[#This Row],[Left]],2)))),TableLasers[],COLUMN(TableLasers[S-DPH]),FALSE),LEFT(TableM3[[#This Row],[Right]],2)*VLOOKUP(VALUE(TRIM(CLEAN(RIGHT(TableM3[[#This Row],[Right]],2)))),TableLasers[],COLUMN(TableLasers[S-DPH]),FALSE),LEFT(TableM3[[#This Row],[Up]],2)*VLOOKUP(VALUE(TRIM(CLEAN(RIGHT(TableM3[[#This Row],[Up]],2)))),TableLasers[],COLUMN(TableLasers[S-DPH]),FALSE),LEFT(TableM3[[#This Row],[Down]],2)*VLOOKUP(VALUE(TRIM(CLEAN(RIGHT(TableM3[[#This Row],[Down]],2)))),TableLasers[],COLUMN(TableLasers[S-DPH]),FALSE))","v":5400},{"$f":"SUM(LEFT(TableM3[[#This Row],[Main]],2)*VLOOKUP(VALUE(TRIM(CLEAN(RIGHT(TableM3[[#This Row],[Main]],2)))),TableLasers[],COLUMN(TableLasers[H-DPH]),FALSE),LEFT(TableM3[[#This Row],[Front]],2)*VLOOKUP(VALUE(TRIM(CLEAN(RIGHT(TableM3[[#This Row],[Front]],2)))),TableLasers[],COLUMN(TableLasers[H-DPH]),FALSE),LEFT(TableM3[[#This Row],[Back]],2)*VLOOKUP(VALUE(TRIM(CLEAN(RIGHT(TableM3[[#This Row],[Back]],2)))),TableLasers[],COLUMN(TableLasers[H-DPH]),FALSE),LEFT(TableM3[[#This Row],[Left]],2)*VLOOKUP(VALUE(TRIM(CLEAN(RIGHT(TableM3[[#This Row],[Left]],2)))),TableLasers[],COLUMN(TableLasers[H-DPH]),FALSE),LEFT(TableM3[[#This Row],[Right]],2)*VLOOKUP(VALUE(TRIM(CLEAN(RIGHT(TableM3[[#This Row],[Right]],2)))),TableLasers[],COLUMN(TableLasers[H-DPH]),FALSE),LEFT(TableM3[[#This Row],[Up]],2)*VLOOKUP(VALUE(TRIM(CLEAN(RIGHT(TableM3[[#This Row],[Up]],2)))),TableLasers[],COLUMN(TableLasers[H-DPH]),FALSE),LEFT(TableM3[[#This Row],[Down]],2)*VLOOKUP(VALUE(TRIM(CLEAN(RIGHT(TableM3[[#This Row],[Down]],2)))),TableLasers[],COLUMN(TableLasers[H-DPH]),FALSE))","v":1000},"04::04","00::00","01::04","00::00","00::00","00::00","00::00",4,null,1,null,null,null,null,"0,1,3,4",null,"0,1,4",null,null,null,null,"0,1,3,5,12,17,22,23,35"]
[469,"Boron","M3","Barracuda","Mk I",255.5,102.2,38,"L",9650,"25 MJ ",2,570,44.091710758377403,6,5150,113.26909999999999,195,0,{"$f":"SUM(LEFT(TableM3[[#This Row],[Main]],2)*VLOOKUP(VALUE(TRIM(CLEAN(RIGHT(TableM3[[#This Row],[Main]],2)))),TableLasers[],COLUMN(TableLasers[S-DPH]),FALSE),LEFT(TableM3[[#This Row],[Front]],2)*VLOOKUP(VALUE(TRIM(CLEAN(RIGHT(TableM3[[#This Row],[Front]],2)))),TableLasers[],COLUMN(TableLasers[S-DPH]),FALSE),LEFT(TableM3[[#This Row],[Back]],2)*VLOOKUP(VALUE(TRIM(CLEAN(RIGHT(TableM3[[#This Row],[Back]],2)))),TableLasers[],COLUMN(TableLasers[S-DPH]),FALSE),LEFT(TableM3[[#This Row],[Left]],2)*VLOOKUP(VALUE(TRIM(CLEAN(RIGHT(TableM3[[#This Row],[Left]],2)))),TableLasers[],COLUMN(TableLasers[S-DPH]),FALSE),LEFT(TableM3[[#This Row],[Right]],2)*VLOOKUP(VALUE(TRIM(CLEAN(RIGHT(TableM3[[#This Row],[Right]],2)))),TableLasers[],COLUMN(TableLasers[S-DPH]),FALSE),LEFT(TableM3[[#This Row],[Up]],2)*VLOOKUP(VALUE(TRIM(CLEAN(RIGHT(TableM3[[#This Row],[Up]],2)))),TableLasers[],COLUMN(TableLasers[S-DPH]),FALSE),LEFT(TableM3[[#This Row],[Down]],2)*VLOOKUP(VALUE(TRIM(CLEAN(RIGHT(TableM3[[#This Row],[Down]],2)))),TableLasers[],COLUMN(TableLasers[S-DPH]),FALSE))","v":8100},{"$f":"SUM(LEFT(TableM3[[#This Row],[Main]],2)*VLOOKUP(VALUE(TRIM(CLEAN(RIGHT(TableM3[[#This Row],[Main]],2)))),TableLasers[],COLUMN(TableLasers[H-DPH]),FALSE),LEFT(TableM3[[#This Row],[Front]],2)*VLOOKUP(VALUE(TRIM(CLEAN(RIGHT(TableM3[[#This Row],[Front]],2)))),TableLasers[],COLUMN(TableLasers[H-DPH]),FALSE),LEFT(TableM3[[#This Row],[Back]],2)*VLOOKUP(VALUE(TRIM(CLEAN(RIGHT(TableM3[[#This Row],[Back]],2)))),TableLasers[],COLUMN(TableLasers[H-DPH]),FALSE),LEFT(TableM3[[#This Row],[Left]],2)*VLOOKUP(VALUE(TRIM(CLEAN(RIGHT(TableM3[[#This Row],[Left]],2)))),TableLasers[],COLUMN(TableLasers[H-DPH]),FALSE),LEFT(TableM3[[#This Row],[Right]],2)*VLOOKUP(VALUE(TRIM(CLEAN(RIGHT(TableM3[[#This Row],[Right]],2)))),TableLasers[],COLUMN(TableLasers[H-DPH]),FALSE),LEFT(TableM3[[#This Row],[Up]],2)*VLOOKUP(VALUE(TRIM(CLEAN(RIGHT(TableM3[[#This Row],[Up]],2)))),TableLasers[],COLUMN(TableLasers[H-DPH]),FALSE),LEFT(TableM3[[#This Row],[Down]],2)*VLOOKUP(VALUE(TRIM(CLEAN(RIGHT(TableM3[[#This Row],[Down]],2)))),TableLasers[],COLUMN(TableLasers[H-DPH]),FALSE))","v":72},"06::08","00::00","00::00","00::00","00::00","00::00","00::00",6,null,null,null,null,null,null,"0,1,4,8",null,null,null,null,null,null,"0,1,3,5,12,17,22,23,35"]
[477,"Teladi","M3","Falcon","Mk I",204.54839999999999,97.403999999999996,28,"L",15200,"25 MJ ",3,630,44.091710758377403,4,5975,143.36415,253,0,{"$f":"SUM(LEFT(TableM3[[#This Row],[Main]],2)*VLOOKUP(VALUE(TRIM(CLEAN(RIGHT(TableM3[[#This Row],[Main]],2)))),TableLasers[],COLUMN(TableLasers[S-DPH]),FALSE),LEFT(TableM3[[#This Row],[Front]],2)*VLOOKUP(VALUE(TRIM(CLEAN(RIGHT(TableM3[[#This Row],[Front]],2)))),TableLasers[],COLUMN(TableLasers[S-DPH]),FALSE),LEFT(TableM3[[#This Row],[Back]],2)*VLOOKUP(VALUE(TRIM(CLEAN(RIGHT(TableM3[[#This Row],[Back]],2)))),TableLasers[],COLUMN(TableLasers[S-DPH]),FALSE),LEFT(TableM3[[#This Row],[Left]],2)*VLOOKUP(VALUE(TRIM(CLEAN(RIGHT(TableM3[[#This Row],[Left]],2)))),TableLasers[],COLUMN(TableLasers[S-DPH]),FALSE),LEFT(TableM3[[#This Row],[Right]],2)*VLOOKUP(VALUE(TRIM(CLEAN(RIGHT(TableM3[[#This Row],[Right]],2)))),TableLasers[],COLUMN(TableLasers[S-DPH]),FALSE),LEFT(TableM3[[#This Row],[Up]],2)*VLOOKUP(VALUE(TRIM(CLEAN(RIGHT(TableM3[[#This Row],[Up]],2)))),TableLasers[],COLUMN(TableLasers[S-DPH]),FALSE),LEFT(TableM3[[#This Row],[Down]],2)*VLOOKUP(VALUE(TRIM(CLEAN(RIGHT(TableM3[[#This Row],[Down]],2)))),TableLasers[],COLUMN(TableLasers[S-DPH]),FALSE))","v":2748},{"$f":"SUM(LEFT(TableM3[[#This Row],[Main]],2)*VLOOKUP(VALUE(TRIM(CLEAN(RIGHT(TableM3[[#This Row],[Main]],2)))),TableLasers[],COLUMN(TableLasers[H-DPH]),FALSE),LEFT(TableM3[[#This Row],[Front]],2)*VLOOKUP(VALUE(TRIM(CLEAN(RIGHT(TableM3[[#This Row],[Front]],2)))),TableLasers[],COLUMN(TableLasers[H-DPH]),FALSE),LEFT(TableM3[[#This Row],[Back]],2)*VLOOKUP(VALUE(TRIM(CLEAN(RIGHT(TableM3[[#This Row],[Back]],2)))),TableLasers[],COLUMN(TableLasers[H-DPH]),FALSE),LEFT(TableM3[[#This Row],[Left]],2)*VLOOKUP(VALUE(TRIM(CLEAN(RIGHT(TableM3[[#This Row],[Left]],2)))),TableLasers[],COLUMN(TableLasers[H-DPH]),FALSE),LEFT(TableM3[[#This Row],[Right]],2)*VLOOKUP(VALUE(TRIM(CLEAN(RIGHT(TableM3[[#This Row],[Right]],2)))),TableLasers[],COLUMN(TableLasers[H-DPH]),FALSE),LEFT(TableM3[[#This Row],[Up]],2)*VLOOKUP(VALUE(TRIM(CLEAN(RIGHT(TableM3[[#This Row],[Up]],2)))),TableLasers[],COLUMN(TableLasers[H-DPH]),FALSE),LEFT(TableM3[[#This Row],[Down]],2)*VLOOKUP(VALUE(TRIM(CLEAN(RIGHT(TableM3[[#This Row],[Down]],2)))),TableLasers[],COLUMN(TableLasers[H-DPH]),FALSE))","v":508},"04::05","00::00","00::00","00::00","00::00","00::00","00::00",4,null,null,null,null,null,null,"0,1,5,2",null,null,null,null,null,null,"0,1,3,5,12,17,22,23,35"]
[483,"Split","M3","Mamba","Mk I",285.52159999999998,109.816,35,"L",7300,"25 MJ ",1,630,44.091710758377403,4,6850,164.35890000000001,215,0,{"$f":"SUM(LEFT(TableM3[[#This Row],[Main]],2)*VLOOKUP(VALUE(TRIM(CLEAN(RIGHT(TableM3[[#This Row],[Main]],2)))),TableLasers[],COLUMN(TableLasers[S-DPH]),FALSE),LEFT(TableM3[[#This Row],[Front]],2)*VLOOKUP(VALUE(TRIM(CLEAN(RIGHT(TableM3[[#This Row],[Front]],2)))),TableLasers[],COLUMN(TableLasers[S-DPH]),FALSE),LEFT(TableM3[[#This Row],[Back]],2)*VLOOKUP(VALUE(TRIM(CLEAN(RIGHT(TableM3[[#This Row],[Back]],2)))),TableLasers[],COLUMN(TableLasers[S-DPH]),FALSE),LEFT(TableM3[[#This Row],[Left]],2)*VLOOKUP(VALUE(TRIM(CLEAN(RIGHT(TableM3[[#This Row],[Left]],2)))),TableLasers[],COLUMN(TableLasers[S-DPH]),FALSE),LEFT(TableM3[[#This Row],[Right]],2)*VLOOKUP(VALUE(TRIM(CLEAN(RIGHT(TableM3[[#This Row],[Right]],2)))),TableLasers[],COLUMN(TableLasers[S-DPH]),FALSE),LEFT(TableM3[[#This Row],[Up]],2)*VLOOKUP(VALUE(TRIM(CLEAN(RIGHT(TableM3[[#This Row],[Up]],2)))),TableLasers[],COLUMN(TableLasers[S-DPH]),FALSE),LEFT(TableM3[[#This Row],[Down]],2)*VLOOKUP(VALUE(TRIM(CLEAN(RIGHT(TableM3[[#This Row],[Down]],2)))),TableLasers[],COLUMN(TableLasers[S-DPH]),FALSE))","v":2560},{"$f":"SUM(LEFT(TableM3[[#This Row],[Main]],2)*VLOOKUP(VALUE(TRIM(CLEAN(RIGHT(TableM3[[#This Row],[Main]],2)))),TableLasers[],COLUMN(TableLasers[H-DPH]),FALSE),LEFT(TableM3[[#This Row],[Front]],2)*VLOOKUP(VALUE(TRIM(CLEAN(RIGHT(TableM3[[#This Row],[Front]],2)))),TableLasers[],COLUMN(TableLasers[H-DPH]),FALSE),LEFT(TableM3[[#This Row],[Back]],2)*VLOOKUP(VALUE(TRIM(CLEAN(RIGHT(TableM3[[#This Row],[Back]],2)))),TableLasers[],COLUMN(TableLasers[H-DPH]),FALSE),LEFT(TableM3[[#This Row],[Left]],2)*VLOOKUP(VALUE(TRIM(CLEAN(RIGHT(TableM3[[#This Row],[Left]],2)))),TableLasers[],COLUMN(TableLasers[H-DPH]),FALSE),LEFT(TableM3[[#This Row],[Right]],2)*VLOOKUP(VALUE(TRIM(CLEAN(RIGHT(TableM3[[#This Row],[Right]],2)))),TableLasers[],COLUMN(TableLasers[H-DPH]),FALSE),LEFT(TableM3[[#This Row],[Up]],2)*VLOOKUP(VALUE(TRIM(CLEAN(RIGHT(TableM3[[#This Row],[Up]],2)))),TableLasers[],COLUMN(TableLasers[H-DPH]),FALSE),LEFT(TableM3[[#This Row],[Down]],2)*VLOOKUP(VALUE(TRIM(CLEAN(RIGHT(TableM3[[#This Row],[Down]],2)))),TableLasers[],COLUMN(TableLasers[H-DPH]),FALSE))","v":480},"04::01","00::00","00::00","00::00","00::00","00::00","00::00",4,null,null,null,null,null,null,"0,1,3,9",null,null,null,null,null,null,"0,1,3,5,12,17,22,23,35"]
[489,"Paranid","M3","Perseus","Mk I",244.65100000000001,106.37,38,"L",9000,"25 MJ ",2,720,44.091710758377403,6,5450,119.8673,150,0,{"$f":"SUM(LEFT(TableM3[[#This Row],[Main]],2)*VLOOKUP(VALUE(TRIM(CLEAN(RIGHT(TableM3[[#This Row],[Main]],2)))),TableLasers[],COLUMN(TableLasers[S-DPH]),FALSE),LEFT(TableM3[[#This Row],[Front]],2)*VLOOKUP(VALUE(TRIM(CLEAN(RIGHT(TableM3[[#This Row],[Front]],2)))),TableLasers[],COLUMN(TableLasers[S-DPH]),FALSE),LEFT(TableM3[[#This Row],[Back]],2)*VLOOKUP(VALUE(TRIM(CLEAN(RIGHT(TableM3[[#This Row],[Back]],2)))),TableLasers[],COLUMN(TableLasers[S-DPH]),FALSE),LEFT(TableM3[[#This Row],[Left]],2)*VLOOKUP(VALUE(TRIM(CLEAN(RIGHT(TableM3[[#This Row],[Left]],2)))),TableLasers[],COLUMN(TableLasers[S-DPH]),FALSE),LEFT(TableM3[[#This Row],[Right]],2)*VLOOKUP(VALUE(TRIM(CLEAN(RIGHT(TableM3[[#This Row],[Right]],2)))),TableLasers[],COLUMN(TableLasers[S-DPH]),FALSE),LEFT(TableM3[[#This Row],[Up]],2)*VLOOKUP(VALUE(TRIM(CLEAN(RIGHT(TableM3[[#This Row],[Up]],2)))),TableLasers[],COLUMN(TableLasers[S-DPH]),FALSE),LEFT(TableM3[[#This Row],[Down]],2)*VLOOKUP(VALUE(TRIM(CLEAN(RIGHT(TableM3[[#This Row],[Down]],2)))),TableLasers[],COLUMN(TableLasers[S-DPH]),FALSE))","v":31440},{"$f":"SUM(LEFT(TableM3[[#This Row],[Main]],2)*VLOOKUP(VALUE(TRIM(CLEAN(RIGHT(TableM3[[#This Row],[Main]],2)))),TableLasers[],COLUMN(TableLasers[H-DPH]),FALSE),LEFT(TableM3[[#This Row],[Front]],2)*VLOOKUP(VALUE(TRIM(CLEAN(RIGHT(TableM3[[#This Row],[Front]],2)))),TableLasers[],COLUMN(TableLasers[H-DPH]),FALSE),LEFT(TableM3[[#This Row],[Back]],2)*VLOOKUP(VALUE(TRIM(CLEAN(RIGHT(TableM3[[#This Row],[Back]],2)))),TableLasers[],COLUMN(TableLasers[H-DPH]),FALSE),LEFT(TableM3[[#This Row],[Left]],2)*VLOOKUP(VALUE(TRIM(CLEAN(RIGHT(TableM3[[#This Row],[Left]],2)))),TableLasers[],COLUMN(TableLasers[H-DPH]),FALSE),LEFT(TableM3[[#This Row],[Right]],2)*VLOOKUP(VALUE(TRIM(CLEAN(RIGHT(TableM3[[#This Row],[Right]],2)))),TableLasers[],COLUMN(TableLasers[H-DPH]),FALSE),LEFT(TableM3[[#This Row],[Up]],2)*VLOOKUP(VALUE(TRIM(CLEAN(RIGHT(TableM3[[#This Row],[Up]],2)))),TableLasers[],COLUMN(TableLasers[H-DPH]),FALSE),LEFT(TableM3[[#This Row],[Down]],2)*VLOOKUP(VALUE(TRIM(CLEAN(RIGHT(TableM3[[#This Row],[Down]],2)))),TableLasers[],COLUMN(TableLasers[H-DPH]),FALSE))","v":5760},"06::06","00::00","00::00","00::00","00::00","00::00","00::00",6,null,null,null,null,null,null,"0,1,6,7,9",null,null,null,null,null,null,"0,1,3,5,12,17,22,23,35"]
[495,null,"M3","L","Mk I",221.499,147.666,52,"L",10000,"25 MJ ",2,730,44.091710758377403,4,3700,129.4778,214,0,{"$f":"SUM(LEFT(TableM3[[#This Row],[Main]],2)*VLOOKUP(VALUE(TRIM(CLEAN(RIGHT(TableM3[[#This Row],[Main]],2)))),TableLasers[],COLUMN(TableLasers[S-DPH]),FALSE),LEFT(TableM3[[#This Row],[Front]],2)*VLOOKUP(VALUE(TRIM(CLEAN(RIGHT(TableM3[[#This Row],[Front]],2)))),TableLasers[],COLUMN(TableLasers[S-DPH]),FALSE),LEFT(TableM3[[#This Row],[Back]],2)*VLOOKUP(VALUE(TRIM(CLEAN(RIGHT(TableM3[[#This Row],[Back]],2)))),TableLasers[],COLUMN(TableLasers[S-DPH]),FALSE),LEFT(TableM3[[#This Row],[Left]],2)*VLOOKUP(VALUE(TRIM(CLEAN(RIGHT(TableM3[[#This Row],[Left]],2)))),TableLasers[],COLUMN(TableLasers[S-DPH]),FALSE),LEFT(TableM3[[#This Row],[Right]],2)*VLOOKUP(VALUE(TRIM(CLEAN(RIGHT(TableM3[[#This Row],[Right]],2)))),TableLasers[],COLUMN(TableLasers[S-DPH]),FALSE),LEFT(TableM3[[#This Row],[Up]],2)*VLOOKUP(VALUE(TRIM(CLEAN(RIGHT(TableM3[[#This Row],[Up]],2)))),TableLasers[],COLUMN(TableLasers[S-DPH]),FALSE),LEFT(TableM3[[#This Row],[Down]],2)*VLOOKUP(VALUE(TRIM(CLEAN(RIGHT(TableM3[[#This Row],[Down]],2)))),TableLasers[],COLUMN(TableLasers[S-DPH]),FALSE))","v":9280},{"$f":"SUM(LEFT(TableM3[[#This Row],[Main]],2)*VLOOKUP(VALUE(TRIM(CLEAN(RIGHT(TableM3[[#This Row],[Main]],2)))),TableLasers[],COLUMN(TableLasers[H-DPH]),FALSE),LEFT(TableM3[[#This Row],[Front]],2)*VLOOKUP(VALUE(TRIM(CLEAN(RIGHT(TableM3[[#This Row],[Front]],2)))),TableLasers[],COLUMN(TableLasers[H-DPH]),FALSE),LEFT(TableM3[[#This Row],[Back]],2)*VLOOKUP(VALUE(TRIM(CLEAN(RIGHT(TableM3[[#This Row],[Back]],2)))),TableLasers[],COLUMN(TableLasers[H-DPH]),FALSE),LEFT(TableM3[[#This Row],[Left]],2)*VLOOKUP(VALUE(TRIM(CLEAN(RIGHT(TableM3[[#This Row],[Left]],2)))),TableLasers[],COLUMN(TableLasers[H-DPH]),FALSE),LEFT(TableM3[[#This Row],[Right]],2)*VLOOKUP(VALUE(TRIM(CLEAN(RIGHT(TableM3[[#This Row],[Right]],2)))),TableLasers[],COLUMN(TableLasers[H-DPH]),FALSE),LEFT(TableM3[[#This Row],[Up]],2)*VLOOKUP(VALUE(TRIM(CLEAN(RIGHT(TableM3[[#This Row],[Up]],2)))),TableLasers[],COLUMN(TableLasers[H-DPH]),FALSE),LEFT(TableM3[[#This Row],[Down]],2)*VLOOKUP(VALUE(TRIM(CLEAN(RIGHT(TableM3[[#This Row],[Down]],2)))),TableLasers[],COLUMN(TableLasers[H-DPH]),FALSE))","v":1812},"04::11","00::00","00::00","00::00","00::00","00::00","00::00",4,null,null,null,null,null,null,"0,1,12,4,8,9,10,11",null,null,null,null,null,null,"0,1,3,5,12,17,22,23,35"]
[505,"Terran","M3","Falchion",null,234,117,30,"L",12625,"25 MJ ",4,1200,44.091710758377403,6,4000,150,500,0,{"$f":"SUM(LEFT(TableM3[[#This Row],[Main]],2)*VLOOKUP(VALUE(TRIM(CLEAN(RIGHT(TableM3[[#This Row],[Main]],2)))),TableLasers[],COLUMN(TableLasers[S-DPH]),FALSE),LEFT(TableM3[[#This Row],[Front]],2)*VLOOKUP(VALUE(TRIM(CLEAN(RIGHT(TableM3[[#This Row],[Front]],2)))),TableLasers[],COLUMN(TableLasers[S-DPH]),FALSE),LEFT(TableM3[[#This Row],[Back]],2)*VLOOKUP(VALUE(TRIM(CLEAN(RIGHT(TableM3[[#This Row],[Back]],2)))),TableLasers[],COLUMN(TableLasers[S-DPH]),FALSE),LEFT(TableM3[[#This Row],[Left]],2)*VLOOKUP(VALUE(TRIM(CLEAN(RIGHT(TableM3[[#This Row],[Left]],2)))),TableLasers[],COLUMN(TableLasers[S-DPH]),FALSE),LEFT(TableM3[[#This Row],[Right]],2)*VLOOKUP(VALUE(TRIM(CLEAN(RIGHT(TableM3[[#This Row],[Right]],2)))),TableLasers[],COLUMN(TableLasers[S-DPH]),FALSE),LEFT(TableM3[[#This Row],[Up]],2)*VLOOKUP(VALUE(TRIM(CLEAN(RIGHT(TableM3[[#This Row],[Up]],2)))),TableLasers[],COLUMN(TableLasers[S-DPH]),FALSE),LEFT(TableM3[[#This Row],[Down]],2)*VLOOKUP(VALUE(TRIM(CLEAN(RIGHT(TableM3[[#This Row],[Down]],2)))),TableLasers[],COLUMN(TableLasers[S-DPH]),FALSE))","v":4640},{"$f":"SUM(LEFT(TableM3[[#This Row],[Main]],2)*VLOOKUP(VALUE(TRIM(CLEAN(RIGHT(TableM3[[#This Row],[Main]],2)))),TableLasers[],COLUMN(TableLasers[H-DPH]),FALSE),LEFT(TableM3[[#This Row],[Front]],2)*VLOOKUP(VALUE(TRIM(CLEAN(RIGHT(TableM3[[#This Row],[Front]],2)))),TableLasers[],COLUMN(TableLasers[H-DPH]),FALSE),LEFT(TableM3[[#This Row],[Back]],2)*VLOOKUP(VALUE(TRIM(CLEAN(RIGHT(TableM3[[#This Row],[Back]],2)))),TableLasers[],COLUMN(TableLasers[H-DPH]),FALSE),LEFT(TableM3[[#This Row],[Left]],2)*VLOOKUP(VALUE(TRIM(CLEAN(RIGHT(TableM3[[#This Row],[Left]],2)))),TableLasers[],COLUMN(TableLasers[H-DPH]),FALSE),LEFT(TableM3[[#This Row],[Right]],2)*VLOOKUP(VALUE(TRIM(CLEAN(RIGHT(TableM3[[#This Row],[Right]],2)))),TableLasers[],COLUMN(TableLasers[H-DPH]),FALSE),LEFT(TableM3[[#This Row],[Up]],2)*VLOOKUP(VALUE(TRIM(CLEAN(RIGHT(TableM3[[#This Row],[Up]],2)))),TableLasers[],COLUMN(TableLasers[H-DPH]),FALSE),LEFT(TableM3[[#This Row],[Down]],2)*VLOOKUP(VALUE(TRIM(CLEAN(RIGHT(TableM3[[#This Row],[Down]],2)))),TableLasers[],COLUMN(TableLasers[H-DPH]),FALSE))","v":906},"00::00","00::00","02::11","00::00","00::00","00::00","00::00",null,4,2,null,null,null,null,null,null,"10,11,29,35",null,null,null,null,31]
[514,"ATF","M3","Verdandi",null,349,174.5,30,"L",7300,"25 MJ ",4,1200,44.091710758377403,12,7000,175,190,0,{"$f":"SUM(LEFT(TableM3[[#This Row],[Main]],2)*VLOOKUP(VALUE(TRIM(CLEAN(RIGHT(TableM3[[#This Row],[Main]],2)))),TableLasers[],COLUMN(TableLasers[S-DPH]),FALSE),LEFT(TableM3[[#This Row],[Front]],2)*VLOOKUP(VALUE(TRIM(CLEAN(RIGHT(TableM3[[#This Row],[Front]],2)))),TableLasers[],COLUMN(TableLasers[S-DPH]),FALSE),LEFT(TableM3[[#This Row],[Back]],2)*VLOOKUP(VALUE(TRIM(CLEAN(RIGHT(TableM3[[#This Row],[Back]],2)))),TableLasers[],COLUMN(TableLasers[S-DPH]),FALSE),LEFT(TableM3[[#This Row],[Left]],2)*VLOOKUP(VALUE(TRIM(CLEAN(RIGHT(TableM3[[#This Row],[Left]],2)))),TableLasers[],COLUMN(TableLasers[S-DPH]),FALSE),LEFT(TableM3[[#This Row],[Right]],2)*VLOOKUP(VALUE(TRIM(CLEAN(RIGHT(TableM3[[#This Row],[Right]],2)))),TableLasers[],COLUMN(TableLasers[S-DPH]),FALSE),LEFT(TableM3[[#This Row],[Up]],2)*VLOOKUP(VALUE(TRIM(CLEAN(RIGHT(TableM3[[#This Row],[Up]],2)))),TableLasers[],COLUMN(TableLasers[S-DPH]),FALSE),LEFT(TableM3[[#This Row],[Down]],2)*VLOOKUP(VALUE(TRIM(CLEAN(RIGHT(TableM3[[#This Row],[Down]],2)))),TableLasers[],COLUMN(TableLasers[S-DPH]),FALSE))","v":27840},{"$f":"SUM(LEFT(TableM3[[#This Row],[Main]],2)*VLOOKUP(VALUE(TRIM(CLEAN(RIGHT(TableM3[[#This Row],[Main]],2)))),TableLasers[],COLUMN(TableLasers[H-DPH]),FALSE),LEFT(TableM3[[#This Row],[Front]],2)*VLOOKUP(VALUE(TRIM(CLEAN(RIGHT(TableM3[[#This Row],[Front]],2)))),TableLasers[],COLUMN(TableLasers[H-DPH]),FALSE),LEFT(TableM3[[#This Row],[Back]],2)*VLOOKUP(VALUE(TRIM(CLEAN(RIGHT(TableM3[[#This Row],[Back]],2)))),TableLasers[],COLUMN(TableLasers[H-DPH]),FALSE),LEFT(TableM3[[#This Row],[Left]],2)*VLOOKUP(VALUE(TRIM(CLEAN(RIGHT(TableM3[[#This Row],[Left]],2)))),TableLasers[],COLUMN(TableLasers[H-DPH]),FALSE),LEFT(TableM3[[#This Row],[Right]],2)*VLOOKUP(VALUE(TRIM(CLEAN(RIGHT(TableM3[[#This Row],[Right]],2)))),TableLasers[],COLUMN(TableLasers[H-DPH]),FALSE),LEFT(TableM3[[#This Row],[Up]],2)*VLOOKUP(VALUE(TRIM(CLEAN(RIGHT(TableM3[[#This Row],[Up]],2)))),TableLasers[],COLUMN(TableLasers[H-DPH]),FALSE),LEFT(TableM3[[#This Row],[Down]],2)*VLOOKUP(VALUE(TRIM(CLEAN(RIGHT(TableM3[[#This Row],[Down]],2)))),TableLasers[],COLUMN(TableLasers[H-DPH]),FALSE))","v":5436},"08::11","02::11","02::11","00::00","00::00","00::00","00::00",8,2,2,null,null,null,null,"10,11","10,11,29,35","10,11,29,35",null,null,null,null,"24,27,36,37,38"]
[519,"Argon","M3","Quasar",null,203.5,81.400000000000006,35,"L",12500,"25 MJ ",4,1250,44.091710758377403,8,2800,69.983199999999997,550,0,{"$f":"SUM(LEFT(TableM3[[#This Row],[Main]],2)*VLOOKUP(VALUE(TRIM(CLEAN(RIGHT(TableM3[[#This Row],[Main]],2)))),TableLasers[],COLUMN(TableLasers[S-DPH]),FALSE),LEFT(TableM3[[#This Row],[Front]],2)*VLOOKUP(VALUE(TRIM(CLEAN(RIGHT(TableM3[[#This Row],[Front]],2)))),TableLasers[],COLUMN(TableLasers[S-DPH]),FALSE),LEFT(TableM3[[#This Row],[Back]],2)*VLOOKUP(VALUE(TRIM(CLEAN(RIGHT(TableM3[[#This Row],[Back]],2)))),TableLasers[],COLUMN(TableLasers[S-DPH]),FALSE),LEFT(TableM3[[#This Row],[Left]],2)*VLOOKUP(VALUE(TRIM(CLEAN(RIGHT(TableM3[[#This Row],[Left]],2)))),TableLasers[],COLUMN(TableLasers[S-DPH]),FALSE),LEFT(TableM3[[#This Row],[Right]],2)*VLOOKUP(VALUE(TRIM(CLEAN(RIGHT(TableM3[[#This Row],[Right]],2)))),TableLasers[],COLUMN(TableLasers[S-DPH]),FALSE),LEFT(TableM3[[#This Row],[Up]],2)*VLOOKUP(VALUE(TRIM(CLEAN(RIGHT(TableM3[[#This Row],[Up]],2)))),TableLasers[],COLUMN(TableLasers[S-DPH]),FALSE),LEFT(TableM3[[#This Row],[Down]],2)*VLOOKUP(VALUE(TRIM(CLEAN(RIGHT(TableM3[[#This Row],[Down]],2)))),TableLasers[],COLUMN(TableLasers[S-DPH]),FALSE))","v":4320},{"$f":"SUM(LEFT(TableM3[[#This Row],[Main]],2)*VLOOKUP(VALUE(TRIM(CLEAN(RIGHT(TableM3[[#This Row],[Main]],2)))),TableLasers[],COLUMN(TableLasers[H-DPH]),FALSE),LEFT(TableM3[[#This Row],[Front]],2)*VLOOKUP(VALUE(TRIM(CLEAN(RIGHT(TableM3[[#This Row],[Front]],2)))),TableLasers[],COLUMN(TableLasers[H-DPH]),FALSE),LEFT(TableM3[[#This Row],[Back]],2)*VLOOKUP(VALUE(TRIM(CLEAN(RIGHT(TableM3[[#This Row],[Back]],2)))),TableLasers[],COLUMN(TableLasers[H-DPH]),FALSE),LEFT(TableM3[[#This Row],[Left]],2)*VLOOKUP(VALUE(TRIM(CLEAN(RIGHT(TableM3[[#This Row],[Left]],2)))),TableLasers[],COLUMN(TableLasers[H-DPH]),FALSE),LEFT(TableM3[[#This Row],[Right]],2)*VLOOKUP(VALUE(TRIM(CLEAN(RIGHT(TableM3[[#This Row],[Right]],2)))),TableLasers[],COLUMN(TableLasers[H-DPH]),FALSE),LEFT(TableM3[[#This Row],[Up]],2)*VLOOKUP(VALUE(TRIM(CLEAN(RIGHT(TableM3[[#This Row],[Up]],2)))),TableLasers[],COLUMN(TableLasers[H-DPH]),FALSE),LEFT(TableM3[[#This Row],[Down]],2)*VLOOKUP(VALUE(TRIM(CLEAN(RIGHT(TableM3[[#This Row],[Down]],2)))),TableLasers[],COLUMN(TableLasers[H-DPH]),FALSE))","v":800},"00::00","00::00","02::04","00::00","00::00","02::04","00::00",null,4,2,null,null,2,null,null,null,"0,1,4",null,null,"0,1,4",null,"6,7"]
[520,"Boron","M3","Guppy",null,222.5,89,38,"L",22250,"25 MJ ",3,1060,44.091710758377403,8,2300,135.50219999999999,475,0,{"$f":"SUM(LEFT(TableM3[[#This Row],[Main]],2)*VLOOKUP(VALUE(TRIM(CLEAN(RIGHT(TableM3[[#This Row],[Main]],2)))),TableLasers[],COLUMN(TableLasers[S-DPH]),FALSE),LEFT(TableM3[[#This Row],[Front]],2)*VLOOKUP(VALUE(TRIM(CLEAN(RIGHT(TableM3[[#This Row],[Front]],2)))),TableLasers[],COLUMN(TableLasers[S-DPH]),FALSE),LEFT(TableM3[[#This Row],[Back]],2)*VLOOKUP(VALUE(TRIM(CLEAN(RIGHT(TableM3[[#This Row],[Back]],2)))),TableLasers[],COLUMN(TableLasers[S-DPH]),FALSE),LEFT(TableM3[[#This Row],[Left]],2)*VLOOKUP(VALUE(TRIM(CLEAN(RIGHT(TableM3[[#This Row],[Left]],2)))),TableLasers[],COLUMN(TableLasers[S-DPH]),FALSE),LEFT(TableM3[[#This Row],[Right]],2)*VLOOKUP(VALUE(TRIM(CLEAN(RIGHT(TableM3[[#This Row],[Right]],2)))),TableLasers[],COLUMN(TableLasers[S-DPH]),FALSE),LEFT(TableM3[[#This Row],[Up]],2)*VLOOKUP(VALUE(TRIM(CLEAN(RIGHT(TableM3[[#This Row],[Up]],2)))),TableLasers[],COLUMN(TableLasers[S-DPH]),FALSE),LEFT(TableM3[[#This Row],[Down]],2)*VLOOKUP(VALUE(TRIM(CLEAN(RIGHT(TableM3[[#This Row],[Down]],2)))),TableLasers[],COLUMN(TableLasers[S-DPH]),FALSE))","v":8100},{"$f":"SUM(LEFT(TableM3[[#This Row],[Main]],2)*VLOOKUP(VALUE(TRIM(CLEAN(RIGHT(TableM3[[#This Row],[Main]],2)))),TableLasers[],COLUMN(TableLasers[H-DPH]),FALSE),LEFT(TableM3[[#This Row],[Front]],2)*VLOOKUP(VALUE(TRIM(CLEAN(RIGHT(TableM3[[#This Row],[Front]],2)))),TableLasers[],COLUMN(TableLasers[H-DPH]),FALSE),LEFT(TableM3[[#This Row],[Back]],2)*VLOOKUP(VALUE(TRIM(CLEAN(RIGHT(TableM3[[#This Row],[Back]],2)))),TableLasers[],COLUMN(TableLasers[H-DPH]),FALSE),LEFT(TableM3[[#This Row],[Left]],2)*VLOOKUP(VALUE(TRIM(CLEAN(RIGHT(TableM3[[#This Row],[Left]],2)))),TableLasers[],COLUMN(TableLasers[H-DPH]),FALSE),LEFT(TableM3[[#This Row],[Right]],2)*VLOOKUP(VALUE(TRIM(CLEAN(RIGHT(TableM3[[#This Row],[Right]],2)))),TableLasers[],COLUMN(TableLasers[H-DPH]),FALSE),LEFT(TableM3[[#This Row],[Up]],2)*VLOOKUP(VALUE(TRIM(CLEAN(RIGHT(TableM3[[#This Row],[Up]],2)))),TableLasers[],COLUMN(TableLasers[H-DPH]),FALSE),LEFT(TableM3[[#This Row],[Down]],2)*VLOOKUP(VALUE(TRIM(CLEAN(RIGHT(TableM3[[#This Row],[Down]],2)))),TableLasers[],COLUMN(TableLasers[H-DPH]),FALSE))","v":72},"00::00","04::08","02::08","00::00","00::00","00::00","00::00",null,4,2,null,null,null,null,null,"0,1,8","0,1,8",null,null,null,null,"6,7"]
[521,"Split","M3","Acinonyx",null,247,98.8,35,"L",10000,"25 MJ ",2,1125,44.091710758377403,8,6750,168.70949999999999,500,0,{"$f":"SUM(LEFT(TableM3[[#This Row],[Main]],2)*VLOOKUP(VALUE(TRIM(CLEAN(RIGHT(TableM3[[#This Row],[Main]],2)))),TableLasers[],COLUMN(TableLasers[S-DPH]),FALSE),LEFT(TableM3[[#This Row],[Front]],2)*VLOOKUP(VALUE(TRIM(CLEAN(RIGHT(TableM3[[#This Row],[Front]],2)))),TableLasers[],COLUMN(TableLasers[S-DPH]),FALSE),LEFT(TableM3[[#This Row],[Back]],2)*VLOOKUP(VALUE(TRIM(CLEAN(RIGHT(TableM3[[#This Row],[Back]],2)))),TableLasers[],COLUMN(TableLasers[S-DPH]),FALSE),LEFT(TableM3[[#This Row],[Left]],2)*VLOOKUP(VALUE(TRIM(CLEAN(RIGHT(TableM3[[#This Row],[Left]],2)))),TableLasers[],COLUMN(TableLasers[S-DPH]),FALSE),LEFT(TableM3[[#This Row],[Right]],2)*VLOOKUP(VALUE(TRIM(CLEAN(RIGHT(TableM3[[#This Row],[Right]],2)))),TableLasers[],COLUMN(TableLasers[S-DPH]),FALSE),LEFT(TableM3[[#This Row],[Up]],2)*VLOOKUP(VALUE(TRIM(CLEAN(RIGHT(TableM3[[#This Row],[Up]],2)))),TableLasers[],COLUMN(TableLasers[S-DPH]),FALSE),LEFT(TableM3[[#This Row],[Down]],2)*VLOOKUP(VALUE(TRIM(CLEAN(RIGHT(TableM3[[#This Row],[Down]],2)))),TableLasers[],COLUMN(TableLasers[S-DPH]),FALSE))","v":1280},{"$f":"SUM(LEFT(TableM3[[#This Row],[Main]],2)*VLOOKUP(VALUE(TRIM(CLEAN(RIGHT(TableM3[[#This Row],[Main]],2)))),TableLasers[],COLUMN(TableLasers[H-DPH]),FALSE),LEFT(TableM3[[#This Row],[Front]],2)*VLOOKUP(VALUE(TRIM(CLEAN(RIGHT(TableM3[[#This Row],[Front]],2)))),TableLasers[],COLUMN(TableLasers[H-DPH]),FALSE),LEFT(TableM3[[#This Row],[Back]],2)*VLOOKUP(VALUE(TRIM(CLEAN(RIGHT(TableM3[[#This Row],[Back]],2)))),TableLasers[],COLUMN(TableLasers[H-DPH]),FALSE),LEFT(TableM3[[#This Row],[Left]],2)*VLOOKUP(VALUE(TRIM(CLEAN(RIGHT(TableM3[[#This Row],[Left]],2)))),TableLasers[],COLUMN(TableLasers[H-DPH]),FALSE),LEFT(TableM3[[#This Row],[Right]],2)*VLOOKUP(VALUE(TRIM(CLEAN(RIGHT(TableM3[[#This Row],[Right]],2)))),TableLasers[],COLUMN(TableLasers[H-DPH]),FALSE),LEFT(TableM3[[#This Row],[Up]],2)*VLOOKUP(VALUE(TRIM(CLEAN(RIGHT(TableM3[[#This Row],[Up]],2)))),TableLasers[],COLUMN(TableLasers[H-DPH]),FALSE),LEFT(TableM3[[#This Row],[Down]],2)*VLOOKUP(VALUE(TRIM(CLEAN(RIGHT(TableM3[[#This Row],[Down]],2)))),TableLasers[],COLUMN(TableLasers[H-DPH]),FALSE))","v":240},"00::00","00::00","02::01","00::00","00::00","00::00","00::00",null,4,2,null,null,null,null,null,null,"0,1,9",null,null,null,null,"6,7"]
[522,"Paranid","M3","Ariadne",null,215.74080000000001,98.063999999999993,35,"L",12900,"25 MJ ",3,1100,44.091710758377403,8,3333,283.30166700000001,440,0,{"$f":"SUM(LEFT(TableM3[[#This Row],[Main]],2)*VLOOKUP(VALUE(TRIM(CLEAN(RIGHT(TableM3[[#This Row],[Main]],2)))),TableLasers[],COLUMN(TableLasers[S-DPH]),FALSE),LEFT(TableM3[[#This Row],[Front]],2)*VLOOKUP(VALUE(TRIM(CLEAN(RIGHT(TableM3[[#This Row],[Front]],2)))),TableLasers[],COLUMN(TableLasers[S-DPH]),FALSE),LEFT(TableM3[[#This Row],[Back]],2)*VLOOKUP(VALUE(TRIM(CLEAN(RIGHT(TableM3[[#This Row],[Back]],2)))),TableLasers[],COLUMN(TableLasers[S-DPH]),FALSE),LEFT(TableM3[[#This Row],[Left]],2)*VLOOKUP(VALUE(TRIM(CLEAN(RIGHT(TableM3[[#This Row],[Left]],2)))),TableLasers[],COLUMN(TableLasers[S-DPH]),FALSE),LEFT(TableM3[[#This Row],[Right]],2)*VLOOKUP(VALUE(TRIM(CLEAN(RIGHT(TableM3[[#This Row],[Right]],2)))),TableLasers[],COLUMN(TableLasers[S-DPH]),FALSE),LEFT(TableM3[[#This Row],[Up]],2)*VLOOKUP(VALUE(TRIM(CLEAN(RIGHT(TableM3[[#This Row],[Up]],2)))),TableLasers[],COLUMN(TableLasers[S-DPH]),FALSE),LEFT(TableM3[[#This Row],[Down]],2)*VLOOKUP(VALUE(TRIM(CLEAN(RIGHT(TableM3[[#This Row],[Down]],2)))),TableLasers[],COLUMN(TableLasers[S-DPH]),FALSE))","v":10480},{"$f":"SUM(LEFT(TableM3[[#This Row],[Main]],2)*VLOOKUP(VALUE(TRIM(CLEAN(RIGHT(TableM3[[#This Row],[Main]],2)))),TableLasers[],COLUMN(TableLasers[H-DPH]),FALSE),LEFT(TableM3[[#This Row],[Front]],2)*VLOOKUP(VALUE(TRIM(CLEAN(RIGHT(TableM3[[#This Row],[Front]],2)))),TableLasers[],COLUMN(TableLasers[H-DPH]),FALSE),LEFT(TableM3[[#This Row],[Back]],2)*VLOOKUP(VALUE(TRIM(CLEAN(RIGHT(TableM3[[#This Row],[Back]],2)))),TableLasers[],COLUMN(TableLasers[H-DPH]),FALSE),LEFT(TableM3[[#This Row],[Left]],2)*VLOOKUP(VALUE(TRIM(CLEAN(RIGHT(TableM3[[#This Row],[Left]],2)))),TableLasers[],COLUMN(TableLasers[H-DPH]),FALSE),LEFT(TableM3[[#This Row],[Right]],2)*VLOOKUP(VALUE(TRIM(CLEAN(RIGHT(TableM3[[#This Row],[Right]],2)))),TableLasers[],COLUMN(TableLasers[H-DPH]),FALSE),LEFT(TableM3[[#This Row],[Up]],2)*VLOOKUP(VALUE(TRIM(CLEAN(RIGHT(TableM3[[#This Row],[Up]],2)))),TableLasers[],COLUMN(TableLasers[H-DPH]),FALSE),LEFT(TableM3[[#This Row],[Down]],2)*VLOOKUP(VALUE(TRIM(CLEAN(RIGHT(TableM3[[#This Row],[Down]],2)))),TableLasers[],COLUMN(TableLasers[H-DPH]),FALSE))","v":1920},"00::00","00::00","02::06","00::00","00::00","00::00","00::00",null,4,2,null,null,null,null,null,null,"0,1,6,7",null,null,null,null,"6,7"]
[523,"Teladi","M3","Hawk",null,176.25,70.5,32,"L",17000,"25 MJ ",4,1220,44.091710758377403,8,3300,182.4999,680,0,{"$f":"SUM(LEFT(TableM3[[#This Row],[Main]],2)*VLOOKUP(VALUE(TRIM(CLEAN(RIGHT(TableM3[[#This Row],[Main]],2)))),TableLasers[],COLUMN(TableLasers[S-DPH]),FALSE),LEFT(TableM3[[#This Row],[Front]],2)*VLOOKUP(VALUE(TRIM(CLEAN(RIGHT(TableM3[[#This Row],[Front]],2)))),TableLasers[],COLUMN(TableLasers[S-DPH]),FALSE),LEFT(TableM3[[#This Row],[Back]],2)*VLOOKUP(VALUE(TRIM(CLEAN(RIGHT(TableM3[[#This Row],[Back]],2)))),TableLasers[],COLUMN(TableLasers[S-DPH]),FALSE),LEFT(TableM3[[#This Row],[Left]],2)*VLOOKUP(VALUE(TRIM(CLEAN(RIGHT(TableM3[[#This Row],[Left]],2)))),TableLasers[],COLUMN(TableLasers[S-DPH]),FALSE),LEFT(TableM3[[#This Row],[Right]],2)*VLOOKUP(VALUE(TRIM(CLEAN(RIGHT(TableM3[[#This Row],[Right]],2)))),TableLasers[],COLUMN(TableLasers[S-DPH]),FALSE),LEFT(TableM3[[#This Row],[Up]],2)*VLOOKUP(VALUE(TRIM(CLEAN(RIGHT(TableM3[[#This Row],[Up]],2)))),TableLasers[],COLUMN(TableLasers[S-DPH]),FALSE),LEFT(TableM3[[#This Row],[Down]],2)*VLOOKUP(VALUE(TRIM(CLEAN(RIGHT(TableM3[[#This Row],[Down]],2)))),TableLasers[],COLUMN(TableLasers[S-DPH]),FALSE))","v":4122},{"$f":"SUM(LEFT(TableM3[[#This Row],[Main]],2)*VLOOKUP(VALUE(TRIM(CLEAN(RIGHT(TableM3[[#This Row],[Main]],2)))),TableLasers[],COLUMN(TableLasers[H-DPH]),FALSE),LEFT(TableM3[[#This Row],[Front]],2)*VLOOKUP(VALUE(TRIM(CLEAN(RIGHT(TableM3[[#This Row],[Front]],2)))),TableLasers[],COLUMN(TableLasers[H-DPH]),FALSE),LEFT(TableM3[[#This Row],[Back]],2)*VLOOKUP(VALUE(TRIM(CLEAN(RIGHT(TableM3[[#This Row],[Back]],2)))),TableLasers[],COLUMN(TableLasers[H-DPH]),FALSE),LEFT(TableM3[[#This Row],[Left]],2)*VLOOKUP(VALUE(TRIM(CLEAN(RIGHT(TableM3[[#This Row],[Left]],2)))),TableLasers[],COLUMN(TableLasers[H-DPH]),FALSE),LEFT(TableM3[[#This Row],[Right]],2)*VLOOKUP(VALUE(TRIM(CLEAN(RIGHT(TableM3[[#This Row],[Right]],2)))),TableLasers[],COLUMN(TableLasers[H-DPH]),FALSE),LEFT(TableM3[[#This Row],[Up]],2)*VLOOKUP(VALUE(TRIM(CLEAN(RIGHT(TableM3[[#This Row],[Up]],2)))),TableLasers[],COLUMN(TableLasers[H-DPH]),FALSE),LEFT(TableM3[[#This Row],[Down]],2)*VLOOKUP(VALUE(TRIM(CLEAN(RIGHT(TableM3[[#This Row],[Down]],2)))),TableLasers[],COLUMN(TableLasers[H-DPH]),FALSE))","v":762},"00::00","04::05","02::05","00::00","00::00","00::00","00::00",null,4,2,null,null,null,null,null,"0,1,5","0,1,5",null,null,null,null,"6,7"]
[542,"Split","M3","Cougar",null,259.25,103.7,35,"L",8200,"25 MJ ",3,820,44.091710758377403,10,8200,204.95079999999999,280,0,{"$f":"SUM(LEFT(TableM3[[#This Row],[Main]],2)*VLOOKUP(VALUE(TRIM(CLEAN(RIGHT(TableM3[[#This Row],[Main]],2)))),TableLasers[],COLUMN(TableLasers[S-DPH]),FALSE),LEFT(TableM3[[#This Row],[Front]],2)*VLOOKUP(VALUE(TRIM(CLEAN(RIGHT(TableM3[[#This Row],[Front]],2)))),TableLasers[],COLUMN(TableLasers[S-DPH]),FALSE),LEFT(TableM3[[#This Row],[Back]],2)*VLOOKUP(VALUE(TRIM(CLEAN(RIGHT(TableM3[[#This Row],[Back]],2)))),TableLasers[],COLUMN(TableLasers[S-DPH]),FALSE),LEFT(TableM3[[#This Row],[Left]],2)*VLOOKUP(VALUE(TRIM(CLEAN(RIGHT(TableM3[[#This Row],[Left]],2)))),TableLasers[],COLUMN(TableLasers[S-DPH]),FALSE),LEFT(TableM3[[#This Row],[Right]],2)*VLOOKUP(VALUE(TRIM(CLEAN(RIGHT(TableM3[[#This Row],[Right]],2)))),TableLasers[],COLUMN(TableLasers[S-DPH]),FALSE),LEFT(TableM3[[#This Row],[Up]],2)*VLOOKUP(VALUE(TRIM(CLEAN(RIGHT(TableM3[[#This Row],[Up]],2)))),TableLasers[],COLUMN(TableLasers[S-DPH]),FALSE),LEFT(TableM3[[#This Row],[Down]],2)*VLOOKUP(VALUE(TRIM(CLEAN(RIGHT(TableM3[[#This Row],[Down]],2)))),TableLasers[],COLUMN(TableLasers[S-DPH]),FALSE))","v":6400},{"$f":"SUM(LEFT(TableM3[[#This Row],[Main]],2)*VLOOKUP(VALUE(TRIM(CLEAN(RIGHT(TableM3[[#This Row],[Main]],2)))),TableLasers[],COLUMN(TableLasers[H-DPH]),FALSE),LEFT(TableM3[[#This Row],[Front]],2)*VLOOKUP(VALUE(TRIM(CLEAN(RIGHT(TableM3[[#This Row],[Front]],2)))),TableLasers[],COLUMN(TableLasers[H-DPH]),FALSE),LEFT(TableM3[[#This Row],[Back]],2)*VLOOKUP(VALUE(TRIM(CLEAN(RIGHT(TableM3[[#This Row],[Back]],2)))),TableLasers[],COLUMN(TableLasers[H-DPH]),FALSE),LEFT(TableM3[[#This Row],[Left]],2)*VLOOKUP(VALUE(TRIM(CLEAN(RIGHT(TableM3[[#This Row],[Left]],2)))),TableLasers[],COLUMN(TableLasers[H-DPH]),FALSE),LEFT(TableM3[[#This Row],[Right]],2)*VLOOKUP(VALUE(TRIM(CLEAN(RIGHT(TableM3[[#This Row],[Right]],2)))),TableLasers[],COLUMN(TableLasers[H-DPH]),FALSE),LEFT(TableM3[[#This Row],[Up]],2)*VLOOKUP(VALUE(TRIM(CLEAN(RIGHT(TableM3[[#This Row],[Up]],2)))),TableLasers[],COLUMN(TableLasers[H-DPH]),FALSE),LEFT(TableM3[[#This Row],[Down]],2)*VLOOKUP(VALUE(TRIM(CLEAN(RIGHT(TableM3[[#This Row],[Down]],2)))),TableLasers[],COLUMN(TableLasers[H-DPH]),FALSE))","v":1200},"08::01","00::00","02::01","00::00","00::00","00::00","00::00",8,null,2,null,null,null,null,"0,1,3,9",null,"0,1,9",null,null,null,null,"0,1,3,5,12,17,22,23,35"]
[543,"Split","M3","Cougar","Raider",310,124,35,"L",8200,"25 MJ ",2,750,44.091710758377403,8,6000,149.964,220,0,{"$f":"SUM(LEFT(TableM3[[#This Row],[Main]],2)*VLOOKUP(VALUE(TRIM(CLEAN(RIGHT(TableM3[[#This Row],[Main]],2)))),TableLasers[],COLUMN(TableLasers[S-DPH]),FALSE),LEFT(TableM3[[#This Row],[Front]],2)*VLOOKUP(VALUE(TRIM(CLEAN(RIGHT(TableM3[[#This Row],[Front]],2)))),TableLasers[],COLUMN(TableLasers[S-DPH]),FALSE),LEFT(TableM3[[#This Row],[Back]],2)*VLOOKUP(VALUE(TRIM(CLEAN(RIGHT(TableM3[[#This Row],[Back]],2)))),TableLasers[],COLUMN(TableLasers[S-DPH]),FALSE),LEFT(TableM3[[#This Row],[Left]],2)*VLOOKUP(VALUE(TRIM(CLEAN(RIGHT(TableM3[[#This Row],[Left]],2)))),TableLasers[],COLUMN(TableLasers[S-DPH]),FALSE),LEFT(TableM3[[#This Row],[Right]],2)*VLOOKUP(VALUE(TRIM(CLEAN(RIGHT(TableM3[[#This Row],[Right]],2)))),TableLasers[],COLUMN(TableLasers[S-DPH]),FALSE),LEFT(TableM3[[#This Row],[Up]],2)*VLOOKUP(VALUE(TRIM(CLEAN(RIGHT(TableM3[[#This Row],[Up]],2)))),TableLasers[],COLUMN(TableLasers[S-DPH]),FALSE),LEFT(TableM3[[#This Row],[Down]],2)*VLOOKUP(VALUE(TRIM(CLEAN(RIGHT(TableM3[[#This Row],[Down]],2)))),TableLasers[],COLUMN(TableLasers[S-DPH]),FALSE))","v":5120},{"$f":"SUM(LEFT(TableM3[[#This Row],[Main]],2)*VLOOKUP(VALUE(TRIM(CLEAN(RIGHT(TableM3[[#This Row],[Main]],2)))),TableLasers[],COLUMN(TableLasers[H-DPH]),FALSE),LEFT(TableM3[[#This Row],[Front]],2)*VLOOKUP(VALUE(TRIM(CLEAN(RIGHT(TableM3[[#This Row],[Front]],2)))),TableLasers[],COLUMN(TableLasers[H-DPH]),FALSE),LEFT(TableM3[[#This Row],[Back]],2)*VLOOKUP(VALUE(TRIM(CLEAN(RIGHT(TableM3[[#This Row],[Back]],2)))),TableLasers[],COLUMN(TableLasers[H-DPH]),FALSE),LEFT(TableM3[[#This Row],[Left]],2)*VLOOKUP(VALUE(TRIM(CLEAN(RIGHT(TableM3[[#This Row],[Left]],2)))),TableLasers[],COLUMN(TableLasers[H-DPH]),FALSE),LEFT(TableM3[[#This Row],[Right]],2)*VLOOKUP(VALUE(TRIM(CLEAN(RIGHT(TableM3[[#This Row],[Right]],2)))),TableLasers[],COLUMN(TableLasers[H-DPH]),FALSE),LEFT(TableM3[[#This Row],[Up]],2)*VLOOKUP(VALUE(TRIM(CLEAN(RIGHT(TableM3[[#This Row],[Up]],2)))),TableLasers[],COLUMN(TableLasers[H-DPH]),FALSE),LEFT(TableM3[[#This Row],[Down]],2)*VLOOKUP(VALUE(TRIM(CLEAN(RIGHT(TableM3[[#This Row],[Down]],2)))),TableLasers[],COLUMN(TableLasers[H-DPH]),FALSE))","v":960},"06::01","00::00","02::01","00::00","00::00","00::00","00::00",6,null,2,null,null,null,null,"0,1,3,9",null,"0,1,9",null,null,null,null,"0,1,3,5,12,17,22,23,35"]
[550,null,"M3","zzPLACEHOLDER KOG",null,250,100,42,"L",10000,"25 MJ ",2,750,44.091710758377403,10,5900,179.1063,236,0,{"$f":"SUM(LEFT(TableM3[[#This Row],[Main]],2)*VLOOKUP(VALUE(TRIM(CLEAN(RIGHT(TableM3[[#This Row],[Main]],2)))),TableLasers[],COLUMN(TableLasers[S-DPH]),FALSE),LEFT(TableM3[[#This Row],[Front]],2)*VLOOKUP(VALUE(TRIM(CLEAN(RIGHT(TableM3[[#This Row],[Front]],2)))),TableLasers[],COLUMN(TableLasers[S-DPH]),FALSE),LEFT(TableM3[[#This Row],[Back]],2)*VLOOKUP(VALUE(TRIM(CLEAN(RIGHT(TableM3[[#This Row],[Back]],2)))),TableLasers[],COLUMN(TableLasers[S-DPH]),FALSE),LEFT(TableM3[[#This Row],[Left]],2)*VLOOKUP(VALUE(TRIM(CLEAN(RIGHT(TableM3[[#This Row],[Left]],2)))),TableLasers[],COLUMN(TableLasers[S-DPH]),FALSE),LEFT(TableM3[[#This Row],[Right]],2)*VLOOKUP(VALUE(TRIM(CLEAN(RIGHT(TableM3[[#This Row],[Right]],2)))),TableLasers[],COLUMN(TableLasers[S-DPH]),FALSE),LEFT(TableM3[[#This Row],[Up]],2)*VLOOKUP(VALUE(TRIM(CLEAN(RIGHT(TableM3[[#This Row],[Up]],2)))),TableLasers[],COLUMN(TableLasers[S-DPH]),FALSE),LEFT(TableM3[[#This Row],[Down]],2)*VLOOKUP(VALUE(TRIM(CLEAN(RIGHT(TableM3[[#This Row],[Down]],2)))),TableLasers[],COLUMN(TableLasers[S-DPH]),FALSE))","v":67424},{"$f":"SUM(LEFT(TableM3[[#This Row],[Main]],2)*VLOOKUP(VALUE(TRIM(CLEAN(RIGHT(TableM3[[#This Row],[Main]],2)))),TableLasers[],COLUMN(TableLasers[H-DPH]),FALSE),LEFT(TableM3[[#This Row],[Front]],2)*VLOOKUP(VALUE(TRIM(CLEAN(RIGHT(TableM3[[#This Row],[Front]],2)))),TableLasers[],COLUMN(TableLasers[H-DPH]),FALSE),LEFT(TableM3[[#This Row],[Back]],2)*VLOOKUP(VALUE(TRIM(CLEAN(RIGHT(TableM3[[#This Row],[Back]],2)))),TableLasers[],COLUMN(TableLasers[H-DPH]),FALSE),LEFT(TableM3[[#This Row],[Left]],2)*VLOOKUP(VALUE(TRIM(CLEAN(RIGHT(TableM3[[#This Row],[Left]],2)))),TableLasers[],COLUMN(TableLasers[H-DPH]),FALSE),LEFT(TableM3[[#This Row],[Right]],2)*VLOOKUP(VALUE(TRIM(CLEAN(RIGHT(TableM3[[#This Row],[Right]],2)))),TableLasers[],COLUMN(TableLasers[H-DPH]),FALSE),LEFT(TableM3[[#This Row],[Up]],2)*VLOOKUP(VALUE(TRIM(CLEAN(RIGHT(TableM3[[#This Row],[Up]],2)))),TableLasers[],COLUMN(TableLasers[H-DPH]),FALSE),LEFT(TableM3[[#This Row],[Down]],2)*VLOOKUP(VALUE(TRIM(CLEAN(RIGHT(TableM3[[#This Row],[Down]],2)))),TableLasers[],COLUMN(TableLasers[H-DPH]),FALSE))","v":11936},"08::20","00::00","02::04","00::00","00::00","00::00","00::00",8,null,2,null,null,null,null,"0,1,12,3,4,5,8,20,10,11",null,"0,1,4",null,null,null,null,"0,1,3,5,12,17,22,23,35"]
[556,null,"M3","Nova","P",230,230,42,"L",9000,"25 MJ ",3,750,44.091710758377403,10,5500,137.5,70,0,{"$f":"SUM(LEFT(TableM3[[#This Row],[Main]],2)*VLOOKUP(VALUE(TRIM(CLEAN(RIGHT(TableM3[[#This Row],[Main]],2)))),TableLasers[],COLUMN(TableLasers[S-DPH]),FALSE),LEFT(TableM3[[#This Row],[Front]],2)*VLOOKUP(VALUE(TRIM(CLEAN(RIGHT(TableM3[[#This Row],[Front]],2)))),TableLasers[],COLUMN(TableLasers[S-DPH]),FALSE),LEFT(TableM3[[#This Row],[Back]],2)*VLOOKUP(VALUE(TRIM(CLEAN(RIGHT(TableM3[[#This Row],[Back]],2)))),TableLasers[],COLUMN(TableLasers[S-DPH]),FALSE),LEFT(TableM3[[#This Row],[Left]],2)*VLOOKUP(VALUE(TRIM(CLEAN(RIGHT(TableM3[[#This Row],[Left]],2)))),TableLasers[],COLUMN(TableLasers[S-DPH]),FALSE),LEFT(TableM3[[#This Row],[Right]],2)*VLOOKUP(VALUE(TRIM(CLEAN(RIGHT(TableM3[[#This Row],[Right]],2)))),TableLasers[],COLUMN(TableLasers[S-DPH]),FALSE),LEFT(TableM3[[#This Row],[Up]],2)*VLOOKUP(VALUE(TRIM(CLEAN(RIGHT(TableM3[[#This Row],[Up]],2)))),TableLasers[],COLUMN(TableLasers[S-DPH]),FALSE),LEFT(TableM3[[#This Row],[Down]],2)*VLOOKUP(VALUE(TRIM(CLEAN(RIGHT(TableM3[[#This Row],[Down]],2)))),TableLasers[],COLUMN(TableLasers[S-DPH]),FALSE))","v":10800},{"$f":"SUM(LEFT(TableM3[[#This Row],[Main]],2)*VLOOKUP(VALUE(TRIM(CLEAN(RIGHT(TableM3[[#This Row],[Main]],2)))),TableLasers[],COLUMN(TableLasers[H-DPH]),FALSE),LEFT(TableM3[[#This Row],[Front]],2)*VLOOKUP(VALUE(TRIM(CLEAN(RIGHT(TableM3[[#This Row],[Front]],2)))),TableLasers[],COLUMN(TableLasers[H-DPH]),FALSE),LEFT(TableM3[[#This Row],[Back]],2)*VLOOKUP(VALUE(TRIM(CLEAN(RIGHT(TableM3[[#This Row],[Back]],2)))),TableLasers[],COLUMN(TableLasers[H-DPH]),FALSE),LEFT(TableM3[[#This Row],[Left]],2)*VLOOKUP(VALUE(TRIM(CLEAN(RIGHT(TableM3[[#This Row],[Left]],2)))),TableLasers[],COLUMN(TableLasers[H-DPH]),FALSE),LEFT(TableM3[[#This Row],[Right]],2)*VLOOKUP(VALUE(TRIM(CLEAN(RIGHT(TableM3[[#This Row],[Right]],2)))),TableLasers[],COLUMN(TableLasers[H-DPH]),FALSE),LEFT(TableM3[[#This Row],[Up]],2)*VLOOKUP(VALUE(TRIM(CLEAN(RIGHT(TableM3[[#This Row],[Up]],2)))),TableLasers[],COLUMN(TableLasers[H-DPH]),FALSE),LEFT(TableM3[[#This Row],[Down]],2)*VLOOKUP(VALUE(TRIM(CLEAN(RIGHT(TableM3[[#This Row],[Down]],2)))),TableLasers[],COLUMN(TableLasers[H-DPH]),FALSE))","v":2000},"08::04","00::00","02::04","00::00","00::00","00::00","00::00",8,null,2,null,null,null,null,4,null,4,null,null,null,null,"0,35"]
[558,null,"M3","Barracuda","P",261,261,38,"L",14550,"25 MJ ",4,1170,44.091710758377403,8,4760,118.9524,66,0,{"$f":"SUM(LEFT(TableM3[[#This Row],[Main]],2)*VLOOKUP(VALUE(TRIM(CLEAN(RIGHT(TableM3[[#This Row],[Main]],2)))),TableLasers[],COLUMN(TableLasers[S-DPH]),FALSE),LEFT(TableM3[[#This Row],[Front]],2)*VLOOKUP(VALUE(TRIM(CLEAN(RIGHT(TableM3[[#This Row],[Front]],2)))),TableLasers[],COLUMN(TableLasers[S-DPH]),FALSE),LEFT(TableM3[[#This Row],[Back]],2)*VLOOKUP(VALUE(TRIM(CLEAN(RIGHT(TableM3[[#This Row],[Back]],2)))),TableLasers[],COLUMN(TableLasers[S-DPH]),FALSE),LEFT(TableM3[[#This Row],[Left]],2)*VLOOKUP(VALUE(TRIM(CLEAN(RIGHT(TableM3[[#This Row],[Left]],2)))),TableLasers[],COLUMN(TableLasers[S-DPH]),FALSE),LEFT(TableM3[[#This Row],[Right]],2)*VLOOKUP(VALUE(TRIM(CLEAN(RIGHT(TableM3[[#This Row],[Right]],2)))),TableLasers[],COLUMN(TableLasers[S-DPH]),FALSE),LEFT(TableM3[[#This Row],[Up]],2)*VLOOKUP(VALUE(TRIM(CLEAN(RIGHT(TableM3[[#This Row],[Up]],2)))),TableLasers[],COLUMN(TableLasers[S-DPH]),FALSE),LEFT(TableM3[[#This Row],[Down]],2)*VLOOKUP(VALUE(TRIM(CLEAN(RIGHT(TableM3[[#This Row],[Down]],2)))),TableLasers[],COLUMN(TableLasers[S-DPH]),FALSE))","v":8640},{"$f":"SUM(LEFT(TableM3[[#This Row],[Main]],2)*VLOOKUP(VALUE(TRIM(CLEAN(RIGHT(TableM3[[#This Row],[Main]],2)))),TableLasers[],COLUMN(TableLasers[H-DPH]),FALSE),LEFT(TableM3[[#This Row],[Front]],2)*VLOOKUP(VALUE(TRIM(CLEAN(RIGHT(TableM3[[#This Row],[Front]],2)))),TableLasers[],COLUMN(TableLasers[H-DPH]),FALSE),LEFT(TableM3[[#This Row],[Back]],2)*VLOOKUP(VALUE(TRIM(CLEAN(RIGHT(TableM3[[#This Row],[Back]],2)))),TableLasers[],COLUMN(TableLasers[H-DPH]),FALSE),LEFT(TableM3[[#This Row],[Left]],2)*VLOOKUP(VALUE(TRIM(CLEAN(RIGHT(TableM3[[#This Row],[Left]],2)))),TableLasers[],COLUMN(TableLasers[H-DPH]),FALSE),LEFT(TableM3[[#This Row],[Right]],2)*VLOOKUP(VALUE(TRIM(CLEAN(RIGHT(TableM3[[#This Row],[Right]],2)))),TableLasers[],COLUMN(TableLasers[H-DPH]),FALSE),LEFT(TableM3[[#This Row],[Up]],2)*VLOOKUP(VALUE(TRIM(CLEAN(RIGHT(TableM3[[#This Row],[Up]],2)))),TableLasers[],COLUMN(TableLasers[H-DPH]),FALSE),LEFT(TableM3[[#This Row],[Down]],2)*VLOOKUP(VALUE(TRIM(CLEAN(RIGHT(TableM3[[#This Row],[Down]],2)))),TableLasers[],COLUMN(TableLasers[H-DPH]),FALSE))","v":1600},"08::04","00::00","00::00","00::00","00::00","00::00","00::00",8,null,null,null,null,null,null,4,null,null,null,null,null,null,"0,35"]
[560,null,"M3","Perseus","P",239,239,38,"L",9200,"25 MJ ",3,775,44.091710758377403,10,5300,132.4682,58,0,{"$f":"SUM(LEFT(TableM3[[#This Row],[Main]],2)*VLOOKUP(VALUE(TRIM(CLEAN(RIGHT(TableM3[[#This Row],[Main]],2)))),TableLasers[],COLUMN(TableLasers[S-DPH]),FALSE),LEFT(TableM3[[#This Row],[Front]],2)*VLOOKUP(VALUE(TRIM(CLEAN(RIGHT(TableM3[[#This Row],[Front]],2)))),TableLasers[],COLUMN(TableLasers[S-DPH]),FALSE),LEFT(TableM3[[#This Row],[Back]],2)*VLOOKUP(VALUE(TRIM(CLEAN(RIGHT(TableM3[[#This Row],[Back]],2)))),TableLasers[],COLUMN(TableLasers[S-DPH]),FALSE),LEFT(TableM3[[#This Row],[Left]],2)*VLOOKUP(VALUE(TRIM(CLEAN(RIGHT(TableM3[[#This Row],[Left]],2)))),TableLasers[],COLUMN(TableLasers[S-DPH]),FALSE),LEFT(TableM3[[#This Row],[Right]],2)*VLOOKUP(VALUE(TRIM(CLEAN(RIGHT(TableM3[[#This Row],[Right]],2)))),TableLasers[],COLUMN(TableLasers[S-DPH]),FALSE),LEFT(TableM3[[#This Row],[Up]],2)*VLOOKUP(VALUE(TRIM(CLEAN(RIGHT(TableM3[[#This Row],[Up]],2)))),TableLasers[],COLUMN(TableLasers[S-DPH]),FALSE),LEFT(TableM3[[#This Row],[Down]],2)*VLOOKUP(VALUE(TRIM(CLEAN(RIGHT(TableM3[[#This Row],[Down]],2)))),TableLasers[],COLUMN(TableLasers[S-DPH]),FALSE))","v":52400},{"$f":"SUM(LEFT(TableM3[[#This Row],[Main]],2)*VLOOKUP(VALUE(TRIM(CLEAN(RIGHT(TableM3[[#This Row],[Main]],2)))),TableLasers[],COLUMN(TableLasers[H-DPH]),FALSE),LEFT(TableM3[[#This Row],[Front]],2)*VLOOKUP(VALUE(TRIM(CLEAN(RIGHT(TableM3[[#This Row],[Front]],2)))),TableLasers[],COLUMN(TableLasers[H-DPH]),FALSE),LEFT(TableM3[[#This Row],[Back]],2)*VLOOKUP(VALUE(TRIM(CLEAN(RIGHT(TableM3[[#This Row],[Back]],2)))),TableLasers[],COLUMN(TableLasers[H-DPH]),FALSE),LEFT(TableM3[[#This Row],[Left]],2)*VLOOKUP(VALUE(TRIM(CLEAN(RIGHT(TableM3[[#This Row],[Left]],2)))),TableLasers[],COLUMN(TableLasers[H-DPH]),FALSE),LEFT(TableM3[[#This Row],[Right]],2)*VLOOKUP(VALUE(TRIM(CLEAN(RIGHT(TableM3[[#This Row],[Right]],2)))),TableLasers[],COLUMN(TableLasers[H-DPH]),FALSE),LEFT(TableM3[[#This Row],[Up]],2)*VLOOKUP(VALUE(TRIM(CLEAN(RIGHT(TableM3[[#This Row],[Up]],2)))),TableLasers[],COLUMN(TableLasers[H-DPH]),FALSE),LEFT(TableM3[[#This Row],[Down]],2)*VLOOKUP(VALUE(TRIM(CLEAN(RIGHT(TableM3[[#This Row],[Down]],2)))),TableLasers[],COLUMN(TableLasers[H-DPH]),FALSE))","v":9600},"08::06","00::00","02::06","00::00","00::00","00::00","00::00",8,null,2,null,null,null,null,"6,7",null,"6,7",null,null,null,null,"0,35"]
[562,null,"M3","Mamba","P",280,280,35,"L",7200,"25 MJ ",2,695,44.091710758377403,8,6900,172.45859999999999,63,0,{"$f":"SUM(LEFT(TableM3[[#This Row],[Main]],2)*VLOOKUP(VALUE(TRIM(CLEAN(RIGHT(TableM3[[#This Row],[Main]],2)))),TableLasers[],COLUMN(TableLasers[S-DPH]),FALSE),LEFT(TableM3[[#This Row],[Front]],2)*VLOOKUP(VALUE(TRIM(CLEAN(RIGHT(TableM3[[#This Row],[Front]],2)))),TableLasers[],COLUMN(TableLasers[S-DPH]),FALSE),LEFT(TableM3[[#This Row],[Back]],2)*VLOOKUP(VALUE(TRIM(CLEAN(RIGHT(TableM3[[#This Row],[Back]],2)))),TableLasers[],COLUMN(TableLasers[S-DPH]),FALSE),LEFT(TableM3[[#This Row],[Left]],2)*VLOOKUP(VALUE(TRIM(CLEAN(RIGHT(TableM3[[#This Row],[Left]],2)))),TableLasers[],COLUMN(TableLasers[S-DPH]),FALSE),LEFT(TableM3[[#This Row],[Right]],2)*VLOOKUP(VALUE(TRIM(CLEAN(RIGHT(TableM3[[#This Row],[Right]],2)))),TableLasers[],COLUMN(TableLasers[S-DPH]),FALSE),LEFT(TableM3[[#This Row],[Up]],2)*VLOOKUP(VALUE(TRIM(CLEAN(RIGHT(TableM3[[#This Row],[Up]],2)))),TableLasers[],COLUMN(TableLasers[S-DPH]),FALSE),LEFT(TableM3[[#This Row],[Down]],2)*VLOOKUP(VALUE(TRIM(CLEAN(RIGHT(TableM3[[#This Row],[Down]],2)))),TableLasers[],COLUMN(TableLasers[S-DPH]),FALSE))","v":4032},{"$f":"SUM(LEFT(TableM3[[#This Row],[Main]],2)*VLOOKUP(VALUE(TRIM(CLEAN(RIGHT(TableM3[[#This Row],[Main]],2)))),TableLasers[],COLUMN(TableLasers[H-DPH]),FALSE),LEFT(TableM3[[#This Row],[Front]],2)*VLOOKUP(VALUE(TRIM(CLEAN(RIGHT(TableM3[[#This Row],[Front]],2)))),TableLasers[],COLUMN(TableLasers[H-DPH]),FALSE),LEFT(TableM3[[#This Row],[Back]],2)*VLOOKUP(VALUE(TRIM(CLEAN(RIGHT(TableM3[[#This Row],[Back]],2)))),TableLasers[],COLUMN(TableLasers[H-DPH]),FALSE),LEFT(TableM3[[#This Row],[Left]],2)*VLOOKUP(VALUE(TRIM(CLEAN(RIGHT(TableM3[[#This Row],[Left]],2)))),TableLasers[],COLUMN(TableLasers[H-DPH]),FALSE),LEFT(TableM3[[#This Row],[Right]],2)*VLOOKUP(VALUE(TRIM(CLEAN(RIGHT(TableM3[[#This Row],[Right]],2)))),TableLasers[],COLUMN(TableLasers[H-DPH]),FALSE),LEFT(TableM3[[#This Row],[Up]],2)*VLOOKUP(VALUE(TRIM(CLEAN(RIGHT(TableM3[[#This Row],[Up]],2)))),TableLasers[],COLUMN(TableLasers[H-DPH]),FALSE),LEFT(TableM3[[#This Row],[Down]],2)*VLOOKUP(VALUE(TRIM(CLEAN(RIGHT(TableM3[[#This Row],[Down]],2)))),TableLasers[],COLUMN(TableLasers[H-DPH]),FALSE))","v":712},"08::09","00::00","00::00","00::00","00::00","00::00","00::00",8,null,null,null,null,null,null,9,null,null,null,null,null,null,"0,35"]
[564,null,"M3","Falcon","P",205,205,28,"L",10400,"25 MJ ",5,626,88.183421516754805,10,5640,140.96616,73,0,{"$f":"SUM(LEFT(TableM3[[#This Row],[Main]],2)*VLOOKUP(VALUE(TRIM(CLEAN(RIGHT(TableM3[[#This Row],[Main]],2)))),TableLasers[],COLUMN(TableLasers[S-DPH]),FALSE),LEFT(TableM3[[#This Row],[Front]],2)*VLOOKUP(VALUE(TRIM(CLEAN(RIGHT(TableM3[[#This Row],[Front]],2)))),TableLasers[],COLUMN(TableLasers[S-DPH]),FALSE),LEFT(TableM3[[#This Row],[Back]],2)*VLOOKUP(VALUE(TRIM(CLEAN(RIGHT(TableM3[[#This Row],[Back]],2)))),TableLasers[],COLUMN(TableLasers[S-DPH]),FALSE),LEFT(TableM3[[#This Row],[Left]],2)*VLOOKUP(VALUE(TRIM(CLEAN(RIGHT(TableM3[[#This Row],[Left]],2)))),TableLasers[],COLUMN(TableLasers[S-DPH]),FALSE),LEFT(TableM3[[#This Row],[Right]],2)*VLOOKUP(VALUE(TRIM(CLEAN(RIGHT(TableM3[[#This Row],[Right]],2)))),TableLasers[],COLUMN(TableLasers[S-DPH]),FALSE),LEFT(TableM3[[#This Row],[Up]],2)*VLOOKUP(VALUE(TRIM(CLEAN(RIGHT(TableM3[[#This Row],[Up]],2)))),TableLasers[],COLUMN(TableLasers[S-DPH]),FALSE),LEFT(TableM3[[#This Row],[Down]],2)*VLOOKUP(VALUE(TRIM(CLEAN(RIGHT(TableM3[[#This Row],[Down]],2)))),TableLasers[],COLUMN(TableLasers[S-DPH]),FALSE))","v":6870},{"$f":"SUM(LEFT(TableM3[[#This Row],[Main]],2)*VLOOKUP(VALUE(TRIM(CLEAN(RIGHT(TableM3[[#This Row],[Main]],2)))),TableLasers[],COLUMN(TableLasers[H-DPH]),FALSE),LEFT(TableM3[[#This Row],[Front]],2)*VLOOKUP(VALUE(TRIM(CLEAN(RIGHT(TableM3[[#This Row],[Front]],2)))),TableLasers[],COLUMN(TableLasers[H-DPH]),FALSE),LEFT(TableM3[[#This Row],[Back]],2)*VLOOKUP(VALUE(TRIM(CLEAN(RIGHT(TableM3[[#This Row],[Back]],2)))),TableLasers[],COLUMN(TableLasers[H-DPH]),FALSE),LEFT(TableM3[[#This Row],[Left]],2)*VLOOKUP(VALUE(TRIM(CLEAN(RIGHT(TableM3[[#This Row],[Left]],2)))),TableLasers[],COLUMN(TableLasers[H-DPH]),FALSE),LEFT(TableM3[[#This Row],[Right]],2)*VLOOKUP(VALUE(TRIM(CLEAN(RIGHT(TableM3[[#This Row],[Right]],2)))),TableLasers[],COLUMN(TableLasers[H-DPH]),FALSE),LEFT(TableM3[[#This Row],[Up]],2)*VLOOKUP(VALUE(TRIM(CLEAN(RIGHT(TableM3[[#This Row],[Up]],2)))),TableLasers[],COLUMN(TableLasers[H-DPH]),FALSE),LEFT(TableM3[[#This Row],[Down]],2)*VLOOKUP(VALUE(TRIM(CLEAN(RIGHT(TableM3[[#This Row],[Down]],2)))),TableLasers[],COLUMN(TableLasers[H-DPH]),FALSE))","v":1270},"08::05","00::00","02::05","00::00","00::00","00::00","00::00",8,null,2,null,null,null,null,5,null,5,null,null,null,null,"0,35"]
[566,null,"M3","Scimitar","P",246,246,30,"L",8100,"25 MJ ",5,875,88.183421516754805,6,6000,179.994,65,0,{"$f":"SUM(LEFT(TableM3[[#This Row],[Main]],2)*VLOOKUP(VALUE(TRIM(CLEAN(RIGHT(TableM3[[#This Row],[Main]],2)))),TableLasers[],COLUMN(TableLasers[S-DPH]),FALSE),LEFT(TableM3[[#This Row],[Front]],2)*VLOOKUP(VALUE(TRIM(CLEAN(RIGHT(TableM3[[#This Row],[Front]],2)))),TableLasers[],COLUMN(TableLasers[S-DPH]),FALSE),LEFT(TableM3[[#This Row],[Back]],2)*VLOOKUP(VALUE(TRIM(CLEAN(RIGHT(TableM3[[#This Row],[Back]],2)))),TableLasers[],COLUMN(TableLasers[S-DPH]),FALSE),LEFT(TableM3[[#This Row],[Left]],2)*VLOOKUP(VALUE(TRIM(CLEAN(RIGHT(TableM3[[#This Row],[Left]],2)))),TableLasers[],COLUMN(TableLasers[S-DPH]),FALSE),LEFT(TableM3[[#This Row],[Right]],2)*VLOOKUP(VALUE(TRIM(CLEAN(RIGHT(TableM3[[#This Row],[Right]],2)))),TableLasers[],COLUMN(TableLasers[S-DPH]),FALSE),LEFT(TableM3[[#This Row],[Up]],2)*VLOOKUP(VALUE(TRIM(CLEAN(RIGHT(TableM3[[#This Row],[Up]],2)))),TableLasers[],COLUMN(TableLasers[S-DPH]),FALSE),LEFT(TableM3[[#This Row],[Down]],2)*VLOOKUP(VALUE(TRIM(CLEAN(RIGHT(TableM3[[#This Row],[Down]],2)))),TableLasers[],COLUMN(TableLasers[S-DPH]),FALSE))","v":13920},{"$f":"SUM(LEFT(TableM3[[#This Row],[Main]],2)*VLOOKUP(VALUE(TRIM(CLEAN(RIGHT(TableM3[[#This Row],[Main]],2)))),TableLasers[],COLUMN(TableLasers[H-DPH]),FALSE),LEFT(TableM3[[#This Row],[Front]],2)*VLOOKUP(VALUE(TRIM(CLEAN(RIGHT(TableM3[[#This Row],[Front]],2)))),TableLasers[],COLUMN(TableLasers[H-DPH]),FALSE),LEFT(TableM3[[#This Row],[Back]],2)*VLOOKUP(VALUE(TRIM(CLEAN(RIGHT(TableM3[[#This Row],[Back]],2)))),TableLasers[],COLUMN(TableLasers[H-DPH]),FALSE),LEFT(TableM3[[#This Row],[Left]],2)*VLOOKUP(VALUE(TRIM(CLEAN(RIGHT(TableM3[[#This Row],[Left]],2)))),TableLasers[],COLUMN(TableLasers[H-DPH]),FALSE),LEFT(TableM3[[#This Row],[Right]],2)*VLOOKUP(VALUE(TRIM(CLEAN(RIGHT(TableM3[[#This Row],[Right]],2)))),TableLasers[],COLUMN(TableLasers[H-DPH]),FALSE),LEFT(TableM3[[#This Row],[Up]],2)*VLOOKUP(VALUE(TRIM(CLEAN(RIGHT(TableM3[[#This Row],[Up]],2)))),TableLasers[],COLUMN(TableLasers[H-DPH]),FALSE),LEFT(TableM3[[#This Row],[Down]],2)*VLOOKUP(VALUE(TRIM(CLEAN(RIGHT(TableM3[[#This Row],[Down]],2)))),TableLasers[],COLUMN(TableLasers[H-DPH]),FALSE))","v":2718},"06::11","00::00","00::00","00::00","00::00","00::00","00::00",6,null,null,null,null,null,null,"10,11",null,null,null,null,null,null,24]
[568,null,"M3","Eclipse","P",197,197,35,"L",11800,"25 MJ ",6,1150,88.183421516754805,12,8000,199.952,87,0,{"$f":"SUM(LEFT(TableM3[[#This Row],[Main]],2)*VLOOKUP(VALUE(TRIM(CLEAN(RIGHT(TableM3[[#This Row],[Main]],2)))),TableLasers[],COLUMN(TableLasers[S-DPH]),FALSE),LEFT(TableM3[[#This Row],[Front]],2)*VLOOKUP(VALUE(TRIM(CLEAN(RIGHT(TableM3[[#This Row],[Front]],2)))),TableLasers[],COLUMN(TableLasers[S-DPH]),FALSE),LEFT(TableM3[[#This Row],[Back]],2)*VLOOKUP(VALUE(TRIM(CLEAN(RIGHT(TableM3[[#This Row],[Back]],2)))),TableLasers[],COLUMN(TableLasers[S-DPH]),FALSE),LEFT(TableM3[[#This Row],[Left]],2)*VLOOKUP(VALUE(TRIM(CLEAN(RIGHT(TableM3[[#This Row],[Left]],2)))),TableLasers[],COLUMN(TableLasers[S-DPH]),FALSE),LEFT(TableM3[[#This Row],[Right]],2)*VLOOKUP(VALUE(TRIM(CLEAN(RIGHT(TableM3[[#This Row],[Right]],2)))),TableLasers[],COLUMN(TableLasers[S-DPH]),FALSE),LEFT(TableM3[[#This Row],[Up]],2)*VLOOKUP(VALUE(TRIM(CLEAN(RIGHT(TableM3[[#This Row],[Up]],2)))),TableLasers[],COLUMN(TableLasers[S-DPH]),FALSE),LEFT(TableM3[[#This Row],[Down]],2)*VLOOKUP(VALUE(TRIM(CLEAN(RIGHT(TableM3[[#This Row],[Down]],2)))),TableLasers[],COLUMN(TableLasers[S-DPH]),FALSE))","v":12960},{"$f":"SUM(LEFT(TableM3[[#This Row],[Main]],2)*VLOOKUP(VALUE(TRIM(CLEAN(RIGHT(TableM3[[#This Row],[Main]],2)))),TableLasers[],COLUMN(TableLasers[H-DPH]),FALSE),LEFT(TableM3[[#This Row],[Front]],2)*VLOOKUP(VALUE(TRIM(CLEAN(RIGHT(TableM3[[#This Row],[Front]],2)))),TableLasers[],COLUMN(TableLasers[H-DPH]),FALSE),LEFT(TableM3[[#This Row],[Back]],2)*VLOOKUP(VALUE(TRIM(CLEAN(RIGHT(TableM3[[#This Row],[Back]],2)))),TableLasers[],COLUMN(TableLasers[H-DPH]),FALSE),LEFT(TableM3[[#This Row],[Left]],2)*VLOOKUP(VALUE(TRIM(CLEAN(RIGHT(TableM3[[#This Row],[Left]],2)))),TableLasers[],COLUMN(TableLasers[H-DPH]),FALSE),LEFT(TableM3[[#This Row],[Right]],2)*VLOOKUP(VALUE(TRIM(CLEAN(RIGHT(TableM3[[#This Row],[Right]],2)))),TableLasers[],COLUMN(TableLasers[H-DPH]),FALSE),LEFT(TableM3[[#This Row],[Up]],2)*VLOOKUP(VALUE(TRIM(CLEAN(RIGHT(TableM3[[#This Row],[Up]],2)))),TableLasers[],COLUMN(TableLasers[H-DPH]),FALSE),LEFT(TableM3[[#This Row],[Down]],2)*VLOOKUP(VALUE(TRIM(CLEAN(RIGHT(TableM3[[#This Row],[Down]],2)))),TableLasers[],COLUMN(TableLasers[H-DPH]),FALSE))","v":2400},"08::04","02::04","02::04","00::00","00::00","00::00","00::00",8,2,2,null,null,null,null,4,4,4,null,null,null,null,"0,1,3,5,12,17,22,23,35"]
[570,null,"M3","Skate","P",230,230,38,"L",20250,"25 MJ ",6,1060,88.183421516754805,12,6900,287.50229999999999,84,0,{"$f":"SUM(LEFT(TableM3[[#This Row],[Main]],2)*VLOOKUP(VALUE(TRIM(CLEAN(RIGHT(TableM3[[#This Row],[Main]],2)))),TableLasers[],COLUMN(TableLasers[S-DPH]),FALSE),LEFT(TableM3[[#This Row],[Front]],2)*VLOOKUP(VALUE(TRIM(CLEAN(RIGHT(TableM3[[#This Row],[Front]],2)))),TableLasers[],COLUMN(TableLasers[S-DPH]),FALSE),LEFT(TableM3[[#This Row],[Back]],2)*VLOOKUP(VALUE(TRIM(CLEAN(RIGHT(TableM3[[#This Row],[Back]],2)))),TableLasers[],COLUMN(TableLasers[S-DPH]),FALSE),LEFT(TableM3[[#This Row],[Left]],2)*VLOOKUP(VALUE(TRIM(CLEAN(RIGHT(TableM3[[#This Row],[Left]],2)))),TableLasers[],COLUMN(TableLasers[S-DPH]),FALSE),LEFT(TableM3[[#This Row],[Right]],2)*VLOOKUP(VALUE(TRIM(CLEAN(RIGHT(TableM3[[#This Row],[Right]],2)))),TableLasers[],COLUMN(TableLasers[S-DPH]),FALSE),LEFT(TableM3[[#This Row],[Up]],2)*VLOOKUP(VALUE(TRIM(CLEAN(RIGHT(TableM3[[#This Row],[Up]],2)))),TableLasers[],COLUMN(TableLasers[S-DPH]),FALSE),LEFT(TableM3[[#This Row],[Down]],2)*VLOOKUP(VALUE(TRIM(CLEAN(RIGHT(TableM3[[#This Row],[Down]],2)))),TableLasers[],COLUMN(TableLasers[S-DPH]),FALSE))","v":12960},{"$f":"SUM(LEFT(TableM3[[#This Row],[Main]],2)*VLOOKUP(VALUE(TRIM(CLEAN(RIGHT(TableM3[[#This Row],[Main]],2)))),TableLasers[],COLUMN(TableLasers[H-DPH]),FALSE),LEFT(TableM3[[#This Row],[Front]],2)*VLOOKUP(VALUE(TRIM(CLEAN(RIGHT(TableM3[[#This Row],[Front]],2)))),TableLasers[],COLUMN(TableLasers[H-DPH]),FALSE),LEFT(TableM3[[#This Row],[Back]],2)*VLOOKUP(VALUE(TRIM(CLEAN(RIGHT(TableM3[[#This Row],[Back]],2)))),TableLasers[],COLUMN(TableLasers[H-DPH]),FALSE),LEFT(TableM3[[#This Row],[Left]],2)*VLOOKUP(VALUE(TRIM(CLEAN(RIGHT(TableM3[[#This Row],[Left]],2)))),TableLasers[],COLUMN(TableLasers[H-DPH]),FALSE),LEFT(TableM3[[#This Row],[Right]],2)*VLOOKUP(VALUE(TRIM(CLEAN(RIGHT(TableM3[[#This Row],[Right]],2)))),TableLasers[],COLUMN(TableLasers[H-DPH]),FALSE),LEFT(TableM3[[#This Row],[Up]],2)*VLOOKUP(VALUE(TRIM(CLEAN(RIGHT(TableM3[[#This Row],[Up]],2)))),TableLasers[],COLUMN(TableLasers[H-DPH]),FALSE),LEFT(TableM3[[#This Row],[Down]],2)*VLOOKUP(VALUE(TRIM(CLEAN(RIGHT(TableM3[[#This Row],[Down]],2)))),TableLasers[],COLUMN(TableLasers[H-DPH]),FALSE))","v":2400},"08::04","02::04","02::04","00::00","00::00","00::00","00::00",8,2,2,null,null,null,null,4,4,4,null,null,null,null,"0,1,3,5,12,17,22,23,35"]
[572,null,"M3","Medusa","P",212,212,35,"L",11500,"25 MJ ",5,1000,88.183421516754805,12,8933,223.32499999999999,75,0,{"$f":"SUM(LEFT(TableM3[[#This Row],[Main]],2)*VLOOKUP(VALUE(TRIM(CLEAN(RIGHT(TableM3[[#This Row],[Main]],2)))),TableLasers[],COLUMN(TableLasers[S-DPH]),FALSE),LEFT(TableM3[[#This Row],[Front]],2)*VLOOKUP(VALUE(TRIM(CLEAN(RIGHT(TableM3[[#This Row],[Front]],2)))),TableLasers[],COLUMN(TableLasers[S-DPH]),FALSE),LEFT(TableM3[[#This Row],[Back]],2)*VLOOKUP(VALUE(TRIM(CLEAN(RIGHT(TableM3[[#This Row],[Back]],2)))),TableLasers[],COLUMN(TableLasers[S-DPH]),FALSE),LEFT(TableM3[[#This Row],[Left]],2)*VLOOKUP(VALUE(TRIM(CLEAN(RIGHT(TableM3[[#This Row],[Left]],2)))),TableLasers[],COLUMN(TableLasers[S-DPH]),FALSE),LEFT(TableM3[[#This Row],[Right]],2)*VLOOKUP(VALUE(TRIM(CLEAN(RIGHT(TableM3[[#This Row],[Right]],2)))),TableLasers[],COLUMN(TableLasers[S-DPH]),FALSE),LEFT(TableM3[[#This Row],[Up]],2)*VLOOKUP(VALUE(TRIM(CLEAN(RIGHT(TableM3[[#This Row],[Up]],2)))),TableLasers[],COLUMN(TableLasers[S-DPH]),FALSE),LEFT(TableM3[[#This Row],[Down]],2)*VLOOKUP(VALUE(TRIM(CLEAN(RIGHT(TableM3[[#This Row],[Down]],2)))),TableLasers[],COLUMN(TableLasers[S-DPH]),FALSE))","v":62880},{"$f":"SUM(LEFT(TableM3[[#This Row],[Main]],2)*VLOOKUP(VALUE(TRIM(CLEAN(RIGHT(TableM3[[#This Row],[Main]],2)))),TableLasers[],COLUMN(TableLasers[H-DPH]),FALSE),LEFT(TableM3[[#This Row],[Front]],2)*VLOOKUP(VALUE(TRIM(CLEAN(RIGHT(TableM3[[#This Row],[Front]],2)))),TableLasers[],COLUMN(TableLasers[H-DPH]),FALSE),LEFT(TableM3[[#This Row],[Back]],2)*VLOOKUP(VALUE(TRIM(CLEAN(RIGHT(TableM3[[#This Row],[Back]],2)))),TableLasers[],COLUMN(TableLasers[H-DPH]),FALSE),LEFT(TableM3[[#This Row],[Left]],2)*VLOOKUP(VALUE(TRIM(CLEAN(RIGHT(TableM3[[#This Row],[Left]],2)))),TableLasers[],COLUMN(TableLasers[H-DPH]),FALSE),LEFT(TableM3[[#This Row],[Right]],2)*VLOOKUP(VALUE(TRIM(CLEAN(RIGHT(TableM3[[#This Row],[Right]],2)))),TableLasers[],COLUMN(TableLasers[H-DPH]),FALSE),LEFT(TableM3[[#This Row],[Up]],2)*VLOOKUP(VALUE(TRIM(CLEAN(RIGHT(TableM3[[#This Row],[Up]],2)))),TableLasers[],COLUMN(TableLasers[H-DPH]),FALSE),LEFT(TableM3[[#This Row],[Down]],2)*VLOOKUP(VALUE(TRIM(CLEAN(RIGHT(TableM3[[#This Row],[Down]],2)))),TableLasers[],COLUMN(TableLasers[H-DPH]),FALSE))","v":11520},"08::06","02::06","02::06","00::00","00::00","00::00","00::00",8,2,2,null,null,null,null,"6,7","6,7","6,7",null,null,null,null,"0,1,3,5,12,17,22,23,35"]
[574,null,"M3","Chimera","P",248,248,35,"L",9700,"25 MJ ",4,1025,44.091710758377403,12,9850,246.1909,80,0,{"$f":"SUM(LEFT(TableM3[[#This Row],[Main]],2)*VLOOKUP(VALUE(TRIM(CLEAN(RIGHT(TableM3[[#This Row],[Main]],2)))),TableLasers[],COLUMN(TableLasers[S-DPH]),FALSE),LEFT(TableM3[[#This Row],[Front]],2)*VLOOKUP(VALUE(TRIM(CLEAN(RIGHT(TableM3[[#This Row],[Front]],2)))),TableLasers[],COLUMN(TableLasers[S-DPH]),FALSE),LEFT(TableM3[[#This Row],[Back]],2)*VLOOKUP(VALUE(TRIM(CLEAN(RIGHT(TableM3[[#This Row],[Back]],2)))),TableLasers[],COLUMN(TableLasers[S-DPH]),FALSE),LEFT(TableM3[[#This Row],[Left]],2)*VLOOKUP(VALUE(TRIM(CLEAN(RIGHT(TableM3[[#This Row],[Left]],2)))),TableLasers[],COLUMN(TableLasers[S-DPH]),FALSE),LEFT(TableM3[[#This Row],[Right]],2)*VLOOKUP(VALUE(TRIM(CLEAN(RIGHT(TableM3[[#This Row],[Right]],2)))),TableLasers[],COLUMN(TableLasers[S-DPH]),FALSE),LEFT(TableM3[[#This Row],[Up]],2)*VLOOKUP(VALUE(TRIM(CLEAN(RIGHT(TableM3[[#This Row],[Up]],2)))),TableLasers[],COLUMN(TableLasers[S-DPH]),FALSE),LEFT(TableM3[[#This Row],[Down]],2)*VLOOKUP(VALUE(TRIM(CLEAN(RIGHT(TableM3[[#This Row],[Down]],2)))),TableLasers[],COLUMN(TableLasers[S-DPH]),FALSE))","v":6048},{"$f":"SUM(LEFT(TableM3[[#This Row],[Main]],2)*VLOOKUP(VALUE(TRIM(CLEAN(RIGHT(TableM3[[#This Row],[Main]],2)))),TableLasers[],COLUMN(TableLasers[H-DPH]),FALSE),LEFT(TableM3[[#This Row],[Front]],2)*VLOOKUP(VALUE(TRIM(CLEAN(RIGHT(TableM3[[#This Row],[Front]],2)))),TableLasers[],COLUMN(TableLasers[H-DPH]),FALSE),LEFT(TableM3[[#This Row],[Back]],2)*VLOOKUP(VALUE(TRIM(CLEAN(RIGHT(TableM3[[#This Row],[Back]],2)))),TableLasers[],COLUMN(TableLasers[H-DPH]),FALSE),LEFT(TableM3[[#This Row],[Left]],2)*VLOOKUP(VALUE(TRIM(CLEAN(RIGHT(TableM3[[#This Row],[Left]],2)))),TableLasers[],COLUMN(TableLasers[H-DPH]),FALSE),LEFT(TableM3[[#This Row],[Right]],2)*VLOOKUP(VALUE(TRIM(CLEAN(RIGHT(TableM3[[#This Row],[Right]],2)))),TableLasers[],COLUMN(TableLasers[H-DPH]),FALSE),LEFT(TableM3[[#This Row],[Up]],2)*VLOOKUP(VALUE(TRIM(CLEAN(RIGHT(TableM3[[#This Row],[Up]],2)))),TableLasers[],COLUMN(TableLasers[H-DPH]),FALSE),LEFT(TableM3[[#This Row],[Down]],2)*VLOOKUP(VALUE(TRIM(CLEAN(RIGHT(TableM3[[#This Row],[Down]],2)))),TableLasers[],COLUMN(TableLasers[H-DPH]),FALSE))","v":1068},"08::09","02::09","02::09","00::00","00::00","00::00","00::00",8,2,2,null,null,null,null,9,9,9,null,null,null,null,"0,1,3,5,12,17,22,23,35"]
[576,null,"M3","Kea","P",186,186,32,"L",14000,"200 MJ  ",1,1120,151.51515151515201,12,7300,182.4562,92,0,{"$f":"SUM(LEFT(TableM3[[#This Row],[Main]],2)*VLOOKUP(VALUE(TRIM(CLEAN(RIGHT(TableM3[[#This Row],[Main]],2)))),TableLasers[],COLUMN(TableLasers[S-DPH]),FALSE),LEFT(TableM3[[#This Row],[Front]],2)*VLOOKUP(VALUE(TRIM(CLEAN(RIGHT(TableM3[[#This Row],[Front]],2)))),TableLasers[],COLUMN(TableLasers[S-DPH]),FALSE),LEFT(TableM3[[#This Row],[Back]],2)*VLOOKUP(VALUE(TRIM(CLEAN(RIGHT(TableM3[[#This Row],[Back]],2)))),TableLasers[],COLUMN(TableLasers[S-DPH]),FALSE),LEFT(TableM3[[#This Row],[Left]],2)*VLOOKUP(VALUE(TRIM(CLEAN(RIGHT(TableM3[[#This Row],[Left]],2)))),TableLasers[],COLUMN(TableLasers[S-DPH]),FALSE),LEFT(TableM3[[#This Row],[Right]],2)*VLOOKUP(VALUE(TRIM(CLEAN(RIGHT(TableM3[[#This Row],[Right]],2)))),TableLasers[],COLUMN(TableLasers[S-DPH]),FALSE),LEFT(TableM3[[#This Row],[Up]],2)*VLOOKUP(VALUE(TRIM(CLEAN(RIGHT(TableM3[[#This Row],[Up]],2)))),TableLasers[],COLUMN(TableLasers[S-DPH]),FALSE),LEFT(TableM3[[#This Row],[Down]],2)*VLOOKUP(VALUE(TRIM(CLEAN(RIGHT(TableM3[[#This Row],[Down]],2)))),TableLasers[],COLUMN(TableLasers[S-DPH]),FALSE))","v":8244},{"$f":"SUM(LEFT(TableM3[[#This Row],[Main]],2)*VLOOKUP(VALUE(TRIM(CLEAN(RIGHT(TableM3[[#This Row],[Main]],2)))),TableLasers[],COLUMN(TableLasers[H-DPH]),FALSE),LEFT(TableM3[[#This Row],[Front]],2)*VLOOKUP(VALUE(TRIM(CLEAN(RIGHT(TableM3[[#This Row],[Front]],2)))),TableLasers[],COLUMN(TableLasers[H-DPH]),FALSE),LEFT(TableM3[[#This Row],[Back]],2)*VLOOKUP(VALUE(TRIM(CLEAN(RIGHT(TableM3[[#This Row],[Back]],2)))),TableLasers[],COLUMN(TableLasers[H-DPH]),FALSE),LEFT(TableM3[[#This Row],[Left]],2)*VLOOKUP(VALUE(TRIM(CLEAN(RIGHT(TableM3[[#This Row],[Left]],2)))),TableLasers[],COLUMN(TableLasers[H-DPH]),FALSE),LEFT(TableM3[[#This Row],[Right]],2)*VLOOKUP(VALUE(TRIM(CLEAN(RIGHT(TableM3[[#This Row],[Right]],2)))),TableLasers[],COLUMN(TableLasers[H-DPH]),FALSE),LEFT(TableM3[[#This Row],[Up]],2)*VLOOKUP(VALUE(TRIM(CLEAN(RIGHT(TableM3[[#This Row],[Up]],2)))),TableLasers[],COLUMN(TableLasers[H-DPH]),FALSE),LEFT(TableM3[[#This Row],[Down]],2)*VLOOKUP(VALUE(TRIM(CLEAN(RIGHT(TableM3[[#This Row],[Down]],2)))),TableLasers[],COLUMN(TableLasers[H-DPH]),FALSE))","v":1524},"08::05","02::05","02::05","00::00","00::00","00::00","00::00",8,2,2,null,null,null,null,5,5,5,null,null,null,null,"0,1,3,5,12,17,22,23,35"]
[578,null,"M3","Cutlass","P",234,234,30,"L",9825,"25 MJ ",6,1100,88.183421516754805,8,8500,254.9915,83,0,{"$f":"SUM(LEFT(TableM3[[#This Row],[Main]],2)*VLOOKUP(VALUE(TRIM(CLEAN(RIGHT(TableM3[[#This Row],[Main]],2)))),TableLasers[],COLUMN(TableLasers[S-DPH]),FALSE),LEFT(TableM3[[#This Row],[Front]],2)*VLOOKUP(VALUE(TRIM(CLEAN(RIGHT(TableM3[[#This Row],[Front]],2)))),TableLasers[],COLUMN(TableLasers[S-DPH]),FALSE),LEFT(TableM3[[#This Row],[Back]],2)*VLOOKUP(VALUE(TRIM(CLEAN(RIGHT(TableM3[[#This Row],[Back]],2)))),TableLasers[],COLUMN(TableLasers[S-DPH]),FALSE),LEFT(TableM3[[#This Row],[Left]],2)*VLOOKUP(VALUE(TRIM(CLEAN(RIGHT(TableM3[[#This Row],[Left]],2)))),TableLasers[],COLUMN(TableLasers[S-DPH]),FALSE),LEFT(TableM3[[#This Row],[Right]],2)*VLOOKUP(VALUE(TRIM(CLEAN(RIGHT(TableM3[[#This Row],[Right]],2)))),TableLasers[],COLUMN(TableLasers[S-DPH]),FALSE),LEFT(TableM3[[#This Row],[Up]],2)*VLOOKUP(VALUE(TRIM(CLEAN(RIGHT(TableM3[[#This Row],[Up]],2)))),TableLasers[],COLUMN(TableLasers[S-DPH]),FALSE),LEFT(TableM3[[#This Row],[Down]],2)*VLOOKUP(VALUE(TRIM(CLEAN(RIGHT(TableM3[[#This Row],[Down]],2)))),TableLasers[],COLUMN(TableLasers[S-DPH]),FALSE))","v":9280},{"$f":"SUM(LEFT(TableM3[[#This Row],[Main]],2)*VLOOKUP(VALUE(TRIM(CLEAN(RIGHT(TableM3[[#This Row],[Main]],2)))),TableLasers[],COLUMN(TableLasers[H-DPH]),FALSE),LEFT(TableM3[[#This Row],[Front]],2)*VLOOKUP(VALUE(TRIM(CLEAN(RIGHT(TableM3[[#This Row],[Front]],2)))),TableLasers[],COLUMN(TableLasers[H-DPH]),FALSE),LEFT(TableM3[[#This Row],[Back]],2)*VLOOKUP(VALUE(TRIM(CLEAN(RIGHT(TableM3[[#This Row],[Back]],2)))),TableLasers[],COLUMN(TableLasers[H-DPH]),FALSE),LEFT(TableM3[[#This Row],[Left]],2)*VLOOKUP(VALUE(TRIM(CLEAN(RIGHT(TableM3[[#This Row],[Left]],2)))),TableLasers[],COLUMN(TableLasers[H-DPH]),FALSE),LEFT(TableM3[[#This Row],[Right]],2)*VLOOKUP(VALUE(TRIM(CLEAN(RIGHT(TableM3[[#This Row],[Right]],2)))),TableLasers[],COLUMN(TableLasers[H-DPH]),FALSE),LEFT(TableM3[[#This Row],[Up]],2)*VLOOKUP(VALUE(TRIM(CLEAN(RIGHT(TableM3[[#This Row],[Up]],2)))),TableLasers[],COLUMN(TableLasers[H-DPH]),FALSE),LEFT(TableM3[[#This Row],[Down]],2)*VLOOKUP(VALUE(TRIM(CLEAN(RIGHT(TableM3[[#This Row],[Down]],2)))),TableLasers[],COLUMN(TableLasers[H-DPH]),FALSE))","v":1812},"04::11","00::00","00::00","00::00","00::00","00::00","00::00",4,2,2,null,null,null,null,"10,11",null,null,null,null,null,null,"24,27,36,37,38"]
[614,"Kha'ak","M3","Advanced Fighter",null,244.4,122.2,40,"L",7000,"25 MJ ",5,1250,44.091710758377403,6,12400,372,260,0,{"$f":"SUM(LEFT(TableM3[[#This Row],[Main]],2)*VLOOKUP(VALUE(TRIM(CLEAN(RIGHT(TableM3[[#This Row],[Main]],2)))),TableLasers[],COLUMN(TableLasers[S-DPH]),FALSE),LEFT(TableM3[[#This Row],[Front]],2)*VLOOKUP(VALUE(TRIM(CLEAN(RIGHT(TableM3[[#This Row],[Front]],2)))),TableLasers[],COLUMN(TableLasers[S-DPH]),FALSE),LEFT(TableM3[[#This Row],[Back]],2)*VLOOKUP(VALUE(TRIM(CLEAN(RIGHT(TableM3[[#This Row],[Back]],2)))),TableLasers[],COLUMN(TableLasers[S-DPH]),FALSE),LEFT(TableM3[[#This Row],[Left]],2)*VLOOKUP(VALUE(TRIM(CLEAN(RIGHT(TableM3[[#This Row],[Left]],2)))),TableLasers[],COLUMN(TableLasers[S-DPH]),FALSE),LEFT(TableM3[[#This Row],[Right]],2)*VLOOKUP(VALUE(TRIM(CLEAN(RIGHT(TableM3[[#This Row],[Right]],2)))),TableLasers[],COLUMN(TableLasers[S-DPH]),FALSE),LEFT(TableM3[[#This Row],[Up]],2)*VLOOKUP(VALUE(TRIM(CLEAN(RIGHT(TableM3[[#This Row],[Up]],2)))),TableLasers[],COLUMN(TableLasers[S-DPH]),FALSE),LEFT(TableM3[[#This Row],[Down]],2)*VLOOKUP(VALUE(TRIM(CLEAN(RIGHT(TableM3[[#This Row],[Down]],2)))),TableLasers[],COLUMN(TableLasers[S-DPH]),FALSE))","v":52560},{"$f":"SUM(LEFT(TableM3[[#This Row],[Main]],2)*VLOOKUP(VALUE(TRIM(CLEAN(RIGHT(TableM3[[#This Row],[Main]],2)))),TableLasers[],COLUMN(TableLasers[H-DPH]),FALSE),LEFT(TableM3[[#This Row],[Front]],2)*VLOOKUP(VALUE(TRIM(CLEAN(RIGHT(TableM3[[#This Row],[Front]],2)))),TableLasers[],COLUMN(TableLasers[H-DPH]),FALSE),LEFT(TableM3[[#This Row],[Back]],2)*VLOOKUP(VALUE(TRIM(CLEAN(RIGHT(TableM3[[#This Row],[Back]],2)))),TableLasers[],COLUMN(TableLasers[H-DPH]),FALSE),LEFT(TableM3[[#This Row],[Left]],2)*VLOOKUP(VALUE(TRIM(CLEAN(RIGHT(TableM3[[#This Row],[Left]],2)))),TableLasers[],COLUMN(TableLasers[H-DPH]),FALSE),LEFT(TableM3[[#This Row],[Right]],2)*VLOOKUP(VALUE(TRIM(CLEAN(RIGHT(TableM3[[#This Row],[Right]],2)))),TableLasers[],COLUMN(TableLasers[H-DPH]),FALSE),LEFT(TableM3[[#This Row],[Up]],2)*VLOOKUP(VALUE(TRIM(CLEAN(RIGHT(TableM3[[#This Row],[Up]],2)))),TableLasers[],COLUMN(TableLasers[H-DPH]),FALSE),LEFT(TableM3[[#This Row],[Down]],2)*VLOOKUP(VALUE(TRIM(CLEAN(RIGHT(TableM3[[#This Row],[Down]],2)))),TableLasers[],COLUMN(TableLasers[H-DPH]),FALSE))","v":11274},"06::43","00::00","00::00","00::00","00::00","00::00","00::00",6,null,null,null,null,null,null,"42,43",null,null,null,null,null,null,26]
[622,"Terran","M3","Excalibur(Argon)",null,303.39999999999998,151.69999999999999,30,"L",8500,"25 MJ ",4,1200,44.091710758377403,8,7500,224.99250000000001,185,0,{"$f":"SUM(LEFT(TableM3[[#This Row],[Main]],2)*VLOOKUP(VALUE(TRIM(CLEAN(RIGHT(TableM3[[#This Row],[Main]],2)))),TableLasers[],COLUMN(TableLasers[S-DPH]),FALSE),LEFT(TableM3[[#This Row],[Front]],2)*VLOOKUP(VALUE(TRIM(CLEAN(RIGHT(TableM3[[#This Row],[Front]],2)))),TableLasers[],COLUMN(TableLasers[S-DPH]),FALSE),LEFT(TableM3[[#This Row],[Back]],2)*VLOOKUP(VALUE(TRIM(CLEAN(RIGHT(TableM3[[#This Row],[Back]],2)))),TableLasers[],COLUMN(TableLasers[S-DPH]),FALSE),LEFT(TableM3[[#This Row],[Left]],2)*VLOOKUP(VALUE(TRIM(CLEAN(RIGHT(TableM3[[#This Row],[Left]],2)))),TableLasers[],COLUMN(TableLasers[S-DPH]),FALSE),LEFT(TableM3[[#This Row],[Right]],2)*VLOOKUP(VALUE(TRIM(CLEAN(RIGHT(TableM3[[#This Row],[Right]],2)))),TableLasers[],COLUMN(TableLasers[S-DPH]),FALSE),LEFT(TableM3[[#This Row],[Up]],2)*VLOOKUP(VALUE(TRIM(CLEAN(RIGHT(TableM3[[#This Row],[Up]],2)))),TableLasers[],COLUMN(TableLasers[S-DPH]),FALSE),LEFT(TableM3[[#This Row],[Down]],2)*VLOOKUP(VALUE(TRIM(CLEAN(RIGHT(TableM3[[#This Row],[Down]],2)))),TableLasers[],COLUMN(TableLasers[S-DPH]),FALSE))","v":18560},{"$f":"SUM(LEFT(TableM3[[#This Row],[Main]],2)*VLOOKUP(VALUE(TRIM(CLEAN(RIGHT(TableM3[[#This Row],[Main]],2)))),TableLasers[],COLUMN(TableLasers[H-DPH]),FALSE),LEFT(TableM3[[#This Row],[Front]],2)*VLOOKUP(VALUE(TRIM(CLEAN(RIGHT(TableM3[[#This Row],[Front]],2)))),TableLasers[],COLUMN(TableLasers[H-DPH]),FALSE),LEFT(TableM3[[#This Row],[Back]],2)*VLOOKUP(VALUE(TRIM(CLEAN(RIGHT(TableM3[[#This Row],[Back]],2)))),TableLasers[],COLUMN(TableLasers[H-DPH]),FALSE),LEFT(TableM3[[#This Row],[Left]],2)*VLOOKUP(VALUE(TRIM(CLEAN(RIGHT(TableM3[[#This Row],[Left]],2)))),TableLasers[],COLUMN(TableLasers[H-DPH]),FALSE),LEFT(TableM3[[#This Row],[Right]],2)*VLOOKUP(VALUE(TRIM(CLEAN(RIGHT(TableM3[[#This Row],[Right]],2)))),TableLasers[],COLUMN(TableLasers[H-DPH]),FALSE),LEFT(TableM3[[#This Row],[Up]],2)*VLOOKUP(VALUE(TRIM(CLEAN(RIGHT(TableM3[[#This Row],[Up]],2)))),TableLasers[],COLUMN(TableLasers[H-DPH]),FALSE),LEFT(TableM3[[#This Row],[Down]],2)*VLOOKUP(VALUE(TRIM(CLEAN(RIGHT(TableM3[[#This Row],[Down]],2)))),TableLasers[],COLUMN(TableLasers[H-DPH]),FALSE))","v":3624},"06::11","00::00","02::11","00::00","00::00","00::00","00::00",6,null,2,null,null,null,null,"10,11",null,"10,11,29,35",null,null,null,null,"24,27,36,37,38"]
[623,"Teladi","M3","Emeus(Teladi)",null,267.68,95.6,34,"L",12000,"25 MJ ",3,976,44.091710758377403,8,5500,137.46700000000001,355,0,{"$f":"SUM(LEFT(TableM3[[#This Row],[Main]],2)*VLOOKUP(VALUE(TRIM(CLEAN(RIGHT(TableM3[[#This Row],[Main]],2)))),TableLasers[],COLUMN(TableLasers[S-DPH]),FALSE),LEFT(TableM3[[#This Row],[Front]],2)*VLOOKUP(VALUE(TRIM(CLEAN(RIGHT(TableM3[[#This Row],[Front]],2)))),TableLasers[],COLUMN(TableLasers[S-DPH]),FALSE),LEFT(TableM3[[#This Row],[Back]],2)*VLOOKUP(VALUE(TRIM(CLEAN(RIGHT(TableM3[[#This Row],[Back]],2)))),TableLasers[],COLUMN(TableLasers[S-DPH]),FALSE),LEFT(TableM3[[#This Row],[Left]],2)*VLOOKUP(VALUE(TRIM(CLEAN(RIGHT(TableM3[[#This Row],[Left]],2)))),TableLasers[],COLUMN(TableLasers[S-DPH]),FALSE),LEFT(TableM3[[#This Row],[Right]],2)*VLOOKUP(VALUE(TRIM(CLEAN(RIGHT(TableM3[[#This Row],[Right]],2)))),TableLasers[],COLUMN(TableLasers[S-DPH]),FALSE),LEFT(TableM3[[#This Row],[Up]],2)*VLOOKUP(VALUE(TRIM(CLEAN(RIGHT(TableM3[[#This Row],[Up]],2)))),TableLasers[],COLUMN(TableLasers[S-DPH]),FALSE),LEFT(TableM3[[#This Row],[Down]],2)*VLOOKUP(VALUE(TRIM(CLEAN(RIGHT(TableM3[[#This Row],[Down]],2)))),TableLasers[],COLUMN(TableLasers[S-DPH]),FALSE))","v":5496},{"$f":"SUM(LEFT(TableM3[[#This Row],[Main]],2)*VLOOKUP(VALUE(TRIM(CLEAN(RIGHT(TableM3[[#This Row],[Main]],2)))),TableLasers[],COLUMN(TableLasers[H-DPH]),FALSE),LEFT(TableM3[[#This Row],[Front]],2)*VLOOKUP(VALUE(TRIM(CLEAN(RIGHT(TableM3[[#This Row],[Front]],2)))),TableLasers[],COLUMN(TableLasers[H-DPH]),FALSE),LEFT(TableM3[[#This Row],[Back]],2)*VLOOKUP(VALUE(TRIM(CLEAN(RIGHT(TableM3[[#This Row],[Back]],2)))),TableLasers[],COLUMN(TableLasers[H-DPH]),FALSE),LEFT(TableM3[[#This Row],[Left]],2)*VLOOKUP(VALUE(TRIM(CLEAN(RIGHT(TableM3[[#This Row],[Left]],2)))),TableLasers[],COLUMN(TableLasers[H-DPH]),FALSE),LEFT(TableM3[[#This Row],[Right]],2)*VLOOKUP(VALUE(TRIM(CLEAN(RIGHT(TableM3[[#This Row],[Right]],2)))),TableLasers[],COLUMN(TableLasers[H-DPH]),FALSE),LEFT(TableM3[[#This Row],[Up]],2)*VLOOKUP(VALUE(TRIM(CLEAN(RIGHT(TableM3[[#This Row],[Up]],2)))),TableLasers[],COLUMN(TableLasers[H-DPH]),FALSE),LEFT(TableM3[[#This Row],[Down]],2)*VLOOKUP(VALUE(TRIM(CLEAN(RIGHT(TableM3[[#This Row],[Down]],2)))),TableLasers[],COLUMN(TableLasers[H-DPH]),FALSE))","v":1016},"06::05","00::00","02::05","00::00","00::00","00::00","00::00",6,null,2,null,null,null,null,"0,1,5,2",null,"0,1,5",null,null,null,null,"0,1,3,5,12,17,22,23,35"]
[624,"Paranid","M3","Patroclus(Paranid)",null,234.08,106.4,35,"L",12000,"25 MJ ",5,1100,44.091710758377403,10,7900,197.45259999999999,195,0,{"$f":"SUM(LEFT(TableM3[[#This Row],[Main]],2)*VLOOKUP(VALUE(TRIM(CLEAN(RIGHT(TableM3[[#This Row],[Main]],2)))),TableLasers[],COLUMN(TableLasers[S-DPH]),FALSE),LEFT(TableM3[[#This Row],[Front]],2)*VLOOKUP(VALUE(TRIM(CLEAN(RIGHT(TableM3[[#This Row],[Front]],2)))),TableLasers[],COLUMN(TableLasers[S-DPH]),FALSE),LEFT(TableM3[[#This Row],[Back]],2)*VLOOKUP(VALUE(TRIM(CLEAN(RIGHT(TableM3[[#This Row],[Back]],2)))),TableLasers[],COLUMN(TableLasers[S-DPH]),FALSE),LEFT(TableM3[[#This Row],[Left]],2)*VLOOKUP(VALUE(TRIM(CLEAN(RIGHT(TableM3[[#This Row],[Left]],2)))),TableLasers[],COLUMN(TableLasers[S-DPH]),FALSE),LEFT(TableM3[[#This Row],[Right]],2)*VLOOKUP(VALUE(TRIM(CLEAN(RIGHT(TableM3[[#This Row],[Right]],2)))),TableLasers[],COLUMN(TableLasers[S-DPH]),FALSE),LEFT(TableM3[[#This Row],[Up]],2)*VLOOKUP(VALUE(TRIM(CLEAN(RIGHT(TableM3[[#This Row],[Up]],2)))),TableLasers[],COLUMN(TableLasers[S-DPH]),FALSE),LEFT(TableM3[[#This Row],[Down]],2)*VLOOKUP(VALUE(TRIM(CLEAN(RIGHT(TableM3[[#This Row],[Down]],2)))),TableLasers[],COLUMN(TableLasers[S-DPH]),FALSE))","v":52400},{"$f":"SUM(LEFT(TableM3[[#This Row],[Main]],2)*VLOOKUP(VALUE(TRIM(CLEAN(RIGHT(TableM3[[#This Row],[Main]],2)))),TableLasers[],COLUMN(TableLasers[H-DPH]),FALSE),LEFT(TableM3[[#This Row],[Front]],2)*VLOOKUP(VALUE(TRIM(CLEAN(RIGHT(TableM3[[#This Row],[Front]],2)))),TableLasers[],COLUMN(TableLasers[H-DPH]),FALSE),LEFT(TableM3[[#This Row],[Back]],2)*VLOOKUP(VALUE(TRIM(CLEAN(RIGHT(TableM3[[#This Row],[Back]],2)))),TableLasers[],COLUMN(TableLasers[H-DPH]),FALSE),LEFT(TableM3[[#This Row],[Left]],2)*VLOOKUP(VALUE(TRIM(CLEAN(RIGHT(TableM3[[#This Row],[Left]],2)))),TableLasers[],COLUMN(TableLasers[H-DPH]),FALSE),LEFT(TableM3[[#This Row],[Right]],2)*VLOOKUP(VALUE(TRIM(CLEAN(RIGHT(TableM3[[#This Row],[Right]],2)))),TableLasers[],COLUMN(TableLasers[H-DPH]),FALSE),LEFT(TableM3[[#This Row],[Up]],2)*VLOOKUP(VALUE(TRIM(CLEAN(RIGHT(TableM3[[#This Row],[Up]],2)))),TableLasers[],COLUMN(TableLasers[H-DPH]),FALSE),LEFT(TableM3[[#This Row],[Down]],2)*VLOOKUP(VALUE(TRIM(CLEAN(RIGHT(TableM3[[#This Row],[Down]],2)))),TableLasers[],COLUMN(TableLasers[H-DPH]),FALSE))","v":9600},"08::06","00::00","02::06","00::00","00::00","00::00","00::00",8,null,2,null,null,null,null,"0,1,6,7",null,"0,1,6,7",null,null,null,null,"0,1,3,5,12,17,22,23,35"]
[631,"Pirates","M3","Barracuda",null,278.75,111.5,38,"L",14000,"25 MJ ",3,750,44.091710758377403,8,5900,147.46459999999999,238,0,{"$f":"SUM(LEFT(TableM3[[#This Row],[Main]],2)*VLOOKUP(VALUE(TRIM(CLEAN(RIGHT(TableM3[[#This Row],[Main]],2)))),TableLasers[],COLUMN(TableLasers[S-DPH]),FALSE),LEFT(TableM3[[#This Row],[Front]],2)*VLOOKUP(VALUE(TRIM(CLEAN(RIGHT(TableM3[[#This Row],[Front]],2)))),TableLasers[],COLUMN(TableLasers[S-DPH]),FALSE),LEFT(TableM3[[#This Row],[Back]],2)*VLOOKUP(VALUE(TRIM(CLEAN(RIGHT(TableM3[[#This Row],[Back]],2)))),TableLasers[],COLUMN(TableLasers[S-DPH]),FALSE),LEFT(TableM3[[#This Row],[Left]],2)*VLOOKUP(VALUE(TRIM(CLEAN(RIGHT(TableM3[[#This Row],[Left]],2)))),TableLasers[],COLUMN(TableLasers[S-DPH]),FALSE),LEFT(TableM3[[#This Row],[Right]],2)*VLOOKUP(VALUE(TRIM(CLEAN(RIGHT(TableM3[[#This Row],[Right]],2)))),TableLasers[],COLUMN(TableLasers[S-DPH]),FALSE),LEFT(TableM3[[#This Row],[Up]],2)*VLOOKUP(VALUE(TRIM(CLEAN(RIGHT(TableM3[[#This Row],[Up]],2)))),TableLasers[],COLUMN(TableLasers[S-DPH]),FALSE),LEFT(TableM3[[#This Row],[Down]],2)*VLOOKUP(VALUE(TRIM(CLEAN(RIGHT(TableM3[[#This Row],[Down]],2)))),TableLasers[],COLUMN(TableLasers[S-DPH]),FALSE))","v":10800},{"$f":"SUM(LEFT(TableM3[[#This Row],[Main]],2)*VLOOKUP(VALUE(TRIM(CLEAN(RIGHT(TableM3[[#This Row],[Main]],2)))),TableLasers[],COLUMN(TableLasers[H-DPH]),FALSE),LEFT(TableM3[[#This Row],[Front]],2)*VLOOKUP(VALUE(TRIM(CLEAN(RIGHT(TableM3[[#This Row],[Front]],2)))),TableLasers[],COLUMN(TableLasers[H-DPH]),FALSE),LEFT(TableM3[[#This Row],[Back]],2)*VLOOKUP(VALUE(TRIM(CLEAN(RIGHT(TableM3[[#This Row],[Back]],2)))),TableLasers[],COLUMN(TableLasers[H-DPH]),FALSE),LEFT(TableM3[[#This Row],[Left]],2)*VLOOKUP(VALUE(TRIM(CLEAN(RIGHT(TableM3[[#This Row],[Left]],2)))),TableLasers[],COLUMN(TableLasers[H-DPH]),FALSE),LEFT(TableM3[[#This Row],[Right]],2)*VLOOKUP(VALUE(TRIM(CLEAN(RIGHT(TableM3[[#This Row],[Right]],2)))),TableLasers[],COLUMN(TableLasers[H-DPH]),FALSE),LEFT(TableM3[[#This Row],[Up]],2)*VLOOKUP(VALUE(TRIM(CLEAN(RIGHT(TableM3[[#This Row],[Up]],2)))),TableLasers[],COLUMN(TableLasers[H-DPH]),FALSE),LEFT(TableM3[[#This Row],[Down]],2)*VLOOKUP(VALUE(TRIM(CLEAN(RIGHT(TableM3[[#This Row],[Down]],2)))),TableLasers[],COLUMN(TableLasers[H-DPH]),FALSE))","v":96},"08::08","00::00","00::00","00::00","00::00","00::00","00::00",8,null,null,null,null,null,null,"0,1,4,8",null,null,null,null,null,null,"0,1,3,5,12,17,22,23,35"]
[632,"Pirates","M3","Barracuda","Raider",326,130.4,38,"L",12550,"25 MJ ",2,500,44.091710758377403,8,5800,144.94200000000001,217,0,{"$f":"SUM(LEFT(TableM3[[#This Row],[Main]],2)*VLOOKUP(VALUE(TRIM(CLEAN(RIGHT(TableM3[[#This Row],[Main]],2)))),TableLasers[],COLUMN(TableLasers[S-DPH]),FALSE),LEFT(TableM3[[#This Row],[Front]],2)*VLOOKUP(VALUE(TRIM(CLEAN(RIGHT(TableM3[[#This Row],[Front]],2)))),TableLasers[],COLUMN(TableLasers[S-DPH]),FALSE),LEFT(TableM3[[#This Row],[Back]],2)*VLOOKUP(VALUE(TRIM(CLEAN(RIGHT(TableM3[[#This Row],[Back]],2)))),TableLasers[],COLUMN(TableLasers[S-DPH]),FALSE),LEFT(TableM3[[#This Row],[Left]],2)*VLOOKUP(VALUE(TRIM(CLEAN(RIGHT(TableM3[[#This Row],[Left]],2)))),TableLasers[],COLUMN(TableLasers[S-DPH]),FALSE),LEFT(TableM3[[#This Row],[Right]],2)*VLOOKUP(VALUE(TRIM(CLEAN(RIGHT(TableM3[[#This Row],[Right]],2)))),TableLasers[],COLUMN(TableLasers[S-DPH]),FALSE),LEFT(TableM3[[#This Row],[Up]],2)*VLOOKUP(VALUE(TRIM(CLEAN(RIGHT(TableM3[[#This Row],[Up]],2)))),TableLasers[],COLUMN(TableLasers[S-DPH]),FALSE),LEFT(TableM3[[#This Row],[Down]],2)*VLOOKUP(VALUE(TRIM(CLEAN(RIGHT(TableM3[[#This Row],[Down]],2)))),TableLasers[],COLUMN(TableLasers[S-DPH]),FALSE))","v":10800},{"$f":"SUM(LEFT(TableM3[[#This Row],[Main]],2)*VLOOKUP(VALUE(TRIM(CLEAN(RIGHT(TableM3[[#This Row],[Main]],2)))),TableLasers[],COLUMN(TableLasers[H-DPH]),FALSE),LEFT(TableM3[[#This Row],[Front]],2)*VLOOKUP(VALUE(TRIM(CLEAN(RIGHT(TableM3[[#This Row],[Front]],2)))),TableLasers[],COLUMN(TableLasers[H-DPH]),FALSE),LEFT(TableM3[[#This Row],[Back]],2)*VLOOKUP(VALUE(TRIM(CLEAN(RIGHT(TableM3[[#This Row],[Back]],2)))),TableLasers[],COLUMN(TableLasers[H-DPH]),FALSE),LEFT(TableM3[[#This Row],[Left]],2)*VLOOKUP(VALUE(TRIM(CLEAN(RIGHT(TableM3[[#This Row],[Left]],2)))),TableLasers[],COLUMN(TableLasers[H-DPH]),FALSE),LEFT(TableM3[[#This Row],[Right]],2)*VLOOKUP(VALUE(TRIM(CLEAN(RIGHT(TableM3[[#This Row],[Right]],2)))),TableLasers[],COLUMN(TableLasers[H-DPH]),FALSE),LEFT(TableM3[[#This Row],[Up]],2)*VLOOKUP(VALUE(TRIM(CLEAN(RIGHT(TableM3[[#This Row],[Up]],2)))),TableLasers[],COLUMN(TableLasers[H-DPH]),FALSE),LEFT(TableM3[[#This Row],[Down]],2)*VLOOKUP(VALUE(TRIM(CLEAN(RIGHT(TableM3[[#This Row],[Down]],2)))),TableLasers[],COLUMN(TableLasers[H-DPH]),FALSE))","v":96},"08::08","00::00","00::00","00::00","00::00","00::00","00::00",8,null,null,null,null,null,null,"0,1,4,8",null,null,null,null,null,null,"0,1,3,5,12,17,22,23,35"]
[633,"Pirates","M3","Skate",null,253.5,101.4,38,"L",21250,"25 MJ ",5,1160,44.091710758377403,12,8800,366.6696,305,0,{"$f":"SUM(LEFT(TableM3[[#This Row],[Main]],2)*VLOOKUP(VALUE(TRIM(CLEAN(RIGHT(TableM3[[#This Row],[Main]],2)))),TableLasers[],COLUMN(TableLasers[S-DPH]),FALSE),LEFT(TableM3[[#This Row],[Front]],2)*VLOOKUP(VALUE(TRIM(CLEAN(RIGHT(TableM3[[#This Row],[Front]],2)))),TableLasers[],COLUMN(TableLasers[S-DPH]),FALSE),LEFT(TableM3[[#This Row],[Back]],2)*VLOOKUP(VALUE(TRIM(CLEAN(RIGHT(TableM3[[#This Row],[Back]],2)))),TableLasers[],COLUMN(TableLasers[S-DPH]),FALSE),LEFT(TableM3[[#This Row],[Left]],2)*VLOOKUP(VALUE(TRIM(CLEAN(RIGHT(TableM3[[#This Row],[Left]],2)))),TableLasers[],COLUMN(TableLasers[S-DPH]),FALSE),LEFT(TableM3[[#This Row],[Right]],2)*VLOOKUP(VALUE(TRIM(CLEAN(RIGHT(TableM3[[#This Row],[Right]],2)))),TableLasers[],COLUMN(TableLasers[S-DPH]),FALSE),LEFT(TableM3[[#This Row],[Up]],2)*VLOOKUP(VALUE(TRIM(CLEAN(RIGHT(TableM3[[#This Row],[Up]],2)))),TableLasers[],COLUMN(TableLasers[S-DPH]),FALSE),LEFT(TableM3[[#This Row],[Down]],2)*VLOOKUP(VALUE(TRIM(CLEAN(RIGHT(TableM3[[#This Row],[Down]],2)))),TableLasers[],COLUMN(TableLasers[S-DPH]),FALSE))","v":16200},{"$f":"SUM(LEFT(TableM3[[#This Row],[Main]],2)*VLOOKUP(VALUE(TRIM(CLEAN(RIGHT(TableM3[[#This Row],[Main]],2)))),TableLasers[],COLUMN(TableLasers[H-DPH]),FALSE),LEFT(TableM3[[#This Row],[Front]],2)*VLOOKUP(VALUE(TRIM(CLEAN(RIGHT(TableM3[[#This Row],[Front]],2)))),TableLasers[],COLUMN(TableLasers[H-DPH]),FALSE),LEFT(TableM3[[#This Row],[Back]],2)*VLOOKUP(VALUE(TRIM(CLEAN(RIGHT(TableM3[[#This Row],[Back]],2)))),TableLasers[],COLUMN(TableLasers[H-DPH]),FALSE),LEFT(TableM3[[#This Row],[Left]],2)*VLOOKUP(VALUE(TRIM(CLEAN(RIGHT(TableM3[[#This Row],[Left]],2)))),TableLasers[],COLUMN(TableLasers[H-DPH]),FALSE),LEFT(TableM3[[#This Row],[Right]],2)*VLOOKUP(VALUE(TRIM(CLEAN(RIGHT(TableM3[[#This Row],[Right]],2)))),TableLasers[],COLUMN(TableLasers[H-DPH]),FALSE),LEFT(TableM3[[#This Row],[Up]],2)*VLOOKUP(VALUE(TRIM(CLEAN(RIGHT(TableM3[[#This Row],[Up]],2)))),TableLasers[],COLUMN(TableLasers[H-DPH]),FALSE),LEFT(TableM3[[#This Row],[Down]],2)*VLOOKUP(VALUE(TRIM(CLEAN(RIGHT(TableM3[[#This Row],[Down]],2)))),TableLasers[],COLUMN(TableLasers[H-DPH]),FALSE))","v":144},"08::08","02::08","02::08","00::00","00::00","00::00","00::00",8,2,2,null,null,null,null,"0,1,4,8","0,1,8","0,1,8",null,null,null,null,"0,1,3,5,12,17,22,23,35"]
[639,"Pirates","M3","Perseus",null,262.82080000000002,119.464,38,"L",10000,"25 MJ ",2,750,44.091710758377403,10,7400,184.9556,190,0,{"$f":"SUM(LEFT(TableM3[[#This Row],[Main]],2)*VLOOKUP(VALUE(TRIM(CLEAN(RIGHT(TableM3[[#This Row],[Main]],2)))),TableLasers[],COLUMN(TableLasers[S-DPH]),FALSE),LEFT(TableM3[[#This Row],[Front]],2)*VLOOKUP(VALUE(TRIM(CLEAN(RIGHT(TableM3[[#This Row],[Front]],2)))),TableLasers[],COLUMN(TableLasers[S-DPH]),FALSE),LEFT(TableM3[[#This Row],[Back]],2)*VLOOKUP(VALUE(TRIM(CLEAN(RIGHT(TableM3[[#This Row],[Back]],2)))),TableLasers[],COLUMN(TableLasers[S-DPH]),FALSE),LEFT(TableM3[[#This Row],[Left]],2)*VLOOKUP(VALUE(TRIM(CLEAN(RIGHT(TableM3[[#This Row],[Left]],2)))),TableLasers[],COLUMN(TableLasers[S-DPH]),FALSE),LEFT(TableM3[[#This Row],[Right]],2)*VLOOKUP(VALUE(TRIM(CLEAN(RIGHT(TableM3[[#This Row],[Right]],2)))),TableLasers[],COLUMN(TableLasers[S-DPH]),FALSE),LEFT(TableM3[[#This Row],[Up]],2)*VLOOKUP(VALUE(TRIM(CLEAN(RIGHT(TableM3[[#This Row],[Up]],2)))),TableLasers[],COLUMN(TableLasers[S-DPH]),FALSE),LEFT(TableM3[[#This Row],[Down]],2)*VLOOKUP(VALUE(TRIM(CLEAN(RIGHT(TableM3[[#This Row],[Down]],2)))),TableLasers[],COLUMN(TableLasers[S-DPH]),FALSE))","v":52400},{"$f":"SUM(LEFT(TableM3[[#This Row],[Main]],2)*VLOOKUP(VALUE(TRIM(CLEAN(RIGHT(TableM3[[#This Row],[Main]],2)))),TableLasers[],COLUMN(TableLasers[H-DPH]),FALSE),LEFT(TableM3[[#This Row],[Front]],2)*VLOOKUP(VALUE(TRIM(CLEAN(RIGHT(TableM3[[#This Row],[Front]],2)))),TableLasers[],COLUMN(TableLasers[H-DPH]),FALSE),LEFT(TableM3[[#This Row],[Back]],2)*VLOOKUP(VALUE(TRIM(CLEAN(RIGHT(TableM3[[#This Row],[Back]],2)))),TableLasers[],COLUMN(TableLasers[H-DPH]),FALSE),LEFT(TableM3[[#This Row],[Left]],2)*VLOOKUP(VALUE(TRIM(CLEAN(RIGHT(TableM3[[#This Row],[Left]],2)))),TableLasers[],COLUMN(TableLasers[H-DPH]),FALSE),LEFT(TableM3[[#This Row],[Right]],2)*VLOOKUP(VALUE(TRIM(CLEAN(RIGHT(TableM3[[#This Row],[Right]],2)))),TableLasers[],COLUMN(TableLasers[H-DPH]),FALSE),LEFT(TableM3[[#This Row],[Up]],2)*VLOOKUP(VALUE(TRIM(CLEAN(RIGHT(TableM3[[#This Row],[Up]],2)))),TableLasers[],COLUMN(TableLasers[H-DPH]),FALSE),LEFT(TableM3[[#This Row],[Down]],2)*VLOOKUP(VALUE(TRIM(CLEAN(RIGHT(TableM3[[#This Row],[Down]],2)))),TableLasers[],COLUMN(TableLasers[H-DPH]),FALSE))","v":9600},"08::06","00::00","02::06","00::00","00::00","00::00","00::00",8,null,2,null,null,null,null,"0,1,6,7",null,"0,1,6,7",null,null,null,null,"0,1,3,5,12,17,22,23,35"]
[640,"Pirates","M3","Perseus","Raider",295.60079999999999,134.364,38,"L",9500,"25 MJ ",1,825,44.091710758377403,10,8000,199.952,164,0,{"$f":"SUM(LEFT(TableM3[[#This Row],[Main]],2)*VLOOKUP(VALUE(TRIM(CLEAN(RIGHT(TableM3[[#This Row],[Main]],2)))),TableLasers[],COLUMN(TableLasers[S-DPH]),FALSE),LEFT(TableM3[[#This Row],[Front]],2)*VLOOKUP(VALUE(TRIM(CLEAN(RIGHT(TableM3[[#This Row],[Front]],2)))),TableLasers[],COLUMN(TableLasers[S-DPH]),FALSE),LEFT(TableM3[[#This Row],[Back]],2)*VLOOKUP(VALUE(TRIM(CLEAN(RIGHT(TableM3[[#This Row],[Back]],2)))),TableLasers[],COLUMN(TableLasers[S-DPH]),FALSE),LEFT(TableM3[[#This Row],[Left]],2)*VLOOKUP(VALUE(TRIM(CLEAN(RIGHT(TableM3[[#This Row],[Left]],2)))),TableLasers[],COLUMN(TableLasers[S-DPH]),FALSE),LEFT(TableM3[[#This Row],[Right]],2)*VLOOKUP(VALUE(TRIM(CLEAN(RIGHT(TableM3[[#This Row],[Right]],2)))),TableLasers[],COLUMN(TableLasers[S-DPH]),FALSE),LEFT(TableM3[[#This Row],[Up]],2)*VLOOKUP(VALUE(TRIM(CLEAN(RIGHT(TableM3[[#This Row],[Up]],2)))),TableLasers[],COLUMN(TableLasers[S-DPH]),FALSE),LEFT(TableM3[[#This Row],[Down]],2)*VLOOKUP(VALUE(TRIM(CLEAN(RIGHT(TableM3[[#This Row],[Down]],2)))),TableLasers[],COLUMN(TableLasers[S-DPH]),FALSE))","v":52400},{"$f":"SUM(LEFT(TableM3[[#This Row],[Main]],2)*VLOOKUP(VALUE(TRIM(CLEAN(RIGHT(TableM3[[#This Row],[Main]],2)))),TableLasers[],COLUMN(TableLasers[H-DPH]),FALSE),LEFT(TableM3[[#This Row],[Front]],2)*VLOOKUP(VALUE(TRIM(CLEAN(RIGHT(TableM3[[#This Row],[Front]],2)))),TableLasers[],COLUMN(TableLasers[H-DPH]),FALSE),LEFT(TableM3[[#This Row],[Back]],2)*VLOOKUP(VALUE(TRIM(CLEAN(RIGHT(TableM3[[#This Row],[Back]],2)))),TableLasers[],COLUMN(TableLasers[H-DPH]),FALSE),LEFT(TableM3[[#This Row],[Left]],2)*VLOOKUP(VALUE(TRIM(CLEAN(RIGHT(TableM3[[#This Row],[Left]],2)))),TableLasers[],COLUMN(TableLasers[H-DPH]),FALSE),LEFT(TableM3[[#This Row],[Right]],2)*VLOOKUP(VALUE(TRIM(CLEAN(RIGHT(TableM3[[#This Row],[Right]],2)))),TableLasers[],COLUMN(TableLasers[H-DPH]),FALSE),LEFT(TableM3[[#This Row],[Up]],2)*VLOOKUP(VALUE(TRIM(CLEAN(RIGHT(TableM3[[#This Row],[Up]],2)))),TableLasers[],COLUMN(TableLasers[H-DPH]),FALSE),LEFT(TableM3[[#This Row],[Down]],2)*VLOOKUP(VALUE(TRIM(CLEAN(RIGHT(TableM3[[#This Row],[Down]],2)))),TableLasers[],COLUMN(TableLasers[H-DPH]),FALSE))","v":9600},"08::06","00::00","02::06","00::00","00::00","00::00","00::00",8,null,2,null,null,null,null,"0,1,6,7",null,"0,1,6,7",null,null,null,null,"0,1,3,5,12,17,22,23,35"]
[641,"Pirates","M3","Medusa",null,235.54079999999999,107.06399999999999,35,"L",12500,"25 MJ ",4,1300,44.091710758377403,12,11433,285.82499999999999,380,0,{"$f":"SUM(LEFT(TableM3[[#This Row],[Main]],2)*VLOOKUP(VALUE(TRIM(CLEAN(RIGHT(TableM3[[#This Row],[Main]],2)))),TableLasers[],COLUMN(TableLasers[S-DPH]),FALSE),LEFT(TableM3[[#This Row],[Front]],2)*VLOOKUP(VALUE(TRIM(CLEAN(RIGHT(TableM3[[#This Row],[Front]],2)))),TableLasers[],COLUMN(TableLasers[S-DPH]),FALSE),LEFT(TableM3[[#This Row],[Back]],2)*VLOOKUP(VALUE(TRIM(CLEAN(RIGHT(TableM3[[#This Row],[Back]],2)))),TableLasers[],COLUMN(TableLasers[S-DPH]),FALSE),LEFT(TableM3[[#This Row],[Left]],2)*VLOOKUP(VALUE(TRIM(CLEAN(RIGHT(TableM3[[#This Row],[Left]],2)))),TableLasers[],COLUMN(TableLasers[S-DPH]),FALSE),LEFT(TableM3[[#This Row],[Right]],2)*VLOOKUP(VALUE(TRIM(CLEAN(RIGHT(TableM3[[#This Row],[Right]],2)))),TableLasers[],COLUMN(TableLasers[S-DPH]),FALSE),LEFT(TableM3[[#This Row],[Up]],2)*VLOOKUP(VALUE(TRIM(CLEAN(RIGHT(TableM3[[#This Row],[Up]],2)))),TableLasers[],COLUMN(TableLasers[S-DPH]),FALSE),LEFT(TableM3[[#This Row],[Down]],2)*VLOOKUP(VALUE(TRIM(CLEAN(RIGHT(TableM3[[#This Row],[Down]],2)))),TableLasers[],COLUMN(TableLasers[S-DPH]),FALSE))","v":62880},{"$f":"SUM(LEFT(TableM3[[#This Row],[Main]],2)*VLOOKUP(VALUE(TRIM(CLEAN(RIGHT(TableM3[[#This Row],[Main]],2)))),TableLasers[],COLUMN(TableLasers[H-DPH]),FALSE),LEFT(TableM3[[#This Row],[Front]],2)*VLOOKUP(VALUE(TRIM(CLEAN(RIGHT(TableM3[[#This Row],[Front]],2)))),TableLasers[],COLUMN(TableLasers[H-DPH]),FALSE),LEFT(TableM3[[#This Row],[Back]],2)*VLOOKUP(VALUE(TRIM(CLEAN(RIGHT(TableM3[[#This Row],[Back]],2)))),TableLasers[],COLUMN(TableLasers[H-DPH]),FALSE),LEFT(TableM3[[#This Row],[Left]],2)*VLOOKUP(VALUE(TRIM(CLEAN(RIGHT(TableM3[[#This Row],[Left]],2)))),TableLasers[],COLUMN(TableLasers[H-DPH]),FALSE),LEFT(TableM3[[#This Row],[Right]],2)*VLOOKUP(VALUE(TRIM(CLEAN(RIGHT(TableM3[[#This Row],[Right]],2)))),TableLasers[],COLUMN(TableLasers[H-DPH]),FALSE),LEFT(TableM3[[#This Row],[Up]],2)*VLOOKUP(VALUE(TRIM(CLEAN(RIGHT(TableM3[[#This Row],[Up]],2)))),TableLasers[],COLUMN(TableLasers[H-DPH]),FALSE),LEFT(TableM3[[#This Row],[Down]],2)*VLOOKUP(VALUE(TRIM(CLEAN(RIGHT(TableM3[[#This Row],[Down]],2)))),TableLasers[],COLUMN(TableLasers[H-DPH]),FALSE))","v":11520},"08::06","02::06","02::06","00::00","00::00","00::00","00::00",8,2,2,null,null,null,null,"0,1,6,7","0,1,6,7","0,1,6,7",null,null,null,null,"0,1,3,5,12,17,22,23,35"]
[647,"Pirates","M3","Mamba",null,308.75,123.5,35,"L",8000,"25 MJ ",1,650,44.091710758377403,8,8300,207.4502,194,0,{"$f":"SUM(LEFT(TableM3[[#This Row],[Main]],2)*VLOOKUP(VALUE(TRIM(CLEAN(RIGHT(TableM3[[#This Row],[Main]],2)))),TableLasers[],COLUMN(TableLasers[S-DPH]),FALSE),LEFT(TableM3[[#This Row],[Front]],2)*VLOOKUP(VALUE(TRIM(CLEAN(RIGHT(TableM3[[#This Row],[Front]],2)))),TableLasers[],COLUMN(TableLasers[S-DPH]),FALSE),LEFT(TableM3[[#This Row],[Back]],2)*VLOOKUP(VALUE(TRIM(CLEAN(RIGHT(TableM3[[#This Row],[Back]],2)))),TableLasers[],COLUMN(TableLasers[S-DPH]),FALSE),LEFT(TableM3[[#This Row],[Left]],2)*VLOOKUP(VALUE(TRIM(CLEAN(RIGHT(TableM3[[#This Row],[Left]],2)))),TableLasers[],COLUMN(TableLasers[S-DPH]),FALSE),LEFT(TableM3[[#This Row],[Right]],2)*VLOOKUP(VALUE(TRIM(CLEAN(RIGHT(TableM3[[#This Row],[Right]],2)))),TableLasers[],COLUMN(TableLasers[S-DPH]),FALSE),LEFT(TableM3[[#This Row],[Up]],2)*VLOOKUP(VALUE(TRIM(CLEAN(RIGHT(TableM3[[#This Row],[Up]],2)))),TableLasers[],COLUMN(TableLasers[S-DPH]),FALSE),LEFT(TableM3[[#This Row],[Down]],2)*VLOOKUP(VALUE(TRIM(CLEAN(RIGHT(TableM3[[#This Row],[Down]],2)))),TableLasers[],COLUMN(TableLasers[S-DPH]),FALSE))","v":5120},{"$f":"SUM(LEFT(TableM3[[#This Row],[Main]],2)*VLOOKUP(VALUE(TRIM(CLEAN(RIGHT(TableM3[[#This Row],[Main]],2)))),TableLasers[],COLUMN(TableLasers[H-DPH]),FALSE),LEFT(TableM3[[#This Row],[Front]],2)*VLOOKUP(VALUE(TRIM(CLEAN(RIGHT(TableM3[[#This Row],[Front]],2)))),TableLasers[],COLUMN(TableLasers[H-DPH]),FALSE),LEFT(TableM3[[#This Row],[Back]],2)*VLOOKUP(VALUE(TRIM(CLEAN(RIGHT(TableM3[[#This Row],[Back]],2)))),TableLasers[],COLUMN(TableLasers[H-DPH]),FALSE),LEFT(TableM3[[#This Row],[Left]],2)*VLOOKUP(VALUE(TRIM(CLEAN(RIGHT(TableM3[[#This Row],[Left]],2)))),TableLasers[],COLUMN(TableLasers[H-DPH]),FALSE),LEFT(TableM3[[#This Row],[Right]],2)*VLOOKUP(VALUE(TRIM(CLEAN(RIGHT(TableM3[[#This Row],[Right]],2)))),TableLasers[],COLUMN(TableLasers[H-DPH]),FALSE),LEFT(TableM3[[#This Row],[Up]],2)*VLOOKUP(VALUE(TRIM(CLEAN(RIGHT(TableM3[[#This Row],[Up]],2)))),TableLasers[],COLUMN(TableLasers[H-DPH]),FALSE),LEFT(TableM3[[#This Row],[Down]],2)*VLOOKUP(VALUE(TRIM(CLEAN(RIGHT(TableM3[[#This Row],[Down]],2)))),TableLasers[],COLUMN(TableLasers[H-DPH]),FALSE))","v":960},"08::01","00::00","00::00","00::00","00::00","00::00","00::00",8,null,null,null,null,null,null,"0,1,3,9",null,null,null,null,null,null,"0,1,3,5,12,17,22,23,35"]
[648,"Pirates","M3","Mamba","Raider",346.75,138.69999999999999,35,"L",7600,"25 MJ ",1,715,44.091710758377403,10,7800,194.95320000000001,161,0,{"$f":"SUM(LEFT(TableM3[[#This Row],[Main]],2)*VLOOKUP(VALUE(TRIM(CLEAN(RIGHT(TableM3[[#This Row],[Main]],2)))),TableLasers[],COLUMN(TableLasers[S-DPH]),FALSE),LEFT(TableM3[[#This Row],[Front]],2)*VLOOKUP(VALUE(TRIM(CLEAN(RIGHT(TableM3[[#This Row],[Front]],2)))),TableLasers[],COLUMN(TableLasers[S-DPH]),FALSE),LEFT(TableM3[[#This Row],[Back]],2)*VLOOKUP(VALUE(TRIM(CLEAN(RIGHT(TableM3[[#This Row],[Back]],2)))),TableLasers[],COLUMN(TableLasers[S-DPH]),FALSE),LEFT(TableM3[[#This Row],[Left]],2)*VLOOKUP(VALUE(TRIM(CLEAN(RIGHT(TableM3[[#This Row],[Left]],2)))),TableLasers[],COLUMN(TableLasers[S-DPH]),FALSE),LEFT(TableM3[[#This Row],[Right]],2)*VLOOKUP(VALUE(TRIM(CLEAN(RIGHT(TableM3[[#This Row],[Right]],2)))),TableLasers[],COLUMN(TableLasers[S-DPH]),FALSE),LEFT(TableM3[[#This Row],[Up]],2)*VLOOKUP(VALUE(TRIM(CLEAN(RIGHT(TableM3[[#This Row],[Up]],2)))),TableLasers[],COLUMN(TableLasers[S-DPH]),FALSE),LEFT(TableM3[[#This Row],[Down]],2)*VLOOKUP(VALUE(TRIM(CLEAN(RIGHT(TableM3[[#This Row],[Down]],2)))),TableLasers[],COLUMN(TableLasers[S-DPH]),FALSE))","v":6400},{"$f":"SUM(LEFT(TableM3[[#This Row],[Main]],2)*VLOOKUP(VALUE(TRIM(CLEAN(RIGHT(TableM3[[#This Row],[Main]],2)))),TableLasers[],COLUMN(TableLasers[H-DPH]),FALSE),LEFT(TableM3[[#This Row],[Front]],2)*VLOOKUP(VALUE(TRIM(CLEAN(RIGHT(TableM3[[#This Row],[Front]],2)))),TableLasers[],COLUMN(TableLasers[H-DPH]),FALSE),LEFT(TableM3[[#This Row],[Back]],2)*VLOOKUP(VALUE(TRIM(CLEAN(RIGHT(TableM3[[#This Row],[Back]],2)))),TableLasers[],COLUMN(TableLasers[H-DPH]),FALSE),LEFT(TableM3[[#This Row],[Left]],2)*VLOOKUP(VALUE(TRIM(CLEAN(RIGHT(TableM3[[#This Row],[Left]],2)))),TableLasers[],COLUMN(TableLasers[H-DPH]),FALSE),LEFT(TableM3[[#This Row],[Right]],2)*VLOOKUP(VALUE(TRIM(CLEAN(RIGHT(TableM3[[#This Row],[Right]],2)))),TableLasers[],COLUMN(TableLasers[H-DPH]),FALSE),LEFT(TableM3[[#This Row],[Up]],2)*VLOOKUP(VALUE(TRIM(CLEAN(RIGHT(TableM3[[#This Row],[Up]],2)))),TableLasers[],COLUMN(TableLasers[H-DPH]),FALSE),LEFT(TableM3[[#This Row],[Down]],2)*VLOOKUP(VALUE(TRIM(CLEAN(RIGHT(TableM3[[#This Row],[Down]],2)))),TableLasers[],COLUMN(TableLasers[H-DPH]),FALSE))","v":1200},"08::01","00::00","02::01","00::00","00::00","00::00","00::00",8,null,2,null,null,null,null,"0,1,3,9",null,"0,1,9",null,null,null,null,"0,1,3,5,12,17,22,23,35"]
[649,"Pirates","M3","Chimera",null,274.5,109.8,35,"L",10000,"25 MJ ",2,1125,44.091710758377403,12,15850,396.1549,290,0,{"$f":"SUM(LEFT(TableM3[[#This Row],[Main]],2)*VLOOKUP(VALUE(TRIM(CLEAN(RIGHT(TableM3[[#This Row],[Main]],2)))),TableLasers[],COLUMN(TableLasers[S-DPH]),FALSE),LEFT(TableM3[[#This Row],[Front]],2)*VLOOKUP(VALUE(TRIM(CLEAN(RIGHT(TableM3[[#This Row],[Front]],2)))),TableLasers[],COLUMN(TableLasers[S-DPH]),FALSE),LEFT(TableM3[[#This Row],[Back]],2)*VLOOKUP(VALUE(TRIM(CLEAN(RIGHT(TableM3[[#This Row],[Back]],2)))),TableLasers[],COLUMN(TableLasers[S-DPH]),FALSE),LEFT(TableM3[[#This Row],[Left]],2)*VLOOKUP(VALUE(TRIM(CLEAN(RIGHT(TableM3[[#This Row],[Left]],2)))),TableLasers[],COLUMN(TableLasers[S-DPH]),FALSE),LEFT(TableM3[[#This Row],[Right]],2)*VLOOKUP(VALUE(TRIM(CLEAN(RIGHT(TableM3[[#This Row],[Right]],2)))),TableLasers[],COLUMN(TableLasers[S-DPH]),FALSE),LEFT(TableM3[[#This Row],[Up]],2)*VLOOKUP(VALUE(TRIM(CLEAN(RIGHT(TableM3[[#This Row],[Up]],2)))),TableLasers[],COLUMN(TableLasers[S-DPH]),FALSE),LEFT(TableM3[[#This Row],[Down]],2)*VLOOKUP(VALUE(TRIM(CLEAN(RIGHT(TableM3[[#This Row],[Down]],2)))),TableLasers[],COLUMN(TableLasers[S-DPH]),FALSE))","v":7680},{"$f":"SUM(LEFT(TableM3[[#This Row],[Main]],2)*VLOOKUP(VALUE(TRIM(CLEAN(RIGHT(TableM3[[#This Row],[Main]],2)))),TableLasers[],COLUMN(TableLasers[H-DPH]),FALSE),LEFT(TableM3[[#This Row],[Front]],2)*VLOOKUP(VALUE(TRIM(CLEAN(RIGHT(TableM3[[#This Row],[Front]],2)))),TableLasers[],COLUMN(TableLasers[H-DPH]),FALSE),LEFT(TableM3[[#This Row],[Back]],2)*VLOOKUP(VALUE(TRIM(CLEAN(RIGHT(TableM3[[#This Row],[Back]],2)))),TableLasers[],COLUMN(TableLasers[H-DPH]),FALSE),LEFT(TableM3[[#This Row],[Left]],2)*VLOOKUP(VALUE(TRIM(CLEAN(RIGHT(TableM3[[#This Row],[Left]],2)))),TableLasers[],COLUMN(TableLasers[H-DPH]),FALSE),LEFT(TableM3[[#This Row],[Right]],2)*VLOOKUP(VALUE(TRIM(CLEAN(RIGHT(TableM3[[#This Row],[Right]],2)))),TableLasers[],COLUMN(TableLasers[H-DPH]),FALSE),LEFT(TableM3[[#This Row],[Up]],2)*VLOOKUP(VALUE(TRIM(CLEAN(RIGHT(TableM3[[#This Row],[Up]],2)))),TableLasers[],COLUMN(TableLasers[H-DPH]),FALSE),LEFT(TableM3[[#This Row],[Down]],2)*VLOOKUP(VALUE(TRIM(CLEAN(RIGHT(TableM3[[#This Row],[Down]],2)))),TableLasers[],COLUMN(TableLasers[H-DPH]),FALSE))","v":1440},"08::01","02::01","02::01","00::00","00::00","00::00","00::00",8,2,2,null,null,null,null,"0,1,3,9","0,1,9","0,1,9",null,null,null,null,"0,1,3,5,12,17,22,23,35"]
[654,"Pirates","M3","Cougar",null,269.25,107.7,35,"L",8200,"25 MJ ",2,820,44.091710758377403,10,9600,239.94239999999999,290,0,{"$f":"SUM(LEFT(TableM3[[#This Row],[Main]],2)*VLOOKUP(VALUE(TRIM(CLEAN(RIGHT(TableM3[[#This Row],[Main]],2)))),TableLasers[],COLUMN(TableLasers[S-DPH]),FALSE),LEFT(TableM3[[#This Row],[Front]],2)*VLOOKUP(VALUE(TRIM(CLEAN(RIGHT(TableM3[[#This Row],[Front]],2)))),TableLasers[],COLUMN(TableLasers[S-DPH]),FALSE),LEFT(TableM3[[#This Row],[Back]],2)*VLOOKUP(VALUE(TRIM(CLEAN(RIGHT(TableM3[[#This Row],[Back]],2)))),TableLasers[],COLUMN(TableLasers[S-DPH]),FALSE),LEFT(TableM3[[#This Row],[Left]],2)*VLOOKUP(VALUE(TRIM(CLEAN(RIGHT(TableM3[[#This Row],[Left]],2)))),TableLasers[],COLUMN(TableLasers[S-DPH]),FALSE),LEFT(TableM3[[#This Row],[Right]],2)*VLOOKUP(VALUE(TRIM(CLEAN(RIGHT(TableM3[[#This Row],[Right]],2)))),TableLasers[],COLUMN(TableLasers[S-DPH]),FALSE),LEFT(TableM3[[#This Row],[Up]],2)*VLOOKUP(VALUE(TRIM(CLEAN(RIGHT(TableM3[[#This Row],[Up]],2)))),TableLasers[],COLUMN(TableLasers[S-DPH]),FALSE),LEFT(TableM3[[#This Row],[Down]],2)*VLOOKUP(VALUE(TRIM(CLEAN(RIGHT(TableM3[[#This Row],[Down]],2)))),TableLasers[],COLUMN(TableLasers[S-DPH]),FALSE))","v":6400},{"$f":"SUM(LEFT(TableM3[[#This Row],[Main]],2)*VLOOKUP(VALUE(TRIM(CLEAN(RIGHT(TableM3[[#This Row],[Main]],2)))),TableLasers[],COLUMN(TableLasers[H-DPH]),FALSE),LEFT(TableM3[[#This Row],[Front]],2)*VLOOKUP(VALUE(TRIM(CLEAN(RIGHT(TableM3[[#This Row],[Front]],2)))),TableLasers[],COLUMN(TableLasers[H-DPH]),FALSE),LEFT(TableM3[[#This Row],[Back]],2)*VLOOKUP(VALUE(TRIM(CLEAN(RIGHT(TableM3[[#This Row],[Back]],2)))),TableLasers[],COLUMN(TableLasers[H-DPH]),FALSE),LEFT(TableM3[[#This Row],[Left]],2)*VLOOKUP(VALUE(TRIM(CLEAN(RIGHT(TableM3[[#This Row],[Left]],2)))),TableLasers[],COLUMN(TableLasers[H-DPH]),FALSE),LEFT(TableM3[[#This Row],[Right]],2)*VLOOKUP(VALUE(TRIM(CLEAN(RIGHT(TableM3[[#This Row],[Right]],2)))),TableLasers[],COLUMN(TableLasers[H-DPH]),FALSE),LEFT(TableM3[[#This Row],[Up]],2)*VLOOKUP(VALUE(TRIM(CLEAN(RIGHT(TableM3[[#This Row],[Up]],2)))),TableLasers[],COLUMN(TableLasers[H-DPH]),FALSE),LEFT(TableM3[[#This Row],[Down]],2)*VLOOKUP(VALUE(TRIM(CLEAN(RIGHT(TableM3[[#This Row],[Down]],2)))),TableLasers[],COLUMN(TableLasers[H-DPH]),FALSE))","v":1200},"08::01","00::00","02::01","00::00","00::00","00::00","00::00",8,null,2,null,null,null,null,"0,1,3,9",null,"0,1,9",null,null,null,null,"0,1,3,5,12,17,22,23,35"]
[655,"Pirates","M3","Cougar","Raider",322.5,129,35,"L",8200,"25 MJ ",1,750,44.091710758377403,8,7700,192.4538,240,0,{"$f":"SUM(LEFT(TableM3[[#This Row],[Main]],2)*VLOOKUP(VALUE(TRIM(CLEAN(RIGHT(TableM3[[#This Row],[Main]],2)))),TableLasers[],COLUMN(TableLasers[S-DPH]),FALSE),LEFT(TableM3[[#This Row],[Front]],2)*VLOOKUP(VALUE(TRIM(CLEAN(RIGHT(TableM3[[#This Row],[Front]],2)))),TableLasers[],COLUMN(TableLasers[S-DPH]),FALSE),LEFT(TableM3[[#This Row],[Back]],2)*VLOOKUP(VALUE(TRIM(CLEAN(RIGHT(TableM3[[#This Row],[Back]],2)))),TableLasers[],COLUMN(TableLasers[S-DPH]),FALSE),LEFT(TableM3[[#This Row],[Left]],2)*VLOOKUP(VALUE(TRIM(CLEAN(RIGHT(TableM3[[#This Row],[Left]],2)))),TableLasers[],COLUMN(TableLasers[S-DPH]),FALSE),LEFT(TableM3[[#This Row],[Right]],2)*VLOOKUP(VALUE(TRIM(CLEAN(RIGHT(TableM3[[#This Row],[Right]],2)))),TableLasers[],COLUMN(TableLasers[S-DPH]),FALSE),LEFT(TableM3[[#This Row],[Up]],2)*VLOOKUP(VALUE(TRIM(CLEAN(RIGHT(TableM3[[#This Row],[Up]],2)))),TableLasers[],COLUMN(TableLasers[S-DPH]),FALSE),LEFT(TableM3[[#This Row],[Down]],2)*VLOOKUP(VALUE(TRIM(CLEAN(RIGHT(TableM3[[#This Row],[Down]],2)))),TableLasers[],COLUMN(TableLasers[S-DPH]),FALSE))","v":5120},{"$f":"SUM(LEFT(TableM3[[#This Row],[Main]],2)*VLOOKUP(VALUE(TRIM(CLEAN(RIGHT(TableM3[[#This Row],[Main]],2)))),TableLasers[],COLUMN(TableLasers[H-DPH]),FALSE),LEFT(TableM3[[#This Row],[Front]],2)*VLOOKUP(VALUE(TRIM(CLEAN(RIGHT(TableM3[[#This Row],[Front]],2)))),TableLasers[],COLUMN(TableLasers[H-DPH]),FALSE),LEFT(TableM3[[#This Row],[Back]],2)*VLOOKUP(VALUE(TRIM(CLEAN(RIGHT(TableM3[[#This Row],[Back]],2)))),TableLasers[],COLUMN(TableLasers[H-DPH]),FALSE),LEFT(TableM3[[#This Row],[Left]],2)*VLOOKUP(VALUE(TRIM(CLEAN(RIGHT(TableM3[[#This Row],[Left]],2)))),TableLasers[],COLUMN(TableLasers[H-DPH]),FALSE),LEFT(TableM3[[#This Row],[Right]],2)*VLOOKUP(VALUE(TRIM(CLEAN(RIGHT(TableM3[[#This Row],[Right]],2)))),TableLasers[],COLUMN(TableLasers[H-DPH]),FALSE),LEFT(TableM3[[#This Row],[Up]],2)*VLOOKUP(VALUE(TRIM(CLEAN(RIGHT(TableM3[[#This Row],[Up]],2)))),TableLasers[],COLUMN(TableLasers[H-DPH]),FALSE),LEFT(TableM3[[#This Row],[Down]],2)*VLOOKUP(VALUE(TRIM(CLEAN(RIGHT(TableM3[[#This Row],[Down]],2)))),TableLasers[],COLUMN(TableLasers[H-DPH]),FALSE))","v":960},"06::01","00::00","02::01","00::00","00::00","00::00","00::00",6,null,2,null,null,null,null,"0,1,3,9",null,"0,1,9",null,null,null,null,"0,1,3,5,12,17,22,23,35"]
[656,"Pirates","M3","Falcon","Raider",244.3408,111.06399999999999,28,"L",11400,"25 MJ ",3,726,44.091710758377403,10,8040,200.95176000000001,396,0,{"$f":"SUM(LEFT(TableM3[[#This Row],[Main]],2)*VLOOKUP(VALUE(TRIM(CLEAN(RIGHT(TableM3[[#This Row],[Main]],2)))),TableLasers[],COLUMN(TableLasers[S-DPH]),FALSE),LEFT(TableM3[[#This Row],[Front]],2)*VLOOKUP(VALUE(TRIM(CLEAN(RIGHT(TableM3[[#This Row],[Front]],2)))),TableLasers[],COLUMN(TableLasers[S-DPH]),FALSE),LEFT(TableM3[[#This Row],[Back]],2)*VLOOKUP(VALUE(TRIM(CLEAN(RIGHT(TableM3[[#This Row],[Back]],2)))),TableLasers[],COLUMN(TableLasers[S-DPH]),FALSE),LEFT(TableM3[[#This Row],[Left]],2)*VLOOKUP(VALUE(TRIM(CLEAN(RIGHT(TableM3[[#This Row],[Left]],2)))),TableLasers[],COLUMN(TableLasers[S-DPH]),FALSE),LEFT(TableM3[[#This Row],[Right]],2)*VLOOKUP(VALUE(TRIM(CLEAN(RIGHT(TableM3[[#This Row],[Right]],2)))),TableLasers[],COLUMN(TableLasers[S-DPH]),FALSE),LEFT(TableM3[[#This Row],[Up]],2)*VLOOKUP(VALUE(TRIM(CLEAN(RIGHT(TableM3[[#This Row],[Up]],2)))),TableLasers[],COLUMN(TableLasers[S-DPH]),FALSE),LEFT(TableM3[[#This Row],[Down]],2)*VLOOKUP(VALUE(TRIM(CLEAN(RIGHT(TableM3[[#This Row],[Down]],2)))),TableLasers[],COLUMN(TableLasers[S-DPH]),FALSE))","v":6870},{"$f":"SUM(LEFT(TableM3[[#This Row],[Main]],2)*VLOOKUP(VALUE(TRIM(CLEAN(RIGHT(TableM3[[#This Row],[Main]],2)))),TableLasers[],COLUMN(TableLasers[H-DPH]),FALSE),LEFT(TableM3[[#This Row],[Front]],2)*VLOOKUP(VALUE(TRIM(CLEAN(RIGHT(TableM3[[#This Row],[Front]],2)))),TableLasers[],COLUMN(TableLasers[H-DPH]),FALSE),LEFT(TableM3[[#This Row],[Back]],2)*VLOOKUP(VALUE(TRIM(CLEAN(RIGHT(TableM3[[#This Row],[Back]],2)))),TableLasers[],COLUMN(TableLasers[H-DPH]),FALSE),LEFT(TableM3[[#This Row],[Left]],2)*VLOOKUP(VALUE(TRIM(CLEAN(RIGHT(TableM3[[#This Row],[Left]],2)))),TableLasers[],COLUMN(TableLasers[H-DPH]),FALSE),LEFT(TableM3[[#This Row],[Right]],2)*VLOOKUP(VALUE(TRIM(CLEAN(RIGHT(TableM3[[#This Row],[Right]],2)))),TableLasers[],COLUMN(TableLasers[H-DPH]),FALSE),LEFT(TableM3[[#This Row],[Up]],2)*VLOOKUP(VALUE(TRIM(CLEAN(RIGHT(TableM3[[#This Row],[Up]],2)))),TableLasers[],COLUMN(TableLasers[H-DPH]),FALSE),LEFT(TableM3[[#This Row],[Down]],2)*VLOOKUP(VALUE(TRIM(CLEAN(RIGHT(TableM3[[#This Row],[Down]],2)))),TableLasers[],COLUMN(TableLasers[H-DPH]),FALSE))","v":1270},"08::05","00::00","02::05","00::00","00::00","00::00","00::00",8,null,2,null,null,null,null,"0,1,5,2",null,"0,1,5",null,null,null,null,"0,1,3,5,12,17,22,23,35"]
[659,"Pirates","M3","Emeus(Teladi)",null,248.1584,88.628,34,"L",12000,"25 MJ ",2,976,44.091710758377403,8,8500,212.44900000000001,210,0,{"$f":"SUM(LEFT(TableM3[[#This Row],[Main]],2)*VLOOKUP(VALUE(TRIM(CLEAN(RIGHT(TableM3[[#This Row],[Main]],2)))),TableLasers[],COLUMN(TableLasers[S-DPH]),FALSE),LEFT(TableM3[[#This Row],[Front]],2)*VLOOKUP(VALUE(TRIM(CLEAN(RIGHT(TableM3[[#This Row],[Front]],2)))),TableLasers[],COLUMN(TableLasers[S-DPH]),FALSE),LEFT(TableM3[[#This Row],[Back]],2)*VLOOKUP(VALUE(TRIM(CLEAN(RIGHT(TableM3[[#This Row],[Back]],2)))),TableLasers[],COLUMN(TableLasers[S-DPH]),FALSE),LEFT(TableM3[[#This Row],[Left]],2)*VLOOKUP(VALUE(TRIM(CLEAN(RIGHT(TableM3[[#This Row],[Left]],2)))),TableLasers[],COLUMN(TableLasers[S-DPH]),FALSE),LEFT(TableM3[[#This Row],[Right]],2)*VLOOKUP(VALUE(TRIM(CLEAN(RIGHT(TableM3[[#This Row],[Right]],2)))),TableLasers[],COLUMN(TableLasers[S-DPH]),FALSE),LEFT(TableM3[[#This Row],[Up]],2)*VLOOKUP(VALUE(TRIM(CLEAN(RIGHT(TableM3[[#This Row],[Up]],2)))),TableLasers[],COLUMN(TableLasers[S-DPH]),FALSE),LEFT(TableM3[[#This Row],[Down]],2)*VLOOKUP(VALUE(TRIM(CLEAN(RIGHT(TableM3[[#This Row],[Down]],2)))),TableLasers[],COLUMN(TableLasers[S-DPH]),FALSE))","v":5496},{"$f":"SUM(LEFT(TableM3[[#This Row],[Main]],2)*VLOOKUP(VALUE(TRIM(CLEAN(RIGHT(TableM3[[#This Row],[Main]],2)))),TableLasers[],COLUMN(TableLasers[H-DPH]),FALSE),LEFT(TableM3[[#This Row],[Front]],2)*VLOOKUP(VALUE(TRIM(CLEAN(RIGHT(TableM3[[#This Row],[Front]],2)))),TableLasers[],COLUMN(TableLasers[H-DPH]),FALSE),LEFT(TableM3[[#This Row],[Back]],2)*VLOOKUP(VALUE(TRIM(CLEAN(RIGHT(TableM3[[#This Row],[Back]],2)))),TableLasers[],COLUMN(TableLasers[H-DPH]),FALSE),LEFT(TableM3[[#This Row],[Left]],2)*VLOOKUP(VALUE(TRIM(CLEAN(RIGHT(TableM3[[#This Row],[Left]],2)))),TableLasers[],COLUMN(TableLasers[H-DPH]),FALSE),LEFT(TableM3[[#This Row],[Right]],2)*VLOOKUP(VALUE(TRIM(CLEAN(RIGHT(TableM3[[#This Row],[Right]],2)))),TableLasers[],COLUMN(TableLasers[H-DPH]),FALSE),LEFT(TableM3[[#This Row],[Up]],2)*VLOOKUP(VALUE(TRIM(CLEAN(RIGHT(TableM3[[#This Row],[Up]],2)))),TableLasers[],COLUMN(TableLasers[H-DPH]),FALSE),LEFT(TableM3[[#This Row],[Down]],2)*VLOOKUP(VALUE(TRIM(CLEAN(RIGHT(TableM3[[#This Row],[Down]],2)))),TableLasers[],COLUMN(TableLasers[H-DPH]),FALSE))","v":1016},"06::05","00::00","02::05","00::00","00::00","00::00","00::00",6,null,2,null,null,null,null,"0,1,5,2",null,"0,1,5",null,null,null,null,"0,1,3,5,12,17,22,23,35"]
[668,"Pirates","M3","Scimitar",null,284,142,30,"L",8300,"25 MJ ",4,975,44.091710758377403,6,7500,224.99250000000001,188,0,{"$f":"SUM(LEFT(TableM3[[#This Row],[Main]],2)*VLOOKUP(VALUE(TRIM(CLEAN(RIGHT(TableM3[[#This Row],[Main]],2)))),TableLasers[],COLUMN(TableLasers[S-DPH]),FALSE),LEFT(TableM3[[#This Row],[Front]],2)*VLOOKUP(VALUE(TRIM(CLEAN(RIGHT(TableM3[[#This Row],[Front]],2)))),TableLasers[],COLUMN(TableLasers[S-DPH]),FALSE),LEFT(TableM3[[#This Row],[Back]],2)*VLOOKUP(VALUE(TRIM(CLEAN(RIGHT(TableM3[[#This Row],[Back]],2)))),TableLasers[],COLUMN(TableLasers[S-DPH]),FALSE),LEFT(TableM3[[#This Row],[Left]],2)*VLOOKUP(VALUE(TRIM(CLEAN(RIGHT(TableM3[[#This Row],[Left]],2)))),TableLasers[],COLUMN(TableLasers[S-DPH]),FALSE),LEFT(TableM3[[#This Row],[Right]],2)*VLOOKUP(VALUE(TRIM(CLEAN(RIGHT(TableM3[[#This Row],[Right]],2)))),TableLasers[],COLUMN(TableLasers[S-DPH]),FALSE),LEFT(TableM3[[#This Row],[Up]],2)*VLOOKUP(VALUE(TRIM(CLEAN(RIGHT(TableM3[[#This Row],[Up]],2)))),TableLasers[],COLUMN(TableLasers[S-DPH]),FALSE),LEFT(TableM3[[#This Row],[Down]],2)*VLOOKUP(VALUE(TRIM(CLEAN(RIGHT(TableM3[[#This Row],[Down]],2)))),TableLasers[],COLUMN(TableLasers[S-DPH]),FALSE))","v":13920},{"$f":"SUM(LEFT(TableM3[[#This Row],[Main]],2)*VLOOKUP(VALUE(TRIM(CLEAN(RIGHT(TableM3[[#This Row],[Main]],2)))),TableLasers[],COLUMN(TableLasers[H-DPH]),FALSE),LEFT(TableM3[[#This Row],[Front]],2)*VLOOKUP(VALUE(TRIM(CLEAN(RIGHT(TableM3[[#This Row],[Front]],2)))),TableLasers[],COLUMN(TableLasers[H-DPH]),FALSE),LEFT(TableM3[[#This Row],[Back]],2)*VLOOKUP(VALUE(TRIM(CLEAN(RIGHT(TableM3[[#This Row],[Back]],2)))),TableLasers[],COLUMN(TableLasers[H-DPH]),FALSE),LEFT(TableM3[[#This Row],[Left]],2)*VLOOKUP(VALUE(TRIM(CLEAN(RIGHT(TableM3[[#This Row],[Left]],2)))),TableLasers[],COLUMN(TableLasers[H-DPH]),FALSE),LEFT(TableM3[[#This Row],[Right]],2)*VLOOKUP(VALUE(TRIM(CLEAN(RIGHT(TableM3[[#This Row],[Right]],2)))),TableLasers[],COLUMN(TableLasers[H-DPH]),FALSE),LEFT(TableM3[[#This Row],[Up]],2)*VLOOKUP(VALUE(TRIM(CLEAN(RIGHT(TableM3[[#This Row],[Up]],2)))),TableLasers[],COLUMN(TableLasers[H-DPH]),FALSE),LEFT(TableM3[[#This Row],[Down]],2)*VLOOKUP(VALUE(TRIM(CLEAN(RIGHT(TableM3[[#This Row],[Down]],2)))),TableLasers[],COLUMN(TableLasers[H-DPH]),FALSE))","v":2718},"06::11","00::00","00::00","00::00","00::00","00::00","00::00",6,null,null,null,null,null,null,"10,11,2",null,null,null,null,null,null,"24,27,36,37,38"]
[669,"Pirates","M3","Cutlass",null,252,126,30,"L",10625,"25 MJ ",5,1300,44.091710758377403,8,9800,293.99020000000002,240,0,{"$f":"SUM(LEFT(TableM3[[#This Row],[Main]],2)*VLOOKUP(VALUE(TRIM(CLEAN(RIGHT(TableM3[[#This Row],[Main]],2)))),TableLasers[],COLUMN(TableLasers[S-DPH]),FALSE),LEFT(TableM3[[#This Row],[Front]],2)*VLOOKUP(VALUE(TRIM(CLEAN(RIGHT(TableM3[[#This Row],[Front]],2)))),TableLasers[],COLUMN(TableLasers[S-DPH]),FALSE),LEFT(TableM3[[#This Row],[Back]],2)*VLOOKUP(VALUE(TRIM(CLEAN(RIGHT(TableM3[[#This Row],[Back]],2)))),TableLasers[],COLUMN(TableLasers[S-DPH]),FALSE),LEFT(TableM3[[#This Row],[Left]],2)*VLOOKUP(VALUE(TRIM(CLEAN(RIGHT(TableM3[[#This Row],[Left]],2)))),TableLasers[],COLUMN(TableLasers[S-DPH]),FALSE),LEFT(TableM3[[#This Row],[Right]],2)*VLOOKUP(VALUE(TRIM(CLEAN(RIGHT(TableM3[[#This Row],[Right]],2)))),TableLasers[],COLUMN(TableLasers[S-DPH]),FALSE),LEFT(TableM3[[#This Row],[Up]],2)*VLOOKUP(VALUE(TRIM(CLEAN(RIGHT(TableM3[[#This Row],[Up]],2)))),TableLasers[],COLUMN(TableLasers[S-DPH]),FALSE),LEFT(TableM3[[#This Row],[Down]],2)*VLOOKUP(VALUE(TRIM(CLEAN(RIGHT(TableM3[[#This Row],[Down]],2)))),TableLasers[],COLUMN(TableLasers[S-DPH]),FALSE))","v":13920},{"$f":"SUM(LEFT(TableM3[[#This Row],[Main]],2)*VLOOKUP(VALUE(TRIM(CLEAN(RIGHT(TableM3[[#This Row],[Main]],2)))),TableLasers[],COLUMN(TableLasers[H-DPH]),FALSE),LEFT(TableM3[[#This Row],[Front]],2)*VLOOKUP(VALUE(TRIM(CLEAN(RIGHT(TableM3[[#This Row],[Front]],2)))),TableLasers[],COLUMN(TableLasers[H-DPH]),FALSE),LEFT(TableM3[[#This Row],[Back]],2)*VLOOKUP(VALUE(TRIM(CLEAN(RIGHT(TableM3[[#This Row],[Back]],2)))),TableLasers[],COLUMN(TableLasers[H-DPH]),FALSE),LEFT(TableM3[[#This Row],[Left]],2)*VLOOKUP(VALUE(TRIM(CLEAN(RIGHT(TableM3[[#This Row],[Left]],2)))),TableLasers[],COLUMN(TableLasers[H-DPH]),FALSE),LEFT(TableM3[[#This Row],[Right]],2)*VLOOKUP(VALUE(TRIM(CLEAN(RIGHT(TableM3[[#This Row],[Right]],2)))),TableLasers[],COLUMN(TableLasers[H-DPH]),FALSE),LEFT(TableM3[[#This Row],[Up]],2)*VLOOKUP(VALUE(TRIM(CLEAN(RIGHT(TableM3[[#This Row],[Up]],2)))),TableLasers[],COLUMN(TableLasers[H-DPH]),FALSE),LEFT(TableM3[[#This Row],[Down]],2)*VLOOKUP(VALUE(TRIM(CLEAN(RIGHT(TableM3[[#This Row],[Down]],2)))),TableLasers[],COLUMN(TableLasers[H-DPH]),FALSE))","v":2718},"04::11","00::00","02::11","00::00","00::00","00::00","00::00",4,2,2,null,null,null,null,"3,10,11,2",null,"10,11,29,35",null,null,null,null,"24,27,36,37,38"]
[673,"Pirates","M3","Excalibur(Argon)",null,309.39999999999998,154.69999999999999,30,"L",7500,"25 MJ ",3,1200,44.091710758377403,8,7700,230.9923,190,0,{"$f":"SUM(LEFT(TableM3[[#This Row],[Main]],2)*VLOOKUP(VALUE(TRIM(CLEAN(RIGHT(TableM3[[#This Row],[Main]],2)))),TableLasers[],COLUMN(TableLasers[S-DPH]),FALSE),LEFT(TableM3[[#This Row],[Front]],2)*VLOOKUP(VALUE(TRIM(CLEAN(RIGHT(TableM3[[#This Row],[Front]],2)))),TableLasers[],COLUMN(TableLasers[S-DPH]),FALSE),LEFT(TableM3[[#This Row],[Back]],2)*VLOOKUP(VALUE(TRIM(CLEAN(RIGHT(TableM3[[#This Row],[Back]],2)))),TableLasers[],COLUMN(TableLasers[S-DPH]),FALSE),LEFT(TableM3[[#This Row],[Left]],2)*VLOOKUP(VALUE(TRIM(CLEAN(RIGHT(TableM3[[#This Row],[Left]],2)))),TableLasers[],COLUMN(TableLasers[S-DPH]),FALSE),LEFT(TableM3[[#This Row],[Right]],2)*VLOOKUP(VALUE(TRIM(CLEAN(RIGHT(TableM3[[#This Row],[Right]],2)))),TableLasers[],COLUMN(TableLasers[S-DPH]),FALSE),LEFT(TableM3[[#This Row],[Up]],2)*VLOOKUP(VALUE(TRIM(CLEAN(RIGHT(TableM3[[#This Row],[Up]],2)))),TableLasers[],COLUMN(TableLasers[S-DPH]),FALSE),LEFT(TableM3[[#This Row],[Down]],2)*VLOOKUP(VALUE(TRIM(CLEAN(RIGHT(TableM3[[#This Row],[Down]],2)))),TableLasers[],COLUMN(TableLasers[S-DPH]),FALSE))","v":18560},{"$f":"SUM(LEFT(TableM3[[#This Row],[Main]],2)*VLOOKUP(VALUE(TRIM(CLEAN(RIGHT(TableM3[[#This Row],[Main]],2)))),TableLasers[],COLUMN(TableLasers[H-DPH]),FALSE),LEFT(TableM3[[#This Row],[Front]],2)*VLOOKUP(VALUE(TRIM(CLEAN(RIGHT(TableM3[[#This Row],[Front]],2)))),TableLasers[],COLUMN(TableLasers[H-DPH]),FALSE),LEFT(TableM3[[#This Row],[Back]],2)*VLOOKUP(VALUE(TRIM(CLEAN(RIGHT(TableM3[[#This Row],[Back]],2)))),TableLasers[],COLUMN(TableLasers[H-DPH]),FALSE),LEFT(TableM3[[#This Row],[Left]],2)*VLOOKUP(VALUE(TRIM(CLEAN(RIGHT(TableM3[[#This Row],[Left]],2)))),TableLasers[],COLUMN(TableLasers[H-DPH]),FALSE),LEFT(TableM3[[#This Row],[Right]],2)*VLOOKUP(VALUE(TRIM(CLEAN(RIGHT(TableM3[[#This Row],[Right]],2)))),TableLasers[],COLUMN(TableLasers[H-DPH]),FALSE),LEFT(TableM3[[#This Row],[Up]],2)*VLOOKUP(VALUE(TRIM(CLEAN(RIGHT(TableM3[[#This Row],[Up]],2)))),TableLasers[],COLUMN(TableLasers[H-DPH]),FALSE),LEFT(TableM3[[#This Row],[Down]],2)*VLOOKUP(VALUE(TRIM(CLEAN(RIGHT(TableM3[[#This Row],[Down]],2)))),TableLasers[],COLUMN(TableLasers[H-DPH]),FALSE))","v":3624},"06::11","00::00","02::11","00::00","00::00","00::00","00::00",6,null,2,null,null,null,null,"3,10,11,2",null,"10,11,29,35",null,null,null,null,"24,27,36,37,38"]
[678,"ATF","M3","Verdandi","Sentinel",334.4,167.2,30,"L",7000,"25 MJ ",5,1350,44.091710758377403,12,7100,177.5,175,0,{"$f":"SUM(LEFT(TableM3[[#This Row],[Main]],2)*VLOOKUP(VALUE(TRIM(CLEAN(RIGHT(TableM3[[#This Row],[Main]],2)))),TableLasers[],COLUMN(TableLasers[S-DPH]),FALSE),LEFT(TableM3[[#This Row],[Front]],2)*VLOOKUP(VALUE(TRIM(CLEAN(RIGHT(TableM3[[#This Row],[Front]],2)))),TableLasers[],COLUMN(TableLasers[S-DPH]),FALSE),LEFT(TableM3[[#This Row],[Back]],2)*VLOOKUP(VALUE(TRIM(CLEAN(RIGHT(TableM3[[#This Row],[Back]],2)))),TableLasers[],COLUMN(TableLasers[S-DPH]),FALSE),LEFT(TableM3[[#This Row],[Left]],2)*VLOOKUP(VALUE(TRIM(CLEAN(RIGHT(TableM3[[#This Row],[Left]],2)))),TableLasers[],COLUMN(TableLasers[S-DPH]),FALSE),LEFT(TableM3[[#This Row],[Right]],2)*VLOOKUP(VALUE(TRIM(CLEAN(RIGHT(TableM3[[#This Row],[Right]],2)))),TableLasers[],COLUMN(TableLasers[S-DPH]),FALSE),LEFT(TableM3[[#This Row],[Up]],2)*VLOOKUP(VALUE(TRIM(CLEAN(RIGHT(TableM3[[#This Row],[Up]],2)))),TableLasers[],COLUMN(TableLasers[S-DPH]),FALSE),LEFT(TableM3[[#This Row],[Down]],2)*VLOOKUP(VALUE(TRIM(CLEAN(RIGHT(TableM3[[#This Row],[Down]],2)))),TableLasers[],COLUMN(TableLasers[S-DPH]),FALSE))","v":23200},{"$f":"SUM(LEFT(TableM3[[#This Row],[Main]],2)*VLOOKUP(VALUE(TRIM(CLEAN(RIGHT(TableM3[[#This Row],[Main]],2)))),TableLasers[],COLUMN(TableLasers[H-DPH]),FALSE),LEFT(TableM3[[#This Row],[Front]],2)*VLOOKUP(VALUE(TRIM(CLEAN(RIGHT(TableM3[[#This Row],[Front]],2)))),TableLasers[],COLUMN(TableLasers[H-DPH]),FALSE),LEFT(TableM3[[#This Row],[Back]],2)*VLOOKUP(VALUE(TRIM(CLEAN(RIGHT(TableM3[[#This Row],[Back]],2)))),TableLasers[],COLUMN(TableLasers[H-DPH]),FALSE),LEFT(TableM3[[#This Row],[Left]],2)*VLOOKUP(VALUE(TRIM(CLEAN(RIGHT(TableM3[[#This Row],[Left]],2)))),TableLasers[],COLUMN(TableLasers[H-DPH]),FALSE),LEFT(TableM3[[#This Row],[Right]],2)*VLOOKUP(VALUE(TRIM(CLEAN(RIGHT(TableM3[[#This Row],[Right]],2)))),TableLasers[],COLUMN(TableLasers[H-DPH]),FALSE),LEFT(TableM3[[#This Row],[Up]],2)*VLOOKUP(VALUE(TRIM(CLEAN(RIGHT(TableM3[[#This Row],[Up]],2)))),TableLasers[],COLUMN(TableLasers[H-DPH]),FALSE),LEFT(TableM3[[#This Row],[Down]],2)*VLOOKUP(VALUE(TRIM(CLEAN(RIGHT(TableM3[[#This Row],[Down]],2)))),TableLasers[],COLUMN(TableLasers[H-DPH]),FALSE))","v":4530},"10::11","00::00","00::00","00::00","00::00","00::00","00::00",10,null,2,null,null,null,null,"10,11",null,null,null,null,null,null,"24,27,36,37,38"]
[683,"ATF","M3","Norns",null,254.4,127.2,26,"L",14000,"200 MJ  ",1,1150,151.51515151515201,10,2400,60,445,0,{"$f":"SUM(LEFT(TableM3[[#This Row],[Main]],2)*VLOOKUP(VALUE(TRIM(CLEAN(RIGHT(TableM3[[#This Row],[Main]],2)))),TableLasers[],COLUMN(TableLasers[S-DPH]),FALSE),LEFT(TableM3[[#This Row],[Front]],2)*VLOOKUP(VALUE(TRIM(CLEAN(RIGHT(TableM3[[#This Row],[Front]],2)))),TableLasers[],COLUMN(TableLasers[S-DPH]),FALSE),LEFT(TableM3[[#This Row],[Back]],2)*VLOOKUP(VALUE(TRIM(CLEAN(RIGHT(TableM3[[#This Row],[Back]],2)))),TableLasers[],COLUMN(TableLasers[S-DPH]),FALSE),LEFT(TableM3[[#This Row],[Left]],2)*VLOOKUP(VALUE(TRIM(CLEAN(RIGHT(TableM3[[#This Row],[Left]],2)))),TableLasers[],COLUMN(TableLasers[S-DPH]),FALSE),LEFT(TableM3[[#This Row],[Right]],2)*VLOOKUP(VALUE(TRIM(CLEAN(RIGHT(TableM3[[#This Row],[Right]],2)))),TableLasers[],COLUMN(TableLasers[S-DPH]),FALSE),LEFT(TableM3[[#This Row],[Up]],2)*VLOOKUP(VALUE(TRIM(CLEAN(RIGHT(TableM3[[#This Row],[Up]],2)))),TableLasers[],COLUMN(TableLasers[S-DPH]),FALSE),LEFT(TableM3[[#This Row],[Down]],2)*VLOOKUP(VALUE(TRIM(CLEAN(RIGHT(TableM3[[#This Row],[Down]],2)))),TableLasers[],COLUMN(TableLasers[S-DPH]),FALSE))","v":13920},{"$f":"SUM(LEFT(TableM3[[#This Row],[Main]],2)*VLOOKUP(VALUE(TRIM(CLEAN(RIGHT(TableM3[[#This Row],[Main]],2)))),TableLasers[],COLUMN(TableLasers[H-DPH]),FALSE),LEFT(TableM3[[#This Row],[Front]],2)*VLOOKUP(VALUE(TRIM(CLEAN(RIGHT(TableM3[[#This Row],[Front]],2)))),TableLasers[],COLUMN(TableLasers[H-DPH]),FALSE),LEFT(TableM3[[#This Row],[Back]],2)*VLOOKUP(VALUE(TRIM(CLEAN(RIGHT(TableM3[[#This Row],[Back]],2)))),TableLasers[],COLUMN(TableLasers[H-DPH]),FALSE),LEFT(TableM3[[#This Row],[Left]],2)*VLOOKUP(VALUE(TRIM(CLEAN(RIGHT(TableM3[[#This Row],[Left]],2)))),TableLasers[],COLUMN(TableLasers[H-DPH]),FALSE),LEFT(TableM3[[#This Row],[Right]],2)*VLOOKUP(VALUE(TRIM(CLEAN(RIGHT(TableM3[[#This Row],[Right]],2)))),TableLasers[],COLUMN(TableLasers[H-DPH]),FALSE),LEFT(TableM3[[#This Row],[Up]],2)*VLOOKUP(VALUE(TRIM(CLEAN(RIGHT(TableM3[[#This Row],[Up]],2)))),TableLasers[],COLUMN(TableLasers[H-DPH]),FALSE),LEFT(TableM3[[#This Row],[Down]],2)*VLOOKUP(VALUE(TRIM(CLEAN(RIGHT(TableM3[[#This Row],[Down]],2)))),TableLasers[],COLUMN(TableLasers[H-DPH]),FALSE))","v":2718},"00::00","00::00","04::11","00::00","00::00","00::00","02::11",null,4,4,null,null,null,2,null,null,"10,11,29,35",null,null,null,"10,11,29,35",31]
[687,"Paranid","M3","Medusa Vanguard",null,202.62,92.1,35,"L",15500,"200 MJ  ",1,1350,75.757575757575793,12,9833,245.82499999999999,360,0,{"$f":"SUM(LEFT(TableM3[[#This Row],[Main]],2)*VLOOKUP(VALUE(TRIM(CLEAN(RIGHT(TableM3[[#This Row],[Main]],2)))),TableLasers[],COLUMN(TableLasers[S-DPH]),FALSE),LEFT(TableM3[[#This Row],[Front]],2)*VLOOKUP(VALUE(TRIM(CLEAN(RIGHT(TableM3[[#This Row],[Front]],2)))),TableLasers[],COLUMN(TableLasers[S-DPH]),FALSE),LEFT(TableM3[[#This Row],[Back]],2)*VLOOKUP(VALUE(TRIM(CLEAN(RIGHT(TableM3[[#This Row],[Back]],2)))),TableLasers[],COLUMN(TableLasers[S-DPH]),FALSE),LEFT(TableM3[[#This Row],[Left]],2)*VLOOKUP(VALUE(TRIM(CLEAN(RIGHT(TableM3[[#This Row],[Left]],2)))),TableLasers[],COLUMN(TableLasers[S-DPH]),FALSE),LEFT(TableM3[[#This Row],[Right]],2)*VLOOKUP(VALUE(TRIM(CLEAN(RIGHT(TableM3[[#This Row],[Right]],2)))),TableLasers[],COLUMN(TableLasers[S-DPH]),FALSE),LEFT(TableM3[[#This Row],[Up]],2)*VLOOKUP(VALUE(TRIM(CLEAN(RIGHT(TableM3[[#This Row],[Up]],2)))),TableLasers[],COLUMN(TableLasers[S-DPH]),FALSE),LEFT(TableM3[[#This Row],[Down]],2)*VLOOKUP(VALUE(TRIM(CLEAN(RIGHT(TableM3[[#This Row],[Down]],2)))),TableLasers[],COLUMN(TableLasers[S-DPH]),FALSE))","v":62880},{"$f":"SUM(LEFT(TableM3[[#This Row],[Main]],2)*VLOOKUP(VALUE(TRIM(CLEAN(RIGHT(TableM3[[#This Row],[Main]],2)))),TableLasers[],COLUMN(TableLasers[H-DPH]),FALSE),LEFT(TableM3[[#This Row],[Front]],2)*VLOOKUP(VALUE(TRIM(CLEAN(RIGHT(TableM3[[#This Row],[Front]],2)))),TableLasers[],COLUMN(TableLasers[H-DPH]),FALSE),LEFT(TableM3[[#This Row],[Back]],2)*VLOOKUP(VALUE(TRIM(CLEAN(RIGHT(TableM3[[#This Row],[Back]],2)))),TableLasers[],COLUMN(TableLasers[H-DPH]),FALSE),LEFT(TableM3[[#This Row],[Left]],2)*VLOOKUP(VALUE(TRIM(CLEAN(RIGHT(TableM3[[#This Row],[Left]],2)))),TableLasers[],COLUMN(TableLasers[H-DPH]),FALSE),LEFT(TableM3[[#This Row],[Right]],2)*VLOOKUP(VALUE(TRIM(CLEAN(RIGHT(TableM3[[#This Row],[Right]],2)))),TableLasers[],COLUMN(TableLasers[H-DPH]),FALSE),LEFT(TableM3[[#This Row],[Up]],2)*VLOOKUP(VALUE(TRIM(CLEAN(RIGHT(TableM3[[#This Row],[Up]],2)))),TableLasers[],COLUMN(TableLasers[H-DPH]),FALSE),LEFT(TableM3[[#This Row],[Down]],2)*VLOOKUP(VALUE(TRIM(CLEAN(RIGHT(TableM3[[#This Row],[Down]],2)))),TableLasers[],COLUMN(TableLasers[H-DPH]),FALSE))","v":11520},"10::06","00::00","02::06","00::00","00::00","00::00","00::00",10,null,2,null,null,null,null,"0,1,6,7",null,"0,1,6,7",null,null,null,null,"0,1,3,5,12,17,22,23,35"]
[690,"Xenon","M3","R",null,198.75,79.5,32,"L",16200,"25 MJ ",4,1220,44.091710758377403,8,3900,215.68170000000001,580,0,{"$f":"SUM(LEFT(TableM3[[#This Row],[Main]],2)*VLOOKUP(VALUE(TRIM(CLEAN(RIGHT(TableM3[[#This Row],[Main]],2)))),TableLasers[],COLUMN(TableLasers[S-DPH]),FALSE),LEFT(TableM3[[#This Row],[Front]],2)*VLOOKUP(VALUE(TRIM(CLEAN(RIGHT(TableM3[[#This Row],[Front]],2)))),TableLasers[],COLUMN(TableLasers[S-DPH]),FALSE),LEFT(TableM3[[#This Row],[Back]],2)*VLOOKUP(VALUE(TRIM(CLEAN(RIGHT(TableM3[[#This Row],[Back]],2)))),TableLasers[],COLUMN(TableLasers[S-DPH]),FALSE),LEFT(TableM3[[#This Row],[Left]],2)*VLOOKUP(VALUE(TRIM(CLEAN(RIGHT(TableM3[[#This Row],[Left]],2)))),TableLasers[],COLUMN(TableLasers[S-DPH]),FALSE),LEFT(TableM3[[#This Row],[Right]],2)*VLOOKUP(VALUE(TRIM(CLEAN(RIGHT(TableM3[[#This Row],[Right]],2)))),TableLasers[],COLUMN(TableLasers[S-DPH]),FALSE),LEFT(TableM3[[#This Row],[Up]],2)*VLOOKUP(VALUE(TRIM(CLEAN(RIGHT(TableM3[[#This Row],[Up]],2)))),TableLasers[],COLUMN(TableLasers[S-DPH]),FALSE),LEFT(TableM3[[#This Row],[Down]],2)*VLOOKUP(VALUE(TRIM(CLEAN(RIGHT(TableM3[[#This Row],[Down]],2)))),TableLasers[],COLUMN(TableLasers[S-DPH]),FALSE))","v":10212},{"$f":"SUM(LEFT(TableM3[[#This Row],[Main]],2)*VLOOKUP(VALUE(TRIM(CLEAN(RIGHT(TableM3[[#This Row],[Main]],2)))),TableLasers[],COLUMN(TableLasers[H-DPH]),FALSE),LEFT(TableM3[[#This Row],[Front]],2)*VLOOKUP(VALUE(TRIM(CLEAN(RIGHT(TableM3[[#This Row],[Front]],2)))),TableLasers[],COLUMN(TableLasers[H-DPH]),FALSE),LEFT(TableM3[[#This Row],[Back]],2)*VLOOKUP(VALUE(TRIM(CLEAN(RIGHT(TableM3[[#This Row],[Back]],2)))),TableLasers[],COLUMN(TableLasers[H-DPH]),FALSE),LEFT(TableM3[[#This Row],[Left]],2)*VLOOKUP(VALUE(TRIM(CLEAN(RIGHT(TableM3[[#This Row],[Left]],2)))),TableLasers[],COLUMN(TableLasers[H-DPH]),FALSE),LEFT(TableM3[[#This Row],[Right]],2)*VLOOKUP(VALUE(TRIM(CLEAN(RIGHT(TableM3[[#This Row],[Right]],2)))),TableLasers[],COLUMN(TableLasers[H-DPH]),FALSE),LEFT(TableM3[[#This Row],[Up]],2)*VLOOKUP(VALUE(TRIM(CLEAN(RIGHT(TableM3[[#This Row],[Up]],2)))),TableLasers[],COLUMN(TableLasers[H-DPH]),FALSE),LEFT(TableM3[[#This Row],[Down]],2)*VLOOKUP(VALUE(TRIM(CLEAN(RIGHT(TableM3[[#This Row],[Down]],2)))),TableLasers[],COLUMN(TableLasers[H-DPH]),FALSE))","v":1836},"00::00","04::12","02::12","00::00","00::00","00::00","00::00",null,4,2,null,null,null,null,null,12,12,null,null,null,null,"6,7"]
[693,"Argon","M3","AGI Fighter Drone",null,276.10199999999998,92.034000000000006,52,"L",12000,"25 MJ ",4,1580,44.091710758377403,12,4000,180,234,0,{"$f":"SUM(LEFT(TableM3[[#This Row],[Main]],2)*VLOOKUP(VALUE(TRIM(CLEAN(RIGHT(TableM3[[#This Row],[Main]],2)))),TableLasers[],COLUMN(TableLasers[S-DPH]),FALSE),LEFT(TableM3[[#This Row],[Front]],2)*VLOOKUP(VALUE(TRIM(CLEAN(RIGHT(TableM3[[#This Row],[Front]],2)))),TableLasers[],COLUMN(TableLasers[S-DPH]),FALSE),LEFT(TableM3[[#This Row],[Back]],2)*VLOOKUP(VALUE(TRIM(CLEAN(RIGHT(TableM3[[#This Row],[Back]],2)))),TableLasers[],COLUMN(TableLasers[S-DPH]),FALSE),LEFT(TableM3[[#This Row],[Left]],2)*VLOOKUP(VALUE(TRIM(CLEAN(RIGHT(TableM3[[#This Row],[Left]],2)))),TableLasers[],COLUMN(TableLasers[S-DPH]),FALSE),LEFT(TableM3[[#This Row],[Right]],2)*VLOOKUP(VALUE(TRIM(CLEAN(RIGHT(TableM3[[#This Row],[Right]],2)))),TableLasers[],COLUMN(TableLasers[S-DPH]),FALSE),LEFT(TableM3[[#This Row],[Up]],2)*VLOOKUP(VALUE(TRIM(CLEAN(RIGHT(TableM3[[#This Row],[Up]],2)))),TableLasers[],COLUMN(TableLasers[S-DPH]),FALSE),LEFT(TableM3[[#This Row],[Down]],2)*VLOOKUP(VALUE(TRIM(CLEAN(RIGHT(TableM3[[#This Row],[Down]],2)))),TableLasers[],COLUMN(TableLasers[S-DPH]),FALSE))","v":15120},{"$f":"SUM(LEFT(TableM3[[#This Row],[Main]],2)*VLOOKUP(VALUE(TRIM(CLEAN(RIGHT(TableM3[[#This Row],[Main]],2)))),TableLasers[],COLUMN(TableLasers[H-DPH]),FALSE),LEFT(TableM3[[#This Row],[Front]],2)*VLOOKUP(VALUE(TRIM(CLEAN(RIGHT(TableM3[[#This Row],[Front]],2)))),TableLasers[],COLUMN(TableLasers[H-DPH]),FALSE),LEFT(TableM3[[#This Row],[Back]],2)*VLOOKUP(VALUE(TRIM(CLEAN(RIGHT(TableM3[[#This Row],[Back]],2)))),TableLasers[],COLUMN(TableLasers[H-DPH]),FALSE),LEFT(TableM3[[#This Row],[Left]],2)*VLOOKUP(VALUE(TRIM(CLEAN(RIGHT(TableM3[[#This Row],[Left]],2)))),TableLasers[],COLUMN(TableLasers[H-DPH]),FALSE),LEFT(TableM3[[#This Row],[Right]],2)*VLOOKUP(VALUE(TRIM(CLEAN(RIGHT(TableM3[[#This Row],[Right]],2)))),TableLasers[],COLUMN(TableLasers[H-DPH]),FALSE),LEFT(TableM3[[#This Row],[Up]],2)*VLOOKUP(VALUE(TRIM(CLEAN(RIGHT(TableM3[[#This Row],[Up]],2)))),TableLasers[],COLUMN(TableLasers[H-DPH]),FALSE),LEFT(TableM3[[#This Row],[Down]],2)*VLOOKUP(VALUE(TRIM(CLEAN(RIGHT(TableM3[[#This Row],[Down]],2)))),TableLasers[],COLUMN(TableLasers[H-DPH]),FALSE))","v":896},"08::08","00::00","04::04","00::00","00::00","00::00","00::00",8,null,4,null,null,null,null,"0,1,4,8",null,"0,1,4",null,null,null,null,"0,1,3,5,12,17,22,23,24,27,36,37,38"]
[697,"Terran","M3","Terraformer Fighter",null,276.10199999999998,92.034000000000006,52,"L",12000,"25 MJ ",4,1580,44.091710758377403,12,4000,180,234,0,{"$f":"SUM(LEFT(TableM3[[#This Row],[Main]],2)*VLOOKUP(VALUE(TRIM(CLEAN(RIGHT(TableM3[[#This Row],[Main]],2)))),TableLasers[],COLUMN(TableLasers[S-DPH]),FALSE),LEFT(TableM3[[#This Row],[Front]],2)*VLOOKUP(VALUE(TRIM(CLEAN(RIGHT(TableM3[[#This Row],[Front]],2)))),TableLasers[],COLUMN(TableLasers[S-DPH]),FALSE),LEFT(TableM3[[#This Row],[Back]],2)*VLOOKUP(VALUE(TRIM(CLEAN(RIGHT(TableM3[[#This Row],[Back]],2)))),TableLasers[],COLUMN(TableLasers[S-DPH]),FALSE),LEFT(TableM3[[#This Row],[Left]],2)*VLOOKUP(VALUE(TRIM(CLEAN(RIGHT(TableM3[[#This Row],[Left]],2)))),TableLasers[],COLUMN(TableLasers[S-DPH]),FALSE),LEFT(TableM3[[#This Row],[Right]],2)*VLOOKUP(VALUE(TRIM(CLEAN(RIGHT(TableM3[[#This Row],[Right]],2)))),TableLasers[],COLUMN(TableLasers[S-DPH]),FALSE),LEFT(TableM3[[#This Row],[Up]],2)*VLOOKUP(VALUE(TRIM(CLEAN(RIGHT(TableM3[[#This Row],[Up]],2)))),TableLasers[],COLUMN(TableLasers[S-DPH]),FALSE),LEFT(TableM3[[#This Row],[Down]],2)*VLOOKUP(VALUE(TRIM(CLEAN(RIGHT(TableM3[[#This Row],[Down]],2)))),TableLasers[],COLUMN(TableLasers[S-DPH]),FALSE))","v":18560},{"$f":"SUM(LEFT(TableM3[[#This Row],[Main]],2)*VLOOKUP(VALUE(TRIM(CLEAN(RIGHT(TableM3[[#This Row],[Main]],2)))),TableLasers[],COLUMN(TableLasers[H-DPH]),FALSE),LEFT(TableM3[[#This Row],[Front]],2)*VLOOKUP(VALUE(TRIM(CLEAN(RIGHT(TableM3[[#This Row],[Front]],2)))),TableLasers[],COLUMN(TableLasers[H-DPH]),FALSE),LEFT(TableM3[[#This Row],[Back]],2)*VLOOKUP(VALUE(TRIM(CLEAN(RIGHT(TableM3[[#This Row],[Back]],2)))),TableLasers[],COLUMN(TableLasers[H-DPH]),FALSE),LEFT(TableM3[[#This Row],[Left]],2)*VLOOKUP(VALUE(TRIM(CLEAN(RIGHT(TableM3[[#This Row],[Left]],2)))),TableLasers[],COLUMN(TableLasers[H-DPH]),FALSE),LEFT(TableM3[[#This Row],[Right]],2)*VLOOKUP(VALUE(TRIM(CLEAN(RIGHT(TableM3[[#This Row],[Right]],2)))),TableLasers[],COLUMN(TableLasers[H-DPH]),FALSE),LEFT(TableM3[[#This Row],[Up]],2)*VLOOKUP(VALUE(TRIM(CLEAN(RIGHT(TableM3[[#This Row],[Up]],2)))),TableLasers[],COLUMN(TableLasers[H-DPH]),FALSE),LEFT(TableM3[[#This Row],[Down]],2)*VLOOKUP(VALUE(TRIM(CLEAN(RIGHT(TableM3[[#This Row],[Down]],2)))),TableLasers[],COLUMN(TableLasers[H-DPH]),FALSE))","v":3624},"08::11","00::00","00::00","00::00","00::00","00::00","00::00",8,null,4,null,null,null,null,"10,11,45",null,null,null,null,null,null,"24,27,36,37,38"]
[701,"Goner","M3","Crusader",null,247.5,99,23,"XL",19500,"200 MJ  ",2,1400,151.51515151515201,8,2500,62.484999999999999,1300,0,{"$f":"SUM(LEFT(TableM3[[#This Row],[Main]],2)*VLOOKUP(VALUE(TRIM(CLEAN(RIGHT(TableM3[[#This Row],[Main]],2)))),TableLasers[],COLUMN(TableLasers[S-DPH]),FALSE),LEFT(TableM3[[#This Row],[Front]],2)*VLOOKUP(VALUE(TRIM(CLEAN(RIGHT(TableM3[[#This Row],[Front]],2)))),TableLasers[],COLUMN(TableLasers[S-DPH]),FALSE),LEFT(TableM3[[#This Row],[Back]],2)*VLOOKUP(VALUE(TRIM(CLEAN(RIGHT(TableM3[[#This Row],[Back]],2)))),TableLasers[],COLUMN(TableLasers[S-DPH]),FALSE),LEFT(TableM3[[#This Row],[Left]],2)*VLOOKUP(VALUE(TRIM(CLEAN(RIGHT(TableM3[[#This Row],[Left]],2)))),TableLasers[],COLUMN(TableLasers[S-DPH]),FALSE),LEFT(TableM3[[#This Row],[Right]],2)*VLOOKUP(VALUE(TRIM(CLEAN(RIGHT(TableM3[[#This Row],[Right]],2)))),TableLasers[],COLUMN(TableLasers[S-DPH]),FALSE),LEFT(TableM3[[#This Row],[Up]],2)*VLOOKUP(VALUE(TRIM(CLEAN(RIGHT(TableM3[[#This Row],[Up]],2)))),TableLasers[],COLUMN(TableLasers[S-DPH]),FALSE),LEFT(TableM3[[#This Row],[Down]],2)*VLOOKUP(VALUE(TRIM(CLEAN(RIGHT(TableM3[[#This Row],[Down]],2)))),TableLasers[],COLUMN(TableLasers[S-DPH]),FALSE))","v":8640},{"$f":"SUM(LEFT(TableM3[[#This Row],[Main]],2)*VLOOKUP(VALUE(TRIM(CLEAN(RIGHT(TableM3[[#This Row],[Main]],2)))),TableLasers[],COLUMN(TableLasers[H-DPH]),FALSE),LEFT(TableM3[[#This Row],[Front]],2)*VLOOKUP(VALUE(TRIM(CLEAN(RIGHT(TableM3[[#This Row],[Front]],2)))),TableLasers[],COLUMN(TableLasers[H-DPH]),FALSE),LEFT(TableM3[[#This Row],[Back]],2)*VLOOKUP(VALUE(TRIM(CLEAN(RIGHT(TableM3[[#This Row],[Back]],2)))),TableLasers[],COLUMN(TableLasers[H-DPH]),FALSE),LEFT(TableM3[[#This Row],[Left]],2)*VLOOKUP(VALUE(TRIM(CLEAN(RIGHT(TableM3[[#This Row],[Left]],2)))),TableLasers[],COLUMN(TableLasers[H-DPH]),FALSE),LEFT(TableM3[[#This Row],[Right]],2)*VLOOKUP(VALUE(TRIM(CLEAN(RIGHT(TableM3[[#This Row],[Right]],2)))),TableLasers[],COLUMN(TableLasers[H-DPH]),FALSE),LEFT(TableM3[[#This Row],[Up]],2)*VLOOKUP(VALUE(TRIM(CLEAN(RIGHT(TableM3[[#This Row],[Up]],2)))),TableLasers[],COLUMN(TableLasers[H-DPH]),FALSE),LEFT(TableM3[[#This Row],[Down]],2)*VLOOKUP(VALUE(TRIM(CLEAN(RIGHT(TableM3[[#This Row],[Down]],2)))),TableLasers[],COLUMN(TableLasers[H-DPH]),FALSE))","v":1600},"04::04","02::04","02::04","00::00","00::00","00::00","00::00",4,2,2,null,null,null,null,"0,1,4","0,1,4","0,1,4",null,null,null,null,35]

{"sheet":"M8","index":9,"n_rows":15,"n_cols":43,"rows_kept":15,"cut":false,"hidden":false,"merged":[]}
["ID","Race","Class","Name","Variation","Speed","Accel","AAccel","CClass","Hull","SType","SCount","SPower","SRTime","LCount","LEnergy","LRRate","MaxCargo","Hangar","S-Damage","H-Damage","Main","Front","Back","Left","Right","Up","Down","nMain","nFront","nBack","nLeft","nRight","nUp","nDown","xMain","xFront","xBack","xLeft","xRight","xUp","xDown","Missiles"]
[30,"Argon","M8","Gladiator",null,125,62.5,16,"XL",25000,"25 MJ ",5,1200,44.091710758377403,10,2000,40,1050,0,{"$f":"SUM(LEFT(TableM8[[#This Row],[Main]],2)*VLOOKUP(VALUE(TRIM(CLEAN(RIGHT(TableM8[[#This Row],[Main]],2)))),TableLasers[],COLUMN(TableLasers[S-DPH]),FALSE),LEFT(TableM8[[#This Row],[Front]],2)*VLOOKUP(VALUE(TRIM(CLEAN(RIGHT(TableM8[[#This Row],[Front]],2)))),TableLasers[],COLUMN(TableLasers[S-DPH]),FALSE),LEFT(TableM8[[#This Row],[Back]],2)*VLOOKUP(VALUE(TRIM(CLEAN(RIGHT(TableM8[[#This Row],[Back]],2)))),TableLasers[],COLUMN(TableLasers[S-DPH]),FALSE),LEFT(TableM8[[#This Row],[Left]],2)*VLOOKUP(VALUE(TRIM(CLEAN(RIGHT(TableM8[[#This Row],[Left]],2)))),TableLasers[],COLUMN(TableLasers[S-DPH]),FALSE),LEFT(TableM8[[#This Row],[Right]],2)*VLOOKUP(VALUE(TRIM(CLEAN(RIGHT(TableM8[[#This Row],[Right]],2)))),TableLasers[],COLUMN(TableLasers[S-DPH]),FALSE),LEFT(TableM8[[#This Row],[Up]],2)*VLOOKUP(VALUE(TRIM(CLEAN(RIGHT(TableM8[[#This Row],[Up]],2)))),TableLasers[],COLUMN(TableLasers[S-DPH]),FALSE),LEFT(TableM8[[#This Row],[Down]],2)*VLOOKUP(VALUE(TRIM(CLEAN(RIGHT(TableM8[[#This Row],[Down]],2)))),TableLasers[],COLUMN(TableLasers[S-DPH]),FALSE))","v":2160},{"$f":"SUM(LEFT(TableM8[[#This Row],[Main]],2)*VLOOKUP(VALUE(TRIM(CLEAN(RIGHT(TableM8[[#This Row],[Main]],2)))),TableLasers[],COLUMN(TableLasers[H-DPH]),FALSE),LEFT(TableM8[[#This Row],[Front]],2)*VLOOKUP(VALUE(TRIM(CLEAN(RIGHT(TableM8[[#This Row],[Front]],2)))),TableLasers[],COLUMN(TableLasers[H-DPH]),FALSE),LEFT(TableM8[[#This Row],[Back]],2)*VLOOKUP(VALUE(TRIM(CLEAN(RIGHT(TableM8[[#This Row],[Back]],2)))),TableLasers[],COLUMN(TableLasers[H-DPH]),FALSE),LEFT(TableM8[[#This Row],[Left]],2)*VLOOKUP(VALUE(TRIM(CLEAN(RIGHT(TableM8[[#This Row],[Left]],2)))),TableLasers[],COLUMN(TableLasers[H-DPH]),FALSE),LEFT(TableM8[[#This Row],[Right]],2)*VLOOKUP(VALUE(TRIM(CLEAN(RIGHT(TableM8[[#This Row],[Right]],2)))),TableLasers[],COLUMN(TableLasers[H-DPH]),FALSE),LEFT(TableM8[[#This Row],[Up]],2)*VLOOKUP(VALUE(TRIM(CLEAN(RIGHT(TableM8[[#This Row],[Up]],2)))),TableLasers[],COLUMN(TableLasers[H-DPH]),FALSE),LEFT(TableM8[[#This Row],[Down]],2)*VLOOKUP(VALUE(TRIM(CLEAN(RIGHT(TableM8[[#This Row],[Down]],2)))),TableLasers[],COLUMN(TableLasers[H-DPH]),FALSE))","v":400},"00::00","00::00","02::04","00::00","00::00","00::00","00::00",null,8,2,null,null,null,null,null,null,"0,1,3,4",null,null,null,null,"6,7,8"]
[72,"Split","M8","Viper",null,175,87.5,16,"XL",20000,"25 MJ ",4,1040,44.091710758377403,10,2600,52,1000,0,{"$f":"SUM(LEFT(TableM8[[#This Row],[Main]],2)*VLOOKUP(VALUE(TRIM(CLEAN(RIGHT(TableM8[[#This Row],[Main]],2)))),TableLasers[],COLUMN(TableLasers[S-DPH]),FALSE),LEFT(TableM8[[#This Row],[Front]],2)*VLOOKUP(VALUE(TRIM(CLEAN(RIGHT(TableM8[[#This Row],[Front]],2)))),TableLasers[],COLUMN(TableLasers[S-DPH]),FALSE),LEFT(TableM8[[#This Row],[Back]],2)*VLOOKUP(VALUE(TRIM(CLEAN(RIGHT(TableM8[[#This Row],[Back]],2)))),TableLasers[],COLUMN(TableLasers[S-DPH]),FALSE),LEFT(TableM8[[#This Row],[Left]],2)*VLOOKUP(VALUE(TRIM(CLEAN(RIGHT(TableM8[[#This Row],[Left]],2)))),TableLasers[],COLUMN(TableLasers[S-DPH]),FALSE),LEFT(TableM8[[#This Row],[Right]],2)*VLOOKUP(VALUE(TRIM(CLEAN(RIGHT(TableM8[[#This Row],[Right]],2)))),TableLasers[],COLUMN(TableLasers[S-DPH]),FALSE),LEFT(TableM8[[#This Row],[Up]],2)*VLOOKUP(VALUE(TRIM(CLEAN(RIGHT(TableM8[[#This Row],[Up]],2)))),TableLasers[],COLUMN(TableLasers[S-DPH]),FALSE),LEFT(TableM8[[#This Row],[Down]],2)*VLOOKUP(VALUE(TRIM(CLEAN(RIGHT(TableM8[[#This Row],[Down]],2)))),TableLasers[],COLUMN(TableLasers[S-DPH]),FALSE))","v":19792},{"$f":"SUM(LEFT(TableM8[[#This Row],[Main]],2)*VLOOKUP(VALUE(TRIM(CLEAN(RIGHT(TableM8[[#This Row],[Main]],2)))),TableLasers[],COLUMN(TableLasers[H-DPH]),FALSE),LEFT(TableM8[[#This Row],[Front]],2)*VLOOKUP(VALUE(TRIM(CLEAN(RIGHT(TableM8[[#This Row],[Front]],2)))),TableLasers[],COLUMN(TableLasers[H-DPH]),FALSE),LEFT(TableM8[[#This Row],[Back]],2)*VLOOKUP(VALUE(TRIM(CLEAN(RIGHT(TableM8[[#This Row],[Back]],2)))),TableLasers[],COLUMN(TableLasers[H-DPH]),FALSE),LEFT(TableM8[[#This Row],[Left]],2)*VLOOKUP(VALUE(TRIM(CLEAN(RIGHT(TableM8[[#This Row],[Left]],2)))),TableLasers[],COLUMN(TableLasers[H-DPH]),FALSE),LEFT(TableM8[[#This Row],[Right]],2)*VLOOKUP(VALUE(TRIM(CLEAN(RIGHT(TableM8[[#This Row],[Right]],2)))),TableLasers[],COLUMN(TableLasers[H-DPH]),FALSE),LEFT(TableM8[[#This Row],[Up]],2)*VLOOKUP(VALUE(TRIM(CLEAN(RIGHT(TableM8[[#This Row],[Up]],2)))),TableLasers[],COLUMN(TableLasers[H-DPH]),FALSE),LEFT(TableM8[[#This Row],[Down]],2)*VLOOKUP(VALUE(TRIM(CLEAN(RIGHT(TableM8[[#This Row],[Down]],2)))),TableLasers[],COLUMN(TableLasers[H-DPH]),FALSE))","v":3088},"00::00","00::00","02::15","00::00","00::00","00::00","00::00",null,8,2,null,null,null,null,null,null,"0,1,6,7,9,15",null,null,null,null,"6,7,8"]
[103,"Paranid","M8","Hades",null,137.5,68.75,16,"XL",25000,"25 MJ ",5,1200,44.091710758377403,10,2100,42,1090,0,{"$f":"SUM(LEFT(TableM8[[#This Row],[Main]],2)*VLOOKUP(VALUE(TRIM(CLEAN(RIGHT(TableM8[[#This Row],[Main]],2)))),TableLasers[],COLUMN(TableLasers[S-DPH]),FALSE),LEFT(TableM8[[#This Row],[Front]],2)*VLOOKUP(VALUE(TRIM(CLEAN(RIGHT(TableM8[[#This Row],[Front]],2)))),TableLasers[],COLUMN(TableLasers[S-DPH]),FALSE),LEFT(TableM8[[#This Row],[Back]],2)*VLOOKUP(VALUE(TRIM(CLEAN(RIGHT(TableM8[[#This Row],[Back]],2)))),TableLasers[],COLUMN(TableLasers[S-DPH]),FALSE),LEFT(TableM8[[#This Row],[Left]],2)*VLOOKUP(VALUE(TRIM(CLEAN(RIGHT(TableM8[[#This Row],[Left]],2)))),TableLasers[],COLUMN(TableLasers[S-DPH]),FALSE),LEFT(TableM8[[#This Row],[Right]],2)*VLOOKUP(VALUE(TRIM(CLEAN(RIGHT(TableM8[[#This Row],[Right]],2)))),TableLasers[],COLUMN(TableLasers[S-DPH]),FALSE),LEFT(TableM8[[#This Row],[Up]],2)*VLOOKUP(VALUE(TRIM(CLEAN(RIGHT(TableM8[[#This Row],[Up]],2)))),TableLasers[],COLUMN(TableLasers[S-DPH]),FALSE),LEFT(TableM8[[#This Row],[Down]],2)*VLOOKUP(VALUE(TRIM(CLEAN(RIGHT(TableM8[[#This Row],[Down]],2)))),TableLasers[],COLUMN(TableLasers[S-DPH]),FALSE))","v":10480},{"$f":"SUM(LEFT(TableM8[[#This Row],[Main]],2)*VLOOKUP(VALUE(TRIM(CLEAN(RIGHT(TableM8[[#This Row],[Main]],2)))),TableLasers[],COLUMN(TableLasers[H-DPH]),FALSE),LEFT(TableM8[[#This Row],[Front]],2)*VLOOKUP(VALUE(TRIM(CLEAN(RIGHT(TableM8[[#This Row],[Front]],2)))),TableLasers[],COLUMN(TableLasers[H-DPH]),FALSE),LEFT(TableM8[[#This Row],[Back]],2)*VLOOKUP(VALUE(TRIM(CLEAN(RIGHT(TableM8[[#This Row],[Back]],2)))),TableLasers[],COLUMN(TableLasers[H-DPH]),FALSE),LEFT(TableM8[[#This Row],[Left]],2)*VLOOKUP(VALUE(TRIM(CLEAN(RIGHT(TableM8[[#This Row],[Left]],2)))),TableLasers[],COLUMN(TableLasers[H-DPH]),FALSE),LEFT(TableM8[[#This Row],[Right]],2)*VLOOKUP(VALUE(TRIM(CLEAN(RIGHT(TableM8[[#This Row],[Right]],2)))),TableLasers[],COLUMN(TableLasers[H-DPH]),FALSE),LEFT(TableM8[[#This Row],[Up]],2)*VLOOKUP(VALUE(TRIM(CLEAN(RIGHT(TableM8[[#This Row],[Up]],2)))),TableLasers[],COLUMN(TableLasers[H-DPH]),FALSE),LEFT(TableM8[[#This Row],[Down]],2)*VLOOKUP(VALUE(TRIM(CLEAN(RIGHT(TableM8[[#This Row],[Down]],2)))),TableLasers[],COLUMN(TableLasers[H-DPH]),FALSE))","v":1920},"00::00","00::00","02::06","00::00","00::00","00::00","00::00",null,8,2,null,null,null,null,null,null,"0,1,6,7",null,null,null,null,"6,7,8"]
[135,"Boron","M8","Marlin",null,150,75,16,"XL",11400,"25 MJ ",5,1360,44.091710758377403,10,1500,30,910,0,{"$f":"SUM(LEFT(TableM8[[#This Row],[Main]],2)*VLOOKUP(VALUE(TRIM(CLEAN(RIGHT(TableM8[[#This Row],[Main]],2)))),TableLasers[],COLUMN(TableLasers[S-DPH]),FALSE),LEFT(TableM8[[#This Row],[Front]],2)*VLOOKUP(VALUE(TRIM(CLEAN(RIGHT(TableM8[[#This Row],[Front]],2)))),TableLasers[],COLUMN(TableLasers[S-DPH]),FALSE),LEFT(TableM8[[#This Row],[Back]],2)*VLOOKUP(VALUE(TRIM(CLEAN(RIGHT(TableM8[[#This Row],[Back]],2)))),TableLasers[],COLUMN(TableLasers[S-DPH]),FALSE),LEFT(TableM8[[#This Row],[Left]],2)*VLOOKUP(VALUE(TRIM(CLEAN(RIGHT(TableM8[[#This Row],[Left]],2)))),TableLasers[],COLUMN(TableLasers[S-DPH]),FALSE),LEFT(TableM8[[#This Row],[Right]],2)*VLOOKUP(VALUE(TRIM(CLEAN(RIGHT(TableM8[[#This Row],[Right]],2)))),TableLasers[],COLUMN(TableLasers[S-DPH]),FALSE),LEFT(TableM8[[#This Row],[Up]],2)*VLOOKUP(VALUE(TRIM(CLEAN(RIGHT(TableM8[[#This Row],[Up]],2)))),TableLasers[],COLUMN(TableLasers[S-DPH]),FALSE),LEFT(TableM8[[#This Row],[Down]],2)*VLOOKUP(VALUE(TRIM(CLEAN(RIGHT(TableM8[[#This Row],[Down]],2)))),TableLasers[],COLUMN(TableLasers[S-DPH]),FALSE))","v":31400},{"$f":"SUM(LEFT(TableM8[[#This Row],[Main]],2)*VLOOKUP(VALUE(TRIM(CLEAN(RIGHT(TableM8[[#This Row],[Main]],2)))),TableLasers[],COLUMN(TableLasers[H-DPH]),FALSE),LEFT(TableM8[[#This Row],[Front]],2)*VLOOKUP(VALUE(TRIM(CLEAN(RIGHT(TableM8[[#This Row],[Front]],2)))),TableLasers[],COLUMN(TableLasers[H-DPH]),FALSE),LEFT(TableM8[[#This Row],[Back]],2)*VLOOKUP(VALUE(TRIM(CLEAN(RIGHT(TableM8[[#This Row],[Back]],2)))),TableLasers[],COLUMN(TableLasers[H-DPH]),FALSE),LEFT(TableM8[[#This Row],[Left]],2)*VLOOKUP(VALUE(TRIM(CLEAN(RIGHT(TableM8[[#This Row],[Left]],2)))),TableLasers[],COLUMN(TableLasers[H-DPH]),FALSE),LEFT(TableM8[[#This Row],[Right]],2)*VLOOKUP(VALUE(TRIM(CLEAN(RIGHT(TableM8[[#This Row],[Right]],2)))),TableLasers[],COLUMN(TableLasers[H-DPH]),FALSE),LEFT(TableM8[[#This Row],[Up]],2)*VLOOKUP(VALUE(TRIM(CLEAN(RIGHT(TableM8[[#This Row],[Up]],2)))),TableLasers[],COLUMN(TableLasers[H-DPH]),FALSE),LEFT(TableM8[[#This Row],[Down]],2)*VLOOKUP(VALUE(TRIM(CLEAN(RIGHT(TableM8[[#This Row],[Down]],2)))),TableLasers[],COLUMN(TableLasers[H-DPH]),FALSE))","v":800},"00::00","00::00","02::14","00::00","00::00","00::00","00::00",null,8,2,null,null,null,null,null,null,"0,1,4,8,14",null,null,null,null,"6,7,8"]
[167,"Teladi","M8","Peregrine",null,100,50,16,"XL",30000,"25 MJ ",6,1056,88.183421516754805,10,1800,36,1100,0,{"$f":"SUM(LEFT(TableM8[[#This Row],[Main]],2)*VLOOKUP(VALUE(TRIM(CLEAN(RIGHT(TableM8[[#This Row],[Main]],2)))),TableLasers[],COLUMN(TableLasers[S-DPH]),FALSE),LEFT(TableM8[[#This Row],[Front]],2)*VLOOKUP(VALUE(TRIM(CLEAN(RIGHT(TableM8[[#This Row],[Front]],2)))),TableLasers[],COLUMN(TableLasers[S-DPH]),FALSE),LEFT(TableM8[[#This Row],[Back]],2)*VLOOKUP(VALUE(TRIM(CLEAN(RIGHT(TableM8[[#This Row],[Back]],2)))),TableLasers[],COLUMN(TableLasers[S-DPH]),FALSE),LEFT(TableM8[[#This Row],[Left]],2)*VLOOKUP(VALUE(TRIM(CLEAN(RIGHT(TableM8[[#This Row],[Left]],2)))),TableLasers[],COLUMN(TableLasers[S-DPH]),FALSE),LEFT(TableM8[[#This Row],[Right]],2)*VLOOKUP(VALUE(TRIM(CLEAN(RIGHT(TableM8[[#This Row],[Right]],2)))),TableLasers[],COLUMN(TableLasers[S-DPH]),FALSE),LEFT(TableM8[[#This Row],[Up]],2)*VLOOKUP(VALUE(TRIM(CLEAN(RIGHT(TableM8[[#This Row],[Up]],2)))),TableLasers[],COLUMN(TableLasers[S-DPH]),FALSE),LEFT(TableM8[[#This Row],[Down]],2)*VLOOKUP(VALUE(TRIM(CLEAN(RIGHT(TableM8[[#This Row],[Down]],2)))),TableLasers[],COLUMN(TableLasers[S-DPH]),FALSE))","v":1280},{"$f":"SUM(LEFT(TableM8[[#This Row],[Main]],2)*VLOOKUP(VALUE(TRIM(CLEAN(RIGHT(TableM8[[#This Row],[Main]],2)))),TableLasers[],COLUMN(TableLasers[H-DPH]),FALSE),LEFT(TableM8[[#This Row],[Front]],2)*VLOOKUP(VALUE(TRIM(CLEAN(RIGHT(TableM8[[#This Row],[Front]],2)))),TableLasers[],COLUMN(TableLasers[H-DPH]),FALSE),LEFT(TableM8[[#This Row],[Back]],2)*VLOOKUP(VALUE(TRIM(CLEAN(RIGHT(TableM8[[#This Row],[Back]],2)))),TableLasers[],COLUMN(TableLasers[H-DPH]),FALSE),LEFT(TableM8[[#This Row],[Left]],2)*VLOOKUP(VALUE(TRIM(CLEAN(RIGHT(TableM8[[#This Row],[Left]],2)))),TableLasers[],COLUMN(TableLasers[H-DPH]),FALSE),LEFT(TableM8[[#This Row],[Right]],2)*VLOOKUP(VALUE(TRIM(CLEAN(RIGHT(TableM8[[#This Row],[Right]],2)))),TableLasers[],COLUMN(TableLasers[H-DPH]),FALSE),LEFT(TableM8[[#This Row],[Up]],2)*VLOOKUP(VALUE(TRIM(CLEAN(RIGHT(TableM8[[#This Row],[Up]],2)))),TableLasers[],COLUMN(TableLasers[H-DPH]),FALSE),LEFT(TableM8[[#This Row],[Down]],2)*VLOOKUP(VALUE(TRIM(CLEAN(RIGHT(TableM8[[#This Row],[Down]],2)))),TableLasers[],COLUMN(TableLasers[H-DPH]),FALSE))","v":240},"00::00","00::00","02::01","00::00","00::00","00::00","00::00",null,8,2,null,null,null,null,null,null,"0,1",null,null,null,null,"6,7,8"]
[223,"Terran","M8","Claymore",null,138,69,16,"XL",21250,"25 MJ ",7,1560,44.091710758377403,10,2200,44,1150,0,{"$f":"SUM(LEFT(TableM8[[#This Row],[Main]],2)*VLOOKUP(VALUE(TRIM(CLEAN(RIGHT(TableM8[[#This Row],[Main]],2)))),TableLasers[],COLUMN(TableLasers[S-DPH]),FALSE),LEFT(TableM8[[#This Row],[Front]],2)*VLOOKUP(VALUE(TRIM(CLEAN(RIGHT(TableM8[[#This Row],[Front]],2)))),TableLasers[],COLUMN(TableLasers[S-DPH]),FALSE),LEFT(TableM8[[#This Row],[Back]],2)*VLOOKUP(VALUE(TRIM(CLEAN(RIGHT(TableM8[[#This Row],[Back]],2)))),TableLasers[],COLUMN(TableLasers[S-DPH]),FALSE),LEFT(TableM8[[#This Row],[Left]],2)*VLOOKUP(VALUE(TRIM(CLEAN(RIGHT(TableM8[[#This Row],[Left]],2)))),TableLasers[],COLUMN(TableLasers[S-DPH]),FALSE),LEFT(TableM8[[#This Row],[Right]],2)*VLOOKUP(VALUE(TRIM(CLEAN(RIGHT(TableM8[[#This Row],[Right]],2)))),TableLasers[],COLUMN(TableLasers[S-DPH]),FALSE),LEFT(TableM8[[#This Row],[Up]],2)*VLOOKUP(VALUE(TRIM(CLEAN(RIGHT(TableM8[[#This Row],[Up]],2)))),TableLasers[],COLUMN(TableLasers[S-DPH]),FALSE),LEFT(TableM8[[#This Row],[Down]],2)*VLOOKUP(VALUE(TRIM(CLEAN(RIGHT(TableM8[[#This Row],[Down]],2)))),TableLasers[],COLUMN(TableLasers[S-DPH]),FALSE))","v":4640},{"$f":"SUM(LEFT(TableM8[[#This Row],[Main]],2)*VLOOKUP(VALUE(TRIM(CLEAN(RIGHT(TableM8[[#This Row],[Main]],2)))),TableLasers[],COLUMN(TableLasers[H-DPH]),FALSE),LEFT(TableM8[[#This Row],[Front]],2)*VLOOKUP(VALUE(TRIM(CLEAN(RIGHT(TableM8[[#This Row],[Front]],2)))),TableLasers[],COLUMN(TableLasers[H-DPH]),FALSE),LEFT(TableM8[[#This Row],[Back]],2)*VLOOKUP(VALUE(TRIM(CLEAN(RIGHT(TableM8[[#This Row],[Back]],2)))),TableLasers[],COLUMN(TableLasers[H-DPH]),FALSE),LEFT(TableM8[[#This Row],[Left]],2)*VLOOKUP(VALUE(TRIM(CLEAN(RIGHT(TableM8[[#This Row],[Left]],2)))),TableLasers[],COLUMN(TableLasers[H-DPH]),FALSE),LEFT(TableM8[[#This Row],[Right]],2)*VLOOKUP(VALUE(TRIM(CLEAN(RIGHT(TableM8[[#This Row],[Right]],2)))),TableLasers[],COLUMN(TableLasers[H-DPH]),FALSE),LEFT(TableM8[[#This Row],[Up]],2)*VLOOKUP(VALUE(TRIM(CLEAN(RIGHT(TableM8[[#This Row],[Up]],2)))),TableLasers[],COLUMN(TableLasers[H-DPH]),FALSE),LEFT(TableM8[[#This Row],[Down]],2)*VLOOKUP(VALUE(TRIM(CLEAN(RIGHT(TableM8[[#This Row],[Down]],2)))),TableLasers[],COLUMN(TableLasers[H-DPH]),FALSE))","v":906},"00::00","00::00","00::00","00::00","00::00","02::11","00::00",null,8,null,null,null,2,null,null,null,null,null,null,"10,11",null,31]
[261,"Argon","M8","Auster",null,104.9,52.45,16,"XL",60000,"200 MJ  ",3,2500,151.51515151515201,10,1500,30,1250,0,{"$f":"SUM(LEFT(TableM8[[#This Row],[Main]],2)*VLOOKUP(VALUE(TRIM(CLEAN(RIGHT(TableM8[[#This Row],[Main]],2)))),TableLasers[],COLUMN(TableLasers[S-DPH]),FALSE),LEFT(TableM8[[#This Row],[Front]],2)*VLOOKUP(VALUE(TRIM(CLEAN(RIGHT(TableM8[[#This Row],[Front]],2)))),TableLasers[],COLUMN(TableLasers[S-DPH]),FALSE),LEFT(TableM8[[#This Row],[Back]],2)*VLOOKUP(VALUE(TRIM(CLEAN(RIGHT(TableM8[[#This Row],[Back]],2)))),TableLasers[],COLUMN(TableLasers[S-DPH]),FALSE),LEFT(TableM8[[#This Row],[Left]],2)*VLOOKUP(VALUE(TRIM(CLEAN(RIGHT(TableM8[[#This Row],[Left]],2)))),TableLasers[],COLUMN(TableLasers[S-DPH]),FALSE),LEFT(TableM8[[#This Row],[Right]],2)*VLOOKUP(VALUE(TRIM(CLEAN(RIGHT(TableM8[[#This Row],[Right]],2)))),TableLasers[],COLUMN(TableLasers[S-DPH]),FALSE),LEFT(TableM8[[#This Row],[Up]],2)*VLOOKUP(VALUE(TRIM(CLEAN(RIGHT(TableM8[[#This Row],[Up]],2)))),TableLasers[],COLUMN(TableLasers[S-DPH]),FALSE),LEFT(TableM8[[#This Row],[Down]],2)*VLOOKUP(VALUE(TRIM(CLEAN(RIGHT(TableM8[[#This Row],[Down]],2)))),TableLasers[],COLUMN(TableLasers[S-DPH]),FALSE))","v":2160},{"$f":"SUM(LEFT(TableM8[[#This Row],[Main]],2)*VLOOKUP(VALUE(TRIM(CLEAN(RIGHT(TableM8[[#This Row],[Main]],2)))),TableLasers[],COLUMN(TableLasers[H-DPH]),FALSE),LEFT(TableM8[[#This Row],[Front]],2)*VLOOKUP(VALUE(TRIM(CLEAN(RIGHT(TableM8[[#This Row],[Front]],2)))),TableLasers[],COLUMN(TableLasers[H-DPH]),FALSE),LEFT(TableM8[[#This Row],[Back]],2)*VLOOKUP(VALUE(TRIM(CLEAN(RIGHT(TableM8[[#This Row],[Back]],2)))),TableLasers[],COLUMN(TableLasers[H-DPH]),FALSE),LEFT(TableM8[[#This Row],[Left]],2)*VLOOKUP(VALUE(TRIM(CLEAN(RIGHT(TableM8[[#This Row],[Left]],2)))),TableLasers[],COLUMN(TableLasers[H-DPH]),FALSE),LEFT(TableM8[[#This Row],[Right]],2)*VLOOKUP(VALUE(TRIM(CLEAN(RIGHT(TableM8[[#This Row],[Right]],2)))),TableLasers[],COLUMN(TableLasers[H-DPH]),FALSE),LEFT(TableM8[[#This Row],[Up]],2)*VLOOKUP(VALUE(TRIM(CLEAN(RIGHT(TableM8[[#This Row],[Up]],2)))),TableLasers[],COLUMN(TableLasers[H-DPH]),FALSE),LEFT(TableM8[[#This Row],[Down]],2)*VLOOKUP(VALUE(TRIM(CLEAN(RIGHT(TableM8[[#This Row],[Down]],2)))),TableLasers[],COLUMN(TableLasers[H-DPH]),FALSE))","v":400},"00::00","00::00","02::04","00::00","00::00","00::00","00::00",null,8,2,null,null,null,null,null,null,"0,1,3,4",null,null,null,null,"6,7,8"]
[449,"Kha'ak","M8","Sentinel",null,138,138,62,"XL",15000,"200 MJ  ",3,1150,303.030303030303,8,15000,749.82,615,0,{"$f":"SUM(LEFT(TableM8[[#This Row],[Main]],2)*VLOOKUP(VALUE(TRIM(CLEAN(RIGHT(TableM8[[#This Row],[Main]],2)))),TableLasers[],COLUMN(TableLasers[S-DPH]),FALSE),LEFT(TableM8[[#This Row],[Front]],2)*VLOOKUP(VALUE(TRIM(CLEAN(RIGHT(TableM8[[#This Row],[Front]],2)))),TableLasers[],COLUMN(TableLasers[S-DPH]),FALSE),LEFT(TableM8[[#This Row],[Back]],2)*VLOOKUP(VALUE(TRIM(CLEAN(RIGHT(TableM8[[#This Row],[Back]],2)))),TableLasers[],COLUMN(TableLasers[S-DPH]),FALSE),LEFT(TableM8[[#This Row],[Left]],2)*VLOOKUP(VALUE(TRIM(CLEAN(RIGHT(TableM8[[#This Row],[Left]],2)))),TableLasers[],COLUMN(TableLasers[S-DPH]),FALSE),LEFT(TableM8[[#This Row],[Right]],2)*VLOOKUP(VALUE(TRIM(CLEAN(RIGHT(TableM8[[#This Row],[Right]],2)))),TableLasers[],COLUMN(TableLasers[S-DPH]),FALSE),LEFT(TableM8[[#This Row],[Up]],2)*VLOOKUP(VALUE(TRIM(CLEAN(RIGHT(TableM8[[#This Row],[Up]],2)))),TableLasers[],COLUMN(TableLasers[S-DPH]),FALSE),LEFT(TableM8[[#This Row],[Down]],2)*VLOOKUP(VALUE(TRIM(CLEAN(RIGHT(TableM8[[#This Row],[Down]],2)))),TableLasers[],COLUMN(TableLasers[S-DPH]),FALSE))","v":61320},{"$f":"SUM(LEFT(TableM8[[#This Row],[Main]],2)*VLOOKUP(VALUE(TRIM(CLEAN(RIGHT(TableM8[[#This Row],[Main]],2)))),TableLasers[],COLUMN(TableLasers[H-DPH]),FALSE),LEFT(TableM8[[#This Row],[Front]],2)*VLOOKUP(VALUE(TRIM(CLEAN(RIGHT(TableM8[[#This Row],[Front]],2)))),TableLasers[],COLUMN(TableLasers[H-DPH]),FALSE),LEFT(TableM8[[#This Row],[Back]],2)*VLOOKUP(VALUE(TRIM(CLEAN(RIGHT(TableM8[[#This Row],[Back]],2)))),TableLasers[],COLUMN(TableLasers[H-DPH]),FALSE),LEFT(TableM8[[#This Row],[Left]],2)*VLOOKUP(VALUE(TRIM(CLEAN(RIGHT(TableM8[[#This Row],[Left]],2)))),TableLasers[],COLUMN(TableLasers[H-DPH]),FALSE),LEFT(TableM8[[#This Row],[Right]],2)*VLOOKUP(VALUE(TRIM(CLEAN(RIGHT(TableM8[[#This Row],[Right]],2)))),TableLasers[],COLUMN(TableLasers[H-DPH]),FALSE),LEFT(TableM8[[#This Row],[Up]],2)*VLOOKUP(VALUE(TRIM(CLEAN(RIGHT(TableM8[[#This Row],[Up]],2)))),TableLasers[],COLUMN(TableLasers[H-DPH]),FALSE),LEFT(TableM8[[#This Row],[Down]],2)*VLOOKUP(VALUE(TRIM(CLEAN(RIGHT(TableM8[[#This Row],[Down]],2)))),TableLasers[],COLUMN(TableLasers[H-DPH]),FALSE))","v":13153},"00::00","04::43","01::43","01::43","01::43","00::00","00::00",null,4,1,1,1,null,null,null,"42,43","42,43","42,43","42,43",null,null,"33,34"]
[590,"Yaki","M8","Toukon",null,159.6,79.8,15,"XL",25000,"25 MJ ",4,1200,44.091710758377403,10,2500,50,1170,0,{"$f":"SUM(LEFT(TableM8[[#This Row],[Main]],2)*VLOOKUP(VALUE(TRIM(CLEAN(RIGHT(TableM8[[#This Row],[Main]],2)))),TableLasers[],COLUMN(TableLasers[S-DPH]),FALSE),LEFT(TableM8[[#This Row],[Front]],2)*VLOOKUP(VALUE(TRIM(CLEAN(RIGHT(TableM8[[#This Row],[Front]],2)))),TableLasers[],COLUMN(TableLasers[S-DPH]),FALSE),LEFT(TableM8[[#This Row],[Back]],2)*VLOOKUP(VALUE(TRIM(CLEAN(RIGHT(TableM8[[#This Row],[Back]],2)))),TableLasers[],COLUMN(TableLasers[S-DPH]),FALSE),LEFT(TableM8[[#This Row],[Left]],2)*VLOOKUP(VALUE(TRIM(CLEAN(RIGHT(TableM8[[#This Row],[Left]],2)))),TableLasers[],COLUMN(TableLasers[S-DPH]),FALSE),LEFT(TableM8[[#This Row],[Right]],2)*VLOOKUP(VALUE(TRIM(CLEAN(RIGHT(TableM8[[#This Row],[Right]],2)))),TableLasers[],COLUMN(TableLasers[S-DPH]),FALSE),LEFT(TableM8[[#This Row],[Up]],2)*VLOOKUP(VALUE(TRIM(CLEAN(RIGHT(TableM8[[#This Row],[Up]],2)))),TableLasers[],COLUMN(TableLasers[S-DPH]),FALSE),LEFT(TableM8[[#This Row],[Down]],2)*VLOOKUP(VALUE(TRIM(CLEAN(RIGHT(TableM8[[#This Row],[Down]],2)))),TableLasers[],COLUMN(TableLasers[S-DPH]),FALSE))","v":10480},{"$f":"SUM(LEFT(TableM8[[#This Row],[Main]],2)*VLOOKUP(VALUE(TRIM(CLEAN(RIGHT(TableM8[[#This Row],[Main]],2)))),TableLasers[],COLUMN(TableLasers[H-DPH]),FALSE),LEFT(TableM8[[#This Row],[Front]],2)*VLOOKUP(VALUE(TRIM(CLEAN(RIGHT(TableM8[[#This Row],[Front]],2)))),TableLasers[],COLUMN(TableLasers[H-DPH]),FALSE),LEFT(TableM8[[#This Row],[Back]],2)*VLOOKUP(VALUE(TRIM(CLEAN(RIGHT(TableM8[[#This Row],[Back]],2)))),TableLasers[],COLUMN(TableLasers[H-DPH]),FALSE),LEFT(TableM8[[#This Row],[Left]],2)*VLOOKUP(VALUE(TRIM(CLEAN(RIGHT(TableM8[[#This Row],[Left]],2)))),TableLasers[],COLUMN(TableLasers[H-DPH]),FALSE),LEFT(TableM8[[#This Row],[Right]],2)*VLOOKUP(VALUE(TRIM(CLEAN(RIGHT(TableM8[[#This Row],[Right]],2)))),TableLasers[],COLUMN(TableLasers[H-DPH]),FALSE),LEFT(TableM8[[#This Row],[Up]],2)*VLOOKUP(VALUE(TRIM(CLEAN(RIGHT(TableM8[[#This Row],[Up]],2)))),TableLasers[],COLUMN(TableLasers[H-DPH]),FALSE),LEFT(TableM8[[#This Row],[Down]],2)*VLOOKUP(VALUE(TRIM(CLEAN(RIGHT(TableM8[[#This Row],[Down]],2)))),TableLasers[],COLUMN(TableLasers[H-DPH]),FALSE))","v":1920},"00::00","00::00","02::06","00::00","00::00","00::00","00::00",null,8,2,null,null,null,null,null,null,"0,1,6,7",null,null,null,null,"6,7,8"]
[660,"Pirates","M8","Gladiator",null,135,67.5,16,"XL",25000,"25 MJ ",4,1200,44.091710758377403,10,2000,40,1150,0,{"$f":"SUM(LEFT(TableM8[[#This Row],[Main]],2)*VLOOKUP(VALUE(TRIM(CLEAN(RIGHT(TableM8[[#This Row],[Main]],2)))),TableLasers[],COLUMN(TableLasers[S-DPH]),FALSE),LEFT(TableM8[[#This Row],[Front]],2)*VLOOKUP(VALUE(TRIM(CLEAN(RIGHT(TableM8[[#This Row],[Front]],2)))),TableLasers[],COLUMN(TableLasers[S-DPH]),FALSE),LEFT(TableM8[[#This Row],[Back]],2)*VLOOKUP(VALUE(TRIM(CLEAN(RIGHT(TableM8[[#This Row],[Back]],2)))),TableLasers[],COLUMN(TableLasers[S-DPH]),FALSE),LEFT(TableM8[[#This Row],[Left]],2)*VLOOKUP(VALUE(TRIM(CLEAN(RIGHT(TableM8[[#This Row],[Left]],2)))),TableLasers[],COLUMN(TableLasers[S-DPH]),FALSE),LEFT(TableM8[[#This Row],[Right]],2)*VLOOKUP(VALUE(TRIM(CLEAN(RIGHT(TableM8[[#This Row],[Right]],2)))),TableLasers[],COLUMN(TableLasers[S-DPH]),FALSE),LEFT(TableM8[[#This Row],[Up]],2)*VLOOKUP(VALUE(TRIM(CLEAN(RIGHT(TableM8[[#This Row],[Up]],2)))),TableLasers[],COLUMN(TableLasers[S-DPH]),FALSE),LEFT(TableM8[[#This Row],[Down]],2)*VLOOKUP(VALUE(TRIM(CLEAN(RIGHT(TableM8[[#This Row],[Down]],2)))),TableLasers[],COLUMN(TableLasers[S-DPH]),FALSE))","v":2160},{"$f":"SUM(LEFT(TableM8[[#This Row],[Main]],2)*VLOOKUP(VALUE(TRIM(CLEAN(RIGHT(TableM8[[#This Row],[Main]],2)))),TableLasers[],COLUMN(TableLasers[H-DPH]),FALSE),LEFT(TableM8[[#This Row],[Front]],2)*VLOOKUP(VALUE(TRIM(CLEAN(RIGHT(TableM8[[#This Row],[Front]],2)))),TableLasers[],COLUMN(TableLasers[H-DPH]),FALSE),LEFT(TableM8[[#This Row],[Back]],2)*VLOOKUP(VALUE(TRIM(CLEAN(RIGHT(TableM8[[#This Row],[Back]],2)))),TableLasers[],COLUMN(TableLasers[H-DPH]),FALSE),LEFT(TableM8[[#This Row],[Left]],2)*VLOOKUP(VALUE(TRIM(CLEAN(RIGHT(TableM8[[#This Row],[Left]],2)))),TableLasers[],COLUMN(TableLasers[H-DPH]),FALSE),LEFT(TableM8[[#This Row],[Right]],2)*VLOOKUP(VALUE(TRIM(CLEAN(RIGHT(TableM8[[#This Row],[Right]],2)))),TableLasers[],COLUMN(TableLasers[H-DPH]),FALSE),LEFT(TableM8[[#This Row],[Up]],2)*VLOOKUP(VALUE(TRIM(CLEAN(RIGHT(TableM8[[#This Row],[Up]],2)))),TableLasers[],COLUMN(TableLasers[H-DPH]),FALSE),LEFT(TableM8[[#This Row],[Down]],2)*VLOOKUP(VALUE(TRIM(CLEAN(RIGHT(TableM8[[#This Row],[Down]],2)))),TableLasers[],COLUMN(TableLasers[H-DPH]),FALSE))","v":400},"00::00","00::00","02::04","00::00","00::00","00::00","00::00",null,8,2,null,null,null,null,null,null,"0,1,3,4",null,null,null,null,"6,7,8"]
[661,"Pirates","M8","Marlin",null,158,79,16,"XL",11400,"25 MJ ",4,1360,44.091710758377403,10,1500,30,950,0,{"$f":"SUM(LEFT(TableM8[[#This Row],[Main]],2)*VLOOKUP(VALUE(TRIM(CLEAN(RIGHT(TableM8[[#This Row],[Main]],2)))),TableLasers[],COLUMN(TableLasers[S-DPH]),FALSE),LEFT(TableM8[[#This Row],[Front]],2)*VLOOKUP(VALUE(TRIM(CLEAN(RIGHT(TableM8[[#This Row],[Front]],2)))),TableLasers[],COLUMN(TableLasers[S-DPH]),FALSE),LEFT(TableM8[[#This Row],[Back]],2)*VLOOKUP(VALUE(TRIM(CLEAN(RIGHT(TableM8[[#This Row],[Back]],2)))),TableLasers[],COLUMN(TableLasers[S-DPH]),FALSE),LEFT(TableM8[[#This Row],[Left]],2)*VLOOKUP(VALUE(TRIM(CLEAN(RIGHT(TableM8[[#This Row],[Left]],2)))),TableLasers[],COLUMN(TableLasers[S-DPH]),FALSE),LEFT(TableM8[[#This Row],[Right]],2)*VLOOKUP(VALUE(TRIM(CLEAN(RIGHT(TableM8[[#This Row],[Right]],2)))),TableLasers[],COLUMN(TableLasers[S-DPH]),FALSE),LEFT(TableM8[[#This Row],[Up]],2)*VLOOKUP(VALUE(TRIM(CLEAN(RIGHT(TableM8[[#This Row],[Up]],2)))),TableLasers[],COLUMN(TableLasers[S-DPH]),FALSE),LEFT(TableM8[[#This Row],[Down]],2)*VLOOKUP(VALUE(TRIM(CLEAN(RIGHT(TableM8[[#This Row],[Down]],2)))),TableLasers[],COLUMN(TableLasers[S-DPH]),FALSE))","v":31400},{"$f":"SUM(LEFT(TableM8[[#This Row],[Main]],2)*VLOOKUP(VALUE(TRIM(CLEAN(RIGHT(TableM8[[#This Row],[Main]],2)))),TableLasers[],COLUMN(TableLasers[H-DPH]),FALSE),LEFT(TableM8[[#This Row],[Front]],2)*VLOOKUP(VALUE(TRIM(CLEAN(RIGHT(TableM8[[#This Row],[Front]],2)))),TableLasers[],COLUMN(TableLasers[H-DPH]),FALSE),LEFT(TableM8[[#This Row],[Back]],2)*VLOOKUP(VALUE(TRIM(CLEAN(RIGHT(TableM8[[#This Row],[Back]],2)))),TableLasers[],COLUMN(TableLasers[H-DPH]),FALSE),LEFT(TableM8[[#This Row],[Left]],2)*VLOOKUP(VALUE(TRIM(CLEAN(RIGHT(TableM8[[#This Row],[Left]],2)))),TableLasers[],COLUMN(TableLasers[H-DPH]),FALSE),LEFT(TableM8[[#This Row],[Right]],2)*VLOOKUP(VALUE(TRIM(CLEAN(RIGHT(TableM8[[#This Row],[Right]],2)))),TableLasers[],COLUMN(TableLasers[H-DPH]),FALSE),LEFT(TableM8[[#This Row],[Up]],2)*VLOOKUP(VALUE(TRIM(CLEAN(RIGHT(TableM8[[#This Row],[Up]],2)))),TableLasers[],COLUMN(TableLasers[H-DPH]),FALSE),LEFT(TableM8[[#This Row],[Down]],2)*VLOOKUP(VALUE(TRIM(CLEAN(RIGHT(TableM8[[#This Row],[Down]],2)))),TableLasers[],COLUMN(TableLasers[H-DPH]),FALSE))","v":800},"00::00","00::00","02::14","00::00","00::00","00::00","00::00",null,8,2,null,null,null,null,null,null,"0,1,4,8,14",null,null,null,null,"6,7,8"]
[662,"Pirates","M8","Hades",null,147.6,73.8,16,"XL",25000,"25 MJ ",4,1200,44.091710758377403,10,2100,42,1120,0,{"$f":"SUM(LEFT(TableM8[[#This Row],[Main]],2)*VLOOKUP(VALUE(TRIM(CLEAN(RIGHT(TableM8[[#This Row],[Main]],2)))),TableLasers[],COLUMN(TableLasers[S-DPH]),FALSE),LEFT(TableM8[[#This Row],[Front]],2)*VLOOKUP(VALUE(TRIM(CLEAN(RIGHT(TableM8[[#This Row],[Front]],2)))),TableLasers[],COLUMN(TableLasers[S-DPH]),FALSE),LEFT(TableM8[[#This Row],[Back]],2)*VLOOKUP(VALUE(TRIM(CLEAN(RIGHT(TableM8[[#This Row],[Back]],2)))),TableLasers[],COLUMN(TableLasers[S-DPH]),FALSE),LEFT(TableM8[[#This Row],[Left]],2)*VLOOKUP(VALUE(TRIM(CLEAN(RIGHT(TableM8[[#This Row],[Left]],2)))),TableLasers[],COLUMN(TableLasers[S-DPH]),FALSE),LEFT(TableM8[[#This Row],[Right]],2)*VLOOKUP(VALUE(TRIM(CLEAN(RIGHT(TableM8[[#This Row],[Right]],2)))),TableLasers[],COLUMN(TableLasers[S-DPH]),FALSE),LEFT(TableM8[[#This Row],[Up]],2)*VLOOKUP(VALUE(TRIM(CLEAN(RIGHT(TableM8[[#This Row],[Up]],2)))),TableLasers[],COLUMN(TableLasers[S-DPH]),FALSE),LEFT(TableM8[[#This Row],[Down]],2)*VLOOKUP(VALUE(TRIM(CLEAN(RIGHT(TableM8[[#This Row],[Down]],2)))),TableLasers[],COLUMN(TableLasers[S-DPH]),FALSE))","v":10480},{"$f":"SUM(LEFT(TableM8[[#This Row],[Main]],2)*VLOOKUP(VALUE(TRIM(CLEAN(RIGHT(TableM8[[#This Row],[Main]],2)))),TableLasers[],COLUMN(TableLasers[H-DPH]),FALSE),LEFT(TableM8[[#This Row],[Front]],2)*VLOOKUP(VALUE(TRIM(CLEAN(RIGHT(TableM8[[#This Row],[Front]],2)))),TableLasers[],COLUMN(TableLasers[H-DPH]),FALSE),LEFT(TableM8[[#This Row],[Back]],2)*VLOOKUP(VALUE(TRIM(CLEAN(RIGHT(TableM8[[#This Row],[Back]],2)))),TableLasers[],COLUMN(TableLasers[H-DPH]),FALSE),LEFT(TableM8[[#This Row],[Left]],2)*VLOOKUP(VALUE(TRIM(CLEAN(RIGHT(TableM8[[#This Row],[Left]],2)))),TableLasers[],COLUMN(TableLasers[H-DPH]),FALSE),LEFT(TableM8[[#This Row],[Right]],2)*VLOOKUP(VALUE(TRIM(CLEAN(RIGHT(TableM8[[#This Row],[Right]],2)))),TableLasers[],COLUMN(TableLasers[H-DPH]),FALSE),LEFT(TableM8[[#This Row],[Up]],2)*VLOOKUP(VALUE(TRIM(CLEAN(RIGHT(TableM8[[#This Row],[Up]],2)))),TableLasers[],COLUMN(TableLasers[H-DPH]),FALSE),LEFT(TableM8[[#This Row],[Down]],2)*VLOOKUP(VALUE(TRIM(CLEAN(RIGHT(TableM8[[#This Row],[Down]],2)))),TableLasers[],COLUMN(TableLasers[H-DPH]),FALSE))","v":1920},"00::00","00::00","02::06","00::00","00::00","00::00","00::00",null,8,2,null,null,null,null,null,null,"0,1,6,7",null,null,null,null,"6,7,8"]
[663,"Pirates","M8","Peregrine",null,124,62,16,"XL",30000,"25 MJ ",4,1056,44.091710758377403,10,1800,36,1320,0,{"$f":"SUM(LEFT(TableM8[[#This Row],[Main]],2)*VLOOKUP(VALUE(TRIM(CLEAN(RIGHT(TableM8[[#This Row],[Main]],2)))),TableLasers[],COLUMN(TableLasers[S-DPH]),FALSE),LEFT(TableM8[[#This Row],[Front]],2)*VLOOKUP(VALUE(TRIM(CLEAN(RIGHT(TableM8[[#This Row],[Front]],2)))),TableLasers[],COLUMN(TableLasers[S-DPH]),FALSE),LEFT(TableM8[[#This Row],[Back]],2)*VLOOKUP(VALUE(TRIM(CLEAN(RIGHT(TableM8[[#This Row],[Back]],2)))),TableLasers[],COLUMN(TableLasers[S-DPH]),FALSE),LEFT(TableM8[[#This Row],[Left]],2)*VLOOKUP(VALUE(TRIM(CLEAN(RIGHT(TableM8[[#This Row],[Left]],2)))),TableLasers[],COLUMN(TableLasers[S-DPH]),FALSE),LEFT(TableM8[[#This Row],[Right]],2)*VLOOKUP(VALUE(TRIM(CLEAN(RIGHT(TableM8[[#This Row],[Right]],2)))),TableLasers[],COLUMN(TableLasers[S-DPH]),FALSE),LEFT(TableM8[[#This Row],[Up]],2)*VLOOKUP(VALUE(TRIM(CLEAN(RIGHT(TableM8[[#This Row],[Up]],2)))),TableLasers[],COLUMN(TableLasers[S-DPH]),FALSE),LEFT(TableM8[[#This Row],[Down]],2)*VLOOKUP(VALUE(TRIM(CLEAN(RIGHT(TableM8[[#This Row],[Down]],2)))),TableLasers[],COLUMN(TableLasers[S-DPH]),FALSE))","v":1280},{"$f":"SUM(LEFT(TableM8[[#This Row],[Main]],2)*VLOOKUP(VALUE(TRIM(CLEAN(RIGHT(TableM8[[#This Row],[Main]],2)))),TableLasers[],COLUMN(TableLasers[H-DPH]),FALSE),LEFT(TableM8[[#This Row],[Front]],2)*VLOOKUP(VALUE(TRIM(CLEAN(RIGHT(TableM8[[#This Row],[Front]],2)))),TableLasers[],COLUMN(TableLasers[H-DPH]),FALSE),LEFT(TableM8[[#This Row],[Back]],2)*VLOOKUP(VALUE(TRIM(CLEAN(RIGHT(TableM8[[#This Row],[Back]],2)))),TableLasers[],COLUMN(TableLasers[H-DPH]),FALSE),LEFT(TableM8[[#This Row],[Left]],2)*VLOOKUP(VALUE(TRIM(CLEAN(RIGHT(TableM8[[#This Row],[Left]],2)))),TableLasers[],COLUMN(TableLasers[H-DPH]),FALSE),LEFT(TableM8[[#This Row],[Right]],2)*VLOOKUP(VALUE(TRIM(CLEAN(RIGHT(TableM8[[#This Row],[Right]],2)))),TableLasers[],COLUMN(TableLasers[H-DPH]),FALSE),LEFT(TableM8[[#This Row],[Up]],2)*VLOOKUP(VALUE(TRIM(CLEAN(RIGHT(TableM8[[#This Row],[Up]],2)))),TableLasers[],COLUMN(TableLasers[H-DPH]),FALSE),LEFT(TableM8[[#This Row],[Down]],2)*VLOOKUP(VALUE(TRIM(CLEAN(RIGHT(TableM8[[#This Row],[Down]],2)))),TableLasers[],COLUMN(TableLasers[H-DPH]),FALSE))","v":240},"00::00","00::00","02::01","00::00","00::00","00::00","00::00",null,8,2,null,null,null,null,null,null,"0,1",null,null,null,null,"6,7,8"]
[689,"Xenon","M8","X",null,119,59.5,16,"XL",35000,"200 MJ  ",1,2500,75.757575757575793,12,2100,42,1250,0,{"$f":"SUM(LEFT(TableM8[[#This Row],[Main]],2)*VLOOKUP(VALUE(TRIM(CLEAN(RIGHT(TableM8[[#This Row],[Main]],2)))),TableLasers[],COLUMN(TableLasers[S-DPH]),FALSE),LEFT(TableM8[[#This Row],[Front]],2)*VLOOKUP(VALUE(TRIM(CLEAN(RIGHT(TableM8[[#This Row],[Front]],2)))),TableLasers[],COLUMN(TableLasers[S-DPH]),FALSE),LEFT(TableM8[[#This Row],[Back]],2)*VLOOKUP(VALUE(TRIM(CLEAN(RIGHT(TableM8[[#This Row],[Back]],2)))),TableLasers[],COLUMN(TableLasers[S-DPH]),FALSE),LEFT(TableM8[[#This Row],[Left]],2)*VLOOKUP(VALUE(TRIM(CLEAN(RIGHT(TableM8[[#This Row],[Left]],2)))),TableLasers[],COLUMN(TableLasers[S-DPH]),FALSE),LEFT(TableM8[[#This Row],[Right]],2)*VLOOKUP(VALUE(TRIM(CLEAN(RIGHT(TableM8[[#This Row],[Right]],2)))),TableLasers[],COLUMN(TableLasers[S-DPH]),FALSE),LEFT(TableM8[[#This Row],[Up]],2)*VLOOKUP(VALUE(TRIM(CLEAN(RIGHT(TableM8[[#This Row],[Up]],2)))),TableLasers[],COLUMN(TableLasers[S-DPH]),FALSE),LEFT(TableM8[[#This Row],[Down]],2)*VLOOKUP(VALUE(TRIM(CLEAN(RIGHT(TableM8[[#This Row],[Down]],2)))),TableLasers[],COLUMN(TableLasers[S-DPH]),FALSE))","v":20528},{"$f":"SUM(LEFT(TableM8[[#This Row],[Main]],2)*VLOOKUP(VALUE(TRIM(CLEAN(RIGHT(TableM8[[#This Row],[Main]],2)))),TableLasers[],COLUMN(TableLasers[H-DPH]),FALSE),LEFT(TableM8[[#This Row],[Front]],2)*VLOOKUP(VALUE(TRIM(CLEAN(RIGHT(TableM8[[#This Row],[Front]],2)))),TableLasers[],COLUMN(TableLasers[H-DPH]),FALSE),LEFT(TableM8[[#This Row],[Back]],2)*VLOOKUP(VALUE(TRIM(CLEAN(RIGHT(TableM8[[#This Row],[Back]],2)))),TableLasers[],COLUMN(TableLasers[H-DPH]),FALSE),LEFT(TableM8[[#This Row],[Left]],2)*VLOOKUP(VALUE(TRIM(CLEAN(RIGHT(TableM8[[#This Row],[Left]],2)))),TableLasers[],COLUMN(TableLasers[H-DPH]),FALSE),LEFT(TableM8[[#This Row],[Right]],2)*VLOOKUP(VALUE(TRIM(CLEAN(RIGHT(TableM8[[#This Row],[Right]],2)))),TableLasers[],COLUMN(TableLasers[H-DPH]),FALSE),LEFT(TableM8[[#This Row],[Up]],2)*VLOOKUP(VALUE(TRIM(CLEAN(RIGHT(TableM8[[#This Row],[Up]],2)))),TableLasers[],COLUMN(TableLasers[H-DPH]),FALSE),LEFT(TableM8[[#This Row],[Down]],2)*VLOOKUP(VALUE(TRIM(CLEAN(RIGHT(TableM8[[#This Row],[Down]],2)))),TableLasers[],COLUMN(TableLasers[H-DPH]),FALSE))","v":3568},"00::00","00::00","04::19","00::00","00::00","00::00","00::00",null,8,4,null,null,null,null,null,null,"12,19",null,null,null,null,"6,7,8"]

{"sheet":"M6","index":10,"n_rows":56,"n_cols":43,"rows_kept":56,"cut":false,"hidden":false,"merged":[]}
["ID","Race","Class","Name","Variation","Speed","Accel","AAccel","CClass","Hull","SType","SCount","SPower","SRTime","LCount","LEnergy","LRRate","MaxCargo","Hangar","S-Damage","H-Damage","Main","Front","Back","Left","Right","Up","Down","nMain","nFront","nBack","nLeft","nRight","nUp","nDown","xMain","xFront","xBack","xLeft","xRight","xUp","xDown","Missiles"]
[26,"Argon","M6","Centaur",null,214,107,23,"XL",60000,"200 MJ  ",4,3000,151.51515151515201,14,17500,493.83249999999998,1750,0,{"$f":"SUM(LEFT(TableM6[[#This Row],[Main]],2)*VLOOKUP(VALUE(TRIM(CLEAN(RIGHT(TableM6[[#This Row],[Main]],2)))),TableLasers[],COLUMN(TableLasers[S-DPH]),FALSE),LEFT(TableM6[[#This Row],[Front]],2)*VLOOKUP(VALUE(TRIM(CLEAN(RIGHT(TableM6[[#This Row],[Front]],2)))),TableLasers[],COLUMN(TableLasers[S-DPH]),FALSE),LEFT(TableM6[[#This Row],[Back]],2)*VLOOKUP(VALUE(TRIM(CLEAN(RIGHT(TableM6[[#This Row],[Back]],2)))),TableLasers[],COLUMN(TableLasers[S-DPH]),FALSE),LEFT(TableM6[[#This Row],[Left]],2)*VLOOKUP(VALUE(TRIM(CLEAN(RIGHT(TableM6[[#This Row],[Left]],2)))),TableLasers[],COLUMN(TableLasers[S-DPH]),FALSE),LEFT(TableM6[[#This Row],[Right]],2)*VLOOKUP(VALUE(TRIM(CLEAN(RIGHT(TableM6[[#This Row],[Right]],2)))),TableLasers[],COLUMN(TableLasers[S-DPH]),FALSE),LEFT(TableM6[[#This Row],[Up]],2)*VLOOKUP(VALUE(TRIM(CLEAN(RIGHT(TableM6[[#This Row],[Up]],2)))),TableLasers[],COLUMN(TableLasers[S-DPH]),FALSE),LEFT(TableM6[[#This Row],[Down]],2)*VLOOKUP(VALUE(TRIM(CLEAN(RIGHT(TableM6[[#This Row],[Down]],2)))),TableLasers[],COLUMN(TableLasers[S-DPH]),FALSE))","v":70880},{"$f":"SUM(LEFT(TableM6[[#This Row],[Main]],2)*VLOOKUP(VALUE(TRIM(CLEAN(RIGHT(TableM6[[#This Row],[Main]],2)))),TableLasers[],COLUMN(TableLasers[H-DPH]),FALSE),LEFT(TableM6[[#This Row],[Front]],2)*VLOOKUP(VALUE(TRIM(CLEAN(RIGHT(TableM6[[#This Row],[Front]],2)))),TableLasers[],COLUMN(TableLasers[H-DPH]),FALSE),LEFT(TableM6[[#This Row],[Back]],2)*VLOOKUP(VALUE(TRIM(CLEAN(RIGHT(TableM6[[#This Row],[Back]],2)))),TableLasers[],COLUMN(TableLasers[H-DPH]),FALSE),LEFT(TableM6[[#This Row],[Left]],2)*VLOOKUP(VALUE(TRIM(CLEAN(RIGHT(TableM6[[#This Row],[Left]],2)))),TableLasers[],COLUMN(TableLasers[H-DPH]),FALSE),LEFT(TableM6[[#This Row],[Right]],2)*VLOOKUP(VALUE(TRIM(CLEAN(RIGHT(TableM6[[#This Row],[Right]],2)))),TableLasers[],COLUMN(TableLasers[H-DPH]),FALSE),LEFT(TableM6[[#This Row],[Up]],2)*VLOOKUP(VALUE(TRIM(CLEAN(RIGHT(TableM6[[#This Row],[Up]],2)))),TableLasers[],COLUMN(TableLasers[H-DPH]),FALSE),LEFT(TableM6[[#This Row],[Down]],2)*VLOOKUP(VALUE(TRIM(CLEAN(RIGHT(TableM6[[#This Row],[Down]],2)))),TableLasers[],COLUMN(TableLasers[H-DPH]),FALSE))","v":12400},"08::13","00::00","02::04","02::04","02::04","00::00","00::00",8,null,2,2,2,null,null,"0,1,3,4,13,28,29,35",null,"0,1,3,4","0,1,3,4","0,1,3,4",null,null,"0,1,3,5,12,17,22,23,10,11,13,14,18,19,25,35"]
[27,"Argon","M6","Heavy Centaur",null,189,94.5,22,"XL",67000,"200 MJ  ",5,3300,151.51515151515201,20,25500,830.10149999999999,1475,1,{"$f":"SUM(LEFT(TableM6[[#This Row],[Main]],2)*VLOOKUP(VALUE(TRIM(CLEAN(RIGHT(TableM6[[#This Row],[Main]],2)))),TableLasers[],COLUMN(TableLasers[S-DPH]),FALSE),LEFT(TableM6[[#This Row],[Front]],2)*VLOOKUP(VALUE(TRIM(CLEAN(RIGHT(TableM6[[#This Row],[Front]],2)))),TableLasers[],COLUMN(TableLasers[S-DPH]),FALSE),LEFT(TableM6[[#This Row],[Back]],2)*VLOOKUP(VALUE(TRIM(CLEAN(RIGHT(TableM6[[#This Row],[Back]],2)))),TableLasers[],COLUMN(TableLasers[S-DPH]),FALSE),LEFT(TableM6[[#This Row],[Left]],2)*VLOOKUP(VALUE(TRIM(CLEAN(RIGHT(TableM6[[#This Row],[Left]],2)))),TableLasers[],COLUMN(TableLasers[S-DPH]),FALSE),LEFT(TableM6[[#This Row],[Right]],2)*VLOOKUP(VALUE(TRIM(CLEAN(RIGHT(TableM6[[#This Row],[Right]],2)))),TableLasers[],COLUMN(TableLasers[S-DPH]),FALSE),LEFT(TableM6[[#This Row],[Up]],2)*VLOOKUP(VALUE(TRIM(CLEAN(RIGHT(TableM6[[#This Row],[Up]],2)))),TableLasers[],COLUMN(TableLasers[S-DPH]),FALSE),LEFT(TableM6[[#This Row],[Down]],2)*VLOOKUP(VALUE(TRIM(CLEAN(RIGHT(TableM6[[#This Row],[Down]],2)))),TableLasers[],COLUMN(TableLasers[S-DPH]),FALSE))","v":161000},{"$f":"SUM(LEFT(TableM6[[#This Row],[Main]],2)*VLOOKUP(VALUE(TRIM(CLEAN(RIGHT(TableM6[[#This Row],[Main]],2)))),TableLasers[],COLUMN(TableLasers[H-DPH]),FALSE),LEFT(TableM6[[#This Row],[Front]],2)*VLOOKUP(VALUE(TRIM(CLEAN(RIGHT(TableM6[[#This Row],[Front]],2)))),TableLasers[],COLUMN(TableLasers[H-DPH]),FALSE),LEFT(TableM6[[#This Row],[Back]],2)*VLOOKUP(VALUE(TRIM(CLEAN(RIGHT(TableM6[[#This Row],[Back]],2)))),TableLasers[],COLUMN(TableLasers[H-DPH]),FALSE),LEFT(TableM6[[#This Row],[Left]],2)*VLOOKUP(VALUE(TRIM(CLEAN(RIGHT(TableM6[[#This Row],[Left]],2)))),TableLasers[],COLUMN(TableLasers[H-DPH]),FALSE),LEFT(TableM6[[#This Row],[Right]],2)*VLOOKUP(VALUE(TRIM(CLEAN(RIGHT(TableM6[[#This Row],[Right]],2)))),TableLasers[],COLUMN(TableLasers[H-DPH]),FALSE),LEFT(TableM6[[#This Row],[Up]],2)*VLOOKUP(VALUE(TRIM(CLEAN(RIGHT(TableM6[[#This Row],[Up]],2)))),TableLasers[],COLUMN(TableLasers[H-DPH]),FALSE),LEFT(TableM6[[#This Row],[Down]],2)*VLOOKUP(VALUE(TRIM(CLEAN(RIGHT(TableM6[[#This Row],[Down]],2)))),TableLasers[],COLUMN(TableLasers[H-DPH]),FALSE))","v":28000},"10::13","00::00","02::13","04::13","04::13","00::00","00::00",10,null,2,4,4,null,null,"0,1,3,4,13,28,29,35",null,"3,4,13","3,4,13","3,4,13",null,null,"0,1,3,5,12,17,22,23,10,11,13,14,18,19,25,35"]
[68,"Split","M6","Dragon",null,266.11020000000002,140.05799999999999,26,"XL",48000,"200 MJ  ",3,2650,151.51515151515201,10,20700,572.70690000000002,1430,0,{"$f":"SUM(LEFT(TableM6[[#This Row],[Main]],2)*VLOOKUP(VALUE(TRIM(CLEAN(RIGHT(TableM6[[#This Row],[Main]],2)))),TableLasers[],COLUMN(TableLasers[S-DPH]),FALSE),LEFT(TableM6[[#This Row],[Front]],2)*VLOOKUP(VALUE(TRIM(CLEAN(RIGHT(TableM6[[#This Row],[Front]],2)))),TableLasers[],COLUMN(TableLasers[S-DPH]),FALSE),LEFT(TableM6[[#This Row],[Back]],2)*VLOOKUP(VALUE(TRIM(CLEAN(RIGHT(TableM6[[#This Row],[Back]],2)))),TableLasers[],COLUMN(TableLasers[S-DPH]),FALSE),LEFT(TableM6[[#This Row],[Left]],2)*VLOOKUP(VALUE(TRIM(CLEAN(RIGHT(TableM6[[#This Row],[Left]],2)))),TableLasers[],COLUMN(TableLasers[S-DPH]),FALSE),LEFT(TableM6[[#This Row],[Right]],2)*VLOOKUP(VALUE(TRIM(CLEAN(RIGHT(TableM6[[#This Row],[Right]],2)))),TableLasers[],COLUMN(TableLasers[S-DPH]),FALSE),LEFT(TableM6[[#This Row],[Up]],2)*VLOOKUP(VALUE(TRIM(CLEAN(RIGHT(TableM6[[#This Row],[Up]],2)))),TableLasers[],COLUMN(TableLasers[S-DPH]),FALSE),LEFT(TableM6[[#This Row],[Down]],2)*VLOOKUP(VALUE(TRIM(CLEAN(RIGHT(TableM6[[#This Row],[Down]],2)))),TableLasers[],COLUMN(TableLasers[S-DPH]),FALSE))","v":98960},{"$f":"SUM(LEFT(TableM6[[#This Row],[Main]],2)*VLOOKUP(VALUE(TRIM(CLEAN(RIGHT(TableM6[[#This Row],[Main]],2)))),TableLasers[],COLUMN(TableLasers[H-DPH]),FALSE),LEFT(TableM6[[#This Row],[Front]],2)*VLOOKUP(VALUE(TRIM(CLEAN(RIGHT(TableM6[[#This Row],[Front]],2)))),TableLasers[],COLUMN(TableLasers[H-DPH]),FALSE),LEFT(TableM6[[#This Row],[Back]],2)*VLOOKUP(VALUE(TRIM(CLEAN(RIGHT(TableM6[[#This Row],[Back]],2)))),TableLasers[],COLUMN(TableLasers[H-DPH]),FALSE),LEFT(TableM6[[#This Row],[Left]],2)*VLOOKUP(VALUE(TRIM(CLEAN(RIGHT(TableM6[[#This Row],[Left]],2)))),TableLasers[],COLUMN(TableLasers[H-DPH]),FALSE),LEFT(TableM6[[#This Row],[Right]],2)*VLOOKUP(VALUE(TRIM(CLEAN(RIGHT(TableM6[[#This Row],[Right]],2)))),TableLasers[],COLUMN(TableLasers[H-DPH]),FALSE),LEFT(TableM6[[#This Row],[Up]],2)*VLOOKUP(VALUE(TRIM(CLEAN(RIGHT(TableM6[[#This Row],[Up]],2)))),TableLasers[],COLUMN(TableLasers[H-DPH]),FALSE),LEFT(TableM6[[#This Row],[Down]],2)*VLOOKUP(VALUE(TRIM(CLEAN(RIGHT(TableM6[[#This Row],[Down]],2)))),TableLasers[],COLUMN(TableLasers[H-DPH]),FALSE))","v":15440},"08::15","02::15","00::00","00::00","00::00","00::00","00::00",8,2,null,null,null,null,null,"0,1,3,9,15,28,29,35","0,1,3,9,15",null,null,null,null,null,"0,1,3,5,12,17,22,23,10,11,13,14,18,19,25,35"]
[69,"Split","M6","Heavy Dragon",null,237.80019999999999,125.158,25,"XL",55600,"200 MJ  ",4,2650,151.51515151515201,18,28525,858.91627500000004,1175,1,{"$f":"SUM(LEFT(TableM6[[#This Row],[Main]],2)*VLOOKUP(VALUE(TRIM(CLEAN(RIGHT(TableM6[[#This Row],[Main]],2)))),TableLasers[],COLUMN(TableLasers[S-DPH]),FALSE),LEFT(TableM6[[#This Row],[Front]],2)*VLOOKUP(VALUE(TRIM(CLEAN(RIGHT(TableM6[[#This Row],[Front]],2)))),TableLasers[],COLUMN(TableLasers[S-DPH]),FALSE),LEFT(TableM6[[#This Row],[Back]],2)*VLOOKUP(VALUE(TRIM(CLEAN(RIGHT(TableM6[[#This Row],[Back]],2)))),TableLasers[],COLUMN(TableLasers[S-DPH]),FALSE),LEFT(TableM6[[#This Row],[Left]],2)*VLOOKUP(VALUE(TRIM(CLEAN(RIGHT(TableM6[[#This Row],[Left]],2)))),TableLasers[],COLUMN(TableLasers[S-DPH]),FALSE),LEFT(TableM6[[#This Row],[Right]],2)*VLOOKUP(VALUE(TRIM(CLEAN(RIGHT(TableM6[[#This Row],[Right]],2)))),TableLasers[],COLUMN(TableLasers[S-DPH]),FALSE),LEFT(TableM6[[#This Row],[Up]],2)*VLOOKUP(VALUE(TRIM(CLEAN(RIGHT(TableM6[[#This Row],[Up]],2)))),TableLasers[],COLUMN(TableLasers[S-DPH]),FALSE),LEFT(TableM6[[#This Row],[Down]],2)*VLOOKUP(VALUE(TRIM(CLEAN(RIGHT(TableM6[[#This Row],[Down]],2)))),TableLasers[],COLUMN(TableLasers[S-DPH]),FALSE))","v":98960},{"$f":"SUM(LEFT(TableM6[[#This Row],[Main]],2)*VLOOKUP(VALUE(TRIM(CLEAN(RIGHT(TableM6[[#This Row],[Main]],2)))),TableLasers[],COLUMN(TableLasers[H-DPH]),FALSE),LEFT(TableM6[[#This Row],[Front]],2)*VLOOKUP(VALUE(TRIM(CLEAN(RIGHT(TableM6[[#This Row],[Front]],2)))),TableLasers[],COLUMN(TableLasers[H-DPH]),FALSE),LEFT(TableM6[[#This Row],[Back]],2)*VLOOKUP(VALUE(TRIM(CLEAN(RIGHT(TableM6[[#This Row],[Back]],2)))),TableLasers[],COLUMN(TableLasers[H-DPH]),FALSE),LEFT(TableM6[[#This Row],[Left]],2)*VLOOKUP(VALUE(TRIM(CLEAN(RIGHT(TableM6[[#This Row],[Left]],2)))),TableLasers[],COLUMN(TableLasers[H-DPH]),FALSE),LEFT(TableM6[[#This Row],[Right]],2)*VLOOKUP(VALUE(TRIM(CLEAN(RIGHT(TableM6[[#This Row],[Right]],2)))),TableLasers[],COLUMN(TableLasers[H-DPH]),FALSE),LEFT(TableM6[[#This Row],[Up]],2)*VLOOKUP(VALUE(TRIM(CLEAN(RIGHT(TableM6[[#This Row],[Up]],2)))),TableLasers[],COLUMN(TableLasers[H-DPH]),FALSE),LEFT(TableM6[[#This Row],[Down]],2)*VLOOKUP(VALUE(TRIM(CLEAN(RIGHT(TableM6[[#This Row],[Down]],2)))),TableLasers[],COLUMN(TableLasers[H-DPH]),FALSE))","v":15440},"10::15","00::00","00::00","00::00","00::00","00::00","00::00",10,null,null,null,null,4,4,"0,1,3,9,15,28,29,35",null,null,null,null,null,null,"0,1,3,5,12,17,22,23,10,11,13,14,18,19,25,35"]
[99,"Paranid","M6","Nemesis",null,220.4,110.2,23,"XL",60000,"200 MJ  ",4,3000,151.51515151515201,10,18500,518.44399999999996,1200,0,{"$f":"SUM(LEFT(TableM6[[#This Row],[Main]],2)*VLOOKUP(VALUE(TRIM(CLEAN(RIGHT(TableM6[[#This Row],[Main]],2)))),TableLasers[],COLUMN(TableLasers[S-DPH]),FALSE),LEFT(TableM6[[#This Row],[Front]],2)*VLOOKUP(VALUE(TRIM(CLEAN(RIGHT(TableM6[[#This Row],[Front]],2)))),TableLasers[],COLUMN(TableLasers[S-DPH]),FALSE),LEFT(TableM6[[#This Row],[Back]],2)*VLOOKUP(VALUE(TRIM(CLEAN(RIGHT(TableM6[[#This Row],[Back]],2)))),TableLasers[],COLUMN(TableLasers[S-DPH]),FALSE),LEFT(TableM6[[#This Row],[Left]],2)*VLOOKUP(VALUE(TRIM(CLEAN(RIGHT(TableM6[[#This Row],[Left]],2)))),TableLasers[],COLUMN(TableLasers[S-DPH]),FALSE),LEFT(TableM6[[#This Row],[Right]],2)*VLOOKUP(VALUE(TRIM(CLEAN(RIGHT(TableM6[[#This Row],[Right]],2)))),TableLasers[],COLUMN(TableLasers[S-DPH]),FALSE),LEFT(TableM6[[#This Row],[Up]],2)*VLOOKUP(VALUE(TRIM(CLEAN(RIGHT(TableM6[[#This Row],[Up]],2)))),TableLasers[],COLUMN(TableLasers[S-DPH]),FALSE),LEFT(TableM6[[#This Row],[Down]],2)*VLOOKUP(VALUE(TRIM(CLEAN(RIGHT(TableM6[[#This Row],[Down]],2)))),TableLasers[],COLUMN(TableLasers[S-DPH]),FALSE))","v":75744},{"$f":"SUM(LEFT(TableM6[[#This Row],[Main]],2)*VLOOKUP(VALUE(TRIM(CLEAN(RIGHT(TableM6[[#This Row],[Main]],2)))),TableLasers[],COLUMN(TableLasers[H-DPH]),FALSE),LEFT(TableM6[[#This Row],[Front]],2)*VLOOKUP(VALUE(TRIM(CLEAN(RIGHT(TableM6[[#This Row],[Front]],2)))),TableLasers[],COLUMN(TableLasers[H-DPH]),FALSE),LEFT(TableM6[[#This Row],[Back]],2)*VLOOKUP(VALUE(TRIM(CLEAN(RIGHT(TableM6[[#This Row],[Back]],2)))),TableLasers[],COLUMN(TableLasers[H-DPH]),FALSE),LEFT(TableM6[[#This Row],[Left]],2)*VLOOKUP(VALUE(TRIM(CLEAN(RIGHT(TableM6[[#This Row],[Left]],2)))),TableLasers[],COLUMN(TableLasers[H-DPH]),FALSE),LEFT(TableM6[[#This Row],[Right]],2)*VLOOKUP(VALUE(TRIM(CLEAN(RIGHT(TableM6[[#This Row],[Right]],2)))),TableLasers[],COLUMN(TableLasers[H-DPH]),FALSE),LEFT(TableM6[[#This Row],[Up]],2)*VLOOKUP(VALUE(TRIM(CLEAN(RIGHT(TableM6[[#This Row],[Up]],2)))),TableLasers[],COLUMN(TableLasers[H-DPH]),FALSE),LEFT(TableM6[[#This Row],[Down]],2)*VLOOKUP(VALUE(TRIM(CLEAN(RIGHT(TableM6[[#This Row],[Down]],2)))),TableLasers[],COLUMN(TableLasers[H-DPH]),FALSE))","v":13456},"08::20","00::00","00::00","00::00","00::00","02::06","00::00",8,null,null,null,null,2,null,"0,1,6,7,20,28,29,35",null,null,null,null,"0,1,6,7",null,"0,1,3,5,12,17,22,23,10,11,13,14,18,19,25,35"]
[100,"Paranid","M6","Heavy Nemesis",null,195.6,97.8,22,"XL",67000,"200 MJ  ",5,3300,151.51515151515201,20,26750,867.34199999999998,975,1,{"$f":"SUM(LEFT(TableM6[[#This Row],[Main]],2)*VLOOKUP(VALUE(TRIM(CLEAN(RIGHT(TableM6[[#This Row],[Main]],2)))),TableLasers[],COLUMN(TableLasers[S-DPH]),FALSE),LEFT(TableM6[[#This Row],[Front]],2)*VLOOKUP(VALUE(TRIM(CLEAN(RIGHT(TableM6[[#This Row],[Front]],2)))),TableLasers[],COLUMN(TableLasers[S-DPH]),FALSE),LEFT(TableM6[[#This Row],[Back]],2)*VLOOKUP(VALUE(TRIM(CLEAN(RIGHT(TableM6[[#This Row],[Back]],2)))),TableLasers[],COLUMN(TableLasers[S-DPH]),FALSE),LEFT(TableM6[[#This Row],[Left]],2)*VLOOKUP(VALUE(TRIM(CLEAN(RIGHT(TableM6[[#This Row],[Left]],2)))),TableLasers[],COLUMN(TableLasers[S-DPH]),FALSE),LEFT(TableM6[[#This Row],[Right]],2)*VLOOKUP(VALUE(TRIM(CLEAN(RIGHT(TableM6[[#This Row],[Right]],2)))),TableLasers[],COLUMN(TableLasers[S-DPH]),FALSE),LEFT(TableM6[[#This Row],[Up]],2)*VLOOKUP(VALUE(TRIM(CLEAN(RIGHT(TableM6[[#This Row],[Up]],2)))),TableLasers[],COLUMN(TableLasers[S-DPH]),FALSE),LEFT(TableM6[[#This Row],[Down]],2)*VLOOKUP(VALUE(TRIM(CLEAN(RIGHT(TableM6[[#This Row],[Down]],2)))),TableLasers[],COLUMN(TableLasers[S-DPH]),FALSE))","v":157324},{"$f":"SUM(LEFT(TableM6[[#This Row],[Main]],2)*VLOOKUP(VALUE(TRIM(CLEAN(RIGHT(TableM6[[#This Row],[Main]],2)))),TableLasers[],COLUMN(TableLasers[H-DPH]),FALSE),LEFT(TableM6[[#This Row],[Front]],2)*VLOOKUP(VALUE(TRIM(CLEAN(RIGHT(TableM6[[#This Row],[Front]],2)))),TableLasers[],COLUMN(TableLasers[H-DPH]),FALSE),LEFT(TableM6[[#This Row],[Back]],2)*VLOOKUP(VALUE(TRIM(CLEAN(RIGHT(TableM6[[#This Row],[Back]],2)))),TableLasers[],COLUMN(TableLasers[H-DPH]),FALSE),LEFT(TableM6[[#This Row],[Left]],2)*VLOOKUP(VALUE(TRIM(CLEAN(RIGHT(TableM6[[#This Row],[Left]],2)))),TableLasers[],COLUMN(TableLasers[H-DPH]),FALSE),LEFT(TableM6[[#This Row],[Right]],2)*VLOOKUP(VALUE(TRIM(CLEAN(RIGHT(TableM6[[#This Row],[Right]],2)))),TableLasers[],COLUMN(TableLasers[H-DPH]),FALSE),LEFT(TableM6[[#This Row],[Up]],2)*VLOOKUP(VALUE(TRIM(CLEAN(RIGHT(TableM6[[#This Row],[Up]],2)))),TableLasers[],COLUMN(TableLasers[H-DPH]),FALSE),LEFT(TableM6[[#This Row],[Down]],2)*VLOOKUP(VALUE(TRIM(CLEAN(RIGHT(TableM6[[#This Row],[Down]],2)))),TableLasers[],COLUMN(TableLasers[H-DPH]),FALSE))","v":27876},"10::20","00::00","02::06","04::20","04::20","00::00","00::00",10,null,2,4,4,null,null,"0,1,6,7,20,28,29,35",null,"0,1,6,7","6,7,20","6,7,20",null,null,"0,1,3,5,12,17,22,23,10,11,13,14,18,19,25,35"]
[131,"Boron","M6","Hydra",null,246.51840000000001,102.71599999999999,26,"XL",54000,"200 MJ  ",4,3350,151.51515151515201,10,14900,430.1481,2000,0,{"$f":"SUM(LEFT(TableM6[[#This Row],[Main]],2)*VLOOKUP(VALUE(TRIM(CLEAN(RIGHT(TableM6[[#This Row],[Main]],2)))),TableLasers[],COLUMN(TableLasers[S-DPH]),FALSE),LEFT(TableM6[[#This Row],[Front]],2)*VLOOKUP(VALUE(TRIM(CLEAN(RIGHT(TableM6[[#This Row],[Front]],2)))),TableLasers[],COLUMN(TableLasers[S-DPH]),FALSE),LEFT(TableM6[[#This Row],[Back]],2)*VLOOKUP(VALUE(TRIM(CLEAN(RIGHT(TableM6[[#This Row],[Back]],2)))),TableLasers[],COLUMN(TableLasers[S-DPH]),FALSE),LEFT(TableM6[[#This Row],[Left]],2)*VLOOKUP(VALUE(TRIM(CLEAN(RIGHT(TableM6[[#This Row],[Left]],2)))),TableLasers[],COLUMN(TableLasers[S-DPH]),FALSE),LEFT(TableM6[[#This Row],[Right]],2)*VLOOKUP(VALUE(TRIM(CLEAN(RIGHT(TableM6[[#This Row],[Right]],2)))),TableLasers[],COLUMN(TableLasers[S-DPH]),FALSE),LEFT(TableM6[[#This Row],[Up]],2)*VLOOKUP(VALUE(TRIM(CLEAN(RIGHT(TableM6[[#This Row],[Up]],2)))),TableLasers[],COLUMN(TableLasers[S-DPH]),FALSE),LEFT(TableM6[[#This Row],[Down]],2)*VLOOKUP(VALUE(TRIM(CLEAN(RIGHT(TableM6[[#This Row],[Down]],2)))),TableLasers[],COLUMN(TableLasers[S-DPH]),FALSE))","v":157000},{"$f":"SUM(LEFT(TableM6[[#This Row],[Main]],2)*VLOOKUP(VALUE(TRIM(CLEAN(RIGHT(TableM6[[#This Row],[Main]],2)))),TableLasers[],COLUMN(TableLasers[H-DPH]),FALSE),LEFT(TableM6[[#This Row],[Front]],2)*VLOOKUP(VALUE(TRIM(CLEAN(RIGHT(TableM6[[#This Row],[Front]],2)))),TableLasers[],COLUMN(TableLasers[H-DPH]),FALSE),LEFT(TableM6[[#This Row],[Back]],2)*VLOOKUP(VALUE(TRIM(CLEAN(RIGHT(TableM6[[#This Row],[Back]],2)))),TableLasers[],COLUMN(TableLasers[H-DPH]),FALSE),LEFT(TableM6[[#This Row],[Left]],2)*VLOOKUP(VALUE(TRIM(CLEAN(RIGHT(TableM6[[#This Row],[Left]],2)))),TableLasers[],COLUMN(TableLasers[H-DPH]),FALSE),LEFT(TableM6[[#This Row],[Right]],2)*VLOOKUP(VALUE(TRIM(CLEAN(RIGHT(TableM6[[#This Row],[Right]],2)))),TableLasers[],COLUMN(TableLasers[H-DPH]),FALSE),LEFT(TableM6[[#This Row],[Up]],2)*VLOOKUP(VALUE(TRIM(CLEAN(RIGHT(TableM6[[#This Row],[Up]],2)))),TableLasers[],COLUMN(TableLasers[H-DPH]),FALSE),LEFT(TableM6[[#This Row],[Down]],2)*VLOOKUP(VALUE(TRIM(CLEAN(RIGHT(TableM6[[#This Row],[Down]],2)))),TableLasers[],COLUMN(TableLasers[H-DPH]),FALSE))","v":4000},"08::14","00::00","02::14","00::00","00::00","00::00","00::00",8,null,2,null,null,null,null,"0,1,4,8,14,28,29,35",null,"0,1,4,8,14",null,null,null,null,"0,1,3,5,12,17,22,23,10,11,13,14,18,19,25,35"]
[132,"Boron","M6","Heavy Hydra",null,226.8,113.4,25,"XL",71300,"200 MJ  ",5,3750,151.51515151515201,16,21500,829.68499999999995,1500,1,{"$f":"SUM(LEFT(TableM6[[#This Row],[Main]],2)*VLOOKUP(VALUE(TRIM(CLEAN(RIGHT(TableM6[[#This Row],[Main]],2)))),TableLasers[],COLUMN(TableLasers[S-DPH]),FALSE),LEFT(TableM6[[#This Row],[Front]],2)*VLOOKUP(VALUE(TRIM(CLEAN(RIGHT(TableM6[[#This Row],[Front]],2)))),TableLasers[],COLUMN(TableLasers[S-DPH]),FALSE),LEFT(TableM6[[#This Row],[Back]],2)*VLOOKUP(VALUE(TRIM(CLEAN(RIGHT(TableM6[[#This Row],[Back]],2)))),TableLasers[],COLUMN(TableLasers[S-DPH]),FALSE),LEFT(TableM6[[#This Row],[Left]],2)*VLOOKUP(VALUE(TRIM(CLEAN(RIGHT(TableM6[[#This Row],[Left]],2)))),TableLasers[],COLUMN(TableLasers[S-DPH]),FALSE),LEFT(TableM6[[#This Row],[Right]],2)*VLOOKUP(VALUE(TRIM(CLEAN(RIGHT(TableM6[[#This Row],[Right]],2)))),TableLasers[],COLUMN(TableLasers[S-DPH]),FALSE),LEFT(TableM6[[#This Row],[Up]],2)*VLOOKUP(VALUE(TRIM(CLEAN(RIGHT(TableM6[[#This Row],[Up]],2)))),TableLasers[],COLUMN(TableLasers[S-DPH]),FALSE),LEFT(TableM6[[#This Row],[Down]],2)*VLOOKUP(VALUE(TRIM(CLEAN(RIGHT(TableM6[[#This Row],[Down]],2)))),TableLasers[],COLUMN(TableLasers[S-DPH]),FALSE))","v":125600},{"$f":"SUM(LEFT(TableM6[[#This Row],[Main]],2)*VLOOKUP(VALUE(TRIM(CLEAN(RIGHT(TableM6[[#This Row],[Main]],2)))),TableLasers[],COLUMN(TableLasers[H-DPH]),FALSE),LEFT(TableM6[[#This Row],[Front]],2)*VLOOKUP(VALUE(TRIM(CLEAN(RIGHT(TableM6[[#This Row],[Front]],2)))),TableLasers[],COLUMN(TableLasers[H-DPH]),FALSE),LEFT(TableM6[[#This Row],[Back]],2)*VLOOKUP(VALUE(TRIM(CLEAN(RIGHT(TableM6[[#This Row],[Back]],2)))),TableLasers[],COLUMN(TableLasers[H-DPH]),FALSE),LEFT(TableM6[[#This Row],[Left]],2)*VLOOKUP(VALUE(TRIM(CLEAN(RIGHT(TableM6[[#This Row],[Left]],2)))),TableLasers[],COLUMN(TableLasers[H-DPH]),FALSE),LEFT(TableM6[[#This Row],[Right]],2)*VLOOKUP(VALUE(TRIM(CLEAN(RIGHT(TableM6[[#This Row],[Right]],2)))),TableLasers[],COLUMN(TableLasers[H-DPH]),FALSE),LEFT(TableM6[[#This Row],[Up]],2)*VLOOKUP(VALUE(TRIM(CLEAN(RIGHT(TableM6[[#This Row],[Up]],2)))),TableLasers[],COLUMN(TableLasers[H-DPH]),FALSE),LEFT(TableM6[[#This Row],[Down]],2)*VLOOKUP(VALUE(TRIM(CLEAN(RIGHT(TableM6[[#This Row],[Down]],2)))),TableLasers[],COLUMN(TableLasers[H-DPH]),FALSE))","v":3200},"08::14","00::00","00::00","00::00","00::00","00::00","00::00",8,6,2,null,null,null,null,"0,1,4,8,14,28,29,35",null,null,null,null,null,null,"0,1,3,5,12,17,22,23,10,11,13,14,18,19,25,35"]
[163,"Teladi","M6","Osprey",null,196.6,98.3,19,"XL",72000,"200 MJ  ",5,3150,151.51515151515201,14,18200,422.53120000000001,2500,0,{"$f":"SUM(LEFT(TableM6[[#This Row],[Main]],2)*VLOOKUP(VALUE(TRIM(CLEAN(RIGHT(TableM6[[#This Row],[Main]],2)))),TableLasers[],COLUMN(TableLasers[S-DPH]),FALSE),LEFT(TableM6[[#This Row],[Front]],2)*VLOOKUP(VALUE(TRIM(CLEAN(RIGHT(TableM6[[#This Row],[Front]],2)))),TableLasers[],COLUMN(TableLasers[S-DPH]),FALSE),LEFT(TableM6[[#This Row],[Back]],2)*VLOOKUP(VALUE(TRIM(CLEAN(RIGHT(TableM6[[#This Row],[Back]],2)))),TableLasers[],COLUMN(TableLasers[S-DPH]),FALSE),LEFT(TableM6[[#This Row],[Left]],2)*VLOOKUP(VALUE(TRIM(CLEAN(RIGHT(TableM6[[#This Row],[Left]],2)))),TableLasers[],COLUMN(TableLasers[S-DPH]),FALSE),LEFT(TableM6[[#This Row],[Right]],2)*VLOOKUP(VALUE(TRIM(CLEAN(RIGHT(TableM6[[#This Row],[Right]],2)))),TableLasers[],COLUMN(TableLasers[S-DPH]),FALSE),LEFT(TableM6[[#This Row],[Up]],2)*VLOOKUP(VALUE(TRIM(CLEAN(RIGHT(TableM6[[#This Row],[Up]],2)))),TableLasers[],COLUMN(TableLasers[S-DPH]),FALSE),LEFT(TableM6[[#This Row],[Down]],2)*VLOOKUP(VALUE(TRIM(CLEAN(RIGHT(TableM6[[#This Row],[Down]],2)))),TableLasers[],COLUMN(TableLasers[S-DPH]),FALSE))","v":108696},{"$f":"SUM(LEFT(TableM6[[#This Row],[Main]],2)*VLOOKUP(VALUE(TRIM(CLEAN(RIGHT(TableM6[[#This Row],[Main]],2)))),TableLasers[],COLUMN(TableLasers[H-DPH]),FALSE),LEFT(TableM6[[#This Row],[Front]],2)*VLOOKUP(VALUE(TRIM(CLEAN(RIGHT(TableM6[[#This Row],[Front]],2)))),TableLasers[],COLUMN(TableLasers[H-DPH]),FALSE),LEFT(TableM6[[#This Row],[Back]],2)*VLOOKUP(VALUE(TRIM(CLEAN(RIGHT(TableM6[[#This Row],[Back]],2)))),TableLasers[],COLUMN(TableLasers[H-DPH]),FALSE),LEFT(TableM6[[#This Row],[Left]],2)*VLOOKUP(VALUE(TRIM(CLEAN(RIGHT(TableM6[[#This Row],[Left]],2)))),TableLasers[],COLUMN(TableLasers[H-DPH]),FALSE),LEFT(TableM6[[#This Row],[Right]],2)*VLOOKUP(VALUE(TRIM(CLEAN(RIGHT(TableM6[[#This Row],[Right]],2)))),TableLasers[],COLUMN(TableLasers[H-DPH]),FALSE),LEFT(TableM6[[#This Row],[Up]],2)*VLOOKUP(VALUE(TRIM(CLEAN(RIGHT(TableM6[[#This Row],[Up]],2)))),TableLasers[],COLUMN(TableLasers[H-DPH]),FALSE),LEFT(TableM6[[#This Row],[Down]],2)*VLOOKUP(VALUE(TRIM(CLEAN(RIGHT(TableM6[[#This Row],[Down]],2)))),TableLasers[],COLUMN(TableLasers[H-DPH]),FALSE))","v":21144},"08::18","00::00","02::01","00::00","00::00","02::01","02::01",8,null,2,null,null,2,2,"0,1,5,18,2,28,29,35",null,"0,1",null,null,"0,1","0,1","0,1,3,5,12,17,22,23,10,11,13,14,18,19,25,35"]
[164,"Teladi","M6","Heavy Osprey",null,176.14080000000001,80.063999999999993,18,"XL",68400,"200 MJ  ",6,3400,227.272727272727,18,25900,842.00900000000001,1650,1,{"$f":"SUM(LEFT(TableM6[[#This Row],[Main]],2)*VLOOKUP(VALUE(TRIM(CLEAN(RIGHT(TableM6[[#This Row],[Main]],2)))),TableLasers[],COLUMN(TableLasers[S-DPH]),FALSE),LEFT(TableM6[[#This Row],[Front]],2)*VLOOKUP(VALUE(TRIM(CLEAN(RIGHT(TableM6[[#This Row],[Front]],2)))),TableLasers[],COLUMN(TableLasers[S-DPH]),FALSE),LEFT(TableM6[[#This Row],[Back]],2)*VLOOKUP(VALUE(TRIM(CLEAN(RIGHT(TableM6[[#This Row],[Back]],2)))),TableLasers[],COLUMN(TableLasers[S-DPH]),FALSE),LEFT(TableM6[[#This Row],[Left]],2)*VLOOKUP(VALUE(TRIM(CLEAN(RIGHT(TableM6[[#This Row],[Left]],2)))),TableLasers[],COLUMN(TableLasers[S-DPH]),FALSE),LEFT(TableM6[[#This Row],[Right]],2)*VLOOKUP(VALUE(TRIM(CLEAN(RIGHT(TableM6[[#This Row],[Right]],2)))),TableLasers[],COLUMN(TableLasers[S-DPH]),FALSE),LEFT(TableM6[[#This Row],[Up]],2)*VLOOKUP(VALUE(TRIM(CLEAN(RIGHT(TableM6[[#This Row],[Up]],2)))),TableLasers[],COLUMN(TableLasers[S-DPH]),FALSE),LEFT(TableM6[[#This Row],[Down]],2)*VLOOKUP(VALUE(TRIM(CLEAN(RIGHT(TableM6[[#This Row],[Down]],2)))),TableLasers[],COLUMN(TableLasers[S-DPH]),FALSE))","v":131070},{"$f":"SUM(LEFT(TableM6[[#This Row],[Main]],2)*VLOOKUP(VALUE(TRIM(CLEAN(RIGHT(TableM6[[#This Row],[Main]],2)))),TableLasers[],COLUMN(TableLasers[H-DPH]),FALSE),LEFT(TableM6[[#This Row],[Front]],2)*VLOOKUP(VALUE(TRIM(CLEAN(RIGHT(TableM6[[#This Row],[Front]],2)))),TableLasers[],COLUMN(TableLasers[H-DPH]),FALSE),LEFT(TableM6[[#This Row],[Back]],2)*VLOOKUP(VALUE(TRIM(CLEAN(RIGHT(TableM6[[#This Row],[Back]],2)))),TableLasers[],COLUMN(TableLasers[H-DPH]),FALSE),LEFT(TableM6[[#This Row],[Left]],2)*VLOOKUP(VALUE(TRIM(CLEAN(RIGHT(TableM6[[#This Row],[Left]],2)))),TableLasers[],COLUMN(TableLasers[H-DPH]),FALSE),LEFT(TableM6[[#This Row],[Right]],2)*VLOOKUP(VALUE(TRIM(CLEAN(RIGHT(TableM6[[#This Row],[Right]],2)))),TableLasers[],COLUMN(TableLasers[H-DPH]),FALSE),LEFT(TableM6[[#This Row],[Up]],2)*VLOOKUP(VALUE(TRIM(CLEAN(RIGHT(TableM6[[#This Row],[Up]],2)))),TableLasers[],COLUMN(TableLasers[H-DPH]),FALSE),LEFT(TableM6[[#This Row],[Down]],2)*VLOOKUP(VALUE(TRIM(CLEAN(RIGHT(TableM6[[#This Row],[Down]],2)))),TableLasers[],COLUMN(TableLasers[H-DPH]),FALSE))","v":25530},"10::18","00::00","00::00","00::00","00::00","00::00","00::00",10,4,2,null,null,2,null,"0,1,5,18,2,28,29,35",null,null,null,null,null,null,"0,1,3,5,12,17,22,23,10,11,13,14,18,19,25,35"]
[174,"Xenon","M6","P",null,262.149,174.76599999999999,29,"XL",30000,"200 MJ  ",4,4000,151.51515151515201,14,19000,637.05100000000004,1650,0,{"$f":"SUM(LEFT(TableM6[[#This Row],[Main]],2)*VLOOKUP(VALUE(TRIM(CLEAN(RIGHT(TableM6[[#This Row],[Main]],2)))),TableLasers[],COLUMN(TableLasers[S-DPH]),FALSE),LEFT(TableM6[[#This Row],[Front]],2)*VLOOKUP(VALUE(TRIM(CLEAN(RIGHT(TableM6[[#This Row],[Front]],2)))),TableLasers[],COLUMN(TableLasers[S-DPH]),FALSE),LEFT(TableM6[[#This Row],[Back]],2)*VLOOKUP(VALUE(TRIM(CLEAN(RIGHT(TableM6[[#This Row],[Back]],2)))),TableLasers[],COLUMN(TableLasers[S-DPH]),FALSE),LEFT(TableM6[[#This Row],[Left]],2)*VLOOKUP(VALUE(TRIM(CLEAN(RIGHT(TableM6[[#This Row],[Left]],2)))),TableLasers[],COLUMN(TableLasers[S-DPH]),FALSE),LEFT(TableM6[[#This Row],[Right]],2)*VLOOKUP(VALUE(TRIM(CLEAN(RIGHT(TableM6[[#This Row],[Right]],2)))),TableLasers[],COLUMN(TableLasers[S-DPH]),FALSE),LEFT(TableM6[[#This Row],[Up]],2)*VLOOKUP(VALUE(TRIM(CLEAN(RIGHT(TableM6[[#This Row],[Up]],2)))),TableLasers[],COLUMN(TableLasers[S-DPH]),FALSE),LEFT(TableM6[[#This Row],[Down]],2)*VLOOKUP(VALUE(TRIM(CLEAN(RIGHT(TableM6[[#This Row],[Down]],2)))),TableLasers[],COLUMN(TableLasers[S-DPH]),FALSE))","v":71848},{"$f":"SUM(LEFT(TableM6[[#This Row],[Main]],2)*VLOOKUP(VALUE(TRIM(CLEAN(RIGHT(TableM6[[#This Row],[Main]],2)))),TableLasers[],COLUMN(TableLasers[H-DPH]),FALSE),LEFT(TableM6[[#This Row],[Front]],2)*VLOOKUP(VALUE(TRIM(CLEAN(RIGHT(TableM6[[#This Row],[Front]],2)))),TableLasers[],COLUMN(TableLasers[H-DPH]),FALSE),LEFT(TableM6[[#This Row],[Back]],2)*VLOOKUP(VALUE(TRIM(CLEAN(RIGHT(TableM6[[#This Row],[Back]],2)))),TableLasers[],COLUMN(TableLasers[H-DPH]),FALSE),LEFT(TableM6[[#This Row],[Left]],2)*VLOOKUP(VALUE(TRIM(CLEAN(RIGHT(TableM6[[#This Row],[Left]],2)))),TableLasers[],COLUMN(TableLasers[H-DPH]),FALSE),LEFT(TableM6[[#This Row],[Right]],2)*VLOOKUP(VALUE(TRIM(CLEAN(RIGHT(TableM6[[#This Row],[Right]],2)))),TableLasers[],COLUMN(TableLasers[H-DPH]),FALSE),LEFT(TableM6[[#This Row],[Up]],2)*VLOOKUP(VALUE(TRIM(CLEAN(RIGHT(TableM6[[#This Row],[Up]],2)))),TableLasers[],COLUMN(TableLasers[H-DPH]),FALSE),LEFT(TableM6[[#This Row],[Down]],2)*VLOOKUP(VALUE(TRIM(CLEAN(RIGHT(TableM6[[#This Row],[Down]],2)))),TableLasers[],COLUMN(TableLasers[H-DPH]),FALSE))","v":12488},"08::19","00::00","02::19","02::19","02::19","00::00","00::00",8,null,2,2,2,null,null,"12,19",null,"12,19","12,19","12,19",null,null,"0,1,3,5,12,17,22,23,10,11,13,14,18,19,25,35"]
[175,"Xenon","M6","PX",null,221.94900000000001,147.96600000000001,27,"XL",48000,"200 MJ  ",5,3950,151.51515151515201,19,27250,941.13324999999998,1550,1,{"$f":"SUM(LEFT(TableM6[[#This Row],[Main]],2)*VLOOKUP(VALUE(TRIM(CLEAN(RIGHT(TableM6[[#This Row],[Main]],2)))),TableLasers[],COLUMN(TableLasers[S-DPH]),FALSE),LEFT(TableM6[[#This Row],[Front]],2)*VLOOKUP(VALUE(TRIM(CLEAN(RIGHT(TableM6[[#This Row],[Front]],2)))),TableLasers[],COLUMN(TableLasers[S-DPH]),FALSE),LEFT(TableM6[[#This Row],[Back]],2)*VLOOKUP(VALUE(TRIM(CLEAN(RIGHT(TableM6[[#This Row],[Back]],2)))),TableLasers[],COLUMN(TableLasers[S-DPH]),FALSE),LEFT(TableM6[[#This Row],[Left]],2)*VLOOKUP(VALUE(TRIM(CLEAN(RIGHT(TableM6[[#This Row],[Left]],2)))),TableLasers[],COLUMN(TableLasers[S-DPH]),FALSE),LEFT(TableM6[[#This Row],[Right]],2)*VLOOKUP(VALUE(TRIM(CLEAN(RIGHT(TableM6[[#This Row],[Right]],2)))),TableLasers[],COLUMN(TableLasers[S-DPH]),FALSE),LEFT(TableM6[[#This Row],[Up]],2)*VLOOKUP(VALUE(TRIM(CLEAN(RIGHT(TableM6[[#This Row],[Up]],2)))),TableLasers[],COLUMN(TableLasers[S-DPH]),FALSE),LEFT(TableM6[[#This Row],[Down]],2)*VLOOKUP(VALUE(TRIM(CLEAN(RIGHT(TableM6[[#This Row],[Down]],2)))),TableLasers[],COLUMN(TableLasers[S-DPH]),FALSE))","v":97508},{"$f":"SUM(LEFT(TableM6[[#This Row],[Main]],2)*VLOOKUP(VALUE(TRIM(CLEAN(RIGHT(TableM6[[#This Row],[Main]],2)))),TableLasers[],COLUMN(TableLasers[H-DPH]),FALSE),LEFT(TableM6[[#This Row],[Front]],2)*VLOOKUP(VALUE(TRIM(CLEAN(RIGHT(TableM6[[#This Row],[Front]],2)))),TableLasers[],COLUMN(TableLasers[H-DPH]),FALSE),LEFT(TableM6[[#This Row],[Back]],2)*VLOOKUP(VALUE(TRIM(CLEAN(RIGHT(TableM6[[#This Row],[Back]],2)))),TableLasers[],COLUMN(TableLasers[H-DPH]),FALSE),LEFT(TableM6[[#This Row],[Left]],2)*VLOOKUP(VALUE(TRIM(CLEAN(RIGHT(TableM6[[#This Row],[Left]],2)))),TableLasers[],COLUMN(TableLasers[H-DPH]),FALSE),LEFT(TableM6[[#This Row],[Right]],2)*VLOOKUP(VALUE(TRIM(CLEAN(RIGHT(TableM6[[#This Row],[Right]],2)))),TableLasers[],COLUMN(TableLasers[H-DPH]),FALSE),LEFT(TableM6[[#This Row],[Up]],2)*VLOOKUP(VALUE(TRIM(CLEAN(RIGHT(TableM6[[#This Row],[Up]],2)))),TableLasers[],COLUMN(TableLasers[H-DPH]),FALSE),LEFT(TableM6[[#This Row],[Down]],2)*VLOOKUP(VALUE(TRIM(CLEAN(RIGHT(TableM6[[#This Row],[Down]],2)))),TableLasers[],COLUMN(TableLasers[H-DPH]),FALSE))","v":16948},"09::19","00::00","02::19","04::19","04::19","00::00","00::00",9,null,2,4,4,null,null,"12,19",null,"12,19","12,19","12,19",null,null,"0,1,3,5,12,17,22,23,10,11,13,14,18,19,25,35"]
[197,"Pirates","M6","Centaur",null,221.2,110.6,24,"XL",45000,"200 MJ  ",3,2500,151.51515151515201,14,20500,567.76800000000003,1690,0,{"$f":"SUM(LEFT(TableM6[[#This Row],[Main]],2)*VLOOKUP(VALUE(TRIM(CLEAN(RIGHT(TableM6[[#This Row],[Main]],2)))),TableLasers[],COLUMN(TableLasers[S-DPH]),FALSE),LEFT(TableM6[[#This Row],[Front]],2)*VLOOKUP(VALUE(TRIM(CLEAN(RIGHT(TableM6[[#This Row],[Front]],2)))),TableLasers[],COLUMN(TableLasers[S-DPH]),FALSE),LEFT(TableM6[[#This Row],[Back]],2)*VLOOKUP(VALUE(TRIM(CLEAN(RIGHT(TableM6[[#This Row],[Back]],2)))),TableLasers[],COLUMN(TableLasers[S-DPH]),FALSE),LEFT(TableM6[[#This Row],[Left]],2)*VLOOKUP(VALUE(TRIM(CLEAN(RIGHT(TableM6[[#This Row],[Left]],2)))),TableLasers[],COLUMN(TableLasers[S-DPH]),FALSE),LEFT(TableM6[[#This Row],[Right]],2)*VLOOKUP(VALUE(TRIM(CLEAN(RIGHT(TableM6[[#This Row],[Right]],2)))),TableLasers[],COLUMN(TableLasers[S-DPH]),FALSE),LEFT(TableM6[[#This Row],[Up]],2)*VLOOKUP(VALUE(TRIM(CLEAN(RIGHT(TableM6[[#This Row],[Up]],2)))),TableLasers[],COLUMN(TableLasers[S-DPH]),FALSE),LEFT(TableM6[[#This Row],[Down]],2)*VLOOKUP(VALUE(TRIM(CLEAN(RIGHT(TableM6[[#This Row],[Down]],2)))),TableLasers[],COLUMN(TableLasers[S-DPH]),FALSE))","v":143042},{"$f":"SUM(LEFT(TableM6[[#This Row],[Main]],2)*VLOOKUP(VALUE(TRIM(CLEAN(RIGHT(TableM6[[#This Row],[Main]],2)))),TableLasers[],COLUMN(TableLasers[H-DPH]),FALSE),LEFT(TableM6[[#This Row],[Front]],2)*VLOOKUP(VALUE(TRIM(CLEAN(RIGHT(TableM6[[#This Row],[Front]],2)))),TableLasers[],COLUMN(TableLasers[H-DPH]),FALSE),LEFT(TableM6[[#This Row],[Back]],2)*VLOOKUP(VALUE(TRIM(CLEAN(RIGHT(TableM6[[#This Row],[Back]],2)))),TableLasers[],COLUMN(TableLasers[H-DPH]),FALSE),LEFT(TableM6[[#This Row],[Left]],2)*VLOOKUP(VALUE(TRIM(CLEAN(RIGHT(TableM6[[#This Row],[Left]],2)))),TableLasers[],COLUMN(TableLasers[H-DPH]),FALSE),LEFT(TableM6[[#This Row],[Right]],2)*VLOOKUP(VALUE(TRIM(CLEAN(RIGHT(TableM6[[#This Row],[Right]],2)))),TableLasers[],COLUMN(TableLasers[H-DPH]),FALSE),LEFT(TableM6[[#This Row],[Up]],2)*VLOOKUP(VALUE(TRIM(CLEAN(RIGHT(TableM6[[#This Row],[Up]],2)))),TableLasers[],COLUMN(TableLasers[H-DPH]),FALSE),LEFT(TableM6[[#This Row],[Down]],2)*VLOOKUP(VALUE(TRIM(CLEAN(RIGHT(TableM6[[#This Row],[Down]],2)))),TableLasers[],COLUMN(TableLasers[H-DPH]),FALSE))","v":26518},"08::13","00::00","02::18","02::18","02::18","00::00","00::00",8,null,2,2,2,null,null,"0,1,3,4,13,2,28,29,35",null,"0,1,3,5,18,20","0,1,3,5,18,20","0,1,3,5,18,20",null,null,"0,1,3,5,12,17,22,23,10,11,13,14,18,19,25,35"]
[198,"Pirates","M6","Osprey",null,202.4,101.2,20,"XL",54000,"200 MJ  ",4,2620,151.51515151515201,14,19200,442.15679999999998,2125,0,{"$f":"SUM(LEFT(TableM6[[#This Row],[Main]],2)*VLOOKUP(VALUE(TRIM(CLEAN(RIGHT(TableM6[[#This Row],[Main]],2)))),TableLasers[],COLUMN(TableLasers[S-DPH]),FALSE),LEFT(TableM6[[#This Row],[Front]],2)*VLOOKUP(VALUE(TRIM(CLEAN(RIGHT(TableM6[[#This Row],[Front]],2)))),TableLasers[],COLUMN(TableLasers[S-DPH]),FALSE),LEFT(TableM6[[#This Row],[Back]],2)*VLOOKUP(VALUE(TRIM(CLEAN(RIGHT(TableM6[[#This Row],[Back]],2)))),TableLasers[],COLUMN(TableLasers[S-DPH]),FALSE),LEFT(TableM6[[#This Row],[Left]],2)*VLOOKUP(VALUE(TRIM(CLEAN(RIGHT(TableM6[[#This Row],[Left]],2)))),TableLasers[],COLUMN(TableLasers[S-DPH]),FALSE),LEFT(TableM6[[#This Row],[Right]],2)*VLOOKUP(VALUE(TRIM(CLEAN(RIGHT(TableM6[[#This Row],[Right]],2)))),TableLasers[],COLUMN(TableLasers[S-DPH]),FALSE),LEFT(TableM6[[#This Row],[Up]],2)*VLOOKUP(VALUE(TRIM(CLEAN(RIGHT(TableM6[[#This Row],[Up]],2)))),TableLasers[],COLUMN(TableLasers[S-DPH]),FALSE),LEFT(TableM6[[#This Row],[Down]],2)*VLOOKUP(VALUE(TRIM(CLEAN(RIGHT(TableM6[[#This Row],[Down]],2)))),TableLasers[],COLUMN(TableLasers[S-DPH]),FALSE))","v":183498},{"$f":"SUM(LEFT(TableM6[[#This Row],[Main]],2)*VLOOKUP(VALUE(TRIM(CLEAN(RIGHT(TableM6[[#This Row],[Main]],2)))),TableLasers[],COLUMN(TableLasers[H-DPH]),FALSE),LEFT(TableM6[[#This Row],[Front]],2)*VLOOKUP(VALUE(TRIM(CLEAN(RIGHT(TableM6[[#This Row],[Front]],2)))),TableLasers[],COLUMN(TableLasers[H-DPH]),FALSE),LEFT(TableM6[[#This Row],[Back]],2)*VLOOKUP(VALUE(TRIM(CLEAN(RIGHT(TableM6[[#This Row],[Back]],2)))),TableLasers[],COLUMN(TableLasers[H-DPH]),FALSE),LEFT(TableM6[[#This Row],[Left]],2)*VLOOKUP(VALUE(TRIM(CLEAN(RIGHT(TableM6[[#This Row],[Left]],2)))),TableLasers[],COLUMN(TableLasers[H-DPH]),FALSE),LEFT(TableM6[[#This Row],[Right]],2)*VLOOKUP(VALUE(TRIM(CLEAN(RIGHT(TableM6[[#This Row],[Right]],2)))),TableLasers[],COLUMN(TableLasers[H-DPH]),FALSE),LEFT(TableM6[[#This Row],[Up]],2)*VLOOKUP(VALUE(TRIM(CLEAN(RIGHT(TableM6[[#This Row],[Up]],2)))),TableLasers[],COLUMN(TableLasers[H-DPH]),FALSE),LEFT(TableM6[[#This Row],[Down]],2)*VLOOKUP(VALUE(TRIM(CLEAN(RIGHT(TableM6[[#This Row],[Down]],2)))),TableLasers[],COLUMN(TableLasers[H-DPH]),FALSE))","v":35742},"08::18","00::00","02::18","02::18","02::18","00::00","00::00",8,null,2,2,2,null,null,"0,1,3,5,18,2,28,29,35",null,"0,1,3,5,18,20","0,1,3,5,18,20","0,1,3,5,18,20",null,null,"0,1,3,5,12,17,22,23,10,11,13,14,18,19,25,35"]
[206,"ATF","M6","Vidar",null,251,125.5,24,"XL",45600,"200 MJ  ",5,4300,151.51515151515201,14,19000,735.03399999999999,1450,1,{"$f":"SUM(LEFT(TableM6[[#This Row],[Main]],2)*VLOOKUP(VALUE(TRIM(CLEAN(RIGHT(TableM6[[#This Row],[Main]],2)))),TableLasers[],COLUMN(TableLasers[S-DPH]),FALSE),LEFT(TableM6[[#This Row],[Front]],2)*VLOOKUP(VALUE(TRIM(CLEAN(RIGHT(TableM6[[#This Row],[Front]],2)))),TableLasers[],COLUMN(TableLasers[S-DPH]),FALSE),LEFT(TableM6[[#This Row],[Back]],2)*VLOOKUP(VALUE(TRIM(CLEAN(RIGHT(TableM6[[#This Row],[Back]],2)))),TableLasers[],COLUMN(TableLasers[S-DPH]),FALSE),LEFT(TableM6[[#This Row],[Left]],2)*VLOOKUP(VALUE(TRIM(CLEAN(RIGHT(TableM6[[#This Row],[Left]],2)))),TableLasers[],COLUMN(TableLasers[S-DPH]),FALSE),LEFT(TableM6[[#This Row],[Right]],2)*VLOOKUP(VALUE(TRIM(CLEAN(RIGHT(TableM6[[#This Row],[Right]],2)))),TableLasers[],COLUMN(TableLasers[S-DPH]),FALSE),LEFT(TableM6[[#This Row],[Up]],2)*VLOOKUP(VALUE(TRIM(CLEAN(RIGHT(TableM6[[#This Row],[Up]],2)))),TableLasers[],COLUMN(TableLasers[S-DPH]),FALSE),LEFT(TableM6[[#This Row],[Down]],2)*VLOOKUP(VALUE(TRIM(CLEAN(RIGHT(TableM6[[#This Row],[Down]],2)))),TableLasers[],COLUMN(TableLasers[S-DPH]),FALSE))","v":107280},{"$f":"SUM(LEFT(TableM6[[#This Row],[Main]],2)*VLOOKUP(VALUE(TRIM(CLEAN(RIGHT(TableM6[[#This Row],[Main]],2)))),TableLasers[],COLUMN(TableLasers[H-DPH]),FALSE),LEFT(TableM6[[#This Row],[Front]],2)*VLOOKUP(VALUE(TRIM(CLEAN(RIGHT(TableM6[[#This Row],[Front]],2)))),TableLasers[],COLUMN(TableLasers[H-DPH]),FALSE),LEFT(TableM6[[#This Row],[Back]],2)*VLOOKUP(VALUE(TRIM(CLEAN(RIGHT(TableM6[[#This Row],[Back]],2)))),TableLasers[],COLUMN(TableLasers[H-DPH]),FALSE),LEFT(TableM6[[#This Row],[Left]],2)*VLOOKUP(VALUE(TRIM(CLEAN(RIGHT(TableM6[[#This Row],[Left]],2)))),TableLasers[],COLUMN(TableLasers[H-DPH]),FALSE),LEFT(TableM6[[#This Row],[Right]],2)*VLOOKUP(VALUE(TRIM(CLEAN(RIGHT(TableM6[[#This Row],[Right]],2)))),TableLasers[],COLUMN(TableLasers[H-DPH]),FALSE),LEFT(TableM6[[#This Row],[Up]],2)*VLOOKUP(VALUE(TRIM(CLEAN(RIGHT(TableM6[[#This Row],[Up]],2)))),TableLasers[],COLUMN(TableLasers[H-DPH]),FALSE),LEFT(TableM6[[#This Row],[Down]],2)*VLOOKUP(VALUE(TRIM(CLEAN(RIGHT(TableM6[[#This Row],[Down]],2)))),TableLasers[],COLUMN(TableLasers[H-DPH]),FALSE))","v":22812},"10::17","00::00","00::00","00::00","00::00","02::11","02::11",10,null,null,null,null,2,2,"10,11,17,28,29,35",null,null,null,null,"10,11,28,29,35","10,11,28,29,35","4,15,20,24,27,36,37,38,28,39"]
[207,"ATF","M6","Vali",null,175,87.5,22,"XL",67500,"200 MJ  ",7,4500,151.51515151515201,20,27500,721.875,1650,1,{"$f":"SUM(LEFT(TableM6[[#This Row],[Main]],2)*VLOOKUP(VALUE(TRIM(CLEAN(RIGHT(TableM6[[#This Row],[Main]],2)))),TableLasers[],COLUMN(TableLasers[S-DPH]),FALSE),LEFT(TableM6[[#This Row],[Front]],2)*VLOOKUP(VALUE(TRIM(CLEAN(RIGHT(TableM6[[#This Row],[Front]],2)))),TableLasers[],COLUMN(TableLasers[S-DPH]),FALSE),LEFT(TableM6[[#This Row],[Back]],2)*VLOOKUP(VALUE(TRIM(CLEAN(RIGHT(TableM6[[#This Row],[Back]],2)))),TableLasers[],COLUMN(TableLasers[S-DPH]),FALSE),LEFT(TableM6[[#This Row],[Left]],2)*VLOOKUP(VALUE(TRIM(CLEAN(RIGHT(TableM6[[#This Row],[Left]],2)))),TableLasers[],COLUMN(TableLasers[S-DPH]),FALSE),LEFT(TableM6[[#This Row],[Right]],2)*VLOOKUP(VALUE(TRIM(CLEAN(RIGHT(TableM6[[#This Row],[Right]],2)))),TableLasers[],COLUMN(TableLasers[S-DPH]),FALSE),LEFT(TableM6[[#This Row],[Up]],2)*VLOOKUP(VALUE(TRIM(CLEAN(RIGHT(TableM6[[#This Row],[Up]],2)))),TableLasers[],COLUMN(TableLasers[S-DPH]),FALSE),LEFT(TableM6[[#This Row],[Down]],2)*VLOOKUP(VALUE(TRIM(CLEAN(RIGHT(TableM6[[#This Row],[Down]],2)))),TableLasers[],COLUMN(TableLasers[S-DPH]),FALSE))","v":181040},{"$f":"SUM(LEFT(TableM6[[#This Row],[Main]],2)*VLOOKUP(VALUE(TRIM(CLEAN(RIGHT(TableM6[[#This Row],[Main]],2)))),TableLasers[],COLUMN(TableLasers[H-DPH]),FALSE),LEFT(TableM6[[#This Row],[Front]],2)*VLOOKUP(VALUE(TRIM(CLEAN(RIGHT(TableM6[[#This Row],[Front]],2)))),TableLasers[],COLUMN(TableLasers[H-DPH]),FALSE),LEFT(TableM6[[#This Row],[Back]],2)*VLOOKUP(VALUE(TRIM(CLEAN(RIGHT(TableM6[[#This Row],[Back]],2)))),TableLasers[],COLUMN(TableLasers[H-DPH]),FALSE),LEFT(TableM6[[#This Row],[Left]],2)*VLOOKUP(VALUE(TRIM(CLEAN(RIGHT(TableM6[[#This Row],[Left]],2)))),TableLasers[],COLUMN(TableLasers[H-DPH]),FALSE),LEFT(TableM6[[#This Row],[Right]],2)*VLOOKUP(VALUE(TRIM(CLEAN(RIGHT(TableM6[[#This Row],[Right]],2)))),TableLasers[],COLUMN(TableLasers[H-DPH]),FALSE),LEFT(TableM6[[#This Row],[Up]],2)*VLOOKUP(VALUE(TRIM(CLEAN(RIGHT(TableM6[[#This Row],[Up]],2)))),TableLasers[],COLUMN(TableLasers[H-DPH]),FALSE),LEFT(TableM6[[#This Row],[Down]],2)*VLOOKUP(VALUE(TRIM(CLEAN(RIGHT(TableM6[[#This Row],[Down]],2)))),TableLasers[],COLUMN(TableLasers[H-DPH]),FALSE))","v":38706},"10::17","00::00","02::11","04::17","04::17","00::00","00::00",10,null,2,4,4,null,null,"10,11,17,28,29,35",null,"10,11,28,29,35","10,11,17","10,11,17",null,null,"4,15,20,24,27,36,37,38,28,39"]
[221,"Terran","M6","Katana",null,211,105.5,24,"XL",51000,"200 MJ  ",6,3750,151.51515151515201,12,22000,726,1300,1,{"$f":"SUM(LEFT(TableM6[[#This Row],[Main]],2)*VLOOKUP(VALUE(TRIM(CLEAN(RIGHT(TableM6[[#This Row],[Main]],2)))),TableLasers[],COLUMN(TableLasers[S-DPH]),FALSE),LEFT(TableM6[[#This Row],[Front]],2)*VLOOKUP(VALUE(TRIM(CLEAN(RIGHT(TableM6[[#This Row],[Front]],2)))),TableLasers[],COLUMN(TableLasers[S-DPH]),FALSE),LEFT(TableM6[[#This Row],[Back]],2)*VLOOKUP(VALUE(TRIM(CLEAN(RIGHT(TableM6[[#This Row],[Back]],2)))),TableLasers[],COLUMN(TableLasers[S-DPH]),FALSE),LEFT(TableM6[[#This Row],[Left]],2)*VLOOKUP(VALUE(TRIM(CLEAN(RIGHT(TableM6[[#This Row],[Left]],2)))),TableLasers[],COLUMN(TableLasers[S-DPH]),FALSE),LEFT(TableM6[[#This Row],[Right]],2)*VLOOKUP(VALUE(TRIM(CLEAN(RIGHT(TableM6[[#This Row],[Right]],2)))),TableLasers[],COLUMN(TableLasers[S-DPH]),FALSE),LEFT(TableM6[[#This Row],[Up]],2)*VLOOKUP(VALUE(TRIM(CLEAN(RIGHT(TableM6[[#This Row],[Up]],2)))),TableLasers[],COLUMN(TableLasers[S-DPH]),FALSE),LEFT(TableM6[[#This Row],[Down]],2)*VLOOKUP(VALUE(TRIM(CLEAN(RIGHT(TableM6[[#This Row],[Down]],2)))),TableLasers[],COLUMN(TableLasers[S-DPH]),FALSE))","v":102640},{"$f":"SUM(LEFT(TableM6[[#This Row],[Main]],2)*VLOOKUP(VALUE(TRIM(CLEAN(RIGHT(TableM6[[#This Row],[Main]],2)))),TableLasers[],COLUMN(TableLasers[H-DPH]),FALSE),LEFT(TableM6[[#This Row],[Front]],2)*VLOOKUP(VALUE(TRIM(CLEAN(RIGHT(TableM6[[#This Row],[Front]],2)))),TableLasers[],COLUMN(TableLasers[H-DPH]),FALSE),LEFT(TableM6[[#This Row],[Back]],2)*VLOOKUP(VALUE(TRIM(CLEAN(RIGHT(TableM6[[#This Row],[Back]],2)))),TableLasers[],COLUMN(TableLasers[H-DPH]),FALSE),LEFT(TableM6[[#This Row],[Left]],2)*VLOOKUP(VALUE(TRIM(CLEAN(RIGHT(TableM6[[#This Row],[Left]],2)))),TableLasers[],COLUMN(TableLasers[H-DPH]),FALSE),LEFT(TableM6[[#This Row],[Right]],2)*VLOOKUP(VALUE(TRIM(CLEAN(RIGHT(TableM6[[#This Row],[Right]],2)))),TableLasers[],COLUMN(TableLasers[H-DPH]),FALSE),LEFT(TableM6[[#This Row],[Up]],2)*VLOOKUP(VALUE(TRIM(CLEAN(RIGHT(TableM6[[#This Row],[Up]],2)))),TableLasers[],COLUMN(TableLasers[H-DPH]),FALSE),LEFT(TableM6[[#This Row],[Down]],2)*VLOOKUP(VALUE(TRIM(CLEAN(RIGHT(TableM6[[#This Row],[Down]],2)))),TableLasers[],COLUMN(TableLasers[H-DPH]),FALSE))","v":21906},"06::17","00::00","00::00","02::17","02::17","00::00","02::11",6,null,null,2,2,null,2,"10,11,17,28,29,35",null,null,"10,11,17","10,11,17",null,"10,11,28,29,35","4,15,20,24,27,36,37,38,28,39"]
[225,"Terran","M6","Springblossom",null,395,98.75,22,"XL",45000,"200 MJ  ",3,3000,151.51515151515201,10,16000,548.57600000000002,1700,0,{"$f":"SUM(LEFT(TableM6[[#This Row],[Main]],2)*VLOOKUP(VALUE(TRIM(CLEAN(RIGHT(TableM6[[#This Row],[Main]],2)))),TableLasers[],COLUMN(TableLasers[S-DPH]),FALSE),LEFT(TableM6[[#This Row],[Front]],2)*VLOOKUP(VALUE(TRIM(CLEAN(RIGHT(TableM6[[#This Row],[Front]],2)))),TableLasers[],COLUMN(TableLasers[S-DPH]),FALSE),LEFT(TableM6[[#This Row],[Back]],2)*VLOOKUP(VALUE(TRIM(CLEAN(RIGHT(TableM6[[#This Row],[Back]],2)))),TableLasers[],COLUMN(TableLasers[S-DPH]),FALSE),LEFT(TableM6[[#This Row],[Left]],2)*VLOOKUP(VALUE(TRIM(CLEAN(RIGHT(TableM6[[#This Row],[Left]],2)))),TableLasers[],COLUMN(TableLasers[S-DPH]),FALSE),LEFT(TableM6[[#This Row],[Right]],2)*VLOOKUP(VALUE(TRIM(CLEAN(RIGHT(TableM6[[#This Row],[Right]],2)))),TableLasers[],COLUMN(TableLasers[S-DPH]),FALSE),LEFT(TableM6[[#This Row],[Up]],2)*VLOOKUP(VALUE(TRIM(CLEAN(RIGHT(TableM6[[#This Row],[Up]],2)))),TableLasers[],COLUMN(TableLasers[S-DPH]),FALSE),LEFT(TableM6[[#This Row],[Down]],2)*VLOOKUP(VALUE(TRIM(CLEAN(RIGHT(TableM6[[#This Row],[Down]],2)))),TableLasers[],COLUMN(TableLasers[S-DPH]),FALSE))","v":50400},{"$f":"SUM(LEFT(TableM6[[#This Row],[Main]],2)*VLOOKUP(VALUE(TRIM(CLEAN(RIGHT(TableM6[[#This Row],[Main]],2)))),TableLasers[],COLUMN(TableLasers[H-DPH]),FALSE),LEFT(TableM6[[#This Row],[Front]],2)*VLOOKUP(VALUE(TRIM(CLEAN(RIGHT(TableM6[[#This Row],[Front]],2)))),TableLasers[],COLUMN(TableLasers[H-DPH]),FALSE),LEFT(TableM6[[#This Row],[Back]],2)*VLOOKUP(VALUE(TRIM(CLEAN(RIGHT(TableM6[[#This Row],[Back]],2)))),TableLasers[],COLUMN(TableLasers[H-DPH]),FALSE),LEFT(TableM6[[#This Row],[Left]],2)*VLOOKUP(VALUE(TRIM(CLEAN(RIGHT(TableM6[[#This Row],[Left]],2)))),TableLasers[],COLUMN(TableLasers[H-DPH]),FALSE),LEFT(TableM6[[#This Row],[Right]],2)*VLOOKUP(VALUE(TRIM(CLEAN(RIGHT(TableM6[[#This Row],[Right]],2)))),TableLasers[],COLUMN(TableLasers[H-DPH]),FALSE),LEFT(TableM6[[#This Row],[Up]],2)*VLOOKUP(VALUE(TRIM(CLEAN(RIGHT(TableM6[[#This Row],[Up]],2)))),TableLasers[],COLUMN(TableLasers[H-DPH]),FALSE),LEFT(TableM6[[#This Row],[Down]],2)*VLOOKUP(VALUE(TRIM(CLEAN(RIGHT(TableM6[[#This Row],[Down]],2)))),TableLasers[],COLUMN(TableLasers[H-DPH]),FALSE))","v":9360},"06::46","00::00","00::00","00::00","00::00","00::00","00::00",6,null,2,1,1,null,null,"28,29,35,45,46,47",null,null,null,null,null,null,"4,15,20,24,27,36,37,38"]
[240,"Yaki","M6","Washi",null,212,106,22,"XL",67000,"200 MJ  ",5,3300,151.51515151515201,14,23500,770.58849999999995,1475,1,{"$f":"SUM(LEFT(TableM6[[#This Row],[Main]],2)*VLOOKUP(VALUE(TRIM(CLEAN(RIGHT(TableM6[[#This Row],[Main]],2)))),TableLasers[],COLUMN(TableLasers[S-DPH]),FALSE),LEFT(TableM6[[#This Row],[Front]],2)*VLOOKUP(VALUE(TRIM(CLEAN(RIGHT(TableM6[[#This Row],[Front]],2)))),TableLasers[],COLUMN(TableLasers[S-DPH]),FALSE),LEFT(TableM6[[#This Row],[Back]],2)*VLOOKUP(VALUE(TRIM(CLEAN(RIGHT(TableM6[[#This Row],[Back]],2)))),TableLasers[],COLUMN(TableLasers[S-DPH]),FALSE),LEFT(TableM6[[#This Row],[Left]],2)*VLOOKUP(VALUE(TRIM(CLEAN(RIGHT(TableM6[[#This Row],[Left]],2)))),TableLasers[],COLUMN(TableLasers[S-DPH]),FALSE),LEFT(TableM6[[#This Row],[Right]],2)*VLOOKUP(VALUE(TRIM(CLEAN(RIGHT(TableM6[[#This Row],[Right]],2)))),TableLasers[],COLUMN(TableLasers[S-DPH]),FALSE),LEFT(TableM6[[#This Row],[Up]],2)*VLOOKUP(VALUE(TRIM(CLEAN(RIGHT(TableM6[[#This Row],[Up]],2)))),TableLasers[],COLUMN(TableLasers[S-DPH]),FALSE),LEFT(TableM6[[#This Row],[Down]],2)*VLOOKUP(VALUE(TRIM(CLEAN(RIGHT(TableM6[[#This Row],[Down]],2)))),TableLasers[],COLUMN(TableLasers[S-DPH]),FALSE))","v":108376},{"$f":"SUM(LEFT(TableM6[[#This Row],[Main]],2)*VLOOKUP(VALUE(TRIM(CLEAN(RIGHT(TableM6[[#This Row],[Main]],2)))),TableLasers[],COLUMN(TableLasers[H-DPH]),FALSE),LEFT(TableM6[[#This Row],[Front]],2)*VLOOKUP(VALUE(TRIM(CLEAN(RIGHT(TableM6[[#This Row],[Front]],2)))),TableLasers[],COLUMN(TableLasers[H-DPH]),FALSE),LEFT(TableM6[[#This Row],[Back]],2)*VLOOKUP(VALUE(TRIM(CLEAN(RIGHT(TableM6[[#This Row],[Back]],2)))),TableLasers[],COLUMN(TableLasers[H-DPH]),FALSE),LEFT(TableM6[[#This Row],[Left]],2)*VLOOKUP(VALUE(TRIM(CLEAN(RIGHT(TableM6[[#This Row],[Left]],2)))),TableLasers[],COLUMN(TableLasers[H-DPH]),FALSE),LEFT(TableM6[[#This Row],[Right]],2)*VLOOKUP(VALUE(TRIM(CLEAN(RIGHT(TableM6[[#This Row],[Right]],2)))),TableLasers[],COLUMN(TableLasers[H-DPH]),FALSE),LEFT(TableM6[[#This Row],[Up]],2)*VLOOKUP(VALUE(TRIM(CLEAN(RIGHT(TableM6[[#This Row],[Up]],2)))),TableLasers[],COLUMN(TableLasers[H-DPH]),FALSE),LEFT(TableM6[[#This Row],[Down]],2)*VLOOKUP(VALUE(TRIM(CLEAN(RIGHT(TableM6[[#This Row],[Down]],2)))),TableLasers[],COLUMN(TableLasers[H-DPH]),FALSE))","v":19224},"08::20","00::00","02::06","02::20","02::20","00::00","00::00",8,null,2,2,2,null,null,"0,1,3,6,7,20,2,28,29,35",null,"0,1,6,7","6,7,20","6,7,20",null,null,"0,1,3,5,12,17,22,23,10,11,13,14,18,19,25,35"]
[246,"Kha'ak","M6","Corvette",null,224.94900000000001,149.96600000000001,31,"XL",51500,"200 MJ  ",6,3500,227.272727272727,15,32500,1157.6824999999999,1050,0,{"$f":"SUM(LEFT(TableM6[[#This Row],[Main]],2)*VLOOKUP(VALUE(TRIM(CLEAN(RIGHT(TableM6[[#This Row],[Main]],2)))),TableLasers[],COLUMN(TableLasers[S-DPH]),FALSE),LEFT(TableM6[[#This Row],[Front]],2)*VLOOKUP(VALUE(TRIM(CLEAN(RIGHT(TableM6[[#This Row],[Front]],2)))),TableLasers[],COLUMN(TableLasers[S-DPH]),FALSE),LEFT(TableM6[[#This Row],[Back]],2)*VLOOKUP(VALUE(TRIM(CLEAN(RIGHT(TableM6[[#This Row],[Back]],2)))),TableLasers[],COLUMN(TableLasers[S-DPH]),FALSE),LEFT(TableM6[[#This Row],[Left]],2)*VLOOKUP(VALUE(TRIM(CLEAN(RIGHT(TableM6[[#This Row],[Left]],2)))),TableLasers[],COLUMN(TableLasers[S-DPH]),FALSE),LEFT(TableM6[[#This Row],[Right]],2)*VLOOKUP(VALUE(TRIM(CLEAN(RIGHT(TableM6[[#This Row],[Right]],2)))),TableLasers[],COLUMN(TableLasers[S-DPH]),FALSE),LEFT(TableM6[[#This Row],[Up]],2)*VLOOKUP(VALUE(TRIM(CLEAN(RIGHT(TableM6[[#This Row],[Up]],2)))),TableLasers[],COLUMN(TableLasers[S-DPH]),FALSE),LEFT(TableM6[[#This Row],[Down]],2)*VLOOKUP(VALUE(TRIM(CLEAN(RIGHT(TableM6[[#This Row],[Down]],2)))),TableLasers[],COLUMN(TableLasers[S-DPH]),FALSE))","v":131400},{"$f":"SUM(LEFT(TableM6[[#This Row],[Main]],2)*VLOOKUP(VALUE(TRIM(CLEAN(RIGHT(TableM6[[#This Row],[Main]],2)))),TableLasers[],COLUMN(TableLasers[H-DPH]),FALSE),LEFT(TableM6[[#This Row],[Front]],2)*VLOOKUP(VALUE(TRIM(CLEAN(RIGHT(TableM6[[#This Row],[Front]],2)))),TableLasers[],COLUMN(TableLasers[H-DPH]),FALSE),LEFT(TableM6[[#This Row],[Back]],2)*VLOOKUP(VALUE(TRIM(CLEAN(RIGHT(TableM6[[#This Row],[Back]],2)))),TableLasers[],COLUMN(TableLasers[H-DPH]),FALSE),LEFT(TableM6[[#This Row],[Left]],2)*VLOOKUP(VALUE(TRIM(CLEAN(RIGHT(TableM6[[#This Row],[Left]],2)))),TableLasers[],COLUMN(TableLasers[H-DPH]),FALSE),LEFT(TableM6[[#This Row],[Right]],2)*VLOOKUP(VALUE(TRIM(CLEAN(RIGHT(TableM6[[#This Row],[Right]],2)))),TableLasers[],COLUMN(TableLasers[H-DPH]),FALSE),LEFT(TableM6[[#This Row],[Up]],2)*VLOOKUP(VALUE(TRIM(CLEAN(RIGHT(TableM6[[#This Row],[Up]],2)))),TableLasers[],COLUMN(TableLasers[H-DPH]),FALSE),LEFT(TableM6[[#This Row],[Down]],2)*VLOOKUP(VALUE(TRIM(CLEAN(RIGHT(TableM6[[#This Row],[Down]],2)))),TableLasers[],COLUMN(TableLasers[H-DPH]),FALSE))","v":28185},"09::43","00::00","00::00","00::00","00::00","03::43","03::43",9,null,null,null,null,3,3,"42,43",null,null,null,null,"42,43","42,43",26]
[258,"Argon","M6","Skiron",null,214,107,22,"XL",53600,"200 MJ  ",6,3300,227.272727272727,18,23500,770.58849999999995,1175,1,{"$f":"SUM(LEFT(TableM6[[#This Row],[Main]],2)*VLOOKUP(VALUE(TRIM(CLEAN(RIGHT(TableM6[[#This Row],[Main]],2)))),TableLasers[],COLUMN(TableLasers[S-DPH]),FALSE),LEFT(TableM6[[#This Row],[Front]],2)*VLOOKUP(VALUE(TRIM(CLEAN(RIGHT(TableM6[[#This Row],[Front]],2)))),TableLasers[],COLUMN(TableLasers[S-DPH]),FALSE),LEFT(TableM6[[#This Row],[Back]],2)*VLOOKUP(VALUE(TRIM(CLEAN(RIGHT(TableM6[[#This Row],[Back]],2)))),TableLasers[],COLUMN(TableLasers[S-DPH]),FALSE),LEFT(TableM6[[#This Row],[Left]],2)*VLOOKUP(VALUE(TRIM(CLEAN(RIGHT(TableM6[[#This Row],[Left]],2)))),TableLasers[],COLUMN(TableLasers[S-DPH]),FALSE),LEFT(TableM6[[#This Row],[Right]],2)*VLOOKUP(VALUE(TRIM(CLEAN(RIGHT(TableM6[[#This Row],[Right]],2)))),TableLasers[],COLUMN(TableLasers[S-DPH]),FALSE),LEFT(TableM6[[#This Row],[Up]],2)*VLOOKUP(VALUE(TRIM(CLEAN(RIGHT(TableM6[[#This Row],[Up]],2)))),TableLasers[],COLUMN(TableLasers[S-DPH]),FALSE),LEFT(TableM6[[#This Row],[Down]],2)*VLOOKUP(VALUE(TRIM(CLEAN(RIGHT(TableM6[[#This Row],[Down]],2)))),TableLasers[],COLUMN(TableLasers[S-DPH]),FALSE))","v":192160},{"$f":"SUM(LEFT(TableM6[[#This Row],[Main]],2)*VLOOKUP(VALUE(TRIM(CLEAN(RIGHT(TableM6[[#This Row],[Main]],2)))),TableLasers[],COLUMN(TableLasers[H-DPH]),FALSE),LEFT(TableM6[[#This Row],[Front]],2)*VLOOKUP(VALUE(TRIM(CLEAN(RIGHT(TableM6[[#This Row],[Front]],2)))),TableLasers[],COLUMN(TableLasers[H-DPH]),FALSE),LEFT(TableM6[[#This Row],[Back]],2)*VLOOKUP(VALUE(TRIM(CLEAN(RIGHT(TableM6[[#This Row],[Back]],2)))),TableLasers[],COLUMN(TableLasers[H-DPH]),FALSE),LEFT(TableM6[[#This Row],[Left]],2)*VLOOKUP(VALUE(TRIM(CLEAN(RIGHT(TableM6[[#This Row],[Left]],2)))),TableLasers[],COLUMN(TableLasers[H-DPH]),FALSE),LEFT(TableM6[[#This Row],[Right]],2)*VLOOKUP(VALUE(TRIM(CLEAN(RIGHT(TableM6[[#This Row],[Right]],2)))),TableLasers[],COLUMN(TableLasers[H-DPH]),FALSE),LEFT(TableM6[[#This Row],[Up]],2)*VLOOKUP(VALUE(TRIM(CLEAN(RIGHT(TableM6[[#This Row],[Up]],2)))),TableLasers[],COLUMN(TableLasers[H-DPH]),FALSE),LEFT(TableM6[[#This Row],[Down]],2)*VLOOKUP(VALUE(TRIM(CLEAN(RIGHT(TableM6[[#This Row],[Down]],2)))),TableLasers[],COLUMN(TableLasers[H-DPH]),FALSE))","v":14800},"08::14","00::00","02::04","04::13","04::13","00::00","00::00",8,null,2,4,4,null,null,"3,4,8,14,13,28,29,35",null,"0,1,3,4","3,4,13","3,4,13",null,null,"0,1,3,5,12,17,22,23,10,11,13,14,18,19,25,35"]
[289,"Goner","M6","Truelight Seeker",null,338.59840000000003,120.928,35,"XL",63000,"200 MJ  ",6,2750,227.272727272727,4,5000,222.22499999999999,3600,0,{"$f":"SUM(LEFT(TableM6[[#This Row],[Main]],2)*VLOOKUP(VALUE(TRIM(CLEAN(RIGHT(TableM6[[#This Row],[Main]],2)))),TableLasers[],COLUMN(TableLasers[S-DPH]),FALSE),LEFT(TableM6[[#This Row],[Front]],2)*VLOOKUP(VALUE(TRIM(CLEAN(RIGHT(TableM6[[#This Row],[Front]],2)))),TableLasers[],COLUMN(TableLasers[S-DPH]),FALSE),LEFT(TableM6[[#This Row],[Back]],2)*VLOOKUP(VALUE(TRIM(CLEAN(RIGHT(TableM6[[#This Row],[Back]],2)))),TableLasers[],COLUMN(TableLasers[S-DPH]),FALSE),LEFT(TableM6[[#This Row],[Left]],2)*VLOOKUP(VALUE(TRIM(CLEAN(RIGHT(TableM6[[#This Row],[Left]],2)))),TableLasers[],COLUMN(TableLasers[S-DPH]),FALSE),LEFT(TableM6[[#This Row],[Right]],2)*VLOOKUP(VALUE(TRIM(CLEAN(RIGHT(TableM6[[#This Row],[Right]],2)))),TableLasers[],COLUMN(TableLasers[S-DPH]),FALSE),LEFT(TableM6[[#This Row],[Up]],2)*VLOOKUP(VALUE(TRIM(CLEAN(RIGHT(TableM6[[#This Row],[Up]],2)))),TableLasers[],COLUMN(TableLasers[S-DPH]),FALSE),LEFT(TableM6[[#This Row],[Down]],2)*VLOOKUP(VALUE(TRIM(CLEAN(RIGHT(TableM6[[#This Row],[Down]],2)))),TableLasers[],COLUMN(TableLasers[S-DPH]),FALSE))","v":0},{"$f":"SUM(LEFT(TableM6[[#This Row],[Main]],2)*VLOOKUP(VALUE(TRIM(CLEAN(RIGHT(TableM6[[#This Row],[Main]],2)))),TableLasers[],COLUMN(TableLasers[H-DPH]),FALSE),LEFT(TableM6[[#This Row],[Front]],2)*VLOOKUP(VALUE(TRIM(CLEAN(RIGHT(TableM6[[#This Row],[Front]],2)))),TableLasers[],COLUMN(TableLasers[H-DPH]),FALSE),LEFT(TableM6[[#This Row],[Back]],2)*VLOOKUP(VALUE(TRIM(CLEAN(RIGHT(TableM6[[#This Row],[Back]],2)))),TableLasers[],COLUMN(TableLasers[H-DPH]),FALSE),LEFT(TableM6[[#This Row],[Left]],2)*VLOOKUP(VALUE(TRIM(CLEAN(RIGHT(TableM6[[#This Row],[Left]],2)))),TableLasers[],COLUMN(TableLasers[H-DPH]),FALSE),LEFT(TableM6[[#This Row],[Right]],2)*VLOOKUP(VALUE(TRIM(CLEAN(RIGHT(TableM6[[#This Row],[Right]],2)))),TableLasers[],COLUMN(TableLasers[H-DPH]),FALSE),LEFT(TableM6[[#This Row],[Up]],2)*VLOOKUP(VALUE(TRIM(CLEAN(RIGHT(TableM6[[#This Row],[Up]],2)))),TableLasers[],COLUMN(TableLasers[H-DPH]),FALSE),LEFT(TableM6[[#This Row],[Down]],2)*VLOOKUP(VALUE(TRIM(CLEAN(RIGHT(TableM6[[#This Row],[Down]],2)))),TableLasers[],COLUMN(TableLasers[H-DPH]),FALSE))","v":0},"00::14","00::00","00::00","00::00","00::00","00::00","00::00",null,null,2,null,null,null,null,"0,1,4,8,14,28,29,35",null,null,null,null,null,null,"0,35"]
[292,null,"M6","Unknown Object","Prototype",316.39999999999998,158.19999999999999,27,"XXL",1500000,"200 MJ  ",8,1325,606.06060606060601,10,12000,4968,1860,0,{"$f":"SUM(LEFT(TableM6[[#This Row],[Main]],2)*VLOOKUP(VALUE(TRIM(CLEAN(RIGHT(TableM6[[#This Row],[Main]],2)))),TableLasers[],COLUMN(TableLasers[S-DPH]),FALSE),LEFT(TableM6[[#This Row],[Front]],2)*VLOOKUP(VALUE(TRIM(CLEAN(RIGHT(TableM6[[#This Row],[Front]],2)))),TableLasers[],COLUMN(TableLasers[S-DPH]),FALSE),LEFT(TableM6[[#This Row],[Back]],2)*VLOOKUP(VALUE(TRIM(CLEAN(RIGHT(TableM6[[#This Row],[Back]],2)))),TableLasers[],COLUMN(TableLasers[S-DPH]),FALSE),LEFT(TableM6[[#This Row],[Left]],2)*VLOOKUP(VALUE(TRIM(CLEAN(RIGHT(TableM6[[#This Row],[Left]],2)))),TableLasers[],COLUMN(TableLasers[S-DPH]),FALSE),LEFT(TableM6[[#This Row],[Right]],2)*VLOOKUP(VALUE(TRIM(CLEAN(RIGHT(TableM6[[#This Row],[Right]],2)))),TableLasers[],COLUMN(TableLasers[S-DPH]),FALSE),LEFT(TableM6[[#This Row],[Up]],2)*VLOOKUP(VALUE(TRIM(CLEAN(RIGHT(TableM6[[#This Row],[Up]],2)))),TableLasers[],COLUMN(TableLasers[S-DPH]),FALSE),LEFT(TableM6[[#This Row],[Down]],2)*VLOOKUP(VALUE(TRIM(CLEAN(RIGHT(TableM6[[#This Row],[Down]],2)))),TableLasers[],COLUMN(TableLasers[S-DPH]),FALSE))","v":0},{"$f":"SUM(LEFT(TableM6[[#This Row],[Main]],2)*VLOOKUP(VALUE(TRIM(CLEAN(RIGHT(TableM6[[#This Row],[Main]],2)))),TableLasers[],COLUMN(TableLasers[H-DPH]),FALSE),LEFT(TableM6[[#This Row],[Front]],2)*VLOOKUP(VALUE(TRIM(CLEAN(RIGHT(TableM6[[#This Row],[Front]],2)))),TableLasers[],COLUMN(TableLasers[H-DPH]),FALSE),LEFT(TableM6[[#This Row],[Back]],2)*VLOOKUP(VALUE(TRIM(CLEAN(RIGHT(TableM6[[#This Row],[Back]],2)))),TableLasers[],COLUMN(TableLasers[H-DPH]),FALSE),LEFT(TableM6[[#This Row],[Left]],2)*VLOOKUP(VALUE(TRIM(CLEAN(RIGHT(TableM6[[#This Row],[Left]],2)))),TableLasers[],COLUMN(TableLasers[H-DPH]),FALSE),LEFT(TableM6[[#This Row],[Right]],2)*VLOOKUP(VALUE(TRIM(CLEAN(RIGHT(TableM6[[#This Row],[Right]],2)))),TableLasers[],COLUMN(TableLasers[H-DPH]),FALSE),LEFT(TableM6[[#This Row],[Up]],2)*VLOOKUP(VALUE(TRIM(CLEAN(RIGHT(TableM6[[#This Row],[Up]],2)))),TableLasers[],COLUMN(TableLasers[H-DPH]),FALSE),LEFT(TableM6[[#This Row],[Down]],2)*VLOOKUP(VALUE(TRIM(CLEAN(RIGHT(TableM6[[#This Row],[Down]],2)))),TableLasers[],COLUMN(TableLasers[H-DPH]),FALSE))","v":0},"00::25","00::00","00::00","00::00","00::00","00::00","00::00",null,8,2,null,null,null,null,25,null,null,null,null,null,null,"4,15,16,20,24,27,36,37,38,28,39"]
[325,"Pirates","M6","Marauder",null,201,100.5,22,"XL",60000,"200 MJ  ",5,3000,151.51515151515201,16,23500,641.99649999999997,1450,0,{"$f":"SUM(LEFT(TableM6[[#This Row],[Main]],2)*VLOOKUP(VALUE(TRIM(CLEAN(RIGHT(TableM6[[#This Row],[Main]],2)))),TableLasers[],COLUMN(TableLasers[S-DPH]),FALSE),LEFT(TableM6[[#This Row],[Front]],2)*VLOOKUP(VALUE(TRIM(CLEAN(RIGHT(TableM6[[#This Row],[Front]],2)))),TableLasers[],COLUMN(TableLasers[S-DPH]),FALSE),LEFT(TableM6[[#This Row],[Back]],2)*VLOOKUP(VALUE(TRIM(CLEAN(RIGHT(TableM6[[#This Row],[Back]],2)))),TableLasers[],COLUMN(TableLasers[S-DPH]),FALSE),LEFT(TableM6[[#This Row],[Left]],2)*VLOOKUP(VALUE(TRIM(CLEAN(RIGHT(TableM6[[#This Row],[Left]],2)))),TableLasers[],COLUMN(TableLasers[S-DPH]),FALSE),LEFT(TableM6[[#This Row],[Right]],2)*VLOOKUP(VALUE(TRIM(CLEAN(RIGHT(TableM6[[#This Row],[Right]],2)))),TableLasers[],COLUMN(TableLasers[S-DPH]),FALSE),LEFT(TableM6[[#This Row],[Up]],2)*VLOOKUP(VALUE(TRIM(CLEAN(RIGHT(TableM6[[#This Row],[Up]],2)))),TableLasers[],COLUMN(TableLasers[S-DPH]),FALSE),LEFT(TableM6[[#This Row],[Down]],2)*VLOOKUP(VALUE(TRIM(CLEAN(RIGHT(TableM6[[#This Row],[Down]],2)))),TableLasers[],COLUMN(TableLasers[S-DPH]),FALSE))","v":225270},{"$f":"SUM(LEFT(TableM6[[#This Row],[Main]],2)*VLOOKUP(VALUE(TRIM(CLEAN(RIGHT(TableM6[[#This Row],[Main]],2)))),TableLasers[],COLUMN(TableLasers[H-DPH]),FALSE),LEFT(TableM6[[#This Row],[Front]],2)*VLOOKUP(VALUE(TRIM(CLEAN(RIGHT(TableM6[[#This Row],[Front]],2)))),TableLasers[],COLUMN(TableLasers[H-DPH]),FALSE),LEFT(TableM6[[#This Row],[Back]],2)*VLOOKUP(VALUE(TRIM(CLEAN(RIGHT(TableM6[[#This Row],[Back]],2)))),TableLasers[],COLUMN(TableLasers[H-DPH]),FALSE),LEFT(TableM6[[#This Row],[Left]],2)*VLOOKUP(VALUE(TRIM(CLEAN(RIGHT(TableM6[[#This Row],[Left]],2)))),TableLasers[],COLUMN(TableLasers[H-DPH]),FALSE),LEFT(TableM6[[#This Row],[Right]],2)*VLOOKUP(VALUE(TRIM(CLEAN(RIGHT(TableM6[[#This Row],[Right]],2)))),TableLasers[],COLUMN(TableLasers[H-DPH]),FALSE),LEFT(TableM6[[#This Row],[Up]],2)*VLOOKUP(VALUE(TRIM(CLEAN(RIGHT(TableM6[[#This Row],[Up]],2)))),TableLasers[],COLUMN(TableLasers[H-DPH]),FALSE),LEFT(TableM6[[#This Row],[Down]],2)*VLOOKUP(VALUE(TRIM(CLEAN(RIGHT(TableM6[[#This Row],[Down]],2)))),TableLasers[],COLUMN(TableLasers[H-DPH]),FALSE))","v":27930},"06::14","00::00","02::18","04::18","04::18","00::00","00::00",6,null,2,4,4,null,null,"3,4,5,18,8,14,9,15,13,2,28,29,35",null,"0,1,3,5,18,20","0,1,3,5,18,20","0,1,3,5,18,20",null,null,"0,1,3,5,12,17,22,23,10,11,13,14,18,19,25,35"]
[328,"Paranid","M6","Hyperion",null,244.25,97.7,21,"XL",90000,"200 MJ  ",6,3000,227.272727272727,18,27000,728.83799999999997,2533,2,{"$f":"SUM(LEFT(TableM6[[#This Row],[Main]],2)*VLOOKUP(VALUE(TRIM(CLEAN(RIGHT(TableM6[[#This Row],[Main]],2)))),TableLasers[],COLUMN(TableLasers[S-DPH]),FALSE),LEFT(TableM6[[#This Row],[Front]],2)*VLOOKUP(VALUE(TRIM(CLEAN(RIGHT(TableM6[[#This Row],[Front]],2)))),TableLasers[],COLUMN(TableLasers[S-DPH]),FALSE),LEFT(TableM6[[#This Row],[Back]],2)*VLOOKUP(VALUE(TRIM(CLEAN(RIGHT(TableM6[[#This Row],[Back]],2)))),TableLasers[],COLUMN(TableLasers[S-DPH]),FALSE),LEFT(TableM6[[#This Row],[Left]],2)*VLOOKUP(VALUE(TRIM(CLEAN(RIGHT(TableM6[[#This Row],[Left]],2)))),TableLasers[],COLUMN(TableLasers[S-DPH]),FALSE),LEFT(TableM6[[#This Row],[Right]],2)*VLOOKUP(VALUE(TRIM(CLEAN(RIGHT(TableM6[[#This Row],[Right]],2)))),TableLasers[],COLUMN(TableLasers[S-DPH]),FALSE),LEFT(TableM6[[#This Row],[Up]],2)*VLOOKUP(VALUE(TRIM(CLEAN(RIGHT(TableM6[[#This Row],[Up]],2)))),TableLasers[],COLUMN(TableLasers[S-DPH]),FALSE),LEFT(TableM6[[#This Row],[Down]],2)*VLOOKUP(VALUE(TRIM(CLEAN(RIGHT(TableM6[[#This Row],[Down]],2)))),TableLasers[],COLUMN(TableLasers[S-DPH]),FALSE))","v":91464},{"$f":"SUM(LEFT(TableM6[[#This Row],[Main]],2)*VLOOKUP(VALUE(TRIM(CLEAN(RIGHT(TableM6[[#This Row],[Main]],2)))),TableLasers[],COLUMN(TableLasers[H-DPH]),FALSE),LEFT(TableM6[[#This Row],[Front]],2)*VLOOKUP(VALUE(TRIM(CLEAN(RIGHT(TableM6[[#This Row],[Front]],2)))),TableLasers[],COLUMN(TableLasers[H-DPH]),FALSE),LEFT(TableM6[[#This Row],[Back]],2)*VLOOKUP(VALUE(TRIM(CLEAN(RIGHT(TableM6[[#This Row],[Back]],2)))),TableLasers[],COLUMN(TableLasers[H-DPH]),FALSE),LEFT(TableM6[[#This Row],[Left]],2)*VLOOKUP(VALUE(TRIM(CLEAN(RIGHT(TableM6[[#This Row],[Left]],2)))),TableLasers[],COLUMN(TableLasers[H-DPH]),FALSE),LEFT(TableM6[[#This Row],[Right]],2)*VLOOKUP(VALUE(TRIM(CLEAN(RIGHT(TableM6[[#This Row],[Right]],2)))),TableLasers[],COLUMN(TableLasers[H-DPH]),FALSE),LEFT(TableM6[[#This Row],[Up]],2)*VLOOKUP(VALUE(TRIM(CLEAN(RIGHT(TableM6[[#This Row],[Up]],2)))),TableLasers[],COLUMN(TableLasers[H-DPH]),FALSE),LEFT(TableM6[[#This Row],[Down]],2)*VLOOKUP(VALUE(TRIM(CLEAN(RIGHT(TableM6[[#This Row],[Down]],2)))),TableLasers[],COLUMN(TableLasers[H-DPH]),FALSE))","v":16336},"08::20","02::06","03::06","00::00","00::00","00::00","00::00",8,2,3,null,null,null,null,"0,1,6,7,20,28,29,35","0,1,6,7","0,1,6,7",null,null,null,null,"0,1,3,5,12,17,22,23,10,11,13,14,18,19,25,35"]
[334,"Argon","M6","Heavy Centaur Prototype",null,224.2,112.1,22,"XL",67000,"200 MJ  ",5,3400,151.51515151515201,20,26500,859.89850000000001,1190,1,{"$f":"SUM(LEFT(TableM6[[#This Row],[Main]],2)*VLOOKUP(VALUE(TRIM(CLEAN(RIGHT(TableM6[[#This Row],[Main]],2)))),TableLasers[],COLUMN(TableLasers[S-DPH]),FALSE),LEFT(TableM6[[#This Row],[Front]],2)*VLOOKUP(VALUE(TRIM(CLEAN(RIGHT(TableM6[[#This Row],[Front]],2)))),TableLasers[],COLUMN(TableLasers[S-DPH]),FALSE),LEFT(TableM6[[#This Row],[Back]],2)*VLOOKUP(VALUE(TRIM(CLEAN(RIGHT(TableM6[[#This Row],[Back]],2)))),TableLasers[],COLUMN(TableLasers[S-DPH]),FALSE),LEFT(TableM6[[#This Row],[Left]],2)*VLOOKUP(VALUE(TRIM(CLEAN(RIGHT(TableM6[[#This Row],[Left]],2)))),TableLasers[],COLUMN(TableLasers[S-DPH]),FALSE),LEFT(TableM6[[#This Row],[Right]],2)*VLOOKUP(VALUE(TRIM(CLEAN(RIGHT(TableM6[[#This Row],[Right]],2)))),TableLasers[],COLUMN(TableLasers[S-DPH]),FALSE),LEFT(TableM6[[#This Row],[Up]],2)*VLOOKUP(VALUE(TRIM(CLEAN(RIGHT(TableM6[[#This Row],[Up]],2)))),TableLasers[],COLUMN(TableLasers[S-DPH]),FALSE),LEFT(TableM6[[#This Row],[Down]],2)*VLOOKUP(VALUE(TRIM(CLEAN(RIGHT(TableM6[[#This Row],[Down]],2)))),TableLasers[],COLUMN(TableLasers[S-DPH]),FALSE))","v":237500},{"$f":"SUM(LEFT(TableM6[[#This Row],[Main]],2)*VLOOKUP(VALUE(TRIM(CLEAN(RIGHT(TableM6[[#This Row],[Main]],2)))),TableLasers[],COLUMN(TableLasers[H-DPH]),FALSE),LEFT(TableM6[[#This Row],[Front]],2)*VLOOKUP(VALUE(TRIM(CLEAN(RIGHT(TableM6[[#This Row],[Front]],2)))),TableLasers[],COLUMN(TableLasers[H-DPH]),FALSE),LEFT(TableM6[[#This Row],[Back]],2)*VLOOKUP(VALUE(TRIM(CLEAN(RIGHT(TableM6[[#This Row],[Back]],2)))),TableLasers[],COLUMN(TableLasers[H-DPH]),FALSE),LEFT(TableM6[[#This Row],[Left]],2)*VLOOKUP(VALUE(TRIM(CLEAN(RIGHT(TableM6[[#This Row],[Left]],2)))),TableLasers[],COLUMN(TableLasers[H-DPH]),FALSE),LEFT(TableM6[[#This Row],[Right]],2)*VLOOKUP(VALUE(TRIM(CLEAN(RIGHT(TableM6[[#This Row],[Right]],2)))),TableLasers[],COLUMN(TableLasers[H-DPH]),FALSE),LEFT(TableM6[[#This Row],[Up]],2)*VLOOKUP(VALUE(TRIM(CLEAN(RIGHT(TableM6[[#This Row],[Up]],2)))),TableLasers[],COLUMN(TableLasers[H-DPH]),FALSE),LEFT(TableM6[[#This Row],[Down]],2)*VLOOKUP(VALUE(TRIM(CLEAN(RIGHT(TableM6[[#This Row],[Down]],2)))),TableLasers[],COLUMN(TableLasers[H-DPH]),FALSE))","v":18000},"10::14","00::00","02::13","04::13","04::13","00::00","00::00",10,null,2,4,4,null,null,"0,1,3,4,5,18,8,14,9,15,13,28,29,35",null,"3,4,13","3,4,13","3,4,13",null,null,"0,1,3,5,12,17,22,23,10,11,13,14,18,19,25,35"]
[460,"Argon","M6","Centaur","Mk I",204.74019999999999,107.758,21,"XL",55000,"200 MJ  ",3,2800,151.51515151515201,7,13875,340.35374999999999,1375,0,{"$f":"SUM(LEFT(TableM6[[#This Row],[Main]],2)*VLOOKUP(VALUE(TRIM(CLEAN(RIGHT(TableM6[[#This Row],[Main]],2)))),TableLasers[],COLUMN(TableLasers[S-DPH]),FALSE),LEFT(TableM6[[#This Row],[Front]],2)*VLOOKUP(VALUE(TRIM(CLEAN(RIGHT(TableM6[[#This Row],[Front]],2)))),TableLasers[],COLUMN(TableLasers[S-DPH]),FALSE),LEFT(TableM6[[#This Row],[Back]],2)*VLOOKUP(VALUE(TRIM(CLEAN(RIGHT(TableM6[[#This Row],[Back]],2)))),TableLasers[],COLUMN(TableLasers[S-DPH]),FALSE),LEFT(TableM6[[#This Row],[Left]],2)*VLOOKUP(VALUE(TRIM(CLEAN(RIGHT(TableM6[[#This Row],[Left]],2)))),TableLasers[],COLUMN(TableLasers[S-DPH]),FALSE),LEFT(TableM6[[#This Row],[Right]],2)*VLOOKUP(VALUE(TRIM(CLEAN(RIGHT(TableM6[[#This Row],[Right]],2)))),TableLasers[],COLUMN(TableLasers[S-DPH]),FALSE),LEFT(TableM6[[#This Row],[Up]],2)*VLOOKUP(VALUE(TRIM(CLEAN(RIGHT(TableM6[[#This Row],[Up]],2)))),TableLasers[],COLUMN(TableLasers[S-DPH]),FALSE),LEFT(TableM6[[#This Row],[Down]],2)*VLOOKUP(VALUE(TRIM(CLEAN(RIGHT(TableM6[[#This Row],[Down]],2)))),TableLasers[],COLUMN(TableLasers[S-DPH]),FALSE))","v":49380},{"$f":"SUM(LEFT(TableM6[[#This Row],[Main]],2)*VLOOKUP(VALUE(TRIM(CLEAN(RIGHT(TableM6[[#This Row],[Main]],2)))),TableLasers[],COLUMN(TableLasers[H-DPH]),FALSE),LEFT(TableM6[[#This Row],[Front]],2)*VLOOKUP(VALUE(TRIM(CLEAN(RIGHT(TableM6[[#This Row],[Front]],2)))),TableLasers[],COLUMN(TableLasers[H-DPH]),FALSE),LEFT(TableM6[[#This Row],[Back]],2)*VLOOKUP(VALUE(TRIM(CLEAN(RIGHT(TableM6[[#This Row],[Back]],2)))),TableLasers[],COLUMN(TableLasers[H-DPH]),FALSE),LEFT(TableM6[[#This Row],[Left]],2)*VLOOKUP(VALUE(TRIM(CLEAN(RIGHT(TableM6[[#This Row],[Left]],2)))),TableLasers[],COLUMN(TableLasers[H-DPH]),FALSE),LEFT(TableM6[[#This Row],[Right]],2)*VLOOKUP(VALUE(TRIM(CLEAN(RIGHT(TableM6[[#This Row],[Right]],2)))),TableLasers[],COLUMN(TableLasers[H-DPH]),FALSE),LEFT(TableM6[[#This Row],[Up]],2)*VLOOKUP(VALUE(TRIM(CLEAN(RIGHT(TableM6[[#This Row],[Up]],2)))),TableLasers[],COLUMN(TableLasers[H-DPH]),FALSE),LEFT(TableM6[[#This Row],[Down]],2)*VLOOKUP(VALUE(TRIM(CLEAN(RIGHT(TableM6[[#This Row],[Down]],2)))),TableLasers[],COLUMN(TableLasers[H-DPH]),FALSE))","v":8600},"04::13","00::00","01::04","01::13","01::13","00::00","00::00",4,null,1,1,1,null,null,"0,1,3,4,13,28,29,35",null,"0,1,3,4","3,4,13","3,4,13",null,null,"0,1,3,5,12,17,22,23,10,11,13,14,18,19,25,35"]
[472,"Boron","M6","Hydra","Mk I",230.4384,96.016000000000005,23,"XL",44500,"200 MJ  ",3,3300,151.51515151515201,7,11250,328.29750000000001,1600,0,{"$f":"SUM(LEFT(TableM6[[#This Row],[Main]],2)*VLOOKUP(VALUE(TRIM(CLEAN(RIGHT(TableM6[[#This Row],[Main]],2)))),TableLasers[],COLUMN(TableLasers[S-DPH]),FALSE),LEFT(TableM6[[#This Row],[Front]],2)*VLOOKUP(VALUE(TRIM(CLEAN(RIGHT(TableM6[[#This Row],[Front]],2)))),TableLasers[],COLUMN(TableLasers[S-DPH]),FALSE),LEFT(TableM6[[#This Row],[Back]],2)*VLOOKUP(VALUE(TRIM(CLEAN(RIGHT(TableM6[[#This Row],[Back]],2)))),TableLasers[],COLUMN(TableLasers[S-DPH]),FALSE),LEFT(TableM6[[#This Row],[Left]],2)*VLOOKUP(VALUE(TRIM(CLEAN(RIGHT(TableM6[[#This Row],[Left]],2)))),TableLasers[],COLUMN(TableLasers[S-DPH]),FALSE),LEFT(TableM6[[#This Row],[Right]],2)*VLOOKUP(VALUE(TRIM(CLEAN(RIGHT(TableM6[[#This Row],[Right]],2)))),TableLasers[],COLUMN(TableLasers[S-DPH]),FALSE),LEFT(TableM6[[#This Row],[Up]],2)*VLOOKUP(VALUE(TRIM(CLEAN(RIGHT(TableM6[[#This Row],[Up]],2)))),TableLasers[],COLUMN(TableLasers[S-DPH]),FALSE),LEFT(TableM6[[#This Row],[Down]],2)*VLOOKUP(VALUE(TRIM(CLEAN(RIGHT(TableM6[[#This Row],[Down]],2)))),TableLasers[],COLUMN(TableLasers[S-DPH]),FALSE))","v":109900},{"$f":"SUM(LEFT(TableM6[[#This Row],[Main]],2)*VLOOKUP(VALUE(TRIM(CLEAN(RIGHT(TableM6[[#This Row],[Main]],2)))),TableLasers[],COLUMN(TableLasers[H-DPH]),FALSE),LEFT(TableM6[[#This Row],[Front]],2)*VLOOKUP(VALUE(TRIM(CLEAN(RIGHT(TableM6[[#This Row],[Front]],2)))),TableLasers[],COLUMN(TableLasers[H-DPH]),FALSE),LEFT(TableM6[[#This Row],[Back]],2)*VLOOKUP(VALUE(TRIM(CLEAN(RIGHT(TableM6[[#This Row],[Back]],2)))),TableLasers[],COLUMN(TableLasers[H-DPH]),FALSE),LEFT(TableM6[[#This Row],[Left]],2)*VLOOKUP(VALUE(TRIM(CLEAN(RIGHT(TableM6[[#This Row],[Left]],2)))),TableLasers[],COLUMN(TableLasers[H-DPH]),FALSE),LEFT(TableM6[[#This Row],[Right]],2)*VLOOKUP(VALUE(TRIM(CLEAN(RIGHT(TableM6[[#This Row],[Right]],2)))),TableLasers[],COLUMN(TableLasers[H-DPH]),FALSE),LEFT(TableM6[[#This Row],[Up]],2)*VLOOKUP(VALUE(TRIM(CLEAN(RIGHT(TableM6[[#This Row],[Up]],2)))),TableLasers[],COLUMN(TableLasers[H-DPH]),FALSE),LEFT(TableM6[[#This Row],[Down]],2)*VLOOKUP(VALUE(TRIM(CLEAN(RIGHT(TableM6[[#This Row],[Down]],2)))),TableLasers[],COLUMN(TableLasers[H-DPH]),FALSE))","v":2800},"04::14","00::00","01::14","01::14","01::14","00::00","00::00",4,null,1,1,1,null,null,"0,1,4,8,14,28,29,35",null,"0,1,4,8,14","0,1,4,8,14","0,1,4,8,14",null,null,"0,1,3,5,12,17,22,23,10,11,13,14,18,19,25,35"]
[473,null,"M6","AP Gunner","Mk I",213.4,106.7,19,"XL",70000,"200 MJ  ",4,3300,151.51515151515201,16,18500,539.31200000000001,1075,0,{"$f":"SUM(LEFT(TableM6[[#This Row],[Main]],2)*VLOOKUP(VALUE(TRIM(CLEAN(RIGHT(TableM6[[#This Row],[Main]],2)))),TableLasers[],COLUMN(TableLasers[S-DPH]),FALSE),LEFT(TableM6[[#This Row],[Front]],2)*VLOOKUP(VALUE(TRIM(CLEAN(RIGHT(TableM6[[#This Row],[Front]],2)))),TableLasers[],COLUMN(TableLasers[S-DPH]),FALSE),LEFT(TableM6[[#This Row],[Back]],2)*VLOOKUP(VALUE(TRIM(CLEAN(RIGHT(TableM6[[#This Row],[Back]],2)))),TableLasers[],COLUMN(TableLasers[S-DPH]),FALSE),LEFT(TableM6[[#This Row],[Left]],2)*VLOOKUP(VALUE(TRIM(CLEAN(RIGHT(TableM6[[#This Row],[Left]],2)))),TableLasers[],COLUMN(TableLasers[S-DPH]),FALSE),LEFT(TableM6[[#This Row],[Right]],2)*VLOOKUP(VALUE(TRIM(CLEAN(RIGHT(TableM6[[#This Row],[Right]],2)))),TableLasers[],COLUMN(TableLasers[S-DPH]),FALSE),LEFT(TableM6[[#This Row],[Up]],2)*VLOOKUP(VALUE(TRIM(CLEAN(RIGHT(TableM6[[#This Row],[Up]],2)))),TableLasers[],COLUMN(TableLasers[S-DPH]),FALSE),LEFT(TableM6[[#This Row],[Down]],2)*VLOOKUP(VALUE(TRIM(CLEAN(RIGHT(TableM6[[#This Row],[Down]],2)))),TableLasers[],COLUMN(TableLasers[S-DPH]),FALSE))","v":87040},{"$f":"SUM(LEFT(TableM6[[#This Row],[Main]],2)*VLOOKUP(VALUE(TRIM(CLEAN(RIGHT(TableM6[[#This Row],[Main]],2)))),TableLasers[],COLUMN(TableLasers[H-DPH]),FALSE),LEFT(TableM6[[#This Row],[Front]],2)*VLOOKUP(VALUE(TRIM(CLEAN(RIGHT(TableM6[[#This Row],[Front]],2)))),TableLasers[],COLUMN(TableLasers[H-DPH]),FALSE),LEFT(TableM6[[#This Row],[Back]],2)*VLOOKUP(VALUE(TRIM(CLEAN(RIGHT(TableM6[[#This Row],[Back]],2)))),TableLasers[],COLUMN(TableLasers[H-DPH]),FALSE),LEFT(TableM6[[#This Row],[Left]],2)*VLOOKUP(VALUE(TRIM(CLEAN(RIGHT(TableM6[[#This Row],[Left]],2)))),TableLasers[],COLUMN(TableLasers[H-DPH]),FALSE),LEFT(TableM6[[#This Row],[Right]],2)*VLOOKUP(VALUE(TRIM(CLEAN(RIGHT(TableM6[[#This Row],[Right]],2)))),TableLasers[],COLUMN(TableLasers[H-DPH]),FALSE),LEFT(TableM6[[#This Row],[Up]],2)*VLOOKUP(VALUE(TRIM(CLEAN(RIGHT(TableM6[[#This Row],[Up]],2)))),TableLasers[],COLUMN(TableLasers[H-DPH]),FALSE),LEFT(TableM6[[#This Row],[Down]],2)*VLOOKUP(VALUE(TRIM(CLEAN(RIGHT(TableM6[[#This Row],[Down]],2)))),TableLasers[],COLUMN(TableLasers[H-DPH]),FALSE))","v":18400},"08::17","00::00","00::00","02::04","02::04","02::04","02::04",8,null,null,2,2,2,2,"0,1,3,4,10,11,13,17,28,29,35",null,null,"0,1,3,4","0,1,3,4","0,1,3,4","0,1,3,4","0,1,3,5,12,17,22,23,10,11,13,14,18,19,25,35"]
[475,null,"M6","AP Gunner - Damaged","Mk I",65,32.5,9,"XL",14000,"25 MJ ",3,3350,44.091710758377403,3,2100,1102.2354,1500,0,{"$f":"SUM(LEFT(TableM6[[#This Row],[Main]],2)*VLOOKUP(VALUE(TRIM(CLEAN(RIGHT(TableM6[[#This Row],[Main]],2)))),TableLasers[],COLUMN(TableLasers[S-DPH]),FALSE),LEFT(TableM6[[#This Row],[Front]],2)*VLOOKUP(VALUE(TRIM(CLEAN(RIGHT(TableM6[[#This Row],[Front]],2)))),TableLasers[],COLUMN(TableLasers[S-DPH]),FALSE),LEFT(TableM6[[#This Row],[Back]],2)*VLOOKUP(VALUE(TRIM(CLEAN(RIGHT(TableM6[[#This Row],[Back]],2)))),TableLasers[],COLUMN(TableLasers[S-DPH]),FALSE),LEFT(TableM6[[#This Row],[Left]],2)*VLOOKUP(VALUE(TRIM(CLEAN(RIGHT(TableM6[[#This Row],[Left]],2)))),TableLasers[],COLUMN(TableLasers[S-DPH]),FALSE),LEFT(TableM6[[#This Row],[Right]],2)*VLOOKUP(VALUE(TRIM(CLEAN(RIGHT(TableM6[[#This Row],[Right]],2)))),TableLasers[],COLUMN(TableLasers[S-DPH]),FALSE),LEFT(TableM6[[#This Row],[Up]],2)*VLOOKUP(VALUE(TRIM(CLEAN(RIGHT(TableM6[[#This Row],[Up]],2)))),TableLasers[],COLUMN(TableLasers[S-DPH]),FALSE),LEFT(TableM6[[#This Row],[Down]],2)*VLOOKUP(VALUE(TRIM(CLEAN(RIGHT(TableM6[[#This Row],[Down]],2)))),TableLasers[],COLUMN(TableLasers[S-DPH]),FALSE))","v":20680},{"$f":"SUM(LEFT(TableM6[[#This Row],[Main]],2)*VLOOKUP(VALUE(TRIM(CLEAN(RIGHT(TableM6[[#This Row],[Main]],2)))),TableLasers[],COLUMN(TableLasers[H-DPH]),FALSE),LEFT(TableM6[[#This Row],[Front]],2)*VLOOKUP(VALUE(TRIM(CLEAN(RIGHT(TableM6[[#This Row],[Front]],2)))),TableLasers[],COLUMN(TableLasers[H-DPH]),FALSE),LEFT(TableM6[[#This Row],[Back]],2)*VLOOKUP(VALUE(TRIM(CLEAN(RIGHT(TableM6[[#This Row],[Back]],2)))),TableLasers[],COLUMN(TableLasers[H-DPH]),FALSE),LEFT(TableM6[[#This Row],[Left]],2)*VLOOKUP(VALUE(TRIM(CLEAN(RIGHT(TableM6[[#This Row],[Left]],2)))),TableLasers[],COLUMN(TableLasers[H-DPH]),FALSE),LEFT(TableM6[[#This Row],[Right]],2)*VLOOKUP(VALUE(TRIM(CLEAN(RIGHT(TableM6[[#This Row],[Right]],2)))),TableLasers[],COLUMN(TableLasers[H-DPH]),FALSE),LEFT(TableM6[[#This Row],[Up]],2)*VLOOKUP(VALUE(TRIM(CLEAN(RIGHT(TableM6[[#This Row],[Up]],2)))),TableLasers[],COLUMN(TableLasers[H-DPH]),FALSE),LEFT(TableM6[[#This Row],[Down]],2)*VLOOKUP(VALUE(TRIM(CLEAN(RIGHT(TableM6[[#This Row],[Down]],2)))),TableLasers[],COLUMN(TableLasers[H-DPH]),FALSE))","v":4400},"02::17","00::00","01::04","00::00","00::00","00::00","00::00",2,null,1,null,null,null,null,"0,1,3,4,10,11,13,17,28,29,35",null,"0,1,3,4",null,null,null,null,"0,1,3,5,12,17,22,23,10,11,13,14,18,19,25,35"]
[480,"Teladi","M6","Osprey","Mk I",217.511,94.57,19,"XL",64000,"200 MJ  ",4,2950,151.51515151515201,7,14525,339.667125,1800,0,{"$f":"SUM(LEFT(TableM6[[#This Row],[Main]],2)*VLOOKUP(VALUE(TRIM(CLEAN(RIGHT(TableM6[[#This Row],[Main]],2)))),TableLasers[],COLUMN(TableLasers[S-DPH]),FALSE),LEFT(TableM6[[#This Row],[Front]],2)*VLOOKUP(VALUE(TRIM(CLEAN(RIGHT(TableM6[[#This Row],[Front]],2)))),TableLasers[],COLUMN(TableLasers[S-DPH]),FALSE),LEFT(TableM6[[#This Row],[Back]],2)*VLOOKUP(VALUE(TRIM(CLEAN(RIGHT(TableM6[[#This Row],[Back]],2)))),TableLasers[],COLUMN(TableLasers[S-DPH]),FALSE),LEFT(TableM6[[#This Row],[Left]],2)*VLOOKUP(VALUE(TRIM(CLEAN(RIGHT(TableM6[[#This Row],[Left]],2)))),TableLasers[],COLUMN(TableLasers[S-DPH]),FALSE),LEFT(TableM6[[#This Row],[Right]],2)*VLOOKUP(VALUE(TRIM(CLEAN(RIGHT(TableM6[[#This Row],[Right]],2)))),TableLasers[],COLUMN(TableLasers[S-DPH]),FALSE),LEFT(TableM6[[#This Row],[Up]],2)*VLOOKUP(VALUE(TRIM(CLEAN(RIGHT(TableM6[[#This Row],[Up]],2)))),TableLasers[],COLUMN(TableLasers[S-DPH]),FALSE),LEFT(TableM6[[#This Row],[Down]],2)*VLOOKUP(VALUE(TRIM(CLEAN(RIGHT(TableM6[[#This Row],[Down]],2)))),TableLasers[],COLUMN(TableLasers[S-DPH]),FALSE))","v":54348},{"$f":"SUM(LEFT(TableM6[[#This Row],[Main]],2)*VLOOKUP(VALUE(TRIM(CLEAN(RIGHT(TableM6[[#This Row],[Main]],2)))),TableLasers[],COLUMN(TableLasers[H-DPH]),FALSE),LEFT(TableM6[[#This Row],[Front]],2)*VLOOKUP(VALUE(TRIM(CLEAN(RIGHT(TableM6[[#This Row],[Front]],2)))),TableLasers[],COLUMN(TableLasers[H-DPH]),FALSE),LEFT(TableM6[[#This Row],[Back]],2)*VLOOKUP(VALUE(TRIM(CLEAN(RIGHT(TableM6[[#This Row],[Back]],2)))),TableLasers[],COLUMN(TableLasers[H-DPH]),FALSE),LEFT(TableM6[[#This Row],[Left]],2)*VLOOKUP(VALUE(TRIM(CLEAN(RIGHT(TableM6[[#This Row],[Left]],2)))),TableLasers[],COLUMN(TableLasers[H-DPH]),FALSE),LEFT(TableM6[[#This Row],[Right]],2)*VLOOKUP(VALUE(TRIM(CLEAN(RIGHT(TableM6[[#This Row],[Right]],2)))),TableLasers[],COLUMN(TableLasers[H-DPH]),FALSE),LEFT(TableM6[[#This Row],[Up]],2)*VLOOKUP(VALUE(TRIM(CLEAN(RIGHT(TableM6[[#This Row],[Up]],2)))),TableLasers[],COLUMN(TableLasers[H-DPH]),FALSE),LEFT(TableM6[[#This Row],[Down]],2)*VLOOKUP(VALUE(TRIM(CLEAN(RIGHT(TableM6[[#This Row],[Down]],2)))),TableLasers[],COLUMN(TableLasers[H-DPH]),FALSE))","v":10572},"04::18","00::00","01::01","00::00","00::00","02::01","00::00",4,null,1,null,null,2,null,"0,1,5,18,2,28,29,35",null,"0,1",null,null,"0,1",null,"0,1,3,5,12,17,22,23,10,11,13,14,18,19,25,35"]
[486,"Split","M6","Dragon","Mk I",265.60000000000002,132.80000000000001,22,"XL",36000,"200 MJ  ",2,2550,75.757575757575793,7,17775,440.50004999999999,1080,0,{"$f":"SUM(LEFT(TableM6[[#This Row],[Main]],2)*VLOOKUP(VALUE(TRIM(CLEAN(RIGHT(TableM6[[#This Row],[Main]],2)))),TableLasers[],COLUMN(TableLasers[S-DPH]),FALSE),LEFT(TableM6[[#This Row],[Front]],2)*VLOOKUP(VALUE(TRIM(CLEAN(RIGHT(TableM6[[#This Row],[Front]],2)))),TableLasers[],COLUMN(TableLasers[S-DPH]),FALSE),LEFT(TableM6[[#This Row],[Back]],2)*VLOOKUP(VALUE(TRIM(CLEAN(RIGHT(TableM6[[#This Row],[Back]],2)))),TableLasers[],COLUMN(TableLasers[S-DPH]),FALSE),LEFT(TableM6[[#This Row],[Left]],2)*VLOOKUP(VALUE(TRIM(CLEAN(RIGHT(TableM6[[#This Row],[Left]],2)))),TableLasers[],COLUMN(TableLasers[S-DPH]),FALSE),LEFT(TableM6[[#This Row],[Right]],2)*VLOOKUP(VALUE(TRIM(CLEAN(RIGHT(TableM6[[#This Row],[Right]],2)))),TableLasers[],COLUMN(TableLasers[S-DPH]),FALSE),LEFT(TableM6[[#This Row],[Up]],2)*VLOOKUP(VALUE(TRIM(CLEAN(RIGHT(TableM6[[#This Row],[Up]],2)))),TableLasers[],COLUMN(TableLasers[S-DPH]),FALSE),LEFT(TableM6[[#This Row],[Down]],2)*VLOOKUP(VALUE(TRIM(CLEAN(RIGHT(TableM6[[#This Row],[Down]],2)))),TableLasers[],COLUMN(TableLasers[S-DPH]),FALSE))","v":69272},{"$f":"SUM(LEFT(TableM6[[#This Row],[Main]],2)*VLOOKUP(VALUE(TRIM(CLEAN(RIGHT(TableM6[[#This Row],[Main]],2)))),TableLasers[],COLUMN(TableLasers[H-DPH]),FALSE),LEFT(TableM6[[#This Row],[Front]],2)*VLOOKUP(VALUE(TRIM(CLEAN(RIGHT(TableM6[[#This Row],[Front]],2)))),TableLasers[],COLUMN(TableLasers[H-DPH]),FALSE),LEFT(TableM6[[#This Row],[Back]],2)*VLOOKUP(VALUE(TRIM(CLEAN(RIGHT(TableM6[[#This Row],[Back]],2)))),TableLasers[],COLUMN(TableLasers[H-DPH]),FALSE),LEFT(TableM6[[#This Row],[Left]],2)*VLOOKUP(VALUE(TRIM(CLEAN(RIGHT(TableM6[[#This Row],[Left]],2)))),TableLasers[],COLUMN(TableLasers[H-DPH]),FALSE),LEFT(TableM6[[#This Row],[Right]],2)*VLOOKUP(VALUE(TRIM(CLEAN(RIGHT(TableM6[[#This Row],[Right]],2)))),TableLasers[],COLUMN(TableLasers[H-DPH]),FALSE),LEFT(TableM6[[#This Row],[Up]],2)*VLOOKUP(VALUE(TRIM(CLEAN(RIGHT(TableM6[[#This Row],[Up]],2)))),TableLasers[],COLUMN(TableLasers[H-DPH]),FALSE),LEFT(TableM6[[#This Row],[Down]],2)*VLOOKUP(VALUE(TRIM(CLEAN(RIGHT(TableM6[[#This Row],[Down]],2)))),TableLasers[],COLUMN(TableLasers[H-DPH]),FALSE))","v":10808},"04::15","00::00","01::15","01::15","01::15","00::00","00::00",4,null,1,1,1,null,null,"0,1,3,9,15,28,29,35",null,"0,1,3,9,15","0,1,3,9,15","0,1,3,9,15",null,null,"0,1,3,5,12,17,22,23,10,11,13,14,18,19,25,35"]
[492,"Paranid","M6","Nemesis","Mk I",212.2,106.1,21,"XL",52000,"200 MJ  ",3,2700,151.51515151515201,7,15225,420.56017500000002,760,0,{"$f":"SUM(LEFT(TableM6[[#This Row],[Main]],2)*VLOOKUP(VALUE(TRIM(CLEAN(RIGHT(TableM6[[#This Row],[Main]],2)))),TableLasers[],COLUMN(TableLasers[S-DPH]),FALSE),LEFT(TableM6[[#This Row],[Front]],2)*VLOOKUP(VALUE(TRIM(CLEAN(RIGHT(TableM6[[#This Row],[Front]],2)))),TableLasers[],COLUMN(TableLasers[S-DPH]),FALSE),LEFT(TableM6[[#This Row],[Back]],2)*VLOOKUP(VALUE(TRIM(CLEAN(RIGHT(TableM6[[#This Row],[Back]],2)))),TableLasers[],COLUMN(TableLasers[S-DPH]),FALSE),LEFT(TableM6[[#This Row],[Left]],2)*VLOOKUP(VALUE(TRIM(CLEAN(RIGHT(TableM6[[#This Row],[Left]],2)))),TableLasers[],COLUMN(TableLasers[S-DPH]),FALSE),LEFT(TableM6[[#This Row],[Right]],2)*VLOOKUP(VALUE(TRIM(CLEAN(RIGHT(TableM6[[#This Row],[Right]],2)))),TableLasers[],COLUMN(TableLasers[S-DPH]),FALSE),LEFT(TableM6[[#This Row],[Up]],2)*VLOOKUP(VALUE(TRIM(CLEAN(RIGHT(TableM6[[#This Row],[Up]],2)))),TableLasers[],COLUMN(TableLasers[S-DPH]),FALSE),LEFT(TableM6[[#This Row],[Down]],2)*VLOOKUP(VALUE(TRIM(CLEAN(RIGHT(TableM6[[#This Row],[Down]],2)))),TableLasers[],COLUMN(TableLasers[S-DPH]),FALSE))","v":48352},{"$f":"SUM(LEFT(TableM6[[#This Row],[Main]],2)*VLOOKUP(VALUE(TRIM(CLEAN(RIGHT(TableM6[[#This Row],[Main]],2)))),TableLasers[],COLUMN(TableLasers[H-DPH]),FALSE),LEFT(TableM6[[#This Row],[Front]],2)*VLOOKUP(VALUE(TRIM(CLEAN(RIGHT(TableM6[[#This Row],[Front]],2)))),TableLasers[],COLUMN(TableLasers[H-DPH]),FALSE),LEFT(TableM6[[#This Row],[Back]],2)*VLOOKUP(VALUE(TRIM(CLEAN(RIGHT(TableM6[[#This Row],[Back]],2)))),TableLasers[],COLUMN(TableLasers[H-DPH]),FALSE),LEFT(TableM6[[#This Row],[Left]],2)*VLOOKUP(VALUE(TRIM(CLEAN(RIGHT(TableM6[[#This Row],[Left]],2)))),TableLasers[],COLUMN(TableLasers[H-DPH]),FALSE),LEFT(TableM6[[#This Row],[Right]],2)*VLOOKUP(VALUE(TRIM(CLEAN(RIGHT(TableM6[[#This Row],[Right]],2)))),TableLasers[],COLUMN(TableLasers[H-DPH]),FALSE),LEFT(TableM6[[#This Row],[Up]],2)*VLOOKUP(VALUE(TRIM(CLEAN(RIGHT(TableM6[[#This Row],[Up]],2)))),TableLasers[],COLUMN(TableLasers[H-DPH]),FALSE),LEFT(TableM6[[#This Row],[Down]],2)*VLOOKUP(VALUE(TRIM(CLEAN(RIGHT(TableM6[[#This Row],[Down]],2)))),TableLasers[],COLUMN(TableLasers[H-DPH]),FALSE))","v":8648},"04::20","00::00","01::06","01::06","01::06","00::00","00::00",4,null,1,1,1,null,null,"0,1,6,7,20",null,"0,1,6,7","0,1,6,7","0,1,6,7",null,null,"0,1,3,5,12,17,22,23,10,11,13,14,18,19,25,35"]
[498,"Split","M6","Dragon Mk I A Prototype",null,283.50839999999999,135.00399999999999,22,"XL",34000,"200 MJ  ",3,2950,151.51515151515201,14,20775,735.47654999999997,800,0,{"$f":"SUM(LEFT(TableM6[[#This Row],[Main]],2)*VLOOKUP(VALUE(TRIM(CLEAN(RIGHT(TableM6[[#This Row],[Main]],2)))),TableLasers[],COLUMN(TableLasers[S-DPH]),FALSE),LEFT(TableM6[[#This Row],[Front]],2)*VLOOKUP(VALUE(TRIM(CLEAN(RIGHT(TableM6[[#This Row],[Front]],2)))),TableLasers[],COLUMN(TableLasers[S-DPH]),FALSE),LEFT(TableM6[[#This Row],[Back]],2)*VLOOKUP(VALUE(TRIM(CLEAN(RIGHT(TableM6[[#This Row],[Back]],2)))),TableLasers[],COLUMN(TableLasers[S-DPH]),FALSE),LEFT(TableM6[[#This Row],[Left]],2)*VLOOKUP(VALUE(TRIM(CLEAN(RIGHT(TableM6[[#This Row],[Left]],2)))),TableLasers[],COLUMN(TableLasers[S-DPH]),FALSE),LEFT(TableM6[[#This Row],[Right]],2)*VLOOKUP(VALUE(TRIM(CLEAN(RIGHT(TableM6[[#This Row],[Right]],2)))),TableLasers[],COLUMN(TableLasers[S-DPH]),FALSE),LEFT(TableM6[[#This Row],[Up]],2)*VLOOKUP(VALUE(TRIM(CLEAN(RIGHT(TableM6[[#This Row],[Up]],2)))),TableLasers[],COLUMN(TableLasers[S-DPH]),FALSE),LEFT(TableM6[[#This Row],[Down]],2)*VLOOKUP(VALUE(TRIM(CLEAN(RIGHT(TableM6[[#This Row],[Down]],2)))),TableLasers[],COLUMN(TableLasers[S-DPH]),FALSE))","v":184976},{"$f":"SUM(LEFT(TableM6[[#This Row],[Main]],2)*VLOOKUP(VALUE(TRIM(CLEAN(RIGHT(TableM6[[#This Row],[Main]],2)))),TableLasers[],COLUMN(TableLasers[H-DPH]),FALSE),LEFT(TableM6[[#This Row],[Front]],2)*VLOOKUP(VALUE(TRIM(CLEAN(RIGHT(TableM6[[#This Row],[Front]],2)))),TableLasers[],COLUMN(TableLasers[H-DPH]),FALSE),LEFT(TableM6[[#This Row],[Back]],2)*VLOOKUP(VALUE(TRIM(CLEAN(RIGHT(TableM6[[#This Row],[Back]],2)))),TableLasers[],COLUMN(TableLasers[H-DPH]),FALSE),LEFT(TableM6[[#This Row],[Left]],2)*VLOOKUP(VALUE(TRIM(CLEAN(RIGHT(TableM6[[#This Row],[Left]],2)))),TableLasers[],COLUMN(TableLasers[H-DPH]),FALSE),LEFT(TableM6[[#This Row],[Right]],2)*VLOOKUP(VALUE(TRIM(CLEAN(RIGHT(TableM6[[#This Row],[Right]],2)))),TableLasers[],COLUMN(TableLasers[H-DPH]),FALSE),LEFT(TableM6[[#This Row],[Up]],2)*VLOOKUP(VALUE(TRIM(CLEAN(RIGHT(TableM6[[#This Row],[Up]],2)))),TableLasers[],COLUMN(TableLasers[H-DPH]),FALSE),LEFT(TableM6[[#This Row],[Down]],2)*VLOOKUP(VALUE(TRIM(CLEAN(RIGHT(TableM6[[#This Row],[Down]],2)))),TableLasers[],COLUMN(TableLasers[H-DPH]),FALSE))","v":12464},"08::14","00::00","02::15","02::15","02::15","00::00","00::00",8,null,2,2,2,null,null,"0,1,3,5,18,8,14,9,15,10,11,28,29,35",null,"0,1,3,9,15","0,1,3,9,15","0,1,3,9,15",null,null,"0,1,3,5,12,17,22,23,10,11,13,14,18,19,25,35"]
[499,"Split","M6","Heavy Dragon Prototype",null,253.1902,133.25800000000001,25,"XL",55600,"200 MJ  ",4,2850,151.51515151515201,18,26525,946.70377499999995,1075,1,{"$f":"SUM(LEFT(TableM6[[#This Row],[Main]],2)*VLOOKUP(VALUE(TRIM(CLEAN(RIGHT(TableM6[[#This Row],[Main]],2)))),TableLasers[],COLUMN(TableLasers[S-DPH]),FALSE),LEFT(TableM6[[#This Row],[Front]],2)*VLOOKUP(VALUE(TRIM(CLEAN(RIGHT(TableM6[[#This Row],[Front]],2)))),TableLasers[],COLUMN(TableLasers[S-DPH]),FALSE),LEFT(TableM6[[#This Row],[Back]],2)*VLOOKUP(VALUE(TRIM(CLEAN(RIGHT(TableM6[[#This Row],[Back]],2)))),TableLasers[],COLUMN(TableLasers[S-DPH]),FALSE),LEFT(TableM6[[#This Row],[Left]],2)*VLOOKUP(VALUE(TRIM(CLEAN(RIGHT(TableM6[[#This Row],[Left]],2)))),TableLasers[],COLUMN(TableLasers[S-DPH]),FALSE),LEFT(TableM6[[#This Row],[Right]],2)*VLOOKUP(VALUE(TRIM(CLEAN(RIGHT(TableM6[[#This Row],[Right]],2)))),TableLasers[],COLUMN(TableLasers[S-DPH]),FALSE),LEFT(TableM6[[#This Row],[Up]],2)*VLOOKUP(VALUE(TRIM(CLEAN(RIGHT(TableM6[[#This Row],[Up]],2)))),TableLasers[],COLUMN(TableLasers[S-DPH]),FALSE),LEFT(TableM6[[#This Row],[Down]],2)*VLOOKUP(VALUE(TRIM(CLEAN(RIGHT(TableM6[[#This Row],[Down]],2)))),TableLasers[],COLUMN(TableLasers[S-DPH]),FALSE))","v":98960},{"$f":"SUM(LEFT(TableM6[[#This Row],[Main]],2)*VLOOKUP(VALUE(TRIM(CLEAN(RIGHT(TableM6[[#This Row],[Main]],2)))),TableLasers[],COLUMN(TableLasers[H-DPH]),FALSE),LEFT(TableM6[[#This Row],[Front]],2)*VLOOKUP(VALUE(TRIM(CLEAN(RIGHT(TableM6[[#This Row],[Front]],2)))),TableLasers[],COLUMN(TableLasers[H-DPH]),FALSE),LEFT(TableM6[[#This Row],[Back]],2)*VLOOKUP(VALUE(TRIM(CLEAN(RIGHT(TableM6[[#This Row],[Back]],2)))),TableLasers[],COLUMN(TableLasers[H-DPH]),FALSE),LEFT(TableM6[[#This Row],[Left]],2)*VLOOKUP(VALUE(TRIM(CLEAN(RIGHT(TableM6[[#This Row],[Left]],2)))),TableLasers[],COLUMN(TableLasers[H-DPH]),FALSE),LEFT(TableM6[[#This Row],[Right]],2)*VLOOKUP(VALUE(TRIM(CLEAN(RIGHT(TableM6[[#This Row],[Right]],2)))),TableLasers[],COLUMN(TableLasers[H-DPH]),FALSE),LEFT(TableM6[[#This Row],[Up]],2)*VLOOKUP(VALUE(TRIM(CLEAN(RIGHT(TableM6[[#This Row],[Up]],2)))),TableLasers[],COLUMN(TableLasers[H-DPH]),FALSE),LEFT(TableM6[[#This Row],[Down]],2)*VLOOKUP(VALUE(TRIM(CLEAN(RIGHT(TableM6[[#This Row],[Down]],2)))),TableLasers[],COLUMN(TableLasers[H-DPH]),FALSE))","v":15440},"10::15","00::00","00::00","00::00","00::00","00::00","00::00",10,null,null,null,null,4,4,"0,1,3,4,6,7,9,15,20,13,28,29,35",null,null,null,null,null,null,"0,1,3,5,12,17,22,23,10,11,13,14,18,19,25,35"]
[500,"Paranid","M6","Advanced Heavy Nemesis",null,209.6,104.8,22,"XL",67000,"200 MJ  ",6,3300,227.272727272727,20,24750,807.76575000000003,875,1,{"$f":"SUM(LEFT(TableM6[[#This Row],[Main]],2)*VLOOKUP(VALUE(TRIM(CLEAN(RIGHT(TableM6[[#This Row],[Main]],2)))),TableLasers[],COLUMN(TableLasers[S-DPH]),FALSE),LEFT(TableM6[[#This Row],[Front]],2)*VLOOKUP(VALUE(TRIM(CLEAN(RIGHT(TableM6[[#This Row],[Front]],2)))),TableLasers[],COLUMN(TableLasers[S-DPH]),FALSE),LEFT(TableM6[[#This Row],[Back]],2)*VLOOKUP(VALUE(TRIM(CLEAN(RIGHT(TableM6[[#This Row],[Back]],2)))),TableLasers[],COLUMN(TableLasers[S-DPH]),FALSE),LEFT(TableM6[[#This Row],[Left]],2)*VLOOKUP(VALUE(TRIM(CLEAN(RIGHT(TableM6[[#This Row],[Left]],2)))),TableLasers[],COLUMN(TableLasers[S-DPH]),FALSE),LEFT(TableM6[[#This Row],[Right]],2)*VLOOKUP(VALUE(TRIM(CLEAN(RIGHT(TableM6[[#This Row],[Right]],2)))),TableLasers[],COLUMN(TableLasers[S-DPH]),FALSE),LEFT(TableM6[[#This Row],[Up]],2)*VLOOKUP(VALUE(TRIM(CLEAN(RIGHT(TableM6[[#This Row],[Up]],2)))),TableLasers[],COLUMN(TableLasers[S-DPH]),FALSE),LEFT(TableM6[[#This Row],[Down]],2)*VLOOKUP(VALUE(TRIM(CLEAN(RIGHT(TableM6[[#This Row],[Down]],2)))),TableLasers[],COLUMN(TableLasers[S-DPH]),FALSE))","v":206814},{"$f":"SUM(LEFT(TableM6[[#This Row],[Main]],2)*VLOOKUP(VALUE(TRIM(CLEAN(RIGHT(TableM6[[#This Row],[Main]],2)))),TableLasers[],COLUMN(TableLasers[H-DPH]),FALSE),LEFT(TableM6[[#This Row],[Front]],2)*VLOOKUP(VALUE(TRIM(CLEAN(RIGHT(TableM6[[#This Row],[Front]],2)))),TableLasers[],COLUMN(TableLasers[H-DPH]),FALSE),LEFT(TableM6[[#This Row],[Back]],2)*VLOOKUP(VALUE(TRIM(CLEAN(RIGHT(TableM6[[#This Row],[Back]],2)))),TableLasers[],COLUMN(TableLasers[H-DPH]),FALSE),LEFT(TableM6[[#This Row],[Left]],2)*VLOOKUP(VALUE(TRIM(CLEAN(RIGHT(TableM6[[#This Row],[Left]],2)))),TableLasers[],COLUMN(TableLasers[H-DPH]),FALSE),LEFT(TableM6[[#This Row],[Right]],2)*VLOOKUP(VALUE(TRIM(CLEAN(RIGHT(TableM6[[#This Row],[Right]],2)))),TableLasers[],COLUMN(TableLasers[H-DPH]),FALSE),LEFT(TableM6[[#This Row],[Up]],2)*VLOOKUP(VALUE(TRIM(CLEAN(RIGHT(TableM6[[#This Row],[Up]],2)))),TableLasers[],COLUMN(TableLasers[H-DPH]),FALSE),LEFT(TableM6[[#This Row],[Down]],2)*VLOOKUP(VALUE(TRIM(CLEAN(RIGHT(TableM6[[#This Row],[Down]],2)))),TableLasers[],COLUMN(TableLasers[H-DPH]),FALSE))","v":38986},"10::18","00::00","02::06","04::20","04::20","00::00","00::00",10,null,2,4,4,null,null,"0,1,5,18,6,7,9,15,20,13,17",null,"0,1,6,7","6,7,20","6,7,20",null,null,"0,1,3,5,12,17,22,23,10,11,13,14,18,19,25,35"]
[501,"Boron","M6","Enhanced Heavy Hydra",null,234.6,117.3,25,"XL",71300,"200 MJ  ",5,3750,151.51515151515201,16,22500,864.33749999999998,1100,1,{"$f":"SUM(LEFT(TableM6[[#This Row],[Main]],2)*VLOOKUP(VALUE(TRIM(CLEAN(RIGHT(TableM6[[#This Row],[Main]],2)))),TableLasers[],COLUMN(TableLasers[S-DPH]),FALSE),LEFT(TableM6[[#This Row],[Front]],2)*VLOOKUP(VALUE(TRIM(CLEAN(RIGHT(TableM6[[#This Row],[Front]],2)))),TableLasers[],COLUMN(TableLasers[S-DPH]),FALSE),LEFT(TableM6[[#This Row],[Back]],2)*VLOOKUP(VALUE(TRIM(CLEAN(RIGHT(TableM6[[#This Row],[Back]],2)))),TableLasers[],COLUMN(TableLasers[S-DPH]),FALSE),LEFT(TableM6[[#This Row],[Left]],2)*VLOOKUP(VALUE(TRIM(CLEAN(RIGHT(TableM6[[#This Row],[Left]],2)))),TableLasers[],COLUMN(TableLasers[S-DPH]),FALSE),LEFT(TableM6[[#This Row],[Right]],2)*VLOOKUP(VALUE(TRIM(CLEAN(RIGHT(TableM6[[#This Row],[Right]],2)))),TableLasers[],COLUMN(TableLasers[S-DPH]),FALSE),LEFT(TableM6[[#This Row],[Up]],2)*VLOOKUP(VALUE(TRIM(CLEAN(RIGHT(TableM6[[#This Row],[Up]],2)))),TableLasers[],COLUMN(TableLasers[S-DPH]),FALSE),LEFT(TableM6[[#This Row],[Down]],2)*VLOOKUP(VALUE(TRIM(CLEAN(RIGHT(TableM6[[#This Row],[Down]],2)))),TableLasers[],COLUMN(TableLasers[S-DPH]),FALSE))","v":125600},{"$f":"SUM(LEFT(TableM6[[#This Row],[Main]],2)*VLOOKUP(VALUE(TRIM(CLEAN(RIGHT(TableM6[[#This Row],[Main]],2)))),TableLasers[],COLUMN(TableLasers[H-DPH]),FALSE),LEFT(TableM6[[#This Row],[Front]],2)*VLOOKUP(VALUE(TRIM(CLEAN(RIGHT(TableM6[[#This Row],[Front]],2)))),TableLasers[],COLUMN(TableLasers[H-DPH]),FALSE),LEFT(TableM6[[#This Row],[Back]],2)*VLOOKUP(VALUE(TRIM(CLEAN(RIGHT(TableM6[[#This Row],[Back]],2)))),TableLasers[],COLUMN(TableLasers[H-DPH]),FALSE),LEFT(TableM6[[#This Row],[Left]],2)*VLOOKUP(VALUE(TRIM(CLEAN(RIGHT(TableM6[[#This Row],[Left]],2)))),TableLasers[],COLUMN(TableLasers[H-DPH]),FALSE),LEFT(TableM6[[#This Row],[Right]],2)*VLOOKUP(VALUE(TRIM(CLEAN(RIGHT(TableM6[[#This Row],[Right]],2)))),TableLasers[],COLUMN(TableLasers[H-DPH]),FALSE),LEFT(TableM6[[#This Row],[Up]],2)*VLOOKUP(VALUE(TRIM(CLEAN(RIGHT(TableM6[[#This Row],[Up]],2)))),TableLasers[],COLUMN(TableLasers[H-DPH]),FALSE),LEFT(TableM6[[#This Row],[Down]],2)*VLOOKUP(VALUE(TRIM(CLEAN(RIGHT(TableM6[[#This Row],[Down]],2)))),TableLasers[],COLUMN(TableLasers[H-DPH]),FALSE))","v":3200},"08::14","00::00","00::00","00::00","00::00","00::00","00::00",8,6,2,null,null,null,null,"0,1,4,5,18,8,14,20,13,28,29,35",null,null,null,null,null,null,"0,1,3,5,12,17,22,23,10,11,13,14,18,19,25,35"]
[502,"Teladi","M6","Advanced Heavy Osprey",null,186.70079999999999,84.864000000000004,18,"XL",68400,"200 MJ  ",7,3400,227.272727272727,18,23100,758.69640000000004,1550,1,{"$f":"SUM(LEFT(TableM6[[#This Row],[Main]],2)*VLOOKUP(VALUE(TRIM(CLEAN(RIGHT(TableM6[[#This Row],[Main]],2)))),TableLasers[],COLUMN(TableLasers[S-DPH]),FALSE),LEFT(TableM6[[#This Row],[Front]],2)*VLOOKUP(VALUE(TRIM(CLEAN(RIGHT(TableM6[[#This Row],[Front]],2)))),TableLasers[],COLUMN(TableLasers[S-DPH]),FALSE),LEFT(TableM6[[#This Row],[Back]],2)*VLOOKUP(VALUE(TRIM(CLEAN(RIGHT(TableM6[[#This Row],[Back]],2)))),TableLasers[],COLUMN(TableLasers[S-DPH]),FALSE),LEFT(TableM6[[#This Row],[Left]],2)*VLOOKUP(VALUE(TRIM(CLEAN(RIGHT(TableM6[[#This Row],[Left]],2)))),TableLasers[],COLUMN(TableLasers[S-DPH]),FALSE),LEFT(TableM6[[#This Row],[Right]],2)*VLOOKUP(VALUE(TRIM(CLEAN(RIGHT(TableM6[[#This Row],[Right]],2)))),TableLasers[],COLUMN(TableLasers[S-DPH]),FALSE),LEFT(TableM6[[#This Row],[Up]],2)*VLOOKUP(VALUE(TRIM(CLEAN(RIGHT(TableM6[[#This Row],[Up]],2)))),TableLasers[],COLUMN(TableLasers[S-DPH]),FALSE),LEFT(TableM6[[#This Row],[Down]],2)*VLOOKUP(VALUE(TRIM(CLEAN(RIGHT(TableM6[[#This Row],[Down]],2)))),TableLasers[],COLUMN(TableLasers[S-DPH]),FALSE))","v":131070},{"$f":"SUM(LEFT(TableM6[[#This Row],[Main]],2)*VLOOKUP(VALUE(TRIM(CLEAN(RIGHT(TableM6[[#This Row],[Main]],2)))),TableLasers[],COLUMN(TableLasers[H-DPH]),FALSE),LEFT(TableM6[[#This Row],[Front]],2)*VLOOKUP(VALUE(TRIM(CLEAN(RIGHT(TableM6[[#This Row],[Front]],2)))),TableLasers[],COLUMN(TableLasers[H-DPH]),FALSE),LEFT(TableM6[[#This Row],[Back]],2)*VLOOKUP(VALUE(TRIM(CLEAN(RIGHT(TableM6[[#This Row],[Back]],2)))),TableLasers[],COLUMN(TableLasers[H-DPH]),FALSE),LEFT(TableM6[[#This Row],[Left]],2)*VLOOKUP(VALUE(TRIM(CLEAN(RIGHT(TableM6[[#This Row],[Left]],2)))),TableLasers[],COLUMN(TableLasers[H-DPH]),FALSE),LEFT(TableM6[[#This Row],[Right]],2)*VLOOKUP(VALUE(TRIM(CLEAN(RIGHT(TableM6[[#This Row],[Right]],2)))),TableLasers[],COLUMN(TableLasers[H-DPH]),FALSE),LEFT(TableM6[[#This Row],[Up]],2)*VLOOKUP(VALUE(TRIM(CLEAN(RIGHT(TableM6[[#This Row],[Up]],2)))),TableLasers[],COLUMN(TableLasers[H-DPH]),FALSE),LEFT(TableM6[[#This Row],[Down]],2)*VLOOKUP(VALUE(TRIM(CLEAN(RIGHT(TableM6[[#This Row],[Down]],2)))),TableLasers[],COLUMN(TableLasers[H-DPH]),FALSE))","v":25530},"10::18","00::00","00::00","00::00","00::00","00::00","00::00",10,4,2,null,null,2,null,"0,1,5,18,2,28,29,35",null,null,null,null,null,null,"0,1,3,5,12,17,22,23,10,11,13,14,18,19,25,35"]
[524,"Paranid","M6","Ganymede",null,305,152.5,23,"XL",50000,"200 MJ  ",4,2700,151.51515151515201,10,17500,478.97500000000002,1100,0,{"$f":"SUM(LEFT(TableM6[[#This Row],[Main]],2)*VLOOKUP(VALUE(TRIM(CLEAN(RIGHT(TableM6[[#This Row],[Main]],2)))),TableLasers[],COLUMN(TableLasers[S-DPH]),FALSE),LEFT(TableM6[[#This Row],[Front]],2)*VLOOKUP(VALUE(TRIM(CLEAN(RIGHT(TableM6[[#This Row],[Front]],2)))),TableLasers[],COLUMN(TableLasers[S-DPH]),FALSE),LEFT(TableM6[[#This Row],[Back]],2)*VLOOKUP(VALUE(TRIM(CLEAN(RIGHT(TableM6[[#This Row],[Back]],2)))),TableLasers[],COLUMN(TableLasers[S-DPH]),FALSE),LEFT(TableM6[[#This Row],[Left]],2)*VLOOKUP(VALUE(TRIM(CLEAN(RIGHT(TableM6[[#This Row],[Left]],2)))),TableLasers[],COLUMN(TableLasers[S-DPH]),FALSE),LEFT(TableM6[[#This Row],[Right]],2)*VLOOKUP(VALUE(TRIM(CLEAN(RIGHT(TableM6[[#This Row],[Right]],2)))),TableLasers[],COLUMN(TableLasers[S-DPH]),FALSE),LEFT(TableM6[[#This Row],[Up]],2)*VLOOKUP(VALUE(TRIM(CLEAN(RIGHT(TableM6[[#This Row],[Up]],2)))),TableLasers[],COLUMN(TableLasers[S-DPH]),FALSE),LEFT(TableM6[[#This Row],[Down]],2)*VLOOKUP(VALUE(TRIM(CLEAN(RIGHT(TableM6[[#This Row],[Down]],2)))),TableLasers[],COLUMN(TableLasers[S-DPH]),FALSE))","v":75744},{"$f":"SUM(LEFT(TableM6[[#This Row],[Main]],2)*VLOOKUP(VALUE(TRIM(CLEAN(RIGHT(TableM6[[#This Row],[Main]],2)))),TableLasers[],COLUMN(TableLasers[H-DPH]),FALSE),LEFT(TableM6[[#This Row],[Front]],2)*VLOOKUP(VALUE(TRIM(CLEAN(RIGHT(TableM6[[#This Row],[Front]],2)))),TableLasers[],COLUMN(TableLasers[H-DPH]),FALSE),LEFT(TableM6[[#This Row],[Back]],2)*VLOOKUP(VALUE(TRIM(CLEAN(RIGHT(TableM6[[#This Row],[Back]],2)))),TableLasers[],COLUMN(TableLasers[H-DPH]),FALSE),LEFT(TableM6[[#This Row],[Left]],2)*VLOOKUP(VALUE(TRIM(CLEAN(RIGHT(TableM6[[#This Row],[Left]],2)))),TableLasers[],COLUMN(TableLasers[H-DPH]),FALSE),LEFT(TableM6[[#This Row],[Right]],2)*VLOOKUP(VALUE(TRIM(CLEAN(RIGHT(TableM6[[#This Row],[Right]],2)))),TableLasers[],COLUMN(TableLasers[H-DPH]),FALSE),LEFT(TableM6[[#This Row],[Up]],2)*VLOOKUP(VALUE(TRIM(CLEAN(RIGHT(TableM6[[#This Row],[Up]],2)))),TableLasers[],COLUMN(TableLasers[H-DPH]),FALSE),LEFT(TableM6[[#This Row],[Down]],2)*VLOOKUP(VALUE(TRIM(CLEAN(RIGHT(TableM6[[#This Row],[Down]],2)))),TableLasers[],COLUMN(TableLasers[H-DPH]),FALSE))","v":13456},"08::20","00::00","02::06","00::00","00::00","00::00","00::00",8,null,2,null,null,null,null,"0,1,6,7,20,28,29,35",null,"0,1,6,7",null,null,null,null,"0,1,3,5,12,17,22,23,10,11,13,14,18,19,25,35"]
[548,"Split","M6","Drake(Split)",null,349,174.5,22,"XL",65000,"200 MJ  ",3,2650,151.51515151515201,12,26000,788.65800000000002,975,0,{"$f":"SUM(LEFT(TableM6[[#This Row],[Main]],2)*VLOOKUP(VALUE(TRIM(CLEAN(RIGHT(TableM6[[#This Row],[Main]],2)))),TableLasers[],COLUMN(TableLasers[S-DPH]),FALSE),LEFT(TableM6[[#This Row],[Front]],2)*VLOOKUP(VALUE(TRIM(CLEAN(RIGHT(TableM6[[#This Row],[Front]],2)))),TableLasers[],COLUMN(TableLasers[S-DPH]),FALSE),LEFT(TableM6[[#This Row],[Back]],2)*VLOOKUP(VALUE(TRIM(CLEAN(RIGHT(TableM6[[#This Row],[Back]],2)))),TableLasers[],COLUMN(TableLasers[S-DPH]),FALSE),LEFT(TableM6[[#This Row],[Left]],2)*VLOOKUP(VALUE(TRIM(CLEAN(RIGHT(TableM6[[#This Row],[Left]],2)))),TableLasers[],COLUMN(TableLasers[S-DPH]),FALSE),LEFT(TableM6[[#This Row],[Right]],2)*VLOOKUP(VALUE(TRIM(CLEAN(RIGHT(TableM6[[#This Row],[Right]],2)))),TableLasers[],COLUMN(TableLasers[S-DPH]),FALSE),LEFT(TableM6[[#This Row],[Up]],2)*VLOOKUP(VALUE(TRIM(CLEAN(RIGHT(TableM6[[#This Row],[Up]],2)))),TableLasers[],COLUMN(TableLasers[S-DPH]),FALSE),LEFT(TableM6[[#This Row],[Down]],2)*VLOOKUP(VALUE(TRIM(CLEAN(RIGHT(TableM6[[#This Row],[Down]],2)))),TableLasers[],COLUMN(TableLasers[S-DPH]),FALSE))","v":118752},{"$f":"SUM(LEFT(TableM6[[#This Row],[Main]],2)*VLOOKUP(VALUE(TRIM(CLEAN(RIGHT(TableM6[[#This Row],[Main]],2)))),TableLasers[],COLUMN(TableLasers[H-DPH]),FALSE),LEFT(TableM6[[#This Row],[Front]],2)*VLOOKUP(VALUE(TRIM(CLEAN(RIGHT(TableM6[[#This Row],[Front]],2)))),TableLasers[],COLUMN(TableLasers[H-DPH]),FALSE),LEFT(TableM6[[#This Row],[Back]],2)*VLOOKUP(VALUE(TRIM(CLEAN(RIGHT(TableM6[[#This Row],[Back]],2)))),TableLasers[],COLUMN(TableLasers[H-DPH]),FALSE),LEFT(TableM6[[#This Row],[Left]],2)*VLOOKUP(VALUE(TRIM(CLEAN(RIGHT(TableM6[[#This Row],[Left]],2)))),TableLasers[],COLUMN(TableLasers[H-DPH]),FALSE),LEFT(TableM6[[#This Row],[Right]],2)*VLOOKUP(VALUE(TRIM(CLEAN(RIGHT(TableM6[[#This Row],[Right]],2)))),TableLasers[],COLUMN(TableLasers[H-DPH]),FALSE),LEFT(TableM6[[#This Row],[Up]],2)*VLOOKUP(VALUE(TRIM(CLEAN(RIGHT(TableM6[[#This Row],[Up]],2)))),TableLasers[],COLUMN(TableLasers[H-DPH]),FALSE),LEFT(TableM6[[#This Row],[Down]],2)*VLOOKUP(VALUE(TRIM(CLEAN(RIGHT(TableM6[[#This Row],[Down]],2)))),TableLasers[],COLUMN(TableLasers[H-DPH]),FALSE))","v":18528},"06::15","00::00","00::00","02::15","02::15","02::15","00::00",6,null,null,2,2,2,null,"0,1,3,9,15,28,29,35",null,null,"0,1,3,9,15","0,1,3,9,15","0,1,3,9,15",null,"0,1,3,5,12,17,22,23,10,11,13,14,18,19,25,35"]
[588,"Argon","M6","Nexus",null,264,132,23,"XL",62000,"200 MJ  ",3,3000,151.51515151515201,20,21500,592.47550000000001,1550,0,{"$f":"SUM(LEFT(TableM6[[#This Row],[Main]],2)*VLOOKUP(VALUE(TRIM(CLEAN(RIGHT(TableM6[[#This Row],[Main]],2)))),TableLasers[],COLUMN(TableLasers[S-DPH]),FALSE),LEFT(TableM6[[#This Row],[Front]],2)*VLOOKUP(VALUE(TRIM(CLEAN(RIGHT(TableM6[[#This Row],[Front]],2)))),TableLasers[],COLUMN(TableLasers[S-DPH]),FALSE),LEFT(TableM6[[#This Row],[Back]],2)*VLOOKUP(VALUE(TRIM(CLEAN(RIGHT(TableM6[[#This Row],[Back]],2)))),TableLasers[],COLUMN(TableLasers[S-DPH]),FALSE),LEFT(TableM6[[#This Row],[Left]],2)*VLOOKUP(VALUE(TRIM(CLEAN(RIGHT(TableM6[[#This Row],[Left]],2)))),TableLasers[],COLUMN(TableLasers[S-DPH]),FALSE),LEFT(TableM6[[#This Row],[Right]],2)*VLOOKUP(VALUE(TRIM(CLEAN(RIGHT(TableM6[[#This Row],[Right]],2)))),TableLasers[],COLUMN(TableLasers[S-DPH]),FALSE),LEFT(TableM6[[#This Row],[Up]],2)*VLOOKUP(VALUE(TRIM(CLEAN(RIGHT(TableM6[[#This Row],[Up]],2)))),TableLasers[],COLUMN(TableLasers[S-DPH]),FALSE),LEFT(TableM6[[#This Row],[Down]],2)*VLOOKUP(VALUE(TRIM(CLEAN(RIGHT(TableM6[[#This Row],[Down]],2)))),TableLasers[],COLUMN(TableLasers[S-DPH]),FALSE))","v":133120},{"$f":"SUM(LEFT(TableM6[[#This Row],[Main]],2)*VLOOKUP(VALUE(TRIM(CLEAN(RIGHT(TableM6[[#This Row],[Main]],2)))),TableLasers[],COLUMN(TableLasers[H-DPH]),FALSE),LEFT(TableM6[[#This Row],[Front]],2)*VLOOKUP(VALUE(TRIM(CLEAN(RIGHT(TableM6[[#This Row],[Front]],2)))),TableLasers[],COLUMN(TableLasers[H-DPH]),FALSE),LEFT(TableM6[[#This Row],[Back]],2)*VLOOKUP(VALUE(TRIM(CLEAN(RIGHT(TableM6[[#This Row],[Back]],2)))),TableLasers[],COLUMN(TableLasers[H-DPH]),FALSE),LEFT(TableM6[[#This Row],[Left]],2)*VLOOKUP(VALUE(TRIM(CLEAN(RIGHT(TableM6[[#This Row],[Left]],2)))),TableLasers[],COLUMN(TableLasers[H-DPH]),FALSE),LEFT(TableM6[[#This Row],[Right]],2)*VLOOKUP(VALUE(TRIM(CLEAN(RIGHT(TableM6[[#This Row],[Right]],2)))),TableLasers[],COLUMN(TableLasers[H-DPH]),FALSE),LEFT(TableM6[[#This Row],[Up]],2)*VLOOKUP(VALUE(TRIM(CLEAN(RIGHT(TableM6[[#This Row],[Up]],2)))),TableLasers[],COLUMN(TableLasers[H-DPH]),FALSE),LEFT(TableM6[[#This Row],[Down]],2)*VLOOKUP(VALUE(TRIM(CLEAN(RIGHT(TableM6[[#This Row],[Down]],2)))),TableLasers[],COLUMN(TableLasers[H-DPH]),FALSE))","v":23200},"08::13","00::00","02::04","04::13","04::13","00::00","02::04",8,null,2,4,4,null,2,"0,1,3,4,13",null,"0,1,3,4","3,4,13","3,4,13",null,"0,1,3,4","0,1,3,5,12,17,22,23,10,11,13,14,18,19,25,35"]
[589,"Yaki","M6","Tenshi",null,227.6,113.8,23,"XL",62000,"200 MJ  ",4,3000,151.51515151515201,10,18500,518.44399999999996,1200,0,{"$f":"SUM(LEFT(TableM6[[#This Row],[Main]],2)*VLOOKUP(VALUE(TRIM(CLEAN(RIGHT(TableM6[[#This Row],[Main]],2)))),TableLasers[],COLUMN(TableLasers[S-DPH]),FALSE),LEFT(TableM6[[#This Row],[Front]],2)*VLOOKUP(VALUE(TRIM(CLEAN(RIGHT(TableM6[[#This Row],[Front]],2)))),TableLasers[],COLUMN(TableLasers[S-DPH]),FALSE),LEFT(TableM6[[#This Row],[Back]],2)*VLOOKUP(VALUE(TRIM(CLEAN(RIGHT(TableM6[[#This Row],[Back]],2)))),TableLasers[],COLUMN(TableLasers[S-DPH]),FALSE),LEFT(TableM6[[#This Row],[Left]],2)*VLOOKUP(VALUE(TRIM(CLEAN(RIGHT(TableM6[[#This Row],[Left]],2)))),TableLasers[],COLUMN(TableLasers[S-DPH]),FALSE),LEFT(TableM6[[#This Row],[Right]],2)*VLOOKUP(VALUE(TRIM(CLEAN(RIGHT(TableM6[[#This Row],[Right]],2)))),TableLasers[],COLUMN(TableLasers[S-DPH]),FALSE),LEFT(TableM6[[#This Row],[Up]],2)*VLOOKUP(VALUE(TRIM(CLEAN(RIGHT(TableM6[[#This Row],[Up]],2)))),TableLasers[],COLUMN(TableLasers[S-DPH]),FALSE),LEFT(TableM6[[#This Row],[Down]],2)*VLOOKUP(VALUE(TRIM(CLEAN(RIGHT(TableM6[[#This Row],[Down]],2)))),TableLasers[],COLUMN(TableLasers[S-DPH]),FALSE))","v":75744},{"$f":"SUM(LEFT(TableM6[[#This Row],[Main]],2)*VLOOKUP(VALUE(TRIM(CLEAN(RIGHT(TableM6[[#This Row],[Main]],2)))),TableLasers[],COLUMN(TableLasers[H-DPH]),FALSE),LEFT(TableM6[[#This Row],[Front]],2)*VLOOKUP(VALUE(TRIM(CLEAN(RIGHT(TableM6[[#This Row],[Front]],2)))),TableLasers[],COLUMN(TableLasers[H-DPH]),FALSE),LEFT(TableM6[[#This Row],[Back]],2)*VLOOKUP(VALUE(TRIM(CLEAN(RIGHT(TableM6[[#This Row],[Back]],2)))),TableLasers[],COLUMN(TableLasers[H-DPH]),FALSE),LEFT(TableM6[[#This Row],[Left]],2)*VLOOKUP(VALUE(TRIM(CLEAN(RIGHT(TableM6[[#This Row],[Left]],2)))),TableLasers[],COLUMN(TableLasers[H-DPH]),FALSE),LEFT(TableM6[[#This Row],[Right]],2)*VLOOKUP(VALUE(TRIM(CLEAN(RIGHT(TableM6[[#This Row],[Right]],2)))),TableLasers[],COLUMN(TableLasers[H-DPH]),FALSE),LEFT(TableM6[[#This Row],[Up]],2)*VLOOKUP(VALUE(TRIM(CLEAN(RIGHT(TableM6[[#This Row],[Up]],2)))),TableLasers[],COLUMN(TableLasers[H-DPH]),FALSE),LEFT(TableM6[[#This Row],[Down]],2)*VLOOKUP(VALUE(TRIM(CLEAN(RIGHT(TableM6[[#This Row],[Down]],2)))),TableLasers[],COLUMN(TableLasers[H-DPH]),FALSE))","v":13456},"08::20","00::00","00::00","00::00","00::00","02::06","00::00",8,null,null,null,null,2,null,"0,1,3,6,7,20,2,28,29,35",null,null,null,null,"0,1,6,7",null,"0,1,3,5,12,17,22,23,10,11,13,14,18,19,25,35"]
[598,"Pirates","M6","Heavy Osprey",null,200.3408,91.063999999999993,18,"XL",68400,"200 MJ  ",5,3400,151.51515151515201,14,23900,782.48599999999999,1550,1,{"$f":"SUM(LEFT(TableM6[[#This Row],[Main]],2)*VLOOKUP(VALUE(TRIM(CLEAN(RIGHT(TableM6[[#This Row],[Main]],2)))),TableLasers[],COLUMN(TableLasers[S-DPH]),FALSE),LEFT(TableM6[[#This Row],[Front]],2)*VLOOKUP(VALUE(TRIM(CLEAN(RIGHT(TableM6[[#This Row],[Front]],2)))),TableLasers[],COLUMN(TableLasers[S-DPH]),FALSE),LEFT(TableM6[[#This Row],[Back]],2)*VLOOKUP(VALUE(TRIM(CLEAN(RIGHT(TableM6[[#This Row],[Back]],2)))),TableLasers[],COLUMN(TableLasers[S-DPH]),FALSE),LEFT(TableM6[[#This Row],[Left]],2)*VLOOKUP(VALUE(TRIM(CLEAN(RIGHT(TableM6[[#This Row],[Left]],2)))),TableLasers[],COLUMN(TableLasers[S-DPH]),FALSE),LEFT(TableM6[[#This Row],[Right]],2)*VLOOKUP(VALUE(TRIM(CLEAN(RIGHT(TableM6[[#This Row],[Right]],2)))),TableLasers[],COLUMN(TableLasers[S-DPH]),FALSE),LEFT(TableM6[[#This Row],[Up]],2)*VLOOKUP(VALUE(TRIM(CLEAN(RIGHT(TableM6[[#This Row],[Up]],2)))),TableLasers[],COLUMN(TableLasers[S-DPH]),FALSE),LEFT(TableM6[[#This Row],[Down]],2)*VLOOKUP(VALUE(TRIM(CLEAN(RIGHT(TableM6[[#This Row],[Down]],2)))),TableLasers[],COLUMN(TableLasers[S-DPH]),FALSE))","v":104856},{"$f":"SUM(LEFT(TableM6[[#This Row],[Main]],2)*VLOOKUP(VALUE(TRIM(CLEAN(RIGHT(TableM6[[#This Row],[Main]],2)))),TableLasers[],COLUMN(TableLasers[H-DPH]),FALSE),LEFT(TableM6[[#This Row],[Front]],2)*VLOOKUP(VALUE(TRIM(CLEAN(RIGHT(TableM6[[#This Row],[Front]],2)))),TableLasers[],COLUMN(TableLasers[H-DPH]),FALSE),LEFT(TableM6[[#This Row],[Back]],2)*VLOOKUP(VALUE(TRIM(CLEAN(RIGHT(TableM6[[#This Row],[Back]],2)))),TableLasers[],COLUMN(TableLasers[H-DPH]),FALSE),LEFT(TableM6[[#This Row],[Left]],2)*VLOOKUP(VALUE(TRIM(CLEAN(RIGHT(TableM6[[#This Row],[Left]],2)))),TableLasers[],COLUMN(TableLasers[H-DPH]),FALSE),LEFT(TableM6[[#This Row],[Right]],2)*VLOOKUP(VALUE(TRIM(CLEAN(RIGHT(TableM6[[#This Row],[Right]],2)))),TableLasers[],COLUMN(TableLasers[H-DPH]),FALSE),LEFT(TableM6[[#This Row],[Up]],2)*VLOOKUP(VALUE(TRIM(CLEAN(RIGHT(TableM6[[#This Row],[Up]],2)))),TableLasers[],COLUMN(TableLasers[H-DPH]),FALSE),LEFT(TableM6[[#This Row],[Down]],2)*VLOOKUP(VALUE(TRIM(CLEAN(RIGHT(TableM6[[#This Row],[Down]],2)))),TableLasers[],COLUMN(TableLasers[H-DPH]),FALSE))","v":20424},"08::18","00::00","00::00","00::00","00::00","00::00","00::00",8,2,2,null,null,2,null,"0,1,3,5,18,2,28,29,35",null,null,null,null,null,null,"0,1,3,5,12,17,22,23,10,11,13,14,18,19,25,35"]
[606,"Terran","M6","Shamshir(USC)",null,187.6,93.8,23,"XL",58000,"200 MJ  ",7,4100,227.272727272727,18,27000,729,1150,1,{"$f":"SUM(LEFT(TableM6[[#This Row],[Main]],2)*VLOOKUP(VALUE(TRIM(CLEAN(RIGHT(TableM6[[#This Row],[Main]],2)))),TableLasers[],COLUMN(TableLasers[S-DPH]),FALSE),LEFT(TableM6[[#This Row],[Front]],2)*VLOOKUP(VALUE(TRIM(CLEAN(RIGHT(TableM6[[#This Row],[Front]],2)))),TableLasers[],COLUMN(TableLasers[S-DPH]),FALSE),LEFT(TableM6[[#This Row],[Back]],2)*VLOOKUP(VALUE(TRIM(CLEAN(RIGHT(TableM6[[#This Row],[Back]],2)))),TableLasers[],COLUMN(TableLasers[S-DPH]),FALSE),LEFT(TableM6[[#This Row],[Left]],2)*VLOOKUP(VALUE(TRIM(CLEAN(RIGHT(TableM6[[#This Row],[Left]],2)))),TableLasers[],COLUMN(TableLasers[S-DPH]),FALSE),LEFT(TableM6[[#This Row],[Right]],2)*VLOOKUP(VALUE(TRIM(CLEAN(RIGHT(TableM6[[#This Row],[Right]],2)))),TableLasers[],COLUMN(TableLasers[S-DPH]),FALSE),LEFT(TableM6[[#This Row],[Up]],2)*VLOOKUP(VALUE(TRIM(CLEAN(RIGHT(TableM6[[#This Row],[Up]],2)))),TableLasers[],COLUMN(TableLasers[S-DPH]),FALSE),LEFT(TableM6[[#This Row],[Down]],2)*VLOOKUP(VALUE(TRIM(CLEAN(RIGHT(TableM6[[#This Row],[Down]],2)))),TableLasers[],COLUMN(TableLasers[S-DPH]),FALSE))","v":131520},{"$f":"SUM(LEFT(TableM6[[#This Row],[Main]],2)*VLOOKUP(VALUE(TRIM(CLEAN(RIGHT(TableM6[[#This Row],[Main]],2)))),TableLasers[],COLUMN(TableLasers[H-DPH]),FALSE),LEFT(TableM6[[#This Row],[Front]],2)*VLOOKUP(VALUE(TRIM(CLEAN(RIGHT(TableM6[[#This Row],[Front]],2)))),TableLasers[],COLUMN(TableLasers[H-DPH]),FALSE),LEFT(TableM6[[#This Row],[Back]],2)*VLOOKUP(VALUE(TRIM(CLEAN(RIGHT(TableM6[[#This Row],[Back]],2)))),TableLasers[],COLUMN(TableLasers[H-DPH]),FALSE),LEFT(TableM6[[#This Row],[Left]],2)*VLOOKUP(VALUE(TRIM(CLEAN(RIGHT(TableM6[[#This Row],[Left]],2)))),TableLasers[],COLUMN(TableLasers[H-DPH]),FALSE),LEFT(TableM6[[#This Row],[Right]],2)*VLOOKUP(VALUE(TRIM(CLEAN(RIGHT(TableM6[[#This Row],[Right]],2)))),TableLasers[],COLUMN(TableLasers[H-DPH]),FALSE),LEFT(TableM6[[#This Row],[Up]],2)*VLOOKUP(VALUE(TRIM(CLEAN(RIGHT(TableM6[[#This Row],[Up]],2)))),TableLasers[],COLUMN(TableLasers[H-DPH]),FALSE),LEFT(TableM6[[#This Row],[Down]],2)*VLOOKUP(VALUE(TRIM(CLEAN(RIGHT(TableM6[[#This Row],[Down]],2)))),TableLasers[],COLUMN(TableLasers[H-DPH]),FALSE))","v":27918},"04::17","00::00","04::11","04::17","04::17","01::11","01::11",4,null,4,4,4,1,1,"10,11,17",null,"10,11,28,29,35","10,11,17","10,11,17","10,11,28,29,35","10,11,28,29,35","4,15,20,24,27,36,37,38,28,39"]
[607,"Argon","M6","Centaur","Sentinel",202.4,101.2,23,"XL",61000,"200 MJ  ",5,3000,151.51515151515201,24,21000,580.27200000000005,1600,1,{"$f":"SUM(LEFT(TableM6[[#This Row],[Main]],2)*VLOOKUP(VALUE(TRIM(CLEAN(RIGHT(TableM6[[#This Row],[Main]],2)))),TableLasers[],COLUMN(TableLasers[S-DPH]),FALSE),LEFT(TableM6[[#This Row],[Front]],2)*VLOOKUP(VALUE(TRIM(CLEAN(RIGHT(TableM6[[#This Row],[Front]],2)))),TableLasers[],COLUMN(TableLasers[S-DPH]),FALSE),LEFT(TableM6[[#This Row],[Back]],2)*VLOOKUP(VALUE(TRIM(CLEAN(RIGHT(TableM6[[#This Row],[Back]],2)))),TableLasers[],COLUMN(TableLasers[S-DPH]),FALSE),LEFT(TableM6[[#This Row],[Left]],2)*VLOOKUP(VALUE(TRIM(CLEAN(RIGHT(TableM6[[#This Row],[Left]],2)))),TableLasers[],COLUMN(TableLasers[S-DPH]),FALSE),LEFT(TableM6[[#This Row],[Right]],2)*VLOOKUP(VALUE(TRIM(CLEAN(RIGHT(TableM6[[#This Row],[Right]],2)))),TableLasers[],COLUMN(TableLasers[S-DPH]),FALSE),LEFT(TableM6[[#This Row],[Up]],2)*VLOOKUP(VALUE(TRIM(CLEAN(RIGHT(TableM6[[#This Row],[Up]],2)))),TableLasers[],COLUMN(TableLasers[S-DPH]),FALSE),LEFT(TableM6[[#This Row],[Down]],2)*VLOOKUP(VALUE(TRIM(CLEAN(RIGHT(TableM6[[#This Row],[Down]],2)))),TableLasers[],COLUMN(TableLasers[S-DPH]),FALSE))","v":45160},{"$f":"SUM(LEFT(TableM6[[#This Row],[Main]],2)*VLOOKUP(VALUE(TRIM(CLEAN(RIGHT(TableM6[[#This Row],[Main]],2)))),TableLasers[],COLUMN(TableLasers[H-DPH]),FALSE),LEFT(TableM6[[#This Row],[Front]],2)*VLOOKUP(VALUE(TRIM(CLEAN(RIGHT(TableM6[[#This Row],[Front]],2)))),TableLasers[],COLUMN(TableLasers[H-DPH]),FALSE),LEFT(TableM6[[#This Row],[Back]],2)*VLOOKUP(VALUE(TRIM(CLEAN(RIGHT(TableM6[[#This Row],[Back]],2)))),TableLasers[],COLUMN(TableLasers[H-DPH]),FALSE),LEFT(TableM6[[#This Row],[Left]],2)*VLOOKUP(VALUE(TRIM(CLEAN(RIGHT(TableM6[[#This Row],[Left]],2)))),TableLasers[],COLUMN(TableLasers[H-DPH]),FALSE),LEFT(TableM6[[#This Row],[Right]],2)*VLOOKUP(VALUE(TRIM(CLEAN(RIGHT(TableM6[[#This Row],[Right]],2)))),TableLasers[],COLUMN(TableLasers[H-DPH]),FALSE),LEFT(TableM6[[#This Row],[Up]],2)*VLOOKUP(VALUE(TRIM(CLEAN(RIGHT(TableM6[[#This Row],[Up]],2)))),TableLasers[],COLUMN(TableLasers[H-DPH]),FALSE),LEFT(TableM6[[#This Row],[Down]],2)*VLOOKUP(VALUE(TRIM(CLEAN(RIGHT(TableM6[[#This Row],[Down]],2)))),TableLasers[],COLUMN(TableLasers[H-DPH]),FALSE))","v":8000},"04::13","00::00","02::04","04::04","04::04","02::04","00::00",4,null,2,4,4,2,null,"0,1,3,4,13",null,"0,1,3,4","0,1,3,4","0,1,3,4","0,1,3,4",null,"0,1,3,5,12,17,22,23,10,11,13,14,18,19,25,35"]
[608,"Boron","M6","Hydra","Sentinel",238.2,119.1,26,"XL",59000,"200 MJ  ",5,3350,151.51515151515201,18,15000,432.69,1750,1,{"$f":"SUM(LEFT(TableM6[[#This Row],[Main]],2)*VLOOKUP(VALUE(TRIM(CLEAN(RIGHT(TableM6[[#This Row],[Main]],2)))),TableLasers[],COLUMN(TableLasers[S-DPH]),FALSE),LEFT(TableM6[[#This Row],[Front]],2)*VLOOKUP(VALUE(TRIM(CLEAN(RIGHT(TableM6[[#This Row],[Front]],2)))),TableLasers[],COLUMN(TableLasers[S-DPH]),FALSE),LEFT(TableM6[[#This Row],[Back]],2)*VLOOKUP(VALUE(TRIM(CLEAN(RIGHT(TableM6[[#This Row],[Back]],2)))),TableLasers[],COLUMN(TableLasers[S-DPH]),FALSE),LEFT(TableM6[[#This Row],[Left]],2)*VLOOKUP(VALUE(TRIM(CLEAN(RIGHT(TableM6[[#This Row],[Left]],2)))),TableLasers[],COLUMN(TableLasers[S-DPH]),FALSE),LEFT(TableM6[[#This Row],[Right]],2)*VLOOKUP(VALUE(TRIM(CLEAN(RIGHT(TableM6[[#This Row],[Right]],2)))),TableLasers[],COLUMN(TableLasers[S-DPH]),FALSE),LEFT(TableM6[[#This Row],[Up]],2)*VLOOKUP(VALUE(TRIM(CLEAN(RIGHT(TableM6[[#This Row],[Up]],2)))),TableLasers[],COLUMN(TableLasers[S-DPH]),FALSE),LEFT(TableM6[[#This Row],[Down]],2)*VLOOKUP(VALUE(TRIM(CLEAN(RIGHT(TableM6[[#This Row],[Down]],2)))),TableLasers[],COLUMN(TableLasers[S-DPH]),FALSE))","v":282600},{"$f":"SUM(LEFT(TableM6[[#This Row],[Main]],2)*VLOOKUP(VALUE(TRIM(CLEAN(RIGHT(TableM6[[#This Row],[Main]],2)))),TableLasers[],COLUMN(TableLasers[H-DPH]),FALSE),LEFT(TableM6[[#This Row],[Front]],2)*VLOOKUP(VALUE(TRIM(CLEAN(RIGHT(TableM6[[#This Row],[Front]],2)))),TableLasers[],COLUMN(TableLasers[H-DPH]),FALSE),LEFT(TableM6[[#This Row],[Back]],2)*VLOOKUP(VALUE(TRIM(CLEAN(RIGHT(TableM6[[#This Row],[Back]],2)))),TableLasers[],COLUMN(TableLasers[H-DPH]),FALSE),LEFT(TableM6[[#This Row],[Left]],2)*VLOOKUP(VALUE(TRIM(CLEAN(RIGHT(TableM6[[#This Row],[Left]],2)))),TableLasers[],COLUMN(TableLasers[H-DPH]),FALSE),LEFT(TableM6[[#This Row],[Right]],2)*VLOOKUP(VALUE(TRIM(CLEAN(RIGHT(TableM6[[#This Row],[Right]],2)))),TableLasers[],COLUMN(TableLasers[H-DPH]),FALSE),LEFT(TableM6[[#This Row],[Up]],2)*VLOOKUP(VALUE(TRIM(CLEAN(RIGHT(TableM6[[#This Row],[Up]],2)))),TableLasers[],COLUMN(TableLasers[H-DPH]),FALSE),LEFT(TableM6[[#This Row],[Down]],2)*VLOOKUP(VALUE(TRIM(CLEAN(RIGHT(TableM6[[#This Row],[Down]],2)))),TableLasers[],COLUMN(TableLasers[H-DPH]),FALSE))","v":7200},"04::14","02::14","04::14","04::14","04::14","00::00","00::00",4,2,4,4,4,null,null,"0,1,4,8,14,28,29,35","0,1,4,8,14","0,1,4,8,14","0,1,4,8,14","0,1,4,8,14",null,null,"0,1,3,5,12,17,22,23,10,11,13,14,18,19,25,35"]
[609,"Teladi","M6","Osprey","Sentinel",187.6,93.8,15,"XL",54000,"200 MJ  ",6,3000,227.272727272727,18,19300,538.27700000000004,1850,1,{"$f":"SUM(LEFT(TableM6[[#This Row],[Main]],2)*VLOOKUP(VALUE(TRIM(CLEAN(RIGHT(TableM6[[#This Row],[Main]],2)))),TableLasers[],COLUMN(TableLasers[S-DPH]),FALSE),LEFT(TableM6[[#This Row],[Front]],2)*VLOOKUP(VALUE(TRIM(CLEAN(RIGHT(TableM6[[#This Row],[Front]],2)))),TableLasers[],COLUMN(TableLasers[S-DPH]),FALSE),LEFT(TableM6[[#This Row],[Back]],2)*VLOOKUP(VALUE(TRIM(CLEAN(RIGHT(TableM6[[#This Row],[Back]],2)))),TableLasers[],COLUMN(TableLasers[S-DPH]),FALSE),LEFT(TableM6[[#This Row],[Left]],2)*VLOOKUP(VALUE(TRIM(CLEAN(RIGHT(TableM6[[#This Row],[Left]],2)))),TableLasers[],COLUMN(TableLasers[S-DPH]),FALSE),LEFT(TableM6[[#This Row],[Right]],2)*VLOOKUP(VALUE(TRIM(CLEAN(RIGHT(TableM6[[#This Row],[Right]],2)))),TableLasers[],COLUMN(TableLasers[S-DPH]),FALSE),LEFT(TableM6[[#This Row],[Up]],2)*VLOOKUP(VALUE(TRIM(CLEAN(RIGHT(TableM6[[#This Row],[Up]],2)))),TableLasers[],COLUMN(TableLasers[S-DPH]),FALSE),LEFT(TableM6[[#This Row],[Down]],2)*VLOOKUP(VALUE(TRIM(CLEAN(RIGHT(TableM6[[#This Row],[Down]],2)))),TableLasers[],COLUMN(TableLasers[S-DPH]),FALSE))","v":108696},{"$f":"SUM(LEFT(TableM6[[#This Row],[Main]],2)*VLOOKUP(VALUE(TRIM(CLEAN(RIGHT(TableM6[[#This Row],[Main]],2)))),TableLasers[],COLUMN(TableLasers[H-DPH]),FALSE),LEFT(TableM6[[#This Row],[Front]],2)*VLOOKUP(VALUE(TRIM(CLEAN(RIGHT(TableM6[[#This Row],[Front]],2)))),TableLasers[],COLUMN(TableLasers[H-DPH]),FALSE),LEFT(TableM6[[#This Row],[Back]],2)*VLOOKUP(VALUE(TRIM(CLEAN(RIGHT(TableM6[[#This Row],[Back]],2)))),TableLasers[],COLUMN(TableLasers[H-DPH]),FALSE),LEFT(TableM6[[#This Row],[Left]],2)*VLOOKUP(VALUE(TRIM(CLEAN(RIGHT(TableM6[[#This Row],[Left]],2)))),TableLasers[],COLUMN(TableLasers[H-DPH]),FALSE),LEFT(TableM6[[#This Row],[Right]],2)*VLOOKUP(VALUE(TRIM(CLEAN(RIGHT(TableM6[[#This Row],[Right]],2)))),TableLasers[],COLUMN(TableLasers[H-DPH]),FALSE),LEFT(TableM6[[#This Row],[Up]],2)*VLOOKUP(VALUE(TRIM(CLEAN(RIGHT(TableM6[[#This Row],[Up]],2)))),TableLasers[],COLUMN(TableLasers[H-DPH]),FALSE),LEFT(TableM6[[#This Row],[Down]],2)*VLOOKUP(VALUE(TRIM(CLEAN(RIGHT(TableM6[[#This Row],[Down]],2)))),TableLasers[],COLUMN(TableLasers[H-DPH]),FALSE))","v":21144},"00::01","00::00","02::01","04::18","04::18","02::01","02::01",null,4,2,4,4,2,2,"0,1,2",null,"0,1","5,18,2","5,18,2","0,1","0,1","0,1,3,5,12,17,22,23,10,11,13,14,18,19,25,35"]
[610,"Split","M6","Dragon","Sentinel",253.7602,133.55799999999999,26,"XL",52000,"200 MJ  ",4,2650,151.51515151515201,18,23400,639.66240000000005,1250,1,{"$f":"SUM(LEFT(TableM6[[#This Row],[Main]],2)*VLOOKUP(VALUE(TRIM(CLEAN(RIGHT(TableM6[[#This Row],[Main]],2)))),TableLasers[],COLUMN(TableLasers[S-DPH]),FALSE),LEFT(TableM6[[#This Row],[Front]],2)*VLOOKUP(VALUE(TRIM(CLEAN(RIGHT(TableM6[[#This Row],[Front]],2)))),TableLasers[],COLUMN(TableLasers[S-DPH]),FALSE),LEFT(TableM6[[#This Row],[Back]],2)*VLOOKUP(VALUE(TRIM(CLEAN(RIGHT(TableM6[[#This Row],[Back]],2)))),TableLasers[],COLUMN(TableLasers[S-DPH]),FALSE),LEFT(TableM6[[#This Row],[Left]],2)*VLOOKUP(VALUE(TRIM(CLEAN(RIGHT(TableM6[[#This Row],[Left]],2)))),TableLasers[],COLUMN(TableLasers[S-DPH]),FALSE),LEFT(TableM6[[#This Row],[Right]],2)*VLOOKUP(VALUE(TRIM(CLEAN(RIGHT(TableM6[[#This Row],[Right]],2)))),TableLasers[],COLUMN(TableLasers[S-DPH]),FALSE),LEFT(TableM6[[#This Row],[Up]],2)*VLOOKUP(VALUE(TRIM(CLEAN(RIGHT(TableM6[[#This Row],[Up]],2)))),TableLasers[],COLUMN(TableLasers[S-DPH]),FALSE),LEFT(TableM6[[#This Row],[Down]],2)*VLOOKUP(VALUE(TRIM(CLEAN(RIGHT(TableM6[[#This Row],[Down]],2)))),TableLasers[],COLUMN(TableLasers[S-DPH]),FALSE))","v":178128},{"$f":"SUM(LEFT(TableM6[[#This Row],[Main]],2)*VLOOKUP(VALUE(TRIM(CLEAN(RIGHT(TableM6[[#This Row],[Main]],2)))),TableLasers[],COLUMN(TableLasers[H-DPH]),FALSE),LEFT(TableM6[[#This Row],[Front]],2)*VLOOKUP(VALUE(TRIM(CLEAN(RIGHT(TableM6[[#This Row],[Front]],2)))),TableLasers[],COLUMN(TableLasers[H-DPH]),FALSE),LEFT(TableM6[[#This Row],[Back]],2)*VLOOKUP(VALUE(TRIM(CLEAN(RIGHT(TableM6[[#This Row],[Back]],2)))),TableLasers[],COLUMN(TableLasers[H-DPH]),FALSE),LEFT(TableM6[[#This Row],[Left]],2)*VLOOKUP(VALUE(TRIM(CLEAN(RIGHT(TableM6[[#This Row],[Left]],2)))),TableLasers[],COLUMN(TableLasers[H-DPH]),FALSE),LEFT(TableM6[[#This Row],[Right]],2)*VLOOKUP(VALUE(TRIM(CLEAN(RIGHT(TableM6[[#This Row],[Right]],2)))),TableLasers[],COLUMN(TableLasers[H-DPH]),FALSE),LEFT(TableM6[[#This Row],[Up]],2)*VLOOKUP(VALUE(TRIM(CLEAN(RIGHT(TableM6[[#This Row],[Up]],2)))),TableLasers[],COLUMN(TableLasers[H-DPH]),FALSE),LEFT(TableM6[[#This Row],[Down]],2)*VLOOKUP(VALUE(TRIM(CLEAN(RIGHT(TableM6[[#This Row],[Down]],2)))),TableLasers[],COLUMN(TableLasers[H-DPH]),FALSE))","v":27792},"04::15","00::00","02::15","04::15","04::15","02::15","02::15",4,null,2,4,4,2,2,"0,1,3,9,15,28,29,35",null,"0,1,6,7,9,15","0,1,6,7,9,15","0,1,6,7,9,15","0,1,6,7,9,15","0,1,6,7,9,15","0,1,3,5,12,17,22,23,10,11,13,14,18,19,25,35"]
[611,"Paranid","M6","Nemesis","Sentinel",207.4,103.7,19,"XL",65000,"200 MJ  ",5,3000,151.51515151515201,18,24000,654.55200000000002,1030,1,{"$f":"SUM(LEFT(TableM6[[#This Row],[Main]],2)*VLOOKUP(VALUE(TRIM(CLEAN(RIGHT(TableM6[[#This Row],[Main]],2)))),TableLasers[],COLUMN(TableLasers[S-DPH]),FALSE),LEFT(TableM6[[#This Row],[Front]],2)*VLOOKUP(VALUE(TRIM(CLEAN(RIGHT(TableM6[[#This Row],[Front]],2)))),TableLasers[],COLUMN(TableLasers[S-DPH]),FALSE),LEFT(TableM6[[#This Row],[Back]],2)*VLOOKUP(VALUE(TRIM(CLEAN(RIGHT(TableM6[[#This Row],[Back]],2)))),TableLasers[],COLUMN(TableLasers[S-DPH]),FALSE),LEFT(TableM6[[#This Row],[Left]],2)*VLOOKUP(VALUE(TRIM(CLEAN(RIGHT(TableM6[[#This Row],[Left]],2)))),TableLasers[],COLUMN(TableLasers[S-DPH]),FALSE),LEFT(TableM6[[#This Row],[Right]],2)*VLOOKUP(VALUE(TRIM(CLEAN(RIGHT(TableM6[[#This Row],[Right]],2)))),TableLasers[],COLUMN(TableLasers[S-DPH]),FALSE),LEFT(TableM6[[#This Row],[Up]],2)*VLOOKUP(VALUE(TRIM(CLEAN(RIGHT(TableM6[[#This Row],[Up]],2)))),TableLasers[],COLUMN(TableLasers[S-DPH]),FALSE),LEFT(TableM6[[#This Row],[Down]],2)*VLOOKUP(VALUE(TRIM(CLEAN(RIGHT(TableM6[[#This Row],[Down]],2)))),TableLasers[],COLUMN(TableLasers[S-DPH]),FALSE))","v":105992},{"$f":"SUM(LEFT(TableM6[[#This Row],[Main]],2)*VLOOKUP(VALUE(TRIM(CLEAN(RIGHT(TableM6[[#This Row],[Main]],2)))),TableLasers[],COLUMN(TableLasers[H-DPH]),FALSE),LEFT(TableM6[[#This Row],[Front]],2)*VLOOKUP(VALUE(TRIM(CLEAN(RIGHT(TableM6[[#This Row],[Front]],2)))),TableLasers[],COLUMN(TableLasers[H-DPH]),FALSE),LEFT(TableM6[[#This Row],[Back]],2)*VLOOKUP(VALUE(TRIM(CLEAN(RIGHT(TableM6[[#This Row],[Back]],2)))),TableLasers[],COLUMN(TableLasers[H-DPH]),FALSE),LEFT(TableM6[[#This Row],[Left]],2)*VLOOKUP(VALUE(TRIM(CLEAN(RIGHT(TableM6[[#This Row],[Left]],2)))),TableLasers[],COLUMN(TableLasers[H-DPH]),FALSE),LEFT(TableM6[[#This Row],[Right]],2)*VLOOKUP(VALUE(TRIM(CLEAN(RIGHT(TableM6[[#This Row],[Right]],2)))),TableLasers[],COLUMN(TableLasers[H-DPH]),FALSE),LEFT(TableM6[[#This Row],[Up]],2)*VLOOKUP(VALUE(TRIM(CLEAN(RIGHT(TableM6[[#This Row],[Up]],2)))),TableLasers[],COLUMN(TableLasers[H-DPH]),FALSE),LEFT(TableM6[[#This Row],[Down]],2)*VLOOKUP(VALUE(TRIM(CLEAN(RIGHT(TableM6[[#This Row],[Down]],2)))),TableLasers[],COLUMN(TableLasers[H-DPH]),FALSE))","v":19208},"00::00","04::20","04::06","04::06","04::06","01::06","01::06",null,4,4,4,4,1,1,null,"6,7,20","0,1,6,7","0,1,6,7","0,1,6,7","0,1,6,7","0,1,6,7","0,1,3,5,12,17,22,23,10,11,13,14,18,19,25,35"]
[625,"Argon","M6","Sirokos",null,256.60000000000002,128.30000000000001,23,"XL",46000,"200 MJ  ",4,3750,151.51515151515201,18,19500,508.36500000000001,1350,0,{"$f":"SUM(LEFT(TableM6[[#This Row],[Main]],2)*VLOOKUP(VALUE(TRIM(CLEAN(RIGHT(TableM6[[#This Row],[Main]],2)))),TableLasers[],COLUMN(TableLasers[S-DPH]),FALSE),LEFT(TableM6[[#This Row],[Front]],2)*VLOOKUP(VALUE(TRIM(CLEAN(RIGHT(TableM6[[#This Row],[Front]],2)))),TableLasers[],COLUMN(TableLasers[S-DPH]),FALSE),LEFT(TableM6[[#This Row],[Back]],2)*VLOOKUP(VALUE(TRIM(CLEAN(RIGHT(TableM6[[#This Row],[Back]],2)))),TableLasers[],COLUMN(TableLasers[S-DPH]),FALSE),LEFT(TableM6[[#This Row],[Left]],2)*VLOOKUP(VALUE(TRIM(CLEAN(RIGHT(TableM6[[#This Row],[Left]],2)))),TableLasers[],COLUMN(TableLasers[S-DPH]),FALSE),LEFT(TableM6[[#This Row],[Right]],2)*VLOOKUP(VALUE(TRIM(CLEAN(RIGHT(TableM6[[#This Row],[Right]],2)))),TableLasers[],COLUMN(TableLasers[S-DPH]),FALSE),LEFT(TableM6[[#This Row],[Up]],2)*VLOOKUP(VALUE(TRIM(CLEAN(RIGHT(TableM6[[#This Row],[Up]],2)))),TableLasers[],COLUMN(TableLasers[S-DPH]),FALSE),LEFT(TableM6[[#This Row],[Down]],2)*VLOOKUP(VALUE(TRIM(CLEAN(RIGHT(TableM6[[#This Row],[Down]],2)))),TableLasers[],COLUMN(TableLasers[S-DPH]),FALSE))","v":161040},{"$f":"SUM(LEFT(TableM6[[#This Row],[Main]],2)*VLOOKUP(VALUE(TRIM(CLEAN(RIGHT(TableM6[[#This Row],[Main]],2)))),TableLasers[],COLUMN(TableLasers[H-DPH]),FALSE),LEFT(TableM6[[#This Row],[Front]],2)*VLOOKUP(VALUE(TRIM(CLEAN(RIGHT(TableM6[[#This Row],[Front]],2)))),TableLasers[],COLUMN(TableLasers[H-DPH]),FALSE),LEFT(TableM6[[#This Row],[Back]],2)*VLOOKUP(VALUE(TRIM(CLEAN(RIGHT(TableM6[[#This Row],[Back]],2)))),TableLasers[],COLUMN(TableLasers[H-DPH]),FALSE),LEFT(TableM6[[#This Row],[Left]],2)*VLOOKUP(VALUE(TRIM(CLEAN(RIGHT(TableM6[[#This Row],[Left]],2)))),TableLasers[],COLUMN(TableLasers[H-DPH]),FALSE),LEFT(TableM6[[#This Row],[Right]],2)*VLOOKUP(VALUE(TRIM(CLEAN(RIGHT(TableM6[[#This Row],[Right]],2)))),TableLasers[],COLUMN(TableLasers[H-DPH]),FALSE),LEFT(TableM6[[#This Row],[Up]],2)*VLOOKUP(VALUE(TRIM(CLEAN(RIGHT(TableM6[[#This Row],[Up]],2)))),TableLasers[],COLUMN(TableLasers[H-DPH]),FALSE),LEFT(TableM6[[#This Row],[Down]],2)*VLOOKUP(VALUE(TRIM(CLEAN(RIGHT(TableM6[[#This Row],[Down]],2)))),TableLasers[],COLUMN(TableLasers[H-DPH]),FALSE))","v":9400},"08::14","00::00","03::04","02::13","02::13","00::00","00::00",8,null,3,2,2,null,null,"3,4,8,14,13,28,29,35",null,"0,1,3,4","3,4,13","3,4,13",null,null,"0,1,3,5,12,17,22,23,10,11,13,14,18,19,25,35"]
[626,"Yaki","M6","Appallox",null,249.25,99.7,21,"XL",90000,"200 MJ  ",5,3000,151.51515151515201,18,33000,878.03099999999995,2233,2,{"$f":"SUM(LEFT(TableM6[[#This Row],[Main]],2)*VLOOKUP(VALUE(TRIM(CLEAN(RIGHT(TableM6[[#This Row],[Main]],2)))),TableLasers[],COLUMN(TableLasers[S-DPH]),FALSE),LEFT(TableM6[[#This Row],[Front]],2)*VLOOKUP(VALUE(TRIM(CLEAN(RIGHT(TableM6[[#This Row],[Front]],2)))),TableLasers[],COLUMN(TableLasers[S-DPH]),FALSE),LEFT(TableM6[[#This Row],[Back]],2)*VLOOKUP(VALUE(TRIM(CLEAN(RIGHT(TableM6[[#This Row],[Back]],2)))),TableLasers[],COLUMN(TableLasers[S-DPH]),FALSE),LEFT(TableM6[[#This Row],[Left]],2)*VLOOKUP(VALUE(TRIM(CLEAN(RIGHT(TableM6[[#This Row],[Left]],2)))),TableLasers[],COLUMN(TableLasers[S-DPH]),FALSE),LEFT(TableM6[[#This Row],[Right]],2)*VLOOKUP(VALUE(TRIM(CLEAN(RIGHT(TableM6[[#This Row],[Right]],2)))),TableLasers[],COLUMN(TableLasers[S-DPH]),FALSE),LEFT(TableM6[[#This Row],[Up]],2)*VLOOKUP(VALUE(TRIM(CLEAN(RIGHT(TableM6[[#This Row],[Up]],2)))),TableLasers[],COLUMN(TableLasers[S-DPH]),FALSE),LEFT(TableM6[[#This Row],[Down]],2)*VLOOKUP(VALUE(TRIM(CLEAN(RIGHT(TableM6[[#This Row],[Down]],2)))),TableLasers[],COLUMN(TableLasers[S-DPH]),FALSE))","v":91464},{"$f":"SUM(LEFT(TableM6[[#This Row],[Main]],2)*VLOOKUP(VALUE(TRIM(CLEAN(RIGHT(TableM6[[#This Row],[Main]],2)))),TableLasers[],COLUMN(TableLasers[H-DPH]),FALSE),LEFT(TableM6[[#This Row],[Front]],2)*VLOOKUP(VALUE(TRIM(CLEAN(RIGHT(TableM6[[#This Row],[Front]],2)))),TableLasers[],COLUMN(TableLasers[H-DPH]),FALSE),LEFT(TableM6[[#This Row],[Back]],2)*VLOOKUP(VALUE(TRIM(CLEAN(RIGHT(TableM6[[#This Row],[Back]],2)))),TableLasers[],COLUMN(TableLasers[H-DPH]),FALSE),LEFT(TableM6[[#This Row],[Left]],2)*VLOOKUP(VALUE(TRIM(CLEAN(RIGHT(TableM6[[#This Row],[Left]],2)))),TableLasers[],COLUMN(TableLasers[H-DPH]),FALSE),LEFT(TableM6[[#This Row],[Right]],2)*VLOOKUP(VALUE(TRIM(CLEAN(RIGHT(TableM6[[#This Row],[Right]],2)))),TableLasers[],COLUMN(TableLasers[H-DPH]),FALSE),LEFT(TableM6[[#This Row],[Up]],2)*VLOOKUP(VALUE(TRIM(CLEAN(RIGHT(TableM6[[#This Row],[Up]],2)))),TableLasers[],COLUMN(TableLasers[H-DPH]),FALSE),LEFT(TableM6[[#This Row],[Down]],2)*VLOOKUP(VALUE(TRIM(CLEAN(RIGHT(TableM6[[#This Row],[Down]],2)))),TableLasers[],COLUMN(TableLasers[H-DPH]),FALSE))","v":16336},"08::20","02::06","03::06","00::00","00::00","00::00","00::00",8,2,3,null,null,null,null,"0,1,3,6,7,20,2,28,29,35","0,1,6,7","0,1,6,7",null,null,null,null,"0,1,3,5,12,17,22,23,10,11,13,14,18,19,25,35"]
[667,"Kha'ak","M6","Advanced Corvette",null,173.499,115.666,23,"XL",59500,"200 MJ  ",7,3900,227.272727272727,16,34500,1224.2670000000001,950,0,{"$f":"SUM(LEFT(TableM6[[#This Row],[Main]],2)*VLOOKUP(VALUE(TRIM(CLEAN(RIGHT(TableM6[[#This Row],[Main]],2)))),TableLasers[],COLUMN(TableLasers[S-DPH]),FALSE),LEFT(TableM6[[#This Row],[Front]],2)*VLOOKUP(VALUE(TRIM(CLEAN(RIGHT(TableM6[[#This Row],[Front]],2)))),TableLasers[],COLUMN(TableLasers[S-DPH]),FALSE),LEFT(TableM6[[#This Row],[Back]],2)*VLOOKUP(VALUE(TRIM(CLEAN(RIGHT(TableM6[[#This Row],[Back]],2)))),TableLasers[],COLUMN(TableLasers[S-DPH]),FALSE),LEFT(TableM6[[#This Row],[Left]],2)*VLOOKUP(VALUE(TRIM(CLEAN(RIGHT(TableM6[[#This Row],[Left]],2)))),TableLasers[],COLUMN(TableLasers[S-DPH]),FALSE),LEFT(TableM6[[#This Row],[Right]],2)*VLOOKUP(VALUE(TRIM(CLEAN(RIGHT(TableM6[[#This Row],[Right]],2)))),TableLasers[],COLUMN(TableLasers[S-DPH]),FALSE),LEFT(TableM6[[#This Row],[Up]],2)*VLOOKUP(VALUE(TRIM(CLEAN(RIGHT(TableM6[[#This Row],[Up]],2)))),TableLasers[],COLUMN(TableLasers[S-DPH]),FALSE),LEFT(TableM6[[#This Row],[Down]],2)*VLOOKUP(VALUE(TRIM(CLEAN(RIGHT(TableM6[[#This Row],[Down]],2)))),TableLasers[],COLUMN(TableLasers[S-DPH]),FALSE))","v":140160},{"$f":"SUM(LEFT(TableM6[[#This Row],[Main]],2)*VLOOKUP(VALUE(TRIM(CLEAN(RIGHT(TableM6[[#This Row],[Main]],2)))),TableLasers[],COLUMN(TableLasers[H-DPH]),FALSE),LEFT(TableM6[[#This Row],[Front]],2)*VLOOKUP(VALUE(TRIM(CLEAN(RIGHT(TableM6[[#This Row],[Front]],2)))),TableLasers[],COLUMN(TableLasers[H-DPH]),FALSE),LEFT(TableM6[[#This Row],[Back]],2)*VLOOKUP(VALUE(TRIM(CLEAN(RIGHT(TableM6[[#This Row],[Back]],2)))),TableLasers[],COLUMN(TableLasers[H-DPH]),FALSE),LEFT(TableM6[[#This Row],[Left]],2)*VLOOKUP(VALUE(TRIM(CLEAN(RIGHT(TableM6[[#This Row],[Left]],2)))),TableLasers[],COLUMN(TableLasers[H-DPH]),FALSE),LEFT(TableM6[[#This Row],[Right]],2)*VLOOKUP(VALUE(TRIM(CLEAN(RIGHT(TableM6[[#This Row],[Right]],2)))),TableLasers[],COLUMN(TableLasers[H-DPH]),FALSE),LEFT(TableM6[[#This Row],[Up]],2)*VLOOKUP(VALUE(TRIM(CLEAN(RIGHT(TableM6[[#This Row],[Up]],2)))),TableLasers[],COLUMN(TableLasers[H-DPH]),FALSE),LEFT(TableM6[[#This Row],[Down]],2)*VLOOKUP(VALUE(TRIM(CLEAN(RIGHT(TableM6[[#This Row],[Down]],2)))),TableLasers[],COLUMN(TableLasers[H-DPH]),FALSE))","v":30064},"10::43","00::00","00::00","00::00","00::00","03::43","03::43",10,null,null,null,null,3,3,"42,43",null,null,null,null,"42,43","42,43",26]
[674,"Pirates","M6","Katana",null,221,110.5,24,"XL",42000,"200 MJ  ",5,3650,151.51515151515201,12,23000,755.71100000000001,1500,1,{"$f":"SUM(LEFT(TableM6[[#This Row],[Main]],2)*VLOOKUP(VALUE(TRIM(CLEAN(RIGHT(TableM6[[#This Row],[Main]],2)))),TableLasers[],COLUMN(TableLasers[S-DPH]),FALSE),LEFT(TableM6[[#This Row],[Front]],2)*VLOOKUP(VALUE(TRIM(CLEAN(RIGHT(TableM6[[#This Row],[Front]],2)))),TableLasers[],COLUMN(TableLasers[S-DPH]),FALSE),LEFT(TableM6[[#This Row],[Back]],2)*VLOOKUP(VALUE(TRIM(CLEAN(RIGHT(TableM6[[#This Row],[Back]],2)))),TableLasers[],COLUMN(TableLasers[S-DPH]),FALSE),LEFT(TableM6[[#This Row],[Left]],2)*VLOOKUP(VALUE(TRIM(CLEAN(RIGHT(TableM6[[#This Row],[Left]],2)))),TableLasers[],COLUMN(TableLasers[S-DPH]),FALSE),LEFT(TableM6[[#This Row],[Right]],2)*VLOOKUP(VALUE(TRIM(CLEAN(RIGHT(TableM6[[#This Row],[Right]],2)))),TableLasers[],COLUMN(TableLasers[S-DPH]),FALSE),LEFT(TableM6[[#This Row],[Up]],2)*VLOOKUP(VALUE(TRIM(CLEAN(RIGHT(TableM6[[#This Row],[Up]],2)))),TableLasers[],COLUMN(TableLasers[S-DPH]),FALSE),LEFT(TableM6[[#This Row],[Down]],2)*VLOOKUP(VALUE(TRIM(CLEAN(RIGHT(TableM6[[#This Row],[Down]],2)))),TableLasers[],COLUMN(TableLasers[S-DPH]),FALSE))","v":63440},{"$f":"SUM(LEFT(TableM6[[#This Row],[Main]],2)*VLOOKUP(VALUE(TRIM(CLEAN(RIGHT(TableM6[[#This Row],[Main]],2)))),TableLasers[],COLUMN(TableLasers[H-DPH]),FALSE),LEFT(TableM6[[#This Row],[Front]],2)*VLOOKUP(VALUE(TRIM(CLEAN(RIGHT(TableM6[[#This Row],[Front]],2)))),TableLasers[],COLUMN(TableLasers[H-DPH]),FALSE),LEFT(TableM6[[#This Row],[Back]],2)*VLOOKUP(VALUE(TRIM(CLEAN(RIGHT(TableM6[[#This Row],[Back]],2)))),TableLasers[],COLUMN(TableLasers[H-DPH]),FALSE),LEFT(TableM6[[#This Row],[Left]],2)*VLOOKUP(VALUE(TRIM(CLEAN(RIGHT(TableM6[[#This Row],[Left]],2)))),TableLasers[],COLUMN(TableLasers[H-DPH]),FALSE),LEFT(TableM6[[#This Row],[Right]],2)*VLOOKUP(VALUE(TRIM(CLEAN(RIGHT(TableM6[[#This Row],[Right]],2)))),TableLasers[],COLUMN(TableLasers[H-DPH]),FALSE),LEFT(TableM6[[#This Row],[Up]],2)*VLOOKUP(VALUE(TRIM(CLEAN(RIGHT(TableM6[[#This Row],[Up]],2)))),TableLasers[],COLUMN(TableLasers[H-DPH]),FALSE),LEFT(TableM6[[#This Row],[Down]],2)*VLOOKUP(VALUE(TRIM(CLEAN(RIGHT(TableM6[[#This Row],[Down]],2)))),TableLasers[],COLUMN(TableLasers[H-DPH]),FALSE))","v":13506},"06::17","00::00","00::00","00::00","00::00","00::00","02::11",6,null,null,2,2,null,2,"3,10,11,17,2,28,29,35",null,null,null,null,null,"10,11,28,29,35","4,15,20,24,27,36,37,38,28,39"]
[675,"Pirates","M6","Shamshir(USC)",null,199.6,99.8,23,"XL",51000,"200 MJ  ",6,4100,151.51515151515201,18,29000,778.70799999999997,1180,1,{"$f":"SUM(LEFT(TableM6[[#This Row],[Main]],2)*VLOOKUP(VALUE(TRIM(CLEAN(RIGHT(TableM6[[#This Row],[Main]],2)))),TableLasers[],COLUMN(TableLasers[S-DPH]),FALSE),LEFT(TableM6[[#This Row],[Front]],2)*VLOOKUP(VALUE(TRIM(CLEAN(RIGHT(TableM6[[#This Row],[Front]],2)))),TableLasers[],COLUMN(TableLasers[S-DPH]),FALSE),LEFT(TableM6[[#This Row],[Back]],2)*VLOOKUP(VALUE(TRIM(CLEAN(RIGHT(TableM6[[#This Row],[Back]],2)))),TableLasers[],COLUMN(TableLasers[S-DPH]),FALSE),LEFT(TableM6[[#This Row],[Left]],2)*VLOOKUP(VALUE(TRIM(CLEAN(RIGHT(TableM6[[#This Row],[Left]],2)))),TableLasers[],COLUMN(TableLasers[S-DPH]),FALSE),LEFT(TableM6[[#This Row],[Right]],2)*VLOOKUP(VALUE(TRIM(CLEAN(RIGHT(TableM6[[#This Row],[Right]],2)))),TableLasers[],COLUMN(TableLasers[S-DPH]),FALSE),LEFT(TableM6[[#This Row],[Up]],2)*VLOOKUP(VALUE(TRIM(CLEAN(RIGHT(TableM6[[#This Row],[Up]],2)))),TableLasers[],COLUMN(TableLasers[S-DPH]),FALSE),LEFT(TableM6[[#This Row],[Down]],2)*VLOOKUP(VALUE(TRIM(CLEAN(RIGHT(TableM6[[#This Row],[Down]],2)))),TableLasers[],COLUMN(TableLasers[S-DPH]),FALSE))","v":53120},{"$f":"SUM(LEFT(TableM6[[#This Row],[Main]],2)*VLOOKUP(VALUE(TRIM(CLEAN(RIGHT(TableM6[[#This Row],[Main]],2)))),TableLasers[],COLUMN(TableLasers[H-DPH]),FALSE),LEFT(TableM6[[#This Row],[Front]],2)*VLOOKUP(VALUE(TRIM(CLEAN(RIGHT(TableM6[[#This Row],[Front]],2)))),TableLasers[],COLUMN(TableLasers[H-DPH]),FALSE),LEFT(TableM6[[#This Row],[Back]],2)*VLOOKUP(VALUE(TRIM(CLEAN(RIGHT(TableM6[[#This Row],[Back]],2)))),TableLasers[],COLUMN(TableLasers[H-DPH]),FALSE),LEFT(TableM6[[#This Row],[Left]],2)*VLOOKUP(VALUE(TRIM(CLEAN(RIGHT(TableM6[[#This Row],[Left]],2)))),TableLasers[],COLUMN(TableLasers[H-DPH]),FALSE),LEFT(TableM6[[#This Row],[Right]],2)*VLOOKUP(VALUE(TRIM(CLEAN(RIGHT(TableM6[[#This Row],[Right]],2)))),TableLasers[],COLUMN(TableLasers[H-DPH]),FALSE),LEFT(TableM6[[#This Row],[Up]],2)*VLOOKUP(VALUE(TRIM(CLEAN(RIGHT(TableM6[[#This Row],[Up]],2)))),TableLasers[],COLUMN(TableLasers[H-DPH]),FALSE),LEFT(TableM6[[#This Row],[Down]],2)*VLOOKUP(VALUE(TRIM(CLEAN(RIGHT(TableM6[[#This Row],[Down]],2)))),TableLasers[],COLUMN(TableLasers[H-DPH]),FALSE))","v":11118},"04::17","00::00","04::11","00::00","00::00","01::11","01::11",4,null,4,4,4,1,1,"3,10,11,17,2",null,"10,11,28,29,35",null,null,"10,11,28,29,35","10,11,28,29,35","4,15,20,24,27,36,37,38,28,39"]
[679,"ATF","M6","Vidar","Sentinel",204.4,102.2,23,"XL",56000,"200 MJ  ",6,4000,151.51515151515201,24,21000,742.72799999999995,1400,1,{"$f":"SUM(LEFT(TableM6[[#This Row],[Main]],2)*VLOOKUP(VALUE(TRIM(CLEAN(RIGHT(TableM6[[#This Row],[Main]],2)))),TableLasers[],COLUMN(TableLasers[S-DPH]),FALSE),LEFT(TableM6[[#This Row],[Front]],2)*VLOOKUP(VALUE(TRIM(CLEAN(RIGHT(TableM6[[#This Row],[Front]],2)))),TableLasers[],COLUMN(TableLasers[S-DPH]),FALSE),LEFT(TableM6[[#This Row],[Back]],2)*VLOOKUP(VALUE(TRIM(CLEAN(RIGHT(TableM6[[#This Row],[Back]],2)))),TableLasers[],COLUMN(TableLasers[S-DPH]),FALSE),LEFT(TableM6[[#This Row],[Left]],2)*VLOOKUP(VALUE(TRIM(CLEAN(RIGHT(TableM6[[#This Row],[Left]],2)))),TableLasers[],COLUMN(TableLasers[S-DPH]),FALSE),LEFT(TableM6[[#This Row],[Right]],2)*VLOOKUP(VALUE(TRIM(CLEAN(RIGHT(TableM6[[#This Row],[Right]],2)))),TableLasers[],COLUMN(TableLasers[S-DPH]),FALSE),LEFT(TableM6[[#This Row],[Up]],2)*VLOOKUP(VALUE(TRIM(CLEAN(RIGHT(TableM6[[#This Row],[Up]],2)))),TableLasers[],COLUMN(TableLasers[S-DPH]),FALSE),LEFT(TableM6[[#This Row],[Down]],2)*VLOOKUP(VALUE(TRIM(CLEAN(RIGHT(TableM6[[#This Row],[Down]],2)))),TableLasers[],COLUMN(TableLasers[S-DPH]),FALSE))","v":67040},{"$f":"SUM(LEFT(TableM6[[#This Row],[Main]],2)*VLOOKUP(VALUE(TRIM(CLEAN(RIGHT(TableM6[[#This Row],[Main]],2)))),TableLasers[],COLUMN(TableLasers[H-DPH]),FALSE),LEFT(TableM6[[#This Row],[Front]],2)*VLOOKUP(VALUE(TRIM(CLEAN(RIGHT(TableM6[[#This Row],[Front]],2)))),TableLasers[],COLUMN(TableLasers[H-DPH]),FALSE),LEFT(TableM6[[#This Row],[Back]],2)*VLOOKUP(VALUE(TRIM(CLEAN(RIGHT(TableM6[[#This Row],[Back]],2)))),TableLasers[],COLUMN(TableLasers[H-DPH]),FALSE),LEFT(TableM6[[#This Row],[Left]],2)*VLOOKUP(VALUE(TRIM(CLEAN(RIGHT(TableM6[[#This Row],[Left]],2)))),TableLasers[],COLUMN(TableLasers[H-DPH]),FALSE),LEFT(TableM6[[#This Row],[Right]],2)*VLOOKUP(VALUE(TRIM(CLEAN(RIGHT(TableM6[[#This Row],[Right]],2)))),TableLasers[],COLUMN(TableLasers[H-DPH]),FALSE),LEFT(TableM6[[#This Row],[Up]],2)*VLOOKUP(VALUE(TRIM(CLEAN(RIGHT(TableM6[[#This Row],[Up]],2)))),TableLasers[],COLUMN(TableLasers[H-DPH]),FALSE),LEFT(TableM6[[#This Row],[Down]],2)*VLOOKUP(VALUE(TRIM(CLEAN(RIGHT(TableM6[[#This Row],[Down]],2)))),TableLasers[],COLUMN(TableLasers[H-DPH]),FALSE))","v":13836},"04::17","00::00","00::00","04::11","04::11","02::11","02::11",4,null,null,4,4,2,2,"10,11,17",null,null,"10,11,28,29,35","10,11,28,29,35","10,11,28,29,35","10,11,28,29,35","4,15,20,24,27,36,37,38,28,39"]

{"sheet":"M7","index":11,"n_rows":51,"n_cols":43,"rows_kept":51,"cut":false,"hidden":false,"merged":[]}
["ID","Race","Class","Name","Variation","Speed","Accel","AAccel","CClass","Hull","SType","SCount","SPower","SRTime","LCount","LEnergy","LRRate","MaxCargo","Hangar","S-Damage","H-Damage","Main","Front","Back","Left","Right","Up","Down","nMain","nFront","nBack","nLeft","nRight","nUp","nDown","xMain","xFront","xBack","xLeft","xRight","xUp","xDown","Missiles"]
[28,"Argon","M7","Cerberus",null,143.1,79.5,12,"XXL",150000,"1 GJ ",3,5500,434.78260869565202,30,63000,1925.028,3900,8,{"$f":"SUM(LEFT(TableM7[[#This Row],[Main]],2)*VLOOKUP(VALUE(TRIM(CLEAN(RIGHT(TableM7[[#This Row],[Main]],2)))),TableLasers[],COLUMN(TableLasers[S-DPH]),FALSE),LEFT(TableM7[[#This Row],[Front]],2)*VLOOKUP(VALUE(TRIM(CLEAN(RIGHT(TableM7[[#This Row],[Front]],2)))),TableLasers[],COLUMN(TableLasers[S-DPH]),FALSE),LEFT(TableM7[[#This Row],[Back]],2)*VLOOKUP(VALUE(TRIM(CLEAN(RIGHT(TableM7[[#This Row],[Back]],2)))),TableLasers[],COLUMN(TableLasers[S-DPH]),FALSE),LEFT(TableM7[[#This Row],[Left]],2)*VLOOKUP(VALUE(TRIM(CLEAN(RIGHT(TableM7[[#This Row],[Left]],2)))),TableLasers[],COLUMN(TableLasers[S-DPH]),FALSE),LEFT(TableM7[[#This Row],[Right]],2)*VLOOKUP(VALUE(TRIM(CLEAN(RIGHT(TableM7[[#This Row],[Right]],2)))),TableLasers[],COLUMN(TableLasers[S-DPH]),FALSE),LEFT(TableM7[[#This Row],[Up]],2)*VLOOKUP(VALUE(TRIM(CLEAN(RIGHT(TableM7[[#This Row],[Up]],2)))),TableLasers[],COLUMN(TableLasers[S-DPH]),FALSE),LEFT(TableM7[[#This Row],[Down]],2)*VLOOKUP(VALUE(TRIM(CLEAN(RIGHT(TableM7[[#This Row],[Down]],2)))),TableLasers[],COLUMN(TableLasers[S-DPH]),FALSE))","v":102200},{"$f":"SUM(LEFT(TableM7[[#This Row],[Main]],2)*VLOOKUP(VALUE(TRIM(CLEAN(RIGHT(TableM7[[#This Row],[Main]],2)))),TableLasers[],COLUMN(TableLasers[H-DPH]),FALSE),LEFT(TableM7[[#This Row],[Front]],2)*VLOOKUP(VALUE(TRIM(CLEAN(RIGHT(TableM7[[#This Row],[Front]],2)))),TableLasers[],COLUMN(TableLasers[H-DPH]),FALSE),LEFT(TableM7[[#This Row],[Back]],2)*VLOOKUP(VALUE(TRIM(CLEAN(RIGHT(TableM7[[#This Row],[Back]],2)))),TableLasers[],COLUMN(TableLasers[H-DPH]),FALSE),LEFT(TableM7[[#This Row],[Left]],2)*VLOOKUP(VALUE(TRIM(CLEAN(RIGHT(TableM7[[#This Row],[Left]],2)))),TableLasers[],COLUMN(TableLasers[H-DPH]),FALSE),LEFT(TableM7[[#This Row],[Right]],2)*VLOOKUP(VALUE(TRIM(CLEAN(RIGHT(TableM7[[#This Row],[Right]],2)))),TableLasers[],COLUMN(TableLasers[H-DPH]),FALSE),LEFT(TableM7[[#This Row],[Up]],2)*VLOOKUP(VALUE(TRIM(CLEAN(RIGHT(TableM7[[#This Row],[Up]],2)))),TableLasers[],COLUMN(TableLasers[H-DPH]),FALSE),LEFT(TableM7[[#This Row],[Down]],2)*VLOOKUP(VALUE(TRIM(CLEAN(RIGHT(TableM7[[#This Row],[Down]],2)))),TableLasers[],COLUMN(TableLasers[H-DPH]),FALSE))","v":24052},"08::13","00::00","06::23","00::00","00::00","06::23","06::23",8,null,6,2,2,6,6,"3,4,23,13",null,"0,1,4,23",null,null,"0,1,4,23","0,1,4,23","0,1,3,5,12,17,22,23,10,11,13,14,18,19,25,35"]
[29,"Argon","M7","Minotaur",null,69.999200000000002,41.176000000000002,9,"XXL",350000,"1 GJ ",3,14400,217.39130434782601,22,11050,276.25,8000,1,{"$f":"SUM(LEFT(TableM7[[#This Row],[Main]],2)*VLOOKUP(VALUE(TRIM(CLEAN(RIGHT(TableM7[[#This Row],[Main]],2)))),TableLasers[],COLUMN(TableLasers[S-DPH]),FALSE),LEFT(TableM7[[#This Row],[Front]],2)*VLOOKUP(VALUE(TRIM(CLEAN(RIGHT(TableM7[[#This Row],[Front]],2)))),TableLasers[],COLUMN(TableLasers[S-DPH]),FALSE),LEFT(TableM7[[#This Row],[Back]],2)*VLOOKUP(VALUE(TRIM(CLEAN(RIGHT(TableM7[[#This Row],[Back]],2)))),TableLasers[],COLUMN(TableLasers[S-DPH]),FALSE),LEFT(TableM7[[#This Row],[Left]],2)*VLOOKUP(VALUE(TRIM(CLEAN(RIGHT(TableM7[[#This Row],[Left]],2)))),TableLasers[],COLUMN(TableLasers[S-DPH]),FALSE),LEFT(TableM7[[#This Row],[Right]],2)*VLOOKUP(VALUE(TRIM(CLEAN(RIGHT(TableM7[[#This Row],[Right]],2)))),TableLasers[],COLUMN(TableLasers[S-DPH]),FALSE),LEFT(TableM7[[#This Row],[Up]],2)*VLOOKUP(VALUE(TRIM(CLEAN(RIGHT(TableM7[[#This Row],[Up]],2)))),TableLasers[],COLUMN(TableLasers[S-DPH]),FALSE),LEFT(TableM7[[#This Row],[Down]],2)*VLOOKUP(VALUE(TRIM(CLEAN(RIGHT(TableM7[[#This Row],[Down]],2)))),TableLasers[],COLUMN(TableLasers[S-DPH]),FALSE))","v":12600},{"$f":"SUM(LEFT(TableM7[[#This Row],[Main]],2)*VLOOKUP(VALUE(TRIM(CLEAN(RIGHT(TableM7[[#This Row],[Main]],2)))),TableLasers[],COLUMN(TableLasers[H-DPH]),FALSE),LEFT(TableM7[[#This Row],[Front]],2)*VLOOKUP(VALUE(TRIM(CLEAN(RIGHT(TableM7[[#This Row],[Front]],2)))),TableLasers[],COLUMN(TableLasers[H-DPH]),FALSE),LEFT(TableM7[[#This Row],[Back]],2)*VLOOKUP(VALUE(TRIM(CLEAN(RIGHT(TableM7[[#This Row],[Back]],2)))),TableLasers[],COLUMN(TableLasers[H-DPH]),FALSE),LEFT(TableM7[[#This Row],[Left]],2)*VLOOKUP(VALUE(TRIM(CLEAN(RIGHT(TableM7[[#This Row],[Left]],2)))),TableLasers[],COLUMN(TableLasers[H-DPH]),FALSE),LEFT(TableM7[[#This Row],[Right]],2)*VLOOKUP(VALUE(TRIM(CLEAN(RIGHT(TableM7[[#This Row],[Right]],2)))),TableLasers[],COLUMN(TableLasers[H-DPH]),FALSE),LEFT(TableM7[[#This Row],[Up]],2)*VLOOKUP(VALUE(TRIM(CLEAN(RIGHT(TableM7[[#This Row],[Up]],2)))),TableLasers[],COLUMN(TableLasers[H-DPH]),FALSE),LEFT(TableM7[[#This Row],[Down]],2)*VLOOKUP(VALUE(TRIM(CLEAN(RIGHT(TableM7[[#This Row],[Down]],2)))),TableLasers[],COLUMN(TableLasers[H-DPH]),FALSE))","v":4284},"00::00","00::00","04::23","00::00","00::00","02::23","00::00",null,8,4,4,4,2,null,null,null,"0,1,4,23",null,null,"0,1,4,23",null,"29,30,41"]
[70,"Split","M7","Tiger",null,130.32,72.400000000000006,12,"XXL",120000,"1 GJ ",4,6200,434.78260869565202,21,53000,1855,4100,1,{"$f":"SUM(LEFT(TableM7[[#This Row],[Main]],2)*VLOOKUP(VALUE(TRIM(CLEAN(RIGHT(TableM7[[#This Row],[Main]],2)))),TableLasers[],COLUMN(TableLasers[S-DPH]),FALSE),LEFT(TableM7[[#This Row],[Front]],2)*VLOOKUP(VALUE(TRIM(CLEAN(RIGHT(TableM7[[#This Row],[Front]],2)))),TableLasers[],COLUMN(TableLasers[S-DPH]),FALSE),LEFT(TableM7[[#This Row],[Back]],2)*VLOOKUP(VALUE(TRIM(CLEAN(RIGHT(TableM7[[#This Row],[Back]],2)))),TableLasers[],COLUMN(TableLasers[S-DPH]),FALSE),LEFT(TableM7[[#This Row],[Left]],2)*VLOOKUP(VALUE(TRIM(CLEAN(RIGHT(TableM7[[#This Row],[Left]],2)))),TableLasers[],COLUMN(TableLasers[S-DPH]),FALSE),LEFT(TableM7[[#This Row],[Right]],2)*VLOOKUP(VALUE(TRIM(CLEAN(RIGHT(TableM7[[#This Row],[Right]],2)))),TableLasers[],COLUMN(TableLasers[S-DPH]),FALSE),LEFT(TableM7[[#This Row],[Up]],2)*VLOOKUP(VALUE(TRIM(CLEAN(RIGHT(TableM7[[#This Row],[Up]],2)))),TableLasers[],COLUMN(TableLasers[S-DPH]),FALSE),LEFT(TableM7[[#This Row],[Down]],2)*VLOOKUP(VALUE(TRIM(CLEAN(RIGHT(TableM7[[#This Row],[Down]],2)))),TableLasers[],COLUMN(TableLasers[S-DPH]),FALSE))","v":207816},{"$f":"SUM(LEFT(TableM7[[#This Row],[Main]],2)*VLOOKUP(VALUE(TRIM(CLEAN(RIGHT(TableM7[[#This Row],[Main]],2)))),TableLasers[],COLUMN(TableLasers[H-DPH]),FALSE),LEFT(TableM7[[#This Row],[Front]],2)*VLOOKUP(VALUE(TRIM(CLEAN(RIGHT(TableM7[[#This Row],[Front]],2)))),TableLasers[],COLUMN(TableLasers[H-DPH]),FALSE),LEFT(TableM7[[#This Row],[Back]],2)*VLOOKUP(VALUE(TRIM(CLEAN(RIGHT(TableM7[[#This Row],[Back]],2)))),TableLasers[],COLUMN(TableLasers[H-DPH]),FALSE),LEFT(TableM7[[#This Row],[Left]],2)*VLOOKUP(VALUE(TRIM(CLEAN(RIGHT(TableM7[[#This Row],[Left]],2)))),TableLasers[],COLUMN(TableLasers[H-DPH]),FALSE),LEFT(TableM7[[#This Row],[Right]],2)*VLOOKUP(VALUE(TRIM(CLEAN(RIGHT(TableM7[[#This Row],[Right]],2)))),TableLasers[],COLUMN(TableLasers[H-DPH]),FALSE),LEFT(TableM7[[#This Row],[Up]],2)*VLOOKUP(VALUE(TRIM(CLEAN(RIGHT(TableM7[[#This Row],[Up]],2)))),TableLasers[],COLUMN(TableLasers[H-DPH]),FALSE),LEFT(TableM7[[#This Row],[Down]],2)*VLOOKUP(VALUE(TRIM(CLEAN(RIGHT(TableM7[[#This Row],[Down]],2)))),TableLasers[],COLUMN(TableLasers[H-DPH]),FALSE))","v":32424},"08::15","00::00","03::15","03::15","03::15","02::15","02::15",8,null,3,3,3,2,2,"3,9,15,28,29,35",null,"9,15,24,28,29,35","3,9,15","3,9,15","0,1,3,9,15,24","0,1,3,9,15,24","0,1,3,5,12,17,22,23,10,11,13,14,18,19,25,35"]
[71,"Split","M7","Cobra",null,97.998199999999997,57.646000000000001,9,"XXL",280000,"1 GJ ",3,14400,217.39130434782601,17,13050,326.25,7000,1,{"$f":"SUM(LEFT(TableM7[[#This Row],[Main]],2)*VLOOKUP(VALUE(TRIM(CLEAN(RIGHT(TableM7[[#This Row],[Main]],2)))),TableLasers[],COLUMN(TableLasers[S-DPH]),FALSE),LEFT(TableM7[[#This Row],[Front]],2)*VLOOKUP(VALUE(TRIM(CLEAN(RIGHT(TableM7[[#This Row],[Front]],2)))),TableLasers[],COLUMN(TableLasers[S-DPH]),FALSE),LEFT(TableM7[[#This Row],[Back]],2)*VLOOKUP(VALUE(TRIM(CLEAN(RIGHT(TableM7[[#This Row],[Back]],2)))),TableLasers[],COLUMN(TableLasers[S-DPH]),FALSE),LEFT(TableM7[[#This Row],[Left]],2)*VLOOKUP(VALUE(TRIM(CLEAN(RIGHT(TableM7[[#This Row],[Left]],2)))),TableLasers[],COLUMN(TableLasers[S-DPH]),FALSE),LEFT(TableM7[[#This Row],[Right]],2)*VLOOKUP(VALUE(TRIM(CLEAN(RIGHT(TableM7[[#This Row],[Right]],2)))),TableLasers[],COLUMN(TableLasers[S-DPH]),FALSE),LEFT(TableM7[[#This Row],[Up]],2)*VLOOKUP(VALUE(TRIM(CLEAN(RIGHT(TableM7[[#This Row],[Up]],2)))),TableLasers[],COLUMN(TableLasers[S-DPH]),FALSE),LEFT(TableM7[[#This Row],[Down]],2)*VLOOKUP(VALUE(TRIM(CLEAN(RIGHT(TableM7[[#This Row],[Down]],2)))),TableLasers[],COLUMN(TableLasers[S-DPH]),FALSE))","v":49480},{"$f":"SUM(LEFT(TableM7[[#This Row],[Main]],2)*VLOOKUP(VALUE(TRIM(CLEAN(RIGHT(TableM7[[#This Row],[Main]],2)))),TableLasers[],COLUMN(TableLasers[H-DPH]),FALSE),LEFT(TableM7[[#This Row],[Front]],2)*VLOOKUP(VALUE(TRIM(CLEAN(RIGHT(TableM7[[#This Row],[Front]],2)))),TableLasers[],COLUMN(TableLasers[H-DPH]),FALSE),LEFT(TableM7[[#This Row],[Back]],2)*VLOOKUP(VALUE(TRIM(CLEAN(RIGHT(TableM7[[#This Row],[Back]],2)))),TableLasers[],COLUMN(TableLasers[H-DPH]),FALSE),LEFT(TableM7[[#This Row],[Left]],2)*VLOOKUP(VALUE(TRIM(CLEAN(RIGHT(TableM7[[#This Row],[Left]],2)))),TableLasers[],COLUMN(TableLasers[H-DPH]),FALSE),LEFT(TableM7[[#This Row],[Right]],2)*VLOOKUP(VALUE(TRIM(CLEAN(RIGHT(TableM7[[#This Row],[Right]],2)))),TableLasers[],COLUMN(TableLasers[H-DPH]),FALSE),LEFT(TableM7[[#This Row],[Up]],2)*VLOOKUP(VALUE(TRIM(CLEAN(RIGHT(TableM7[[#This Row],[Up]],2)))),TableLasers[],COLUMN(TableLasers[H-DPH]),FALSE),LEFT(TableM7[[#This Row],[Down]],2)*VLOOKUP(VALUE(TRIM(CLEAN(RIGHT(TableM7[[#This Row],[Down]],2)))),TableLasers[],COLUMN(TableLasers[H-DPH]),FALSE))","v":7720},"00::00","03::15","02::15","00::00","00::00","00::00","00::00",null,3,2,null,null,null,null,null,"3,9,15,28,29,35","9,15,24,28,29,35",null,null,null,null,"29,30,41"]
[101,"Paranid","M7","Deimos",null,124.1,73,11,"XXL",150000,"1 GJ ",5,6100,434.78260869565202,18,62000,1550,3600,10,{"$f":"SUM(LEFT(TableM7[[#This Row],[Main]],2)*VLOOKUP(VALUE(TRIM(CLEAN(RIGHT(TableM7[[#This Row],[Main]],2)))),TableLasers[],COLUMN(TableLasers[S-DPH]),FALSE),LEFT(TableM7[[#This Row],[Front]],2)*VLOOKUP(VALUE(TRIM(CLEAN(RIGHT(TableM7[[#This Row],[Front]],2)))),TableLasers[],COLUMN(TableLasers[S-DPH]),FALSE),LEFT(TableM7[[#This Row],[Back]],2)*VLOOKUP(VALUE(TRIM(CLEAN(RIGHT(TableM7[[#This Row],[Back]],2)))),TableLasers[],COLUMN(TableLasers[S-DPH]),FALSE),LEFT(TableM7[[#This Row],[Left]],2)*VLOOKUP(VALUE(TRIM(CLEAN(RIGHT(TableM7[[#This Row],[Left]],2)))),TableLasers[],COLUMN(TableLasers[S-DPH]),FALSE),LEFT(TableM7[[#This Row],[Right]],2)*VLOOKUP(VALUE(TRIM(CLEAN(RIGHT(TableM7[[#This Row],[Right]],2)))),TableLasers[],COLUMN(TableLasers[S-DPH]),FALSE),LEFT(TableM7[[#This Row],[Up]],2)*VLOOKUP(VALUE(TRIM(CLEAN(RIGHT(TableM7[[#This Row],[Up]],2)))),TableLasers[],COLUMN(TableLasers[S-DPH]),FALSE),LEFT(TableM7[[#This Row],[Down]],2)*VLOOKUP(VALUE(TRIM(CLEAN(RIGHT(TableM7[[#This Row],[Down]],2)))),TableLasers[],COLUMN(TableLasers[S-DPH]),FALSE))","v":129336},{"$f":"SUM(LEFT(TableM7[[#This Row],[Main]],2)*VLOOKUP(VALUE(TRIM(CLEAN(RIGHT(TableM7[[#This Row],[Main]],2)))),TableLasers[],COLUMN(TableLasers[H-DPH]),FALSE),LEFT(TableM7[[#This Row],[Front]],2)*VLOOKUP(VALUE(TRIM(CLEAN(RIGHT(TableM7[[#This Row],[Front]],2)))),TableLasers[],COLUMN(TableLasers[H-DPH]),FALSE),LEFT(TableM7[[#This Row],[Back]],2)*VLOOKUP(VALUE(TRIM(CLEAN(RIGHT(TableM7[[#This Row],[Back]],2)))),TableLasers[],COLUMN(TableLasers[H-DPH]),FALSE),LEFT(TableM7[[#This Row],[Left]],2)*VLOOKUP(VALUE(TRIM(CLEAN(RIGHT(TableM7[[#This Row],[Left]],2)))),TableLasers[],COLUMN(TableLasers[H-DPH]),FALSE),LEFT(TableM7[[#This Row],[Right]],2)*VLOOKUP(VALUE(TRIM(CLEAN(RIGHT(TableM7[[#This Row],[Right]],2)))),TableLasers[],COLUMN(TableLasers[H-DPH]),FALSE),LEFT(TableM7[[#This Row],[Up]],2)*VLOOKUP(VALUE(TRIM(CLEAN(RIGHT(TableM7[[#This Row],[Up]],2)))),TableLasers[],COLUMN(TableLasers[H-DPH]),FALSE),LEFT(TableM7[[#This Row],[Down]],2)*VLOOKUP(VALUE(TRIM(CLEAN(RIGHT(TableM7[[#This Row],[Down]],2)))),TableLasers[],COLUMN(TableLasers[H-DPH]),FALSE))","v":23064},"08::20","00::00","02::06","02::20","02::20","02::06","02::06",8,null,2,2,2,2,2,"6,7,20,28,29,35",null,"6,7,22,28,29,35","6,7,20","6,7,20","0,1,6,7,22","0,1,6,7,22","0,1,3,5,12,17,22,23,10,11,13,14,18,19,25,35"]
[102,"Paranid","M7","Ares",null,77.003200000000007,45.295999999999999,9,"XXL",350000,"2 GJ ",2,12400,363.63636363636402,26,11350,283.75,7000,1,{"$f":"SUM(LEFT(TableM7[[#This Row],[Main]],2)*VLOOKUP(VALUE(TRIM(CLEAN(RIGHT(TableM7[[#This Row],[Main]],2)))),TableLasers[],COLUMN(TableLasers[S-DPH]),FALSE),LEFT(TableM7[[#This Row],[Front]],2)*VLOOKUP(VALUE(TRIM(CLEAN(RIGHT(TableM7[[#This Row],[Front]],2)))),TableLasers[],COLUMN(TableLasers[S-DPH]),FALSE),LEFT(TableM7[[#This Row],[Back]],2)*VLOOKUP(VALUE(TRIM(CLEAN(RIGHT(TableM7[[#This Row],[Back]],2)))),TableLasers[],COLUMN(TableLasers[S-DPH]),FALSE),LEFT(TableM7[[#This Row],[Left]],2)*VLOOKUP(VALUE(TRIM(CLEAN(RIGHT(TableM7[[#This Row],[Left]],2)))),TableLasers[],COLUMN(TableLasers[S-DPH]),FALSE),LEFT(TableM7[[#This Row],[Right]],2)*VLOOKUP(VALUE(TRIM(CLEAN(RIGHT(TableM7[[#This Row],[Right]],2)))),TableLasers[],COLUMN(TableLasers[S-DPH]),FALSE),LEFT(TableM7[[#This Row],[Up]],2)*VLOOKUP(VALUE(TRIM(CLEAN(RIGHT(TableM7[[#This Row],[Up]],2)))),TableLasers[],COLUMN(TableLasers[S-DPH]),FALSE),LEFT(TableM7[[#This Row],[Down]],2)*VLOOKUP(VALUE(TRIM(CLEAN(RIGHT(TableM7[[#This Row],[Down]],2)))),TableLasers[],COLUMN(TableLasers[S-DPH]),FALSE))","v":31440},{"$f":"SUM(LEFT(TableM7[[#This Row],[Main]],2)*VLOOKUP(VALUE(TRIM(CLEAN(RIGHT(TableM7[[#This Row],[Main]],2)))),TableLasers[],COLUMN(TableLasers[H-DPH]),FALSE),LEFT(TableM7[[#This Row],[Front]],2)*VLOOKUP(VALUE(TRIM(CLEAN(RIGHT(TableM7[[#This Row],[Front]],2)))),TableLasers[],COLUMN(TableLasers[H-DPH]),FALSE),LEFT(TableM7[[#This Row],[Back]],2)*VLOOKUP(VALUE(TRIM(CLEAN(RIGHT(TableM7[[#This Row],[Back]],2)))),TableLasers[],COLUMN(TableLasers[H-DPH]),FALSE),LEFT(TableM7[[#This Row],[Left]],2)*VLOOKUP(VALUE(TRIM(CLEAN(RIGHT(TableM7[[#This Row],[Left]],2)))),TableLasers[],COLUMN(TableLasers[H-DPH]),FALSE),LEFT(TableM7[[#This Row],[Right]],2)*VLOOKUP(VALUE(TRIM(CLEAN(RIGHT(TableM7[[#This Row],[Right]],2)))),TableLasers[],COLUMN(TableLasers[H-DPH]),FALSE),LEFT(TableM7[[#This Row],[Up]],2)*VLOOKUP(VALUE(TRIM(CLEAN(RIGHT(TableM7[[#This Row],[Up]],2)))),TableLasers[],COLUMN(TableLasers[H-DPH]),FALSE),LEFT(TableM7[[#This Row],[Down]],2)*VLOOKUP(VALUE(TRIM(CLEAN(RIGHT(TableM7[[#This Row],[Down]],2)))),TableLasers[],COLUMN(TableLasers[H-DPH]),FALSE))","v":5760},"00::00","00::00","04::06","00::00","00::00","00::00","02::06",null,null,4,8,8,2,2,null,null,"6,7,22,28,29,35",null,null,null,"0,1,6,7,22","29,30,41"]
[133,"Boron","M7","Thresher",null,113.05,66.5,11,"XXL",235000,"1 GJ ",4,8000,217.39130434782601,26,60500,1512.5,5750,1,{"$f":"SUM(LEFT(TableM7[[#This Row],[Main]],2)*VLOOKUP(VALUE(TRIM(CLEAN(RIGHT(TableM7[[#This Row],[Main]],2)))),TableLasers[],COLUMN(TableLasers[S-DPH]),FALSE),LEFT(TableM7[[#This Row],[Front]],2)*VLOOKUP(VALUE(TRIM(CLEAN(RIGHT(TableM7[[#This Row],[Front]],2)))),TableLasers[],COLUMN(TableLasers[S-DPH]),FALSE),LEFT(TableM7[[#This Row],[Back]],2)*VLOOKUP(VALUE(TRIM(CLEAN(RIGHT(TableM7[[#This Row],[Back]],2)))),TableLasers[],COLUMN(TableLasers[S-DPH]),FALSE),LEFT(TableM7[[#This Row],[Left]],2)*VLOOKUP(VALUE(TRIM(CLEAN(RIGHT(TableM7[[#This Row],[Left]],2)))),TableLasers[],COLUMN(TableLasers[S-DPH]),FALSE),LEFT(TableM7[[#This Row],[Right]],2)*VLOOKUP(VALUE(TRIM(CLEAN(RIGHT(TableM7[[#This Row],[Right]],2)))),TableLasers[],COLUMN(TableLasers[S-DPH]),FALSE),LEFT(TableM7[[#This Row],[Up]],2)*VLOOKUP(VALUE(TRIM(CLEAN(RIGHT(TableM7[[#This Row],[Up]],2)))),TableLasers[],COLUMN(TableLasers[S-DPH]),FALSE),LEFT(TableM7[[#This Row],[Down]],2)*VLOOKUP(VALUE(TRIM(CLEAN(RIGHT(TableM7[[#This Row],[Down]],2)))),TableLasers[],COLUMN(TableLasers[S-DPH]),FALSE))","v":810600},{"$f":"SUM(LEFT(TableM7[[#This Row],[Main]],2)*VLOOKUP(VALUE(TRIM(CLEAN(RIGHT(TableM7[[#This Row],[Main]],2)))),TableLasers[],COLUMN(TableLasers[H-DPH]),FALSE),LEFT(TableM7[[#This Row],[Front]],2)*VLOOKUP(VALUE(TRIM(CLEAN(RIGHT(TableM7[[#This Row],[Front]],2)))),TableLasers[],COLUMN(TableLasers[H-DPH]),FALSE),LEFT(TableM7[[#This Row],[Back]],2)*VLOOKUP(VALUE(TRIM(CLEAN(RIGHT(TableM7[[#This Row],[Back]],2)))),TableLasers[],COLUMN(TableLasers[H-DPH]),FALSE),LEFT(TableM7[[#This Row],[Left]],2)*VLOOKUP(VALUE(TRIM(CLEAN(RIGHT(TableM7[[#This Row],[Left]],2)))),TableLasers[],COLUMN(TableLasers[H-DPH]),FALSE),LEFT(TableM7[[#This Row],[Right]],2)*VLOOKUP(VALUE(TRIM(CLEAN(RIGHT(TableM7[[#This Row],[Right]],2)))),TableLasers[],COLUMN(TableLasers[H-DPH]),FALSE),LEFT(TableM7[[#This Row],[Up]],2)*VLOOKUP(VALUE(TRIM(CLEAN(RIGHT(TableM7[[#This Row],[Up]],2)))),TableLasers[],COLUMN(TableLasers[H-DPH]),FALSE),LEFT(TableM7[[#This Row],[Down]],2)*VLOOKUP(VALUE(TRIM(CLEAN(RIGHT(TableM7[[#This Row],[Down]],2)))),TableLasers[],COLUMN(TableLasers[H-DPH]),FALSE))","v":15200},"10::14","00::00","04::14","04::36","04::36","02::14","02::14",10,null,4,4,4,2,2,"4,23,8,14,28,29,35",null,"4,23,8,14,28,29,35","8,14,36,40","8,14,36,40","0,1,4,23,8,14","0,1,4,23,8,14","0,1,3,5,12,17,22,23,10,11,13,14,18,19,25,35"]
[134,"Boron","M7","Kraken",null,83.997,49.41,9,"XXL",315000,"1 GJ ",3,14200,217.39130434782601,20,5050,126.25,8500,1,{"$f":"SUM(LEFT(TableM7[[#This Row],[Main]],2)*VLOOKUP(VALUE(TRIM(CLEAN(RIGHT(TableM7[[#This Row],[Main]],2)))),TableLasers[],COLUMN(TableLasers[S-DPH]),FALSE),LEFT(TableM7[[#This Row],[Front]],2)*VLOOKUP(VALUE(TRIM(CLEAN(RIGHT(TableM7[[#This Row],[Front]],2)))),TableLasers[],COLUMN(TableLasers[S-DPH]),FALSE),LEFT(TableM7[[#This Row],[Back]],2)*VLOOKUP(VALUE(TRIM(CLEAN(RIGHT(TableM7[[#This Row],[Back]],2)))),TableLasers[],COLUMN(TableLasers[S-DPH]),FALSE),LEFT(TableM7[[#This Row],[Left]],2)*VLOOKUP(VALUE(TRIM(CLEAN(RIGHT(TableM7[[#This Row],[Left]],2)))),TableLasers[],COLUMN(TableLasers[S-DPH]),FALSE),LEFT(TableM7[[#This Row],[Right]],2)*VLOOKUP(VALUE(TRIM(CLEAN(RIGHT(TableM7[[#This Row],[Right]],2)))),TableLasers[],COLUMN(TableLasers[S-DPH]),FALSE),LEFT(TableM7[[#This Row],[Up]],2)*VLOOKUP(VALUE(TRIM(CLEAN(RIGHT(TableM7[[#This Row],[Up]],2)))),TableLasers[],COLUMN(TableLasers[S-DPH]),FALSE),LEFT(TableM7[[#This Row],[Down]],2)*VLOOKUP(VALUE(TRIM(CLEAN(RIGHT(TableM7[[#This Row],[Down]],2)))),TableLasers[],COLUMN(TableLasers[S-DPH]),FALSE))","v":62800},{"$f":"SUM(LEFT(TableM7[[#This Row],[Main]],2)*VLOOKUP(VALUE(TRIM(CLEAN(RIGHT(TableM7[[#This Row],[Main]],2)))),TableLasers[],COLUMN(TableLasers[H-DPH]),FALSE),LEFT(TableM7[[#This Row],[Front]],2)*VLOOKUP(VALUE(TRIM(CLEAN(RIGHT(TableM7[[#This Row],[Front]],2)))),TableLasers[],COLUMN(TableLasers[H-DPH]),FALSE),LEFT(TableM7[[#This Row],[Back]],2)*VLOOKUP(VALUE(TRIM(CLEAN(RIGHT(TableM7[[#This Row],[Back]],2)))),TableLasers[],COLUMN(TableLasers[H-DPH]),FALSE),LEFT(TableM7[[#This Row],[Left]],2)*VLOOKUP(VALUE(TRIM(CLEAN(RIGHT(TableM7[[#This Row],[Left]],2)))),TableLasers[],COLUMN(TableLasers[H-DPH]),FALSE),LEFT(TableM7[[#This Row],[Right]],2)*VLOOKUP(VALUE(TRIM(CLEAN(RIGHT(TableM7[[#This Row],[Right]],2)))),TableLasers[],COLUMN(TableLasers[H-DPH]),FALSE),LEFT(TableM7[[#This Row],[Up]],2)*VLOOKUP(VALUE(TRIM(CLEAN(RIGHT(TableM7[[#This Row],[Up]],2)))),TableLasers[],COLUMN(TableLasers[H-DPH]),FALSE),LEFT(TableM7[[#This Row],[Down]],2)*VLOOKUP(VALUE(TRIM(CLEAN(RIGHT(TableM7[[#This Row],[Down]],2)))),TableLasers[],COLUMN(TableLasers[H-DPH]),FALSE))","v":1600},"00::00","00::00","00::00","00::00","00::00","02::14","02::14",null,null,null,4,4,2,2,null,null,null,null,null,"0,1,4,23,8,14","0,1,4,23,8,14","29,30,41"]
[165,"Teladi","M7","Shrike",null,118.65,79.099999999999994,10,"XXL",180000,"1 GJ ",5,5800,434.78260869565202,18,49000,980,7000,8,{"$f":"SUM(LEFT(TableM7[[#This Row],[Main]],2)*VLOOKUP(VALUE(TRIM(CLEAN(RIGHT(TableM7[[#This Row],[Main]],2)))),TableLasers[],COLUMN(TableLasers[S-DPH]),FALSE),LEFT(TableM7[[#This Row],[Front]],2)*VLOOKUP(VALUE(TRIM(CLEAN(RIGHT(TableM7[[#This Row],[Front]],2)))),TableLasers[],COLUMN(TableLasers[S-DPH]),FALSE),LEFT(TableM7[[#This Row],[Back]],2)*VLOOKUP(VALUE(TRIM(CLEAN(RIGHT(TableM7[[#This Row],[Back]],2)))),TableLasers[],COLUMN(TableLasers[S-DPH]),FALSE),LEFT(TableM7[[#This Row],[Left]],2)*VLOOKUP(VALUE(TRIM(CLEAN(RIGHT(TableM7[[#This Row],[Left]],2)))),TableLasers[],COLUMN(TableLasers[S-DPH]),FALSE),LEFT(TableM7[[#This Row],[Right]],2)*VLOOKUP(VALUE(TRIM(CLEAN(RIGHT(TableM7[[#This Row],[Right]],2)))),TableLasers[],COLUMN(TableLasers[S-DPH]),FALSE),LEFT(TableM7[[#This Row],[Up]],2)*VLOOKUP(VALUE(TRIM(CLEAN(RIGHT(TableM7[[#This Row],[Up]],2)))),TableLasers[],COLUMN(TableLasers[S-DPH]),FALSE),LEFT(TableM7[[#This Row],[Down]],2)*VLOOKUP(VALUE(TRIM(CLEAN(RIGHT(TableM7[[#This Row],[Down]],2)))),TableLasers[],COLUMN(TableLasers[S-DPH]),FALSE))","v":177528},{"$f":"SUM(LEFT(TableM7[[#This Row],[Main]],2)*VLOOKUP(VALUE(TRIM(CLEAN(RIGHT(TableM7[[#This Row],[Main]],2)))),TableLasers[],COLUMN(TableLasers[H-DPH]),FALSE),LEFT(TableM7[[#This Row],[Front]],2)*VLOOKUP(VALUE(TRIM(CLEAN(RIGHT(TableM7[[#This Row],[Front]],2)))),TableLasers[],COLUMN(TableLasers[H-DPH]),FALSE),LEFT(TableM7[[#This Row],[Back]],2)*VLOOKUP(VALUE(TRIM(CLEAN(RIGHT(TableM7[[#This Row],[Back]],2)))),TableLasers[],COLUMN(TableLasers[H-DPH]),FALSE),LEFT(TableM7[[#This Row],[Left]],2)*VLOOKUP(VALUE(TRIM(CLEAN(RIGHT(TableM7[[#This Row],[Left]],2)))),TableLasers[],COLUMN(TableLasers[H-DPH]),FALSE),LEFT(TableM7[[#This Row],[Right]],2)*VLOOKUP(VALUE(TRIM(CLEAN(RIGHT(TableM7[[#This Row],[Right]],2)))),TableLasers[],COLUMN(TableLasers[H-DPH]),FALSE),LEFT(TableM7[[#This Row],[Up]],2)*VLOOKUP(VALUE(TRIM(CLEAN(RIGHT(TableM7[[#This Row],[Up]],2)))),TableLasers[],COLUMN(TableLasers[H-DPH]),FALSE),LEFT(TableM7[[#This Row],[Down]],2)*VLOOKUP(VALUE(TRIM(CLEAN(RIGHT(TableM7[[#This Row],[Down]],2)))),TableLasers[],COLUMN(TableLasers[H-DPH]),FALSE))","v":33068},"08::30","00::00","02::21","02::18","02::18","02::21","02::21",8,null,2,2,2,2,2,"5,18,2,30,28,29,35",null,"0,1,21,28,29,35","5,18","5,18","0,1,21","0,1,21","0,1,3,5,12,17,22,23,10,11,13,14,18,19,25,35"]
[166,"Teladi","M7","Gannet",null,68,40,9,"XXL",420000,"2 GJ ",3,8000,363.63636363636402,22,8050,201.25,9000,1,{"$f":"SUM(LEFT(TableM7[[#This Row],[Main]],2)*VLOOKUP(VALUE(TRIM(CLEAN(RIGHT(TableM7[[#This Row],[Main]],2)))),TableLasers[],COLUMN(TableLasers[S-DPH]),FALSE),LEFT(TableM7[[#This Row],[Front]],2)*VLOOKUP(VALUE(TRIM(CLEAN(RIGHT(TableM7[[#This Row],[Front]],2)))),TableLasers[],COLUMN(TableLasers[S-DPH]),FALSE),LEFT(TableM7[[#This Row],[Back]],2)*VLOOKUP(VALUE(TRIM(CLEAN(RIGHT(TableM7[[#This Row],[Back]],2)))),TableLasers[],COLUMN(TableLasers[S-DPH]),FALSE),LEFT(TableM7[[#This Row],[Left]],2)*VLOOKUP(VALUE(TRIM(CLEAN(RIGHT(TableM7[[#This Row],[Left]],2)))),TableLasers[],COLUMN(TableLasers[S-DPH]),FALSE),LEFT(TableM7[[#This Row],[Right]],2)*VLOOKUP(VALUE(TRIM(CLEAN(RIGHT(TableM7[[#This Row],[Right]],2)))),TableLasers[],COLUMN(TableLasers[S-DPH]),FALSE),LEFT(TableM7[[#This Row],[Up]],2)*VLOOKUP(VALUE(TRIM(CLEAN(RIGHT(TableM7[[#This Row],[Up]],2)))),TableLasers[],COLUMN(TableLasers[S-DPH]),FALSE),LEFT(TableM7[[#This Row],[Down]],2)*VLOOKUP(VALUE(TRIM(CLEAN(RIGHT(TableM7[[#This Row],[Down]],2)))),TableLasers[],COLUMN(TableLasers[S-DPH]),FALSE))","v":9900},{"$f":"SUM(LEFT(TableM7[[#This Row],[Main]],2)*VLOOKUP(VALUE(TRIM(CLEAN(RIGHT(TableM7[[#This Row],[Main]],2)))),TableLasers[],COLUMN(TableLasers[H-DPH]),FALSE),LEFT(TableM7[[#This Row],[Front]],2)*VLOOKUP(VALUE(TRIM(CLEAN(RIGHT(TableM7[[#This Row],[Front]],2)))),TableLasers[],COLUMN(TableLasers[H-DPH]),FALSE),LEFT(TableM7[[#This Row],[Back]],2)*VLOOKUP(VALUE(TRIM(CLEAN(RIGHT(TableM7[[#This Row],[Back]],2)))),TableLasers[],COLUMN(TableLasers[H-DPH]),FALSE),LEFT(TableM7[[#This Row],[Left]],2)*VLOOKUP(VALUE(TRIM(CLEAN(RIGHT(TableM7[[#This Row],[Left]],2)))),TableLasers[],COLUMN(TableLasers[H-DPH]),FALSE),LEFT(TableM7[[#This Row],[Right]],2)*VLOOKUP(VALUE(TRIM(CLEAN(RIGHT(TableM7[[#This Row],[Right]],2)))),TableLasers[],COLUMN(TableLasers[H-DPH]),FALSE),LEFT(TableM7[[#This Row],[Up]],2)*VLOOKUP(VALUE(TRIM(CLEAN(RIGHT(TableM7[[#This Row],[Up]],2)))),TableLasers[],COLUMN(TableLasers[H-DPH]),FALSE),LEFT(TableM7[[#This Row],[Down]],2)*VLOOKUP(VALUE(TRIM(CLEAN(RIGHT(TableM7[[#This Row],[Down]],2)))),TableLasers[],COLUMN(TableLasers[H-DPH]),FALSE))","v":2856},"00::00","00::00","04::21","00::00","00::00","02::21","00::00",null,8,4,null,null,2,null,null,null,"0,1,21,28,29,35",null,null,"0,1,21",null,"29,30,41"]
[176,"Xenon","M7","Q",null,121.899,81.266000000000005,11,"XXL",180000,"1 GJ ",4,5800,434.78260869565202,20,59000,1180,5850,1,{"$f":"SUM(LEFT(TableM7[[#This Row],[Main]],2)*VLOOKUP(VALUE(TRIM(CLEAN(RIGHT(TableM7[[#This Row],[Main]],2)))),TableLasers[],COLUMN(TableLasers[S-DPH]),FALSE),LEFT(TableM7[[#This Row],[Front]],2)*VLOOKUP(VALUE(TRIM(CLEAN(RIGHT(TableM7[[#This Row],[Front]],2)))),TableLasers[],COLUMN(TableLasers[S-DPH]),FALSE),LEFT(TableM7[[#This Row],[Back]],2)*VLOOKUP(VALUE(TRIM(CLEAN(RIGHT(TableM7[[#This Row],[Back]],2)))),TableLasers[],COLUMN(TableLasers[S-DPH]),FALSE),LEFT(TableM7[[#This Row],[Left]],2)*VLOOKUP(VALUE(TRIM(CLEAN(RIGHT(TableM7[[#This Row],[Left]],2)))),TableLasers[],COLUMN(TableLasers[S-DPH]),FALSE),LEFT(TableM7[[#This Row],[Right]],2)*VLOOKUP(VALUE(TRIM(CLEAN(RIGHT(TableM7[[#This Row],[Right]],2)))),TableLasers[],COLUMN(TableLasers[S-DPH]),FALSE),LEFT(TableM7[[#This Row],[Up]],2)*VLOOKUP(VALUE(TRIM(CLEAN(RIGHT(TableM7[[#This Row],[Up]],2)))),TableLasers[],COLUMN(TableLasers[S-DPH]),FALSE),LEFT(TableM7[[#This Row],[Down]],2)*VLOOKUP(VALUE(TRIM(CLEAN(RIGHT(TableM7[[#This Row],[Down]],2)))),TableLasers[],COLUMN(TableLasers[S-DPH]),FALSE))","v":252456},{"$f":"SUM(LEFT(TableM7[[#This Row],[Main]],2)*VLOOKUP(VALUE(TRIM(CLEAN(RIGHT(TableM7[[#This Row],[Main]],2)))),TableLasers[],COLUMN(TableLasers[H-DPH]),FALSE),LEFT(TableM7[[#This Row],[Front]],2)*VLOOKUP(VALUE(TRIM(CLEAN(RIGHT(TableM7[[#This Row],[Front]],2)))),TableLasers[],COLUMN(TableLasers[H-DPH]),FALSE),LEFT(TableM7[[#This Row],[Back]],2)*VLOOKUP(VALUE(TRIM(CLEAN(RIGHT(TableM7[[#This Row],[Back]],2)))),TableLasers[],COLUMN(TableLasers[H-DPH]),FALSE),LEFT(TableM7[[#This Row],[Left]],2)*VLOOKUP(VALUE(TRIM(CLEAN(RIGHT(TableM7[[#This Row],[Left]],2)))),TableLasers[],COLUMN(TableLasers[H-DPH]),FALSE),LEFT(TableM7[[#This Row],[Right]],2)*VLOOKUP(VALUE(TRIM(CLEAN(RIGHT(TableM7[[#This Row],[Right]],2)))),TableLasers[],COLUMN(TableLasers[H-DPH]),FALSE),LEFT(TableM7[[#This Row],[Up]],2)*VLOOKUP(VALUE(TRIM(CLEAN(RIGHT(TableM7[[#This Row],[Up]],2)))),TableLasers[],COLUMN(TableLasers[H-DPH]),FALSE),LEFT(TableM7[[#This Row],[Down]],2)*VLOOKUP(VALUE(TRIM(CLEAN(RIGHT(TableM7[[#This Row],[Down]],2)))),TableLasers[],COLUMN(TableLasers[H-DPH]),FALSE))","v":48500},"08::19","00::00","04::27","02::41","02::41","02::19","02::19",8,null,4,2,2,2,2,"12,19",null,"12,19,27","12,19,41,27","12,19,41,27","12,19","12,19","0,1,3,5,12,17,22,23,10,11,13,14,18,19,25,35"]
[199,"Pirates","M7","Carrack",null,140.4,78,12,"XXL",112500,"1 GJ ",2,4400,217.39130434782601,18,63000,1274.9939999999999,3325,1,{"$f":"SUM(LEFT(TableM7[[#This Row],[Main]],2)*VLOOKUP(VALUE(TRIM(CLEAN(RIGHT(TableM7[[#This Row],[Main]],2)))),TableLasers[],COLUMN(TableLasers[S-DPH]),FALSE),LEFT(TableM7[[#This Row],[Front]],2)*VLOOKUP(VALUE(TRIM(CLEAN(RIGHT(TableM7[[#This Row],[Front]],2)))),TableLasers[],COLUMN(TableLasers[S-DPH]),FALSE),LEFT(TableM7[[#This Row],[Back]],2)*VLOOKUP(VALUE(TRIM(CLEAN(RIGHT(TableM7[[#This Row],[Back]],2)))),TableLasers[],COLUMN(TableLasers[S-DPH]),FALSE),LEFT(TableM7[[#This Row],[Left]],2)*VLOOKUP(VALUE(TRIM(CLEAN(RIGHT(TableM7[[#This Row],[Left]],2)))),TableLasers[],COLUMN(TableLasers[S-DPH]),FALSE),LEFT(TableM7[[#This Row],[Right]],2)*VLOOKUP(VALUE(TRIM(CLEAN(RIGHT(TableM7[[#This Row],[Right]],2)))),TableLasers[],COLUMN(TableLasers[S-DPH]),FALSE),LEFT(TableM7[[#This Row],[Up]],2)*VLOOKUP(VALUE(TRIM(CLEAN(RIGHT(TableM7[[#This Row],[Up]],2)))),TableLasers[],COLUMN(TableLasers[S-DPH]),FALSE),LEFT(TableM7[[#This Row],[Down]],2)*VLOOKUP(VALUE(TRIM(CLEAN(RIGHT(TableM7[[#This Row],[Down]],2)))),TableLasers[],COLUMN(TableLasers[S-DPH]),FALSE))","v":493188},{"$f":"SUM(LEFT(TableM7[[#This Row],[Main]],2)*VLOOKUP(VALUE(TRIM(CLEAN(RIGHT(TableM7[[#This Row],[Main]],2)))),TableLasers[],COLUMN(TableLasers[H-DPH]),FALSE),LEFT(TableM7[[#This Row],[Front]],2)*VLOOKUP(VALUE(TRIM(CLEAN(RIGHT(TableM7[[#This Row],[Front]],2)))),TableLasers[],COLUMN(TableLasers[H-DPH]),FALSE),LEFT(TableM7[[#This Row],[Back]],2)*VLOOKUP(VALUE(TRIM(CLEAN(RIGHT(TableM7[[#This Row],[Back]],2)))),TableLasers[],COLUMN(TableLasers[H-DPH]),FALSE),LEFT(TableM7[[#This Row],[Left]],2)*VLOOKUP(VALUE(TRIM(CLEAN(RIGHT(TableM7[[#This Row],[Left]],2)))),TableLasers[],COLUMN(TableLasers[H-DPH]),FALSE),LEFT(TableM7[[#This Row],[Right]],2)*VLOOKUP(VALUE(TRIM(CLEAN(RIGHT(TableM7[[#This Row],[Right]],2)))),TableLasers[],COLUMN(TableLasers[H-DPH]),FALSE),LEFT(TableM7[[#This Row],[Up]],2)*VLOOKUP(VALUE(TRIM(CLEAN(RIGHT(TableM7[[#This Row],[Up]],2)))),TableLasers[],COLUMN(TableLasers[H-DPH]),FALSE),LEFT(TableM7[[#This Row],[Down]],2)*VLOOKUP(VALUE(TRIM(CLEAN(RIGHT(TableM7[[#This Row],[Down]],2)))),TableLasers[],COLUMN(TableLasers[H-DPH]),FALSE))","v":72132},"06::14","00::00","02::18","04::34","04::34","00::00","02::18",6,null,2,4,4,null,2,"4,23,5,18,8,14,9,15,13,2,30,28,29,35",null,"3,5,18,21","3,5,18,34,2,30","3,5,18,34,2,30",null,"3,5,18,21","0,1,3,5,12,17,22,23,10,11,13,14,18,19,25,41,35"]
[208,"ATF","M7","Aegir",null,132,66,9,"XXL",120000,"1 GJ ",4,7500,434.78260869565202,22,71900,1817.7757999999999,5500,1,{"$f":"SUM(LEFT(TableM7[[#This Row],[Main]],2)*VLOOKUP(VALUE(TRIM(CLEAN(RIGHT(TableM7[[#This Row],[Main]],2)))),TableLasers[],COLUMN(TableLasers[S-DPH]),FALSE),LEFT(TableM7[[#This Row],[Front]],2)*VLOOKUP(VALUE(TRIM(CLEAN(RIGHT(TableM7[[#This Row],[Front]],2)))),TableLasers[],COLUMN(TableLasers[S-DPH]),FALSE),LEFT(TableM7[[#This Row],[Back]],2)*VLOOKUP(VALUE(TRIM(CLEAN(RIGHT(TableM7[[#This Row],[Back]],2)))),TableLasers[],COLUMN(TableLasers[S-DPH]),FALSE),LEFT(TableM7[[#This Row],[Left]],2)*VLOOKUP(VALUE(TRIM(CLEAN(RIGHT(TableM7[[#This Row],[Left]],2)))),TableLasers[],COLUMN(TableLasers[S-DPH]),FALSE),LEFT(TableM7[[#This Row],[Right]],2)*VLOOKUP(VALUE(TRIM(CLEAN(RIGHT(TableM7[[#This Row],[Right]],2)))),TableLasers[],COLUMN(TableLasers[S-DPH]),FALSE),LEFT(TableM7[[#This Row],[Up]],2)*VLOOKUP(VALUE(TRIM(CLEAN(RIGHT(TableM7[[#This Row],[Up]],2)))),TableLasers[],COLUMN(TableLasers[S-DPH]),FALSE),LEFT(TableM7[[#This Row],[Down]],2)*VLOOKUP(VALUE(TRIM(CLEAN(RIGHT(TableM7[[#This Row],[Down]],2)))),TableLasers[],COLUMN(TableLasers[S-DPH]),FALSE))","v":176300},{"$f":"SUM(LEFT(TableM7[[#This Row],[Main]],2)*VLOOKUP(VALUE(TRIM(CLEAN(RIGHT(TableM7[[#This Row],[Main]],2)))),TableLasers[],COLUMN(TableLasers[H-DPH]),FALSE),LEFT(TableM7[[#This Row],[Front]],2)*VLOOKUP(VALUE(TRIM(CLEAN(RIGHT(TableM7[[#This Row],[Front]],2)))),TableLasers[],COLUMN(TableLasers[H-DPH]),FALSE),LEFT(TableM7[[#This Row],[Back]],2)*VLOOKUP(VALUE(TRIM(CLEAN(RIGHT(TableM7[[#This Row],[Back]],2)))),TableLasers[],COLUMN(TableLasers[H-DPH]),FALSE),LEFT(TableM7[[#This Row],[Left]],2)*VLOOKUP(VALUE(TRIM(CLEAN(RIGHT(TableM7[[#This Row],[Left]],2)))),TableLasers[],COLUMN(TableLasers[H-DPH]),FALSE),LEFT(TableM7[[#This Row],[Right]],2)*VLOOKUP(VALUE(TRIM(CLEAN(RIGHT(TableM7[[#This Row],[Right]],2)))),TableLasers[],COLUMN(TableLasers[H-DPH]),FALSE),LEFT(TableM7[[#This Row],[Up]],2)*VLOOKUP(VALUE(TRIM(CLEAN(RIGHT(TableM7[[#This Row],[Up]],2)))),TableLasers[],COLUMN(TableLasers[H-DPH]),FALSE),LEFT(TableM7[[#This Row],[Down]],2)*VLOOKUP(VALUE(TRIM(CLEAN(RIGHT(TableM7[[#This Row],[Down]],2)))),TableLasers[],COLUMN(TableLasers[H-DPH]),FALSE))","v":39000},"08::17","00::00","02::26","04::17","04::17","02::26","02::26",8,null,2,4,4,2,2,"10,11,16,17,28,29,35",null,"10,11,26","10,11,16,17","10,11,16,17","10,11,26","10,11,26","4,15,16,20,24,27,36,37,38,28,39"]
[209,"ATF","M7","Skirnir",null,91,45.5,9,"XXL",280000,"2 GJ ",4,7500,727.27272727272702,24,11900,267.75,9500,1,{"$f":"SUM(LEFT(TableM7[[#This Row],[Main]],2)*VLOOKUP(VALUE(TRIM(CLEAN(RIGHT(TableM7[[#This Row],[Main]],2)))),TableLasers[],COLUMN(TableLasers[S-DPH]),FALSE),LEFT(TableM7[[#This Row],[Front]],2)*VLOOKUP(VALUE(TRIM(CLEAN(RIGHT(TableM7[[#This Row],[Front]],2)))),TableLasers[],COLUMN(TableLasers[S-DPH]),FALSE),LEFT(TableM7[[#This Row],[Back]],2)*VLOOKUP(VALUE(TRIM(CLEAN(RIGHT(TableM7[[#This Row],[Back]],2)))),TableLasers[],COLUMN(TableLasers[S-DPH]),FALSE),LEFT(TableM7[[#This Row],[Left]],2)*VLOOKUP(VALUE(TRIM(CLEAN(RIGHT(TableM7[[#This Row],[Left]],2)))),TableLasers[],COLUMN(TableLasers[S-DPH]),FALSE),LEFT(TableM7[[#This Row],[Right]],2)*VLOOKUP(VALUE(TRIM(CLEAN(RIGHT(TableM7[[#This Row],[Right]],2)))),TableLasers[],COLUMN(TableLasers[S-DPH]),FALSE),LEFT(TableM7[[#This Row],[Up]],2)*VLOOKUP(VALUE(TRIM(CLEAN(RIGHT(TableM7[[#This Row],[Up]],2)))),TableLasers[],COLUMN(TableLasers[S-DPH]),FALSE),LEFT(TableM7[[#This Row],[Down]],2)*VLOOKUP(VALUE(TRIM(CLEAN(RIGHT(TableM7[[#This Row],[Down]],2)))),TableLasers[],COLUMN(TableLasers[S-DPH]),FALSE))","v":26000},{"$f":"SUM(LEFT(TableM7[[#This Row],[Main]],2)*VLOOKUP(VALUE(TRIM(CLEAN(RIGHT(TableM7[[#This Row],[Main]],2)))),TableLasers[],COLUMN(TableLasers[H-DPH]),FALSE),LEFT(TableM7[[#This Row],[Front]],2)*VLOOKUP(VALUE(TRIM(CLEAN(RIGHT(TableM7[[#This Row],[Front]],2)))),TableLasers[],COLUMN(TableLasers[H-DPH]),FALSE),LEFT(TableM7[[#This Row],[Back]],2)*VLOOKUP(VALUE(TRIM(CLEAN(RIGHT(TableM7[[#This Row],[Back]],2)))),TableLasers[],COLUMN(TableLasers[H-DPH]),FALSE),LEFT(TableM7[[#This Row],[Left]],2)*VLOOKUP(VALUE(TRIM(CLEAN(RIGHT(TableM7[[#This Row],[Left]],2)))),TableLasers[],COLUMN(TableLasers[H-DPH]),FALSE),LEFT(TableM7[[#This Row],[Right]],2)*VLOOKUP(VALUE(TRIM(CLEAN(RIGHT(TableM7[[#This Row],[Right]],2)))),TableLasers[],COLUMN(TableLasers[H-DPH]),FALSE),LEFT(TableM7[[#This Row],[Up]],2)*VLOOKUP(VALUE(TRIM(CLEAN(RIGHT(TableM7[[#This Row],[Up]],2)))),TableLasers[],COLUMN(TableLasers[H-DPH]),FALSE),LEFT(TableM7[[#This Row],[Down]],2)*VLOOKUP(VALUE(TRIM(CLEAN(RIGHT(TableM7[[#This Row],[Down]],2)))),TableLasers[],COLUMN(TableLasers[H-DPH]),FALSE))","v":7200},"00::00","00::00","04::26","00::00","00::00","02::26","02::26",null,8,4,null,null,2,2,null,null,"10,11,26",null,null,"10,11,26","10,11,26","32,41"]
[222,"Terran","M7","Yokohama",null,142.6,71.3,11,"XXL",127500,"1 GJ ",4,7150,434.78260869565202,12,31900,717.75,3700,1,{"$f":"SUM(LEFT(TableM7[[#This Row],[Main]],2)*VLOOKUP(VALUE(TRIM(CLEAN(RIGHT(TableM7[[#This Row],[Main]],2)))),TableLasers[],COLUMN(TableLasers[S-DPH]),FALSE),LEFT(TableM7[[#This Row],[Front]],2)*VLOOKUP(VALUE(TRIM(CLEAN(RIGHT(TableM7[[#This Row],[Front]],2)))),TableLasers[],COLUMN(TableLasers[S-DPH]),FALSE),LEFT(TableM7[[#This Row],[Back]],2)*VLOOKUP(VALUE(TRIM(CLEAN(RIGHT(TableM7[[#This Row],[Back]],2)))),TableLasers[],COLUMN(TableLasers[S-DPH]),FALSE),LEFT(TableM7[[#This Row],[Left]],2)*VLOOKUP(VALUE(TRIM(CLEAN(RIGHT(TableM7[[#This Row],[Left]],2)))),TableLasers[],COLUMN(TableLasers[S-DPH]),FALSE),LEFT(TableM7[[#This Row],[Right]],2)*VLOOKUP(VALUE(TRIM(CLEAN(RIGHT(TableM7[[#This Row],[Right]],2)))),TableLasers[],COLUMN(TableLasers[S-DPH]),FALSE),LEFT(TableM7[[#This Row],[Up]],2)*VLOOKUP(VALUE(TRIM(CLEAN(RIGHT(TableM7[[#This Row],[Up]],2)))),TableLasers[],COLUMN(TableLasers[S-DPH]),FALSE),LEFT(TableM7[[#This Row],[Down]],2)*VLOOKUP(VALUE(TRIM(CLEAN(RIGHT(TableM7[[#This Row],[Down]],2)))),TableLasers[],COLUMN(TableLasers[S-DPH]),FALSE))","v":91400},{"$f":"SUM(LEFT(TableM7[[#This Row],[Main]],2)*VLOOKUP(VALUE(TRIM(CLEAN(RIGHT(TableM7[[#This Row],[Main]],2)))),TableLasers[],COLUMN(TableLasers[H-DPH]),FALSE),LEFT(TableM7[[#This Row],[Front]],2)*VLOOKUP(VALUE(TRIM(CLEAN(RIGHT(TableM7[[#This Row],[Front]],2)))),TableLasers[],COLUMN(TableLasers[H-DPH]),FALSE),LEFT(TableM7[[#This Row],[Back]],2)*VLOOKUP(VALUE(TRIM(CLEAN(RIGHT(TableM7[[#This Row],[Back]],2)))),TableLasers[],COLUMN(TableLasers[H-DPH]),FALSE),LEFT(TableM7[[#This Row],[Left]],2)*VLOOKUP(VALUE(TRIM(CLEAN(RIGHT(TableM7[[#This Row],[Left]],2)))),TableLasers[],COLUMN(TableLasers[H-DPH]),FALSE),LEFT(TableM7[[#This Row],[Right]],2)*VLOOKUP(VALUE(TRIM(CLEAN(RIGHT(TableM7[[#This Row],[Right]],2)))),TableLasers[],COLUMN(TableLasers[H-DPH]),FALSE),LEFT(TableM7[[#This Row],[Up]],2)*VLOOKUP(VALUE(TRIM(CLEAN(RIGHT(TableM7[[#This Row],[Up]],2)))),TableLasers[],COLUMN(TableLasers[H-DPH]),FALSE),LEFT(TableM7[[#This Row],[Down]],2)*VLOOKUP(VALUE(TRIM(CLEAN(RIGHT(TableM7[[#This Row],[Down]],2)))),TableLasers[],COLUMN(TableLasers[H-DPH]),FALSE))","v":20400},"04::17","00::00","00::00","02::17","02::17","02::26","02::26",4,null,null,2,2,2,2,"10,11,16,17",null,null,"10,11,16,17","10,11,16,17","10,11,26","10,11,26","4,15,16,20,24,27,36,37,38,28,39"]
[259,"Argon","M7","Astraeus",null,125.46,69.7,11,"XXL",155000,"1 GJ ",5,6050,434.78260869565202,22,50000,1281.95,4975,6,{"$f":"SUM(LEFT(TableM7[[#This Row],[Main]],2)*VLOOKUP(VALUE(TRIM(CLEAN(RIGHT(TableM7[[#This Row],[Main]],2)))),TableLasers[],COLUMN(TableLasers[S-DPH]),FALSE),LEFT(TableM7[[#This Row],[Front]],2)*VLOOKUP(VALUE(TRIM(CLEAN(RIGHT(TableM7[[#This Row],[Front]],2)))),TableLasers[],COLUMN(TableLasers[S-DPH]),FALSE),LEFT(TableM7[[#This Row],[Back]],2)*VLOOKUP(VALUE(TRIM(CLEAN(RIGHT(TableM7[[#This Row],[Back]],2)))),TableLasers[],COLUMN(TableLasers[S-DPH]),FALSE),LEFT(TableM7[[#This Row],[Left]],2)*VLOOKUP(VALUE(TRIM(CLEAN(RIGHT(TableM7[[#This Row],[Left]],2)))),TableLasers[],COLUMN(TableLasers[S-DPH]),FALSE),LEFT(TableM7[[#This Row],[Right]],2)*VLOOKUP(VALUE(TRIM(CLEAN(RIGHT(TableM7[[#This Row],[Right]],2)))),TableLasers[],COLUMN(TableLasers[S-DPH]),FALSE),LEFT(TableM7[[#This Row],[Up]],2)*VLOOKUP(VALUE(TRIM(CLEAN(RIGHT(TableM7[[#This Row],[Up]],2)))),TableLasers[],COLUMN(TableLasers[S-DPH]),FALSE),LEFT(TableM7[[#This Row],[Down]],2)*VLOOKUP(VALUE(TRIM(CLEAN(RIGHT(TableM7[[#This Row],[Down]],2)))),TableLasers[],COLUMN(TableLasers[S-DPH]),FALSE))","v":77000},{"$f":"SUM(LEFT(TableM7[[#This Row],[Main]],2)*VLOOKUP(VALUE(TRIM(CLEAN(RIGHT(TableM7[[#This Row],[Main]],2)))),TableLasers[],COLUMN(TableLasers[H-DPH]),FALSE),LEFT(TableM7[[#This Row],[Front]],2)*VLOOKUP(VALUE(TRIM(CLEAN(RIGHT(TableM7[[#This Row],[Front]],2)))),TableLasers[],COLUMN(TableLasers[H-DPH]),FALSE),LEFT(TableM7[[#This Row],[Back]],2)*VLOOKUP(VALUE(TRIM(CLEAN(RIGHT(TableM7[[#This Row],[Back]],2)))),TableLasers[],COLUMN(TableLasers[H-DPH]),FALSE),LEFT(TableM7[[#This Row],[Left]],2)*VLOOKUP(VALUE(TRIM(CLEAN(RIGHT(TableM7[[#This Row],[Left]],2)))),TableLasers[],COLUMN(TableLasers[H-DPH]),FALSE),LEFT(TableM7[[#This Row],[Right]],2)*VLOOKUP(VALUE(TRIM(CLEAN(RIGHT(TableM7[[#This Row],[Right]],2)))),TableLasers[],COLUMN(TableLasers[H-DPH]),FALSE),LEFT(TableM7[[#This Row],[Up]],2)*VLOOKUP(VALUE(TRIM(CLEAN(RIGHT(TableM7[[#This Row],[Up]],2)))),TableLasers[],COLUMN(TableLasers[H-DPH]),FALSE),LEFT(TableM7[[#This Row],[Down]],2)*VLOOKUP(VALUE(TRIM(CLEAN(RIGHT(TableM7[[#This Row],[Down]],2)))),TableLasers[],COLUMN(TableLasers[H-DPH]),FALSE))","v":15484},"00::36","08::13","02::23","00::00","00::00","02::23","02::23",null,8,2,4,4,2,2,"3,13,36,39","3,13","0,1,4,23,28,29,35",null,null,"0,1,4,23","0,1,4,23","0,1,3,5,12,17,22,23,10,11,13,14,18,19,25,35"]
[260,"Argon","M7","Aquilo",null,91.8,54,9,"XXL",280000,"2 GJ ",3,5900,727.27272727272702,24,12050,301.25,7000,1,{"$f":"SUM(LEFT(TableM7[[#This Row],[Main]],2)*VLOOKUP(VALUE(TRIM(CLEAN(RIGHT(TableM7[[#This Row],[Main]],2)))),TableLasers[],COLUMN(TableLasers[S-DPH]),FALSE),LEFT(TableM7[[#This Row],[Front]],2)*VLOOKUP(VALUE(TRIM(CLEAN(RIGHT(TableM7[[#This Row],[Front]],2)))),TableLasers[],COLUMN(TableLasers[S-DPH]),FALSE),LEFT(TableM7[[#This Row],[Back]],2)*VLOOKUP(VALUE(TRIM(CLEAN(RIGHT(TableM7[[#This Row],[Back]],2)))),TableLasers[],COLUMN(TableLasers[S-DPH]),FALSE),LEFT(TableM7[[#This Row],[Left]],2)*VLOOKUP(VALUE(TRIM(CLEAN(RIGHT(TableM7[[#This Row],[Left]],2)))),TableLasers[],COLUMN(TableLasers[S-DPH]),FALSE),LEFT(TableM7[[#This Row],[Right]],2)*VLOOKUP(VALUE(TRIM(CLEAN(RIGHT(TableM7[[#This Row],[Right]],2)))),TableLasers[],COLUMN(TableLasers[S-DPH]),FALSE),LEFT(TableM7[[#This Row],[Up]],2)*VLOOKUP(VALUE(TRIM(CLEAN(RIGHT(TableM7[[#This Row],[Up]],2)))),TableLasers[],COLUMN(TableLasers[S-DPH]),FALSE),LEFT(TableM7[[#This Row],[Down]],2)*VLOOKUP(VALUE(TRIM(CLEAN(RIGHT(TableM7[[#This Row],[Down]],2)))),TableLasers[],COLUMN(TableLasers[S-DPH]),FALSE))","v":71200},{"$f":"SUM(LEFT(TableM7[[#This Row],[Main]],2)*VLOOKUP(VALUE(TRIM(CLEAN(RIGHT(TableM7[[#This Row],[Main]],2)))),TableLasers[],COLUMN(TableLasers[H-DPH]),FALSE),LEFT(TableM7[[#This Row],[Front]],2)*VLOOKUP(VALUE(TRIM(CLEAN(RIGHT(TableM7[[#This Row],[Front]],2)))),TableLasers[],COLUMN(TableLasers[H-DPH]),FALSE),LEFT(TableM7[[#This Row],[Back]],2)*VLOOKUP(VALUE(TRIM(CLEAN(RIGHT(TableM7[[#This Row],[Back]],2)))),TableLasers[],COLUMN(TableLasers[H-DPH]),FALSE),LEFT(TableM7[[#This Row],[Left]],2)*VLOOKUP(VALUE(TRIM(CLEAN(RIGHT(TableM7[[#This Row],[Left]],2)))),TableLasers[],COLUMN(TableLasers[H-DPH]),FALSE),LEFT(TableM7[[#This Row],[Right]],2)*VLOOKUP(VALUE(TRIM(CLEAN(RIGHT(TableM7[[#This Row],[Right]],2)))),TableLasers[],COLUMN(TableLasers[H-DPH]),FALSE),LEFT(TableM7[[#This Row],[Up]],2)*VLOOKUP(VALUE(TRIM(CLEAN(RIGHT(TableM7[[#This Row],[Up]],2)))),TableLasers[],COLUMN(TableLasers[H-DPH]),FALSE),LEFT(TableM7[[#This Row],[Down]],2)*VLOOKUP(VALUE(TRIM(CLEAN(RIGHT(TableM7[[#This Row],[Down]],2)))),TableLasers[],COLUMN(TableLasers[H-DPH]),FALSE))","v":4456},"00::00","00::00","04::23","00::00","00::00","02::14","02::14",null,8,4,null,null,2,2,null,null,"0,1,4,23,28,29,35",null,null,"0,1,4,23,8,14","0,1,4,23,8,14","29,30,41"]
[262,null,"M7","zzPLACEHOLDER",null,111.265,65.45,9,"XXL",250000,"1 GJ ",3,5900,434.78260869565202,18,50500,1262.5,4750,1,{"$f":"SUM(LEFT(TableM7[[#This Row],[Main]],2)*VLOOKUP(VALUE(TRIM(CLEAN(RIGHT(TableM7[[#This Row],[Main]],2)))),TableLasers[],COLUMN(TableLasers[S-DPH]),FALSE),LEFT(TableM7[[#This Row],[Front]],2)*VLOOKUP(VALUE(TRIM(CLEAN(RIGHT(TableM7[[#This Row],[Front]],2)))),TableLasers[],COLUMN(TableLasers[S-DPH]),FALSE),LEFT(TableM7[[#This Row],[Back]],2)*VLOOKUP(VALUE(TRIM(CLEAN(RIGHT(TableM7[[#This Row],[Back]],2)))),TableLasers[],COLUMN(TableLasers[S-DPH]),FALSE),LEFT(TableM7[[#This Row],[Left]],2)*VLOOKUP(VALUE(TRIM(CLEAN(RIGHT(TableM7[[#This Row],[Left]],2)))),TableLasers[],COLUMN(TableLasers[S-DPH]),FALSE),LEFT(TableM7[[#This Row],[Right]],2)*VLOOKUP(VALUE(TRIM(CLEAN(RIGHT(TableM7[[#This Row],[Right]],2)))),TableLasers[],COLUMN(TableLasers[S-DPH]),FALSE),LEFT(TableM7[[#This Row],[Up]],2)*VLOOKUP(VALUE(TRIM(CLEAN(RIGHT(TableM7[[#This Row],[Up]],2)))),TableLasers[],COLUMN(TableLasers[S-DPH]),FALSE),LEFT(TableM7[[#This Row],[Down]],2)*VLOOKUP(VALUE(TRIM(CLEAN(RIGHT(TableM7[[#This Row],[Down]],2)))),TableLasers[],COLUMN(TableLasers[S-DPH]),FALSE))","v":4200},{"$f":"SUM(LEFT(TableM7[[#This Row],[Main]],2)*VLOOKUP(VALUE(TRIM(CLEAN(RIGHT(TableM7[[#This Row],[Main]],2)))),TableLasers[],COLUMN(TableLasers[H-DPH]),FALSE),LEFT(TableM7[[#This Row],[Front]],2)*VLOOKUP(VALUE(TRIM(CLEAN(RIGHT(TableM7[[#This Row],[Front]],2)))),TableLasers[],COLUMN(TableLasers[H-DPH]),FALSE),LEFT(TableM7[[#This Row],[Back]],2)*VLOOKUP(VALUE(TRIM(CLEAN(RIGHT(TableM7[[#This Row],[Back]],2)))),TableLasers[],COLUMN(TableLasers[H-DPH]),FALSE),LEFT(TableM7[[#This Row],[Left]],2)*VLOOKUP(VALUE(TRIM(CLEAN(RIGHT(TableM7[[#This Row],[Left]],2)))),TableLasers[],COLUMN(TableLasers[H-DPH]),FALSE),LEFT(TableM7[[#This Row],[Right]],2)*VLOOKUP(VALUE(TRIM(CLEAN(RIGHT(TableM7[[#This Row],[Right]],2)))),TableLasers[],COLUMN(TableLasers[H-DPH]),FALSE),LEFT(TableM7[[#This Row],[Up]],2)*VLOOKUP(VALUE(TRIM(CLEAN(RIGHT(TableM7[[#This Row],[Up]],2)))),TableLasers[],COLUMN(TableLasers[H-DPH]),FALSE),LEFT(TableM7[[#This Row],[Down]],2)*VLOOKUP(VALUE(TRIM(CLEAN(RIGHT(TableM7[[#This Row],[Down]],2)))),TableLasers[],COLUMN(TableLasers[H-DPH]),FALSE))","v":1428},"00::00","00::00","02::23","00::00","00::00","00::00","00::00",null,8,2,null,null,null,null,null,null,"0,1,4,23,28,29,35",null,null,null,null,41]
[295,"Argon","M7","Griffon",null,117.9,65.5,12,"XXL",150000,"1 GJ ",5,5500,434.78260869565202,20,35000,875,5500,25,{"$f":"SUM(LEFT(TableM7[[#This Row],[Main]],2)*VLOOKUP(VALUE(TRIM(CLEAN(RIGHT(TableM7[[#This Row],[Main]],2)))),TableLasers[],COLUMN(TableLasers[S-DPH]),FALSE),LEFT(TableM7[[#This Row],[Front]],2)*VLOOKUP(VALUE(TRIM(CLEAN(RIGHT(TableM7[[#This Row],[Front]],2)))),TableLasers[],COLUMN(TableLasers[S-DPH]),FALSE),LEFT(TableM7[[#This Row],[Back]],2)*VLOOKUP(VALUE(TRIM(CLEAN(RIGHT(TableM7[[#This Row],[Back]],2)))),TableLasers[],COLUMN(TableLasers[S-DPH]),FALSE),LEFT(TableM7[[#This Row],[Left]],2)*VLOOKUP(VALUE(TRIM(CLEAN(RIGHT(TableM7[[#This Row],[Left]],2)))),TableLasers[],COLUMN(TableLasers[S-DPH]),FALSE),LEFT(TableM7[[#This Row],[Right]],2)*VLOOKUP(VALUE(TRIM(CLEAN(RIGHT(TableM7[[#This Row],[Right]],2)))),TableLasers[],COLUMN(TableLasers[S-DPH]),FALSE),LEFT(TableM7[[#This Row],[Up]],2)*VLOOKUP(VALUE(TRIM(CLEAN(RIGHT(TableM7[[#This Row],[Up]],2)))),TableLasers[],COLUMN(TableLasers[S-DPH]),FALSE),LEFT(TableM7[[#This Row],[Down]],2)*VLOOKUP(VALUE(TRIM(CLEAN(RIGHT(TableM7[[#This Row],[Down]],2)))),TableLasers[],COLUMN(TableLasers[S-DPH]),FALSE))","v":89600},{"$f":"SUM(LEFT(TableM7[[#This Row],[Main]],2)*VLOOKUP(VALUE(TRIM(CLEAN(RIGHT(TableM7[[#This Row],[Main]],2)))),TableLasers[],COLUMN(TableLasers[H-DPH]),FALSE),LEFT(TableM7[[#This Row],[Front]],2)*VLOOKUP(VALUE(TRIM(CLEAN(RIGHT(TableM7[[#This Row],[Front]],2)))),TableLasers[],COLUMN(TableLasers[H-DPH]),FALSE),LEFT(TableM7[[#This Row],[Back]],2)*VLOOKUP(VALUE(TRIM(CLEAN(RIGHT(TableM7[[#This Row],[Back]],2)))),TableLasers[],COLUMN(TableLasers[H-DPH]),FALSE),LEFT(TableM7[[#This Row],[Left]],2)*VLOOKUP(VALUE(TRIM(CLEAN(RIGHT(TableM7[[#This Row],[Left]],2)))),TableLasers[],COLUMN(TableLasers[H-DPH]),FALSE),LEFT(TableM7[[#This Row],[Right]],2)*VLOOKUP(VALUE(TRIM(CLEAN(RIGHT(TableM7[[#This Row],[Right]],2)))),TableLasers[],COLUMN(TableLasers[H-DPH]),FALSE),LEFT(TableM7[[#This Row],[Up]],2)*VLOOKUP(VALUE(TRIM(CLEAN(RIGHT(TableM7[[#This Row],[Up]],2)))),TableLasers[],COLUMN(TableLasers[H-DPH]),FALSE),LEFT(TableM7[[#This Row],[Down]],2)*VLOOKUP(VALUE(TRIM(CLEAN(RIGHT(TableM7[[#This Row],[Down]],2)))),TableLasers[],COLUMN(TableLasers[H-DPH]),FALSE))","v":19768},"04::13","04::13","04::23","00::00","00::00","04::23","04::23",4,4,4,null,null,4,4,"0,1,3,4,23,13,28,29,35","3,13","0,1,4,23,28,29,35",null,null,"0,1,4,23","0,1,4,23","0,1,3,5,12,17,22,23,10,11,13,14,18,19,25,35"]
[296,"Split","M7","Panther",null,121.68,67.599999999999994,10,"XXL",120000,"1 GJ ",3,4650,434.78260869565202,23,40000,1400,6000,20,{"$f":"SUM(LEFT(TableM7[[#This Row],[Main]],2)*VLOOKUP(VALUE(TRIM(CLEAN(RIGHT(TableM7[[#This Row],[Main]],2)))),TableLasers[],COLUMN(TableLasers[S-DPH]),FALSE),LEFT(TableM7[[#This Row],[Front]],2)*VLOOKUP(VALUE(TRIM(CLEAN(RIGHT(TableM7[[#This Row],[Front]],2)))),TableLasers[],COLUMN(TableLasers[S-DPH]),FALSE),LEFT(TableM7[[#This Row],[Back]],2)*VLOOKUP(VALUE(TRIM(CLEAN(RIGHT(TableM7[[#This Row],[Back]],2)))),TableLasers[],COLUMN(TableLasers[S-DPH]),FALSE),LEFT(TableM7[[#This Row],[Left]],2)*VLOOKUP(VALUE(TRIM(CLEAN(RIGHT(TableM7[[#This Row],[Left]],2)))),TableLasers[],COLUMN(TableLasers[S-DPH]),FALSE),LEFT(TableM7[[#This Row],[Right]],2)*VLOOKUP(VALUE(TRIM(CLEAN(RIGHT(TableM7[[#This Row],[Right]],2)))),TableLasers[],COLUMN(TableLasers[S-DPH]),FALSE),LEFT(TableM7[[#This Row],[Up]],2)*VLOOKUP(VALUE(TRIM(CLEAN(RIGHT(TableM7[[#This Row],[Up]],2)))),TableLasers[],COLUMN(TableLasers[S-DPH]),FALSE),LEFT(TableM7[[#This Row],[Down]],2)*VLOOKUP(VALUE(TRIM(CLEAN(RIGHT(TableM7[[#This Row],[Down]],2)))),TableLasers[],COLUMN(TableLasers[S-DPH]),FALSE))","v":227608},{"$f":"SUM(LEFT(TableM7[[#This Row],[Main]],2)*VLOOKUP(VALUE(TRIM(CLEAN(RIGHT(TableM7[[#This Row],[Main]],2)))),TableLasers[],COLUMN(TableLasers[H-DPH]),FALSE),LEFT(TableM7[[#This Row],[Front]],2)*VLOOKUP(VALUE(TRIM(CLEAN(RIGHT(TableM7[[#This Row],[Front]],2)))),TableLasers[],COLUMN(TableLasers[H-DPH]),FALSE),LEFT(TableM7[[#This Row],[Back]],2)*VLOOKUP(VALUE(TRIM(CLEAN(RIGHT(TableM7[[#This Row],[Back]],2)))),TableLasers[],COLUMN(TableLasers[H-DPH]),FALSE),LEFT(TableM7[[#This Row],[Left]],2)*VLOOKUP(VALUE(TRIM(CLEAN(RIGHT(TableM7[[#This Row],[Left]],2)))),TableLasers[],COLUMN(TableLasers[H-DPH]),FALSE),LEFT(TableM7[[#This Row],[Right]],2)*VLOOKUP(VALUE(TRIM(CLEAN(RIGHT(TableM7[[#This Row],[Right]],2)))),TableLasers[],COLUMN(TableLasers[H-DPH]),FALSE),LEFT(TableM7[[#This Row],[Up]],2)*VLOOKUP(VALUE(TRIM(CLEAN(RIGHT(TableM7[[#This Row],[Up]],2)))),TableLasers[],COLUMN(TableLasers[H-DPH]),FALSE),LEFT(TableM7[[#This Row],[Down]],2)*VLOOKUP(VALUE(TRIM(CLEAN(RIGHT(TableM7[[#This Row],[Down]],2)))),TableLasers[],COLUMN(TableLasers[H-DPH]),FALSE))","v":35512},"00::15","06::15","03::15","03::15","03::15","04::15","04::15",null,6,3,3,3,4,4,"3,9,15,13,28,29,35","3,9,15,28,29,35","9,15,24,28,29,35","3,9,15","3,9,15","0,1,3,9,15,24","0,1,3,9,15,24","0,1,3,5,12,17,22,23,10,11,13,14,18,19,25,35"]
[297,"Paranid","M7","Agamemnon",null,109.14,64.2,9,"XXL",230000,"1 GJ ",6,6100,434.78260869565202,26,78000,2149.9920000000002,5600,1,{"$f":"SUM(LEFT(TableM7[[#This Row],[Main]],2)*VLOOKUP(VALUE(TRIM(CLEAN(RIGHT(TableM7[[#This Row],[Main]],2)))),TableLasers[],COLUMN(TableLasers[S-DPH]),FALSE),LEFT(TableM7[[#This Row],[Front]],2)*VLOOKUP(VALUE(TRIM(CLEAN(RIGHT(TableM7[[#This Row],[Front]],2)))),TableLasers[],COLUMN(TableLasers[S-DPH]),FALSE),LEFT(TableM7[[#This Row],[Back]],2)*VLOOKUP(VALUE(TRIM(CLEAN(RIGHT(TableM7[[#This Row],[Back]],2)))),TableLasers[],COLUMN(TableLasers[S-DPH]),FALSE),LEFT(TableM7[[#This Row],[Left]],2)*VLOOKUP(VALUE(TRIM(CLEAN(RIGHT(TableM7[[#This Row],[Left]],2)))),TableLasers[],COLUMN(TableLasers[S-DPH]),FALSE),LEFT(TableM7[[#This Row],[Right]],2)*VLOOKUP(VALUE(TRIM(CLEAN(RIGHT(TableM7[[#This Row],[Right]],2)))),TableLasers[],COLUMN(TableLasers[S-DPH]),FALSE),LEFT(TableM7[[#This Row],[Up]],2)*VLOOKUP(VALUE(TRIM(CLEAN(RIGHT(TableM7[[#This Row],[Up]],2)))),TableLasers[],COLUMN(TableLasers[S-DPH]),FALSE),LEFT(TableM7[[#This Row],[Down]],2)*VLOOKUP(VALUE(TRIM(CLEAN(RIGHT(TableM7[[#This Row],[Down]],2)))),TableLasers[],COLUMN(TableLasers[S-DPH]),FALSE))","v":412704},{"$f":"SUM(LEFT(TableM7[[#This Row],[Main]],2)*VLOOKUP(VALUE(TRIM(CLEAN(RIGHT(TableM7[[#This Row],[Main]],2)))),TableLasers[],COLUMN(TableLasers[H-DPH]),FALSE),LEFT(TableM7[[#This Row],[Front]],2)*VLOOKUP(VALUE(TRIM(CLEAN(RIGHT(TableM7[[#This Row],[Front]],2)))),TableLasers[],COLUMN(TableLasers[H-DPH]),FALSE),LEFT(TableM7[[#This Row],[Back]],2)*VLOOKUP(VALUE(TRIM(CLEAN(RIGHT(TableM7[[#This Row],[Back]],2)))),TableLasers[],COLUMN(TableLasers[H-DPH]),FALSE),LEFT(TableM7[[#This Row],[Left]],2)*VLOOKUP(VALUE(TRIM(CLEAN(RIGHT(TableM7[[#This Row],[Left]],2)))),TableLasers[],COLUMN(TableLasers[H-DPH]),FALSE),LEFT(TableM7[[#This Row],[Right]],2)*VLOOKUP(VALUE(TRIM(CLEAN(RIGHT(TableM7[[#This Row],[Right]],2)))),TableLasers[],COLUMN(TableLasers[H-DPH]),FALSE),LEFT(TableM7[[#This Row],[Up]],2)*VLOOKUP(VALUE(TRIM(CLEAN(RIGHT(TableM7[[#This Row],[Up]],2)))),TableLasers[],COLUMN(TableLasers[H-DPH]),FALSE),LEFT(TableM7[[#This Row],[Down]],2)*VLOOKUP(VALUE(TRIM(CLEAN(RIGHT(TableM7[[#This Row],[Down]],2)))),TableLasers[],COLUMN(TableLasers[H-DPH]),FALSE))","v":64656},"08::20","08::32","02::06","04::06","04::06","00::00","00::00",8,8,2,4,4,null,null,"6,7,20,28,29,35","20,31,32","0,1,6,7,22","0,1,6,7,22","0,1,6,7,22",null,null,"0,1,3,5,12,17,22,23,10,11,13,14,18,19,25,35"]
[298,"Teladi","M7","Raven",null,102.15,68.099999999999994,8,"XXL",320000,"2 GJ ",3,7700,363.63636363636402,22,84000,1680,10500,3,{"$f":"SUM(LEFT(TableM7[[#This Row],[Main]],2)*VLOOKUP(VALUE(TRIM(CLEAN(RIGHT(TableM7[[#This Row],[Main]],2)))),TableLasers[],COLUMN(TableLasers[S-DPH]),FALSE),LEFT(TableM7[[#This Row],[Front]],2)*VLOOKUP(VALUE(TRIM(CLEAN(RIGHT(TableM7[[#This Row],[Front]],2)))),TableLasers[],COLUMN(TableLasers[S-DPH]),FALSE),LEFT(TableM7[[#This Row],[Back]],2)*VLOOKUP(VALUE(TRIM(CLEAN(RIGHT(TableM7[[#This Row],[Back]],2)))),TableLasers[],COLUMN(TableLasers[S-DPH]),FALSE),LEFT(TableM7[[#This Row],[Left]],2)*VLOOKUP(VALUE(TRIM(CLEAN(RIGHT(TableM7[[#This Row],[Left]],2)))),TableLasers[],COLUMN(TableLasers[S-DPH]),FALSE),LEFT(TableM7[[#This Row],[Right]],2)*VLOOKUP(VALUE(TRIM(CLEAN(RIGHT(TableM7[[#This Row],[Right]],2)))),TableLasers[],COLUMN(TableLasers[S-DPH]),FALSE),LEFT(TableM7[[#This Row],[Up]],2)*VLOOKUP(VALUE(TRIM(CLEAN(RIGHT(TableM7[[#This Row],[Up]],2)))),TableLasers[],COLUMN(TableLasers[S-DPH]),FALSE),LEFT(TableM7[[#This Row],[Down]],2)*VLOOKUP(VALUE(TRIM(CLEAN(RIGHT(TableM7[[#This Row],[Down]],2)))),TableLasers[],COLUMN(TableLasers[S-DPH]),FALSE))","v":415488},{"$f":"SUM(LEFT(TableM7[[#This Row],[Main]],2)*VLOOKUP(VALUE(TRIM(CLEAN(RIGHT(TableM7[[#This Row],[Main]],2)))),TableLasers[],COLUMN(TableLasers[H-DPH]),FALSE),LEFT(TableM7[[#This Row],[Front]],2)*VLOOKUP(VALUE(TRIM(CLEAN(RIGHT(TableM7[[#This Row],[Front]],2)))),TableLasers[],COLUMN(TableLasers[H-DPH]),FALSE),LEFT(TableM7[[#This Row],[Back]],2)*VLOOKUP(VALUE(TRIM(CLEAN(RIGHT(TableM7[[#This Row],[Back]],2)))),TableLasers[],COLUMN(TableLasers[H-DPH]),FALSE),LEFT(TableM7[[#This Row],[Left]],2)*VLOOKUP(VALUE(TRIM(CLEAN(RIGHT(TableM7[[#This Row],[Left]],2)))),TableLasers[],COLUMN(TableLasers[H-DPH]),FALSE),LEFT(TableM7[[#This Row],[Right]],2)*VLOOKUP(VALUE(TRIM(CLEAN(RIGHT(TableM7[[#This Row],[Right]],2)))),TableLasers[],COLUMN(TableLasers[H-DPH]),FALSE),LEFT(TableM7[[#This Row],[Up]],2)*VLOOKUP(VALUE(TRIM(CLEAN(RIGHT(TableM7[[#This Row],[Up]],2)))),TableLasers[],COLUMN(TableLasers[H-DPH]),FALSE),LEFT(TableM7[[#This Row],[Down]],2)*VLOOKUP(VALUE(TRIM(CLEAN(RIGHT(TableM7[[#This Row],[Down]],2)))),TableLasers[],COLUMN(TableLasers[H-DPH]),FALSE))","v":74492},"00::00","04::18","04::21","04::34","04::34","04::21","02::21",null,4,4,4,4,4,2,null,"5,18","0,1,21,28,29,35","5,18,21,34,2,30","5,18,21,34,2,30","0,1,21","0,1,21","0,1,3,5,12,17,22,23,10,11,13,14,18,19,25,35"]
[306,"Yaki","M7","Akurei",null,130.5,72.5,12,"XXL",150000,"1 GJ ",3,5500,434.78260869565202,26,53000,1325,3500,1,{"$f":"SUM(LEFT(TableM7[[#This Row],[Main]],2)*VLOOKUP(VALUE(TRIM(CLEAN(RIGHT(TableM7[[#This Row],[Main]],2)))),TableLasers[],COLUMN(TableLasers[S-DPH]),FALSE),LEFT(TableM7[[#This Row],[Front]],2)*VLOOKUP(VALUE(TRIM(CLEAN(RIGHT(TableM7[[#This Row],[Front]],2)))),TableLasers[],COLUMN(TableLasers[S-DPH]),FALSE),LEFT(TableM7[[#This Row],[Back]],2)*VLOOKUP(VALUE(TRIM(CLEAN(RIGHT(TableM7[[#This Row],[Back]],2)))),TableLasers[],COLUMN(TableLasers[S-DPH]),FALSE),LEFT(TableM7[[#This Row],[Left]],2)*VLOOKUP(VALUE(TRIM(CLEAN(RIGHT(TableM7[[#This Row],[Left]],2)))),TableLasers[],COLUMN(TableLasers[S-DPH]),FALSE),LEFT(TableM7[[#This Row],[Right]],2)*VLOOKUP(VALUE(TRIM(CLEAN(RIGHT(TableM7[[#This Row],[Right]],2)))),TableLasers[],COLUMN(TableLasers[S-DPH]),FALSE),LEFT(TableM7[[#This Row],[Up]],2)*VLOOKUP(VALUE(TRIM(CLEAN(RIGHT(TableM7[[#This Row],[Up]],2)))),TableLasers[],COLUMN(TableLasers[S-DPH]),FALSE),LEFT(TableM7[[#This Row],[Down]],2)*VLOOKUP(VALUE(TRIM(CLEAN(RIGHT(TableM7[[#This Row],[Down]],2)))),TableLasers[],COLUMN(TableLasers[S-DPH]),FALSE))","v":232864},{"$f":"SUM(LEFT(TableM7[[#This Row],[Main]],2)*VLOOKUP(VALUE(TRIM(CLEAN(RIGHT(TableM7[[#This Row],[Main]],2)))),TableLasers[],COLUMN(TableLasers[H-DPH]),FALSE),LEFT(TableM7[[#This Row],[Front]],2)*VLOOKUP(VALUE(TRIM(CLEAN(RIGHT(TableM7[[#This Row],[Front]],2)))),TableLasers[],COLUMN(TableLasers[H-DPH]),FALSE),LEFT(TableM7[[#This Row],[Back]],2)*VLOOKUP(VALUE(TRIM(CLEAN(RIGHT(TableM7[[#This Row],[Back]],2)))),TableLasers[],COLUMN(TableLasers[H-DPH]),FALSE),LEFT(TableM7[[#This Row],[Left]],2)*VLOOKUP(VALUE(TRIM(CLEAN(RIGHT(TableM7[[#This Row],[Left]],2)))),TableLasers[],COLUMN(TableLasers[H-DPH]),FALSE),LEFT(TableM7[[#This Row],[Right]],2)*VLOOKUP(VALUE(TRIM(CLEAN(RIGHT(TableM7[[#This Row],[Right]],2)))),TableLasers[],COLUMN(TableLasers[H-DPH]),FALSE),LEFT(TableM7[[#This Row],[Up]],2)*VLOOKUP(VALUE(TRIM(CLEAN(RIGHT(TableM7[[#This Row],[Up]],2)))),TableLasers[],COLUMN(TableLasers[H-DPH]),FALSE),LEFT(TableM7[[#This Row],[Down]],2)*VLOOKUP(VALUE(TRIM(CLEAN(RIGHT(TableM7[[#This Row],[Down]],2)))),TableLasers[],COLUMN(TableLasers[H-DPH]),FALSE))","v":41136},"08::30","08::20","02::06","04::06","04::06","00::00","00::00",8,8,2,4,4,null,null,"3,6,7,20,2,30,28,29,35","6,7,20","0,1,6,7,22","0,1,6,7,22","0,1,6,7,22",null,null,"0,1,3,5,12,17,22,23,10,11,13,14,18,19,25,35"]
[307,"Yaki","M7","Kariudo",null,110.7,61.5,10,"XXL",240000,"1 GJ ",6,8500,434.78260869565202,18,63000,1575,3500,10,{"$f":"SUM(LEFT(TableM7[[#This Row],[Main]],2)*VLOOKUP(VALUE(TRIM(CLEAN(RIGHT(TableM7[[#This Row],[Main]],2)))),TableLasers[],COLUMN(TableLasers[S-DPH]),FALSE),LEFT(TableM7[[#This Row],[Front]],2)*VLOOKUP(VALUE(TRIM(CLEAN(RIGHT(TableM7[[#This Row],[Front]],2)))),TableLasers[],COLUMN(TableLasers[S-DPH]),FALSE),LEFT(TableM7[[#This Row],[Back]],2)*VLOOKUP(VALUE(TRIM(CLEAN(RIGHT(TableM7[[#This Row],[Back]],2)))),TableLasers[],COLUMN(TableLasers[S-DPH]),FALSE),LEFT(TableM7[[#This Row],[Left]],2)*VLOOKUP(VALUE(TRIM(CLEAN(RIGHT(TableM7[[#This Row],[Left]],2)))),TableLasers[],COLUMN(TableLasers[S-DPH]),FALSE),LEFT(TableM7[[#This Row],[Right]],2)*VLOOKUP(VALUE(TRIM(CLEAN(RIGHT(TableM7[[#This Row],[Right]],2)))),TableLasers[],COLUMN(TableLasers[S-DPH]),FALSE),LEFT(TableM7[[#This Row],[Up]],2)*VLOOKUP(VALUE(TRIM(CLEAN(RIGHT(TableM7[[#This Row],[Up]],2)))),TableLasers[],COLUMN(TableLasers[S-DPH]),FALSE),LEFT(TableM7[[#This Row],[Down]],2)*VLOOKUP(VALUE(TRIM(CLEAN(RIGHT(TableM7[[#This Row],[Down]],2)))),TableLasers[],COLUMN(TableLasers[S-DPH]),FALSE))","v":325628},{"$f":"SUM(LEFT(TableM7[[#This Row],[Main]],2)*VLOOKUP(VALUE(TRIM(CLEAN(RIGHT(TableM7[[#This Row],[Main]],2)))),TableLasers[],COLUMN(TableLasers[H-DPH]),FALSE),LEFT(TableM7[[#This Row],[Front]],2)*VLOOKUP(VALUE(TRIM(CLEAN(RIGHT(TableM7[[#This Row],[Front]],2)))),TableLasers[],COLUMN(TableLasers[H-DPH]),FALSE),LEFT(TableM7[[#This Row],[Back]],2)*VLOOKUP(VALUE(TRIM(CLEAN(RIGHT(TableM7[[#This Row],[Back]],2)))),TableLasers[],COLUMN(TableLasers[H-DPH]),FALSE),LEFT(TableM7[[#This Row],[Left]],2)*VLOOKUP(VALUE(TRIM(CLEAN(RIGHT(TableM7[[#This Row],[Left]],2)))),TableLasers[],COLUMN(TableLasers[H-DPH]),FALSE),LEFT(TableM7[[#This Row],[Right]],2)*VLOOKUP(VALUE(TRIM(CLEAN(RIGHT(TableM7[[#This Row],[Right]],2)))),TableLasers[],COLUMN(TableLasers[H-DPH]),FALSE),LEFT(TableM7[[#This Row],[Up]],2)*VLOOKUP(VALUE(TRIM(CLEAN(RIGHT(TableM7[[#This Row],[Up]],2)))),TableLasers[],COLUMN(TableLasers[H-DPH]),FALSE),LEFT(TableM7[[#This Row],[Down]],2)*VLOOKUP(VALUE(TRIM(CLEAN(RIGHT(TableM7[[#This Row],[Down]],2)))),TableLasers[],COLUMN(TableLasers[H-DPH]),FALSE))","v":53892},"08::30","00::00","02::06","02::32","02::32","02::18","02::18",8,null,2,2,2,2,2,"6,7,20,2,30,28,29,35",null,"6,7,22,28,29,35","3,20,31,32,2,30","3,20,31,32,2,30","3,5,18,21","3,5,18,21","0,1,3,5,12,17,22,23,10,11,13,14,18,19,25,35"]
[308,"Yaki","M7","Senshi",null,104.04,61.2,9,"XXL",350000,"1 GJ ",3,14400,217.39130434782601,26,9050,226.34049999999999,8000,1,{"$f":"SUM(LEFT(TableM7[[#This Row],[Main]],2)*VLOOKUP(VALUE(TRIM(CLEAN(RIGHT(TableM7[[#This Row],[Main]],2)))),TableLasers[],COLUMN(TableLasers[S-DPH]),FALSE),LEFT(TableM7[[#This Row],[Front]],2)*VLOOKUP(VALUE(TRIM(CLEAN(RIGHT(TableM7[[#This Row],[Front]],2)))),TableLasers[],COLUMN(TableLasers[S-DPH]),FALSE),LEFT(TableM7[[#This Row],[Back]],2)*VLOOKUP(VALUE(TRIM(CLEAN(RIGHT(TableM7[[#This Row],[Back]],2)))),TableLasers[],COLUMN(TableLasers[S-DPH]),FALSE),LEFT(TableM7[[#This Row],[Left]],2)*VLOOKUP(VALUE(TRIM(CLEAN(RIGHT(TableM7[[#This Row],[Left]],2)))),TableLasers[],COLUMN(TableLasers[S-DPH]),FALSE),LEFT(TableM7[[#This Row],[Right]],2)*VLOOKUP(VALUE(TRIM(CLEAN(RIGHT(TableM7[[#This Row],[Right]],2)))),TableLasers[],COLUMN(TableLasers[S-DPH]),FALSE),LEFT(TableM7[[#This Row],[Up]],2)*VLOOKUP(VALUE(TRIM(CLEAN(RIGHT(TableM7[[#This Row],[Up]],2)))),TableLasers[],COLUMN(TableLasers[S-DPH]),FALSE),LEFT(TableM7[[#This Row],[Down]],2)*VLOOKUP(VALUE(TRIM(CLEAN(RIGHT(TableM7[[#This Row],[Down]],2)))),TableLasers[],COLUMN(TableLasers[S-DPH]),FALSE))","v":31440},{"$f":"SUM(LEFT(TableM7[[#This Row],[Main]],2)*VLOOKUP(VALUE(TRIM(CLEAN(RIGHT(TableM7[[#This Row],[Main]],2)))),TableLasers[],COLUMN(TableLasers[H-DPH]),FALSE),LEFT(TableM7[[#This Row],[Front]],2)*VLOOKUP(VALUE(TRIM(CLEAN(RIGHT(TableM7[[#This Row],[Front]],2)))),TableLasers[],COLUMN(TableLasers[H-DPH]),FALSE),LEFT(TableM7[[#This Row],[Back]],2)*VLOOKUP(VALUE(TRIM(CLEAN(RIGHT(TableM7[[#This Row],[Back]],2)))),TableLasers[],COLUMN(TableLasers[H-DPH]),FALSE),LEFT(TableM7[[#This Row],[Left]],2)*VLOOKUP(VALUE(TRIM(CLEAN(RIGHT(TableM7[[#This Row],[Left]],2)))),TableLasers[],COLUMN(TableLasers[H-DPH]),FALSE),LEFT(TableM7[[#This Row],[Right]],2)*VLOOKUP(VALUE(TRIM(CLEAN(RIGHT(TableM7[[#This Row],[Right]],2)))),TableLasers[],COLUMN(TableLasers[H-DPH]),FALSE),LEFT(TableM7[[#This Row],[Up]],2)*VLOOKUP(VALUE(TRIM(CLEAN(RIGHT(TableM7[[#This Row],[Up]],2)))),TableLasers[],COLUMN(TableLasers[H-DPH]),FALSE),LEFT(TableM7[[#This Row],[Down]],2)*VLOOKUP(VALUE(TRIM(CLEAN(RIGHT(TableM7[[#This Row],[Down]],2)))),TableLasers[],COLUMN(TableLasers[H-DPH]),FALSE))","v":5760},"00::00","00::00","04::06","00::00","00::00","00::00","02::06",null,null,4,8,8,2,2,null,null,"6,7,22,28,29,35",null,null,null,"0,1,3,6,7,22","29,30,41"]
[507,"Terran","M7","Hayabusa",null,111.6,55.8,9,"XXL",270000,"1 GJ ",5,8500,434.78260869565202,24,85900,1932.8359,4500,2,{"$f":"SUM(LEFT(TableM7[[#This Row],[Main]],2)*VLOOKUP(VALUE(TRIM(CLEAN(RIGHT(TableM7[[#This Row],[Main]],2)))),TableLasers[],COLUMN(TableLasers[S-DPH]),FALSE),LEFT(TableM7[[#This Row],[Front]],2)*VLOOKUP(VALUE(TRIM(CLEAN(RIGHT(TableM7[[#This Row],[Front]],2)))),TableLasers[],COLUMN(TableLasers[S-DPH]),FALSE),LEFT(TableM7[[#This Row],[Back]],2)*VLOOKUP(VALUE(TRIM(CLEAN(RIGHT(TableM7[[#This Row],[Back]],2)))),TableLasers[],COLUMN(TableLasers[S-DPH]),FALSE),LEFT(TableM7[[#This Row],[Left]],2)*VLOOKUP(VALUE(TRIM(CLEAN(RIGHT(TableM7[[#This Row],[Left]],2)))),TableLasers[],COLUMN(TableLasers[S-DPH]),FALSE),LEFT(TableM7[[#This Row],[Right]],2)*VLOOKUP(VALUE(TRIM(CLEAN(RIGHT(TableM7[[#This Row],[Right]],2)))),TableLasers[],COLUMN(TableLasers[S-DPH]),FALSE),LEFT(TableM7[[#This Row],[Up]],2)*VLOOKUP(VALUE(TRIM(CLEAN(RIGHT(TableM7[[#This Row],[Up]],2)))),TableLasers[],COLUMN(TableLasers[S-DPH]),FALSE),LEFT(TableM7[[#This Row],[Down]],2)*VLOOKUP(VALUE(TRIM(CLEAN(RIGHT(TableM7[[#This Row],[Down]],2)))),TableLasers[],COLUMN(TableLasers[S-DPH]),FALSE))","v":968400},{"$f":"SUM(LEFT(TableM7[[#This Row],[Main]],2)*VLOOKUP(VALUE(TRIM(CLEAN(RIGHT(TableM7[[#This Row],[Main]],2)))),TableLasers[],COLUMN(TableLasers[H-DPH]),FALSE),LEFT(TableM7[[#This Row],[Front]],2)*VLOOKUP(VALUE(TRIM(CLEAN(RIGHT(TableM7[[#This Row],[Front]],2)))),TableLasers[],COLUMN(TableLasers[H-DPH]),FALSE),LEFT(TableM7[[#This Row],[Back]],2)*VLOOKUP(VALUE(TRIM(CLEAN(RIGHT(TableM7[[#This Row],[Back]],2)))),TableLasers[],COLUMN(TableLasers[H-DPH]),FALSE),LEFT(TableM7[[#This Row],[Left]],2)*VLOOKUP(VALUE(TRIM(CLEAN(RIGHT(TableM7[[#This Row],[Left]],2)))),TableLasers[],COLUMN(TableLasers[H-DPH]),FALSE),LEFT(TableM7[[#This Row],[Right]],2)*VLOOKUP(VALUE(TRIM(CLEAN(RIGHT(TableM7[[#This Row],[Right]],2)))),TableLasers[],COLUMN(TableLasers[H-DPH]),FALSE),LEFT(TableM7[[#This Row],[Up]],2)*VLOOKUP(VALUE(TRIM(CLEAN(RIGHT(TableM7[[#This Row],[Up]],2)))),TableLasers[],COLUMN(TableLasers[H-DPH]),FALSE),LEFT(TableM7[[#This Row],[Down]],2)*VLOOKUP(VALUE(TRIM(CLEAN(RIGHT(TableM7[[#This Row],[Down]],2)))),TableLasers[],COLUMN(TableLasers[H-DPH]),FALSE))","v":211200},"08::17","00::00","02::26","04::37","04::37","04::26","02::26",8,null,2,4,4,4,2,"10,11,16,17",null,"10,11,26","16,17,37,38","16,17,37,38","10,11,26","10,11,26","4,15,16,20,24,27,36,37,38,28,39"]
[509,"Terran","M7","Logich(Goner)",null,139.68,77.599999999999994,12,"XXL",120000,"1 GJ ",4,5600,434.78260869565202,18,68000,1861.9079999999999,3250,1,{"$f":"SUM(LEFT(TableM7[[#This Row],[Main]],2)*VLOOKUP(VALUE(TRIM(CLEAN(RIGHT(TableM7[[#This Row],[Main]],2)))),TableLasers[],COLUMN(TableLasers[S-DPH]),FALSE),LEFT(TableM7[[#This Row],[Front]],2)*VLOOKUP(VALUE(TRIM(CLEAN(RIGHT(TableM7[[#This Row],[Front]],2)))),TableLasers[],COLUMN(TableLasers[S-DPH]),FALSE),LEFT(TableM7[[#This Row],[Back]],2)*VLOOKUP(VALUE(TRIM(CLEAN(RIGHT(TableM7[[#This Row],[Back]],2)))),TableLasers[],COLUMN(TableLasers[S-DPH]),FALSE),LEFT(TableM7[[#This Row],[Left]],2)*VLOOKUP(VALUE(TRIM(CLEAN(RIGHT(TableM7[[#This Row],[Left]],2)))),TableLasers[],COLUMN(TableLasers[S-DPH]),FALSE),LEFT(TableM7[[#This Row],[Right]],2)*VLOOKUP(VALUE(TRIM(CLEAN(RIGHT(TableM7[[#This Row],[Right]],2)))),TableLasers[],COLUMN(TableLasers[S-DPH]),FALSE),LEFT(TableM7[[#This Row],[Up]],2)*VLOOKUP(VALUE(TRIM(CLEAN(RIGHT(TableM7[[#This Row],[Up]],2)))),TableLasers[],COLUMN(TableLasers[S-DPH]),FALSE),LEFT(TableM7[[#This Row],[Down]],2)*VLOOKUP(VALUE(TRIM(CLEAN(RIGHT(TableM7[[#This Row],[Down]],2)))),TableLasers[],COLUMN(TableLasers[S-DPH]),FALSE))","v":39200},{"$f":"SUM(LEFT(TableM7[[#This Row],[Main]],2)*VLOOKUP(VALUE(TRIM(CLEAN(RIGHT(TableM7[[#This Row],[Main]],2)))),TableLasers[],COLUMN(TableLasers[H-DPH]),FALSE),LEFT(TableM7[[#This Row],[Front]],2)*VLOOKUP(VALUE(TRIM(CLEAN(RIGHT(TableM7[[#This Row],[Front]],2)))),TableLasers[],COLUMN(TableLasers[H-DPH]),FALSE),LEFT(TableM7[[#This Row],[Back]],2)*VLOOKUP(VALUE(TRIM(CLEAN(RIGHT(TableM7[[#This Row],[Back]],2)))),TableLasers[],COLUMN(TableLasers[H-DPH]),FALSE),LEFT(TableM7[[#This Row],[Left]],2)*VLOOKUP(VALUE(TRIM(CLEAN(RIGHT(TableM7[[#This Row],[Left]],2)))),TableLasers[],COLUMN(TableLasers[H-DPH]),FALSE),LEFT(TableM7[[#This Row],[Right]],2)*VLOOKUP(VALUE(TRIM(CLEAN(RIGHT(TableM7[[#This Row],[Right]],2)))),TableLasers[],COLUMN(TableLasers[H-DPH]),FALSE),LEFT(TableM7[[#This Row],[Up]],2)*VLOOKUP(VALUE(TRIM(CLEAN(RIGHT(TableM7[[#This Row],[Up]],2)))),TableLasers[],COLUMN(TableLasers[H-DPH]),FALSE),LEFT(TableM7[[#This Row],[Down]],2)*VLOOKUP(VALUE(TRIM(CLEAN(RIGHT(TableM7[[#This Row],[Down]],2)))),TableLasers[],COLUMN(TableLasers[H-DPH]),FALSE))","v":8400},"00::26","04::17","00::00","00::00","00::00","00::00","00::00",null,4,2,4,4,2,2,"10,11,26","10,11,16,17",null,null,null,null,null,"4,15,16,20,24,27,36,37,38,28,39"]
[511,"Terran","M7","Tobosaku(Yaki) B",null,107.2,53.6,9,"XXL",280000,"2 GJ ",4,9200,727.27272727272702,18,11000,329.98899999999998,8250,2,{"$f":"SUM(LEFT(TableM7[[#This Row],[Main]],2)*VLOOKUP(VALUE(TRIM(CLEAN(RIGHT(TableM7[[#This Row],[Main]],2)))),TableLasers[],COLUMN(TableLasers[S-DPH]),FALSE),LEFT(TableM7[[#This Row],[Front]],2)*VLOOKUP(VALUE(TRIM(CLEAN(RIGHT(TableM7[[#This Row],[Front]],2)))),TableLasers[],COLUMN(TableLasers[S-DPH]),FALSE),LEFT(TableM7[[#This Row],[Back]],2)*VLOOKUP(VALUE(TRIM(CLEAN(RIGHT(TableM7[[#This Row],[Back]],2)))),TableLasers[],COLUMN(TableLasers[S-DPH]),FALSE),LEFT(TableM7[[#This Row],[Left]],2)*VLOOKUP(VALUE(TRIM(CLEAN(RIGHT(TableM7[[#This Row],[Left]],2)))),TableLasers[],COLUMN(TableLasers[S-DPH]),FALSE),LEFT(TableM7[[#This Row],[Right]],2)*VLOOKUP(VALUE(TRIM(CLEAN(RIGHT(TableM7[[#This Row],[Right]],2)))),TableLasers[],COLUMN(TableLasers[S-DPH]),FALSE),LEFT(TableM7[[#This Row],[Up]],2)*VLOOKUP(VALUE(TRIM(CLEAN(RIGHT(TableM7[[#This Row],[Up]],2)))),TableLasers[],COLUMN(TableLasers[S-DPH]),FALSE),LEFT(TableM7[[#This Row],[Down]],2)*VLOOKUP(VALUE(TRIM(CLEAN(RIGHT(TableM7[[#This Row],[Down]],2)))),TableLasers[],COLUMN(TableLasers[S-DPH]),FALSE))","v":52000},{"$f":"SUM(LEFT(TableM7[[#This Row],[Main]],2)*VLOOKUP(VALUE(TRIM(CLEAN(RIGHT(TableM7[[#This Row],[Main]],2)))),TableLasers[],COLUMN(TableLasers[H-DPH]),FALSE),LEFT(TableM7[[#This Row],[Front]],2)*VLOOKUP(VALUE(TRIM(CLEAN(RIGHT(TableM7[[#This Row],[Front]],2)))),TableLasers[],COLUMN(TableLasers[H-DPH]),FALSE),LEFT(TableM7[[#This Row],[Back]],2)*VLOOKUP(VALUE(TRIM(CLEAN(RIGHT(TableM7[[#This Row],[Back]],2)))),TableLasers[],COLUMN(TableLasers[H-DPH]),FALSE),LEFT(TableM7[[#This Row],[Left]],2)*VLOOKUP(VALUE(TRIM(CLEAN(RIGHT(TableM7[[#This Row],[Left]],2)))),TableLasers[],COLUMN(TableLasers[H-DPH]),FALSE),LEFT(TableM7[[#This Row],[Right]],2)*VLOOKUP(VALUE(TRIM(CLEAN(RIGHT(TableM7[[#This Row],[Right]],2)))),TableLasers[],COLUMN(TableLasers[H-DPH]),FALSE),LEFT(TableM7[[#This Row],[Up]],2)*VLOOKUP(VALUE(TRIM(CLEAN(RIGHT(TableM7[[#This Row],[Up]],2)))),TableLasers[],COLUMN(TableLasers[H-DPH]),FALSE),LEFT(TableM7[[#This Row],[Down]],2)*VLOOKUP(VALUE(TRIM(CLEAN(RIGHT(TableM7[[#This Row],[Down]],2)))),TableLasers[],COLUMN(TableLasers[H-DPH]),FALSE))","v":14400},"00::00","00::00","02::26","00::00","00::00","12::26","02::26",null,null,2,null,null,12,2,null,null,"10,11,26",null,null,"10,11,26","10,11,26","32,41"]
[513,"Split","M7","Ocelot",null,119.55,79.7,10,"XXL",205000,"1 GJ ",4,5200,434.78260869565202,32,95000,1970.0150000000001,3800,2,{"$f":"SUM(LEFT(TableM7[[#This Row],[Main]],2)*VLOOKUP(VALUE(TRIM(CLEAN(RIGHT(TableM7[[#This Row],[Main]],2)))),TableLasers[],COLUMN(TableLasers[S-DPH]),FALSE),LEFT(TableM7[[#This Row],[Front]],2)*VLOOKUP(VALUE(TRIM(CLEAN(RIGHT(TableM7[[#This Row],[Front]],2)))),TableLasers[],COLUMN(TableLasers[S-DPH]),FALSE),LEFT(TableM7[[#This Row],[Back]],2)*VLOOKUP(VALUE(TRIM(CLEAN(RIGHT(TableM7[[#This Row],[Back]],2)))),TableLasers[],COLUMN(TableLasers[S-DPH]),FALSE),LEFT(TableM7[[#This Row],[Left]],2)*VLOOKUP(VALUE(TRIM(CLEAN(RIGHT(TableM7[[#This Row],[Left]],2)))),TableLasers[],COLUMN(TableLasers[S-DPH]),FALSE),LEFT(TableM7[[#This Row],[Right]],2)*VLOOKUP(VALUE(TRIM(CLEAN(RIGHT(TableM7[[#This Row],[Right]],2)))),TableLasers[],COLUMN(TableLasers[S-DPH]),FALSE),LEFT(TableM7[[#This Row],[Up]],2)*VLOOKUP(VALUE(TRIM(CLEAN(RIGHT(TableM7[[#This Row],[Up]],2)))),TableLasers[],COLUMN(TableLasers[S-DPH]),FALSE),LEFT(TableM7[[#This Row],[Down]],2)*VLOOKUP(VALUE(TRIM(CLEAN(RIGHT(TableM7[[#This Row],[Down]],2)))),TableLasers[],COLUMN(TableLasers[S-DPH]),FALSE))","v":698884},{"$f":"SUM(LEFT(TableM7[[#This Row],[Main]],2)*VLOOKUP(VALUE(TRIM(CLEAN(RIGHT(TableM7[[#This Row],[Main]],2)))),TableLasers[],COLUMN(TableLasers[H-DPH]),FALSE),LEFT(TableM7[[#This Row],[Front]],2)*VLOOKUP(VALUE(TRIM(CLEAN(RIGHT(TableM7[[#This Row],[Front]],2)))),TableLasers[],COLUMN(TableLasers[H-DPH]),FALSE),LEFT(TableM7[[#This Row],[Back]],2)*VLOOKUP(VALUE(TRIM(CLEAN(RIGHT(TableM7[[#This Row],[Back]],2)))),TableLasers[],COLUMN(TableLasers[H-DPH]),FALSE),LEFT(TableM7[[#This Row],[Left]],2)*VLOOKUP(VALUE(TRIM(CLEAN(RIGHT(TableM7[[#This Row],[Left]],2)))),TableLasers[],COLUMN(TableLasers[H-DPH]),FALSE),LEFT(TableM7[[#This Row],[Right]],2)*VLOOKUP(VALUE(TRIM(CLEAN(RIGHT(TableM7[[#This Row],[Right]],2)))),TableLasers[],COLUMN(TableLasers[H-DPH]),FALSE),LEFT(TableM7[[#This Row],[Up]],2)*VLOOKUP(VALUE(TRIM(CLEAN(RIGHT(TableM7[[#This Row],[Up]],2)))),TableLasers[],COLUMN(TableLasers[H-DPH]),FALSE),LEFT(TableM7[[#This Row],[Down]],2)*VLOOKUP(VALUE(TRIM(CLEAN(RIGHT(TableM7[[#This Row],[Down]],2)))),TableLasers[],COLUMN(TableLasers[H-DPH]),FALSE))","v":110275},"00::00","09::33","03::15","06::15","06::15","04::15","04::15",null,9,3,6,6,4,4,null,"3,9,15,33","9,15,24,28,29,35","3,9,15","3,9,15","0,1,3,9,15,24","0,1,3,9,15,24","0,1,3,5,12,17,22,23,10,11,13,14,18,19,25,35"]
[517,"Terran","M7","Morrigu(AGI ATF)",null,120.4,60.2,12,"XXL",140000,"1 GJ ",4,6200,434.78260869565202,18,43000,1177.383,5200,15,{"$f":"SUM(LEFT(TableM7[[#This Row],[Main]],2)*VLOOKUP(VALUE(TRIM(CLEAN(RIGHT(TableM7[[#This Row],[Main]],2)))),TableLasers[],COLUMN(TableLasers[S-DPH]),FALSE),LEFT(TableM7[[#This Row],[Front]],2)*VLOOKUP(VALUE(TRIM(CLEAN(RIGHT(TableM7[[#This Row],[Front]],2)))),TableLasers[],COLUMN(TableLasers[S-DPH]),FALSE),LEFT(TableM7[[#This Row],[Back]],2)*VLOOKUP(VALUE(TRIM(CLEAN(RIGHT(TableM7[[#This Row],[Back]],2)))),TableLasers[],COLUMN(TableLasers[S-DPH]),FALSE),LEFT(TableM7[[#This Row],[Left]],2)*VLOOKUP(VALUE(TRIM(CLEAN(RIGHT(TableM7[[#This Row],[Left]],2)))),TableLasers[],COLUMN(TableLasers[S-DPH]),FALSE),LEFT(TableM7[[#This Row],[Right]],2)*VLOOKUP(VALUE(TRIM(CLEAN(RIGHT(TableM7[[#This Row],[Right]],2)))),TableLasers[],COLUMN(TableLasers[S-DPH]),FALSE),LEFT(TableM7[[#This Row],[Up]],2)*VLOOKUP(VALUE(TRIM(CLEAN(RIGHT(TableM7[[#This Row],[Up]],2)))),TableLasers[],COLUMN(TableLasers[S-DPH]),FALSE),LEFT(TableM7[[#This Row],[Down]],2)*VLOOKUP(VALUE(TRIM(CLEAN(RIGHT(TableM7[[#This Row],[Down]],2)))),TableLasers[],COLUMN(TableLasers[S-DPH]),FALSE))","v":137100},{"$f":"SUM(LEFT(TableM7[[#This Row],[Main]],2)*VLOOKUP(VALUE(TRIM(CLEAN(RIGHT(TableM7[[#This Row],[Main]],2)))),TableLasers[],COLUMN(TableLasers[H-DPH]),FALSE),LEFT(TableM7[[#This Row],[Front]],2)*VLOOKUP(VALUE(TRIM(CLEAN(RIGHT(TableM7[[#This Row],[Front]],2)))),TableLasers[],COLUMN(TableLasers[H-DPH]),FALSE),LEFT(TableM7[[#This Row],[Back]],2)*VLOOKUP(VALUE(TRIM(CLEAN(RIGHT(TableM7[[#This Row],[Back]],2)))),TableLasers[],COLUMN(TableLasers[H-DPH]),FALSE),LEFT(TableM7[[#This Row],[Left]],2)*VLOOKUP(VALUE(TRIM(CLEAN(RIGHT(TableM7[[#This Row],[Left]],2)))),TableLasers[],COLUMN(TableLasers[H-DPH]),FALSE),LEFT(TableM7[[#This Row],[Right]],2)*VLOOKUP(VALUE(TRIM(CLEAN(RIGHT(TableM7[[#This Row],[Right]],2)))),TableLasers[],COLUMN(TableLasers[H-DPH]),FALSE),LEFT(TableM7[[#This Row],[Up]],2)*VLOOKUP(VALUE(TRIM(CLEAN(RIGHT(TableM7[[#This Row],[Up]],2)))),TableLasers[],COLUMN(TableLasers[H-DPH]),FALSE),LEFT(TableM7[[#This Row],[Down]],2)*VLOOKUP(VALUE(TRIM(CLEAN(RIGHT(TableM7[[#This Row],[Down]],2)))),TableLasers[],COLUMN(TableLasers[H-DPH]),FALSE))","v":30600},"00::00","04::17","02::26","04::17","04::17","02::26","02::26",null,4,2,4,4,2,2,null,"10,11,16,17","10,11,26","10,11,16,17","10,11,16,17","10,11,26","10,11,26","4,15,16,20,24,27,36,37,38,28,39"]
[525,"Boron","M7","Sturgeon(Boron)",null,105.4,62,10,"XXL",145000,"1 GJ ",5,6300,434.78260869565202,14,68000,1807.0319999999999,4200,0,{"$f":"SUM(LEFT(TableM7[[#This Row],[Main]],2)*VLOOKUP(VALUE(TRIM(CLEAN(RIGHT(TableM7[[#This Row],[Main]],2)))),TableLasers[],COLUMN(TableLasers[S-DPH]),FALSE),LEFT(TableM7[[#This Row],[Front]],2)*VLOOKUP(VALUE(TRIM(CLEAN(RIGHT(TableM7[[#This Row],[Front]],2)))),TableLasers[],COLUMN(TableLasers[S-DPH]),FALSE),LEFT(TableM7[[#This Row],[Back]],2)*VLOOKUP(VALUE(TRIM(CLEAN(RIGHT(TableM7[[#This Row],[Back]],2)))),TableLasers[],COLUMN(TableLasers[S-DPH]),FALSE),LEFT(TableM7[[#This Row],[Left]],2)*VLOOKUP(VALUE(TRIM(CLEAN(RIGHT(TableM7[[#This Row],[Left]],2)))),TableLasers[],COLUMN(TableLasers[S-DPH]),FALSE),LEFT(TableM7[[#This Row],[Right]],2)*VLOOKUP(VALUE(TRIM(CLEAN(RIGHT(TableM7[[#This Row],[Right]],2)))),TableLasers[],COLUMN(TableLasers[S-DPH]),FALSE),LEFT(TableM7[[#This Row],[Up]],2)*VLOOKUP(VALUE(TRIM(CLEAN(RIGHT(TableM7[[#This Row],[Up]],2)))),TableLasers[],COLUMN(TableLasers[S-DPH]),FALSE),LEFT(TableM7[[#This Row],[Down]],2)*VLOOKUP(VALUE(TRIM(CLEAN(RIGHT(TableM7[[#This Row],[Down]],2)))),TableLasers[],COLUMN(TableLasers[S-DPH]),FALSE))","v":31400},{"$f":"SUM(LEFT(TableM7[[#This Row],[Main]],2)*VLOOKUP(VALUE(TRIM(CLEAN(RIGHT(TableM7[[#This Row],[Main]],2)))),TableLasers[],COLUMN(TableLasers[H-DPH]),FALSE),LEFT(TableM7[[#This Row],[Front]],2)*VLOOKUP(VALUE(TRIM(CLEAN(RIGHT(TableM7[[#This Row],[Front]],2)))),TableLasers[],COLUMN(TableLasers[H-DPH]),FALSE),LEFT(TableM7[[#This Row],[Back]],2)*VLOOKUP(VALUE(TRIM(CLEAN(RIGHT(TableM7[[#This Row],[Back]],2)))),TableLasers[],COLUMN(TableLasers[H-DPH]),FALSE),LEFT(TableM7[[#This Row],[Left]],2)*VLOOKUP(VALUE(TRIM(CLEAN(RIGHT(TableM7[[#This Row],[Left]],2)))),TableLasers[],COLUMN(TableLasers[H-DPH]),FALSE),LEFT(TableM7[[#This Row],[Right]],2)*VLOOKUP(VALUE(TRIM(CLEAN(RIGHT(TableM7[[#This Row],[Right]],2)))),TableLasers[],COLUMN(TableLasers[H-DPH]),FALSE),LEFT(TableM7[[#This Row],[Up]],2)*VLOOKUP(VALUE(TRIM(CLEAN(RIGHT(TableM7[[#This Row],[Up]],2)))),TableLasers[],COLUMN(TableLasers[H-DPH]),FALSE),LEFT(TableM7[[#This Row],[Down]],2)*VLOOKUP(VALUE(TRIM(CLEAN(RIGHT(TableM7[[#This Row],[Down]],2)))),TableLasers[],COLUMN(TableLasers[H-DPH]),FALSE))","v":800},"00::36","00::00","02::14","00::00","00::00","00::00","00::00",null,12,2,null,null,null,null,36,null,"4,23,8,14,28,29,35",null,null,null,null,"0,1,3,5,12,17,22,23,10,11,13,14,18,19,25,35"]
[526,"Boron","M7","Coelacanth",null,117.3,69,9,"XXL",215000,"1 GJ ",4,4200,434.78260869565202,14,34800,1370.0064,5300,28,{"$f":"SUM(LEFT(TableM7[[#This Row],[Main]],2)*VLOOKUP(VALUE(TRIM(CLEAN(RIGHT(TableM7[[#This Row],[Main]],2)))),TableLasers[],COLUMN(TableLasers[S-DPH]),FALSE),LEFT(TableM7[[#This Row],[Front]],2)*VLOOKUP(VALUE(TRIM(CLEAN(RIGHT(TableM7[[#This Row],[Front]],2)))),TableLasers[],COLUMN(TableLasers[S-DPH]),FALSE),LEFT(TableM7[[#This Row],[Back]],2)*VLOOKUP(VALUE(TRIM(CLEAN(RIGHT(TableM7[[#This Row],[Back]],2)))),TableLasers[],COLUMN(TableLasers[S-DPH]),FALSE),LEFT(TableM7[[#This Row],[Left]],2)*VLOOKUP(VALUE(TRIM(CLEAN(RIGHT(TableM7[[#This Row],[Left]],2)))),TableLasers[],COLUMN(TableLasers[S-DPH]),FALSE),LEFT(TableM7[[#This Row],[Right]],2)*VLOOKUP(VALUE(TRIM(CLEAN(RIGHT(TableM7[[#This Row],[Right]],2)))),TableLasers[],COLUMN(TableLasers[S-DPH]),FALSE),LEFT(TableM7[[#This Row],[Up]],2)*VLOOKUP(VALUE(TRIM(CLEAN(RIGHT(TableM7[[#This Row],[Up]],2)))),TableLasers[],COLUMN(TableLasers[S-DPH]),FALSE),LEFT(TableM7[[#This Row],[Down]],2)*VLOOKUP(VALUE(TRIM(CLEAN(RIGHT(TableM7[[#This Row],[Down]],2)))),TableLasers[],COLUMN(TableLasers[S-DPH]),FALSE))","v":421000},{"$f":"SUM(LEFT(TableM7[[#This Row],[Main]],2)*VLOOKUP(VALUE(TRIM(CLEAN(RIGHT(TableM7[[#This Row],[Main]],2)))),TableLasers[],COLUMN(TableLasers[H-DPH]),FALSE),LEFT(TableM7[[#This Row],[Front]],2)*VLOOKUP(VALUE(TRIM(CLEAN(RIGHT(TableM7[[#This Row],[Front]],2)))),TableLasers[],COLUMN(TableLasers[H-DPH]),FALSE),LEFT(TableM7[[#This Row],[Back]],2)*VLOOKUP(VALUE(TRIM(CLEAN(RIGHT(TableM7[[#This Row],[Back]],2)))),TableLasers[],COLUMN(TableLasers[H-DPH]),FALSE),LEFT(TableM7[[#This Row],[Left]],2)*VLOOKUP(VALUE(TRIM(CLEAN(RIGHT(TableM7[[#This Row],[Left]],2)))),TableLasers[],COLUMN(TableLasers[H-DPH]),FALSE),LEFT(TableM7[[#This Row],[Right]],2)*VLOOKUP(VALUE(TRIM(CLEAN(RIGHT(TableM7[[#This Row],[Right]],2)))),TableLasers[],COLUMN(TableLasers[H-DPH]),FALSE),LEFT(TableM7[[#This Row],[Up]],2)*VLOOKUP(VALUE(TRIM(CLEAN(RIGHT(TableM7[[#This Row],[Up]],2)))),TableLasers[],COLUMN(TableLasers[H-DPH]),FALSE),LEFT(TableM7[[#This Row],[Down]],2)*VLOOKUP(VALUE(TRIM(CLEAN(RIGHT(TableM7[[#This Row],[Down]],2)))),TableLasers[],COLUMN(TableLasers[H-DPH]),FALSE))","v":8000},"00::00","02::14","02::14","02::36","02::36","02::14","04::14",null,2,2,2,2,2,4,null,"8,14","4,23,8,14,28,29,35","8,14,36","8,14,36","0,1,4,23,8,14","0,1,4,23,8,14","0,1,3,5,12,17,22,23,10,11,13,14,18,19,25,35"]
[533,"ATF","M7","Kvasir",null,108,54,9,"XXL",320000,"1 GJ ",6,11500,434.78260869565202,28,100000,2250,6500,2,{"$f":"SUM(LEFT(TableM7[[#This Row],[Main]],2)*VLOOKUP(VALUE(TRIM(CLEAN(RIGHT(TableM7[[#This Row],[Main]],2)))),TableLasers[],COLUMN(TableLasers[S-DPH]),FALSE),LEFT(TableM7[[#This Row],[Front]],2)*VLOOKUP(VALUE(TRIM(CLEAN(RIGHT(TableM7[[#This Row],[Front]],2)))),TableLasers[],COLUMN(TableLasers[S-DPH]),FALSE),LEFT(TableM7[[#This Row],[Back]],2)*VLOOKUP(VALUE(TRIM(CLEAN(RIGHT(TableM7[[#This Row],[Back]],2)))),TableLasers[],COLUMN(TableLasers[S-DPH]),FALSE),LEFT(TableM7[[#This Row],[Left]],2)*VLOOKUP(VALUE(TRIM(CLEAN(RIGHT(TableM7[[#This Row],[Left]],2)))),TableLasers[],COLUMN(TableLasers[S-DPH]),FALSE),LEFT(TableM7[[#This Row],[Right]],2)*VLOOKUP(VALUE(TRIM(CLEAN(RIGHT(TableM7[[#This Row],[Right]],2)))),TableLasers[],COLUMN(TableLasers[S-DPH]),FALSE),LEFT(TableM7[[#This Row],[Up]],2)*VLOOKUP(VALUE(TRIM(CLEAN(RIGHT(TableM7[[#This Row],[Up]],2)))),TableLasers[],COLUMN(TableLasers[S-DPH]),FALSE),LEFT(TableM7[[#This Row],[Down]],2)*VLOOKUP(VALUE(TRIM(CLEAN(RIGHT(TableM7[[#This Row],[Down]],2)))),TableLasers[],COLUMN(TableLasers[S-DPH]),FALSE))","v":1374200},{"$f":"SUM(LEFT(TableM7[[#This Row],[Main]],2)*VLOOKUP(VALUE(TRIM(CLEAN(RIGHT(TableM7[[#This Row],[Main]],2)))),TableLasers[],COLUMN(TableLasers[H-DPH]),FALSE),LEFT(TableM7[[#This Row],[Front]],2)*VLOOKUP(VALUE(TRIM(CLEAN(RIGHT(TableM7[[#This Row],[Front]],2)))),TableLasers[],COLUMN(TableLasers[H-DPH]),FALSE),LEFT(TableM7[[#This Row],[Back]],2)*VLOOKUP(VALUE(TRIM(CLEAN(RIGHT(TableM7[[#This Row],[Back]],2)))),TableLasers[],COLUMN(TableLasers[H-DPH]),FALSE),LEFT(TableM7[[#This Row],[Left]],2)*VLOOKUP(VALUE(TRIM(CLEAN(RIGHT(TableM7[[#This Row],[Left]],2)))),TableLasers[],COLUMN(TableLasers[H-DPH]),FALSE),LEFT(TableM7[[#This Row],[Right]],2)*VLOOKUP(VALUE(TRIM(CLEAN(RIGHT(TableM7[[#This Row],[Right]],2)))),TableLasers[],COLUMN(TableLasers[H-DPH]),FALSE),LEFT(TableM7[[#This Row],[Up]],2)*VLOOKUP(VALUE(TRIM(CLEAN(RIGHT(TableM7[[#This Row],[Up]],2)))),TableLasers[],COLUMN(TableLasers[H-DPH]),FALSE),LEFT(TableM7[[#This Row],[Down]],2)*VLOOKUP(VALUE(TRIM(CLEAN(RIGHT(TableM7[[#This Row],[Down]],2)))),TableLasers[],COLUMN(TableLasers[H-DPH]),FALSE))","v":300000},"00::00","04::17","04::26","06::37","06::37","04::26","04::26",null,4,4,6,6,4,4,null,"10,11,16,17","10,11,26","16,17,37,38","16,17,37,38","10,11,26","10,11,26","4,15,16,20,24,27,36,37,38,28,39"]
[544,"Teladi","M7","Geochen",null,127.5,85,12,"XXL",160000,"1 GJ ",5,5200,434.78260869565202,18,62000,1759.6220000000001,6000,1,{"$f":"SUM(LEFT(TableM7[[#This Row],[Main]],2)*VLOOKUP(VALUE(TRIM(CLEAN(RIGHT(TableM7[[#This Row],[Main]],2)))),TableLasers[],COLUMN(TableLasers[S-DPH]),FALSE),LEFT(TableM7[[#This Row],[Front]],2)*VLOOKUP(VALUE(TRIM(CLEAN(RIGHT(TableM7[[#This Row],[Front]],2)))),TableLasers[],COLUMN(TableLasers[S-DPH]),FALSE),LEFT(TableM7[[#This Row],[Back]],2)*VLOOKUP(VALUE(TRIM(CLEAN(RIGHT(TableM7[[#This Row],[Back]],2)))),TableLasers[],COLUMN(TableLasers[S-DPH]),FALSE),LEFT(TableM7[[#This Row],[Left]],2)*VLOOKUP(VALUE(TRIM(CLEAN(RIGHT(TableM7[[#This Row],[Left]],2)))),TableLasers[],COLUMN(TableLasers[S-DPH]),FALSE),LEFT(TableM7[[#This Row],[Right]],2)*VLOOKUP(VALUE(TRIM(CLEAN(RIGHT(TableM7[[#This Row],[Right]],2)))),TableLasers[],COLUMN(TableLasers[S-DPH]),FALSE),LEFT(TableM7[[#This Row],[Up]],2)*VLOOKUP(VALUE(TRIM(CLEAN(RIGHT(TableM7[[#This Row],[Up]],2)))),TableLasers[],COLUMN(TableLasers[S-DPH]),FALSE),LEFT(TableM7[[#This Row],[Down]],2)*VLOOKUP(VALUE(TRIM(CLEAN(RIGHT(TableM7[[#This Row],[Down]],2)))),TableLasers[],COLUMN(TableLasers[S-DPH]),FALSE))","v":75528},{"$f":"SUM(LEFT(TableM7[[#This Row],[Main]],2)*VLOOKUP(VALUE(TRIM(CLEAN(RIGHT(TableM7[[#This Row],[Main]],2)))),TableLasers[],COLUMN(TableLasers[H-DPH]),FALSE),LEFT(TableM7[[#This Row],[Front]],2)*VLOOKUP(VALUE(TRIM(CLEAN(RIGHT(TableM7[[#This Row],[Front]],2)))),TableLasers[],COLUMN(TableLasers[H-DPH]),FALSE),LEFT(TableM7[[#This Row],[Back]],2)*VLOOKUP(VALUE(TRIM(CLEAN(RIGHT(TableM7[[#This Row],[Back]],2)))),TableLasers[],COLUMN(TableLasers[H-DPH]),FALSE),LEFT(TableM7[[#This Row],[Left]],2)*VLOOKUP(VALUE(TRIM(CLEAN(RIGHT(TableM7[[#This Row],[Left]],2)))),TableLasers[],COLUMN(TableLasers[H-DPH]),FALSE),LEFT(TableM7[[#This Row],[Right]],2)*VLOOKUP(VALUE(TRIM(CLEAN(RIGHT(TableM7[[#This Row],[Right]],2)))),TableLasers[],COLUMN(TableLasers[H-DPH]),FALSE),LEFT(TableM7[[#This Row],[Up]],2)*VLOOKUP(VALUE(TRIM(CLEAN(RIGHT(TableM7[[#This Row],[Up]],2)))),TableLasers[],COLUMN(TableLasers[H-DPH]),FALSE),LEFT(TableM7[[#This Row],[Down]],2)*VLOOKUP(VALUE(TRIM(CLEAN(RIGHT(TableM7[[#This Row],[Down]],2)))),TableLasers[],COLUMN(TableLasers[H-DPH]),FALSE))","v":16876},"00::00","04::18","02::21","04::21","04::21","02::21","02::21",null,4,2,4,4,2,2,null,"5,18","0,1,21","0,1,21","0,1,21","0,1,21","0,1,21","0,1,3,5,12,17,22,23,35"]
[580,"Argon","M7","Cyclops",null,112.5,75,9,"XXL",380000,"1 GJ ",5,10000,217.39130434782601,24,92000,1680.0119999999999,5500,2,{"$f":"SUM(LEFT(TableM7[[#This Row],[Main]],2)*VLOOKUP(VALUE(TRIM(CLEAN(RIGHT(TableM7[[#This Row],[Main]],2)))),TableLasers[],COLUMN(TableLasers[S-DPH]),FALSE),LEFT(TableM7[[#This Row],[Front]],2)*VLOOKUP(VALUE(TRIM(CLEAN(RIGHT(TableM7[[#This Row],[Front]],2)))),TableLasers[],COLUMN(TableLasers[S-DPH]),FALSE),LEFT(TableM7[[#This Row],[Back]],2)*VLOOKUP(VALUE(TRIM(CLEAN(RIGHT(TableM7[[#This Row],[Back]],2)))),TableLasers[],COLUMN(TableLasers[S-DPH]),FALSE),LEFT(TableM7[[#This Row],[Left]],2)*VLOOKUP(VALUE(TRIM(CLEAN(RIGHT(TableM7[[#This Row],[Left]],2)))),TableLasers[],COLUMN(TableLasers[S-DPH]),FALSE),LEFT(TableM7[[#This Row],[Right]],2)*VLOOKUP(VALUE(TRIM(CLEAN(RIGHT(TableM7[[#This Row],[Right]],2)))),TableLasers[],COLUMN(TableLasers[S-DPH]),FALSE),LEFT(TableM7[[#This Row],[Up]],2)*VLOOKUP(VALUE(TRIM(CLEAN(RIGHT(TableM7[[#This Row],[Up]],2)))),TableLasers[],COLUMN(TableLasers[S-DPH]),FALSE),LEFT(TableM7[[#This Row],[Down]],2)*VLOOKUP(VALUE(TRIM(CLEAN(RIGHT(TableM7[[#This Row],[Down]],2)))),TableLasers[],COLUMN(TableLasers[S-DPH]),FALSE))","v":561204},{"$f":"SUM(LEFT(TableM7[[#This Row],[Main]],2)*VLOOKUP(VALUE(TRIM(CLEAN(RIGHT(TableM7[[#This Row],[Main]],2)))),TableLasers[],COLUMN(TableLasers[H-DPH]),FALSE),LEFT(TableM7[[#This Row],[Front]],2)*VLOOKUP(VALUE(TRIM(CLEAN(RIGHT(TableM7[[#This Row],[Front]],2)))),TableLasers[],COLUMN(TableLasers[H-DPH]),FALSE),LEFT(TableM7[[#This Row],[Back]],2)*VLOOKUP(VALUE(TRIM(CLEAN(RIGHT(TableM7[[#This Row],[Back]],2)))),TableLasers[],COLUMN(TableLasers[H-DPH]),FALSE),LEFT(TableM7[[#This Row],[Left]],2)*VLOOKUP(VALUE(TRIM(CLEAN(RIGHT(TableM7[[#This Row],[Left]],2)))),TableLasers[],COLUMN(TableLasers[H-DPH]),FALSE),LEFT(TableM7[[#This Row],[Right]],2)*VLOOKUP(VALUE(TRIM(CLEAN(RIGHT(TableM7[[#This Row],[Right]],2)))),TableLasers[],COLUMN(TableLasers[H-DPH]),FALSE),LEFT(TableM7[[#This Row],[Up]],2)*VLOOKUP(VALUE(TRIM(CLEAN(RIGHT(TableM7[[#This Row],[Up]],2)))),TableLasers[],COLUMN(TableLasers[H-DPH]),FALSE),LEFT(TableM7[[#This Row],[Down]],2)*VLOOKUP(VALUE(TRIM(CLEAN(RIGHT(TableM7[[#This Row],[Down]],2)))),TableLasers[],COLUMN(TableLasers[H-DPH]),FALSE))","v":127368},"00::00","04::39","04::23","04::39","04::39","04::23","04::23",null,4,4,4,4,4,4,null,"3,13,40,39","0,1,4,23,28,29,35","13,40,39","13,40,39","0,1,4,23","0,1,4,23","0,1,3,5,12,17,22,23,10,11,13,14,18,19,25,35"]
[581,"Teladi","M7","Talon",null,132.30000000000001,88.2,10,"XXL",160000,"1 GJ ",3,7500,217.39130434782601,20,52000,1300,8000,2,{"$f":"SUM(LEFT(TableM7[[#This Row],[Main]],2)*VLOOKUP(VALUE(TRIM(CLEAN(RIGHT(TableM7[[#This Row],[Main]],2)))),TableLasers[],COLUMN(TableLasers[S-DPH]),FALSE),LEFT(TableM7[[#This Row],[Front]],2)*VLOOKUP(VALUE(TRIM(CLEAN(RIGHT(TableM7[[#This Row],[Front]],2)))),TableLasers[],COLUMN(TableLasers[S-DPH]),FALSE),LEFT(TableM7[[#This Row],[Back]],2)*VLOOKUP(VALUE(TRIM(CLEAN(RIGHT(TableM7[[#This Row],[Back]],2)))),TableLasers[],COLUMN(TableLasers[S-DPH]),FALSE),LEFT(TableM7[[#This Row],[Left]],2)*VLOOKUP(VALUE(TRIM(CLEAN(RIGHT(TableM7[[#This Row],[Left]],2)))),TableLasers[],COLUMN(TableLasers[S-DPH]),FALSE),LEFT(TableM7[[#This Row],[Right]],2)*VLOOKUP(VALUE(TRIM(CLEAN(RIGHT(TableM7[[#This Row],[Right]],2)))),TableLasers[],COLUMN(TableLasers[S-DPH]),FALSE),LEFT(TableM7[[#This Row],[Up]],2)*VLOOKUP(VALUE(TRIM(CLEAN(RIGHT(TableM7[[#This Row],[Up]],2)))),TableLasers[],COLUMN(TableLasers[S-DPH]),FALSE),LEFT(TableM7[[#This Row],[Down]],2)*VLOOKUP(VALUE(TRIM(CLEAN(RIGHT(TableM7[[#This Row],[Down]],2)))),TableLasers[],COLUMN(TableLasers[S-DPH]),FALSE))","v":180828},{"$f":"SUM(LEFT(TableM7[[#This Row],[Main]],2)*VLOOKUP(VALUE(TRIM(CLEAN(RIGHT(TableM7[[#This Row],[Main]],2)))),TableLasers[],COLUMN(TableLasers[H-DPH]),FALSE),LEFT(TableM7[[#This Row],[Front]],2)*VLOOKUP(VALUE(TRIM(CLEAN(RIGHT(TableM7[[#This Row],[Front]],2)))),TableLasers[],COLUMN(TableLasers[H-DPH]),FALSE),LEFT(TableM7[[#This Row],[Back]],2)*VLOOKUP(VALUE(TRIM(CLEAN(RIGHT(TableM7[[#This Row],[Back]],2)))),TableLasers[],COLUMN(TableLasers[H-DPH]),FALSE),LEFT(TableM7[[#This Row],[Left]],2)*VLOOKUP(VALUE(TRIM(CLEAN(RIGHT(TableM7[[#This Row],[Left]],2)))),TableLasers[],COLUMN(TableLasers[H-DPH]),FALSE),LEFT(TableM7[[#This Row],[Right]],2)*VLOOKUP(VALUE(TRIM(CLEAN(RIGHT(TableM7[[#This Row],[Right]],2)))),TableLasers[],COLUMN(TableLasers[H-DPH]),FALSE),LEFT(TableM7[[#This Row],[Up]],2)*VLOOKUP(VALUE(TRIM(CLEAN(RIGHT(TableM7[[#This Row],[Up]],2)))),TableLasers[],COLUMN(TableLasers[H-DPH]),FALSE),LEFT(TableM7[[#This Row],[Down]],2)*VLOOKUP(VALUE(TRIM(CLEAN(RIGHT(TableM7[[#This Row],[Down]],2)))),TableLasers[],COLUMN(TableLasers[H-DPH]),FALSE))","v":34020},"08::30","00::00","02::21","02::18","02::18","04::21","02::21",8,null,2,2,2,4,2,"5,18,2,30,28,29,35",null,"0,1,21,28,29,35","5,18","5,18","0,1,21","0,1,21","0,1,3,5,12,17,22,23,10,11,13,14,18,19,25,35"]
[582,"Teladi","M7","Tern",null,101.55,67.7,10,"XXL",240000,"1 GJ ",4,5800,434.78260869565202,24,49000,980,10000,20,{"$f":"SUM(LEFT(TableM7[[#This Row],[Main]],2)*VLOOKUP(VALUE(TRIM(CLEAN(RIGHT(TableM7[[#This Row],[Main]],2)))),TableLasers[],COLUMN(TableLasers[S-DPH]),FALSE),LEFT(TableM7[[#This Row],[Front]],2)*VLOOKUP(VALUE(TRIM(CLEAN(RIGHT(TableM7[[#This Row],[Front]],2)))),TableLasers[],COLUMN(TableLasers[S-DPH]),FALSE),LEFT(TableM7[[#This Row],[Back]],2)*VLOOKUP(VALUE(TRIM(CLEAN(RIGHT(TableM7[[#This Row],[Back]],2)))),TableLasers[],COLUMN(TableLasers[S-DPH]),FALSE),LEFT(TableM7[[#This Row],[Left]],2)*VLOOKUP(VALUE(TRIM(CLEAN(RIGHT(TableM7[[#This Row],[Left]],2)))),TableLasers[],COLUMN(TableLasers[S-DPH]),FALSE),LEFT(TableM7[[#This Row],[Right]],2)*VLOOKUP(VALUE(TRIM(CLEAN(RIGHT(TableM7[[#This Row],[Right]],2)))),TableLasers[],COLUMN(TableLasers[S-DPH]),FALSE),LEFT(TableM7[[#This Row],[Up]],2)*VLOOKUP(VALUE(TRIM(CLEAN(RIGHT(TableM7[[#This Row],[Up]],2)))),TableLasers[],COLUMN(TableLasers[S-DPH]),FALSE),LEFT(TableM7[[#This Row],[Down]],2)*VLOOKUP(VALUE(TRIM(CLEAN(RIGHT(TableM7[[#This Row],[Down]],2)))),TableLasers[],COLUMN(TableLasers[S-DPH]),FALSE))","v":85428},{"$f":"SUM(LEFT(TableM7[[#This Row],[Main]],2)*VLOOKUP(VALUE(TRIM(CLEAN(RIGHT(TableM7[[#This Row],[Main]],2)))),TableLasers[],COLUMN(TableLasers[H-DPH]),FALSE),LEFT(TableM7[[#This Row],[Front]],2)*VLOOKUP(VALUE(TRIM(CLEAN(RIGHT(TableM7[[#This Row],[Front]],2)))),TableLasers[],COLUMN(TableLasers[H-DPH]),FALSE),LEFT(TableM7[[#This Row],[Back]],2)*VLOOKUP(VALUE(TRIM(CLEAN(RIGHT(TableM7[[#This Row],[Back]],2)))),TableLasers[],COLUMN(TableLasers[H-DPH]),FALSE),LEFT(TableM7[[#This Row],[Left]],2)*VLOOKUP(VALUE(TRIM(CLEAN(RIGHT(TableM7[[#This Row],[Left]],2)))),TableLasers[],COLUMN(TableLasers[H-DPH]),FALSE),LEFT(TableM7[[#This Row],[Right]],2)*VLOOKUP(VALUE(TRIM(CLEAN(RIGHT(TableM7[[#This Row],[Right]],2)))),TableLasers[],COLUMN(TableLasers[H-DPH]),FALSE),LEFT(TableM7[[#This Row],[Up]],2)*VLOOKUP(VALUE(TRIM(CLEAN(RIGHT(TableM7[[#This Row],[Up]],2)))),TableLasers[],COLUMN(TableLasers[H-DPH]),FALSE),LEFT(TableM7[[#This Row],[Down]],2)*VLOOKUP(VALUE(TRIM(CLEAN(RIGHT(TableM7[[#This Row],[Down]],2)))),TableLasers[],COLUMN(TableLasers[H-DPH]),FALSE))","v":19732},"00::00","04::18","04::21","04::21","04::21","04::21","04::21",null,4,4,4,4,4,4,null,"5,18","0,1,21","0,1,21","0,1,21","0,1,21","0,1,21","0,1,3,5,12,17,22,23,10,11,13,14,18,19,25,35"]
[583,"Xenon","M7","C",null,108,72,11,"XXL",290000,"2 GJ ",3,12000,363.63636363636402,24,70000,1750,6000,1,{"$f":"SUM(LEFT(TableM7[[#This Row],[Main]],2)*VLOOKUP(VALUE(TRIM(CLEAN(RIGHT(TableM7[[#This Row],[Main]],2)))),TableLasers[],COLUMN(TableLasers[S-DPH]),FALSE),LEFT(TableM7[[#This Row],[Front]],2)*VLOOKUP(VALUE(TRIM(CLEAN(RIGHT(TableM7[[#This Row],[Front]],2)))),TableLasers[],COLUMN(TableLasers[S-DPH]),FALSE),LEFT(TableM7[[#This Row],[Back]],2)*VLOOKUP(VALUE(TRIM(CLEAN(RIGHT(TableM7[[#This Row],[Back]],2)))),TableLasers[],COLUMN(TableLasers[S-DPH]),FALSE),LEFT(TableM7[[#This Row],[Left]],2)*VLOOKUP(VALUE(TRIM(CLEAN(RIGHT(TableM7[[#This Row],[Left]],2)))),TableLasers[],COLUMN(TableLasers[S-DPH]),FALSE),LEFT(TableM7[[#This Row],[Right]],2)*VLOOKUP(VALUE(TRIM(CLEAN(RIGHT(TableM7[[#This Row],[Right]],2)))),TableLasers[],COLUMN(TableLasers[S-DPH]),FALSE),LEFT(TableM7[[#This Row],[Up]],2)*VLOOKUP(VALUE(TRIM(CLEAN(RIGHT(TableM7[[#This Row],[Up]],2)))),TableLasers[],COLUMN(TableLasers[S-DPH]),FALSE),LEFT(TableM7[[#This Row],[Down]],2)*VLOOKUP(VALUE(TRIM(CLEAN(RIGHT(TableM7[[#This Row],[Down]],2)))),TableLasers[],COLUMN(TableLasers[S-DPH]),FALSE))","v":422800},{"$f":"SUM(LEFT(TableM7[[#This Row],[Main]],2)*VLOOKUP(VALUE(TRIM(CLEAN(RIGHT(TableM7[[#This Row],[Main]],2)))),TableLasers[],COLUMN(TableLasers[H-DPH]),FALSE),LEFT(TableM7[[#This Row],[Front]],2)*VLOOKUP(VALUE(TRIM(CLEAN(RIGHT(TableM7[[#This Row],[Front]],2)))),TableLasers[],COLUMN(TableLasers[H-DPH]),FALSE),LEFT(TableM7[[#This Row],[Back]],2)*VLOOKUP(VALUE(TRIM(CLEAN(RIGHT(TableM7[[#This Row],[Back]],2)))),TableLasers[],COLUMN(TableLasers[H-DPH]),FALSE),LEFT(TableM7[[#This Row],[Left]],2)*VLOOKUP(VALUE(TRIM(CLEAN(RIGHT(TableM7[[#This Row],[Left]],2)))),TableLasers[],COLUMN(TableLasers[H-DPH]),FALSE),LEFT(TableM7[[#This Row],[Right]],2)*VLOOKUP(VALUE(TRIM(CLEAN(RIGHT(TableM7[[#This Row],[Right]],2)))),TableLasers[],COLUMN(TableLasers[H-DPH]),FALSE),LEFT(TableM7[[#This Row],[Up]],2)*VLOOKUP(VALUE(TRIM(CLEAN(RIGHT(TableM7[[#This Row],[Up]],2)))),TableLasers[],COLUMN(TableLasers[H-DPH]),FALSE),LEFT(TableM7[[#This Row],[Down]],2)*VLOOKUP(VALUE(TRIM(CLEAN(RIGHT(TableM7[[#This Row],[Down]],2)))),TableLasers[],COLUMN(TableLasers[H-DPH]),FALSE))","v":82728},"00::00","08::41","04::27","02::27","02::27","04::19","04::19",null,8,4,2,2,4,4,null,"12,19,41,27,28,29,35","12,19,27","12,19,27","12,19,27","12,19","12,19","0,1,3,5,12,17,22,23,10,11,13,14,18,19,25,35"]
[585,"Xenon","M7","G",null,93,62,10,"XXL",200000,"2 GJ ",2,6200,363.63636363636402,22,32000,800,7000,1,{"$f":"SUM(LEFT(TableM7[[#This Row],[Main]],2)*VLOOKUP(VALUE(TRIM(CLEAN(RIGHT(TableM7[[#This Row],[Main]],2)))),TableLasers[],COLUMN(TableLasers[S-DPH]),FALSE),LEFT(TableM7[[#This Row],[Front]],2)*VLOOKUP(VALUE(TRIM(CLEAN(RIGHT(TableM7[[#This Row],[Front]],2)))),TableLasers[],COLUMN(TableLasers[S-DPH]),FALSE),LEFT(TableM7[[#This Row],[Back]],2)*VLOOKUP(VALUE(TRIM(CLEAN(RIGHT(TableM7[[#This Row],[Back]],2)))),TableLasers[],COLUMN(TableLasers[S-DPH]),FALSE),LEFT(TableM7[[#This Row],[Left]],2)*VLOOKUP(VALUE(TRIM(CLEAN(RIGHT(TableM7[[#This Row],[Left]],2)))),TableLasers[],COLUMN(TableLasers[S-DPH]),FALSE),LEFT(TableM7[[#This Row],[Right]],2)*VLOOKUP(VALUE(TRIM(CLEAN(RIGHT(TableM7[[#This Row],[Right]],2)))),TableLasers[],COLUMN(TableLasers[S-DPH]),FALSE),LEFT(TableM7[[#This Row],[Up]],2)*VLOOKUP(VALUE(TRIM(CLEAN(RIGHT(TableM7[[#This Row],[Up]],2)))),TableLasers[],COLUMN(TableLasers[S-DPH]),FALSE),LEFT(TableM7[[#This Row],[Down]],2)*VLOOKUP(VALUE(TRIM(CLEAN(RIGHT(TableM7[[#This Row],[Down]],2)))),TableLasers[],COLUMN(TableLasers[S-DPH]),FALSE))","v":45800},{"$f":"SUM(LEFT(TableM7[[#This Row],[Main]],2)*VLOOKUP(VALUE(TRIM(CLEAN(RIGHT(TableM7[[#This Row],[Main]],2)))),TableLasers[],COLUMN(TableLasers[H-DPH]),FALSE),LEFT(TableM7[[#This Row],[Front]],2)*VLOOKUP(VALUE(TRIM(CLEAN(RIGHT(TableM7[[#This Row],[Front]],2)))),TableLasers[],COLUMN(TableLasers[H-DPH]),FALSE),LEFT(TableM7[[#This Row],[Back]],2)*VLOOKUP(VALUE(TRIM(CLEAN(RIGHT(TableM7[[#This Row],[Back]],2)))),TableLasers[],COLUMN(TableLasers[H-DPH]),FALSE),LEFT(TableM7[[#This Row],[Left]],2)*VLOOKUP(VALUE(TRIM(CLEAN(RIGHT(TableM7[[#This Row],[Left]],2)))),TableLasers[],COLUMN(TableLasers[H-DPH]),FALSE),LEFT(TableM7[[#This Row],[Right]],2)*VLOOKUP(VALUE(TRIM(CLEAN(RIGHT(TableM7[[#This Row],[Right]],2)))),TableLasers[],COLUMN(TableLasers[H-DPH]),FALSE),LEFT(TableM7[[#This Row],[Up]],2)*VLOOKUP(VALUE(TRIM(CLEAN(RIGHT(TableM7[[#This Row],[Up]],2)))),TableLasers[],COLUMN(TableLasers[H-DPH]),FALSE),LEFT(TableM7[[#This Row],[Down]],2)*VLOOKUP(VALUE(TRIM(CLEAN(RIGHT(TableM7[[#This Row],[Down]],2)))),TableLasers[],COLUMN(TableLasers[H-DPH]),FALSE))","v":11464},"00::00","00::00","02::27","00::00","00::00","00::00","00::00",null,8,2,6,6,null,null,null,null,"12,19,27",null,null,null,null,"29,30,32,41"]
[591,"Pirates","M7","Gannet",null,91.8,54,9,"XXL",410000,"1 GJ ",4,8000,217.39130434782601,22,7350,183.75,8000,1,{"$f":"SUM(LEFT(TableM7[[#This Row],[Main]],2)*VLOOKUP(VALUE(TRIM(CLEAN(RIGHT(TableM7[[#This Row],[Main]],2)))),TableLasers[],COLUMN(TableLasers[S-DPH]),FALSE),LEFT(TableM7[[#This Row],[Front]],2)*VLOOKUP(VALUE(TRIM(CLEAN(RIGHT(TableM7[[#This Row],[Front]],2)))),TableLasers[],COLUMN(TableLasers[S-DPH]),FALSE),LEFT(TableM7[[#This Row],[Back]],2)*VLOOKUP(VALUE(TRIM(CLEAN(RIGHT(TableM7[[#This Row],[Back]],2)))),TableLasers[],COLUMN(TableLasers[S-DPH]),FALSE),LEFT(TableM7[[#This Row],[Left]],2)*VLOOKUP(VALUE(TRIM(CLEAN(RIGHT(TableM7[[#This Row],[Left]],2)))),TableLasers[],COLUMN(TableLasers[S-DPH]),FALSE),LEFT(TableM7[[#This Row],[Right]],2)*VLOOKUP(VALUE(TRIM(CLEAN(RIGHT(TableM7[[#This Row],[Right]],2)))),TableLasers[],COLUMN(TableLasers[S-DPH]),FALSE),LEFT(TableM7[[#This Row],[Up]],2)*VLOOKUP(VALUE(TRIM(CLEAN(RIGHT(TableM7[[#This Row],[Up]],2)))),TableLasers[],COLUMN(TableLasers[S-DPH]),FALSE),LEFT(TableM7[[#This Row],[Down]],2)*VLOOKUP(VALUE(TRIM(CLEAN(RIGHT(TableM7[[#This Row],[Down]],2)))),TableLasers[],COLUMN(TableLasers[S-DPH]),FALSE))","v":55728},{"$f":"SUM(LEFT(TableM7[[#This Row],[Main]],2)*VLOOKUP(VALUE(TRIM(CLEAN(RIGHT(TableM7[[#This Row],[Main]],2)))),TableLasers[],COLUMN(TableLasers[H-DPH]),FALSE),LEFT(TableM7[[#This Row],[Front]],2)*VLOOKUP(VALUE(TRIM(CLEAN(RIGHT(TableM7[[#This Row],[Front]],2)))),TableLasers[],COLUMN(TableLasers[H-DPH]),FALSE),LEFT(TableM7[[#This Row],[Back]],2)*VLOOKUP(VALUE(TRIM(CLEAN(RIGHT(TableM7[[#This Row],[Back]],2)))),TableLasers[],COLUMN(TableLasers[H-DPH]),FALSE),LEFT(TableM7[[#This Row],[Left]],2)*VLOOKUP(VALUE(TRIM(CLEAN(RIGHT(TableM7[[#This Row],[Left]],2)))),TableLasers[],COLUMN(TableLasers[H-DPH]),FALSE),LEFT(TableM7[[#This Row],[Right]],2)*VLOOKUP(VALUE(TRIM(CLEAN(RIGHT(TableM7[[#This Row],[Right]],2)))),TableLasers[],COLUMN(TableLasers[H-DPH]),FALSE),LEFT(TableM7[[#This Row],[Up]],2)*VLOOKUP(VALUE(TRIM(CLEAN(RIGHT(TableM7[[#This Row],[Up]],2)))),TableLasers[],COLUMN(TableLasers[H-DPH]),FALSE),LEFT(TableM7[[#This Row],[Down]],2)*VLOOKUP(VALUE(TRIM(CLEAN(RIGHT(TableM7[[#This Row],[Down]],2)))),TableLasers[],COLUMN(TableLasers[H-DPH]),FALSE))","v":11164},"00::00","00::00","04::18","00::00","00::00","02::21","00::00",null,8,4,null,null,2,null,null,null,"3,5,18,21,28,29,35",null,null,"0,1,21",null,"29,30,41"]
[592,"Pirates","M7","Tern",null,113.55,75.7,10,"XXL",220000,"1 GJ ",3,5800,434.78260869565202,24,49000,980,9000,22,{"$f":"SUM(LEFT(TableM7[[#This Row],[Main]],2)*VLOOKUP(VALUE(TRIM(CLEAN(RIGHT(TableM7[[#This Row],[Main]],2)))),TableLasers[],COLUMN(TableLasers[S-DPH]),FALSE),LEFT(TableM7[[#This Row],[Front]],2)*VLOOKUP(VALUE(TRIM(CLEAN(RIGHT(TableM7[[#This Row],[Front]],2)))),TableLasers[],COLUMN(TableLasers[S-DPH]),FALSE),LEFT(TableM7[[#This Row],[Back]],2)*VLOOKUP(VALUE(TRIM(CLEAN(RIGHT(TableM7[[#This Row],[Back]],2)))),TableLasers[],COLUMN(TableLasers[S-DPH]),FALSE),LEFT(TableM7[[#This Row],[Left]],2)*VLOOKUP(VALUE(TRIM(CLEAN(RIGHT(TableM7[[#This Row],[Left]],2)))),TableLasers[],COLUMN(TableLasers[S-DPH]),FALSE),LEFT(TableM7[[#This Row],[Right]],2)*VLOOKUP(VALUE(TRIM(CLEAN(RIGHT(TableM7[[#This Row],[Right]],2)))),TableLasers[],COLUMN(TableLasers[S-DPH]),FALSE),LEFT(TableM7[[#This Row],[Up]],2)*VLOOKUP(VALUE(TRIM(CLEAN(RIGHT(TableM7[[#This Row],[Up]],2)))),TableLasers[],COLUMN(TableLasers[S-DPH]),FALSE),LEFT(TableM7[[#This Row],[Down]],2)*VLOOKUP(VALUE(TRIM(CLEAN(RIGHT(TableM7[[#This Row],[Down]],2)))),TableLasers[],COLUMN(TableLasers[S-DPH]),FALSE))","v":314568},{"$f":"SUM(LEFT(TableM7[[#This Row],[Main]],2)*VLOOKUP(VALUE(TRIM(CLEAN(RIGHT(TableM7[[#This Row],[Main]],2)))),TableLasers[],COLUMN(TableLasers[H-DPH]),FALSE),LEFT(TableM7[[#This Row],[Front]],2)*VLOOKUP(VALUE(TRIM(CLEAN(RIGHT(TableM7[[#This Row],[Front]],2)))),TableLasers[],COLUMN(TableLasers[H-DPH]),FALSE),LEFT(TableM7[[#This Row],[Back]],2)*VLOOKUP(VALUE(TRIM(CLEAN(RIGHT(TableM7[[#This Row],[Back]],2)))),TableLasers[],COLUMN(TableLasers[H-DPH]),FALSE),LEFT(TableM7[[#This Row],[Left]],2)*VLOOKUP(VALUE(TRIM(CLEAN(RIGHT(TableM7[[#This Row],[Left]],2)))),TableLasers[],COLUMN(TableLasers[H-DPH]),FALSE),LEFT(TableM7[[#This Row],[Right]],2)*VLOOKUP(VALUE(TRIM(CLEAN(RIGHT(TableM7[[#This Row],[Right]],2)))),TableLasers[],COLUMN(TableLasers[H-DPH]),FALSE),LEFT(TableM7[[#This Row],[Up]],2)*VLOOKUP(VALUE(TRIM(CLEAN(RIGHT(TableM7[[#This Row],[Up]],2)))),TableLasers[],COLUMN(TableLasers[H-DPH]),FALSE),LEFT(TableM7[[#This Row],[Down]],2)*VLOOKUP(VALUE(TRIM(CLEAN(RIGHT(TableM7[[#This Row],[Down]],2)))),TableLasers[],COLUMN(TableLasers[H-DPH]),FALSE))","v":61272},"00::00","04::18","04::18","04::18","04::18","04::18","04::18",null,4,4,4,4,4,4,null,"5,18","3,5,18,21","5,18","5,18","3,5,18,21","3,5,18,21","0,1,3,5,12,17,22,23,10,11,13,14,18,19,25"]
[593,"Pirates","M7","Raven",null,108.15,72.099999999999994,8,"XXL",290000,"1 GJ ",4,7700,434.78260869565202,22,92000,1840,9500,3,{"$f":"SUM(LEFT(TableM7[[#This Row],[Main]],2)*VLOOKUP(VALUE(TRIM(CLEAN(RIGHT(TableM7[[#This Row],[Main]],2)))),TableLasers[],COLUMN(TableLasers[S-DPH]),FALSE),LEFT(TableM7[[#This Row],[Front]],2)*VLOOKUP(VALUE(TRIM(CLEAN(RIGHT(TableM7[[#This Row],[Front]],2)))),TableLasers[],COLUMN(TableLasers[S-DPH]),FALSE),LEFT(TableM7[[#This Row],[Back]],2)*VLOOKUP(VALUE(TRIM(CLEAN(RIGHT(TableM7[[#This Row],[Back]],2)))),TableLasers[],COLUMN(TableLasers[S-DPH]),FALSE),LEFT(TableM7[[#This Row],[Left]],2)*VLOOKUP(VALUE(TRIM(CLEAN(RIGHT(TableM7[[#This Row],[Left]],2)))),TableLasers[],COLUMN(TableLasers[S-DPH]),FALSE),LEFT(TableM7[[#This Row],[Right]],2)*VLOOKUP(VALUE(TRIM(CLEAN(RIGHT(TableM7[[#This Row],[Right]],2)))),TableLasers[],COLUMN(TableLasers[S-DPH]),FALSE),LEFT(TableM7[[#This Row],[Up]],2)*VLOOKUP(VALUE(TRIM(CLEAN(RIGHT(TableM7[[#This Row],[Up]],2)))),TableLasers[],COLUMN(TableLasers[S-DPH]),FALSE),LEFT(TableM7[[#This Row],[Down]],2)*VLOOKUP(VALUE(TRIM(CLEAN(RIGHT(TableM7[[#This Row],[Down]],2)))),TableLasers[],COLUMN(TableLasers[S-DPH]),FALSE))","v":530058},{"$f":"SUM(LEFT(TableM7[[#This Row],[Main]],2)*VLOOKUP(VALUE(TRIM(CLEAN(RIGHT(TableM7[[#This Row],[Main]],2)))),TableLasers[],COLUMN(TableLasers[H-DPH]),FALSE),LEFT(TableM7[[#This Row],[Front]],2)*VLOOKUP(VALUE(TRIM(CLEAN(RIGHT(TableM7[[#This Row],[Front]],2)))),TableLasers[],COLUMN(TableLasers[H-DPH]),FALSE),LEFT(TableM7[[#This Row],[Back]],2)*VLOOKUP(VALUE(TRIM(CLEAN(RIGHT(TableM7[[#This Row],[Back]],2)))),TableLasers[],COLUMN(TableLasers[H-DPH]),FALSE),LEFT(TableM7[[#This Row],[Left]],2)*VLOOKUP(VALUE(TRIM(CLEAN(RIGHT(TableM7[[#This Row],[Left]],2)))),TableLasers[],COLUMN(TableLasers[H-DPH]),FALSE),LEFT(TableM7[[#This Row],[Right]],2)*VLOOKUP(VALUE(TRIM(CLEAN(RIGHT(TableM7[[#This Row],[Right]],2)))),TableLasers[],COLUMN(TableLasers[H-DPH]),FALSE),LEFT(TableM7[[#This Row],[Up]],2)*VLOOKUP(VALUE(TRIM(CLEAN(RIGHT(TableM7[[#This Row],[Up]],2)))),TableLasers[],COLUMN(TableLasers[H-DPH]),FALSE),LEFT(TableM7[[#This Row],[Down]],2)*VLOOKUP(VALUE(TRIM(CLEAN(RIGHT(TableM7[[#This Row],[Down]],2)))),TableLasers[],COLUMN(TableLasers[H-DPH]),FALSE))","v":95262},"00::00","04::18","04::18","04::34","04::34","04::18","02::18",null,4,4,4,4,4,2,null,"5,18","3,5,18,21,28,29,35","3,5,18,40,34,2,30","3,5,18,40,34,2,30","3,5,18,21","3,5,18,21","0,1,3,5,12,17,22,23,10,11,13,14,18,19,25"]
[594,"Pirates","M7","Geochen",null,138,92,12,"XXL",140000,"1 GJ ",3,5200,434.78260869565202,18,64000,1816.384,5500,1,{"$f":"SUM(LEFT(TableM7[[#This Row],[Main]],2)*VLOOKUP(VALUE(TRIM(CLEAN(RIGHT(TableM7[[#This Row],[Main]],2)))),TableLasers[],COLUMN(TableLasers[S-DPH]),FALSE),LEFT(TableM7[[#This Row],[Front]],2)*VLOOKUP(VALUE(TRIM(CLEAN(RIGHT(TableM7[[#This Row],[Front]],2)))),TableLasers[],COLUMN(TableLasers[S-DPH]),FALSE),LEFT(TableM7[[#This Row],[Back]],2)*VLOOKUP(VALUE(TRIM(CLEAN(RIGHT(TableM7[[#This Row],[Back]],2)))),TableLasers[],COLUMN(TableLasers[S-DPH]),FALSE),LEFT(TableM7[[#This Row],[Left]],2)*VLOOKUP(VALUE(TRIM(CLEAN(RIGHT(TableM7[[#This Row],[Left]],2)))),TableLasers[],COLUMN(TableLasers[S-DPH]),FALSE),LEFT(TableM7[[#This Row],[Right]],2)*VLOOKUP(VALUE(TRIM(CLEAN(RIGHT(TableM7[[#This Row],[Right]],2)))),TableLasers[],COLUMN(TableLasers[S-DPH]),FALSE),LEFT(TableM7[[#This Row],[Up]],2)*VLOOKUP(VALUE(TRIM(CLEAN(RIGHT(TableM7[[#This Row],[Up]],2)))),TableLasers[],COLUMN(TableLasers[S-DPH]),FALSE),LEFT(TableM7[[#This Row],[Down]],2)*VLOOKUP(VALUE(TRIM(CLEAN(RIGHT(TableM7[[#This Row],[Down]],2)))),TableLasers[],COLUMN(TableLasers[S-DPH]),FALSE))","v":235926},{"$f":"SUM(LEFT(TableM7[[#This Row],[Main]],2)*VLOOKUP(VALUE(TRIM(CLEAN(RIGHT(TableM7[[#This Row],[Main]],2)))),TableLasers[],COLUMN(TableLasers[H-DPH]),FALSE),LEFT(TableM7[[#This Row],[Front]],2)*VLOOKUP(VALUE(TRIM(CLEAN(RIGHT(TableM7[[#This Row],[Front]],2)))),TableLasers[],COLUMN(TableLasers[H-DPH]),FALSE),LEFT(TableM7[[#This Row],[Back]],2)*VLOOKUP(VALUE(TRIM(CLEAN(RIGHT(TableM7[[#This Row],[Back]],2)))),TableLasers[],COLUMN(TableLasers[H-DPH]),FALSE),LEFT(TableM7[[#This Row],[Left]],2)*VLOOKUP(VALUE(TRIM(CLEAN(RIGHT(TableM7[[#This Row],[Left]],2)))),TableLasers[],COLUMN(TableLasers[H-DPH]),FALSE),LEFT(TableM7[[#This Row],[Right]],2)*VLOOKUP(VALUE(TRIM(CLEAN(RIGHT(TableM7[[#This Row],[Right]],2)))),TableLasers[],COLUMN(TableLasers[H-DPH]),FALSE),LEFT(TableM7[[#This Row],[Up]],2)*VLOOKUP(VALUE(TRIM(CLEAN(RIGHT(TableM7[[#This Row],[Up]],2)))),TableLasers[],COLUMN(TableLasers[H-DPH]),FALSE),LEFT(TableM7[[#This Row],[Down]],2)*VLOOKUP(VALUE(TRIM(CLEAN(RIGHT(TableM7[[#This Row],[Down]],2)))),TableLasers[],COLUMN(TableLasers[H-DPH]),FALSE))","v":45954},"00::00","04::18","02::18","04::18","04::18","02::18","02::18",null,4,2,4,4,2,2,null,"5,18","3,5,18,21","5,18","5,18","3,5,18,21","3,5,18,21","0,1,3,5,12,17,22,23"]
[599,"Pirates","M7","Shrike",null,123.15,82.1,10,"XXL",170000,"1 GJ ",4,5800,434.78260869565202,18,51000,1020,7500,8,{"$f":"SUM(LEFT(TableM7[[#This Row],[Main]],2)*VLOOKUP(VALUE(TRIM(CLEAN(RIGHT(TableM7[[#This Row],[Main]],2)))),TableLasers[],COLUMN(TableLasers[S-DPH]),FALSE),LEFT(TableM7[[#This Row],[Front]],2)*VLOOKUP(VALUE(TRIM(CLEAN(RIGHT(TableM7[[#This Row],[Front]],2)))),TableLasers[],COLUMN(TableLasers[S-DPH]),FALSE),LEFT(TableM7[[#This Row],[Back]],2)*VLOOKUP(VALUE(TRIM(CLEAN(RIGHT(TableM7[[#This Row],[Back]],2)))),TableLasers[],COLUMN(TableLasers[S-DPH]),FALSE),LEFT(TableM7[[#This Row],[Left]],2)*VLOOKUP(VALUE(TRIM(CLEAN(RIGHT(TableM7[[#This Row],[Left]],2)))),TableLasers[],COLUMN(TableLasers[S-DPH]),FALSE),LEFT(TableM7[[#This Row],[Right]],2)*VLOOKUP(VALUE(TRIM(CLEAN(RIGHT(TableM7[[#This Row],[Right]],2)))),TableLasers[],COLUMN(TableLasers[S-DPH]),FALSE),LEFT(TableM7[[#This Row],[Up]],2)*VLOOKUP(VALUE(TRIM(CLEAN(RIGHT(TableM7[[#This Row],[Up]],2)))),TableLasers[],COLUMN(TableLasers[S-DPH]),FALSE),LEFT(TableM7[[#This Row],[Down]],2)*VLOOKUP(VALUE(TRIM(CLEAN(RIGHT(TableM7[[#This Row],[Down]],2)))),TableLasers[],COLUMN(TableLasers[S-DPH]),FALSE))","v":246270},{"$f":"SUM(LEFT(TableM7[[#This Row],[Main]],2)*VLOOKUP(VALUE(TRIM(CLEAN(RIGHT(TableM7[[#This Row],[Main]],2)))),TableLasers[],COLUMN(TableLasers[H-DPH]),FALSE),LEFT(TableM7[[#This Row],[Front]],2)*VLOOKUP(VALUE(TRIM(CLEAN(RIGHT(TableM7[[#This Row],[Front]],2)))),TableLasers[],COLUMN(TableLasers[H-DPH]),FALSE),LEFT(TableM7[[#This Row],[Back]],2)*VLOOKUP(VALUE(TRIM(CLEAN(RIGHT(TableM7[[#This Row],[Back]],2)))),TableLasers[],COLUMN(TableLasers[H-DPH]),FALSE),LEFT(TableM7[[#This Row],[Left]],2)*VLOOKUP(VALUE(TRIM(CLEAN(RIGHT(TableM7[[#This Row],[Left]],2)))),TableLasers[],COLUMN(TableLasers[H-DPH]),FALSE),LEFT(TableM7[[#This Row],[Right]],2)*VLOOKUP(VALUE(TRIM(CLEAN(RIGHT(TableM7[[#This Row],[Right]],2)))),TableLasers[],COLUMN(TableLasers[H-DPH]),FALSE),LEFT(TableM7[[#This Row],[Up]],2)*VLOOKUP(VALUE(TRIM(CLEAN(RIGHT(TableM7[[#This Row],[Up]],2)))),TableLasers[],COLUMN(TableLasers[H-DPH]),FALSE),LEFT(TableM7[[#This Row],[Down]],2)*VLOOKUP(VALUE(TRIM(CLEAN(RIGHT(TableM7[[#This Row],[Down]],2)))),TableLasers[],COLUMN(TableLasers[H-DPH]),FALSE))","v":45530},"08::30","00::00","02::18","02::18","02::18","02::18","02::18",8,null,2,2,2,2,2,"5,18,2,30,28,29,35",null,"3,5,18,21,28,29,35","5,18","5,18","3,5,18,21","3,5,18,21","0,1,3,5,12,17,22,23,10,11,13,14,18,19,25,35"]
[601,"Pirates","M7","Talon",null,142.80000000000001,95.2,10,"XXL",170000,"1 GJ ",2,7500,217.39130434782601,20,55000,1375,8000,2,{"$f":"SUM(LEFT(TableM7[[#This Row],[Main]],2)*VLOOKUP(VALUE(TRIM(CLEAN(RIGHT(TableM7[[#This Row],[Main]],2)))),TableLasers[],COLUMN(TableLasers[S-DPH]),FALSE),LEFT(TableM7[[#This Row],[Front]],2)*VLOOKUP(VALUE(TRIM(CLEAN(RIGHT(TableM7[[#This Row],[Front]],2)))),TableLasers[],COLUMN(TableLasers[S-DPH]),FALSE),LEFT(TableM7[[#This Row],[Back]],2)*VLOOKUP(VALUE(TRIM(CLEAN(RIGHT(TableM7[[#This Row],[Back]],2)))),TableLasers[],COLUMN(TableLasers[S-DPH]),FALSE),LEFT(TableM7[[#This Row],[Left]],2)*VLOOKUP(VALUE(TRIM(CLEAN(RIGHT(TableM7[[#This Row],[Left]],2)))),TableLasers[],COLUMN(TableLasers[S-DPH]),FALSE),LEFT(TableM7[[#This Row],[Right]],2)*VLOOKUP(VALUE(TRIM(CLEAN(RIGHT(TableM7[[#This Row],[Right]],2)))),TableLasers[],COLUMN(TableLasers[S-DPH]),FALSE),LEFT(TableM7[[#This Row],[Up]],2)*VLOOKUP(VALUE(TRIM(CLEAN(RIGHT(TableM7[[#This Row],[Up]],2)))),TableLasers[],COLUMN(TableLasers[S-DPH]),FALSE),LEFT(TableM7[[#This Row],[Down]],2)*VLOOKUP(VALUE(TRIM(CLEAN(RIGHT(TableM7[[#This Row],[Down]],2)))),TableLasers[],COLUMN(TableLasers[S-DPH]),FALSE))","v":272484},{"$f":"SUM(LEFT(TableM7[[#This Row],[Main]],2)*VLOOKUP(VALUE(TRIM(CLEAN(RIGHT(TableM7[[#This Row],[Main]],2)))),TableLasers[],COLUMN(TableLasers[H-DPH]),FALSE),LEFT(TableM7[[#This Row],[Front]],2)*VLOOKUP(VALUE(TRIM(CLEAN(RIGHT(TableM7[[#This Row],[Front]],2)))),TableLasers[],COLUMN(TableLasers[H-DPH]),FALSE),LEFT(TableM7[[#This Row],[Back]],2)*VLOOKUP(VALUE(TRIM(CLEAN(RIGHT(TableM7[[#This Row],[Back]],2)))),TableLasers[],COLUMN(TableLasers[H-DPH]),FALSE),LEFT(TableM7[[#This Row],[Left]],2)*VLOOKUP(VALUE(TRIM(CLEAN(RIGHT(TableM7[[#This Row],[Left]],2)))),TableLasers[],COLUMN(TableLasers[H-DPH]),FALSE),LEFT(TableM7[[#This Row],[Right]],2)*VLOOKUP(VALUE(TRIM(CLEAN(RIGHT(TableM7[[#This Row],[Right]],2)))),TableLasers[],COLUMN(TableLasers[H-DPH]),FALSE),LEFT(TableM7[[#This Row],[Up]],2)*VLOOKUP(VALUE(TRIM(CLEAN(RIGHT(TableM7[[#This Row],[Up]],2)))),TableLasers[],COLUMN(TableLasers[H-DPH]),FALSE),LEFT(TableM7[[#This Row],[Down]],2)*VLOOKUP(VALUE(TRIM(CLEAN(RIGHT(TableM7[[#This Row],[Down]],2)))),TableLasers[],COLUMN(TableLasers[H-DPH]),FALSE))","v":50636},"08::30","00::00","02::18","02::18","02::18","04::18","02::18",8,null,2,2,2,4,2,"5,18,2,30,28,29,35",null,"3,5,18,21,28,29,35","5,18","5,18","3,5,18,21","3,5,18,21","0,1,3,5,12,17,22,23,10,11,13,14,18,19,25"]
[604,"Pirates","M7","Cerberus",null,148.5,82.5,12,"XXL",130000,"1 GJ ",2,5500,217.39130434782601,30,69000,2108.364,4500,8,{"$f":"SUM(LEFT(TableM7[[#This Row],[Main]],2)*VLOOKUP(VALUE(TRIM(CLEAN(RIGHT(TableM7[[#This Row],[Main]],2)))),TableLasers[],COLUMN(TableLasers[S-DPH]),FALSE),LEFT(TableM7[[#This Row],[Front]],2)*VLOOKUP(VALUE(TRIM(CLEAN(RIGHT(TableM7[[#This Row],[Front]],2)))),TableLasers[],COLUMN(TableLasers[S-DPH]),FALSE),LEFT(TableM7[[#This Row],[Back]],2)*VLOOKUP(VALUE(TRIM(CLEAN(RIGHT(TableM7[[#This Row],[Back]],2)))),TableLasers[],COLUMN(TableLasers[S-DPH]),FALSE),LEFT(TableM7[[#This Row],[Left]],2)*VLOOKUP(VALUE(TRIM(CLEAN(RIGHT(TableM7[[#This Row],[Left]],2)))),TableLasers[],COLUMN(TableLasers[S-DPH]),FALSE),LEFT(TableM7[[#This Row],[Right]],2)*VLOOKUP(VALUE(TRIM(CLEAN(RIGHT(TableM7[[#This Row],[Right]],2)))),TableLasers[],COLUMN(TableLasers[S-DPH]),FALSE),LEFT(TableM7[[#This Row],[Up]],2)*VLOOKUP(VALUE(TRIM(CLEAN(RIGHT(TableM7[[#This Row],[Up]],2)))),TableLasers[],COLUMN(TableLasers[S-DPH]),FALSE),LEFT(TableM7[[#This Row],[Down]],2)*VLOOKUP(VALUE(TRIM(CLEAN(RIGHT(TableM7[[#This Row],[Down]],2)))),TableLasers[],COLUMN(TableLasers[S-DPH]),FALSE))","v":351126},{"$f":"SUM(LEFT(TableM7[[#This Row],[Main]],2)*VLOOKUP(VALUE(TRIM(CLEAN(RIGHT(TableM7[[#This Row],[Main]],2)))),TableLasers[],COLUMN(TableLasers[H-DPH]),FALSE),LEFT(TableM7[[#This Row],[Front]],2)*VLOOKUP(VALUE(TRIM(CLEAN(RIGHT(TableM7[[#This Row],[Front]],2)))),TableLasers[],COLUMN(TableLasers[H-DPH]),FALSE),LEFT(TableM7[[#This Row],[Back]],2)*VLOOKUP(VALUE(TRIM(CLEAN(RIGHT(TableM7[[#This Row],[Back]],2)))),TableLasers[],COLUMN(TableLasers[H-DPH]),FALSE),LEFT(TableM7[[#This Row],[Left]],2)*VLOOKUP(VALUE(TRIM(CLEAN(RIGHT(TableM7[[#This Row],[Left]],2)))),TableLasers[],COLUMN(TableLasers[H-DPH]),FALSE),LEFT(TableM7[[#This Row],[Right]],2)*VLOOKUP(VALUE(TRIM(CLEAN(RIGHT(TableM7[[#This Row],[Right]],2)))),TableLasers[],COLUMN(TableLasers[H-DPH]),FALSE),LEFT(TableM7[[#This Row],[Up]],2)*VLOOKUP(VALUE(TRIM(CLEAN(RIGHT(TableM7[[#This Row],[Up]],2)))),TableLasers[],COLUMN(TableLasers[H-DPH]),FALSE),LEFT(TableM7[[#This Row],[Down]],2)*VLOOKUP(VALUE(TRIM(CLEAN(RIGHT(TableM7[[#This Row],[Down]],2)))),TableLasers[],COLUMN(TableLasers[H-DPH]),FALSE))","v":65954},"08::30","00::00","06::18","00::00","00::00","06::18","06::18",8,null,6,2,2,6,6,"3,4,23,13,2,30",null,"3,5,18,21",null,null,"3,5,18,21","3,5,18,21","0,1,3,5,12,17,22,23,10,11,13,14,18,19,25,35"]
[616,"Kha'ak","M7","Frigate",null,137.4,68.7,25,"XL",100000,"1 GJ ",4,6800,434.78260869565202,32,58000,1450,4500,0,{"$f":"SUM(LEFT(TableM7[[#This Row],[Main]],2)*VLOOKUP(VALUE(TRIM(CLEAN(RIGHT(TableM7[[#This Row],[Main]],2)))),TableLasers[],COLUMN(TableLasers[S-DPH]),FALSE),LEFT(TableM7[[#This Row],[Front]],2)*VLOOKUP(VALUE(TRIM(CLEAN(RIGHT(TableM7[[#This Row],[Front]],2)))),TableLasers[],COLUMN(TableLasers[S-DPH]),FALSE),LEFT(TableM7[[#This Row],[Back]],2)*VLOOKUP(VALUE(TRIM(CLEAN(RIGHT(TableM7[[#This Row],[Back]],2)))),TableLasers[],COLUMN(TableLasers[S-DPH]),FALSE),LEFT(TableM7[[#This Row],[Left]],2)*VLOOKUP(VALUE(TRIM(CLEAN(RIGHT(TableM7[[#This Row],[Left]],2)))),TableLasers[],COLUMN(TableLasers[S-DPH]),FALSE),LEFT(TableM7[[#This Row],[Right]],2)*VLOOKUP(VALUE(TRIM(CLEAN(RIGHT(TableM7[[#This Row],[Right]],2)))),TableLasers[],COLUMN(TableLasers[S-DPH]),FALSE),LEFT(TableM7[[#This Row],[Up]],2)*VLOOKUP(VALUE(TRIM(CLEAN(RIGHT(TableM7[[#This Row],[Up]],2)))),TableLasers[],COLUMN(TableLasers[S-DPH]),FALSE),LEFT(TableM7[[#This Row],[Down]],2)*VLOOKUP(VALUE(TRIM(CLEAN(RIGHT(TableM7[[#This Row],[Down]],2)))),TableLasers[],COLUMN(TableLasers[S-DPH]),FALSE))","v":280320},{"$f":"SUM(LEFT(TableM7[[#This Row],[Main]],2)*VLOOKUP(VALUE(TRIM(CLEAN(RIGHT(TableM7[[#This Row],[Main]],2)))),TableLasers[],COLUMN(TableLasers[H-DPH]),FALSE),LEFT(TableM7[[#This Row],[Front]],2)*VLOOKUP(VALUE(TRIM(CLEAN(RIGHT(TableM7[[#This Row],[Front]],2)))),TableLasers[],COLUMN(TableLasers[H-DPH]),FALSE),LEFT(TableM7[[#This Row],[Back]],2)*VLOOKUP(VALUE(TRIM(CLEAN(RIGHT(TableM7[[#This Row],[Back]],2)))),TableLasers[],COLUMN(TableLasers[H-DPH]),FALSE),LEFT(TableM7[[#This Row],[Left]],2)*VLOOKUP(VALUE(TRIM(CLEAN(RIGHT(TableM7[[#This Row],[Left]],2)))),TableLasers[],COLUMN(TableLasers[H-DPH]),FALSE),LEFT(TableM7[[#This Row],[Right]],2)*VLOOKUP(VALUE(TRIM(CLEAN(RIGHT(TableM7[[#This Row],[Right]],2)))),TableLasers[],COLUMN(TableLasers[H-DPH]),FALSE),LEFT(TableM7[[#This Row],[Up]],2)*VLOOKUP(VALUE(TRIM(CLEAN(RIGHT(TableM7[[#This Row],[Up]],2)))),TableLasers[],COLUMN(TableLasers[H-DPH]),FALSE),LEFT(TableM7[[#This Row],[Down]],2)*VLOOKUP(VALUE(TRIM(CLEAN(RIGHT(TableM7[[#This Row],[Down]],2)))),TableLasers[],COLUMN(TableLasers[H-DPH]),FALSE))","v":60128},"08::43","00::00","04::43","06::43","06::43","04::43","04::43",8,null,4,6,6,4,4,"42,43",null,"42,43","42,43","42,43","42,43","42,43",26]
[618,"Split","M7","Wolf",null,150,75,12,"XXL",90000,"1 GJ ",2,5600,217.39130434782601,24,65000,1656.2650000000001,3600,2,{"$f":"SUM(LEFT(TableM7[[#This Row],[Main]],2)*VLOOKUP(VALUE(TRIM(CLEAN(RIGHT(TableM7[[#This Row],[Main]],2)))),TableLasers[],COLUMN(TableLasers[S-DPH]),FALSE),LEFT(TableM7[[#This Row],[Front]],2)*VLOOKUP(VALUE(TRIM(CLEAN(RIGHT(TableM7[[#This Row],[Front]],2)))),TableLasers[],COLUMN(TableLasers[S-DPH]),FALSE),LEFT(TableM7[[#This Row],[Back]],2)*VLOOKUP(VALUE(TRIM(CLEAN(RIGHT(TableM7[[#This Row],[Back]],2)))),TableLasers[],COLUMN(TableLasers[S-DPH]),FALSE),LEFT(TableM7[[#This Row],[Left]],2)*VLOOKUP(VALUE(TRIM(CLEAN(RIGHT(TableM7[[#This Row],[Left]],2)))),TableLasers[],COLUMN(TableLasers[S-DPH]),FALSE),LEFT(TableM7[[#This Row],[Right]],2)*VLOOKUP(VALUE(TRIM(CLEAN(RIGHT(TableM7[[#This Row],[Right]],2)))),TableLasers[],COLUMN(TableLasers[S-DPH]),FALSE),LEFT(TableM7[[#This Row],[Up]],2)*VLOOKUP(VALUE(TRIM(CLEAN(RIGHT(TableM7[[#This Row],[Up]],2)))),TableLasers[],COLUMN(TableLasers[S-DPH]),FALSE),LEFT(TableM7[[#This Row],[Down]],2)*VLOOKUP(VALUE(TRIM(CLEAN(RIGHT(TableM7[[#This Row],[Down]],2)))),TableLasers[],COLUMN(TableLasers[S-DPH]),FALSE))","v":59376},{"$f":"SUM(LEFT(TableM7[[#This Row],[Main]],2)*VLOOKUP(VALUE(TRIM(CLEAN(RIGHT(TableM7[[#This Row],[Main]],2)))),TableLasers[],COLUMN(TableLasers[H-DPH]),FALSE),LEFT(TableM7[[#This Row],[Front]],2)*VLOOKUP(VALUE(TRIM(CLEAN(RIGHT(TableM7[[#This Row],[Front]],2)))),TableLasers[],COLUMN(TableLasers[H-DPH]),FALSE),LEFT(TableM7[[#This Row],[Back]],2)*VLOOKUP(VALUE(TRIM(CLEAN(RIGHT(TableM7[[#This Row],[Back]],2)))),TableLasers[],COLUMN(TableLasers[H-DPH]),FALSE),LEFT(TableM7[[#This Row],[Left]],2)*VLOOKUP(VALUE(TRIM(CLEAN(RIGHT(TableM7[[#This Row],[Left]],2)))),TableLasers[],COLUMN(TableLasers[H-DPH]),FALSE),LEFT(TableM7[[#This Row],[Right]],2)*VLOOKUP(VALUE(TRIM(CLEAN(RIGHT(TableM7[[#This Row],[Right]],2)))),TableLasers[],COLUMN(TableLasers[H-DPH]),FALSE),LEFT(TableM7[[#This Row],[Up]],2)*VLOOKUP(VALUE(TRIM(CLEAN(RIGHT(TableM7[[#This Row],[Up]],2)))),TableLasers[],COLUMN(TableLasers[H-DPH]),FALSE),LEFT(TableM7[[#This Row],[Down]],2)*VLOOKUP(VALUE(TRIM(CLEAN(RIGHT(TableM7[[#This Row],[Down]],2)))),TableLasers[],COLUMN(TableLasers[H-DPH]),FALSE))","v":9264},"00::15","06::15","00::00","00::00","00::00","00::00","00::00",null,6,2,6,6,2,2,"3,9,15,24","0,1,3,9,15,24",null,null,null,null,null,"0,1,3,5,12,17,22,23,10,11,13,14,18,19,25,35"]
[619,"ATF","M7","Snotra",null,147.6,73.8,13,"XXL",110000,"1 GJ ",4,6500,434.78260869565202,18,60000,1642.86,3500,1,{"$f":"SUM(LEFT(TableM7[[#This Row],[Main]],2)*VLOOKUP(VALUE(TRIM(CLEAN(RIGHT(TableM7[[#This Row],[Main]],2)))),TableLasers[],COLUMN(TableLasers[S-DPH]),FALSE),LEFT(TableM7[[#This Row],[Front]],2)*VLOOKUP(VALUE(TRIM(CLEAN(RIGHT(TableM7[[#This Row],[Front]],2)))),TableLasers[],COLUMN(TableLasers[S-DPH]),FALSE),LEFT(TableM7[[#This Row],[Back]],2)*VLOOKUP(VALUE(TRIM(CLEAN(RIGHT(TableM7[[#This Row],[Back]],2)))),TableLasers[],COLUMN(TableLasers[S-DPH]),FALSE),LEFT(TableM7[[#This Row],[Left]],2)*VLOOKUP(VALUE(TRIM(CLEAN(RIGHT(TableM7[[#This Row],[Left]],2)))),TableLasers[],COLUMN(TableLasers[S-DPH]),FALSE),LEFT(TableM7[[#This Row],[Right]],2)*VLOOKUP(VALUE(TRIM(CLEAN(RIGHT(TableM7[[#This Row],[Right]],2)))),TableLasers[],COLUMN(TableLasers[S-DPH]),FALSE),LEFT(TableM7[[#This Row],[Up]],2)*VLOOKUP(VALUE(TRIM(CLEAN(RIGHT(TableM7[[#This Row],[Up]],2)))),TableLasers[],COLUMN(TableLasers[S-DPH]),FALSE),LEFT(TableM7[[#This Row],[Down]],2)*VLOOKUP(VALUE(TRIM(CLEAN(RIGHT(TableM7[[#This Row],[Down]],2)))),TableLasers[],COLUMN(TableLasers[S-DPH]),FALSE))","v":39200},{"$f":"SUM(LEFT(TableM7[[#This Row],[Main]],2)*VLOOKUP(VALUE(TRIM(CLEAN(RIGHT(TableM7[[#This Row],[Main]],2)))),TableLasers[],COLUMN(TableLasers[H-DPH]),FALSE),LEFT(TableM7[[#This Row],[Front]],2)*VLOOKUP(VALUE(TRIM(CLEAN(RIGHT(TableM7[[#This Row],[Front]],2)))),TableLasers[],COLUMN(TableLasers[H-DPH]),FALSE),LEFT(TableM7[[#This Row],[Back]],2)*VLOOKUP(VALUE(TRIM(CLEAN(RIGHT(TableM7[[#This Row],[Back]],2)))),TableLasers[],COLUMN(TableLasers[H-DPH]),FALSE),LEFT(TableM7[[#This Row],[Left]],2)*VLOOKUP(VALUE(TRIM(CLEAN(RIGHT(TableM7[[#This Row],[Left]],2)))),TableLasers[],COLUMN(TableLasers[H-DPH]),FALSE),LEFT(TableM7[[#This Row],[Right]],2)*VLOOKUP(VALUE(TRIM(CLEAN(RIGHT(TableM7[[#This Row],[Right]],2)))),TableLasers[],COLUMN(TableLasers[H-DPH]),FALSE),LEFT(TableM7[[#This Row],[Up]],2)*VLOOKUP(VALUE(TRIM(CLEAN(RIGHT(TableM7[[#This Row],[Up]],2)))),TableLasers[],COLUMN(TableLasers[H-DPH]),FALSE),LEFT(TableM7[[#This Row],[Down]],2)*VLOOKUP(VALUE(TRIM(CLEAN(RIGHT(TableM7[[#This Row],[Down]],2)))),TableLasers[],COLUMN(TableLasers[H-DPH]),FALSE))","v":8400},"00::26","04::17","00::00","00::00","00::00","00::00","00::00",null,4,2,4,4,2,2,"10,11,26","10,11,16,17",null,null,null,null,null,"4,15,16,20,24,27,36,37,38,28,39"]
[684,"ATF","M7","Forseti",null,110.4,55.2,9,"XXL",150000,"1 GJ ",5,7500,434.78260869565202,20,52000,1423.8119999999999,6500,27,{"$f":"SUM(LEFT(TableM7[[#This Row],[Main]],2)*VLOOKUP(VALUE(TRIM(CLEAN(RIGHT(TableM7[[#This Row],[Main]],2)))),TableLasers[],COLUMN(TableLasers[S-DPH]),FALSE),LEFT(TableM7[[#This Row],[Front]],2)*VLOOKUP(VALUE(TRIM(CLEAN(RIGHT(TableM7[[#This Row],[Front]],2)))),TableLasers[],COLUMN(TableLasers[S-DPH]),FALSE),LEFT(TableM7[[#This Row],[Back]],2)*VLOOKUP(VALUE(TRIM(CLEAN(RIGHT(TableM7[[#This Row],[Back]],2)))),TableLasers[],COLUMN(TableLasers[S-DPH]),FALSE),LEFT(TableM7[[#This Row],[Left]],2)*VLOOKUP(VALUE(TRIM(CLEAN(RIGHT(TableM7[[#This Row],[Left]],2)))),TableLasers[],COLUMN(TableLasers[S-DPH]),FALSE),LEFT(TableM7[[#This Row],[Right]],2)*VLOOKUP(VALUE(TRIM(CLEAN(RIGHT(TableM7[[#This Row],[Right]],2)))),TableLasers[],COLUMN(TableLasers[S-DPH]),FALSE),LEFT(TableM7[[#This Row],[Up]],2)*VLOOKUP(VALUE(TRIM(CLEAN(RIGHT(TableM7[[#This Row],[Up]],2)))),TableLasers[],COLUMN(TableLasers[S-DPH]),FALSE),LEFT(TableM7[[#This Row],[Down]],2)*VLOOKUP(VALUE(TRIM(CLEAN(RIGHT(TableM7[[#This Row],[Down]],2)))),TableLasers[],COLUMN(TableLasers[S-DPH]),FALSE))","v":143600},{"$f":"SUM(LEFT(TableM7[[#This Row],[Main]],2)*VLOOKUP(VALUE(TRIM(CLEAN(RIGHT(TableM7[[#This Row],[Main]],2)))),TableLasers[],COLUMN(TableLasers[H-DPH]),FALSE),LEFT(TableM7[[#This Row],[Front]],2)*VLOOKUP(VALUE(TRIM(CLEAN(RIGHT(TableM7[[#This Row],[Front]],2)))),TableLasers[],COLUMN(TableLasers[H-DPH]),FALSE),LEFT(TableM7[[#This Row],[Back]],2)*VLOOKUP(VALUE(TRIM(CLEAN(RIGHT(TableM7[[#This Row],[Back]],2)))),TableLasers[],COLUMN(TableLasers[H-DPH]),FALSE),LEFT(TableM7[[#This Row],[Left]],2)*VLOOKUP(VALUE(TRIM(CLEAN(RIGHT(TableM7[[#This Row],[Left]],2)))),TableLasers[],COLUMN(TableLasers[H-DPH]),FALSE),LEFT(TableM7[[#This Row],[Right]],2)*VLOOKUP(VALUE(TRIM(CLEAN(RIGHT(TableM7[[#This Row],[Right]],2)))),TableLasers[],COLUMN(TableLasers[H-DPH]),FALSE),LEFT(TableM7[[#This Row],[Up]],2)*VLOOKUP(VALUE(TRIM(CLEAN(RIGHT(TableM7[[#This Row],[Up]],2)))),TableLasers[],COLUMN(TableLasers[H-DPH]),FALSE),LEFT(TableM7[[#This Row],[Down]],2)*VLOOKUP(VALUE(TRIM(CLEAN(RIGHT(TableM7[[#This Row],[Down]],2)))),TableLasers[],COLUMN(TableLasers[H-DPH]),FALSE))","v":32400},"00::00","04::17","04::26","04::17","04::17","02::26","02::26",null,4,4,4,4,2,2,null,"10,11,16,17","10,11,26","10,11,16,17","10,11,16,17","10,11,26","10,11,26","4,15,16,20,24,27,36,37,38,28,39"]

{"sheet":"M2","index":12,"n_rows":38,"n_cols":43,"rows_kept":38,"cut":false,"hidden":false,"merged":[]}
["ID","Race","Class","Name","Variation","Speed","Accel","AAccel","CClass","Hull","SType","SCount","SPower","SRTime","LCount","LEnergy","LRRate","MaxCargo","Hangar","S-Damage","H-Damage","Main","Front","Back","Left","Right","Up","Down","nMain","nFront","nBack","nLeft","nRight","nUp","nDown","xMain","xFront","xBack","xLeft","xRight","xUp","xDown","Missiles"]
[11,"Argon","M2","Titan",null,66.92,47.8,9,"XXL",700000,"2 GJ ",4,17500,363.63636363636402,40,346400,6581.2536,13000,2,{"$f":"SUM(LEFT(TableM2[[#This Row],[Main]],2)*VLOOKUP(VALUE(TRIM(CLEAN(RIGHT(TableM2[[#This Row],[Main]],2)))),TableLasers[],COLUMN(TableLasers[S-DPH]),FALSE),LEFT(TableM2[[#This Row],[Front]],2)*VLOOKUP(VALUE(TRIM(CLEAN(RIGHT(TableM2[[#This Row],[Front]],2)))),TableLasers[],COLUMN(TableLasers[S-DPH]),FALSE),LEFT(TableM2[[#This Row],[Back]],2)*VLOOKUP(VALUE(TRIM(CLEAN(RIGHT(TableM2[[#This Row],[Back]],2)))),TableLasers[],COLUMN(TableLasers[S-DPH]),FALSE),LEFT(TableM2[[#This Row],[Left]],2)*VLOOKUP(VALUE(TRIM(CLEAN(RIGHT(TableM2[[#This Row],[Left]],2)))),TableLasers[],COLUMN(TableLasers[S-DPH]),FALSE),LEFT(TableM2[[#This Row],[Right]],2)*VLOOKUP(VALUE(TRIM(CLEAN(RIGHT(TableM2[[#This Row],[Right]],2)))),TableLasers[],COLUMN(TableLasers[S-DPH]),FALSE),LEFT(TableM2[[#This Row],[Up]],2)*VLOOKUP(VALUE(TRIM(CLEAN(RIGHT(TableM2[[#This Row],[Up]],2)))),TableLasers[],COLUMN(TableLasers[S-DPH]),FALSE),LEFT(TableM2[[#This Row],[Down]],2)*VLOOKUP(VALUE(TRIM(CLEAN(RIGHT(TableM2[[#This Row],[Down]],2)))),TableLasers[],COLUMN(TableLasers[S-DPH]),FALSE))","v":1153208},{"$f":"SUM(LEFT(TableM2[[#This Row],[Main]],2)*VLOOKUP(VALUE(TRIM(CLEAN(RIGHT(TableM2[[#This Row],[Main]],2)))),TableLasers[],COLUMN(TableLasers[H-DPH]),FALSE),LEFT(TableM2[[#This Row],[Front]],2)*VLOOKUP(VALUE(TRIM(CLEAN(RIGHT(TableM2[[#This Row],[Front]],2)))),TableLasers[],COLUMN(TableLasers[H-DPH]),FALSE),LEFT(TableM2[[#This Row],[Back]],2)*VLOOKUP(VALUE(TRIM(CLEAN(RIGHT(TableM2[[#This Row],[Back]],2)))),TableLasers[],COLUMN(TableLasers[H-DPH]),FALSE),LEFT(TableM2[[#This Row],[Left]],2)*VLOOKUP(VALUE(TRIM(CLEAN(RIGHT(TableM2[[#This Row],[Left]],2)))),TableLasers[],COLUMN(TableLasers[H-DPH]),FALSE),LEFT(TableM2[[#This Row],[Right]],2)*VLOOKUP(VALUE(TRIM(CLEAN(RIGHT(TableM2[[#This Row],[Right]],2)))),TableLasers[],COLUMN(TableLasers[H-DPH]),FALSE),LEFT(TableM2[[#This Row],[Up]],2)*VLOOKUP(VALUE(TRIM(CLEAN(RIGHT(TableM2[[#This Row],[Up]],2)))),TableLasers[],COLUMN(TableLasers[H-DPH]),FALSE),LEFT(TableM2[[#This Row],[Down]],2)*VLOOKUP(VALUE(TRIM(CLEAN(RIGHT(TableM2[[#This Row],[Down]],2)))),TableLasers[],COLUMN(TableLasers[H-DPH]),FALSE))","v":254512},"00::00","08::39","08::13","08::39","08::39","04::23","04::23",null,8,8,8,8,4,4,null,"3,13,40,39","0,1,3,4,23,13","13,40,39","13,40,39","0,1,3,4,23","0,1,3,4,23","0,1,3,5,12,17,22,23,10,11,13,14,18,19,25,35"]
[53,"Split","M2","Python",null,87.22,62.3,10,"XXL",600000,"2 GJ ",3,14000,363.63636363636402,42,331600,5305.2683999999999,9100,2,{"$f":"SUM(LEFT(TableM2[[#This Row],[Main]],2)*VLOOKUP(VALUE(TRIM(CLEAN(RIGHT(TableM2[[#This Row],[Main]],2)))),TableLasers[],COLUMN(TableLasers[S-DPH]),FALSE),LEFT(TableM2[[#This Row],[Front]],2)*VLOOKUP(VALUE(TRIM(CLEAN(RIGHT(TableM2[[#This Row],[Front]],2)))),TableLasers[],COLUMN(TableLasers[S-DPH]),FALSE),LEFT(TableM2[[#This Row],[Back]],2)*VLOOKUP(VALUE(TRIM(CLEAN(RIGHT(TableM2[[#This Row],[Back]],2)))),TableLasers[],COLUMN(TableLasers[S-DPH]),FALSE),LEFT(TableM2[[#This Row],[Left]],2)*VLOOKUP(VALUE(TRIM(CLEAN(RIGHT(TableM2[[#This Row],[Left]],2)))),TableLasers[],COLUMN(TableLasers[S-DPH]),FALSE),LEFT(TableM2[[#This Row],[Right]],2)*VLOOKUP(VALUE(TRIM(CLEAN(RIGHT(TableM2[[#This Row],[Right]],2)))),TableLasers[],COLUMN(TableLasers[S-DPH]),FALSE),LEFT(TableM2[[#This Row],[Up]],2)*VLOOKUP(VALUE(TRIM(CLEAN(RIGHT(TableM2[[#This Row],[Up]],2)))),TableLasers[],COLUMN(TableLasers[S-DPH]),FALSE),LEFT(TableM2[[#This Row],[Down]],2)*VLOOKUP(VALUE(TRIM(CLEAN(RIGHT(TableM2[[#This Row],[Down]],2)))),TableLasers[],COLUMN(TableLasers[S-DPH]),FALSE))","v":1519800},{"$f":"SUM(LEFT(TableM2[[#This Row],[Main]],2)*VLOOKUP(VALUE(TRIM(CLEAN(RIGHT(TableM2[[#This Row],[Main]],2)))),TableLasers[],COLUMN(TableLasers[H-DPH]),FALSE),LEFT(TableM2[[#This Row],[Front]],2)*VLOOKUP(VALUE(TRIM(CLEAN(RIGHT(TableM2[[#This Row],[Front]],2)))),TableLasers[],COLUMN(TableLasers[H-DPH]),FALSE),LEFT(TableM2[[#This Row],[Back]],2)*VLOOKUP(VALUE(TRIM(CLEAN(RIGHT(TableM2[[#This Row],[Back]],2)))),TableLasers[],COLUMN(TableLasers[H-DPH]),FALSE),LEFT(TableM2[[#This Row],[Left]],2)*VLOOKUP(VALUE(TRIM(CLEAN(RIGHT(TableM2[[#This Row],[Left]],2)))),TableLasers[],COLUMN(TableLasers[H-DPH]),FALSE),LEFT(TableM2[[#This Row],[Right]],2)*VLOOKUP(VALUE(TRIM(CLEAN(RIGHT(TableM2[[#This Row],[Right]],2)))),TableLasers[],COLUMN(TableLasers[H-DPH]),FALSE),LEFT(TableM2[[#This Row],[Up]],2)*VLOOKUP(VALUE(TRIM(CLEAN(RIGHT(TableM2[[#This Row],[Up]],2)))),TableLasers[],COLUMN(TableLasers[H-DPH]),FALSE),LEFT(TableM2[[#This Row],[Down]],2)*VLOOKUP(VALUE(TRIM(CLEAN(RIGHT(TableM2[[#This Row],[Down]],2)))),TableLasers[],COLUMN(TableLasers[H-DPH]),FALSE))","v":240686},"00::00","08::33","06::15","09::33","09::33","06::15","04::15",null,8,6,9,9,6,4,null,"3,9,15,33","3,9,15,24","3,9,15,33","3,9,15,33","3,9,15,24","3,9,15,24","0,1,3,5,12,17,22,23,10,11,13,14,18,19,25,35"]
[84,"Paranid","M2","Odysseus",null,51.68,32.299999999999997,9,"XXL",630000,"2 GJ ",5,16400,363.63636363636402,40,304000,4559.6959999999999,11200,2,{"$f":"SUM(LEFT(TableM2[[#This Row],[Main]],2)*VLOOKUP(VALUE(TRIM(CLEAN(RIGHT(TableM2[[#This Row],[Main]],2)))),TableLasers[],COLUMN(TableLasers[S-DPH]),FALSE),LEFT(TableM2[[#This Row],[Front]],2)*VLOOKUP(VALUE(TRIM(CLEAN(RIGHT(TableM2[[#This Row],[Front]],2)))),TableLasers[],COLUMN(TableLasers[S-DPH]),FALSE),LEFT(TableM2[[#This Row],[Back]],2)*VLOOKUP(VALUE(TRIM(CLEAN(RIGHT(TableM2[[#This Row],[Back]],2)))),TableLasers[],COLUMN(TableLasers[S-DPH]),FALSE),LEFT(TableM2[[#This Row],[Left]],2)*VLOOKUP(VALUE(TRIM(CLEAN(RIGHT(TableM2[[#This Row],[Left]],2)))),TableLasers[],COLUMN(TableLasers[S-DPH]),FALSE),LEFT(TableM2[[#This Row],[Right]],2)*VLOOKUP(VALUE(TRIM(CLEAN(RIGHT(TableM2[[#This Row],[Right]],2)))),TableLasers[],COLUMN(TableLasers[S-DPH]),FALSE),LEFT(TableM2[[#This Row],[Up]],2)*VLOOKUP(VALUE(TRIM(CLEAN(RIGHT(TableM2[[#This Row],[Up]],2)))),TableLasers[],COLUMN(TableLasers[S-DPH]),FALSE),LEFT(TableM2[[#This Row],[Down]],2)*VLOOKUP(VALUE(TRIM(CLEAN(RIGHT(TableM2[[#This Row],[Down]],2)))),TableLasers[],COLUMN(TableLasers[S-DPH]),FALSE))","v":992304},{"$f":"SUM(LEFT(TableM2[[#This Row],[Main]],2)*VLOOKUP(VALUE(TRIM(CLEAN(RIGHT(TableM2[[#This Row],[Main]],2)))),TableLasers[],COLUMN(TableLasers[H-DPH]),FALSE),LEFT(TableM2[[#This Row],[Front]],2)*VLOOKUP(VALUE(TRIM(CLEAN(RIGHT(TableM2[[#This Row],[Front]],2)))),TableLasers[],COLUMN(TableLasers[H-DPH]),FALSE),LEFT(TableM2[[#This Row],[Back]],2)*VLOOKUP(VALUE(TRIM(CLEAN(RIGHT(TableM2[[#This Row],[Back]],2)))),TableLasers[],COLUMN(TableLasers[H-DPH]),FALSE),LEFT(TableM2[[#This Row],[Left]],2)*VLOOKUP(VALUE(TRIM(CLEAN(RIGHT(TableM2[[#This Row],[Left]],2)))),TableLasers[],COLUMN(TableLasers[H-DPH]),FALSE),LEFT(TableM2[[#This Row],[Right]],2)*VLOOKUP(VALUE(TRIM(CLEAN(RIGHT(TableM2[[#This Row],[Right]],2)))),TableLasers[],COLUMN(TableLasers[H-DPH]),FALSE),LEFT(TableM2[[#This Row],[Up]],2)*VLOOKUP(VALUE(TRIM(CLEAN(RIGHT(TableM2[[#This Row],[Up]],2)))),TableLasers[],COLUMN(TableLasers[H-DPH]),FALSE),LEFT(TableM2[[#This Row],[Down]],2)*VLOOKUP(VALUE(TRIM(CLEAN(RIGHT(TableM2[[#This Row],[Down]],2)))),TableLasers[],COLUMN(TableLasers[H-DPH]),FALSE))","v":149776},"00::00","08::32","08::20","08::32","08::32","04::06","04::06",null,8,8,8,8,4,4,null,"20,31,32","6,7,20,22","20,31,32","20,31,32","0,1,6,7,22","0,1,6,7,22","0,1,3,5,12,17,22,23,10,11,13,14,18,19,25,35"]
[116,"Boron","M2","Ray",null,71.540000000000006,51.1,10,"XXL",650000,"2 GJ ",4,16200,363.63636363636402,40,288800,4620.5111999999999,14300,2,{"$f":"SUM(LEFT(TableM2[[#This Row],[Main]],2)*VLOOKUP(VALUE(TRIM(CLEAN(RIGHT(TableM2[[#This Row],[Main]],2)))),TableLasers[],COLUMN(TableLasers[S-DPH]),FALSE),LEFT(TableM2[[#This Row],[Front]],2)*VLOOKUP(VALUE(TRIM(CLEAN(RIGHT(TableM2[[#This Row],[Front]],2)))),TableLasers[],COLUMN(TableLasers[S-DPH]),FALSE),LEFT(TableM2[[#This Row],[Back]],2)*VLOOKUP(VALUE(TRIM(CLEAN(RIGHT(TableM2[[#This Row],[Back]],2)))),TableLasers[],COLUMN(TableLasers[S-DPH]),FALSE),LEFT(TableM2[[#This Row],[Left]],2)*VLOOKUP(VALUE(TRIM(CLEAN(RIGHT(TableM2[[#This Row],[Left]],2)))),TableLasers[],COLUMN(TableLasers[S-DPH]),FALSE),LEFT(TableM2[[#This Row],[Right]],2)*VLOOKUP(VALUE(TRIM(CLEAN(RIGHT(TableM2[[#This Row],[Right]],2)))),TableLasers[],COLUMN(TableLasers[S-DPH]),FALSE),LEFT(TableM2[[#This Row],[Up]],2)*VLOOKUP(VALUE(TRIM(CLEAN(RIGHT(TableM2[[#This Row],[Up]],2)))),TableLasers[],COLUMN(TableLasers[S-DPH]),FALSE),LEFT(TableM2[[#This Row],[Down]],2)*VLOOKUP(VALUE(TRIM(CLEAN(RIGHT(TableM2[[#This Row],[Down]],2)))),TableLasers[],COLUMN(TableLasers[S-DPH]),FALSE))","v":2237600},{"$f":"SUM(LEFT(TableM2[[#This Row],[Main]],2)*VLOOKUP(VALUE(TRIM(CLEAN(RIGHT(TableM2[[#This Row],[Main]],2)))),TableLasers[],COLUMN(TableLasers[H-DPH]),FALSE),LEFT(TableM2[[#This Row],[Front]],2)*VLOOKUP(VALUE(TRIM(CLEAN(RIGHT(TableM2[[#This Row],[Front]],2)))),TableLasers[],COLUMN(TableLasers[H-DPH]),FALSE),LEFT(TableM2[[#This Row],[Back]],2)*VLOOKUP(VALUE(TRIM(CLEAN(RIGHT(TableM2[[#This Row],[Back]],2)))),TableLasers[],COLUMN(TableLasers[H-DPH]),FALSE),LEFT(TableM2[[#This Row],[Left]],2)*VLOOKUP(VALUE(TRIM(CLEAN(RIGHT(TableM2[[#This Row],[Left]],2)))),TableLasers[],COLUMN(TableLasers[H-DPH]),FALSE),LEFT(TableM2[[#This Row],[Right]],2)*VLOOKUP(VALUE(TRIM(CLEAN(RIGHT(TableM2[[#This Row],[Right]],2)))),TableLasers[],COLUMN(TableLasers[H-DPH]),FALSE),LEFT(TableM2[[#This Row],[Up]],2)*VLOOKUP(VALUE(TRIM(CLEAN(RIGHT(TableM2[[#This Row],[Up]],2)))),TableLasers[],COLUMN(TableLasers[H-DPH]),FALSE),LEFT(TableM2[[#This Row],[Down]],2)*VLOOKUP(VALUE(TRIM(CLEAN(RIGHT(TableM2[[#This Row],[Down]],2)))),TableLasers[],COLUMN(TableLasers[H-DPH]),FALSE))","v":35200},"00::00","08::36","08::36","08::36","08::36","04::14","04::14",null,8,8,8,8,4,4,null,"8,14,36","4,23,8,14,36","8,14,36,40","8,14,36,40","4,23,8,14","4,23,8,14","0,1,3,5,12,17,22,23,10,11,13,14,18,19,25,35"]
[147,"Teladi","M2","Phoenix",null,45.22,26.6,7,"XXL",800000,"2 GJ ",6,17000,363.63636363636402,36,316400,4112.8836000000001,17000,2,{"$f":"SUM(LEFT(TableM2[[#This Row],[Main]],2)*VLOOKUP(VALUE(TRIM(CLEAN(RIGHT(TableM2[[#This Row],[Main]],2)))),TableLasers[],COLUMN(TableLasers[S-DPH]),FALSE),LEFT(TableM2[[#This Row],[Front]],2)*VLOOKUP(VALUE(TRIM(CLEAN(RIGHT(TableM2[[#This Row],[Front]],2)))),TableLasers[],COLUMN(TableLasers[S-DPH]),FALSE),LEFT(TableM2[[#This Row],[Back]],2)*VLOOKUP(VALUE(TRIM(CLEAN(RIGHT(TableM2[[#This Row],[Back]],2)))),TableLasers[],COLUMN(TableLasers[S-DPH]),FALSE),LEFT(TableM2[[#This Row],[Left]],2)*VLOOKUP(VALUE(TRIM(CLEAN(RIGHT(TableM2[[#This Row],[Left]],2)))),TableLasers[],COLUMN(TableLasers[S-DPH]),FALSE),LEFT(TableM2[[#This Row],[Right]],2)*VLOOKUP(VALUE(TRIM(CLEAN(RIGHT(TableM2[[#This Row],[Right]],2)))),TableLasers[],COLUMN(TableLasers[S-DPH]),FALSE),LEFT(TableM2[[#This Row],[Up]],2)*VLOOKUP(VALUE(TRIM(CLEAN(RIGHT(TableM2[[#This Row],[Up]],2)))),TableLasers[],COLUMN(TableLasers[S-DPH]),FALSE),LEFT(TableM2[[#This Row],[Down]],2)*VLOOKUP(VALUE(TRIM(CLEAN(RIGHT(TableM2[[#This Row],[Down]],2)))),TableLasers[],COLUMN(TableLasers[S-DPH]),FALSE))","v":1196964},{"$f":"SUM(LEFT(TableM2[[#This Row],[Main]],2)*VLOOKUP(VALUE(TRIM(CLEAN(RIGHT(TableM2[[#This Row],[Main]],2)))),TableLasers[],COLUMN(TableLasers[H-DPH]),FALSE),LEFT(TableM2[[#This Row],[Front]],2)*VLOOKUP(VALUE(TRIM(CLEAN(RIGHT(TableM2[[#This Row],[Front]],2)))),TableLasers[],COLUMN(TableLasers[H-DPH]),FALSE),LEFT(TableM2[[#This Row],[Back]],2)*VLOOKUP(VALUE(TRIM(CLEAN(RIGHT(TableM2[[#This Row],[Back]],2)))),TableLasers[],COLUMN(TableLasers[H-DPH]),FALSE),LEFT(TableM2[[#This Row],[Left]],2)*VLOOKUP(VALUE(TRIM(CLEAN(RIGHT(TableM2[[#This Row],[Left]],2)))),TableLasers[],COLUMN(TableLasers[H-DPH]),FALSE),LEFT(TableM2[[#This Row],[Right]],2)*VLOOKUP(VALUE(TRIM(CLEAN(RIGHT(TableM2[[#This Row],[Right]],2)))),TableLasers[],COLUMN(TableLasers[H-DPH]),FALSE),LEFT(TableM2[[#This Row],[Up]],2)*VLOOKUP(VALUE(TRIM(CLEAN(RIGHT(TableM2[[#This Row],[Up]],2)))),TableLasers[],COLUMN(TableLasers[H-DPH]),FALSE),LEFT(TableM2[[#This Row],[Down]],2)*VLOOKUP(VALUE(TRIM(CLEAN(RIGHT(TableM2[[#This Row],[Down]],2)))),TableLasers[],COLUMN(TableLasers[H-DPH]),FALSE))","v":209196},"00::00","08::34","04::18","08::34","08::34","04::18","04::18",null,8,4,8,8,4,4,null,"5,18,34","0,1,5,18,21","5,18,21,34,2,30","5,18,21,34,2,30","0,1,5,18,21","0,1,5,18,21","0,1,3,5,12,17,22,23,10,11,13,14,18,19,25,35"]
[169,"Xenon","M2","K",null,69,46,12,"XXL",800000,"2 GJ ",4,17000,363.63636363636402,48,308000,6160,10000,4,{"$f":"SUM(LEFT(TableM2[[#This Row],[Main]],2)*VLOOKUP(VALUE(TRIM(CLEAN(RIGHT(TableM2[[#This Row],[Main]],2)))),TableLasers[],COLUMN(TableLasers[S-DPH]),FALSE),LEFT(TableM2[[#This Row],[Front]],2)*VLOOKUP(VALUE(TRIM(CLEAN(RIGHT(TableM2[[#This Row],[Front]],2)))),TableLasers[],COLUMN(TableLasers[S-DPH]),FALSE),LEFT(TableM2[[#This Row],[Back]],2)*VLOOKUP(VALUE(TRIM(CLEAN(RIGHT(TableM2[[#This Row],[Back]],2)))),TableLasers[],COLUMN(TableLasers[S-DPH]),FALSE),LEFT(TableM2[[#This Row],[Left]],2)*VLOOKUP(VALUE(TRIM(CLEAN(RIGHT(TableM2[[#This Row],[Left]],2)))),TableLasers[],COLUMN(TableLasers[S-DPH]),FALSE),LEFT(TableM2[[#This Row],[Right]],2)*VLOOKUP(VALUE(TRIM(CLEAN(RIGHT(TableM2[[#This Row],[Right]],2)))),TableLasers[],COLUMN(TableLasers[S-DPH]),FALSE),LEFT(TableM2[[#This Row],[Up]],2)*VLOOKUP(VALUE(TRIM(CLEAN(RIGHT(TableM2[[#This Row],[Up]],2)))),TableLasers[],COLUMN(TableLasers[S-DPH]),FALSE),LEFT(TableM2[[#This Row],[Down]],2)*VLOOKUP(VALUE(TRIM(CLEAN(RIGHT(TableM2[[#This Row],[Down]],2)))),TableLasers[],COLUMN(TableLasers[S-DPH]),FALSE))","v":1145232},{"$f":"SUM(LEFT(TableM2[[#This Row],[Main]],2)*VLOOKUP(VALUE(TRIM(CLEAN(RIGHT(TableM2[[#This Row],[Main]],2)))),TableLasers[],COLUMN(TableLasers[H-DPH]),FALSE),LEFT(TableM2[[#This Row],[Front]],2)*VLOOKUP(VALUE(TRIM(CLEAN(RIGHT(TableM2[[#This Row],[Front]],2)))),TableLasers[],COLUMN(TableLasers[H-DPH]),FALSE),LEFT(TableM2[[#This Row],[Back]],2)*VLOOKUP(VALUE(TRIM(CLEAN(RIGHT(TableM2[[#This Row],[Back]],2)))),TableLasers[],COLUMN(TableLasers[H-DPH]),FALSE),LEFT(TableM2[[#This Row],[Left]],2)*VLOOKUP(VALUE(TRIM(CLEAN(RIGHT(TableM2[[#This Row],[Left]],2)))),TableLasers[],COLUMN(TableLasers[H-DPH]),FALSE),LEFT(TableM2[[#This Row],[Right]],2)*VLOOKUP(VALUE(TRIM(CLEAN(RIGHT(TableM2[[#This Row],[Right]],2)))),TableLasers[],COLUMN(TableLasers[H-DPH]),FALSE),LEFT(TableM2[[#This Row],[Up]],2)*VLOOKUP(VALUE(TRIM(CLEAN(RIGHT(TableM2[[#This Row],[Up]],2)))),TableLasers[],COLUMN(TableLasers[H-DPH]),FALSE),LEFT(TableM2[[#This Row],[Down]],2)*VLOOKUP(VALUE(TRIM(CLEAN(RIGHT(TableM2[[#This Row],[Down]],2)))),TableLasers[],COLUMN(TableLasers[H-DPH]),FALSE))","v":226776},"00::00","08::41","08::27","08::41","08::41","08::27","08::27",null,8,8,8,8,8,8,null,"12,19,41,27,28,29,35","12,19,27,28,29,35","12,19,41,27","12,19,41,27","12,19,27","12,19,27","0,1,3,5,12,17,22,23,10,11,13,14,18,19,25,35"]
[201,"ATF","M2","Tyr",null,66,33,9,"XXL",600000,"2 GJ ",6,19000,363.63636363636402,56,450000,8000.1,9500,4,{"$f":"SUM(LEFT(TableM2[[#This Row],[Main]],2)*VLOOKUP(VALUE(TRIM(CLEAN(RIGHT(TableM2[[#This Row],[Main]],2)))),TableLasers[],COLUMN(TableLasers[S-DPH]),FALSE),LEFT(TableM2[[#This Row],[Front]],2)*VLOOKUP(VALUE(TRIM(CLEAN(RIGHT(TableM2[[#This Row],[Front]],2)))),TableLasers[],COLUMN(TableLasers[S-DPH]),FALSE),LEFT(TableM2[[#This Row],[Back]],2)*VLOOKUP(VALUE(TRIM(CLEAN(RIGHT(TableM2[[#This Row],[Back]],2)))),TableLasers[],COLUMN(TableLasers[S-DPH]),FALSE),LEFT(TableM2[[#This Row],[Left]],2)*VLOOKUP(VALUE(TRIM(CLEAN(RIGHT(TableM2[[#This Row],[Left]],2)))),TableLasers[],COLUMN(TableLasers[S-DPH]),FALSE),LEFT(TableM2[[#This Row],[Right]],2)*VLOOKUP(VALUE(TRIM(CLEAN(RIGHT(TableM2[[#This Row],[Right]],2)))),TableLasers[],COLUMN(TableLasers[S-DPH]),FALSE),LEFT(TableM2[[#This Row],[Up]],2)*VLOOKUP(VALUE(TRIM(CLEAN(RIGHT(TableM2[[#This Row],[Up]],2)))),TableLasers[],COLUMN(TableLasers[S-DPH]),FALSE),LEFT(TableM2[[#This Row],[Down]],2)*VLOOKUP(VALUE(TRIM(CLEAN(RIGHT(TableM2[[#This Row],[Down]],2)))),TableLasers[],COLUMN(TableLasers[S-DPH]),FALSE))","v":3586400},{"$f":"SUM(LEFT(TableM2[[#This Row],[Main]],2)*VLOOKUP(VALUE(TRIM(CLEAN(RIGHT(TableM2[[#This Row],[Main]],2)))),TableLasers[],COLUMN(TableLasers[H-DPH]),FALSE),LEFT(TableM2[[#This Row],[Front]],2)*VLOOKUP(VALUE(TRIM(CLEAN(RIGHT(TableM2[[#This Row],[Front]],2)))),TableLasers[],COLUMN(TableLasers[H-DPH]),FALSE),LEFT(TableM2[[#This Row],[Back]],2)*VLOOKUP(VALUE(TRIM(CLEAN(RIGHT(TableM2[[#This Row],[Back]],2)))),TableLasers[],COLUMN(TableLasers[H-DPH]),FALSE),LEFT(TableM2[[#This Row],[Left]],2)*VLOOKUP(VALUE(TRIM(CLEAN(RIGHT(TableM2[[#This Row],[Left]],2)))),TableLasers[],COLUMN(TableLasers[H-DPH]),FALSE),LEFT(TableM2[[#This Row],[Right]],2)*VLOOKUP(VALUE(TRIM(CLEAN(RIGHT(TableM2[[#This Row],[Right]],2)))),TableLasers[],COLUMN(TableLasers[H-DPH]),FALSE),LEFT(TableM2[[#This Row],[Up]],2)*VLOOKUP(VALUE(TRIM(CLEAN(RIGHT(TableM2[[#This Row],[Up]],2)))),TableLasers[],COLUMN(TableLasers[H-DPH]),FALSE),LEFT(TableM2[[#This Row],[Down]],2)*VLOOKUP(VALUE(TRIM(CLEAN(RIGHT(TableM2[[#This Row],[Down]],2)))),TableLasers[],COLUMN(TableLasers[H-DPH]),FALSE))","v":780000},"00::00","08::37","08::17","12::37","12::37","10::26","06::26",null,8,8,12,12,10,6,null,"16,17,37,38","10,11,16,17,26","16,17,37,38","16,17,37,38","10,11,26","10,11,26","4,15,16,20,24,27,36,37,38,28,39"]
[211,null,"M2","Valhalla",null,30,15,9,"XXL",950000,"2 GJ ",7,23000,363.63636363636402,66,600000,15000,18000,60,{"$f":"SUM(LEFT(TableM2[[#This Row],[Main]],2)*VLOOKUP(VALUE(TRIM(CLEAN(RIGHT(TableM2[[#This Row],[Main]],2)))),TableLasers[],COLUMN(TableLasers[S-DPH]),FALSE),LEFT(TableM2[[#This Row],[Front]],2)*VLOOKUP(VALUE(TRIM(CLEAN(RIGHT(TableM2[[#This Row],[Front]],2)))),TableLasers[],COLUMN(TableLasers[S-DPH]),FALSE),LEFT(TableM2[[#This Row],[Back]],2)*VLOOKUP(VALUE(TRIM(CLEAN(RIGHT(TableM2[[#This Row],[Back]],2)))),TableLasers[],COLUMN(TableLasers[S-DPH]),FALSE),LEFT(TableM2[[#This Row],[Left]],2)*VLOOKUP(VALUE(TRIM(CLEAN(RIGHT(TableM2[[#This Row],[Left]],2)))),TableLasers[],COLUMN(TableLasers[S-DPH]),FALSE),LEFT(TableM2[[#This Row],[Right]],2)*VLOOKUP(VALUE(TRIM(CLEAN(RIGHT(TableM2[[#This Row],[Right]],2)))),TableLasers[],COLUMN(TableLasers[S-DPH]),FALSE),LEFT(TableM2[[#This Row],[Up]],2)*VLOOKUP(VALUE(TRIM(CLEAN(RIGHT(TableM2[[#This Row],[Up]],2)))),TableLasers[],COLUMN(TableLasers[S-DPH]),FALSE),LEFT(TableM2[[#This Row],[Down]],2)*VLOOKUP(VALUE(TRIM(CLEAN(RIGHT(TableM2[[#This Row],[Down]],2)))),TableLasers[],COLUMN(TableLasers[S-DPH]),FALSE))","v":4064100},{"$f":"SUM(LEFT(TableM2[[#This Row],[Main]],2)*VLOOKUP(VALUE(TRIM(CLEAN(RIGHT(TableM2[[#This Row],[Main]],2)))),TableLasers[],COLUMN(TableLasers[H-DPH]),FALSE),LEFT(TableM2[[#This Row],[Front]],2)*VLOOKUP(VALUE(TRIM(CLEAN(RIGHT(TableM2[[#This Row],[Front]],2)))),TableLasers[],COLUMN(TableLasers[H-DPH]),FALSE),LEFT(TableM2[[#This Row],[Back]],2)*VLOOKUP(VALUE(TRIM(CLEAN(RIGHT(TableM2[[#This Row],[Back]],2)))),TableLasers[],COLUMN(TableLasers[H-DPH]),FALSE),LEFT(TableM2[[#This Row],[Left]],2)*VLOOKUP(VALUE(TRIM(CLEAN(RIGHT(TableM2[[#This Row],[Left]],2)))),TableLasers[],COLUMN(TableLasers[H-DPH]),FALSE),LEFT(TableM2[[#This Row],[Right]],2)*VLOOKUP(VALUE(TRIM(CLEAN(RIGHT(TableM2[[#This Row],[Right]],2)))),TableLasers[],COLUMN(TableLasers[H-DPH]),FALSE),LEFT(TableM2[[#This Row],[Up]],2)*VLOOKUP(VALUE(TRIM(CLEAN(RIGHT(TableM2[[#This Row],[Up]],2)))),TableLasers[],COLUMN(TableLasers[H-DPH]),FALSE),LEFT(TableM2[[#This Row],[Down]],2)*VLOOKUP(VALUE(TRIM(CLEAN(RIGHT(TableM2[[#This Row],[Down]],2)))),TableLasers[],COLUMN(TableLasers[H-DPH]),FALSE))","v":883800},"00::00","12::37","12::17","12::37","12::37","10::26","08::26",null,12,12,12,12,10,8,null,"16,17,37,38","10,11,16,17,26","16,17,37,38","16,17,37,38","10,11,26","10,11,26","4,15,16,20,24,27,36,37,38,28,39"]
[215,"Terran","M2","Osaka",null,54,36,9,"XXL",425000,"2 GJ ",6,18720,363.63636363636402,40,450000,9000,10000,4,{"$f":"SUM(LEFT(TableM2[[#This Row],[Main]],2)*VLOOKUP(VALUE(TRIM(CLEAN(RIGHT(TableM2[[#This Row],[Main]],2)))),TableLasers[],COLUMN(TableLasers[S-DPH]),FALSE),LEFT(TableM2[[#This Row],[Front]],2)*VLOOKUP(VALUE(TRIM(CLEAN(RIGHT(TableM2[[#This Row],[Front]],2)))),TableLasers[],COLUMN(TableLasers[S-DPH]),FALSE),LEFT(TableM2[[#This Row],[Back]],2)*VLOOKUP(VALUE(TRIM(CLEAN(RIGHT(TableM2[[#This Row],[Back]],2)))),TableLasers[],COLUMN(TableLasers[S-DPH]),FALSE),LEFT(TableM2[[#This Row],[Left]],2)*VLOOKUP(VALUE(TRIM(CLEAN(RIGHT(TableM2[[#This Row],[Left]],2)))),TableLasers[],COLUMN(TableLasers[S-DPH]),FALSE),LEFT(TableM2[[#This Row],[Right]],2)*VLOOKUP(VALUE(TRIM(CLEAN(RIGHT(TableM2[[#This Row],[Right]],2)))),TableLasers[],COLUMN(TableLasers[S-DPH]),FALSE),LEFT(TableM2[[#This Row],[Up]],2)*VLOOKUP(VALUE(TRIM(CLEAN(RIGHT(TableM2[[#This Row],[Up]],2)))),TableLasers[],COLUMN(TableLasers[S-DPH]),FALSE),LEFT(TableM2[[#This Row],[Down]],2)*VLOOKUP(VALUE(TRIM(CLEAN(RIGHT(TableM2[[#This Row],[Down]],2)))),TableLasers[],COLUMN(TableLasers[S-DPH]),FALSE))","v":2696400},{"$f":"SUM(LEFT(TableM2[[#This Row],[Main]],2)*VLOOKUP(VALUE(TRIM(CLEAN(RIGHT(TableM2[[#This Row],[Main]],2)))),TableLasers[],COLUMN(TableLasers[H-DPH]),FALSE),LEFT(TableM2[[#This Row],[Front]],2)*VLOOKUP(VALUE(TRIM(CLEAN(RIGHT(TableM2[[#This Row],[Front]],2)))),TableLasers[],COLUMN(TableLasers[H-DPH]),FALSE),LEFT(TableM2[[#This Row],[Back]],2)*VLOOKUP(VALUE(TRIM(CLEAN(RIGHT(TableM2[[#This Row],[Back]],2)))),TableLasers[],COLUMN(TableLasers[H-DPH]),FALSE),LEFT(TableM2[[#This Row],[Left]],2)*VLOOKUP(VALUE(TRIM(CLEAN(RIGHT(TableM2[[#This Row],[Left]],2)))),TableLasers[],COLUMN(TableLasers[H-DPH]),FALSE),LEFT(TableM2[[#This Row],[Right]],2)*VLOOKUP(VALUE(TRIM(CLEAN(RIGHT(TableM2[[#This Row],[Right]],2)))),TableLasers[],COLUMN(TableLasers[H-DPH]),FALSE),LEFT(TableM2[[#This Row],[Up]],2)*VLOOKUP(VALUE(TRIM(CLEAN(RIGHT(TableM2[[#This Row],[Up]],2)))),TableLasers[],COLUMN(TableLasers[H-DPH]),FALSE),LEFT(TableM2[[#This Row],[Down]],2)*VLOOKUP(VALUE(TRIM(CLEAN(RIGHT(TableM2[[#This Row],[Down]],2)))),TableLasers[],COLUMN(TableLasers[H-DPH]),FALSE))","v":585600},"00::00","08::37","08::17","08::37","08::37","04::26","04::26",null,8,8,8,8,4,4,null,"16,17,37,38","10,11,16,17,26","16,17,37,38","16,17,37,38","10,11,26","10,11,26","4,15,16,20,24,27,36,37,38,28,39"]
[242,"Kha'ak","M2","Destroyer",null,100.24,71.599999999999994,12,"ST",462000,"2 GJ ",5,13100,363.63636363636402,24,345600,5183.6544000000004,7000,0,{"$f":"SUM(LEFT(TableM2[[#This Row],[Main]],2)*VLOOKUP(VALUE(TRIM(CLEAN(RIGHT(TableM2[[#This Row],[Main]],2)))),TableLasers[],COLUMN(TableLasers[S-DPH]),FALSE),LEFT(TableM2[[#This Row],[Front]],2)*VLOOKUP(VALUE(TRIM(CLEAN(RIGHT(TableM2[[#This Row],[Front]],2)))),TableLasers[],COLUMN(TableLasers[S-DPH]),FALSE),LEFT(TableM2[[#This Row],[Back]],2)*VLOOKUP(VALUE(TRIM(CLEAN(RIGHT(TableM2[[#This Row],[Back]],2)))),TableLasers[],COLUMN(TableLasers[S-DPH]),FALSE),LEFT(TableM2[[#This Row],[Left]],2)*VLOOKUP(VALUE(TRIM(CLEAN(RIGHT(TableM2[[#This Row],[Left]],2)))),TableLasers[],COLUMN(TableLasers[S-DPH]),FALSE),LEFT(TableM2[[#This Row],[Right]],2)*VLOOKUP(VALUE(TRIM(CLEAN(RIGHT(TableM2[[#This Row],[Right]],2)))),TableLasers[],COLUMN(TableLasers[S-DPH]),FALSE),LEFT(TableM2[[#This Row],[Up]],2)*VLOOKUP(VALUE(TRIM(CLEAN(RIGHT(TableM2[[#This Row],[Up]],2)))),TableLasers[],COLUMN(TableLasers[S-DPH]),FALSE),LEFT(TableM2[[#This Row],[Down]],2)*VLOOKUP(VALUE(TRIM(CLEAN(RIGHT(TableM2[[#This Row],[Down]],2)))),TableLasers[],COLUMN(TableLasers[S-DPH]),FALSE))","v":1022400},{"$f":"SUM(LEFT(TableM2[[#This Row],[Main]],2)*VLOOKUP(VALUE(TRIM(CLEAN(RIGHT(TableM2[[#This Row],[Main]],2)))),TableLasers[],COLUMN(TableLasers[H-DPH]),FALSE),LEFT(TableM2[[#This Row],[Front]],2)*VLOOKUP(VALUE(TRIM(CLEAN(RIGHT(TableM2[[#This Row],[Front]],2)))),TableLasers[],COLUMN(TableLasers[H-DPH]),FALSE),LEFT(TableM2[[#This Row],[Back]],2)*VLOOKUP(VALUE(TRIM(CLEAN(RIGHT(TableM2[[#This Row],[Back]],2)))),TableLasers[],COLUMN(TableLasers[H-DPH]),FALSE),LEFT(TableM2[[#This Row],[Left]],2)*VLOOKUP(VALUE(TRIM(CLEAN(RIGHT(TableM2[[#This Row],[Left]],2)))),TableLasers[],COLUMN(TableLasers[H-DPH]),FALSE),LEFT(TableM2[[#This Row],[Right]],2)*VLOOKUP(VALUE(TRIM(CLEAN(RIGHT(TableM2[[#This Row],[Right]],2)))),TableLasers[],COLUMN(TableLasers[H-DPH]),FALSE),LEFT(TableM2[[#This Row],[Up]],2)*VLOOKUP(VALUE(TRIM(CLEAN(RIGHT(TableM2[[#This Row],[Up]],2)))),TableLasers[],COLUMN(TableLasers[H-DPH]),FALSE),LEFT(TableM2[[#This Row],[Down]],2)*VLOOKUP(VALUE(TRIM(CLEAN(RIGHT(TableM2[[#This Row],[Down]],2)))),TableLasers[],COLUMN(TableLasers[H-DPH]),FALSE))","v":206400},"00::44","03::44","03::44","06::44","06::44","03::44","03::44",null,3,3,6,6,3,3,"42,43,44","42,43,44","42,43,44","42,43,44","42,43,44","42,43,44","42,43,44","26,40"]
[252,"Argon","M2","Boreas",null,102,68,11,"XXL",500000,"2 GJ ",3,13000,363.63636363636402,32,250000,3583.25,8500,3,{"$f":"SUM(LEFT(TableM2[[#This Row],[Main]],2)*VLOOKUP(VALUE(TRIM(CLEAN(RIGHT(TableM2[[#This Row],[Main]],2)))),TableLasers[],COLUMN(TableLasers[S-DPH]),FALSE),LEFT(TableM2[[#This Row],[Front]],2)*VLOOKUP(VALUE(TRIM(CLEAN(RIGHT(TableM2[[#This Row],[Front]],2)))),TableLasers[],COLUMN(TableLasers[S-DPH]),FALSE),LEFT(TableM2[[#This Row],[Back]],2)*VLOOKUP(VALUE(TRIM(CLEAN(RIGHT(TableM2[[#This Row],[Back]],2)))),TableLasers[],COLUMN(TableLasers[S-DPH]),FALSE),LEFT(TableM2[[#This Row],[Left]],2)*VLOOKUP(VALUE(TRIM(CLEAN(RIGHT(TableM2[[#This Row],[Left]],2)))),TableLasers[],COLUMN(TableLasers[S-DPH]),FALSE),LEFT(TableM2[[#This Row],[Right]],2)*VLOOKUP(VALUE(TRIM(CLEAN(RIGHT(TableM2[[#This Row],[Right]],2)))),TableLasers[],COLUMN(TableLasers[S-DPH]),FALSE),LEFT(TableM2[[#This Row],[Up]],2)*VLOOKUP(VALUE(TRIM(CLEAN(RIGHT(TableM2[[#This Row],[Up]],2)))),TableLasers[],COLUMN(TableLasers[S-DPH]),FALSE),LEFT(TableM2[[#This Row],[Down]],2)*VLOOKUP(VALUE(TRIM(CLEAN(RIGHT(TableM2[[#This Row],[Down]],2)))),TableLasers[],COLUMN(TableLasers[S-DPH]),FALSE))","v":1709600},{"$f":"SUM(LEFT(TableM2[[#This Row],[Main]],2)*VLOOKUP(VALUE(TRIM(CLEAN(RIGHT(TableM2[[#This Row],[Main]],2)))),TableLasers[],COLUMN(TableLasers[H-DPH]),FALSE),LEFT(TableM2[[#This Row],[Front]],2)*VLOOKUP(VALUE(TRIM(CLEAN(RIGHT(TableM2[[#This Row],[Front]],2)))),TableLasers[],COLUMN(TableLasers[H-DPH]),FALSE),LEFT(TableM2[[#This Row],[Back]],2)*VLOOKUP(VALUE(TRIM(CLEAN(RIGHT(TableM2[[#This Row],[Back]],2)))),TableLasers[],COLUMN(TableLasers[H-DPH]),FALSE),LEFT(TableM2[[#This Row],[Left]],2)*VLOOKUP(VALUE(TRIM(CLEAN(RIGHT(TableM2[[#This Row],[Left]],2)))),TableLasers[],COLUMN(TableLasers[H-DPH]),FALSE),LEFT(TableM2[[#This Row],[Right]],2)*VLOOKUP(VALUE(TRIM(CLEAN(RIGHT(TableM2[[#This Row],[Right]],2)))),TableLasers[],COLUMN(TableLasers[H-DPH]),FALSE),LEFT(TableM2[[#This Row],[Up]],2)*VLOOKUP(VALUE(TRIM(CLEAN(RIGHT(TableM2[[#This Row],[Up]],2)))),TableLasers[],COLUMN(TableLasers[H-DPH]),FALSE),LEFT(TableM2[[#This Row],[Down]],2)*VLOOKUP(VALUE(TRIM(CLEAN(RIGHT(TableM2[[#This Row],[Down]],2)))),TableLasers[],COLUMN(TableLasers[H-DPH]),FALSE))","v":27200},"00::00","06::36","06::36","06::36","06::36","04::14","04::14",null,6,6,6,6,4,4,null,"13,36,40,39","4,23,8,14,13,36","13,36,40,39","13,36,40,39","0,1,4,23,8,14","0,1,4,23,8,14","0,1,3,5,12,17,22,23,10,11,13,14,18,19,25,35"]
[301,"Pirates","M2","Brigantine",null,95.2,68,10,"XXL",575000,"2 GJ ",3,13520,363.63636363636402,42,276400,4145.7236000000003,9500,2,{"$f":"SUM(LEFT(TableM2[[#This Row],[Main]],2)*VLOOKUP(VALUE(TRIM(CLEAN(RIGHT(TableM2[[#This Row],[Main]],2)))),TableLasers[],COLUMN(TableLasers[S-DPH]),FALSE),LEFT(TableM2[[#This Row],[Front]],2)*VLOOKUP(VALUE(TRIM(CLEAN(RIGHT(TableM2[[#This Row],[Front]],2)))),TableLasers[],COLUMN(TableLasers[S-DPH]),FALSE),LEFT(TableM2[[#This Row],[Back]],2)*VLOOKUP(VALUE(TRIM(CLEAN(RIGHT(TableM2[[#This Row],[Back]],2)))),TableLasers[],COLUMN(TableLasers[S-DPH]),FALSE),LEFT(TableM2[[#This Row],[Left]],2)*VLOOKUP(VALUE(TRIM(CLEAN(RIGHT(TableM2[[#This Row],[Left]],2)))),TableLasers[],COLUMN(TableLasers[S-DPH]),FALSE),LEFT(TableM2[[#This Row],[Right]],2)*VLOOKUP(VALUE(TRIM(CLEAN(RIGHT(TableM2[[#This Row],[Right]],2)))),TableLasers[],COLUMN(TableLasers[S-DPH]),FALSE),LEFT(TableM2[[#This Row],[Up]],2)*VLOOKUP(VALUE(TRIM(CLEAN(RIGHT(TableM2[[#This Row],[Up]],2)))),TableLasers[],COLUMN(TableLasers[S-DPH]),FALSE),LEFT(TableM2[[#This Row],[Down]],2)*VLOOKUP(VALUE(TRIM(CLEAN(RIGHT(TableM2[[#This Row],[Down]],2)))),TableLasers[],COLUMN(TableLasers[S-DPH]),FALSE))","v":1154754},{"$f":"SUM(LEFT(TableM2[[#This Row],[Main]],2)*VLOOKUP(VALUE(TRIM(CLEAN(RIGHT(TableM2[[#This Row],[Main]],2)))),TableLasers[],COLUMN(TableLasers[H-DPH]),FALSE),LEFT(TableM2[[#This Row],[Front]],2)*VLOOKUP(VALUE(TRIM(CLEAN(RIGHT(TableM2[[#This Row],[Front]],2)))),TableLasers[],COLUMN(TableLasers[H-DPH]),FALSE),LEFT(TableM2[[#This Row],[Back]],2)*VLOOKUP(VALUE(TRIM(CLEAN(RIGHT(TableM2[[#This Row],[Back]],2)))),TableLasers[],COLUMN(TableLasers[H-DPH]),FALSE),LEFT(TableM2[[#This Row],[Left]],2)*VLOOKUP(VALUE(TRIM(CLEAN(RIGHT(TableM2[[#This Row],[Left]],2)))),TableLasers[],COLUMN(TableLasers[H-DPH]),FALSE),LEFT(TableM2[[#This Row],[Right]],2)*VLOOKUP(VALUE(TRIM(CLEAN(RIGHT(TableM2[[#This Row],[Right]],2)))),TableLasers[],COLUMN(TableLasers[H-DPH]),FALSE),LEFT(TableM2[[#This Row],[Up]],2)*VLOOKUP(VALUE(TRIM(CLEAN(RIGHT(TableM2[[#This Row],[Up]],2)))),TableLasers[],COLUMN(TableLasers[H-DPH]),FALSE),LEFT(TableM2[[#This Row],[Down]],2)*VLOOKUP(VALUE(TRIM(CLEAN(RIGHT(TableM2[[#This Row],[Down]],2)))),TableLasers[],COLUMN(TableLasers[H-DPH]),FALSE))","v":204966},"00::00","04::34","06::18","08::34","08::34","08::18","08::18",null,4,6,8,8,8,8,null,"3,5,18,34,2,30","3,5,18,21","3,5,18,40,34,2,30","3,5,18,40,34,2,30","3,5,18,21","3,5,18,21","0,1,3,5,12,17,22,23,10,11,13,14,18,19,25,41,35"]
[305,"Yaki","M2","Akuma",null,67.2,48,10,"XXL",550000,"2 GJ ",3,16400,363.63636363636402,42,280000,4000.08,9000,2,{"$f":"SUM(LEFT(TableM2[[#This Row],[Main]],2)*VLOOKUP(VALUE(TRIM(CLEAN(RIGHT(TableM2[[#This Row],[Main]],2)))),TableLasers[],COLUMN(TableLasers[S-DPH]),FALSE),LEFT(TableM2[[#This Row],[Front]],2)*VLOOKUP(VALUE(TRIM(CLEAN(RIGHT(TableM2[[#This Row],[Front]],2)))),TableLasers[],COLUMN(TableLasers[S-DPH]),FALSE),LEFT(TableM2[[#This Row],[Back]],2)*VLOOKUP(VALUE(TRIM(CLEAN(RIGHT(TableM2[[#This Row],[Back]],2)))),TableLasers[],COLUMN(TableLasers[S-DPH]),FALSE),LEFT(TableM2[[#This Row],[Left]],2)*VLOOKUP(VALUE(TRIM(CLEAN(RIGHT(TableM2[[#This Row],[Left]],2)))),TableLasers[],COLUMN(TableLasers[S-DPH]),FALSE),LEFT(TableM2[[#This Row],[Right]],2)*VLOOKUP(VALUE(TRIM(CLEAN(RIGHT(TableM2[[#This Row],[Right]],2)))),TableLasers[],COLUMN(TableLasers[S-DPH]),FALSE),LEFT(TableM2[[#This Row],[Up]],2)*VLOOKUP(VALUE(TRIM(CLEAN(RIGHT(TableM2[[#This Row],[Up]],2)))),TableLasers[],COLUMN(TableLasers[S-DPH]),FALSE),LEFT(TableM2[[#This Row],[Down]],2)*VLOOKUP(VALUE(TRIM(CLEAN(RIGHT(TableM2[[#This Row],[Down]],2)))),TableLasers[],COLUMN(TableLasers[S-DPH]),FALSE))","v":870388},{"$f":"SUM(LEFT(TableM2[[#This Row],[Main]],2)*VLOOKUP(VALUE(TRIM(CLEAN(RIGHT(TableM2[[#This Row],[Main]],2)))),TableLasers[],COLUMN(TableLasers[H-DPH]),FALSE),LEFT(TableM2[[#This Row],[Front]],2)*VLOOKUP(VALUE(TRIM(CLEAN(RIGHT(TableM2[[#This Row],[Front]],2)))),TableLasers[],COLUMN(TableLasers[H-DPH]),FALSE),LEFT(TableM2[[#This Row],[Back]],2)*VLOOKUP(VALUE(TRIM(CLEAN(RIGHT(TableM2[[#This Row],[Back]],2)))),TableLasers[],COLUMN(TableLasers[H-DPH]),FALSE),LEFT(TableM2[[#This Row],[Left]],2)*VLOOKUP(VALUE(TRIM(CLEAN(RIGHT(TableM2[[#This Row],[Left]],2)))),TableLasers[],COLUMN(TableLasers[H-DPH]),FALSE),LEFT(TableM2[[#This Row],[Right]],2)*VLOOKUP(VALUE(TRIM(CLEAN(RIGHT(TableM2[[#This Row],[Right]],2)))),TableLasers[],COLUMN(TableLasers[H-DPH]),FALSE),LEFT(TableM2[[#This Row],[Up]],2)*VLOOKUP(VALUE(TRIM(CLEAN(RIGHT(TableM2[[#This Row],[Up]],2)))),TableLasers[],COLUMN(TableLasers[H-DPH]),FALSE),LEFT(TableM2[[#This Row],[Down]],2)*VLOOKUP(VALUE(TRIM(CLEAN(RIGHT(TableM2[[#This Row],[Down]],2)))),TableLasers[],COLUMN(TableLasers[H-DPH]),FALSE))","v":132812},"00::00","04::32","06::20","08::32","08::32","08::06","08::06",null,4,6,8,8,8,8,null,"3,20,31,32,2,30,28,29,35","3,6,7,20,22,28,29,35","3,20,31,32,2,30","3,20,31,32,2,30","0,1,3,6,7,22","0,1,3,6,7,22","0,1,3,5,12,17,22,23,10,11,13,14,18,19,25,41,35"]
[459,"Argon","M2","Titan","Mk I",56.625,37.75,10,"XXL",337500,"1 GJ ",6,13400,217.39130434782601,29,207300,3109.2927,10000,0,{"$f":"SUM(LEFT(TableM2[[#This Row],[Main]],2)*VLOOKUP(VALUE(TRIM(CLEAN(RIGHT(TableM2[[#This Row],[Main]],2)))),TableLasers[],COLUMN(TableLasers[S-DPH]),FALSE),LEFT(TableM2[[#This Row],[Front]],2)*VLOOKUP(VALUE(TRIM(CLEAN(RIGHT(TableM2[[#This Row],[Front]],2)))),TableLasers[],COLUMN(TableLasers[S-DPH]),FALSE),LEFT(TableM2[[#This Row],[Back]],2)*VLOOKUP(VALUE(TRIM(CLEAN(RIGHT(TableM2[[#This Row],[Back]],2)))),TableLasers[],COLUMN(TableLasers[S-DPH]),FALSE),LEFT(TableM2[[#This Row],[Left]],2)*VLOOKUP(VALUE(TRIM(CLEAN(RIGHT(TableM2[[#This Row],[Left]],2)))),TableLasers[],COLUMN(TableLasers[S-DPH]),FALSE),LEFT(TableM2[[#This Row],[Right]],2)*VLOOKUP(VALUE(TRIM(CLEAN(RIGHT(TableM2[[#This Row],[Right]],2)))),TableLasers[],COLUMN(TableLasers[S-DPH]),FALSE),LEFT(TableM2[[#This Row],[Up]],2)*VLOOKUP(VALUE(TRIM(CLEAN(RIGHT(TableM2[[#This Row],[Up]],2)))),TableLasers[],COLUMN(TableLasers[S-DPH]),FALSE),LEFT(TableM2[[#This Row],[Down]],2)*VLOOKUP(VALUE(TRIM(CLEAN(RIGHT(TableM2[[#This Row],[Down]],2)))),TableLasers[],COLUMN(TableLasers[S-DPH]),FALSE))","v":808339},{"$f":"SUM(LEFT(TableM2[[#This Row],[Main]],2)*VLOOKUP(VALUE(TRIM(CLEAN(RIGHT(TableM2[[#This Row],[Main]],2)))),TableLasers[],COLUMN(TableLasers[H-DPH]),FALSE),LEFT(TableM2[[#This Row],[Front]],2)*VLOOKUP(VALUE(TRIM(CLEAN(RIGHT(TableM2[[#This Row],[Front]],2)))),TableLasers[],COLUMN(TableLasers[H-DPH]),FALSE),LEFT(TableM2[[#This Row],[Back]],2)*VLOOKUP(VALUE(TRIM(CLEAN(RIGHT(TableM2[[#This Row],[Back]],2)))),TableLasers[],COLUMN(TableLasers[H-DPH]),FALSE),LEFT(TableM2[[#This Row],[Left]],2)*VLOOKUP(VALUE(TRIM(CLEAN(RIGHT(TableM2[[#This Row],[Left]],2)))),TableLasers[],COLUMN(TableLasers[H-DPH]),FALSE),LEFT(TableM2[[#This Row],[Right]],2)*VLOOKUP(VALUE(TRIM(CLEAN(RIGHT(TableM2[[#This Row],[Right]],2)))),TableLasers[],COLUMN(TableLasers[H-DPH]),FALSE),LEFT(TableM2[[#This Row],[Up]],2)*VLOOKUP(VALUE(TRIM(CLEAN(RIGHT(TableM2[[#This Row],[Up]],2)))),TableLasers[],COLUMN(TableLasers[H-DPH]),FALSE),LEFT(TableM2[[#This Row],[Down]],2)*VLOOKUP(VALUE(TRIM(CLEAN(RIGHT(TableM2[[#This Row],[Down]],2)))),TableLasers[],COLUMN(TableLasers[H-DPH]),FALSE))","v":179612},"00::00","05::39","04::13","06::39","06::39","04::23","04::23",null,5,4,6,6,4,4,null,"3,13,40,39","0,1,3,4,23,13","13,40,39","13,40,39","0,1,3,4,23","0,1,3,4,23","0,1,3,5,12,17,22,23,10,11,13,14,18,19,25,35"]
[468,"Boron","M2","Ray","Mk I",55.02,39.299999999999997,10,"XXL",367500,"1 GJ ",7,14000,217.39130434782601,24,226600,2718.9733999999999,12000,0,{"$f":"SUM(LEFT(TableM2[[#This Row],[Main]],2)*VLOOKUP(VALUE(TRIM(CLEAN(RIGHT(TableM2[[#This Row],[Main]],2)))),TableLasers[],COLUMN(TableLasers[S-DPH]),FALSE),LEFT(TableM2[[#This Row],[Front]],2)*VLOOKUP(VALUE(TRIM(CLEAN(RIGHT(TableM2[[#This Row],[Front]],2)))),TableLasers[],COLUMN(TableLasers[S-DPH]),FALSE),LEFT(TableM2[[#This Row],[Back]],2)*VLOOKUP(VALUE(TRIM(CLEAN(RIGHT(TableM2[[#This Row],[Back]],2)))),TableLasers[],COLUMN(TableLasers[S-DPH]),FALSE),LEFT(TableM2[[#This Row],[Left]],2)*VLOOKUP(VALUE(TRIM(CLEAN(RIGHT(TableM2[[#This Row],[Left]],2)))),TableLasers[],COLUMN(TableLasers[S-DPH]),FALSE),LEFT(TableM2[[#This Row],[Right]],2)*VLOOKUP(VALUE(TRIM(CLEAN(RIGHT(TableM2[[#This Row],[Right]],2)))),TableLasers[],COLUMN(TableLasers[S-DPH]),FALSE),LEFT(TableM2[[#This Row],[Up]],2)*VLOOKUP(VALUE(TRIM(CLEAN(RIGHT(TableM2[[#This Row],[Up]],2)))),TableLasers[],COLUMN(TableLasers[S-DPH]),FALSE),LEFT(TableM2[[#This Row],[Down]],2)*VLOOKUP(VALUE(TRIM(CLEAN(RIGHT(TableM2[[#This Row],[Down]],2)))),TableLasers[],COLUMN(TableLasers[S-DPH]),FALSE))","v":1181600},{"$f":"SUM(LEFT(TableM2[[#This Row],[Main]],2)*VLOOKUP(VALUE(TRIM(CLEAN(RIGHT(TableM2[[#This Row],[Main]],2)))),TableLasers[],COLUMN(TableLasers[H-DPH]),FALSE),LEFT(TableM2[[#This Row],[Front]],2)*VLOOKUP(VALUE(TRIM(CLEAN(RIGHT(TableM2[[#This Row],[Front]],2)))),TableLasers[],COLUMN(TableLasers[H-DPH]),FALSE),LEFT(TableM2[[#This Row],[Back]],2)*VLOOKUP(VALUE(TRIM(CLEAN(RIGHT(TableM2[[#This Row],[Back]],2)))),TableLasers[],COLUMN(TableLasers[H-DPH]),FALSE),LEFT(TableM2[[#This Row],[Left]],2)*VLOOKUP(VALUE(TRIM(CLEAN(RIGHT(TableM2[[#This Row],[Left]],2)))),TableLasers[],COLUMN(TableLasers[H-DPH]),FALSE),LEFT(TableM2[[#This Row],[Right]],2)*VLOOKUP(VALUE(TRIM(CLEAN(RIGHT(TableM2[[#This Row],[Right]],2)))),TableLasers[],COLUMN(TableLasers[H-DPH]),FALSE),LEFT(TableM2[[#This Row],[Up]],2)*VLOOKUP(VALUE(TRIM(CLEAN(RIGHT(TableM2[[#This Row],[Up]],2)))),TableLasers[],COLUMN(TableLasers[H-DPH]),FALSE),LEFT(TableM2[[#This Row],[Down]],2)*VLOOKUP(VALUE(TRIM(CLEAN(RIGHT(TableM2[[#This Row],[Down]],2)))),TableLasers[],COLUMN(TableLasers[H-DPH]),FALSE))","v":19200},"00::00","08::36","00::00","04::36","04::36","04::14","04::14",null,8,null,4,4,4,4,null,"8,14,36",null,"8,14,36,40","8,14,36,40","4,23,8,14","4,23,8,14","0,1,3,5,12,17,22,23,10,11,13,14,18,19,25,35"]
[476,"Teladi","M2","Phoenix","Mk I",37.4,22,7,"XXL",550000,"2 GJ ",4,15000,363.63636363636402,42,247300,3461.9526999999998,22000,0,{"$f":"SUM(LEFT(TableM2[[#This Row],[Main]],2)*VLOOKUP(VALUE(TRIM(CLEAN(RIGHT(TableM2[[#This Row],[Main]],2)))),TableLasers[],COLUMN(TableLasers[S-DPH]),FALSE),LEFT(TableM2[[#This Row],[Front]],2)*VLOOKUP(VALUE(TRIM(CLEAN(RIGHT(TableM2[[#This Row],[Front]],2)))),TableLasers[],COLUMN(TableLasers[S-DPH]),FALSE),LEFT(TableM2[[#This Row],[Back]],2)*VLOOKUP(VALUE(TRIM(CLEAN(RIGHT(TableM2[[#This Row],[Back]],2)))),TableLasers[],COLUMN(TableLasers[S-DPH]),FALSE),LEFT(TableM2[[#This Row],[Left]],2)*VLOOKUP(VALUE(TRIM(CLEAN(RIGHT(TableM2[[#This Row],[Left]],2)))),TableLasers[],COLUMN(TableLasers[S-DPH]),FALSE),LEFT(TableM2[[#This Row],[Right]],2)*VLOOKUP(VALUE(TRIM(CLEAN(RIGHT(TableM2[[#This Row],[Right]],2)))),TableLasers[],COLUMN(TableLasers[S-DPH]),FALSE),LEFT(TableM2[[#This Row],[Up]],2)*VLOOKUP(VALUE(TRIM(CLEAN(RIGHT(TableM2[[#This Row],[Up]],2)))),TableLasers[],COLUMN(TableLasers[S-DPH]),FALSE),LEFT(TableM2[[#This Row],[Down]],2)*VLOOKUP(VALUE(TRIM(CLEAN(RIGHT(TableM2[[#This Row],[Down]],2)))),TableLasers[],COLUMN(TableLasers[S-DPH]),FALSE))","v":1094328},{"$f":"SUM(LEFT(TableM2[[#This Row],[Main]],2)*VLOOKUP(VALUE(TRIM(CLEAN(RIGHT(TableM2[[#This Row],[Main]],2)))),TableLasers[],COLUMN(TableLasers[H-DPH]),FALSE),LEFT(TableM2[[#This Row],[Front]],2)*VLOOKUP(VALUE(TRIM(CLEAN(RIGHT(TableM2[[#This Row],[Front]],2)))),TableLasers[],COLUMN(TableLasers[H-DPH]),FALSE),LEFT(TableM2[[#This Row],[Back]],2)*VLOOKUP(VALUE(TRIM(CLEAN(RIGHT(TableM2[[#This Row],[Back]],2)))),TableLasers[],COLUMN(TableLasers[H-DPH]),FALSE),LEFT(TableM2[[#This Row],[Left]],2)*VLOOKUP(VALUE(TRIM(CLEAN(RIGHT(TableM2[[#This Row],[Left]],2)))),TableLasers[],COLUMN(TableLasers[H-DPH]),FALSE),LEFT(TableM2[[#This Row],[Right]],2)*VLOOKUP(VALUE(TRIM(CLEAN(RIGHT(TableM2[[#This Row],[Right]],2)))),TableLasers[],COLUMN(TableLasers[H-DPH]),FALSE),LEFT(TableM2[[#This Row],[Up]],2)*VLOOKUP(VALUE(TRIM(CLEAN(RIGHT(TableM2[[#This Row],[Up]],2)))),TableLasers[],COLUMN(TableLasers[H-DPH]),FALSE),LEFT(TableM2[[#This Row],[Down]],2)*VLOOKUP(VALUE(TRIM(CLEAN(RIGHT(TableM2[[#This Row],[Down]],2)))),TableLasers[],COLUMN(TableLasers[H-DPH]),FALSE))","v":195192},"00::00","10::34","08::18","04::34","04::34","08::18","08::18",null,10,8,4,4,8,8,null,"5,18,34","0,1,5,18,21","5,18,21,34,2,30","5,18,21,34,2,30","0,1,5,18,21","0,1,5,18,21","0,1,3,5,12,17,22,23,10,11,13,14,18,19,25,35"]
[482,"Split","M2","Python","Mk I",75.599999999999994,54,10,"XXL",330000,"1 GJ ",5,14100,217.39130434782601,32,288700,4041.5113000000001,7000,0,{"$f":"SUM(LEFT(TableM2[[#This Row],[Main]],2)*VLOOKUP(VALUE(TRIM(CLEAN(RIGHT(TableM2[[#This Row],[Main]],2)))),TableLasers[],COLUMN(TableLasers[S-DPH]),FALSE),LEFT(TableM2[[#This Row],[Front]],2)*VLOOKUP(VALUE(TRIM(CLEAN(RIGHT(TableM2[[#This Row],[Front]],2)))),TableLasers[],COLUMN(TableLasers[S-DPH]),FALSE),LEFT(TableM2[[#This Row],[Back]],2)*VLOOKUP(VALUE(TRIM(CLEAN(RIGHT(TableM2[[#This Row],[Back]],2)))),TableLasers[],COLUMN(TableLasers[S-DPH]),FALSE),LEFT(TableM2[[#This Row],[Left]],2)*VLOOKUP(VALUE(TRIM(CLEAN(RIGHT(TableM2[[#This Row],[Left]],2)))),TableLasers[],COLUMN(TableLasers[S-DPH]),FALSE),LEFT(TableM2[[#This Row],[Right]],2)*VLOOKUP(VALUE(TRIM(CLEAN(RIGHT(TableM2[[#This Row],[Right]],2)))),TableLasers[],COLUMN(TableLasers[S-DPH]),FALSE),LEFT(TableM2[[#This Row],[Up]],2)*VLOOKUP(VALUE(TRIM(CLEAN(RIGHT(TableM2[[#This Row],[Up]],2)))),TableLasers[],COLUMN(TableLasers[S-DPH]),FALSE),LEFT(TableM2[[#This Row],[Down]],2)*VLOOKUP(VALUE(TRIM(CLEAN(RIGHT(TableM2[[#This Row],[Down]],2)))),TableLasers[],COLUMN(TableLasers[S-DPH]),FALSE))","v":1146240},{"$f":"SUM(LEFT(TableM2[[#This Row],[Main]],2)*VLOOKUP(VALUE(TRIM(CLEAN(RIGHT(TableM2[[#This Row],[Main]],2)))),TableLasers[],COLUMN(TableLasers[H-DPH]),FALSE),LEFT(TableM2[[#This Row],[Front]],2)*VLOOKUP(VALUE(TRIM(CLEAN(RIGHT(TableM2[[#This Row],[Front]],2)))),TableLasers[],COLUMN(TableLasers[H-DPH]),FALSE),LEFT(TableM2[[#This Row],[Back]],2)*VLOOKUP(VALUE(TRIM(CLEAN(RIGHT(TableM2[[#This Row],[Back]],2)))),TableLasers[],COLUMN(TableLasers[H-DPH]),FALSE),LEFT(TableM2[[#This Row],[Left]],2)*VLOOKUP(VALUE(TRIM(CLEAN(RIGHT(TableM2[[#This Row],[Left]],2)))),TableLasers[],COLUMN(TableLasers[H-DPH]),FALSE),LEFT(TableM2[[#This Row],[Right]],2)*VLOOKUP(VALUE(TRIM(CLEAN(RIGHT(TableM2[[#This Row],[Right]],2)))),TableLasers[],COLUMN(TableLasers[H-DPH]),FALSE),LEFT(TableM2[[#This Row],[Up]],2)*VLOOKUP(VALUE(TRIM(CLEAN(RIGHT(TableM2[[#This Row],[Up]],2)))),TableLasers[],COLUMN(TableLasers[H-DPH]),FALSE),LEFT(TableM2[[#This Row],[Down]],2)*VLOOKUP(VALUE(TRIM(CLEAN(RIGHT(TableM2[[#This Row],[Down]],2)))),TableLasers[],COLUMN(TableLasers[H-DPH]),FALSE))","v":181580},"00::00","08::33","02::15","06::33","06::33","00::00","08::15",null,8,2,6,6,null,8,null,"3,9,15,33","3,9,15,24","3,9,15,33","3,9,15,33",null,"3,9,15,24","0,1,3,5,12,17,22,23,10,11,13,14,18,19,25,35"]
[488,"Paranid","M2","Odysseus","Mk I",48.601599999999998,30.376000000000001,9,"XXL",455000,"2 GJ ",4,12400,363.63636363636402,30,278000,3891.7220000000002,9000,0,{"$f":"SUM(LEFT(TableM2[[#This Row],[Main]],2)*VLOOKUP(VALUE(TRIM(CLEAN(RIGHT(TableM2[[#This Row],[Main]],2)))),TableLasers[],COLUMN(TableLasers[S-DPH]),FALSE),LEFT(TableM2[[#This Row],[Front]],2)*VLOOKUP(VALUE(TRIM(CLEAN(RIGHT(TableM2[[#This Row],[Front]],2)))),TableLasers[],COLUMN(TableLasers[S-DPH]),FALSE),LEFT(TableM2[[#This Row],[Back]],2)*VLOOKUP(VALUE(TRIM(CLEAN(RIGHT(TableM2[[#This Row],[Back]],2)))),TableLasers[],COLUMN(TableLasers[S-DPH]),FALSE),LEFT(TableM2[[#This Row],[Left]],2)*VLOOKUP(VALUE(TRIM(CLEAN(RIGHT(TableM2[[#This Row],[Left]],2)))),TableLasers[],COLUMN(TableLasers[S-DPH]),FALSE),LEFT(TableM2[[#This Row],[Right]],2)*VLOOKUP(VALUE(TRIM(CLEAN(RIGHT(TableM2[[#This Row],[Right]],2)))),TableLasers[],COLUMN(TableLasers[S-DPH]),FALSE),LEFT(TableM2[[#This Row],[Up]],2)*VLOOKUP(VALUE(TRIM(CLEAN(RIGHT(TableM2[[#This Row],[Up]],2)))),TableLasers[],COLUMN(TableLasers[S-DPH]),FALSE),LEFT(TableM2[[#This Row],[Down]],2)*VLOOKUP(VALUE(TRIM(CLEAN(RIGHT(TableM2[[#This Row],[Down]],2)))),TableLasers[],COLUMN(TableLasers[S-DPH]),FALSE))","v":686784},{"$f":"SUM(LEFT(TableM2[[#This Row],[Main]],2)*VLOOKUP(VALUE(TRIM(CLEAN(RIGHT(TableM2[[#This Row],[Main]],2)))),TableLasers[],COLUMN(TableLasers[H-DPH]),FALSE),LEFT(TableM2[[#This Row],[Front]],2)*VLOOKUP(VALUE(TRIM(CLEAN(RIGHT(TableM2[[#This Row],[Front]],2)))),TableLasers[],COLUMN(TableLasers[H-DPH]),FALSE),LEFT(TableM2[[#This Row],[Back]],2)*VLOOKUP(VALUE(TRIM(CLEAN(RIGHT(TableM2[[#This Row],[Back]],2)))),TableLasers[],COLUMN(TableLasers[H-DPH]),FALSE),LEFT(TableM2[[#This Row],[Left]],2)*VLOOKUP(VALUE(TRIM(CLEAN(RIGHT(TableM2[[#This Row],[Left]],2)))),TableLasers[],COLUMN(TableLasers[H-DPH]),FALSE),LEFT(TableM2[[#This Row],[Right]],2)*VLOOKUP(VALUE(TRIM(CLEAN(RIGHT(TableM2[[#This Row],[Right]],2)))),TableLasers[],COLUMN(TableLasers[H-DPH]),FALSE),LEFT(TableM2[[#This Row],[Up]],2)*VLOOKUP(VALUE(TRIM(CLEAN(RIGHT(TableM2[[#This Row],[Up]],2)))),TableLasers[],COLUMN(TableLasers[H-DPH]),FALSE),LEFT(TableM2[[#This Row],[Down]],2)*VLOOKUP(VALUE(TRIM(CLEAN(RIGHT(TableM2[[#This Row],[Down]],2)))),TableLasers[],COLUMN(TableLasers[H-DPH]),FALSE))","v":104336},"00::00","08::32","08::20","04::32","04::32","00::00","06::06",null,8,8,4,4,null,6,null,"20,31,32","6,7,20,22","20,31,32","20,31,32",null,"0,1,6,7,22","0,1,3,5,12,17,22,23,10,11,13,14,18,19,25,35"]
[494,null,"M2","K","Mk I",60.015000000000001,40.01,11,"XXL",510000,"2 GJ ",3,11000,363.63636363636402,50,100800,3528,9000,0,{"$f":"SUM(LEFT(TableM2[[#This Row],[Main]],2)*VLOOKUP(VALUE(TRIM(CLEAN(RIGHT(TableM2[[#This Row],[Main]],2)))),TableLasers[],COLUMN(TableLasers[S-DPH]),FALSE),LEFT(TableM2[[#This Row],[Front]],2)*VLOOKUP(VALUE(TRIM(CLEAN(RIGHT(TableM2[[#This Row],[Front]],2)))),TableLasers[],COLUMN(TableLasers[S-DPH]),FALSE),LEFT(TableM2[[#This Row],[Back]],2)*VLOOKUP(VALUE(TRIM(CLEAN(RIGHT(TableM2[[#This Row],[Back]],2)))),TableLasers[],COLUMN(TableLasers[S-DPH]),FALSE),LEFT(TableM2[[#This Row],[Left]],2)*VLOOKUP(VALUE(TRIM(CLEAN(RIGHT(TableM2[[#This Row],[Left]],2)))),TableLasers[],COLUMN(TableLasers[S-DPH]),FALSE),LEFT(TableM2[[#This Row],[Right]],2)*VLOOKUP(VALUE(TRIM(CLEAN(RIGHT(TableM2[[#This Row],[Right]],2)))),TableLasers[],COLUMN(TableLasers[S-DPH]),FALSE),LEFT(TableM2[[#This Row],[Up]],2)*VLOOKUP(VALUE(TRIM(CLEAN(RIGHT(TableM2[[#This Row],[Up]],2)))),TableLasers[],COLUMN(TableLasers[S-DPH]),FALSE),LEFT(TableM2[[#This Row],[Down]],2)*VLOOKUP(VALUE(TRIM(CLEAN(RIGHT(TableM2[[#This Row],[Down]],2)))),TableLasers[],COLUMN(TableLasers[S-DPH]),FALSE))","v":1194868},{"$f":"SUM(LEFT(TableM2[[#This Row],[Main]],2)*VLOOKUP(VALUE(TRIM(CLEAN(RIGHT(TableM2[[#This Row],[Main]],2)))),TableLasers[],COLUMN(TableLasers[H-DPH]),FALSE),LEFT(TableM2[[#This Row],[Front]],2)*VLOOKUP(VALUE(TRIM(CLEAN(RIGHT(TableM2[[#This Row],[Front]],2)))),TableLasers[],COLUMN(TableLasers[H-DPH]),FALSE),LEFT(TableM2[[#This Row],[Back]],2)*VLOOKUP(VALUE(TRIM(CLEAN(RIGHT(TableM2[[#This Row],[Back]],2)))),TableLasers[],COLUMN(TableLasers[H-DPH]),FALSE),LEFT(TableM2[[#This Row],[Left]],2)*VLOOKUP(VALUE(TRIM(CLEAN(RIGHT(TableM2[[#This Row],[Left]],2)))),TableLasers[],COLUMN(TableLasers[H-DPH]),FALSE),LEFT(TableM2[[#This Row],[Right]],2)*VLOOKUP(VALUE(TRIM(CLEAN(RIGHT(TableM2[[#This Row],[Right]],2)))),TableLasers[],COLUMN(TableLasers[H-DPH]),FALSE),LEFT(TableM2[[#This Row],[Up]],2)*VLOOKUP(VALUE(TRIM(CLEAN(RIGHT(TableM2[[#This Row],[Up]],2)))),TableLasers[],COLUMN(TableLasers[H-DPH]),FALSE),LEFT(TableM2[[#This Row],[Down]],2)*VLOOKUP(VALUE(TRIM(CLEAN(RIGHT(TableM2[[#This Row],[Down]],2)))),TableLasers[],COLUMN(TableLasers[H-DPH]),FALSE))","v":234210},"00::00","10::41","08::27","08::41","08::41","08::27","08::27",null,10,8,8,8,8,8,null,"12,19,41,27,28,29,35","12,19,27,28,29,35","12,19,41,27","12,19,41,27","12,19,27","12,19,27","0,1,3,5,12,17,22,23,10,11,13,14,18,19,25,4,15,16,20,24,27,36,37,38,28,39,35"]
[510,"Terran","M2","Tobosaku(Yaki) A",null,96.48,53.6,10,"XXL",340000,"2 GJ ",4,9200,727.27272727272702,28,150500,3514.777,7550,2,{"$f":"SUM(LEFT(TableM2[[#This Row],[Main]],2)*VLOOKUP(VALUE(TRIM(CLEAN(RIGHT(TableM2[[#This Row],[Main]],2)))),TableLasers[],COLUMN(TableLasers[S-DPH]),FALSE),LEFT(TableM2[[#This Row],[Front]],2)*VLOOKUP(VALUE(TRIM(CLEAN(RIGHT(TableM2[[#This Row],[Front]],2)))),TableLasers[],COLUMN(TableLasers[S-DPH]),FALSE),LEFT(TableM2[[#This Row],[Back]],2)*VLOOKUP(VALUE(TRIM(CLEAN(RIGHT(TableM2[[#This Row],[Back]],2)))),TableLasers[],COLUMN(TableLasers[S-DPH]),FALSE),LEFT(TableM2[[#This Row],[Left]],2)*VLOOKUP(VALUE(TRIM(CLEAN(RIGHT(TableM2[[#This Row],[Left]],2)))),TableLasers[],COLUMN(TableLasers[S-DPH]),FALSE),LEFT(TableM2[[#This Row],[Right]],2)*VLOOKUP(VALUE(TRIM(CLEAN(RIGHT(TableM2[[#This Row],[Right]],2)))),TableLasers[],COLUMN(TableLasers[S-DPH]),FALSE),LEFT(TableM2[[#This Row],[Up]],2)*VLOOKUP(VALUE(TRIM(CLEAN(RIGHT(TableM2[[#This Row],[Up]],2)))),TableLasers[],COLUMN(TableLasers[S-DPH]),FALSE),LEFT(TableM2[[#This Row],[Down]],2)*VLOOKUP(VALUE(TRIM(CLEAN(RIGHT(TableM2[[#This Row],[Down]],2)))),TableLasers[],COLUMN(TableLasers[S-DPH]),FALSE))","v":1793200},{"$f":"SUM(LEFT(TableM2[[#This Row],[Main]],2)*VLOOKUP(VALUE(TRIM(CLEAN(RIGHT(TableM2[[#This Row],[Main]],2)))),TableLasers[],COLUMN(TableLasers[H-DPH]),FALSE),LEFT(TableM2[[#This Row],[Front]],2)*VLOOKUP(VALUE(TRIM(CLEAN(RIGHT(TableM2[[#This Row],[Front]],2)))),TableLasers[],COLUMN(TableLasers[H-DPH]),FALSE),LEFT(TableM2[[#This Row],[Back]],2)*VLOOKUP(VALUE(TRIM(CLEAN(RIGHT(TableM2[[#This Row],[Back]],2)))),TableLasers[],COLUMN(TableLasers[H-DPH]),FALSE),LEFT(TableM2[[#This Row],[Left]],2)*VLOOKUP(VALUE(TRIM(CLEAN(RIGHT(TableM2[[#This Row],[Left]],2)))),TableLasers[],COLUMN(TableLasers[H-DPH]),FALSE),LEFT(TableM2[[#This Row],[Right]],2)*VLOOKUP(VALUE(TRIM(CLEAN(RIGHT(TableM2[[#This Row],[Right]],2)))),TableLasers[],COLUMN(TableLasers[H-DPH]),FALSE),LEFT(TableM2[[#This Row],[Up]],2)*VLOOKUP(VALUE(TRIM(CLEAN(RIGHT(TableM2[[#This Row],[Up]],2)))),TableLasers[],COLUMN(TableLasers[H-DPH]),FALSE),LEFT(TableM2[[#This Row],[Down]],2)*VLOOKUP(VALUE(TRIM(CLEAN(RIGHT(TableM2[[#This Row],[Down]],2)))),TableLasers[],COLUMN(TableLasers[H-DPH]),FALSE))","v":390000},"00::00","04::37","04::17","06::37","06::37","04::26","04::26",null,4,4,6,6,4,4,null,"16,17,37,38","10,11,16,17,26","16,17,37,38","16,17,37,38","10,11,26","10,11,26","4,15,16,20,24,27,36,37,38,28,39"]
[536,"Terran","M2","Nagoya",null,49.05,32.700000000000003,8,"XXL",540000,"2 GJ ",7,20000,363.63636363636402,50,480000,9600,10200,6,{"$f":"SUM(LEFT(TableM2[[#This Row],[Main]],2)*VLOOKUP(VALUE(TRIM(CLEAN(RIGHT(TableM2[[#This Row],[Main]],2)))),TableLasers[],COLUMN(TableLasers[S-DPH]),FALSE),LEFT(TableM2[[#This Row],[Front]],2)*VLOOKUP(VALUE(TRIM(CLEAN(RIGHT(TableM2[[#This Row],[Front]],2)))),TableLasers[],COLUMN(TableLasers[S-DPH]),FALSE),LEFT(TableM2[[#This Row],[Back]],2)*VLOOKUP(VALUE(TRIM(CLEAN(RIGHT(TableM2[[#This Row],[Back]],2)))),TableLasers[],COLUMN(TableLasers[S-DPH]),FALSE),LEFT(TableM2[[#This Row],[Left]],2)*VLOOKUP(VALUE(TRIM(CLEAN(RIGHT(TableM2[[#This Row],[Left]],2)))),TableLasers[],COLUMN(TableLasers[S-DPH]),FALSE),LEFT(TableM2[[#This Row],[Right]],2)*VLOOKUP(VALUE(TRIM(CLEAN(RIGHT(TableM2[[#This Row],[Right]],2)))),TableLasers[],COLUMN(TableLasers[S-DPH]),FALSE),LEFT(TableM2[[#This Row],[Up]],2)*VLOOKUP(VALUE(TRIM(CLEAN(RIGHT(TableM2[[#This Row],[Up]],2)))),TableLasers[],COLUMN(TableLasers[S-DPH]),FALSE),LEFT(TableM2[[#This Row],[Down]],2)*VLOOKUP(VALUE(TRIM(CLEAN(RIGHT(TableM2[[#This Row],[Down]],2)))),TableLasers[],COLUMN(TableLasers[S-DPH]),FALSE))","v":3540700},{"$f":"SUM(LEFT(TableM2[[#This Row],[Main]],2)*VLOOKUP(VALUE(TRIM(CLEAN(RIGHT(TableM2[[#This Row],[Main]],2)))),TableLasers[],COLUMN(TableLasers[H-DPH]),FALSE),LEFT(TableM2[[#This Row],[Front]],2)*VLOOKUP(VALUE(TRIM(CLEAN(RIGHT(TableM2[[#This Row],[Front]],2)))),TableLasers[],COLUMN(TableLasers[H-DPH]),FALSE),LEFT(TableM2[[#This Row],[Back]],2)*VLOOKUP(VALUE(TRIM(CLEAN(RIGHT(TableM2[[#This Row],[Back]],2)))),TableLasers[],COLUMN(TableLasers[H-DPH]),FALSE),LEFT(TableM2[[#This Row],[Left]],2)*VLOOKUP(VALUE(TRIM(CLEAN(RIGHT(TableM2[[#This Row],[Left]],2)))),TableLasers[],COLUMN(TableLasers[H-DPH]),FALSE),LEFT(TableM2[[#This Row],[Right]],2)*VLOOKUP(VALUE(TRIM(CLEAN(RIGHT(TableM2[[#This Row],[Right]],2)))),TableLasers[],COLUMN(TableLasers[H-DPH]),FALSE),LEFT(TableM2[[#This Row],[Up]],2)*VLOOKUP(VALUE(TRIM(CLEAN(RIGHT(TableM2[[#This Row],[Up]],2)))),TableLasers[],COLUMN(TableLasers[H-DPH]),FALSE),LEFT(TableM2[[#This Row],[Down]],2)*VLOOKUP(VALUE(TRIM(CLEAN(RIGHT(TableM2[[#This Row],[Down]],2)))),TableLasers[],COLUMN(TableLasers[H-DPH]),FALSE))","v":769800},"00::00","08::37","04::17","12::37","12::37","08::26","06::26",null,8,4,12,12,8,6,null,"16,17,37,38","10,11,16,17,26","16,17,37,38","16,17,37,38","10,11,26","10,11,26","4,15,16,20,24,27,36,37,38,28,39"]
[541,"Split","M2","Taipan",null,66.900000000000006,44.6,10,"XXL",660000,"2 GJ ",4,17000,363.63636363636402,52,420000,5977.44,9800,6,{"$f":"SUM(LEFT(TableM2[[#This Row],[Main]],2)*VLOOKUP(VALUE(TRIM(CLEAN(RIGHT(TableM2[[#This Row],[Main]],2)))),TableLasers[],COLUMN(TableLasers[S-DPH]),FALSE),LEFT(TableM2[[#This Row],[Front]],2)*VLOOKUP(VALUE(TRIM(CLEAN(RIGHT(TableM2[[#This Row],[Front]],2)))),TableLasers[],COLUMN(TableLasers[S-DPH]),FALSE),LEFT(TableM2[[#This Row],[Back]],2)*VLOOKUP(VALUE(TRIM(CLEAN(RIGHT(TableM2[[#This Row],[Back]],2)))),TableLasers[],COLUMN(TableLasers[S-DPH]),FALSE),LEFT(TableM2[[#This Row],[Left]],2)*VLOOKUP(VALUE(TRIM(CLEAN(RIGHT(TableM2[[#This Row],[Left]],2)))),TableLasers[],COLUMN(TableLasers[S-DPH]),FALSE),LEFT(TableM2[[#This Row],[Right]],2)*VLOOKUP(VALUE(TRIM(CLEAN(RIGHT(TableM2[[#This Row],[Right]],2)))),TableLasers[],COLUMN(TableLasers[S-DPH]),FALSE),LEFT(TableM2[[#This Row],[Up]],2)*VLOOKUP(VALUE(TRIM(CLEAN(RIGHT(TableM2[[#This Row],[Up]],2)))),TableLasers[],COLUMN(TableLasers[S-DPH]),FALSE),LEFT(TableM2[[#This Row],[Down]],2)*VLOOKUP(VALUE(TRIM(CLEAN(RIGHT(TableM2[[#This Row],[Down]],2)))),TableLasers[],COLUMN(TableLasers[S-DPH]),FALSE))","v":2043440},{"$f":"SUM(LEFT(TableM2[[#This Row],[Main]],2)*VLOOKUP(VALUE(TRIM(CLEAN(RIGHT(TableM2[[#This Row],[Main]],2)))),TableLasers[],COLUMN(TableLasers[H-DPH]),FALSE),LEFT(TableM2[[#This Row],[Front]],2)*VLOOKUP(VALUE(TRIM(CLEAN(RIGHT(TableM2[[#This Row],[Front]],2)))),TableLasers[],COLUMN(TableLasers[H-DPH]),FALSE),LEFT(TableM2[[#This Row],[Back]],2)*VLOOKUP(VALUE(TRIM(CLEAN(RIGHT(TableM2[[#This Row],[Back]],2)))),TableLasers[],COLUMN(TableLasers[H-DPH]),FALSE),LEFT(TableM2[[#This Row],[Left]],2)*VLOOKUP(VALUE(TRIM(CLEAN(RIGHT(TableM2[[#This Row],[Left]],2)))),TableLasers[],COLUMN(TableLasers[H-DPH]),FALSE),LEFT(TableM2[[#This Row],[Right]],2)*VLOOKUP(VALUE(TRIM(CLEAN(RIGHT(TableM2[[#This Row],[Right]],2)))),TableLasers[],COLUMN(TableLasers[H-DPH]),FALSE),LEFT(TableM2[[#This Row],[Up]],2)*VLOOKUP(VALUE(TRIM(CLEAN(RIGHT(TableM2[[#This Row],[Up]],2)))),TableLasers[],COLUMN(TableLasers[H-DPH]),FALSE),LEFT(TableM2[[#This Row],[Down]],2)*VLOOKUP(VALUE(TRIM(CLEAN(RIGHT(TableM2[[#This Row],[Down]],2)))),TableLasers[],COLUMN(TableLasers[H-DPH]),FALSE))","v":323756},"00::00","12::33","06::15","12::33","12::33","06::15","04::15",null,12,6,12,12,6,4,null,"3,9,15,33","3,9,15,24","3,9,15,33","3,9,15,33","3,9,15,24","3,9,15,24","0,1,3,5,12,17,22,23,10,11,13,14,18,19,25,35"]
[546,"Teladi","M2","Pteranodon",null,37.5,25,8,"XXL",960000,"2 GJ ",7,20000,363.63636363636402,48,340000,4517.24,16000,6,{"$f":"SUM(LEFT(TableM2[[#This Row],[Main]],2)*VLOOKUP(VALUE(TRIM(CLEAN(RIGHT(TableM2[[#This Row],[Main]],2)))),TableLasers[],COLUMN(TableLasers[S-DPH]),FALSE),LEFT(TableM2[[#This Row],[Front]],2)*VLOOKUP(VALUE(TRIM(CLEAN(RIGHT(TableM2[[#This Row],[Front]],2)))),TableLasers[],COLUMN(TableLasers[S-DPH]),FALSE),LEFT(TableM2[[#This Row],[Back]],2)*VLOOKUP(VALUE(TRIM(CLEAN(RIGHT(TableM2[[#This Row],[Back]],2)))),TableLasers[],COLUMN(TableLasers[S-DPH]),FALSE),LEFT(TableM2[[#This Row],[Left]],2)*VLOOKUP(VALUE(TRIM(CLEAN(RIGHT(TableM2[[#This Row],[Left]],2)))),TableLasers[],COLUMN(TableLasers[S-DPH]),FALSE),LEFT(TableM2[[#This Row],[Right]],2)*VLOOKUP(VALUE(TRIM(CLEAN(RIGHT(TableM2[[#This Row],[Right]],2)))),TableLasers[],COLUMN(TableLasers[S-DPH]),FALSE),LEFT(TableM2[[#This Row],[Up]],2)*VLOOKUP(VALUE(TRIM(CLEAN(RIGHT(TableM2[[#This Row],[Up]],2)))),TableLasers[],COLUMN(TableLasers[S-DPH]),FALSE),LEFT(TableM2[[#This Row],[Down]],2)*VLOOKUP(VALUE(TRIM(CLEAN(RIGHT(TableM2[[#This Row],[Down]],2)))),TableLasers[],COLUMN(TableLasers[S-DPH]),FALSE))","v":1716804},{"$f":"SUM(LEFT(TableM2[[#This Row],[Main]],2)*VLOOKUP(VALUE(TRIM(CLEAN(RIGHT(TableM2[[#This Row],[Main]],2)))),TableLasers[],COLUMN(TableLasers[H-DPH]),FALSE),LEFT(TableM2[[#This Row],[Front]],2)*VLOOKUP(VALUE(TRIM(CLEAN(RIGHT(TableM2[[#This Row],[Front]],2)))),TableLasers[],COLUMN(TableLasers[H-DPH]),FALSE),LEFT(TableM2[[#This Row],[Back]],2)*VLOOKUP(VALUE(TRIM(CLEAN(RIGHT(TableM2[[#This Row],[Back]],2)))),TableLasers[],COLUMN(TableLasers[H-DPH]),FALSE),LEFT(TableM2[[#This Row],[Left]],2)*VLOOKUP(VALUE(TRIM(CLEAN(RIGHT(TableM2[[#This Row],[Left]],2)))),TableLasers[],COLUMN(TableLasers[H-DPH]),FALSE),LEFT(TableM2[[#This Row],[Right]],2)*VLOOKUP(VALUE(TRIM(CLEAN(RIGHT(TableM2[[#This Row],[Right]],2)))),TableLasers[],COLUMN(TableLasers[H-DPH]),FALSE),LEFT(TableM2[[#This Row],[Up]],2)*VLOOKUP(VALUE(TRIM(CLEAN(RIGHT(TableM2[[#This Row],[Up]],2)))),TableLasers[],COLUMN(TableLasers[H-DPH]),FALSE),LEFT(TableM2[[#This Row],[Down]],2)*VLOOKUP(VALUE(TRIM(CLEAN(RIGHT(TableM2[[#This Row],[Down]],2)))),TableLasers[],COLUMN(TableLasers[H-DPH]),FALSE))","v":298476},"00::00","12::34","04::18","12::34","12::34","04::18","04::18",null,12,4,12,12,4,4,null,"5,18,34","0,1,5,18,21","5,18,21,34,2,30","5,18,21,34,2,30","0,1,5,18,21","0,1,5,18,21","0,1,3,5,12,17,22,23,10,11,13,14,18,19,25,35"]
[555,null,"M2","zzPLACEHOLDER KOG",null,86.4,54,6,"XXL",400000,"2 GJ ",5,14400,363.63636363636402,56,276400,6000.0911999999998,8800,0,{"$f":"SUM(LEFT(TableM2[[#This Row],[Main]],2)*VLOOKUP(VALUE(TRIM(CLEAN(RIGHT(TableM2[[#This Row],[Main]],2)))),TableLasers[],COLUMN(TableLasers[S-DPH]),FALSE),LEFT(TableM2[[#This Row],[Front]],2)*VLOOKUP(VALUE(TRIM(CLEAN(RIGHT(TableM2[[#This Row],[Front]],2)))),TableLasers[],COLUMN(TableLasers[S-DPH]),FALSE),LEFT(TableM2[[#This Row],[Back]],2)*VLOOKUP(VALUE(TRIM(CLEAN(RIGHT(TableM2[[#This Row],[Back]],2)))),TableLasers[],COLUMN(TableLasers[S-DPH]),FALSE),LEFT(TableM2[[#This Row],[Left]],2)*VLOOKUP(VALUE(TRIM(CLEAN(RIGHT(TableM2[[#This Row],[Left]],2)))),TableLasers[],COLUMN(TableLasers[S-DPH]),FALSE),LEFT(TableM2[[#This Row],[Right]],2)*VLOOKUP(VALUE(TRIM(CLEAN(RIGHT(TableM2[[#This Row],[Right]],2)))),TableLasers[],COLUMN(TableLasers[S-DPH]),FALSE),LEFT(TableM2[[#This Row],[Up]],2)*VLOOKUP(VALUE(TRIM(CLEAN(RIGHT(TableM2[[#This Row],[Up]],2)))),TableLasers[],COLUMN(TableLasers[S-DPH]),FALSE),LEFT(TableM2[[#This Row],[Down]],2)*VLOOKUP(VALUE(TRIM(CLEAN(RIGHT(TableM2[[#This Row],[Down]],2)))),TableLasers[],COLUMN(TableLasers[S-DPH]),FALSE))","v":6048000},{"$f":"SUM(LEFT(TableM2[[#This Row],[Main]],2)*VLOOKUP(VALUE(TRIM(CLEAN(RIGHT(TableM2[[#This Row],[Main]],2)))),TableLasers[],COLUMN(TableLasers[H-DPH]),FALSE),LEFT(TableM2[[#This Row],[Front]],2)*VLOOKUP(VALUE(TRIM(CLEAN(RIGHT(TableM2[[#This Row],[Front]],2)))),TableLasers[],COLUMN(TableLasers[H-DPH]),FALSE),LEFT(TableM2[[#This Row],[Back]],2)*VLOOKUP(VALUE(TRIM(CLEAN(RIGHT(TableM2[[#This Row],[Back]],2)))),TableLasers[],COLUMN(TableLasers[H-DPH]),FALSE),LEFT(TableM2[[#This Row],[Left]],2)*VLOOKUP(VALUE(TRIM(CLEAN(RIGHT(TableM2[[#This Row],[Left]],2)))),TableLasers[],COLUMN(TableLasers[H-DPH]),FALSE),LEFT(TableM2[[#This Row],[Right]],2)*VLOOKUP(VALUE(TRIM(CLEAN(RIGHT(TableM2[[#This Row],[Right]],2)))),TableLasers[],COLUMN(TableLasers[H-DPH]),FALSE),LEFT(TableM2[[#This Row],[Up]],2)*VLOOKUP(VALUE(TRIM(CLEAN(RIGHT(TableM2[[#This Row],[Up]],2)))),TableLasers[],COLUMN(TableLasers[H-DPH]),FALSE),LEFT(TableM2[[#This Row],[Down]],2)*VLOOKUP(VALUE(TRIM(CLEAN(RIGHT(TableM2[[#This Row],[Down]],2)))),TableLasers[],COLUMN(TableLasers[H-DPH]),FALSE))","v":1310400},"00::00","08::37","08::37","10::37","10::37","10::37","10::37",null,8,8,10,10,10,10,null,"41,8,14,9,15,10,11,13,36,16,17,21,27,40,39,37,38,25,22,45,46,47,42,43,44","41,8,14,9,15,10,11,13,36,16,17,21,27,40,39,37,38,25,22,45,46,47,42,43,44","41,8,14,9,15,10,11,13,36,16,17,21,27,40,39,37,38,25,22,45,46,47,42,43,44","41,8,14,9,15,10,11,13,36,16,17,21,27,40,39,37,38,25,22,45,46,47,42,43,44","41,8,14,9,15,10,11,13,36,16,17,21,27,40,39,37,38,25,22,45,46,47,42,43,44","41,8,14,9,15,10,11,13,36,16,17,21,27,40,39,37,38,25,22,45,46,47,42,43,44","0,1,3,5,12,17,22,23,10,11,13,14,18,19,25,35"]
[584,"Xenon","M2","Z",null,46.2,30.8,11,"XXL",950000,"2 GJ ",7,20000,363.63636363636402,52,490000,9800,13000,20,{"$f":"SUM(LEFT(TableM2[[#This Row],[Main]],2)*VLOOKUP(VALUE(TRIM(CLEAN(RIGHT(TableM2[[#This Row],[Main]],2)))),TableLasers[],COLUMN(TableLasers[S-DPH]),FALSE),LEFT(TableM2[[#This Row],[Front]],2)*VLOOKUP(VALUE(TRIM(CLEAN(RIGHT(TableM2[[#This Row],[Front]],2)))),TableLasers[],COLUMN(TableLasers[S-DPH]),FALSE),LEFT(TableM2[[#This Row],[Back]],2)*VLOOKUP(VALUE(TRIM(CLEAN(RIGHT(TableM2[[#This Row],[Back]],2)))),TableLasers[],COLUMN(TableLasers[S-DPH]),FALSE),LEFT(TableM2[[#This Row],[Left]],2)*VLOOKUP(VALUE(TRIM(CLEAN(RIGHT(TableM2[[#This Row],[Left]],2)))),TableLasers[],COLUMN(TableLasers[S-DPH]),FALSE),LEFT(TableM2[[#This Row],[Right]],2)*VLOOKUP(VALUE(TRIM(CLEAN(RIGHT(TableM2[[#This Row],[Right]],2)))),TableLasers[],COLUMN(TableLasers[S-DPH]),FALSE),LEFT(TableM2[[#This Row],[Up]],2)*VLOOKUP(VALUE(TRIM(CLEAN(RIGHT(TableM2[[#This Row],[Up]],2)))),TableLasers[],COLUMN(TableLasers[S-DPH]),FALSE),LEFT(TableM2[[#This Row],[Down]],2)*VLOOKUP(VALUE(TRIM(CLEAN(RIGHT(TableM2[[#This Row],[Down]],2)))),TableLasers[],COLUMN(TableLasers[S-DPH]),FALSE))","v":1256012},{"$f":"SUM(LEFT(TableM2[[#This Row],[Main]],2)*VLOOKUP(VALUE(TRIM(CLEAN(RIGHT(TableM2[[#This Row],[Main]],2)))),TableLasers[],COLUMN(TableLasers[H-DPH]),FALSE),LEFT(TableM2[[#This Row],[Front]],2)*VLOOKUP(VALUE(TRIM(CLEAN(RIGHT(TableM2[[#This Row],[Front]],2)))),TableLasers[],COLUMN(TableLasers[H-DPH]),FALSE),LEFT(TableM2[[#This Row],[Back]],2)*VLOOKUP(VALUE(TRIM(CLEAN(RIGHT(TableM2[[#This Row],[Back]],2)))),TableLasers[],COLUMN(TableLasers[H-DPH]),FALSE),LEFT(TableM2[[#This Row],[Left]],2)*VLOOKUP(VALUE(TRIM(CLEAN(RIGHT(TableM2[[#This Row],[Left]],2)))),TableLasers[],COLUMN(TableLasers[H-DPH]),FALSE),LEFT(TableM2[[#This Row],[Right]],2)*VLOOKUP(VALUE(TRIM(CLEAN(RIGHT(TableM2[[#This Row],[Right]],2)))),TableLasers[],COLUMN(TableLasers[H-DPH]),FALSE),LEFT(TableM2[[#This Row],[Up]],2)*VLOOKUP(VALUE(TRIM(CLEAN(RIGHT(TableM2[[#This Row],[Up]],2)))),TableLasers[],COLUMN(TableLasers[H-DPH]),FALSE),LEFT(TableM2[[#This Row],[Down]],2)*VLOOKUP(VALUE(TRIM(CLEAN(RIGHT(TableM2[[#This Row],[Down]],2)))),TableLasers[],COLUMN(TableLasers[H-DPH]),FALSE))","v":229554},"00::00","10::41","06::27","12::41","12::41","06::27","06::27",null,10,6,12,12,6,6,null,"12,19,41,27,28,29,35","12,19,27,28,29,35","12,19,41,27","12,19,41,27","12,19,27","12,19,27","0,1,3,5,12,17,22,23,10,11,13,14,18,19,25,4,15,16,20,24,27,36,37,38,28,39,35"]
[595,"Pirates","M2","Phoenix",null,50.32,29.6,7,"XXL",800000,"2 GJ ",5,17000,363.63636363636402,36,326400,4242.8735999999999,17000,2,{"$f":"SUM(LEFT(TableM2[[#This Row],[Main]],2)*VLOOKUP(VALUE(TRIM(CLEAN(RIGHT(TableM2[[#This Row],[Main]],2)))),TableLasers[],COLUMN(TableLasers[S-DPH]),FALSE),LEFT(TableM2[[#This Row],[Front]],2)*VLOOKUP(VALUE(TRIM(CLEAN(RIGHT(TableM2[[#This Row],[Front]],2)))),TableLasers[],COLUMN(TableLasers[S-DPH]),FALSE),LEFT(TableM2[[#This Row],[Back]],2)*VLOOKUP(VALUE(TRIM(CLEAN(RIGHT(TableM2[[#This Row],[Back]],2)))),TableLasers[],COLUMN(TableLasers[S-DPH]),FALSE),LEFT(TableM2[[#This Row],[Left]],2)*VLOOKUP(VALUE(TRIM(CLEAN(RIGHT(TableM2[[#This Row],[Left]],2)))),TableLasers[],COLUMN(TableLasers[S-DPH]),FALSE),LEFT(TableM2[[#This Row],[Right]],2)*VLOOKUP(VALUE(TRIM(CLEAN(RIGHT(TableM2[[#This Row],[Right]],2)))),TableLasers[],COLUMN(TableLasers[S-DPH]),FALSE),LEFT(TableM2[[#This Row],[Up]],2)*VLOOKUP(VALUE(TRIM(CLEAN(RIGHT(TableM2[[#This Row],[Up]],2)))),TableLasers[],COLUMN(TableLasers[S-DPH]),FALSE),LEFT(TableM2[[#This Row],[Down]],2)*VLOOKUP(VALUE(TRIM(CLEAN(RIGHT(TableM2[[#This Row],[Down]],2)))),TableLasers[],COLUMN(TableLasers[S-DPH]),FALSE))","v":1196964},{"$f":"SUM(LEFT(TableM2[[#This Row],[Main]],2)*VLOOKUP(VALUE(TRIM(CLEAN(RIGHT(TableM2[[#This Row],[Main]],2)))),TableLasers[],COLUMN(TableLasers[H-DPH]),FALSE),LEFT(TableM2[[#This Row],[Front]],2)*VLOOKUP(VALUE(TRIM(CLEAN(RIGHT(TableM2[[#This Row],[Front]],2)))),TableLasers[],COLUMN(TableLasers[H-DPH]),FALSE),LEFT(TableM2[[#This Row],[Back]],2)*VLOOKUP(VALUE(TRIM(CLEAN(RIGHT(TableM2[[#This Row],[Back]],2)))),TableLasers[],COLUMN(TableLasers[H-DPH]),FALSE),LEFT(TableM2[[#This Row],[Left]],2)*VLOOKUP(VALUE(TRIM(CLEAN(RIGHT(TableM2[[#This Row],[Left]],2)))),TableLasers[],COLUMN(TableLasers[H-DPH]),FALSE),LEFT(TableM2[[#This Row],[Right]],2)*VLOOKUP(VALUE(TRIM(CLEAN(RIGHT(TableM2[[#This Row],[Right]],2)))),TableLasers[],COLUMN(TableLasers[H-DPH]),FALSE),LEFT(TableM2[[#This Row],[Up]],2)*VLOOKUP(VALUE(TRIM(CLEAN(RIGHT(TableM2[[#This Row],[Up]],2)))),TableLasers[],COLUMN(TableLasers[H-DPH]),FALSE),LEFT(TableM2[[#This Row],[Down]],2)*VLOOKUP(VALUE(TRIM(CLEAN(RIGHT(TableM2[[#This Row],[Down]],2)))),TableLasers[],COLUMN(TableLasers[H-DPH]),FALSE))","v":209196},"00::00","08::34","04::18","08::34","08::34","04::18","04::18",null,8,4,8,8,4,4,null,"3,5,18,34,2,30","3,5,18,21","3,5,18,40,34,2,30","3,5,18,40,34,2,30","3,5,18,21","3,5,18,21","0,1,3,5,12,17,22,23,10,11,13,14,18,19,25,35"]
[597,"Pirates","M2","Pteranodon",null,46.5,31,8,"XXL",980000,"2 GJ ",6,20000,363.63636363636402,48,310000,4118.66,16000,6,{"$f":"SUM(LEFT(TableM2[[#This Row],[Main]],2)*VLOOKUP(VALUE(TRIM(CLEAN(RIGHT(TableM2[[#This Row],[Main]],2)))),TableLasers[],COLUMN(TableLasers[S-DPH]),FALSE),LEFT(TableM2[[#This Row],[Front]],2)*VLOOKUP(VALUE(TRIM(CLEAN(RIGHT(TableM2[[#This Row],[Front]],2)))),TableLasers[],COLUMN(TableLasers[S-DPH]),FALSE),LEFT(TableM2[[#This Row],[Back]],2)*VLOOKUP(VALUE(TRIM(CLEAN(RIGHT(TableM2[[#This Row],[Back]],2)))),TableLasers[],COLUMN(TableLasers[S-DPH]),FALSE),LEFT(TableM2[[#This Row],[Left]],2)*VLOOKUP(VALUE(TRIM(CLEAN(RIGHT(TableM2[[#This Row],[Left]],2)))),TableLasers[],COLUMN(TableLasers[S-DPH]),FALSE),LEFT(TableM2[[#This Row],[Right]],2)*VLOOKUP(VALUE(TRIM(CLEAN(RIGHT(TableM2[[#This Row],[Right]],2)))),TableLasers[],COLUMN(TableLasers[S-DPH]),FALSE),LEFT(TableM2[[#This Row],[Up]],2)*VLOOKUP(VALUE(TRIM(CLEAN(RIGHT(TableM2[[#This Row],[Up]],2)))),TableLasers[],COLUMN(TableLasers[S-DPH]),FALSE),LEFT(TableM2[[#This Row],[Down]],2)*VLOOKUP(VALUE(TRIM(CLEAN(RIGHT(TableM2[[#This Row],[Down]],2)))),TableLasers[],COLUMN(TableLasers[S-DPH]),FALSE))","v":1716804},{"$f":"SUM(LEFT(TableM2[[#This Row],[Main]],2)*VLOOKUP(VALUE(TRIM(CLEAN(RIGHT(TableM2[[#This Row],[Main]],2)))),TableLasers[],COLUMN(TableLasers[H-DPH]),FALSE),LEFT(TableM2[[#This Row],[Front]],2)*VLOOKUP(VALUE(TRIM(CLEAN(RIGHT(TableM2[[#This Row],[Front]],2)))),TableLasers[],COLUMN(TableLasers[H-DPH]),FALSE),LEFT(TableM2[[#This Row],[Back]],2)*VLOOKUP(VALUE(TRIM(CLEAN(RIGHT(TableM2[[#This Row],[Back]],2)))),TableLasers[],COLUMN(TableLasers[H-DPH]),FALSE),LEFT(TableM2[[#This Row],[Left]],2)*VLOOKUP(VALUE(TRIM(CLEAN(RIGHT(TableM2[[#This Row],[Left]],2)))),TableLasers[],COLUMN(TableLasers[H-DPH]),FALSE),LEFT(TableM2[[#This Row],[Right]],2)*VLOOKUP(VALUE(TRIM(CLEAN(RIGHT(TableM2[[#This Row],[Right]],2)))),TableLasers[],COLUMN(TableLasers[H-DPH]),FALSE),LEFT(TableM2[[#This Row],[Up]],2)*VLOOKUP(VALUE(TRIM(CLEAN(RIGHT(TableM2[[#This Row],[Up]],2)))),TableLasers[],COLUMN(TableLasers[H-DPH]),FALSE),LEFT(TableM2[[#This Row],[Down]],2)*VLOOKUP(VALUE(TRIM(CLEAN(RIGHT(TableM2[[#This Row],[Down]],2)))),TableLasers[],COLUMN(TableLasers[H-DPH]),FALSE))","v":298476},"00::00","12::34","04::18","12::34","12::34","04::18","04::18",null,12,4,12,12,4,4,null,"3,5,18,34,2,30","3,5,18,21","3,5,18,40,34,2,30","3,5,18,40,34,2,30","3,5,18,21","3,5,18,21","0,1,3,5,12,17,22,23,10,11,13,14,18,19,25"]
[603,"Pirates","M2","Titan",null,68.319999999999993,48.8,9,"XXL",720000,"2 GJ ",3,17500,363.63636363636402,40,376400,7151.2236000000003,12300,2,{"$f":"SUM(LEFT(TableM2[[#This Row],[Main]],2)*VLOOKUP(VALUE(TRIM(CLEAN(RIGHT(TableM2[[#This Row],[Main]],2)))),TableLasers[],COLUMN(TableLasers[S-DPH]),FALSE),LEFT(TableM2[[#This Row],[Front]],2)*VLOOKUP(VALUE(TRIM(CLEAN(RIGHT(TableM2[[#This Row],[Front]],2)))),TableLasers[],COLUMN(TableLasers[S-DPH]),FALSE),LEFT(TableM2[[#This Row],[Back]],2)*VLOOKUP(VALUE(TRIM(CLEAN(RIGHT(TableM2[[#This Row],[Back]],2)))),TableLasers[],COLUMN(TableLasers[S-DPH]),FALSE),LEFT(TableM2[[#This Row],[Left]],2)*VLOOKUP(VALUE(TRIM(CLEAN(RIGHT(TableM2[[#This Row],[Left]],2)))),TableLasers[],COLUMN(TableLasers[S-DPH]),FALSE),LEFT(TableM2[[#This Row],[Right]],2)*VLOOKUP(VALUE(TRIM(CLEAN(RIGHT(TableM2[[#This Row],[Right]],2)))),TableLasers[],COLUMN(TableLasers[S-DPH]),FALSE),LEFT(TableM2[[#This Row],[Up]],2)*VLOOKUP(VALUE(TRIM(CLEAN(RIGHT(TableM2[[#This Row],[Up]],2)))),TableLasers[],COLUMN(TableLasers[S-DPH]),FALSE),LEFT(TableM2[[#This Row],[Down]],2)*VLOOKUP(VALUE(TRIM(CLEAN(RIGHT(TableM2[[#This Row],[Down]],2)))),TableLasers[],COLUMN(TableLasers[S-DPH]),FALSE))","v":1249392},{"$f":"SUM(LEFT(TableM2[[#This Row],[Main]],2)*VLOOKUP(VALUE(TRIM(CLEAN(RIGHT(TableM2[[#This Row],[Main]],2)))),TableLasers[],COLUMN(TableLasers[H-DPH]),FALSE),LEFT(TableM2[[#This Row],[Front]],2)*VLOOKUP(VALUE(TRIM(CLEAN(RIGHT(TableM2[[#This Row],[Front]],2)))),TableLasers[],COLUMN(TableLasers[H-DPH]),FALSE),LEFT(TableM2[[#This Row],[Back]],2)*VLOOKUP(VALUE(TRIM(CLEAN(RIGHT(TableM2[[#This Row],[Back]],2)))),TableLasers[],COLUMN(TableLasers[H-DPH]),FALSE),LEFT(TableM2[[#This Row],[Left]],2)*VLOOKUP(VALUE(TRIM(CLEAN(RIGHT(TableM2[[#This Row],[Left]],2)))),TableLasers[],COLUMN(TableLasers[H-DPH]),FALSE),LEFT(TableM2[[#This Row],[Right]],2)*VLOOKUP(VALUE(TRIM(CLEAN(RIGHT(TableM2[[#This Row],[Right]],2)))),TableLasers[],COLUMN(TableLasers[H-DPH]),FALSE),LEFT(TableM2[[#This Row],[Up]],2)*VLOOKUP(VALUE(TRIM(CLEAN(RIGHT(TableM2[[#This Row],[Up]],2)))),TableLasers[],COLUMN(TableLasers[H-DPH]),FALSE),LEFT(TableM2[[#This Row],[Down]],2)*VLOOKUP(VALUE(TRIM(CLEAN(RIGHT(TableM2[[#This Row],[Down]],2)))),TableLasers[],COLUMN(TableLasers[H-DPH]),FALSE))","v":219408},"00::00","08::34","08::18","08::34","08::34","04::18","04::18",null,8,8,8,8,4,4,null,"3,5,18,34,2,30","3,5,18,21","3,5,18,40,34,2,30","3,5,18,40,34,2,30","3,5,18,21","3,5,18,21","0,1,3,5,12,17,22,23,10,11,13,14,18,19,25,35"]
[620,"Split","M2","Krait",null,106.6,53.3,10,"XXL",340000,"2 GJ ",2,9200,363.63636363636402,29,280000,7000,6500,2,{"$f":"SUM(LEFT(TableM2[[#This Row],[Main]],2)*VLOOKUP(VALUE(TRIM(CLEAN(RIGHT(TableM2[[#This Row],[Main]],2)))),TableLasers[],COLUMN(TableLasers[S-DPH]),FALSE),LEFT(TableM2[[#This Row],[Front]],2)*VLOOKUP(VALUE(TRIM(CLEAN(RIGHT(TableM2[[#This Row],[Front]],2)))),TableLasers[],COLUMN(TableLasers[S-DPH]),FALSE),LEFT(TableM2[[#This Row],[Back]],2)*VLOOKUP(VALUE(TRIM(CLEAN(RIGHT(TableM2[[#This Row],[Back]],2)))),TableLasers[],COLUMN(TableLasers[S-DPH]),FALSE),LEFT(TableM2[[#This Row],[Left]],2)*VLOOKUP(VALUE(TRIM(CLEAN(RIGHT(TableM2[[#This Row],[Left]],2)))),TableLasers[],COLUMN(TableLasers[S-DPH]),FALSE),LEFT(TableM2[[#This Row],[Right]],2)*VLOOKUP(VALUE(TRIM(CLEAN(RIGHT(TableM2[[#This Row],[Right]],2)))),TableLasers[],COLUMN(TableLasers[S-DPH]),FALSE),LEFT(TableM2[[#This Row],[Up]],2)*VLOOKUP(VALUE(TRIM(CLEAN(RIGHT(TableM2[[#This Row],[Up]],2)))),TableLasers[],COLUMN(TableLasers[S-DPH]),FALSE),LEFT(TableM2[[#This Row],[Down]],2)*VLOOKUP(VALUE(TRIM(CLEAN(RIGHT(TableM2[[#This Row],[Down]],2)))),TableLasers[],COLUMN(TableLasers[S-DPH]),FALSE))","v":1136344},{"$f":"SUM(LEFT(TableM2[[#This Row],[Main]],2)*VLOOKUP(VALUE(TRIM(CLEAN(RIGHT(TableM2[[#This Row],[Main]],2)))),TableLasers[],COLUMN(TableLasers[H-DPH]),FALSE),LEFT(TableM2[[#This Row],[Front]],2)*VLOOKUP(VALUE(TRIM(CLEAN(RIGHT(TableM2[[#This Row],[Front]],2)))),TableLasers[],COLUMN(TableLasers[H-DPH]),FALSE),LEFT(TableM2[[#This Row],[Back]],2)*VLOOKUP(VALUE(TRIM(CLEAN(RIGHT(TableM2[[#This Row],[Back]],2)))),TableLasers[],COLUMN(TableLasers[H-DPH]),FALSE),LEFT(TableM2[[#This Row],[Left]],2)*VLOOKUP(VALUE(TRIM(CLEAN(RIGHT(TableM2[[#This Row],[Left]],2)))),TableLasers[],COLUMN(TableLasers[H-DPH]),FALSE),LEFT(TableM2[[#This Row],[Right]],2)*VLOOKUP(VALUE(TRIM(CLEAN(RIGHT(TableM2[[#This Row],[Right]],2)))),TableLasers[],COLUMN(TableLasers[H-DPH]),FALSE),LEFT(TableM2[[#This Row],[Up]],2)*VLOOKUP(VALUE(TRIM(CLEAN(RIGHT(TableM2[[#This Row],[Up]],2)))),TableLasers[],COLUMN(TableLasers[H-DPH]),FALSE),LEFT(TableM2[[#This Row],[Down]],2)*VLOOKUP(VALUE(TRIM(CLEAN(RIGHT(TableM2[[#This Row],[Down]],2)))),TableLasers[],COLUMN(TableLasers[H-DPH]),FALSE))","v":180036},"00::00","08::33","03::15","06::33","06::33","04::15","02::15",null,8,3,6,6,4,2,null,"3,9,15,33","3,9,15,24","3,9,15,33","3,9,15,33","3,9,15,24","3,9,15,24","0,1,3,5,12,17,22,23,10,11,13,14,18,19,25,35"]
[627,"Kha'ak","M2","Advanced Destroyer",null,56.84,40.6,10,"ST",620000,"2 GJ ",7,15100,727.27272727272702,28,385600,5783.6144000000004,9000,12,{"$f":"SUM(LEFT(TableM2[[#This Row],[Main]],2)*VLOOKUP(VALUE(TRIM(CLEAN(RIGHT(TableM2[[#This Row],[Main]],2)))),TableLasers[],COLUMN(TableLasers[S-DPH]),FALSE),LEFT(TableM2[[#This Row],[Front]],2)*VLOOKUP(VALUE(TRIM(CLEAN(RIGHT(TableM2[[#This Row],[Front]],2)))),TableLasers[],COLUMN(TableLasers[S-DPH]),FALSE),LEFT(TableM2[[#This Row],[Back]],2)*VLOOKUP(VALUE(TRIM(CLEAN(RIGHT(TableM2[[#This Row],[Back]],2)))),TableLasers[],COLUMN(TableLasers[S-DPH]),FALSE),LEFT(TableM2[[#This Row],[Left]],2)*VLOOKUP(VALUE(TRIM(CLEAN(RIGHT(TableM2[[#This Row],[Left]],2)))),TableLasers[],COLUMN(TableLasers[S-DPH]),FALSE),LEFT(TableM2[[#This Row],[Right]],2)*VLOOKUP(VALUE(TRIM(CLEAN(RIGHT(TableM2[[#This Row],[Right]],2)))),TableLasers[],COLUMN(TableLasers[S-DPH]),FALSE),LEFT(TableM2[[#This Row],[Up]],2)*VLOOKUP(VALUE(TRIM(CLEAN(RIGHT(TableM2[[#This Row],[Up]],2)))),TableLasers[],COLUMN(TableLasers[S-DPH]),FALSE),LEFT(TableM2[[#This Row],[Down]],2)*VLOOKUP(VALUE(TRIM(CLEAN(RIGHT(TableM2[[#This Row],[Down]],2)))),TableLasers[],COLUMN(TableLasers[S-DPH]),FALSE))","v":1192800},{"$f":"SUM(LEFT(TableM2[[#This Row],[Main]],2)*VLOOKUP(VALUE(TRIM(CLEAN(RIGHT(TableM2[[#This Row],[Main]],2)))),TableLasers[],COLUMN(TableLasers[H-DPH]),FALSE),LEFT(TableM2[[#This Row],[Front]],2)*VLOOKUP(VALUE(TRIM(CLEAN(RIGHT(TableM2[[#This Row],[Front]],2)))),TableLasers[],COLUMN(TableLasers[H-DPH]),FALSE),LEFT(TableM2[[#This Row],[Back]],2)*VLOOKUP(VALUE(TRIM(CLEAN(RIGHT(TableM2[[#This Row],[Back]],2)))),TableLasers[],COLUMN(TableLasers[H-DPH]),FALSE),LEFT(TableM2[[#This Row],[Left]],2)*VLOOKUP(VALUE(TRIM(CLEAN(RIGHT(TableM2[[#This Row],[Left]],2)))),TableLasers[],COLUMN(TableLasers[H-DPH]),FALSE),LEFT(TableM2[[#This Row],[Right]],2)*VLOOKUP(VALUE(TRIM(CLEAN(RIGHT(TableM2[[#This Row],[Right]],2)))),TableLasers[],COLUMN(TableLasers[H-DPH]),FALSE),LEFT(TableM2[[#This Row],[Up]],2)*VLOOKUP(VALUE(TRIM(CLEAN(RIGHT(TableM2[[#This Row],[Up]],2)))),TableLasers[],COLUMN(TableLasers[H-DPH]),FALSE),LEFT(TableM2[[#This Row],[Down]],2)*VLOOKUP(VALUE(TRIM(CLEAN(RIGHT(TableM2[[#This Row],[Down]],2)))),TableLasers[],COLUMN(TableLasers[H-DPH]),FALSE))","v":240800},"00::44","06::44","02::44","06::44","06::44","04::44","04::44",null,6,2,6,6,4,4,"42,43,44","42,43,44","42,43,44","42,43,44","42,43,44","42,43,44","42,43,44","26,40"]
[665,"Boron","M2","Megalodon",null,49,35,10,"XXL",790000,"2 GJ ",6,19200,363.63636363636402,50,358800,5740.4412000000002,14900,6,{"$f":"SUM(LEFT(TableM2[[#This Row],[Main]],2)*VLOOKUP(VALUE(TRIM(CLEAN(RIGHT(TableM2[[#This Row],[Main]],2)))),TableLasers[],COLUMN(TableLasers[S-DPH]),FALSE),LEFT(TableM2[[#This Row],[Front]],2)*VLOOKUP(VALUE(TRIM(CLEAN(RIGHT(TableM2[[#This Row],[Front]],2)))),TableLasers[],COLUMN(TableLasers[S-DPH]),FALSE),LEFT(TableM2[[#This Row],[Back]],2)*VLOOKUP(VALUE(TRIM(CLEAN(RIGHT(TableM2[[#This Row],[Back]],2)))),TableLasers[],COLUMN(TableLasers[S-DPH]),FALSE),LEFT(TableM2[[#This Row],[Left]],2)*VLOOKUP(VALUE(TRIM(CLEAN(RIGHT(TableM2[[#This Row],[Left]],2)))),TableLasers[],COLUMN(TableLasers[S-DPH]),FALSE),LEFT(TableM2[[#This Row],[Right]],2)*VLOOKUP(VALUE(TRIM(CLEAN(RIGHT(TableM2[[#This Row],[Right]],2)))),TableLasers[],COLUMN(TableLasers[S-DPH]),FALSE),LEFT(TableM2[[#This Row],[Up]],2)*VLOOKUP(VALUE(TRIM(CLEAN(RIGHT(TableM2[[#This Row],[Up]],2)))),TableLasers[],COLUMN(TableLasers[S-DPH]),FALSE),LEFT(TableM2[[#This Row],[Down]],2)*VLOOKUP(VALUE(TRIM(CLEAN(RIGHT(TableM2[[#This Row],[Down]],2)))),TableLasers[],COLUMN(TableLasers[S-DPH]),FALSE))","v":2495200},{"$f":"SUM(LEFT(TableM2[[#This Row],[Main]],2)*VLOOKUP(VALUE(TRIM(CLEAN(RIGHT(TableM2[[#This Row],[Main]],2)))),TableLasers[],COLUMN(TableLasers[H-DPH]),FALSE),LEFT(TableM2[[#This Row],[Front]],2)*VLOOKUP(VALUE(TRIM(CLEAN(RIGHT(TableM2[[#This Row],[Front]],2)))),TableLasers[],COLUMN(TableLasers[H-DPH]),FALSE),LEFT(TableM2[[#This Row],[Back]],2)*VLOOKUP(VALUE(TRIM(CLEAN(RIGHT(TableM2[[#This Row],[Back]],2)))),TableLasers[],COLUMN(TableLasers[H-DPH]),FALSE),LEFT(TableM2[[#This Row],[Left]],2)*VLOOKUP(VALUE(TRIM(CLEAN(RIGHT(TableM2[[#This Row],[Left]],2)))),TableLasers[],COLUMN(TableLasers[H-DPH]),FALSE),LEFT(TableM2[[#This Row],[Right]],2)*VLOOKUP(VALUE(TRIM(CLEAN(RIGHT(TableM2[[#This Row],[Right]],2)))),TableLasers[],COLUMN(TableLasers[H-DPH]),FALSE),LEFT(TableM2[[#This Row],[Up]],2)*VLOOKUP(VALUE(TRIM(CLEAN(RIGHT(TableM2[[#This Row],[Up]],2)))),TableLasers[],COLUMN(TableLasers[H-DPH]),FALSE),LEFT(TableM2[[#This Row],[Down]],2)*VLOOKUP(VALUE(TRIM(CLEAN(RIGHT(TableM2[[#This Row],[Down]],2)))),TableLasers[],COLUMN(TableLasers[H-DPH]),FALSE))","v":40400},"00::00","10::36","04::36","10::36","10::36","08::14","08::14",null,10,4,10,10,8,8,null,"8,14,36","4,23,8,14,36","8,14,36,40","8,14,36,40","4,23,8,14","4,23,8,14","0,1,3,5,12,17,22,23,10,11,13,14,18,19,25,35"]
[676,"ATF","M2","Bragi",null,47.4,23.7,9,"XXL",690000,"2 GJ ",7,21000,363.63636363636402,60,550000,9777.9,10500,10,{"$f":"SUM(LEFT(TableM2[[#This Row],[Main]],2)*VLOOKUP(VALUE(TRIM(CLEAN(RIGHT(TableM2[[#This Row],[Main]],2)))),TableLasers[],COLUMN(TableLasers[S-DPH]),FALSE),LEFT(TableM2[[#This Row],[Front]],2)*VLOOKUP(VALUE(TRIM(CLEAN(RIGHT(TableM2[[#This Row],[Front]],2)))),TableLasers[],COLUMN(TableLasers[S-DPH]),FALSE),LEFT(TableM2[[#This Row],[Back]],2)*VLOOKUP(VALUE(TRIM(CLEAN(RIGHT(TableM2[[#This Row],[Back]],2)))),TableLasers[],COLUMN(TableLasers[S-DPH]),FALSE),LEFT(TableM2[[#This Row],[Left]],2)*VLOOKUP(VALUE(TRIM(CLEAN(RIGHT(TableM2[[#This Row],[Left]],2)))),TableLasers[],COLUMN(TableLasers[S-DPH]),FALSE),LEFT(TableM2[[#This Row],[Right]],2)*VLOOKUP(VALUE(TRIM(CLEAN(RIGHT(TableM2[[#This Row],[Right]],2)))),TableLasers[],COLUMN(TableLasers[S-DPH]),FALSE),LEFT(TableM2[[#This Row],[Up]],2)*VLOOKUP(VALUE(TRIM(CLEAN(RIGHT(TableM2[[#This Row],[Up]],2)))),TableLasers[],COLUMN(TableLasers[S-DPH]),FALSE),LEFT(TableM2[[#This Row],[Down]],2)*VLOOKUP(VALUE(TRIM(CLEAN(RIGHT(TableM2[[#This Row],[Down]],2)))),TableLasers[],COLUMN(TableLasers[S-DPH]),FALSE))","v":4018400},{"$f":"SUM(LEFT(TableM2[[#This Row],[Main]],2)*VLOOKUP(VALUE(TRIM(CLEAN(RIGHT(TableM2[[#This Row],[Main]],2)))),TableLasers[],COLUMN(TableLasers[H-DPH]),FALSE),LEFT(TableM2[[#This Row],[Front]],2)*VLOOKUP(VALUE(TRIM(CLEAN(RIGHT(TableM2[[#This Row],[Front]],2)))),TableLasers[],COLUMN(TableLasers[H-DPH]),FALSE),LEFT(TableM2[[#This Row],[Back]],2)*VLOOKUP(VALUE(TRIM(CLEAN(RIGHT(TableM2[[#This Row],[Back]],2)))),TableLasers[],COLUMN(TableLasers[H-DPH]),FALSE),LEFT(TableM2[[#This Row],[Left]],2)*VLOOKUP(VALUE(TRIM(CLEAN(RIGHT(TableM2[[#This Row],[Left]],2)))),TableLasers[],COLUMN(TableLasers[H-DPH]),FALSE),LEFT(TableM2[[#This Row],[Right]],2)*VLOOKUP(VALUE(TRIM(CLEAN(RIGHT(TableM2[[#This Row],[Right]],2)))),TableLasers[],COLUMN(TableLasers[H-DPH]),FALSE),LEFT(TableM2[[#This Row],[Up]],2)*VLOOKUP(VALUE(TRIM(CLEAN(RIGHT(TableM2[[#This Row],[Up]],2)))),TableLasers[],COLUMN(TableLasers[H-DPH]),FALSE),LEFT(TableM2[[#This Row],[Down]],2)*VLOOKUP(VALUE(TRIM(CLEAN(RIGHT(TableM2[[#This Row],[Down]],2)))),TableLasers[],COLUMN(TableLasers[H-DPH]),FALSE))","v":873600},"00::00","12::37","08::17","12::37","12::37","08::26","08::26",null,12,8,12,12,8,8,null,"16,17,37,38","10,11,16,17,26","16,17,37,38","16,17,37,38","10,11,26","10,11,26","4,15,16,20,24,27,36,37,38,28,39"]
[677,"Argon","M2","Atlas",null,44.8,22.4,9,"XXL",780000,"2 GJ ",6,19500,363.63636363636402,60,440000,7822.32,14500,7,{"$f":"SUM(LEFT(TableM2[[#This Row],[Main]],2)*VLOOKUP(VALUE(TRIM(CLEAN(RIGHT(TableM2[[#This Row],[Main]],2)))),TableLasers[],COLUMN(TableLasers[S-DPH]),FALSE),LEFT(TableM2[[#This Row],[Front]],2)*VLOOKUP(VALUE(TRIM(CLEAN(RIGHT(TableM2[[#This Row],[Front]],2)))),TableLasers[],COLUMN(TableLasers[S-DPH]),FALSE),LEFT(TableM2[[#This Row],[Back]],2)*VLOOKUP(VALUE(TRIM(CLEAN(RIGHT(TableM2[[#This Row],[Back]],2)))),TableLasers[],COLUMN(TableLasers[S-DPH]),FALSE),LEFT(TableM2[[#This Row],[Left]],2)*VLOOKUP(VALUE(TRIM(CLEAN(RIGHT(TableM2[[#This Row],[Left]],2)))),TableLasers[],COLUMN(TableLasers[S-DPH]),FALSE),LEFT(TableM2[[#This Row],[Right]],2)*VLOOKUP(VALUE(TRIM(CLEAN(RIGHT(TableM2[[#This Row],[Right]],2)))),TableLasers[],COLUMN(TableLasers[S-DPH]),FALSE),LEFT(TableM2[[#This Row],[Up]],2)*VLOOKUP(VALUE(TRIM(CLEAN(RIGHT(TableM2[[#This Row],[Up]],2)))),TableLasers[],COLUMN(TableLasers[S-DPH]),FALSE),LEFT(TableM2[[#This Row],[Down]],2)*VLOOKUP(VALUE(TRIM(CLEAN(RIGHT(TableM2[[#This Row],[Down]],2)))),TableLasers[],COLUMN(TableLasers[S-DPH]),FALSE))","v":1706012},{"$f":"SUM(LEFT(TableM2[[#This Row],[Main]],2)*VLOOKUP(VALUE(TRIM(CLEAN(RIGHT(TableM2[[#This Row],[Main]],2)))),TableLasers[],COLUMN(TableLasers[H-DPH]),FALSE),LEFT(TableM2[[#This Row],[Front]],2)*VLOOKUP(VALUE(TRIM(CLEAN(RIGHT(TableM2[[#This Row],[Front]],2)))),TableLasers[],COLUMN(TableLasers[H-DPH]),FALSE),LEFT(TableM2[[#This Row],[Back]],2)*VLOOKUP(VALUE(TRIM(CLEAN(RIGHT(TableM2[[#This Row],[Back]],2)))),TableLasers[],COLUMN(TableLasers[H-DPH]),FALSE),LEFT(TableM2[[#This Row],[Left]],2)*VLOOKUP(VALUE(TRIM(CLEAN(RIGHT(TableM2[[#This Row],[Left]],2)))),TableLasers[],COLUMN(TableLasers[H-DPH]),FALSE),LEFT(TableM2[[#This Row],[Right]],2)*VLOOKUP(VALUE(TRIM(CLEAN(RIGHT(TableM2[[#This Row],[Right]],2)))),TableLasers[],COLUMN(TableLasers[H-DPH]),FALSE),LEFT(TableM2[[#This Row],[Up]],2)*VLOOKUP(VALUE(TRIM(CLEAN(RIGHT(TableM2[[#This Row],[Up]],2)))),TableLasers[],COLUMN(TableLasers[H-DPH]),FALSE),LEFT(TableM2[[#This Row],[Down]],2)*VLOOKUP(VALUE(TRIM(CLEAN(RIGHT(TableM2[[#This Row],[Down]],2)))),TableLasers[],COLUMN(TableLasers[H-DPH]),FALSE))","v":379024},"00::00","12::39","08::13","12::39","12::39","08::23","08::23",null,12,8,12,12,8,8,null,"3,13,40,39","0,1,3,4,23,13","13,40,39","13,40,39","0,1,3,4,23","0,1,3,4,23","0,1,3,5,12,17,22,23,10,11,13,14,18,19,25,35"]
[680,"Paranid","M2","Proteus",null,45.6,22.8,9,"XXL",810000,"2 GJ ",6,21000,363.63636363636402,60,465000,8266.77,12500,7,{"$f":"SUM(LEFT(TableM2[[#This Row],[Main]],2)*VLOOKUP(VALUE(TRIM(CLEAN(RIGHT(TableM2[[#This Row],[Main]],2)))),TableLasers[],COLUMN(TableLasers[S-DPH]),FALSE),LEFT(TableM2[[#This Row],[Front]],2)*VLOOKUP(VALUE(TRIM(CLEAN(RIGHT(TableM2[[#This Row],[Front]],2)))),TableLasers[],COLUMN(TableLasers[S-DPH]),FALSE),LEFT(TableM2[[#This Row],[Back]],2)*VLOOKUP(VALUE(TRIM(CLEAN(RIGHT(TableM2[[#This Row],[Back]],2)))),TableLasers[],COLUMN(TableLasers[S-DPH]),FALSE),LEFT(TableM2[[#This Row],[Left]],2)*VLOOKUP(VALUE(TRIM(CLEAN(RIGHT(TableM2[[#This Row],[Left]],2)))),TableLasers[],COLUMN(TableLasers[S-DPH]),FALSE),LEFT(TableM2[[#This Row],[Right]],2)*VLOOKUP(VALUE(TRIM(CLEAN(RIGHT(TableM2[[#This Row],[Right]],2)))),TableLasers[],COLUMN(TableLasers[S-DPH]),FALSE),LEFT(TableM2[[#This Row],[Up]],2)*VLOOKUP(VALUE(TRIM(CLEAN(RIGHT(TableM2[[#This Row],[Up]],2)))),TableLasers[],COLUMN(TableLasers[S-DPH]),FALSE),LEFT(TableM2[[#This Row],[Down]],2)*VLOOKUP(VALUE(TRIM(CLEAN(RIGHT(TableM2[[#This Row],[Down]],2)))),TableLasers[],COLUMN(TableLasers[S-DPH]),FALSE))","v":1476784},{"$f":"SUM(LEFT(TableM2[[#This Row],[Main]],2)*VLOOKUP(VALUE(TRIM(CLEAN(RIGHT(TableM2[[#This Row],[Main]],2)))),TableLasers[],COLUMN(TableLasers[H-DPH]),FALSE),LEFT(TableM2[[#This Row],[Front]],2)*VLOOKUP(VALUE(TRIM(CLEAN(RIGHT(TableM2[[#This Row],[Front]],2)))),TableLasers[],COLUMN(TableLasers[H-DPH]),FALSE),LEFT(TableM2[[#This Row],[Back]],2)*VLOOKUP(VALUE(TRIM(CLEAN(RIGHT(TableM2[[#This Row],[Back]],2)))),TableLasers[],COLUMN(TableLasers[H-DPH]),FALSE),LEFT(TableM2[[#This Row],[Left]],2)*VLOOKUP(VALUE(TRIM(CLEAN(RIGHT(TableM2[[#This Row],[Left]],2)))),TableLasers[],COLUMN(TableLasers[H-DPH]),FALSE),LEFT(TableM2[[#This Row],[Right]],2)*VLOOKUP(VALUE(TRIM(CLEAN(RIGHT(TableM2[[#This Row],[Right]],2)))),TableLasers[],COLUMN(TableLasers[H-DPH]),FALSE),LEFT(TableM2[[#This Row],[Up]],2)*VLOOKUP(VALUE(TRIM(CLEAN(RIGHT(TableM2[[#This Row],[Up]],2)))),TableLasers[],COLUMN(TableLasers[H-DPH]),FALSE),LEFT(TableM2[[#This Row],[Down]],2)*VLOOKUP(VALUE(TRIM(CLEAN(RIGHT(TableM2[[#This Row],[Down]],2)))),TableLasers[],COLUMN(TableLasers[H-DPH]),FALSE))","v":222736},"00::00","12::32","08::20","12::32","12::32","08::06","08::06",null,12,8,12,12,8,8,null,"20,31,32","6,7,20,22","20,31,32","20,31,32","0,1,6,7,22","0,1,6,7,22","0,1,3,5,12,17,22,23,10,11,13,14,18,19,25,35"]
[688,"Paranid","M2","Poseidon",null,98.55,65.7,11,"XXL",450000,"2 GJ ",3,13500,363.63636363636402,34,288000,4127.9040000000005,7000,3,{"$f":"SUM(LEFT(TableM2[[#This Row],[Main]],2)*VLOOKUP(VALUE(TRIM(CLEAN(RIGHT(TableM2[[#This Row],[Main]],2)))),TableLasers[],COLUMN(TableLasers[S-DPH]),FALSE),LEFT(TableM2[[#This Row],[Front]],2)*VLOOKUP(VALUE(TRIM(CLEAN(RIGHT(TableM2[[#This Row],[Front]],2)))),TableLasers[],COLUMN(TableLasers[S-DPH]),FALSE),LEFT(TableM2[[#This Row],[Back]],2)*VLOOKUP(VALUE(TRIM(CLEAN(RIGHT(TableM2[[#This Row],[Back]],2)))),TableLasers[],COLUMN(TableLasers[S-DPH]),FALSE),LEFT(TableM2[[#This Row],[Left]],2)*VLOOKUP(VALUE(TRIM(CLEAN(RIGHT(TableM2[[#This Row],[Left]],2)))),TableLasers[],COLUMN(TableLasers[S-DPH]),FALSE),LEFT(TableM2[[#This Row],[Right]],2)*VLOOKUP(VALUE(TRIM(CLEAN(RIGHT(TableM2[[#This Row],[Right]],2)))),TableLasers[],COLUMN(TableLasers[S-DPH]),FALSE),LEFT(TableM2[[#This Row],[Up]],2)*VLOOKUP(VALUE(TRIM(CLEAN(RIGHT(TableM2[[#This Row],[Up]],2)))),TableLasers[],COLUMN(TableLasers[S-DPH]),FALSE),LEFT(TableM2[[#This Row],[Down]],2)*VLOOKUP(VALUE(TRIM(CLEAN(RIGHT(TableM2[[#This Row],[Down]],2)))),TableLasers[],COLUMN(TableLasers[S-DPH]),FALSE))","v":828468},{"$f":"SUM(LEFT(TableM2[[#This Row],[Main]],2)*VLOOKUP(VALUE(TRIM(CLEAN(RIGHT(TableM2[[#This Row],[Main]],2)))),TableLasers[],COLUMN(TableLasers[H-DPH]),FALSE),LEFT(TableM2[[#This Row],[Front]],2)*VLOOKUP(VALUE(TRIM(CLEAN(RIGHT(TableM2[[#This Row],[Front]],2)))),TableLasers[],COLUMN(TableLasers[H-DPH]),FALSE),LEFT(TableM2[[#This Row],[Back]],2)*VLOOKUP(VALUE(TRIM(CLEAN(RIGHT(TableM2[[#This Row],[Back]],2)))),TableLasers[],COLUMN(TableLasers[H-DPH]),FALSE),LEFT(TableM2[[#This Row],[Left]],2)*VLOOKUP(VALUE(TRIM(CLEAN(RIGHT(TableM2[[#This Row],[Left]],2)))),TableLasers[],COLUMN(TableLasers[H-DPH]),FALSE),LEFT(TableM2[[#This Row],[Right]],2)*VLOOKUP(VALUE(TRIM(CLEAN(RIGHT(TableM2[[#This Row],[Right]],2)))),TableLasers[],COLUMN(TableLasers[H-DPH]),FALSE),LEFT(TableM2[[#This Row],[Up]],2)*VLOOKUP(VALUE(TRIM(CLEAN(RIGHT(TableM2[[#This Row],[Up]],2)))),TableLasers[],COLUMN(TableLasers[H-DPH]),FALSE),LEFT(TableM2[[#This Row],[Down]],2)*VLOOKUP(VALUE(TRIM(CLEAN(RIGHT(TableM2[[#This Row],[Down]],2)))),TableLasers[],COLUMN(TableLasers[H-DPH]),FALSE))","v":125132},"00::00","04::32","06::20","08::32","08::32","04::06","04::06",null,4,6,8,8,4,4,null,"20,31,32","6,7,20,22","20,31,32","20,31,32","0,1,6,7,22","0,1,6,7,22","0,1,3,5,12,17,22,23,10,11,13,14,18,19,25,35"]
[692,"Argon","M2","Tempest",null,67.349999999999994,44.9,9,"XXL",710000,"2 GJ ",5,12500,363.63636363636402,42,317400,4761,12400,3,{"$f":"SUM(LEFT(TableM2[[#This Row],[Main]],2)*VLOOKUP(VALUE(TRIM(CLEAN(RIGHT(TableM2[[#This Row],[Main]],2)))),TableLasers[],COLUMN(TableLasers[S-DPH]),FALSE),LEFT(TableM2[[#This Row],[Front]],2)*VLOOKUP(VALUE(TRIM(CLEAN(RIGHT(TableM2[[#This Row],[Front]],2)))),TableLasers[],COLUMN(TableLasers[S-DPH]),FALSE),LEFT(TableM2[[#This Row],[Back]],2)*VLOOKUP(VALUE(TRIM(CLEAN(RIGHT(TableM2[[#This Row],[Back]],2)))),TableLasers[],COLUMN(TableLasers[S-DPH]),FALSE),LEFT(TableM2[[#This Row],[Left]],2)*VLOOKUP(VALUE(TRIM(CLEAN(RIGHT(TableM2[[#This Row],[Left]],2)))),TableLasers[],COLUMN(TableLasers[S-DPH]),FALSE),LEFT(TableM2[[#This Row],[Right]],2)*VLOOKUP(VALUE(TRIM(CLEAN(RIGHT(TableM2[[#This Row],[Right]],2)))),TableLasers[],COLUMN(TableLasers[S-DPH]),FALSE),LEFT(TableM2[[#This Row],[Up]],2)*VLOOKUP(VALUE(TRIM(CLEAN(RIGHT(TableM2[[#This Row],[Up]],2)))),TableLasers[],COLUMN(TableLasers[S-DPH]),FALSE),LEFT(TableM2[[#This Row],[Down]],2)*VLOOKUP(VALUE(TRIM(CLEAN(RIGHT(TableM2[[#This Row],[Down]],2)))),TableLasers[],COLUMN(TableLasers[S-DPH]),FALSE))","v":1901200},{"$f":"SUM(LEFT(TableM2[[#This Row],[Main]],2)*VLOOKUP(VALUE(TRIM(CLEAN(RIGHT(TableM2[[#This Row],[Main]],2)))),TableLasers[],COLUMN(TableLasers[H-DPH]),FALSE),LEFT(TableM2[[#This Row],[Front]],2)*VLOOKUP(VALUE(TRIM(CLEAN(RIGHT(TableM2[[#This Row],[Front]],2)))),TableLasers[],COLUMN(TableLasers[H-DPH]),FALSE),LEFT(TableM2[[#This Row],[Back]],2)*VLOOKUP(VALUE(TRIM(CLEAN(RIGHT(TableM2[[#This Row],[Back]],2)))),TableLasers[],COLUMN(TableLasers[H-DPH]),FALSE),LEFT(TableM2[[#This Row],[Left]],2)*VLOOKUP(VALUE(TRIM(CLEAN(RIGHT(TableM2[[#This Row],[Left]],2)))),TableLasers[],COLUMN(TableLasers[H-DPH]),FALSE),LEFT(TableM2[[#This Row],[Right]],2)*VLOOKUP(VALUE(TRIM(CLEAN(RIGHT(TableM2[[#This Row],[Right]],2)))),TableLasers[],COLUMN(TableLasers[H-DPH]),FALSE),LEFT(TableM2[[#This Row],[Up]],2)*VLOOKUP(VALUE(TRIM(CLEAN(RIGHT(TableM2[[#This Row],[Up]],2)))),TableLasers[],COLUMN(TableLasers[H-DPH]),FALSE),LEFT(TableM2[[#This Row],[Down]],2)*VLOOKUP(VALUE(TRIM(CLEAN(RIGHT(TableM2[[#This Row],[Down]],2)))),TableLasers[],COLUMN(TableLasers[H-DPH]),FALSE))","v":40740},"00::00","12::36","04::13","08::36","08::36","06::23","04::23",null,12,4,8,8,6,4,null,"13,36,40,39","0,1,3,4,23,13,24","13,36,40,39","13,36,40,39","0,1,3,4,23,24","0,1,3,4,23,24","0,1,3,5,12,17,22,23,10,11,13,14,18,19,25,35"]
[700,"Goner","M2","Paladin",null,118.8,79.2,11,"XXL",500000,"2 GJ ",7,13000,727.27272727272702,24,115000,1648.2950000000001,14500,3,{"$f":"SUM(LEFT(TableM2[[#This Row],[Main]],2)*VLOOKUP(VALUE(TRIM(CLEAN(RIGHT(TableM2[[#This Row],[Main]],2)))),TableLasers[],COLUMN(TableLasers[S-DPH]),FALSE),LEFT(TableM2[[#This Row],[Front]],2)*VLOOKUP(VALUE(TRIM(CLEAN(RIGHT(TableM2[[#This Row],[Front]],2)))),TableLasers[],COLUMN(TableLasers[S-DPH]),FALSE),LEFT(TableM2[[#This Row],[Back]],2)*VLOOKUP(VALUE(TRIM(CLEAN(RIGHT(TableM2[[#This Row],[Back]],2)))),TableLasers[],COLUMN(TableLasers[S-DPH]),FALSE),LEFT(TableM2[[#This Row],[Left]],2)*VLOOKUP(VALUE(TRIM(CLEAN(RIGHT(TableM2[[#This Row],[Left]],2)))),TableLasers[],COLUMN(TableLasers[S-DPH]),FALSE),LEFT(TableM2[[#This Row],[Right]],2)*VLOOKUP(VALUE(TRIM(CLEAN(RIGHT(TableM2[[#This Row],[Right]],2)))),TableLasers[],COLUMN(TableLasers[S-DPH]),FALSE),LEFT(TableM2[[#This Row],[Up]],2)*VLOOKUP(VALUE(TRIM(CLEAN(RIGHT(TableM2[[#This Row],[Up]],2)))),TableLasers[],COLUMN(TableLasers[S-DPH]),FALSE),LEFT(TableM2[[#This Row],[Down]],2)*VLOOKUP(VALUE(TRIM(CLEAN(RIGHT(TableM2[[#This Row],[Down]],2)))),TableLasers[],COLUMN(TableLasers[S-DPH]),FALSE))","v":1181600},{"$f":"SUM(LEFT(TableM2[[#This Row],[Main]],2)*VLOOKUP(VALUE(TRIM(CLEAN(RIGHT(TableM2[[#This Row],[Main]],2)))),TableLasers[],COLUMN(TableLasers[H-DPH]),FALSE),LEFT(TableM2[[#This Row],[Front]],2)*VLOOKUP(VALUE(TRIM(CLEAN(RIGHT(TableM2[[#This Row],[Front]],2)))),TableLasers[],COLUMN(TableLasers[H-DPH]),FALSE),LEFT(TableM2[[#This Row],[Back]],2)*VLOOKUP(VALUE(TRIM(CLEAN(RIGHT(TableM2[[#This Row],[Back]],2)))),TableLasers[],COLUMN(TableLasers[H-DPH]),FALSE),LEFT(TableM2[[#This Row],[Left]],2)*VLOOKUP(VALUE(TRIM(CLEAN(RIGHT(TableM2[[#This Row],[Left]],2)))),TableLasers[],COLUMN(TableLasers[H-DPH]),FALSE),LEFT(TableM2[[#This Row],[Right]],2)*VLOOKUP(VALUE(TRIM(CLEAN(RIGHT(TableM2[[#This Row],[Right]],2)))),TableLasers[],COLUMN(TableLasers[H-DPH]),FALSE),LEFT(TableM2[[#This Row],[Up]],2)*VLOOKUP(VALUE(TRIM(CLEAN(RIGHT(TableM2[[#This Row],[Up]],2)))),TableLasers[],COLUMN(TableLasers[H-DPH]),FALSE),LEFT(TableM2[[#This Row],[Down]],2)*VLOOKUP(VALUE(TRIM(CLEAN(RIGHT(TableM2[[#This Row],[Down]],2)))),TableLasers[],COLUMN(TableLasers[H-DPH]),FALSE))","v":19200},"00::00","04::36","04::36","04::36","04::36","04::14","04::14",null,4,4,4,4,4,4,null,"13,36,40,39","4,23,8,14,13,36","13,36,40,39","13,36,40,39","0,1,4,23,8,14","0,1,4,23,8,14","0,1,3,5,12,17,22,23,35"]

{"sheet":"M1","index":13,"n_rows":49,"n_cols":43,"rows_kept":49,"cut":false,"hidden":false,"merged":[]}
["ID","Race","Class","Name","Variation","Speed","Accel","AAccel","CClass","Hull","SType","SCount","SPower","SRTime","LCount","LEnergy","LRRate","MaxCargo","Hangar","S-Damage","H-Damage","Main","Front","Back","Left","Right","Up","Down","nMain","nFront","nBack","nLeft","nRight","nUp","nDown","xMain","xFront","xBack","xLeft","xRight","xUp","xDown","Missiles"]
[10,"Argon","M1","Colossus",null,82.304000000000002,51.44,9,"XXL",400000,"2 GJ ",3,10200,363.63636363636402,24,120400,2817.1192000000001,14080,45,{"$f":"SUM(LEFT(TableM1[[#This Row],[Main]],2)*VLOOKUP(VALUE(TRIM(CLEAN(RIGHT(TableM1[[#This Row],[Main]],2)))),TableLasers[],COLUMN(TableLasers[S-DPH]),FALSE),LEFT(TableM1[[#This Row],[Front]],2)*VLOOKUP(VALUE(TRIM(CLEAN(RIGHT(TableM1[[#This Row],[Front]],2)))),TableLasers[],COLUMN(TableLasers[S-DPH]),FALSE),LEFT(TableM1[[#This Row],[Back]],2)*VLOOKUP(VALUE(TRIM(CLEAN(RIGHT(TableM1[[#This Row],[Back]],2)))),TableLasers[],COLUMN(TableLasers[S-DPH]),FALSE),LEFT(TableM1[[#This Row],[Left]],2)*VLOOKUP(VALUE(TRIM(CLEAN(RIGHT(TableM1[[#This Row],[Left]],2)))),TableLasers[],COLUMN(TableLasers[S-DPH]),FALSE),LEFT(TableM1[[#This Row],[Right]],2)*VLOOKUP(VALUE(TRIM(CLEAN(RIGHT(TableM1[[#This Row],[Right]],2)))),TableLasers[],COLUMN(TableLasers[S-DPH]),FALSE),LEFT(TableM1[[#This Row],[Up]],2)*VLOOKUP(VALUE(TRIM(CLEAN(RIGHT(TableM1[[#This Row],[Up]],2)))),TableLasers[],COLUMN(TableLasers[S-DPH]),FALSE),LEFT(TableM1[[#This Row],[Down]],2)*VLOOKUP(VALUE(TRIM(CLEAN(RIGHT(TableM1[[#This Row],[Down]],2)))),TableLasers[],COLUMN(TableLasers[S-DPH]),FALSE))","v":585004},{"$f":"SUM(LEFT(TableM1[[#This Row],[Main]],2)*VLOOKUP(VALUE(TRIM(CLEAN(RIGHT(TableM1[[#This Row],[Main]],2)))),TableLasers[],COLUMN(TableLasers[H-DPH]),FALSE),LEFT(TableM1[[#This Row],[Front]],2)*VLOOKUP(VALUE(TRIM(CLEAN(RIGHT(TableM1[[#This Row],[Front]],2)))),TableLasers[],COLUMN(TableLasers[H-DPH]),FALSE),LEFT(TableM1[[#This Row],[Back]],2)*VLOOKUP(VALUE(TRIM(CLEAN(RIGHT(TableM1[[#This Row],[Back]],2)))),TableLasers[],COLUMN(TableLasers[H-DPH]),FALSE),LEFT(TableM1[[#This Row],[Left]],2)*VLOOKUP(VALUE(TRIM(CLEAN(RIGHT(TableM1[[#This Row],[Left]],2)))),TableLasers[],COLUMN(TableLasers[H-DPH]),FALSE),LEFT(TableM1[[#This Row],[Right]],2)*VLOOKUP(VALUE(TRIM(CLEAN(RIGHT(TableM1[[#This Row],[Right]],2)))),TableLasers[],COLUMN(TableLasers[H-DPH]),FALSE),LEFT(TableM1[[#This Row],[Up]],2)*VLOOKUP(VALUE(TRIM(CLEAN(RIGHT(TableM1[[#This Row],[Up]],2)))),TableLasers[],COLUMN(TableLasers[H-DPH]),FALSE),LEFT(TableM1[[#This Row],[Down]],2)*VLOOKUP(VALUE(TRIM(CLEAN(RIGHT(TableM1[[#This Row],[Down]],2)))),TableLasers[],COLUMN(TableLasers[H-DPH]),FALSE))","v":130112},"00::00","04::39","04::13","04::39","04::39","04::23","04::23",null,4,4,4,4,4,4,null,"3,13,40,39","3,4,23,13,28,29,35","3,13,40,39","3,13,40,39","0,1,3,4,23","0,1,3,4,23","0,1,3,5,12,17,22,23,10,11,13,14,18,19,25,35"]
[38,"Argon","M1","Small Orbital Weapons Platform",null,0,0,14,"XXL",200000,"2 GJ ",3,20000,363.63636363636402,16,120000,3437.4,10000,0,{"$f":"SUM(LEFT(TableM1[[#This Row],[Main]],2)*VLOOKUP(VALUE(TRIM(CLEAN(RIGHT(TableM1[[#This Row],[Main]],2)))),TableLasers[],COLUMN(TableLasers[S-DPH]),FALSE),LEFT(TableM1[[#This Row],[Front]],2)*VLOOKUP(VALUE(TRIM(CLEAN(RIGHT(TableM1[[#This Row],[Front]],2)))),TableLasers[],COLUMN(TableLasers[S-DPH]),FALSE),LEFT(TableM1[[#This Row],[Back]],2)*VLOOKUP(VALUE(TRIM(CLEAN(RIGHT(TableM1[[#This Row],[Back]],2)))),TableLasers[],COLUMN(TableLasers[S-DPH]),FALSE),LEFT(TableM1[[#This Row],[Left]],2)*VLOOKUP(VALUE(TRIM(CLEAN(RIGHT(TableM1[[#This Row],[Left]],2)))),TableLasers[],COLUMN(TableLasers[S-DPH]),FALSE),LEFT(TableM1[[#This Row],[Right]],2)*VLOOKUP(VALUE(TRIM(CLEAN(RIGHT(TableM1[[#This Row],[Right]],2)))),TableLasers[],COLUMN(TableLasers[S-DPH]),FALSE),LEFT(TableM1[[#This Row],[Up]],2)*VLOOKUP(VALUE(TRIM(CLEAN(RIGHT(TableM1[[#This Row],[Up]],2)))),TableLasers[],COLUMN(TableLasers[S-DPH]),FALSE),LEFT(TableM1[[#This Row],[Down]],2)*VLOOKUP(VALUE(TRIM(CLEAN(RIGHT(TableM1[[#This Row],[Down]],2)))),TableLasers[],COLUMN(TableLasers[S-DPH]),FALSE))","v":653600},{"$f":"SUM(LEFT(TableM1[[#This Row],[Main]],2)*VLOOKUP(VALUE(TRIM(CLEAN(RIGHT(TableM1[[#This Row],[Main]],2)))),TableLasers[],COLUMN(TableLasers[H-DPH]),FALSE),LEFT(TableM1[[#This Row],[Front]],2)*VLOOKUP(VALUE(TRIM(CLEAN(RIGHT(TableM1[[#This Row],[Front]],2)))),TableLasers[],COLUMN(TableLasers[H-DPH]),FALSE),LEFT(TableM1[[#This Row],[Back]],2)*VLOOKUP(VALUE(TRIM(CLEAN(RIGHT(TableM1[[#This Row],[Back]],2)))),TableLasers[],COLUMN(TableLasers[H-DPH]),FALSE),LEFT(TableM1[[#This Row],[Left]],2)*VLOOKUP(VALUE(TRIM(CLEAN(RIGHT(TableM1[[#This Row],[Left]],2)))),TableLasers[],COLUMN(TableLasers[H-DPH]),FALSE),LEFT(TableM1[[#This Row],[Right]],2)*VLOOKUP(VALUE(TRIM(CLEAN(RIGHT(TableM1[[#This Row],[Right]],2)))),TableLasers[],COLUMN(TableLasers[H-DPH]),FALSE),LEFT(TableM1[[#This Row],[Up]],2)*VLOOKUP(VALUE(TRIM(CLEAN(RIGHT(TableM1[[#This Row],[Up]],2)))),TableLasers[],COLUMN(TableLasers[H-DPH]),FALSE),LEFT(TableM1[[#This Row],[Down]],2)*VLOOKUP(VALUE(TRIM(CLEAN(RIGHT(TableM1[[#This Row],[Down]],2)))),TableLasers[],COLUMN(TableLasers[H-DPH]),FALSE))","v":11200},"00::00","04::14","04::14","04::36","04::36","00::00","00::00",null,4,4,4,4,null,null,null,"0,1,3,4,23,5,18,6,7,8,14,9,15,20,13,21,24,22","0,1,3,4,23,5,18,6,7,8,14,9,15,20,13,21,24,22","36,33,31,32,40,39,34,2,30","36,33,31,32,40,39,34,2,30",null,null,"0,1,3,5,12,17,22,23,10,11,13,14,18,19,25,30,35"]
[39,"Argon","M1","Medium Orbital Weapons Platform",null,0,0,14,"XXL",400000,"2 GJ ",5,100000,363.63636363636402,32,240000,6857.04,20000,0,{"$f":"SUM(LEFT(TableM1[[#This Row],[Main]],2)*VLOOKUP(VALUE(TRIM(CLEAN(RIGHT(TableM1[[#This Row],[Main]],2)))),TableLasers[],COLUMN(TableLasers[S-DPH]),FALSE),LEFT(TableM1[[#This Row],[Front]],2)*VLOOKUP(VALUE(TRIM(CLEAN(RIGHT(TableM1[[#This Row],[Front]],2)))),TableLasers[],COLUMN(TableLasers[S-DPH]),FALSE),LEFT(TableM1[[#This Row],[Back]],2)*VLOOKUP(VALUE(TRIM(CLEAN(RIGHT(TableM1[[#This Row],[Back]],2)))),TableLasers[],COLUMN(TableLasers[S-DPH]),FALSE),LEFT(TableM1[[#This Row],[Left]],2)*VLOOKUP(VALUE(TRIM(CLEAN(RIGHT(TableM1[[#This Row],[Left]],2)))),TableLasers[],COLUMN(TableLasers[S-DPH]),FALSE),LEFT(TableM1[[#This Row],[Right]],2)*VLOOKUP(VALUE(TRIM(CLEAN(RIGHT(TableM1[[#This Row],[Right]],2)))),TableLasers[],COLUMN(TableLasers[S-DPH]),FALSE),LEFT(TableM1[[#This Row],[Up]],2)*VLOOKUP(VALUE(TRIM(CLEAN(RIGHT(TableM1[[#This Row],[Up]],2)))),TableLasers[],COLUMN(TableLasers[S-DPH]),FALSE),LEFT(TableM1[[#This Row],[Down]],2)*VLOOKUP(VALUE(TRIM(CLEAN(RIGHT(TableM1[[#This Row],[Down]],2)))),TableLasers[],COLUMN(TableLasers[S-DPH]),FALSE))","v":1307200},{"$f":"SUM(LEFT(TableM1[[#This Row],[Main]],2)*VLOOKUP(VALUE(TRIM(CLEAN(RIGHT(TableM1[[#This Row],[Main]],2)))),TableLasers[],COLUMN(TableLasers[H-DPH]),FALSE),LEFT(TableM1[[#This Row],[Front]],2)*VLOOKUP(VALUE(TRIM(CLEAN(RIGHT(TableM1[[#This Row],[Front]],2)))),TableLasers[],COLUMN(TableLasers[H-DPH]),FALSE),LEFT(TableM1[[#This Row],[Back]],2)*VLOOKUP(VALUE(TRIM(CLEAN(RIGHT(TableM1[[#This Row],[Back]],2)))),TableLasers[],COLUMN(TableLasers[H-DPH]),FALSE),LEFT(TableM1[[#This Row],[Left]],2)*VLOOKUP(VALUE(TRIM(CLEAN(RIGHT(TableM1[[#This Row],[Left]],2)))),TableLasers[],COLUMN(TableLasers[H-DPH]),FALSE),LEFT(TableM1[[#This Row],[Right]],2)*VLOOKUP(VALUE(TRIM(CLEAN(RIGHT(TableM1[[#This Row],[Right]],2)))),TableLasers[],COLUMN(TableLasers[H-DPH]),FALSE),LEFT(TableM1[[#This Row],[Up]],2)*VLOOKUP(VALUE(TRIM(CLEAN(RIGHT(TableM1[[#This Row],[Up]],2)))),TableLasers[],COLUMN(TableLasers[H-DPH]),FALSE),LEFT(TableM1[[#This Row],[Down]],2)*VLOOKUP(VALUE(TRIM(CLEAN(RIGHT(TableM1[[#This Row],[Down]],2)))),TableLasers[],COLUMN(TableLasers[H-DPH]),FALSE))","v":22400},"00::00","08::14","08::14","08::36","08::36","00::00","00::00",null,8,8,8,8,null,null,null,"0,1,3,4,23,5,18,6,7,8,14,9,15,20,13,21,24,22","0,1,3,4,23,5,18,6,7,8,14,9,15,20,13,21,24,22","36,33,31,32,40,39,34,2,30","36,33,31,32,40,39,34,2,30",null,null,"0,1,3,5,12,17,22,23,10,11,13,14,18,19,25,6,7,8,29,35"]
[40,"Argon","M1","Large Orbital Weapons Platform",null,0,0,14,"XXL",600000,"2 GJ ",10,100000,363.63636363636402,48,365000,7963.57,40000,3,{"$f":"SUM(LEFT(TableM1[[#This Row],[Main]],2)*VLOOKUP(VALUE(TRIM(CLEAN(RIGHT(TableM1[[#This Row],[Main]],2)))),TableLasers[],COLUMN(TableLasers[S-DPH]),FALSE),LEFT(TableM1[[#This Row],[Front]],2)*VLOOKUP(VALUE(TRIM(CLEAN(RIGHT(TableM1[[#This Row],[Front]],2)))),TableLasers[],COLUMN(TableLasers[S-DPH]),FALSE),LEFT(TableM1[[#This Row],[Back]],2)*VLOOKUP(VALUE(TRIM(CLEAN(RIGHT(TableM1[[#This Row],[Back]],2)))),TableLasers[],COLUMN(TableLasers[S-DPH]),FALSE),LEFT(TableM1[[#This Row],[Left]],2)*VLOOKUP(VALUE(TRIM(CLEAN(RIGHT(TableM1[[#This Row],[Left]],2)))),TableLasers[],COLUMN(TableLasers[S-DPH]),FALSE),LEFT(TableM1[[#This Row],[Right]],2)*VLOOKUP(VALUE(TRIM(CLEAN(RIGHT(TableM1[[#This Row],[Right]],2)))),TableLasers[],COLUMN(TableLasers[S-DPH]),FALSE),LEFT(TableM1[[#This Row],[Up]],2)*VLOOKUP(VALUE(TRIM(CLEAN(RIGHT(TableM1[[#This Row],[Up]],2)))),TableLasers[],COLUMN(TableLasers[S-DPH]),FALSE),LEFT(TableM1[[#This Row],[Down]],2)*VLOOKUP(VALUE(TRIM(CLEAN(RIGHT(TableM1[[#This Row],[Down]],2)))),TableLasers[],COLUMN(TableLasers[S-DPH]),FALSE))","v":1445600},{"$f":"SUM(LEFT(TableM1[[#This Row],[Main]],2)*VLOOKUP(VALUE(TRIM(CLEAN(RIGHT(TableM1[[#This Row],[Main]],2)))),TableLasers[],COLUMN(TableLasers[H-DPH]),FALSE),LEFT(TableM1[[#This Row],[Front]],2)*VLOOKUP(VALUE(TRIM(CLEAN(RIGHT(TableM1[[#This Row],[Front]],2)))),TableLasers[],COLUMN(TableLasers[H-DPH]),FALSE),LEFT(TableM1[[#This Row],[Back]],2)*VLOOKUP(VALUE(TRIM(CLEAN(RIGHT(TableM1[[#This Row],[Back]],2)))),TableLasers[],COLUMN(TableLasers[H-DPH]),FALSE),LEFT(TableM1[[#This Row],[Left]],2)*VLOOKUP(VALUE(TRIM(CLEAN(RIGHT(TableM1[[#This Row],[Left]],2)))),TableLasers[],COLUMN(TableLasers[H-DPH]),FALSE),LEFT(TableM1[[#This Row],[Right]],2)*VLOOKUP(VALUE(TRIM(CLEAN(RIGHT(TableM1[[#This Row],[Right]],2)))),TableLasers[],COLUMN(TableLasers[H-DPH]),FALSE),LEFT(TableM1[[#This Row],[Up]],2)*VLOOKUP(VALUE(TRIM(CLEAN(RIGHT(TableM1[[#This Row],[Up]],2)))),TableLasers[],COLUMN(TableLasers[H-DPH]),FALSE),LEFT(TableM1[[#This Row],[Down]],2)*VLOOKUP(VALUE(TRIM(CLEAN(RIGHT(TableM1[[#This Row],[Down]],2)))),TableLasers[],COLUMN(TableLasers[H-DPH]),FALSE))","v":23200},"00::00","04::14","04::14","10::36","10::36","00::00","00::00",null,4,4,10,10,null,null,null,"0,1,3,4,23,5,18,6,7,8,14,9,15,20,13,21,24,22","0,1,3,4,23,5,18,6,7,8,14,9,15,20,13,21,24,22","36,33,31,32,40,39,34,2,30","36,33,31,32,40,39,34,2,30",null,null,"0,1,3,5,12,17,22,23,10,11,13,14,18,19,25,6,7,8,29,30,35"]
[52,"Split","M1","Raptor",null,109.31399999999999,60.73,10,"XXL",320000,"2 GJ ",2,10000,363.63636363636402,30,123600,3089.8764000000001,14080,50,{"$f":"SUM(LEFT(TableM1[[#This Row],[Main]],2)*VLOOKUP(VALUE(TRIM(CLEAN(RIGHT(TableM1[[#This Row],[Main]],2)))),TableLasers[],COLUMN(TableLasers[S-DPH]),FALSE),LEFT(TableM1[[#This Row],[Front]],2)*VLOOKUP(VALUE(TRIM(CLEAN(RIGHT(TableM1[[#This Row],[Front]],2)))),TableLasers[],COLUMN(TableLasers[S-DPH]),FALSE),LEFT(TableM1[[#This Row],[Back]],2)*VLOOKUP(VALUE(TRIM(CLEAN(RIGHT(TableM1[[#This Row],[Back]],2)))),TableLasers[],COLUMN(TableLasers[S-DPH]),FALSE),LEFT(TableM1[[#This Row],[Left]],2)*VLOOKUP(VALUE(TRIM(CLEAN(RIGHT(TableM1[[#This Row],[Left]],2)))),TableLasers[],COLUMN(TableLasers[S-DPH]),FALSE),LEFT(TableM1[[#This Row],[Right]],2)*VLOOKUP(VALUE(TRIM(CLEAN(RIGHT(TableM1[[#This Row],[Right]],2)))),TableLasers[],COLUMN(TableLasers[S-DPH]),FALSE),LEFT(TableM1[[#This Row],[Up]],2)*VLOOKUP(VALUE(TRIM(CLEAN(RIGHT(TableM1[[#This Row],[Up]],2)))),TableLasers[],COLUMN(TableLasers[S-DPH]),FALSE),LEFT(TableM1[[#This Row],[Down]],2)*VLOOKUP(VALUE(TRIM(CLEAN(RIGHT(TableM1[[#This Row],[Down]],2)))),TableLasers[],COLUMN(TableLasers[S-DPH]),FALSE))","v":976368},{"$f":"SUM(LEFT(TableM1[[#This Row],[Main]],2)*VLOOKUP(VALUE(TRIM(CLEAN(RIGHT(TableM1[[#This Row],[Main]],2)))),TableLasers[],COLUMN(TableLasers[H-DPH]),FALSE),LEFT(TableM1[[#This Row],[Front]],2)*VLOOKUP(VALUE(TRIM(CLEAN(RIGHT(TableM1[[#This Row],[Front]],2)))),TableLasers[],COLUMN(TableLasers[H-DPH]),FALSE),LEFT(TableM1[[#This Row],[Back]],2)*VLOOKUP(VALUE(TRIM(CLEAN(RIGHT(TableM1[[#This Row],[Back]],2)))),TableLasers[],COLUMN(TableLasers[H-DPH]),FALSE),LEFT(TableM1[[#This Row],[Left]],2)*VLOOKUP(VALUE(TRIM(CLEAN(RIGHT(TableM1[[#This Row],[Left]],2)))),TableLasers[],COLUMN(TableLasers[H-DPH]),FALSE),LEFT(TableM1[[#This Row],[Right]],2)*VLOOKUP(VALUE(TRIM(CLEAN(RIGHT(TableM1[[#This Row],[Right]],2)))),TableLasers[],COLUMN(TableLasers[H-DPH]),FALSE),LEFT(TableM1[[#This Row],[Up]],2)*VLOOKUP(VALUE(TRIM(CLEAN(RIGHT(TableM1[[#This Row],[Up]],2)))),TableLasers[],COLUMN(TableLasers[H-DPH]),FALSE),LEFT(TableM1[[#This Row],[Down]],2)*VLOOKUP(VALUE(TRIM(CLEAN(RIGHT(TableM1[[#This Row],[Down]],2)))),TableLasers[],COLUMN(TableLasers[H-DPH]),FALSE))","v":154528},"00::00","04::33","06::15","06::33","06::33","04::15","04::15",null,4,6,6,6,4,4,null,"3,9,15,33","3,9,15,24,28,29,35","3,9,15,33","3,9,15,33","0,1,3,9,15,24","0,1,3,9,15,24","0,1,3,5,12,17,22,23,10,11,13,14,18,19,25,35"]
[83,"Paranid","M1","Zeus",null,75.680000000000007,47.3,9,"XXL",400000,"2 GJ ",4,9000,727.27272727272702,24,107000,1449.422,12800,43,{"$f":"SUM(LEFT(TableM1[[#This Row],[Main]],2)*VLOOKUP(VALUE(TRIM(CLEAN(RIGHT(TableM1[[#This Row],[Main]],2)))),TableLasers[],COLUMN(TableLasers[S-DPH]),FALSE),LEFT(TableM1[[#This Row],[Front]],2)*VLOOKUP(VALUE(TRIM(CLEAN(RIGHT(TableM1[[#This Row],[Front]],2)))),TableLasers[],COLUMN(TableLasers[S-DPH]),FALSE),LEFT(TableM1[[#This Row],[Back]],2)*VLOOKUP(VALUE(TRIM(CLEAN(RIGHT(TableM1[[#This Row],[Back]],2)))),TableLasers[],COLUMN(TableLasers[S-DPH]),FALSE),LEFT(TableM1[[#This Row],[Left]],2)*VLOOKUP(VALUE(TRIM(CLEAN(RIGHT(TableM1[[#This Row],[Left]],2)))),TableLasers[],COLUMN(TableLasers[S-DPH]),FALSE),LEFT(TableM1[[#This Row],[Right]],2)*VLOOKUP(VALUE(TRIM(CLEAN(RIGHT(TableM1[[#This Row],[Right]],2)))),TableLasers[],COLUMN(TableLasers[S-DPH]),FALSE),LEFT(TableM1[[#This Row],[Up]],2)*VLOOKUP(VALUE(TRIM(CLEAN(RIGHT(TableM1[[#This Row],[Up]],2)))),TableLasers[],COLUMN(TableLasers[S-DPH]),FALSE),LEFT(TableM1[[#This Row],[Down]],2)*VLOOKUP(VALUE(TRIM(CLEAN(RIGHT(TableM1[[#This Row],[Down]],2)))),TableLasers[],COLUMN(TableLasers[S-DPH]),FALSE))","v":517112},{"$f":"SUM(LEFT(TableM1[[#This Row],[Main]],2)*VLOOKUP(VALUE(TRIM(CLEAN(RIGHT(TableM1[[#This Row],[Main]],2)))),TableLasers[],COLUMN(TableLasers[H-DPH]),FALSE),LEFT(TableM1[[#This Row],[Front]],2)*VLOOKUP(VALUE(TRIM(CLEAN(RIGHT(TableM1[[#This Row],[Front]],2)))),TableLasers[],COLUMN(TableLasers[H-DPH]),FALSE),LEFT(TableM1[[#This Row],[Back]],2)*VLOOKUP(VALUE(TRIM(CLEAN(RIGHT(TableM1[[#This Row],[Back]],2)))),TableLasers[],COLUMN(TableLasers[H-DPH]),FALSE),LEFT(TableM1[[#This Row],[Left]],2)*VLOOKUP(VALUE(TRIM(CLEAN(RIGHT(TableM1[[#This Row],[Left]],2)))),TableLasers[],COLUMN(TableLasers[H-DPH]),FALSE),LEFT(TableM1[[#This Row],[Right]],2)*VLOOKUP(VALUE(TRIM(CLEAN(RIGHT(TableM1[[#This Row],[Right]],2)))),TableLasers[],COLUMN(TableLasers[H-DPH]),FALSE),LEFT(TableM1[[#This Row],[Up]],2)*VLOOKUP(VALUE(TRIM(CLEAN(RIGHT(TableM1[[#This Row],[Up]],2)))),TableLasers[],COLUMN(TableLasers[H-DPH]),FALSE),LEFT(TableM1[[#This Row],[Down]],2)*VLOOKUP(VALUE(TRIM(CLEAN(RIGHT(TableM1[[#This Row],[Down]],2)))),TableLasers[],COLUMN(TableLasers[H-DPH]),FALSE))","v":78728},"00::00","04::32","04::20","04::32","04::32","04::06","04::06",null,4,4,4,4,4,4,null,"20,31,32","6,7,20,22,28,29,35","20,31,32","20,31,32","0,1,6,7,22","0,1,6,7,22","0,1,3,5,12,17,22,23,10,11,13,14,18,19,25,35"]
[115,"Boron","M1","Shark",null,95.2,56,10,"XXL",360000,"2 GJ ",3,10400,363.63636363636402,24,115600,2942.02,16000,40,{"$f":"SUM(LEFT(TableM1[[#This Row],[Main]],2)*VLOOKUP(VALUE(TRIM(CLEAN(RIGHT(TableM1[[#This Row],[Main]],2)))),TableLasers[],COLUMN(TableLasers[S-DPH]),FALSE),LEFT(TableM1[[#This Row],[Front]],2)*VLOOKUP(VALUE(TRIM(CLEAN(RIGHT(TableM1[[#This Row],[Front]],2)))),TableLasers[],COLUMN(TableLasers[S-DPH]),FALSE),LEFT(TableM1[[#This Row],[Back]],2)*VLOOKUP(VALUE(TRIM(CLEAN(RIGHT(TableM1[[#This Row],[Back]],2)))),TableLasers[],COLUMN(TableLasers[S-DPH]),FALSE),LEFT(TableM1[[#This Row],[Left]],2)*VLOOKUP(VALUE(TRIM(CLEAN(RIGHT(TableM1[[#This Row],[Left]],2)))),TableLasers[],COLUMN(TableLasers[S-DPH]),FALSE),LEFT(TableM1[[#This Row],[Right]],2)*VLOOKUP(VALUE(TRIM(CLEAN(RIGHT(TableM1[[#This Row],[Right]],2)))),TableLasers[],COLUMN(TableLasers[S-DPH]),FALSE),LEFT(TableM1[[#This Row],[Up]],2)*VLOOKUP(VALUE(TRIM(CLEAN(RIGHT(TableM1[[#This Row],[Up]],2)))),TableLasers[],COLUMN(TableLasers[S-DPH]),FALSE),LEFT(TableM1[[#This Row],[Down]],2)*VLOOKUP(VALUE(TRIM(CLEAN(RIGHT(TableM1[[#This Row],[Down]],2)))),TableLasers[],COLUMN(TableLasers[S-DPH]),FALSE))","v":1181600},{"$f":"SUM(LEFT(TableM1[[#This Row],[Main]],2)*VLOOKUP(VALUE(TRIM(CLEAN(RIGHT(TableM1[[#This Row],[Main]],2)))),TableLasers[],COLUMN(TableLasers[H-DPH]),FALSE),LEFT(TableM1[[#This Row],[Front]],2)*VLOOKUP(VALUE(TRIM(CLEAN(RIGHT(TableM1[[#This Row],[Front]],2)))),TableLasers[],COLUMN(TableLasers[H-DPH]),FALSE),LEFT(TableM1[[#This Row],[Back]],2)*VLOOKUP(VALUE(TRIM(CLEAN(RIGHT(TableM1[[#This Row],[Back]],2)))),TableLasers[],COLUMN(TableLasers[H-DPH]),FALSE),LEFT(TableM1[[#This Row],[Left]],2)*VLOOKUP(VALUE(TRIM(CLEAN(RIGHT(TableM1[[#This Row],[Left]],2)))),TableLasers[],COLUMN(TableLasers[H-DPH]),FALSE),LEFT(TableM1[[#This Row],[Right]],2)*VLOOKUP(VALUE(TRIM(CLEAN(RIGHT(TableM1[[#This Row],[Right]],2)))),TableLasers[],COLUMN(TableLasers[H-DPH]),FALSE),LEFT(TableM1[[#This Row],[Up]],2)*VLOOKUP(VALUE(TRIM(CLEAN(RIGHT(TableM1[[#This Row],[Up]],2)))),TableLasers[],COLUMN(TableLasers[H-DPH]),FALSE),LEFT(TableM1[[#This Row],[Down]],2)*VLOOKUP(VALUE(TRIM(CLEAN(RIGHT(TableM1[[#This Row],[Down]],2)))),TableLasers[],COLUMN(TableLasers[H-DPH]),FALSE))","v":19200},"00::00","08::36","04::36","02::36","02::36","04::14","04::14",null,8,4,2,2,4,4,null,"8,14,36","4,23,8,14,36,28,29,35","8,14,36,40","8,14,36,40","0,1,4,23,8,14","0,1,4,23,8,14","0,1,3,5,12,17,22,23,10,11,13,14,18,19,25,35"]
[146,"Teladi","M1","Condor",null,69.16,49.4,7,"XXL",480000,"2 GJ ",4,8600,727.27272727272702,24,106400,2595.9472000000001,24000,45,{"$f":"SUM(LEFT(TableM1[[#This Row],[Main]],2)*VLOOKUP(VALUE(TRIM(CLEAN(RIGHT(TableM1[[#This Row],[Main]],2)))),TableLasers[],COLUMN(TableLasers[S-DPH]),FALSE),LEFT(TableM1[[#This Row],[Front]],2)*VLOOKUP(VALUE(TRIM(CLEAN(RIGHT(TableM1[[#This Row],[Front]],2)))),TableLasers[],COLUMN(TableLasers[S-DPH]),FALSE),LEFT(TableM1[[#This Row],[Back]],2)*VLOOKUP(VALUE(TRIM(CLEAN(RIGHT(TableM1[[#This Row],[Back]],2)))),TableLasers[],COLUMN(TableLasers[S-DPH]),FALSE),LEFT(TableM1[[#This Row],[Left]],2)*VLOOKUP(VALUE(TRIM(CLEAN(RIGHT(TableM1[[#This Row],[Left]],2)))),TableLasers[],COLUMN(TableLasers[S-DPH]),FALSE),LEFT(TableM1[[#This Row],[Right]],2)*VLOOKUP(VALUE(TRIM(CLEAN(RIGHT(TableM1[[#This Row],[Right]],2)))),TableLasers[],COLUMN(TableLasers[S-DPH]),FALSE),LEFT(TableM1[[#This Row],[Up]],2)*VLOOKUP(VALUE(TRIM(CLEAN(RIGHT(TableM1[[#This Row],[Up]],2)))),TableLasers[],COLUMN(TableLasers[S-DPH]),FALSE),LEFT(TableM1[[#This Row],[Down]],2)*VLOOKUP(VALUE(TRIM(CLEAN(RIGHT(TableM1[[#This Row],[Down]],2)))),TableLasers[],COLUMN(TableLasers[S-DPH]),FALSE))","v":677124},{"$f":"SUM(LEFT(TableM1[[#This Row],[Main]],2)*VLOOKUP(VALUE(TRIM(CLEAN(RIGHT(TableM1[[#This Row],[Main]],2)))),TableLasers[],COLUMN(TableLasers[H-DPH]),FALSE),LEFT(TableM1[[#This Row],[Front]],2)*VLOOKUP(VALUE(TRIM(CLEAN(RIGHT(TableM1[[#This Row],[Front]],2)))),TableLasers[],COLUMN(TableLasers[H-DPH]),FALSE),LEFT(TableM1[[#This Row],[Back]],2)*VLOOKUP(VALUE(TRIM(CLEAN(RIGHT(TableM1[[#This Row],[Back]],2)))),TableLasers[],COLUMN(TableLasers[H-DPH]),FALSE),LEFT(TableM1[[#This Row],[Left]],2)*VLOOKUP(VALUE(TRIM(CLEAN(RIGHT(TableM1[[#This Row],[Left]],2)))),TableLasers[],COLUMN(TableLasers[H-DPH]),FALSE),LEFT(TableM1[[#This Row],[Right]],2)*VLOOKUP(VALUE(TRIM(CLEAN(RIGHT(TableM1[[#This Row],[Right]],2)))),TableLasers[],COLUMN(TableLasers[H-DPH]),FALSE),LEFT(TableM1[[#This Row],[Up]],2)*VLOOKUP(VALUE(TRIM(CLEAN(RIGHT(TableM1[[#This Row],[Up]],2)))),TableLasers[],COLUMN(TableLasers[H-DPH]),FALSE),LEFT(TableM1[[#This Row],[Down]],2)*VLOOKUP(VALUE(TRIM(CLEAN(RIGHT(TableM1[[#This Row],[Down]],2)))),TableLasers[],COLUMN(TableLasers[H-DPH]),FALSE))","v":119916},"00::00","04::34","04::18","04::34","04::34","04::18","04::18",null,4,4,4,4,4,4,null,"5,18,34","5,18,21,28,29,35","5,18,34,2,30","5,18,34,2,30","0,1,5,18,21","0,1,5,18,21","0,1,3,5,12,17,22,23,10,11,13,14,18,19,25,35"]
[168,"Xenon","M1","J",null,81,54,12,"XXL",480000,"2 GJ ",3,10400,363.63636363636402,48,135000,3105,12800,48,{"$f":"SUM(LEFT(TableM1[[#This Row],[Main]],2)*VLOOKUP(VALUE(TRIM(CLEAN(RIGHT(TableM1[[#This Row],[Main]],2)))),TableLasers[],COLUMN(TableLasers[S-DPH]),FALSE),LEFT(TableM1[[#This Row],[Front]],2)*VLOOKUP(VALUE(TRIM(CLEAN(RIGHT(TableM1[[#This Row],[Front]],2)))),TableLasers[],COLUMN(TableLasers[S-DPH]),FALSE),LEFT(TableM1[[#This Row],[Back]],2)*VLOOKUP(VALUE(TRIM(CLEAN(RIGHT(TableM1[[#This Row],[Back]],2)))),TableLasers[],COLUMN(TableLasers[S-DPH]),FALSE),LEFT(TableM1[[#This Row],[Left]],2)*VLOOKUP(VALUE(TRIM(CLEAN(RIGHT(TableM1[[#This Row],[Left]],2)))),TableLasers[],COLUMN(TableLasers[S-DPH]),FALSE),LEFT(TableM1[[#This Row],[Right]],2)*VLOOKUP(VALUE(TRIM(CLEAN(RIGHT(TableM1[[#This Row],[Right]],2)))),TableLasers[],COLUMN(TableLasers[S-DPH]),FALSE),LEFT(TableM1[[#This Row],[Up]],2)*VLOOKUP(VALUE(TRIM(CLEAN(RIGHT(TableM1[[#This Row],[Up]],2)))),TableLasers[],COLUMN(TableLasers[S-DPH]),FALSE),LEFT(TableM1[[#This Row],[Down]],2)*VLOOKUP(VALUE(TRIM(CLEAN(RIGHT(TableM1[[#This Row],[Down]],2)))),TableLasers[],COLUMN(TableLasers[S-DPH]),FALSE))","v":1145232},{"$f":"SUM(LEFT(TableM1[[#This Row],[Main]],2)*VLOOKUP(VALUE(TRIM(CLEAN(RIGHT(TableM1[[#This Row],[Main]],2)))),TableLasers[],COLUMN(TableLasers[H-DPH]),FALSE),LEFT(TableM1[[#This Row],[Front]],2)*VLOOKUP(VALUE(TRIM(CLEAN(RIGHT(TableM1[[#This Row],[Front]],2)))),TableLasers[],COLUMN(TableLasers[H-DPH]),FALSE),LEFT(TableM1[[#This Row],[Back]],2)*VLOOKUP(VALUE(TRIM(CLEAN(RIGHT(TableM1[[#This Row],[Back]],2)))),TableLasers[],COLUMN(TableLasers[H-DPH]),FALSE),LEFT(TableM1[[#This Row],[Left]],2)*VLOOKUP(VALUE(TRIM(CLEAN(RIGHT(TableM1[[#This Row],[Left]],2)))),TableLasers[],COLUMN(TableLasers[H-DPH]),FALSE),LEFT(TableM1[[#This Row],[Right]],2)*VLOOKUP(VALUE(TRIM(CLEAN(RIGHT(TableM1[[#This Row],[Right]],2)))),TableLasers[],COLUMN(TableLasers[H-DPH]),FALSE),LEFT(TableM1[[#This Row],[Up]],2)*VLOOKUP(VALUE(TRIM(CLEAN(RIGHT(TableM1[[#This Row],[Up]],2)))),TableLasers[],COLUMN(TableLasers[H-DPH]),FALSE),LEFT(TableM1[[#This Row],[Down]],2)*VLOOKUP(VALUE(TRIM(CLEAN(RIGHT(TableM1[[#This Row],[Down]],2)))),TableLasers[],COLUMN(TableLasers[H-DPH]),FALSE))","v":226776},"00::00","08::41","08::27","08::41","08::41","08::27","08::27",null,8,8,8,8,8,8,null,"12,19,41,27","12,19,27","12,19,41,27","12,19,41,27","12,19,27","12,19,27","0,1,3,5,12,17,22,23,10,11,13,14,18,19,25,35"]
[200,"ATF","M1","Odin",null,95,47.5,9,"XXL",260000,"2 GJ ",5,11500,727.27272727272702,28,195000,3642.99,12500,38,{"$f":"SUM(LEFT(TableM1[[#This Row],[Main]],2)*VLOOKUP(VALUE(TRIM(CLEAN(RIGHT(TableM1[[#This Row],[Main]],2)))),TableLasers[],COLUMN(TableLasers[S-DPH]),FALSE),LEFT(TableM1[[#This Row],[Front]],2)*VLOOKUP(VALUE(TRIM(CLEAN(RIGHT(TableM1[[#This Row],[Front]],2)))),TableLasers[],COLUMN(TableLasers[S-DPH]),FALSE),LEFT(TableM1[[#This Row],[Back]],2)*VLOOKUP(VALUE(TRIM(CLEAN(RIGHT(TableM1[[#This Row],[Back]],2)))),TableLasers[],COLUMN(TableLasers[S-DPH]),FALSE),LEFT(TableM1[[#This Row],[Left]],2)*VLOOKUP(VALUE(TRIM(CLEAN(RIGHT(TableM1[[#This Row],[Left]],2)))),TableLasers[],COLUMN(TableLasers[S-DPH]),FALSE),LEFT(TableM1[[#This Row],[Right]],2)*VLOOKUP(VALUE(TRIM(CLEAN(RIGHT(TableM1[[#This Row],[Right]],2)))),TableLasers[],COLUMN(TableLasers[S-DPH]),FALSE),LEFT(TableM1[[#This Row],[Up]],2)*VLOOKUP(VALUE(TRIM(CLEAN(RIGHT(TableM1[[#This Row],[Up]],2)))),TableLasers[],COLUMN(TableLasers[S-DPH]),FALSE),LEFT(TableM1[[#This Row],[Down]],2)*VLOOKUP(VALUE(TRIM(CLEAN(RIGHT(TableM1[[#This Row],[Down]],2)))),TableLasers[],COLUMN(TableLasers[S-DPH]),FALSE))","v":1400400},{"$f":"SUM(LEFT(TableM1[[#This Row],[Main]],2)*VLOOKUP(VALUE(TRIM(CLEAN(RIGHT(TableM1[[#This Row],[Main]],2)))),TableLasers[],COLUMN(TableLasers[H-DPH]),FALSE),LEFT(TableM1[[#This Row],[Front]],2)*VLOOKUP(VALUE(TRIM(CLEAN(RIGHT(TableM1[[#This Row],[Front]],2)))),TableLasers[],COLUMN(TableLasers[H-DPH]),FALSE),LEFT(TableM1[[#This Row],[Back]],2)*VLOOKUP(VALUE(TRIM(CLEAN(RIGHT(TableM1[[#This Row],[Back]],2)))),TableLasers[],COLUMN(TableLasers[H-DPH]),FALSE),LEFT(TableM1[[#This Row],[Left]],2)*VLOOKUP(VALUE(TRIM(CLEAN(RIGHT(TableM1[[#This Row],[Left]],2)))),TableLasers[],COLUMN(TableLasers[H-DPH]),FALSE),LEFT(TableM1[[#This Row],[Right]],2)*VLOOKUP(VALUE(TRIM(CLEAN(RIGHT(TableM1[[#This Row],[Right]],2)))),TableLasers[],COLUMN(TableLasers[H-DPH]),FALSE),LEFT(TableM1[[#This Row],[Up]],2)*VLOOKUP(VALUE(TRIM(CLEAN(RIGHT(TableM1[[#This Row],[Up]],2)))),TableLasers[],COLUMN(TableLasers[H-DPH]),FALSE),LEFT(TableM1[[#This Row],[Down]],2)*VLOOKUP(VALUE(TRIM(CLEAN(RIGHT(TableM1[[#This Row],[Down]],2)))),TableLasers[],COLUMN(TableLasers[H-DPH]),FALSE))","v":304800},"00::00","04::17","04::17","06::37","06::37","04::26","04::26",null,4,4,6,6,4,4,null,"10,11,16,17","10,11,16,17,26","16,17,37,38","16,17,37,38","10,11,26","10,11,26","4,15,16,20,24,27,36,37,38,28,39"]
[210,"ATF","M1","Woden",null,84,42,9,"XXL",300000,"2 GJ ",5,15000,363.63636363636402,36,287000,5973.9049999999997,11500,20,{"$f":"SUM(LEFT(TableM1[[#This Row],[Main]],2)*VLOOKUP(VALUE(TRIM(CLEAN(RIGHT(TableM1[[#This Row],[Main]],2)))),TableLasers[],COLUMN(TableLasers[S-DPH]),FALSE),LEFT(TableM1[[#This Row],[Front]],2)*VLOOKUP(VALUE(TRIM(CLEAN(RIGHT(TableM1[[#This Row],[Front]],2)))),TableLasers[],COLUMN(TableLasers[S-DPH]),FALSE),LEFT(TableM1[[#This Row],[Back]],2)*VLOOKUP(VALUE(TRIM(CLEAN(RIGHT(TableM1[[#This Row],[Back]],2)))),TableLasers[],COLUMN(TableLasers[S-DPH]),FALSE),LEFT(TableM1[[#This Row],[Left]],2)*VLOOKUP(VALUE(TRIM(CLEAN(RIGHT(TableM1[[#This Row],[Left]],2)))),TableLasers[],COLUMN(TableLasers[S-DPH]),FALSE),LEFT(TableM1[[#This Row],[Right]],2)*VLOOKUP(VALUE(TRIM(CLEAN(RIGHT(TableM1[[#This Row],[Right]],2)))),TableLasers[],COLUMN(TableLasers[S-DPH]),FALSE),LEFT(TableM1[[#This Row],[Up]],2)*VLOOKUP(VALUE(TRIM(CLEAN(RIGHT(TableM1[[#This Row],[Up]],2)))),TableLasers[],COLUMN(TableLasers[S-DPH]),FALSE),LEFT(TableM1[[#This Row],[Down]],2)*VLOOKUP(VALUE(TRIM(CLEAN(RIGHT(TableM1[[#This Row],[Down]],2)))),TableLasers[],COLUMN(TableLasers[S-DPH]),FALSE))","v":1871600},{"$f":"SUM(LEFT(TableM1[[#This Row],[Main]],2)*VLOOKUP(VALUE(TRIM(CLEAN(RIGHT(TableM1[[#This Row],[Main]],2)))),TableLasers[],COLUMN(TableLasers[H-DPH]),FALSE),LEFT(TableM1[[#This Row],[Front]],2)*VLOOKUP(VALUE(TRIM(CLEAN(RIGHT(TableM1[[#This Row],[Front]],2)))),TableLasers[],COLUMN(TableLasers[H-DPH]),FALSE),LEFT(TableM1[[#This Row],[Back]],2)*VLOOKUP(VALUE(TRIM(CLEAN(RIGHT(TableM1[[#This Row],[Back]],2)))),TableLasers[],COLUMN(TableLasers[H-DPH]),FALSE),LEFT(TableM1[[#This Row],[Left]],2)*VLOOKUP(VALUE(TRIM(CLEAN(RIGHT(TableM1[[#This Row],[Left]],2)))),TableLasers[],COLUMN(TableLasers[H-DPH]),FALSE),LEFT(TableM1[[#This Row],[Right]],2)*VLOOKUP(VALUE(TRIM(CLEAN(RIGHT(TableM1[[#This Row],[Right]],2)))),TableLasers[],COLUMN(TableLasers[H-DPH]),FALSE),LEFT(TableM1[[#This Row],[Up]],2)*VLOOKUP(VALUE(TRIM(CLEAN(RIGHT(TableM1[[#This Row],[Up]],2)))),TableLasers[],COLUMN(TableLasers[H-DPH]),FALSE),LEFT(TableM1[[#This Row],[Down]],2)*VLOOKUP(VALUE(TRIM(CLEAN(RIGHT(TableM1[[#This Row],[Down]],2)))),TableLasers[],COLUMN(TableLasers[H-DPH]),FALSE))","v":406800},"00::00","08::17","04::17","08::37","08::37","04::26","04::26",null,8,4,8,8,4,4,null,"10,11,16,17","10,11,16,17,26","16,17,37,38","16,17,37,38","10,11,26","10,11,26","4,15,16,20,24,27,36,37,38,28,39"]
[214,"Terran","M1","Tokyo",null,87,58,9,"XXL",340000,"2 GJ ",5,10660,727.27272727272702,24,150000,2600.1,11264,40,{"$f":"SUM(LEFT(TableM1[[#This Row],[Main]],2)*VLOOKUP(VALUE(TRIM(CLEAN(RIGHT(TableM1[[#This Row],[Main]],2)))),TableLasers[],COLUMN(TableLasers[S-DPH]),FALSE),LEFT(TableM1[[#This Row],[Front]],2)*VLOOKUP(VALUE(TRIM(CLEAN(RIGHT(TableM1[[#This Row],[Front]],2)))),TableLasers[],COLUMN(TableLasers[S-DPH]),FALSE),LEFT(TableM1[[#This Row],[Back]],2)*VLOOKUP(VALUE(TRIM(CLEAN(RIGHT(TableM1[[#This Row],[Back]],2)))),TableLasers[],COLUMN(TableLasers[S-DPH]),FALSE),LEFT(TableM1[[#This Row],[Left]],2)*VLOOKUP(VALUE(TRIM(CLEAN(RIGHT(TableM1[[#This Row],[Left]],2)))),TableLasers[],COLUMN(TableLasers[S-DPH]),FALSE),LEFT(TableM1[[#This Row],[Right]],2)*VLOOKUP(VALUE(TRIM(CLEAN(RIGHT(TableM1[[#This Row],[Right]],2)))),TableLasers[],COLUMN(TableLasers[S-DPH]),FALSE),LEFT(TableM1[[#This Row],[Up]],2)*VLOOKUP(VALUE(TRIM(CLEAN(RIGHT(TableM1[[#This Row],[Up]],2)))),TableLasers[],COLUMN(TableLasers[S-DPH]),FALSE),LEFT(TableM1[[#This Row],[Down]],2)*VLOOKUP(VALUE(TRIM(CLEAN(RIGHT(TableM1[[#This Row],[Down]],2)))),TableLasers[],COLUMN(TableLasers[S-DPH]),FALSE))","v":968400},{"$f":"SUM(LEFT(TableM1[[#This Row],[Main]],2)*VLOOKUP(VALUE(TRIM(CLEAN(RIGHT(TableM1[[#This Row],[Main]],2)))),TableLasers[],COLUMN(TableLasers[H-DPH]),FALSE),LEFT(TableM1[[#This Row],[Front]],2)*VLOOKUP(VALUE(TRIM(CLEAN(RIGHT(TableM1[[#This Row],[Front]],2)))),TableLasers[],COLUMN(TableLasers[H-DPH]),FALSE),LEFT(TableM1[[#This Row],[Back]],2)*VLOOKUP(VALUE(TRIM(CLEAN(RIGHT(TableM1[[#This Row],[Back]],2)))),TableLasers[],COLUMN(TableLasers[H-DPH]),FALSE),LEFT(TableM1[[#This Row],[Left]],2)*VLOOKUP(VALUE(TRIM(CLEAN(RIGHT(TableM1[[#This Row],[Left]],2)))),TableLasers[],COLUMN(TableLasers[H-DPH]),FALSE),LEFT(TableM1[[#This Row],[Right]],2)*VLOOKUP(VALUE(TRIM(CLEAN(RIGHT(TableM1[[#This Row],[Right]],2)))),TableLasers[],COLUMN(TableLasers[H-DPH]),FALSE),LEFT(TableM1[[#This Row],[Up]],2)*VLOOKUP(VALUE(TRIM(CLEAN(RIGHT(TableM1[[#This Row],[Up]],2)))),TableLasers[],COLUMN(TableLasers[H-DPH]),FALSE),LEFT(TableM1[[#This Row],[Down]],2)*VLOOKUP(VALUE(TRIM(CLEAN(RIGHT(TableM1[[#This Row],[Down]],2)))),TableLasers[],COLUMN(TableLasers[H-DPH]),FALSE))","v":211200},"00::00","04::17","04::17","04::37","04::37","04::26","04::26",null,4,4,4,4,4,4,null,"10,11,16,17","10,11,16,17,26","16,17,37,38","16,17,37,38","10,11,26","10,11,26","4,15,16,20,24,27,36,37,38,28,39"]
[226,"Terran","M1","Terraformer C Ship",null,36,18,13,"XXL",900000,"2 GJ ",7,10400,727.27272727272702,32,250000,3749.75,11000,50,{"$f":"SUM(LEFT(TableM1[[#This Row],[Main]],2)*VLOOKUP(VALUE(TRIM(CLEAN(RIGHT(TableM1[[#This Row],[Main]],2)))),TableLasers[],COLUMN(TableLasers[S-DPH]),FALSE),LEFT(TableM1[[#This Row],[Front]],2)*VLOOKUP(VALUE(TRIM(CLEAN(RIGHT(TableM1[[#This Row],[Front]],2)))),TableLasers[],COLUMN(TableLasers[S-DPH]),FALSE),LEFT(TableM1[[#This Row],[Back]],2)*VLOOKUP(VALUE(TRIM(CLEAN(RIGHT(TableM1[[#This Row],[Back]],2)))),TableLasers[],COLUMN(TableLasers[S-DPH]),FALSE),LEFT(TableM1[[#This Row],[Left]],2)*VLOOKUP(VALUE(TRIM(CLEAN(RIGHT(TableM1[[#This Row],[Left]],2)))),TableLasers[],COLUMN(TableLasers[S-DPH]),FALSE),LEFT(TableM1[[#This Row],[Right]],2)*VLOOKUP(VALUE(TRIM(CLEAN(RIGHT(TableM1[[#This Row],[Right]],2)))),TableLasers[],COLUMN(TableLasers[S-DPH]),FALSE),LEFT(TableM1[[#This Row],[Up]],2)*VLOOKUP(VALUE(TRIM(CLEAN(RIGHT(TableM1[[#This Row],[Up]],2)))),TableLasers[],COLUMN(TableLasers[S-DPH]),FALSE),LEFT(TableM1[[#This Row],[Down]],2)*VLOOKUP(VALUE(TRIM(CLEAN(RIGHT(TableM1[[#This Row],[Down]],2)))),TableLasers[],COLUMN(TableLasers[S-DPH]),FALSE))","v":0},{"$f":"SUM(LEFT(TableM1[[#This Row],[Main]],2)*VLOOKUP(VALUE(TRIM(CLEAN(RIGHT(TableM1[[#This Row],[Main]],2)))),TableLasers[],COLUMN(TableLasers[H-DPH]),FALSE),LEFT(TableM1[[#This Row],[Front]],2)*VLOOKUP(VALUE(TRIM(CLEAN(RIGHT(TableM1[[#This Row],[Front]],2)))),TableLasers[],COLUMN(TableLasers[H-DPH]),FALSE),LEFT(TableM1[[#This Row],[Back]],2)*VLOOKUP(VALUE(TRIM(CLEAN(RIGHT(TableM1[[#This Row],[Back]],2)))),TableLasers[],COLUMN(TableLasers[H-DPH]),FALSE),LEFT(TableM1[[#This Row],[Left]],2)*VLOOKUP(VALUE(TRIM(CLEAN(RIGHT(TableM1[[#This Row],[Left]],2)))),TableLasers[],COLUMN(TableLasers[H-DPH]),FALSE),LEFT(TableM1[[#This Row],[Right]],2)*VLOOKUP(VALUE(TRIM(CLEAN(RIGHT(TableM1[[#This Row],[Right]],2)))),TableLasers[],COLUMN(TableLasers[H-DPH]),FALSE),LEFT(TableM1[[#This Row],[Up]],2)*VLOOKUP(VALUE(TRIM(CLEAN(RIGHT(TableM1[[#This Row],[Up]],2)))),TableLasers[],COLUMN(TableLasers[H-DPH]),FALSE),LEFT(TableM1[[#This Row],[Down]],2)*VLOOKUP(VALUE(TRIM(CLEAN(RIGHT(TableM1[[#This Row],[Down]],2)))),TableLasers[],COLUMN(TableLasers[H-DPH]),FALSE))","v":0},"00::37","00::00","00::00","00::00","00::00","00::00","00::00",null,8,null,8,8,null,8,"10,11,16,17,26,37,38,28,29,35,45,46,47",null,null,null,null,null,null,"4,15,16,20,24,27,36,37,38"]
[241,"Kha'ak","M1","Carrier",null,112.05,74.7,13,"ST",280000,"2 GJ ",4,10400,363.63636363636402,9,57000,1709.943,8000,25,{"$f":"SUM(LEFT(TableM1[[#This Row],[Main]],2)*VLOOKUP(VALUE(TRIM(CLEAN(RIGHT(TableM1[[#This Row],[Main]],2)))),TableLasers[],COLUMN(TableLasers[S-DPH]),FALSE),LEFT(TableM1[[#This Row],[Front]],2)*VLOOKUP(VALUE(TRIM(CLEAN(RIGHT(TableM1[[#This Row],[Front]],2)))),TableLasers[],COLUMN(TableLasers[S-DPH]),FALSE),LEFT(TableM1[[#This Row],[Back]],2)*VLOOKUP(VALUE(TRIM(CLEAN(RIGHT(TableM1[[#This Row],[Back]],2)))),TableLasers[],COLUMN(TableLasers[S-DPH]),FALSE),LEFT(TableM1[[#This Row],[Left]],2)*VLOOKUP(VALUE(TRIM(CLEAN(RIGHT(TableM1[[#This Row],[Left]],2)))),TableLasers[],COLUMN(TableLasers[S-DPH]),FALSE),LEFT(TableM1[[#This Row],[Right]],2)*VLOOKUP(VALUE(TRIM(CLEAN(RIGHT(TableM1[[#This Row],[Right]],2)))),TableLasers[],COLUMN(TableLasers[S-DPH]),FALSE),LEFT(TableM1[[#This Row],[Up]],2)*VLOOKUP(VALUE(TRIM(CLEAN(RIGHT(TableM1[[#This Row],[Up]],2)))),TableLasers[],COLUMN(TableLasers[S-DPH]),FALSE),LEFT(TableM1[[#This Row],[Down]],2)*VLOOKUP(VALUE(TRIM(CLEAN(RIGHT(TableM1[[#This Row],[Down]],2)))),TableLasers[],COLUMN(TableLasers[S-DPH]),FALSE))","v":383400},{"$f":"SUM(LEFT(TableM1[[#This Row],[Main]],2)*VLOOKUP(VALUE(TRIM(CLEAN(RIGHT(TableM1[[#This Row],[Main]],2)))),TableLasers[],COLUMN(TableLasers[H-DPH]),FALSE),LEFT(TableM1[[#This Row],[Front]],2)*VLOOKUP(VALUE(TRIM(CLEAN(RIGHT(TableM1[[#This Row],[Front]],2)))),TableLasers[],COLUMN(TableLasers[H-DPH]),FALSE),LEFT(TableM1[[#This Row],[Back]],2)*VLOOKUP(VALUE(TRIM(CLEAN(RIGHT(TableM1[[#This Row],[Back]],2)))),TableLasers[],COLUMN(TableLasers[H-DPH]),FALSE),LEFT(TableM1[[#This Row],[Left]],2)*VLOOKUP(VALUE(TRIM(CLEAN(RIGHT(TableM1[[#This Row],[Left]],2)))),TableLasers[],COLUMN(TableLasers[H-DPH]),FALSE),LEFT(TableM1[[#This Row],[Right]],2)*VLOOKUP(VALUE(TRIM(CLEAN(RIGHT(TableM1[[#This Row],[Right]],2)))),TableLasers[],COLUMN(TableLasers[H-DPH]),FALSE),LEFT(TableM1[[#This Row],[Up]],2)*VLOOKUP(VALUE(TRIM(CLEAN(RIGHT(TableM1[[#This Row],[Up]],2)))),TableLasers[],COLUMN(TableLasers[H-DPH]),FALSE),LEFT(TableM1[[#This Row],[Down]],2)*VLOOKUP(VALUE(TRIM(CLEAN(RIGHT(TableM1[[#This Row],[Down]],2)))),TableLasers[],COLUMN(TableLasers[H-DPH]),FALSE))","v":77400},"00::44","02::44","01::44","02::44","02::44","01::44","01::44",null,2,1,2,2,1,1,"42,43,44","42,43,44","42,43,44","42,43,44","42,43,44","42,43,44","42,43,44","26,40"]
[247,"Kha'ak","M1","Guardian",null,0,0,14,"XXL",250000,"2 GJ ",3,10500,363.63636363636402,8,165000,4950,9000,3,{"$f":"SUM(LEFT(TableM1[[#This Row],[Main]],2)*VLOOKUP(VALUE(TRIM(CLEAN(RIGHT(TableM1[[#This Row],[Main]],2)))),TableLasers[],COLUMN(TableLasers[S-DPH]),FALSE),LEFT(TableM1[[#This Row],[Front]],2)*VLOOKUP(VALUE(TRIM(CLEAN(RIGHT(TableM1[[#This Row],[Front]],2)))),TableLasers[],COLUMN(TableLasers[S-DPH]),FALSE),LEFT(TableM1[[#This Row],[Back]],2)*VLOOKUP(VALUE(TRIM(CLEAN(RIGHT(TableM1[[#This Row],[Back]],2)))),TableLasers[],COLUMN(TableLasers[S-DPH]),FALSE),LEFT(TableM1[[#This Row],[Left]],2)*VLOOKUP(VALUE(TRIM(CLEAN(RIGHT(TableM1[[#This Row],[Left]],2)))),TableLasers[],COLUMN(TableLasers[S-DPH]),FALSE),LEFT(TableM1[[#This Row],[Right]],2)*VLOOKUP(VALUE(TRIM(CLEAN(RIGHT(TableM1[[#This Row],[Right]],2)))),TableLasers[],COLUMN(TableLasers[S-DPH]),FALSE),LEFT(TableM1[[#This Row],[Up]],2)*VLOOKUP(VALUE(TRIM(CLEAN(RIGHT(TableM1[[#This Row],[Up]],2)))),TableLasers[],COLUMN(TableLasers[S-DPH]),FALSE),LEFT(TableM1[[#This Row],[Down]],2)*VLOOKUP(VALUE(TRIM(CLEAN(RIGHT(TableM1[[#This Row],[Down]],2)))),TableLasers[],COLUMN(TableLasers[S-DPH]),FALSE))","v":340800},{"$f":"SUM(LEFT(TableM1[[#This Row],[Main]],2)*VLOOKUP(VALUE(TRIM(CLEAN(RIGHT(TableM1[[#This Row],[Main]],2)))),TableLasers[],COLUMN(TableLasers[H-DPH]),FALSE),LEFT(TableM1[[#This Row],[Front]],2)*VLOOKUP(VALUE(TRIM(CLEAN(RIGHT(TableM1[[#This Row],[Front]],2)))),TableLasers[],COLUMN(TableLasers[H-DPH]),FALSE),LEFT(TableM1[[#This Row],[Back]],2)*VLOOKUP(VALUE(TRIM(CLEAN(RIGHT(TableM1[[#This Row],[Back]],2)))),TableLasers[],COLUMN(TableLasers[H-DPH]),FALSE),LEFT(TableM1[[#This Row],[Left]],2)*VLOOKUP(VALUE(TRIM(CLEAN(RIGHT(TableM1[[#This Row],[Left]],2)))),TableLasers[],COLUMN(TableLasers[H-DPH]),FALSE),LEFT(TableM1[[#This Row],[Right]],2)*VLOOKUP(VALUE(TRIM(CLEAN(RIGHT(TableM1[[#This Row],[Right]],2)))),TableLasers[],COLUMN(TableLasers[H-DPH]),FALSE),LEFT(TableM1[[#This Row],[Up]],2)*VLOOKUP(VALUE(TRIM(CLEAN(RIGHT(TableM1[[#This Row],[Up]],2)))),TableLasers[],COLUMN(TableLasers[H-DPH]),FALSE),LEFT(TableM1[[#This Row],[Down]],2)*VLOOKUP(VALUE(TRIM(CLEAN(RIGHT(TableM1[[#This Row],[Down]],2)))),TableLasers[],COLUMN(TableLasers[H-DPH]),FALSE))","v":68800},"00::44","02::44","02::44","02::44","02::44","00::00","00::00",null,2,2,2,2,null,null,"42,43,44","42,43,44","42,43,44","42,43,44","42,43,44",null,null,"26,40"]
[248,"Kha'ak","M1","Hive Queen",null,35,25,7,"XXL",762000,"2 GJ ",12,16400,727.27272727272702,36,645600,9683.3544000000002,15000,20,{"$f":"SUM(LEFT(TableM1[[#This Row],[Main]],2)*VLOOKUP(VALUE(TRIM(CLEAN(RIGHT(TableM1[[#This Row],[Main]],2)))),TableLasers[],COLUMN(TableLasers[S-DPH]),FALSE),LEFT(TableM1[[#This Row],[Front]],2)*VLOOKUP(VALUE(TRIM(CLEAN(RIGHT(TableM1[[#This Row],[Front]],2)))),TableLasers[],COLUMN(TableLasers[S-DPH]),FALSE),LEFT(TableM1[[#This Row],[Back]],2)*VLOOKUP(VALUE(TRIM(CLEAN(RIGHT(TableM1[[#This Row],[Back]],2)))),TableLasers[],COLUMN(TableLasers[S-DPH]),FALSE),LEFT(TableM1[[#This Row],[Left]],2)*VLOOKUP(VALUE(TRIM(CLEAN(RIGHT(TableM1[[#This Row],[Left]],2)))),TableLasers[],COLUMN(TableLasers[S-DPH]),FALSE),LEFT(TableM1[[#This Row],[Right]],2)*VLOOKUP(VALUE(TRIM(CLEAN(RIGHT(TableM1[[#This Row],[Right]],2)))),TableLasers[],COLUMN(TableLasers[S-DPH]),FALSE),LEFT(TableM1[[#This Row],[Up]],2)*VLOOKUP(VALUE(TRIM(CLEAN(RIGHT(TableM1[[#This Row],[Up]],2)))),TableLasers[],COLUMN(TableLasers[S-DPH]),FALSE),LEFT(TableM1[[#This Row],[Down]],2)*VLOOKUP(VALUE(TRIM(CLEAN(RIGHT(TableM1[[#This Row],[Down]],2)))),TableLasers[],COLUMN(TableLasers[S-DPH]),FALSE))","v":1533600},{"$f":"SUM(LEFT(TableM1[[#This Row],[Main]],2)*VLOOKUP(VALUE(TRIM(CLEAN(RIGHT(TableM1[[#This Row],[Main]],2)))),TableLasers[],COLUMN(TableLasers[H-DPH]),FALSE),LEFT(TableM1[[#This Row],[Front]],2)*VLOOKUP(VALUE(TRIM(CLEAN(RIGHT(TableM1[[#This Row],[Front]],2)))),TableLasers[],COLUMN(TableLasers[H-DPH]),FALSE),LEFT(TableM1[[#This Row],[Back]],2)*VLOOKUP(VALUE(TRIM(CLEAN(RIGHT(TableM1[[#This Row],[Back]],2)))),TableLasers[],COLUMN(TableLasers[H-DPH]),FALSE),LEFT(TableM1[[#This Row],[Left]],2)*VLOOKUP(VALUE(TRIM(CLEAN(RIGHT(TableM1[[#This Row],[Left]],2)))),TableLasers[],COLUMN(TableLasers[H-DPH]),FALSE),LEFT(TableM1[[#This Row],[Right]],2)*VLOOKUP(VALUE(TRIM(CLEAN(RIGHT(TableM1[[#This Row],[Right]],2)))),TableLasers[],COLUMN(TableLasers[H-DPH]),FALSE),LEFT(TableM1[[#This Row],[Up]],2)*VLOOKUP(VALUE(TRIM(CLEAN(RIGHT(TableM1[[#This Row],[Up]],2)))),TableLasers[],COLUMN(TableLasers[H-DPH]),FALSE),LEFT(TableM1[[#This Row],[Down]],2)*VLOOKUP(VALUE(TRIM(CLEAN(RIGHT(TableM1[[#This Row],[Down]],2)))),TableLasers[],COLUMN(TableLasers[H-DPH]),FALSE))","v":309600},"00::44","06::44","06::44","06::44","06::44","06::44","06::44",null,6,6,6,6,6,6,"42,43,44","42,43,44","42,43,44","42,43,44","42,43,44","42,43,44","42,43,44","26,40"]
[250,"Goner","M1","Aran",null,12.18,8.6999999999999993,5,"XXL",340000,"2 GJ ",6,34200,363.63636363636402,0,38500,577.5,120000,30,{"$f":"SUM(LEFT(TableM1[[#This Row],[Main]],2)*VLOOKUP(VALUE(TRIM(CLEAN(RIGHT(TableM1[[#This Row],[Main]],2)))),TableLasers[],COLUMN(TableLasers[S-DPH]),FALSE),LEFT(TableM1[[#This Row],[Front]],2)*VLOOKUP(VALUE(TRIM(CLEAN(RIGHT(TableM1[[#This Row],[Front]],2)))),TableLasers[],COLUMN(TableLasers[S-DPH]),FALSE),LEFT(TableM1[[#This Row],[Back]],2)*VLOOKUP(VALUE(TRIM(CLEAN(RIGHT(TableM1[[#This Row],[Back]],2)))),TableLasers[],COLUMN(TableLasers[S-DPH]),FALSE),LEFT(TableM1[[#This Row],[Left]],2)*VLOOKUP(VALUE(TRIM(CLEAN(RIGHT(TableM1[[#This Row],[Left]],2)))),TableLasers[],COLUMN(TableLasers[S-DPH]),FALSE),LEFT(TableM1[[#This Row],[Right]],2)*VLOOKUP(VALUE(TRIM(CLEAN(RIGHT(TableM1[[#This Row],[Right]],2)))),TableLasers[],COLUMN(TableLasers[S-DPH]),FALSE),LEFT(TableM1[[#This Row],[Up]],2)*VLOOKUP(VALUE(TRIM(CLEAN(RIGHT(TableM1[[#This Row],[Up]],2)))),TableLasers[],COLUMN(TableLasers[S-DPH]),FALSE),LEFT(TableM1[[#This Row],[Down]],2)*VLOOKUP(VALUE(TRIM(CLEAN(RIGHT(TableM1[[#This Row],[Down]],2)))),TableLasers[],COLUMN(TableLasers[S-DPH]),FALSE))","v":0},{"$f":"SUM(LEFT(TableM1[[#This Row],[Main]],2)*VLOOKUP(VALUE(TRIM(CLEAN(RIGHT(TableM1[[#This Row],[Main]],2)))),TableLasers[],COLUMN(TableLasers[H-DPH]),FALSE),LEFT(TableM1[[#This Row],[Front]],2)*VLOOKUP(VALUE(TRIM(CLEAN(RIGHT(TableM1[[#This Row],[Front]],2)))),TableLasers[],COLUMN(TableLasers[H-DPH]),FALSE),LEFT(TableM1[[#This Row],[Back]],2)*VLOOKUP(VALUE(TRIM(CLEAN(RIGHT(TableM1[[#This Row],[Back]],2)))),TableLasers[],COLUMN(TableLasers[H-DPH]),FALSE),LEFT(TableM1[[#This Row],[Left]],2)*VLOOKUP(VALUE(TRIM(CLEAN(RIGHT(TableM1[[#This Row],[Left]],2)))),TableLasers[],COLUMN(TableLasers[H-DPH]),FALSE),LEFT(TableM1[[#This Row],[Right]],2)*VLOOKUP(VALUE(TRIM(CLEAN(RIGHT(TableM1[[#This Row],[Right]],2)))),TableLasers[],COLUMN(TableLasers[H-DPH]),FALSE),LEFT(TableM1[[#This Row],[Up]],2)*VLOOKUP(VALUE(TRIM(CLEAN(RIGHT(TableM1[[#This Row],[Up]],2)))),TableLasers[],COLUMN(TableLasers[H-DPH]),FALSE),LEFT(TableM1[[#This Row],[Down]],2)*VLOOKUP(VALUE(TRIM(CLEAN(RIGHT(TableM1[[#This Row],[Down]],2)))),TableLasers[],COLUMN(TableLasers[H-DPH]),FALSE))","v":0},"00::00","00::23","00::23","00::00","00::00","00::23","00::00",null,null,null,null,null,null,null,null,"0,1,3,4,23","0,1,3,4,23",null,null,"0,1,3,4,23"]
[293,null,"M1","zzPLACEHOLDER","Hauler",79.103999999999999,49.44,10,"XXL",200000,"1 GJ ",6,4100,652.17391304347802,20,53200,797.94680000000005,8800,60,{"$f":"SUM(LEFT(TableM1[[#This Row],[Main]],2)*VLOOKUP(VALUE(TRIM(CLEAN(RIGHT(TableM1[[#This Row],[Main]],2)))),TableLasers[],COLUMN(TableLasers[S-DPH]),FALSE),LEFT(TableM1[[#This Row],[Front]],2)*VLOOKUP(VALUE(TRIM(CLEAN(RIGHT(TableM1[[#This Row],[Front]],2)))),TableLasers[],COLUMN(TableLasers[S-DPH]),FALSE),LEFT(TableM1[[#This Row],[Back]],2)*VLOOKUP(VALUE(TRIM(CLEAN(RIGHT(TableM1[[#This Row],[Back]],2)))),TableLasers[],COLUMN(TableLasers[S-DPH]),FALSE),LEFT(TableM1[[#This Row],[Left]],2)*VLOOKUP(VALUE(TRIM(CLEAN(RIGHT(TableM1[[#This Row],[Left]],2)))),TableLasers[],COLUMN(TableLasers[S-DPH]),FALSE),LEFT(TableM1[[#This Row],[Right]],2)*VLOOKUP(VALUE(TRIM(CLEAN(RIGHT(TableM1[[#This Row],[Right]],2)))),TableLasers[],COLUMN(TableLasers[S-DPH]),FALSE),LEFT(TableM1[[#This Row],[Up]],2)*VLOOKUP(VALUE(TRIM(CLEAN(RIGHT(TableM1[[#This Row],[Up]],2)))),TableLasers[],COLUMN(TableLasers[S-DPH]),FALSE),LEFT(TableM1[[#This Row],[Down]],2)*VLOOKUP(VALUE(TRIM(CLEAN(RIGHT(TableM1[[#This Row],[Down]],2)))),TableLasers[],COLUMN(TableLasers[S-DPH]),FALSE))","v":576604},{"$f":"SUM(LEFT(TableM1[[#This Row],[Main]],2)*VLOOKUP(VALUE(TRIM(CLEAN(RIGHT(TableM1[[#This Row],[Main]],2)))),TableLasers[],COLUMN(TableLasers[H-DPH]),FALSE),LEFT(TableM1[[#This Row],[Front]],2)*VLOOKUP(VALUE(TRIM(CLEAN(RIGHT(TableM1[[#This Row],[Front]],2)))),TableLasers[],COLUMN(TableLasers[H-DPH]),FALSE),LEFT(TableM1[[#This Row],[Back]],2)*VLOOKUP(VALUE(TRIM(CLEAN(RIGHT(TableM1[[#This Row],[Back]],2)))),TableLasers[],COLUMN(TableLasers[H-DPH]),FALSE),LEFT(TableM1[[#This Row],[Left]],2)*VLOOKUP(VALUE(TRIM(CLEAN(RIGHT(TableM1[[#This Row],[Left]],2)))),TableLasers[],COLUMN(TableLasers[H-DPH]),FALSE),LEFT(TableM1[[#This Row],[Right]],2)*VLOOKUP(VALUE(TRIM(CLEAN(RIGHT(TableM1[[#This Row],[Right]],2)))),TableLasers[],COLUMN(TableLasers[H-DPH]),FALSE),LEFT(TableM1[[#This Row],[Up]],2)*VLOOKUP(VALUE(TRIM(CLEAN(RIGHT(TableM1[[#This Row],[Up]],2)))),TableLasers[],COLUMN(TableLasers[H-DPH]),FALSE),LEFT(TableM1[[#This Row],[Down]],2)*VLOOKUP(VALUE(TRIM(CLEAN(RIGHT(TableM1[[#This Row],[Down]],2)))),TableLasers[],COLUMN(TableLasers[H-DPH]),FALSE))","v":127256},"00::37","04::39","04::13","04::39","04::39","02::23","02::23",null,4,4,4,4,2,2,"12,19,3,4,23,27,24,31,32,26,37,38,25","3,13,40,39","3,4,23,13,28,29,35","3,13,40,39","3,13,40,39","0,1,3,4,23","0,1,3,4,23","0,1,3,5,12,17,22,23,10,11,13,14,18,19,25,35"]
[300,"Pirates","M1","Galleon",null,112,70,10,"XXL",300000,"2 GJ ",2,7560,363.63636363636402,32,96400,2104.3155999999999,8360,35,{"$f":"SUM(LEFT(TableM1[[#This Row],[Main]],2)*VLOOKUP(VALUE(TRIM(CLEAN(RIGHT(TableM1[[#This Row],[Main]],2)))),TableLasers[],COLUMN(TableLasers[S-DPH]),FALSE),LEFT(TableM1[[#This Row],[Front]],2)*VLOOKUP(VALUE(TRIM(CLEAN(RIGHT(TableM1[[#This Row],[Front]],2)))),TableLasers[],COLUMN(TableLasers[S-DPH]),FALSE),LEFT(TableM1[[#This Row],[Back]],2)*VLOOKUP(VALUE(TRIM(CLEAN(RIGHT(TableM1[[#This Row],[Back]],2)))),TableLasers[],COLUMN(TableLasers[S-DPH]),FALSE),LEFT(TableM1[[#This Row],[Left]],2)*VLOOKUP(VALUE(TRIM(CLEAN(RIGHT(TableM1[[#This Row],[Left]],2)))),TableLasers[],COLUMN(TableLasers[S-DPH]),FALSE),LEFT(TableM1[[#This Row],[Right]],2)*VLOOKUP(VALUE(TRIM(CLEAN(RIGHT(TableM1[[#This Row],[Right]],2)))),TableLasers[],COLUMN(TableLasers[S-DPH]),FALSE),LEFT(TableM1[[#This Row],[Up]],2)*VLOOKUP(VALUE(TRIM(CLEAN(RIGHT(TableM1[[#This Row],[Up]],2)))),TableLasers[],COLUMN(TableLasers[S-DPH]),FALSE),LEFT(TableM1[[#This Row],[Down]],2)*VLOOKUP(VALUE(TRIM(CLEAN(RIGHT(TableM1[[#This Row],[Down]],2)))),TableLasers[],COLUMN(TableLasers[S-DPH]),FALSE))","v":902832},{"$f":"SUM(LEFT(TableM1[[#This Row],[Main]],2)*VLOOKUP(VALUE(TRIM(CLEAN(RIGHT(TableM1[[#This Row],[Main]],2)))),TableLasers[],COLUMN(TableLasers[H-DPH]),FALSE),LEFT(TableM1[[#This Row],[Front]],2)*VLOOKUP(VALUE(TRIM(CLEAN(RIGHT(TableM1[[#This Row],[Front]],2)))),TableLasers[],COLUMN(TableLasers[H-DPH]),FALSE),LEFT(TableM1[[#This Row],[Back]],2)*VLOOKUP(VALUE(TRIM(CLEAN(RIGHT(TableM1[[#This Row],[Back]],2)))),TableLasers[],COLUMN(TableLasers[H-DPH]),FALSE),LEFT(TableM1[[#This Row],[Left]],2)*VLOOKUP(VALUE(TRIM(CLEAN(RIGHT(TableM1[[#This Row],[Left]],2)))),TableLasers[],COLUMN(TableLasers[H-DPH]),FALSE),LEFT(TableM1[[#This Row],[Right]],2)*VLOOKUP(VALUE(TRIM(CLEAN(RIGHT(TableM1[[#This Row],[Right]],2)))),TableLasers[],COLUMN(TableLasers[H-DPH]),FALSE),LEFT(TableM1[[#This Row],[Up]],2)*VLOOKUP(VALUE(TRIM(CLEAN(RIGHT(TableM1[[#This Row],[Up]],2)))),TableLasers[],COLUMN(TableLasers[H-DPH]),FALSE),LEFT(TableM1[[#This Row],[Down]],2)*VLOOKUP(VALUE(TRIM(CLEAN(RIGHT(TableM1[[#This Row],[Down]],2)))),TableLasers[],COLUMN(TableLasers[H-DPH]),FALSE))","v":159888},"00::00","04::34","04::18","06::34","06::34","08::18","04::18",null,4,4,6,6,8,4,null,"3,5,18,34,2,30,28,29,35","3,5,18,21,28,29,35","3,5,18,34,2,30","3,5,18,34,2,30","3,5,18,21","3,5,18,21","0,1,3,5,12,17,22,23,10,11,13,14,18,19,25,41,35"]
[302,"Yaki","M1","Shuri",null,71.040000000000006,44.4,8,"XXL",400000,"2 GJ ",4,12200,363.63636363636402,28,176400,3421.8072000000002,13000,42,{"$f":"SUM(LEFT(TableM1[[#This Row],[Main]],2)*VLOOKUP(VALUE(TRIM(CLEAN(RIGHT(TableM1[[#This Row],[Main]],2)))),TableLasers[],COLUMN(TableLasers[S-DPH]),FALSE),LEFT(TableM1[[#This Row],[Front]],2)*VLOOKUP(VALUE(TRIM(CLEAN(RIGHT(TableM1[[#This Row],[Front]],2)))),TableLasers[],COLUMN(TableLasers[S-DPH]),FALSE),LEFT(TableM1[[#This Row],[Back]],2)*VLOOKUP(VALUE(TRIM(CLEAN(RIGHT(TableM1[[#This Row],[Back]],2)))),TableLasers[],COLUMN(TableLasers[S-DPH]),FALSE),LEFT(TableM1[[#This Row],[Left]],2)*VLOOKUP(VALUE(TRIM(CLEAN(RIGHT(TableM1[[#This Row],[Left]],2)))),TableLasers[],COLUMN(TableLasers[S-DPH]),FALSE),LEFT(TableM1[[#This Row],[Right]],2)*VLOOKUP(VALUE(TRIM(CLEAN(RIGHT(TableM1[[#This Row],[Right]],2)))),TableLasers[],COLUMN(TableLasers[S-DPH]),FALSE),LEFT(TableM1[[#This Row],[Up]],2)*VLOOKUP(VALUE(TRIM(CLEAN(RIGHT(TableM1[[#This Row],[Up]],2)))),TableLasers[],COLUMN(TableLasers[S-DPH]),FALSE),LEFT(TableM1[[#This Row],[Down]],2)*VLOOKUP(VALUE(TRIM(CLEAN(RIGHT(TableM1[[#This Row],[Down]],2)))),TableLasers[],COLUMN(TableLasers[S-DPH]),FALSE))","v":664632},{"$f":"SUM(LEFT(TableM1[[#This Row],[Main]],2)*VLOOKUP(VALUE(TRIM(CLEAN(RIGHT(TableM1[[#This Row],[Main]],2)))),TableLasers[],COLUMN(TableLasers[H-DPH]),FALSE),LEFT(TableM1[[#This Row],[Front]],2)*VLOOKUP(VALUE(TRIM(CLEAN(RIGHT(TableM1[[#This Row],[Front]],2)))),TableLasers[],COLUMN(TableLasers[H-DPH]),FALSE),LEFT(TableM1[[#This Row],[Back]],2)*VLOOKUP(VALUE(TRIM(CLEAN(RIGHT(TableM1[[#This Row],[Back]],2)))),TableLasers[],COLUMN(TableLasers[H-DPH]),FALSE),LEFT(TableM1[[#This Row],[Left]],2)*VLOOKUP(VALUE(TRIM(CLEAN(RIGHT(TableM1[[#This Row],[Left]],2)))),TableLasers[],COLUMN(TableLasers[H-DPH]),FALSE),LEFT(TableM1[[#This Row],[Right]],2)*VLOOKUP(VALUE(TRIM(CLEAN(RIGHT(TableM1[[#This Row],[Right]],2)))),TableLasers[],COLUMN(TableLasers[H-DPH]),FALSE),LEFT(TableM1[[#This Row],[Up]],2)*VLOOKUP(VALUE(TRIM(CLEAN(RIGHT(TableM1[[#This Row],[Up]],2)))),TableLasers[],COLUMN(TableLasers[H-DPH]),FALSE),LEFT(TableM1[[#This Row],[Down]],2)*VLOOKUP(VALUE(TRIM(CLEAN(RIGHT(TableM1[[#This Row],[Down]],2)))),TableLasers[],COLUMN(TableLasers[H-DPH]),FALSE))","v":100488},"00::00","04::32","04::20","06::32","06::32","04::06","04::06",null,4,4,6,6,4,4,null,"3,20,31,32,2,30,28,29,35","3,6,7,20,22,28,29,35","3,20,31,32,2,30","3,20,31,32,2,30","0,1,3,6,7,22","0,1,3,6,7,22","0,1,3,5,12,17,22,23,10,11,13,14,18,19,25,35"]
[304,"Yaki","M1","Hoshi",null,112,70,10,"XXL",280000,"2 GJ ",2,9200,363.63636363636402,28,102000,2299.998,8800,40,{"$f":"SUM(LEFT(TableM1[[#This Row],[Main]],2)*VLOOKUP(VALUE(TRIM(CLEAN(RIGHT(TableM1[[#This Row],[Main]],2)))),TableLasers[],COLUMN(TableLasers[S-DPH]),FALSE),LEFT(TableM1[[#This Row],[Front]],2)*VLOOKUP(VALUE(TRIM(CLEAN(RIGHT(TableM1[[#This Row],[Front]],2)))),TableLasers[],COLUMN(TableLasers[S-DPH]),FALSE),LEFT(TableM1[[#This Row],[Back]],2)*VLOOKUP(VALUE(TRIM(CLEAN(RIGHT(TableM1[[#This Row],[Back]],2)))),TableLasers[],COLUMN(TableLasers[S-DPH]),FALSE),LEFT(TableM1[[#This Row],[Left]],2)*VLOOKUP(VALUE(TRIM(CLEAN(RIGHT(TableM1[[#This Row],[Left]],2)))),TableLasers[],COLUMN(TableLasers[S-DPH]),FALSE),LEFT(TableM1[[#This Row],[Right]],2)*VLOOKUP(VALUE(TRIM(CLEAN(RIGHT(TableM1[[#This Row],[Right]],2)))),TableLasers[],COLUMN(TableLasers[S-DPH]),FALSE),LEFT(TableM1[[#This Row],[Up]],2)*VLOOKUP(VALUE(TRIM(CLEAN(RIGHT(TableM1[[#This Row],[Up]],2)))),TableLasers[],COLUMN(TableLasers[S-DPH]),FALSE),LEFT(TableM1[[#This Row],[Down]],2)*VLOOKUP(VALUE(TRIM(CLEAN(RIGHT(TableM1[[#This Row],[Down]],2)))),TableLasers[],COLUMN(TableLasers[S-DPH]),FALSE))","v":664632},{"$f":"SUM(LEFT(TableM1[[#This Row],[Main]],2)*VLOOKUP(VALUE(TRIM(CLEAN(RIGHT(TableM1[[#This Row],[Main]],2)))),TableLasers[],COLUMN(TableLasers[H-DPH]),FALSE),LEFT(TableM1[[#This Row],[Front]],2)*VLOOKUP(VALUE(TRIM(CLEAN(RIGHT(TableM1[[#This Row],[Front]],2)))),TableLasers[],COLUMN(TableLasers[H-DPH]),FALSE),LEFT(TableM1[[#This Row],[Back]],2)*VLOOKUP(VALUE(TRIM(CLEAN(RIGHT(TableM1[[#This Row],[Back]],2)))),TableLasers[],COLUMN(TableLasers[H-DPH]),FALSE),LEFT(TableM1[[#This Row],[Left]],2)*VLOOKUP(VALUE(TRIM(CLEAN(RIGHT(TableM1[[#This Row],[Left]],2)))),TableLasers[],COLUMN(TableLasers[H-DPH]),FALSE),LEFT(TableM1[[#This Row],[Right]],2)*VLOOKUP(VALUE(TRIM(CLEAN(RIGHT(TableM1[[#This Row],[Right]],2)))),TableLasers[],COLUMN(TableLasers[H-DPH]),FALSE),LEFT(TableM1[[#This Row],[Up]],2)*VLOOKUP(VALUE(TRIM(CLEAN(RIGHT(TableM1[[#This Row],[Up]],2)))),TableLasers[],COLUMN(TableLasers[H-DPH]),FALSE),LEFT(TableM1[[#This Row],[Down]],2)*VLOOKUP(VALUE(TRIM(CLEAN(RIGHT(TableM1[[#This Row],[Down]],2)))),TableLasers[],COLUMN(TableLasers[H-DPH]),FALSE))","v":100488},"00::00","04::32","04::20","06::32","06::32","04::06","04::06",null,4,4,6,6,4,4,null,"3,20,31,32,2,30,28,29,35","3,6,7,20,22,28,29,35","3,20,31,32,2,30","3,20,31,32,2,30","0,1,3,6,7,22","0,1,3,6,7,22","0,1,3,5,12,17,22,23,10,11,13,14,18,19,25,41,35"]
[316,"Goner","M1","Mobile Repair Ship",null,12.18,8.6999999999999993,5,"XXL",340000,"2 GJ ",6,34200,363.63636363636402,0,38500,577.5,120000,30,{"$f":"SUM(LEFT(TableM1[[#This Row],[Main]],2)*VLOOKUP(VALUE(TRIM(CLEAN(RIGHT(TableM1[[#This Row],[Main]],2)))),TableLasers[],COLUMN(TableLasers[S-DPH]),FALSE),LEFT(TableM1[[#This Row],[Front]],2)*VLOOKUP(VALUE(TRIM(CLEAN(RIGHT(TableM1[[#This Row],[Front]],2)))),TableLasers[],COLUMN(TableLasers[S-DPH]),FALSE),LEFT(TableM1[[#This Row],[Back]],2)*VLOOKUP(VALUE(TRIM(CLEAN(RIGHT(TableM1[[#This Row],[Back]],2)))),TableLasers[],COLUMN(TableLasers[S-DPH]),FALSE),LEFT(TableM1[[#This Row],[Left]],2)*VLOOKUP(VALUE(TRIM(CLEAN(RIGHT(TableM1[[#This Row],[Left]],2)))),TableLasers[],COLUMN(TableLasers[S-DPH]),FALSE),LEFT(TableM1[[#This Row],[Right]],2)*VLOOKUP(VALUE(TRIM(CLEAN(RIGHT(TableM1[[#This Row],[Right]],2)))),TableLasers[],COLUMN(TableLasers[S-DPH]),FALSE),LEFT(TableM1[[#This Row],[Up]],2)*VLOOKUP(VALUE(TRIM(CLEAN(RIGHT(TableM1[[#This Row],[Up]],2)))),TableLasers[],COLUMN(TableLasers[S-DPH]),FALSE),LEFT(TableM1[[#This Row],[Down]],2)*VLOOKUP(VALUE(TRIM(CLEAN(RIGHT(TableM1[[#This Row],[Down]],2)))),TableLasers[],COLUMN(TableLasers[S-DPH]),FALSE))","v":0},{"$f":"SUM(LEFT(TableM1[[#This Row],[Main]],2)*VLOOKUP(VALUE(TRIM(CLEAN(RIGHT(TableM1[[#This Row],[Main]],2)))),TableLasers[],COLUMN(TableLasers[H-DPH]),FALSE),LEFT(TableM1[[#This Row],[Front]],2)*VLOOKUP(VALUE(TRIM(CLEAN(RIGHT(TableM1[[#This Row],[Front]],2)))),TableLasers[],COLUMN(TableLasers[H-DPH]),FALSE),LEFT(TableM1[[#This Row],[Back]],2)*VLOOKUP(VALUE(TRIM(CLEAN(RIGHT(TableM1[[#This Row],[Back]],2)))),TableLasers[],COLUMN(TableLasers[H-DPH]),FALSE),LEFT(TableM1[[#This Row],[Left]],2)*VLOOKUP(VALUE(TRIM(CLEAN(RIGHT(TableM1[[#This Row],[Left]],2)))),TableLasers[],COLUMN(TableLasers[H-DPH]),FALSE),LEFT(TableM1[[#This Row],[Right]],2)*VLOOKUP(VALUE(TRIM(CLEAN(RIGHT(TableM1[[#This Row],[Right]],2)))),TableLasers[],COLUMN(TableLasers[H-DPH]),FALSE),LEFT(TableM1[[#This Row],[Up]],2)*VLOOKUP(VALUE(TRIM(CLEAN(RIGHT(TableM1[[#This Row],[Up]],2)))),TableLasers[],COLUMN(TableLasers[H-DPH]),FALSE),LEFT(TableM1[[#This Row],[Down]],2)*VLOOKUP(VALUE(TRIM(CLEAN(RIGHT(TableM1[[#This Row],[Down]],2)))),TableLasers[],COLUMN(TableLasers[H-DPH]),FALSE))","v":0},"00::00","00::23","00::23","00::00","00::00","00::23","00::00",null,null,null,null,null,null,null,null,"0,1,3,4,23","0,1,3,4,23",null,null,"0,1,3,4,23",null,35]
[366,"Kha'ak","M1","Guardian",null,0,0,14,"XXL",250000,"2 GJ ",3,10500,363.63636363636402,8,165000,4950,9000,3,{"$f":"SUM(LEFT(TableM1[[#This Row],[Main]],2)*VLOOKUP(VALUE(TRIM(CLEAN(RIGHT(TableM1[[#This Row],[Main]],2)))),TableLasers[],COLUMN(TableLasers[S-DPH]),FALSE),LEFT(TableM1[[#This Row],[Front]],2)*VLOOKUP(VALUE(TRIM(CLEAN(RIGHT(TableM1[[#This Row],[Front]],2)))),TableLasers[],COLUMN(TableLasers[S-DPH]),FALSE),LEFT(TableM1[[#This Row],[Back]],2)*VLOOKUP(VALUE(TRIM(CLEAN(RIGHT(TableM1[[#This Row],[Back]],2)))),TableLasers[],COLUMN(TableLasers[S-DPH]),FALSE),LEFT(TableM1[[#This Row],[Left]],2)*VLOOKUP(VALUE(TRIM(CLEAN(RIGHT(TableM1[[#This Row],[Left]],2)))),TableLasers[],COLUMN(TableLasers[S-DPH]),FALSE),LEFT(TableM1[[#This Row],[Right]],2)*VLOOKUP(VALUE(TRIM(CLEAN(RIGHT(TableM1[[#This Row],[Right]],2)))),TableLasers[],COLUMN(TableLasers[S-DPH]),FALSE),LEFT(TableM1[[#This Row],[Up]],2)*VLOOKUP(VALUE(TRIM(CLEAN(RIGHT(TableM1[[#This Row],[Up]],2)))),TableLasers[],COLUMN(TableLasers[S-DPH]),FALSE),LEFT(TableM1[[#This Row],[Down]],2)*VLOOKUP(VALUE(TRIM(CLEAN(RIGHT(TableM1[[#This Row],[Down]],2)))),TableLasers[],COLUMN(TableLasers[S-DPH]),FALSE))","v":340800},{"$f":"SUM(LEFT(TableM1[[#This Row],[Main]],2)*VLOOKUP(VALUE(TRIM(CLEAN(RIGHT(TableM1[[#This Row],[Main]],2)))),TableLasers[],COLUMN(TableLasers[H-DPH]),FALSE),LEFT(TableM1[[#This Row],[Front]],2)*VLOOKUP(VALUE(TRIM(CLEAN(RIGHT(TableM1[[#This Row],[Front]],2)))),TableLasers[],COLUMN(TableLasers[H-DPH]),FALSE),LEFT(TableM1[[#This Row],[Back]],2)*VLOOKUP(VALUE(TRIM(CLEAN(RIGHT(TableM1[[#This Row],[Back]],2)))),TableLasers[],COLUMN(TableLasers[H-DPH]),FALSE),LEFT(TableM1[[#This Row],[Left]],2)*VLOOKUP(VALUE(TRIM(CLEAN(RIGHT(TableM1[[#This Row],[Left]],2)))),TableLasers[],COLUMN(TableLasers[H-DPH]),FALSE),LEFT(TableM1[[#This Row],[Right]],2)*VLOOKUP(VALUE(TRIM(CLEAN(RIGHT(TableM1[[#This Row],[Right]],2)))),TableLasers[],COLUMN(TableLasers[H-DPH]),FALSE),LEFT(TableM1[[#This Row],[Up]],2)*VLOOKUP(VALUE(TRIM(CLEAN(RIGHT(TableM1[[#This Row],[Up]],2)))),TableLasers[],COLUMN(TableLasers[H-DPH]),FALSE),LEFT(TableM1[[#This Row],[Down]],2)*VLOOKUP(VALUE(TRIM(CLEAN(RIGHT(TableM1[[#This Row],[Down]],2)))),TableLasers[],COLUMN(TableLasers[H-DPH]),FALSE))","v":68800},"00::44","02::44","02::44","02::44","02::44","00::00","00::00",null,2,2,2,2,null,null,"42,43,44","42,43,44","42,43,44","42,43,44","42,43,44",null,null,"26,40"]
[368,"Terran","M1","Lasertower",null,0,0,0,"XXL",250000,"2 GJ ",3,11500,363.63636363636402,2,165000,4950,9000,0,{"$f":"SUM(LEFT(TableM1[[#This Row],[Main]],2)*VLOOKUP(VALUE(TRIM(CLEAN(RIGHT(TableM1[[#This Row],[Main]],2)))),TableLasers[],COLUMN(TableLasers[S-DPH]),FALSE),LEFT(TableM1[[#This Row],[Front]],2)*VLOOKUP(VALUE(TRIM(CLEAN(RIGHT(TableM1[[#This Row],[Front]],2)))),TableLasers[],COLUMN(TableLasers[S-DPH]),FALSE),LEFT(TableM1[[#This Row],[Back]],2)*VLOOKUP(VALUE(TRIM(CLEAN(RIGHT(TableM1[[#This Row],[Back]],2)))),TableLasers[],COLUMN(TableLasers[S-DPH]),FALSE),LEFT(TableM1[[#This Row],[Left]],2)*VLOOKUP(VALUE(TRIM(CLEAN(RIGHT(TableM1[[#This Row],[Left]],2)))),TableLasers[],COLUMN(TableLasers[S-DPH]),FALSE),LEFT(TableM1[[#This Row],[Right]],2)*VLOOKUP(VALUE(TRIM(CLEAN(RIGHT(TableM1[[#This Row],[Right]],2)))),TableLasers[],COLUMN(TableLasers[S-DPH]),FALSE),LEFT(TableM1[[#This Row],[Up]],2)*VLOOKUP(VALUE(TRIM(CLEAN(RIGHT(TableM1[[#This Row],[Up]],2)))),TableLasers[],COLUMN(TableLasers[S-DPH]),FALSE),LEFT(TableM1[[#This Row],[Down]],2)*VLOOKUP(VALUE(TRIM(CLEAN(RIGHT(TableM1[[#This Row],[Down]],2)))),TableLasers[],COLUMN(TableLasers[S-DPH]),FALSE))","v":19600},{"$f":"SUM(LEFT(TableM1[[#This Row],[Main]],2)*VLOOKUP(VALUE(TRIM(CLEAN(RIGHT(TableM1[[#This Row],[Main]],2)))),TableLasers[],COLUMN(TableLasers[H-DPH]),FALSE),LEFT(TableM1[[#This Row],[Front]],2)*VLOOKUP(VALUE(TRIM(CLEAN(RIGHT(TableM1[[#This Row],[Front]],2)))),TableLasers[],COLUMN(TableLasers[H-DPH]),FALSE),LEFT(TableM1[[#This Row],[Back]],2)*VLOOKUP(VALUE(TRIM(CLEAN(RIGHT(TableM1[[#This Row],[Back]],2)))),TableLasers[],COLUMN(TableLasers[H-DPH]),FALSE),LEFT(TableM1[[#This Row],[Left]],2)*VLOOKUP(VALUE(TRIM(CLEAN(RIGHT(TableM1[[#This Row],[Left]],2)))),TableLasers[],COLUMN(TableLasers[H-DPH]),FALSE),LEFT(TableM1[[#This Row],[Right]],2)*VLOOKUP(VALUE(TRIM(CLEAN(RIGHT(TableM1[[#This Row],[Right]],2)))),TableLasers[],COLUMN(TableLasers[H-DPH]),FALSE),LEFT(TableM1[[#This Row],[Up]],2)*VLOOKUP(VALUE(TRIM(CLEAN(RIGHT(TableM1[[#This Row],[Up]],2)))),TableLasers[],COLUMN(TableLasers[H-DPH]),FALSE),LEFT(TableM1[[#This Row],[Down]],2)*VLOOKUP(VALUE(TRIM(CLEAN(RIGHT(TableM1[[#This Row],[Down]],2)))),TableLasers[],COLUMN(TableLasers[H-DPH]),FALSE))","v":4200},"00::00","02::17","00::00","00::00","00::00","00::00","00::00",null,2,null,null,null,null,null,null,"10,11,16,17"]
[450,"Terran","M1","Large Orbital Weapons Platform",null,0,0,14,"XXL",700000,"2 GJ ",12,18720,727.27272727272702,30,450000,11250,10000,25,{"$f":"SUM(LEFT(TableM1[[#This Row],[Main]],2)*VLOOKUP(VALUE(TRIM(CLEAN(RIGHT(TableM1[[#This Row],[Main]],2)))),TableLasers[],COLUMN(TableLasers[S-DPH]),FALSE),LEFT(TableM1[[#This Row],[Front]],2)*VLOOKUP(VALUE(TRIM(CLEAN(RIGHT(TableM1[[#This Row],[Front]],2)))),TableLasers[],COLUMN(TableLasers[S-DPH]),FALSE),LEFT(TableM1[[#This Row],[Back]],2)*VLOOKUP(VALUE(TRIM(CLEAN(RIGHT(TableM1[[#This Row],[Back]],2)))),TableLasers[],COLUMN(TableLasers[S-DPH]),FALSE),LEFT(TableM1[[#This Row],[Left]],2)*VLOOKUP(VALUE(TRIM(CLEAN(RIGHT(TableM1[[#This Row],[Left]],2)))),TableLasers[],COLUMN(TableLasers[S-DPH]),FALSE),LEFT(TableM1[[#This Row],[Right]],2)*VLOOKUP(VALUE(TRIM(CLEAN(RIGHT(TableM1[[#This Row],[Right]],2)))),TableLasers[],COLUMN(TableLasers[S-DPH]),FALSE),LEFT(TableM1[[#This Row],[Up]],2)*VLOOKUP(VALUE(TRIM(CLEAN(RIGHT(TableM1[[#This Row],[Up]],2)))),TableLasers[],COLUMN(TableLasers[S-DPH]),FALSE),LEFT(TableM1[[#This Row],[Down]],2)*VLOOKUP(VALUE(TRIM(CLEAN(RIGHT(TableM1[[#This Row],[Down]],2)))),TableLasers[],COLUMN(TableLasers[S-DPH]),FALSE))","v":1983000},{"$f":"SUM(LEFT(TableM1[[#This Row],[Main]],2)*VLOOKUP(VALUE(TRIM(CLEAN(RIGHT(TableM1[[#This Row],[Main]],2)))),TableLasers[],COLUMN(TableLasers[H-DPH]),FALSE),LEFT(TableM1[[#This Row],[Front]],2)*VLOOKUP(VALUE(TRIM(CLEAN(RIGHT(TableM1[[#This Row],[Front]],2)))),TableLasers[],COLUMN(TableLasers[H-DPH]),FALSE),LEFT(TableM1[[#This Row],[Back]],2)*VLOOKUP(VALUE(TRIM(CLEAN(RIGHT(TableM1[[#This Row],[Back]],2)))),TableLasers[],COLUMN(TableLasers[H-DPH]),FALSE),LEFT(TableM1[[#This Row],[Left]],2)*VLOOKUP(VALUE(TRIM(CLEAN(RIGHT(TableM1[[#This Row],[Left]],2)))),TableLasers[],COLUMN(TableLasers[H-DPH]),FALSE),LEFT(TableM1[[#This Row],[Right]],2)*VLOOKUP(VALUE(TRIM(CLEAN(RIGHT(TableM1[[#This Row],[Right]],2)))),TableLasers[],COLUMN(TableLasers[H-DPH]),FALSE),LEFT(TableM1[[#This Row],[Up]],2)*VLOOKUP(VALUE(TRIM(CLEAN(RIGHT(TableM1[[#This Row],[Up]],2)))),TableLasers[],COLUMN(TableLasers[H-DPH]),FALSE),LEFT(TableM1[[#This Row],[Down]],2)*VLOOKUP(VALUE(TRIM(CLEAN(RIGHT(TableM1[[#This Row],[Down]],2)))),TableLasers[],COLUMN(TableLasers[H-DPH]),FALSE))","v":432000},"00::00","06::37","00::00","06::37","06::37","06::26","06::26",null,6,null,6,6,6,6,null,"16,17,37,38",null,"16,17,37,38","16,17,37,38","10,11,26","10,11,26","4,15,16,20,24,27,36,37,38,28,39,32"]
[458,"Argon","M1","Colossus","Mk I",82.08,51.3,10,"XXL",330000,"1 GJ ",4,8000,217.39130434782601,21,75900,1669.7240999999999,11800,40,{"$f":"SUM(LEFT(TableM1[[#This Row],[Main]],2)*VLOOKUP(VALUE(TRIM(CLEAN(RIGHT(TableM1[[#This Row],[Main]],2)))),TableLasers[],COLUMN(TableLasers[S-DPH]),FALSE),LEFT(TableM1[[#This Row],[Front]],2)*VLOOKUP(VALUE(TRIM(CLEAN(RIGHT(TableM1[[#This Row],[Front]],2)))),TableLasers[],COLUMN(TableLasers[S-DPH]),FALSE),LEFT(TableM1[[#This Row],[Back]],2)*VLOOKUP(VALUE(TRIM(CLEAN(RIGHT(TableM1[[#This Row],[Back]],2)))),TableLasers[],COLUMN(TableLasers[S-DPH]),FALSE),LEFT(TableM1[[#This Row],[Left]],2)*VLOOKUP(VALUE(TRIM(CLEAN(RIGHT(TableM1[[#This Row],[Left]],2)))),TableLasers[],COLUMN(TableLasers[S-DPH]),FALSE),LEFT(TableM1[[#This Row],[Right]],2)*VLOOKUP(VALUE(TRIM(CLEAN(RIGHT(TableM1[[#This Row],[Right]],2)))),TableLasers[],COLUMN(TableLasers[S-DPH]),FALSE),LEFT(TableM1[[#This Row],[Up]],2)*VLOOKUP(VALUE(TRIM(CLEAN(RIGHT(TableM1[[#This Row],[Up]],2)))),TableLasers[],COLUMN(TableLasers[S-DPH]),FALSE),LEFT(TableM1[[#This Row],[Down]],2)*VLOOKUP(VALUE(TRIM(CLEAN(RIGHT(TableM1[[#This Row],[Down]],2)))),TableLasers[],COLUMN(TableLasers[S-DPH]),FALSE))","v":451003},{"$f":"SUM(LEFT(TableM1[[#This Row],[Main]],2)*VLOOKUP(VALUE(TRIM(CLEAN(RIGHT(TableM1[[#This Row],[Main]],2)))),TableLasers[],COLUMN(TableLasers[H-DPH]),FALSE),LEFT(TableM1[[#This Row],[Front]],2)*VLOOKUP(VALUE(TRIM(CLEAN(RIGHT(TableM1[[#This Row],[Front]],2)))),TableLasers[],COLUMN(TableLasers[H-DPH]),FALSE),LEFT(TableM1[[#This Row],[Back]],2)*VLOOKUP(VALUE(TRIM(CLEAN(RIGHT(TableM1[[#This Row],[Back]],2)))),TableLasers[],COLUMN(TableLasers[H-DPH]),FALSE),LEFT(TableM1[[#This Row],[Left]],2)*VLOOKUP(VALUE(TRIM(CLEAN(RIGHT(TableM1[[#This Row],[Left]],2)))),TableLasers[],COLUMN(TableLasers[H-DPH]),FALSE),LEFT(TableM1[[#This Row],[Right]],2)*VLOOKUP(VALUE(TRIM(CLEAN(RIGHT(TableM1[[#This Row],[Right]],2)))),TableLasers[],COLUMN(TableLasers[H-DPH]),FALSE),LEFT(TableM1[[#This Row],[Up]],2)*VLOOKUP(VALUE(TRIM(CLEAN(RIGHT(TableM1[[#This Row],[Up]],2)))),TableLasers[],COLUMN(TableLasers[H-DPH]),FALSE),LEFT(TableM1[[#This Row],[Down]],2)*VLOOKUP(VALUE(TRIM(CLEAN(RIGHT(TableM1[[#This Row],[Down]],2)))),TableLasers[],COLUMN(TableLasers[H-DPH]),FALSE))","v":100412},"00::00","05::39","04::13","02::39","02::39","04::23","04::23",null,5,4,2,2,4,4,null,"3,13,40,39","3,4,23,13,28,29,35","3,13,40,39","3,13,40,39","0,1,3,4,23","0,1,3,4,23","0,1,3,5,12,17,22,23,10,11,13,14,18,19,25,35"]
[467,"Boron","M1","Shark","Mk I",94.276799999999994,52.375999999999998,10,"XXL",290000,"1 GJ ",5,9000,434.78260869565202,16,85850,1888.6141500000001,12000,36,{"$f":"SUM(LEFT(TableM1[[#This Row],[Main]],2)*VLOOKUP(VALUE(TRIM(CLEAN(RIGHT(TableM1[[#This Row],[Main]],2)))),TableLasers[],COLUMN(TableLasers[S-DPH]),FALSE),LEFT(TableM1[[#This Row],[Front]],2)*VLOOKUP(VALUE(TRIM(CLEAN(RIGHT(TableM1[[#This Row],[Front]],2)))),TableLasers[],COLUMN(TableLasers[S-DPH]),FALSE),LEFT(TableM1[[#This Row],[Back]],2)*VLOOKUP(VALUE(TRIM(CLEAN(RIGHT(TableM1[[#This Row],[Back]],2)))),TableLasers[],COLUMN(TableLasers[S-DPH]),FALSE),LEFT(TableM1[[#This Row],[Left]],2)*VLOOKUP(VALUE(TRIM(CLEAN(RIGHT(TableM1[[#This Row],[Left]],2)))),TableLasers[],COLUMN(TableLasers[S-DPH]),FALSE),LEFT(TableM1[[#This Row],[Right]],2)*VLOOKUP(VALUE(TRIM(CLEAN(RIGHT(TableM1[[#This Row],[Right]],2)))),TableLasers[],COLUMN(TableLasers[S-DPH]),FALSE),LEFT(TableM1[[#This Row],[Up]],2)*VLOOKUP(VALUE(TRIM(CLEAN(RIGHT(TableM1[[#This Row],[Up]],2)))),TableLasers[],COLUMN(TableLasers[S-DPH]),FALSE),LEFT(TableM1[[#This Row],[Down]],2)*VLOOKUP(VALUE(TRIM(CLEAN(RIGHT(TableM1[[#This Row],[Down]],2)))),TableLasers[],COLUMN(TableLasers[S-DPH]),FALSE))","v":653600},{"$f":"SUM(LEFT(TableM1[[#This Row],[Main]],2)*VLOOKUP(VALUE(TRIM(CLEAN(RIGHT(TableM1[[#This Row],[Main]],2)))),TableLasers[],COLUMN(TableLasers[H-DPH]),FALSE),LEFT(TableM1[[#This Row],[Front]],2)*VLOOKUP(VALUE(TRIM(CLEAN(RIGHT(TableM1[[#This Row],[Front]],2)))),TableLasers[],COLUMN(TableLasers[H-DPH]),FALSE),LEFT(TableM1[[#This Row],[Back]],2)*VLOOKUP(VALUE(TRIM(CLEAN(RIGHT(TableM1[[#This Row],[Back]],2)))),TableLasers[],COLUMN(TableLasers[H-DPH]),FALSE),LEFT(TableM1[[#This Row],[Left]],2)*VLOOKUP(VALUE(TRIM(CLEAN(RIGHT(TableM1[[#This Row],[Left]],2)))),TableLasers[],COLUMN(TableLasers[H-DPH]),FALSE),LEFT(TableM1[[#This Row],[Right]],2)*VLOOKUP(VALUE(TRIM(CLEAN(RIGHT(TableM1[[#This Row],[Right]],2)))),TableLasers[],COLUMN(TableLasers[H-DPH]),FALSE),LEFT(TableM1[[#This Row],[Up]],2)*VLOOKUP(VALUE(TRIM(CLEAN(RIGHT(TableM1[[#This Row],[Up]],2)))),TableLasers[],COLUMN(TableLasers[H-DPH]),FALSE),LEFT(TableM1[[#This Row],[Down]],2)*VLOOKUP(VALUE(TRIM(CLEAN(RIGHT(TableM1[[#This Row],[Down]],2)))),TableLasers[],COLUMN(TableLasers[H-DPH]),FALSE))","v":11200},"00::00","04::36","00::00","02::36","02::36","04::14","04::14",null,4,null,2,2,4,4,null,"8,14,36",null,"8,14,36,40","8,14,36,40","0,1,4,23,8,14","0,1,4,23,8,14","0,1,3,5,12,17,22,23,10,11,13,14,18,19,25,35"]
[474,"Teladi","M1","Condor","Mk I",58.273600000000002,41.624000000000002,7,"XXL",410000,"1 GJ ",7,7200,434.78260869565202,18,89900,1708.0101,12000,30,{"$f":"SUM(LEFT(TableM1[[#This Row],[Main]],2)*VLOOKUP(VALUE(TRIM(CLEAN(RIGHT(TableM1[[#This Row],[Main]],2)))),TableLasers[],COLUMN(TableLasers[S-DPH]),FALSE),LEFT(TableM1[[#This Row],[Front]],2)*VLOOKUP(VALUE(TRIM(CLEAN(RIGHT(TableM1[[#This Row],[Front]],2)))),TableLasers[],COLUMN(TableLasers[S-DPH]),FALSE),LEFT(TableM1[[#This Row],[Back]],2)*VLOOKUP(VALUE(TRIM(CLEAN(RIGHT(TableM1[[#This Row],[Back]],2)))),TableLasers[],COLUMN(TableLasers[S-DPH]),FALSE),LEFT(TableM1[[#This Row],[Left]],2)*VLOOKUP(VALUE(TRIM(CLEAN(RIGHT(TableM1[[#This Row],[Left]],2)))),TableLasers[],COLUMN(TableLasers[S-DPH]),FALSE),LEFT(TableM1[[#This Row],[Right]],2)*VLOOKUP(VALUE(TRIM(CLEAN(RIGHT(TableM1[[#This Row],[Right]],2)))),TableLasers[],COLUMN(TableLasers[S-DPH]),FALSE),LEFT(TableM1[[#This Row],[Up]],2)*VLOOKUP(VALUE(TRIM(CLEAN(RIGHT(TableM1[[#This Row],[Up]],2)))),TableLasers[],COLUMN(TableLasers[S-DPH]),FALSE),LEFT(TableM1[[#This Row],[Down]],2)*VLOOKUP(VALUE(TRIM(CLEAN(RIGHT(TableM1[[#This Row],[Down]],2)))),TableLasers[],COLUMN(TableLasers[S-DPH]),FALSE))","v":538056},{"$f":"SUM(LEFT(TableM1[[#This Row],[Main]],2)*VLOOKUP(VALUE(TRIM(CLEAN(RIGHT(TableM1[[#This Row],[Main]],2)))),TableLasers[],COLUMN(TableLasers[H-DPH]),FALSE),LEFT(TableM1[[#This Row],[Front]],2)*VLOOKUP(VALUE(TRIM(CLEAN(RIGHT(TableM1[[#This Row],[Front]],2)))),TableLasers[],COLUMN(TableLasers[H-DPH]),FALSE),LEFT(TableM1[[#This Row],[Back]],2)*VLOOKUP(VALUE(TRIM(CLEAN(RIGHT(TableM1[[#This Row],[Back]],2)))),TableLasers[],COLUMN(TableLasers[H-DPH]),FALSE),LEFT(TableM1[[#This Row],[Left]],2)*VLOOKUP(VALUE(TRIM(CLEAN(RIGHT(TableM1[[#This Row],[Left]],2)))),TableLasers[],COLUMN(TableLasers[H-DPH]),FALSE),LEFT(TableM1[[#This Row],[Right]],2)*VLOOKUP(VALUE(TRIM(CLEAN(RIGHT(TableM1[[#This Row],[Right]],2)))),TableLasers[],COLUMN(TableLasers[H-DPH]),FALSE),LEFT(TableM1[[#This Row],[Up]],2)*VLOOKUP(VALUE(TRIM(CLEAN(RIGHT(TableM1[[#This Row],[Up]],2)))),TableLasers[],COLUMN(TableLasers[H-DPH]),FALSE),LEFT(TableM1[[#This Row],[Down]],2)*VLOOKUP(VALUE(TRIM(CLEAN(RIGHT(TableM1[[#This Row],[Down]],2)))),TableLasers[],COLUMN(TableLasers[H-DPH]),FALSE))","v":94824},"00::00","06::34","04::18","02::34","02::34","02::18","02::18",null,6,4,2,2,2,2,null,"5,18,34","5,18,21,28,29,35","5,18,34,2,30","5,18,34,2,30","0,1,5,18,21","0,1,5,18,21","0,1,3,5,12,17,22,23,10,11,13,14,18,19,25,35"]
[481,"Split","M1","Raptor","Mk I",113.76439999999999,59.875999999999998,10,"XXL",280000,"1 GJ ",3,8700,217.39130434782601,20,93850,1876.90615,10100,44,{"$f":"SUM(LEFT(TableM1[[#This Row],[Main]],2)*VLOOKUP(VALUE(TRIM(CLEAN(RIGHT(TableM1[[#This Row],[Main]],2)))),TableLasers[],COLUMN(TableLasers[S-DPH]),FALSE),LEFT(TableM1[[#This Row],[Front]],2)*VLOOKUP(VALUE(TRIM(CLEAN(RIGHT(TableM1[[#This Row],[Front]],2)))),TableLasers[],COLUMN(TableLasers[S-DPH]),FALSE),LEFT(TableM1[[#This Row],[Back]],2)*VLOOKUP(VALUE(TRIM(CLEAN(RIGHT(TableM1[[#This Row],[Back]],2)))),TableLasers[],COLUMN(TableLasers[S-DPH]),FALSE),LEFT(TableM1[[#This Row],[Left]],2)*VLOOKUP(VALUE(TRIM(CLEAN(RIGHT(TableM1[[#This Row],[Left]],2)))),TableLasers[],COLUMN(TableLasers[S-DPH]),FALSE),LEFT(TableM1[[#This Row],[Right]],2)*VLOOKUP(VALUE(TRIM(CLEAN(RIGHT(TableM1[[#This Row],[Right]],2)))),TableLasers[],COLUMN(TableLasers[S-DPH]),FALSE),LEFT(TableM1[[#This Row],[Up]],2)*VLOOKUP(VALUE(TRIM(CLEAN(RIGHT(TableM1[[#This Row],[Up]],2)))),TableLasers[],COLUMN(TableLasers[S-DPH]),FALSE),LEFT(TableM1[[#This Row],[Down]],2)*VLOOKUP(VALUE(TRIM(CLEAN(RIGHT(TableM1[[#This Row],[Down]],2)))),TableLasers[],COLUMN(TableLasers[S-DPH]),FALSE))","v":498080},{"$f":"SUM(LEFT(TableM1[[#This Row],[Main]],2)*VLOOKUP(VALUE(TRIM(CLEAN(RIGHT(TableM1[[#This Row],[Main]],2)))),TableLasers[],COLUMN(TableLasers[H-DPH]),FALSE),LEFT(TableM1[[#This Row],[Front]],2)*VLOOKUP(VALUE(TRIM(CLEAN(RIGHT(TableM1[[#This Row],[Front]],2)))),TableLasers[],COLUMN(TableLasers[H-DPH]),FALSE),LEFT(TableM1[[#This Row],[Back]],2)*VLOOKUP(VALUE(TRIM(CLEAN(RIGHT(TableM1[[#This Row],[Back]],2)))),TableLasers[],COLUMN(TableLasers[H-DPH]),FALSE),LEFT(TableM1[[#This Row],[Left]],2)*VLOOKUP(VALUE(TRIM(CLEAN(RIGHT(TableM1[[#This Row],[Left]],2)))),TableLasers[],COLUMN(TableLasers[H-DPH]),FALSE),LEFT(TableM1[[#This Row],[Right]],2)*VLOOKUP(VALUE(TRIM(CLEAN(RIGHT(TableM1[[#This Row],[Right]],2)))),TableLasers[],COLUMN(TableLasers[H-DPH]),FALSE),LEFT(TableM1[[#This Row],[Up]],2)*VLOOKUP(VALUE(TRIM(CLEAN(RIGHT(TableM1[[#This Row],[Up]],2)))),TableLasers[],COLUMN(TableLasers[H-DPH]),FALSE),LEFT(TableM1[[#This Row],[Down]],2)*VLOOKUP(VALUE(TRIM(CLEAN(RIGHT(TableM1[[#This Row],[Down]],2)))),TableLasers[],COLUMN(TableLasers[H-DPH]),FALSE))","v":78808},"00::00","04::33","04::15","02::33","02::33","00::00","04::15",null,4,4,2,2,null,4,null,"3,9,15,33","3,9,15,24,28,29,35","3,9,15,33","3,9,15,33",null,"0,1,3,9,15,24","0,1,3,5,12,17,22,23,10,11,13,14,18,19,25,35"]
[487,"Paranid","M1","Zeus","Mk I",70.598399999999998,44.124000000000002,9,"XXL",340000,"1 GJ ",6,8200,434.78260869565202,14,85875,1889.164125,9800,38,{"$f":"SUM(LEFT(TableM1[[#This Row],[Main]],2)*VLOOKUP(VALUE(TRIM(CLEAN(RIGHT(TableM1[[#This Row],[Main]],2)))),TableLasers[],COLUMN(TableLasers[S-DPH]),FALSE),LEFT(TableM1[[#This Row],[Front]],2)*VLOOKUP(VALUE(TRIM(CLEAN(RIGHT(TableM1[[#This Row],[Front]],2)))),TableLasers[],COLUMN(TableLasers[S-DPH]),FALSE),LEFT(TableM1[[#This Row],[Back]],2)*VLOOKUP(VALUE(TRIM(CLEAN(RIGHT(TableM1[[#This Row],[Back]],2)))),TableLasers[],COLUMN(TableLasers[S-DPH]),FALSE),LEFT(TableM1[[#This Row],[Left]],2)*VLOOKUP(VALUE(TRIM(CLEAN(RIGHT(TableM1[[#This Row],[Left]],2)))),TableLasers[],COLUMN(TableLasers[S-DPH]),FALSE),LEFT(TableM1[[#This Row],[Right]],2)*VLOOKUP(VALUE(TRIM(CLEAN(RIGHT(TableM1[[#This Row],[Right]],2)))),TableLasers[],COLUMN(TableLasers[S-DPH]),FALSE),LEFT(TableM1[[#This Row],[Up]],2)*VLOOKUP(VALUE(TRIM(CLEAN(RIGHT(TableM1[[#This Row],[Up]],2)))),TableLasers[],COLUMN(TableLasers[S-DPH]),FALSE),LEFT(TableM1[[#This Row],[Down]],2)*VLOOKUP(VALUE(TRIM(CLEAN(RIGHT(TableM1[[#This Row],[Down]],2)))),TableLasers[],COLUMN(TableLasers[S-DPH]),FALSE))","v":338152},{"$f":"SUM(LEFT(TableM1[[#This Row],[Main]],2)*VLOOKUP(VALUE(TRIM(CLEAN(RIGHT(TableM1[[#This Row],[Main]],2)))),TableLasers[],COLUMN(TableLasers[H-DPH]),FALSE),LEFT(TableM1[[#This Row],[Front]],2)*VLOOKUP(VALUE(TRIM(CLEAN(RIGHT(TableM1[[#This Row],[Front]],2)))),TableLasers[],COLUMN(TableLasers[H-DPH]),FALSE),LEFT(TableM1[[#This Row],[Back]],2)*VLOOKUP(VALUE(TRIM(CLEAN(RIGHT(TableM1[[#This Row],[Back]],2)))),TableLasers[],COLUMN(TableLasers[H-DPH]),FALSE),LEFT(TableM1[[#This Row],[Left]],2)*VLOOKUP(VALUE(TRIM(CLEAN(RIGHT(TableM1[[#This Row],[Left]],2)))),TableLasers[],COLUMN(TableLasers[H-DPH]),FALSE),LEFT(TableM1[[#This Row],[Right]],2)*VLOOKUP(VALUE(TRIM(CLEAN(RIGHT(TableM1[[#This Row],[Right]],2)))),TableLasers[],COLUMN(TableLasers[H-DPH]),FALSE),LEFT(TableM1[[#This Row],[Up]],2)*VLOOKUP(VALUE(TRIM(CLEAN(RIGHT(TableM1[[#This Row],[Up]],2)))),TableLasers[],COLUMN(TableLasers[H-DPH]),FALSE),LEFT(TableM1[[#This Row],[Down]],2)*VLOOKUP(VALUE(TRIM(CLEAN(RIGHT(TableM1[[#This Row],[Down]],2)))),TableLasers[],COLUMN(TableLasers[H-DPH]),FALSE))","v":51208},"00::00","04::32","04::20","02::32","02::32","00::00","02::06",null,4,4,2,2,null,2,null,"20,31,32","6,7,20,22,28,29,35","20,31,32","20,31,32",null,"0,1,6,7,22","0,1,3,5,12,17,22,23,10,11,13,14,18,19,25,35"]
[493,null,"M1","J","Mk I",70.08,46.72,11,"XXL",430000,"1 GJ ",4,9000,217.39130434782601,26,78500,2747.4214999999999,9800,38,{"$f":"SUM(LEFT(TableM1[[#This Row],[Main]],2)*VLOOKUP(VALUE(TRIM(CLEAN(RIGHT(TableM1[[#This Row],[Main]],2)))),TableLasers[],COLUMN(TableLasers[S-DPH]),FALSE),LEFT(TableM1[[#This Row],[Front]],2)*VLOOKUP(VALUE(TRIM(CLEAN(RIGHT(TableM1[[#This Row],[Front]],2)))),TableLasers[],COLUMN(TableLasers[S-DPH]),FALSE),LEFT(TableM1[[#This Row],[Back]],2)*VLOOKUP(VALUE(TRIM(CLEAN(RIGHT(TableM1[[#This Row],[Back]],2)))),TableLasers[],COLUMN(TableLasers[S-DPH]),FALSE),LEFT(TableM1[[#This Row],[Left]],2)*VLOOKUP(VALUE(TRIM(CLEAN(RIGHT(TableM1[[#This Row],[Left]],2)))),TableLasers[],COLUMN(TableLasers[S-DPH]),FALSE),LEFT(TableM1[[#This Row],[Right]],2)*VLOOKUP(VALUE(TRIM(CLEAN(RIGHT(TableM1[[#This Row],[Right]],2)))),TableLasers[],COLUMN(TableLasers[S-DPH]),FALSE),LEFT(TableM1[[#This Row],[Up]],2)*VLOOKUP(VALUE(TRIM(CLEAN(RIGHT(TableM1[[#This Row],[Up]],2)))),TableLasers[],COLUMN(TableLasers[S-DPH]),FALSE),LEFT(TableM1[[#This Row],[Down]],2)*VLOOKUP(VALUE(TRIM(CLEAN(RIGHT(TableM1[[#This Row],[Down]],2)))),TableLasers[],COLUMN(TableLasers[S-DPH]),FALSE))","v":622252},{"$f":"SUM(LEFT(TableM1[[#This Row],[Main]],2)*VLOOKUP(VALUE(TRIM(CLEAN(RIGHT(TableM1[[#This Row],[Main]],2)))),TableLasers[],COLUMN(TableLasers[H-DPH]),FALSE),LEFT(TableM1[[#This Row],[Front]],2)*VLOOKUP(VALUE(TRIM(CLEAN(RIGHT(TableM1[[#This Row],[Front]],2)))),TableLasers[],COLUMN(TableLasers[H-DPH]),FALSE),LEFT(TableM1[[#This Row],[Back]],2)*VLOOKUP(VALUE(TRIM(CLEAN(RIGHT(TableM1[[#This Row],[Back]],2)))),TableLasers[],COLUMN(TableLasers[H-DPH]),FALSE),LEFT(TableM1[[#This Row],[Left]],2)*VLOOKUP(VALUE(TRIM(CLEAN(RIGHT(TableM1[[#This Row],[Left]],2)))),TableLasers[],COLUMN(TableLasers[H-DPH]),FALSE),LEFT(TableM1[[#This Row],[Right]],2)*VLOOKUP(VALUE(TRIM(CLEAN(RIGHT(TableM1[[#This Row],[Right]],2)))),TableLasers[],COLUMN(TableLasers[H-DPH]),FALSE),LEFT(TableM1[[#This Row],[Up]],2)*VLOOKUP(VALUE(TRIM(CLEAN(RIGHT(TableM1[[#This Row],[Up]],2)))),TableLasers[],COLUMN(TableLasers[H-DPH]),FALSE),LEFT(TableM1[[#This Row],[Down]],2)*VLOOKUP(VALUE(TRIM(CLEAN(RIGHT(TableM1[[#This Row],[Down]],2)))),TableLasers[],COLUMN(TableLasers[H-DPH]),FALSE))","v":120822},"00::00","06::41","04::27","04::41","04::41","04::27","04::27",null,6,4,4,4,4,4,null,"12,19,41,27","12,19,27","12,19,41,27","12,19,41,27","12,19,27","12,19,27","0,1,3,5,12,17,22,23,10,11,13,14,18,19,25,4,15,16,20,24,35"]
[512,"Terran","M1","Solaris",null,64,40,8,"XXL",380000,"2 GJ ",6,12660,727.27272727272702,28,230000,3838.7,13500,50,{"$f":"SUM(LEFT(TableM1[[#This Row],[Main]],2)*VLOOKUP(VALUE(TRIM(CLEAN(RIGHT(TableM1[[#This Row],[Main]],2)))),TableLasers[],COLUMN(TableLasers[S-DPH]),FALSE),LEFT(TableM1[[#This Row],[Front]],2)*VLOOKUP(VALUE(TRIM(CLEAN(RIGHT(TableM1[[#This Row],[Front]],2)))),TableLasers[],COLUMN(TableLasers[S-DPH]),FALSE),LEFT(TableM1[[#This Row],[Back]],2)*VLOOKUP(VALUE(TRIM(CLEAN(RIGHT(TableM1[[#This Row],[Back]],2)))),TableLasers[],COLUMN(TableLasers[S-DPH]),FALSE),LEFT(TableM1[[#This Row],[Left]],2)*VLOOKUP(VALUE(TRIM(CLEAN(RIGHT(TableM1[[#This Row],[Left]],2)))),TableLasers[],COLUMN(TableLasers[S-DPH]),FALSE),LEFT(TableM1[[#This Row],[Right]],2)*VLOOKUP(VALUE(TRIM(CLEAN(RIGHT(TableM1[[#This Row],[Right]],2)))),TableLasers[],COLUMN(TableLasers[S-DPH]),FALSE),LEFT(TableM1[[#This Row],[Up]],2)*VLOOKUP(VALUE(TRIM(CLEAN(RIGHT(TableM1[[#This Row],[Up]],2)))),TableLasers[],COLUMN(TableLasers[S-DPH]),FALSE),LEFT(TableM1[[#This Row],[Down]],2)*VLOOKUP(VALUE(TRIM(CLEAN(RIGHT(TableM1[[#This Row],[Down]],2)))),TableLasers[],COLUMN(TableLasers[S-DPH]),FALSE))","v":1348000},{"$f":"SUM(LEFT(TableM1[[#This Row],[Main]],2)*VLOOKUP(VALUE(TRIM(CLEAN(RIGHT(TableM1[[#This Row],[Main]],2)))),TableLasers[],COLUMN(TableLasers[H-DPH]),FALSE),LEFT(TableM1[[#This Row],[Front]],2)*VLOOKUP(VALUE(TRIM(CLEAN(RIGHT(TableM1[[#This Row],[Front]],2)))),TableLasers[],COLUMN(TableLasers[H-DPH]),FALSE),LEFT(TableM1[[#This Row],[Back]],2)*VLOOKUP(VALUE(TRIM(CLEAN(RIGHT(TableM1[[#This Row],[Back]],2)))),TableLasers[],COLUMN(TableLasers[H-DPH]),FALSE),LEFT(TableM1[[#This Row],[Left]],2)*VLOOKUP(VALUE(TRIM(CLEAN(RIGHT(TableM1[[#This Row],[Left]],2)))),TableLasers[],COLUMN(TableLasers[H-DPH]),FALSE),LEFT(TableM1[[#This Row],[Right]],2)*VLOOKUP(VALUE(TRIM(CLEAN(RIGHT(TableM1[[#This Row],[Right]],2)))),TableLasers[],COLUMN(TableLasers[H-DPH]),FALSE),LEFT(TableM1[[#This Row],[Up]],2)*VLOOKUP(VALUE(TRIM(CLEAN(RIGHT(TableM1[[#This Row],[Up]],2)))),TableLasers[],COLUMN(TableLasers[H-DPH]),FALSE),LEFT(TableM1[[#This Row],[Down]],2)*VLOOKUP(VALUE(TRIM(CLEAN(RIGHT(TableM1[[#This Row],[Down]],2)))),TableLasers[],COLUMN(TableLasers[H-DPH]),FALSE))","v":295200},"00::00","04::37","04::26","04::37","04::37","06::26","06::26",null,4,4,4,4,6,6,null,"16,17,37,38","10,11,26","16,17,37,38","16,17,37,38","10,11,26","10,11,26","4,15,16,20,24,27,36,37,38,28,39"]
[537,"Terran","M1","Small Orbital Weapons Platform",null,0,0,14,"XXL",52000,"1 GJ ",1,3200,217.39130434782601,4,28000,700,800,1,{"$f":"SUM(LEFT(TableM1[[#This Row],[Main]],2)*VLOOKUP(VALUE(TRIM(CLEAN(RIGHT(TableM1[[#This Row],[Main]],2)))),TableLasers[],COLUMN(TableLasers[S-DPH]),FALSE),LEFT(TableM1[[#This Row],[Front]],2)*VLOOKUP(VALUE(TRIM(CLEAN(RIGHT(TableM1[[#This Row],[Front]],2)))),TableLasers[],COLUMN(TableLasers[S-DPH]),FALSE),LEFT(TableM1[[#This Row],[Back]],2)*VLOOKUP(VALUE(TRIM(CLEAN(RIGHT(TableM1[[#This Row],[Back]],2)))),TableLasers[],COLUMN(TableLasers[S-DPH]),FALSE),LEFT(TableM1[[#This Row],[Left]],2)*VLOOKUP(VALUE(TRIM(CLEAN(RIGHT(TableM1[[#This Row],[Left]],2)))),TableLasers[],COLUMN(TableLasers[S-DPH]),FALSE),LEFT(TableM1[[#This Row],[Right]],2)*VLOOKUP(VALUE(TRIM(CLEAN(RIGHT(TableM1[[#This Row],[Right]],2)))),TableLasers[],COLUMN(TableLasers[S-DPH]),FALSE),LEFT(TableM1[[#This Row],[Up]],2)*VLOOKUP(VALUE(TRIM(CLEAN(RIGHT(TableM1[[#This Row],[Up]],2)))),TableLasers[],COLUMN(TableLasers[S-DPH]),FALSE),LEFT(TableM1[[#This Row],[Down]],2)*VLOOKUP(VALUE(TRIM(CLEAN(RIGHT(TableM1[[#This Row],[Down]],2)))),TableLasers[],COLUMN(TableLasers[S-DPH]),FALSE))","v":13000},{"$f":"SUM(LEFT(TableM1[[#This Row],[Main]],2)*VLOOKUP(VALUE(TRIM(CLEAN(RIGHT(TableM1[[#This Row],[Main]],2)))),TableLasers[],COLUMN(TableLasers[H-DPH]),FALSE),LEFT(TableM1[[#This Row],[Front]],2)*VLOOKUP(VALUE(TRIM(CLEAN(RIGHT(TableM1[[#This Row],[Front]],2)))),TableLasers[],COLUMN(TableLasers[H-DPH]),FALSE),LEFT(TableM1[[#This Row],[Back]],2)*VLOOKUP(VALUE(TRIM(CLEAN(RIGHT(TableM1[[#This Row],[Back]],2)))),TableLasers[],COLUMN(TableLasers[H-DPH]),FALSE),LEFT(TableM1[[#This Row],[Left]],2)*VLOOKUP(VALUE(TRIM(CLEAN(RIGHT(TableM1[[#This Row],[Left]],2)))),TableLasers[],COLUMN(TableLasers[H-DPH]),FALSE),LEFT(TableM1[[#This Row],[Right]],2)*VLOOKUP(VALUE(TRIM(CLEAN(RIGHT(TableM1[[#This Row],[Right]],2)))),TableLasers[],COLUMN(TableLasers[H-DPH]),FALSE),LEFT(TableM1[[#This Row],[Up]],2)*VLOOKUP(VALUE(TRIM(CLEAN(RIGHT(TableM1[[#This Row],[Up]],2)))),TableLasers[],COLUMN(TableLasers[H-DPH]),FALSE),LEFT(TableM1[[#This Row],[Down]],2)*VLOOKUP(VALUE(TRIM(CLEAN(RIGHT(TableM1[[#This Row],[Down]],2)))),TableLasers[],COLUMN(TableLasers[H-DPH]),FALSE))","v":3600},"00::00","00::00","00::00","00::00","00::00","02::26","02::26",null,null,null,null,null,2,2,null,null,null,null,null,"10,11,26","10,11,26"]
[538,null,"M1","zzPLACEHOLDER",null,0,0,14,"XXL",200000,"2 GJ ",3,7000,727.27272727272702,32,140000,3999.94,6000,0,{"$f":"SUM(LEFT(TableM1[[#This Row],[Main]],2)*VLOOKUP(VALUE(TRIM(CLEAN(RIGHT(TableM1[[#This Row],[Main]],2)))),TableLasers[],COLUMN(TableLasers[S-DPH]),FALSE),LEFT(TableM1[[#This Row],[Front]],2)*VLOOKUP(VALUE(TRIM(CLEAN(RIGHT(TableM1[[#This Row],[Front]],2)))),TableLasers[],COLUMN(TableLasers[S-DPH]),FALSE),LEFT(TableM1[[#This Row],[Back]],2)*VLOOKUP(VALUE(TRIM(CLEAN(RIGHT(TableM1[[#This Row],[Back]],2)))),TableLasers[],COLUMN(TableLasers[S-DPH]),FALSE),LEFT(TableM1[[#This Row],[Left]],2)*VLOOKUP(VALUE(TRIM(CLEAN(RIGHT(TableM1[[#This Row],[Left]],2)))),TableLasers[],COLUMN(TableLasers[S-DPH]),FALSE),LEFT(TableM1[[#This Row],[Right]],2)*VLOOKUP(VALUE(TRIM(CLEAN(RIGHT(TableM1[[#This Row],[Right]],2)))),TableLasers[],COLUMN(TableLasers[S-DPH]),FALSE),LEFT(TableM1[[#This Row],[Up]],2)*VLOOKUP(VALUE(TRIM(CLEAN(RIGHT(TableM1[[#This Row],[Up]],2)))),TableLasers[],COLUMN(TableLasers[S-DPH]),FALSE),LEFT(TableM1[[#This Row],[Down]],2)*VLOOKUP(VALUE(TRIM(CLEAN(RIGHT(TableM1[[#This Row],[Down]],2)))),TableLasers[],COLUMN(TableLasers[S-DPH]),FALSE))","v":257600},{"$f":"SUM(LEFT(TableM1[[#This Row],[Main]],2)*VLOOKUP(VALUE(TRIM(CLEAN(RIGHT(TableM1[[#This Row],[Main]],2)))),TableLasers[],COLUMN(TableLasers[H-DPH]),FALSE),LEFT(TableM1[[#This Row],[Front]],2)*VLOOKUP(VALUE(TRIM(CLEAN(RIGHT(TableM1[[#This Row],[Front]],2)))),TableLasers[],COLUMN(TableLasers[H-DPH]),FALSE),LEFT(TableM1[[#This Row],[Back]],2)*VLOOKUP(VALUE(TRIM(CLEAN(RIGHT(TableM1[[#This Row],[Back]],2)))),TableLasers[],COLUMN(TableLasers[H-DPH]),FALSE),LEFT(TableM1[[#This Row],[Left]],2)*VLOOKUP(VALUE(TRIM(CLEAN(RIGHT(TableM1[[#This Row],[Left]],2)))),TableLasers[],COLUMN(TableLasers[H-DPH]),FALSE),LEFT(TableM1[[#This Row],[Right]],2)*VLOOKUP(VALUE(TRIM(CLEAN(RIGHT(TableM1[[#This Row],[Right]],2)))),TableLasers[],COLUMN(TableLasers[H-DPH]),FALSE),LEFT(TableM1[[#This Row],[Up]],2)*VLOOKUP(VALUE(TRIM(CLEAN(RIGHT(TableM1[[#This Row],[Up]],2)))),TableLasers[],COLUMN(TableLasers[H-DPH]),FALSE),LEFT(TableM1[[#This Row],[Down]],2)*VLOOKUP(VALUE(TRIM(CLEAN(RIGHT(TableM1[[#This Row],[Down]],2)))),TableLasers[],COLUMN(TableLasers[H-DPH]),FALSE))","v":44800},"00::00","08::13","08::13","08::13","08::13","00::00","00::00",null,8,8,8,8,null,null,null,"3,4,23,13,28,29,35","3,4,23,13,28,29,35","3,4,23,13,28,29,35","3,4,23,13,28,29,35",null,null,35]
[539,"Terran","M1","Large Orbital Weapons Platform",null,0,0,14,"XXL",700000,"2 GJ ",12,18720,727.27272727272702,30,450000,11250,10000,25,{"$f":"SUM(LEFT(TableM1[[#This Row],[Main]],2)*VLOOKUP(VALUE(TRIM(CLEAN(RIGHT(TableM1[[#This Row],[Main]],2)))),TableLasers[],COLUMN(TableLasers[S-DPH]),FALSE),LEFT(TableM1[[#This Row],[Front]],2)*VLOOKUP(VALUE(TRIM(CLEAN(RIGHT(TableM1[[#This Row],[Front]],2)))),TableLasers[],COLUMN(TableLasers[S-DPH]),FALSE),LEFT(TableM1[[#This Row],[Back]],2)*VLOOKUP(VALUE(TRIM(CLEAN(RIGHT(TableM1[[#This Row],[Back]],2)))),TableLasers[],COLUMN(TableLasers[S-DPH]),FALSE),LEFT(TableM1[[#This Row],[Left]],2)*VLOOKUP(VALUE(TRIM(CLEAN(RIGHT(TableM1[[#This Row],[Left]],2)))),TableLasers[],COLUMN(TableLasers[S-DPH]),FALSE),LEFT(TableM1[[#This Row],[Right]],2)*VLOOKUP(VALUE(TRIM(CLEAN(RIGHT(TableM1[[#This Row],[Right]],2)))),TableLasers[],COLUMN(TableLasers[S-DPH]),FALSE),LEFT(TableM1[[#This Row],[Up]],2)*VLOOKUP(VALUE(TRIM(CLEAN(RIGHT(TableM1[[#This Row],[Up]],2)))),TableLasers[],COLUMN(TableLasers[S-DPH]),FALSE),LEFT(TableM1[[#This Row],[Down]],2)*VLOOKUP(VALUE(TRIM(CLEAN(RIGHT(TableM1[[#This Row],[Down]],2)))),TableLasers[],COLUMN(TableLasers[S-DPH]),FALSE))","v":1983000},{"$f":"SUM(LEFT(TableM1[[#This Row],[Main]],2)*VLOOKUP(VALUE(TRIM(CLEAN(RIGHT(TableM1[[#This Row],[Main]],2)))),TableLasers[],COLUMN(TableLasers[H-DPH]),FALSE),LEFT(TableM1[[#This Row],[Front]],2)*VLOOKUP(VALUE(TRIM(CLEAN(RIGHT(TableM1[[#This Row],[Front]],2)))),TableLasers[],COLUMN(TableLasers[H-DPH]),FALSE),LEFT(TableM1[[#This Row],[Back]],2)*VLOOKUP(VALUE(TRIM(CLEAN(RIGHT(TableM1[[#This Row],[Back]],2)))),TableLasers[],COLUMN(TableLasers[H-DPH]),FALSE),LEFT(TableM1[[#This Row],[Left]],2)*VLOOKUP(VALUE(TRIM(CLEAN(RIGHT(TableM1[[#This Row],[Left]],2)))),TableLasers[],COLUMN(TableLasers[H-DPH]),FALSE),LEFT(TableM1[[#This Row],[Right]],2)*VLOOKUP(VALUE(TRIM(CLEAN(RIGHT(TableM1[[#This Row],[Right]],2)))),TableLasers[],COLUMN(TableLasers[H-DPH]),FALSE),LEFT(TableM1[[#This Row],[Up]],2)*VLOOKUP(VALUE(TRIM(CLEAN(RIGHT(TableM1[[#This Row],[Up]],2)))),TableLasers[],COLUMN(TableLasers[H-DPH]),FALSE),LEFT(TableM1[[#This Row],[Down]],2)*VLOOKUP(VALUE(TRIM(CLEAN(RIGHT(TableM1[[#This Row],[Down]],2)))),TableLasers[],COLUMN(TableLasers[H-DPH]),FALSE))","v":432000},"00::00","06::37","00::00","06::37","06::37","06::26","06::26",null,6,null,6,6,6,6,null,"16,17,37,38",null,"16,17,37,38","16,17,37,38","10,11,26","10,11,26","4,15,16,20,24,27,36,37,38,28,39,32"]
[545,"Teladi","M1","Cormorant",null,57,38,8,"XXL",550000,"2 GJ ",6,17000,363.63636363636402,28,113200,2830,18000,50,{"$f":"SUM(LEFT(TableM1[[#This Row],[Main]],2)*VLOOKUP(VALUE(TRIM(CLEAN(RIGHT(TableM1[[#This Row],[Main]],2)))),TableLasers[],COLUMN(TableLasers[S-DPH]),FALSE),LEFT(TableM1[[#This Row],[Front]],2)*VLOOKUP(VALUE(TRIM(CLEAN(RIGHT(TableM1[[#This Row],[Front]],2)))),TableLasers[],COLUMN(TableLasers[S-DPH]),FALSE),LEFT(TableM1[[#This Row],[Back]],2)*VLOOKUP(VALUE(TRIM(CLEAN(RIGHT(TableM1[[#This Row],[Back]],2)))),TableLasers[],COLUMN(TableLasers[S-DPH]),FALSE),LEFT(TableM1[[#This Row],[Left]],2)*VLOOKUP(VALUE(TRIM(CLEAN(RIGHT(TableM1[[#This Row],[Left]],2)))),TableLasers[],COLUMN(TableLasers[S-DPH]),FALSE),LEFT(TableM1[[#This Row],[Right]],2)*VLOOKUP(VALUE(TRIM(CLEAN(RIGHT(TableM1[[#This Row],[Right]],2)))),TableLasers[],COLUMN(TableLasers[S-DPH]),FALSE),LEFT(TableM1[[#This Row],[Up]],2)*VLOOKUP(VALUE(TRIM(CLEAN(RIGHT(TableM1[[#This Row],[Up]],2)))),TableLasers[],COLUMN(TableLasers[S-DPH]),FALSE),LEFT(TableM1[[#This Row],[Down]],2)*VLOOKUP(VALUE(TRIM(CLEAN(RIGHT(TableM1[[#This Row],[Down]],2)))),TableLasers[],COLUMN(TableLasers[S-DPH]),FALSE))","v":850404},{"$f":"SUM(LEFT(TableM1[[#This Row],[Main]],2)*VLOOKUP(VALUE(TRIM(CLEAN(RIGHT(TableM1[[#This Row],[Main]],2)))),TableLasers[],COLUMN(TableLasers[H-DPH]),FALSE),LEFT(TableM1[[#This Row],[Front]],2)*VLOOKUP(VALUE(TRIM(CLEAN(RIGHT(TableM1[[#This Row],[Front]],2)))),TableLasers[],COLUMN(TableLasers[H-DPH]),FALSE),LEFT(TableM1[[#This Row],[Back]],2)*VLOOKUP(VALUE(TRIM(CLEAN(RIGHT(TableM1[[#This Row],[Back]],2)))),TableLasers[],COLUMN(TableLasers[H-DPH]),FALSE),LEFT(TableM1[[#This Row],[Left]],2)*VLOOKUP(VALUE(TRIM(CLEAN(RIGHT(TableM1[[#This Row],[Left]],2)))),TableLasers[],COLUMN(TableLasers[H-DPH]),FALSE),LEFT(TableM1[[#This Row],[Right]],2)*VLOOKUP(VALUE(TRIM(CLEAN(RIGHT(TableM1[[#This Row],[Right]],2)))),TableLasers[],COLUMN(TableLasers[H-DPH]),FALSE),LEFT(TableM1[[#This Row],[Up]],2)*VLOOKUP(VALUE(TRIM(CLEAN(RIGHT(TableM1[[#This Row],[Up]],2)))),TableLasers[],COLUMN(TableLasers[H-DPH]),FALSE),LEFT(TableM1[[#This Row],[Down]],2)*VLOOKUP(VALUE(TRIM(CLEAN(RIGHT(TableM1[[#This Row],[Down]],2)))),TableLasers[],COLUMN(TableLasers[H-DPH]),FALSE))","v":149676},"00::00","04::34","04::18","06::34","06::34","04::18","04::18",null,4,4,6,6,4,4,null,"5,18,34","5,18,21,28,29,35","5,18,34,2,30","5,18,34,2,30","0,1,5,18,21","0,1,5,18,21","0,1,3,5,12,17,22,23,10,11,13,14,18,19,25,35"]
[551,null,"M1","zzPLACEHOLDER KOG",null,108,54,10,"XXL",400000,"2 GJ ",4,10000,363.63636363636402,40,110000,4000.04,8800,40,{"$f":"SUM(LEFT(TableM1[[#This Row],[Main]],2)*VLOOKUP(VALUE(TRIM(CLEAN(RIGHT(TableM1[[#This Row],[Main]],2)))),TableLasers[],COLUMN(TableLasers[S-DPH]),FALSE),LEFT(TableM1[[#This Row],[Front]],2)*VLOOKUP(VALUE(TRIM(CLEAN(RIGHT(TableM1[[#This Row],[Front]],2)))),TableLasers[],COLUMN(TableLasers[S-DPH]),FALSE),LEFT(TableM1[[#This Row],[Back]],2)*VLOOKUP(VALUE(TRIM(CLEAN(RIGHT(TableM1[[#This Row],[Back]],2)))),TableLasers[],COLUMN(TableLasers[S-DPH]),FALSE),LEFT(TableM1[[#This Row],[Left]],2)*VLOOKUP(VALUE(TRIM(CLEAN(RIGHT(TableM1[[#This Row],[Left]],2)))),TableLasers[],COLUMN(TableLasers[S-DPH]),FALSE),LEFT(TableM1[[#This Row],[Right]],2)*VLOOKUP(VALUE(TRIM(CLEAN(RIGHT(TableM1[[#This Row],[Right]],2)))),TableLasers[],COLUMN(TableLasers[S-DPH]),FALSE),LEFT(TableM1[[#This Row],[Up]],2)*VLOOKUP(VALUE(TRIM(CLEAN(RIGHT(TableM1[[#This Row],[Up]],2)))),TableLasers[],COLUMN(TableLasers[S-DPH]),FALSE),LEFT(TableM1[[#This Row],[Down]],2)*VLOOKUP(VALUE(TRIM(CLEAN(RIGHT(TableM1[[#This Row],[Down]],2)))),TableLasers[],COLUMN(TableLasers[S-DPH]),FALSE))","v":4320000},{"$f":"SUM(LEFT(TableM1[[#This Row],[Main]],2)*VLOOKUP(VALUE(TRIM(CLEAN(RIGHT(TableM1[[#This Row],[Main]],2)))),TableLasers[],COLUMN(TableLasers[H-DPH]),FALSE),LEFT(TableM1[[#This Row],[Front]],2)*VLOOKUP(VALUE(TRIM(CLEAN(RIGHT(TableM1[[#This Row],[Front]],2)))),TableLasers[],COLUMN(TableLasers[H-DPH]),FALSE),LEFT(TableM1[[#This Row],[Back]],2)*VLOOKUP(VALUE(TRIM(CLEAN(RIGHT(TableM1[[#This Row],[Back]],2)))),TableLasers[],COLUMN(TableLasers[H-DPH]),FALSE),LEFT(TableM1[[#This Row],[Left]],2)*VLOOKUP(VALUE(TRIM(CLEAN(RIGHT(TableM1[[#This Row],[Left]],2)))),TableLasers[],COLUMN(TableLasers[H-DPH]),FALSE),LEFT(TableM1[[#This Row],[Right]],2)*VLOOKUP(VALUE(TRIM(CLEAN(RIGHT(TableM1[[#This Row],[Right]],2)))),TableLasers[],COLUMN(TableLasers[H-DPH]),FALSE),LEFT(TableM1[[#This Row],[Up]],2)*VLOOKUP(VALUE(TRIM(CLEAN(RIGHT(TableM1[[#This Row],[Up]],2)))),TableLasers[],COLUMN(TableLasers[H-DPH]),FALSE),LEFT(TableM1[[#This Row],[Down]],2)*VLOOKUP(VALUE(TRIM(CLEAN(RIGHT(TableM1[[#This Row],[Down]],2)))),TableLasers[],COLUMN(TableLasers[H-DPH]),FALSE))","v":936000},"00::00","00::00","00::00","10::37","10::37","10::37","10::37",null,null,null,10,10,10,10,null,null,null,"41,8,14,9,15,10,11,13,36,16,17,21,27,40,39,37,38,25,22,45,46,47,42,43,44","41,8,14,9,15,10,11,13,36,16,17,21,27,40,39,37,38,25,22,45,46,47,42,43,44","41,8,14,9,15,10,11,13,36,16,17,21,27,40,39,37,38,25,22,45,46,47,42,43,44","41,8,14,9,15,10,11,13,36,16,17,21,27,40,39,37,38,25,22,45,46,47,42,43,44","0,1,3,5,12,17,22,23,10,11,13,14,18,19,25,35"]
[552,null,"M1",null,null,0,0,14,"XXL",250000,"2 GJ ",3,10500,363.63636363636402,48,165000,3599.97,9000,3,{"$f":"SUM(LEFT(TableM1[[#This Row],[Main]],2)*VLOOKUP(VALUE(TRIM(CLEAN(RIGHT(TableM1[[#This Row],[Main]],2)))),TableLasers[],COLUMN(TableLasers[S-DPH]),FALSE),LEFT(TableM1[[#This Row],[Front]],2)*VLOOKUP(VALUE(TRIM(CLEAN(RIGHT(TableM1[[#This Row],[Front]],2)))),TableLasers[],COLUMN(TableLasers[S-DPH]),FALSE),LEFT(TableM1[[#This Row],[Back]],2)*VLOOKUP(VALUE(TRIM(CLEAN(RIGHT(TableM1[[#This Row],[Back]],2)))),TableLasers[],COLUMN(TableLasers[S-DPH]),FALSE),LEFT(TableM1[[#This Row],[Left]],2)*VLOOKUP(VALUE(TRIM(CLEAN(RIGHT(TableM1[[#This Row],[Left]],2)))),TableLasers[],COLUMN(TableLasers[S-DPH]),FALSE),LEFT(TableM1[[#This Row],[Right]],2)*VLOOKUP(VALUE(TRIM(CLEAN(RIGHT(TableM1[[#This Row],[Right]],2)))),TableLasers[],COLUMN(TableLasers[S-DPH]),FALSE),LEFT(TableM1[[#This Row],[Up]],2)*VLOOKUP(VALUE(TRIM(CLEAN(RIGHT(TableM1[[#This Row],[Up]],2)))),TableLasers[],COLUMN(TableLasers[S-DPH]),FALSE),LEFT(TableM1[[#This Row],[Down]],2)*VLOOKUP(VALUE(TRIM(CLEAN(RIGHT(TableM1[[#This Row],[Down]],2)))),TableLasers[],COLUMN(TableLasers[S-DPH]),FALSE))","v":3024000},{"$f":"SUM(LEFT(TableM1[[#This Row],[Main]],2)*VLOOKUP(VALUE(TRIM(CLEAN(RIGHT(TableM1[[#This Row],[Main]],2)))),TableLasers[],COLUMN(TableLasers[H-DPH]),FALSE),LEFT(TableM1[[#This Row],[Front]],2)*VLOOKUP(VALUE(TRIM(CLEAN(RIGHT(TableM1[[#This Row],[Front]],2)))),TableLasers[],COLUMN(TableLasers[H-DPH]),FALSE),LEFT(TableM1[[#This Row],[Back]],2)*VLOOKUP(VALUE(TRIM(CLEAN(RIGHT(TableM1[[#This Row],[Back]],2)))),TableLasers[],COLUMN(TableLasers[H-DPH]),FALSE),LEFT(TableM1[[#This Row],[Left]],2)*VLOOKUP(VALUE(TRIM(CLEAN(RIGHT(TableM1[[#This Row],[Left]],2)))),TableLasers[],COLUMN(TableLasers[H-DPH]),FALSE),LEFT(TableM1[[#This Row],[Right]],2)*VLOOKUP(VALUE(TRIM(CLEAN(RIGHT(TableM1[[#This Row],[Right]],2)))),TableLasers[],COLUMN(TableLasers[H-DPH]),FALSE),LEFT(TableM1[[#This Row],[Up]],2)*VLOOKUP(VALUE(TRIM(CLEAN(RIGHT(TableM1[[#This Row],[Up]],2)))),TableLasers[],COLUMN(TableLasers[H-DPH]),FALSE),LEFT(TableM1[[#This Row],[Down]],2)*VLOOKUP(VALUE(TRIM(CLEAN(RIGHT(TableM1[[#This Row],[Down]],2)))),TableLasers[],COLUMN(TableLasers[H-DPH]),FALSE))","v":655200},"00::00","04::37","04::37","10::37","10::37","00::00","00::00",null,4,4,10,10,null,null,null,"41,8,14,9,15,10,11,13,36,16,17,21,27,40,39,37,38,25,22,45,46,47,42,43,44","41,8,14,9,15,10,11,13,36,16,17,21,27,40,39,37,38,25,22,45,46,47,42,43,44","41,8,14,9,15,10,11,13,36,16,17,21,27,40,39,37,38,25,22,45,46,47,42,43,44","41,8,14,9,15,10,11,13,36,16,17,21,27,40,39,37,38,25,22,45,46,47,42,43,44",null,null,"0,1,3,5,12,17,22,23,10,11,13,14,18,19,25,35"]
[596,"Pirates","M1","Condor",null,80.36,57.4,7,"XXL",470000,"2 GJ ",3,8600,363.63636363636402,24,106400,2595.9472000000001,24000,48,{"$f":"SUM(LEFT(TableM1[[#This Row],[Main]],2)*VLOOKUP(VALUE(TRIM(CLEAN(RIGHT(TableM1[[#This Row],[Main]],2)))),TableLasers[],COLUMN(TableLasers[S-DPH]),FALSE),LEFT(TableM1[[#This Row],[Front]],2)*VLOOKUP(VALUE(TRIM(CLEAN(RIGHT(TableM1[[#This Row],[Front]],2)))),TableLasers[],COLUMN(TableLasers[S-DPH]),FALSE),LEFT(TableM1[[#This Row],[Back]],2)*VLOOKUP(VALUE(TRIM(CLEAN(RIGHT(TableM1[[#This Row],[Back]],2)))),TableLasers[],COLUMN(TableLasers[S-DPH]),FALSE),LEFT(TableM1[[#This Row],[Left]],2)*VLOOKUP(VALUE(TRIM(CLEAN(RIGHT(TableM1[[#This Row],[Left]],2)))),TableLasers[],COLUMN(TableLasers[S-DPH]),FALSE),LEFT(TableM1[[#This Row],[Right]],2)*VLOOKUP(VALUE(TRIM(CLEAN(RIGHT(TableM1[[#This Row],[Right]],2)))),TableLasers[],COLUMN(TableLasers[S-DPH]),FALSE),LEFT(TableM1[[#This Row],[Up]],2)*VLOOKUP(VALUE(TRIM(CLEAN(RIGHT(TableM1[[#This Row],[Up]],2)))),TableLasers[],COLUMN(TableLasers[S-DPH]),FALSE),LEFT(TableM1[[#This Row],[Down]],2)*VLOOKUP(VALUE(TRIM(CLEAN(RIGHT(TableM1[[#This Row],[Down]],2)))),TableLasers[],COLUMN(TableLasers[S-DPH]),FALSE))","v":677124},{"$f":"SUM(LEFT(TableM1[[#This Row],[Main]],2)*VLOOKUP(VALUE(TRIM(CLEAN(RIGHT(TableM1[[#This Row],[Main]],2)))),TableLasers[],COLUMN(TableLasers[H-DPH]),FALSE),LEFT(TableM1[[#This Row],[Front]],2)*VLOOKUP(VALUE(TRIM(CLEAN(RIGHT(TableM1[[#This Row],[Front]],2)))),TableLasers[],COLUMN(TableLasers[H-DPH]),FALSE),LEFT(TableM1[[#This Row],[Back]],2)*VLOOKUP(VALUE(TRIM(CLEAN(RIGHT(TableM1[[#This Row],[Back]],2)))),TableLasers[],COLUMN(TableLasers[H-DPH]),FALSE),LEFT(TableM1[[#This Row],[Left]],2)*VLOOKUP(VALUE(TRIM(CLEAN(RIGHT(TableM1[[#This Row],[Left]],2)))),TableLasers[],COLUMN(TableLasers[H-DPH]),FALSE),LEFT(TableM1[[#This Row],[Right]],2)*VLOOKUP(VALUE(TRIM(CLEAN(RIGHT(TableM1[[#This Row],[Right]],2)))),TableLasers[],COLUMN(TableLasers[H-DPH]),FALSE),LEFT(TableM1[[#This Row],[Up]],2)*VLOOKUP(VALUE(TRIM(CLEAN(RIGHT(TableM1[[#This Row],[Up]],2)))),TableLasers[],COLUMN(TableLasers[H-DPH]),FALSE),LEFT(TableM1[[#This Row],[Down]],2)*VLOOKUP(VALUE(TRIM(CLEAN(RIGHT(TableM1[[#This Row],[Down]],2)))),TableLasers[],COLUMN(TableLasers[H-DPH]),FALSE))","v":119916},"00::00","04::34","04::18","04::34","04::34","04::18","04::18",null,4,4,4,4,4,4,null,"3,5,18,34,2,30,28,29,35","3,5,18,21,28,29,35","3,5,18,34,2,30","3,5,18,34,2,30","3,5,18,21","3,5,18,21","0,1,3,5,12,17,22,23,10,11,13,14,18,19,25,35"]
[600,"Pirates","M1","Cormorant",null,61.5,41,8,"XXL",570000,"2 GJ ",4,10000,363.63636363636402,28,109200,2730,18000,50,{"$f":"SUM(LEFT(TableM1[[#This Row],[Main]],2)*VLOOKUP(VALUE(TRIM(CLEAN(RIGHT(TableM1[[#This Row],[Main]],2)))),TableLasers[],COLUMN(TableLasers[S-DPH]),FALSE),LEFT(TableM1[[#This Row],[Front]],2)*VLOOKUP(VALUE(TRIM(CLEAN(RIGHT(TableM1[[#This Row],[Front]],2)))),TableLasers[],COLUMN(TableLasers[S-DPH]),FALSE),LEFT(TableM1[[#This Row],[Back]],2)*VLOOKUP(VALUE(TRIM(CLEAN(RIGHT(TableM1[[#This Row],[Back]],2)))),TableLasers[],COLUMN(TableLasers[S-DPH]),FALSE),LEFT(TableM1[[#This Row],[Left]],2)*VLOOKUP(VALUE(TRIM(CLEAN(RIGHT(TableM1[[#This Row],[Left]],2)))),TableLasers[],COLUMN(TableLasers[S-DPH]),FALSE),LEFT(TableM1[[#This Row],[Right]],2)*VLOOKUP(VALUE(TRIM(CLEAN(RIGHT(TableM1[[#This Row],[Right]],2)))),TableLasers[],COLUMN(TableLasers[S-DPH]),FALSE),LEFT(TableM1[[#This Row],[Up]],2)*VLOOKUP(VALUE(TRIM(CLEAN(RIGHT(TableM1[[#This Row],[Up]],2)))),TableLasers[],COLUMN(TableLasers[S-DPH]),FALSE),LEFT(TableM1[[#This Row],[Down]],2)*VLOOKUP(VALUE(TRIM(CLEAN(RIGHT(TableM1[[#This Row],[Down]],2)))),TableLasers[],COLUMN(TableLasers[S-DPH]),FALSE))","v":850404},{"$f":"SUM(LEFT(TableM1[[#This Row],[Main]],2)*VLOOKUP(VALUE(TRIM(CLEAN(RIGHT(TableM1[[#This Row],[Main]],2)))),TableLasers[],COLUMN(TableLasers[H-DPH]),FALSE),LEFT(TableM1[[#This Row],[Front]],2)*VLOOKUP(VALUE(TRIM(CLEAN(RIGHT(TableM1[[#This Row],[Front]],2)))),TableLasers[],COLUMN(TableLasers[H-DPH]),FALSE),LEFT(TableM1[[#This Row],[Back]],2)*VLOOKUP(VALUE(TRIM(CLEAN(RIGHT(TableM1[[#This Row],[Back]],2)))),TableLasers[],COLUMN(TableLasers[H-DPH]),FALSE),LEFT(TableM1[[#This Row],[Left]],2)*VLOOKUP(VALUE(TRIM(CLEAN(RIGHT(TableM1[[#This Row],[Left]],2)))),TableLasers[],COLUMN(TableLasers[H-DPH]),FALSE),LEFT(TableM1[[#This Row],[Right]],2)*VLOOKUP(VALUE(TRIM(CLEAN(RIGHT(TableM1[[#This Row],[Right]],2)))),TableLasers[],COLUMN(TableLasers[H-DPH]),FALSE),LEFT(TableM1[[#This Row],[Up]],2)*VLOOKUP(VALUE(TRIM(CLEAN(RIGHT(TableM1[[#This Row],[Up]],2)))),TableLasers[],COLUMN(TableLasers[H-DPH]),FALSE),LEFT(TableM1[[#This Row],[Down]],2)*VLOOKUP(VALUE(TRIM(CLEAN(RIGHT(TableM1[[#This Row],[Down]],2)))),TableLasers[],COLUMN(TableLasers[H-DPH]),FALSE))","v":149676},"00::00","04::34","04::18","06::34","06::34","04::18","04::18",null,4,4,6,6,4,4,null,"3,5,18,34,2,30,28,29,35","3,5,18,21,28,29,35","3,5,18,34,2,30","3,5,18,34,2,30","3,5,18,21","3,5,18,21","0,1,3,5,12,17,22,23,10,11,13,14,18,19,25"]
[602,"Pirates","M1","Colossus",null,90.24,56.4,9,"XXL",480000,"2 GJ ",2,10200,363.63636363636402,24,180400,4220.9992000000002,13580,48,{"$f":"SUM(LEFT(TableM1[[#This Row],[Main]],2)*VLOOKUP(VALUE(TRIM(CLEAN(RIGHT(TableM1[[#This Row],[Main]],2)))),TableLasers[],COLUMN(TableLasers[S-DPH]),FALSE),LEFT(TableM1[[#This Row],[Front]],2)*VLOOKUP(VALUE(TRIM(CLEAN(RIGHT(TableM1[[#This Row],[Front]],2)))),TableLasers[],COLUMN(TableLasers[S-DPH]),FALSE),LEFT(TableM1[[#This Row],[Back]],2)*VLOOKUP(VALUE(TRIM(CLEAN(RIGHT(TableM1[[#This Row],[Back]],2)))),TableLasers[],COLUMN(TableLasers[S-DPH]),FALSE),LEFT(TableM1[[#This Row],[Left]],2)*VLOOKUP(VALUE(TRIM(CLEAN(RIGHT(TableM1[[#This Row],[Left]],2)))),TableLasers[],COLUMN(TableLasers[S-DPH]),FALSE),LEFT(TableM1[[#This Row],[Right]],2)*VLOOKUP(VALUE(TRIM(CLEAN(RIGHT(TableM1[[#This Row],[Right]],2)))),TableLasers[],COLUMN(TableLasers[S-DPH]),FALSE),LEFT(TableM1[[#This Row],[Up]],2)*VLOOKUP(VALUE(TRIM(CLEAN(RIGHT(TableM1[[#This Row],[Up]],2)))),TableLasers[],COLUMN(TableLasers[S-DPH]),FALSE),LEFT(TableM1[[#This Row],[Down]],2)*VLOOKUP(VALUE(TRIM(CLEAN(RIGHT(TableM1[[#This Row],[Down]],2)))),TableLasers[],COLUMN(TableLasers[S-DPH]),FALSE))","v":677124},{"$f":"SUM(LEFT(TableM1[[#This Row],[Main]],2)*VLOOKUP(VALUE(TRIM(CLEAN(RIGHT(TableM1[[#This Row],[Main]],2)))),TableLasers[],COLUMN(TableLasers[H-DPH]),FALSE),LEFT(TableM1[[#This Row],[Front]],2)*VLOOKUP(VALUE(TRIM(CLEAN(RIGHT(TableM1[[#This Row],[Front]],2)))),TableLasers[],COLUMN(TableLasers[H-DPH]),FALSE),LEFT(TableM1[[#This Row],[Back]],2)*VLOOKUP(VALUE(TRIM(CLEAN(RIGHT(TableM1[[#This Row],[Back]],2)))),TableLasers[],COLUMN(TableLasers[H-DPH]),FALSE),LEFT(TableM1[[#This Row],[Left]],2)*VLOOKUP(VALUE(TRIM(CLEAN(RIGHT(TableM1[[#This Row],[Left]],2)))),TableLasers[],COLUMN(TableLasers[H-DPH]),FALSE),LEFT(TableM1[[#This Row],[Right]],2)*VLOOKUP(VALUE(TRIM(CLEAN(RIGHT(TableM1[[#This Row],[Right]],2)))),TableLasers[],COLUMN(TableLasers[H-DPH]),FALSE),LEFT(TableM1[[#This Row],[Up]],2)*VLOOKUP(VALUE(TRIM(CLEAN(RIGHT(TableM1[[#This Row],[Up]],2)))),TableLasers[],COLUMN(TableLasers[H-DPH]),FALSE),LEFT(TableM1[[#This Row],[Down]],2)*VLOOKUP(VALUE(TRIM(CLEAN(RIGHT(TableM1[[#This Row],[Down]],2)))),TableLasers[],COLUMN(TableLasers[H-DPH]),FALSE))","v":119916},"00::00","04::34","04::18","04::34","04::34","04::18","04::18",null,4,4,4,4,4,4,null,"3,5,18,34,2,30,28,29,35","3,5,18,21,28,29,35","3,5,18,34,2,30","3,5,18,34,2,30","3,5,18,21","3,5,18,21","0,1,3,5,12,17,22,23,10,11,13,14,18,19,25,35"]
[621,"Split","M1","Lotan",null,78,52,10,"XXL",400000,"2 GJ ",4,14000,363.63636363636402,34,280000,3655.68,10000,28,{"$f":"SUM(LEFT(TableM1[[#This Row],[Main]],2)*VLOOKUP(VALUE(TRIM(CLEAN(RIGHT(TableM1[[#This Row],[Main]],2)))),TableLasers[],COLUMN(TableLasers[S-DPH]),FALSE),LEFT(TableM1[[#This Row],[Front]],2)*VLOOKUP(VALUE(TRIM(CLEAN(RIGHT(TableM1[[#This Row],[Front]],2)))),TableLasers[],COLUMN(TableLasers[S-DPH]),FALSE),LEFT(TableM1[[#This Row],[Back]],2)*VLOOKUP(VALUE(TRIM(CLEAN(RIGHT(TableM1[[#This Row],[Back]],2)))),TableLasers[],COLUMN(TableLasers[S-DPH]),FALSE),LEFT(TableM1[[#This Row],[Left]],2)*VLOOKUP(VALUE(TRIM(CLEAN(RIGHT(TableM1[[#This Row],[Left]],2)))),TableLasers[],COLUMN(TableLasers[S-DPH]),FALSE),LEFT(TableM1[[#This Row],[Right]],2)*VLOOKUP(VALUE(TRIM(CLEAN(RIGHT(TableM1[[#This Row],[Right]],2)))),TableLasers[],COLUMN(TableLasers[S-DPH]),FALSE),LEFT(TableM1[[#This Row],[Up]],2)*VLOOKUP(VALUE(TRIM(CLEAN(RIGHT(TableM1[[#This Row],[Up]],2)))),TableLasers[],COLUMN(TableLasers[S-DPH]),FALSE),LEFT(TableM1[[#This Row],[Down]],2)*VLOOKUP(VALUE(TRIM(CLEAN(RIGHT(TableM1[[#This Row],[Down]],2)))),TableLasers[],COLUMN(TableLasers[S-DPH]),FALSE))","v":1355696},{"$f":"SUM(LEFT(TableM1[[#This Row],[Main]],2)*VLOOKUP(VALUE(TRIM(CLEAN(RIGHT(TableM1[[#This Row],[Main]],2)))),TableLasers[],COLUMN(TableLasers[H-DPH]),FALSE),LEFT(TableM1[[#This Row],[Front]],2)*VLOOKUP(VALUE(TRIM(CLEAN(RIGHT(TableM1[[#This Row],[Front]],2)))),TableLasers[],COLUMN(TableLasers[H-DPH]),FALSE),LEFT(TableM1[[#This Row],[Back]],2)*VLOOKUP(VALUE(TRIM(CLEAN(RIGHT(TableM1[[#This Row],[Back]],2)))),TableLasers[],COLUMN(TableLasers[H-DPH]),FALSE),LEFT(TableM1[[#This Row],[Left]],2)*VLOOKUP(VALUE(TRIM(CLEAN(RIGHT(TableM1[[#This Row],[Left]],2)))),TableLasers[],COLUMN(TableLasers[H-DPH]),FALSE),LEFT(TableM1[[#This Row],[Right]],2)*VLOOKUP(VALUE(TRIM(CLEAN(RIGHT(TableM1[[#This Row],[Right]],2)))),TableLasers[],COLUMN(TableLasers[H-DPH]),FALSE),LEFT(TableM1[[#This Row],[Up]],2)*VLOOKUP(VALUE(TRIM(CLEAN(RIGHT(TableM1[[#This Row],[Up]],2)))),TableLasers[],COLUMN(TableLasers[H-DPH]),FALSE),LEFT(TableM1[[#This Row],[Down]],2)*VLOOKUP(VALUE(TRIM(CLEAN(RIGHT(TableM1[[#This Row],[Down]],2)))),TableLasers[],COLUMN(TableLasers[H-DPH]),FALSE))","v":214808},"00::00","06::33","00::00","09::33","09::33","06::15","04::15",null,6,null,9,9,6,4,null,"3,9,15,33",null,"3,9,15,33","3,9,15,33","3,9,15,24","3,9,15,24","0,1,3,5,12,17,22,23,10,11,13,14,18,19,25,35"]
[666,"Kha'ak","M1","Advanced Carrier",null,96,64,10,"ST",320000,"2 GJ ",5,10600,727.27272727272702,11,68500,2054.9315000000001,9500,30,{"$f":"SUM(LEFT(TableM1[[#This Row],[Main]],2)*VLOOKUP(VALUE(TRIM(CLEAN(RIGHT(TableM1[[#This Row],[Main]],2)))),TableLasers[],COLUMN(TableLasers[S-DPH]),FALSE),LEFT(TableM1[[#This Row],[Front]],2)*VLOOKUP(VALUE(TRIM(CLEAN(RIGHT(TableM1[[#This Row],[Front]],2)))),TableLasers[],COLUMN(TableLasers[S-DPH]),FALSE),LEFT(TableM1[[#This Row],[Back]],2)*VLOOKUP(VALUE(TRIM(CLEAN(RIGHT(TableM1[[#This Row],[Back]],2)))),TableLasers[],COLUMN(TableLasers[S-DPH]),FALSE),LEFT(TableM1[[#This Row],[Left]],2)*VLOOKUP(VALUE(TRIM(CLEAN(RIGHT(TableM1[[#This Row],[Left]],2)))),TableLasers[],COLUMN(TableLasers[S-DPH]),FALSE),LEFT(TableM1[[#This Row],[Right]],2)*VLOOKUP(VALUE(TRIM(CLEAN(RIGHT(TableM1[[#This Row],[Right]],2)))),TableLasers[],COLUMN(TableLasers[S-DPH]),FALSE),LEFT(TableM1[[#This Row],[Up]],2)*VLOOKUP(VALUE(TRIM(CLEAN(RIGHT(TableM1[[#This Row],[Up]],2)))),TableLasers[],COLUMN(TableLasers[S-DPH]),FALSE),LEFT(TableM1[[#This Row],[Down]],2)*VLOOKUP(VALUE(TRIM(CLEAN(RIGHT(TableM1[[#This Row],[Down]],2)))),TableLasers[],COLUMN(TableLasers[S-DPH]),FALSE))","v":468600},{"$f":"SUM(LEFT(TableM1[[#This Row],[Main]],2)*VLOOKUP(VALUE(TRIM(CLEAN(RIGHT(TableM1[[#This Row],[Main]],2)))),TableLasers[],COLUMN(TableLasers[H-DPH]),FALSE),LEFT(TableM1[[#This Row],[Front]],2)*VLOOKUP(VALUE(TRIM(CLEAN(RIGHT(TableM1[[#This Row],[Front]],2)))),TableLasers[],COLUMN(TableLasers[H-DPH]),FALSE),LEFT(TableM1[[#This Row],[Back]],2)*VLOOKUP(VALUE(TRIM(CLEAN(RIGHT(TableM1[[#This Row],[Back]],2)))),TableLasers[],COLUMN(TableLasers[H-DPH]),FALSE),LEFT(TableM1[[#This Row],[Left]],2)*VLOOKUP(VALUE(TRIM(CLEAN(RIGHT(TableM1[[#This Row],[Left]],2)))),TableLasers[],COLUMN(TableLasers[H-DPH]),FALSE),LEFT(TableM1[[#This Row],[Right]],2)*VLOOKUP(VALUE(TRIM(CLEAN(RIGHT(TableM1[[#This Row],[Right]],2)))),TableLasers[],COLUMN(TableLasers[H-DPH]),FALSE),LEFT(TableM1[[#This Row],[Up]],2)*VLOOKUP(VALUE(TRIM(CLEAN(RIGHT(TableM1[[#This Row],[Up]],2)))),TableLasers[],COLUMN(TableLasers[H-DPH]),FALSE),LEFT(TableM1[[#This Row],[Down]],2)*VLOOKUP(VALUE(TRIM(CLEAN(RIGHT(TableM1[[#This Row],[Down]],2)))),TableLasers[],COLUMN(TableLasers[H-DPH]),FALSE))","v":94600},"00::44","02::44","01::44","02::44","02::44","02::44","02::44",null,2,1,2,2,2,2,"42,43,44","42,43,44","42,43,44","42,43,44","42,43,44","42,43,44","42,43,44","26,40"]
[681,"Argon","M1","Daedalus",null,69.8,34.9,9,"XXL",520000,"2 GJ ",5,19000,363.63636363636402,28,220400,3918.2712000000001,15800,55,{"$f":"SUM(LEFT(TableM1[[#This Row],[Main]],2)*VLOOKUP(VALUE(TRIM(CLEAN(RIGHT(TableM1[[#This Row],[Main]],2)))),TableLasers[],COLUMN(TableLasers[S-DPH]),FALSE),LEFT(TableM1[[#This Row],[Front]],2)*VLOOKUP(VALUE(TRIM(CLEAN(RIGHT(TableM1[[#This Row],[Front]],2)))),TableLasers[],COLUMN(TableLasers[S-DPH]),FALSE),LEFT(TableM1[[#This Row],[Back]],2)*VLOOKUP(VALUE(TRIM(CLEAN(RIGHT(TableM1[[#This Row],[Back]],2)))),TableLasers[],COLUMN(TableLasers[S-DPH]),FALSE),LEFT(TableM1[[#This Row],[Left]],2)*VLOOKUP(VALUE(TRIM(CLEAN(RIGHT(TableM1[[#This Row],[Left]],2)))),TableLasers[],COLUMN(TableLasers[S-DPH]),FALSE),LEFT(TableM1[[#This Row],[Right]],2)*VLOOKUP(VALUE(TRIM(CLEAN(RIGHT(TableM1[[#This Row],[Right]],2)))),TableLasers[],COLUMN(TableLasers[S-DPH]),FALSE),LEFT(TableM1[[#This Row],[Up]],2)*VLOOKUP(VALUE(TRIM(CLEAN(RIGHT(TableM1[[#This Row],[Up]],2)))),TableLasers[],COLUMN(TableLasers[S-DPH]),FALSE),LEFT(TableM1[[#This Row],[Down]],2)*VLOOKUP(VALUE(TRIM(CLEAN(RIGHT(TableM1[[#This Row],[Down]],2)))),TableLasers[],COLUMN(TableLasers[S-DPH]),FALSE))","v":763672},{"$f":"SUM(LEFT(TableM1[[#This Row],[Main]],2)*VLOOKUP(VALUE(TRIM(CLEAN(RIGHT(TableM1[[#This Row],[Main]],2)))),TableLasers[],COLUMN(TableLasers[H-DPH]),FALSE),LEFT(TableM1[[#This Row],[Front]],2)*VLOOKUP(VALUE(TRIM(CLEAN(RIGHT(TableM1[[#This Row],[Front]],2)))),TableLasers[],COLUMN(TableLasers[H-DPH]),FALSE),LEFT(TableM1[[#This Row],[Back]],2)*VLOOKUP(VALUE(TRIM(CLEAN(RIGHT(TableM1[[#This Row],[Back]],2)))),TableLasers[],COLUMN(TableLasers[H-DPH]),FALSE),LEFT(TableM1[[#This Row],[Left]],2)*VLOOKUP(VALUE(TRIM(CLEAN(RIGHT(TableM1[[#This Row],[Left]],2)))),TableLasers[],COLUMN(TableLasers[H-DPH]),FALSE),LEFT(TableM1[[#This Row],[Right]],2)*VLOOKUP(VALUE(TRIM(CLEAN(RIGHT(TableM1[[#This Row],[Right]],2)))),TableLasers[],COLUMN(TableLasers[H-DPH]),FALSE),LEFT(TableM1[[#This Row],[Up]],2)*VLOOKUP(VALUE(TRIM(CLEAN(RIGHT(TableM1[[#This Row],[Up]],2)))),TableLasers[],COLUMN(TableLasers[H-DPH]),FALSE),LEFT(TableM1[[#This Row],[Down]],2)*VLOOKUP(VALUE(TRIM(CLEAN(RIGHT(TableM1[[#This Row],[Down]],2)))),TableLasers[],COLUMN(TableLasers[H-DPH]),FALSE))","v":169712},"00::00","08::39","04::13","04::39","04::39","04::23","04::23",null,8,4,4,4,4,4,null,"3,13,40,39","3,4,23,13,28,29,35","3,13,40,39","3,13,40,39","0,1,3,4,23","0,1,3,4,23","0,1,3,5,12,17,22,23,10,11,13,14,18,19,25,35"]
[682,"Paranid","M1","Oedipus",null,64.599999999999994,32.299999999999997,9,"XXL",480000,"2 GJ ",5,18800,363.63636363636402,30,229000,4071.1619999999998,13200,58,{"$f":"SUM(LEFT(TableM1[[#This Row],[Main]],2)*VLOOKUP(VALUE(TRIM(CLEAN(RIGHT(TableM1[[#This Row],[Main]],2)))),TableLasers[],COLUMN(TableLasers[S-DPH]),FALSE),LEFT(TableM1[[#This Row],[Front]],2)*VLOOKUP(VALUE(TRIM(CLEAN(RIGHT(TableM1[[#This Row],[Front]],2)))),TableLasers[],COLUMN(TableLasers[S-DPH]),FALSE),LEFT(TableM1[[#This Row],[Back]],2)*VLOOKUP(VALUE(TRIM(CLEAN(RIGHT(TableM1[[#This Row],[Back]],2)))),TableLasers[],COLUMN(TableLasers[S-DPH]),FALSE),LEFT(TableM1[[#This Row],[Left]],2)*VLOOKUP(VALUE(TRIM(CLEAN(RIGHT(TableM1[[#This Row],[Left]],2)))),TableLasers[],COLUMN(TableLasers[S-DPH]),FALSE),LEFT(TableM1[[#This Row],[Right]],2)*VLOOKUP(VALUE(TRIM(CLEAN(RIGHT(TableM1[[#This Row],[Right]],2)))),TableLasers[],COLUMN(TableLasers[S-DPH]),FALSE),LEFT(TableM1[[#This Row],[Up]],2)*VLOOKUP(VALUE(TRIM(CLEAN(RIGHT(TableM1[[#This Row],[Up]],2)))),TableLasers[],COLUMN(TableLasers[S-DPH]),FALSE),LEFT(TableM1[[#This Row],[Down]],2)*VLOOKUP(VALUE(TRIM(CLEAN(RIGHT(TableM1[[#This Row],[Down]],2)))),TableLasers[],COLUMN(TableLasers[S-DPH]),FALSE))","v":738392},{"$f":"SUM(LEFT(TableM1[[#This Row],[Main]],2)*VLOOKUP(VALUE(TRIM(CLEAN(RIGHT(TableM1[[#This Row],[Main]],2)))),TableLasers[],COLUMN(TableLasers[H-DPH]),FALSE),LEFT(TableM1[[#This Row],[Front]],2)*VLOOKUP(VALUE(TRIM(CLEAN(RIGHT(TableM1[[#This Row],[Front]],2)))),TableLasers[],COLUMN(TableLasers[H-DPH]),FALSE),LEFT(TableM1[[#This Row],[Back]],2)*VLOOKUP(VALUE(TRIM(CLEAN(RIGHT(TableM1[[#This Row],[Back]],2)))),TableLasers[],COLUMN(TableLasers[H-DPH]),FALSE),LEFT(TableM1[[#This Row],[Left]],2)*VLOOKUP(VALUE(TRIM(CLEAN(RIGHT(TableM1[[#This Row],[Left]],2)))),TableLasers[],COLUMN(TableLasers[H-DPH]),FALSE),LEFT(TableM1[[#This Row],[Right]],2)*VLOOKUP(VALUE(TRIM(CLEAN(RIGHT(TableM1[[#This Row],[Right]],2)))),TableLasers[],COLUMN(TableLasers[H-DPH]),FALSE),LEFT(TableM1[[#This Row],[Up]],2)*VLOOKUP(VALUE(TRIM(CLEAN(RIGHT(TableM1[[#This Row],[Up]],2)))),TableLasers[],COLUMN(TableLasers[H-DPH]),FALSE),LEFT(TableM1[[#This Row],[Down]],2)*VLOOKUP(VALUE(TRIM(CLEAN(RIGHT(TableM1[[#This Row],[Down]],2)))),TableLasers[],COLUMN(TableLasers[H-DPH]),FALSE))","v":111368},"00::00","06::32","04::20","06::32","06::32","04::06","04::06",null,6,4,6,6,4,4,null,"20,31,32","6,7,20,22,28,29,35","20,31,32","20,31,32","0,1,6,7,22","0,1,6,7,22","0,1,3,5,12,17,22,23,10,11,13,14,18,19,25,35"]
[685,null,"M1","E",null,26,13,13,"XXL",900000,"2 GJ ",15,10400,1454.54545454545,32,450000,6749.55,15000,50,{"$f":"SUM(LEFT(TableM1[[#This Row],[Main]],2)*VLOOKUP(VALUE(TRIM(CLEAN(RIGHT(TableM1[[#This Row],[Main]],2)))),TableLasers[],COLUMN(TableLasers[S-DPH]),FALSE),LEFT(TableM1[[#This Row],[Front]],2)*VLOOKUP(VALUE(TRIM(CLEAN(RIGHT(TableM1[[#This Row],[Front]],2)))),TableLasers[],COLUMN(TableLasers[S-DPH]),FALSE),LEFT(TableM1[[#This Row],[Back]],2)*VLOOKUP(VALUE(TRIM(CLEAN(RIGHT(TableM1[[#This Row],[Back]],2)))),TableLasers[],COLUMN(TableLasers[S-DPH]),FALSE),LEFT(TableM1[[#This Row],[Left]],2)*VLOOKUP(VALUE(TRIM(CLEAN(RIGHT(TableM1[[#This Row],[Left]],2)))),TableLasers[],COLUMN(TableLasers[S-DPH]),FALSE),LEFT(TableM1[[#This Row],[Right]],2)*VLOOKUP(VALUE(TRIM(CLEAN(RIGHT(TableM1[[#This Row],[Right]],2)))),TableLasers[],COLUMN(TableLasers[S-DPH]),FALSE),LEFT(TableM1[[#This Row],[Up]],2)*VLOOKUP(VALUE(TRIM(CLEAN(RIGHT(TableM1[[#This Row],[Up]],2)))),TableLasers[],COLUMN(TableLasers[S-DPH]),FALSE),LEFT(TableM1[[#This Row],[Down]],2)*VLOOKUP(VALUE(TRIM(CLEAN(RIGHT(TableM1[[#This Row],[Down]],2)))),TableLasers[],COLUMN(TableLasers[S-DPH]),FALSE))","v":0},{"$f":"SUM(LEFT(TableM1[[#This Row],[Main]],2)*VLOOKUP(VALUE(TRIM(CLEAN(RIGHT(TableM1[[#This Row],[Main]],2)))),TableLasers[],COLUMN(TableLasers[H-DPH]),FALSE),LEFT(TableM1[[#This Row],[Front]],2)*VLOOKUP(VALUE(TRIM(CLEAN(RIGHT(TableM1[[#This Row],[Front]],2)))),TableLasers[],COLUMN(TableLasers[H-DPH]),FALSE),LEFT(TableM1[[#This Row],[Back]],2)*VLOOKUP(VALUE(TRIM(CLEAN(RIGHT(TableM1[[#This Row],[Back]],2)))),TableLasers[],COLUMN(TableLasers[H-DPH]),FALSE),LEFT(TableM1[[#This Row],[Left]],2)*VLOOKUP(VALUE(TRIM(CLEAN(RIGHT(TableM1[[#This Row],[Left]],2)))),TableLasers[],COLUMN(TableLasers[H-DPH]),FALSE),LEFT(TableM1[[#This Row],[Right]],2)*VLOOKUP(VALUE(TRIM(CLEAN(RIGHT(TableM1[[#This Row],[Right]],2)))),TableLasers[],COLUMN(TableLasers[H-DPH]),FALSE),LEFT(TableM1[[#This Row],[Up]],2)*VLOOKUP(VALUE(TRIM(CLEAN(RIGHT(TableM1[[#This Row],[Up]],2)))),TableLasers[],COLUMN(TableLasers[H-DPH]),FALSE),LEFT(TableM1[[#This Row],[Down]],2)*VLOOKUP(VALUE(TRIM(CLEAN(RIGHT(TableM1[[#This Row],[Down]],2)))),TableLasers[],COLUMN(TableLasers[H-DPH]),FALSE))","v":0},"00::27","00::00","00::00","00::00","00::00","00::00","00::00",null,8,null,8,8,null,8,27,null,null,null,null,null,null,"0,1,3,5,12,17,22,23,10,11,13,14,18,19,25,4,15,16,20,24,27,36,37,38,28,39,35"]
[686,"Boron","M1","Aquata",null,79.8,39.9,9,"XXL",450000,"2 GJ ",5,19000,363.63636363636402,26,180400,3207.1511999999998,16500,48,{"$f":"SUM(LEFT(TableM1[[#This Row],[Main]],2)*VLOOKUP(VALUE(TRIM(CLEAN(RIGHT(TableM1[[#This Row],[Main]],2)))),TableLasers[],COLUMN(TableLasers[S-DPH]),FALSE),LEFT(TableM1[[#This Row],[Front]],2)*VLOOKUP(VALUE(TRIM(CLEAN(RIGHT(TableM1[[#This Row],[Front]],2)))),TableLasers[],COLUMN(TableLasers[S-DPH]),FALSE),LEFT(TableM1[[#This Row],[Back]],2)*VLOOKUP(VALUE(TRIM(CLEAN(RIGHT(TableM1[[#This Row],[Back]],2)))),TableLasers[],COLUMN(TableLasers[S-DPH]),FALSE),LEFT(TableM1[[#This Row],[Left]],2)*VLOOKUP(VALUE(TRIM(CLEAN(RIGHT(TableM1[[#This Row],[Left]],2)))),TableLasers[],COLUMN(TableLasers[S-DPH]),FALSE),LEFT(TableM1[[#This Row],[Right]],2)*VLOOKUP(VALUE(TRIM(CLEAN(RIGHT(TableM1[[#This Row],[Right]],2)))),TableLasers[],COLUMN(TableLasers[S-DPH]),FALSE),LEFT(TableM1[[#This Row],[Up]],2)*VLOOKUP(VALUE(TRIM(CLEAN(RIGHT(TableM1[[#This Row],[Up]],2)))),TableLasers[],COLUMN(TableLasers[S-DPH]),FALSE),LEFT(TableM1[[#This Row],[Down]],2)*VLOOKUP(VALUE(TRIM(CLEAN(RIGHT(TableM1[[#This Row],[Down]],2)))),TableLasers[],COLUMN(TableLasers[S-DPH]),FALSE))","v":674338},{"$f":"SUM(LEFT(TableM1[[#This Row],[Main]],2)*VLOOKUP(VALUE(TRIM(CLEAN(RIGHT(TableM1[[#This Row],[Main]],2)))),TableLasers[],COLUMN(TableLasers[H-DPH]),FALSE),LEFT(TableM1[[#This Row],[Front]],2)*VLOOKUP(VALUE(TRIM(CLEAN(RIGHT(TableM1[[#This Row],[Front]],2)))),TableLasers[],COLUMN(TableLasers[H-DPH]),FALSE),LEFT(TableM1[[#This Row],[Back]],2)*VLOOKUP(VALUE(TRIM(CLEAN(RIGHT(TableM1[[#This Row],[Back]],2)))),TableLasers[],COLUMN(TableLasers[H-DPH]),FALSE),LEFT(TableM1[[#This Row],[Left]],2)*VLOOKUP(VALUE(TRIM(CLEAN(RIGHT(TableM1[[#This Row],[Left]],2)))),TableLasers[],COLUMN(TableLasers[H-DPH]),FALSE),LEFT(TableM1[[#This Row],[Right]],2)*VLOOKUP(VALUE(TRIM(CLEAN(RIGHT(TableM1[[#This Row],[Right]],2)))),TableLasers[],COLUMN(TableLasers[H-DPH]),FALSE),LEFT(TableM1[[#This Row],[Up]],2)*VLOOKUP(VALUE(TRIM(CLEAN(RIGHT(TableM1[[#This Row],[Up]],2)))),TableLasers[],COLUMN(TableLasers[H-DPH]),FALSE),LEFT(TableM1[[#This Row],[Down]],2)*VLOOKUP(VALUE(TRIM(CLEAN(RIGHT(TableM1[[#This Row],[Down]],2)))),TableLasers[],COLUMN(TableLasers[H-DPH]),FALSE))","v":149912},"00::00","06::39","04::13","04::39","04::39","04::23","04::23",null,6,4,4,4,4,4,null,"3,13,40,39","3,4,23,13,28,29,35","3,13,40,39","3,13,40,39","0,1,3,4,23","0,1,3,4,23","0,1,3,5,12,17,22,23,10,11,13,14,18,19,25,35"]
[696,"Terran","M1","Terraformer C Ship",null,36,18,13,"XXL",900000,"2 GJ ",7,10400,727.27272727272702,32,250000,3749.75,11000,50,{"$f":"SUM(LEFT(TableM1[[#This Row],[Main]],2)*VLOOKUP(VALUE(TRIM(CLEAN(RIGHT(TableM1[[#This Row],[Main]],2)))),TableLasers[],COLUMN(TableLasers[S-DPH]),FALSE),LEFT(TableM1[[#This Row],[Front]],2)*VLOOKUP(VALUE(TRIM(CLEAN(RIGHT(TableM1[[#This Row],[Front]],2)))),TableLasers[],COLUMN(TableLasers[S-DPH]),FALSE),LEFT(TableM1[[#This Row],[Back]],2)*VLOOKUP(VALUE(TRIM(CLEAN(RIGHT(TableM1[[#This Row],[Back]],2)))),TableLasers[],COLUMN(TableLasers[S-DPH]),FALSE),LEFT(TableM1[[#This Row],[Left]],2)*VLOOKUP(VALUE(TRIM(CLEAN(RIGHT(TableM1[[#This Row],[Left]],2)))),TableLasers[],COLUMN(TableLasers[S-DPH]),FALSE),LEFT(TableM1[[#This Row],[Right]],2)*VLOOKUP(VALUE(TRIM(CLEAN(RIGHT(TableM1[[#This Row],[Right]],2)))),TableLasers[],COLUMN(TableLasers[S-DPH]),FALSE),LEFT(TableM1[[#This Row],[Up]],2)*VLOOKUP(VALUE(TRIM(CLEAN(RIGHT(TableM1[[#This Row],[Up]],2)))),TableLasers[],COLUMN(TableLasers[S-DPH]),FALSE),LEFT(TableM1[[#This Row],[Down]],2)*VLOOKUP(VALUE(TRIM(CLEAN(RIGHT(TableM1[[#This Row],[Down]],2)))),TableLasers[],COLUMN(TableLasers[S-DPH]),FALSE))","v":0},{"$f":"SUM(LEFT(TableM1[[#This Row],[Main]],2)*VLOOKUP(VALUE(TRIM(CLEAN(RIGHT(TableM1[[#This Row],[Main]],2)))),TableLasers[],COLUMN(TableLasers[H-DPH]),FALSE),LEFT(TableM1[[#This Row],[Front]],2)*VLOOKUP(VALUE(TRIM(CLEAN(RIGHT(TableM1[[#This Row],[Front]],2)))),TableLasers[],COLUMN(TableLasers[H-DPH]),FALSE),LEFT(TableM1[[#This Row],[Back]],2)*VLOOKUP(VALUE(TRIM(CLEAN(RIGHT(TableM1[[#This Row],[Back]],2)))),TableLasers[],COLUMN(TableLasers[H-DPH]),FALSE),LEFT(TableM1[[#This Row],[Left]],2)*VLOOKUP(VALUE(TRIM(CLEAN(RIGHT(TableM1[[#This Row],[Left]],2)))),TableLasers[],COLUMN(TableLasers[H-DPH]),FALSE),LEFT(TableM1[[#This Row],[Right]],2)*VLOOKUP(VALUE(TRIM(CLEAN(RIGHT(TableM1[[#This Row],[Right]],2)))),TableLasers[],COLUMN(TableLasers[H-DPH]),FALSE),LEFT(TableM1[[#This Row],[Up]],2)*VLOOKUP(VALUE(TRIM(CLEAN(RIGHT(TableM1[[#This Row],[Up]],2)))),TableLasers[],COLUMN(TableLasers[H-DPH]),FALSE),LEFT(TableM1[[#This Row],[Down]],2)*VLOOKUP(VALUE(TRIM(CLEAN(RIGHT(TableM1[[#This Row],[Down]],2)))),TableLasers[],COLUMN(TableLasers[H-DPH]),FALSE))","v":0},"00::37","00::00","00::00","00::00","00::00","00::00","00::00",null,8,null,8,8,null,8,"10,11,16,17,26,37,38,28,29,35,45,46,47",null,null,null,null,null,null,"4,15,16,20,24,27,36,37,38"]

{"sheet":"Master","index":14,"n_rows":703,"n_cols":43,"rows_kept":703,"cut":false,"hidden":false,"merged":[]}
["ID","Race","Class","Name","Variation","Speed","Accel","AAccel","CClass","Hull","SType","SCount","SPower","SRTime","LCount","LEnergy","LRRate","MaxCargo","Hangar","S-Damage","H-Damage","Main","Front","Back","Left","Right","Up","Down","nMain","nFront","nBack","nLeft","nRight","nUp","nDown","xMain","xFront","xBack","xLeft","xRight","xUp","xDown","Missiles"]
[0,"Argon","TL","Mammoth",null,78.599999999999994,52.4,7,"ST",150000,"1 GJ ",5,4400,652.17391304347802,8,17100,342,120000,5,null,null,null,null,null,null,null,null,null,null,2,2,2,2,null,null,null,"0,1,13,28,29,35","0,1,4,23,28,29,35","0,1,4,23,28,29,35","0,1,4,23,28,29,35",null,null,"0,1,3,5,12,17,22,23,35"]
[1,"Argon","TS","Mercury",null,100,50,10,"XL",20000,"25 MJ ",5,800,88.183421516754805,2,950,19,4000,0,null,null,null,null,null,null,null,null,null,null,null,2,null,null,null,null,null,null,"0,1,3,4,28,29,35",null,null,null,null,35]
[2,"Argon","TS","Mercury","Tanker",132.80000000000001,66.400000000000006,10,"L",20000,"25 MJ ",4,500,88.183421516754805,2,850,17,6000,0,null,null,null,null,null,null,null,null,null,null,null,2,null,null,null,null,null,null,"0,1,3,4,29,35",null,null,null,null,35]
[3,"Argon","TS","Mercury","Hauler",90,45,10,"XL",19000,"200 MJ  ",1,900,151.51515151515201,2,1000,20,7000,0,null,null,null,null,null,null,null,null,null,null,null,2,null,null,null,null,null,null,"0,1,3,4,28,29,35",null,null,null,null,35]
[4,"Argon","TS","Mercury","Tanker XL",122,61,9,"L",20000,"25 MJ ",5,800,88.183421516754805,2,950,19,10800,0,null,null,null,null,null,null,null,null,null,null,null,2,null,null,null,null,null,null,"0,1,3,4,29,35",null,null,null,null,35]
[5,"Argon","TS","Mercury","Super Freighter",79,39.5,10,"XXL",19000,"200 MJ  ",3,1300,227.272727272727,2,1150,23,9850,0,null,null,null,null,null,null,null,null,null,null,null,2,null,null,null,null,null,null,"0,1,3,4,23,28,29,35",null,null,null,null,35]
[6,"Argon","TS","Mercury","Super Freighter XL",72,36,10,"XXL",17000,"200 MJ  ",4,1500,303.030303030303,2,1250,25,12800,0,null,null,null,null,null,null,null,null,null,null,null,2,null,null,null,null,null,null,"0,1,3,4,23,28,29,35",null,null,null,null,35]
[7,"Argon","TP","Express",null,165,66,18,"XL",20000,"200 MJ  ",3,3600,75.757575757575793,2,950,19,825,0,null,null,null,null,null,null,null,null,null,null,null,2,null,null,null,null,null,null,"0,1,4",null,null,null,null,35]
[8,"Argon","TP","Express","Hauler",150,60,18,"XL",20600,"200 MJ  ",3,3600,75.757575757575793,2,1000,20,1037,0,null,null,null,null,null,null,null,null,null,null,null,2,null,null,null,null,null,null,"0,1,4",null,null,null,null,35]
[9,"Argon","TM","Magnetar",null,110,55,10,"XL",21000,"200 MJ  ",2,1000,227.272727272727,4,2450,61.25,1500,4,null,null,null,null,null,null,null,null,null,null,2,2,null,null,null,null,null,"3,4,13,28,29,35","3,4,13,28,29,35",null,null,null,null,"0,35"]
[10,"Argon","M1","Colossus",null,82.304000000000002,51.44,9,"XXL",400000,"2 GJ ",3,10200,363.63636363636402,24,120400,2817.1192000000001,14080,45,null,null,null,null,null,null,null,null,null,null,4,4,4,4,4,4,null,"3,13,40,39","3,4,23,13,28,29,35","3,13,40,39","3,13,40,39","0,1,3,4,23","0,1,3,4,23","0,1,3,5,12,17,22,23,10,11,13,14,18,19,25,35"]
[11,"Argon","M2","Titan",null,66.92,47.8,9,"XXL",700000,"2 GJ ",4,17500,363.63636363636402,40,346400,6581.2536,13000,2,null,null,null,null,null,null,null,null,null,null,8,8,8,8,4,4,null,"3,13,40,39","0,1,3,4,23,13","13,40,39","13,40,39","0,1,3,4,23","0,1,3,4,23","0,1,3,5,12,17,22,23,10,11,13,14,18,19,25,35"]
[12,"Argon","M3","Nova",null,237.5,95,42,"L",10000,"25 MJ ",3,750,44.091710758377403,10,6200,154.96279999999999,236,0,null,null,null,null,null,null,null,null,null,8,null,2,null,null,null,null,"0,1,3,4",null,"0,1,4",null,null,null,null,"0,1,3,5,12,17,22,23,35"]
[13,"Argon","M3","Nova","Raider",273,109.2,42,"L",9500,"25 MJ ",2,825,44.091710758377403,10,6300,157.4622,216,0,null,null,null,null,null,null,null,null,null,8,null,2,null,null,null,null,"0,1,3,4",null,"0,1,4",null,null,null,null,"0,1,3,5,12,17,22,23,35"]
[14,"Argon","M3","Nova","Vanguard",243.75,97.5,42,"L",9500,"25 MJ ",3,825,44.091710758377403,10,7220,180.45668000000001,182,0,null,null,null,null,null,null,null,null,null,8,null,2,null,null,null,null,"0,1,3,4",null,"0,1,4",null,null,null,null,"0,1,3,5,12,17,22,23,35"]
[15,"Argon","M3","Nova","Sentinel",208,83.2,42,"L",10000,"25 MJ ",4,1025,44.091710758377403,10,6200,154.96279999999999,214,0,null,null,null,null,null,null,null,null,null,8,null,2,null,null,null,null,"0,1,3,4",null,"0,1,4",null,null,null,null,"0,1,3,5,12,17,22,23,35"]
[16,"Argon","M3","Eclipse",null,205,82,35,"L",12500,"200 MJ  ",1,1250,75.757575757575793,12,8800,219.94720000000001,320,0,null,null,null,null,null,null,null,null,null,8,2,2,null,null,null,null,"0,1,3,4","0,1,4","0,1,4",null,null,null,null,"0,1,3,5,12,17,22,23,35"]
[17,"Argon","M4","Buster",null,301.91840000000002,107.828,45,"M",3500,"5 MJ ",3,250,18.254837531945999,6,2050,51.237699999999997,168,0,null,null,null,null,null,null,null,null,null,6,null,null,null,null,null,null,"0,1,4",null,null,null,null,null,null,"0,35"]
[18,"Argon","M4","Buster","Raider",352.3184,125.828,45,"M",3325,"5 MJ ",2,200,18.254837531945999,6,2300,57.486199999999997,157,0,null,null,null,null,null,null,null,null,null,6,null,null,null,null,null,null,"0,1,4",null,null,null,null,null,null,"0,35"]
[19,"Argon","M4","Buster","Vanguard",307.79840000000002,109.928,45,"M",3325,"5 MJ ",3,275,18.254837531945999,6,2660,66.484039999999993,146,0,null,null,null,null,null,null,null,null,null,6,null,null,null,null,null,null,"0,1,4",null,null,null,null,null,null,"0,35"]
[20,"Argon","M4","Buster","Sentinel",290.71839999999997,103.828,45,"M",3500,"5 MJ ",4,275,36.509675063891898,6,2050,51.237699999999997,157,0,null,null,null,null,null,null,null,null,null,6,null,null,null,null,null,null,"0,1,4",null,null,null,null,null,null,"0,35"]
[21,"Argon","M4","Elite",null,267.5,107,45,"M",6500,"25 MJ ",2,550,44.091710758377403,8,4500,112.5,180,0,null,null,null,null,null,null,null,null,null,6,null,2,null,null,null,null,"0,1,3,4",null,"0,1,4",null,null,null,null,"0,35"]
[22,"Argon","M5","Discoverer",null,470.54700000000003,134.44200000000001,48,"S",1000,"1 MJ ",3,100,7.9744816586921896,4,1000,24.99,55,0,null,null,null,null,null,null,null,null,null,4,null,null,null,null,null,null,0]
[23,"Argon","M5","Discoverer","Raider",549.64700000000005,157.042,48,"S",1000,"1 MJ ",3,110,7.9744816586921896,4,1000,24.99,40,0,null,null,null,null,null,null,null,null,null,4,null,null,null,null,null,null,0]
[24,"Argon","M5","Discoverer","Hauler",452.34699999999998,129.24199999999999,48,"S",1000,"1 MJ ",3,100,7.9744816586921896,4,900,22.491,77,0,null,null,null,null,null,null,null,null,null,4,null,null,null,null,null,null,0]
[25,"Argon","M5","Discoverer","Vanguard",490.84699999999998,140.24199999999999,48,"S",1000,"1 MJ ",3,110,7.9744816586921896,4,1200,29.988,47,0,null,null,null,null,null,null,null,null,null,4,null,null,null,null,null,null,0]
[26,"Argon","M6","Centaur",null,214,107,23,"XL",60000,"200 MJ  ",4,3000,151.51515151515201,14,17500,493.83249999999998,1750,0,null,null,null,null,null,null,null,null,null,8,null,2,2,2,null,null,"0,1,3,4,13,28,29,35",null,"0,1,3,4","0,1,3,4","0,1,3,4",null,null,"0,1,3,5,12,17,22,23,10,11,13,14,18,19,25,35"]
[27,"Argon","M6","Heavy Centaur",null,189,94.5,22,"XL",67000,"200 MJ  ",5,3300,151.51515151515201,20,25500,830.10149999999999,1475,1,null,null,null,null,null,null,null,null,null,10,null,2,4,4,null,null,"0,1,3,4,13,28,29,35",null,"3,4,13","3,4,13","3,4,13",null,null,"0,1,3,5,12,17,22,23,10,11,13,14,18,19,25,35"]
[28,"Argon","M7","Cerberus",null,143.1,79.5,12,"XXL",150000,"1 GJ ",3,5500,434.78260869565202,30,63000,1925.028,3900,8,null,null,null,null,null,null,null,null,null,8,null,6,2,2,6,6,"3,4,23,13",null,"0,1,4,23",null,null,"0,1,4,23","0,1,4,23","0,1,3,5,12,17,22,23,10,11,13,14,18,19,25,35"]
[29,"Argon","M7","Minotaur",null,69.999200000000002,41.176000000000002,9,"XXL",350000,"1 GJ ",3,14400,217.39130434782601,22,11050,276.25,8000,1,null,null,null,null,null,null,null,null,null,null,8,4,4,4,2,null,null,null,"0,1,4,23",null,null,"0,1,4,23",null,"29,30,41"]
[30,"Argon","M8","Gladiator",null,125,62.5,16,"XL",25000,"25 MJ ",5,1200,44.091710758377403,10,2000,40,1050,0,null,null,null,null,null,null,null,null,null,null,8,2,null,null,null,null,null,null,"0,1,3,4",null,null,null,null,"6,7,8"]
[31,"Argon","M4","Fighter Drone MKII",null,450,450,42,"M",200,"1 MJ ",0,25,0,2,500,4.1665000000000001,10,0,null,null,null,null,null,null,null,null,null,2,null,null,null,null,null,null,"0,1,29,35"]
[32,"Unknown","TL","zzPLACEHOLDER","Hauler",41.3,29.5,10,"XL",340000,"2 GJ ",7,34200,363.63636363636402,0,0,0,84000,2,null,null,null,null,null,null,null,null,null,null,null,null,null,null,null,null,null,"0,1,3,4,28,29,35","0,1,3,4,28,29,35"]
[33,"Unknown","TL","zzPLACEHOLDER","Hauler",37.799999999999997,27,10,"XXL",340000,"2 GJ ",1,34200,363.63636363636402,0,0,0,48000,2,null,null,null,null,null,null,null,null,null,null,null,null,null,null,null,null,null,"0,1,3,4,23,28,29,35","0,1,3,4,23,28,29,35"]
[34,"Unknown","TL","zzPLACEHOLDER","Hauler",37.799999999999997,27,10,"XXL",340000,"2 GJ ",1,34200,363.63636363636402,0,0,0,48000,2,null,null,null,null,null,null,null,null,null,null,null,null,null,null,null,null,null,"0,1,3,4,23,28,29,35","0,1,3,4,23,28,29,35"]
[35,"Unknown","TL","zzPLACEHOLDER","Hauler",37.799999999999997,27,10,"XXL",340000,"2 GJ ",1,34200,363.63636363636402,0,0,0,48000,2,null,null,null,null,null,null,null,null,null,null,null,null,null,null,null,null,null,"0,1,3,4,23,28,29,35","0,1,3,4,23,28,29,35"]
[36,"Unknown","TL","zzPLACEHOLDER","Hauler",37.799999999999997,27,10,"XXL",340000,"2 GJ ",1,34200,363.63636363636402,0,0,0,48000,2,null,null,null,null,null,null,null,null,null,null,null,null,null,null,null,null,null,"0,1,3,4,23,28,29,35","0,1,3,4,23,28,29,35"]
[37,"Unknown","TL","zzPLACEHOLDER","Hauler",37.799999999999997,27,10,"XXL",340000,"2 GJ ",1,34200,363.63636363636402,0,0,0,48000,2,null,null,null,null,null,null,null,null,null,null,null,null,null,null,null,null,null,"0,1,3,4,23,28,29,35","0,1,3,4,23,28,29,35"]
[38,"Argon","M1","Small Orbital Weapons Platform",null,0,0,14,"XXL",200000,"2 GJ ",3,20000,363.63636363636402,16,120000,3437.4,10000,0,null,null,null,null,null,null,null,null,null,null,4,4,4,4,null,null,null,"0,1,3,4,23,5,18,6,7,8,14,9,15,20,13,21,24,22","0,1,3,4,23,5,18,6,7,8,14,9,15,20,13,21,24,22","36,33,31,32,40,39,34,2,30","36,33,31,32,40,39,34,2,30",null,null,"0,1,3,5,12,17,22,23,10,11,13,14,18,19,25,30,35"]
[39,"Argon","M1","Medium Orbital Weapons Platform",null,0,0,14,"XXL",400000,"2 GJ ",5,100000,363.63636363636402,32,240000,6857.04,20000,0,null,null,null,null,null,null,null,null,null,null,8,8,8,8,null,null,null,"0,1,3,4,23,5,18,6,7,8,14,9,15,20,13,21,24,22","0,1,3,4,23,5,18,6,7,8,14,9,15,20,13,21,24,22","36,33,31,32,40,39,34,2,30","36,33,31,32,40,39,34,2,30",null,null,"0,1,3,5,12,17,22,23,10,11,13,14,18,19,25,6,7,8,29,35"]
[40,"Argon","M1","Large Orbital Weapons Platform",null,0,0,14,"XXL",600000,"2 GJ ",10,100000,363.63636363636402,48,365000,7963.57,40000,3,null,null,null,null,null,null,null,null,null,null,4,4,10,10,null,null,null,"0,1,3,4,23,5,18,6,7,8,14,9,15,20,13,21,24,22","0,1,3,4,23,5,18,6,7,8,14,9,15,20,13,21,24,22","36,33,31,32,40,39,34,2,30","36,33,31,32,40,39,34,2,30",null,null,"0,1,3,5,12,17,22,23,10,11,13,14,18,19,25,6,7,8,29,30,35"]
[41,"Split","TL","Elephant",null,93,62,6,"ST",120000,"1 GJ ",4,4600,434.78260869565202,12,27300,546,68000,14,null,null,null,null,null,null,null,null,null,null,3,3,3,3,null,null,null,"0,1,3,9,15,28,29,35","9,15,24,28,29,35","0,1,3,9,15,24","0,1,3,9,15,24",null,null,"0,35"]
[42,"Split","TS","Caiman",null,124.992,69.44,9,"XL",16000,"25 MJ ",4,500,88.183421516754805,2,1600,38.900799999999997,3500,0,null,null,null,null,null,null,null,null,null,null,null,2,null,null,null,null,null,null,"0,1,3,9,15",null,null,null,null,35]
[43,"Split","TS","Caiman","Tanker",146.52000000000001,81.400000000000006,9,"L",16000,"25 MJ ",3,500,88.183421516754805,2,1600,38.857599999999998,5000,0,null,null,null,null,null,null,null,null,null,null,null,2,null,null,null,null,null,null,"0,1,3,9",null,null,null,null,35]
[44,"Split","TS","Caiman","Hauler",99.993600000000001,55.552,9,"XL",15200,"200 MJ  ",1,800,151.51515151515201,6,2100,51.000599999999999,6000,0,null,null,null,null,null,null,null,null,null,4,null,2,null,null,null,null,"0,1,3,9,15",null,"0,1,3,9,15",null,null,null,null,35]
[45,"Split","TS","Caiman","Tanker XL",128.88,71.599999999999994,9,"L",16000,"25 MJ ",5,800,88.183421516754805,6,2100,51.000599999999999,9325,0,null,null,null,null,null,null,null,null,null,4,null,2,null,null,null,null,"0,1,3,9",null,"0,1,3,9",null,null,null,null,35]
[46,"Split","TS","Caiman","Super Freighter",96.242400000000004,53.468000000000004,9,"XXL",15200,"200 MJ  ",2,1090,227.272727272727,6,2200,53.429200000000002,7375,0,null,null,null,null,null,null,null,null,null,4,null,2,null,null,null,null,"0,1,3,9,15",null,"0,1,3,9,15,24",null,null,null,null,35]
[47,"Split","TS","Caiman","Super Freighter XL",89.992800000000003,49.996000000000002,9,"XXL",13600,"200 MJ  ",3,1290,227.272727272727,6,2300,55.857799999999997,10325,0,null,null,null,null,null,null,null,null,null,4,null,2,null,null,null,null,"0,1,3,9,15",null,"0,1,3,9,15,24",null,null,null,null,35]
[48,"Split","TS","Caiman","Miner",117,65,9,"XL",15200,"25 MJ ",4,500,88.183421516754805,6,2200,51.999200000000002,5000,0,null,null,null,null,null,null,null,null,null,4,null,2,null,null,null,null,"0,1,3,9,15,28,29,35",null,null,null,null,null,null,35]
[49,"Split","TP","Iguana",null,181.45,95.5,15,"XL",16000,"200 MJ  ",1,1500,75.757575757575793,6,1750,38.5,780,0,null,null,null,null,null,null,null,null,null,4,null,2,null,null,null,null,"0,1,9,15",null,"0,1,9,15",null,null,null,null,35]
[50,"Split","TP","Iguana","Vanguard",186.99039999999999,98.415999999999997,15,"XL",16480,"200 MJ  ",1,1500,75.757575757575793,6,1850,40.700000000000003,547,0,null,null,null,null,null,null,null,null,null,4,null,2,null,null,null,null,"0,1,9,15",null,"0,1,9,15",null,null,null,null,35]
[51,"Split","TM","Boa",null,154.99799999999999,86.11,9,"XL",16800,"200 MJ  ",1,1000,151.51515151515201,8,4000,108,1350,4,null,null,null,null,null,null,null,null,null,null,4,4,null,null,null,null,null,"3,9,15","3,9,15",null,null,null,null,"0,1,3,5,12,17,22,23,35"]
[52,"Split","M1","Raptor",null,109.31399999999999,60.73,10,"XXL",320000,"2 GJ ",2,10000,363.63636363636402,30,123600,3089.8764000000001,14080,50,null,null,null,null,null,null,null,null,null,null,4,6,6,6,4,4,null,"3,9,15,33","3,9,15,24,28,29,35","3,9,15,33","3,9,15,33","0,1,3,9,15,24","0,1,3,9,15,24","0,1,3,5,12,17,22,23,10,11,13,14,18,19,25,35"]
[53,"Split","M2","Python",null,87.22,62.3,10,"XXL",600000,"2 GJ ",3,14000,363.63636363636402,42,331600,5305.2683999999999,9100,2,null,null,null,null,null,null,null,null,null,null,8,6,9,9,6,4,null,"3,9,15,33","3,9,15,24","3,9,15,33","3,9,15,33","3,9,15,24","3,9,15,24","0,1,3,5,12,17,22,23,10,11,13,14,18,19,25,35"]
[54,"Split","M3","Mamba",null,293.75,117.5,35,"L",8000,"25 MJ ",2,650,44.091710758377403,8,7300,182.4562,194,0,null,null,null,null,null,null,null,null,null,8,null,null,null,null,null,null,"0,1,3,9",null,null,null,null,null,null,"0,1,3,5,12,17,22,23,35"]
[55,"Split","M3","Mamba","Raider",341.75,136.69999999999999,35,"L",7600,"25 MJ ",1,715,44.091710758377403,10,7400,184.9556,181,0,null,null,null,null,null,null,null,null,null,8,null,2,null,null,null,null,"0,1,3,9",null,"0,1,9",null,null,null,null,"0,1,3,5,12,17,22,23,35"]
[56,"Split","M3","Mamba","Vanguard",306,122.4,35,"L",7600,"25 MJ ",2,715,44.091710758377403,8,8200,204.95079999999999,156,0,null,null,null,null,null,null,null,null,null,8,null,null,null,null,null,null,"0,1,3,9",null,null,null,null,null,null,"0,1,3,5,12,17,22,23,35"]
[57,"Split","M3","Mamba","Sentinel",254.75,101.9,35,"L",8000,"25 MJ ",3,815,44.091710758377403,8,7300,182.4562,181,0,null,null,null,null,null,null,null,null,null,8,null,null,null,null,null,null,"0,1,3,9",null,null,null,null,null,null,"0,1,3,5,12,17,22,23,35"]
[58,"Split","M3","Chimera",null,252,100.8,35,"L",10000,"25 MJ ",4,1125,44.091710758377403,12,10850,271.18490000000003,290,0,null,null,null,null,null,null,null,null,null,8,2,2,null,null,null,null,"0,1,3,9","0,1,9","0,1,9",null,null,null,null,"0,1,3,5,12,17,22,23,35"]
[59,"Split","M4","Scorpion",null,384.10199999999998,128.03399999999999,38,"M",2800,"5 MJ ",1,105,18.254837531945999,6,2450,61.235300000000002,128,0,null,null,null,null,null,null,null,null,null,6,null,null,null,null,null,null,"0,1,9",null,null,null,null,null,null,"0,35"]
[60,"Split","M4","Scorpion","Raider",432.10199999999998,144.03399999999999,38,"M",2800,"5 MJ ",1,115,18.254837531945999,6,2650,66.234099999999998,101,0,null,null,null,null,null,null,null,null,null,6,null,null,null,null,null,null,"0,1,9",null,null,null,null,null,null,"0,35"]
[61,"Split","M4","Scorpion","Vanguard",384.10199999999998,128.03399999999999,38,"M",2660,"5 MJ ",1,115,18.254837531945999,6,2940,73.48236,106,0,null,null,null,null,null,null,null,null,null,6,null,null,null,null,null,null,"0,1,9",null,null,null,null,null,null,"0,35"]
[62,"Split","M4","Scorpion","Sentinel",366.10199999999998,122.03400000000001,38,"M",2800,"5 MJ ",2,115,36.509675063891898,6,2450,61.235300000000002,117,0,null,null,null,null,null,null,null,null,null,6,null,null,null,null,null,null,"0,1,9",null,null,null,null,null,null,"0,35"]
[63,"Split","M4","Asp",null,345.10199999999998,115.03400000000001,38,"M",5200,"25 MJ ",1,220,44.091710758377403,6,5000,124.97,138,0,null,null,null,null,null,null,null,null,null,6,null,null,null,null,null,null,"0,1,3,9",null,null,null,null,null,null,"0,35"]
[64,"Split","M5","Jaguar",null,569.59699999999998,162.74199999999999,40,"S",800,"1 MJ ",2,85,7.9744816586921896,4,1400,39.200000000000003,32,0,null,null,null,null,null,null,null,null,null,4,null,null,null,null,null,null,0]
[65,"Split","M5","Jaguar","Raider",706.447,201.84200000000001,40,"S",760,"1 MJ ",1,93,7.9744816586921896,4,1400,39.200000000000003,25,0,null,null,null,null,null,null,null,null,null,4,null,null,null,null,null,null,0]
[66,"Split","M5","Jaguar","Hauler",568.197,162.34200000000001,40,"S",848,"1 MJ ",1,85,7.9744816586921896,4,1200,29.992799999999999,45,0,null,null,null,null,null,null,null,null,null,4,null,null,null,null,null,null,0]
[67,"Split","M5","Jaguar","Vanguard",591.64700000000005,169.042,40,"S",760,"1 MJ ",2,93,7.9744816586921896,4,1640,40.990160000000003,26,0,null,null,null,null,null,null,null,null,null,4,null,null,null,null,null,null,0]
[68,"Split","M6","Dragon",null,266.11020000000002,140.05799999999999,26,"XL",48000,"200 MJ  ",3,2650,151.51515151515201,10,20700,572.70690000000002,1430,0,null,null,null,null,null,null,null,null,null,8,2,null,null,null,null,null,"0,1,3,9,15,28,29,35","0,1,3,9,15",null,null,null,null,null,"0,1,3,5,12,17,22,23,10,11,13,14,18,19,25,35"]
[69,"Split","M6","Heavy Dragon",null,237.80019999999999,125.158,25,"XL",55600,"200 MJ  ",4,2650,151.51515151515201,18,28525,858.91627500000004,1175,1,null,null,null,null,null,null,null,null,null,10,null,null,null,null,4,4,"0,1,3,9,15,28,29,35",null,null,null,null,null,null,"0,1,3,5,12,17,22,23,10,11,13,14,18,19,25,35"]
[70,"Split","M7","Tiger",null,130.32,72.400000000000006,12,"XXL",120000,"1 GJ ",4,6200,434.78260869565202,21,53000,1855,4100,1,null,null,null,null,null,null,null,null,null,8,null,3,3,3,2,2,"3,9,15,28,29,35",null,"9,15,24,28,29,35","3,9,15","3,9,15","0,1,3,9,15,24","0,1,3,9,15,24","0,1,3,5,12,17,22,23,10,11,13,14,18,19,25,35"]
[71,"Split","M7","Cobra",null,97.998199999999997,57.646000000000001,9,"XXL",280000,"1 GJ ",3,14400,217.39130434782601,17,13050,326.25,7000,1,null,null,null,null,null,null,null,null,null,null,3,2,null,null,null,null,null,"3,9,15,28,29,35","9,15,24,28,29,35",null,null,null,null,"29,30,41"]
[72,"Split","M8","Viper",null,175,87.5,16,"XL",20000,"25 MJ ",4,1040,44.091710758377403,10,2600,52,1000,0,null,null,null,null,null,null,null,null,null,null,8,2,null,null,null,null,null,null,"0,1,6,7,9,15",null,null,null,null,"6,7,8"]
[73,"Paranid","TL","Hercules",null,81.599999999999994,54.4,6,"ST",150000,"1 GJ ",6,5400,652.17391304347802,8,18800,187.90600000000001,80000,9,null,null,null,null,null,null,null,null,null,null,2,2,2,2,null,null,null,"6,7,20,28,29,35","0,1,6,7,28,29,35","0,1,6,7,20","0,1,6,7,20",null,null,"0,1,3,5,12,17,22,23,35"]
[74,"Paranid","TS","Demeter",null,110,55,9,"XL",20000,"25 MJ ",6,700,88.183421516754805,2,950,19,3800,0,null,null,null,null,null,null,null,null,null,null,null,2,null,null,null,null,null,null,"0,1,6,7",null,null,null,null,35]
[75,"Paranid","TS","Demeter","Tanker",138,69,9,"L",20000,"25 MJ ",6,700,88.183421516754805,2,850,17,5600,0,null,null,null,null,null,null,null,null,null,null,null,2,null,null,null,null,null,null,"0,1,6,7",null,null,null,null,35]
[76,"Paranid","TS","Demeter","Hauler",88,44,9,"XL",19000,"200 MJ  ",2,1000,227.272727272727,2,950,19,6600,0,null,null,null,null,null,null,null,null,null,null,null,2,null,null,null,null,"0,1",null,"0,1,6,7",null,null,null,null,35]
[77,"Paranid","TS","Demeter","Miner",102,51,9,"XL",19600,"200 MJ  ",1,700,151.51515151515201,2,950,19,4370,0,null,null,null,null,null,null,null,null,null,null,null,2,null,null,null,null,null,null,"28,29,35",null,null,null,null,35]
[78,"Paranid","TS","Demeter","Super Freighter",84.7,42.35,9,"XXL",19000,"200 MJ  ",4,2000,227.272727272727,2,1050,21,8260,0,null,null,null,null,null,null,null,null,null,null,null,2,null,null,null,null,null,null,"0,1,6,7,22",null,null,null,null,35]
[79,"Paranid","TS","Demeter","Super Freighter XL",79.2,39.6,9,"XXL",17000,"200 MJ  ",5,2000,227.272727272727,2,1150,23,11210,0,null,null,null,null,null,null,null,null,null,null,null,2,null,null,null,null,null,null,"0,1,6,7,22",null,null,null,null,35]
[80,"Paranid","TP","Hermes",null,168.56,60.2,16,"XL",20000,"200 MJ  ",3,3600,75.757575757575793,2,950,19,545,0,null,null,null,null,null,null,null,null,null,null,null,2,null,null,null,null,null,null,"0,1,6,7",null,null,null,null,35]
[81,"Paranid","TP","Hermes","Hauler",154.84,55.3,16,"XL",20600,"200 MJ  ",3,3600,75.757575757575793,2,1000,20,795,0,null,null,null,null,null,null,null,null,null,null,null,2,null,null,null,null,null,null,"0,1,6,7",null,null,null,null,35]
[82,"Paranid","TM","Helios",null,121,60.5,9,"XL",21000,"200 MJ  ",4,2000,227.272727272727,4,2000,50,1250,4,null,null,null,null,null,null,null,null,null,null,2,2,null,null,null,null,null,"6,7,20","6,7,20",null,null,null,null,"0,35"]
[83,"Paranid","M1","Zeus",null,75.680000000000007,47.3,9,"XXL",400000,"2 GJ ",4,9000,727.27272727272702,24,107000,1449.422,12800,43,null,null,null,null,null,null,null,null,null,null,4,4,4,4,4,4,null,"20,31,32","6,7,20,22,28,29,35","20,31,32","20,31,32","0,1,6,7,22","0,1,6,7,22","0,1,3,5,12,17,22,23,10,11,13,14,18,19,25,35"]
[84,"Paranid","M2","Odysseus",null,51.68,32.299999999999997,9,"XXL",630000,"2 GJ ",5,16400,363.63636363636402,40,304000,4559.6959999999999,11200,2,null,null,null,null,null,null,null,null,null,null,8,8,8,8,4,4,null,"20,31,32","6,7,20,22","20,31,32","20,31,32","0,1,6,7,22","0,1,6,7,22","0,1,3,5,12,17,22,23,10,11,13,14,18,19,25,35"]
[85,"Paranid","M3","Perseus",null,245.2208,111.464,38,"L",10000,"25 MJ ",3,750,44.091710758377403,10,6900,172.45859999999999,160,0,null,null,null,null,null,null,null,null,null,8,null,2,null,null,null,null,"0,1,6,7",null,"0,1,6,7",null,null,null,null,"0,1,3,5,12,17,22,23,35"]
[86,"Paranid","M3","Perseus","Raider",284.60079999999999,129.364,38,"L",9500,"25 MJ ",2,825,44.091710758377403,10,7000,174.958,144,0,null,null,null,null,null,null,null,null,null,8,null,2,null,null,null,null,"0,1,6,7",null,"0,1,6,7",null,null,null,null,"0,1,3,5,12,17,22,23,35"]
[87,"Paranid","M3","Perseus","Vanguard",256.44080000000002,116.56399999999999,38,"L",9500,"25 MJ ",3,825,44.091710758377403,10,7800,194.95320000000001,127,0,null,null,null,null,null,null,null,null,null,8,null,2,null,null,null,null,"0,1,6,7",null,"0,1,6,7",null,null,null,null,"0,1,3,5,12,17,22,23,35"]
[88,"Paranid","M3","Perseus","Sentinel",221.24080000000001,100.56399999999999,38,"L",10000,"25 MJ ",4,1025,44.091710758377403,10,6600,164.96039999999999,144,0,null,null,null,null,null,null,null,null,null,8,null,2,null,null,null,null,"0,1,6,7",null,"0,1,6,7",null,null,null,null,"0,1,3,5,12,17,22,23,35"]
[89,"Paranid","M3","Medusa",null,217.9408,99.063999999999993,35,"L",12500,"25 MJ ",6,1300,44.091710758377403,12,9433,235.82499999999999,320,0,null,null,null,null,null,null,null,null,null,8,2,2,null,null,null,null,"0,1,6,7","0,1,6,7","0,1,6,7",null,null,null,null,"0,1,3,5,12,17,22,23,35"]
[90,"Paranid","M4","Pericles",null,310.3184,110.828,41,"M",3500,"5 MJ ",3,250,18.254837531945999,6,2250,56.236499999999999,100,0,null,null,null,null,null,null,null,null,null,6,null,null,null,null,null,null,"0,1,7",null,null,null,null,null,null,"0,35"]
[91,"Paranid","M4","Pericles","Raider",369.11840000000001,131.828,41,"M",3325,"5 MJ ",2,275,18.254837531945999,6,2250,56.236499999999999,89,0,null,null,null,null,null,null,null,null,null,6,null,null,null,null,null,null,"0,1,7",null,null,null,null,null,null,"0,35"]
[92,"Paranid","M4","Pericles","Vanguard",318.71839999999997,113.828,41,"M",3325,"5 MJ ",3,275,18.254837531945999,6,2700,67.483800000000002,82,0,null,null,null,null,null,null,null,null,null,6,null,null,null,null,null,null,"0,1,7",null,null,null,null,null,null,"0,35"]
[93,"Paranid","M4","Pericles","Sentinel",296.3184,105.828,41,"M",3500,"5 MJ ",4,275,36.509675063891898,6,2250,56.236499999999999,89,0,null,null,null,null,null,null,null,null,null,6,null,null,null,null,null,null,"0,1,7",null,null,null,null,null,null,"0,35"]
[94,"Paranid","M4","Theseus",null,287.91840000000002,102.828,41,"M",6500,"25 MJ ",2,525,44.091710758377403,6,4750,81.999250000000004,110,0,null,null,null,null,null,null,null,null,null,6,null,null,null,null,null,null,"0,1,7",null,null,null,null,null,null,"0,35"]
[95,"Paranid","M5","Pegasus",null,520.59699999999998,148.74199999999999,44,"S",1000,"1 MJ ",3,100,7.9744816586921896,4,1200,29.992799999999999,25,0,null,null,null,null,null,null,null,null,null,4,null,null,null,null,null,null,0]
[96,"Paranid","M5","Pegasus","Raider",590.59699999999998,168.74199999999999,44,"S",950,"1 MJ ",2,110,7.9744816586921896,4,1200,29.988,19,0,null,null,null,null,null,null,null,null,null,4,null,null,null,null,null,null,0]
[97,"Paranid","M5","Pegasus","Vanguard",526.89700000000005,150.542,44,"S",950,"1 MJ ",3,110,7.9744816586921896,4,1400,36.4,21,0,null,null,null,null,null,null,null,null,null,4,null,null,null,null,null,null,0]
[98,"Paranid","M5","Pegasus","Sentinel",467.04700000000003,133.44200000000001,44,"S",1000,"1 MJ ",4,110,15.948963317384401,4,1000,24.994,30,0,null,null,null,null,null,null,null,null,null,4,null,null,null,null,null,null,0]
[99,"Paranid","M6","Nemesis",null,220.4,110.2,23,"XL",60000,"200 MJ  ",4,3000,151.51515151515201,10,18500,518.44399999999996,1200,0,null,null,null,null,null,null,null,null,null,8,null,null,null,null,2,null,"0,1,6,7,20,28,29,35",null,null,null,null,"0,1,6,7",null,"0,1,3,5,12,17,22,23,10,11,13,14,18,19,25,35"]
[100,"Paranid","M6","Heavy Nemesis",null,195.6,97.8,22,"XL",67000,"200 MJ  ",5,3300,151.51515151515201,20,26750,867.34199999999998,975,1,null,null,null,null,null,null,null,null,null,10,null,2,4,4,null,null,"0,1,6,7,20,28,29,35",null,"0,1,6,7","6,7,20","6,7,20",null,null,"0,1,3,5,12,17,22,23,10,11,13,14,18,19,25,35"]
[101,"Paranid","M7","Deimos",null,124.1,73,11,"XXL",150000,"1 GJ ",5,6100,434.78260869565202,18,62000,1550,3600,10,null,null,null,null,null,null,null,null,null,8,null,2,2,2,2,2,"6,7,20,28,29,35",null,"6,7,22,28,29,35","6,7,20","6,7,20","0,1,6,7,22","0,1,6,7,22","0,1,3,5,12,17,22,23,10,11,13,14,18,19,25,35"]
[102,"Paranid","M7","Ares",null,77.003200000000007,45.295999999999999,9,"XXL",350000,"2 GJ ",2,12400,363.63636363636402,26,11350,283.75,7000,1,null,null,null,null,null,null,null,null,null,null,null,4,8,8,2,2,null,null,"6,7,22,28,29,35",null,null,null,"0,1,6,7,22","29,30,41"]
[103,"Paranid","M8","Hades",null,137.5,68.75,16,"XL",25000,"25 MJ ",5,1200,44.091710758377403,10,2100,42,1090,0,null,null,null,null,null,null,null,null,null,null,8,2,null,null,null,null,null,null,"0,1,6,7",null,null,null,null,"6,7,8"]
[104,"Boron","TL","Orca",null,88.35,58.9,6,"ST",135000,"1 GJ ",5,5000,434.78260869565202,8,15300,152.92349999999999,100000,10,null,null,null,null,null,null,null,null,null,null,2,2,2,2,null,null,null,"0,1,4,23,8,14,28,29,35","4,23,8,14,28,29,35","0,1,8,14,36","0,1,8,14,36",null,null,"0,1,3,5,12,17,22,23,35"]
[105,"Boron","TS","Dolphin",null,85.86,47.7,9,"XL",18000,"25 MJ ",5,1250,44.091710758377403,0,1,1,5500,0]
[106,"Boron","TS","Dolphin","Tanker",118.26,65.7,9,"L",18000,"25 MJ ",4,1000,44.091710758377403,0,1,1,7000,0]
[107,"Boron","TS","Dolphin","Hauler",81.540000000000006,45.3,9,"XL",17100,"200 MJ  ",2,1500,151.51515151515201,0,1,1,8000,0]
[108,"Boron","TS","Dolphin","Tanker XL",106.38,59.1,9,"L",18000,"25 MJ ",5,900,88.183421516754805,0,1,1,13000,0]
[109,"Boron","TS","Dolphin","Super Freighter",72.900000000000006,40.5,9,"XXL",17100,"200 MJ  ",3,3000,151.51515151515201,0,1,1,10250,0]
[110,"Boron","TS","Dolphin","Super Freighter XL",69.3,38.5,9,"XXL",15300,"200 MJ  ",4,3000,151.51515151515201,0,1,1,14000,0]
[111,"Boron","TP","Angel",null,122.76,68.2,16,"XL",32000,"200 MJ  ",6,4600,151.51515151515201,4,1540,26.18,1600,0,null,null,null,null,null,null,null,null,null,null,null,2,null,null,2,null,null,null,"0,1,4,8,14",null,null,"0,1,4,8,14",null,"0,1,3,5,12,17,22,23,35"]
[112,"Boron","TP","Manta",null,168,56,16,"XL",18000,"200 MJ  ",2,2700,75.757575757575793,0,1,9.9950000000000004E-3,1030,0,null,null,null,null,null,null,null,null,null,null,null,null,null,null,null,null,null,null,null,null,null,null,null,35]
[113,"Boron","TP","Manta","Hauler",162.9,54.3,16,"XL",18540,"200 MJ  ",2,2700,75.757575757575793,0,1,9.9950000000000004E-3,1180,0,null,null,null,null,null,null,null,null,null,null,null,null,null,null,null,null,null,null,null,null,null,null,null,35]
[114,"Boron","TM","Pleco",null,144.54,80.3,9,"XL",18900,"200 MJ  ",2,1550,151.51515151515201,4,1750,35,1650,4,null,null,null,null,null,null,null,null,null,null,2,2,null,null,null,null,null,"8,14,28,29,35","8,14,28,29,35",null,null,null,null,"0,35"]
[115,"Boron","M1","Shark",null,95.2,56,10,"XXL",360000,"2 GJ ",3,10400,363.63636363636402,24,115600,2942.02,16000,40,null,null,null,null,null,null,null,null,null,null,8,4,2,2,4,4,null,"8,14,36","4,23,8,14,36,28,29,35","8,14,36,40","8,14,36,40","0,1,4,23,8,14","0,1,4,23,8,14","0,1,3,5,12,17,22,23,10,11,13,14,18,19,25,35"]
[116,"Boron","M2","Ray",null,71.540000000000006,51.1,10,"XXL",650000,"2 GJ ",4,16200,363.63636363636402,40,288800,4620.5111999999999,14300,2,null,null,null,null,null,null,null,null,null,null,8,8,8,8,4,4,null,"8,14,36","4,23,8,14,36","8,14,36,40","8,14,36,40","4,23,8,14","4,23,8,14","0,1,3,5,12,17,22,23,10,11,13,14,18,19,25,35"]
[117,"Boron","M3","Barracuda",null,263.75,105.5,38,"L",14000,"25 MJ ",4,750,88.183421516754805,8,5600,139.96639999999999,228,0,null,null,null,null,null,null,null,null,null,8,null,null,null,null,null,null,"0,1,4,8",null,null,null,null,null,null,"0,1,3,5,12,17,22,23,35"]
[118,"Boron","M3","Barracuda","Raider",311,124.4,38,"L",12550,"25 MJ ",3,500,88.183421516754805,8,5800,144.94200000000001,207,0,null,null,null,null,null,null,null,null,null,8,null,null,null,null,null,null,"0,1,4,8",null,null,null,null,null,null,"0,1,3,5,12,17,22,23,35"]
[119,"Boron","M3","Barracuda","Vanguard",273,109.2,38,"L",14550,"25 MJ ",4,1270,44.091710758377403,8,6360,158.93639999999999,180,0,null,null,null,null,null,null,null,null,null,8,null,null,null,null,null,null,"0,1,4,8",null,null,null,null,null,null,"0,1,3,5,12,17,22,23,35"]
[120,"Boron","M3","Barracuda","Sentinel",241.75,96.7,38,"L",13000,"25 MJ ",5,1000,88.183421516754805,8,5600,140,207,0,null,null,null,null,null,null,null,null,null,8,null,null,null,null,null,null,"0,1,4,8",null,null,null,null,null,null,"0,1,3,5,12,17,22,23,35"]
[121,"Boron","M3","Skate",null,238.5,95.4,38,"L",21250,"25 MJ ",6,1160,88.183421516754805,12,7800,325.00259999999997,305,0,null,null,null,null,null,null,null,null,null,8,2,2,null,null,null,null,"0,1,4,8","0,1,8","0,1,8",null,null,null,null,"0,1,3,5,12,17,22,23,35"]
[122,"Boron","M4","Mako",null,318.10199999999998,106.03400000000001,41,"M",5150,"5 MJ ",4,420,18.254837531945999,6,1650,41.240099999999998,197,0,null,null,null,null,null,null,null,null,null,6,null,null,null,null,null,null,"0,1,8",null,null,null,null,null,null,"0,35"]
[123,"Boron","M4","Mako","Raider",384.10199999999998,128.03399999999999,41,"M",4992,"5 MJ ",3,340,18.254837531945999,6,1850,46.231499999999997,176,0,null,null,null,null,null,null,null,null,null,6,null,null,null,null,null,null,"0,1,8",null,null,null,null,null,null,"0,35"]
[124,"Boron","M4","Mako","Vanguard",345.10199999999998,115.03400000000001,41,"M",5992,"5 MJ ",4,420,18.254837531945999,6,2020,50.479799999999997,146,0,null,null,null,null,null,null,null,null,null,6,null,null,null,null,null,null,"0,1,8",null,null,null,null,null,null,"0,35"]
[125,"Boron","M4","Mako","Sentinel",300.10199999999998,100.03400000000001,41,"M",5150,"5 MJ ",5,500,18.254837531945999,6,1650,41.233499999999999,174,0,null,null,null,null,null,null,null,null,null,6,null,null,null,null,null,null,"0,1,8",null,null,null,null,null,null,"0,35"]
[126,"Boron","M4","Pike",null,270.10199999999998,90.034000000000006,41,"M",7850,"25 MJ ",3,780,44.091710758377403,6,2550,38.104649999999999,208,0,null,null,null,null,null,null,null,null,null,6,null,null,null,null,null,null,"0,1,4,8",null,null,null,null,null,null,"0,1,3,5,12,17,22,23,35"]
[127,"Boron","M5","Octopus",null,502.90199999999999,167.63399999999999,44,"S",900,"1 MJ ",3,75,15.948963317384401,4,800,19.995200000000001,40,0,null,null,null,null,null,null,null,null,null,4,null,null,null,null,null,null,0]
[128,"Boron","M5","Octopus","Raider",648.40200000000004,216.13399999999999,44,"S",855,"1 MJ ",2,82,7.9744816586921896,4,800,19.995200000000001,33,0,null,null,null,null,null,null,null,null,null,4,null,null,null,null,null,null,0]
[129,"Boron","M5","Octopus","Vanguard",515.80200000000002,171.934,44,"S",855,"1 MJ ",3,82,15.948963317384401,4,1200,31.2,35,0,null,null,null,null,null,null,null,null,null,4,null,null,null,null,null,null,0]
[130,"Boron","M5","Octopus","Sentinel",468.10199999999998,156.03399999999999,44,"S",900,"1 MJ ",4,102,15.948963317384401,4,900,22.494599999999998,43,0,null,null,null,null,null,null,null,null,null,4,null,null,null,null,null,null,0]
[131,"Boron","M6","Hydra",null,246.51840000000001,102.71599999999999,26,"XL",54000,"200 MJ  ",4,3350,151.51515151515201,10,14900,430.1481,2000,0,null,null,null,null,null,null,null,null,null,8,null,2,null,null,null,null,"0,1,4,8,14,28,29,35",null,"0,1,4,8,14",null,null,null,null,"0,1,3,5,12,17,22,23,10,11,13,14,18,19,25,35"]
[132,"Boron","M6","Heavy Hydra",null,226.8,113.4,25,"XL",71300,"200 MJ  ",5,3750,151.51515151515201,16,21500,829.68499999999995,1500,1,null,null,null,null,null,null,null,null,null,8,6,2,null,null,null,null,"0,1,4,8,14,28,29,35",null,null,null,null,null,null,"0,1,3,5,12,17,22,23,10,11,13,14,18,19,25,35"]
[133,"Boron","M7","Thresher",null,113.05,66.5,11,"XXL",235000,"1 GJ ",4,8000,217.39130434782601,26,60500,1512.5,5750,1,null,null,null,null,null,null,null,null,null,10,null,4,4,4,2,2,"4,23,8,14,28,29,35",null,"4,23,8,14,28,29,35","8,14,36,40","8,14,36,40","0,1,4,23,8,14","0,1,4,23,8,14","0,1,3,5,12,17,22,23,10,11,13,14,18,19,25,35"]
[134,"Boron","M7","Kraken",null,83.997,49.41,9,"XXL",315000,"1 GJ ",3,14200,217.39130434782601,20,5050,126.25,8500,1,null,null,null,null,null,null,null,null,null,null,null,null,4,4,2,2,null,null,null,null,null,"0,1,4,23,8,14","0,1,4,23,8,14","29,30,41"]
[135,"Boron","M8","Marlin",null,150,75,16,"XL",11400,"25 MJ ",5,1360,44.091710758377403,10,1500,30,910,0,null,null,null,null,null,null,null,null,null,null,8,2,null,null,null,null,null,null,"0,1,4,8,14",null,null,null,null,"6,7,8"]
[136,"Teladi","TL","Albatross",null,70.05,46.7,5,"ST",180000,"1 GJ ",6,4200,652.17391304347802,8,16900,338,150000,7,null,null,null,null,null,null,null,null,null,null,2,2,2,2,null,null,null,"0,1,5,18,28,29,35","5,18,21,28,29,35","5,18,21","5,18,21",null,null,"0,35"]
[137,"Teladi","TS","Vulture",null,79.992000000000004,44.44,7,"XL",24000,"25 MJ ",6,600,132.27513227513199,2,550,11,6000,0,null,null,null,null,null,null,null,null,null,null,null,2,null,null,null,null,null,null,"0,1",null,null,null,null,35]
[138,"Teladi","TS","Vulture","Tanker",108.72,60.4,7,"L",24000,"25 MJ ",5,500,132.27513227513199,2,400,8,11000,0,null,null,null,null,null,null,null,null,null,null,null,2,null,null,null,null,null,null,"0,1",null,null,null,null,35]
[139,"Teladi","TS","Vulture","Hauler",63.993600000000001,35.552,7,"XL",22800,"200 MJ  ",3,900,303.030303030303,2,500,10,10000,0,null,null,null,null,null,null,null,null,null,null,null,2,null,null,null,null,null,null,"0,1",null,null,null,null,35]
[140,"Teladi","TS","Vulture","Miner",75.599999999999994,42,9,"XL",23520,"25 MJ ",6,600,132.27513227513199,2,850,17,6175,0,null,null,null,null,null,null,null,null,null,null,null,2,null,null,null,null,null,null,"28,29,35",null,null,null,null,35]
[141,"Teladi","TS","Vulture","Super Freighter",61.592399999999998,34.218000000000004,7,"XXL",22800,"200 MJ  ",5,1200,378.78787878787898,2,850,17,13325,0,null,null,null,null,null,null,null,null,null,null,null,2,null,null,null,null,null,null,"0,1,21",null,null,null,null,35]
[142,"Teladi","TS","Vulture","Super Freighter XL",57.592799999999997,31.995999999999999,7,"XXL",20400,"200 MJ  ",6,1200,454.54545454545502,2,950,19,16275,0,null,null,null,null,null,null,null,null,null,null,null,2,null,null,null,null,null,null,"0,1,21",null,null,null,null,35]
[143,"Teladi","TP","Toucan",null,112.5,45,15,"XL",24000,"200 MJ  ",4,2700,151.51515151515201,2,650,13,1800,0,null,null,null,null,null,null,null,null,null,null,null,2,null,null,null,null,null,null,"0,1",null,null,null,null,35]
[144,"Teladi","TP","Toucan","Hauler",100,40,12,"XL",24720,"200 MJ  ",4,2700,151.51515151515201,2,750,15,2070,0,null,null,null,null,null,null,null,null,null,null,null,2,null,null,null,null,null,null,"0,1",null,null,null,null,35]
[145,"Teladi","TM","Pelican",null,91.08,50.6,7,"XL",16800,"200 MJ  ",3,950,303.030303030303,4,1650,41.25,3400,4,null,null,null,null,null,null,null,null,null,null,2,2,null,null,null,null,null,"5,18,2","5,18,2",null,null,null,null,"0,35"]
[146,"Teladi","M1","Condor",null,69.16,49.4,7,"XXL",480000,"2 GJ ",4,8600,727.27272727272702,24,106400,2595.9472000000001,24000,45,null,null,null,null,null,null,null,null,null,null,4,4,4,4,4,4,null,"5,18,34","5,18,21,28,29,35","5,18,34,2,30","5,18,34,2,30","0,1,5,18,21","0,1,5,18,21","0,1,3,5,12,17,22,23,10,11,13,14,18,19,25,35"]
[147,"Teladi","M2","Phoenix",null,45.22,26.6,7,"XXL",800000,"2 GJ ",6,17000,363.63636363636402,36,316400,4112.8836000000001,17000,2,null,null,null,null,null,null,null,null,null,null,8,4,8,8,4,4,null,"5,18,34","0,1,5,18,21","5,18,21,34,2,30","5,18,21,34,2,30","0,1,5,18,21","0,1,5,18,21","0,1,3,5,12,17,22,23,10,11,13,14,18,19,25,35"]
[148,"Teladi","M3","Falcon",null,206.5008,93.864000000000004,28,"L",12000,"25 MJ ",5,660,88.183421516754805,8,6000,149.964,453,0,null,null,null,null,null,null,null,null,null,8,null,null,null,null,null,null,"0,1,5,2",null,null,null,null,null,null,"0,1,3,5,12,17,22,23,35"]
[149,"Teladi","M3","Falcon","Hauler",188.6808,85.763999999999996,28,"L",13320,"200 MJ  ",1,660,151.51515151515201,10,4200,104.9748,606,0,null,null,null,null,null,null,null,null,null,8,null,2,null,null,null,null,"0,1,5,2",null,"0,1,5",null,null,null,null,"0,1,3,5,12,17,22,23,35"]
[150,"Teladi","M3","Falcon","Vanguard",213.54079999999999,97.063999999999993,28,"L",11400,"25 MJ ",5,726,88.183421516754805,10,7040,175.95776000000001,396,0,null,null,null,null,null,null,null,null,null,8,null,2,null,null,null,null,"0,1,5,2",null,"0,1,5",null,null,null,null,"0,1,3,5,12,17,22,23,35"]
[151,"Teladi","M3","Falcon","Sentinel",196.16079999999999,89.164000000000001,28,"L",12000,"25 MJ ",6,826,88.183421516754805,10,5400,134.9676,448,0,null,null,null,null,null,null,null,null,null,8,null,2,null,null,null,null,"0,1,5,2",null,"0,1,5",null,null,null,null,"0,1,3,5,12,17,22,23,35"]
[152,"Teladi","M3","Kea",null,194,77.599999999999994,32,"L",15000,"200 MJ  ",1,1220,75.757575757575793,12,7800,194.95320000000001,520,0,null,null,null,null,null,null,null,null,null,8,2,2,null,null,null,null,"0,1,5,2","0,1,5","0,1,5",null,null,null,null,"0,1,3,5,12,17,22,23,35"]
[153,"Teladi","M4","Buzzard",null,249.1216,95.816000000000003,30,"M",4200,"5 MJ ",6,265,36.509675063891898,6,2050,51.237699999999997,280,0,null,null,null,null,null,null,null,null,null,6,null,null,null,null,null,null,"0,1,5",null,null,null,null,null,null,"0,35"]
[154,"Teladi","M4","Buzzard","Hauler",241.32159999999999,92.816000000000003,30,"M",4452,"5 MJ ",5,265,36.509675063891898,8,1640,40.990160000000003,380,0,null,null,null,null,null,null,null,null,null,8,null,null,null,null,null,null,"0,1,5",null,null,null,null,null,null,"0,35"]
[155,"Teladi","M4","Buzzard","Vanguard",254.32159999999999,97.816000000000003,30,"M",3990,"5 MJ ",6,291,36.509675063891898,6,2460,61.485239999999997,282,0,null,null,null,null,null,null,null,null,null,6,null,null,null,null,null,null,"0,1,5",null,null,null,null,null,null,"0,35"]
[156,"Teladi","M4","Buzzard","Sentinel",233.52160000000001,89.816000000000003,30,"M",4200,"25 MJ ",2,291,88.183421516754805,6,2050,51.237699999999997,252,0,null,null,null,null,null,null,null,null,null,6,null,null,null,null,null,null,"0,1,5",null,null,null,null,null,null,"0,35"]
[157,"Teladi","M4","Kite",null,215.32159999999999,82.816000000000003,30,"M",7410,"25 MJ ",3,612,88.183421516754805,6,4246,157.81957399999999,280,0,null,null,null,null,null,null,null,null,null,6,null,null,null,null,null,null,"0,1,5,2",null,null,null,null,null,null,"0,35"]
[158,"Teladi","M5","Harrier",null,380,152,32,"S",1200,"5 MJ ",1,65,36.509675063891898,4,1200,29.992799999999999,154,0,null,null,null,null,null,null,null,null,null,4,null,null,null,null,null,null,0]
[159,"Teladi","M5","Harrier","Hauler",320,128,32,"S",1332,"5 MJ ",1,65,36.509675063891898,4,1000,24.994,203,0,null,null,null,null,null,null,null,null,null,4,null,null,null,null,null,null,0]
[160,"Teladi","M5","Harrier","Vanguard",395,158,32,"S",1140,"5 MJ ",1,71,36.509675063891898,4,1400,34.991599999999998,138,0,null,null,null,null,null,null,null,null,null,4,null,null,null,null,null,null,0]
[161,"Teladi","M5","Harrier","Sentinel",352.5,141,32,"S",1200,"5 MJ ",2,71,54.7645125958379,4,1000,24.994,142,0,null,null,null,null,null,null,null,null,null,4,null,null,null,null,null,null,0]
[162,"Teladi","M5","Kestrel",null,715.54700000000003,204.44200000000001,32,"S",2000,"5 MJ ",1,130,18.254837531945999,4,600,13.8,60,0,null,null,null,null,null,null,null,null,null,2,null,2,null,null,null,null,0,null,null,null,null,null,null,0]
[163,"Teladi","M6","Osprey",null,196.6,98.3,19,"XL",72000,"200 MJ  ",5,3150,151.51515151515201,14,18200,422.53120000000001,2500,0,null,null,null,null,null,null,null,null,null,8,null,2,null,null,2,2,"0,1,5,18,2,28,29,35",null,"0,1",null,null,"0,1","0,1","0,1,3,5,12,17,22,23,10,11,13,14,18,19,25,35"]
[164,"Teladi","M6","Heavy Osprey",null,176.14080000000001,80.063999999999993,18,"XL",68400,"200 MJ  ",6,3400,227.272727272727,18,25900,842.00900000000001,1650,1,null,null,null,null,null,null,null,null,null,10,4,2,null,null,2,null,"0,1,5,18,2,28,29,35",null,null,null,null,null,null,"0,1,3,5,12,17,22,23,10,11,13,14,18,19,25,35"]
[165,"Teladi","M7","Shrike",null,118.65,79.099999999999994,10,"XXL",180000,"1 GJ ",5,5800,434.78260869565202,18,49000,980,7000,8,null,null,null,null,null,null,null,null,null,8,null,2,2,2,2,2,"5,18,2,30,28,29,35",null,"0,1,21,28,29,35","5,18","5,18","0,1,21","0,1,21","0,1,3,5,12,17,22,23,10,11,13,14,18,19,25,35"]
[166,"Teladi","M7","Gannet",null,68,40,9,"XXL",420000,"2 GJ ",3,8000,363.63636363636402,22,8050,201.25,9000,1,null,null,null,null,null,null,null,null,null,null,8,4,null,null,2,null,null,null,"0,1,21,28,29,35",null,null,"0,1,21",null,"29,30,41"]
[167,"Teladi","M8","Peregrine",null,100,50,16,"XL",30000,"25 MJ ",6,1056,88.183421516754805,10,1800,36,1100,0,null,null,null,null,null,null,null,null,null,null,8,2,null,null,null,null,null,null,"0,1",null,null,null,null,"6,7,8"]
[168,"Xenon","M1","J",null,81,54,12,"XXL",480000,"2 GJ ",3,10400,363.63636363636402,48,135000,3105,12800,48,null,null,null,null,null,null,null,null,null,null,8,8,8,8,8,8,null,"12,19,41,27","12,19,27","12,19,41,27","12,19,41,27","12,19,27","12,19,27","0,1,3,5,12,17,22,23,10,11,13,14,18,19,25,35"]
[169,"Xenon","M2","K",null,69,46,12,"XXL",800000,"2 GJ ",4,17000,363.63636363636402,48,308000,6160,10000,4,null,null,null,null,null,null,null,null,null,null,8,8,8,8,8,8,null,"12,19,41,27,28,29,35","12,19,27,28,29,35","12,19,41,27","12,19,41,27","12,19,27","12,19,27","0,1,3,5,12,17,22,23,10,11,13,14,18,19,25,35"]
[170,"Xenon","M3","L",null,242.649,161.76599999999999,52,"L",12000,"25 MJ ",3,780,44.091710758377403,6,7400,185,234,0,null,null,null,null,null,null,null,null,null,6,null,null,null,null,null,null,12,null,null,null,null,null,null,"0,1,3,5,12,17,22,23,35"]
[171,"Xenon","M3","LX (speak EL EX)",null,229.29900000000001,152.86600000000001,35,"L",15000,"25 MJ ",5,1350,44.091710758377403,12,9250,231.19450000000001,350,0,null,null,null,null,null,null,null,null,null,8,2,2,null,null,null,null,12,null,null,null,null,null,null,"0,1,3,5,12,17,22,23,10,11,13,14,18,19,25,35"]
[172,"Xenon","M4","M",null,327,163.5,57,"M",4200,"5 MJ ",4,350,18.254837531945999,4,2650,66.25,114,0,null,null,null,null,null,null,null,null,null,4,null,null,null,null,null,null,12,null,null,null,null,null,null,"0,1,3,5,12,17,22,23,35"]
[173,"Xenon","M5","N",null,542,271,60,"S",1200,"1 MJ ",2,70,7.9744816586921896,4,1500,37.5,62,0,null,null,null,null,null,null,null,null,null,4,null,null,null,null,null,null,12,null,null,null,null,null,null,0]
[174,"Xenon","M6","P",null,262.149,174.76599999999999,29,"XL",30000,"200 MJ  ",4,4000,151.51515151515201,14,19000,637.05100000000004,1650,0,null,null,null,null,null,null,null,null,null,8,null,2,2,2,null,null,"12,19",null,"12,19","12,19","12,19",null,null,"0,1,3,5,12,17,22,23,10,11,13,14,18,19,25,35"]
[175,"Xenon","M6","PX",null,221.94900000000001,147.96600000000001,27,"XL",48000,"200 MJ  ",5,3950,151.51515151515201,19,27250,941.13324999999998,1550,1,null,null,null,null,null,null,null,null,null,9,null,2,4,4,null,null,"12,19",null,"12,19","12,19","12,19",null,null,"0,1,3,5,12,17,22,23,10,11,13,14,18,19,25,35"]
[176,"Xenon","M7","Q",null,121.899,81.266000000000005,11,"XXL",180000,"1 GJ ",4,5800,434.78260869565202,20,59000,1180,5850,1,null,null,null,null,null,null,null,null,null,8,null,4,2,2,2,2,"12,19",null,"12,19,27","12,19,41,27","12,19,41,27","12,19","12,19","0,1,3,5,12,17,22,23,10,11,13,14,18,19,25,35"]
[177,"Pirates","TM","Caravel",null,175,87.5,10,"XL",15750,"200 MJ  ",1,850,151.51515151515201,8,3850,81.901049999999998,1425,4,null,null,null,null,null,null,null,null,null,null,4,4,null,null,null,null,null,"0,1,3,5,18,20","0,1,3,5,18,20",null,null,null,null,"0,35"]
[178,"Pirates","TS","Pirate Ship",null,130,65,9,"XL",18000,"200 MJ  ",2,1800,151.51515151515201,2,1450,29,3000,0,null,null,null,null,null,null,null,null,null,null,null,2,null,null,null,null,"0,1,4,8,14,2",null,null,null,null,null,null,35]
[179,"Pirates","M3","Falcon",null,228.321,99.27,35,"L",9000,"25 MJ ",3,570,88.183421516754805,8,7100,149.1,374,0,null,null,null,null,null,null,null,null,null,8,null,null,null,null,null,null,"0,1,3,5,2",null,null,null,null,null,null,"0,1,3,5,12,17,22,23,35"]
[180,"Pirates","M3","Nova","Raider",295.25,118.1,42,"L",9500,"25 MJ ",2,625,44.091710758377403,10,5600,99.999200000000002,202,0,null,null,null,null,null,null,null,null,null,8,null,2,null,null,null,null,"0,1,3,4,2",null,"0,1,3,6,7",null,null,null,null,"0,1,3,5,12,17,22,23,35"]
[181,"Pirates","M3","Nova",null,254.5,101.8,42,"L",10000,"25 MJ ",2,540,44.091710758377403,10,7700,161.69999999999999,216,0,null,null,null,null,null,null,null,null,null,8,null,2,null,null,null,null,"0,1,3,4,2",null,"0,1,3,6,7",null,null,null,null,"0,1,3,5,12,17,22,23,35"]
[182,"Pirates","M3","Falcon","Vanguard",234.2208,106.464,38,"L",9500,"25 MJ ",3,825,44.091710758377403,10,7640,190.95416,122,0,null,null,null,null,null,null,null,null,null,8,null,2,null,null,null,null,"0,1,3,5,2",null,"0,1,3,6,7",null,null,null,null,"0,1,3,5,12,17,22,23,35"]
[183,"Pirates","M3","Eclipse",null,234.7184,83.828000000000003,35,"L",9375,"25 MJ ",3,800,44.091710758377403,12,9800,245,285,0,null,null,null,null,null,null,null,null,null,8,2,2,null,null,null,null,"0,1,3,4,2","0,1,3,6,7","0,1,3,6,7",null,null,null,null,"0,1,3,5,12,17,22,23,35"]
[184,"Pirates","M3","Kea",null,223.51840000000001,79.828000000000003,34,"L",11250,"25 MJ ",4,976,44.091710758377403,12,8200,204.95079999999999,390,0,null,null,null,null,null,null,null,null,null,8,2,2,null,null,null,null,"0,1,3,5,2","0,1,3,6,7","0,1,3,6,7",null,null,null,null,"0,1,3,5,12,17,22,23,35"]
[185,"Pirates","M3","Blastclaw",null,276.71839999999997,98.828000000000003,35,"L",9000,"25 MJ ",3,815,44.091710758377403,12,7800,156,200,0,null,null,null,null,null,null,null,null,null,4,4,4,null,null,null,null,"0,1,3,4,5,6,7,8,9,2","0,1,3,6,7","0,1,3,6,7",null,null,null,null,"0,1,3,5,12,17,22,23,35"]
[186,"Pirates","M4","Buster",null,321.25,128.5,38,"M",3150,"5 MJ ",2,190,18.254837531945999,6,4550,86.500050000000002,178,0,null,null,null,null,null,null,null,null,null,6,null,null,null,null,null,null,"0,1,4,2",null,null,null,null,null,null,"0,35"]
[187,"Pirates","M4","Buzzard",null,295.00200000000001,98.334000000000003,38,"M",2660,"5 MJ ",3,115,54.7645125958379,6,3050,56.199300000000001,202,0,null,null,null,null,null,null,null,null,null,6,null,null,null,null,null,null,"0,1,5,2",null,null,null,null,null,null,"0,35"]
[188,"Pirates","M4","Buster","Hauler",269.92160000000001,103.816,30,"M",4326,"5 MJ ",4,265,36.509675063891898,6,2050,51.237699999999997,268,0,null,null,null,null,null,null,null,null,null,6,null,null,null,null,null,null,"0,1,4,2",null,null,null,null,null,null,"0,35"]
[189,"Pirates","M4","Buzzard","Vanguard",301.91840000000002,107.828,41,"M",3325,"5 MJ ",3,275,18.254837531945999,6,4700,117.4718,184,0,null,null,null,null,null,null,null,null,null,6,null,null,null,null,null,null,"0,1,5,2",null,null,null,null,null,null,"0,1,3,5,12,17,22,23,35"]
[190,"Pirates","M4","Scorpion",null,369.10199999999998,123.03400000000001,38,"M",2100,"5 MJ ",2,105,36.509675063891898,6,3450,86.229299999999995,102,0,null,null,null,null,null,null,null,null,null,6,null,null,null,null,null,null,"0,1,3,9,2",null,null,null,null,null,null,"0,35"]
[191,"Pirates","M4","Elite",null,307.51839999999999,109.828,45,"M",4875,"25 MJ ",1,440,44.091710758377403,8,4350,65.597999999999999,114,0,null,null,null,null,null,null,null,null,null,6,null,2,null,null,null,null,"0,1,3,4,2",null,"0,1,3,7",null,null,null,null,"0,35"]
[192,"Pirates","M5","Harrier",null,450.75,180.3,40,"S",900,"1 MJ ",4,150,7.9744816586921896,4,1300,32.492199999999997,90,0,null,null,null,null,null,null,null,null,null,4,null,null,null,null,null,null,0]
[193,"Pirates","M5","Harrier","Raider",566.09699999999998,161.74199999999999,40,"S",760,"1 MJ ",2,93,7.9744816586921896,4,1300,32.492199999999997,65,0,null,null,null,null,null,null,null,null,null,4,null,null,null,null,null,null,0]
[194,"Pirates","M5","Harrier","Hauler",418,167.2,32,"S",1236,"5 MJ ",1,65,36.509675063891898,4,1000,24.994,164,0,null,null,null,null,null,null,null,null,null,4,null,null,null,null,null,null,0]
[195,"Pirates","M5","Harrier","Vanguard",480.34699999999998,137.24199999999999,44,"S",1000,"1 MJ ",4,110,15.948963317384401,4,1500,37.491,86,0,null,null,null,null,null,null,null,null,null,4,null,null,null,null,null,null,0]
[196,"Pirates","M5","Kestrel",null,699.447,199.84200000000001,32,"S",1500,"5 MJ ",1,80,36.509675063891898,4,900,22.494599999999998,52,0,null,null,null,null,null,null,null,null,null,2,null,2,null,null,null,null,0,null,0]
[197,"Pirates","M6","Centaur",null,221.2,110.6,24,"XL",45000,"200 MJ  ",3,2500,151.51515151515201,14,20500,567.76800000000003,1690,0,null,null,null,null,null,null,null,null,null,8,null,2,2,2,null,null,"0,1,3,4,13,2,28,29,35",null,"0,1,3,5,18,20","0,1,3,5,18,20","0,1,3,5,18,20",null,null,"0,1,3,5,12,17,22,23,10,11,13,14,18,19,25,35"]
[198,"Pirates","M6","Osprey",null,202.4,101.2,20,"XL",54000,"200 MJ  ",4,2620,151.51515151515201,14,19200,442.15679999999998,2125,0,null,null,null,null,null,null,null,null,null,8,null,2,2,2,null,null,"0,1,3,5,18,2,28,29,35",null,"0,1,3,5,18,20","0,1,3,5,18,20","0,1,3,5,18,20",null,null,"0,1,3,5,12,17,22,23,10,11,13,14,18,19,25,35"]
[199,"Pirates","M7","Carrack",null,140.4,78,12,"XXL",112500,"1 GJ ",2,4400,217.39130434782601,18,63000,1274.9939999999999,3325,1,null,null,null,null,null,null,null,null,null,6,null,2,4,4,null,2,"4,23,5,18,8,14,9,15,13,2,30,28,29,35",null,"3,5,18,21","3,5,18,34,2,30","3,5,18,34,2,30",null,"3,5,18,21","0,1,3,5,12,17,22,23,10,11,13,14,18,19,25,41,35"]
[200,"ATF","M1","Odin",null,95,47.5,9,"XXL",260000,"2 GJ ",5,11500,727.27272727272702,28,195000,3642.99,12500,38,null,null,null,null,null,null,null,null,null,null,4,4,6,6,4,4,null,"10,11,16,17","10,11,16,17,26","16,17,37,38","16,17,37,38","10,11,26","10,11,26","4,15,16,20,24,27,36,37,38,28,39"]
[201,"ATF","M2","Tyr",null,66,33,9,"XXL",600000,"2 GJ ",6,19000,363.63636363636402,56,450000,8000.1,9500,4,null,null,null,null,null,null,null,null,null,null,8,8,12,12,10,6,null,"16,17,37,38","10,11,16,17,26","16,17,37,38","16,17,37,38","10,11,26","10,11,26","4,15,16,20,24,27,36,37,38,28,39"]
[202,"ATF","M3","Thor",null,309,154.5,30,"L",8000,"25 MJ ",5,1050,44.091710758377403,12,9000,269.99099999999999,210,0,null,null,null,null,null,null,null,null,null,8,null,4,null,null,null,null,"10,11",null,null,null,null,null,null,"24,27,36,37,38"]
[203,"ATF","M3","Fenrir",null,277,138.5,30,"L",10000,"25 MJ ",6,1100,88.183421516754805,14,11000,329.98899999999998,400,0,null,null,null,null,null,null,null,null,null,8,2,4,null,null,null,null,"10,11",null,null,null,null,null,null,"24,27,36,37,38"]
[204,"ATF","M4","Mjollnir",null,332.5,133,45,"M",2800,"25 MJ ",2,350,88.183421516754805,6,4550,118.94155000000001,180,0,null,null,null,null,null,null,null,null,null,6,null,null,null,null,null,null,"10,11"]
[205,"ATF","M5","Valkyrie",null,545.79700000000003,155.94200000000001,40,"S",800,"5 MJ ",2,140,36.509675063891898,5,1400,34.991599999999998,110,0,null,null,null,null,null,null,null,null,null,5,null,null,null,null,null,null,10]
[206,"ATF","M6","Vidar",null,251,125.5,24,"XL",45600,"200 MJ  ",5,4300,151.51515151515201,14,19000,735.03399999999999,1450,1,null,null,null,null,null,null,null,null,null,10,null,null,null,null,2,2,"10,11,17,28,29,35",null,null,null,null,"10,11,28,29,35","10,11,28,29,35","4,15,20,24,27,36,37,38,28,39"]
[207,"ATF","M6","Vali",null,175,87.5,22,"XL",67500,"200 MJ  ",7,4500,151.51515151515201,20,27500,721.875,1650,1,null,null,null,null,null,null,null,null,null,10,null,2,4,4,null,null,"10,11,17,28,29,35",null,"10,11,28,29,35","10,11,17","10,11,17",null,null,"4,15,20,24,27,36,37,38,28,39"]
[208,"ATF","M7","Aegir",null,132,66,9,"XXL",120000,"1 GJ ",4,7500,434.78260869565202,22,71900,1817.7757999999999,5500,1,null,null,null,null,null,null,null,null,null,8,null,2,4,4,2,2,"10,11,16,17,28,29,35",null,"10,11,26","10,11,16,17","10,11,16,17","10,11,26","10,11,26","4,15,16,20,24,27,36,37,38,28,39"]
[209,"ATF","M7","Skirnir",null,91,45.5,9,"XXL",280000,"2 GJ ",4,7500,727.27272727272702,24,11900,267.75,9500,1,null,null,null,null,null,null,null,null,null,null,8,4,null,null,2,2,null,null,"10,11,26",null,null,"10,11,26","10,11,26","32,41"]
[210,"ATF","M1","Woden",null,84,42,9,"XXL",300000,"2 GJ ",5,15000,363.63636363636402,36,287000,5973.9049999999997,11500,20,null,null,null,null,null,null,null,null,null,null,8,4,8,8,4,4,null,"10,11,16,17","10,11,16,17,26","16,17,37,38","16,17,37,38","10,11,26","10,11,26","4,15,16,20,24,27,36,37,38,28,39"]
[211,null,"M2","Valhalla",null,30,15,9,"XXL",950000,"2 GJ ",7,23000,363.63636363636402,66,600000,15000,18000,60,null,null,null,null,null,null,null,null,null,null,12,12,12,12,10,8,null,"16,17,37,38","10,11,16,17,26","16,17,37,38","16,17,37,38","10,11,26","10,11,26","4,15,16,20,24,27,36,37,38,28,39"]
[212,"Terran","TS","Baldric",null,110,55,10,"XL",17000,"200 MJ  ",3,3000,151.51515151515201,2,850,17,6500,0,null,null,null,null,null,null,null,null,null,null,null,2,null,null,null,null,"10,11",null,null,null,null,null,null,"4,15,20,24"]
[213,"Terran","TP","Scabbard",null,165,66,18,"XL",17000,"200 MJ  ",4,4650,151.51515151515201,2,750,15,645,0,null,null,null,null,null,null,null,null,null,null,null,2,null,null,null,null,"10,11",null,null,null,null,null,null,"4,15,20,24"]
[214,"Terran","M1","Tokyo",null,87,58,9,"XXL",340000,"2 GJ ",5,10660,727.27272727272702,24,150000,2600.1,11264,40,null,null,null,null,null,null,null,null,null,null,4,4,4,4,4,4,null,"10,11,16,17","10,11,16,17,26","16,17,37,38","16,17,37,38","10,11,26","10,11,26","4,15,16,20,24,27,36,37,38,28,39"]
[215,"Terran","M2","Osaka",null,54,36,9,"XXL",425000,"2 GJ ",6,18720,363.63636363636402,40,450000,9000,10000,4,null,null,null,null,null,null,null,null,null,null,8,8,8,8,4,4,null,"16,17,37,38","10,11,16,17,26","16,17,37,38","16,17,37,38","10,11,26","10,11,26","4,15,16,20,24,27,36,37,38,28,39"]
[216,"Terran","M3","Scimitar",null,274,137,30,"L",8500,"25 MJ ",5,975,88.183421516754805,6,7000,209.99299999999999,168,0,null,null,null,null,null,null,null,null,null,6,null,null,null,null,null,null,"10,11",null,null,null,null,null,null,"24,27,36,37,38"]
[217,"Terran","M3","Cutlass",null,242,121,30,"L",10625,"25 MJ ",6,1300,44.091710758377403,8,9000,269.99099999999999,220,0,null,null,null,null,null,null,null,null,null,4,2,2,null,null,null,null,"10,11",null,null,null,null,null,null,"24,27,36,37,38"]
[218,"Terran","M4","Sabre",null,382.5,153,45,"M",2975,"5 MJ ",5,500,18.254837531945999,4,2140,64.197860000000006,90,0,null,null,null,null,null,null,null,null,null,4,null,null,null,null,null,null,"10,11"]
[219,"Terran","M5","Rapier",null,498.54700000000003,142.44200000000001,40,"S",1300,"1 MJ ",5,130,15.948963317384401,2,1000,24.994,90,0,null,null,null,null,null,null,null,null,null,2,null,null,null,null,null,null,10]
[220,"Terran","M5","Keris",null,390,390,42,"L",200,"1 MJ ",1,550,7.9744816586921896,1,800,5.7144000000000004,100,0,null,null,null,null,null,null,null,null,null,1,null,null,null,null,null,null,"10,11,29,35"]
[221,"Terran","M6","Katana",null,211,105.5,24,"XL",51000,"200 MJ  ",6,3750,151.51515151515201,12,22000,726,1300,1,null,null,null,null,null,null,null,null,null,6,null,null,2,2,null,2,"10,11,17,28,29,35",null,null,"10,11,17","10,11,17",null,"10,11,28,29,35","4,15,20,24,27,36,37,38,28,39"]
[222,"Terran","M7","Yokohama",null,142.6,71.3,11,"XXL",127500,"1 GJ ",4,7150,434.78260869565202,12,31900,717.75,3700,1,null,null,null,null,null,null,null,null,null,4,null,null,2,2,2,2,"10,11,16,17",null,null,"10,11,16,17","10,11,16,17","10,11,26","10,11,26","4,15,16,20,24,27,36,37,38,28,39"]
[223,"Terran","M8","Claymore",null,138,69,16,"XL",21250,"25 MJ ",7,1560,44.091710758377403,10,2200,44,1150,0,null,null,null,null,null,null,null,null,null,null,8,null,null,null,2,null,null,null,null,null,null,"10,11",null,31]
[224,"Terran","M3","Spitfyre",null,463,115.75,30,"L",7500,"25 MJ ",2,675,44.091710758377403,10,5000,149.995,262,0,null,null,null,null,null,null,null,null,null,6,null,4,null,null,null,null,45,null,null,null,null,null,null,24]
[225,"Terran","M6","Springblossom",null,395,98.75,22,"XL",45000,"200 MJ  ",3,3000,151.51515151515201,10,16000,548.57600000000002,1700,0,null,null,null,null,null,null,null,null,null,6,null,2,1,1,null,null,"28,29,35,45,46,47",null,null,null,null,null,null,"4,15,20,24,27,36,37,38"]
[226,"Terran","M1","Terraformer C Ship",null,36,18,13,"XXL",900000,"2 GJ ",7,10400,727.27272727272702,32,250000,3749.75,11000,50,null,null,null,null,null,null,null,null,null,null,8,null,8,8,null,8,"10,11,16,17,26,37,38,28,29,35,45,46,47",null,null,null,null,null,null,"4,15,16,20,24,27,36,37,38"]
[227,"Terran","M3","#deca.cefa (speak dekka keffa)",null,276.10199999999998,92.034000000000006,52,"L",12000,"25 MJ ",4,1580,44.091710758377403,12,4000,180,234,0,null,null,null,null,null,null,null,null,null,8,null,4,null,null,null,null,45,null,null,null,null,null,null,"24,27,36,37,38"]
[228,"Yaki","TM","Chokaro",null,154,77,10,"XL",14700,"200 MJ  ",2,925,227.272727272727,4,4100,102.5,2500,3,null,null,null,null,null,null,null,null,null,null,2,2,null,null,null,null,null,"6,7,20","0,1,6,7",null,null,null,null,"0,35"]
[229,"Yaki","M3","Susanowa",null,284.16079999999999,129.16399999999999,38,"L",7000,"25 MJ ",2,750,44.091710758377403,8,6200,154.96279999999999,177,0,null,null,null,null,null,null,null,null,null,8,null,null,null,null,null,null,"0,1,3,6,7,2",null,null,null,null,null,null,"0,1,3,5,12,17,22,23,35"]
[230,"Yaki","M3","Susanowa","Raider",338.94080000000002,154.06399999999999,38,"L",6650,"25 MJ ",1,825,44.091710758377403,8,7440,185.95536000000001,150,0,null,null,null,null,null,null,null,null,null,8,null,null,null,null,null,null,"0,1,3,6,7,2",null,null,null,null,null,null,"0,1,3,5,12,17,22,23,35"]
[231,"Yaki","M3","Susanowa","Hauler",244.3408,111.06399999999999,38,"L",6650,"25 MJ ",2,750,44.091710758377403,8,6200,154.96279999999999,352,0,null,null,null,null,null,null,null,null,null,8,null,null,null,null,null,null,"0,1,3,6,7,2",null,null,null,null,null,null,"0,1,3,5,12,17,22,23,35"]
[232,"Yaki","M3","Tenjin",null,238.4,119.2,30,"L",10750,"25 MJ ",4,1350,44.091710758377403,13,10250,267.37124999999997,285,0,null,null,null,null,null,null,null,null,null,9,null,null,2,2,null,null,"0,1,3,6,7,2",null,null,"0,1,6,7","0,1,6,7",null,null,"0,1,3,5,12,17,22,23,35"]
[233,"Yaki","M4","Raijin",null,298.27839999999998,106.52800000000001,41,"M",3605,"5 MJ ",2,250,18.254837531945999,6,2850,71.232900000000001,126,0,null,null,null,null,null,null,null,null,null,6,null,null,null,null,null,null,"0,1,7,2",null,null,null,null,null,null,"0,35"]
[234,"Yaki","M4","Raijin","Sentinel",276.71839999999997,98.828000000000003,41,"M",3500,"5 MJ ",3,275,18.254837531945999,6,2650,66.234099999999998,99,0,null,null,null,null,null,null,null,null,null,6,null,null,null,null,null,null,"0,1,7,2",null,null,null,null,null,null,"0,35"]
[235,"Yaki","M4","Raijin","Raider",343.07839999999999,122.52800000000001,41,"M",3325,"5 MJ ",1,275,18.254837531945999,6,3050,76.231700000000004,102,0,null,null,null,null,null,null,null,null,null,6,null,null,null,null,null,null,"0,1,7,2",null,null,null,null,null,null,"0,35"]
[236,"Yaki","M4","Tonbo",null,294.35840000000002,105.128,41,"M",4550,"25 MJ ",1,525,44.091710758377403,6,5750,99.262249999999995,136,0,null,null,null,null,null,null,null,null,null,6,null,null,null,null,null,null,"0,1,3,7,2",null,null,null,null,null,null,"0,35"]
[237,"Yaki","M5","Fujin",null,558.04700000000003,159.44200000000001,44,"S",1030,"1 MJ ",3,100,7.9744816586921896,4,1050,26.2437,37,0,null,null,null,null,null,null,null,null,null,4,null,null,null,null,null,null,0]
[238,"Yaki","M5","Fujin","Sentinel",552.09699999999998,157.74199999999999,44,"S",950,"5 MJ ",1,110,18.254837531945999,4,850,21.244900000000001,68,0,null,null,null,null,null,null,null,null,null,4,null,null,null,null,null,null,0]
[239,"Yaki","M5","Fujin","Raider",622.09699999999998,177.74199999999999,44,"S",950,"1 MJ ",2,110,7.9744816586921896,4,1150,28.743099999999998,38,0,null,null,null,null,null,null,null,null,null,4,null,null,null,null,null,null,0]
[240,"Yaki","M6","Washi",null,212,106,22,"XL",67000,"200 MJ  ",5,3300,151.51515151515201,14,23500,770.58849999999995,1475,1,null,null,null,null,null,null,null,null,null,8,null,2,2,2,null,null,"0,1,3,6,7,20,2,28,29,35",null,"0,1,6,7","6,7,20","6,7,20",null,null,"0,1,3,5,12,17,22,23,10,11,13,14,18,19,25,35"]
[241,"Kha'ak","M1","Carrier",null,112.05,74.7,13,"ST",280000,"2 GJ ",4,10400,363.63636363636402,9,57000,1709.943,8000,25,null,null,null,null,null,null,null,null,null,null,2,1,2,2,1,1,"42,43,44","42,43,44","42,43,44","42,43,44","42,43,44","42,43,44","42,43,44","26,40"]
[242,"Kha'ak","M2","Destroyer",null,100.24,71.599999999999994,12,"ST",462000,"2 GJ ",5,13100,363.63636363636402,24,345600,5183.6544000000004,7000,0,null,null,null,null,null,null,null,null,null,null,3,3,6,6,3,3,"42,43,44","42,43,44","42,43,44","42,43,44","42,43,44","42,43,44","42,43,44","26,40"]
[243,"Kha'ak","M3","Fighter",null,255.4,127.7,42,"L",6000,"25 MJ ",3,850,44.091710758377403,3,10500,262.43700000000001,150,0,null,null,null,null,null,null,null,null,null,3,null,null,null,null,null,null,"42,43",null,null,null,null,null,null,26]
[244,"Kha'ak","M4","Interceptor",null,355.4,177.7,45,"M",2100,"5 MJ ",2,150,36.509675063891898,2,1820,45.489080000000001,78,0,null,null,null,null,null,null,null,null,null,2,null,null,null,null,null,null,42]
[245,"Kha'ak","M5","Scout",null,641,320.5,48,"S",600,"1 MJ ",3,100,7.9744816586921896,1,600,14.9964,27,0,null,null,null,null,null,null,null,null,null,1,null,null,null,null,null,null,42]
[246,"Kha'ak","M6","Corvette",null,224.94900000000001,149.96600000000001,31,"XL",51500,"200 MJ  ",6,3500,227.272727272727,15,32500,1157.6824999999999,1050,0,null,null,null,null,null,null,null,null,null,9,null,null,null,null,3,3,"42,43",null,null,null,null,"42,43","42,43",26]
[247,"Kha'ak","M1","Guardian",null,0,0,14,"XXL",250000,"2 GJ ",3,10500,363.63636363636402,8,165000,4950,9000,3,null,null,null,null,null,null,null,null,null,null,2,2,2,2,null,null,"42,43,44","42,43,44","42,43,44","42,43,44","42,43,44",null,null,"26,40"]
[248,"Kha'ak","M1","Hive Queen",null,35,25,7,"XXL",762000,"2 GJ ",12,16400,727.27272727272702,36,645600,9683.3544000000002,15000,20,null,null,null,null,null,null,null,null,null,null,6,6,6,6,6,6,"42,43,44","42,43,44","42,43,44","42,43,44","42,43,44","42,43,44","42,43,44","26,40"]
[249,"Goner","TL","Ozias",null,91.4,45.7,12,"ST",160000,"1 GJ ",7,3200,1086.95652173913,0,0,0,105000,12]
[250,"Goner","M1","Aran",null,12.18,8.6999999999999993,5,"XXL",340000,"2 GJ ",6,34200,363.63636363636402,0,38500,577.5,120000,30,null,null,null,null,null,null,null,null,null,null,null,null,null,null,null,null,null,"0,1,3,4,23","0,1,3,4,23",null,null,"0,1,3,4,23"]
[251,"Goner","GO","Ranger",null,330,132,25,"XL",10000,"200 MJ  ",1,980,151.51515151515201,2,1200,24,960,0,null,null,null,null,null,null,null,null,null,null,null,2,null,null,null,null,"0,1,4"]
[252,"Argon","M2","Boreas",null,102,68,11,"XXL",500000,"2 GJ ",3,13000,363.63636363636402,32,250000,3583.25,8500,3,null,null,null,null,null,null,null,null,null,null,6,6,6,6,4,4,null,"13,36,40,39","4,23,8,14,13,36","13,36,40,39","13,36,40,39","0,1,4,23,8,14","0,1,4,23,8,14","0,1,3,5,12,17,22,23,10,11,13,14,18,19,25,35"]
[253,"Argon","M3","Venti",null,270,108,42,"L",8000,"25 MJ ",4,825,88.183421516754805,12,6300,157.4622,200,0,null,null,null,null,null,null,null,null,null,10,null,2,null,null,null,null,"0,1,3,4,8",null,"0,1,4",null,null,null,null,"0,1,3,5,12,17,22,23,35"]
[254,"Argon","M3","Notus",null,244,97.6,35,"L",10000,"25 MJ ",6,1100,88.183421516754805,12,9200,229.94479999999999,255,0,null,null,null,null,null,null,null,null,null,8,2,2,null,null,null,null,"0,1,3,4,8",null,null,null,null,null,null,"0,1,3,5,12,17,22,23,35"]
[255,"Argon","M4","Eurus",null,318.71839999999997,113.828,45,"M",2800,"5 MJ ",4,275,36.509675063891898,8,2650,66.234099999999998,92,0,null,null,null,null,null,null,null,null,null,6,null,2,null,null,null,null,"0,1,3,4",null,null,null,null,null,null,"0,35"]
[256,"Argon","M4","Solano",null,285.11840000000001,101.828,45,"M",5200,"25 MJ ",2,605,44.091710758377403,6,5000,85,102,0,null,null,null,null,null,null,null,null,null,6,null,null,null,null,null,null,"0,1,3,4",null,null,null,null,null,null,"0,1,3,5,12,17,22,23,35"]
[257,"Argon","TM","Zephyrus",null,140,70,10,"XL",13440,"200 MJ  ",3,1200,227.272727272727,6,3500,87.5,1275,4,null,null,null,null,null,null,null,null,null,2,2,2,null,null,null,null,"0,1,4,8,14","0,1,4","0,1,4",null,null,null,null,"0,1,3,5,12,17,22,23,35"]
[258,"Argon","M6","Skiron",null,214,107,22,"XL",53600,"200 MJ  ",6,3300,227.272727272727,18,23500,770.58849999999995,1175,1,null,null,null,null,null,null,null,null,null,8,null,2,4,4,null,null,"3,4,8,14,13,28,29,35",null,"0,1,3,4","3,4,13","3,4,13",null,null,"0,1,3,5,12,17,22,23,10,11,13,14,18,19,25,35"]
[259,"Argon","M7","Astraeus",null,125.46,69.7,11,"XXL",155000,"1 GJ ",5,6050,434.78260869565202,22,50000,1281.95,4975,6,null,null,null,null,null,null,null,null,null,null,8,2,4,4,2,2,"3,13,36,39","3,13","0,1,4,23,28,29,35",null,null,"0,1,4,23","0,1,4,23","0,1,3,5,12,17,22,23,10,11,13,14,18,19,25,35"]
[260,"Argon","M7","Aquilo",null,91.8,54,9,"XXL",280000,"2 GJ ",3,5900,727.27272727272702,24,12050,301.25,7000,1,null,null,null,null,null,null,null,null,null,null,8,4,null,null,2,2,null,null,"0,1,4,23,28,29,35",null,null,"0,1,4,23,8,14","0,1,4,23,8,14","29,30,41"]
[261,"Argon","M8","Auster",null,104.9,52.45,16,"XL",60000,"200 MJ  ",3,2500,151.51515151515201,10,1500,30,1250,0,null,null,null,null,null,null,null,null,null,null,8,2,null,null,null,null,null,null,"0,1,3,4",null,null,null,null,"6,7,8"]
[262,null,"M7","zzPLACEHOLDER",null,111.265,65.45,9,"XXL",250000,"1 GJ ",3,5900,434.78260869565202,18,50500,1262.5,4750,1,null,null,null,null,null,null,null,null,null,null,8,2,null,null,null,null,null,null,"0,1,4,23,28,29,35",null,null,null,null,41]
[263,"Kha'ak","M3","Cluster",null,57,57,50,"L",10000,"25 MJ ",3,300,132.27513227513199,3,10000,499.88,95,0,null,null,null,null,null,null,null,null,null,3,null,null,null,null,null,null,"42,43"]
[264,"Kha'ak","M3","Cluster",null,57,57,50,"L",10000,"25 MJ ",3,300,132.27513227513199,3,10000,499.88,95,0,null,null,null,null,null,null,null,null,null,3,null,null,null,null,null,null,"42,43"]
[265,"Kha'ak","M3","Cluster",null,57,57,50,"L",10000,"25 MJ ",3,300,132.27513227513199,5,10000,499.88,95,0,null,null,null,null,null,null,null,null,null,5,null,null,null,null,null,null,"42,43"]
[266,"Kha'ak","M3","Cluster",null,57,57,50,"L",10000,"25 MJ ",3,300,132.27513227513199,6,10000,499.88,95,0,null,null,null,null,null,null,null,null,null,6,null,null,null,null,null,null,"42,43"]
[267,"Argon","M5","Space Suit",null,28,14,50,"M",10,"1 MJ ",0,100,0,1,800,39.990400000000001,1,0,null,null,null,null,null,null,null,null,null,1,null,null,null,null,null,null,"29,35"]
[268,"Argon","M5","Unknown Object",null,144,36,50,"S",20,"200 MJ  ",5,100,4545.4545454545496,0,10000,499.88,5,0,null,null,null,null,null,null,null,null,null,null,null,null,null,null,null,null,"0,12"]
[269,"Argon","M5","Drone",null,24,6,50,"S",60,"200 MJ  ",5,100,4545.4545454545496,0,10000,499.88,0,0]
[270,"Argon","M5","Navigation Relay Satellite",null,0,0,50,"S",500,"1 MJ ",1,25,15.948963317384401,0,0,0,1,0]
[271,"Argon","M5","SQUASH Mine",null,0,0,50,"S",200,"1 MJ ",0,25,0,0,0,0,1,0]
[272,"Argon","M5","Fighter Drone",null,650,650,55,"M",10,"1 MJ ",0,100,0,1,250,3,2,0,null,null,null,null,null,null,null,null,null,1,null,null,null,null,null,null,"0,1,29,35"]
[273,"Argon","M5","Lasertower",null,0,0,25,"XXL",25000,"200 MJ  ",1,1000,151.51515151515201,1,10000,499.88,200,0,null,null,null,null,null,null,null,null,null,1,null,null,null,null,null,null,25]
[274,"Argon","GO","Unknown Object",null,300,300,50,"XL",10000,"200 MJ  ",1,100,909.09090909090901,0,10000,499.88,50,0,null,null,null,null,null,null,null,null,null,null,null,null,null,null,null,null,"0,1,12,19,3,4,5,18,6,7",null,null,null,null,null,null,0]
[275,"Argon","M5","Spaceflies",null,180,180,50,"S",200,"25 MJ ",0,1,0,0,10000,499.88,0,0]
[276,"Argon","M5","Starburst",null,1165,291.25,50,"S",1000,"1 MJ ",2,1000,7.9744816586921896,0,1,0,35,0]
[277,"Boron","M5","Arrow",null,1345,336.25,50,"S",1000,"1 MJ ",2,1000,7.9744816586921896,0,1,0.01,35,0]
[278,"Argon","M5","Advanced Satellite",null,0,0,50,"M",500,"1 MJ ",1,25,15.948963317384401,0,0,0,1,0]
[279,"Argon","M5","Camera Drone",null,79,79,50,"S",30,"1 MJ ",2,100,7.9744816586921896,0,10000,499.88,2,0,null,null,null,null,null,null,null,null,null,null,null,null,null,null,null,null,0]
[280,"Argon","M5","Navigational Beacon",null,0,0,50,"M",500,"1 MJ ",1,25,15.948963317384401,0,10000,499.88,10,0]
[281,"Unknown","M3","zzPLACEHOLDER",null,57,57,50,"S",0,null,0,25,0,0,10000,499.88,0,0]
[282,"Unknown","M3","zzPLACEHOLDER",null,57,57,50,"S",0,null,0,10,0,0,10000,499.88,0,0]
[283,"Unknown","M3","zzPLACEHOLDER",null,0,0,50,"S",0,null,0,0,0,0,10000,499.88,0,0]
[284,"Argon","M5","Unknown Object",null,69.128,69.128,50,"M",80,"1 MJ ",1,100,7.9744816586921896,2,10000,499.88,2,0,null,null,null,null,null,null,null,null,null,2]
[285,"Argon","GO","Military Transport",null,186.9984,103.88800000000001,55,"XL",35000,"200 MJ  ",3,1500,227.272727272727,6,12000,719.83199999999999,1500,0,null,null,null,null,null,null,null,null,null,null,null,1,1,1,null,1,null,null,"3,4,13","0,1,3,4","0,1,3,4",null,"0,1,3,4","0,35"]
[286,"Yaki","TL","Mobile Pirate Station (TL)",null,180,45,50,"ST",65000,"1 GJ ",8,6000,652.17391304347802,0,10000,0,88000,15,null,null,null,null,null,null,null,null,null,null,null,null,null,null,null,null,"0,1,20,2,30",null,null,null,null,null,null,0]
[287,"Argon","M5","Advanced Spacesuit",null,60,24,50,"S",50,"1 MJ ",0,100,0,0,10000,499.88,0,0,null,null,null,null,null,null,null,null,null,null,null,null,null,null,null,null,0]
[288,"Argon","M5","Advanced Spacesuit",null,90,36,50,"S",50,"1 MJ ",0,100,0,0,10000,499.88,0,0,null,null,null,null,null,null,null,null,null,null,null,null,null,null,null,null,0]
[289,"Goner","M6","Truelight Seeker",null,338.59840000000003,120.928,35,"XL",63000,"200 MJ  ",6,2750,227.272727272727,4,5000,222.22499999999999,3600,0,null,null,null,null,null,null,null,null,null,null,null,2,null,null,null,null,"0,1,4,8,14,28,29,35",null,null,null,null,null,null,"0,35"]
[290,"Argon","M5","Lasertower",null,0,0,50,"XL",500,"1 MJ ",1,1000,7.9744816586921896,1,20000,999.76,150,0,null,null,null,null,null,null,null,null,null,1]
[291,"Yaki","TL","Mobile Pirate Station (TL)",null,180,45,50,"ST",65000,"1 GJ ",8,6000,652.17391304347802,0,10000,0,88000,15,null,null,null,null,null,null,null,null,null,null,null,null,null,null,null,null,"0,1,20,2,30",null,null,null,null,null,null,0]
[292,null,"M6","Unknown Object","Prototype",316.39999999999998,158.19999999999999,27,"XXL",1500000,"200 MJ  ",8,1325,606.06060606060601,10,12000,4968,1860,0,null,null,null,null,null,null,null,null,null,null,8,2,null,null,null,null,25,null,null,null,null,null,null,"4,15,16,20,24,27,36,37,38,28,39"]
[293,null,"M1","zzPLACEHOLDER","Hauler",79.103999999999999,49.44,10,"XXL",200000,"1 GJ ",6,4100,652.17391304347802,20,53200,797.94680000000005,8800,60,null,null,null,null,null,null,null,null,null,null,4,4,4,4,2,2,"12,19,3,4,23,27,24,31,32,26,37,38,25","3,13,40,39","3,4,23,13,28,29,35","3,13,40,39","3,13,40,39","0,1,3,4,23","0,1,3,4,23","0,1,3,5,12,17,22,23,10,11,13,14,18,19,25,35"]
[294,"Argon","M5","Freight Drone",null,100,100,30,"XXL",150,"1 MJ ",1,100,7.9744816586921896,0,0,0,800,0]
[295,"Argon","M7","Griffon",null,117.9,65.5,12,"XXL",150000,"1 GJ ",5,5500,434.78260869565202,20,35000,875,5500,25,null,null,null,null,null,null,null,null,null,4,4,4,null,null,4,4,"0,1,3,4,23,13,28,29,35","3,13","0,1,4,23,28,29,35",null,null,"0,1,4,23","0,1,4,23","0,1,3,5,12,17,22,23,10,11,13,14,18,19,25,35"]
[296,"Split","M7","Panther",null,121.68,67.599999999999994,10,"XXL",120000,"1 GJ ",3,4650,434.78260869565202,23,40000,1400,6000,20,null,null,null,null,null,null,null,null,null,null,6,3,3,3,4,4,"3,9,15,13,28,29,35","3,9,15,28,29,35","9,15,24,28,29,35","3,9,15","3,9,15","0,1,3,9,15,24","0,1,3,9,15,24","0,1,3,5,12,17,22,23,10,11,13,14,18,19,25,35"]
[297,"Paranid","M7","Agamemnon",null,109.14,64.2,9,"XXL",230000,"1 GJ ",6,6100,434.78260869565202,26,78000,2149.9920000000002,5600,1,null,null,null,null,null,null,null,null,null,8,8,2,4,4,null,null,"6,7,20,28,29,35","20,31,32","0,1,6,7,22","0,1,6,7,22","0,1,6,7,22",null,null,"0,1,3,5,12,17,22,23,10,11,13,14,18,19,25,35"]
[298,"Teladi","M7","Raven",null,102.15,68.099999999999994,8,"XXL",320000,"2 GJ ",3,7700,363.63636363636402,22,84000,1680,10500,3,null,null,null,null,null,null,null,null,null,null,4,4,4,4,4,2,null,"5,18","0,1,21,28,29,35","5,18,21,34,2,30","5,18,21,34,2,30","0,1,21","0,1,21","0,1,3,5,12,17,22,23,10,11,13,14,18,19,25,35"]
[299,"Pirates","TL","Mobile Pirate Base",null,75,50,8,"ST",150000,"1 GJ ",5,6560,434.78260869565202,8,22100,220.8895,120000,10,null,null,null,null,null,null,null,null,null,null,2,2,2,2,null,null,null,"3,5,18,34,2,30,28,29,35","3,5,18,21,28,29,35","3,5,18,34,2,30","3,5,18,34,2,30",null,null,"0,1,3,5,12,17,22,23,35"]
[300,"Pirates","M1","Galleon",null,112,70,10,"XXL",300000,"2 GJ ",2,7560,363.63636363636402,32,96400,2104.3155999999999,8360,35,null,null,null,null,null,null,null,null,null,null,4,4,6,6,8,4,null,"3,5,18,34,2,30,28,29,35","3,5,18,21,28,29,35","3,5,18,34,2,30","3,5,18,34,2,30","3,5,18,21","3,5,18,21","0,1,3,5,12,17,22,23,10,11,13,14,18,19,25,41,35"]
[301,"Pirates","M2","Brigantine",null,95.2,68,10,"XXL",575000,"2 GJ ",3,13520,363.63636363636402,42,276400,4145.7236000000003,9500,2,null,null,null,null,null,null,null,null,null,null,4,6,8,8,8,8,null,"3,5,18,34,2,30","3,5,18,21","3,5,18,40,34,2,30","3,5,18,40,34,2,30","3,5,18,21","3,5,18,21","0,1,3,5,12,17,22,23,10,11,13,14,18,19,25,41,35"]
[302,"Yaki","M1","Shuri",null,71.040000000000006,44.4,8,"XXL",400000,"2 GJ ",4,12200,363.63636363636402,28,176400,3421.8072000000002,13000,42,null,null,null,null,null,null,null,null,null,null,4,4,6,6,4,4,null,"3,20,31,32,2,30,28,29,35","3,6,7,20,22,28,29,35","3,20,31,32,2,30","3,20,31,32,2,30","0,1,3,6,7,22","0,1,3,6,7,22","0,1,3,5,12,17,22,23,10,11,13,14,18,19,25,35"]
[303,"Yaki","TL","Ryu",null,96.45,64.3,7,"ST",105000,"1 GJ ",4,4400,434.78260869565202,10,18000,165.006,72000,12,null,null,null,null,null,null,null,null,null,null,4,2,2,2,null,null,null,"6,7,20,28,29,35","0,1,6,7,28,29,35","3,20,31,32,2,30","3,20,31,32,2,30",null,null,"0,1,3,5,12,17,22,23,35"]
[304,"Yaki","M1","Hoshi",null,112,70,10,"XXL",280000,"2 GJ ",2,9200,363.63636363636402,28,102000,2299.998,8800,40,null,null,null,null,null,null,null,null,null,null,4,4,6,6,4,4,null,"3,20,31,32,2,30,28,29,35","3,6,7,20,22,28,29,35","3,20,31,32,2,30","3,20,31,32,2,30","0,1,3,6,7,22","0,1,3,6,7,22","0,1,3,5,12,17,22,23,10,11,13,14,18,19,25,41,35"]
[305,"Yaki","M2","Akuma",null,67.2,48,10,"XXL",550000,"2 GJ ",3,16400,363.63636363636402,42,280000,4000.08,9000,2,null,null,null,null,null,null,null,null,null,null,4,6,8,8,8,8,null,"3,20,31,32,2,30,28,29,35","3,6,7,20,22,28,29,35","3,20,31,32,2,30","3,20,31,32,2,30","0,1,3,6,7,22","0,1,3,6,7,22","0,1,3,5,12,17,22,23,10,11,13,14,18,19,25,41,35"]
[306,"Yaki","M7","Akurei",null,130.5,72.5,12,"XXL",150000,"1 GJ ",3,5500,434.78260869565202,26,53000,1325,3500,1,null,null,null,null,null,null,null,null,null,8,8,2,4,4,null,null,"3,6,7,20,2,30,28,29,35","6,7,20","0,1,6,7,22","0,1,6,7,22","0,1,6,7,22",null,null,"0,1,3,5,12,17,22,23,10,11,13,14,18,19,25,35"]
[307,"Yaki","M7","Kariudo",null,110.7,61.5,10,"XXL",240000,"1 GJ ",6,8500,434.78260869565202,18,63000,1575,3500,10,null,null,null,null,null,null,null,null,null,8,null,2,2,2,2,2,"6,7,20,2,30,28,29,35",null,"6,7,22,28,29,35","3,20,31,32,2,30","3,20,31,32,2,30","3,5,18,21","3,5,18,21","0,1,3,5,12,17,22,23,10,11,13,14,18,19,25,35"]
[308,"Yaki","M7","Senshi",null,104.04,61.2,9,"XXL",350000,"1 GJ ",3,14400,217.39130434782601,26,9050,226.34049999999999,8000,1,null,null,null,null,null,null,null,null,null,null,null,4,8,8,2,2,null,null,"6,7,22,28,29,35",null,null,null,"0,1,3,6,7,22","29,30,41"]
[309,"Argon","TS","Mistral",null,122,61,10,"XXL",20000,"200 MJ  ",3,2000,151.51515151515201,8,6000,150,4500,0,null,null,null,null,null,null,null,null,null,null,2,2,null,null,2,2,"3,8,14,13",null,"0,1,3,4,23,28,29,35",null,null,null,"0,1,3,4,23,28,29,35","0,1,3,5,12,17,22,23,35"]
[310,"Argon","TS","Mistral","Super Freighter",90,45,10,"XXL",20000,"200 MJ  ",5,2500,227.272727272727,4,6400,160,12000,0,null,null,null,null,null,null,null,null,null,null,2,null,null,null,2,null,"3,4,23,8,14,13",null,null,null,null,null,null,"0,1,3,5,12,17,22,23,35"]
[311,"Argon","TL","Troop Training Ship","Hauler",87.555000000000007,58.37,7,"ST",150000,"200 MJ  ",5,3300,151.51515151515201,8,17100,170.9145,120000,5,null,null,null,null,null,null,null,null,null,null,2,2,2,2,null,null,null,"0,1,13,28,29,35","0,1,4,23,28,29,35","0,1,4,23,28,29,35","0,1,4,23,28,29,35"]
[312,null,"TL","zzPLACEHOLDER","Hauler",87.555000000000007,58.37,7,"ST",150000,"1 GJ ",5,4400,652.17391304347802,8,17100,170.9145,120000,5,null,null,null,null,null,null,null,null,null,null,2,2,2,2,null,null,null,"0,1,13,28,29,35","0,1,4,23,28,29,35","0,1,4,23,28,29,35","0,1,4,23,28,29,35"]
[313,null,"TL","zzPLACEHOLDER","Hauler",87.555000000000007,58.37,7,"ST",150000,"1 GJ ",5,4400,652.17391304347802,8,17100,170.9145,120000,5,null,null,null,null,null,null,null,null,null,null,2,2,2,2,null,null,null,"0,1,13,28,29,35","0,1,4,23,28,29,35","0,1,4,23,28,29,35","0,1,4,23,28,29,35"]
[314,null,"TL","zzPLACEHOLDER","Hauler",87.555000000000007,58.37,7,"ST",150000,"1 GJ ",5,4400,652.17391304347802,8,17100,170.9145,120000,5,null,null,null,null,null,null,null,null,null,null,2,2,2,2,null,null,null,"0,1,13,28,29,35","0,1,4,23,28,29,35","0,1,4,23,28,29,35","0,1,4,23,28,29,35"]
[315,"Argon","TL","Starliner",null,102.6,68.400000000000006,7,"XXL",150000,"1 GJ ",5,4400,652.17391304347802,6,19100,382,40000,0,null,null,null,null,null,null,null,null,null,null,null,2,2,2,null,null,null,null,"0,1,4,23,28,29,35","0,1,4,23,28,29,35","0,1,4,23,28,29,35",null,null,"0,35"]
[316,"Goner","M1","Mobile Repair Ship",null,12.18,8.6999999999999993,5,"XXL",340000,"2 GJ ",6,34200,363.63636363636402,0,38500,577.5,120000,30,null,null,null,null,null,null,null,null,null,null,null,null,null,null,null,null,null,"0,1,3,4,23","0,1,3,4,23",null,null,"0,1,3,4,23",null,35]
[317,"Unknown","GO","zzPLACEHOLDER",null,300,300,50,"XL",10000,"200 MJ  ",1,100,909.09090909090901,0,10000,499.88,50,0,null,null,null,null,null,null,null,null,null,null,null,null,null,null,null,null,"0,1,12,19,3,4,5,18,6,7"]
[318,"Unknown","GO","zzPLACEHOLDER",null,300,300,50,"XL",10000,"200 MJ  ",1,100,909.09090909090901,0,10000,499.88,50,0,null,null,null,null,null,null,null,null,null,null,null,null,null,null,null,null,"0,1,12,19,3,4,5,18,6,7"]
[319,"ATF","M5","Matter/Anti-Matter Mine(illegal)",null,0,0,50,"S",200,"1 MJ ",0,25,0,0,0,0,1,0]
[320,"Argon","M5","Tracker Mine (illegal)",null,0,0,50,"S",200,"1 MJ ",0,25,0,0,0,0,1,0]
[321,"Argon","M5","Ion Mine (illegal)",null,0,0,50,"S",200,"1 MJ ",0,25,0,0,0,0,1,0]
[322,"Argon","GO","Unknown Object",null,300,300,50,"M",10000,"200 MJ  ",1,100,909.09090909090901,0,10000,499.88,50,0,null,null,null,null,null,null,null,null,null,null,null,null,null,null,null,null,"0,1,12,3,4,5,7",null,null,null,null,null,null,0]
[323,"Argon","GO","Unknown Object",null,300,300,50,"M",10000,"200 MJ  ",1,100,909.09090909090901,0,10000,499.88,50,0,null,null,null,null,null,null,null,null,null,null,null,null,null,null,null,null,"0,1,12,3,4,5,7",null,null,null,null,null,null,0]
[324,"Argon","M5","Recon Drone (SS_WARE_RECONDRONE)",null,109,109,30,"XL",150,"1 MJ ",1,50,7.9744816586921896,0,10000,499.88,800,0]
[325,"Pirates","M6","Marauder",null,201,100.5,22,"XL",60000,"200 MJ  ",5,3000,151.51515151515201,16,23500,641.99649999999997,1450,0,null,null,null,null,null,null,null,null,null,6,null,2,4,4,null,null,"3,4,5,18,8,14,9,15,13,2,28,29,35",null,"0,1,3,5,18,20","0,1,3,5,18,20","0,1,3,5,18,20",null,null,"0,1,3,5,12,17,22,23,10,11,13,14,18,19,25,35"]
[326,"Terran","TL","Atmospheric Lifter",null,61.5,41,7,"ST",190000,"1 GJ ",5,4400,652.17391304347802,0,1000,9.9949999999999992,160000,5,null,null,null,null,null,null,null,null,null,null,null,null,null,null,null,null,null,null,null,null,null,null,null,"4,15,16,20,24,27,36,37,38"]
[327,"Terran","TL","Mobile Mining Base-Ship",null,75.599999999999994,50.4,7,"ST",150000,"1 GJ ",5,4400,652.17391304347802,14,21100,422,120000,5,null,null,null,null,null,null,null,null,null,null,4,4,2,2,2,null,"10,11,26,28,29,35",null,"10,11,16,17,26","16,17,37,38","16,17,37,38",null,null,"4,15,16,20,24,27,36,37,38"]
[328,"Paranid","M6","Hyperion",null,244.25,97.7,21,"XL",90000,"200 MJ  ",6,3000,227.272727272727,18,27000,728.83799999999997,2533,2,null,null,null,null,null,null,null,null,null,8,2,3,null,null,null,null,"0,1,6,7,20,28,29,35","0,1,6,7","0,1,6,7",null,null,null,null,"0,1,3,5,12,17,22,23,10,11,13,14,18,19,25,35"]
[329,"Argon","M3","Eclipse Prototype",null,216.25,86.5,35,"L",15000,"25 MJ ",6,1500,44.091710758377403,12,9500,229.12100000000001,350,0,null,null,null,null,null,null,null,null,null,8,2,2,null,null,null,null,"0,1,3,4,5,8","0,1,4","0,1,4",null,null,null,null,"0,1,3,5,12,17,22,23,35"]
[330,"Argon","M3","Nova Prototype",null,262.5,105,42,"L",10000,"25 MJ ",4,825,88.183421516754805,10,6720,167.95967999999999,216,0,null,null,null,null,null,null,null,null,null,8,null,2,null,null,null,null,"0,1,3,4,6,7,8,9",null,"0,1,4",null,null,null,null,"0,1,3,5,12,17,22,23,35"]
[331,"Argon","TP","Advanced Express",null,170,68,18,"XL",20600,"200 MJ  ",4,4000,151.51515151515201,2,1050,21,950,0,null,null,null,null,null,null,null,null,null,null,null,2,null,null,null,null,"3,4,8,14,28,29,35",null,null,null,null,null,null,35]
[332,"Argon","TS","Enhanced Mercury",null,110,55,9,"XL",20000,"25 MJ ",5,1960,44.091710758377403,2,1150,28.75,5000,0,null,null,null,null,null,null,null,null,null,null,null,2,null,null,null,null,"0,1,4,5,18,8,14,28,29,35",null,null,null,null,null,null,"0,35"]
[333,"Argon","TS","Mercury Prototype",null,120,60,9,"XL",20000,"25 MJ ",6,1900,44.091710758377403,2,1150,28.75,5000,0,null,null,null,null,null,null,null,null,null,null,null,2,null,null,null,null,"0,1,4,6,7,8,14,28,29,35",null,null,null,null,null,null,"0,35"]
[334,"Argon","M6","Heavy Centaur Prototype",null,224.2,112.1,22,"XL",67000,"200 MJ  ",5,3400,151.51515151515201,20,26500,859.89850000000001,1190,1,null,null,null,null,null,null,null,null,null,10,null,2,4,4,null,null,"0,1,3,4,5,18,8,14,9,15,13,28,29,35",null,"3,4,13","3,4,13","3,4,13",null,null,"0,1,3,5,12,17,22,23,10,11,13,14,18,19,25,35"]
[335,"Argon","M5","Advanced Discoverer",null,512.54700000000003,146.44200000000001,48,"S",1000,"1 MJ ",4,150,7.9744816586921896,4,1200,29.988,67,0,null,null,null,null,null,null,null,null,null,4,null,null,null,null,null,null,0,null,null,null,null,null,null,0]
[336,"Argon","M4","Enhanced Elite",null,315.91840000000002,112.828,45,"M",7000,"25 MJ ",2,560,44.091710758377403,8,4500,75.599999999999994,120,0,null,null,null,null,null,null,null,null,null,6,null,2,null,null,null,null,"0,1,3,4,7,8",null,"0,1,4",null,null,null,null,"0,1,3,5,12,17,22,23,35"]
[337,"Split","M3","Advanced Mamba",null,340,136,35,"L",8500,"25 MJ ",2,750,44.091710758377403,8,8000,199.952,199,0,null,null,null,null,null,null,null,null,null,8,null,null,null,null,null,null,"0,1,3,6,7,9",null,null,null,null,null,null,"0,1,3,5,12,17,22,23,35"]
[338,"Split","M4","Scorpion Prototype",null,420.10199999999998,140.03399999999999,38,"M",3000,"5 MJ ",1,115,18.254837531945999,6,3950,100.4248,108,0,null,null,null,null,null,null,null,null,null,6,null,null,null,null,null,null,"0,1,9",null,null,null,null,null,null,"0,1,3,5,12,17,22,23,35"]
[339,"Split","M3","Enhanced Chimera",null,272.5,109,35,"L",12500,"25 MJ ",4,1250,44.091710758377403,12,11150,278.68310000000002,300,0,null,null,null,null,null,null,null,null,null,8,2,2,null,null,null,null,"0,1,3,9","0,1,9","0,1,9",null,null,null,null,"0,1,3,5,12,17,22,23,35"]
[340,"Split","M5","Enhanced Jaguar",null,677.04700000000003,193.44200000000001,40,"S",900,"1 MJ ",2,100,7.9744816586921896,4,1440,36,40,0,null,null,null,null,null,null,null,null,null,4,null,null,null,null,null,null,0]
[341,"Paranid","M3","Medusa Prototype",null,224.54079999999999,102.06399999999999,35,"L",13125,"25 MJ ",6,1500,44.091710758377403,12,9050,226.25,280,0,null,null,null,null,null,null,null,null,null,8,2,2,null,null,null,null,"0,1,3,4,6,7,9","0,1,6,7","0,1,6,7",null,null,null,null,"0,1,3,5,12,17,22,23,10,11,13,14,18,19,25,35"]
[342,"Paranid","TS","Demeter Prototype",null,130,65,9,"XL",19000,"25 MJ ",6,1600,44.091710758377403,2,950,19,3900,0,null,null,null,null,null,null,null,null,null,null,null,2,null,null,null,null,"4,5,18,6,7",null,null,null,null,null,null,35]
[343,"Paranid","M3","Advanced Perseus",null,283.94080000000002,129.06399999999999,38,"L",9500,"25 MJ ",4,850,44.091710758377403,10,6500,167.739,150,0,null,null,null,null,null,null,null,null,null,8,null,2,null,null,null,null,"0,1,5,6,7,8,9",null,"0,1,6,7",null,null,null,null,"0,1,3,5,12,17,22,23,35"]
[344,"Paranid","M4","Enhanced Pericles",null,327.11840000000001,116.828,41,"M",3600,"5 MJ ",4,295,36.509675063891898,6,2700,67.483800000000002,92,0,null,null,null,null,null,null,null,null,null,6,null,null,null,null,null,null,"0,1,4,7,9",null,null,null,null,null,null,"0,1,3,5,12,17,22,23,35"]
[345,"Boron","M3","Skate Prototype",null,255,102,38,"L",18000,"25 MJ ",6,1200,88.183421516754805,12,7600,356.7364,275,0,null,null,null,null,null,null,null,null,null,8,2,2,null,null,null,null,"0,1,4,5,6,7,8","0,1,8","0,1,8",null,null,null,null,"0,1,3,5,12,17,22,23,35"]
[346,"Boron","TS","Enhanced Dolphin",null,102.6,57,9,"XL",19000,"25 MJ ",5,1900,44.091710758377403,0,1,9.9950000000000004E-3,6500,0,null,null,null,null,null,null,null,null,null,null,null,null,null,null,null,null,null,null,null,null,null,null,null,"0,35"]
[347,"Boron","M3","Advanced Barracuda",null,302.5,121,38,"L",12000,"25 MJ ",4,1270,44.091710758377403,8,6200,218.2028,156,0,null,null,null,null,null,null,null,null,null,8,null,null,null,null,null,null,"0,1,4,8,9,10,11",null,null,null,null,null,null,"0,1,3,5,12,17,22,23,35"]
[348,"Boron","M4","Enhanced Mako",null,345.10199999999998,115.03400000000001,41,"M",5150,"5 MJ ",4,490,18.254837531945999,6,3220,80.467799999999997,197,0,null,null,null,null,null,null,null,null,null,6,null,null,null,null,null,null,"0,1,4,7,8",null,null,null,null,null,null,"0,1,3,5,12,17,22,23,35"]
[349,"Boron","M3","Barracuda Prototype",null,265,106,38,"L",12600,"25 MJ ",5,1350,44.091710758377403,8,5400,178.51320000000001,208,0,null,null,null,null,null,null,null,null,null,8,null,null,null,null,null,null,"0,1,4,5,8,9",null,null,null,null,null,null,"0,1,3,5,12,17,22,23,35"]
[350,"Teladi","M3","Enhanced Kea","Experimental",210.75,84.3,32,"L",16000,"25 MJ ",6,1350,44.091710758377403,12,8000,200,900,0,null,null,null,null,null,null,null,null,null,8,2,2,null,null,null,null,"0,1,4,5,6,7,8,2","0,1,5","0,1,5",null,null,null,null,"0,1,3,5,12,17,22,23,35"]
[351,"Teladi","TS","Vulture Prototype",null,95.4,53,9,"XL",24000,"25 MJ ",4,660,88.183421516754805,2,950,19,8000,0,null,null,null,null,null,null,null,null,null,null,null,2,null,null,null,null,"4,5,18,6,7,9,15,28,29,35",null,null,null,null,null,null,35]
[352,"Teladi","TP","Toucan Prototype",null,137.5,55,12,"XL",22000,"200 MJ  ",4,4000,151.51515151515201,2,850,17,2000,0,null,null,null,null,null,null,null,null,null,null,null,2,null,null,null,null,"4,5,18,8,14",null,null,null,null,null,null,35]
[353,"Teladi","M3","Falcon Prototype",null,213.32079999999999,96.963999999999999,28,"L",14652,"25 MJ ",5,890,88.183421516754805,10,4440,119.99988,706,0,null,null,null,null,null,null,null,null,null,8,null,2,null,null,null,null,"0,1,4,5,6,7,9,2",null,"0,1,5",null,null,null,null,"0,1,3,5,12,17,22,23,35"]
[354,"Teladi","M4","Kite Prototype",null,226.5016,87.116,30,"M",7200,"25 MJ ",4,612,88.183421516754805,6,3250,109.59975,266,0,null,null,null,null,null,null,null,null,null,6,null,null,null,null,null,null,"0,1,5,8,9,2",null,null,null,null,null,null,"0,35"]
[355,"Teladi","M5","Advanced Kestrel",null,719.4384,199.84399999999999,32,"S",2500,"5 MJ ",2,145,36.509675063891898,4,1200,33.428400000000003,80,0,null,null,null,null,null,null,null,null,null,2,null,2,null,null,null,null,0,null,null,null,null,null,null,0]
[356,"Pirates","M3","Eclipse","Raider",234.7184,83.828000000000003,35,"L",11250,"25 MJ ",4,2500,44.091710758377403,12,7800,195,332,0,null,null,null,null,null,null,null,null,null,8,2,2,null,null,null,null,"0,1,3,4,2","0,1,3,6,7","0,1,3,6,7",null,null,null,null,"0,1,3,5,12,17,22,23,35"]
[357,"Pirates","M3","Blastclaw Prototype",null,293.51839999999999,104.828,35,"L",13000,"25 MJ ",4,1215,44.091710758377403,10,10300,357.47179999999997,550,0,null,null,null,null,null,null,null,null,null,4,4,2,null,null,null,null,"0,1,3,4,5,6,7,8,9,2","0,1,3,6,7","0,1,3,6,7",null,null,null,null,"0,1,3,5,12,17,22,23,35"]
[358,"Yaki","M3","Susanowa Prototype",null,330.10199999999998,110.03400000000001,38,"L",7400,"25 MJ ",3,855,44.091710758377403,10,7000,177.33099999999999,152,0,null,null,null,null,null,null,null,null,null,8,null,2,null,null,null,null,"0,1,3,4,5,6,7,9,2",null,"0,1,6,7",null,null,null,null,"0,1,3,5,12,17,22,23,35"]
[359,"Argon","M5","Jump Beacon",null,0,0,50,"M",500,"1 MJ ",1,25,15.948963317384401,0,10000,499.88,10,0]
[360,"Argon","M5","Message Drone",null,375,375,30,"XL",150,"1 MJ ",1,50,7.9744816586921896,0,10000,499.88,25,0]
[361,"Terran","M4","#deca.deaf (speak dekka-def)",null,331,82.75,57,"M",4200,"5 MJ ",6,550,18.254837531945999,8,3650,91.228099999999998,114,0,null,null,null,null,null,null,null,null,null,6,null,2,null,null,null,null,45]
[362,"Terran","M5","#deca.fade (speak dekka-fade)",null,555.79999999999995,138.94999999999999,60,"S",1200,"1 MJ ",6,200,7.9744816586921896,6,2000,49.988,62,0,null,null,null,null,null,null,null,null,null,6,null,null,null,null,null,null,45]
[363,"Terran","M5","Terran Freight Drone",null,109,109,30,"XXL",150,"1 MJ ",1,100,7.9744816586921896,0,10000,499.88,800,0]
[364,"Terran","M5","Terran Freight Drone",null,109,109,30,"XXL",150,"1 MJ ",1,100,7.9744816586921896,0,10000,499.88,800,0]
[365,"Terran","M5","Terran Freight Drone",null,109,109,30,"XL",150,"1 MJ ",1,100,7.9744816586921896,0,10000,499.88,800,0]
[366,"Kha'ak","M1","Guardian",null,0,0,14,"XXL",250000,"2 GJ ",3,10500,363.63636363636402,8,165000,4950,9000,3,null,null,null,null,null,null,null,null,null,null,2,2,2,2,null,null,"42,43,44","42,43,44","42,43,44","42,43,44","42,43,44",null,null,"26,40"]
[367,"Terran","M5","Terran Freight Drone",null,109,109,30,"XL",150,"1 MJ ",1,100,7.9744816586921896,0,10000,499.88,800,0]
[368,"Terran","M1","Lasertower",null,0,0,0,"XXL",250000,"2 GJ ",3,11500,363.63636363636402,2,165000,4950,9000,0,null,null,null,null,null,null,null,null,null,null,2,null,null,null,null,null,null,"10,11,16,17"]
[369,"Terran","M5","Lasertower",null,0,0,25,"XXL",25000,"200 MJ  ",1,1000,151.51515151515201,1,5000,249.94,200,0,null,null,null,null,null,null,null,null,null,1]
[370,"Terran","TS","Baldric Miner",null,104,52,10,"XL",17000,"200 MJ  ",3,3000,151.51515151515201,2,850,17,6500,0,null,null,null,null,null,null,null,null,null,null,null,2,null,null,null,null,"10,11,28,29,35",null,null,null,null,null,null,"4,15,20,24"]
[371,"Yaki","TM","Advanced Chokaro",null,156,78,10,"XL",14700,"200 MJ  ",2,925,227.272727272727,4,3100,77.5,1800,6,null,null,null,null,null,null,null,null,null,null,2,2,null,null,null,null,"5,18,6,7,2,28,29,35",null,"0,1,6,7",null,null,null,null,"0,35"]
[372,"Terran","M3","Xperimental Shuttle",null,346,138.4,25,"L",8000,"200 MJ  ",2,1000,227.272727272727,10,9000,233.99100000000001,350,0,null,null,null,null,null,null,null,null,null,6,null,null,null,null,2,2,"0,1,4,5,8,10,11,29,35",null,null,null,null,null,null,"0,1,3,5,12,17,22,23,24,27,36,37,38,35"]
[373,null,"M3","Aamon Prototype",null,205,82,35,"L",10000,"25 MJ ",6,1100,88.183421516754805,12,8500,265.625,255,0,null,null,null,null,null,null,null,null,null,8,2,2,null,null,null,null,"0,1,3,4,10,11","0,1,3,4,10,11","0,1,3,4,10,11",null,null,null,null,"0,1,3,5,12,17,22,23,24,27,36,37,38,35"]
[374,"Unknown","TL","zzPLACEHOLDER","Hauler",37.799999999999997,27,10,"XXL",340000,"2 GJ ",1,34200,363.63636363636402,0,0,0,48000,2,null,null,null,null,null,null,null,null,null,null,null,null,null,null,null,null,null,"0,1,3,4,23,28,29,35","0,1,3,4,23,28,29,35"]
[375,"Unknown","TL","zzPLACEHOLDER","Hauler",37.799999999999997,27,10,"XXL",340000,"2 GJ ",1,34200,363.63636363636402,0,0,0,48000,2,null,null,null,null,null,null,null,null,null,null,null,null,null,null,null,null,null,"0,1,3,4,23,28,29,35","0,1,3,4,23,28,29,35"]
[376,"Unknown","TL","zzPLACEHOLDER","Hauler",37.799999999999997,27,10,"XXL",340000,"2 GJ ",1,34200,363.63636363636402,0,0,0,48000,2,null,null,null,null,null,null,null,null,null,null,null,null,null,null,null,null,null,"0,1,3,4,23,28,29,35","0,1,3,4,23,28,29,35"]
[377,"Unknown","TL","zzPLACEHOLDER","Hauler",37.799999999999997,27,10,"XXL",340000,"2 GJ ",1,34200,363.63636363636402,0,0,0,48000,2,null,null,null,null,null,null,null,null,null,null,null,null,null,null,null,null,null,"0,1,3,4,23,28,29,35","0,1,3,4,23,28,29,35"]
[378,"Unknown","TL","zzPLACEHOLDER","Hauler",37.799999999999997,27,10,"XXL",340000,"2 GJ ",1,34200,363.63636363636402,0,0,0,48000,2,null,null,null,null,null,null,null,null,null,null,null,null,null,null,null,null,null,"0,1,3,4,23,28,29,35","0,1,3,4,23,28,29,35"]
[379,"Unknown","TL","zzPLACEHOLDER","Hauler",37.799999999999997,27,10,"XXL",340000,"2 GJ ",1,34200,363.63636363636402,0,0,0,48000,2,null,null,null,null,null,null,null,null,null,null,null,null,null,null,null,null,null,"0,1,3,4,23,28,29,35","0,1,3,4,23,28,29,35"]
[380,"Unknown","TL","zzPLACEHOLDER","Hauler",37.799999999999997,27,10,"XXL",340000,"2 GJ ",1,34200,363.63636363636402,0,0,0,48000,2,null,null,null,null,null,null,null,null,null,null,null,null,null,null,null,null,null,"0,1,3,4,23,28,29,35","0,1,3,4,23,28,29,35"]
[381,"Unknown","TL","zzPLACEHOLDER","Hauler",37.799999999999997,27,10,"XXL",340000,"2 GJ ",1,34200,363.63636363636402,0,0,0,48000,2,null,null,null,null,null,null,null,null,null,null,null,null,null,null,null,null,null,"0,1,3,4,23,28,29,35","0,1,3,4,23,28,29,35"]
[382,"Unknown","TL","zzPLACEHOLDER","Hauler",37.799999999999997,27,10,"XXL",340000,"2 GJ ",1,34200,363.63636363636402,0,0,0,48000,2,null,null,null,null,null,null,null,null,null,null,null,null,null,null,null,null,null,"0,1,3,4,23,28,29,35","0,1,3,4,23,28,29,35"]
[383,"Unknown","TL","zzPLACEHOLDER","Hauler",37.799999999999997,27,10,"XXL",340000,"2 GJ ",1,34200,363.63636363636402,0,0,0,48000,2,null,null,null,null,null,null,null,null,null,null,null,null,null,null,null,null,null,"0,1,3,4,23,28,29,35","0,1,3,4,23,28,29,35"]
[384,"Unknown","TL","zzPLACEHOLDER","Hauler",37.799999999999997,27,10,"XXL",340000,"2 GJ ",1,34200,363.63636363636402,0,0,0,48000,2,null,null,null,null,null,null,null,null,null,null,null,null,null,null,null,null,null,"0,1,3,4,23,28,29,35","0,1,3,4,23,28,29,35"]
[385,"Unknown","TL","zzPLACEHOLDER","Hauler",37.799999999999997,27,10,"XXL",340000,"2 GJ ",1,34200,363.63636363636402,0,0,0,48000,2,null,null,null,null,null,null,null,null,null,null,null,null,null,null,null,null,null,"0,1,3,4,23,28,29,35","0,1,3,4,23,28,29,35"]
[386,"Unknown","TL","zzPLACEHOLDER","Hauler",37.799999999999997,27,10,"XXL",340000,"2 GJ ",1,34200,363.63636363636402,0,0,0,48000,2,null,null,null,null,null,null,null,null,null,null,null,null,null,null,null,null,null,"0,1,3,4,23,28,29,35","0,1,3,4,23,28,29,35"]
[387,"Unknown","TL","zzPLACEHOLDER","Hauler",37.799999999999997,27,10,"XXL",340000,"2 GJ ",1,34200,363.63636363636402,0,0,0,48000,2,null,null,null,null,null,null,null,null,null,null,null,null,null,null,null,null,null,"0,1,3,4,23,28,29,35","0,1,3,4,23,28,29,35"]
[388,"Unknown","TL","zzPLACEHOLDER","Hauler",37.799999999999997,27,10,"XXL",340000,"2 GJ ",1,34200,363.63636363636402,0,0,0,48000,2,null,null,null,null,null,null,null,null,null,null,null,null,null,null,null,null,null,"0,1,3,4,23,28,29,35","0,1,3,4,23,28,29,35"]
[389,"Unknown","TL","zzPLACEHOLDER","Hauler",37.799999999999997,27,10,"XXL",340000,"2 GJ ",1,34200,363.63636363636402,0,0,0,48000,2,null,null,null,null,null,null,null,null,null,null,null,null,null,null,null,null,null,"0,1,3,4,23,28,29,35","0,1,3,4,23,28,29,35"]
[390,"Unknown","TL","zzPLACEHOLDER","Hauler",37.799999999999997,27,10,"XXL",340000,"2 GJ ",1,34200,363.63636363636402,0,0,0,48000,2,null,null,null,null,null,null,null,null,null,null,null,null,null,null,null,null,null,"0,1,3,4,23,28,29,35","0,1,3,4,23,28,29,35"]
[391,"Unknown","TL","zzPLACEHOLDER","Hauler",37.799999999999997,27,10,"XXL",340000,"2 GJ ",1,34200,363.63636363636402,0,0,0,48000,2,null,null,null,null,null,null,null,null,null,null,null,null,null,null,null,null,null,"0,1,3,4,23,28,29,35","0,1,3,4,23,28,29,35"]
[392,"Unknown","TL","zzPLACEHOLDER","Hauler",37.799999999999997,27,10,"XXL",340000,"2 GJ ",1,34200,363.63636363636402,0,0,0,48000,2,null,null,null,null,null,null,null,null,null,null,null,null,null,null,null,null,null,"0,1,3,4,23,28,29,35","0,1,3,4,23,28,29,35"]
[393,"Unknown","TL","zzPLACEHOLDER","Hauler",37.799999999999997,27,10,"XXL",340000,"2 GJ ",1,34200,363.63636363636402,0,0,0,48000,2,null,null,null,null,null,null,null,null,null,null,null,null,null,null,null,null,null,"0,1,3,4,23,28,29,35","0,1,3,4,23,28,29,35"]
[394,"Unknown","TL","zzPLACEHOLDER","Hauler",37.799999999999997,27,10,"XXL",340000,"2 GJ ",1,34200,363.63636363636402,0,0,0,48000,2,null,null,null,null,null,null,null,null,null,null,null,null,null,null,null,null,null,"0,1,3,4,23,28,29,35","0,1,3,4,23,28,29,35"]
[395,"Unknown","TL","zzPLACEHOLDER","Hauler",37.799999999999997,27,10,"XXL",340000,"2 GJ ",1,34200,363.63636363636402,0,0,0,48000,2,null,null,null,null,null,null,null,null,null,null,null,null,null,null,null,null,null,"0,1,3,4,23,28,29,35","0,1,3,4,23,28,29,35"]
[396,"Unknown","TL","zzPLACEHOLDER","Hauler",37.799999999999997,27,10,"XXL",340000,"2 GJ ",1,34200,363.63636363636402,0,0,0,48000,2,null,null,null,null,null,null,null,null,null,null,null,null,null,null,null,null,null,"0,1,3,4,23,28,29,35","0,1,3,4,23,28,29,35"]
[397,"Unknown","TL","zzPLACEHOLDER","Hauler",37.799999999999997,27,10,"XXL",340000,"2 GJ ",1,34200,363.63636363636402,0,0,0,48000,2,null,null,null,null,null,null,null,null,null,null,null,null,null,null,null,null,null,"0,1,3,4,23,28,29,35","0,1,3,4,23,28,29,35"]
[398,"Unknown","TL","zzPLACEHOLDER","Hauler",37.799999999999997,27,10,"XXL",340000,"2 GJ ",1,34200,363.63636363636402,0,0,0,48000,2,null,null,null,null,null,null,null,null,null,null,null,null,null,null,null,null,null,"0,1,3,4,23,28,29,35","0,1,3,4,23,28,29,35"]
[399,"Unknown","TL","zzPLACEHOLDER","Hauler",37.799999999999997,27,10,"XXL",340000,"2 GJ ",1,34200,363.63636363636402,0,0,0,48000,2,null,null,null,null,null,null,null,null,null,null,null,null,null,null,null,null,null,"0,1,3,4,23,28,29,35","0,1,3,4,23,28,29,35"]
[400,"Unknown","TL","zzPLACEHOLDER","Hauler",37.799999999999997,27,10,"XXL",340000,"2 GJ ",1,34200,363.63636363636402,0,0,0,48000,2,null,null,null,null,null,null,null,null,null,null,null,null,null,null,null,null,null,"0,1,3,4,23,28,29,35","0,1,3,4,23,28,29,35"]
[401,"Unknown","TL","zzPLACEHOLDER","Hauler",37.799999999999997,27,10,"XXL",340000,"2 GJ ",1,34200,363.63636363636402,0,0,0,48000,2,null,null,null,null,null,null,null,null,null,null,null,null,null,null,null,null,null,"0,1,3,4,23,28,29,35","0,1,3,4,23,28,29,35"]
[402,"Unknown","TL","zzPLACEHOLDER","Hauler",37.799999999999997,27,10,"XXL",340000,"2 GJ ",1,34200,363.63636363636402,0,0,0,48000,2,null,null,null,null,null,null,null,null,null,null,null,null,null,null,null,null,null,"0,1,3,4,23,28,29,35","0,1,3,4,23,28,29,35"]
[403,"Unknown","TL","zzPLACEHOLDER","Hauler",37.799999999999997,27,10,"XXL",340000,"2 GJ ",1,34200,363.63636363636402,0,0,0,48000,2,null,null,null,null,null,null,null,null,null,null,null,null,null,null,null,null,null,"0,1,3,4,23,28,29,35","0,1,3,4,23,28,29,35"]
[404,"Unknown","TL","zzPLACEHOLDER","Hauler",37.799999999999997,27,10,"XXL",340000,"2 GJ ",1,34200,363.63636363636402,0,0,0,48000,2,null,null,null,null,null,null,null,null,null,null,null,null,null,null,null,null,null,"0,1,3,4,23,28,29,35","0,1,3,4,23,28,29,35"]
[405,"Unknown","TL","zzPLACEHOLDER","Hauler",37.799999999999997,27,10,"XXL",340000,"2 GJ ",1,34200,363.63636363636402,0,0,0,48000,2,null,null,null,null,null,null,null,null,null,null,null,null,null,null,null,null,null,"0,1,3,4,23,28,29,35","0,1,3,4,23,28,29,35"]
[406,"Unknown","TL","zzPLACEHOLDER","Hauler",37.799999999999997,27,10,"XXL",340000,"2 GJ ",1,34200,363.63636363636402,0,0,0,48000,2,null,null,null,null,null,null,null,null,null,null,null,null,null,null,null,null,null,"0,1,3,4,23,28,29,35","0,1,3,4,23,28,29,35"]
[407,"Unknown","TL","zzPLACEHOLDER","Hauler",37.799999999999997,27,10,"XXL",340000,"2 GJ ",1,34200,363.63636363636402,0,0,0,48000,2,null,null,null,null,null,null,null,null,null,null,null,null,null,null,null,null,null,"0,1,3,4,23,28,29,35","0,1,3,4,23,28,29,35"]
[408,"Unknown","TL","zzPLACEHOLDER","Hauler",37.799999999999997,27,10,"XXL",340000,"2 GJ ",1,34200,363.63636363636402,0,0,0,48000,2,null,null,null,null,null,null,null,null,null,null,null,null,null,null,null,null,null,"0,1,3,4,23,28,29,35","0,1,3,4,23,28,29,35"]
[409,"Unknown","TL","zzPLACEHOLDER","Hauler",37.799999999999997,27,10,"XXL",340000,"2 GJ ",1,34200,363.63636363636402,0,0,0,48000,2,null,null,null,null,null,null,null,null,null,null,null,null,null,null,null,null,null,"0,1,3,4,23,28,29,35","0,1,3,4,23,28,29,35"]
[410,"Unknown","TL","zzPLACEHOLDER","Hauler",37.799999999999997,27,10,"XXL",340000,"2 GJ ",1,34200,363.63636363636402,0,0,0,48000,2,null,null,null,null,null,null,null,null,null,null,null,null,null,null,null,null,null,"0,1,3,4,23,28,29,35","0,1,3,4,23,28,29,35"]
[411,"Unknown","TL","zzPLACEHOLDER","Hauler",37.799999999999997,27,10,"XXL",340000,"2 GJ ",1,34200,363.63636363636402,0,0,0,48000,2,null,null,null,null,null,null,null,null,null,null,null,null,null,null,null,null,null,"0,1,3,4,23,28,29,35","0,1,3,4,23,28,29,35"]
[412,"Unknown","TL","zzPLACEHOLDER","Hauler",37.799999999999997,27,10,"XXL",340000,"2 GJ ",1,34200,363.63636363636402,0,0,0,48000,2,null,null,null,null,null,null,null,null,null,null,null,null,null,null,null,null,null,"0,1,3,4,23,28,29,35","0,1,3,4,23,28,29,35"]
[413,"Unknown","TL","zzPLACEHOLDER","Hauler",37.799999999999997,27,10,"XXL",340000,"2 GJ ",1,34200,363.63636363636402,0,0,0,48000,2,null,null,null,null,null,null,null,null,null,null,null,null,null,null,null,null,null,"0,1,3,4,23,28,29,35","0,1,3,4,23,28,29,35"]
[414,"Unknown","TL","zzPLACEHOLDER","Hauler",37.799999999999997,27,10,"XXL",340000,"2 GJ ",1,34200,363.63636363636402,0,0,0,48000,2,null,null,null,null,null,null,null,null,null,null,null,null,null,null,null,null,null,"0,1,3,4,23,28,29,35","0,1,3,4,23,28,29,35"]
[415,"Unknown","TL","zzPLACEHOLDER","Hauler",37.799999999999997,27,10,"XXL",340000,"2 GJ ",1,34200,363.63636363636402,0,0,0,48000,2,null,null,null,null,null,null,null,null,null,null,null,null,null,null,null,null,null,"0,1,3,4,23,28,29,35","0,1,3,4,23,28,29,35"]
[416,"Unknown","TL","zzPLACEHOLDER","Hauler",37.799999999999997,27,10,"XXL",340000,"2 GJ ",1,34200,363.63636363636402,0,0,0,48000,2,null,null,null,null,null,null,null,null,null,null,null,null,null,null,null,null,null,"0,1,3,4,23,28,29,35","0,1,3,4,23,28,29,35"]
[417,"Unknown","TL","zzPLACEHOLDER","Hauler",37.799999999999997,27,10,"XXL",340000,"2 GJ ",1,34200,363.63636363636402,0,0,0,48000,2,null,null,null,null,null,null,null,null,null,null,null,null,null,null,null,null,null,"0,1,3,4,23,28,29,35","0,1,3,4,23,28,29,35"]
[418,"Unknown","TL","zzPLACEHOLDER","Hauler",37.799999999999997,27,10,"XXL",340000,"2 GJ ",1,34200,363.63636363636402,0,0,0,48000,2,null,null,null,null,null,null,null,null,null,null,null,null,null,null,null,null,null,"0,1,3,4,23,28,29,35","0,1,3,4,23,28,29,35"]
[419,"Unknown","TL","zzPLACEHOLDER","Hauler",37.799999999999997,27,10,"XXL",340000,"2 GJ ",1,34200,363.63636363636402,0,0,0,48000,2,null,null,null,null,null,null,null,null,null,null,null,null,null,null,null,null,null,"0,1,3,4,23,28,29,35","0,1,3,4,23,28,29,35"]
[420,"Unknown","TL","zzPLACEHOLDER","Hauler",37.799999999999997,27,10,"XXL",340000,"2 GJ ",1,34200,363.63636363636402,0,0,0,48000,2,null,null,null,null,null,null,null,null,null,null,null,null,null,null,null,null,null,"0,1,3,4,23,28,29,35","0,1,3,4,23,28,29,35"]
[421,"Unknown","TL","zzPLACEHOLDER","Hauler",37.799999999999997,27,10,"XXL",340000,"2 GJ ",1,34200,363.63636363636402,0,0,0,48000,2,null,null,null,null,null,null,null,null,null,null,null,null,null,null,null,null,null,"0,1,3,4,23,28,29,35","0,1,3,4,23,28,29,35"]
[422,"Unknown","TL","zzPLACEHOLDER","Hauler",37.799999999999997,27,10,"XXL",340000,"2 GJ ",1,34200,363.63636363636402,0,0,0,48000,2,null,null,null,null,null,null,null,null,null,null,null,null,null,null,null,null,null,"0,1,3,4,23,28,29,35","0,1,3,4,23,28,29,35"]
[423,"Unknown","TL","zzPLACEHOLDER","Hauler",37.799999999999997,27,10,"XXL",340000,"2 GJ ",1,34200,363.63636363636402,0,0,0,48000,2,null,null,null,null,null,null,null,null,null,null,null,null,null,null,null,null,null,"0,1,3,4,23,28,29,35","0,1,3,4,23,28,29,35"]
[424,"Unknown","TL","zzPLACEHOLDER","Hauler",37.799999999999997,27,10,"XXL",340000,"2 GJ ",1,34200,363.63636363636402,0,0,0,48000,2,null,null,null,null,null,null,null,null,null,null,null,null,null,null,null,null,null,"0,1,3,4,23,28,29,35","0,1,3,4,23,28,29,35"]
[425,"Unknown","TL","zzPLACEHOLDER","Hauler",37.799999999999997,27,10,"XXL",340000,"2 GJ ",1,34200,363.63636363636402,0,0,0,48000,2,null,null,null,null,null,null,null,null,null,null,null,null,null,null,null,null,null,"0,1,3,4,23,28,29,35","0,1,3,4,23,28,29,35"]
[426,"Unknown","TL","zzPLACEHOLDER","Hauler",37.799999999999997,27,10,"XXL",340000,"2 GJ ",1,34200,363.63636363636402,0,0,0,48000,2,null,null,null,null,null,null,null,null,null,null,null,null,null,null,null,null,null,"0,1,3,4,23,28,29,35","0,1,3,4,23,28,29,35"]
[427,"Unknown","TL","zzPLACEHOLDER","Hauler",37.799999999999997,27,10,"XXL",340000,"2 GJ ",1,34200,363.63636363636402,0,0,0,48000,2,null,null,null,null,null,null,null,null,null,null,null,null,null,null,null,null,null,"0,1,3,4,23,28,29,35","0,1,3,4,23,28,29,35"]
[428,"Unknown","TL","zzPLACEHOLDER","Hauler",37.799999999999997,27,10,"XXL",340000,"2 GJ ",1,34200,363.63636363636402,0,0,0,48000,2,null,null,null,null,null,null,null,null,null,null,null,null,null,null,null,null,null,"0,1,3,4,23,28,29,35","0,1,3,4,23,28,29,35"]
[429,"Unknown","TL","zzPLACEHOLDER","Hauler",37.799999999999997,27,10,"XXL",340000,"2 GJ ",1,34200,363.63636363636402,0,0,0,48000,2,null,null,null,null,null,null,null,null,null,null,null,null,null,null,null,null,null,"0,1,3,4,23,28,29,35","0,1,3,4,23,28,29,35"]
[430,"Unknown","TL","zzPLACEHOLDER","Hauler",37.799999999999997,27,10,"XXL",340000,"2 GJ ",1,34200,363.63636363636402,0,0,0,48000,2,null,null,null,null,null,null,null,null,null,null,null,null,null,null,null,null,null,"0,1,3,4,23,28,29,35","0,1,3,4,23,28,29,35"]
[431,"Unknown","TL","zzPLACEHOLDER","Hauler",37.799999999999997,27,10,"XXL",340000,"2 GJ ",1,34200,363.63636363636402,0,0,0,48000,2,null,null,null,null,null,null,null,null,null,null,null,null,null,null,null,null,null,"0,1,3,4,23,28,29,35","0,1,3,4,23,28,29,35"]
[432,"Unknown","TL","zzPLACEHOLDER","Hauler",37.799999999999997,27,10,"XXL",340000,"2 GJ ",1,34200,363.63636363636402,0,0,0,48000,2,null,null,null,null,null,null,null,null,null,null,null,null,null,null,null,null,null,"0,1,3,4,23,28,29,35","0,1,3,4,23,28,29,35"]
[433,"Unknown","TL","zzPLACEHOLDER","Hauler",37.799999999999997,27,10,"XXL",340000,"2 GJ ",1,34200,363.63636363636402,0,0,0,48000,2,null,null,null,null,null,null,null,null,null,null,null,null,null,null,null,null,null,"0,1,3,4,23,28,29,35","0,1,3,4,23,28,29,35"]
[434,"Unknown","TL","zzPLACEHOLDER","Hauler",37.799999999999997,27,10,"XXL",340000,"2 GJ ",1,34200,363.63636363636402,0,0,0,48000,2,null,null,null,null,null,null,null,null,null,null,null,null,null,null,null,null,null,"0,1,3,4,23,28,29,35","0,1,3,4,23,28,29,35"]
[435,"Unknown","TL","zzPLACEHOLDER","Hauler",37.799999999999997,27,10,"XXL",340000,"2 GJ ",1,34200,363.63636363636402,0,0,0,48000,2,null,null,null,null,null,null,null,null,null,null,null,null,null,null,null,null,null,"0,1,3,4,23,28,29,35","0,1,3,4,23,28,29,35"]
[436,"Unknown","TL","zzPLACEHOLDER","Hauler",37.799999999999997,27,10,"XXL",340000,"2 GJ ",1,34200,363.63636363636402,0,0,0,48000,2,null,null,null,null,null,null,null,null,null,null,null,null,null,null,null,null,null,"0,1,3,4,23,28,29,35","0,1,3,4,23,28,29,35"]
[437,"Unknown","TL","zzPLACEHOLDER","Hauler",37.799999999999997,27,10,"XXL",340000,"2 GJ ",1,34200,363.63636363636402,0,0,0,48000,2,null,null,null,null,null,null,null,null,null,null,null,null,null,null,null,null,null,"0,1,3,4,23,28,29,35","0,1,3,4,23,28,29,35"]
[438,"Unknown","TL","zzPLACEHOLDER","Hauler",37.799999999999997,27,10,"XXL",340000,"2 GJ ",1,34200,363.63636363636402,0,0,0,48000,2,null,null,null,null,null,null,null,null,null,null,null,null,null,null,null,null,null,"0,1,3,4,23,28,29,35","0,1,3,4,23,28,29,35"]
[439,"Unknown","TL","zzPLACEHOLDER","Hauler",37.799999999999997,27,10,"XXL",340000,"2 GJ ",1,34200,363.63636363636402,0,0,0,48000,2,null,null,null,null,null,null,null,null,null,null,null,null,null,null,null,null,null,"0,1,3,4,23,28,29,35","0,1,3,4,23,28,29,35"]
[440,"Unknown","TL","zzPLACEHOLDER","Hauler",37.799999999999997,27,10,"XXL",340000,"2 GJ ",1,34200,363.63636363636402,0,0,0,48000,2,null,null,null,null,null,null,null,null,null,null,null,null,null,null,null,null,null,"0,1,3,4,23,28,29,35","0,1,3,4,23,28,29,35"]
[441,"Unknown","TL","zzPLACEHOLDER","Hauler",37.799999999999997,27,10,"XXL",340000,"2 GJ ",1,34200,363.63636363636402,0,0,0,48000,2,null,null,null,null,null,null,null,null,null,null,null,null,null,null,null,null,null,"0,1,3,4,23,28,29,35","0,1,3,4,23,28,29,35"]
[442,"Unknown","TL","zzPLACEHOLDER","Hauler",37.799999999999997,27,10,"XXL",340000,"2 GJ ",1,34200,363.63636363636402,0,0,0,48000,2,null,null,null,null,null,null,null,null,null,null,null,null,null,null,null,null,null,"0,1,3,4,23,28,29,35","0,1,3,4,23,28,29,35"]
[443,"Unknown","TL","zzPLACEHOLDER","Hauler",37.799999999999997,27,10,"XXL",340000,"2 GJ ",1,34200,363.63636363636402,0,0,0,48000,2,null,null,null,null,null,null,null,null,null,null,null,null,null,null,null,null,null,"0,1,3,4,23,28,29,35","0,1,3,4,23,28,29,35"]
[444,"Unknown","TL","zzPLACEHOLDER","Hauler",37.799999999999997,27,10,"XXL",340000,"2 GJ ",1,34200,363.63636363636402,0,0,0,48000,2,null,null,null,null,null,null,null,null,null,null,null,null,null,null,null,null,null,"0,1,3,4,23,28,29,35","0,1,3,4,23,28,29,35"]
[445,"Unknown","TL","zzPLACEHOLDER","Hauler",37.799999999999997,27,10,"XXL",340000,"2 GJ ",1,34200,363.63636363636402,0,0,0,48000,2,null,null,null,null,null,null,null,null,null,null,null,null,null,null,null,null,null,"0,1,3,4,23,28,29,35","0,1,3,4,23,28,29,35"]
[446,"Unknown","TL","zzPLACEHOLDER","Hauler",37.799999999999997,27,10,"XXL",340000,"2 GJ ",1,34200,363.63636363636402,0,0,0,48000,2,null,null,null,null,null,null,null,null,null,null,null,null,null,null,null,null,null,"0,1,3,4,23,28,29,35","0,1,3,4,23,28,29,35"]
[447,"Unknown","TL","zzPLACEHOLDER","Hauler",37.799999999999997,27,10,"XXL",340000,"2 GJ ",1,34200,363.63636363636402,0,0,0,48000,2,null,null,null,null,null,null,null,null,null,null,null,null,null,null,null,null,null,"0,1,3,4,23,28,29,35","0,1,3,4,23,28,29,35"]
[448,"Unknown","TL","zzPLACEHOLDER","Hauler",37.799999999999997,27,10,"XXL",340000,"2 GJ ",1,34200,363.63636363636402,0,0,0,48000,2,null,null,null,null,null,null,null,null,null,null,null,null,null,null,null,null,null,"0,1,3,4,23,28,29,35","0,1,3,4,23,28,29,35"]
[449,"Kha'ak","M8","Sentinel",null,138,138,62,"XL",15000,"200 MJ  ",3,1150,303.030303030303,8,15000,749.82,615,0,null,null,null,null,null,null,null,null,null,null,4,1,1,1,null,null,null,"42,43","42,43","42,43","42,43",null,null,"33,34"]
[450,"Terran","M1","Large Orbital Weapons Platform",null,0,0,14,"XXL",700000,"2 GJ ",12,18720,727.27272727272702,30,450000,11250,10000,25,null,null,null,null,null,null,null,null,null,null,6,null,6,6,6,6,null,"16,17,37,38",null,"16,17,37,38","16,17,37,38","10,11,26","10,11,26","4,15,16,20,24,27,36,37,38,28,39,32"]
[451,"Yaki","M5","Fujin","Advanced",568.95839999999998,158.04400000000001,44,"S",1000,"5 MJ ",2,125,36.509675063891898,5,555,14.200229999999999,90,0,null,null,null,null,null,null,null,null,null,4,null,1,null,null,null,null,0,null,null,null,null,null,null,0]
[452,null,"M3","zzPLACEHOLDER","Raider",216.97200000000001,80.36,35,"L",9000,"25 MJ ",4,1100,44.091710758377403,12,8000,220,245,0,null,null,null,null,null,null,null,null,null,8,null,2]
[453,"ATF","M3","Thor","Prototype",291.20080000000002,132.364,30,"L",7000,"25 MJ ",6,1075,88.183421516754805,12,9700,310.39999999999998,200,0,null,null,null,null,null,null,null,null,null,8,null,4,null,null,null,null,"10,11",null,null,null,null,null,null,"24,27,36,37,38"]
[454,null,"M3","zzPLACEHOLDER","Advanced",204.19839999999999,63.811999999999998,42,"L",7000,"25 MJ ",4,925,44.091710758377403,3,12500,284.8,150,0,null,null,null,null,null,null,null,null,null,3,null,null,null,null,null,null,"42,43",null,null,null,null,null,null,26]
[455,null,"M4","zzPLACEHOLDER","Advanced",263.71839999999997,82.412000000000006,48,"M",2350,"5 MJ ",4,175,36.509675063891898,4,2025,51.200099999999999,90,0,null,null,null,null,null,null,null,null,null,null,4,null,null,null,null,null,42]
[456,null,"M5","zzPLACEHOLDER","Advanced",453.91019999999997,89.001999999999995,49,"S",675,"1 MJ ",4,125,15.948963317384401,2,645,18.000015000000001,32,0,null,null,null,null,null,null,null,null,null,2,null,null,null,null,null,null,42]
[457,"Terran","M5","Repair Drone(Need voice)",null,94.1,94.1,50,"S",80,"1 MJ ",1,100,7.9744816586921896,0,1000,49.99,4,0,null,null,null,null,null,null,null,null,null,null,null,null,null,null,null,null,"29,35"]
[458,"Argon","M1","Colossus","Mk I",82.08,51.3,10,"XXL",330000,"1 GJ ",4,8000,217.39130434782601,21,75900,1669.7240999999999,11800,40,null,null,null,null,null,null,null,null,null,null,5,4,2,2,4,4,null,"3,13,40,39","3,4,23,13,28,29,35","3,13,40,39","3,13,40,39","0,1,3,4,23","0,1,3,4,23","0,1,3,5,12,17,22,23,10,11,13,14,18,19,25,35"]
[459,"Argon","M2","Titan","Mk I",56.625,37.75,10,"XXL",337500,"1 GJ ",6,13400,217.39130434782601,29,207300,3109.2927,10000,0,null,null,null,null,null,null,null,null,null,null,5,4,6,6,4,4,null,"3,13,40,39","0,1,3,4,23,13","13,40,39","13,40,39","0,1,3,4,23","0,1,3,4,23","0,1,3,5,12,17,22,23,10,11,13,14,18,19,25,35"]
[460,"Argon","M6","Centaur","Mk I",204.74019999999999,107.758,21,"XL",55000,"200 MJ  ",3,2800,151.51515151515201,7,13875,340.35374999999999,1375,0,null,null,null,null,null,null,null,null,null,4,null,1,1,1,null,null,"0,1,3,4,13,28,29,35",null,"0,1,3,4","3,4,13","3,4,13",null,null,"0,1,3,5,12,17,22,23,10,11,13,14,18,19,25,35"]
[461,"Argon","M3","Nova","Mk I",230,92,42,"L",8500,"25 MJ ",2,740,44.091710758377403,5,4800,117.0912,225,0,null,null,null,null,null,null,null,null,null,4,null,1,null,null,null,null,"0,1,3,4",null,"0,1,4",null,null,null,null,"0,1,3,5,12,17,22,23,35"]
[462,"Argon","M5","Discoverer","Mk I",397.97680000000003,117.05200000000001,48,"S",850,"1 MJ ",2,100,7.9744816586921896,2,850,17.8415,45,0,null,null,null,null,null,null,null,null,null,2,null,null,null,null,null,null,0]
[463,"Argon","M4","Buster","Mk I",282.3184,100.828,45,"M",2975,"5 MJ ",2,200,18.254837531945999,4,1837,44.076977999999997,100,0,null,null,null,null,null,null,null,null,null,4,null,null,null,null,null,null,"0,1,3,4",null,null,null,null,null,null,"0,35"]
[464,"Argon","TL","Mammoth","Mk I",66.555000000000007,44.37,7,"ST",110000,"1 GJ ",2,3300,434.78260869565202,8,14100,126.8295,104000,5,null,null,null,null,null,null,null,null,null,null,2,2,2,2,null,null,null,"0,1,13,28,29,35","0,1,4,23,28,29,35","0,1,4,23,28,29,35","0,1,4,23,28,29,35",null,null,"0,1,3,5,12,17,22,23,35"]
[465,"Argon","TS","Mercury","Mk I",80,40,10,"XL",15000,"25 MJ ",3,600,88.183421516754805,1,850,5.0957499999999998,3000,0,null,null,null,null,null,null,null,null,null,null,null,1,null,null,null,null,null,null,"0,1,3,4,28,29,35",null,null,null,null,35]
[466,"Argon","TP","Express","Mk I",144.5,57.8,18,"XL",20000,"200 MJ  ",1,3000,75.757575757575793,1,400,3.5979999999999999,750,0,null,null,null,null,null,null,null,null,null,null,null,1,null,null,null,null,null,null,"0,1,4",null,null,null,null,35]
[467,"Boron","M1","Shark","Mk I",94.276799999999994,52.375999999999998,10,"XXL",290000,"1 GJ ",5,9000,434.78260869565202,16,85850,1888.6141500000001,12000,36,null,null,null,null,null,null,null,null,null,null,4,null,2,2,4,4,null,"8,14,36",null,"8,14,36,40","8,14,36,40","0,1,4,23,8,14","0,1,4,23,8,14","0,1,3,5,12,17,22,23,10,11,13,14,18,19,25,35"]
[468,"Boron","M2","Ray","Mk I",55.02,39.299999999999997,10,"XXL",367500,"1 GJ ",7,14000,217.39130434782601,24,226600,2718.9733999999999,12000,0,null,null,null,null,null,null,null,null,null,null,8,null,4,4,4,4,null,"8,14,36",null,"8,14,36,40","8,14,36,40","4,23,8,14","4,23,8,14","0,1,3,5,12,17,22,23,10,11,13,14,18,19,25,35"]
[469,"Boron","M3","Barracuda","Mk I",255.5,102.2,38,"L",9650,"25 MJ ",2,570,44.091710758377403,6,5150,113.26909999999999,195,0,null,null,null,null,null,null,null,null,null,6,null,null,null,null,null,null,"0,1,4,8",null,null,null,null,null,null,"0,1,3,5,12,17,22,23,35"]
[470,"Boron","M4","Mako","Mk I",314.99799999999999,108.62,41,"M",3977,"5 MJ ",3,390,18.254837531945999,4,1587,36.491478000000001,208,0,null,null,null,null,null,null,null,null,null,4,null,null,null,null,null,null,"0,1,8",null,null,null,null,null,null,"0,35"]
[471,"Boron","M5","Octopus","Mk I",475.94799999999998,164.12,44,"S",765,"1 MJ ",2,75,7.9744816586921896,3,600,13.7964,33,0,null,null,null,null,null,null,null,null,null,3,null,null,null,null,null,null,0]
[472,"Boron","M6","Hydra","Mk I",230.4384,96.016000000000005,23,"XL",44500,"200 MJ  ",3,3300,151.51515151515201,7,11250,328.29750000000001,1600,0,null,null,null,null,null,null,null,null,null,4,null,1,1,1,null,null,"0,1,4,8,14,28,29,35",null,"0,1,4,8,14","0,1,4,8,14","0,1,4,8,14",null,null,"0,1,3,5,12,17,22,23,10,11,13,14,18,19,25,35"]
[473,null,"M6","AP Gunner","Mk I",213.4,106.7,19,"XL",70000,"200 MJ  ",4,3300,151.51515151515201,16,18500,539.31200000000001,1075,0,null,null,null,null,null,null,null,null,null,8,null,null,2,2,2,2,"0,1,3,4,10,11,13,17,28,29,35",null,null,"0,1,3,4","0,1,3,4","0,1,3,4","0,1,3,4","0,1,3,5,12,17,22,23,10,11,13,14,18,19,25,35"]
[474,"Teladi","M1","Condor","Mk I",58.273600000000002,41.624000000000002,7,"XXL",410000,"1 GJ ",7,7200,434.78260869565202,18,89900,1708.0101,12000,30,null,null,null,null,null,null,null,null,null,null,6,4,2,2,2,2,null,"5,18,34","5,18,21,28,29,35","5,18,34,2,30","5,18,34,2,30","0,1,5,18,21","0,1,5,18,21","0,1,3,5,12,17,22,23,10,11,13,14,18,19,25,35"]
[475,null,"M6","AP Gunner - Damaged","Mk I",65,32.5,9,"XL",14000,"25 MJ ",3,3350,44.091710758377403,3,2100,1102.2354,1500,0,null,null,null,null,null,null,null,null,null,2,null,1,null,null,null,null,"0,1,3,4,10,11,13,17,28,29,35",null,"0,1,3,4",null,null,null,null,"0,1,3,5,12,17,22,23,10,11,13,14,18,19,25,35"]
[476,"Teladi","M2","Phoenix","Mk I",37.4,22,7,"XXL",550000,"2 GJ ",4,15000,363.63636363636402,42,247300,3461.9526999999998,22000,0,null,null,null,null,null,null,null,null,null,null,10,8,4,4,8,8,null,"5,18,34","0,1,5,18,21","5,18,21,34,2,30","5,18,21,34,2,30","0,1,5,18,21","0,1,5,18,21","0,1,3,5,12,17,22,23,10,11,13,14,18,19,25,35"]
[477,"Teladi","M3","Falcon","Mk I",204.54839999999999,97.403999999999996,28,"L",15200,"25 MJ ",3,630,44.091710758377403,4,5975,143.36415,253,0,null,null,null,null,null,null,null,null,null,4,null,null,null,null,null,null,"0,1,5,2",null,null,null,null,null,null,"0,1,3,5,12,17,22,23,35"]
[478,"Teladi","M4","Buzzard","Mk I",234.5616,90.215999999999994,30,"M",3870,"5 MJ ",5,245,36.509675063891898,4,1837,44.076977999999997,250,0,null,null,null,null,null,null,null,null,null,4,null,null,null,null,null,null,"0,1,5",null,null,null,null,null,null,"0,35"]
[479,"Teladi","M5","Harrier","Mk I",350,140,32,"S",1020,"1 MJ ",4,65,23.923444976076599,2,850,20.3949,134,0,null,null,null,null,null,null,null,null,null,2,null,null,null,null,null,null,0]
[480,"Teladi","M6","Osprey","Mk I",217.511,94.57,19,"XL",64000,"200 MJ  ",4,2950,151.51515151515201,7,14525,339.667125,1800,0,null,null,null,null,null,null,null,null,null,4,null,1,null,null,2,null,"0,1,5,18,2,28,29,35",null,"0,1",null,null,"0,1",null,"0,1,3,5,12,17,22,23,10,11,13,14,18,19,25,35"]
[481,"Split","M1","Raptor","Mk I",113.76439999999999,59.875999999999998,10,"XXL",280000,"1 GJ ",3,8700,217.39130434782601,20,93850,1876.90615,10100,44,null,null,null,null,null,null,null,null,null,null,4,4,2,2,null,4,null,"3,9,15,33","3,9,15,24,28,29,35","3,9,15,33","3,9,15,33",null,"0,1,3,9,15,24","0,1,3,5,12,17,22,23,10,11,13,14,18,19,25,35"]
[482,"Split","M2","Python","Mk I",75.599999999999994,54,10,"XXL",330000,"1 GJ ",5,14100,217.39130434782601,32,288700,4041.5113000000001,7000,0,null,null,null,null,null,null,null,null,null,null,8,2,6,6,null,8,null,"3,9,15,33","3,9,15,24","3,9,15,33","3,9,15,33",null,"3,9,15,24","0,1,3,5,12,17,22,23,10,11,13,14,18,19,25,35"]
[483,"Split","M3","Mamba","Mk I",285.52159999999998,109.816,35,"L",7300,"25 MJ ",1,630,44.091710758377403,4,6850,164.35890000000001,215,0,null,null,null,null,null,null,null,null,null,4,null,null,null,null,null,null,"0,1,3,9",null,null,null,null,null,null,"0,1,3,5,12,17,22,23,35"]
[484,"Split","M4","Scorpion","Mk I",376.84840000000003,121.56399999999999,38,"M",2380,"1 MJ ",3,105,7.9744816586921896,4,2337,56.073977999999997,100,0,null,null,null,null,null,null,null,null,null,4,null,null,null,null,null,null,"0,1,9",null,null,null,null,null,null,"0,35"]
[485,"Split","M5","Jaguar","Mk I",550.34699999999998,157.24199999999999,40,"S",680,"1 MJ ",1,85,7.9744816586921896,2,1200,28.7928,25,0,null,null,null,null,null,null,null,null,null,2,null,null,null,null,null,null,0]
[486,"Split","M6","Dragon","Mk I",265.60000000000002,132.80000000000001,22,"XL",36000,"200 MJ  ",2,2550,75.757575757575793,7,17775,440.50004999999999,1080,0,null,null,null,null,null,null,null,null,null,4,null,1,1,1,null,null,"0,1,3,9,15,28,29,35",null,"0,1,3,9,15","0,1,3,9,15","0,1,3,9,15",null,null,"0,1,3,5,12,17,22,23,10,11,13,14,18,19,25,35"]
[487,"Paranid","M1","Zeus","Mk I",70.598399999999998,44.124000000000002,9,"XXL",340000,"1 GJ ",6,8200,434.78260869565202,14,85875,1889.164125,9800,38,null,null,null,null,null,null,null,null,null,null,4,4,2,2,null,2,null,"20,31,32","6,7,20,22,28,29,35","20,31,32","20,31,32",null,"0,1,6,7,22","0,1,3,5,12,17,22,23,10,11,13,14,18,19,25,35"]
[488,"Paranid","M2","Odysseus","Mk I",48.601599999999998,30.376000000000001,9,"XXL",455000,"2 GJ ",4,12400,363.63636363636402,30,278000,3891.7220000000002,9000,0,null,null,null,null,null,null,null,null,null,null,8,8,4,4,null,6,null,"20,31,32","6,7,20,22","20,31,32","20,31,32",null,"0,1,6,7,22","0,1,3,5,12,17,22,23,10,11,13,14,18,19,25,35"]
[489,"Paranid","M3","Perseus","Mk I",244.65100000000001,106.37,38,"L",9000,"25 MJ ",2,720,44.091710758377403,6,5450,119.8673,150,0,null,null,null,null,null,null,null,null,null,6,null,null,null,null,null,null,"0,1,6,7,9",null,null,null,null,null,null,"0,1,3,5,12,17,22,23,35"]
[490,"Paranid","M4","Pericles","Mk I",287.44799999999998,99.12,41,"M",2975,"5 MJ ",2,230,18.254837531945999,4,1887,45.276677999999997,95,0,null,null,null,null,null,null,null,null,null,4,null,null,null,null,null,null,"0,1,7",null,null,null,null,null,null,"0,35"]
[491,"Paranid","M5","Pegasus","Mk I",580.447,165.84200000000001,44,"S",850,"1 MJ ",2,100,7.9744816586921896,2,482,11.565108,18,0,null,null,null,null,null,null,null,null,null,2,null,null,null,null,null,null,0]
[492,"Paranid","M6","Nemesis","Mk I",212.2,106.1,21,"XL",52000,"200 MJ  ",3,2700,151.51515151515201,7,15225,420.56017500000002,760,0,null,null,null,null,null,null,null,null,null,4,null,1,1,1,null,null,"0,1,6,7,20",null,"0,1,6,7","0,1,6,7","0,1,6,7",null,null,"0,1,3,5,12,17,22,23,10,11,13,14,18,19,25,35"]
[493,null,"M1","J","Mk I",70.08,46.72,11,"XXL",430000,"1 GJ ",4,9000,217.39130434782601,26,78500,2747.4214999999999,9800,38,null,null,null,null,null,null,null,null,null,null,6,4,4,4,4,4,null,"12,19,41,27","12,19,27","12,19,41,27","12,19,41,27","12,19,27","12,19,27","0,1,3,5,12,17,22,23,10,11,13,14,18,19,25,4,15,16,20,24,35"]
[494,null,"M2","K","Mk I",60.015000000000001,40.01,11,"XXL",510000,"2 GJ ",3,11000,363.63636363636402,50,100800,3528,9000,0,null,null,null,null,null,null,null,null,null,null,10,8,8,8,8,8,null,"12,19,41,27,28,29,35","12,19,27,28,29,35","12,19,41,27","12,19,41,27","12,19,27","12,19,27","0,1,3,5,12,17,22,23,10,11,13,14,18,19,25,4,15,16,20,24,27,36,37,38,28,39,35"]
[495,null,"M3","L","Mk I",221.499,147.666,52,"L",10000,"25 MJ ",2,730,44.091710758377403,4,3700,129.4778,214,0,null,null,null,null,null,null,null,null,null,4,null,null,null,null,null,null,"0,1,12,4,8,9,10,11",null,null,null,null,null,null,"0,1,3,5,12,17,22,23,35"]
[496,null,"M4","M","Mk I",284.94900000000001,189.96600000000001,57,"M",3700,"5 MJ ",4,320,36.509675063891898,4,1250,68.742500000000007,100,0,null,null,null,null,null,null,null,null,null,4,null,null,null,null,null,null,"0,1,12,10,11",null,null,null,null,null,null,"0,35"]
[497,null,"M5","N","Mk I",435.399,290.26600000000002,60,"S",900,"1 MJ ",2,70,7.9744816586921896,2,800,27.995200000000001,50,0,null,null,null,null,null,null,null,null,null,2,null,null,null,null,null,null,"0,12,10"]
[498,"Split","M6","Dragon Mk I A Prototype",null,283.50839999999999,135.00399999999999,22,"XL",34000,"200 MJ  ",3,2950,151.51515151515201,14,20775,735.47654999999997,800,0,null,null,null,null,null,null,null,null,null,8,null,2,2,2,null,null,"0,1,3,5,18,8,14,9,15,10,11,28,29,35",null,"0,1,3,9,15","0,1,3,9,15","0,1,3,9,15",null,null,"0,1,3,5,12,17,22,23,10,11,13,14,18,19,25,35"]
[499,"Split","M6","Heavy Dragon Prototype",null,253.1902,133.25800000000001,25,"XL",55600,"200 MJ  ",4,2850,151.51515151515201,18,26525,946.70377499999995,1075,1,null,null,null,null,null,null,null,null,null,10,null,null,null,null,4,4,"0,1,3,4,6,7,9,15,20,13,28,29,35",null,null,null,null,null,null,"0,1,3,5,12,17,22,23,10,11,13,14,18,19,25,35"]
[500,"Paranid","M6","Advanced Heavy Nemesis",null,209.6,104.8,22,"XL",67000,"200 MJ  ",6,3300,227.272727272727,20,24750,807.76575000000003,875,1,null,null,null,null,null,null,null,null,null,10,null,2,4,4,null,null,"0,1,5,18,6,7,9,15,20,13,17",null,"0,1,6,7","6,7,20","6,7,20",null,null,"0,1,3,5,12,17,22,23,10,11,13,14,18,19,25,35"]
[501,"Boron","M6","Enhanced Heavy Hydra",null,234.6,117.3,25,"XL",71300,"200 MJ  ",5,3750,151.51515151515201,16,22500,864.33749999999998,1100,1,null,null,null,null,null,null,null,null,null,8,6,2,null,null,null,null,"0,1,4,5,18,8,14,20,13,28,29,35",null,null,null,null,null,null,"0,1,3,5,12,17,22,23,10,11,13,14,18,19,25,35"]
[502,"Teladi","M6","Advanced Heavy Osprey",null,186.70079999999999,84.864000000000004,18,"XL",68400,"200 MJ  ",7,3400,227.272727272727,18,23100,758.69640000000004,1550,1,null,null,null,null,null,null,null,null,null,10,4,2,null,null,2,null,"0,1,5,18,2,28,29,35",null,null,null,null,null,null,"0,1,3,5,12,17,22,23,10,11,13,14,18,19,25,35"]
[503,"Terran","TM","Macana",null,128,64,10,"XL",12500,"200 MJ  ",2,1300,151.51515151515201,4,2900,72.5,1250,8,null,null,null,null,null,null,null,null,null,null,2,2,null,null,null,null,null,"10,11","10,11",null,null,null,null,"4,15,20,24,27,36,37,38"]
[504,"ATF","TM","Lofn",null,102,51,10,"XL",22500,"200 MJ  ",3,1500,227.272727272727,6,2800,70,1800,6,null,null,null,null,null,null,null,null,null,null,2,2,null,null,null,2,null,"10,11,28,29,35","10,11",null,null,null,"10,11","4,15,20,24,27,36,37,38"]
[505,"Terran","M3","Falchion",null,234,117,30,"L",12625,"25 MJ ",4,1200,44.091710758377403,6,4000,150,500,0,null,null,null,null,null,null,null,null,null,null,4,2,null,null,null,null,null,null,"10,11,29,35",null,null,null,null,31]
[506,"Terran","TL","Tepukei(Pirates)",null,27,15,7,"ST",330000,"1 GJ ",6,4500,652.17391304347802,12,24900,583.53150000000005,33000,23,null,null,null,null,null,null,null,null,null,null,2,2,2,2,2,2,null,"10,11,16,17","10,11,26","10,11,26","10,11,26","10,11,26","10,11,26","4,15,16,20,24,27,36,37,38,28,39"]
[507,"Terran","M7","Hayabusa",null,111.6,55.8,9,"XXL",270000,"1 GJ ",5,8500,434.78260869565202,24,85900,1932.8359,4500,2,null,null,null,null,null,null,null,null,null,8,null,2,4,4,4,2,"10,11,16,17",null,"10,11,26","16,17,37,38","16,17,37,38","10,11,26","10,11,26","4,15,16,20,24,27,36,37,38,28,39"]
[508,"Terran","TS","Baldric","Super Freighter",86.76,48.2,10,"XXL",17000,"200 MJ  ",5,1100,454.54545454545502,2,1150,23,10750,0,null,null,null,null,null,null,null,null,null,null,null,2,null,null,null,null,"10,11,26",null,null,null,null,null,null,"4,15,16,20,24"]
[509,"Terran","M7","Logich(Goner)",null,139.68,77.599999999999994,12,"XXL",120000,"1 GJ ",4,5600,434.78260869565202,18,68000,1861.9079999999999,3250,1,null,null,null,null,null,null,null,null,null,null,4,2,4,4,2,2,"10,11,26","10,11,16,17",null,null,null,null,null,"4,15,16,20,24,27,36,37,38,28,39"]
[510,"Terran","M2","Tobosaku(Yaki) A",null,96.48,53.6,10,"XXL",340000,"2 GJ ",4,9200,727.27272727272702,28,150500,3514.777,7550,2,null,null,null,null,null,null,null,null,null,null,4,4,6,6,4,4,null,"16,17,37,38","10,11,16,17,26","16,17,37,38","16,17,37,38","10,11,26","10,11,26","4,15,16,20,24,27,36,37,38,28,39"]
[511,"Terran","M7","Tobosaku(Yaki) B",null,107.2,53.6,9,"XXL",280000,"2 GJ ",4,9200,727.27272727272702,18,11000,329.98899999999998,8250,2,null,null,null,null,null,null,null,null,null,null,null,2,null,null,12,2,null,null,"10,11,26",null,null,"10,11,26","10,11,26","32,41"]
[512,"Terran","M1","Solaris",null,64,40,8,"XXL",380000,"2 GJ ",6,12660,727.27272727272702,28,230000,3838.7,13500,50,null,null,null,null,null,null,null,null,null,null,4,4,4,4,6,6,null,"16,17,37,38","10,11,26","16,17,37,38","16,17,37,38","10,11,26","10,11,26","4,15,16,20,24,27,36,37,38,28,39"]
[513,"Split","M7","Ocelot",null,119.55,79.7,10,"XXL",205000,"1 GJ ",4,5200,434.78260869565202,32,95000,1970.0150000000001,3800,2,null,null,null,null,null,null,null,null,null,null,9,3,6,6,4,4,null,"3,9,15,33","9,15,24,28,29,35","3,9,15","3,9,15","0,1,3,9,15,24","0,1,3,9,15,24","0,1,3,5,12,17,22,23,10,11,13,14,18,19,25,35"]
[514,"ATF","M3","Verdandi",null,349,174.5,30,"L",7300,"25 MJ ",4,1200,44.091710758377403,12,7000,175,190,0,null,null,null,null,null,null,null,null,null,8,2,2,null,null,null,null,"10,11","10,11,29,35","10,11,29,35",null,null,null,null,"24,27,36,37,38"]
[515,"ATF","M4","Hel(ALDRIN)",null,405,162,48,"M",2200,"25 MJ ",1,400,44.091710758377403,8,2700,80.500500000000002,120,0,null,null,null,null,null,null,null,null,null,4,2,2,null,null,null,null,"10,11","10,11,29,35","10,11,29,35"]
[516,"ATF","M5","Mani",null,645,322.5,52,"S",1000,"1 MJ ",5,110,15.948963317384401,8,1100,27.5,90,0,null,null,null,null,null,null,null,null,null,6,null,2,null,null,null,null,10,null,"10,29,35"]
[517,"Terran","M7","Morrigu(AGI ATF)",null,120.4,60.2,12,"XXL",140000,"1 GJ ",4,6200,434.78260869565202,18,43000,1177.383,5200,15,null,null,null,null,null,null,null,null,null,null,4,2,4,4,2,2,null,"10,11,16,17","10,11,26","10,11,16,17","10,11,16,17","10,11,26","10,11,26","4,15,16,20,24,27,36,37,38,28,39"]
[518,"Terran","M4","Chikyu",null,393,196.5,41,"M",2500,"25 MJ ",2,595,44.091710758377403,6,1900,47.5,80,0,null,null,null,null,null,null,null,null,null,4,null,2,null,null,null,null,"10,11,29,35",null,"10,11,29,35",null,null,null,null,"27,36,37,38"]
[519,"Argon","M3","Quasar",null,203.5,81.400000000000006,35,"L",12500,"25 MJ ",4,1250,44.091710758377403,8,2800,69.983199999999997,550,0,null,null,null,null,null,null,null,null,null,null,4,2,null,null,2,null,null,null,"0,1,4",null,null,"0,1,4",null,"6,7"]
[520,"Boron","M3","Guppy",null,222.5,89,38,"L",22250,"25 MJ ",3,1060,44.091710758377403,8,2300,135.50219999999999,475,0,null,null,null,null,null,null,null,null,null,null,4,2,null,null,null,null,null,"0,1,8","0,1,8",null,null,null,null,"6,7"]
[521,"Split","M3","Acinonyx",null,247,98.8,35,"L",10000,"25 MJ ",2,1125,44.091710758377403,8,6750,168.70949999999999,500,0,null,null,null,null,null,null,null,null,null,null,4,2,null,null,null,null,null,null,"0,1,9",null,null,null,null,"6,7"]
[522,"Paranid","M3","Ariadne",null,215.74080000000001,98.063999999999993,35,"L",12900,"25 MJ ",3,1100,44.091710758377403,8,3333,283.30166700000001,440,0,null,null,null,null,null,null,null,null,null,null,4,2,null,null,null,null,null,null,"0,1,6,7",null,null,null,null,"6,7"]
[523,"Teladi","M3","Hawk",null,176.25,70.5,32,"L",17000,"25 MJ ",4,1220,44.091710758377403,8,3300,182.4999,680,0,null,null,null,null,null,null,null,null,null,null,4,2,null,null,null,null,null,"0,1,5","0,1,5",null,null,null,null,"6,7"]
[524,"Paranid","M6","Ganymede",null,305,152.5,23,"XL",50000,"200 MJ  ",4,2700,151.51515151515201,10,17500,478.97500000000002,1100,0,null,null,null,null,null,null,null,null,null,8,null,2,null,null,null,null,"0,1,6,7,20,28,29,35",null,"0,1,6,7",null,null,null,null,"0,1,3,5,12,17,22,23,10,11,13,14,18,19,25,35"]
[525,"Boron","M7","Sturgeon(Boron)",null,105.4,62,10,"XXL",145000,"1 GJ ",5,6300,434.78260869565202,14,68000,1807.0319999999999,4200,0,null,null,null,null,null,null,null,null,null,null,12,2,null,null,null,null,36,null,"4,23,8,14,28,29,35",null,null,null,null,"0,1,3,5,12,17,22,23,10,11,13,14,18,19,25,35"]
[526,"Boron","M7","Coelacanth",null,117.3,69,9,"XXL",215000,"1 GJ ",4,4200,434.78260869565202,14,34800,1370.0064,5300,28,null,null,null,null,null,null,null,null,null,null,2,2,2,2,2,4,null,"8,14","4,23,8,14,28,29,35","8,14,36","8,14,36","0,1,4,23,8,14","0,1,4,23,8,14","0,1,3,5,12,17,22,23,10,11,13,14,18,19,25,35"]
[527,"Argon","M5","Discoverer","Explorer",654.64700000000005,187.042,48,"M",800,"1 MJ ",2,110,7.9744816586921896,2,300,7.4969999999999999,60,0,null,null,null,null,null,null,null,null,null,2,null,null,null,null,null,null,"0,1"]
[528,"Split","M5","Jaguar","Explorer",811.447,231.84200000000001,40,"M",760,"1 MJ ",1,93,7.9744816586921896,4,500,12.497,27,0,null,null,null,null,null,null,null,null,null,4,null,null,null,null,null,null,"0,1"]
[529,"Paranid","M5","Pegasus","Explorer",692.09699999999998,197.74199999999999,44,"M",950,"1 MJ ",3,110,7.9744816586921896,2,350,8.7464999999999993,22,0,null,null,null,null,null,null,null,null,null,2,null,null,null,null,null,null,"0,1"]
[530,"Boron","M5","Octopus","Explorer",738.40200000000004,246.13399999999999,44,"M",855,"1 MJ ",2,100,7.9744816586921896,2,200,4.9988000000000001,34,0,null,null,null,null,null,null,null,null,null,2,null,null,null,null,null,null,"0,1"]
[531,"Teladi","M5","Harrier","Explorer",570,228,32,"M",1332,"1 MJ ",4,95,15.948963317384401,2,300,7.4981999999999998,115,0,null,null,null,null,null,null,null,null,null,2,null,null,null,null,null,null,"0,1"]
[532,"Terran","M5","Rapier","Explorer",673.54700000000003,192.44200000000001,40,"M",1300,"1 MJ ",3,130,7.9744816586921896,2,300,7.4981999999999998,50,0,null,null,null,null,null,null,null,null,null,2,null,null,null,null,null,null,"10,11"]
[533,"ATF","M7","Kvasir",null,108,54,9,"XXL",320000,"1 GJ ",6,11500,434.78260869565202,28,100000,2250,6500,2,null,null,null,null,null,null,null,null,null,null,4,4,6,6,4,4,null,"10,11,16,17","10,11,26","16,17,37,38","16,17,37,38","10,11,26","10,11,26","4,15,16,20,24,27,36,37,38,28,39"]
[534,"Yaki","M5","Fujin","Explorer",779.24699999999996,222.642,44,"M",950,"1 MJ ",2,110,7.9744816586921896,4,300,7.5,30,0,null,null,null,null,null,null,null,null,null,4,null,null,null,null,null,null,"0,1",null,null,null,null,null,null,35]
[535,"ATF","M5","Valkyrie","Explorer",699.79700000000003,199.94200000000001,40,"M",800,"1 MJ ",2,140,7.9744816586921896,5,200,5,65,0,null,null,null,null,null,null,null,null,null,5,null,null,null,null,null,null,"10,11"]
[536,"Terran","M2","Nagoya",null,49.05,32.700000000000003,8,"XXL",540000,"2 GJ ",7,20000,363.63636363636402,50,480000,9600,10200,6,null,null,null,null,null,null,null,null,null,null,8,4,12,12,8,6,null,"16,17,37,38","10,11,16,17,26","16,17,37,38","16,17,37,38","10,11,26","10,11,26","4,15,16,20,24,27,36,37,38,28,39"]
[537,"Terran","M1","Small Orbital Weapons Platform",null,0,0,14,"XXL",52000,"1 GJ ",1,3200,217.39130434782601,4,28000,700,800,1,null,null,null,null,null,null,null,null,null,null,null,null,null,null,2,2,null,null,null,null,null,"10,11,26","10,11,26"]
[538,null,"M1","zzPLACEHOLDER",null,0,0,14,"XXL",200000,"2 GJ ",3,7000,727.27272727272702,32,140000,3999.94,6000,0,null,null,null,null,null,null,null,null,null,null,8,8,8,8,null,null,null,"3,4,23,13,28,29,35","3,4,23,13,28,29,35","3,4,23,13,28,29,35","3,4,23,13,28,29,35",null,null,35]
[539,"Terran","M1","Large Orbital Weapons Platform",null,0,0,14,"XXL",700000,"2 GJ ",12,18720,727.27272727272702,30,450000,11250,10000,25,null,null,null,null,null,null,null,null,null,null,6,null,6,6,6,6,null,"16,17,37,38",null,"16,17,37,38","16,17,37,38","10,11,26","10,11,26","4,15,16,20,24,27,36,37,38,28,39,32"]
[540,"Terran","TP","Setanta",null,140,70,18,"XL",24000,"200 MJ  ",3,1400,227.272727272727,12,4500,112.5,700,0,null,null,null,null,null,null,null,null,null,2,2,2,2,2,null,2,"10,11,17","10,11,28,29,35","10,11","10,11","10,11",null,"10,11","4,15,20,24,27,36,37,38,28,39"]
[541,"Split","M2","Taipan",null,66.900000000000006,44.6,10,"XXL",660000,"2 GJ ",4,17000,363.63636363636402,52,420000,5977.44,9800,6,null,null,null,null,null,null,null,null,null,null,12,6,12,12,6,4,null,"3,9,15,33","3,9,15,24","3,9,15,33","3,9,15,33","3,9,15,24","3,9,15,24","0,1,3,5,12,17,22,23,10,11,13,14,18,19,25,35"]
[542,"Split","M3","Cougar",null,259.25,103.7,35,"L",8200,"25 MJ ",3,820,44.091710758377403,10,8200,204.95079999999999,280,0,null,null,null,null,null,null,null,null,null,8,null,2,null,null,null,null,"0,1,3,9",null,"0,1,9",null,null,null,null,"0,1,3,5,12,17,22,23,35"]
[543,"Split","M3","Cougar","Raider",310,124,35,"L",8200,"25 MJ ",2,750,44.091710758377403,8,6000,149.964,220,0,null,null,null,null,null,null,null,null,null,6,null,2,null,null,null,null,"0,1,3,9",null,"0,1,9",null,null,null,null,"0,1,3,5,12,17,22,23,35"]
[544,"Teladi","M7","Geochen",null,127.5,85,12,"XXL",160000,"1 GJ ",5,5200,434.78260869565202,18,62000,1759.6220000000001,6000,1,null,null,null,null,null,null,null,null,null,null,4,2,4,4,2,2,null,"5,18","0,1,21","0,1,21","0,1,21","0,1,21","0,1,21","0,1,3,5,12,17,22,23,35"]
[545,"Teladi","M1","Cormorant",null,57,38,8,"XXL",550000,"2 GJ ",6,17000,363.63636363636402,28,113200,2830,18000,50,null,null,null,null,null,null,null,null,null,null,4,4,6,6,4,4,null,"5,18,34","5,18,21,28,29,35","5,18,34,2,30","5,18,34,2,30","0,1,5,18,21","0,1,5,18,21","0,1,3,5,12,17,22,23,10,11,13,14,18,19,25,35"]
[546,"Teladi","M2","Pteranodon",null,37.5,25,8,"XXL",960000,"2 GJ ",7,20000,363.63636363636402,48,340000,4517.24,16000,6,null,null,null,null,null,null,null,null,null,null,12,4,12,12,4,4,null,"5,18,34","0,1,5,18,21","5,18,21,34,2,30","5,18,21,34,2,30","0,1,5,18,21","0,1,5,18,21","0,1,3,5,12,17,22,23,10,11,13,14,18,19,25,35"]
[547,"Kha'ak","M5","Disruptor",null,641,320.5,48,"M",600,"1 MJ ",3,100,7.9744816586921896,1,600,14.9964,27,0,null,null,null,null,null,null,null,null,null,1,null,null,null,null,null,null,42]
[548,"Split","M6","Drake(Split)",null,349,174.5,22,"XL",65000,"200 MJ  ",3,2650,151.51515151515201,12,26000,788.65800000000002,975,0,null,null,null,null,null,null,null,null,null,6,null,null,2,2,2,null,"0,1,3,9,15,28,29,35",null,null,"0,1,3,9,15","0,1,3,9,15","0,1,3,9,15",null,"0,1,3,5,12,17,22,23,10,11,13,14,18,19,25,35"]
[549,"Unknown","TL","zzPLACEHOLDER","Hauler",37.799999999999997,27,10,"XXL",340000,"2 GJ ",1,34200,363.63636363636402,0,0,0,48000,2,null,null,null,null,null,null,null,null,null,null,null,null,null,null,null,null,null,"0,1,3,4,23,28,29,35","0,1,3,4,23,28,29,35"]
[550,null,"M3","zzPLACEHOLDER KOG",null,250,100,42,"L",10000,"25 MJ ",2,750,44.091710758377403,10,5900,179.1063,236,0,null,null,null,null,null,null,null,null,null,8,null,2,null,null,null,null,"0,1,12,3,4,5,8,20,10,11",null,"0,1,4",null,null,null,null,"0,1,3,5,12,17,22,23,35"]
[551,null,"M1","zzPLACEHOLDER KOG",null,108,54,10,"XXL",400000,"2 GJ ",4,10000,363.63636363636402,40,110000,4000.04,8800,40,null,null,null,null,null,null,null,null,null,null,null,null,10,10,10,10,null,null,null,"41,8,14,9,15,10,11,13,36,16,17,21,27,40,39,37,38,25,22,45,46,47,42,43,44","41,8,14,9,15,10,11,13,36,16,17,21,27,40,39,37,38,25,22,45,46,47,42,43,44","41,8,14,9,15,10,11,13,36,16,17,21,27,40,39,37,38,25,22,45,46,47,42,43,44","41,8,14,9,15,10,11,13,36,16,17,21,27,40,39,37,38,25,22,45,46,47,42,43,44","0,1,3,5,12,17,22,23,10,11,13,14,18,19,25,35"]
[552,null,"M1",null,null,0,0,14,"XXL",250000,"2 GJ ",3,10500,363.63636363636402,48,165000,3599.97,9000,3,null,null,null,null,null,null,null,null,null,null,4,4,10,10,null,null,null,"41,8,14,9,15,10,11,13,36,16,17,21,27,40,39,37,38,25,22,45,46,47,42,43,44","41,8,14,9,15,10,11,13,36,16,17,21,27,40,39,37,38,25,22,45,46,47,42,43,44","41,8,14,9,15,10,11,13,36,16,17,21,27,40,39,37,38,25,22,45,46,47,42,43,44","41,8,14,9,15,10,11,13,36,16,17,21,27,40,39,37,38,25,22,45,46,47,42,43,44",null,null,"0,1,3,5,12,17,22,23,10,11,13,14,18,19,25,35"]
[553,null,"M5","zzPLACEHOLDER KOG",null,371.14699999999999,106.042,48,"M",1000,"1 MJ ",3,100,7.9744816586921896,4,1000,24.99,50,0,null,null,null,null,null,null,null,null,null,2,null,2,null,null,null,null,"0,1,10,11",null,"0,1,4",null,null,null,null,35]
[554,null,"M4","zzPLACEHOLDER KOG",null,200.8664,71.738,45,"M",3500,"5 MJ ",3,250,18.254837531945999,6,2050,51.237699999999997,108,0,null,null,null,null,null,null,null,null,null,4,null,2,null,null,null,null,"0,1,12,3,4,10,11",null,"8,9,10,11,45,42",null,null,null,null,"0,35"]
[555,null,"M2","zzPLACEHOLDER KOG",null,86.4,54,6,"XXL",400000,"2 GJ ",5,14400,363.63636363636402,56,276400,6000.0911999999998,8800,0,null,null,null,null,null,null,null,null,null,null,8,8,10,10,10,10,null,"41,8,14,9,15,10,11,13,36,16,17,21,27,40,39,37,38,25,22,45,46,47,42,43,44","41,8,14,9,15,10,11,13,36,16,17,21,27,40,39,37,38,25,22,45,46,47,42,43,44","41,8,14,9,15,10,11,13,36,16,17,21,27,40,39,37,38,25,22,45,46,47,42,43,44","41,8,14,9,15,10,11,13,36,16,17,21,27,40,39,37,38,25,22,45,46,47,42,43,44","41,8,14,9,15,10,11,13,36,16,17,21,27,40,39,37,38,25,22,45,46,47,42,43,44","41,8,14,9,15,10,11,13,36,16,17,21,27,40,39,37,38,25,22,45,46,47,42,43,44","0,1,3,5,12,17,22,23,10,11,13,14,18,19,25,35"]
[556,null,"M3","Nova","P",230,230,42,"L",9000,"25 MJ ",3,750,44.091710758377403,10,5500,137.5,70,0,null,null,null,null,null,null,null,null,null,8,null,2,null,null,null,null,4,null,4,null,null,null,null,"0,35"]
[557,null,"M4","Buster","P",294,294,45,"M",3325,"5 MJ ",3,215,36.509675063891898,6,1900,47.488599999999998,53,0,null,null,null,null,null,null,null,null,null,6,null,null,null,null,null,null,4,null,null,null,null,null,null,"0,35"]
[558,null,"M3","Barracuda","P",261,261,38,"L",14550,"25 MJ ",4,1170,44.091710758377403,8,4760,118.9524,66,0,null,null,null,null,null,null,null,null,null,8,null,null,null,null,null,null,4,null,null,null,null,null,null,"0,35"]
[559,null,"M4","Mako","P",314,314,41,"M",5992,"5 MJ ",4,390,18.254837531945999,6,1220,30.4878,52,0,null,null,null,null,null,null,null,null,null,6,null,null,null,null,null,null,4,null,null,null,null,null,null,"0,35"]
[560,null,"M3","Perseus","P",239,239,38,"L",9200,"25 MJ ",3,775,44.091710758377403,10,5300,132.4682,58,0,null,null,null,null,null,null,null,null,null,8,null,2,null,null,null,null,"6,7",null,"6,7",null,null,null,null,"0,35"]
[561,null,"M4","Pericles","P",299,299,41,"M",3325,"5 MJ ",3,275,18.254837531945999,6,1700,42.489800000000002,48,0,null,null,null,null,null,null,null,null,null,6,null,null,null,null,null,null,7,null,null,null,null,null,null,"0,35"]
[562,null,"M3","Mamba","P",280,280,35,"L",7200,"25 MJ ",2,695,44.091710758377403,8,6900,172.45859999999999,63,0,null,null,null,null,null,null,null,null,null,8,null,null,null,null,null,null,9,null,null,null,null,null,null,"0,35"]
[563,null,"M4","Scorpion","P",364.7,364.7,38,"M",2260,"5 MJ ",1,105,18.254837531945999,6,2640,65.984160000000003,50,0,null,null,null,null,null,null,null,null,null,6,null,null,null,null,null,null,9,null,null,null,null,null,null,"0,35"]
[564,null,"M3","Falcon","P",205,205,28,"L",10400,"25 MJ ",5,626,88.183421516754805,10,5640,140.96616,73,0,null,null,null,null,null,null,null,null,null,8,null,2,null,null,null,null,5,null,5,null,null,null,null,"0,35"]
[565,null,"M4","Buzzard","P",246,246,30,"M",3390,"5 MJ ",6,271,36.509675063891898,6,1960,48.988239999999998,56,0,null,null,null,null,null,null,null,null,null,6,null,null,null,null,null,null,5,null,null,null,null,null,null,"0,35"]
[566,null,"M3","Scimitar","P",246,246,30,"L",8100,"25 MJ ",5,875,88.183421516754805,6,6000,179.994,65,0,null,null,null,null,null,null,null,null,null,6,null,null,null,null,null,null,"10,11",null,null,null,null,null,null,24]
[567,null,"M4","Sabre","P",348,348,45,"M",2675,"5 MJ ",5,450,18.254837531945999,4,1840,55.198160000000001,50,0,null,null,null,null,null,null,null,null,null,4,null,null,null,null,null,null,"10,11"]
[568,null,"M3","Eclipse","P",197,197,35,"L",11800,"25 MJ ",6,1150,88.183421516754805,12,8000,199.952,87,0,null,null,null,null,null,null,null,null,null,8,2,2,null,null,null,null,4,4,4,null,null,null,null,"0,1,3,5,12,17,22,23,35"]
[569,null,"M4","Elite","P",261,261,45,"M",6200,"25 MJ ",2,500,44.091710758377403,8,4000,67.2,55,0,null,null,null,null,null,null,null,null,null,6,null,2,null,null,null,null,4,null,4,null,null,null,null,"0,35"]
[570,null,"M3","Skate","P",230,230,38,"L",20250,"25 MJ ",6,1060,88.183421516754805,12,6900,287.50229999999999,84,0,null,null,null,null,null,null,null,null,null,8,2,2,null,null,null,null,4,4,4,null,null,null,null,"0,1,3,5,12,17,22,23,35"]
[571,null,"M4","Pike","P",265,265,41,"M",7350,"25 MJ ",3,730,44.091710758377403,6,2050,30.633150000000001,54,0,null,null,null,null,null,null,null,null,null,6,null,null,null,null,null,null,4,null,null,null,null,null,null,"0,35"]
[572,null,"M3","Medusa","P",212,212,35,"L",11500,"25 MJ ",5,1000,88.183421516754805,12,8933,223.32499999999999,75,0,null,null,null,null,null,null,null,null,null,8,2,2,null,null,null,null,"6,7","6,7","6,7",null,null,null,null,"0,1,3,5,12,17,22,23,35"]
[573,null,"M4","Theseus","P",282,282,41,"M",6100,"25 MJ ",2,505,44.091710758377403,6,4350,75.094049999999996,50,0,null,null,null,null,null,null,null,null,null,6,null,null,null,null,null,null,7,null,null,null,null,null,null,"0,35"]
[574,null,"M3","Chimera","P",248,248,35,"L",9700,"25 MJ ",4,1025,44.091710758377403,12,9850,246.1909,80,0,null,null,null,null,null,null,null,null,null,8,2,2,null,null,null,null,9,9,9,null,null,null,null,"0,1,3,5,12,17,22,23,35"]
[575,null,"M4","Asp","P",333,333,38,"M",4500,"25 MJ ",1,200,88.183421516754805,6,4500,112.473,52,0,null,null,null,null,null,null,null,null,null,6,null,null,null,null,null,null,9,null,null,null,null,null,null,"0,35"]
[576,null,"M3","Kea","P",186,186,32,"L",14000,"200 MJ  ",1,1120,151.51515151515201,12,7300,182.4562,92,0,null,null,null,null,null,null,null,null,null,8,2,2,null,null,null,null,5,5,5,null,null,null,null,"0,1,3,5,12,17,22,23,35"]
[577,null,"M4","Kite","P",208,208,30,"M",7210,"25 MJ ",3,582,88.183421516754805,6,3946,146.66887399999999,58,0,null,null,null,null,null,null,null,null,null,6,null,null,null,null,null,null,5,null,null,null,null,null,null,"0,35"]
[578,null,"M3","Cutlass","P",234,234,30,"L",9825,"25 MJ ",6,1100,88.183421516754805,8,8500,254.9915,83,0,null,null,null,null,null,null,null,null,null,4,2,2,null,null,null,null,"10,11",null,null,null,null,null,null,"24,27,36,37,38"]
[579,null,"M4","Chikyu","P",372,372,41,"M",2100,"25 MJ ",2,505,44.091710758377403,6,1700,42.5,55,0,null,null,null,null,null,null,null,null,null,4,null,2,null,null,null,null,"10,11"]
[580,"Argon","M7","Cyclops",null,112.5,75,9,"XXL",380000,"1 GJ ",5,10000,217.39130434782601,24,92000,1680.0119999999999,5500,2,null,null,null,null,null,null,null,null,null,null,4,4,4,4,4,4,null,"3,13,40,39","0,1,4,23,28,29,35","13,40,39","13,40,39","0,1,4,23","0,1,4,23","0,1,3,5,12,17,22,23,10,11,13,14,18,19,25,35"]
[581,"Teladi","M7","Talon",null,132.30000000000001,88.2,10,"XXL",160000,"1 GJ ",3,7500,217.39130434782601,20,52000,1300,8000,2,null,null,null,null,null,null,null,null,null,8,null,2,2,2,4,2,"5,18,2,30,28,29,35",null,"0,1,21,28,29,35","5,18","5,18","0,1,21","0,1,21","0,1,3,5,12,17,22,23,10,11,13,14,18,19,25,35"]
[582,"Teladi","M7","Tern",null,101.55,67.7,10,"XXL",240000,"1 GJ ",4,5800,434.78260869565202,24,49000,980,10000,20,null,null,null,null,null,null,null,null,null,null,4,4,4,4,4,4,null,"5,18","0,1,21","0,1,21","0,1,21","0,1,21","0,1,21","0,1,3,5,12,17,22,23,10,11,13,14,18,19,25,35"]
[583,"Xenon","M7","C",null,108,72,11,"XXL",290000,"2 GJ ",3,12000,363.63636363636402,24,70000,1750,6000,1,null,null,null,null,null,null,null,null,null,null,8,4,2,2,4,4,null,"12,19,41,27,28,29,35","12,19,27","12,19,27","12,19,27","12,19","12,19","0,1,3,5,12,17,22,23,10,11,13,14,18,19,25,35"]
[584,"Xenon","M2","Z",null,46.2,30.8,11,"XXL",950000,"2 GJ ",7,20000,363.63636363636402,52,490000,9800,13000,20,null,null,null,null,null,null,null,null,null,null,10,6,12,12,6,6,null,"12,19,41,27,28,29,35","12,19,27,28,29,35","12,19,41,27","12,19,41,27","12,19,27","12,19,27","0,1,3,5,12,17,22,23,10,11,13,14,18,19,25,4,15,16,20,24,27,36,37,38,28,39,35"]
[585,"Xenon","M7","G",null,93,62,10,"XXL",200000,"2 GJ ",2,6200,363.63636363636402,22,32000,800,7000,1,null,null,null,null,null,null,null,null,null,null,8,2,6,6,null,null,null,null,"12,19,27",null,null,null,null,"29,30,32,41"]
[586,null,"M5","Maintenance Pod",null,75,75,30,"M",150,"1 MJ ",0,100,0,4,10,80,700,0,null,null,null,null,null,null,null,null,null,4,null,null,null,null,null,null,"29,35"]
[587,"Argon","TL","Mobile Research Station",null,52,26,7,"ST",150000,"2 GJ ",5,10250,727.27272727272702,0,0,0,150000,4,null,null,null,null,null,null,null,null,null,null,null,null,null,null,null,null,null,null,null,null,null,null,null,35]
[588,"Argon","M6","Nexus",null,264,132,23,"XL",62000,"200 MJ  ",3,3000,151.51515151515201,20,21500,592.47550000000001,1550,0,null,null,null,null,null,null,null,null,null,8,null,2,4,4,null,2,"0,1,3,4,13",null,"0,1,3,4","3,4,13","3,4,13",null,"0,1,3,4","0,1,3,5,12,17,22,23,10,11,13,14,18,19,25,35"]
[589,"Yaki","M6","Tenshi",null,227.6,113.8,23,"XL",62000,"200 MJ  ",4,3000,151.51515151515201,10,18500,518.44399999999996,1200,0,null,null,null,null,null,null,null,null,null,8,null,null,null,null,2,null,"0,1,3,6,7,20,2,28,29,35",null,null,null,null,"0,1,6,7",null,"0,1,3,5,12,17,22,23,10,11,13,14,18,19,25,35"]
[590,"Yaki","M8","Toukon",null,159.6,79.8,15,"XL",25000,"25 MJ ",4,1200,44.091710758377403,10,2500,50,1170,0,null,null,null,null,null,null,null,null,null,null,8,2,null,null,null,null,null,null,"0,1,6,7",null,null,null,null,"6,7,8"]
[591,"Pirates","M7","Gannet",null,91.8,54,9,"XXL",410000,"1 GJ ",4,8000,217.39130434782601,22,7350,183.75,8000,1,null,null,null,null,null,null,null,null,null,null,8,4,null,null,2,null,null,null,"3,5,18,21,28,29,35",null,null,"0,1,21",null,"29,30,41"]
[592,"Pirates","M7","Tern",null,113.55,75.7,10,"XXL",220000,"1 GJ ",3,5800,434.78260869565202,24,49000,980,9000,22,null,null,null,null,null,null,null,null,null,null,4,4,4,4,4,4,null,"5,18","3,5,18,21","5,18","5,18","3,5,18,21","3,5,18,21","0,1,3,5,12,17,22,23,10,11,13,14,18,19,25"]
[593,"Pirates","M7","Raven",null,108.15,72.099999999999994,8,"XXL",290000,"1 GJ ",4,7700,434.78260869565202,22,92000,1840,9500,3,null,null,null,null,null,null,null,null,null,null,4,4,4,4,4,2,null,"5,18","3,5,18,21,28,29,35","3,5,18,40,34,2,30","3,5,18,40,34,2,30","3,5,18,21","3,5,18,21","0,1,3,5,12,17,22,23,10,11,13,14,18,19,25"]
[594,"Pirates","M7","Geochen",null,138,92,12,"XXL",140000,"1 GJ ",3,5200,434.78260869565202,18,64000,1816.384,5500,1,null,null,null,null,null,null,null,null,null,null,4,2,4,4,2,2,null,"5,18","3,5,18,21","5,18","5,18","3,5,18,21","3,5,18,21","0,1,3,5,12,17,22,23"]
[595,"Pirates","M2","Phoenix",null,50.32,29.6,7,"XXL",800000,"2 GJ ",5,17000,363.63636363636402,36,326400,4242.8735999999999,17000,2,null,null,null,null,null,null,null,null,null,null,8,4,8,8,4,4,null,"3,5,18,34,2,30","3,5,18,21","3,5,18,40,34,2,30","3,5,18,40,34,2,30","3,5,18,21","3,5,18,21","0,1,3,5,12,17,22,23,10,11,13,14,18,19,25,35"]
[596,"Pirates","M1","Condor",null,80.36,57.4,7,"XXL",470000,"2 GJ ",3,8600,363.63636363636402,24,106400,2595.9472000000001,24000,48,null,null,null,null,null,null,null,null,null,null,4,4,4,4,4,4,null,"3,5,18,34,2,30,28,29,35","3,5,18,21,28,29,35","3,5,18,34,2,30","3,5,18,34,2,30","3,5,18,21","3,5,18,21","0,1,3,5,12,17,22,23,10,11,13,14,18,19,25,35"]
[597,"Pirates","M2","Pteranodon",null,46.5,31,8,"XXL",980000,"2 GJ ",6,20000,363.63636363636402,48,310000,4118.66,16000,6,null,null,null,null,null,null,null,null,null,null,12,4,12,12,4,4,null,"3,5,18,34,2,30","3,5,18,21","3,5,18,40,34,2,30","3,5,18,40,34,2,30","3,5,18,21","3,5,18,21","0,1,3,5,12,17,22,23,10,11,13,14,18,19,25"]
[598,"Pirates","M6","Heavy Osprey",null,200.3408,91.063999999999993,18,"XL",68400,"200 MJ  ",5,3400,151.51515151515201,14,23900,782.48599999999999,1550,1,null,null,null,null,null,null,null,null,null,8,2,2,null,null,2,null,"0,1,3,5,18,2,28,29,35",null,null,null,null,null,null,"0,1,3,5,12,17,22,23,10,11,13,14,18,19,25,35"]
[599,"Pirates","M7","Shrike",null,123.15,82.1,10,"XXL",170000,"1 GJ ",4,5800,434.78260869565202,18,51000,1020,7500,8,null,null,null,null,null,null,null,null,null,8,null,2,2,2,2,2,"5,18,2,30,28,29,35",null,"3,5,18,21,28,29,35","5,18","5,18","3,5,18,21","3,5,18,21","0,1,3,5,12,17,22,23,10,11,13,14,18,19,25,35"]
[600,"Pirates","M1","Cormorant",null,61.5,41,8,"XXL",570000,"2 GJ ",4,10000,363.63636363636402,28,109200,2730,18000,50,null,null,null,null,null,null,null,null,null,null,4,4,6,6,4,4,null,"3,5,18,34,2,30,28,29,35","3,5,18,21,28,29,35","3,5,18,34,2,30","3,5,18,34,2,30","3,5,18,21","3,5,18,21","0,1,3,5,12,17,22,23,10,11,13,14,18,19,25"]
[601,"Pirates","M7","Talon",null,142.80000000000001,95.2,10,"XXL",170000,"1 GJ ",2,7500,217.39130434782601,20,55000,1375,8000,2,null,null,null,null,null,null,null,null,null,8,null,2,2,2,4,2,"5,18,2,30,28,29,35",null,"3,5,18,21,28,29,35","5,18","5,18","3,5,18,21","3,5,18,21","0,1,3,5,12,17,22,23,10,11,13,14,18,19,25"]
[602,"Pirates","M1","Colossus",null,90.24,56.4,9,"XXL",480000,"2 GJ ",2,10200,363.63636363636402,24,180400,4220.9992000000002,13580,48,null,null,null,null,null,null,null,null,null,null,4,4,4,4,4,4,null,"3,5,18,34,2,30,28,29,35","3,5,18,21,28,29,35","3,5,18,34,2,30","3,5,18,34,2,30","3,5,18,21","3,5,18,21","0,1,3,5,12,17,22,23,10,11,13,14,18,19,25,35"]
[603,"Pirates","M2","Titan",null,68.319999999999993,48.8,9,"XXL",720000,"2 GJ ",3,17500,363.63636363636402,40,376400,7151.2236000000003,12300,2,null,null,null,null,null,null,null,null,null,null,8,8,8,8,4,4,null,"3,5,18,34,2,30","3,5,18,21","3,5,18,40,34,2,30","3,5,18,40,34,2,30","3,5,18,21","3,5,18,21","0,1,3,5,12,17,22,23,10,11,13,14,18,19,25,35"]
[604,"Pirates","M7","Cerberus",null,148.5,82.5,12,"XXL",130000,"1 GJ ",2,5500,217.39130434782601,30,69000,2108.364,4500,8,null,null,null,null,null,null,null,null,null,8,null,6,2,2,6,6,"3,4,23,13,2,30",null,"3,5,18,21",null,null,"3,5,18,21","3,5,18,21","0,1,3,5,12,17,22,23,10,11,13,14,18,19,25,35"]
[605,"Pirates","TL","Mammoth",null,87.6,58.4,7,"ST",170000,"1 GJ ",4,4400,434.78260869565202,8,19100,382,108000,8,null,null,null,null,null,null,null,null,null,null,2,2,2,2,null,null,null,"3,5,18,34,2,30,28,29,35","3,5,18,21,28,29,35","3,5,18,34,2,30","3,5,18,34,2,30",null,null,"0,1,3,5,12,17,22,23,10,11,13,14,18,19,25,35"]
[606,"Terran","M6","Shamshir(USC)",null,187.6,93.8,23,"XL",58000,"200 MJ  ",7,4100,227.272727272727,18,27000,729,1150,1,null,null,null,null,null,null,null,null,null,4,null,4,4,4,1,1,"10,11,17",null,"10,11,28,29,35","10,11,17","10,11,17","10,11,28,29,35","10,11,28,29,35","4,15,20,24,27,36,37,38,28,39"]
[607,"Argon","M6","Centaur","Sentinel",202.4,101.2,23,"XL",61000,"200 MJ  ",5,3000,151.51515151515201,24,21000,580.27200000000005,1600,1,null,null,null,null,null,null,null,null,null,4,null,2,4,4,2,null,"0,1,3,4,13",null,"0,1,3,4","0,1,3,4","0,1,3,4","0,1,3,4",null,"0,1,3,5,12,17,22,23,10,11,13,14,18,19,25,35"]
[608,"Boron","M6","Hydra","Sentinel",238.2,119.1,26,"XL",59000,"200 MJ  ",5,3350,151.51515151515201,18,15000,432.69,1750,1,null,null,null,null,null,null,null,null,null,4,2,4,4,4,null,null,"0,1,4,8,14,28,29,35","0,1,4,8,14","0,1,4,8,14","0,1,4,8,14","0,1,4,8,14",null,null,"0,1,3,5,12,17,22,23,10,11,13,14,18,19,25,35"]
[609,"Teladi","M6","Osprey","Sentinel",187.6,93.8,15,"XL",54000,"200 MJ  ",6,3000,227.272727272727,18,19300,538.27700000000004,1850,1,null,null,null,null,null,null,null,null,null,null,4,2,4,4,2,2,"0,1,2",null,"0,1","5,18,2","5,18,2","0,1","0,1","0,1,3,5,12,17,22,23,10,11,13,14,18,19,25,35"]
[610,"Split","M6","Dragon","Sentinel",253.7602,133.55799999999999,26,"XL",52000,"200 MJ  ",4,2650,151.51515151515201,18,23400,639.66240000000005,1250,1,null,null,null,null,null,null,null,null,null,4,null,2,4,4,2,2,"0,1,3,9,15,28,29,35",null,"0,1,6,7,9,15","0,1,6,7,9,15","0,1,6,7,9,15","0,1,6,7,9,15","0,1,6,7,9,15","0,1,3,5,12,17,22,23,10,11,13,14,18,19,25,35"]
[611,"Paranid","M6","Nemesis","Sentinel",207.4,103.7,19,"XL",65000,"200 MJ  ",5,3000,151.51515151515201,18,24000,654.55200000000002,1030,1,null,null,null,null,null,null,null,null,null,null,4,4,4,4,1,1,null,"6,7,20","0,1,6,7","0,1,6,7","0,1,6,7","0,1,6,7","0,1,6,7","0,1,3,5,12,17,22,23,10,11,13,14,18,19,25,35"]
[612,"Kha'ak","M5","Advanced Scout",null,445,222.5,45,"S",800,"5 MJ ",2,280,18.254837531945999,4,1200,36,75,0,null,null,null,null,null,null,null,null,null,4,null,null,null,null,null,null,42]
[613,"Kha'ak","M4","Advanced Interceptor",null,315.2,157.6,45,"M",2600,"25 MJ ",1,450,44.091710758377403,4,2800,84,130,0,null,null,null,null,null,null,null,null,null,4,null,null,null,null,null,null,42]
[614,"Kha'ak","M3","Advanced Fighter",null,244.4,122.2,40,"L",7000,"25 MJ ",5,1250,44.091710758377403,6,12400,372,260,0,null,null,null,null,null,null,null,null,null,6,null,null,null,null,null,null,"42,43",null,null,null,null,null,null,26]
[615,"Kha'ak","TM","Military Transport",null,140,70,10,"XL",12000,"200 MJ  ",2,1200,151.51515151515201,4,8500,196.71549999999999,1400,12,null,null,null,null,null,null,null,null,null,null,1,1,1,1,null,null,null,"42,43","42,43","42,43","42,43",null,null,26]
[616,"Kha'ak","M7","Frigate",null,137.4,68.7,25,"XL",100000,"1 GJ ",4,6800,434.78260869565202,32,58000,1450,4500,0,null,null,null,null,null,null,null,null,null,8,null,4,6,6,4,4,"42,43",null,"42,43","42,43","42,43","42,43","42,43",26]
[617,"Terran","M5","Advanced Rapier",null,385,192.5,37,"S",2200,"5 MJ ",2,240,18.254837531945999,4,2400,60,150,0,null,null,null,null,null,null,null,null,null,4,null,null,null,null,null,null,10]
[618,"Split","M7","Wolf",null,150,75,12,"XXL",90000,"1 GJ ",2,5600,217.39130434782601,24,65000,1656.2650000000001,3600,2,null,null,null,null,null,null,null,null,null,null,6,2,6,6,2,2,"3,9,15,24","0,1,3,9,15,24",null,null,null,null,null,"0,1,3,5,12,17,22,23,10,11,13,14,18,19,25,35"]
[619,"ATF","M7","Snotra",null,147.6,73.8,13,"XXL",110000,"1 GJ ",4,6500,434.78260869565202,18,60000,1642.86,3500,1,null,null,null,null,null,null,null,null,null,null,4,2,4,4,2,2,"10,11,26","10,11,16,17",null,null,null,null,null,"4,15,16,20,24,27,36,37,38,28,39"]
[620,"Split","M2","Krait",null,106.6,53.3,10,"XXL",340000,"2 GJ ",2,9200,363.63636363636402,29,280000,7000,6500,2,null,null,null,null,null,null,null,null,null,null,8,3,6,6,4,2,null,"3,9,15,33","3,9,15,24","3,9,15,33","3,9,15,33","3,9,15,24","3,9,15,24","0,1,3,5,12,17,22,23,10,11,13,14,18,19,25,35"]
[621,"Split","M1","Lotan",null,78,52,10,"XXL",400000,"2 GJ ",4,14000,363.63636363636402,34,280000,3655.68,10000,28,null,null,null,null,null,null,null,null,null,null,6,null,9,9,6,4,null,"3,9,15,33",null,"3,9,15,33","3,9,15,33","3,9,15,24","3,9,15,24","0,1,3,5,12,17,22,23,10,11,13,14,18,19,25,35"]
[622,"Terran","M3","Excalibur(Argon)",null,303.39999999999998,151.69999999999999,30,"L",8500,"25 MJ ",4,1200,44.091710758377403,8,7500,224.99250000000001,185,0,null,null,null,null,null,null,null,null,null,6,null,2,null,null,null,null,"10,11",null,"10,11,29,35",null,null,null,null,"24,27,36,37,38"]
[623,"Teladi","M3","Emeus(Teladi)",null,267.68,95.6,34,"L",12000,"25 MJ ",3,976,44.091710758377403,8,5500,137.46700000000001,355,0,null,null,null,null,null,null,null,null,null,6,null,2,null,null,null,null,"0,1,5,2",null,"0,1,5",null,null,null,null,"0,1,3,5,12,17,22,23,35"]
[624,"Paranid","M3","Patroclus(Paranid)",null,234.08,106.4,35,"L",12000,"25 MJ ",5,1100,44.091710758377403,10,7900,197.45259999999999,195,0,null,null,null,null,null,null,null,null,null,8,null,2,null,null,null,null,"0,1,6,7",null,"0,1,6,7",null,null,null,null,"0,1,3,5,12,17,22,23,35"]
[625,"Argon","M6","Sirokos",null,256.60000000000002,128.30000000000001,23,"XL",46000,"200 MJ  ",4,3750,151.51515151515201,18,19500,508.36500000000001,1350,0,null,null,null,null,null,null,null,null,null,8,null,3,2,2,null,null,"3,4,8,14,13,28,29,35",null,"0,1,3,4","3,4,13","3,4,13",null,null,"0,1,3,5,12,17,22,23,10,11,13,14,18,19,25,35"]
[626,"Yaki","M6","Appallox",null,249.25,99.7,21,"XL",90000,"200 MJ  ",5,3000,151.51515151515201,18,33000,878.03099999999995,2233,2,null,null,null,null,null,null,null,null,null,8,2,3,null,null,null,null,"0,1,3,6,7,20,2,28,29,35","0,1,6,7","0,1,6,7",null,null,null,null,"0,1,3,5,12,17,22,23,10,11,13,14,18,19,25,35"]
[627,"Kha'ak","M2","Advanced Destroyer",null,56.84,40.6,10,"ST",620000,"2 GJ ",7,15100,727.27272727272702,28,385600,5783.6144000000004,9000,12,null,null,null,null,null,null,null,null,null,null,6,2,6,6,4,4,"42,43,44","42,43,44","42,43,44","42,43,44","42,43,44","42,43,44","42,43,44","26,40"]
[628,"Pirates","M4","Buster","Raider",366.3184,130.828,45,"M",3325,"5 MJ ",1,200,18.254837531945999,6,2500,62.484999999999999,177,0,null,null,null,null,null,null,null,null,null,6,null,null,null,null,null,null,"0,1,4",null,null,null,null,null,null,"0,35"]
[629,"Pirates","M5","Discoverer",null,484.54700000000003,138.44200000000001,48,"S",1000,"1 MJ ",2,100,7.9744816586921896,4,1400,34.985999999999997,75,0,null,null,null,null,null,null,null,null,null,4,null,null,null,null,null,null,0]
[630,"Pirates","M5","Discoverer","Raider",549.64700000000005,157.042,48,"S",1000,"1 MJ ",1,110,7.9744816586921896,4,1800,44.981999999999999,50,0,null,null,null,null,null,null,null,null,null,4,null,null,null,null,null,null,0]
[631,"Pirates","M3","Barracuda",null,278.75,111.5,38,"L",14000,"25 MJ ",3,750,44.091710758377403,8,5900,147.46459999999999,238,0,null,null,null,null,null,null,null,null,null,8,null,null,null,null,null,null,"0,1,4,8",null,null,null,null,null,null,"0,1,3,5,12,17,22,23,35"]
[632,"Pirates","M3","Barracuda","Raider",326,130.4,38,"L",12550,"25 MJ ",2,500,44.091710758377403,8,5800,144.94200000000001,217,0,null,null,null,null,null,null,null,null,null,8,null,null,null,null,null,null,"0,1,4,8",null,null,null,null,null,null,"0,1,3,5,12,17,22,23,35"]
[633,"Pirates","M3","Skate",null,253.5,101.4,38,"L",21250,"25 MJ ",5,1160,44.091710758377403,12,8800,366.6696,305,0,null,null,null,null,null,null,null,null,null,8,2,2,null,null,null,null,"0,1,4,8","0,1,8","0,1,8",null,null,null,null,"0,1,3,5,12,17,22,23,35"]
[634,"Pirates","M4","Mako",null,342.10199999999998,114.03400000000001,41,"M",5150,"5 MJ ",3,420,18.254837531945999,6,2050,51.237699999999997,197,0,null,null,null,null,null,null,null,null,null,6,null,null,null,null,null,null,"0,1,8",null,null,null,null,null,null,"0,35"]
[635,"Pirates","M4","Mako","Raider",399.10199999999998,133.03399999999999,41,"M",4992,"5 MJ ",2,340,18.254837531945999,6,2150,53.728499999999997,166,0,null,null,null,null,null,null,null,null,null,6,null,null,null,null,null,null,"0,1,8",null,null,null,null,null,null,"0,35"]
[636,"Pirates","M4","Pike",null,303.10199999999998,101.03400000000001,41,"M",7850,"25 MJ ",1,780,44.091710758377403,6,3750,56.036250000000003,238,0,null,null,null,null,null,null,null,null,null,6,null,null,null,null,null,null,"0,1,4,8",null,null,null,null,null,null,"0,1,3,5,12,17,22,23,35"]
[637,"Pirates","M5","Octopus",null,511.90199999999999,170.63399999999999,44,"S",900,"1 MJ ",2,75,7.9744816586921896,4,1300,32.492199999999997,44,0,null,null,null,null,null,null,null,null,null,4,null,null,null,null,null,null,0]
[638,"Pirates","M5","Octopus","Raider",654.40200000000004,218.13399999999999,44,"S",855,"1 MJ ",1,82,7.9744816586921896,4,1600,39.990400000000001,37,0,null,null,null,null,null,null,null,null,null,4,null,null,null,null,null,null,0]
[639,"Pirates","M3","Perseus",null,262.82080000000002,119.464,38,"L",10000,"25 MJ ",2,750,44.091710758377403,10,7400,184.9556,190,0,null,null,null,null,null,null,null,null,null,8,null,2,null,null,null,null,"0,1,6,7",null,"0,1,6,7",null,null,null,null,"0,1,3,5,12,17,22,23,35"]
[640,"Pirates","M3","Perseus","Raider",295.60079999999999,134.364,38,"L",9500,"25 MJ ",1,825,44.091710758377403,10,8000,199.952,164,0,null,null,null,null,null,null,null,null,null,8,null,2,null,null,null,null,"0,1,6,7",null,"0,1,6,7",null,null,null,null,"0,1,3,5,12,17,22,23,35"]
[641,"Pirates","M3","Medusa",null,235.54079999999999,107.06399999999999,35,"L",12500,"25 MJ ",4,1300,44.091710758377403,12,11433,285.82499999999999,380,0,null,null,null,null,null,null,null,null,null,8,2,2,null,null,null,null,"0,1,6,7","0,1,6,7","0,1,6,7",null,null,null,null,"0,1,3,5,12,17,22,23,35"]
[642,"Pirates","M4","Pericles",null,329.91840000000002,117.828,41,"M",3500,"5 MJ ",2,250,18.254837531945999,6,2750,68.733500000000006,130,0,null,null,null,null,null,null,null,null,null,6,null,null,null,null,null,null,"0,1,7",null,null,null,null,null,null,"0,35"]
[643,"Pirates","M4","Pericles","Raider",380.3184,135.828,41,"M",3325,"5 MJ ",1,275,18.254837531945999,6,2950,73.732299999999995,95,0,null,null,null,null,null,null,null,null,null,6,null,null,null,null,null,null,"0,1,7",null,null,null,null,null,null,"0,35"]
[644,"Pirates","M4","Theseus",null,293.51839999999999,104.828,41,"M",6500,"25 MJ ",1,525,44.091710758377403,6,6750,116.52525,160,0,null,null,null,null,null,null,null,null,null,6,null,null,null,null,null,null,"0,1,7",null,null,null,null,null,null,"0,35"]
[645,"Pirates","M5","Pegasus",null,538.09699999999998,153.74199999999999,44,"S",1000,"1 MJ ",2,100,7.9744816586921896,4,1600,39.990400000000001,31,0,null,null,null,null,null,null,null,null,null,4,null,null,null,null,null,null,0]
[646,"Pirates","M5","Pegasus","Raider",608.09699999999998,173.74199999999999,44,"S",950,"1 MJ ",1,110,7.9744816586921896,4,1600,39.984000000000002,27,0,null,null,null,null,null,null,null,null,null,4,null,null,null,null,null,null,0]
[647,"Pirates","M3","Mamba",null,308.75,123.5,35,"L",8000,"25 MJ ",1,650,44.091710758377403,8,8300,207.4502,194,0,null,null,null,null,null,null,null,null,null,8,null,null,null,null,null,null,"0,1,3,9",null,null,null,null,null,null,"0,1,3,5,12,17,22,23,35"]
[648,"Pirates","M3","Mamba","Raider",346.75,138.69999999999999,35,"L",7600,"25 MJ ",1,715,44.091710758377403,10,7800,194.95320000000001,161,0,null,null,null,null,null,null,null,null,null,8,null,2,null,null,null,null,"0,1,3,9",null,"0,1,9",null,null,null,null,"0,1,3,5,12,17,22,23,35"]
[649,"Pirates","M3","Chimera",null,274.5,109.8,35,"L",10000,"25 MJ ",2,1125,44.091710758377403,12,15850,396.1549,290,0,null,null,null,null,null,null,null,null,null,8,2,2,null,null,null,null,"0,1,3,9","0,1,9","0,1,9",null,null,null,null,"0,1,3,5,12,17,22,23,35"]
[650,"Pirates","M4","Scorpion","Raider",441.10199999999998,147.03399999999999,38,"M",2800,"5 MJ ",1,115,18.254837531945999,6,2850,71.232900000000001,95,0,null,null,null,null,null,null,null,null,null,6,null,null,null,null,null,null,"0,1,9",null,null,null,null,null,null,"0,35"]
[651,"Pirates","M4","Asp",null,375.10199999999998,125.03400000000001,38,"M",5200,"5 MJ ",4,220,36.509675063891898,6,6000,149.964,146,0,null,null,null,null,null,null,null,null,null,6,null,null,null,null,null,null,"0,1,3,9",null,null,null,null,null,null,"0,35"]
[652,"Pirates","M5","Jaguar",null,580.09699999999998,165.74199999999999,40,"S",800,"1 MJ ",1,85,7.9744816586921896,4,1600,44.8,39,0,null,null,null,null,null,null,null,null,null,4,null,null,null,null,null,null,0]
[653,"Pirates","M5","Jaguar","Raider",709.947,202.84200000000001,40,"S",760,"1 MJ ",1,93,7.9744816586921896,4,1600,44.8,22,0,null,null,null,null,null,null,null,null,null,4,null,null,null,null,null,null,0]
[654,"Pirates","M3","Cougar",null,269.25,107.7,35,"L",8200,"25 MJ ",2,820,44.091710758377403,10,9600,239.94239999999999,290,0,null,null,null,null,null,null,null,null,null,8,null,2,null,null,null,null,"0,1,3,9",null,"0,1,9",null,null,null,null,"0,1,3,5,12,17,22,23,35"]
[655,"Pirates","M3","Cougar","Raider",322.5,129,35,"L",8200,"25 MJ ",1,750,44.091710758377403,8,7700,192.4538,240,0,null,null,null,null,null,null,null,null,null,6,null,2,null,null,null,null,"0,1,3,9",null,"0,1,9",null,null,null,null,"0,1,3,5,12,17,22,23,35"]
[656,"Pirates","M3","Falcon","Raider",244.3408,111.06399999999999,28,"L",11400,"25 MJ ",3,726,44.091710758377403,10,8040,200.95176000000001,396,0,null,null,null,null,null,null,null,null,null,8,null,2,null,null,null,null,"0,1,5,2",null,"0,1,5",null,null,null,null,"0,1,3,5,12,17,22,23,35"]
[657,"Pirates","M4","Buzzard","Raider",272.52159999999998,104.816,30,"M",4200,"5 MJ ",4,265,36.509675063891898,6,2550,63.734699999999997,285,0,null,null,null,null,null,null,null,null,null,6,null,null,null,null,null,null,"0,1,5",null,null,null,null,null,null,"0,35"]
[658,"Pirates","M4","Kite",null,238.7216,91.816000000000003,30,"M",7410,"25 MJ ",1,612,44.091710758377403,6,5846,217.289974,285,0,null,null,null,null,null,null,null,null,null,6,null,null,null,null,null,null,"0,1,5,2",null,null,null,null,null,null,"0,35"]
[659,"Pirates","M3","Emeus(Teladi)",null,248.1584,88.628,34,"L",12000,"25 MJ ",2,976,44.091710758377403,8,8500,212.44900000000001,210,0,null,null,null,null,null,null,null,null,null,6,null,2,null,null,null,null,"0,1,5,2",null,"0,1,5",null,null,null,null,"0,1,3,5,12,17,22,23,35"]
[660,"Pirates","M8","Gladiator",null,135,67.5,16,"XL",25000,"25 MJ ",4,1200,44.091710758377403,10,2000,40,1150,0,null,null,null,null,null,null,null,null,null,null,8,2,null,null,null,null,null,null,"0,1,3,4",null,null,null,null,"6,7,8"]
[661,"Pirates","M8","Marlin",null,158,79,16,"XL",11400,"25 MJ ",4,1360,44.091710758377403,10,1500,30,950,0,null,null,null,null,null,null,null,null,null,null,8,2,null,null,null,null,null,null,"0,1,4,8,14",null,null,null,null,"6,7,8"]
[662,"Pirates","M8","Hades",null,147.6,73.8,16,"XL",25000,"25 MJ ",4,1200,44.091710758377403,10,2100,42,1120,0,null,null,null,null,null,null,null,null,null,null,8,2,null,null,null,null,null,null,"0,1,6,7",null,null,null,null,"6,7,8"]
[663,"Pirates","M8","Peregrine",null,124,62,16,"XL",30000,"25 MJ ",4,1056,44.091710758377403,10,1800,36,1320,0,null,null,null,null,null,null,null,null,null,null,8,2,null,null,null,null,null,null,"0,1",null,null,null,null,"6,7,8"]
[664,"Terran","TL","Polacca",null,93.6,62.4,7,"ST",150000,"1 GJ ",4,4400,434.78260869565202,10,15100,150.92449999999999,90000,8,null,null,null,null,null,null,null,null,null,null,2,2,2,2,2,null,"10,11,26",null,"10,11,16,17,26","16,17,37,38","16,17,37,38",null,null,"4,15,16,20,24,27,36,37,38"]
[665,"Boron","M2","Megalodon",null,49,35,10,"XXL",790000,"2 GJ ",6,19200,363.63636363636402,50,358800,5740.4412000000002,14900,6,null,null,null,null,null,null,null,null,null,null,10,4,10,10,8,8,null,"8,14,36","4,23,8,14,36","8,14,36,40","8,14,36,40","4,23,8,14","4,23,8,14","0,1,3,5,12,17,22,23,10,11,13,14,18,19,25,35"]
[666,"Kha'ak","M1","Advanced Carrier",null,96,64,10,"ST",320000,"2 GJ ",5,10600,727.27272727272702,11,68500,2054.9315000000001,9500,30,null,null,null,null,null,null,null,null,null,null,2,1,2,2,2,2,"42,43,44","42,43,44","42,43,44","42,43,44","42,43,44","42,43,44","42,43,44","26,40"]
[667,"Kha'ak","M6","Advanced Corvette",null,173.499,115.666,23,"XL",59500,"200 MJ  ",7,3900,227.272727272727,16,34500,1224.2670000000001,950,0,null,null,null,null,null,null,null,null,null,10,null,null,null,null,3,3,"42,43",null,null,null,null,"42,43","42,43",26]
[668,"Pirates","M3","Scimitar",null,284,142,30,"L",8300,"25 MJ ",4,975,44.091710758377403,6,7500,224.99250000000001,188,0,null,null,null,null,null,null,null,null,null,6,null,null,null,null,null,null,"10,11,2",null,null,null,null,null,null,"24,27,36,37,38"]
[669,"Pirates","M3","Cutlass",null,252,126,30,"L",10625,"25 MJ ",5,1300,44.091710758377403,8,9800,293.99020000000002,240,0,null,null,null,null,null,null,null,null,null,4,2,2,null,null,null,null,"3,10,11,2",null,"10,11,29,35",null,null,null,null,"24,27,36,37,38"]
[670,"Pirates","M4","Sabre",null,390,156,45,"M",2975,"5 MJ ",4,500,18.254837531945999,4,2540,76.197460000000007,110,0,null,null,null,null,null,null,null,null,null,4,null,null,null,null,null,null,"10,11"]
[671,"Pirates","M5","Rapier",null,519.54700000000003,148.44200000000001,40,"S",1300,"1 MJ ",3,130,7.9744816586921896,2,1600,39.990400000000001,98,0,null,null,null,null,null,null,null,null,null,2,null,null,null,null,null,null,10]
[672,"Pirates","M4","Chikyu",null,403,201.5,41,"M",2500,"25 MJ ",1,595,44.091710758377403,6,2900,72.5,87,0,null,null,null,null,null,null,null,null,null,4,null,2,null,null,null,null,"10,11,29,35",null,"10,11,29,35",null,null,null,null,"27,36,37,38"]
[673,"Pirates","M3","Excalibur(Argon)",null,309.39999999999998,154.69999999999999,30,"L",7500,"25 MJ ",3,1200,44.091710758377403,8,7700,230.9923,190,0,null,null,null,null,null,null,null,null,null,6,null,2,null,null,null,null,"3,10,11,2",null,"10,11,29,35",null,null,null,null,"24,27,36,37,38"]
[674,"Pirates","M6","Katana",null,221,110.5,24,"XL",42000,"200 MJ  ",5,3650,151.51515151515201,12,23000,755.71100000000001,1500,1,null,null,null,null,null,null,null,null,null,6,null,null,2,2,null,2,"3,10,11,17,2,28,29,35",null,null,null,null,null,"10,11,28,29,35","4,15,20,24,27,36,37,38,28,39"]
[675,"Pirates","M6","Shamshir(USC)",null,199.6,99.8,23,"XL",51000,"200 MJ  ",6,4100,151.51515151515201,18,29000,778.70799999999997,1180,1,null,null,null,null,null,null,null,null,null,4,null,4,4,4,1,1,"3,10,11,17,2",null,"10,11,28,29,35",null,null,"10,11,28,29,35","10,11,28,29,35","4,15,20,24,27,36,37,38,28,39"]
[676,"ATF","M2","Bragi",null,47.4,23.7,9,"XXL",690000,"2 GJ ",7,21000,363.63636363636402,60,550000,9777.9,10500,10,null,null,null,null,null,null,null,null,null,null,12,8,12,12,8,8,null,"16,17,37,38","10,11,16,17,26","16,17,37,38","16,17,37,38","10,11,26","10,11,26","4,15,16,20,24,27,36,37,38,28,39"]
[677,"Argon","M2","Atlas",null,44.8,22.4,9,"XXL",780000,"2 GJ ",6,19500,363.63636363636402,60,440000,7822.32,14500,7,null,null,null,null,null,null,null,null,null,null,12,8,12,12,8,8,null,"3,13,40,39","0,1,3,4,23,13","13,40,39","13,40,39","0,1,3,4,23","0,1,3,4,23","0,1,3,5,12,17,22,23,10,11,13,14,18,19,25,35"]
[678,"ATF","M3","Verdandi","Sentinel",334.4,167.2,30,"L",7000,"25 MJ ",5,1350,44.091710758377403,12,7100,177.5,175,0,null,null,null,null,null,null,null,null,null,10,null,2,null,null,null,null,"10,11",null,null,null,null,null,null,"24,27,36,37,38"]
[679,"ATF","M6","Vidar","Sentinel",204.4,102.2,23,"XL",56000,"200 MJ  ",6,4000,151.51515151515201,24,21000,742.72799999999995,1400,1,null,null,null,null,null,null,null,null,null,4,null,null,4,4,2,2,"10,11,17",null,null,"10,11,28,29,35","10,11,28,29,35","10,11,28,29,35","10,11,28,29,35","4,15,20,24,27,36,37,38,28,39"]
[680,"Paranid","M2","Proteus",null,45.6,22.8,9,"XXL",810000,"2 GJ ",6,21000,363.63636363636402,60,465000,8266.77,12500,7,null,null,null,null,null,null,null,null,null,null,12,8,12,12,8,8,null,"20,31,32","6,7,20,22","20,31,32","20,31,32","0,1,6,7,22","0,1,6,7,22","0,1,3,5,12,17,22,23,10,11,13,14,18,19,25,35"]
[681,"Argon","M1","Daedalus",null,69.8,34.9,9,"XXL",520000,"2 GJ ",5,19000,363.63636363636402,28,220400,3918.2712000000001,15800,55,null,null,null,null,null,null,null,null,null,null,8,4,4,4,4,4,null,"3,13,40,39","3,4,23,13,28,29,35","3,13,40,39","3,13,40,39","0,1,3,4,23","0,1,3,4,23","0,1,3,5,12,17,22,23,10,11,13,14,18,19,25,35"]
[682,"Paranid","M1","Oedipus",null,64.599999999999994,32.299999999999997,9,"XXL",480000,"2 GJ ",5,18800,363.63636363636402,30,229000,4071.1619999999998,13200,58,null,null,null,null,null,null,null,null,null,null,6,4,6,6,4,4,null,"20,31,32","6,7,20,22,28,29,35","20,31,32","20,31,32","0,1,6,7,22","0,1,6,7,22","0,1,3,5,12,17,22,23,10,11,13,14,18,19,25,35"]
[683,"ATF","M3","Norns",null,254.4,127.2,26,"L",14000,"200 MJ  ",1,1150,151.51515151515201,10,2400,60,445,0,null,null,null,null,null,null,null,null,null,null,4,4,null,null,null,2,null,null,"10,11,29,35",null,null,null,"10,11,29,35",31]
[684,"ATF","M7","Forseti",null,110.4,55.2,9,"XXL",150000,"1 GJ ",5,7500,434.78260869565202,20,52000,1423.8119999999999,6500,27,null,null,null,null,null,null,null,null,null,null,4,4,4,4,2,2,null,"10,11,16,17","10,11,26","10,11,16,17","10,11,16,17","10,11,26","10,11,26","4,15,16,20,24,27,36,37,38,28,39"]
[685,null,"M1","E",null,26,13,13,"XXL",900000,"2 GJ ",15,10400,1454.54545454545,32,450000,6749.55,15000,50,null,null,null,null,null,null,null,null,null,null,8,null,8,8,null,8,27,null,null,null,null,null,null,"0,1,3,5,12,17,22,23,10,11,13,14,18,19,25,4,15,16,20,24,27,36,37,38,28,39,35"]
[686,"Boron","M1","Aquata",null,79.8,39.9,9,"XXL",450000,"2 GJ ",5,19000,363.63636363636402,26,180400,3207.1511999999998,16500,48,null,null,null,null,null,null,null,null,null,null,6,4,4,4,4,4,null,"3,13,40,39","3,4,23,13,28,29,35","3,13,40,39","3,13,40,39","0,1,3,4,23","0,1,3,4,23","0,1,3,5,12,17,22,23,10,11,13,14,18,19,25,35"]
[687,"Paranid","M3","Medusa Vanguard",null,202.62,92.1,35,"L",15500,"200 MJ  ",1,1350,75.757575757575793,12,9833,245.82499999999999,360,0,null,null,null,null,null,null,null,null,null,10,null,2,null,null,null,null,"0,1,6,7",null,"0,1,6,7",null,null,null,null,"0,1,3,5,12,17,22,23,35"]
[688,"Paranid","M2","Poseidon",null,98.55,65.7,11,"XXL",450000,"2 GJ ",3,13500,363.63636363636402,34,288000,4127.9040000000005,7000,3,null,null,null,null,null,null,null,null,null,null,4,6,8,8,4,4,null,"20,31,32","6,7,20,22","20,31,32","20,31,32","0,1,6,7,22","0,1,6,7,22","0,1,3,5,12,17,22,23,10,11,13,14,18,19,25,35"]
[689,"Xenon","M8","X",null,119,59.5,16,"XL",35000,"200 MJ  ",1,2500,75.757575757575793,12,2100,42,1250,0,null,null,null,null,null,null,null,null,null,null,8,4,null,null,null,null,null,null,"12,19",null,null,null,null,"6,7,8"]
[690,"Xenon","M3","R",null,198.75,79.5,32,"L",16200,"25 MJ ",4,1220,44.091710758377403,8,3900,215.68170000000001,580,0,null,null,null,null,null,null,null,null,null,null,4,2,null,null,null,null,null,12,12,null,null,null,null,"6,7"]
[691,"Unknown","TL","zzPLACEHOLDER","Hauler",37.799999999999997,27,10,"XXL",340000,"2 GJ ",1,34200,363.63636363636402,0,0,0,48000,2,null,null,null,null,null,null,null,null,null,null,null,null,null,null,null,null,null,"0,1,3,4,23,28,29,35","0,1,3,4,23,28,29,35"]
[692,"Argon","M2","Tempest",null,67.349999999999994,44.9,9,"XXL",710000,"2 GJ ",5,12500,363.63636363636402,42,317400,4761,12400,3,null,null,null,null,null,null,null,null,null,null,12,4,8,8,6,4,null,"13,36,40,39","0,1,3,4,23,13,24","13,36,40,39","13,36,40,39","0,1,3,4,23,24","0,1,3,4,23,24","0,1,3,5,12,17,22,23,10,11,13,14,18,19,25,35"]
[693,"Argon","M3","AGI Fighter Drone",null,276.10199999999998,92.034000000000006,52,"L",12000,"25 MJ ",4,1580,44.091710758377403,12,4000,180,234,0,null,null,null,null,null,null,null,null,null,8,null,4,null,null,null,null,"0,1,4,8",null,"0,1,4",null,null,null,null,"0,1,3,5,12,17,22,23,24,27,36,37,38"]
[694,"Argon","M4","AGI Interceptor Drone",null,331,82.75,57,"M",4200,"5 MJ ",6,550,18.254837531945999,8,3650,91.228099999999998,114,0,null,null,null,null,null,null,null,null,null,6,null,2,null,null,null,null,"0,1,4,8",null,"0,1,4",null,null,null,null,"0,35"]
[695,"Argon","M5","AGI Scout Drone",null,555.79999999999995,138.94999999999999,60,"S",1200,"1 MJ ",6,200,7.9744816586921896,6,2000,49.988,62,0,null,null,null,null,null,null,null,null,null,6,null,null,null,null,null,null,0,null,null,null,null,null,null,0]
[696,"Terran","M1","Terraformer C Ship",null,36,18,13,"XXL",900000,"2 GJ ",7,10400,727.27272727272702,32,250000,3749.75,11000,50,null,null,null,null,null,null,null,null,null,null,8,null,8,8,null,8,"10,11,16,17,26,37,38,28,29,35,45,46,47",null,null,null,null,null,null,"4,15,16,20,24,27,36,37,38"]
[697,"Terran","M3","Terraformer Fighter",null,276.10199999999998,92.034000000000006,52,"L",12000,"25 MJ ",4,1580,44.091710758377403,12,4000,180,234,0,null,null,null,null,null,null,null,null,null,8,null,4,null,null,null,null,"10,11,45",null,null,null,null,null,null,"24,27,36,37,38"]
[698,"Terran","M4","Terraformer Interceptor",null,331,82.75,57,"M",4200,"5 MJ ",6,550,18.254837531945999,8,3650,91.228099999999998,114,0,null,null,null,null,null,null,null,null,null,6,null,2,null,null,null,null,"10,11,45"]
[699,"Terran","M5","Terraformer Scout",null,555.79999999999995,138.94999999999999,60,"S",1200,"1 MJ ",6,200,7.9744816586921896,6,2000,49.988,62,0,null,null,null,null,null,null,null,null,null,6,null,null,null,null,null,null,"10,45"]
[700,"Goner","M2","Paladin",null,118.8,79.2,11,"XXL",500000,"2 GJ ",7,13000,727.27272727272702,24,115000,1648.2950000000001,14500,3,null,null,null,null,null,null,null,null,null,null,4,4,4,4,4,4,null,"13,36,40,39","4,23,8,14,13,36","13,36,40,39","13,36,40,39","0,1,4,23,8,14","0,1,4,23,8,14","0,1,3,5,12,17,22,23,35"]
[701,"Goner","M3","Crusader",null,247.5,99,23,"XL",19500,"200 MJ  ",2,1400,151.51515151515201,8,2500,62.484999999999999,1300,0,null,null,null,null,null,null,null,null,null,4,2,2,null,null,null,null,"0,1,4","0,1,4","0,1,4",null,null,null,null,35]

{"sheet":"Data","index":15,"n_rows":41,"n_cols":7,"rows_kept":41,"cut":false,"hidden":false,"merged":[]}
["datMissileDef","datLaserDef","datPosStr","datClassDef","datClassStr","datShieldStr","datCargStr"]
["SG_MISSILE_COUNTER","SG_LASER_IRE","Main","SG_SH_TL","TL","1 MJ ","S"]
["SG_MISSILE_LIGHT","SG_LASER_PAC","Front","SG_SH_TS","TS","5 MJ ","M"]
["SG_MISSILE_MEDIUM","SG_LASER_MASS","Back","SG_SH_M0","M0","25 MJ ","L"]
["SG_MISSILE_HEAVY","SG_LASER_ARGON_LIGHT","Left","SG_SH_M1","M1","200 MJ  ","XL"]
["SG_MISSILE_TR_LIGHT","SG_LASER_TELADI_LIGHT","Right","SG_SH_M2","M2","1 GJ ","XXL"]
["SG_MISSILE_TR_MEDIUM","SG_LASER_PARANID_LIGHT","Up","SG_SH_M3","M3","2 GJ ","ST"]
["SG_MISSILE_TR_HEAVY","SG_LASER_HEPT","Down","SG_SH_M4","M4"]
["SG_MISSILE_KHAAK","SG_LASER_BORON_LIGHT",null,"SG_SH_M5","M5"]
["SG_MISSILE_BOMBER","SG_LASER_PBE",null,"SG_SH_TL_P","TL"]
["SG_MISSILE_TORP_CAPITAL","SG_LASER_PIRATE_LIGHT",null,"SG_SH_TS_P","TS"]
["SG_MISSILE_AF_CAPITAL","SG_LASER_TERRAN_LIGHT",null,"SG_SH_GO","GO"]
["SG_MISSILE_TR_BOMBER","SG_LASER_CIG",null,"SG_SH_M6","M6"]
["SG_MISSILE_TR_TORP_CAPITAL","SG_LASER_BORON_MEDIUM",null,"SG_SH_TP","TP"]
["SG_MISSILE_TR_AF_CAPITAL","SG_LASER_SPLIT_MEDIUM",null,"SG_SH_M7","M7"]
["SG_MISSILE_BOARDINGPOD","SG_LASER_TERRAN_MEDIUM",null,"SG_SH_TM","TM"]
["SG_MISSILE_DMBF","SG_LASER_TELADI_AF",null,"SG_SH_M8","M8"]
[null,"SG_LASER_ARGON_AF"]
[null,"SG_LASER_SPLIT_AF"]
[null,"SG_LASER_PARANID_AF"]
[null,"SG_LASER_TERRAN_AF"]
[null,"SG_LASER_PPC"]
[null,"SG_LASER_BORON_HEAVY"]
[null,"SG_LASER_TELADI_HEAVY"]
[null,"SG_LASER_PIRATE_HEAVY"]
[null,"SG_LASER_TERRAN_HEAVY"]
[null,"SG_LASER_ARGON_BEAM"]
[null,"SG_LASER_PARANID_BEAM"]
[null,"SG_LASER_TERRAN_BEAM"]
[null,"SG_LASER_SPECIAL"]
[null,"SG_LASER_UNKNOWN1"]
[null,"SG_LASER_UNKNOWN2"]
[null,"SG_LASER_KYON"]
[]
[]
[]
[]
[]
["X3 Armory 1.1 - 09/2015"]
["by scout (scoutster @ egosoft forums)"]
["http://albasoft.de/x3/files/x3armory.xlsm"]